{"text_format":"3","workbook":"xlsx","n_sheets":2,"sheets":["peaks","cumulative"],"read":"whole","date_system":"1900"}

{"sheet":"peaks","index":0,"n_rows":64437,"n_cols":33,"rows_kept":2250,"cut":true,"bounds":{"rows_first":1000,"rows_last":250,"rows_between":1000,"halvings":1}}
[null,"PeakID","fc.E14.5VSE12","fc.E16VSE12","fc.E16VSE14.5","logCPM","DE.E14.5VSE12","DE.E16VSE12","DE.E16VSE14.5","pval.E14.5VSE12","pval.E16VSE12","pval.E16VSE14.5","padj.E14.5VSE12","padj.E16VSE12","padj.E16VSE14.5","Chr","Start","End","Strand","Peak.Score","Focus.Ratio.Region.Size","Annotation","Detailed.Annotation","Distance.to.TSS","Nearest.PromoterID","Entrez.ID","Nearest.Unigene","Nearest.Refseq","Nearest.Ensembl","Gene.Name","Gene.Alias","Gene.Description","Gene.Type"]
[1,"Peak_1",-0.468587847582649,-1.34342386703191,-0.87483601944926,2.35464773898082,"NO","NO","NO",0.539392254018266,0.103328434138205,0.160677342940185,0.988113766393189,0.672893095857282,0.999908874757857,"chr1",3181385,3181783,"+",0,"NA","Intergenic","RLTR13A|LTR|ERVK",479995,"NM_001011874",497097,"Mm.454496","NM_001011874","ENSMUSG00000051951","Xkr4","AY534250|Gm210|XRG4|mKIAA1889","X-linked Kx blood group related 4","protein-coding"]
[2,"Peak_2",1.01960056680424,1.3538693706712,0.334268803866966,3.71265102483452,"NO","NO","NO",0.12472964049779,0.0389263600167313,0.420856008325927,0.931271014344117,0.543264653732662,0.999908874757857,"chr1",3389977,3390375,"+",0,"NA","intron (NM_001011874, intron 2 of 2)","intron (NM_001011874, intron 2 of 2)",271403,"NM_001011874",497097,"Mm.454496","NM_001011874","ENSMUSG00000051951","Xkr4","AY534250|Gm210|XRG4|mKIAA1889","X-linked Kx blood group related 4","protein-coding"]
[3,"Peak_3",0.885065116043069,1.08648294148135,0.201417825438279,3.00637668647498,"NO","NO","NO",0.267881684865009,0.170806158250108,0.679916407624011,0.959925552157071,0.746225660078785,0.999908874757857,"chr1",3456575,3456973,"+",0,"NA","intron (NM_001011874, intron 1 of 2)","intron (NM_001011874, intron 1 of 2)",204805,"NM_001011874",497097,"Mm.454496","NM_001011874","ENSMUSG00000051951","Xkr4","AY534250|Gm210|XRG4|mKIAA1889","X-linked Kx blood group related 4","protein-coding"]
[4,"Peak_4",-0.712707617086273,-0.178307387935821,0.534400229150452,5.54753047438988,"NO","NO","NO",0.0737248045383632,0.651758631893996,0.136901842254298,0.907934971210637,0.946267061924859,0.999908874757857,"chr1",3661505,3661903,"+",0,"NA","promoter-TSS (NM_001011874)","promoter-TSS (NM_001011874)",-125,"NM_001011874",497097,"Mm.454496","NM_001011874","ENSMUSG00000051951","Xkr4","AY534250|Gm210|XRG4|mKIAA1889","X-linked Kx blood group related 4","protein-coding"]
[5,"Peak_5",-0.412815163323906,-0.600830399649464,-0.188015236325558,2.36055369417994,"NO","NO","NO",0.6111096348686,0.468257891803154,0.763612978739898,0.990629663238998,0.900343847459049,0.999908874757857,"chr1",3903684,3904082,"+",0,"NA","Intergenic","Intergenic",-242304,"NM_001011874",497097,"Mm.454496","NM_001011874","ENSMUSG00000051951","Xkr4","AY534250|Gm210|XRG4|mKIAA1889","X-linked Kx blood group related 4","protein-coding"]
[6,"Peak_6",1.37113595653666,1.78986967629284,0.418733719756183,2.65898603336144,"NO","NO","NO",0.182236471948111,0.0736837280613721,0.460692742615813,0.952872791523057,0.629692931215195,0.999908874757857,"chr1",3916303,3916701,"+",0,"NA","Intergenic","Intergenic",-254923,"NM_001011874",497097,"Mm.454496","NM_001011874","ENSMUSG00000051951","Xkr4","AY534250|Gm210|XRG4|mKIAA1889","X-linked Kx blood group related 4","protein-coding"]
[7,"Peak_7",-0.760679807732562,-0.958335645641052,-0.19765583790849,2.32775643681139,"NO","NO","NO",0.335587694019537,0.239017828367918,0.752967965507987,0.965732165980378,0.798490369360354,0.999908874757857,"chr1",4316903,4317301,"+",0,"NA","intron (NM_001195662, intron 3 of 3)","intron (NM_001195662, intron 3 of 3)",33293,"NM_011283",19888,"Mm.294263","NM_011283","ENSMUSG00000025900","Rp1","Dcdc3|Orp1|Rp1h|mG145","retinitis pigmentosa 1 (human)","protein-coding"]
[8,"Peak_8",0.067654380694603,-0.734647165064196,-0.802301545758799,2.47693443372833,"NO","NO","NO",0.938588667576856,0.419786944137549,0.26507796138438,0.997839094325673,0.884826181575606,0.999908874757857,"chr1",4322506,4322904,"+",0,"NA","intron (NM_001195662, intron 3 of 3)","intron (NM_001195662, intron 3 of 3)",27690,"NM_011283",19888,"Mm.294263","NM_011283","ENSMUSG00000025900","Rp1","Dcdc3|Orp1|Rp1h|mG145","retinitis pigmentosa 1 (human)","protein-coding"]
[9,"Peak_9",-0.421862160693317,-0.307180583656076,0.114681577037242,1.98435281516045,"NO","NO","NO",0.647346364887343,0.740589894410733,0.85879957813362,0.992128801173048,0.9627987227842,0.999908874757857,"chr1",4471213,4471611,"+",0,"NA","Intergenic","Intergenic",16023,"NM_001289467",20671,"Mm.279103","NM_011441","ENSMUSG00000025902","Sox17","-","SRY (sex determining region Y)-box 17","protein-coding"]
[10,"Peak_10",-0.316787974209913,-0.677199208492823,-0.36041123428291,3.40505807154616,"NO","NO","NO",0.557749847101015,0.226692596386738,0.381384207291023,0.988691442796856,0.789806678757932,0.999908874757857,"chr1",4482198,4482596,"+",0,"NA","exon (NM_001289464, exon 4 of 4)","exon (NM_001289464, exon 4 of 4)",5038,"NM_001289467",20671,"Mm.279103","NM_011441","ENSMUSG00000025902","Sox17","-","SRY (sex determining region Y)-box 17","protein-coding"]
[11,"Peak_11",-0.802422429686827,-0.868522356225894,-0.0660999265390666,3.56870329373178,"NO","NO","NO",0.131495283278688,0.105519586984348,0.881462429636522,0.935723539082702,0.675907498861977,0.999908874757857,"chr1",4483198,4483596,"+",0,"NA","exon (NM_001289464, exon 3 of 4)","exon (NM_001289464, exon 3 of 4)",4038,"NM_001289467",20671,"Mm.279103","NM_011441","ENSMUSG00000025902","Sox17","-","SRY (sex determining region Y)-box 17","protein-coding"]
[12,"Peak_12",0.788432576535966,0.541452721140406,-0.246979855395561,3.02786430001738,"NO","NO","NO",0.316272289473025,0.498792669006251,0.651863183434007,0.960269789840006,0.909254545221978,0.999908874757857,"chr1",4486999,4487397,"+",0,"NA","5' UTR (NM_001289464, exon 1 of 4)","5' UTR (NM_001289464, exon 1 of 4)",237,"NM_001289467",20671,"Mm.279103","NM_011441","ENSMUSG00000025902","Sox17","-","SRY (sex determining region Y)-box 17","protein-coding"]
[13,"Peak_13",-0.0278554012297952,-0.0850903399264359,-0.0572349386966407,5.36477998813134,"NO","NO","NO",0.941836462459976,0.824953586684627,0.859569225601117,0.997839094325673,0.974396406134925,0.999908874757857,"chr1",4561699,4562097,"+",0,"NA","Intergenic","CpG",-74463,"NM_011441",20671,"Mm.279103","NM_011441","ENSMUSG00000025902","Sox17","-","SRY (sex determining region Y)-box 17","protein-coding"]
[14,"Peak_14",-0.358900555483012,-0.476218400580136,-0.117317845097124,2.20869420012763,"NO","NO","NO",0.674209738395906,0.584238035738266,0.852758761376529,0.993474142907549,0.929392239935588,0.999908874757857,"chr1",4644052,4644450,"+",0,"NA","Intergenic","Intergenic",131556,"NR_033530",27395,"Mm.182927","NM_025300","ENSMUSG00000033845","Mrpl15","HSPC145|MRP-L7|Rpml7","mitochondrial ribosomal protein L15","protein-coding"]
[15,"Peak_15",2.54531827720828,2.61940682145954,0.0740885442512644,2.64202796739242,"NO","NO","NO",0.030930107842212,0.0259737501317311,0.891568952578068,0.840371273086421,0.492857793132743,0.999908874757857,"chr1",4661716,4662114,"+",0,"NA","Intergenic","Intergenic",113892,"NR_033530",27395,"Mm.182927","NM_025300","ENSMUSG00000033845","Mrpl15","HSPC145|MRP-L7|Rpml7","mitochondrial ribosomal protein L15","protein-coding"]
[16,"Peak_16",-0.202879196110668,0.112476484653891,0.315355680764558,2.19695911774575,"NO","NO","NO",0.818531991123161,0.897581186050895,0.58825110856993,0.996451548154072,0.984421566480059,0.999908874757857,"chr1",4712794,4713192,"+",0,"NA","Intergenic","Intergenic",62814,"NR_033530",27395,"Mm.182927","NM_025300","ENSMUSG00000033845","Mrpl15","HSPC145|MRP-L7|Rpml7","mitochondrial ribosomal protein L15","protein-coding"]
[17,"Peak_17",-0.140685104360337,-0.160301724369658,-0.0196166200093207,2.62672805011152,"NO","NO","NO",0.851147953017041,0.833036752577751,0.970100095451442,0.996451548154072,0.975821771717644,0.999908874757857,"chr1",4729489,4729887,"+",0,"NA","Intergenic","Intergenic",46119,"NR_033530",27395,"Mm.182927","NM_025300","ENSMUSG00000033845","Mrpl15","HSPC145|MRP-L7|Rpml7","mitochondrial ribosomal protein L15","protein-coding"]
[18,"Peak_18",0.214010277383707,0.789022281035996,0.575012003652289,2.27015132752723,"NO","NO","NO",0.8223601490467,0.389271817050925,0.312816341012749,0.996451548154072,0.875782812222806,0.999908874757857,"chr1",4770159,4770557,"+",0,"NA","intron (NR_033530, intron 2 of 3)","intron (NR_033530, intron 2 of 3)",5449,"NR_033530",27395,"Mm.182927","NM_025300","ENSMUSG00000033845","Mrpl15","HSPC145|MRP-L7|Rpml7","mitochondrial ribosomal protein L15","protein-coding"]
[19,"Peak_19",-0.234527574751049,-0.217278479065418,0.0172490956856314,4.755247192993,"NO","NO","NO",0.55544632014794,0.588329245001471,0.95682245096545,0.988691442796856,0.930821892869959,0.999908874757857,"chr1",4775620,4776018,"+",0,"NA","promoter-TSS (NM_001177658)","promoter-TSS (NM_001177658)",-12,"NM_001177658",27395,"Mm.182927","NM_025300","ENSMUSG00000033845","Mrpl15","HSPC145|MRP-L7|Rpml7","mitochondrial ribosomal protein L15","protein-coding"]
[20,"Peak_20",0.317597527112057,0.810985759719008,0.493388232606951,5.4232399412455,"NO","NO","NO",0.456366146716991,0.0555999703517343,0.160105945636738,0.979037549458666,0.590987775679971,0.999908874757857,"chr1",4797767,4798165,"+",0,"NA","promoter-TSS (NM_008866)","promoter-TSS (NM_008866)",-8,"NM_008866",18777,"Mm.299955","NM_008866","ENSMUSG00000025903","Lypla1","Pla1a","lysophospholipase 1","protein-coding"]
[21,"Peak_21",-0.845924264594271,-0.0517021110504539,0.794222153543817,2.1951859831381,"NO","NO","NO",0.334584433562119,0.950808805759285,0.20154893193722,0.965732165980378,0.992114606145815,0.999908874757857,"chr1",4819429,4819827,"+",0,"NA","intron (NM_008866, intron 3 of 8)","intron (NM_008866, intron 3 of 8)",21654,"NM_008866",18777,"Mm.299955","NM_008866","ENSMUSG00000025903","Lypla1","Pla1a","lysophospholipase 1","protein-coding"]
[22,"Peak_22",0.172328958985487,0.603369153061523,0.431040194076036,5.67795541136277,"NO","NO","NO",0.666209813196137,0.129348911723303,0.204569947267232,0.99257166075167,0.705501333365588,0.999908874757857,"chr1",4847815,4848213,"+",0,"NA","promoter-TSS (NM_001159751)","promoter-TSS (NM_001159751)",239,"NM_001159750",21399,"Mm.207263","NM_011541","ENSMUSG00000033813","Tcea1","S-II","transcription elongation factor A (SII) 1","protein-coding"]
[23,"Peak_23",0.468882128989492,-0.369942979577561,-0.838825108567053,3.86434489788512,"NO","NO","NO",0.400100512230328,0.527940206404812,0.0570915728221903,0.975982217513585,0.917036119286338,0.999908874757857,"chr1",4900821,4901219,"+",0,"NA","intron (NM_001177795, intron 5 of 5)","intron (NM_001177795, intron 5 of 5)",52611,"NM_001159751",21399,"Mm.207263","NM_011541","ENSMUSG00000033813","Tcea1","S-II","transcription elongation factor A (SII) 1","protein-coding"]
[24,"Peak_24",1.14371437259372,1.69606579450484,0.55235142191112,2.52125054588182,"NO","NO","NO",0.265414273138416,0.0865725685181886,0.312604300192514,0.959925552157071,0.647587995917856,0.999908874757857,"chr1",4960652,4961050,"+",0,"NA","intron (NM_001177795, intron 2 of 5)","intron (NM_001177795, intron 2 of 5)",47964,"NM_001290372",58175,"Mm.103771","NM_021374","ENSMUSG00000002459","Rgs20","2900073E09Rik|Rgsz1","regulator of G-protein signaling 20","protein-coding"]
[25,"Peak_25",-0.317372655849804,-0.483888764905785,-0.166516109055981,3.48157882601544,"NO","NO","NO",0.615264794682483,0.447409461602841,0.74990083925364,0.990629663238998,0.89436450687708,0.999908874757857,"chr1",5008554,5008952,"+",0,"NA","promoter-TSS (NM_001290372)","promoter-TSS (NM_001290372)",62,"NM_001290372",58175,"Mm.103771","NM_021374","ENSMUSG00000002459","Rgs20","2900073E09Rik|Rgsz1","regulator of G-protein signaling 20","protein-coding"]
[26,"Peak_26",0.339932540549832,0.469975668612142,0.13004312806231,4.09655521122662,"NO","NO","NO",0.494687271917008,0.343958895688866,0.702167168574904,0.983526348404408,0.855947219705253,0.999908874757857,"chr1",5009373,5009771,"+",0,"NA","promoter-TSS (NM_001290372)","promoter-TSS (NM_001290372)",48,"NM_021374",58175,"Mm.103771","NM_021374","ENSMUSG00000002459","Rgs20","2900073E09Rik|Rgsz1","regulator of G-protein signaling 20","protein-coding"]
[27,"Peak_27",-0.692726228657293,-0.190911222380694,0.501815006276599,3.31566476021057,"NO","NO","NO",0.22758803686372,0.73306389056416,0.231946356589458,0.955321879475804,0.961274859770354,0.999908874757857,"chr1",5012804,5013202,"+",0,"NA","intron (NM_001177795, intron 1 of 5)","intron (NM_001177795, intron 1 of 5)",-3383,"NM_021374",58175,"Mm.103771","NM_021374","ENSMUSG00000002459","Rgs20","2900073E09Rik|Rgsz1","regulator of G-protein signaling 20","protein-coding"]
[28,"Peak_28",-1.02905018603788,-0.738135891878911,0.290914294158971,2.58837219077094,"NO","NO","NO",0.171369247882635,0.32049680855976,0.635231729619012,0.948971317765293,0.844298133947534,0.999908874757857,"chr1",5060315,5060713,"+",0,"NA","promoter-TSS (NM_001177795)","promoter-TSS (NM_001177795)",-148,"NM_001177795",58175,"Mm.103771","NM_021374","ENSMUSG00000002459","Rgs20","2900073E09Rik|Rgsz1","regulator of G-protein signaling 20","protein-coding"]
[29,"Peak_29",-0.103761608960427,0.161270205581283,0.26503181454171,4.98614942374693,"NO","NO","NO",0.819958995930596,0.723211295616327,0.494676951514442,0.996451548154072,0.95901414221371,0.999908874757857,"chr1",5073166,5073564,"+",0,"NA","intron (NM_133826, intron 1 of 13)","CpG",198,"NM_001310442",108664,"Mm.27082","NM_133826","ENSMUSG00000033793","Atp6v1h","0710001F19Rik|AU022349|CGI-11|SFD|SFDalpha|SFDbeta|VMA13","ATPase, H+ transporting, lysosomal V1 subunit H","protein-coding"]
[30,"Peak_30",1.59781630591998,1.36986590322266,-0.227950402697318,2.56094908526402,"NO","NO","NO",0.104083862107432,0.175739806601188,0.671237683932328,0.918065249368744,0.749241273589223,0.999908874757857,"chr1",5173537,5173935,"+",0,"NA","Intergenic","Intergenic",100569,"NM_001310442",108664,"Mm.27082","NM_133826","ENSMUSG00000033793","Atp6v1h","0710001F19Rik|AU022349|CGI-11|SFD|SFDalpha|SFDbeta|VMA13","ATPase, H+ transporting, lysosomal V1 subunit H","protein-coding"]
[31,"Peak_31",1.07987758763832,0.516861454531886,-0.563016133106434,2.54449600066342,"NO","NO","NO",0.221062171071549,0.580139744379416,0.300232414231365,0.954504329026433,0.928995927636235,0.999908874757857,"chr1",5251161,5251559,"+",0,"NA","Intergenic","ETnERV2-int|LTR|ERVK",178193,"NM_001310442",108664,"Mm.27082","NM_133826","ENSMUSG00000033793","Atp6v1h","0710001F19Rik|AU022349|CGI-11|SFD|SFDalpha|SFDbeta|VMA13","ATPase, H+ transporting, lysosomal V1 subunit H","protein-coding"]
[32,"Peak_32",-0.120140205236387,-1.01844424776951,-0.898304042533119,4.29598416483497,"NO","NO","NO",0.770395592224902,0.0207448708693499,0.00756508785628659,0.996451548154072,0.463976570405217,0.999908874757857,"chr1",5264000,5264398,"+",0,"NA","Intergenic","Intergenic",191032,"NM_001310442",108664,"Mm.27082","NM_133826","ENSMUSG00000033793","Atp6v1h","0710001F19Rik|AU022349|CGI-11|SFD|SFDalpha|SFDbeta|VMA13","ATPase, H+ transporting, lysosomal V1 subunit H","protein-coding"]
[33,"Peak_33",-0.100056455113994,-0.391798515473627,-0.291742060359633,4.49261230583483,"NO","NO","NO",0.795053011390235,0.324240752041586,0.310258999176574,0.996451548154072,0.846778542578914,0.999908874757857,"chr1",5578489,5578887,"+",0,"NA","5' UTR (NM_001204371, exon 1 of 4)","5' UTR (NM_001204371, exon 1 of 4)",114,"NM_001318735",18387,"Mm.7977","NM_011011","ENSMUSG00000025905","Oprk1","K-OR-1|KOR|KOR-1|MSL-1|Oprk2|R21","opioid receptor, kappa 1","protein-coding"]
[34,"Peak_34",-0.52864837246125,-0.667188956595753,-0.138540584134503,3.5014042352681,"NO","NO","NO",0.321008213648224,0.217928876234223,0.740867391112869,0.961869032957783,0.783226341069127,0.999908874757857,"chr1",5906940,5907338,"+",0,"NA","exon (NM_010342, exon 1 of 1)","exon (NM_010342, exon 1 of 1)",340,"NM_010342",226304,"Mm.291110","NM_010342","ENSMUSG00000033774","Npbwr1","Gpr7|Nbpwr1","neuropeptides B/W receptor 1","protein-coding"]
[35,"Peak_35",1.7650538395533,2.00111497966378,0.236061140110477,2.89401871092376,"NO","NO","NO",0.0616089996625794,0.0313717189037806,0.617436069820757,0.902553087226522,0.515272534822007,0.999908874757857,"chr1",6142635,6143033,"+",0,"NA","Intergenic","MER5A1|DNA|MER1_type",-61909,"NM_009826",12421,"Mm.293811","NM_009826","ENSMUSG00000025907","Rb1cc1","2900055E04Rik|5930404L04Rik|Cc1|FIP200|LaXp180","RB1-inducible coiled-coil 1","protein-coding"]
[36,"Peak_36",0.038385811191552,0.209014778729388,0.170628967537835,5.51874925955195,"NO","NO","NO",0.929665851293848,0.631251250355533,0.657519949798484,0.997839094325673,0.942212313363658,0.999908874757857,"chr1",6204683,6205081,"+",0,"NA","5' UTR (NM_009826, exon 1 of 24)","5' UTR (NM_009826, exon 1 of 24)",139,"NM_009826",12421,"Mm.293811","NM_009826","ENSMUSG00000025907","Rb1cc1","2900055E04Rik|5930404L04Rik|Cc1|FIP200|LaXp180","RB1-inducible coiled-coil 1","protein-coding"]
[37,"Peak_37",0.0375435302103378,0.286136167798363,0.248592637588025,2.34496659147646,"NO","NO","NO",0.965610754031466,0.74069222446839,0.662702663650428,0.998900380576782,0.9627987227842,0.999908874757857,"chr1",6262313,6262711,"+",0,"NA","intron (NM_009826, intron 22 of 23)","intron (NM_009826, intron 22 of 23)",57769,"NM_009826",12421,"Mm.293811","NM_009826","ENSMUSG00000025907","Rb1cc1","2900055E04Rik|5930404L04Rik|Cc1|FIP200|LaXp180","RB1-inducible coiled-coil 1","protein-coding"]
[38,"Peak_38",-0.692065875675624,-0.497652769439481,0.194413106236142,4.04625827650078,"NO","NO","NO",0.0995531110159359,0.236438312674039,0.531058405667852,0.917099485422393,0.797495749794774,0.999908874757857,"chr1",6349070,6349468,"+",0,"NA","promoter-TSS (NM_001195732)","promoter-TSS (NM_001195732)",-143,"NM_001195732",620393,"Mm.388992","NM_001195732","ENSMUSG00000087247","Fam150a","EG620393","family with sequence similarity 150, member A","protein-coding"]
[39,"Peak_39",0.0389007934704239,-0.190969862252097,-0.229870655722521,4.54220089237497,"NO","NO","NO",0.92503764645429,0.651927060929648,0.471647879047661,0.997839094325673,0.94636912202317,0.999908874757857,"chr1",6372898,6373296,"+",0,"NA","intron (NM_001195732, intron 1 of 4)","CpG",23685,"NM_001195732",620393,"Mm.388992","NM_001195732","ENSMUSG00000087247","Fam150a","EG620393","family with sequence similarity 150, member A","protein-coding"]
[40,"Peak_40",0.2588587335986,0.443478100784658,0.184619367186059,2.16618096820357,"NO","NO","NO",0.788137576922266,0.643882446488514,0.760416481872406,0.996451548154072,0.944542723530637,0.999908874757857,"chr1",6396292,6396690,"+",0,"NA","Intergenic","Intergenic",47079,"NM_001195732",620393,"Mm.388992","NM_001195732","ENSMUSG00000087247","Fam150a","EG620393","family with sequence similarity 150, member A","protein-coding"]
[41,"Peak_41",0.136865365194651,0.227568399248017,0.0907030340533658,1.99345865099601,"NO","NO","NO",0.891861808748966,0.820057328690333,0.890044140895947,0.99667026549685,0.973344084919797,0.999908874757857,"chr1",6400168,6400566,"+",0,"NA","Intergenic","B3|SINE|B2",50955,"NM_001195732",620393,"Mm.388992","NM_001195732","ENSMUSG00000087247","Fam150a","EG620393","family with sequence similarity 150, member A","protein-coding"]
[42,"Peak_42",0.970366446508656,1.42237792574175,0.452011479233098,3.92804529791745,"NO","NO","NO",0.102555148777498,0.0141284774090833,0.196485600270778,0.917631768324772,0.423176869391937,0.999908874757857,"chr1",6431313,6431711,"+",0,"NA","Intergenic","CpG",-45800,"NM_001244693",240690,"Mm.234612","NM_173868","ENSMUSG00000033740","St18","AV348974|Myt3|NZF-3|Nzf3|mKIAA0535","suppression of tumorigenicity 18","protein-coding"]
[43,"Peak_43",-0.039050120513411,0.514003214994087,0.553053335507498,2.72350029130238,"NO","NO","NO",0.963081041507177,0.529891468186629,0.345614643298209,0.998704661900016,0.917701743442029,0.999908874757857,"chr1",6437995,6438393,"+",0,"NA","Intergenic","Intergenic",-39118,"NM_001244693",240690,"Mm.234612","NM_173868","ENSMUSG00000033740","St18","AV348974|Myt3|NZF-3|Nzf3|mKIAA0535","suppression of tumorigenicity 18","protein-coding"]
[44,"Peak_44",-0.951306985965912,-0.658329867815201,0.292977118150711,2.49453771420248,"NO","NO","NO",0.204405812028737,0.376535014226777,0.618042955544744,0.953494236567625,0.87043143230421,0.999908874757857,"chr1",6439020,6439418,"+",0,"NA","Intergenic","Intergenic",-38093,"NM_001244693",240690,"Mm.234612","NM_173868","ENSMUSG00000033740","St18","AV348974|Myt3|NZF-3|Nzf3|mKIAA0535","suppression of tumorigenicity 18","protein-coding"]
[45,"Peak_45",-0.0565437972402999,1.0674430350527,1.12398683229299,3.7905338353114,"NO","NO","NO",0.932290110539344,0.0912181830382028,0.0205091510747123,0.997839094325673,0.655850796948185,0.999908874757857,"chr1",6795184,6795582,"+",0,"NA","intron (NR_045189, intron 7 of 22)","intron (NR_045189, intron 7 of 22)",75251,"NM_173868",240690,"Mm.234612","NM_173868","ENSMUSG00000033740","St18","AV348974|Myt3|NZF-3|Nzf3|mKIAA0535","suppression of tumorigenicity 18","protein-coding"]
[46,"Peak_46",2.01914109800188,2.03091098580945,0.0117698878075708,3.02146765582089,"NO","NO","NO",0.0385296495419089,0.0385860335122636,0.982875518558065,0.874201778254117,0.541920151568487,0.999908874757857,"chr1",6856798,6857196,"+",0,"NA","Intergenic","Intergenic",136865,"NM_173868",240690,"Mm.234612","NM_173868","ENSMUSG00000033740","St18","AV348974|Myt3|NZF-3|Nzf3|mKIAA0535","suppression of tumorigenicity 18","protein-coding"]
[47,"Peak_47",0.921831821280515,1.76909208353528,0.84726026225476,2.47099169121287,"NO","NO","NO",0.40225605560668,0.0873194611357997,0.182859839067479,0.975982217513585,0.648739397872292,0.999908874757857,"chr1",6963890,6964288,"+",0,"NA","Intergenic","Intergenic",-114912,"NM_183028",319263,"Mm.21539","NM_183028","ENSMUSG00000051285","Pcmtd1","8430411F12Rik|A030012M09Rik","protein-L-isoaspartate (D-aspartate) O-methyltransferase domain containing 1","protein-coding"]
[48,"Peak_48",-1.26675525339403,-2.80341172795195,-1.53665647455792,2.35797103388118,"NO","DOWN","NO",0.0936420598846994,0.000798412153471403,0.0397768369218102,0.912433051675562,0.141725855429982,0.999908874757857,"chr1",7042354,7042752,"+",0,"NA","Intergenic","RMER10A|LTR|ERVL",-36448,"NM_183028",319263,"Mm.21539","NM_183028","ENSMUSG00000051285","Pcmtd1","8430411F12Rik|A030012M09Rik","protein-L-isoaspartate (D-aspartate) O-methyltransferase domain containing 1","protein-coding"]
[49,"Peak_49",-0.0179710564734397,0.26599812907552,0.28396918554896,6.89386386088384,"NO","NO","NO",0.963674304859345,0.500245743439765,0.447287722998269,0.998900380576782,0.9095164423275,0.999908874757857,"chr1",7078761,7079159,"+",0,"NA","promoter-TSS (NM_183028)","promoter-TSS (NM_183028)",-41,"NM_183028",319263,"Mm.21539","NM_183028","ENSMUSG00000051285","Pcmtd1","8430411F12Rik|A030012M09Rik","protein-L-isoaspartate (D-aspartate) O-methyltransferase domain containing 1","protein-coding"]
[50,"Peak_50",0.544120844116663,0.330359799389756,-0.213761044726907,3.77215143311011,"NO","NO","NO",0.318843722412907,0.556029930138927,0.561104868505109,0.961130529000981,0.923639888972355,0.999908874757857,"chr1",7196658,7197056,"+",0,"NA","Intergenic","Intergenic",117856,"NM_183028",319263,"Mm.21539","NM_183028","ENSMUSG00000051285","Pcmtd1","8430411F12Rik|A030012M09Rik","protein-L-isoaspartate (D-aspartate) O-methyltransferase domain containing 1","protein-coding"]
[51,"Peak_51",-0.573709354873863,-1.64648516177717,-1.07277580690331,2.48543211563639,"NO","NO","NO",0.509961231565774,0.0706639464992588,0.17868528223243,0.985309129299437,0.624821611672947,0.999908874757857,"chr1",7299217,7299615,"+",0,"NA","Intergenic","Intergenic",220415,"NM_183028",319263,"Mm.21539","NM_183028","ENSMUSG00000051285","Pcmtd1","8430411F12Rik|A030012M09Rik","protein-L-isoaspartate (D-aspartate) O-methyltransferase domain containing 1","protein-coding"]
[52,"Peak_52",-0.0240466371229226,0.405912351649102,0.429958988772024,6.52868069422658,"NO","NO","NO",0.954061522670262,0.33033071302242,0.270079537188408,0.997869859577931,0.850353155060231,0.999908874757857,"chr1",7388016,7388414,"+",0,"NA","Intergenic","CpG",309214,"NM_183028",319263,"Mm.21539","NM_183028","ENSMUSG00000051285","Pcmtd1","8430411F12Rik|A030012M09Rik","protein-L-isoaspartate (D-aspartate) O-methyltransferase domain containing 1","protein-coding"]
[53,"Peak_53",0.176330644782782,-0.151010905180662,-0.327341549963445,2.75841642029717,"NO","NO","NO",0.806559459674131,0.839940124910936,0.512577308494874,0.996451548154072,0.97745216732589,0.999908874757857,"chr1",7489201,7489599,"+",0,"NA","Intergenic","RLTR9C|LTR|ERVK",410399,"NM_183028",319263,"Mm.21539","NM_183028","ENSMUSG00000051285","Pcmtd1","8430411F12Rik|A030012M09Rik","protein-L-isoaspartate (D-aspartate) O-methyltransferase domain containing 1","protein-coding"]
[54,"Peak_54",-0.858743527133977,-1.12258007802072,-0.26383655088674,2.9923141806699,"NO","NO","NO",0.280696592951691,0.160159568513804,0.715487121624032,0.959925552157071,0.734679430252399,0.999908874757857,"chr1",7508852,7509250,"+",0,"NA","Intergenic","RLTR9E|LTR|ERVK",430050,"NM_183028",319263,"Mm.21539","NM_183028","ENSMUSG00000051285","Pcmtd1","8430411F12Rik|A030012M09Rik","protein-L-isoaspartate (D-aspartate) O-methyltransferase domain containing 1","protein-coding"]
[55,"Peak_55",0.481513737436543,0.129481997941944,-0.352031739494599,3.66338917908295,"NO","NO","NO",0.373518934527632,0.817975558152594,0.334215427039443,0.972397593291388,0.973204190658895,0.999908874757857,"chr1",7767246,7767644,"+",0,"NA","Intergenic","RMER17A-int|LTR|ERVK",688444,"NM_183028",319263,"Mm.21539","NM_183028","ENSMUSG00000051285","Pcmtd1","8430411F12Rik|A030012M09Rik","protein-L-isoaspartate (D-aspartate) O-methyltransferase domain containing 1","protein-coding"]
[56,"Peak_56",1.00612806863763,1.59133462966014,0.585206561022508,1.63240130075903,"NO","NO","NO",0.461898905083704,0.221063057788521,0.359168668530391,0.979860780201896,0.78570622572739,0.999908874757857,"chr1",7961484,7961882,"+",0,"NA","Intergenic","RLTR13A|LTR|ERVK",882682,"NM_183028",319263,"Mm.21539","NM_183028","ENSMUSG00000051285","Pcmtd1","8430411F12Rik|A030012M09Rik","protein-L-isoaspartate (D-aspartate) O-methyltransferase domain containing 1","protein-coding"]
[57,"Peak_57",0.468548963003239,0.126289903231004,-0.342259059772235,2.44603482170323,"NO","NO","NO",0.594342322498233,0.888905941989293,0.576869724943388,0.990629663238998,0.983834438649621,0.999908874757857,"chr1",8849413,8849811,"+",0,"NA","intron (NM_001290393, intron 3 of 19)","RLTR44C|LTR|ERVK",440346,"NM_027671",71096,"Mm.336395","NM_027671","ENSMUSG00000025909","Sntg1","4933426D16Rik|G1SYN|SYN4","syntrophin, gamma 1","protein-coding"]
[58,"Peak_59",1.84345094736359,1.5607611598796,-0.282689787483985,2.74304553920022,"NO","NO","NO",0.0701138939061172,0.133496196146645,0.637800627847544,0.907934971210637,0.709645990831722,0.999908874757857,"chr1",9198838,9199236,"+",0,"NA","intron (NM_027671, intron 1 of 20)","intron (NM_027671, intron 1 of 20)",90921,"NM_027671",71096,"Mm.336395","NM_027671","ENSMUSG00000025909","Sntg1","4933426D16Rik|G1SYN|SYN4","syntrophin, gamma 1","protein-coding"]
[59,"Peak_60",0.294859678292051,0.263690193212486,-0.0311694850795653,3.35285161792361,"NO","NO","NO",0.627308743825698,0.668216664679517,0.937819529124396,0.991082598585515,0.950200089118078,0.999908874757857,"chr1",9288444,9288842,"+",0,"NA","5' UTR (NM_001290390, exon 1 of 21)","5' UTR (NM_001290390, exon 1 of 21)",1315,"NM_027671",71096,"Mm.336395","NM_027671","ENSMUSG00000025909","Sntg1","4933426D16Rik|G1SYN|SYN4","syntrophin, gamma 1","protein-coding"]
[60,"Peak_61",-0.557306683166945,-0.879823155685524,-0.322516472518579,2.92536281890804,"NO","NO","NO",0.520744940544828,0.313713552084006,0.68191580091106,0.985781032405171,0.841987939107173,0.999908874757857,"chr1",9289478,9289876,"+",0,"NA","5' UTR (NM_001290390, exon 1 of 21)","5' UTR (NM_001290390, exon 1 of 21)",281,"NM_027671",71096,"Mm.336395","NM_027671","ENSMUSG00000025909","Sntg1","4933426D16Rik|G1SYN|SYN4","syntrophin, gamma 1","protein-coding"]
[61,"Peak_62",-0.562635846535712,-1.27956994620336,-0.716934099667644,2.81418005153953,"NO","NO","NO",0.50908309016812,0.142198969756499,0.358551202291035,0.985265990921626,0.71696633703866,0.999908874757857,"chr1",9459534,9459932,"+",0,"NA","Intergenic","RMER17B|LTR|ERVK",-75756,"NM_021511",59014,"Mm.29061","NM_021511","ENSMUSG00000061024","Rrs1","5730466A07Rik|AA415037|D1Ertd701e|Rrr","ribosome biogenesis regulator 1","protein-coding"]
[62,"Peak_63",0.426192259558835,-0.0291111964077148,-0.45530345596655,2.89507308143027,"NO","NO","NO",0.583088806305952,0.970890567151467,0.432695666141536,0.989997630127842,0.995809555531593,0.999908874757857,"chr1",9525997,9526395,"+",0,"NA","Intergenic","RMER1A|Other|Other",-9293,"NM_021511",59014,"Mm.29061","NM_021511","ENSMUSG00000061024","Rrs1","5730466A07Rik|AA415037|D1Ertd701e|Rrr","ribosome biogenesis regulator 1","protein-coding"]
[63,"Peak_64",-0.134945976824053,-0.0663045520258228,0.0686414247982304,5.37477894102482,"NO","NO","NO",0.724027997786219,0.862801632864347,0.832779457910042,0.995739075798108,0.978805296281774,0.999908874757857,"chr1",9535508,9535906,"+",0,"NA","exon (NM_021511, exon 1 of 1)","exon (NM_021511, exon 1 of 1)",218,"NM_021511",59014,"Mm.29061","NM_021511","ENSMUSG00000061024","Rrs1","5730466A07Rik|AA415037|D1Ertd701e|Rrr","ribosome biogenesis regulator 1","protein-coding"]
[64,"Peak_65",1.30632444602775,1.5464951499214,0.240170703893654,4.93734429052858,"UP","UP","NO",0.00371425753052136,0.000519779108167474,0.399910196041454,0.695741769220277,0.116334893258547,0.999908874757857,"chr1",9554503,9554901,"+",0,"NA","intron (NR_027664, intron 11 of 12)","intron (NR_027664, intron 11 of 12)",16575,"NR_027664",76187,"Mm.28514","NM_175236","ENSMUSG00000025911","Adhfe1","6330565B14Rik|AI043035|Adh8","alcohol dehydrogenase, iron containing, 1","protein-coding"]
[65,"Peak_66",1.07798648497014,0.516059657807002,-0.561926827163138,2.53720951927752,"NO","NO","NO",0.230042032429215,0.585532809759822,0.320565199235359,0.955557423143112,0.929925727716147,0.999908874757857,"chr1",9563227,9563625,"+",0,"NA","intron (NR_027664, intron 12 of 12)","intron (NR_027664, intron 12 of 12)",25299,"NR_027664",76187,"Mm.28514","NM_175236","ENSMUSG00000025911","Adhfe1","6330565B14Rik|AI043035|Adh8","alcohol dehydrogenase, iron containing, 1","protein-coding"]
[66,"Peak_67",0.517818037333405,0.731923850900554,0.214105813567149,3.0034379247458,"NO","NO","NO",0.478971065814926,0.312581712247794,0.632976171925724,0.981648566820123,0.841761016187358,0.999908874757857,"chr1",9621644,9622042,"+",0,"NA","promoter-TSS (NR_015470)","promoter-TSS (NR_015470)",-670,"NR_015470",72481,"Mm.279818","NR_015470","ENSMUSG00000079671","2610203C22Rik","2310007M24Rik","RIKEN cDNA 2610203C22 gene","ncRNA"]
[67,"Peak_68",1.5510886727111,1.73903171137367,0.187943038662566,1.89082952931275,"NO","NO","NO",0.239916919585414,0.184051270125622,0.772110071457591,0.956996614837851,0.757435894642226,0.999908874757857,"chr1",9628547,9628945,"+",0,"NA","Intergenic","Intergenic",-7573,"NR_015470",72481,"Mm.279818","NR_015470","ENSMUSG00000079671","2610203C22Rik","2310007M24Rik","RIKEN cDNA 2610203C22 gene","ncRNA"]
[68,"Peak_69",-0.120550884066901,0.164879170461956,0.285430054528857,5.88742827512031,"NO","NO","NO",0.771217245145097,0.690668911047281,0.447579745407667,0.996451548154072,0.953503071108004,0.999908874757857,"chr1",9690339,9690737,"+",0,"NA","promoter-TSS (NM_001290397)","promoter-TSS (NM_001290397)",-248,"NM_001290397",17864,"Mm.479","NM_008651","ENSMUSG00000025912","Mybl1","A-myb|G1-419-6|repro9","myeloblastosis oncogene-like 1","protein-coding"]
[69,"Peak_70",-0.0632202035441379,0.223574359908439,0.286794563452576,5.76968823058684,"NO","NO","NO",0.865119357720078,0.547072457597149,0.374291832293224,0.996451548154072,0.921219881773488,0.999908874757857,"chr1",9738155,9738553,"+",0,"NA","non-coding (NR_040462, exon 1 of 4)","non-coding (NR_040462, exon 1 of 4)",109,"NM_173443",70675,"Mm.274493","NM_173443","ENSMUSG00000045210","Vcpip1","4932442A08|5730421J18Rik|5730538E15Rik|VCIP135|mKIAA1850","valosin containing protein (p97)/p47 complex interacting protein 1","protein-coding"]
[70,"Peak_71",1.63050705026765,1.93245084404336,0.301943793775712,3.32106781919444,"NO","NO","NO",0.0391882588877846,0.0127499521365583,0.452286509770258,0.874201778254117,0.407517815412337,0.999908874757857,"chr1",9763038,9763436,"+",0,"NA","Intergenic","Intergenic",-24774,"NM_173443",70675,"Mm.274493","NM_173443","ENSMUSG00000045210","Vcpip1","4932442A08|5730421J18Rik|5730538E15Rik|VCIP135|mKIAA1850","valosin containing protein (p97)/p47 complex interacting protein 1","protein-coding"]
[71,"Peak_72",-0.557579612753258,-0.306930493635472,0.250649119117786,4.16601417190804,"NO","NO","NO",0.202771210452557,0.479867807567208,0.452124448242328,0.953494236567625,0.904731329305023,0.999908874757857,"chr1",9788113,9788511,"+",0,"NA","5' UTR (NM_177547, exon 1 of 17)","5' UTR (NM_177547, exon 1 of 17)",101,"NM_177547",170755,"Mm.336410","NM_133220","ENSMUSG00000025915","Sgk3","2510015P22Rik|A330005P07Rik|Cisk|fy|fz","serum/glucocorticoid regulated kinase 3","protein-coding"]
[72,"Peak_73",0.0450290407251038,-0.183223551155676,-0.22825259188078,4.50531584960191,"NO","NO","NO",0.913084536433537,0.665023246931614,0.466372013541019,0.997799251783824,0.949321826785828,0.999908874757857,"chr1",9838205,9838603,"+",0,"NA","promoter-TSS (NM_001037759)","promoter-TSS (NM_001037759)",42,"NM_001037759",170755,"Mm.336410","NM_133220","ENSMUSG00000025915","Sgk3","2510015P22Rik|A330005P07Rik|Cisk|fy|fz","serum/glucocorticoid regulated kinase 3","protein-coding"]
[73,"Peak_74",0.32093844132147,-0.0118772578294178,-0.332815699150888,2.66025731557149,"NO","NO","NO",0.683665327105033,0.988525144833421,0.542793848511986,0.993744595008032,0.998250407848138,0.999908874757857,"chr1",9850576,9850974,"+",0,"NA","intron (NM_001037759, intron 1 of 16)","ERVL-B4-int|LTR|ERVL",12413,"NM_001037759",170755,"Mm.336410","NM_133220","ENSMUSG00000025915","Sgk3","2510015P22Rik|A330005P07Rik|Cisk|fy|fz","serum/glucocorticoid regulated kinase 3","protein-coding"]
[74,"Peak_75",-0.404199688006806,0.269603632368695,0.6738033203755,2.88486204317529,"NO","NO","NO",0.579708630054994,0.702696680337227,0.192399473201836,0.989995385640587,0.955265096068306,0.999908874757857,"chr1",9898552,9898950,"+",0,"NA","promoter-TSS (NM_177722)","promoter-TSS (NM_177722)",32,"NM_177722",240697,"Mm.259800","NM_177722","ENSMUSG00000046101","Mcmdc2","6030422M02Rik","minichromosome maintenance domain containing 2","protein-coding"]
[75,"Peak_76",0.475598354533843,0.185466195815458,-0.290132158718385,3.25841195176201,"NO","NO","NO",0.502587564440744,0.799403173179351,0.576393444870333,0.984683579984827,0.970171577815851,0.999908874757857,"chr1",9907068,9907466,"+",0,"NA","intron (NM_177722, intron 7 of 14)","intron (NM_177722, intron 7 of 14)",8548,"NM_177722",240697,"Mm.259800","NM_177722","ENSMUSG00000046101","Mcmdc2","6030422M02Rik","minichromosome maintenance domain containing 2","protein-coding"]
[76,"Peak_77",0.0670188328852232,0.250804722349912,0.183785889464688,5.25450966907454,"NO","NO","NO",0.862815266950106,0.517161870599446,0.561068147210344,0.996451548154072,0.912795037915723,0.999908874757857,"chr1",9934007,9934405,"+",0,"NA","promoter-TSS (NR_024067)","promoter-TSS (NR_024067)",-7,"NR_024067",73824,"Mm.28311","NR_024067","ENSMUSG00000098234","Snhg6","1110008H02Rik","small nucleolar RNA host gene 6","ncRNA"]
[77,"Peak_78",0.258245786563055,0.545603696509539,0.287357909946484,3.61925000166343,"NO","NO","NO",0.671238450648041,0.362310912628374,0.49218428550775,0.99324728445842,0.862560709586241,0.999908874757857,"chr1",9957515,9957913,"+",0,"NA","promoter-TSS (NM_001285425)","promoter-TSS (NM_001285425)",-148,"NM_001285425",100039596,"Mm.412928","NM_001285425","ENSMUSG00000099032","Tcf24","ENSMUSG00000073738|Gm10567|Gm2330","transcription factor 24","protein-coding"]
[78,"Peak_79",-0.86292564561728,-1.11569611356558,-0.252770467948304,2.55423419385575,"NO","NO","NO",0.240651009962806,0.142262171100201,0.677568484585675,0.956996614837851,0.717086150082276,0.999908874757857,"chr1",9978545,9978943,"+",0,"NA","intron (NM_145692, intron 5 of 8)","intron (NM_145692, intron 5 of 8)",20473,"NM_145692",69312,"Mm.386795","NM_027033","ENSMUSG00000025916","Ppp1r42","1700011J18Rik|4930418G15Rik|Lrrc67|TLRR","protein phosphatase 1, regulatory subunit 42","protein-coding"]
[79,"Peak_80",0.263495498325985,-0.0807615308927274,-0.344257029218712,4.57247178796171,"NO","NO","NO",0.544929938457878,0.856672490453258,0.309640824403502,0.988113766393189,0.978257628491642,0.999908874757857,"chr1",9999051,9999449,"+",0,"NA","promoter-TSS (NR_110971)","promoter-TSS (NR_110971)",-33,"NR_110971",69312,"Mm.386795","NM_027033","ENSMUSG00000025916","Ppp1r42","1700011J18Rik|4930418G15Rik|Lrrc67|TLRR","protein phosphatase 1, regulatory subunit 42","protein-coding"]
[80,"Peak_81",0.541690784012427,0.679030090218568,0.137339306206141,4.95968134391468,"NO","NO","NO",0.201234630484498,0.108829125414517,0.665703642318851,0.953494236567625,0.680299189816202,0.999908874757857,"chr1",10027808,10028206,"+",0,"NA","promoter-TSS (NM_026493)","promoter-TSS (NM_026493)",233,"NM_001277101",26754,"Mm.402384","NM_013715","ENSMUSG00000025917","Cops5","AI303502|CSN5|Jab1|Mov34|Sgn5","COP9 signalosome subunit 5","protein-coding"]
[81,"Peak_82",0.0910159368832883,0.460684073346704,0.369668136463415,5.73674776787592,"NO","NO","NO",0.825813171566688,0.264278755033674,0.307047245003812,0.996451548154072,0.813347941889946,0.999908874757857,"chr1",10029779,10030177,"+",0,"NA","intron (NM_026493, intron 1 of 29)","CpG",1679,"NM_026493",211660,"Mm.244046","NM_026493","ENSMUSG00000056763","Cspp1","2310020J12Rik|4930413O22Rik|AA387550|BC055915|Cspp2|Cspp3","centrosome and spindle pole associated protein 1","protein-coding"]
[82,"Peak_83",0.0891553821507187,0.340428018727597,0.251272636576878,5.03589693161761,"NO","NO","NO",0.830081428925086,0.410916100915267,0.451512742615161,0.996451548154072,0.882431113069761,0.999908874757857,"chr1",10222751,10223149,"+",0,"NA","promoter-TSS (NM_001102430)","promoter-TSS (NM_001102430)",-199,"NM_001102430",211673,"Mm.229141","NM_001102430","ENSMUSG00000067851","Arfgef1","ARFGEP1|BIG1|D130059B05Rik|D730028O18Rik|P200","ADP-ribosylation factor guanine nucleotide-exchange factor 1(brefeldin A-inhibited)","protein-coding"]
[83,"Peak_84",-0.0875146348493946,-0.343806449369458,-0.256291814520063,4.5168739258801,"NO","NO","NO",0.823568036746727,0.393968744211107,0.387175093311779,0.996451548154072,0.876698351148149,0.999908874757857,"chr1",10275395,10275793,"+",0,"NA","Intergenic","Intergenic",-52843,"NM_001102430",211673,"Mm.229141","NM_001102430","ENSMUSG00000067851","Arfgef1","ARFGEP1|BIG1|D130059B05Rik|D730028O18Rik|P200","ADP-ribosylation factor guanine nucleotide-exchange factor 1(brefeldin A-inhibited)","protein-coding"]
[84,"Peak_85",0.512027908340912,1.02314140352482,0.511113495183908,2.46796816335883,"NO","NO","NO",0.585658258871741,0.261877893385701,0.367385524754534,0.990149111431646,0.811959884854646,0.999908874757857,"chr1",10290691,10291089,"+",0,"NA","Intergenic","Intergenic",-68139,"NM_001102430",211673,"Mm.229141","NM_001102430","ENSMUSG00000067851","Arfgef1","ARFGEP1|BIG1|D130059B05Rik|D730028O18Rik|P200","ADP-ribosylation factor guanine nucleotide-exchange factor 1(brefeldin A-inhibited)","protein-coding"]
[85,"Peak_86",0.675928509091624,0.748914439762818,0.0729859306711942,2.79186240213611,"NO","NO","NO",0.402842813377353,0.355969933080089,0.883673290090688,0.975982217513585,0.860503119647835,0.999908874757857,"chr1",10320441,10320839,"+",0,"NA","intron (NM_177834, intron 9 of 10)","intron (NM_177834, intron 9 of 10)",-97889,"NM_001102430",211673,"Mm.229141","NM_001102430","ENSMUSG00000067851","Arfgef1","ARFGEP1|BIG1|D130059B05Rik|D730028O18Rik|P200","ADP-ribosylation factor guanine nucleotide-exchange factor 1(brefeldin A-inhibited)","protein-coding"]
[86,"Peak_87",-0.203197088239275,-0.0338704392416024,0.169326648997672,2.86933952445243,"NO","NO","NO",0.782456720525636,0.963458299803488,0.75319165959875,0.996451548154072,0.993978488975727,0.999908874757857,"chr1",10394083,10394481,"+",0,"NA","intron (NM_177834, intron 8 of 10)","intron (NM_177834, intron 8 of 10)",-171531,"NM_001102430",211673,"Mm.229141","NM_001102430","ENSMUSG00000067851","Arfgef1","ARFGEP1|BIG1|D130059B05Rik|D730028O18Rik|P200","ADP-ribosylation factor guanine nucleotide-exchange factor 1(brefeldin A-inhibited)","protein-coding"]
[87,"Peak_88",0.964467909103176,0.573944244380693,-0.390523664722483,3.13896943659186,"NO","NO","NO",0.163625919075607,0.427092416840363,0.3553297078117,0.946285394458671,0.887553337806646,0.999908874757857,"chr1",10447907,10448305,"+",0,"NA","intron (NM_177834, intron 6 of 10)","intron (NM_177834, intron 6 of 10)",-225355,"NM_001102430",211673,"Mm.229141","NM_001102430","ENSMUSG00000067851","Arfgef1","ARFGEP1|BIG1|D130059B05Rik|D730028O18Rik|P200","ADP-ribosylation factor guanine nucleotide-exchange factor 1(brefeldin A-inhibited)","protein-coding"]
[88,"Peak_90",-0.157748702411807,-0.966417222465872,-0.808668520054065,3.42615999227603,"NO","NO","NO",0.795818578478049,0.13310573348121,0.112539117447391,0.996451548154072,0.709473624270747,0.999908874757857,"chr1",10495717,10496115,"+",0,"NA","intron (NM_177834, intron 2 of 10)","intron (NM_177834, intron 2 of 10)",214110,"NM_177834",329093,"Mm.336423","NM_177834","ENSMUSG00000042501","Cpa6","9030616D13Rik","carboxypeptidase A6","protein-coding"]
[89,"Peak_91",0.504264357110397,-0.341562259959939,-0.845826617070336,4.2668141229301,"NO","NO","NO",0.28961851770682,0.497760625094964,0.0227006826361384,0.959925552157071,0.909060352866125,0.999908874757857,"chr1",10671633,10672031,"+",0,"NA","intron (NM_177834, intron 1 of 10)","intron (NM_177834, intron 1 of 10)",38194,"NM_177834",329093,"Mm.336423","NM_177834","ENSMUSG00000042501","Cpa6","9030616D13Rik","carboxypeptidase A6","protein-coding"]
[90,"Peak_92",0.650016514760671,0.0536188230926699,-0.596397691668001,2.56103861096943,"NO","NO","NO",0.450876844718486,0.952975717181306,0.321386904178253,0.978344677090796,0.992114606145815,0.999908874757857,"chr1",10707857,10708255,"+",0,"NA","intron (NM_177834, intron 1 of 10)","intron (NM_177834, intron 1 of 10)",1970,"NM_177834",329093,"Mm.336423","NM_177834","ENSMUSG00000042501","Cpa6","9030616D13Rik","carboxypeptidase A6","protein-coding"]
[91,"Peak_93",2.24676362417068,1.14346899449896,-1.10329462967172,2.85492233284203,"NO","NO","NO",0.0131350017070762,0.259556535049729,0.0261213622444864,0.789931406387149,0.81112162377582,0.999908874757857,"chr1",10747241,10747639,"+",0,"NA","Intergenic","MIRb|SINE|MIR",-37414,"NM_001289497",329093,"Mm.336423","NM_177834","ENSMUSG00000042501","Cpa6","9030616D13Rik","carboxypeptidase A6","protein-coding"]
[92,"Peak_94",0.168708617891533,-0.165365481286765,-0.334074099178298,3.67567679902343,"NO","NO","NO",0.74242435536474,0.756698511901989,0.3507662953857,0.995754237914056,0.964380640497659,0.999908874757857,"chr1",10784311,10784709,"+",0,"NA","Intergenic","Intergenic",-74484,"NM_001289497",329093,"Mm.336423","NM_177834","ENSMUSG00000042501","Cpa6","9030616D13Rik","carboxypeptidase A6","protein-coding"]
[93,"Peak_95",1.5860792032955,1.46144267027961,-0.124636533015893,3.10148670689811,"NO","NO","NO",0.0527119006525076,0.0806179767020328,0.783156840330582,0.893090852202007,0.641761939450988,0.999908874757857,"chr1",10825907,10826305,"+",0,"NA","Intergenic","Intergenic",-116080,"NM_001289497",329093,"Mm.336423","NM_177834","ENSMUSG00000042501","Cpa6","9030616D13Rik","carboxypeptidase A6","protein-coding"]
[94,"Peak_96",1.05569631728112,1.15930843032596,0.103612113044839,3.40903735380264,"NO","NO","NO",0.13467478377182,0.0989250582761382,0.808845091830607,0.936664239942381,0.666212469701834,0.999908874757857,"chr1",10923069,10923467,"+",0,"NA","Intergenic","Intergenic",-60278,"NM_029525",109294,"Mm.123247","NM_029525","ENSMUSG00000048960","Prex2","6230420N16Rik|AI316880|AI553603|C030045D06Rik|D430013K02|Depdc2|P-Rex2","phosphatidylinositol-3,4,5-trisphosphate-dependent Rac exchange factor 2","protein-coding"]
[95,"Peak_97",2.4483629977521,2.31941782719522,-0.128945170556881,2.48478433753504,"NO","NO","NO",0.0390860051670861,0.0552295428745694,0.815875600553371,0.874201778254117,0.590458950238702,0.999908874757857,"chr1",10933049,10933447,"+",0,"NA","Intergenic","Intergenic",-50298,"NM_029525",109294,"Mm.123247","NM_029525","ENSMUSG00000048960","Prex2","6230420N16Rik|AI316880|AI553603|C030045D06Rik|D430013K02|Depdc2|P-Rex2","phosphatidylinositol-3,4,5-trisphosphate-dependent Rac exchange factor 2","protein-coding"]
[96,"Peak_98",0.409116410595755,0.696839822598346,0.287723412002591,4.40229420586564,"NO","NO","NO",0.409264777231583,0.157473271011672,0.423768353321894,0.976489348515179,0.732043028493469,0.999908874757857,"chr1",10983595,10983993,"+",0,"NA","5' UTR (NM_029525, exon 1 of 40)","5' UTR (NM_029525, exon 1 of 40)",248,"NM_029525",109294,"Mm.123247","NM_029525","ENSMUSG00000048960","Prex2","6230420N16Rik|AI316880|AI553603|C030045D06Rik|D430013K02|Depdc2|P-Rex2","phosphatidylinositol-3,4,5-trisphosphate-dependent Rac exchange factor 2","protein-coding"]
[97,"Peak_99",1.30787211832081,1.60323637542582,0.295364257105008,2.55668548189285,"NO","NO","NO",0.205849760201998,0.115466477018281,0.60865714824581,0.953494236567625,0.688568345727258,0.999908874757857,"chr1",11008770,11009168,"+",0,"NA","intron (NM_029525, intron 1 of 39)","intron (NM_029525, intron 1 of 39)",25423,"NM_029525",109294,"Mm.123247","NM_029525","ENSMUSG00000048960","Prex2","6230420N16Rik|AI316880|AI553603|C030045D06Rik|D430013K02|Depdc2|P-Rex2","phosphatidylinositol-3,4,5-trisphosphate-dependent Rac exchange factor 2","protein-coding"]
[98,"Peak_100",-0.944636408263941,-1.11486981407312,-0.170233405809174,1.99820632708088,"NO","NO","NO",0.24584414586964,0.184093859538125,0.788176207306807,0.957177893700462,0.757435894642226,0.999908874757857,"chr1",11027844,11028242,"+",0,"NA","intron (NM_029525, intron 1 of 39)","intron (NM_029525, intron 1 of 39)",44497,"NM_029525",109294,"Mm.123247","NM_029525","ENSMUSG00000048960","Prex2","6230420N16Rik|AI316880|AI553603|C030045D06Rik|D430013K02|Depdc2|P-Rex2","phosphatidylinositol-3,4,5-trisphosphate-dependent Rac exchange factor 2","protein-coding"]
[99,"Peak_101",-0.0747246154042502,-0.0572483973245703,0.0174762180796799,2.16635314629111,"NO","NO","NO",0.932619221154509,0.949161123075815,0.976383527098898,0.997839094325673,0.992114606145815,0.999908874757857,"chr1",11035751,11036149,"+",0,"NA","intron (NM_029525, intron 1 of 39)","B1F2|SINE|Alu",52404,"NM_029525",109294,"Mm.123247","NM_029525","ENSMUSG00000048960","Prex2","6230420N16Rik|AI316880|AI553603|C030045D06Rik|D430013K02|Depdc2|P-Rex2","phosphatidylinositol-3,4,5-trisphosphate-dependent Rac exchange factor 2","protein-coding"]
[100,"Peak_103",-0.129490859568163,0.0184743687227376,0.1479652282909,3.49082066987548,"NO","NO","NO",0.820496848714112,0.97421231127979,0.717219844409771,0.996451548154072,0.99608613778938,0.999908874757857,"chr1",11319455,11319853,"+",0,"NA","Intergenic","Intergenic",65610,"NM_001033636",109294,"Mm.123247","NM_029525","ENSMUSG00000048960","Prex2","6230420N16Rik|AI316880|AI553603|C030045D06Rik|D430013K02|Depdc2|P-Rex2","phosphatidylinositol-3,4,5-trisphosphate-dependent Rac exchange factor 2","protein-coding"]
[101,"Peak_104",-0.312050461848806,-0.530228369648772,-0.218177907799965,5.30030325680912,"NO","NO","NO",0.403010055043963,0.161302514578869,0.503364330095815,0.975982217513585,0.735602497394651,0.999908874757857,"chr1",11404282,11404680,"+",0,"NA","5' UTR (NM_001160370, exon 1 of 7)","5' UTR (NM_001160370, exon 1 of 7)",295,"NM_177173",320492,"Mm.52021","NM_177173","ENSMUSG00000057715","A830018L16Rik","-","RIKEN cDNA A830018L16 gene","protein-coding"]
[102,"Peak_105",-0.263338928232563,-0.169973780680998,0.0933651475515651,2.36267121725068,"NO","NO","NO",0.752227165426824,0.839660042690866,0.87452568393152,0.996074562719474,0.97745216732589,0.999908874757857,"chr1",11585273,11585671,"+",0,"NA","intron (NM_177173, intron 6 of 13)","B3|SINE|B2",181286,"NM_177173",320492,"Mm.52021","NM_177173","ENSMUSG00000057715","A830018L16Rik","-","RIKEN cDNA A830018L16 gene","protein-coding"]
[103,"Peak_106",1.10099321005783,1.65779418165151,0.556800971593683,2.48592866033772,"NO","NO","NO",0.287320977538281,0.0954314450469202,0.315671064593433,0.959925552157071,0.661207591777794,0.999908874757857,"chr1",11647835,11648233,"+",0,"NA","intron (NM_177173, intron 7 of 13)","intron (NM_177173, intron 7 of 13)",243848,"NM_177173",320492,"Mm.52021","NM_177173","ENSMUSG00000057715","A830018L16Rik","-","RIKEN cDNA A830018L16 gene","protein-coding"]
[104,"Peak_107",0.863664054149561,0.933771981896913,0.0701079277473519,2.04691864606063,"NO","NO","NO",0.442708556192739,0.404013423911688,0.918189957551674,0.978344677090796,0.879980394563206,0.999908874757857,"chr1",11863670,11864068,"+",0,"NA","intron (NM_001310451, intron 10 of 12)","L1_Mus3|LINE|L1",459683,"NM_177173",320492,"Mm.52021","NM_177173","ENSMUSG00000057715","A830018L16Rik","-","RIKEN cDNA A830018L16 gene","protein-coding"]
[105,"Peak_108",0.387674376099597,0.082845957233228,-0.304828418866369,2.92911292899911,"NO","NO","NO",0.63166076172037,0.920518910900514,0.621986313240596,0.991155571163017,0.9884793269532,0.999908874757857,"chr1",11917710,11918108,"+",0,"NA","intron (NM_001310451, intron 10 of 12)","intron (NM_001310451, intron 10 of 12)",-498158,"NR_105759",102465961,null,"NR_105759","ENSMUSG00000098555","Mir6341","Gm27262|mmu-mir-6341","microRNA 6341","ncRNA"]
[106,"Peak_109",1.02957607306431,1.30911804830427,0.279541975239958,2.3005792943866,"NO","NO","NO",0.329243049242314,0.206405644947749,0.635705173659004,0.964050404810154,0.776186410146083,0.999908874757857,"chr1",11973349,11973747,"+",0,"NA","Intergenic","Intergenic",-442519,"NR_105759",102465961,null,"NR_105759","ENSMUSG00000098555","Mir6341","Gm27262|mmu-mir-6341","microRNA 6341","ncRNA"]
[107,"Peak_110",0.575341420650634,0.353852832871939,-0.221488587778695,5.25307660478741,"NO","NO","NO",0.149052913449229,0.381517525782601,0.484970417929182,0.943529907756132,0.872744365639296,0.999908874757857,"chr1",11990591,11990989,"+",0,"NA","Intergenic","Intergenic",-425277,"NR_105759",102465961,null,"NR_105759","ENSMUSG00000098555","Mir6341","Gm27262|mmu-mir-6341","microRNA 6341","ncRNA"]
[108,"Peak_111",0.620642768147544,0.238122054154617,-0.382520713992927,3.79480625018976,"NO","NO","NO",0.290743241418464,0.69481395625997,0.372048542740183,0.959925552157071,0.953978274271764,0.999908874757857,"chr1",12006818,12007216,"+",0,"NA","Intergenic","Intergenic",-409050,"NR_105759",102465961,null,"NR_105759","ENSMUSG00000098555","Mir6341","Gm27262|mmu-mir-6341","microRNA 6341","ncRNA"]
[109,"Peak_112",0.136831213941836,0.0968254586881526,-0.040005755253683,4.30343337432599,"NO","NO","NO",0.763063299180931,0.833178105749799,0.90447680822007,0.996451548154072,0.975821771717644,0.999908874757857,"chr1",12055155,12055553,"+",0,"NA","Intergenic","Intergenic",-360713,"NR_105759",102465961,null,"NR_105759","ENSMUSG00000098555","Mir6341","Gm27262|mmu-mir-6341","microRNA 6341","ncRNA"]
[110,"Peak_113",0.11994523847624,0.503993490604406,0.384048252128166,2.9832962592321,"NO","NO","NO",0.864427207049789,0.465479350747243,0.39171112066231,0.996451548154072,0.899612158621757,0.999908874757857,"chr1",12388318,12388716,"+",0,"NA","Intergenic","Intergenic",-27550,"NR_105759",102465961,null,"NR_105759","ENSMUSG00000098555","Mir6341","Gm27262|mmu-mir-6341","microRNA 6341","ncRNA"]
[111,"Peak_114",-0.351529723077118,-0.677922007120804,-0.326392284043686,2.739456915556,"NO","NO","NO",0.609984926992089,0.34167999008443,0.533799660019835,0.990629663238998,0.85473957019643,0.999908874757857,"chr1",12426320,12426718,"+",0,"NA","Intergenic","Intergenic",10452,"NR_105759",102465961,null,"NR_105759","ENSMUSG00000098555","Mir6341","Gm27262|mmu-mir-6341","microRNA 6341","ncRNA"]
[112,"Peak_115",1.41962423729685,1.08838665652844,-0.331237580768418,3.54712353137989,"NO","NO","NO",0.026949060347974,0.103174783335,0.355761145601425,0.838687742246375,0.672893095857282,0.999908874757857,"chr1",12562115,12562513,"+",0,"NA","Intergenic","Intergenic",-95330,"NR_045297",329096,"Mm.417782","NR_045297","ENSMUSG00000097171","Gm17644","4932411L15","predicted gene, 17644","ncRNA"]
[113,"Peak_116",-0.128257041283325,-0.200085979673239,-0.0718289383899144,4.6801897630965,"NO","NO","NO",0.772232165007494,0.655210552481585,0.845450458586241,0.996451548154072,0.946837677970351,0.999908874757857,"chr1",12682132,12682530,"+",0,"NA","promoter-TSS (NM_001198565)","promoter-TSS (NM_001198565)",-180,"NM_001198565",240725,"Mm.45563","NM_172294","ENSMUSG00000016918","Sulf1","AI467640|AW121680|mKIAA1077","sulfatase 1","protein-coding"]
[114,"Peak_117",-0.490951435352594,-1.06044404598108,-0.569492610628484,4.65159584074634,"NO","NO","NO",0.241118939260244,0.0144502652074969,0.124304162713564,0.957108430508661,0.42350800645696,0.999908874757857,"chr1",12682871,12683269,"+",0,"NA","intron (NM_001198566, intron 1 of 20)","intron (NM_001198566, intron 1 of 20)",559,"NM_001198566",240725,"Mm.45563","NM_172294","ENSMUSG00000016918","Sulf1","AI467640|AW121680|mKIAA1077","sulfatase 1","protein-coding"]
[115,"Peak_118",0.707337347582651,0.196980854328004,-0.510356493254647,3.13766490544021,"NO","NO","NO",0.299827070486278,0.783376201463782,0.263535824503732,0.959925552157071,0.968600163440155,0.999908874757857,"chr1",12694586,12694984,"+",0,"NA","intron (NM_001198566, intron 1 of 20)","intron (NM_001198566, intron 1 of 20)",12274,"NM_001198566",240725,"Mm.45563","NM_172294","ENSMUSG00000016918","Sulf1","AI467640|AW121680|mKIAA1077","sulfatase 1","protein-coding"]
[116,"Peak_119",0.51481021699267,0.397654624836549,-0.117155592156122,3.11567919584533,"NO","NO","NO",0.45373155686518,0.571140601062045,0.793470112648077,0.978680603583146,0.92714590140995,0.999908874757857,"chr1",12701207,12701605,"+",0,"NA","intron (NM_001198566, intron 1 of 20)","B1_Mur1|SINE|Alu",-7220,"NM_172294",240725,"Mm.45563","NM_172294","ENSMUSG00000016918","Sulf1","AI467640|AW121680|mKIAA1077","sulfatase 1","protein-coding"]
[117,"Peak_120",-0.081571895357618,-0.599274359135767,-0.517702463778149,4.2490777721788,"NO","NO","NO",0.870942149228908,0.247614516636551,0.223622853792462,0.996451548154072,0.804510957551332,0.999908874757857,"chr1",12708321,12708719,"+",0,"NA","promoter-TSS (NM_172294)","promoter-TSS (NM_172294)",-106,"NM_172294",240725,"Mm.45563","NM_172294","ENSMUSG00000016918","Sulf1","AI467640|AW121680|mKIAA1077","sulfatase 1","protein-coding"]
[118,"Peak_121",0.179041593604192,0.157063050135154,-0.0219785434690378,3.07336425273898,"NO","NO","NO",0.793449726151797,0.821138340964208,0.962872139227567,0.996451548154072,0.973384774410306,0.999908874757857,"chr1",12713399,12713797,"+",0,"NA","intron (NM_172294, intron 1 of 21)","intron (NM_172294, intron 1 of 21)",4972,"NM_172294",240725,"Mm.45563","NM_172294","ENSMUSG00000016918","Sulf1","AI467640|AW121680|mKIAA1077","sulfatase 1","protein-coding"]
[119,"Peak_122",0.570883545239749,0.443440002258549,-0.1274435429812,3.81219413505531,"NO","NO","NO",0.309867604261603,0.438234846205341,0.743223278544964,0.959925552157071,0.891381382024491,0.999908874757857,"chr1",12734714,12735112,"+",0,"NA","intron (NM_172294, intron 2 of 21)","intron (NM_172294, intron 2 of 21)",26287,"NM_172294",240725,"Mm.45563","NM_172294","ENSMUSG00000016918","Sulf1","AI467640|AW121680|mKIAA1077","sulfatase 1","protein-coding"]
[120,"Peak_123",-0.290401193108138,-0.70662733816659,-0.416226145058452,2.69855822247754,"NO","NO","NO",0.713939957929327,0.382320104777543,0.529633811303671,0.995619771093658,0.872984897713415,0.999908874757857,"chr1",12781973,12782371,"+",0,"NA","intron (NM_172294, intron 4 of 21)","intron (NM_172294, intron 4 of 21)",73546,"NM_172294",240725,"Mm.45563","NM_172294","ENSMUSG00000016918","Sulf1","AI467640|AW121680|mKIAA1077","sulfatase 1","protein-coding"]
[121,"Peak_124",0.215157370005706,-0.689159115125117,-0.904316485130823,4.25174686151187,"NO","NO","NO",0.611873426915105,0.129943594742125,0.00557906121197152,0.990629663238998,0.705501333365588,0.999908874757857,"chr1",12801545,12801943,"+",0,"NA","intron (NM_172294, intron 7 of 21)","intron (NM_172294, intron 7 of 21)",93118,"NM_172294",240725,"Mm.45563","NM_172294","ENSMUSG00000016918","Sulf1","AI467640|AW121680|mKIAA1077","sulfatase 1","protein-coding"]
[122,"Peak_125",-0.198396877133626,-0.428546575730462,-0.230149698596836,4.73343751150331,"NO","NO","NO",0.644270201110098,0.32774987100807,0.525877716516752,0.992128801173048,0.848166254249252,0.999908874757857,"chr1",12826285,12826683,"+",0,"NA","intron (NM_172294, intron 13 of 21)","intron (NM_172294, intron 13 of 21)",117858,"NM_172294",240725,"Mm.45563","NM_172294","ENSMUSG00000016918","Sulf1","AI467640|AW121680|mKIAA1077","sulfatase 1","protein-coding"]
[123,"Peak_126",-0.157256314287864,-0.00318987913439006,0.154066435153474,2.64547525890242,"NO","NO","NO",0.843359277243974,0.996670932945859,0.793899778167393,0.996451548154072,0.999480190376433,0.999908874757857,"chr1",12848328,12848726,"+",0,"NA","intron (NM_172294, intron 21 of 21)","intron (NM_172294, intron 21 of 21)",132689,"NM_172841",240726,"Mm.24481","NM_172841","ENSMUSG00000025938","Slco5a1","4732454B15|A630033C23Rik|AA407151","solute carrier organic anion transporter family, member 5A1","protein-coding"]
[124,"Peak_127",1.00988136214024,1.10516603187334,0.0952846697330939,3.98633800733421,"NO","NO","NO",0.0678408049097953,0.045705313811413,0.772697873228339,0.906886782313952,0.562250401059987,0.999908874757857,"chr1",12855529,12855927,"+",0,"NA","TTS (NM_172841)","TTS (NM_172841)",125488,"NM_172841",240726,"Mm.24481","NM_172841","ENSMUSG00000025938","Slco5a1","4732454B15|A630033C23Rik|AA407151","solute carrier organic anion transporter family, member 5A1","protein-coding"]
[125,"Peak_128",0.271552351432385,-0.0362890733205101,-0.307841424752895,4.60616219439792,"NO","NO","NO",0.540262310248849,0.936361063416018,0.376754813737444,0.988113766393189,0.990816257238568,0.999908874757857,"chr1",12895536,12895934,"+",0,"NA","intron (NM_172841, intron 4 of 8)","intron (NM_172841, intron 4 of 8)",85481,"NM_172841",240726,"Mm.24481","NM_172841","ENSMUSG00000025938","Slco5a1","4732454B15|A630033C23Rik|AA407151","solute carrier organic anion transporter family, member 5A1","protein-coding"]
[126,"Peak_129",1.30236316156274,1.29412224146607,-0.008240920096676,3.27838170301632,"NO","NO","NO",0.07051701991269,0.0750719698988544,0.983344543836355,0.907934971210637,0.631935473206904,0.999908874757857,"chr1",12898476,12898874,"+",0,"NA","intron (NM_172841, intron 4 of 8)","intron (NM_172841, intron 4 of 8)",82541,"NM_172841",240726,"Mm.24481","NM_172841","ENSMUSG00000025938","Slco5a1","4732454B15|A630033C23Rik|AA407151","solute carrier organic anion transporter family, member 5A1","protein-coding"]
[127,"Peak_130",-0.870963901035045,-1.27426553475623,-0.40330163372119,2.2955995415819,"NO","NO","NO",0.289632124555179,0.130238753227598,0.570298888853714,0.959925552157071,0.705501333365588,0.999908874757857,"chr1",12909752,12910150,"+",0,"NA","intron (NM_172841, intron 4 of 8)","intron (NM_172841, intron 4 of 8)",71265,"NM_172841",240726,"Mm.24481","NM_172841","ENSMUSG00000025938","Slco5a1","4732454B15|A630033C23Rik|AA407151","solute carrier organic anion transporter family, member 5A1","protein-coding"]
[128,"Peak_131",0.315223548809648,0.565098143939698,0.24987459513005,2.87350180510693,"NO","NO","NO",0.705676833687144,0.492072203899592,0.671816676948284,0.995249020582875,0.907610187989643,0.999908874757857,"chr1",12968771,12969169,"+",0,"NA","intron (NM_172841, intron 1 of 8)","intron (NM_172841, intron 1 of 8)",12246,"NM_172841",240726,"Mm.24481","NM_172841","ENSMUSG00000025938","Slco5a1","4732454B15|A630033C23Rik|AA407151","solute carrier organic anion transporter family, member 5A1","protein-coding"]
[129,"Peak_132",0.129180677688557,-0.0909404832031013,-0.220121160891658,4.31860122833968,"NO","NO","NO",0.76923437455013,0.839452486783495,0.499299375904023,0.996451548154072,0.97745216732589,0.999908874757857,"chr1",12980657,12981055,"+",0,"NA","5' UTR (NM_172841, exon 1 of 9)","5' UTR (NM_172841, exon 1 of 9)",360,"NM_172841",240726,"Mm.24481","NM_172841","ENSMUSG00000025938","Slco5a1","4732454B15|A630033C23Rik|AA407151","solute carrier organic anion transporter family, member 5A1","protein-coding"]
[130,"Peak_133",-0.395050662396412,0.119107856362807,0.514158518759219,4.17759089450351,"NO","NO","NO",0.408066829250931,0.799951816772341,0.156362037731033,0.975982217513585,0.970171577815851,0.999908874757857,"chr1",12982074,12982472,"+",0,"NA","Intergenic","CpG",-1057,"NM_172841",240726,"Mm.24481","NM_172841","ENSMUSG00000025938","Slco5a1","4732454B15|A630033C23Rik|AA407151","solute carrier organic anion transporter family, member 5A1","protein-coding"]
[131,"Peak_134",1.29021414203726,1.40403328796962,0.113819145932363,4.87940252829124,"UP","UP","NO",0.00413345998127939,0.00176971121860323,0.690543930286529,0.715977492886342,0.197974152919996,0.999908874757857,"chr1",12995095,12995493,"+",0,"NA","Intergenic","Intergenic",-14078,"NM_172841",240726,"Mm.24481","NM_172841","ENSMUSG00000025938","Slco5a1","4732454B15|A630033C23Rik|AA407151","solute carrier organic anion transporter family, member 5A1","protein-coding"]
[132,"Peak_135",-0.5415495446902,-1.30524087217089,-0.763691327480688,3.1914813589162,"NO","NO","NO",0.341147780936212,0.0307491299587568,0.109997054145853,0.968516567093443,0.5125009071875,0.999908874757857,"chr1",13005959,13006357,"+",0,"NA","Intergenic","RLTR9A2|LTR|ERVK",-24942,"NM_172841",240726,"Mm.24481","NM_172841","ENSMUSG00000025938","Slco5a1","4732454B15|A630033C23Rik|AA407151","solute carrier organic anion transporter family, member 5A1","protein-coding"]
[133,"Peak_136",1.23143534250341,0.517206896128885,-0.71422844637453,2.62019414260751,"NO","NO","NO",0.15534298458125,0.577876436625022,0.179139328524974,0.943529907756132,0.92849016578635,0.999908874757857,"chr1",13040233,13040631,"+",0,"NA","Intergenic","Intergenic",-59216,"NM_172841",240726,"Mm.24481","NM_172841","ENSMUSG00000025938","Slco5a1","4732454B15|A630033C23Rik|AA407151","solute carrier organic anion transporter family, member 5A1","protein-coding"]
[134,"Peak_137",0.772114202396808,0.649965720866015,-0.122148481530793,1.89297656795487,"NO","NO","NO",0.503151318723005,0.57572415982765,0.870757379864439,0.984683579984827,0.927967630453873,0.999908874757857,"chr1",13064645,13065043,"+",0,"NA","Intergenic","Intergenic",52400,"NM_001081209",383491,"Mm.309380","NM_001081209","ENSMUSG00000042414","Prdm14","-","PR domain containing 14","protein-coding"]
[135,"Peak_138",-0.838059650427581,-1.10392890030947,-0.265869249881891,2.53264176217196,"NO","NO","NO",0.258995375068977,0.146084414613422,0.668896682734957,0.9584185922148,0.721785067439753,0.999908874757857,"chr1",13085652,13086050,"+",0,"NA","Intergenic","Intergenic",31393,"NM_001081209",383491,"Mm.309380","NM_001081209","ENSMUSG00000042414","Prdm14","-","PR domain containing 14","protein-coding"]
[136,"Peak_139",0.148382054351027,-0.295912945043478,-0.444294999394504,2.90806997862416,"NO","NO","NO",0.827915645618134,0.677699269386243,0.362672160454859,0.996451548154072,0.951050453358392,0.999908874757857,"chr1",13093731,13094129,"+",0,"NA","Intergenic","Intergenic",23314,"NM_001081209",383491,"Mm.309380","NM_001081209","ENSMUSG00000042414","Prdm14","-","PR domain containing 14","protein-coding"]
[137,"Peak_140",0.0430603850439366,-0.46634691943169,-0.509407304475626,2.95856111379312,"NO","NO","NO",0.948756695748657,0.501956010085748,0.305608945507613,0.997839094325673,0.909766740906097,0.999908874757857,"chr1",13118499,13118897,"+",0,"NA","Intergenic","Intergenic",-1454,"NM_001081209",383491,"Mm.309380","NM_001081209","ENSMUSG00000042414","Prdm14","-","PR domain containing 14","protein-coding"]
[138,"Peak_141",-0.374039854344559,-0.474121729928266,-0.100081875583706,3.54175042669815,"NO","NO","NO",0.453375319791985,0.352692275516094,0.779982367158571,0.978680603583146,0.859680439219705,0.999908874757857,"chr1",13124289,13124687,"+",0,"NA","Intergenic","Intergenic",-7244,"NM_001081209",383491,"Mm.309380","NM_001081209","ENSMUSG00000042414","Prdm14","-","PR domain containing 14","protein-coding"]
[139,"Peak_142",0.734176416522964,0.37390885111025,-0.360267565412714,3.20454036770169,"NO","NO","NO",0.286240444874382,0.601106506272487,0.434179952748193,0.959925552157071,0.933653432127319,0.999908874757857,"chr1",13298936,13299334,"+",0,"NA","intron (NM_008678, intron 1 of 22)","intron (NM_008678, intron 1 of 22)",63375,"NM_001302702",17978,"Mm.2537","NM_008678","ENSMUSG00000005886","Ncoa2","D1Ertd433e|GRIP-1|Grip1|KAT13C|NCoA-2|SRC-2|TIF2|bHLHe75","nuclear receptor coactivator 2","protein-coding"]
[140,"Peak_143",-0.511950351510909,-0.614603568837339,-0.102653217326431,2.84421674032882,"NO","NO","NO",0.440557573749303,0.362723596016049,0.839770535288355,0.978344677090796,0.862611464583507,0.999908874757857,"chr1",13304370,13304768,"+",0,"NA","intron (NM_008678, intron 1 of 22)","intron (NM_008678, intron 1 of 22)",57941,"NM_001302702",17978,"Mm.2537","NM_008678","ENSMUSG00000005886","Ncoa2","D1Ertd433e|GRIP-1|Grip1|KAT13C|NCoA-2|SRC-2|TIF2|bHLHe75","nuclear receptor coactivator 2","protein-coding"]
[141,"Peak_144",0.738079563219798,0.897465272608414,0.159385709388617,3.42350651812475,"NO","NO","NO",0.35507538092505,0.25703703303751,0.787974316317305,0.970570941478962,0.809382481763177,0.999908874757857,"chr1",13314923,13315321,"+",0,"NA","intron (NM_008678, intron 1 of 22)","intron (NM_008678, intron 1 of 22)",47388,"NM_001302702",17978,"Mm.2537","NM_008678","ENSMUSG00000005886","Ncoa2","D1Ertd433e|GRIP-1|Grip1|KAT13C|NCoA-2|SRC-2|TIF2|bHLHe75","nuclear receptor coactivator 2","protein-coding"]
[142,"Peak_145",-0.791481119517596,-0.272370573653507,0.519110545864089,5.46622722762706,"NO","NO","NO",0.0501554862464055,0.494563128770638,0.154935920105602,0.886422213754263,0.907935980828501,0.999908874757857,"chr1",13363291,13363689,"+",0,"NA","promoter-TSS (NM_001302702)","promoter-TSS (NM_001302702)",674,"NM_008678",17978,"Mm.2537","NM_008678","ENSMUSG00000005886","Ncoa2","D1Ertd433e|GRIP-1|Grip1|KAT13C|NCoA-2|SRC-2|TIF2|bHLHe75","nuclear receptor coactivator 2","protein-coding"]
[143,"Peak_146",-0.363599136480982,-0.185249087895725,0.178350048585257,3.33566008004787,"NO","NO","NO",0.525492412126756,0.745701067158256,0.662927863515303,0.986614595715985,0.963162241930733,0.999908874757857,"chr1",13416481,13416879,"+",0,"NA","Intergenic","Intergenic",-52516,"NM_008678",17978,"Mm.2537","NM_008678","ENSMUSG00000005886","Ncoa2","D1Ertd433e|GRIP-1|Grip1|KAT13C|NCoA-2|SRC-2|TIF2|bHLHe75","nuclear receptor coactivator 2","protein-coding"]
[144,"Peak_147",1.22319654314196,1.3696497676357,0.146453224493739,2.89792891128777,"NO","NO","NO",0.162163352660668,0.114729225702763,0.774133302875055,0.946285394458671,0.687884282812249,0.999908874757857,"chr1",13458153,13458551,"+",0,"NA","Intergenic","Intergenic",-94188,"NM_008678",17978,"Mm.2537","NM_008678","ENSMUSG00000005886","Ncoa2","D1Ertd433e|GRIP-1|Grip1|KAT13C|NCoA-2|SRC-2|TIF2|bHLHe75","nuclear receptor coactivator 2","protein-coding"]
[145,"Peak_148",0.160453037607427,-0.533147464658473,-0.693600502265899,3.18601131045157,"NO","NO","NO",0.801520839340584,0.431697510081788,0.156095245181084,0.996451548154072,0.888837469503983,0.999908874757857,"chr1",13484936,13485334,"+",0,"NA","Intergenic","Intergenic",94856,"NM_028173",72265,"Mm.28765","NM_028173","ENSMUSG00000025935","Tram1","1810049E02Rik|TRAMP","translocating chain-associating membrane protein 1","protein-coding"]
[146,"Peak_149",0.295391489168302,-0.348553522581505,-0.643945011749807,4.14750752434611,"NO","NO","NO",0.488610935361024,0.442844692054665,0.0328925812036064,0.983088920821324,0.892059405811651,0.999908874757857,"chr1",13486411,13486809,"+",0,"NA","Intergenic","Intergenic",93381,"NM_028173",72265,"Mm.28765","NM_028173","ENSMUSG00000025935","Tram1","1810049E02Rik|TRAMP","translocating chain-associating membrane protein 1","protein-coding"]
[147,"Peak_150",0.768024250360437,0.795511905289625,0.0274876549291879,3.90431786127921,"NO","NO","NO",0.15138671074224,0.139676610705853,0.933003734165309,0.943529907756132,0.714387437969887,0.999908874757857,"chr1",13521760,13522158,"+",0,"NA","Intergenic","Intergenic",58032,"NM_028173",72265,"Mm.28765","NM_028173","ENSMUSG00000025935","Tram1","1810049E02Rik|TRAMP","translocating chain-associating membrane protein 1","protein-coding"]
[148,"Peak_151",0.0278722308172662,0.191933602478798,0.164061371661531,5.40281141718636,"NO","NO","NO",0.942146519024302,0.617760555379705,0.610236518575918,0.997839094325673,0.938757568362711,0.999908874757857,"chr1",13579576,13579974,"+",0,"NA","exon (NM_028173, exon 1 of 11)","exon (NM_028173, exon 1 of 11)",216,"NM_028173",72265,"Mm.28765","NM_028173","ENSMUSG00000025935","Tram1","1810049E02Rik|TRAMP","translocating chain-associating membrane protein 1","protein-coding"]
[149,"Peak_152",1.4241653577519,1.49341871402655,0.0692533562746507,2.51234319338611,"NO","NO","NO",0.184682869591667,0.162118552486556,0.91399805847157,0.952872791523057,0.73601955039768,0.999908874757857,"chr1",13639805,13640203,"+",0,"NA","intron (NM_145381, intron 2 of 6)","intron (NM_145381, intron 2 of 6)",10586,"NM_145381",212442,"Mm.89572","NM_145381","ENSMUSG00000025937","Lactb2","Cgi-83|E430032H21Rik","lactamase, beta 2","protein-coding"]
[150,"Peak_153",-0.491487252312685,-0.510187662824725,-0.0187004105120403,4.97559652283224,"NO","NO","NO",0.183166643300813,0.171385088122648,0.951391109029861,0.952872791523057,0.746627647777093,0.999908874757857,"chr1",13650214,13650612,"+",0,"NA","exon (NM_145381, exon 1 of 7)","exon (NM_145381, exon 1 of 7)",177,"NM_145381",212442,"Mm.89572","NM_145381","ENSMUSG00000025937","Lactb2","Cgi-83|E430032H21Rik","lactamase, beta 2","protein-coding"]
[151,"Peak_154",-0.961366590859388,-0.583414064442486,0.377952526416901,2.80797823961181,"NO","NO","NO",0.167570095372181,0.39668804089842,0.497673498196089,0.94631447419109,0.877791129783562,0.999908874757857,"chr1",13696417,13696815,"+",0,"NA","Intergenic","Intergenic",37764,"NM_001011873",381246,"Mm.311142","NM_001011873","ENSMUSG00000067813","Xkr9","Gm1620|XRG9","X-linked Kx blood group related 9","protein-coding"]
[152,"Peak_155",0.216263478434296,0.0230383532701048,-0.193225125164191,2.28952783940649,"NO","NO","NO",0.811382963629503,0.980225604493127,0.762887529299967,0.996451548154072,0.997342763985994,0.999908874757857,"chr1",13761015,13761413,"+",0,"NA","Intergenic","Intergenic",15796,"NR_004447",433273,"Mm.304088","NR_004447","ENSMUSG00000097711","Gm5523","EG433273","glyceraldehyde-3-phosphate dehydrogenase pseudogene","pseudo"]
[153,"Peak_156",0.851225964588313,0.674200603358783,-0.177025361229529,4.29401222185043,"NO","NO","NO",0.145585068893696,0.256463760105435,0.693808874582334,0.943529907756132,0.808968825917141,0.999908874757857,"chr1",13779508,13779906,"+",0,"NA","Intergenic","Intergenic",-2697,"NR_004447",433273,"Mm.304088","NR_004447","ENSMUSG00000097711","Gm5523","EG433273","glyceraldehyde-3-phosphate dehydrogenase pseudogene","pseudo"]
[154,"Peak_157",-1.20363273680482,-0.973819143094403,0.229813593710421,2.73483475605866,"NO","NO","NO",0.103645070420368,0.184120105758106,0.715327040366201,0.918065249368744,0.757435894642226,0.999908874757857,"chr1",13798387,13798785,"+",0,"NA","Intergenic","Intergenic",-21576,"NR_004447",433273,"Mm.304088","NR_004447","ENSMUSG00000097711","Gm5523","EG433273","glyceraldehyde-3-phosphate dehydrogenase pseudogene","pseudo"]
[155,"Peak_158",0.418812925894806,-0.104486098738375,-0.523299024633181,4.01166745359411,"NO","NO","NO",0.396626380749322,0.839818443003215,0.14840954574937,0.975727502304369,0.97745216732589,0.999908874757857,"chr1",13851090,13851488,"+",0,"NA","Intergenic","Intergenic",-74279,"NR_004447",433273,"Mm.304088","NR_004447","ENSMUSG00000097711","Gm5523","EG433273","glyceraldehyde-3-phosphate dehydrogenase pseudogene","pseudo"]
[156,"Peak_159",0.153698814640408,0.160512186565615,6.81337192520698E-3,2.85277904063972,"NO","NO","NO",0.851147731777375,0.846364838088769,0.991578250695806,0.996451548154072,0.977494282942532,0.999908874757857,"chr1",13991834,13992232,"+",0,"NA","Intergenic","Intergenic",-215023,"NR_004447",433273,"Mm.304088","NR_004447","ENSMUSG00000097711","Gm5523","EG433273","glyceraldehyde-3-phosphate dehydrogenase pseudogene","pseudo"]
[157,"Peak_161",-1.51148418787656,-0.0687618716568579,1.4427223162197,2.02864288918154,"NO","NO","NO",0.107770197250536,0.936947761401043,0.0350420445142559,0.920384046325089,0.991121315845208,0.999908874757857,"chr1",14048354,14048752,"+",0,"NA","Intergenic","Intergenic",251727,"NM_010164",14048,"Mm.250185","NM_010164","ENSMUSG00000025932","Eya1","bor","EYA transcriptional coactivator and phosphatase 1","protein-coding"]
[158,"Peak_162",0.0358550857727094,0.0514588359303487,0.0156037501576393,4.01022842973252,"NO","NO","NO",0.940733492316968,0.915326622672936,0.963358586490039,0.997839094325673,0.987109020669515,0.999908874757857,"chr1",14087858,14088256,"+",0,"NA","Intergenic","Intergenic",212223,"NM_010164",14048,"Mm.250185","NM_010164","ENSMUSG00000025932","Eya1","bor","EYA transcriptional coactivator and phosphatase 1","protein-coding"]
[159,"Peak_163",0.0625696793831167,-0.230370973862247,-0.292940653245363,4.10308232523959,"NO","NO","NO",0.893822779006587,0.633220625615256,0.403852493536892,0.996793654761153,0.942412966650034,0.999908874757857,"chr1",14089094,14089492,"+",0,"NA","Intergenic","Intergenic",210987,"NM_010164",14048,"Mm.250185","NM_010164","ENSMUSG00000025932","Eya1","bor","EYA transcriptional coactivator and phosphatase 1","protein-coding"]
[160,"Peak_164",0.933131833450668,0.869891012797724,-0.0632408206529443,2.59459011857375,"NO","NO","NO",0.293568143216793,0.335205821864222,0.904293809487086,0.959925552157071,0.852655299219166,0.999908874757857,"chr1",14099321,14099719,"+",0,"NA","Intergenic","Intergenic",200760,"NM_010164",14048,"Mm.250185","NM_010164","ENSMUSG00000025932","Eya1","bor","EYA transcriptional coactivator and phosphatase 1","protein-coding"]
[161,"Peak_165",-0.355548516333367,-0.498166704582908,-0.142618188249541,3.72671785641566,"NO","NO","NO",0.470387114468012,0.320898568133227,0.702177612161116,0.980953088736298,0.844623904624015,0.999908874757857,"chr1",14153009,14153407,"+",0,"NA","Intergenic","Intergenic",147072,"NM_010164",14048,"Mm.250185","NM_010164","ENSMUSG00000025932","Eya1","bor","EYA transcriptional coactivator and phosphatase 1","protein-coding"]
[162,"Peak_166",-0.155054399125816,-0.126871885585619,0.0281825135401976,3.31991542429019,"NO","NO","NO",0.820111912322024,0.853898759087008,0.958838495714658,0.996451548154072,0.977898830794056,0.999908874757857,"chr1",14163423,14163821,"+",0,"NA","intron (NM_010164, intron 17 of 17)","intron (NM_010164, intron 17 of 17)",136658,"NM_010164",14048,"Mm.250185","NM_010164","ENSMUSG00000025932","Eya1","bor","EYA transcriptional coactivator and phosphatase 1","protein-coding"]
[163,"Peak_167",0.593505874610547,0.674661442946956,0.0811555683364085,3.93848880543639,"NO","NO","NO",0.318337281811826,0.259999348006438,0.850290061697849,0.960841502118247,0.811315736037084,0.999908874757857,"chr1",14170376,14170774,"+",0,"NA","intron (NM_010164, intron 16 of 17)","intron (NM_010164, intron 16 of 17)",129705,"NM_010164",14048,"Mm.250185","NM_010164","ENSMUSG00000025932","Eya1","bor","EYA transcriptional coactivator and phosphatase 1","protein-coding"]
[164,"Peak_168",-0.539048767269627,-0.955045776530194,-0.415997009260567,3.89698929425219,"NO","NO","NO",0.232631678497087,0.0420057399009824,0.249882278263554,0.955985640027953,0.55141235743325,0.999908874757857,"chr1",14171744,14172142,"+",0,"NA","intron (NM_010164, intron 16 of 17)","intron (NM_010164, intron 16 of 17)",128337,"NM_010164",14048,"Mm.250185","NM_010164","ENSMUSG00000025932","Eya1","bor","EYA transcriptional coactivator and phosphatase 1","protein-coding"]
[165,"Peak_169",1.0884119592774,0.794255013217549,-0.294156946059853,3.50580782673571,"NO","NO","NO",0.0897038970891621,0.231266936351456,0.460165593678119,0.911408110368333,0.793379946977843,0.999908874757857,"chr1",14186711,14187109,"+",0,"NA","intron (NM_010164, intron 12 of 17)","intron (NM_010164, intron 12 of 17)",113370,"NM_010164",14048,"Mm.250185","NM_010164","ENSMUSG00000025932","Eya1","bor","EYA transcriptional coactivator and phosphatase 1","protein-coding"]
[166,"Peak_170",0.194006747015189,-0.445053646912735,-0.639060393927923,4.76814019750902,"NO","NO","NO",0.626660738568944,0.284281747521708,0.0470627590458822,0.991059621898655,0.825762989663673,0.999908874757857,"chr1",14192393,14192791,"+",0,"NA","intron (NM_010164, intron 12 of 17)","L2|LINE|L2",107688,"NM_010164",14048,"Mm.250185","NM_010164","ENSMUSG00000025932","Eya1","bor","EYA transcriptional coactivator and phosphatase 1","protein-coding"]
[167,"Peak_171",0.0150154994917964,-0.305035883234552,-0.320051382726348,4.70304977695817,"NO","NO","NO",0.974429809643077,0.523186998564991,0.426245745275248,0.999057618398854,0.915342857440504,0.999908874757857,"chr1",14215466,14215864,"+",0,"NA","intron (NM_010164, intron 11 of 17)","intron (NM_010164, intron 11 of 17)",84615,"NM_010164",14048,"Mm.250185","NM_010164","ENSMUSG00000025932","Eya1","bor","EYA transcriptional coactivator and phosphatase 1","protein-coding"]
[168,"Peak_172",0.237833837760725,-0.539927203444935,-0.777761041205659,3.71415077478965,"NO","NO","NO",0.660492050777163,0.347663438416689,0.0647334538981406,0.992128801173048,0.85757837723647,0.999908874757857,"chr1",14234900,14235298,"+",0,"NA","intron (NM_010164, intron 9 of 17)","intron (NM_010164, intron 9 of 17)",65181,"NM_010164",14048,"Mm.250185","NM_010164","ENSMUSG00000025932","Eya1","bor","EYA transcriptional coactivator and phosphatase 1","protein-coding"]
[169,"Peak_173",0.285969237143615,-0.487260721289117,-0.773229958432732,4.60413882644254,"NO","NO","NO",0.561359429087465,0.338302439189318,0.0675569034746397,0.989684018279455,0.853743353092122,0.999908874757857,"chr1",14275809,14276207,"+",0,"NA","intron (NM_001252192, intron 2 of 16)","intron (NM_001252192, intron 2 of 16)",24272,"NM_010164",14048,"Mm.250185","NM_010164","ENSMUSG00000025932","Eya1","bor","EYA transcriptional coactivator and phosphatase 1","protein-coding"]
[170,"Peak_174",0.60680346434529,-0.101301090927357,-0.708104555272647,4.73605206372566,"NO","NO","NO",0.149709131857954,0.818065371406185,0.0300622909710517,0.943529907756132,0.973204190658895,0.999908874757857,"chr1",14282306,14282704,"+",0,"NA","intron (NM_001252192, intron 2 of 16)","intron (NM_001252192, intron 2 of 16)",17775,"NM_010164",14048,"Mm.250185","NM_010164","ENSMUSG00000025932","Eya1","bor","EYA transcriptional coactivator and phosphatase 1","protein-coding"]
[171,"Peak_175",0.212752502494869,0.222740620142975,0.0099881176481058,3.29067915999162,"NO","NO","NO",0.740431014676849,0.730978146264923,0.982190033102159,0.995754237914056,0.960704649570479,0.999908874757857,"chr1",14292705,14293103,"+",0,"NA","exon (NM_001310459, exon 3 of 18)","exon (NM_001310459, exon 3 of 18)",7376,"NM_010164",14048,"Mm.250185","NM_010164","ENSMUSG00000025932","Eya1","bor","EYA transcriptional coactivator and phosphatase 1","protein-coding"]
[172,"Peak_176",-0.824353492174282,-0.742145812116483,0.0822076800577994,4.38541257399247,"NO","NO","NO",0.057580201540194,0.0892286716942013,0.821640561433345,0.895148662088407,0.652418915522435,0.999908874757857,"chr1",14294738,14295136,"+",0,"NA","intron (NM_010164, intron 1 of 17)","intron (NM_010164, intron 1 of 17)",5343,"NM_010164",14048,"Mm.250185","NM_010164","ENSMUSG00000025932","Eya1","bor","EYA transcriptional coactivator and phosphatase 1","protein-coding"]
[173,"Peak_177",-0.0664364412132177,-0.0062118877041858,0.0602245535090319,4.74694982512922,"NO","NO","NO",0.867495584314816,0.987631283720357,0.844450762716954,0.996451548154072,0.998250407848138,0.999908874757857,"chr1",14299853,14300251,"+",0,"NA","5' UTR (NM_001252192, exon 1 of 17)","5' UTR (NM_001252192, exon 1 of 17)",228,"NM_010164",14048,"Mm.250185","NM_010164","ENSMUSG00000025932","Eya1","bor","EYA transcriptional coactivator and phosphatase 1","protein-coding"]
[174,"Peak_178",-0.870509699932162,-0.103184300767617,0.767325399164545,2.21119340538851,"NO","NO","NO",0.382322635185692,0.915492693785348,0.329981209166873,0.972397593291388,0.987109020669515,0.999908874757857,"chr1",14334420,14334818,"+",0,"NA","Intergenic","Intergenic",-34339,"NM_001310459",14048,"Mm.250185","NM_010164","ENSMUSG00000025932","Eya1","bor","EYA transcriptional coactivator and phosphatase 1","protein-coding"]
[175,"Peak_179",-0.127067433848539,-0.200538959077596,-0.0734715252290574,2.39042909167113,"NO","NO","NO",0.890016217865374,0.82874818154215,0.919142812897095,0.996451548154072,0.974828717046856,0.999908874757857,"chr1",14410603,14411001,"+",0,"NA","Intergenic","Intergenic",-110522,"NM_001310459",14048,"Mm.250185","NM_010164","ENSMUSG00000025932","Eya1","bor","EYA transcriptional coactivator and phosphatase 1","protein-coding"]
[176,"Peak_180",-0.0167233152133499,-0.306514373894942,-0.289791058681592,4.30939762876665,"NO","NO","NO",0.967519747550958,0.469181014629153,0.332983456872025,0.999037848652705,0.900592151153458,0.999908874757857,"chr1",14494422,14494820,"+",0,"NA","Intergenic","Intergenic",-194341,"NM_001310459",14048,"Mm.250185","NM_010164","ENSMUSG00000025932","Eya1","bor","EYA transcriptional coactivator and phosphatase 1","protein-coding"]
[177,"Peak_181",-0.497164935715635,-0.773549930757166,-0.27638499504153,5.23580937965349,"NO","NO","NO",0.165030763089978,0.0333748198201141,0.376449094727559,0.946285394458671,0.52146942044832,0.999908874757857,"chr1",14496869,14497267,"+",0,"NA","Intergenic","CpG",-196788,"NM_001310459",14048,"Mm.250185","NM_010164","ENSMUSG00000025932","Eya1","bor","EYA transcriptional coactivator and phosphatase 1","protein-coding"]
[178,"Peak_182",2.95234953255429,3.17551513327067,0.223165600716388,3.03873232919153,"UP","UP","NO",0.00932169098244547,0.00440893024366498,0.66809720554424,0.767463964353059,0.278250567268165,0.999908874757857,"chr1",14535311,14535709,"+",0,"NA","Intergenic","Intergenic",210537,"NM_010827",17681,"Mm.5820","NM_010827","ENSMUSG00000025930","Msc","MyoR|bHLHa22","musculin","protein-coding"]
[179,"Peak_183",0.61448890630628,0.151655007803098,-0.462833898503182,4.87680360799256,"NO","NO","NO",0.122546214578383,0.712252172531823,0.119431851097855,0.931026104979182,0.957123524686127,0.999908874757857,"chr1",14556094,14556492,"+",0,"NA","Intergenic","Intergenic",189754,"NM_010827",17681,"Mm.5820","NM_010827","ENSMUSG00000025930","Msc","MyoR|bHLHa22","musculin","protein-coding"]
[180,"Peak_184",1.24556256451603,1.03890393293417,-0.20665863158186,2.29262268886956,"NO","NO","NO",0.225977503603203,0.325394072932408,0.723783792216482,0.955321879475804,0.84744576004734,0.999908874757857,"chr1",14616921,14617319,"+",0,"NA","Intergenic","Intergenic",128927,"NM_010827",17681,"Mm.5820","NM_010827","ENSMUSG00000025930","Msc","MyoR|bHLHa22","musculin","protein-coding"]
[181,"Peak_185",0.343117714011759,0.149396414761886,-0.193721299249873,3.30624497967849,"NO","NO","NO",0.605697770509896,0.824895070497102,0.689412663857485,0.990629663238998,0.974396406134925,0.999908874757857,"chr1",14706472,14706870,"+",0,"NA","Intergenic","Intergenic",39376,"NM_010827",17681,"Mm.5820","NM_010827","ENSMUSG00000025930","Msc","MyoR|bHLHa22","musculin","protein-coding"]
[182,"Peak_186",1.03764103083647,1.48962499637691,0.451983965540441,3.25182338676473,"NO","NO","NO",0.166645631030558,0.0402342279056711,0.273747034523413,0.94631447419109,0.545509570264663,0.999908874757857,"chr1",14730061,14730459,"+",0,"NA","Intergenic","Intergenic",15787,"NM_010827",17681,"Mm.5820","NM_010827","ENSMUSG00000025930","Msc","MyoR|bHLHa22","musculin","protein-coding"]
[183,"Peak_187",0.38860449431467,0.263861672561875,-0.124742821752794,4.22186168928274,"NO","NO","NO",0.401606078731949,0.576288692391981,0.698253422364517,0.975982217513585,0.928087779478979,0.999908874757857,"chr1",14745443,14745841,"+",0,"NA","exon (NM_010827, exon 1 of 2)","exon (NM_010827, exon 1 of 2)",405,"NM_010827",17681,"Mm.5820","NM_010827","ENSMUSG00000025930","Msc","MyoR|bHLHa22","musculin","protein-coding"]
[184,"Peak_188",0.13419513808575,0.0686262435161277,-0.0655688945696223,4.04958473855741,"NO","NO","NO",0.767679477873384,0.881914629266944,0.830334512843824,0.996451548154072,0.982954174491063,0.999908874757857,"chr1",14790277,14790675,"+",0,"NA","Intergenic","Intergenic",-44429,"NM_010827",17681,"Mm.5820","NM_010827","ENSMUSG00000025930","Msc","MyoR|bHLHa22","musculin","protein-coding"]
[185,"Peak_189",0.471625399931407,0.472788462667063,0.00116306273565601,2.90620112878317,"NO","NO","NO",0.544654979828507,0.546472877210005,0.998062920530127,0.988113766393189,0.921219881773488,0.999908874757857,"chr1",14790966,14791364,"+",0,"NA","Intergenic","Intergenic",-45118,"NM_010827",17681,"Mm.5820","NM_010827","ENSMUSG00000025930","Msc","MyoR|bHLHa22","musculin","protein-coding"]
[186,"Peak_190",0.205904176863176,-0.231075471629638,-0.436979648492814,2.55360559226333,"NO","NO","NO",0.807684139900321,0.792964436888195,0.48869711769693,0.996451548154072,0.969591565131459,0.999908874757857,"chr1",14808922,14809320,"+",0,"NA","Intergenic","Intergenic",-63074,"NM_010827",17681,"Mm.5820","NM_010827","ENSMUSG00000025930","Msc","MyoR|bHLHa22","musculin","protein-coding"]
[187,"Peak_191",1.35027873215471,1.72122917006362,0.370950437908911,2.58152249408403,"NO","NO","NO",0.237208762435855,0.125469523695487,0.613420496034976,0.956996614837851,0.701822495053653,0.999908874757857,"chr1",14832075,14832473,"+",0,"NA","Intergenic","Intergenic",76669,"NM_177781",277328,"Mm.186329","NM_177781","ENSMUSG00000032769","Trpa1","Anktm1|TRPA1b","transient receptor potential cation channel, subfamily A, member 1","protein-coding"]
[188,"Peak_192",-0.0666399633094553,1.30594113178717,1.37258109509662,2.4472688287988,"NO","NO","NO",0.947630933504881,0.156173750861358,0.0262939059564565,0.997839094325673,0.730960172569625,0.999908874757857,"chr1",14837659,14838057,"+",0,"NA","Intergenic","Intergenic",71085,"NM_177781",277328,"Mm.186329","NM_177781","ENSMUSG00000032769","Trpa1","Anktm1|TRPA1b","transient receptor potential cation channel, subfamily A, member 1","protein-coding"]
[189,"Peak_193",-0.145844878779808,-0.487868156680095,-0.342023277900287,3.64831191237412,"NO","NO","NO",0.795127654410029,0.39951765716986,0.443110579769899,0.996451548154072,0.878467989349694,0.999908874757857,"chr1",14908678,14909076,"+",0,"NA","promoter-TSS (NM_177781)","promoter-TSS (NM_177781)",66,"NM_177781",277328,"Mm.186329","NM_177781","ENSMUSG00000032769","Trpa1","Anktm1|TRPA1b","transient receptor potential cation channel, subfamily A, member 1","protein-coding"]
[190,"Peak_194",-0.710929265276576,-0.180306828212565,0.530622437064011,3.07985148838801,"NO","NO","NO",0.264497450882538,0.771642734199379,0.25933661544446,0.959644830405404,0.967162165556701,0.999908874757857,"chr1",14919137,14919535,"+",0,"NA","Intergenic","Intergenic",-10393,"NM_177781",277328,"Mm.186329","NM_177781","ENSMUSG00000032769","Trpa1","Anktm1|TRPA1b","transient receptor potential cation channel, subfamily A, member 1","protein-coding"]
[191,"Peak_195",1.12409046252409,0.835092776116889,-0.288997686407198,2.6456772868899,"NO","NO","NO",0.281510538248904,0.429219683068548,0.700761491333855,0.959925552157071,0.888251505618614,0.999908874757857,"chr1",14995339,14995737,"+",0,"NA","Intergenic","Intergenic",-86595,"NM_177781",277328,"Mm.186329","NM_177781","ENSMUSG00000032769","Trpa1","Anktm1|TRPA1b","transient receptor potential cation channel, subfamily A, member 1","protein-coding"]
[192,"Peak_196",-0.698887846476144,-2.41954246124659,-1.72065461477044,2.55012425643611,"NO","NO","NO",0.518086305015722,0.0342695728060478,0.110294545689788,0.985457002829782,0.524851963292995,0.999908874757857,"chr1",15008360,15008758,"+",0,"NA","Intergenic","RMER1A|Other|Other",-99616,"NM_177781",277328,"Mm.186329","NM_177781","ENSMUSG00000032769","Trpa1","Anktm1|TRPA1b","transient receptor potential cation channel, subfamily A, member 1","protein-coding"]
[193,"Peak_197",-0.162254558812867,-0.504539946361451,-0.342285387548584,2.62945815691905,"NO","NO","NO",0.847502482165633,0.556793820718686,0.626074785256743,0.996451548154072,0.923788278743501,0.999908874757857,"chr1",15256555,15256953,"+",0,"NA","Intergenic","Intergenic",-45779,"NM_001098528",98741,"Mm.156081","NM_001033195","ENSMUSG00000092083","Kcnb2","9630047L19Rik|BB130875|Kv2.2","potassium voltage gated channel, Shab-related subfamily, member 2","protein-coding"]
[194,"Peak_198",-0.355904000034589,0.0121340386496831,0.368038038684272,5.30268388963303,"NO","NO","NO",0.372535131430281,0.975680340021594,0.283969335639424,0.972397593291388,0.996369748480641,0.999908874757857,"chr1",15276812,15277210,"+",0,"NA","Intergenic","CpG",-25522,"NM_001098528",98741,"Mm.156081","NM_001033195","ENSMUSG00000092083","Kcnb2","9630047L19Rik|BB130875|Kv2.2","potassium voltage gated channel, Shab-related subfamily, member 2","protein-coding"]
[195,"Peak_200",0.605133579088424,0.687504178409123,0.0823705993206991,1.89384064256664,"NO","NO","NO",0.592274005046984,0.54088474137456,0.903145233882399,0.990629663238998,0.91980202288249,0.999908874757857,"chr1",15425653,15426051,"+",0,"NA","intron (NM_001098528, intron 1 of 1)","intron (NM_001098528, intron 1 of 1)",123319,"NM_001098528",98741,"Mm.156081","NM_001033195","ENSMUSG00000092083","Kcnb2","9630047L19Rik|BB130875|Kv2.2","potassium voltage gated channel, Shab-related subfamily, member 2","protein-coding"]
[196,"Peak_201",0.851822772200762,0.896278209683137,0.0444554374823744,2.57102865710398,"NO","NO","NO",0.364392885560782,0.34009859495218697,0.939706211448206,0.971497355981173,0.853988956842378,0.999908874757857,"chr1",15541678,15542076,"+",0,"NA","intron (NM_001098528, intron 1 of 1)","intron (NM_001098528, intron 1 of 1)",239344,"NM_001098528",98741,"Mm.156081","NM_001033195","ENSMUSG00000092083","Kcnb2","9630047L19Rik|BB130875|Kv2.2","potassium voltage gated channel, Shab-related subfamily, member 2","protein-coding"]
[197,"Peak_202",1.1087391892489,0.977425474300203,-0.1313137149487,2.18336644661959,"NO","NO","NO",0.320375039390797,0.386205145844433,0.852248336754579,0.961869032957783,0.875084108350798,0.999908874757857,"chr1",15579256,15579654,"+",0,"NA","intron (NM_001098528, intron 1 of 1)","intron (NM_001098528, intron 1 of 1)",-216272,"NM_009352",21749,"Mm.4306","NM_009352","ENSMUSG00000025925","Terf1","Pin2|Trbf1|Trf1","telomeric repeat binding factor 1","protein-coding"]
[198,"Peak_203",0.809776784313032,0.76368354719311,-0.0460932371199225,3.37894429635093,"NO","NO","NO",0.205446762940099,0.238644739597196,0.904012519277421,0.953494236567625,0.798284233436405,0.999908874757857,"chr1",15634855,15635253,"+",0,"NA","intron (NM_001098528, intron 1 of 1)","RMER17C-int|LTR|ERVK",-160673,"NM_009352",21749,"Mm.4306","NM_009352","ENSMUSG00000025925","Terf1","Pin2|Trbf1|Trf1","telomeric repeat binding factor 1","protein-coding"]
[199,"Peak_204",-0.72508225753133,-0.777399217031855,-0.0523169595005249,1.96706406661991,"NO","NO","NO",0.409910932495001,0.384758791784343,0.938233791558992,0.976676851804507,0.874517011496534,0.999908874757857,"chr1",15656940,15657338,"+",0,"NA","intron (NM_001098528, intron 1 of 1)","intron (NM_001098528, intron 1 of 1)",-138588,"NM_009352",21749,"Mm.4306","NM_009352","ENSMUSG00000025925","Terf1","Pin2|Trbf1|Trf1","telomeric repeat binding factor 1","protein-coding"]
[200,"Peak_206",-0.0418904420409234,-0.0166517001081344,0.025238741932789,2.49862212999811,"NO","NO","NO",0.960351602696893,0.984526618372331,0.966630054096747,0.998410236480772,0.998182812743311,0.999908874757857,"chr1",15759036,15759434,"+",0,"NA","Intergenic","Intergenic",-36492,"NM_009352",21749,"Mm.4306","NM_009352","ENSMUSG00000025925","Terf1","Pin2|Trbf1|Trf1","telomeric repeat binding factor 1","protein-coding"]
[201,"Peak_207",-0.234958179814426,-0.543122084254478,-0.308163904440053,3.4882061489412,"NO","NO","NO",0.659586003940121,0.32574289644067,0.439173833361017,0.992128801173048,0.84752029598194,0.999908874757857,"chr1",15765751,15766149,"+",0,"NA","Intergenic","Intergenic",-29777,"NM_009352",21749,"Mm.4306","NM_009352","ENSMUSG00000025925","Terf1","Pin2|Trbf1|Trf1","telomeric repeat binding factor 1","protein-coding"]
[202,"Peak_208",0.955260833666808,1.0146594158404,0.0593985821735961,3.52879744097726,"NO","NO","NO",0.126243491782202,0.106601056130481,0.869422544674074,0.933042964691873,0.677723537548685,0.999908874757857,"chr1",15781743,15782141,"+",0,"NA","Intergenic","RMER17B|LTR|ERVK",-13785,"NM_009352",21749,"Mm.4306","NM_009352","ENSMUSG00000025925","Terf1","Pin2|Trbf1|Trf1","telomeric repeat binding factor 1","protein-coding"]
[203,"Peak_209",0.0389842686232554,0.0802185465862591,0.0412342779630036,5.23968953078751,"NO","NO","NO",0.917140668166121,0.831373128512834,0.892051146401171,0.997799251783824,0.975425326089821,0.999908874757857,"chr1",15795747,15796145,"+",0,"NA","exon (NM_009352, exon 1 of 10)","exon (NM_009352, exon 1 of 10)",219,"NM_001286628",21749,"Mm.4306","NM_009352","ENSMUSG00000025925","Terf1","Pin2|Trbf1|Trf1","telomeric repeat binding factor 1","protein-coding"]
[204,"Peak_210",2.40217658991955,1.89088827279728,-0.511288317122263,2.30074346052635,"NO","NO","NO",0.04689758362392,0.139368131696634,0.392560373555541,0.884547564639272,0.714189376484759,0.999908874757857,"chr1",15805008,15805406,"+",0,"NA","intron (NM_001286628, intron 3 of 8)","RLTR13D1|LTR|ERVK",9480,"NM_001286628",21749,"Mm.4306","NM_009352","ENSMUSG00000025925","Terf1","Pin2|Trbf1|Trf1","telomeric repeat binding factor 1","protein-coding"]
[205,"Peak_211",1.29782537482182,1.13996269500983,-0.157862679811997,2.86466789570296,"NO","NO","NO",0.139439604903962,0.202452771450818,0.765126179705035,0.938992394910762,0.773353774800485,0.999908874757857,"chr1",15823338,15823736,"+",0,"NA","exon (NM_009352, exon 8 of 10)","exon (NM_009352, exon 8 of 10)",27810,"NM_001286628",21749,"Mm.4306","NM_009352","ENSMUSG00000025925","Terf1","Pin2|Trbf1|Trf1","telomeric repeat binding factor 1","protein-coding"]
[206,"Peak_213",0.0752220871087923,-0.00586463056524691,-0.0810867176740392,4.86098255856772,"NO","NO","NO",0.847037149027669,0.988137829371502,0.788293630923731,0.996451548154072,0.998250407848138,0.999908874757857,"chr1",15882600,15882998,"+",0,"NA","promoter-TSS (NM_001033288)","promoter-TSS (NM_001033288)",4,"NM_001033288",226866,"Mm.131665","NM_001033288","ENSMUSG00000032719","Sbspon","Gm106|Rpesp","somatomedin B and thrombospondin, type 1 domain containing","protein-coding"]
[207,"Peak_214",0.0614394163124803,-0.0350368469219885,-0.0964762632344688,3.44089238891505,"NO","NO","NO",0.917579121290392,0.954129832437601,0.82280615591438,0.997828151316618,0.992264006082269,0.999908874757857,"chr1",15885428,15885826,"+",0,"NA","Intergenic","Intergenic",-2824,"NM_001033288",226866,"Mm.131665","NM_001033288","ENSMUSG00000032719","Sbspon","Gm106|Rpesp","somatomedin B and thrombospondin, type 1 domain containing","protein-coding"]
[208,"Peak_215",1.43954097300453,1.61214419002073,0.172603217016201,3.76081561255851,"NO","NO","NO",0.0301459342915307,0.0145322294749584,0.649666551922998,0.840371273086421,0.424318091483144,0.999908874757857,"chr1",15898757,15899155,"+",0,"NA","Intergenic","Intergenic",-16153,"NM_001033288",226866,"Mm.131665","NM_001033288","ENSMUSG00000032719","Sbspon","Gm106|Rpesp","somatomedin B and thrombospondin, type 1 domain containing","protein-coding"]
[209,"Peak_216",2.0900729661432,1.87664204971447,-0.213430916428731,2.16786803810429,"NO","NO","NO",0.0885252366446539,0.138345206418887,0.713141017548462,0.911408110368333,0.713838222358056,0.999908874757857,"chr1",15904614,15905012,"+",0,"NA","Intergenic","Intergenic",-22010,"NM_001033288",226866,"Mm.131665","NM_001033288","ENSMUSG00000032719","Sbspon","Gm106|Rpesp","somatomedin B and thrombospondin, type 1 domain containing","protein-coding"]
[210,"Peak_217",-0.0984946974259801,-0.653269539449416,-0.554774842023436,3.12577109819993,"NO","NO","NO",0.877888924942901,0.32920123913459,0.275304949352128,0.996451548154072,0.849581281875743,0.999908874757857,"chr1",15926621,15927019,"+",0,"NA","Intergenic","Intergenic",-44017,"NM_001033288",226866,"Mm.131665","NM_001033288","ENSMUSG00000032719","Sbspon","Gm106|Rpesp","somatomedin B and thrombospondin, type 1 domain containing","protein-coding"]
[211,"Peak_218",-1.7704259754553,-1.07945563996559,0.690970335489714,2.82442290064182,"DOWN","NO","NO",0.00708007220746257,0.0921926394583127,0.216360203112241,0.761028904327067,0.657895513894155,0.999908874757857,"chr1",15986344,15986742,"+",0,"NA","Intergenic","Intergenic",96863,"NM_001305227",75799,"Mm.78557","NM_001243238","ENSMUSG00000067795","4930444P10Rik","-","RIKEN cDNA 4930444P10 gene","protein-coding"]
[212,"Peak_219",0.832693870312379,0.439528943269829,-0.39316492704255,2.39652843225868,"NO","NO","NO",0.381339163109659,0.654511742676459,0.530872268858662,0.972397593291388,0.946738858356646,0.999908874757857,"chr1",16042192,16042590,"+",0,"NA","Intergenic","Intergenic",41015,"NM_001305227",75799,"Mm.78557","NM_001243238","ENSMUSG00000067795","4930444P10Rik","-","RIKEN cDNA 4930444P10 gene","protein-coding"]
[213,"Peak_220",0.168592164670457,0.282268006743148,0.113675842072691,4.61581944249495,"NO","NO","NO",0.694873951867575,0.510983284157465,0.721459326122662,0.994214601973636,0.911579669541933,0.999908874757857,"chr1",16083118,16083516,"+",0,"NA","promoter-TSS (NM_001243238)","promoter-TSS (NM_001243238)",89,"NM_001305227",75799,"Mm.78557","NM_001243238","ENSMUSG00000067795","4930444P10Rik","-","RIKEN cDNA 4930444P10 gene","protein-coding"]
[214,"Peak_221",-0.464117102638499,-0.22316268380675,0.240954418831749,4.89140553615796,"NO","NO","NO",0.210042767320022,0.545502732817342,0.413151086640965,0.953494236567625,0.921062375071046,0.999908874757857,"chr1",16094166,16094564,"+",0,"NA","intron (NM_011291, intron 1 of 6)","intron (NM_011291, intron 1 of 6)",149,"NM_011291",19989,"Mm.319659","NM_011291","ENSMUSG00000043716","Rpl7","Rpl7a|Surf-3","ribosomal protein L7","protein-coding"]
[215,"Peak_222",-0.406381511481515,-0.0700823604448801,0.336299151036635,5.6835420106632,"NO","NO","NO",0.269266934471194,0.848326276400299,0.299257378088131,0.959925552157071,0.977494282942532,0.999908874757857,"chr1",16095374,16095772,"+",0,"NA","promoter-TSS (NM_133832)","promoter-TSS (NM_133832)",-390,"NM_133832",98711,"Mm.274376","NM_133832","ENSMUSG00000025921","Rdh10","3110069K09Rik|4921506A21Rik|AI875664|AW549993|D1Ertd762e|m366Asp","retinol dehydrogenase 10 (all-trans)","protein-coding"]
[216,"Peak_223",-0.975607321007029,-1.45845426616065,-0.482846945153617,2.25312668999813,"NO","NO","NO",0.216821217546552,0.0765280485862933,0.473593426325865,0.954504329026433,0.634477784187647,0.999908874757857,"chr1",16126197,16126595,"+",0,"NA","Intergenic","Intergenic",30433,"NM_133832",98711,"Mm.274376","NM_133832","ENSMUSG00000025921","Rdh10","3110069K09Rik|4921506A21Rik|AI875664|AW549993|D1Ertd762e|m366Asp","retinol dehydrogenase 10 (all-trans)","protein-coding"]
[217,"Peak_224",-0.606955886203625,-1.52100893501158,-0.914053048807958,3.22738895886867,"NO","DOWN","NO",0.252332024502826,0.0080896672026237,0.0394867974934441,0.958074512707729,0.346783660901145,0.999908874757857,"chr1",16192146,16192544,"+",0,"NA","Intergenic","Intergenic",96382,"NM_133832",98711,"Mm.274376","NM_133832","ENSMUSG00000025921","Rdh10","3110069K09Rik|4921506A21Rik|AI875664|AW549993|D1Ertd762e|m366Asp","retinol dehydrogenase 10 (all-trans)","protein-coding"]
[218,"Peak_225",0.346025575296361,-0.33288262035125,-0.678908195647612,2.54646597545888,"NO","NO","NO",0.672149131101989,0.698509849606935,0.259320539767876,0.993385201763521,0.954665002050121,0.999908874757857,"chr1",16239186,16239584,"+",0,"NA","intron (NM_025303, intron 12 of 13)","intron (NM_025303, intron 12 of 13)",143422,"NM_133832",98711,"Mm.274376","NM_133832","ENSMUSG00000025921","Rdh10","3110069K09Rik|4921506A21Rik|AI875664|AW549993|D1Ertd762e|m366Asp","retinol dehydrogenase 10 (all-trans)","protein-coding"]
[219,"Peak_226",0.380509493497303,0.433428323773803,0.0529188302765005,3.61219888567607,"NO","NO","NO",0.544213815621432,0.491196934998434,0.906726788722048,0.988113766393189,0.907610187989643,0.999908874757857,"chr1",16246423,16246821,"+",0,"NA","intron (NM_025303, intron 12 of 13)","intron (NM_025303, intron 12 of 13)",150659,"NM_133832",98711,"Mm.274376","NM_133832","ENSMUSG00000025921","Rdh10","3110069K09Rik|4921506A21Rik|AI875664|AW549993|D1Ertd762e|m366Asp","retinol dehydrogenase 10 (all-trans)","protein-coding"]
[220,"Peak_227",-0.487956708579399,-1.1366083409721,-0.648651632392704,3.27976453819256,"NO","NO","NO",0.447422706055083,0.086934354708544,0.246231098207939,0.978344677090796,0.647587995917856,0.999908874757857,"chr1",16252135,16252533,"+",0,"NA","intron (NM_025303, intron 12 of 13)","intron (NM_025303, intron 12 of 13)",156371,"NM_133832",98711,"Mm.274376","NM_133832","ENSMUSG00000025921","Rdh10","3110069K09Rik|4921506A21Rik|AI875664|AW549993|D1Ertd762e|m366Asp","retinol dehydrogenase 10 (all-trans)","protein-coding"]
[221,"Peak_228",-0.5728194191286,-0.702232920325318,-0.129413501196718,3.65060671857839,"NO","NO","NO",0.27568192024124,0.186618579195291,0.761298377146859,0.959925552157071,0.76033680673146,0.999908874757857,"chr1",16258676,16259074,"+",0,"NA","intron (NM_025303, intron 12 of 13)","intron (NM_025303, intron 12 of 13)",162912,"NM_133832",98711,"Mm.274376","NM_133832","ENSMUSG00000025921","Rdh10","3110069K09Rik|4921506A21Rik|AI875664|AW549993|D1Ertd762e|m366Asp","retinol dehydrogenase 10 (all-trans)","protein-coding"]
[222,"Peak_229",-0.0407523520551218,-0.284401165705726,-0.243648813650604,2.86097635885347,"NO","NO","NO",0.957994257647484,0.717604695142542,0.68166905106381,0.998304102461959,0.95825047530639,0.999908874757857,"chr1",16262218,16262616,"+",0,"NA","intron (NM_025303, intron 12 of 13)","intron (NM_025303, intron 12 of 13)",166454,"NM_133832",98711,"Mm.274376","NM_133832","ENSMUSG00000025921","Rdh10","3110069K09Rik|4921506A21Rik|AI875664|AW549993|D1Ertd762e|m366Asp","retinol dehydrogenase 10 (all-trans)","protein-coding"]
[223,"Peak_230",0.924334551469358,0.0196944382052568,-0.904640113264101,2.94642812963118,"NO","NO","NO",0.203208844810902,0.980154430128517,0.0650027105176067,0.953494236567625,0.997334915512761,0.999908874757857,"chr1",16284041,16284439,"+",0,"NA","intron (NM_025303, intron 12 of 13)","intron (NM_025303, intron 12 of 13)",188277,"NM_133832",98711,"Mm.274376","NM_133832","ENSMUSG00000025921","Rdh10","3110069K09Rik|4921506A21Rik|AI875664|AW549993|D1Ertd762e|m366Asp","retinol dehydrogenase 10 (all-trans)","protein-coding"]
[224,"Peak_231",0.582171957614885,-0.152074044109123,-0.734246001724009,3.7323159156567,"NO","NO","NO",0.298255296821159,0.796801494317648,0.0789402148145091,0.959925552157071,0.970094529658213,0.999908874757857,"chr1",16285512,16285910,"+",0,"NA","intron (NM_025303, intron 12 of 13)","intron (NM_025303, intron 12 of 13)",189748,"NM_133832",98711,"Mm.274376","NM_133832","ENSMUSG00000025921","Rdh10","3110069K09Rik|4921506A21Rik|AI875664|AW549993|D1Ertd762e|m366Asp","retinol dehydrogenase 10 (all-trans)","protein-coding"]
[225,"Peak_232",0.282770569576789,0.457277003992095,0.174506434415306,2.16398435537637,"NO","NO","NO",0.769878467442085,0.63328941275733,0.773635016358532,0.996451548154072,0.942412966650034,0.999908874757857,"chr1",16423537,16423935,"+",0,"NA","intron (NM_001347044, intron 7 of 13)","intron (NM_001347044, intron 7 of 13)",85460,"NM_001347044",29819,"Mm.216257","NM_025303","ENSMUSG00000025920","Stau2","-","staufen (RNA binding protein) homolog 2 (Drosophila)","protein-coding"]
[226,"Peak_233",-0.87724738734201,-0.507648176845369,0.369599210496641,4.67394936176088,"NO","NO","NO",0.0187837850268125,0.169753203793925,0.219085579880314,0.821061570634749,0.746225660078785,0.999908874757857,"chr1",16508916,16509314,"+",0,"NA","promoter-TSS (NM_001347044)","promoter-TSS (NM_001347044)",81,"NM_001347044",29819,"Mm.216257","NM_025303","ENSMUSG00000025920","Stau2","-","staufen (RNA binding protein) homolog 2 (Drosophila)","protein-coding"]
[227,"Peak_234",0.264706317071655,0.369721961427611,0.105015644355955,5.07743476062163,"NO","NO","NO",0.517629379205506,0.367500906850713,0.745795321960612,0.985457002829782,0.865534636260271,0.999908874757857,"chr1",16509805,16510203,"+",0,"NA","promoter-TSS (NM_001111272)","promoter-TSS (NM_001111272)",-621,"NM_001347045",29819,"Mm.216257","NM_025303","ENSMUSG00000025920","Stau2","-","staufen (RNA binding protein) homolog 2 (Drosophila)","protein-coding"]
[228,"Peak_235",0.418398605410016,0.799847017600701,0.381448412190685,5.41027819718356,"NO","NO","NO",0.329296698502865,0.0607823550779115,0.278537496647676,0.964050404810154,0.602502740541268,0.999908874757857,"chr1",16609049,16609447,"+",0,"NA","intron (NR_073122, intron 1 of 4)","CpG",171,"NM_001271016",66799,"Mm.122430","NM_025773","ENSMUSG00000025939","Ube2w","6130401J04Rik","ubiquitin-conjugating enzyme E2W (putative)","protein-coding"]
[229,"Peak_236",0.0838970848558182,0.168570265030315,0.0846731801744965,5.82516915706813,"NO","NO","NO",0.828632529181016,0.664776220764936,0.80459580980407,0.996451548154072,0.949218580511436,0.999908874757857,"chr1",16646851,16647249,"+",0,"NA","promoter-TSS (NR_037998)","promoter-TSS (NR_037998)",-104,"NM_026456",67923,"Mm.289248","NM_026456","ENSMUSG00000079658","Eloc","2610043E24Rik|2610301I15Rik|AA407206|AI987979|AW049146|Tceb1","elongin C","protein-coding"]
[230,"Peak_237",-0.116622607202276,-0.105826316959366,0.0107962902429101,4.84185661400513,"NO","NO","NO",0.772473024069519,0.794809568522128,0.973567438835482,0.996451548154072,0.969785066413403,0.999908874757857,"chr1",16655321,16655719,"+",0,"NA","exon (NM_027415, exon 1 of 3)","exon (NM_027415, exon 1 of 3)",248,"NM_027415",70397,"Mm.194225","NM_026392","ENSMUSG00000025940","Tmem70","1110020A09Rik|2210416J16Rik","transmembrane protein 70","protein-coding"]
[231,"Peak_238",0.379822851070879,0.371152821812822,-0.0086700292580562,2.82272677324579,"NO","NO","NO",0.641028661178949,0.651206061693915,0.987984162900358,0.992128801173048,0.946237904346531,0.999908874757857,"chr1",16678295,16678693,"+",0,"NA","promoter-TSS (NM_001159711)","promoter-TSS (NM_001159711)",-43,"NM_001159711",17087,"Mm.116844","NM_016923","ENSMUSG00000025779","Ly96","ESOP-1|MD-2|MD2","lymphocyte antigen 96","protein-coding"]
[232,"Peak_239",-0.274199419946666,0.207200123660511,0.481399543607177,2.9018211558378,"NO","NO","NO",0.701510167781728,0.766922805053168,0.339033048843914,0.994767321140618,0.965920092773908,0.999908874757857,"chr1",16788406,16788804,"+",0,"NA","Intergenic","Intergenic",110068,"NM_016923",17087,"Mm.116844","NM_016923","ENSMUSG00000025779","Ly96","ESOP-1|MD-2|MD2","lymphocyte antigen 96","protein-coding"]
[233,"Peak_240",-0.0420324347243089,0.761508195408527,0.803540630132836,2.19563653465518,"NO","NO","NO",0.965836393773811,0.417483947005348,0.191556351254774,0.998900380576782,0.884316957845204,0.999908874757857,"chr1",16973531,16973929,"+",0,"NA","Intergenic","Intergenic",114240,"NM_020604",57339,"Mm.143761","NM_020604","ENSMUSG00000042686","Jph1","ENSMUSG00000054314|JP-1|Jp1","junctophilin 1","protein-coding"]
[234,"Peak_241",1.34988174795384,1.20616122165233,-0.143720526301508,5.33754749912595,"UP","UP","NO",0.00126816144021133,0.00435519121422194,0.632635153325922,0.616018733981374,0.278106781217176,0.999908874757857,"chr1",16999628,17000026,"+",0,"NA","intron (NM_020604, intron 3 of 4)","intron (NM_020604, intron 3 of 4)",88143,"NM_020604",57339,"Mm.143761","NM_020604","ENSMUSG00000042686","Jph1","ENSMUSG00000054314|JP-1|Jp1","junctophilin 1","protein-coding"]
[235,"Peak_242",-1.40701798830332,-0.74857449873784,0.65844348956548,2.30336377134724,"NO","NO","NO",0.0704603031381139,0.323020280147968,0.286322524979984,0.907934971210637,0.845548920403685,0.999908874757857,"chr1",17032076,17032474,"+",0,"NA","intron (NM_020604, intron 2 of 4)","intron (NM_020604, intron 2 of 4)",55695,"NM_020604",57339,"Mm.143761","NM_020604","ENSMUSG00000042686","Jph1","ENSMUSG00000054314|JP-1|Jp1","junctophilin 1","protein-coding"]
[236,"Peak_243",2.36583235777162,1.6140250842747,-0.75180727349692,2.07754332888794,"NO","NO","NO",0.0882747280322792,0.266751129707794,0.375638315578381,0.911408110368333,0.815357012709342,0.999908874757857,"chr1",17049946,17050344,"+",0,"NA","intron (NM_020604, intron 2 of 4)","intron (NM_020604, intron 2 of 4)",37825,"NM_020604",57339,"Mm.143761","NM_020604","ENSMUSG00000042686","Jph1","ENSMUSG00000054314|JP-1|Jp1","junctophilin 1","protein-coding"]
[237,"Peak_244",0.298368044187133,0.649636262758717,0.351268218571583,4.88805627851602,"NO","NO","NO",0.482392600800687,0.121909158597841,0.265709539298479,0.98212331248632,0.69851372179481,0.999908874757857,"chr1",17087335,17087733,"+",0,"NA","exon (NM_020604, exon 1 of 5)","exon (NM_020604, exon 1 of 5)",436,"NM_020604",57339,"Mm.143761","NM_020604","ENSMUSG00000042686","Jph1","ENSMUSG00000054314|JP-1|Jp1","junctophilin 1","protein-coding"]
[238,"Peak_245",2.64922570948622,3.51603473363702,0.866809024150801,3.1088403526883,"NO","UP","NO",0.0180718409395113,0.000633728507502576,0.0529030406262014,0.821061570634749,0.127609156591987,0.999908874757857,"chr1",17113378,17113776,"+",0,"NA","Intergenic","Intergenic",-21877,"NM_010267",14545,"Mm.18218","NM_010267","ENSMUSG00000025777","Gdap1","-","ganglioside-induced differentiation-associated-protein 1","protein-coding"]
[239,"Peak_246",0.0314402617642528,-1.15590824921369E-3,-0.0325961700134665,4.2972374524474,"NO","NO","NO",0.944076416367269,0.997940098808074,0.921944162531844,0.997839094325673,0.999770953804488,0.999908874757857,"chr1",17135408,17135806,"+",0,"NA","exon (NM_010267, exon 1 of 6)","exon (NM_010267, exon 1 of 6)",153,"NM_010267",14545,"Mm.18218","NM_010267","ENSMUSG00000025777","Gdap1","-","ganglioside-induced differentiation-associated-protein 1","protein-coding"]
[240,"Peak_247",2.37879205573565,1.52889704997817,-0.849895005757476,2.11330663120308,"NO","NO","NO",0.06974985732124,0.275578208968401,0.259516389427225,0.907934971210637,0.821064293387335,0.999908874757857,"chr1",17153704,17154102,"+",0,"NA","3' UTR (NM_010267, exon 6 of 6)","3' UTR (NM_010267, exon 6 of 6)",18449,"NM_010267",14545,"Mm.18218","NM_010267","ENSMUSG00000025777","Gdap1","-","ganglioside-induced differentiation-associated-protein 1","protein-coding"]
[241,"Peak_248",-0.698313196227405,-1.16858398370765,-0.470270787480249,2.90553621427966,"NO","NO","NO",0.318684561532396,0.10852266503879,0.430868866523805,0.961130529000981,0.680299189816202,0.999908874757857,"chr1",17409599,17409997,"+",0,"NA","Intergenic","Intergenic",-182184,"NM_053191",94227,"Mm.442452","NM_053191","ENSMUSG00000067780","Pi15","P24TI|P25TI|PI-15|SugarCrisp","peptidase inhibitor 15","protein-coding"]
[242,"Peak_249",0.688153697571549,0.279941242751867,-0.408212454819681,2.27557855922346,"NO","NO","NO",0.451395914639318,0.770290720980714,0.475748002032333,0.978344677090796,0.966912864764144,0.999908874757857,"chr1",17416694,17417092,"+",0,"NA","Intergenic","Lx9|LINE|L1",-175089,"NM_053191",94227,"Mm.442452","NM_053191","ENSMUSG00000067780","Pi15","P24TI|P25TI|PI-15|SugarCrisp","peptidase inhibitor 15","protein-coding"]
[243,"Peak_250",0.592914879603693,0.278552231154785,-0.314362648448908,3.62742771935384,"NO","NO","NO",0.292816601759506,0.633560101948215,0.401543683731353,0.959925552157071,0.942412966650034,0.999908874757857,"chr1",17496776,17497174,"+",0,"NA","Intergenic","Intergenic",-95007,"NM_053191",94227,"Mm.442452","NM_053191","ENSMUSG00000067780","Pi15","P24TI|P25TI|PI-15|SugarCrisp","peptidase inhibitor 15","protein-coding"]
[244,"Peak_251",1.84003621686005,0.605474984413686,-1.23456123244636,2.43870263629833,"NO","NO","NO",0.0868123231256365,0.60412350047495,0.0835798169928368,0.911408110368333,0.934770187448704,0.999908874757857,"chr1",17647434,17647832,"+",0,"NA","Intergenic","Intergenic",55651,"NM_053191",94227,"Mm.442452","NM_053191","ENSMUSG00000067780","Pi15","P24TI|P25TI|PI-15|SugarCrisp","peptidase inhibitor 15","protein-coding"]
[245,"Peak_252",-0.210562078202014,-0.349457656977391,-0.138895578775377,4.77307467323357,"NO","NO","NO",0.590429206597101,0.378911050629689,0.6588549727897,0.990212556236377,0.871503080866129,0.999908874757857,"chr1",17717314,17717712,"+",0,"NA","promoter-TSS (NM_031402)","promoter-TSS (NM_031402)",15,"NM_031402",83691,"Mm.289625","NM_031402","ENSMUSG00000025776","Crispld1","Cocoacrisp|Lcrisp1","cysteine-rich secretory protein LCCL domain containing 1","protein-coding"]
[246,"Peak_253",-0.787761862707574,-0.683254369589145,0.104507493118428,4.01784596645334,"NO","NO","NO",0.100618569191105,0.153437808406864,0.791908223212613,0.917099485422393,0.727855918695649,0.999908874757857,"chr1",18048225,18048623,"+",0,"NA","Intergenic","CpG",78708,"NM_030033",78081,"Mm.319913","NM_030033","ENSMUSG00000025774","Crisp4","9230112K08Rik","cysteine-rich secretory protein 4","protein-coding"]
[247,"Peak_254",0.419971401435859,0.0808016292812252,-0.339169772154634,2.48327696360744,"NO","NO","NO",0.633869689362825,0.929353153575381,0.581480458771893,0.991155571163017,0.989656760514788,0.999908874757857,"chr1",18311880,18312278,"+",0,"NA","Intergenic","Intergenic",-56860,"NM_183124",77673,"Mm.99530","NM_183124","ENSMUSG00000067773","Defb41","9230102D03Rik|BD-17|Bd-41|Defb16|Defb17|Gm15386|OTTMUSG00000020946|OTTMUSG00000020948","defensin beta 41","protein-coding"]
[248,"Peak_255",0.504716406172787,0.137700962827408,-0.367015443345379,2.14384278768031,"NO","NO","NO",0.589621958437729,0.887955516036054,0.539755886570948,0.990149111431646,0.983834438649621,0.999908874757857,"chr1",18590043,18590441,"+",0,"NA","Intergenic","Intergenic",-335023,"NM_183124",77673,"Mm.99530","NM_183124","ENSMUSG00000067773","Defb41","9230102D03Rik|BD-17|Bd-41|Defb16|Defb17|Gm15386|OTTMUSG00000020946|OTTMUSG00000020948","defensin beta 41","protein-coding"]
[249,"Peak_256",-0.959783121105346,-1.45212149325367,-0.492338372148322,3.01848560704649,"NO","NO","NO",0.11996952342661,0.0246855677394303,0.35498696283774,0.930947176158717,0.486136687915015,0.999908874757857,"chr1",18629545,18629943,"+",0,"NA","Intergenic","Intergenic",-374525,"NM_183124",77673,"Mm.99530","NM_183124","ENSMUSG00000067773","Defb41","9230102D03Rik|BD-17|Bd-41|Defb16|Defb17|Gm15386|OTTMUSG00000020946|OTTMUSG00000020948","defensin beta 41","protein-coding"]
[250,"Peak_257",-1.27156376301485,-0.456846161030109,0.814717601984738,2.10654592532867,"NO","NO","NO",0.126350824428839,0.566574067791834,0.182755638351457,0.933130431670279,0.925767925597781,0.999908874757857,"chr1",19099769,19100167,"+",0,"NA","intron (NM_153154, intron 3 of 7)","intron (NM_153154, intron 3 of 7)",6865,"NM_153154",226896,"Mm.244858","NM_153154","ENSMUSG00000042596","Tfap2d","Tcfap2d","transcription factor AP-2, delta","protein-coding"]
[251,"Peak_258",0.671632122268643,-0.187785225108615,-0.859417347377258,2.99220820374385,"NO","NO","NO",0.380709126463312,0.815860980264949,0.138372340842969,0.972397593291388,0.972884254745073,0.999908874757857,"chr1",19671141,19671539,"+",0,"NA","Intergenic","Intergenic",469205,"NM_001025305",21419,"Mm.137021","NM_009334","ENSMUSG00000025927","Tfap2b","AI606113|AP-2(beta)|E130018K07Rik|Tcfap2b","transcription factor AP-2 beta","protein-coding"]
[252,"Peak_259",0.494101869468836,0.805441727522507,0.311339858053671,2.35313106763782,"NO","NO","NO",0.610592931257673,0.396904669576399,0.613294023558573,0.990629663238998,0.877850070173394,0.999908874757857,"chr1",19839885,19840283,"+",0,"NA","Intergenic","Intergenic",-506451,"NR_045734",75028,"Mm.417820","NR_045734","ENSMUSG00000089914","4930486I03Rik","-","RIKEN cDNA 4930486I03 gene","ncRNA"]
[253,"Peak_260",1.18198086612904,0.58516418132737,-0.596816684801673,2.61973302207932,"NO","NO","NO",0.188628501177468,0.538693525436176,0.296350462964818,0.952872791523057,0.919387696531074,0.999908874757857,"chr1",19853831,19854229,"+",0,"NA","Intergenic","Intergenic",-492505,"NR_045734",75028,"Mm.417820","NR_045734","ENSMUSG00000089914","4930486I03Rik","-","RIKEN cDNA 4930486I03 gene","ncRNA"]
[254,"Peak_261",-0.115086340013515,-0.626602706717196,-0.511516366703681,4.17295672840061,"NO","NO","NO",0.798552763212436,0.18250278947191,0.153323982111776,0.996451548154072,0.756102828648983,0.999908874757857,"chr1",19891090,19891488,"+",0,"NA","Intergenic","Intergenic",-455246,"NR_045734",75028,"Mm.417820","NR_045734","ENSMUSG00000089914","4930486I03Rik","-","RIKEN cDNA 4930486I03 gene","ncRNA"]
[255,"Peak_262",1.28065945824926,0.562674436747307,-0.717985021501954,2.13980231100153,"NO","NO","NO",0.218521393744717,0.613937263074492,0.254200331168858,0.954504329026433,0.937623945057562,0.999908874757857,"chr1",19941542,19941940,"+",0,"NA","Intergenic","Intergenic",-404794,"NR_045734",75028,"Mm.417820","NR_045734","ENSMUSG00000089914","4930486I03Rik","-","RIKEN cDNA 4930486I03 gene","ncRNA"]
[256,"Peak_263",0.275204575410029,0.978425378917194,0.703220803507165,2.71837423843753,"NO","NO","NO",0.751342824582396,0.237294068725572,0.205100156823743,0.996012642254204,0.797882477232265,0.999908874757857,"chr1",20048347,20048745,"+",0,"NA","exon (NM_153179, exon 67 of 67)","exon (NM_153179, exon 67 of 67)",-297989,"NR_045734",75028,"Mm.417820","NR_045734","ENSMUSG00000089914","4930486I03Rik","-","RIKEN cDNA 4930486I03 gene","ncRNA"]
[257,"Peak_264",-0.314534599919216,0.222492411839245,0.537027011758461,2.20239710845707,"NO","NO","NO",0.722626235204985,0.795778354111048,0.349178393341162,0.995739075798108,0.970043577071334,0.999908874757857,"chr1",20301574,20301972,"+",0,"NA","intron (NM_153179, intron 49 of 66)","intron (NM_153179, intron 49 of 66)",-44762,"NR_045734",75028,"Mm.417820","NR_045734","ENSMUSG00000089914","4930486I03Rik","-","RIKEN cDNA 4930486I03 gene","ncRNA"]
[258,"Peak_265",1.33571563609728,1.00108220858505,-0.334633427512232,3.7144627950854,"NO","NO","NO",0.0381510815442215,0.132240195965509,0.412158427480387,0.874201778254117,0.70831498480744,0.999908874757857,"chr1",20334729,20335127,"+",0,"NA","intron (NM_153179, intron 48 of 66)","intron (NM_153179, intron 48 of 66)",-11607,"NR_045734",75028,"Mm.417820","NR_045734","ENSMUSG00000089914","4930486I03Rik","-","RIKEN cDNA 4930486I03 gene","ncRNA"]
[259,"Peak_266",0.310622505369328,0.44475307128796,0.134130565918633,1.7060406938277,"NO","NO","NO",0.78602050963647,0.695951202419962,0.845680761501072,0.996451548154072,0.954034876206065,0.999908874757857,"chr1",20346325,20346723,"+",0,"NA","promoter-TSS (NR_045734)","promoter-TSS (NR_045734)",-11,"NR_045734",75028,"Mm.417820","NR_045734","ENSMUSG00000089914","4930486I03Rik","-","RIKEN cDNA 4930486I03 gene","ncRNA"]
[260,"Peak_267",0.0403674112816804,-0.409625510672175,-0.449992921953855,3.14695372200007,"NO","NO","NO",0.947743113081516,0.521904352719544,0.313719972328384,0.997839094325673,0.914762195120058,0.999908874757857,"chr1",20418507,20418905,"+",0,"NA","intron (NM_153179, intron 36 of 66)","intron (NM_153179, intron 36 of 66)",72171,"NR_045734",75028,"Mm.417820","NR_045734","ENSMUSG00000089914","4930486I03Rik","-","RIKEN cDNA 4930486I03 gene","ncRNA"]
[261,"Peak_268",0.0998908223129426,0.47071603128164,0.370825208968697,3.16597652894811,"NO","NO","NO",0.881977872837979,0.480287035328131,0.411234574209807,0.996451548154072,0.905011563001621,0.999908874757857,"chr1",20440263,20440661,"+",0,"NA","intron (NM_153179, intron 35 of 66)","intron (NM_153179, intron 35 of 66)",93927,"NR_045734",75028,"Mm.417820","NR_045734","ENSMUSG00000089914","4930486I03Rik","-","RIKEN cDNA 4930486I03 gene","ncRNA"]
[262,"Peak_269",0.344201606432798,0.257638974904947,-0.0865626315278509,3.19977560244542,"NO","NO","NO",0.5960058141352,0.69656933124828,0.840281134480856,0.990629663238998,0.954174520074462,0.999908874757857,"chr1",20467834,20468232,"+",0,"NA","intron (NM_153179, intron 35 of 66)","intron (NM_153179, intron 35 of 66)",121498,"NR_045734",75028,"Mm.417820","NR_045734","ENSMUSG00000089914","4930486I03Rik","-","RIKEN cDNA 4930486I03 gene","ncRNA"]
[263,"Peak_270",-0.771594608786996,-1.34060362571703,-0.569009016930036,2.66312316900592,"NO","NO","NO",0.254924396245566,0.0599741325048841,0.314112604047924,0.9584185922148,0.602037270080602,0.999908874757857,"chr1",20544031,20544429,"+",0,"NA","intron (NM_153179, intron 22 of 66)","MLT1A0|LTR|MaLR",63908,"NM_153179",241035,"Mm.249253","NM_153179","ENSMUSG00000043760","Pkhd1","AI118496|AI182499|FPC|Tigm1","polycystic kidney and hepatic disease 1","protein-coding"]
[264,"Peak_271",1.86962287741111,2.05749082106508,0.187867943653974,2.12751350722688,"NO","NO","NO",0.144530495449277,0.103408060141469,0.76126286991864,0.943529907756132,0.672893095857282,0.999908874757857,"chr1",20668082,20668480,"+",0,"NA","promoter-TSS (NR_029593)","promoter-TSS (NR_029593)",-810,"NR_029593",387202,null,"NR_029593","ENSMUSG00000065559","Mir206","Mirn206|mmu-mir-206","microRNA 206","ncRNA"]
[265,"Peak_272",0.475260508847164,1.41695020396496,0.941689695117798,2.15458588306485,"NO","NO","NO",0.662544324864182,0.160313753355853,0.104339110267804,0.992128801173048,0.735010792149488,0.999908874757857,"chr1",20791790,20792188,"+",0,"NA","Intergenic","Intergenic",-17638,"NM_145856",257630,"Mm.222807","NM_145856","ENSMUSG00000041872","Il17f","C87042|IL-17F","interleukin 17F","protein-coding"]
[266,"Peak_273",0.303852457172256,0.434410908473352,0.130558451301096,5.33863814664779,"NO","NO","NO",0.451447669656808,0.282776033464466,0.693088425835214,0.978344677090796,0.824952949137719,0.999908874757857,"chr1",20810140,20810538,"+",0,"NA","promoter-TSS (NM_008563)","promoter-TSS (NM_008563)",-45,"NM_008563",17215,"Mm.4502","NM_008563","ENSMUSG00000041859","Mcm3","AL033361|C80350|Mcmd|P1|p1.m","minichromosome maintenance complex component 3","protein-coding"]
[267,"Peak_274",0.334450809211148,0.379390322232731,0.0449395130215829,3.81263554817133,"NO","NO","NO",0.532731938892894,0.482516354450505,0.902213736385356,0.98762548828293,0.905469334563889,0.999908874757857,"chr1",20834177,20834575,"+",0,"NA","Intergenic","Intergenic",-24082,"NM_008563",17215,"Mm.4502","NM_008563","ENSMUSG00000041859","Mcm3","AL033361|C80350|Mcmd|P1|p1.m","minichromosome maintenance complex component 3","protein-coding"]
[268,"Peak_275",0.652026179138038,0.730590348120196,0.0785641689821577,2.75920529492594,"NO","NO","NO",0.468849219150713,0.413809789297623,0.899548699171002,0.980786534757413,0.883126837528787,0.999908874757857,"chr1",20858102,20858500,"+",0,"NA","Intergenic","Intergenic",22253,"NR_040492",77741,"Mm.159984","NR_040492","ENSMUSG00000097934","6720483E21Rik","-","RIKEN cDNA 6720483E21 gene","ncRNA"]
[269,"Peak_276",0.399566756722275,0.82021352351643,0.420646766794155,2.71027761210116,"NO","NO","NO",0.638147869625424,0.321566810423505,0.43571439606751,0.991660374418771,0.844623904624015,0.999908874757857,"chr1",20867556,20867954,"+",0,"NA","Intergenic","Intergenic",12799,"NR_040492",77741,"Mm.159984","NR_040492","ENSMUSG00000097934","6720483E21Rik","-","RIKEN cDNA 6720483E21 gene","ncRNA"]
[270,"Peak_277",1.74326860253545,0.906364622722883,-0.836903979812566,3.01138448373184,"NO","NO","NO",0.0308902759230752,0.301331420321487,0.0738140546733321,0.840371273086421,0.835149592597091,0.999908874757857,"chr1",20873397,20873795,"+",0,"NA","Intergenic","Intergenic",6958,"NR_040492",77741,"Mm.159984","NR_040492","ENSMUSG00000097934","6720483E21Rik","-","RIKEN cDNA 6720483E21 gene","ncRNA"]
[271,"Peak_278",-0.185480032595718,-0.431444240870216,-0.245964208274498,5.02393089216953,"NO","NO","NO",0.612119205964373,0.24715205545773,0.414280225008696,0.990629663238998,0.803997249552138,0.999908874757857,"chr1",20880839,20881237,"+",0,"NA","promoter-TSS (NR_040492)","promoter-TSS (NR_040492)",335,"NM_028829",74229,"Mm.40780","NM_028829","ENSMUSG00000025931","Paqr8","1700019B16Rik|3110001D06Rik","progestin and adipoQ receptor family member VIII","protein-coding"]
[272,"Peak_279",0.945582514546652,1.09228713076747,0.146704616220819,3.33506935328117,"NO","NO","NO",0.173445790348421,0.114276988421565,0.719340771615386,0.950567687647139,0.687154910967897,0.999908874757857,"chr1",20898678,20899076,"+",0,"NA","intron (NM_028829, intron 1 of 2)","intron (NM_028829, intron 1 of 2)",18174,"NM_028829",74229,"Mm.40780","NM_028829","ENSMUSG00000025931","Paqr8","1700019B16Rik|3110001D06Rik","progestin and adipoQ receptor family member VIII","protein-coding"]
[273,"Peak_280",0.571137567378966,0.799605907491352,0.228468340112386,1.91292850234172,"NO","NO","NO",0.620423795088693,0.484799586079811,0.751329238197957,0.990985080269432,0.905862174251656,0.999908874757857,"chr1",20918816,20919214,"+",0,"NA","intron (NM_028829, intron 1 of 2)","intron (NM_028829, intron 1 of 2)",-22692,"NM_027974",71877,"Mm.29178","NM_027974","ENSMUSG00000041809","Efhc1","1700029F22Rik|mRib72-1|myoclonin1","EF-hand domain (C-terminal) containing 1","protein-coding"]
[274,"Peak_281",-0.0756159836229549,0.458307412196968,0.533923395819922,2.88071002206286,"NO","NO","NO",0.921568909849211,0.541671352175567,0.324394084811747,0.997839094325673,0.91984731542049,0.999908874757857,"chr1",20923552,20923950,"+",0,"NA","intron (NM_028829, intron 2 of 2)","intron (NM_028829, intron 2 of 2)",-17956,"NM_027974",71877,"Mm.29178","NM_027974","ENSMUSG00000041809","Efhc1","1700029F22Rik|mRib72-1|myoclonin1","EF-hand domain (C-terminal) containing 1","protein-coding"]
[275,"Peak_282",1.45895102702028,1.37550128487366,-0.0834497421466251,3.36990311435467,"NO","NO","NO",0.0488870844755319,0.0661084470789407,0.846789413793657,0.886422213754263,0.615398870470492,0.999908874757857,"chr1",20930224,20930622,"+",0,"NA","Intergenic","Intergenic",-11284,"NM_027974",71877,"Mm.29178","NM_027974","ENSMUSG00000041809","Efhc1","1700029F22Rik|mRib72-1|myoclonin1","EF-hand domain (C-terminal) containing 1","protein-coding"]
[276,"Peak_283",1.10610250982336,1.24123652001225,0.135134010188896,2.31641614883366,"NO","NO","NO",0.303591154679362,0.245833939291459,0.83014877097364,0.959925552157071,0.803477337671036,0.999908874757857,"chr1",20932008,20932406,"+",0,"NA","Intergenic","Intergenic",-9500,"NM_027974",71877,"Mm.29178","NM_027974","ENSMUSG00000041809","Efhc1","1700029F22Rik|mRib72-1|myoclonin1","EF-hand domain (C-terminal) containing 1","protein-coding"]
[277,"Peak_284",-0.320800386474927,0.033199660676996,0.354000047151923,5.84869863677233,"NO","NO","NO",0.400077777915552,0.930388426312842,0.300391861347906,0.975982217513585,0.98986700894204,0.999908874757857,"chr1",20941515,20941913,"+",0,"NA","promoter-TSS (NM_027974)","promoter-TSS (NM_027974)",7,"NM_027974",71877,"Mm.29178","NM_027974","ENSMUSG00000041809","Efhc1","1700029F22Rik|mRib72-1|myoclonin1","EF-hand domain (C-terminal) containing 1","protein-coding"]
[278,"Peak_285",-0.255149069598944,-1.10533875843007,-0.850189688831131,3.80287585234726,"NO","NO","NO",0.591368480210158,0.0295816224595036,0.0297437818673418,0.990503445873767,0.50685595485823,0.999908874757857,"chr1",20986925,20987323,"+",0,"NA","Intergenic","Intergenic",45417,"NM_027974",71877,"Mm.29178","NM_027974","ENSMUSG00000041809","Efhc1","1700029F22Rik|mRib72-1|myoclonin1","EF-hand domain (C-terminal) containing 1","protein-coding"]
[279,"Peak_286",0.123856869945689,-0.244276333497294,-0.368133203442983,2.88725403335272,"NO","NO","NO",0.867289576496086,0.746753537019865,0.512373252825775,0.996451548154072,0.963300252475667,0.999908874757857,"chr1",21001476,21001874,"+",0,"NA","intron (NM_177409, intron 4 of 10)","intron (NM_177409, intron 4 of 10)",59968,"NM_027974",71877,"Mm.29178","NM_027974","ENSMUSG00000041809","Efhc1","1700029F22Rik|mRib72-1|myoclonin1","EF-hand domain (C-terminal) containing 1","protein-coding"]
[280,"Peak_287",2.23358528063186,2.08201777587859,-0.151567504753267,3.13982501714022,"NO","NO","NO",0.0115684425381007,0.0212560218075673,0.724144660265359,0.787655817058347,0.46755751554105,0.999908874757857,"chr1",21016695,21017093,"+",0,"NA","intron (NM_177409, intron 2 of 10)","L1MC|LINE|L1",52412,"NM_177409",170829,"Mm.185680","NM_177409","ENSMUSG00000041779","Tram2","C330003D03Rik","translocating chain-associating membrane protein 2","protein-coding"]
[281,"Peak_288",0.434333293690417,0.119594808583829,-0.314738485106588,4.00301504451061,"NO","NO","NO",0.37013833634387,0.811561182514727,0.343297443937011,0.972372912358262,0.972292063746076,0.999908874757857,"chr1",21033597,21033995,"+",0,"NA","intron (NM_177409, intron 1 of 10)","intron (NM_177409, intron 1 of 10)",35510,"NM_177409",170829,"Mm.185680","NM_177409","ENSMUSG00000041779","Tram2","C330003D03Rik","translocating chain-associating membrane protein 2","protein-coding"]
[282,"Peak_289",-0.0665491310732804,-0.0183817047068046,0.0481674263664758,3.92806928986151,"NO","NO","NO",0.888184410037415,0.969233913806951,0.884096502726209,0.996451548154072,0.99556964565128,0.999908874757857,"chr1",21042543,21042941,"+",0,"NA","intron (NM_177409, intron 1 of 10)","B1F|SINE|Alu",26564,"NM_177409",170829,"Mm.185680","NM_177409","ENSMUSG00000041779","Tram2","C330003D03Rik","translocating chain-associating membrane protein 2","protein-coding"]
[283,"Peak_290",0.0956190492757902,0.00994752431090802,-0.0856715249648822,5.62156675794719,"NO","NO","NO",0.829732549224634,0.982276043201368,0.831357165083362,0.996451548154072,0.997776875220553,0.999908874757857,"chr1",21064155,21064553,"+",0,"NA","intron (NM_177409, intron 1 of 10)","intron (NM_177409, intron 1 of 10)",4952,"NM_177409",170829,"Mm.185680","NM_177409","ENSMUSG00000041779","Tram2","C330003D03Rik","translocating chain-associating membrane protein 2","protein-coding"]
[284,"Peak_291",-0.49820057654278,-0.0662045917936849,0.431995984749095,5.83346063436334,"NO","NO","NO",0.205637037785091,0.86571917318693,0.226912173247763,0.953494236567625,0.979463701211777,0.999908874757857,"chr1",21069165,21069563,"+",0,"NA","promoter-TSS (NM_177409)","promoter-TSS (NM_177409)",-58,"NM_177409",170829,"Mm.185680","NM_177409","ENSMUSG00000041779","Tram2","C330003D03Rik","translocating chain-associating membrane protein 2","protein-coding"]
[285,"Peak_292",0.279984886014562,-0.22059933716259,-0.500584223177152,4.76002003561353,"NO","NO","NO",0.508091165203456,0.613273552146722,0.14381799297496,0.984721853064648,0.937547805173282,0.999908874757857,"chr1",21072533,21072931,"+",0,"NA","Intergenic","MIRc|SINE|MIR",-3426,"NM_177409",170829,"Mm.185680","NM_177409","ENSMUSG00000041779","Tram2","C330003D03Rik","translocating chain-associating membrane protein 2","protein-coding"]
[286,"Peak_293",0.476494687026854,0.867023140648038,0.390528453621184,2.74486211328382,"NO","NO","NO",0.577283434197361,0.298130946212958,0.478009174900124,0.989995385640587,0.833432918970158,0.999908874757857,"chr1",21079533,21079931,"+",0,"NA","Intergenic","Intergenic",-10426,"NM_177409",170829,"Mm.185680","NM_177409","ENSMUSG00000041779","Tram2","C330003D03Rik","translocating chain-associating membrane protein 2","protein-coding"]
[287,"Peak_294",0.375552998038205,0.693464822435199,0.317911824396994,2.93812679596711,"NO","NO","NO",0.614664736095962,0.345123553114605,0.492961113868752,0.990629663238998,0.856507204093621,0.999908874757857,"chr1",21091311,21091709,"+",0,"NA","Intergenic","Intergenic",-22204,"NM_177409",170829,"Mm.185680","NM_177409","ENSMUSG00000041779","Tram2","C330003D03Rik","translocating chain-associating membrane protein 2","protein-coding"]
[288,"Peak_295",0.869275389120123,1.64107756426071,0.771802175140585,3.58558747705857,"NO","NO","NO",0.229343025546811,0.0169109859580272,0.0760928878290364,0.955513817167893,0.43940828978155,0.999908874757857,"chr1",21144800,21145198,"+",0,"NA","Intergenic","Intergenic",-63657,"NM_001290679",75712,"Mm.304763","NM_029398","ENSMUSG00000025933","Tmem14a","5730496E24Rik|C85783|PTD011","transmembrane protein 14A","protein-coding"]
[289,"Peak_296",0.499620771292558,0.475391341906562,-0.0242294293859959,4.67796844100735,"NO","NO","NO",0.230778426012829,0.259181701634276,0.93376858849176,0.955557423143112,0.810906932008958,0.999908874757857,"chr1",21156424,21156822,"+",0,"NA","Intergenic","Intergenic",-52033,"NM_001290679",75712,"Mm.304763","NM_029398","ENSMUSG00000025933","Tmem14a","5730496E24Rik|C85783|PTD011","transmembrane protein 14A","protein-coding"]
[290,"Peak_297",0.14550930285952,0.111918512681117,-0.0335907901784031,4.46033849631383,"NO","NO","NO",0.731663077472544,0.794678780073791,0.912994958463637,0.995754237914056,0.969762874344896,0.999908874757857,"chr1",21208504,21208902,"+",0,"NA","promoter-TSS (NM_001290679)","promoter-TSS (NM_001290679)",47,"NM_029398",75712,"Mm.304763","NM_029398","ENSMUSG00000025933","Tmem14a","5730496E24Rik|C85783|PTD011","transmembrane protein 14A","protein-coding"]
[291,"Peak_298",0.386047874471885,-0.0914640942909492,-0.477511968762834,2.64512190759104,"NO","NO","NO",0.614369205433081,0.909395649352219,0.3618056575123,0.990629663238998,0.986063995202003,0.999908874757857,"chr1",21221768,21222166,"+",0,"NA","Intergenic","Intergenic",-8699,"NM_001077353",14859,"Mm.394593","NM_010356","ENSMUSG00000025934","Gsta3","Gst2-3","glutathione S-transferase, alpha 3","protein-coding"]
[292,"Peak_299",0.0199456641318171,0.0782834349107466,0.0583377707789295,3.5828248913035,"NO","NO","NO",0.970280554605997,0.884125680909623,0.870396002681366,0.999057618398854,0.983663256152478,0.999908874757857,"chr1",21261560,21261958,"+",0,"NA","Intergenic","Intergenic",26634,"NR_002858",241041,"Mm.290634","NR_002858","ENSMUSG00000025936","Gm4956","EG241041","predicted gene 4956","pseudo"]
[293,"Peak_300",-0.0438822176307135,0.737760772768581,0.781642990399294,2.8259663904043,"NO","NO","NO",0.95752514446499,0.347289989189325,0.154672087976231,0.998209823724761,0.857500795936591,0.999908874757857,"chr1",21262215,21262613,"+",0,"NA","Intergenic","Intergenic",25979,"NR_002858",241041,"Mm.290634","NR_002858","ENSMUSG00000025936","Gm4956","EG241041","predicted gene 4956","pseudo"]
[294,"Peak_301",1.47436063207752,0.921454876356337,-0.552905755721186,3.5150410045341,"NO","NO","NO",0.0215116145350319,0.175512594000062,0.13162360061163,0.82435590509827,0.749241273589223,0.999908874757857,"chr1",21278140,21278538,"+",0,"NA","non-coding (NR_002858, exon 5 of 6)","non-coding (NR_002858, exon 5 of 6)",10054,"NR_002858",241041,"Mm.290634","NR_002858","ENSMUSG00000025936","Gm4956","EG241041","predicted gene 4956","pseudo"]
[295,"Peak_302",-0.304121009736512,0.0840995315210283,0.388220541257541,2.82003758847782,"NO","NO","NO",0.694652566140291,0.912115251844529,0.510032628052166,0.994214601973636,0.986803982065751,0.999908874757857,"chr1",21334487,21334885,"+",0,"NA","Intergenic","Intergenic",-5072,"NM_183322",368204,"Mm.26006","NM_183322","ENSMUSG00000067750","Khdc1a","AU014713|C88118|Ndg1","KH domain containing 1A","protein-coding"]
[296,"Peak_303",1.1254058440785,1.06405334313049,-0.0613525009480129,3.12384220959003,"NO","NO","NO",0.159772188662202,0.189493364070423,0.903074155135617,0.946152076889774,0.762652977868816,0.999908874757857,"chr1",21401401,21401799,"+",0,"NA","intron (NM_023872, intron 11 of 13)","intron (NM_023872, intron 11 of 13)",27963,"NM_001113187",98582,"Mm.326336","NM_001113187","ENSMUSG00000085079","Khdc1b","AU014713|AU015226|AU024076|AY238603|C85331|C86372|C88118|Khdc1|Khdc1c","KH domain containing 1B","protein-coding"]
[297,"Peak_304",0.935854795888934,1.17523902533662,0.239384229447686,2.15676244201696,"NO","NO","NO",0.416523240007949,0.298500902499252,0.742037274851331,0.977408255892978,0.833609082652102,0.999908874757857,"chr1",21791997,21792395,"+",0,"NA","intron (NM_023872, intron 1 of 13)","intron (NM_023872, intron 1 of 13)",159827,"NM_023872",226922,"Mm.336519","NM_023872","ENSMUSG00000028033","Kcnq5","7730402H11|9230107O05Rik|AA589396|D1Mgi1","potassium voltage-gated channel, subfamily Q, member 5","protein-coding"]
[298,"Peak_305",0.644400711611583,0.486077078875294,-0.158323632736289,3.42948842500097,"NO","NO","NO",0.368141251223292,0.503197357190094,0.763097512063773,0.97199547895202,0.909766740906097,0.999908874757857,"chr1",21860917,21861315,"+",0,"NA","intron (NM_023872, intron 1 of 13)","intron (NM_023872, intron 1 of 13)",90907,"NM_023872",226922,"Mm.336519","NM_023872","ENSMUSG00000028033","Kcnq5","7730402H11|9230107O05Rik|AA589396|D1Mgi1","potassium voltage-gated channel, subfamily Q, member 5","protein-coding"]
[299,"Peak_306",0.265965465348225,0.309089837835573,0.0431243724873487,2.96923304258375,"NO","NO","NO",0.70272321834569,0.659568883093211,0.923925312888871,0.995098086087644,0.948154173180086,0.999908874757857,"chr1",21880605,21881003,"+",0,"NA","intron (NM_023872, intron 1 of 13)","intron (NM_023872, intron 1 of 13)",71219,"NM_023872",226922,"Mm.336519","NM_023872","ENSMUSG00000028033","Kcnq5","7730402H11|9230107O05Rik|AA589396|D1Mgi1","potassium voltage-gated channel, subfamily Q, member 5","protein-coding"]
[300,"Peak_307",-0.0522773900781745,-0.87859584470086,-0.826318454622686,3.02074869864649,"NO","NO","NO",0.940268914298613,0.231945419133149,0.142718466650561,0.997839094325673,0.794041588494511,0.999908874757857,"chr1",21931333,21931731,"+",0,"NA","intron (NM_023872, intron 1 of 13)","(T)n|Simple_repeat|Simple_repeat",20491,"NM_023872",226922,"Mm.336519","NM_023872","ENSMUSG00000028033","Kcnq5","7730402H11|9230107O05Rik|AA589396|D1Mgi1","potassium voltage-gated channel, subfamily Q, member 5","protein-coding"]
[301,"Peak_308",0.234782234798002,0.705643110812443,0.470860876014441,5.41797438740542,"NO","NO","NO",0.582948526107592,0.0966139900321883,0.188080025132527,0.98999712284686,0.662434353749813,0.999908874757857,"chr1",21951447,21951845,"+",0,"NA","exon (NM_001310477, exon 1 of 13)","exon (NM_001310477, exon 1 of 13)",377,"NM_023872",226922,"Mm.336519","NM_023872","ENSMUSG00000028033","Kcnq5","7730402H11|9230107O05Rik|AA589396|D1Mgi1","potassium voltage-gated channel, subfamily Q, member 5","protein-coding"]
[302,"Peak_309",0.670397658043253,1.07682871167582,0.406431053632568,2.56855714042713,"NO","NO","NO",0.468385349434042,0.231984978091422,0.462010531090356,0.980772800780371,0.794071531157,0.999908874757857,"chr1",22026424,22026822,"+",0,"NA","Intergenic","Intergenic",-73892,"NM_001310477",226922,"Mm.336519","NM_023872","ENSMUSG00000028033","Kcnq5","7730402H11|9230107O05Rik|AA589396|D1Mgi1","potassium voltage-gated channel, subfamily Q, member 5","protein-coding"]
[303,"Peak_310",0.0524426564646827,0.0445617032772139,-7.88095318746883E-3,2.55404509879557,"NO","NO","NO",0.951660748664088,0.95921666776427,0.990237427476434,0.997839094325673,0.993442812482828,0.999908874757857,"chr1",22108503,22108901,"+",0,"NA","Intergenic","Intergenic",-155971,"NM_001310477",226922,"Mm.336519","NM_023872","ENSMUSG00000028033","Kcnq5","7730402H11|9230107O05Rik|AA589396|D1Mgi1","potassium voltage-gated channel, subfamily Q, member 5","protein-coding"]
[304,"Peak_311",0.675878792835348,0.318926596119331,-0.356952196716017,3.94878549848,"NO","NO","NO",0.169332061758852,0.533407449531217,0.256786438557545,0.947574275539967,0.91792088732376,0.999908874757857,"chr1",22114821,22115219,"+",0,"NA","Intergenic","Lx4B|LINE|L1",-162289,"NM_001310477",226922,"Mm.336519","NM_023872","ENSMUSG00000028033","Kcnq5","7730402H11|9230107O05Rik|AA589396|D1Mgi1","potassium voltage-gated channel, subfamily Q, member 5","protein-coding"]
[305,"Peak_312",0.878595674484123,0.770263245138649,-0.108332429345473,3.4037204278362,"NO","NO","NO",0.181792621318169,0.248762046983649,0.793057892588772,0.952872791523057,0.805327133211335,0.999908874757857,"chr1",22197104,22197502,"+",0,"NA","Intergenic","Intergenic",-244572,"NM_001310477",226922,"Mm.336519","NM_023872","ENSMUSG00000028033","Kcnq5","7730402H11|9230107O05Rik|AA589396|D1Mgi1","potassium voltage-gated channel, subfamily Q, member 5","protein-coding"]
[306,"Peak_313",0.283548437260623,0.480709367617101,0.197160930356478,3.05966456749669,"NO","NO","NO",0.684617099397896,0.488735964030423,0.66093086290993,0.993744595008032,0.907241244692054,0.999908874757857,"chr1",22259050,22259448,"+",0,"NA","Intergenic","Intergenic",-306518,"NM_001310477",226922,"Mm.336519","NM_023872","ENSMUSG00000028033","Kcnq5","7730402H11|9230107O05Rik|AA589396|D1Mgi1","potassium voltage-gated channel, subfamily Q, member 5","protein-coding"]
[307,"Peak_314",0.64318494598467,0.514500907033438,-0.128684038951232,5.07447787213652,"NO","NO","NO",0.137370452208688,0.238357402297106,0.705969067144289,0.936664239942381,0.798284233436405,0.999908874757857,"chr1",22540277,22540675,"+",0,"NA","intron (NM_183018, intron 7 of 30)","CpG-67",272087,"NM_001012625",116837,"Mm.60061","NM_053270","ENSMUSG00000041670","Rims1","C030033M19Rik|RIM1|RIM1a|RIM1alpha|Rab3ip1|Rim|Serg1|mKIAA0340","regulating synaptic membrane exocytosis 1","protein-coding"]
[308,"Peak_315",1.77115771643223,1.73882255826166,-0.032335158170567,1.9599750363963,"NO","NO","NO",0.173735547055746,0.184678813936796,0.961891519979938,0.950567687647139,0.757546478709955,0.999908874757857,"chr1",22633888,22634286,"+",0,"NA","intron (NM_183018, intron 3 of 30)","B3|SINE|B2",178476,"NM_001012625",116837,"Mm.60061","NM_053270","ENSMUSG00000041670","Rims1","C030033M19Rik|RIM1|RIM1a|RIM1alpha|Rab3ip1|Rim|Serg1|mKIAA0340","regulating synaptic membrane exocytosis 1","protein-coding"]
[309,"Peak_316",0.465381651994333,-0.197411645323244,-0.662793297317577,2.01734833733228,"NO","NO","NO",0.628107550899298,0.846806246563881,0.307881464066785,0.991082598585515,0.977494282942532,0.999908874757857,"chr1",22648716,22649114,"+",0,"NA","intron (NM_183018, intron 2 of 30)","intron (NM_183018, intron 2 of 30)",163648,"NM_001012625",116837,"Mm.60061","NM_053270","ENSMUSG00000041670","Rims1","C030033M19Rik|RIM1|RIM1a|RIM1alpha|Rab3ip1|Rim|Serg1|mKIAA0340","regulating synaptic membrane exocytosis 1","protein-coding"]
[310,"Peak_317",0.683178843775784,1.75947114064583,1.07629229687004,2.90450800507475,"NO","NO","NO",0.465232984620895,0.0451275092244198,0.0535736202595377,0.979860780201896,0.559956993873259,0.999908874757857,"chr1",22678899,22679297,"+",0,"NA","intron (NM_183018, intron 2 of 30)","intron (NM_183018, intron 2 of 30)",133465,"NM_001012625",116837,"Mm.60061","NM_053270","ENSMUSG00000041670","Rims1","C030033M19Rik|RIM1|RIM1a|RIM1alpha|Rab3ip1|Rim|Serg1|mKIAA0340","regulating synaptic membrane exocytosis 1","protein-coding"]
[311,"Peak_318",0.26553724904111,0.651694533893986,0.386157284852875,4.77841889274786,"NO","NO","NO",0.537326428213864,0.125236888181123,0.223473330313246,0.987911773173323,0.701822495053653,0.999908874757857,"chr1",22812513,22812911,"+",0,"NA","promoter-TSS (NM_001012623)","promoter-TSS (NM_001012623)",-149,"NM_183018",116837,"Mm.60061","NM_053270","ENSMUSG00000041670","Rims1","C030033M19Rik|RIM1|RIM1a|RIM1alpha|Rab3ip1|Rim|Serg1|mKIAA0340","regulating synaptic membrane exocytosis 1","protein-coding"]
[312,"Peak_319",-0.94830958478669,-1.71313150590086,-0.764821921114171,3.00822446097259,"NO","DOWN","NO",0.0882692666865635,0.00422235947756415,0.110796447243617,0.911408110368333,0.27517589723524,0.999908874757857,"chr1",22981803,22982201,"+",0,"NA","Intergenic","Intergenic",127090,"NM_025746",66755,"Mm.431297","NM_025746","ENSMUSG00000073730","4933415F23Rik","-","RIKEN cDNA 4933415F23 gene","protein-coding"]
[313,"Peak_320",0.929779829685773,0.659918669383789,-0.269861160301984,2.8821197960208,"NO","NO","NO",0.262288502015862,0.438037682180503,0.621657882814779,0.958940109069088,0.891352997607056,0.999908874757857,"chr1",23065606,23066004,"+",0,"NA","Intergenic","Intergenic",43287,"NM_025746",66755,"Mm.431297","NM_025746","ENSMUSG00000073730","4933415F23Rik","-","RIKEN cDNA 4933415F23 gene","protein-coding"]
[314,"Peak_321",0.7425615750052,0.962125824504704,0.219564249499503,3.43885675187049,"NO","NO","NO",0.247442423691743,0.130157154750262,0.558793806129403,0.957279364318268,0.705501333365588,0.999908874757857,"chr1",23068825,23069223,"+",0,"NA","Intergenic","Intergenic",40068,"NM_025746",66755,"Mm.431297","NM_025746","ENSMUSG00000073730","4933415F23Rik","-","RIKEN cDNA 4933415F23 gene","protein-coding"]
[315,"Peak_322",1.29115093541354,0.16654831477789,-1.12460262063565,1.99443241502651,"NO","NO","NO",0.256210993623919,0.892062500134467,0.15123518745812,0.9584185922148,0.984215028354232,0.999908874757857,"chr1",23109520,23109918,"+",0,"NA","promoter-TSS (NM_025746)","promoter-TSS (NM_025746)",-627,"NM_025746",66755,"Mm.431297","NM_025746","ENSMUSG00000073730","4933415F23Rik","-","RIKEN cDNA 4933415F23 gene","protein-coding"]
[316,"Peak_323",0.811068456211492,-0.52337099594509,-1.33443945215658,2.4695726972568,"NO","NO","NO",0.342805855767354,0.580781200851014,0.0335357369262021,0.968973004742315,0.929048715983928,0.999908874757857,"chr1",23115953,23116351,"+",0,"NA","Intergenic","RLTR17|LTR|ERVK",-7060,"NM_025746",66755,"Mm.431297","NM_025746","ENSMUSG00000073730","4933415F23Rik","-","RIKEN cDNA 4933415F23 gene","protein-coding"]
[317,"Peak_324",0.7198663798521,0.538554605571467,-0.181311774280634,3.92268651273932,"NO","NO","NO",0.158260419326676,0.303889880577647,0.568590832798158,0.946125783374987,0.836349393281565,0.999908874757857,"chr1",23196936,23197334,"+",0,"NA","Intergenic","Intergenic",-81973,"NR_029533",387225,null,"NR_029533","ENSMUSG00000065405","Mir30a","Mirn30a|mir-30a|mmu-mir-30a","microRNA 30a","ncRNA"]
[318,"Peak_325",1.75742067690722,2.167714306657,0.410293629749783,2.13354141540045,"NO","NO","NO",0.173010837375314,0.0815226404198727,0.501901755358685,0.950412486470137,0.642053521432737,0.999908874757857,"chr1",23221485,23221883,"+",0,"NA","Intergenic","Intergenic",-57424,"NR_029533",387225,null,"NR_029533","ENSMUSG00000065405","Mir30a","Mirn30a|mir-30a|mmu-mir-30a","microRNA 30a","ncRNA"]
[319,"Peak_326",-0.330115253704276,0.0151723746925949,0.345287628396871,5.98170861662497,"NO","NO","NO",0.370339130118239,0.967039554437606,0.297432983972266,0.972372912358262,0.994925127410851,0.999908874757857,"chr1",23263068,23263466,"+",0,"NA","Intergenic","CpG",-15841,"NR_029533",387225,null,"NR_029533","ENSMUSG00000065405","Mir30a","Mirn30a|mir-30a|mmu-mir-30a","microRNA 30a","ncRNA"]
[320,"Peak_327",0.800259573057073,0.435120074756963,-0.36513949830011,2.68394737051005,"NO","NO","NO",0.366839902672305,0.63104992787317,0.560373210326495,0.971534533673668,0.942207312556616,0.999908874757857,"chr1",23270601,23270999,"+",0,"NA","Intergenic","Intergenic",-8308,"NR_029533",387225,null,"NR_029533","ENSMUSG00000065405","Mir30a","Mirn30a|mir-30a|mmu-mir-30a","microRNA 30a","ncRNA"]
[321,"Peak_328",0.254160715687267,0.101768809700518,-0.152391905986749,2.87890481866142,"NO","NO","NO",0.719276567566439,0.888169880380882,0.748257169853453,0.995739075798108,0.983834438649621,0.999908874757857,"chr1",23277982,23278380,"+",0,"NA","promoter-TSS (NR_029533)","promoter-TSS (NR_029533)",-927,"NR_029533",387225,null,"NR_029533","ENSMUSG00000065405","Mir30a","Mirn30a|mir-30a|mmu-mir-30a","microRNA 30a","ncRNA"]
[322,"Peak_329",0.450299705327662,0.510223476503967,0.0599237711763046,3.50610513178743,"NO","NO","NO",0.49082593095518,0.438086625020288,0.897536936568116,0.983269382466283,0.891372201875542,0.999908874757857,"chr1",23293527,23293925,"+",0,"NA","Intergenic","Intergenic",-4814,"NR_029717",723964,null,"NR_029717","ENSMUSG00000065567","Mir30c-2","Mirn30c-2|mir-30c-2","microRNA 30c-2","ncRNA"]
[323,"Peak_331",-0.0822114227017358,0.220663011064021,0.302874433765757,5.84534549815713,"NO","NO","NO",0.829525842763596,0.561911886531618,0.368355785230401,0.996451548154072,0.925167475484242,0.999908874757857,"chr1",23389801,23390199,"+",0,"NA","promoter-TSS (NM_001081079)","promoter-TSS (NM_001081079)",14,"NM_001081079",70155,"Mm.28013","NM_001081079","ENSMUSG00000026158","Ogfrl1","2210417C17Rik","opioid growth factor receptor-like 1","protein-coding"]
[324,"Peak_332",1.65259381232465,1.4941317371524,-0.15846207517225,2.64520343271907,"NO","NO","NO",0.0920254014826207,0.136498090964091,0.766519439750428,0.911408110368333,0.71282049233569,0.999908874757857,"chr1",23596253,23596651,"+",0,"NA","Intergenic","Intergenic",-172313,"NM_172124",280645,"Mm.471661","NM_172124","ENSMUSG00000026156","B3gat2","GlcAT-S|Glcats","beta-1,3-glucuronyltransferase 2 (glucuronosyltransferase S)","protein-coding"]
[325,"Peak_333",-0.203120807335071,-0.119594153602866,0.0835266537322054,3.15097197015016,"NO","NO","NO",0.74940842153555,0.85128571699073,0.85581257798549,0.996012642254204,0.977622956388719,0.999908874757857,"chr1",23712353,23712751,"+",0,"NA","Intergenic","Intergenic",-56213,"NM_172124",280645,"Mm.471661","NM_172124","ENSMUSG00000026156","B3gat2","GlcAT-S|Glcats","beta-1,3-glucuronyltransferase 2 (glucuronosyltransferase S)","protein-coding"]
[326,"Peak_334",0.549728338798738,0.650851098046274,0.101122759247537,2.33938209893866,"NO","NO","NO",0.593182465304041,0.524144138530574,0.885808461191699,0.990629663238998,0.915844277685326,0.999908874757857,"chr1",23729203,23729601,"+",0,"NA","Intergenic","Intergenic",-39363,"NM_172124",280645,"Mm.471661","NM_172124","ENSMUSG00000026156","B3gat2","GlcAT-S|Glcats","beta-1,3-glucuronyltransferase 2 (glucuronosyltransferase S)","protein-coding"]
[327,"Peak_335",-0.554520303200792,-0.623841680804977,-0.0693213776041851,4.83943610563326,"NO","NO","NO",0.126711255783544,0.0901169666078025,0.815423931308921,0.933648031316548,0.653719977970755,0.999908874757857,"chr1",23769085,23769483,"+",0,"NA","5' UTR (NM_172124, exon 1 of 4)","5' UTR (NM_172124, exon 1 of 4)",519,"NM_172124",280645,"Mm.471661","NM_172124","ENSMUSG00000026156","B3gat2","GlcAT-S|Glcats","beta-1,3-glucuronyltransferase 2 (glucuronosyltransferase S)","protein-coding"]
[328,"Peak_336",0.47157399352011,0.551979063696272,0.0804050701761626,2.89300483208615,"NO","NO","NO",0.544488765598252,0.477195297110959,0.876616795779257,0.988113766393189,0.903707632826023,0.999908874757857,"chr1",23799643,23800041,"+",0,"NA","intron (NM_172124, intron 1 of 3)","MTEa|LTR|MaLR",31077,"NM_172124",280645,"Mm.471661","NM_172124","ENSMUSG00000026156","B3gat2","GlcAT-S|Glcats","beta-1,3-glucuronyltransferase 2 (glucuronosyltransferase S)","protein-coding"]
[329,"Peak_337",0.0586346770961743,0.495944862982402,0.437310185886228,3.16358372943442,"NO","NO","NO",0.928943115778453,0.440996134882664,0.30084992395876,0.997839094325673,0.891825020450125,0.999908874757857,"chr1",23833984,23834382,"+",0,"NA","intron (NM_172124, intron 2 of 3)","intron (NM_172124, intron 2 of 3)",65418,"NM_172124",280645,"Mm.471661","NM_172124","ENSMUSG00000026156","B3gat2","GlcAT-S|Glcats","beta-1,3-glucuronyltransferase 2 (glucuronosyltransferase S)","protein-coding"]
[330,"Peak_338",0.0742824251106483,0.592498660049259,0.518216234938611,4.70400080609029,"NO","NO","NO",0.857570521021238,0.143782587916632,0.075813403057694,0.996451548154072,0.719089547717268,0.999908874757857,"chr1",23928781,23929179,"+",0,"NA","exon (NM_028534, exon 1 of 10)","exon (NM_028534, exon 1 of 10)",240,"NM_028534",98366,"Mm.329963","NM_028534","ENSMUSG00000026155","Smap1","1700056O10Rik|4921514B13Rik|4921525H11Rik|AI462175","small ArfGAP 1","protein-coding"]
[331,"Peak_339",-0.667628071413787,-1.34270545857089,-0.675077387157107,2.82291276654407,"NO","NO","NO",0.287625920774012,0.0438034490348328,0.193552859702277,0.959925552157071,0.555973557535345,0.999908874757857,"chr1",23965906,23966304,"+",0,"NA","Intergenic","ID4_|SINE|ID",-36885,"NM_028534",98366,"Mm.329963","NM_028534","ENSMUSG00000026155","Smap1","1700056O10Rik|4921514B13Rik|4921525H11Rik|AI462175","small ArfGAP 1","protein-coding"]
[332,"Peak_340",-1.01704421254889,-1.18160378720352,-0.164559574654634,2.61240142815804,"NO","NO","NO",0.161534923004101,0.109978027586889,0.788952582966898,0.946285394458671,0.68222089678523,0.999908874757857,"chr1",23978702,23979100,"+",0,"NA","Intergenic","RLTR13D1|LTR|ERVK",33578,"NM_026503",68002,"Mm.250424","NM_026503","ENSMUSG00000026154","Sdhaf4","1110058L19Rik|1700001E18Rik|C6orf57","succinate dehydrogenase complex assembly factor 4","protein-coding"]
[333,"Peak_341",0.333244076216523,0.470285904355222,0.137041828138699,4.92809947472423,"NO","NO","NO",0.436967370691944,0.274004917292243,0.680809244640672,0.978133340845919,0.820252281436619,0.999908874757857,"chr1",24012240,24012638,"+",0,"NA","promoter-TSS (NM_026503)","promoter-TSS (NM_026503)",40,"NM_026503",68002,"Mm.250424","NM_026503","ENSMUSG00000026154","Sdhaf4","1110058L19Rik|1700001E18Rik|C6orf57","succinate dehydrogenase complex assembly factor 4","protein-coding"]
[334,"Peak_342",1.50009324162734,1.61842037745921,0.118327135831865,2.62322131922756,"NO","NO","NO",0.143180986530593,0.113255753168968,0.838304102111894,0.943529907756132,0.686666787210071,0.999908874757857,"chr1",24040765,24041163,"+",0,"NA","intron (NM_026604, intron 11 of 20)","intron (NM_026604, intron 11 of 20)",-28485,"NM_026503",68002,"Mm.250424","NM_026503","ENSMUSG00000026154","Sdhaf4","1110058L19Rik|1700001E18Rik|C6orf57","succinate dehydrogenase complex assembly factor 4","protein-coding"]
[335,"Peak_343",-0.0205894546165204,0.342769831787402,0.363359286403922,5.73662258406099,"NO","NO","NO",0.958529285117028,0.384888358915776,0.29455072203199,0.998328930458371,0.874595910689628,0.999908874757857,"chr1",24106828,24107226,"+",0,"NA","5' UTR (NM_026604, exon 1 of 21)","5' UTR (NM_026604, exon 1 of 21)",153,"NM_026604",68187,"Mm.87130","NM_026604","ENSMUSG00000026153","Fam135a","4921533L14Rik|AI256732|AI835491","family with sequence similarity 135, member A","protein-coding"]
[336,"Peak_344",0.55056680836443,0.262474261167676,-0.288092547196754,2.56892740191071,"NO","NO","NO",0.510787652614695,0.761167710895283,0.601705416937483,0.985376506890842,0.965001868417357,0.999908874757857,"chr1",24114470,24114868,"+",0,"NA","Intergenic","Intergenic",-7489,"NM_026604",68187,"Mm.87130","NM_026604","ENSMUSG00000026153","Fam135a","4921533L14Rik|AI256732|AI835491","family with sequence similarity 135, member A","protein-coding"]
[337,"Peak_345",1.38572107360642,1.30926892827563,-0.0764521453307904,2.45471018745758,"NO","NO","NO",0.166810177117049,0.198626778129379,0.888849639128077,0.94631447419109,0.770125463357882,0.999908874757857,"chr1",24141626,24142024,"+",0,"NA","Intergenic","Lx9|LINE|L1",-34645,"NM_026604",68187,"Mm.87130","NM_026604","ENSMUSG00000026153","Fam135a","4921533L14Rik|AI256732|AI835491","family with sequence similarity 135, member A","protein-coding"]
[338,"Peak_346",-0.300988626848952,-0.72808591351831,-0.427097286669359,2.87020864640363,"NO","NO","NO",0.661526024465994,0.304997688342816,0.437033423284256,0.992128801173048,0.837033292066136,0.999908874757857,"chr1",24143982,24144380,"+",0,"NA","Intergenic","Intergenic",-37001,"NM_026604",68187,"Mm.87130","NM_026604","ENSMUSG00000026153","Fam135a","4921533L14Rik|AI256732|AI835491","family with sequence similarity 135, member A","protein-coding"]
[339,"Peak_347",0.0990407527500357,0.0959566891135451,-0.00308406363649068,4.89981570943147,"NO","NO","NO",0.794060489128321,0.801940641029824,0.991407743157588,0.996451548154072,0.970792069173778,0.999908874757857,"chr1",24202487,24202885,"+",0,"NA","intron (NM_007740, intron 7 of 37)","intron (NM_007740, intron 7 of 37)",644,"NM_001290691",12839,"Mm.154662","NM_007740","ENSMUSG00000026147","Col9a1","Col9a-1","collagen, type IX, alpha 1","protein-coding"]
[340,"Peak_348",-0.525739597944791,-0.932928368820007,-0.407188770875216,4.3386387289344,"NO","NO","NO",0.203979703891752,0.0297564049207223,0.237499260865088,0.953494236567625,0.507378594197317,0.999908874757857,"chr1",24228635,24229033,"+",0,"NA","exon (NM_007740, exon 24 of 38)","exon (NM_007740, exon 24 of 38)",26792,"NM_001290691",12839,"Mm.154662","NM_007740","ENSMUSG00000026147","Col9a1","Col9a-1","collagen, type IX, alpha 1","protein-coding"]
[341,"Peak_349",0.425425102534418,0.288547497854999,-0.136877604679418,3.54621650787571,"NO","NO","NO",0.448898921930841,0.615920734762639,0.70797601638529,0.978344677090796,0.938402673292963,0.999908874757857,"chr1",24237318,24237716,"+",0,"NA","intron (NM_001290691, intron 23 of 31)","intron (NM_001290691, intron 23 of 31)",35475,"NM_001290691",12839,"Mm.154662","NM_007740","ENSMUSG00000026147","Col9a1","Col9a-1","collagen, type IX, alpha 1","protein-coding"]
[342,"Peak_350",1.63709615665206,1.6812112745391,0.0441151178870412,3.58788194329653,"NO","NO","NO",0.0213526996834054,0.018562858828139,0.910401961073606,0.82435590509827,0.447563253011455,0.999908874757857,"chr1",24252690,24253088,"+",0,"NA","intron (NM_001290691, intron 31 of 31)","intron (NM_001290691, intron 31 of 31)",50847,"NM_001290691",12839,"Mm.154662","NM_007740","ENSMUSG00000026147","Col9a1","Col9a-1","collagen, type IX, alpha 1","protein-coding"]
[343,"Peak_351",0.307601564541708,-0.051894915455131,-0.359496479996839,2.6139681273621,"NO","NO","NO",0.706695610976358,0.950767324790532,0.541104876597943,0.995249020582875,0.992114606145815,0.999908874757857,"chr1",24302577,24302975,"+",0,"NA","intron (NM_007733, intron 41 of 50)","MTD|LTR|MaLR",100734,"NM_001290691",12839,"Mm.154662","NM_007740","ENSMUSG00000026147","Col9a1","Col9a-1","collagen, type IX, alpha 1","protein-coding"]
[344,"Peak_352",1.00911643756226,0.962499803456777,-0.0466166341054838,3.01028649147563,"NO","NO","NO",0.187044384670078,0.213672882262977,0.917573323524916,0.952872791523057,0.781018291113023,0.999908874757857,"chr1",24309522,24309920,"+",0,"NA","intron (NM_007733, intron 37 of 50)","intron (NM_007733, intron 37 of 50)",107679,"NM_001290691",12839,"Mm.154662","NM_007740","ENSMUSG00000026147","Col9a1","Col9a-1","collagen, type IX, alpha 1","protein-coding"]
[345,"Peak_353",0.412702756548465,0.413150556942338,0.000447800393872749,2.15147005005509,"NO","NO","NO",0.694523391714277,0.693386167624589,0.998351685498809,0.994176315094094,0.953776148136264,0.999908874757857,"chr1",24316731,24317129,"+",0,"NA","intron (NM_007733, intron 34 of 50)","intron (NM_007733, intron 34 of 50)",114888,"NM_001290691",12839,"Mm.154662","NM_007740","ENSMUSG00000026147","Col9a1","Col9a-1","collagen, type IX, alpha 1","protein-coding"]
[346,"Peak_354",1.7443009630744,1.42418955643315,-0.320111406641248,1.86333712086733,"NO","NO","NO",0.167209225150038,0.281522461626245,0.5974941510173,0.94631447419109,0.82482394403093,0.999908874757857,"chr1",24381719,24382117,"+",0,"NA","intron (NM_007733, intron 15 of 50)","B3|SINE|B2",179876,"NM_001290691",12839,"Mm.154662","NM_007740","ENSMUSG00000026147","Col9a1","Col9a-1","collagen, type IX, alpha 1","protein-coding"]
[347,"Peak_355",0.252243625629658,0.280060047565975,0.0278164219363172,2.07937421495528,"NO","NO","NO",0.791823229053099,0.770931592168966,0.962298089785309,0.996451548154072,0.967002484886637,0.999908874757857,"chr1",24499753,24500151,"+",0,"NA","intron (NM_007733, intron 11 of 50)","intron (NM_007733, intron 11 of 50)",94324,"NM_007733",12823,"Mm.329196","NM_007733","ENSMUSG00000026141","Col19a1","-","collagen, type XIX, alpha 1","protein-coding"]
[348,"Peak_356",-0.744837781870558,-0.614510068826787,0.130327713043771,3.76459981361359,"NO","NO","NO",0.164154634618594,0.249775735433375,0.76951343255141,0.946285394458671,0.80555123676873,0.999908874757857,"chr1",24593592,24593990,"+",0,"NA","intron (NM_007733, intron 1 of 50)","CpG",485,"NM_007733",12823,"Mm.329196","NM_007733","ENSMUSG00000026141","Col19a1","-","collagen, type XIX, alpha 1","protein-coding"]
[349,"Peak_357",0.163504425305642,0.392415186834734,0.228910761529092,5.32385972297033,"NO","NO","NO",0.680133854827937,0.320908408993571,0.479831196558694,0.993744595008032,0.844623904624015,0.999908874757857,"chr1",24685431,24685829,"+",0,"NA","promoter-TSS (NM_001310483)","promoter-TSS (NM_001310483)",-127,"NM_001310483",68421,"Mm.336563","NM_026719","ENSMUSG00000073725","Lmbrd1","0910001K20Rik|AV347960","LMBR1 domain containing 1","protein-coding"]
[350,"Peak_358",0.87835194654472,0.573424592657664,-0.304927353887056,2.79432007797458,"NO","NO","NO",0.275298683221845,0.490033752141407,0.552934258290776,0.959925552157071,0.907610187989643,0.999908874757857,"chr1",24756186,24756584,"+",0,"NA","intron (NM_001310483, intron 3 of 15)","intron (NM_001310483, intron 3 of 15)",70628,"NM_001310483",68421,"Mm.336563","NM_026719","ENSMUSG00000073725","Lmbrd1","0910001K20Rik|AV347960","LMBR1 domain containing 1","protein-coding"]
[351,"Peak_359",-0.620925705314978,-0.939183840626573,-0.318258135311595,2.53770392422704,"NO","NO","NO",0.380046241348943,0.201233163161886,0.564111115518013,0.972397593291388,0.772284806802115,0.999908874757857,"chr1",24926615,24927013,"+",0,"NA","Intergenic","Intergenic",241057,"NM_001310483",68421,"Mm.336563","NM_026719","ENSMUSG00000073725","Lmbrd1","0910001K20Rik|AV347960","LMBR1 domain containing 1","protein-coding"]
[352,"Peak_360",-0.523478814329635,-0.127492122578563,0.395986691751073,2.50646340827852,"NO","NO","NO",0.5098936911533,0.871049271670096,0.489915652114081,0.985309129299437,0.9807073009875,0.999908874757857,"chr1",25121024,25121422,"+",0,"NA","Intergenic","RLTRETN_Mm|LTR|ERVK",213576,"NM_001204913",100504323,"Mm.484176","NM_001204913",null,"Gm20172","-","predicted gene, 20172","protein-coding"]
[353,"Peak_361",0.666854232251074,0.0453581460718771,-0.621496086179197,2.17172116370441,"NO","NO","NO",0.493418764749496,0.964477208185735,0.351399405405937,0.983526348404408,0.994082463756355,0.999908874757857,"chr1",25185652,25186050,"+",0,"NA","intron (NM_175642, intron 20 of 30)","intron (NM_175642, intron 20 of 30)",148948,"NM_001204913",100504323,"Mm.484176","NM_001204913",null,"Gm20172","-","predicted gene, 20172","protein-coding"]
[354,"Peak_362",-1.31354694355956,-1.81064603272867,-0.497099089169116,2.17740588756466,"NO","NO","NO",0.0912437762447451,0.0260242170787578,0.469883023684093,0.911408110368333,0.492914888796836,0.999908874757857,"chr1",25238709,25239107,"+",0,"NA","intron (NM_175642, intron 19 of 30)","intron (NM_175642, intron 19 of 30)",95891,"NM_001204913",100504323,"Mm.484176","NM_001204913",null,"Gm20172","-","predicted gene, 20172","protein-coding"]
[355,"Peak_363",0.374674271813368,0.836184939800248,0.461510667986881,3.62080420392352,"NO","NO","NO",0.526617184648265,0.146547963420106,0.205329062081035,0.987087439567025,0.722468324536987,0.999908874757857,"chr1",25285411,25285809,"+",0,"NA","intron (NM_175642, intron 16 of 30)","intron (NM_175642, intron 16 of 30)",49189,"NM_001204913",100504323,"Mm.484176","NM_001204913",null,"Gm20172","-","predicted gene, 20172","protein-coding"]
[356,"Peak_364",0.116166334026201,0.11243085121652,-0.00373548280968016,2.3203806957457,"NO","NO","NO",0.893218924417599,0.897885841319269,0.994851842238651,0.996753331977604,0.984450775416852,0.999908874757857,"chr1",25561192,25561590,"+",0,"NA","intron (NM_175642, intron 8 of 30)","intron (NM_175642, intron 8 of 30)",-226592,"NM_001204913",100504323,"Mm.484176","NM_001204913",null,"Gm20172","-","predicted gene, 20172","protein-coding"]
[357,"Peak_365",-1.27156986618732,-1.20560929304119,0.0659605731461331,2.59401290367385,"NO","NO","NO",0.0646840274872559,0.0820180500100914,0.908782848013324,0.905605480107602,0.642831079027895,0.999908874757857,"chr1",25567388,25567786,"+",0,"NA","intron (NM_175642, intron 7 of 30)","intron (NM_175642, intron 7 of 30)",-232788,"NM_001204913",100504323,"Mm.484176","NM_001204913",null,"Gm20172","-","predicted gene, 20172","protein-coding"]
[358,"Peak_366",-0.182297987044761,0.506790758638297,0.689088745683059,3.93016350009918,"NO","NO","NO",0.71852584408503,0.296508729507416,0.039632201026379,0.995739075798108,0.832350308088342,0.999908874757857,"chr1",25887065,25887463,"+",0,"NA","promoter-TSS (NM_175642)","promoter-TSS (NM_175642)",-712,"NM_175642",210933,"Mm.336569","NM_175642","ENSMUSG00000033569","Adgrb3","A830096D10Rik|Bai3","adhesion G protein-coupled receptor B3","protein-coding"]
[359,"Peak_367",-0.660078935597873,-0.290326884185126,0.369752051412747,2.15589881198,"NO","NO","NO",0.466688774504959,0.7444663439018,0.587344384236555,0.980176260898648,0.962907228185131,0.999908874757857,"chr1",29871578,29871976,"+",0,"NA","Intergenic","Intergenic",393444,"NR_105760",102465174,null,"NR_105760","ENSMUSG00000099257","Mir6342","Gm27268|mmu-mir-6342","microRNA 6342","ncRNA"]
[360,"Peak_368",1.9710854517681,1.75666100624241,-0.21442444552569,2.0869128998524,"NO","NO","NO",0.12369111821659,0.184329579952301,0.740844731793434,0.931271014344117,0.757442817027389,0.999908874757857,"chr1",30117840,30118238,"+",0,"NA","Intergenic","Intergenic",639706,"NR_105760",102465174,null,"NR_105760","ENSMUSG00000099257","Mir6342","Gm27268|mmu-mir-6342","microRNA 6342","ncRNA"]
[361,"Peak_369",1.16557920563903,0.938517875891273,-0.227061329747753,2.69451216251802,"NO","NO","NO",0.191978710744808,0.304957058473112,0.679224160856641,0.95298707982097,0.837033292066136,0.999908874757857,"chr1",30612237,30612635,"+",0,"NA","Intergenic","Intergenic",307665,"NM_001081080",213109,"Mm.194486","NM_025871","ENSMUSG00000048874","Phf3","2310061N19Rik|mKIAA0244","PHD finger protein 3","protein-coding"]
[362,"Peak_370",0.502151926875256,0.936193124489904,0.434041197614648,5.39245016813009,"NO","NO","NO",0.225893618587824,0.0226491558428157,0.18648916118411,0.955321879475804,0.474199796700081,0.999908874757857,"chr1",30930180,30930578,"+",0,"NA","Intergenic","CpG",-10278,"NM_001081080",213109,"Mm.194486","NM_025871","ENSMUSG00000048874","Phf3","2310061N19Rik|mKIAA0244","PHD finger protein 3","protein-coding"]
[363,"Peak_371",-0.0907327748543523,0.205631561071869,0.296364335926221,5.98933580762304,"NO","NO","NO",0.804031101136207,0.573085384992085,0.359128886748354,0.996451548154072,0.927434632610739,0.999908874757857,"chr1",31006261,31006659,"+",0,"NA","promoter-TSS (NR_002688)","promoter-TSS (NR_002688)",95,"NR_002688",433406,"Mm.389003","NR_002688",null,"Gm13363","OTTMUSG00000011595","predicted gene 13363","pseudo"]
[364,"Peak_372",2.03714549517556,1.63841132749643,-0.398734167679132,2.85176477440058,"NO","NO","NO",0.0465259815664237,0.118905635108931,0.519760486002839,0.884547564639272,0.694582752766322,0.999908874757857,"chr1",31074161,31074559,"+",0,"NA","Intergenic","Intergenic",-67760,"NM_011200",19243,"Mm.491181","NM_011200","ENSMUSG00000026064","Ptp4a1","AA415290|AU019864|C130021B01|Prl-1","protein tyrosine phosphatase 4a1","protein-coding"]
[365,"Peak_373",-0.219764552749203,0.458269802948063,0.678034355697266,1.99289110979266,"NO","NO","NO",0.823690644190255,0.627270899299024,0.263957669988424,0.996451548154072,0.941593152570281,0.999908874757857,"chr1",31092678,31093076,"+",0,"NA","intron (NR_136907, intron 2 of 3)","intron (NR_136907, intron 2 of 3)",60422,"NR_136907",102634473,"Mm.484482","NR_136907","ENSMUSG00000100371","Gm29669","-","predicted gene 29669","ncRNA"]
[366,"Peak_374",0.881201069265095,0.273274557771522,-0.607926511493573,3.44471587896006,"NO","NO","NO",0.141952622587298,0.668055730549686,0.112214294529346,0.942490715272337,0.95011453094885,0.999908874757857,"chr1",31207009,31207407,"+",0,"NA","intron (NR_033445, intron 2 of 2)","intron (NR_033445, intron 2 of 2)",-26072,"NM_153601",266744,"Mm.389093","NM_153601","ENSMUSG00000050217","Lgsn","Gluld1|Lgs|lengsin","lengsin, lens protein with glutamine synthetase domain","protein-coding"]
[367,"Peak_375",-0.554035646439898,0.406384245403413,0.960419891843311,2.51188575600955,"NO","NO","NO",0.527522468184815,0.626241540629098,0.121375068306876,0.987196686830306,0.941198919706113,0.999908874757857,"chr1",31290463,31290861,"+",0,"NA","Intergenic","Intergenic",10978,"NM_029062",74708,"Mm.246796","NM_029062","ENSMUSG00000026063","Pih1d3","4930521A18Rik","PIH1 domain containing 3","protein-coding"]
[368,"Peak_377",-1.09423374107197,-0.263769098613592,0.830464642458382,1.74731264213313,"NO","NO","NO",0.267596446031322,0.779870689514651,0.238680198825889,0.959925552157071,0.968249964738683,0.999908874757857,"chr1",31701928,31702326,"+",0,"NA","Intergenic","Intergenic",380435,"NR_015347",226957,"Mm.25966","NR_015347",null,"Gm4850","EG226957","THO complex 4 pseudogene","pseudo"]
[369,"Peak_378",-0.763532881675858,-0.717904270786566,0.0456286108892914,2.17698948925263,"NO","NO","NO",0.373473017104814,0.405702077357734,0.945701434699204,0.972397593291388,0.880018146388709,0.999908874757857,"chr1",31864919,31865317,"+",0,"NA","Intergenic","Intergenic",-364533,"NM_133235",170771,"Mm.336594","NM_133235","ENSMUSG00000026058","Khdrbs2","6330586C16Rik|Slim1|Slm-1|Slm1|mSLM-1","KH domain containing, RNA binding, signal transduction associated 2","protein-coding"]
[370,"Peak_379",0.0328894310480246,0.232819637446367,0.199930206398342,5.97361099046894,"NO","NO","NO",0.935696924908964,0.568522758564963,0.587258351336284,0.997839094325673,0.926245237528451,0.999908874757857,"chr1",32229424,32229822,"+",0,"NA","promoter-TSS (NM_133235)","promoter-TSS (NM_133235)",-28,"NM_133235",170771,"Mm.336594","NM_133235","ENSMUSG00000026058","Khdrbs2","6330586C16Rik|Slim1|Slm-1|Slm1|mSLM-1","KH domain containing, RNA binding, signal transduction associated 2","protein-coding"]
[371,"Peak_380",-0.137679501093931,0.832284332593879,0.96996383368781,1.7220080354063,"NO","NO","NO",0.907278246488533,0.446955997459902,0.152646983705961,0.997799251783824,0.894100490565904,0.999908874757857,"chr1",32418461,32418859,"+",0,"NA","intron (NM_133235, intron 3 of 8)","intron (NM_133235, intron 3 of 8)",159184,"NM_001199956",408192,"Mm.485769","NM_001199956",null,"Gm9839","ENSMUSG00000049830|Senp15","predicted gene 9839","protein-coding"]
[372,"Peak_381",-0.753111144185598,-0.44478650573922,0.308324638446379,2.26520545376569,"NO","NO","NO",0.352999113341316,0.579223530051211,0.608937512967602,0.970570941478962,0.928683156644351,0.999908874757857,"chr1",32929814,32930212,"+",0,"NA","Intergenic","Intergenic",-325875,"NM_001164286",408191,"Mm.479439","NM_001164286","ENSMUSG00000091318","Gm5415","EG408191|Senp14","predicted gene 5415","protein-coding"]
[373,"Peak_382",0.693514926234728,0.645732935534302,-0.0477819907004251,3.50295423685451,"NO","NO","NO",0.350680233468108,0.386508509725573,0.931919643777183,0.970570941478962,0.875084108350798,0.999908874757857,"chr1",33016582,33016980,"+",0,"NA","Intergenic","Intergenic",-412643,"NM_001164286",408191,"Mm.479439","NM_001164286","ENSMUSG00000091318","Gm5415","EG408191|Senp14","predicted gene 5415","protein-coding"]
[374,"Peak_383",-1.59437487404491,-2.96580105924893,-1.37142618520401,2.35002568820061,"NO","DOWN","NO",0.13735391406991,0.00882823267340899,0.20317126689254,0.936664239942381,0.354660246579868,0.999908874757857,"chr1",33029073,33029471,"+",0,"NA","Intergenic","RMER1A|Other|Other",-425134,"NM_001164286",408191,"Mm.479439","NM_001164286","ENSMUSG00000091318","Gm5415","EG408191|Senp14","predicted gene 5415","protein-coding"]
[375,"Peak_384",0.640412227218459,1.32651778066002,0.686105553441562,2.14638602751885,"NO","NO","NO",0.570122674579483,0.214292497676912,0.29935923523089,0.989871165956955,0.781302383863302,0.999908874757857,"chr1",33099294,33099692,"+",0,"NA","Intergenic","Intergenic",-495355,"NM_001164286",408191,"Mm.479439","NM_001164286","ENSMUSG00000091318","Gm5415","EG408191|Senp14","predicted gene 5415","protein-coding"]
[376,"Peak_385",0.99918315167322,0.778503499358402,-0.220679652314819,2.07237838885161,"NO","NO","NO",0.364640265894337,0.488794643607826,0.746849566722583,0.971497355981173,0.907241244692054,0.999908874757857,"chr1",33171042,33171440,"+",0,"NA","Intergenic","Intergenic",555398,"NM_008922",19076,"Mm.27705","NM_008922","ENSMUSG00000026134","Prim2","AI323589","DNA primase, p58 subunit","protein-coding"]
[377,"Peak_386",0.445256937015815,1.05627768040627,0.611020743390453,1.9679117463245,"NO","NO","NO",0.696248423894187,0.333158976816257,0.364715105669348,0.994302538402085,0.851920610771827,0.999908874757857,"chr1",33231887,33232285,"+",0,"NA","Intergenic","Intergenic",494553,"NM_008922",19076,"Mm.27705","NM_008922","ENSMUSG00000026134","Prim2","AI323589","DNA primase, p58 subunit","protein-coding"]
[378,"Peak_387",0.446119852525118,0.0477945931326666,-0.398325259392452,2.11093979869744,"NO","NO","NO",0.635002997879309,0.961349174002915,0.51071867433852,0.991548875953861,0.993978488975727,0.999908874757857,"chr1",33263140,33263538,"+",0,"NA","Intergenic","Intergenic",463300,"NM_008922",19076,"Mm.27705","NM_008922","ENSMUSG00000026134","Prim2","AI323589","DNA primase, p58 subunit","protein-coding"]
[379,"Peak_388",0.926181152397052,0.0542520318199771,-0.871929120577075,2.69562789424941,"NO","NO","NO",0.251830162689786,0.950562510021593,0.10750956923816,0.958074512707729,0.992114606145815,0.999908874757857,"chr1",33326618,33327016,"+",0,"NA","Intergenic","Intergenic",399822,"NM_008922",19076,"Mm.27705","NM_008922","ENSMUSG00000026134","Prim2","AI323589","DNA primase, p58 subunit","protein-coding"]
[380,"Peak_389",2.44401926370069,2.3633791465531,-0.0806401171475917,2.49354033357424,"NO","NO","NO",0.0480440466360563,0.0586329596792952,0.897219685354468,0.886422213754263,0.59961704825257,0.999908874757857,"chr1",33419776,33420174,"+",0,"NA","Intergenic","Intergenic",306664,"NM_008922",19076,"Mm.27705","NM_008922","ENSMUSG00000026134","Prim2","AI323589","DNA primase, p58 subunit","protein-coding"]
[381,"Peak_390",1.66476243748878,2.16531283923844,0.500550401749657,2.09163167157355,"NO","NO","NO",0.212906064763871,0.0908199254632452,0.455653719961565,0.953494236567625,0.655079589230038,0.999908874757857,"chr1",33451896,33452294,"+",0,"NA","Intergenic","Intergenic",274544,"NM_008922",19076,"Mm.27705","NM_008922","ENSMUSG00000026134","Prim2","AI323589","DNA primase, p58 subunit","protein-coding"]
[382,"Peak_391",0.855330830522396,0.601752502940237,-0.253578327582159,3.85262827573202,"NO","NO","NO",0.122054154813855,0.289122194396211,0.483454392809172,0.930947176158717,0.828223557361584,0.999908874757857,"chr1",33556878,33557276,"+",0,"NA","intron (NM_008922, intron 10 of 13)","intron (NM_008922, intron 10 of 13)",169562,"NM_008922",19076,"Mm.27705","NM_008922","ENSMUSG00000026134","Prim2","AI323589","DNA primase, p58 subunit","protein-coding"]
[383,"Peak_392",-1.72638568460698E-3,0.24952044798381,0.251246833668417,3.03736817441726,"NO","NO","NO",0.997566038276349,0.713986675146224,0.594681143750765,0.999699642087848,0.957611076963425,0.999908874757857,"chr1",33558353,33558751,"+",0,"NA","intron (NM_008922, intron 10 of 13)","intron (NM_008922, intron 10 of 13)",168087,"NM_008922",19076,"Mm.27705","NM_008922","ENSMUSG00000026134","Prim2","AI323589","DNA primase, p58 subunit","protein-coding"]
[384,"Peak_393",0.244552732716947,0.0489214414439337,-0.195631291273013,2.63722934950385,"NO","NO","NO",0.752602811912095,0.951060829482051,0.709141669626141,0.996090540376292,0.992114606145815,0.999908874757857,"chr1",33715164,33715562,"+",0,"NA","intron (NM_008922, intron 5 of 13)","intron (NM_008922, intron 5 of 13)",11276,"NM_008922",19076,"Mm.27705","NM_008922","ENSMUSG00000026134","Prim2","AI323589","DNA primase, p58 subunit","protein-coding"]
[385,"Peak_394",0.108755304579001,-0.0385849054373386,-0.14734021001634,3.88335568713723,"NO","NO","NO",0.826496936828994,0.939371632450127,0.67895722113338,0.996451548154072,0.991143504812035,0.999908874757857,"chr1",33726730,33727128,"+",0,"NA","promoter-TSS (NM_008922)","promoter-TSS (NM_008922)",260,"NR_033199",67503,"Mm.87069","NM_026204","ENSMUSG00000103746","1700001G17Rik","-","RIKEN cDNA 1700001G17 gene","ncRNA"]
[386,"Peak_395",0.821504430294903,0.820829336880831,-6.75093414072178E-4,2.88130320160441,"NO","NO","NO",0.293864611519687,0.299385463119923,0.998791568228539,0.959925552157071,0.834358449098022,0.999908874757857,"chr1",33771621,33772019,"+",0,"NA","Intergenic","Intergenic",-4921,"NM_008999",19335,"Mm.86744","NM_008999","ENSMUSG00000004768","Rab23","AW545388|opb|opb2","RAB23, member RAS oncogene family","protein-coding"]
[387,"Peak_396",-0.0579289694902439,0.34739235074521,0.405321320235454,5.03302350664986,"NO","NO","NO",0.889700893503519,0.401496916728497,0.230821859843064,0.996451548154072,0.87897372216715,0.999908874757857,"chr1",33776735,33777133,"+",0,"NA","promoter-TSS (NM_001159729)","promoter-TSS (NM_001159729)",193,"NM_008999",19335,"Mm.86744","NM_008999","ENSMUSG00000004768","Rab23","AW545388|opb|opb2","RAB23, member RAS oncogene family","protein-coding"]
[388,"Peak_397",2.44009926610128,2.42841007766915,-0.0116891884321286,2.50819554549822,"NO","NO","NO",0.0505893374440095,0.0531210789854169,0.985446945273089,0.886422213754263,0.584313732588652,0.999908874757857,"chr1",33781353,33781751,"+",0,"NA","intron (NM_001159729, intron 3 of 7)","intron (NM_001159729, intron 3 of 7)",4288,"NM_001159729",19335,"Mm.86744","NM_008999","ENSMUSG00000004768","Rab23","AW545388|opb|opb2","RAB23, member RAS oncogene family","protein-coding"]
[389,"Peak_398",0.144243360803258,0.179064899734161,0.034821538930903,3.40355193919415,"NO","NO","NO",0.802840004411252,0.758877558915366,0.927067650514155,0.996451548154072,0.964668265659312,0.999908874757857,"chr1",33796078,33796476,"+",0,"NA","3' UTR (NM_008999, exon 8 of 8)","3' UTR (NM_008999, exon 8 of 8)",18318,"NM_145392",213539,"Mm.247037","NM_145392","ENSMUSG00000042215","Bag2","2610042A13Rik|BC016230","BCL2-associated athanogene 2","protein-coding"]
[390,"Peak_399",0.596989075262681,0.490294894752795,-0.106694180509886,3.70955208415552,"NO","NO","NO",0.31023957150801,0.413517226526621,0.791542616724978,0.959925552157071,0.883028865235107,0.999908874757857,"chr1",33813208,33813606,"+",0,"NA","intron (NM_145392, intron 1 of 2)","intron (NM_145392, intron 1 of 2)",1188,"NM_145392",213539,"Mm.247037","NM_145392","ENSMUSG00000042215","Bag2","2610042A13Rik|BC016230","BCL2-associated athanogene 2","protein-coding"]
[391,"Peak_400",0.331396604034665,0.708406976126389,0.377010372091724,4.78776141481242,"NO","NO","NO",0.470810750520683,0.12045317108924,0.280789361938609,0.981004665912892,0.69728870113254,0.999908874757857,"chr1",33814336,33814734,"+",0,"NA","promoter-TSS (NM_145392)","promoter-TSS (NM_145392)",60,"NM_145392",213539,"Mm.247037","NM_145392","ENSMUSG00000042215","Bag2","2610042A13Rik|BC016230","BCL2-associated athanogene 2","protein-coding"]
[392,"Peak_401",0.576985550105961,-0.206617692552048,-0.783603242658009,2.94499279405739,"NO","NO","NO",0.401464661092239,0.780208582686379,0.0983993070508117,0.975982217513585,0.968249964738683,0.999908874757857,"chr1",33820771,33821169,"+",0,"NA","intron (NM_133817, intron 14 of 14)","intron (NM_133817, intron 14 of 14)",-6375,"NM_145392",213539,"Mm.247037","NM_145392","ENSMUSG00000042215","Bag2","2610042A13Rik|BC016230","BCL2-associated athanogene 2","protein-coding"]
[393,"Peak_402",-0.461499466392084,-0.381921032960429,0.0795784334316544,2.14618123829321,"NO","NO","NO",0.616987790292573,0.678012091542903,0.910159783670547,0.990663437643175,0.951050453358392,0.999908874757857,"chr1",33826951,33827349,"+",0,"NA","intron (NM_133817, intron 12 of 14)","intron (NM_133817, intron 12 of 14)",-12555,"NM_145392",213539,"Mm.247037","NM_145392","ENSMUSG00000042215","Bag2","2610042A13Rik|BC016230","BCL2-associated athanogene 2","protein-coding"]
[394,"Peak_403",0.259050762555551,0.446401130296009,0.187350367740459,5.19072197421878,"NO","NO","NO",0.55203959267338,0.306054600897253,0.604285073577406,0.988644584230152,0.837909859038267,0.999908874757857,"chr1",33871000,33871398,"+",0,"NA","exon (NM_133817, exon 1 of 15)","exon (NM_133817, exon 1 of 15)",241,"NM_133817",98403,"Mm.289103","NM_133817","ENSMUSG00000042197","Zfp451","4930515K21Rik|4933435G09Rik|AI596398|COASTER|Kiaa0576-hp|Znf451|mKIAA1702","zinc finger protein 451","protein-coding"]
[395,"Peak_404",-0.0494289475516847,0.13037334225176,0.179802289803444,4.89045130226272,"NO","NO","NO",0.905107089948993,0.75264306683299,0.590524042144349,0.997647436163943,0.963586424950645,0.999908874757857,"chr1",33964470,33964868,"+",0,"NA","promoter-TSS (NM_177235)","promoter-TSS (NM_177235)",-57,"NM_001310484",320705,"Mm.336619","NM_177235","ENSMUSG00000042182","Bend6","B230209C24Rik","BEN domain containing 6","protein-coding"]
[396,"Peak_405",0.318125001583008,-0.246231564981134,-0.564356566564143,3.14135313219486,"NO","NO","NO",0.665582854752574,0.744067035276867,0.335685458333562,0.992460481573164,0.962907228185131,0.999908874757857,"chr1",34001802,34002200,"+",0,"NA","intron (NM_001276764, intron 2 of 102)","intron (NM_001276764, intron 2 of 102)",36931,"NM_001276764",13518,"Mm.336625","NM_010081","ENSMUSG00000026131","Dst","2310001O04Rik|A830042E19Rik|AW554249|BP230|BPAG1-n|Bpag|Bpag1|Macf2|ah|athetoid|dt|mKIAA0728|nmf203|nmf339","dystonin","protein-coding"]
[397,"Peak_406",-0.68338228561299,-0.435758924875826,0.247623360737164,2.50791030113409,"NO","NO","NO",0.384335314930959,0.575273447407946,0.682405185425249,0.973151462669336,0.927895318513934,0.999908874757857,"chr1",34004696,34005094,"+",0,"NA","intron (NM_001276764, intron 2 of 102)","intron (NM_001276764, intron 2 of 102)",39825,"NM_001276764",13518,"Mm.336625","NM_010081","ENSMUSG00000026131","Dst","2310001O04Rik|A830042E19Rik|AW554249|BP230|BPAG1-n|Bpag|Bpag1|Macf2|ah|athetoid|dt|mKIAA0728|nmf203|nmf339","dystonin","protein-coding"]
[398,"Peak_407",0.400419379619817,-0.338858208817819,-0.739277588437636,2.51276335232012,"NO","NO","NO",0.669273389298946,0.725467788014824,0.328017290757009,0.992793825901672,0.959587531893954,0.999908874757857,"chr1",34051019,34051417,"+",0,"NA","intron (NM_001276764, intron 3 of 102)","intron (NM_001276764, intron 3 of 102)",-17452,"NM_133833",13518,"Mm.336625","NM_010081","ENSMUSG00000026131","Dst","2310001O04Rik|A830042E19Rik|AW554249|BP230|BPAG1-n|Bpag|Bpag1|Macf2|ah|athetoid|dt|mKIAA0728|nmf203|nmf339","dystonin","protein-coding"]
[399,"Peak_408",0.859825750488448,0.907195523056269,0.0473697725678211,4.26174398816663,"NO","NO","NO",0.0873660637497847,0.0731624907221929,0.884092139965436,0.911408110368333,0.62841235640864,0.999908874757857,"chr1",34062596,34062994,"+",0,"NA","intron (NM_001276764, intron 3 of 102)","intron (NM_001276764, intron 3 of 102)",-5875,"NM_133833",13518,"Mm.336625","NM_010081","ENSMUSG00000026131","Dst","2310001O04Rik|A830042E19Rik|AW554249|BP230|BPAG1-n|Bpag|Bpag1|Macf2|ah|athetoid|dt|mKIAA0728|nmf203|nmf339","dystonin","protein-coding"]
[400,"Peak_409",0.460789275211714,0.471965689679675,0.0111764144679613,4.91039925912611,"NO","NO","NO",0.25115071086373,0.243142824161948,0.969842203237536,0.958074512707729,0.80150242952602,0.999908874757857,"chr1",34068288,34068686,"+",0,"NA","promoter-TSS (NM_133833)","promoter-TSS (NM_133833)",-183,"NM_133833",13518,"Mm.336625","NM_010081","ENSMUSG00000026131","Dst","2310001O04Rik|A830042E19Rik|AW554249|BP230|BPAG1-n|Bpag|Bpag1|Macf2|ah|athetoid|dt|mKIAA0728|nmf203|nmf339","dystonin","protein-coding"]
[401,"Peak_410",-0.118418862469807,-2.16856213339673E-3,0.11625030033641,3.61583196827489,"NO","NO","NO",0.826170122008089,0.996784972262755,0.760937531302616,0.996451548154072,0.999480190376433,0.999908874757857,"chr1",34075814,34076212,"+",0,"NA","intron (NM_134448, intron 1 of 97)","intron (NM_134448, intron 1 of 97)",7343,"NM_134448",13518,"Mm.336625","NM_010081","ENSMUSG00000026131","Dst","2310001O04Rik|A830042E19Rik|AW554249|BP230|BPAG1-n|Bpag|Bpag1|Macf2|ah|athetoid|dt|mKIAA0728|nmf203|nmf339","dystonin","protein-coding"]
[402,"Peak_411",-0.4301412175937,-0.882128201857846,-0.451986984264146,2.42262215962,"NO","NO","NO",0.613047435766178,0.310846301701343,0.52750140154995,0.990629663238998,0.840332982795564,0.999908874757857,"chr1",34102528,34102926,"+",0,"NA","intron (NM_134448, intron 1 of 97)","intron (NM_134448, intron 1 of 97)",34057,"NM_134448",13518,"Mm.336625","NM_010081","ENSMUSG00000026131","Dst","2310001O04Rik|A830042E19Rik|AW554249|BP230|BPAG1-n|Bpag|Bpag1|Macf2|ah|athetoid|dt|mKIAA0728|nmf203|nmf339","dystonin","protein-coding"]
[403,"Peak_412",1.02087075294278,0.761695508540813,-0.259175244401972,3.83948537098231,"NO","NO","NO",0.0647559330496765,0.181247404145842,0.443490459690635,0.905605480107602,0.754954025052577,0.999908874757857,"chr1",34109098,34109496,"+",0,"NA","intron (NM_134448, intron 1 of 97)","intron (NM_134448, intron 1 of 97)",40627,"NM_134448",13518,"Mm.336625","NM_010081","ENSMUSG00000026131","Dst","2310001O04Rik|A830042E19Rik|AW554249|BP230|BPAG1-n|Bpag|Bpag1|Macf2|ah|athetoid|dt|mKIAA0728|nmf203|nmf339","dystonin","protein-coding"]
[404,"Peak_413",0.28925862280111,0.528568855367875,0.239310232566765,3.85622380755225,"NO","NO","NO",0.586302087062269,0.317114761022576,0.499127136275331,0.990149111431646,0.843518355282037,0.999908874757857,"chr1",34117578,34117976,"+",0,"NA","intron (NM_134448, intron 1 of 97)","intron (NM_134448, intron 1 of 97)",49107,"NM_134448",13518,"Mm.336625","NM_010081","ENSMUSG00000026131","Dst","2310001O04Rik|A830042E19Rik|AW554249|BP230|BPAG1-n|Bpag|Bpag1|Macf2|ah|athetoid|dt|mKIAA0728|nmf203|nmf339","dystonin","protein-coding"]
[405,"Peak_414",0.241225305999408,0.307913392323123,0.066688086323715,3.15687456151567,"NO","NO","NO",0.710462905519013,0.637341104614229,0.874975188716574,0.995249020582875,0.942994927799241,0.999908874757857,"chr1",34131424,34131822,"+",0,"NA","intron (NM_134448, intron 1 of 97)","intron (NM_134448, intron 1 of 97)",-42581,"NR_105861",102466987,null,"NR_105861","ENSMUSG00000105982","Mir6896","mmu-mir-6896","microRNA 6896","ncRNA"]
[406,"Peak_415",0.755005972295668,0.311270605772362,-0.443735366523306,2.6901013652098,"NO","NO","NO",0.367059178274853,0.721393459615692,0.428883955467812,0.971587561886215,0.958837463567454,0.999908874757857,"chr1",34157191,34157589,"+",0,"NA","intron (NM_134448, intron 2 of 97)","intron (NM_134448, intron 2 of 97)",-16814,"NR_105861",102466987,null,"NR_105861","ENSMUSG00000105982","Mir6896","mmu-mir-6896","microRNA 6896","ncRNA"]
[407,"Peak_416",-0.960328013556037,-1.00420575974503,-0.0438777461889957,3.37211637395025,"NO","NO","NO",0.0736652717744151,0.0664144117704498,0.920633482350922,0.907934971210637,0.615748342062513,0.999908874757857,"chr1",34160480,34160878,"+",0,"NA","intron (NM_134448, intron 2 of 97)","intron (NM_134448, intron 2 of 97)",-13525,"NR_105861",102466987,null,"NR_105861","ENSMUSG00000105982","Mir6896","mmu-mir-6896","microRNA 6896","ncRNA"]
[408,"Peak_417",-0.518342577541054,-0.30198840932173,0.216354168219324,2.60615477592255,"NO","NO","NO",0.532174397983735,0.71302401872523,0.743986268469196,0.987541605769476,0.957212971671941,0.999908874757857,"chr1",34202171,34202569,"+",0,"NA","intron (NM_134448, intron 6 of 97)","intron (NM_134448, intron 6 of 97)",-14805,"NM_010081",13518,"Mm.336625","NM_010081","ENSMUSG00000026131","Dst","2310001O04Rik|A830042E19Rik|AW554249|BP230|BPAG1-n|Bpag|Bpag1|Macf2|ah|athetoid|dt|mKIAA0728|nmf203|nmf339","dystonin","protein-coding"]
[409,"Peak_418",2.01030534951118,2.78008044189238,0.769775092381199,2.50443431503182,"NO","NO","NO",0.103600797349891,0.0159261653630918,0.158598185490356,0.918065249368744,0.434102534406168,0.999908874757857,"chr1",34207516,34207914,"+",0,"NA","intron (NM_134448, intron 6 of 97)","intron (NM_134448, intron 6 of 97)",-9460,"NM_010081",13518,"Mm.336625","NM_010081","ENSMUSG00000026131","Dst","2310001O04Rik|A830042E19Rik|AW554249|BP230|BPAG1-n|Bpag|Bpag1|Macf2|ah|athetoid|dt|mKIAA0728|nmf203|nmf339","dystonin","protein-coding"]
[410,"Peak_419",0.14437534445969,0.372827222925087,0.228451878465397,2.93487882180289,"NO","NO","NO",0.852613801426374,0.625989985317195,0.680671812532669,0.996451548154072,0.941198919706113,0.999908874757857,"chr1",34215608,34216006,"+",0,"NA","intron (NM_134448, intron 11 of 97)","intron (NM_134448, intron 11 of 97)",-1368,"NM_010081",13518,"Mm.336625","NM_010081","ENSMUSG00000026131","Dst","2310001O04Rik|A830042E19Rik|AW554249|BP230|BPAG1-n|Bpag|Bpag1|Macf2|ah|athetoid|dt|mKIAA0728|nmf203|nmf339","dystonin","protein-coding"]
[411,"Peak_420",0.473644410543132,0.741450272827912,0.26780586228478,2.33381734333495,"NO","NO","NO",0.622450000001927,0.432944561486215,0.657413579415562,0.991059621898655,0.888950810451097,0.999908874757857,"chr1",34221418,34221816,"+",0,"NA","intron (NM_010081, intron 8 of 23)","intron (NM_010081, intron 8 of 23)",4442,"NM_010081",13518,"Mm.336625","NM_010081","ENSMUSG00000026131","Dst","2310001O04Rik|A830042E19Rik|AW554249|BP230|BPAG1-n|Bpag|Bpag1|Macf2|ah|athetoid|dt|mKIAA0728|nmf203|nmf339","dystonin","protein-coding"]
[412,"Peak_421",0.453099748493627,0.742485449285071,0.289385700791444,3.75533850305763,"NO","NO","NO",0.403184711610924,0.165025294518602,0.372457343685434,0.975982217513585,0.7396611219903,0.999908874757857,"chr1",34275180,34275578,"+",0,"NA","exon (NM_001276764, exon 56 of 103)","exon (NM_001276764, exon 56 of 103)",58204,"NM_010081",13518,"Mm.336625","NM_010081","ENSMUSG00000026131","Dst","2310001O04Rik|A830042E19Rik|AW554249|BP230|BPAG1-n|Bpag|Bpag1|Macf2|ah|athetoid|dt|mKIAA0728|nmf203|nmf339","dystonin","protein-coding"]
[413,"Peak_422",-0.244540500398573,-0.416148386741135,-0.171607886342562,4.96180216070467,"NO","NO","NO",0.532063869904427,0.295246347121163,0.602466915588788,0.987541605769476,0.83170821120483,0.999908874757857,"chr1",34293158,34293556,"+",0,"NA","intron (NM_134448, intron 57 of 97)","intron (NM_134448, intron 57 of 97)",76182,"NM_010081",13518,"Mm.336625","NM_010081","ENSMUSG00000026131","Dst","2310001O04Rik|A830042E19Rik|AW554249|BP230|BPAG1-n|Bpag|Bpag1|Macf2|ah|athetoid|dt|mKIAA0728|nmf203|nmf339","dystonin","protein-coding"]
[414,"Peak_423",1.14692107972082,0.760232821424246,-0.386688258296573,4.67542209921889,"NO","NO","NO",0.0201765919318512,0.132067923959245,0.282574886747603,0.82435590509827,0.708135026830972,0.999908874757857,"chr1",34346992,34347390,"+",0,"NA","intron (NM_134448, intron 86 of 97)","intron (NM_134448, intron 86 of 97)",130016,"NM_010081",13518,"Mm.336625","NM_010081","ENSMUSG00000026131","Dst","2310001O04Rik|A830042E19Rik|AW554249|BP230|BPAG1-n|Bpag|Bpag1|Macf2|ah|athetoid|dt|mKIAA0728|nmf203|nmf339","dystonin","protein-coding"]
[415,"Peak_424",0.264428234193476,0.306557582999925,0.0421293488064495,4.3677131772381,"NO","NO","NO",0.59460769011252,0.540966808324193,0.91224474273685,0.990629663238998,0.91980202288249,0.999908874757857,"chr1",34491629,34492027,"+",0,"NA","Intergenic","Intergenic",-1784,"NR_039562",100628580,null,"NR_039562","ENSMUSG00000092852","Mir5103","mir-5103|mmu-mir-5103|mu-mir-5103","microRNA 5103","ncRNA"]
[416,"Peak_425",-0.0577944332999555,0.227670641582345,0.2854650748823,5.95518731764,"NO","NO","NO",0.879660094445771,0.550679771656632,0.400821015896608,0.996451548154072,0.922133096204179,0.999908874757857,"chr1",34496320,34496718,"+",0,"NA","promoter-TSS (NM_027159)","promoter-TSS (NM_027159)",-2,"NM_027159",69668,"Mm.379170","NM_027159","ENSMUSG00000042111","Ccdc115","2310061I09Rik|Ccp1","coiled-coil domain containing 115","protein-coding"]
[417,"Peak_426",0.393379089005218,0.084852520011735,-0.308526568993483,5.38673291367583,"NO","NO","NO",0.331081711833534,0.836321961729012,0.366902841752218,0.964186919392087,0.976762856192593,0.999908874757857,"chr1",34516545,34516943,"+",0,"NA","exon (NM_011206, exon 1 of 15)","exon (NM_011206, exon 1 of 15)",153,"NM_011206",19253,"Mm.361","NM_011206","ENSMUSG00000026126","Ptpn18","FLP1|HSCF|PTP-HSCF|PTP-K1|Ptpk1","protein tyrosine phosphatase, non-receptor type 18","protein-coding"]
[418,"Peak_427",-0.0440524569185834,-0.135722669387139,-0.091670212468556,3.90389504638036,"NO","NO","NO",0.926331106424629,0.77962948176562,0.786535978735537,0.997839094325673,0.968246399780574,0.999908874757857,"chr1",34529688,34530086,"+",0,"NA","intron (NM_011206, intron 13 of 14)","intron (NM_011206, intron 13 of 14)",13296,"NM_011206",19253,"Mm.361","NM_011206","ENSMUSG00000026126","Ptpn18","FLP1|HSCF|PTP-HSCF|PTP-K1|Ptpk1","protein tyrosine phosphatase, non-receptor type 18","protein-coding"]
[419,"Peak_428",-0.145422590522074,-0.28225052230751,-0.136827931785436,3.49245704420266,"NO","NO","NO",0.790201870827057,0.613841487143904,0.730467876053359,0.996451548154072,0.937620780373218,0.999908874757857,"chr1",34542573,34542971,"+",0,"NA","Intergenic","Intergenic",-12503,"NM_009355",21755,"Mm.10725","NM_009355","ENSMUSG00000026125","Prss39","Tesp1","protease, serine 39","protein-coding"]
[420,"Peak_429",-0.267568565897087,-0.0703306690586109,0.197237896838477,3.82048188355765,"NO","NO","NO",0.574205179739197,0.882434547753351,0.549546559764648,0.989884586347525,0.98303226926861,0.999908874757857,"chr1",34593730,34594128,"+",0,"NA","intron (NM_007685, intron 3 of 5)","intron (NM_007685, intron 3 of 5)",1436,"NM_007685",12627,"Mm.2531","NM_007685","ENSMUSG00000026124","Cfc1","AV265756|b2b970Clo|cryptic","cripto, FRL-1, cryptic family 1","protein-coding"]
[421,"Peak_430",0.160648817575044,0.0451323687147893,-0.115516448860255,3.6321381475427,"NO","NO","NO",0.769190467807373,0.935656672513289,0.763378625499263,0.996451548154072,0.990693732988797,0.999908874757857,"chr1",34628496,34628894,"+",0,"NA","Intergenic","Intergenic",-7843,"NM_213727",211383,"Mm.330696","NM_213727","ENSMUSG00000045174","Amer3","9430069J07Rik|Fam123c","APC membrane recruitment 3","protein-coding"]
[422,"Peak_431",-0.167255643910712,0.0923977443976538,0.259653388308365,4.56975756370884,"NO","NO","NO",0.69556893492527,0.828252837800833,0.431005531564632,0.994302538402085,0.974828717046856,0.999908874757857,"chr1",34636276,34636674,"+",0,"NA","promoter-TSS (NM_213727)","promoter-TSS (NM_213727)",-63,"NM_213727",211383,"Mm.330696","NM_213727","ENSMUSG00000045174","Amer3","9430069J07Rik|Fam123c","APC membrane recruitment 3","protein-coding"]
[423,"Peak_432",0.901833818866373,0.918198280799363,0.0163644619329893,3.48802366412896,"NO","NO","NO",0.163077402127511,0.157498019320835,0.966397020191747,0.946285394458671,0.732043028493469,0.999908874757857,"chr1",34640752,34641150,"+",0,"NA","intron (NM_213727, intron 1 of 1)","intron (NM_213727, intron 1 of 1)",4413,"NM_213727",211383,"Mm.330696","NM_213727","ENSMUSG00000045174","Amer3","9430069J07Rik|Fam123c","APC membrane recruitment 3","protein-coding"]
[424,"Peak_433",0.911886238782727,1.08246374288962,0.170577504106892,3.29917263949783,"NO","NO","NO",0.187721624607347,0.116770856661394,0.672781957877694,0.952872791523057,0.690638954041051,0.999908874757857,"chr1",34659198,34659596,"+",0,"NA","Intergenic","Intergenic",22859,"NM_213727",211383,"Mm.330696","NM_213727","ENSMUSG00000045174","Amer3","9430069J07Rik|Fam123c","APC membrane recruitment 3","protein-coding"]
[425,"Peak_434",-0.278094902407821,0.581498697159409,0.859593599567231,2.89286550946482,"NO","NO","NO",0.704779073340803,0.403043008190206,0.0684680974905282,0.995224468969567,0.879539424287351,0.999908874757857,"chr1",34699297,34699695,"+",0,"NA","Intergenic","Intergenic",-6441,"NR_033627",241051,"Mm.282827","NR_033627",null,"AA619741","-","PHD finger protein 19 pseudogene","pseudo"]
[426,"Peak_435",0.239070520789422,0.518376067503338,0.279305546713915,3.41759571682902,"NO","NO","NO",0.704421740225989,0.404441250209507,0.50904143231803,0.995224468969567,0.879980394563206,0.999908874757857,"chr1",34723213,34723611,"+",0,"NA","Intergenic","Intergenic",-30357,"NR_033627",241051,"Mm.282827","NR_033627",null,"AA619741","-","PHD finger protein 19 pseudogene","pseudo"]
[427,"Peak_436",-0.0895641548746398,-0.318075723786635,-0.228511568911995,3.97533855126149,"NO","NO","NO",0.846012380418484,0.50177785157676,0.501970700305882,0.996451548154072,0.909766740906097,0.999908874757857,"chr1",34735040,34735438,"+",0,"NA","Intergenic","CpG",-42184,"NR_033627",241051,"Mm.282827","NR_033627",null,"AA619741","-","PHD finger protein 19 pseudogene","pseudo"]
[428,"Peak_437",0.53030671701395,-0.550828379435845,-1.08113509644979,3.34550633258408,"NO","NO","NO",0.369093501751803,0.394567844349884,0.0134119050760921,0.972372912358262,0.877068442595163,0.999908874757857,"chr1",34745157,34745555,"+",0,"NA","Intergenic","Intergenic",-52301,"NR_033627",241051,"Mm.282827","NR_033627",null,"AA619741","-","PHD finger protein 19 pseudogene","pseudo"]
[429,"Peak_438",-0.709284239178524,-0.259639944606843,0.449644294571681,3.04134885178223,"NO","NO","NO",0.270424485911069,0.679778840898313,0.35102112829036,0.959925552157071,0.951519081377323,0.999908874757857,"chr1",34757548,34757946,"+",0,"NA","Intergenic","Intergenic",-64692,"NR_033627",241051,"Mm.282827","NR_033627",null,"AA619741","-","PHD finger protein 19 pseudogene","pseudo"]
[430,"Peak_439",0.396211422227269,0.272799075241704,-0.123412346985565,2.4521842846497,"NO","NO","NO",0.673324776698459,0.77230380398886,0.857638924680555,0.993474142907549,0.967233584330927,0.999908874757857,"chr1",34778529,34778927,"+",0,"NA","Intergenic","Intergenic",-79839,"NM_183019",226970,"Mm.41604","NM_183019","ENSMUSG00000037509","Arhgef4","9330140K16Rik|Asef|ENSMUSG00000070955","Rho guanine nucleotide exchange factor (GEF) 4","protein-coding"]
[431,"Peak_440",0.822031797266734,0.930352129362747,0.108320332096013,2.55352744336203,"NO","NO","NO",0.411728961432339,0.348685670335699,0.872130210294383,0.976708741012292,0.857815739682006,0.999908874757857,"chr1",34788925,34789323,"+",0,"NA","Intergenic","Intergenic",-69443,"NM_183019",226970,"Mm.41604","NM_183019","ENSMUSG00000037509","Arhgef4","9330140K16Rik|Asef|ENSMUSG00000070955","Rho guanine nucleotide exchange factor (GEF) 4","protein-coding"]
[432,"Peak_441",-0.408964882797127,-0.32528685112082,0.083678031676307,3.94320754702428,"NO","NO","NO",0.370583836904773,0.478208432302717,0.802332732151679,0.972372912358262,0.904034452723071,0.999908874757857,"chr1",34807606,34808004,"+",0,"NA","Intergenic","CpG",-50762,"NM_183019",226970,"Mm.41604","NM_183019","ENSMUSG00000037509","Arhgef4","9330140K16Rik|Asef|ENSMUSG00000070955","Rho guanine nucleotide exchange factor (GEF) 4","protein-coding"]
[433,"Peak_442",0.20815703377191,0.858284367651916,0.650127333880005,2.69679105074624,"NO","NO","NO",0.813589291232291,0.318399906745846,0.266005108654313,0.996451548154072,0.844123282907852,0.999908874757857,"chr1",34840459,34840857,"+",0,"NA","Intergenic","Intergenic",-17909,"NM_183019",226970,"Mm.41604","NM_183019","ENSMUSG00000037509","Arhgef4","9330140K16Rik|Asef|ENSMUSG00000070955","Rho guanine nucleotide exchange factor (GEF) 4","protein-coding"]
[434,"Peak_443",1.12817546905425,0.938563689281486,-0.189611779772765,4.60660091517188,"NO","NO","NO",0.0144715636644291,0.0462620381481933,0.532362670621426,0.789931406387149,0.563824605658593,0.999908874757857,"chr1",34858595,34858993,"+",0,"NA","5' UTR (NM_183019, exon 1 of 10)","5' UTR (NM_183019, exon 1 of 10)",227,"NM_183019",226970,"Mm.41604","NM_183019","ENSMUSG00000037509","Arhgef4","9330140K16Rik|Asef|ENSMUSG00000070955","Rho guanine nucleotide exchange factor (GEF) 4","protein-coding"]
[435,"Peak_444",1.31064548210578,1.74952921581618,0.438883733710403,2.57538637521183,"NO","NO","NO",0.214904204631428,0.0871874879907321,0.468415077848577,0.953494236567625,0.648217454759696,0.999908874757857,"chr1",34886034,34886432,"+",0,"NA","intron (NM_174997, intron 2 of 6)","intron (NM_174997, intron 2 of 6)",13662,"NM_001160235",214469,"Mm.120151","NM_174997","ENSMUSG00000037503","Fam168b","mKIAA4042","family with sequence similarity 168, member B","protein-coding"]
[436,"Peak_445",-0.163660844950622,0.127052805302884,0.290713650253506,5.4264096912455,"NO","NO","NO",0.677078993464821,0.744821190294177,0.387428007364823,0.993744595008032,0.962907228185131,0.999908874757857,"chr1",34899591,34899989,"+",0,"NA","5' UTR (NM_001160235, exon 1 of 8)","5' UTR (NM_001160235, exon 1 of 8)",105,"NM_001160235",214469,"Mm.120151","NM_174997","ENSMUSG00000037503","Fam168b","mKIAA4042","family with sequence similarity 168, member B","protein-coding"]
[437,"Peak_446",-0.254421693011491,-0.40191326494788,-0.14749157193639,4.41831185205277,"NO","NO","NO",0.529789459539514,0.331251961994346,0.635682603787186,0.987425270131684,0.850821199149667,0.999908874757857,"chr1",34906720,34907118,"+",0,"NA","intron (NM_145516, intron 1 of 7)","CpG",115,"NM_175421",226971,"Mm.292751","NM_145516","ENSMUSG00000026123","Plekhb2","2310009M15Rik|AU018239|Evt2|Phdc|evt-2","pleckstrin homology domain containing, family B (evectins) member 2","protein-coding"]
[438,"Peak_447",0.195960793640484,0.324265174446057,0.128304380805573,2.43198502807287,"NO","NO","NO",0.820713311315123,0.708273925932602,0.821876321670693,0.996451548154072,0.956017713177822,0.999908874757857,"chr1",34924030,34924428,"+",0,"NA","intron (NM_145516, intron 6 of 7)","B3|SINE|B2",17425,"NM_175421",226971,"Mm.292751","NM_145516","ENSMUSG00000026123","Plekhb2","2310009M15Rik|AU018239|Evt2|Phdc|evt-2","pleckstrin homology domain containing, family B (evectins) member 2","protein-coding"]
[439,"Peak_448",-1.1445141501473,-0.461861441444339,0.682652708702961,2.94238638098635,"NO","NO","NO",0.0671916166209811,0.444761082665843,0.145973299781025,0.906886782313952,0.89305269192465,0.999908874757857,"chr1",34948408,34948806,"+",0,"NA","Intergenic","Intergenic",41803,"NM_175421",226971,"Mm.292751","NM_145516","ENSMUSG00000026123","Plekhb2","2310009M15Rik|AU018239|Evt2|Phdc|evt-2","pleckstrin homology domain containing, family B (evectins) member 2","protein-coding"]
[440,"Peak_449",-0.30669030404045,0.195920336302114,0.502610640342564,2.4650324064704,"NO","NO","NO",0.712786873135071,0.809345985430303,0.382966621646664,0.995535499328357,0.97222428836372,0.999908874757857,"chr1",35074355,35074753,"+",0,"NA","Intergenic","Intergenic",167750,"NM_175421",226971,"Mm.292751","NM_145516","ENSMUSG00000026123","Plekhb2","2310009M15Rik|AU018239|Evt2|Phdc|evt-2","pleckstrin homology domain containing, family B (evectins) member 2","protein-coding"]
[441,"Peak_450",0.323087915877118,-0.258534435109177,-0.581622350986295,2.53474055977543,"NO","NO","NO",0.700320492998853,0.766657894793829,0.353278740036347,0.994710677017562,0.965795889184959,0.999908874757857,"chr1",35099220,35099618,"+",0,"NA","Intergenic","Intergenic",192615,"NM_175421",226971,"Mm.292751","NM_145516","ENSMUSG00000026123","Plekhb2","2310009M15Rik|AU018239|Evt2|Phdc|evt-2","pleckstrin homology domain containing, family B (evectins) member 2","protein-coding"]
[442,"Peak_451",0.526387031716774,0.278621284482516,-0.247765747234258,3.30337235298058,"NO","NO","NO",0.440631981181031,0.691266240340653,0.607636188128864,0.978344677090796,0.953652572871684,0.999908874757857,"chr1",35169763,35170161,"+",0,"NA","Intergenic","Intergenic",263158,"NM_175421",226971,"Mm.292751","NM_145516","ENSMUSG00000026123","Plekhb2","2310009M15Rik|AU018239|Evt2|Phdc|evt-2","pleckstrin homology domain containing, family B (evectins) member 2","protein-coding"]
[443,"Peak_452",-0.034777307100025,0.552101876267134,0.586879183367159,2.44041915004149,"NO","NO","NO",0.968115901708372,0.511192458592544,0.288978612479966,0.999037848652705,0.911579669541933,0.999908874757857,"chr1",35183405,35183803,"+",0,"NA","Intergenic","Intergenic",276800,"NM_175421",226971,"Mm.292751","NM_145516","ENSMUSG00000026123","Plekhb2","2310009M15Rik|AU018239|Evt2|Phdc|evt-2","pleckstrin homology domain containing, family B (evectins) member 2","protein-coding"]
[444,"Peak_453",0.820160340215898,0.278150947629001,-0.542009392586897,4.00547333922468,"NO","NO","NO",0.115754550195227,0.610829801841315,0.134186663661732,0.925432450006553,0.936733991059859,0.999908874757857,"chr1",35289255,35289653,"+",0,"NA","Intergenic","L1MC|LINE|L1",382650,"NM_175421",226971,"Mm.292751","NM_145516","ENSMUSG00000026123","Plekhb2","2310009M15Rik|AU018239|Evt2|Phdc|evt-2","pleckstrin homology domain containing, family B (evectins) member 2","protein-coding"]
[445,"Peak_454",0.114752006369104,0.899135717175403,0.784383710806299,2.31054839639909,"NO","NO","NO",0.905787325278332,0.329185156096279,0.182152940890295,0.997647436163943,0.849581281875743,0.999908874757857,"chr1",35300195,35300593,"+",0,"NA","Intergenic","Intergenic",393590,"NM_175421",226971,"Mm.292751","NM_145516","ENSMUSG00000026123","Plekhb2","2310009M15Rik|AU018239|Evt2|Phdc|evt-2","pleckstrin homology domain containing, family B (evectins) member 2","protein-coding"]
[446,"Peak_455",-0.78687440908956,-1.02069980170981,-0.233825392620254,4.16270214687697,"NO","NO","NO",0.104780547485881,0.0399297765936736,0.582820149811587,0.918065249368744,0.545509570264663,0.999908874757857,"chr1",35415734,35416132,"+",0,"NA","Intergenic","Intergenic",509129,"NM_175421",226971,"Mm.292751","NM_145516","ENSMUSG00000026123","Plekhb2","2310009M15Rik|AU018239|Evt2|Phdc|evt-2","pleckstrin homology domain containing, family B (evectins) member 2","protein-coding"]
[447,"Peak_456",-0.175701832189023,-0.151753763197909,0.0239480689911139,2.7975372496118,"NO","NO","NO",0.810817981355145,0.837474566524793,0.964693473556175,0.996451548154072,0.977015754505306,0.999908874757857,"chr1",35442206,35442604,"+",0,"NA","Intergenic","Intergenic",535601,"NM_175421",226971,"Mm.292751","NM_145516","ENSMUSG00000026123","Plekhb2","2310009M15Rik|AU018239|Evt2|Phdc|evt-2","pleckstrin homology domain containing, family B (evectins) member 2","protein-coding"]
[448,"Peak_457",-0.378863230899662,-0.0630958554586025,0.31576737544106,2.93655551317835,"NO","NO","NO",0.573854109854992,0.92474384566709,0.510104176191803,0.989884586347525,0.988729626521456,0.999908874757857,"chr1",35525847,35526245,"+",0,"NA","Intergenic","Intergenic",-599199,"NM_015818",50785,"Mm.213566","NM_015818","ENSMUSG00000045216","Hs6st1","6Ost1","heparan sulfate 6-O-sulfotransferase 1","protein-coding"]
[449,"Peak_458",-0.396969605680994,-1.03780941870068,-0.64083981301969,3.24750852128642,"NO","NO","NO",0.507383791567511,0.100294973200128,0.197161144742324,0.984683579984827,0.66758561418317,0.999908874757857,"chr1",35710203,35710601,"+",0,"NA","Intergenic","RLTR14|LTR|ERV1",-414843,"NM_015818",50785,"Mm.213566","NM_015818","ENSMUSG00000045216","Hs6st1","6Ost1","heparan sulfate 6-O-sulfotransferase 1","protein-coding"]
[450,"Peak_459",1.37482785477201,1.99993434520083,0.625106490428818,1.9272470653798,"NO","NO","NO",0.303196819545064,0.112614715711244,0.319379488804465,0.959925552157071,0.686253336043008,0.999908874757857,"chr1",35827201,35827599,"+",0,"NA","Intergenic","Intergenic",-297845,"NM_015818",50785,"Mm.213566","NM_015818","ENSMUSG00000045216","Hs6st1","6Ost1","heparan sulfate 6-O-sulfotransferase 1","protein-coding"]
[451,"Peak_460",0.603325026038472,0.388698549431206,-0.214626476607266,2.58040577290023,"NO","NO","NO",0.504415739646121,0.670984687490749,0.738666172562449,0.984683579984827,0.950510020192725,0.999908874757857,"chr1",35866213,35866611,"+",0,"NA","Intergenic","Intergenic",-258833,"NM_015818",50785,"Mm.213566","NM_015818","ENSMUSG00000045216","Hs6st1","6Ost1","heparan sulfate 6-O-sulfotransferase 1","protein-coding"]
[452,"Peak_461",-0.636549261478472,-0.789936568027457,-0.153387306548985,3.97860010174274,"NO","NO","NO",0.166717836154828,0.0915026339423933,0.680360886816882,0.94631447419109,0.656177506415997,0.999908874757857,"chr1",35882346,35882744,"+",0,"NA","Intergenic","Intergenic",-242700,"NM_015818",50785,"Mm.213566","NM_015818","ENSMUSG00000045216","Hs6st1","6Ost1","heparan sulfate 6-O-sulfotransferase 1","protein-coding"]
[453,"Peak_462",1.58526099245814,0.930261657010636,-0.654999335447505,3.27744032172135,"NO","NO","NO",0.0297009846734875,0.231117479492183,0.13254902037557,0.840371273086421,0.79332441447679,0.999908874757857,"chr1",35926519,35926917,"+",0,"NA","Intergenic","Intergenic",-198527,"NM_015818",50785,"Mm.213566","NM_015818","ENSMUSG00000045216","Hs6st1","6Ost1","heparan sulfate 6-O-sulfotransferase 1","protein-coding"]
[454,"Peak_463",1.63751909168313,1.99699229348413,0.359473201801,2.00081202198319,"NO","NO","NO",0.222907024501436,0.124769606064092,0.598052624268519,0.954843231065029,0.701219277444443,0.999908874757857,"chr1",35998602,35999000,"+",0,"NA","Intergenic","Intergenic",-126444,"NM_015818",50785,"Mm.213566","NM_015818","ENSMUSG00000045216","Hs6st1","6Ost1","heparan sulfate 6-O-sulfotransferase 1","protein-coding"]
[455,"Peak_464",0.256204932610716,0.525436503708169,0.269231571097453,3.05534690073134,"NO","NO","NO",0.713776035068672,0.445616818967227,0.546444542371496,0.995619771093658,0.893563370479002,0.999908874757857,"chr1",36068916,36069314,"+",0,"NA","Intergenic","RMER17C|LTR|ERVK",-56130,"NM_015818",50785,"Mm.213566","NM_015818","ENSMUSG00000045216","Hs6st1","6Ost1","heparan sulfate 6-O-sulfotransferase 1","protein-coding"]
[456,"Peak_465",-0.119687173290095,-0.355907919773422,-0.236220746483327,3.87327379629254,"NO","NO","NO",0.799475315924013,0.462904497856555,0.492988945069293,0.996451548154072,0.898936819457465,0.999908874757857,"chr1",36073977,36074375,"+",0,"NA","Intergenic","Intergenic",-51069,"NM_015818",50785,"Mm.213566","NM_015818","ENSMUSG00000045216","Hs6st1","6Ost1","heparan sulfate 6-O-sulfotransferase 1","protein-coding"]
[457,"Peak_466",6.47470297939675E-3,-0.631191711013502,-0.637666413992899,3.04801545762564,"NO","NO","NO",0.993261889684953,0.401279060965628,0.290378693497013,0.999532536338917,0.878971719769859,0.999908874757857,"chr1",36094824,36095222,"+",0,"NA","Intergenic","Intergenic",-30222,"NM_015818",50785,"Mm.213566","NM_015818","ENSMUSG00000045216","Hs6st1","6Ost1","heparan sulfate 6-O-sulfotransferase 1","protein-coding"]
[458,"Peak_467",0.789145442209929,0.743352641276252,-0.0457928009336767,4.48961224365712,"NO","NO","NO",0.085304115649501,0.109255718814107,0.880888411719079,0.911408110368333,0.680765199291647,0.999908874757857,"chr1",36121627,36122025,"+",0,"NA","Intergenic","Intergenic",-3419,"NM_015818",50785,"Mm.213566","NM_015818","ENSMUSG00000045216","Hs6st1","6Ost1","heparan sulfate 6-O-sulfotransferase 1","protein-coding"]
[459,"Peak_468",-0.238896961980817,0.156721648723439,0.395618610704256,5.57484566855082,"NO","NO","NO",0.546082349236123,0.689891057315252,0.254048754268639,0.988113766393189,0.953398594892409,0.999908874757857,"chr1",36125081,36125479,"+",0,"NA","promoter-TSS (NM_015818)","promoter-TSS (NM_015818)",35,"NM_015818",50785,"Mm.213566","NM_015818","ENSMUSG00000045216","Hs6st1","6Ost1","heparan sulfate 6-O-sulfotransferase 1","protein-coding"]
[460,"Peak_469",-0.716160804120698,-0.665380061687793,0.0507807424329055,4.95479360971623,"NO","NO","NO",0.0485807827821402,0.0684818694151074,0.868706103483221,0.886422213754263,0.621244226049818,0.999908874757857,"chr1",36126109,36126507,"+",0,"NA","intron (NM_015818, intron 1 of 1)","intron (NM_015818, intron 1 of 1)",1063,"NM_015818",50785,"Mm.213566","NM_015818","ENSMUSG00000045216","Hs6st1","6Ost1","heparan sulfate 6-O-sulfotransferase 1","protein-coding"]
[461,"Peak_470",0.052000347946186,0.501586882736718,0.449586534790532,3.64581753880988,"NO","NO","NO",0.934092112978991,0.410565027589458,0.326723911459888,0.997839094325673,0.88232916705854,0.999908874757857,"chr1",36145047,36145445,"+",0,"NA","intron (NM_015818, intron 1 of 1)","intron (NM_015818, intron 1 of 1)",20001,"NM_015818",50785,"Mm.213566","NM_015818","ENSMUSG00000045216","Hs6st1","6Ost1","heparan sulfate 6-O-sulfotransferase 1","protein-coding"]
[462,"Peak_471",-0.461418330802,-1.18456704727443,-0.723148716472432,3.30554929487909,"NO","NO","NO",0.408962670547494,0.0458785416599717,0.115305143217501,0.976286256646352,0.563153958606485,0.999908874757857,"chr1",36171461,36171859,"+",0,"NA","Intergenic","MURVY-int|LTR|ERV1",29498,"NR_105862",102465540,null,"NR_105862","ENSMUSG00000098752","Mir6897","Gm27652|mmu-mir-6897","microRNA 6897","ncRNA"]
[463,"Peak_472",0.588637064844837,0.863124429034757,0.27448736418992,5.11735090270518,"NO","NO","NO",0.170267827617552,0.0434904933624581,0.403535909354959,0.947885026022086,0.555438731681064,0.999908874757857,"chr1",36300794,36301192,"+",0,"NA","5' UTR (NM_198899, exon 1 of 41)","5' UTR (NM_198899, exon 1 of 41)",154,"NM_198899",320011,"Mm.261022","NM_198899","ENSMUSG00000037470","Uggt1","0910001L17Rik|A930007H10Rik|AA589501|AI414429|AI448372|C820010P03Rik|GT|UGT1|Ugcgl1","UDP-glucose glycoprotein glucosyltransferase 1","protein-coding"]
[464,"Peak_473",1.00766665819497,1.13344049442366,0.125773836228693,3.09027063765832,"NO","NO","NO",0.202783465759971,0.152858668839289,0.795104864746,0.953494236567625,0.727667093209894,0.999908874757857,"chr1",36309641,36310039,"+",0,"NA","Intergenic","Intergenic",-8693,"NM_198899",320011,"Mm.261022","NM_198899","ENSMUSG00000037470","Uggt1","0910001L17Rik|A930007H10Rik|AA589501|AI414429|AI448372|C820010P03Rik|GT|UGT1|Ugcgl1","UDP-glucose glycoprotein glucosyltransferase 1","protein-coding"]
[465,"Peak_474",0.295523386209955,0.29747421806026,0.00195083185030491,3.99658152989828,"NO","NO","NO",0.534682716062951,0.536955099819101,0.995088211306805,0.987832556047004,0.919078740992577,0.999908874757857,"chr1",36326135,36326533,"+",0,"NA","exon (NM_153408, exon 2 of 4)","exon (NM_153408, exon 2 of 4)",3936,"NM_153408",214854,"Mm.389110","NM_153408","ENSMUSG00000047180","Neurl3","2010300P06Rik|Lincr","neuralized E3 ubiquitin protein ligase 3","protein-coding"]
[466,"Peak_475",0.698800579159197,0.398804266314693,-0.299996312844504,3.57337266722153,"NO","NO","NO",0.228142666911093,0.505252393448235,0.421036155433566,0.955321879475804,0.910434080970809,0.999908874757857,"chr1",36336085,36336483,"+",0,"NA","Intergenic","Intergenic",-6014,"NM_153408",214854,"Mm.389110","NM_153408","ENSMUSG00000047180","Neurl3","2010300P06Rik|Lincr","neuralized E3 ubiquitin protein ligase 3","protein-coding"]
[467,"Peak_476",1.30936767492273,1.61860236112201,0.309234686199282,3.70143816003847,"NO","NO","NO",0.0478277710810308,0.0129109972625444,0.402051019567107,0.886061107856081,0.408611502755063,0.999908874757857,"chr1",36360143,36360541,"+",0,"NA","Intergenic","Intergenic",-4236,"NM_145996",214855,"Mm.34316","NM_145996","ENSMUSG00000037447","Arid5a","D430024K22Rik|Mrf1","AT rich interactive domain 5A (MRF1-like)","protein-coding"]
[468,"Peak_477",0.163257758801299,0.484886187610354,0.321628428809055,5.07926269420269,"NO","NO","NO",0.704367720625031,0.258117437487131,0.355810335241272,0.995224468969567,0.810234805089086,0.999908874757857,"chr1",36364505,36364903,"+",0,"NA","intron (NM_001290727, intron 1 of 5)","CpG",126,"NM_001172205",214855,"Mm.34316","NM_145996","ENSMUSG00000037447","Arid5a","D430024K22Rik|Mrf1","AT rich interactive domain 5A (MRF1-like)","protein-coding"]
[469,"Peak_478",0.12049538116789,-0.136281640997434,-0.256777022165323,4.51416871428452,"NO","NO","NO",0.77328769276387,0.750463828386695,0.415621672167992,0.996451548154072,0.963484153891751,0.999908874757857,"chr1",36366329,36366727,"+",0,"NA","intron (NM_001290727, intron 1 of 5)","intron (NM_001290727, intron 1 of 5)",1950,"NM_001172205",214855,"Mm.34316","NM_145996","ENSMUSG00000037447","Arid5a","D430024K22Rik|Mrf1","AT rich interactive domain 5A (MRF1-like)","protein-coding"]
[470,"Peak_479",-0.0222173422727685,0.266810298263604,0.289027640536372,3.35992852740354,"NO","NO","NO",0.96996824386459,0.649083475961065,0.462882719013666,0.999057618398854,0.945610283902944,0.999908874757857,"chr1",36380876,36381274,"+",0,"NA","TTS (NM_001172205)","TTS (NM_001172205)",16497,"NM_001172205",214855,"Mm.34316","NM_145996","ENSMUSG00000037447","Arid5a","D430024K22Rik|Mrf1","AT rich interactive domain 5A (MRF1-like)","protein-coding"]
[471,"Peak_480",0.347581543692001,0.747990481528935,0.400408937836934,4.48400036588162,"NO","NO","NO",0.465047702784621,0.111155150908172,0.239754140026306,0.979860780201896,0.68500034816639,0.999908874757857,"chr1",36425582,36425980,"+",0,"NA","intron (NM_172652, intron 1 of 20)","CpG",245,"NM_001310513",226976,"Mm.24734","NM_172652","ENSMUSG00000010453","Kansl3","4632411B12Rik|4932435K23|AI431067|AI647574|C85723|Kiaa1310|mKIAA1310","KAT8 regulatory NSL complex subunit 3","protein-coding"]
[472,"Peak_481",-0.241799737374261,-0.760335308964974,-0.518535571590712,2.7366470277342,"NO","NO","NO",0.738443585886917,0.312601060475069,0.370355156811002,0.995754237914056,0.841761016187358,0.999908874757857,"chr1",36441586,36441984,"+",0,"NA","intron (NM_001277076, intron 10 of 52)","intron (NM_001277076, intron 10 of 52)",12649,"NM_001277076",100534273,"Mm.389112","NM_001277076","ENSMUSG00000037432","Fer1l5","4930533C12Rik","fer-1-like 5 (C. elegans)","protein-coding"]
[473,"Peak_482",0.342025911172933,0.164381487486449,-0.177644423686484,5.15426641682725,"NO","NO","NO",0.41927216731437,0.701409884164828,0.614389230429078,0.977408255892978,0.954962007153842,0.999908874757857,"chr1",36501672,36502070,"+",0,"NA","intron (NM_001013374, intron 1 of 7)","CpG",245,"NM_001013374",214895,"Mm.287854","NM_001013374","ENSMUSG00000001143","Lman2l","A630028F14Rik|VIP36-like|VIPL","lectin, mannose-binding 2-like","protein-coding"]
[474,"Peak_483",-0.414545400400917,-0.0267685519829113,0.387776848418005,5.51761684737604,"NO","NO","NO",0.251201682447761,0.940500518433264,0.209882262280979,0.958074512707729,0.991143504812035,0.999908874757857,"chr1",36528386,36528784,"+",0,"NA","exon (NM_033570, exon 1 of 7)","exon (NM_033570, exon 1 of 7)",143,"NM_033570",94220,"Mm.422638","NM_033570","ENSMUSG00000037408","Cnnm4","5430430O18Rik|Acdp4","cyclin M4","protein-coding"]
[475,"Peak_484",-0.365475412731308,-0.0913092483620242,0.274166164369284,3.09811951460409,"NO","NO","NO",0.585110562857408,0.890161506783224,0.584134947437794,0.990149111431646,0.983894030537213,0.999908874757857,"chr1",36537393,36537791,"+",0,"NA","intron (NM_033570, intron 1 of 6)","MIRb|SINE|MIR",9150,"NM_033570",94220,"Mm.422638","NM_033570","ENSMUSG00000037408","Cnnm4","5430430O18Rik|Acdp4","cyclin M4","protein-coding"]
[476,"Peak_485",0.0439050920798738,-0.211297663025419,-0.255202755105293,4.83599609427443,"NO","NO","NO",0.913098657744322,0.607248266440075,0.430549070013937,0.997799251783824,0.935588865329755,0.999908874757857,"chr1",36549199,36549597,"+",0,"NA","intron (NM_033570, intron 1 of 6)","intron (NM_033570, intron 1 of 6)",-19314,"NM_053186",94218,"Mm.256323","NM_053186","ENSMUSG00000001138","Cnnm3","Acdp3|Clp3|mACDP3","cyclin M3","protein-coding"]
[477,"Peak_486",-0.151748995423543,-0.307360736718952,-0.155611741295409,3.57845820144636,"NO","NO","NO",0.78892170245869,0.593153098162258,0.724305106524694,0.996451548154072,0.931796114710206,0.999908874757857,"chr1",36558047,36558445,"+",0,"NA","intron (NM_033570, intron 5 of 6)","intron (NM_033570, intron 5 of 6)",-10466,"NM_053186",94218,"Mm.256323","NM_053186","ENSMUSG00000001138","Cnnm3","Acdp3|Clp3|mACDP3","cyclin M3","protein-coding"]
[478,"Peak_487",0.0664174020832456,0.431353526512415,0.364936124429169,5.10815409180391,"NO","NO","NO",0.869093895789181,0.279002911704382,0.254154571272418,0.996451548154072,0.823294405403191,0.999908874757857,"chr1",36568875,36569273,"+",0,"NA","exon (NM_001039551, exon 1 of 9)","exon (NM_001039551, exon 1 of 9)",362,"NM_001039551",94218,"Mm.256323","NM_053186","ENSMUSG00000001138","Cnnm3","Acdp3|Clp3|mACDP3","cyclin M3","protein-coding"]
[479,"Peak_488",-0.478726239394296,-0.458454001991478,0.020272237402818,3.84751858387344,"NO","NO","NO",0.309681211873285,0.335401483326801,0.954587002385529,0.959925552157071,0.852777307330152,0.999908874757857,"chr1",36591423,36591821,"+",0,"NA","intron (NM_001310521, intron 1 of 8)","intron (NM_001310521, intron 1 of 8)",962,"NM_153502",78321,"Mm.41421","NM_153502","ENSMUSG00000067653","Ankrd23","1110058D09Rik|2310041C05Rik|AI853437|Darp|MARP3","ankyrin repeat domain 23","protein-coding"]
[480,"Peak_489",-0.086610701028653,-0.0292096288272028,0.0574010722014502,6.35671509841964,"NO","NO","NO",0.814765140945812,0.937187262999067,0.866328211777848,0.996451548154072,0.991143504812035,0.999908874757857,"chr1",36603930,36604328,"+",0,"NA","promoter-TSS (NM_001310533)","promoter-TSS (NM_001310533)",-32,"NM_001310533",109346,"Mm.247537","NM_026241","ENSMUSG00000079610","Ankrd39","9130416N05Rik|C030004B10Rik","ankyrin repeat domain 39","protein-coding"]
[481,"Peak_490",-0.309343145534429,-0.399962019019616,-0.090618873485187,5.77363359675758,"NO","NO","NO",0.393154105201443,0.272295915757907,0.780447618696724,0.974743574295405,0.818855824480768,0.999908874757857,"chr1",36614190,36614588,"+",0,"NA","promoter-TSS (NM_001304330)","promoter-TSS (NM_001304330)",13,"NM_001304329",20353,"Mm.29558","NM_001126047","ENSMUSG00000026121","Sema4c","AI426163|M-Sema F|Semacl1|Semaf|Semai|sema I","sema domain, immunoglobulin domain (Ig), transmembrane domain (TM) and short cytoplasmic domain, (semaphorin) 4C","protein-coding"]
[482,"Peak_491",0.186916896441023,0.0624227235578544,-0.124494172883168,2.98645552235307,"NO","NO","NO",0.805666818952016,0.935008964396478,0.830349044402886,0.996451548154072,0.990517232827126,0.999908874757857,"chr1",36625010,36625408,"+",0,"NA","intron (NM_001126046, intron 12 of 14)","intron (NM_001126046, intron 12 of 14)",-9983,"NM_001126047",20353,"Mm.29558","NM_001126047","ENSMUSG00000026121","Sema4c","AI426163|M-Sema F|Semacl1|Semaf|Semai|sema I","sema domain, immunoglobulin domain (Ig), transmembrane domain (TM) and short cytoplasmic domain, (semaphorin) 4C","protein-coding"]
[483,"Peak_492",0.73538280712109,0.541284708729918,-0.194098098391172,3.00389794242619,"NO","NO","NO",0.342193790525035,0.490590696950891,0.713377583146908,0.968859806653915,0.907610187989643,0.999908874757857,"chr1",36631014,36631412,"+",0,"NA","intron (NM_001126046, intron 12 of 14)","intron (NM_001126046, intron 12 of 14)",-15987,"NM_001126047",20353,"Mm.29558","NM_001126047","ENSMUSG00000026121","Sema4c","AI426163|M-Sema F|Semacl1|Semaf|Semai|sema I","sema domain, immunoglobulin domain (Ig), transmembrane domain (TM) and short cytoplasmic domain, (semaphorin) 4C","protein-coding"]
[484,"Peak_493",0.391776180765388,0.0589534428737493,-0.332822737891639,4.48076257372938,"NO","NO","NO",0.354931704326892,0.892283032099769,0.276571529452919,0.970570941478962,0.984215028354232,0.999908874757857,"chr1",36637132,36637530,"+",0,"NA","intron (NM_001126046, intron 11 of 14)","intron (NM_001126046, intron 11 of 14)",12846,"NM_027957",381337,"Mm.17413","NM_027957","ENSMUSG00000046337","Fam178b","1700024G10Rik|Gm990","family with sequence similarity 178, member B","protein-coding"]
[485,"Peak_494",0.317929455161649,0.255042903518627,-0.0628865516430219,3.65790776006065,"NO","NO","NO",0.61618407169881,0.689103161686159,0.896315485681807,0.990629663238998,0.953223498713085,0.999908874757857,"chr1",36670475,36670873,"+",0,"NA","intron (NM_201365, intron 6 of 9)","intron (NM_201365, intron 6 of 9)",-20497,"NM_027957",381337,"Mm.17413","NM_027957","ENSMUSG00000046337","Fam178b","1700024G10Rik|Gm990","family with sequence similarity 178, member B","protein-coding"]
[486,"Peak_495",0.730181998497441,0.512923917113715,-0.217258081383726,3.24228226285167,"NO","NO","NO",0.319982623132901,0.490579578881306,0.675455312150354,0.961869032957783,0.907610187989643,0.999908874757857,"chr1",36677551,36677949,"+",0,"NA","intron (NM_201365, intron 6 of 9)","intron (NM_201365, intron 6 of 9)",-27573,"NM_027957",381337,"Mm.17413","NM_027957","ENSMUSG00000046337","Fam178b","1700024G10Rik|Gm990","family with sequence similarity 178, member B","protein-coding"]
[487,"Peak_496",0.32842929897264,-0.214303640410047,-0.542732939382688,4.27943342907573,"NO","NO","NO",0.438633698251908,0.630201845994482,0.0742164539646467,0.978196298037294,0.9421751234061,0.999908874757857,"chr1",36691721,36692119,"+",0,"NA","intron (NM_201365, intron 5 of 9)","intron (NM_201365, intron 5 of 9)",-41743,"NM_027957",381337,"Mm.17413","NM_027957","ENSMUSG00000046337","Fam178b","1700024G10Rik|Gm990","family with sequence similarity 178, member B","protein-coding"]
[488,"Peak_497",1.27718765795274,0.68550467363465,-0.591682984318095,3.54722125662406,"NO","NO","NO",0.0794818942742488,0.363059505573767,0.259767160713475,0.911408110368333,0.86276020049032,0.999908874757857,"chr1",36713712,36714110,"+",0,"NA","intron (NM_201365, intron 3 of 9)","intron (NM_201365, intron 3 of 9)",26117,"NM_001126046",381337,"Mm.17413","NM_027957","ENSMUSG00000046337","Fam178b","1700024G10Rik|Gm990","family with sequence similarity 178, member B","protein-coding"]
[489,"Peak_498",0.177086859292807,0.881229428631922,0.704142569339115,2.29987858340001,"NO","NO","NO",0.852210164575287,0.33050672423309,0.208932031105065,0.996451548154072,0.850490601113517,0.999908874757857,"chr1",36729743,36730141,"+",0,"NA","intron (NM_201365, intron 1 of 9)","intron (NM_201365, intron 1 of 9)",10086,"NM_001126046",381337,"Mm.17413","NM_027957","ENSMUSG00000046337","Fam178b","1700024G10Rik|Gm990","family with sequence similarity 178, member B","protein-coding"]
[490,"Peak_499",0.504875020528798,0.47521034584257,-0.0296646746862273,4.25314644874496,"NO","NO","NO",0.262733825876044,0.298186766930567,0.918851216013668,0.958940109069088,0.833432918970158,0.999908874757857,"chr1",36740998,36741396,"+",0,"NA","Intergenic","Intergenic",-1169,"NM_201365",381337,"Mm.17413","NM_027957","ENSMUSG00000046337","Fam178b","1700024G10Rik|Gm990","family with sequence similarity 178, member B","protein-coding"]
[491,"Peak_500",1.03495710225746,1.33307870158651,0.298121599329052,4.91992199788811,"NO","UP","NO",0.0286071488249513,0.00447997027750306,0.372201963359637,0.840371273086421,0.280270682626374,0.999908874757857,"chr1",36748207,36748605,"+",0,"NA","promoter-TSS (NM_009942)","promoter-TSS (NM_009942)",74,"NM_009942",12859,"Mm.180182","NM_009942","ENSMUSG00000061518","Cox5b","-","cytochrome c oxidase subunit Vb","protein-coding"]
[492,"Peak_501",-0.143552140480438,-0.0488672203040434,0.0946849201763942,5.40241623380126,"NO","NO","NO",0.693429103238322,0.893506563951948,0.756251151839417,0.994017516412353,0.984215028354232,0.999908874757857,"chr1",36766403,36766801,"+",0,"NA","intron (NM_146107, intron 1 of 10)","CpG",168,"NM_146107",226977,"Mm.28521","NM_146107","ENSMUSG00000037351","Actr1b","2310066K23Rik|AA960180|AI851923|Arp1b","ARP1 actin-related protein 1B, centractin beta","protein-coding"]
[493,"Peak_502",-0.0248007418983497,-0.16736937357239,-0.14256863167404,3.32904375743344,"NO","NO","NO",0.965896719362962,0.777741292226869,0.727987166767979,0.998900380576782,0.968107439671413,0.999908874757857,"chr1",36794208,36794606,"+",0,"NA","intron (NR_040290, intron 5 of 8)","intron (NR_040290, intron 5 of 8)",23024,"NR_040290",71166,"Mm.157049","NR_040290","ENSMUSG00000102416","4933424G06Rik","1700104I15Rik","RIKEN cDNA 4933424G06 gene","ncRNA"]
[494,"Peak_503",-0.240195266796494,-0.533014117375355,-0.292818850578861,3.76595640553234,"NO","NO","NO",0.607650662792961,0.272096943070372,0.390948347993367,0.990629663238998,0.8187941261702,0.999908874757857,"chr1",36801316,36801714,"+",0,"NA","intron (NR_040290, intron 7 of 8)","intron (NR_040290, intron 7 of 8)",-17128,"NM_009539",22637,"Mm.8038","NM_009539","ENSMUSG00000026117","Zap70","Srk|ZAP-70|mrtle|mur","zeta-chain (TCR) associated protein kinase","protein-coding"]
[495,"Peak_504",0.582291163477138,0.522560056754865,-0.0597311067222736,3.14262373308946,"NO","NO","NO",0.460077578829529,0.508813080901794,0.919039002628497,0.979860780201896,0.911579669541933,0.999908874757857,"chr1",36827754,36828152,"+",0,"NA","exon (NM_001289766, exon 2 of 13)","exon (NM_001289766, exon 2 of 13)",4174,"NM_001289765",22637,"Mm.8038","NM_009539","ENSMUSG00000026117","Zap70","Srk|ZAP-70|mrtle|mur","zeta-chain (TCR) associated protein kinase","protein-coding"]
[496,"Peak_505",0.703320547474475,1.11946123690773,0.416140689433254,3.66786954046428,"NO","NO","NO",0.274074830698625,0.0770910725253237,0.317368722978927,0.959925552157071,0.635638259578444,0.999908874757857,"chr1",36841822,36842220,"+",0,"NA","Intergenic","MIR|SINE|MIR",6192,"NM_001289612",22637,"Mm.8038","NM_009539","ENSMUSG00000026117","Zap70","Srk|ZAP-70|mrtle|mur","zeta-chain (TCR) associated protein kinase","protein-coding"]
[497,"Peak_506",0.444037588212121,1.61792719476172,1.1738896065496,2.25293722001073,"NO","NO","NO",0.702754459114806,0.129985988551115,0.0896269726796999,0.995098086087644,0.705501333365588,0.999908874757857,"chr1",36870378,36870776,"+",0,"NA","intron (NM_018872, intron 25 of 40)","PB1D9|SINE|Alu",34748,"NM_001289612",22637,"Mm.8038","NM_009539","ENSMUSG00000026117","Zap70","Srk|ZAP-70|mrtle|mur","zeta-chain (TCR) associated protein kinase","protein-coding"]
[498,"Peak_507",0.572383157131772,0.616901419889858,0.044518262758086,3.4152555110303,"NO","NO","NO",0.374392822798044,0.341731342842517,0.916264646996445,0.972397593291388,0.85473957019643,0.999908874757857,"chr1",36945884,36946282,"+",0,"NA","intron (NM_018872, intron 2 of 40)","intron (NM_018872, intron 2 of 40)",50289,"NM_018872",56030,"Mm.186943","NM_018872","ENSMUSG00000026116","Tmem131","2610524E03Rik|CC28|D1Bwg0491e|Neg|RW1|YR-23|mKIAA0257","transmembrane protein 131","protein-coding"]
[499,"Peak_508",0.166913014260873,0.145474949071576,-0.0214380651892974,3.08595817848829,"NO","NO","NO",0.819361054387126,0.844770008575078,0.967953803530059,0.996451548154072,0.977494282942532,0.999908874757857,"chr1",36975616,36976014,"+",0,"NA","intron (NM_018872, intron 1 of 40)","intron (NM_018872, intron 1 of 40)",20557,"NM_018872",56030,"Mm.186943","NM_018872","ENSMUSG00000026116","Tmem131","2610524E03Rik|CC28|D1Bwg0491e|Neg|RW1|YR-23|mKIAA0257","transmembrane protein 131","protein-coding"]
[500,"Peak_509",0.172183013092749,0.300357646157827,0.128174633065078,3.13229941951491,"NO","NO","NO",0.796565816462314,0.65301375059936,0.774704288668084,0.996451548154072,0.946631854689204,0.999908874757857,"chr1",36977094,36977492,"+",0,"NA","intron (NM_018872, intron 1 of 40)","intron (NM_018872, intron 1 of 40)",19079,"NM_018872",56030,"Mm.186943","NM_018872","ENSMUSG00000026116","Tmem131","2610524E03Rik|CC28|D1Bwg0491e|Neg|RW1|YR-23|mKIAA0257","transmembrane protein 131","protein-coding"]
[501,"Peak_510",0.620178855463665,0.794278245924349,0.174099390460684,5.44025997276811,"NO","NO","NO",0.111389560223129,0.0411257568926917,0.564686354862184,0.922438979891728,0.549096016456388,0.999908874757857,"chr1",36996195,36996593,"+",0,"NA","promoter-TSS (NM_018872)","promoter-TSS (NM_018872)",-22,"NM_018872",56030,"Mm.186943","NM_018872","ENSMUSG00000026116","Tmem131","2610524E03Rik|CC28|D1Bwg0491e|Neg|RW1|YR-23|mKIAA0257","transmembrane protein 131","protein-coding"]
[502,"Peak_511",1.67107119826852,1.2118609346545,-0.459210263614024,3.0544508315041,"NO","NO","NO",0.0508145951408901,0.172037329230494,0.376144448060048,0.888269289913857,0.747345386118607,0.999908874757857,"chr1",37006432,37006830,"+",0,"NA","Intergenic","Intergenic",-10259,"NM_018872",56030,"Mm.186943","NM_018872","ENSMUSG00000026116","Tmem131","2610524E03Rik|CC28|D1Bwg0491e|Neg|RW1|YR-23|mKIAA0257","transmembrane protein 131","protein-coding"]
[503,"Peak_512",-0.263768217338262,-1.06276333636295,-0.798995119024686,3.42627298872506,"NO","NO","NO",0.631666632937587,0.0696071104166206,0.0744433732140754,0.991155571163017,0.623081422380168,0.999908874757857,"chr1",37019622,37020020,"+",0,"NA","Intergenic","Intergenic",-23449,"NM_018872",56030,"Mm.186943","NM_018872","ENSMUSG00000026116","Tmem131","2610524E03Rik|CC28|D1Bwg0491e|Neg|RW1|YR-23|mKIAA0257","transmembrane protein 131","protein-coding"]
[504,"Peak_513",-0.870044921395643,-0.542873113576091,0.327171807819552,3.13396827833757,"NO","NO","NO",0.143319750374587,0.356094662694915,0.469824106969294,0.943529907756132,0.860503119647835,0.999908874757857,"chr1",37042647,37043045,"+",0,"NA","Intergenic","Intergenic",-46474,"NM_018872",56030,"Mm.186943","NM_018872","ENSMUSG00000026116","Tmem131","2610524E03Rik|CC28|D1Bwg0491e|Neg|RW1|YR-23|mKIAA0257","transmembrane protein 131","protein-coding"]
[505,"Peak_514",1.2396437026923,1.17486376908066,-0.0647799336116369,2.82484067111461,"NO","NO","NO",0.150006529445565,0.179002251964688,0.896587399323692,0.943529907756132,0.752347856133015,0.999908874757857,"chr1",37043764,37044162,"+",0,"NA","Intergenic","L1M7|LINE|L1",-47591,"NM_018872",56030,"Mm.186943","NM_018872","ENSMUSG00000026116","Tmem131","2610524E03Rik|CC28|D1Bwg0491e|Neg|RW1|YR-23|mKIAA0257","transmembrane protein 131","protein-coding"]
[506,"Peak_515",0.273374202039455,0.324835973908785,0.0514617718693299,5.45375364085355,"NO","NO","NO",0.571184012429434,0.502429547296819,0.905171816374123,0.989871165956955,0.909766740906097,0.999908874757857,"chr1",37085919,37086317,"+",0,"NA","Intergenic","CpG",-89746,"NM_018872",56030,"Mm.186943","NM_018872","ENSMUSG00000026116","Tmem131","2610524E03Rik|CC28|D1Bwg0491e|Neg|RW1|YR-23|mKIAA0257","transmembrane protein 131","protein-coding"]
[507,"Peak_516",-0.0979313731448752,0.11653509846649,0.214466471611365,2.95322034431593,"NO","NO","NO",0.886777484524845,0.864767847325722,0.649991019223317,0.996451548154072,0.979205248021985,0.999908874757857,"chr1",37154387,37154785,"+",0,"NA","Intergenic","Intergenic",-120537,"NM_001282010",12790,"Mm.214224","NM_009918","ENSMUSG00000026114","Cnga3","CNG3","cyclic nucleotide gated channel alpha 3","protein-coding"]
[508,"Peak_517",-0.0932795127637004,0.405188797421101,0.498468310184801,2.87280396044694,"NO","NO","NO",0.899881729350016,0.575280880004808,0.321469984506683,0.997221326055091,0.927895318513934,0.999908874757857,"chr1",37156480,37156878,"+",0,"NA","Intergenic","Intergenic",-118444,"NM_001282010",12790,"Mm.214224","NM_009918","ENSMUSG00000026114","Cnga3","CNG3","cyclic nucleotide gated channel alpha 3","protein-coding"]
[509,"Peak_518",0.452070658186419,0.464148624619335,0.0120779664329163,3.31042869237794,"NO","NO","NO",0.475039623046311,0.467837391428843,0.976224639098074,0.981354648171669,0.900157540340625,0.999908874757857,"chr1",37275267,37275665,"+",0,"NA","promoter-TSS (NM_009918)","promoter-TSS (NM_009918)",343,"NM_001282010",12790,"Mm.214224","NM_009918","ENSMUSG00000026114","Cnga3","CNG3","cyclic nucleotide gated channel alpha 3","protein-coding"]
[510,"Peak_519",1.65159656744428,2.4953512593266,0.843754691882319,2.25057090866159,"NO","NO","NO",0.213935842592997,0.0434106553594889,0.192542801062945,0.953494236567625,0.555310328034325,0.999908874757857,"chr1",37288177,37288575,"+",0,"NA","intron (NM_001282010, intron 2 of 7)","intron (NM_001282010, intron 2 of 7)",12326,"NM_009918",12790,"Mm.214224","NM_009918","ENSMUSG00000026114","Cnga3","CNG3","cyclic nucleotide gated channel alpha 3","protein-coding"]
[511,"Peak_520",-0.31679888180879,-0.778694782840097,-0.461895901031308,2.129115427706,"NO","NO","NO",0.714377937236215,0.388487129903537,0.486832567484245,0.995643459574037,0.875470639578791,0.999908874757857,"chr1",37294265,37294663,"+",0,"NA","intron (NM_009918, intron 2 of 5)","intron (NM_009918, intron 2 of 5)",18414,"NM_009918",12790,"Mm.214224","NM_009918","ENSMUSG00000026114","Cnga3","CNG3","cyclic nucleotide gated channel alpha 3","protein-coding"]
[512,"Peak_521",0.599970700349756,0.673529754756795,0.0735590544070387,2.73027278275964,"NO","NO","NO",0.458288006813662,0.406916087497321,0.882417108366414,0.979463621151031,0.880663139503986,0.999908874757857,"chr1",37307495,37307893,"+",0,"NA","intron (NM_001282010, intron 5 of 7)","intron (NM_001282010, intron 5 of 7)",31644,"NM_009918",12790,"Mm.214224","NM_009918","ENSMUSG00000026114","Cnga3","CNG3","cyclic nucleotide gated channel alpha 3","protein-coding"]
[513,"Peak_522",0.733565255279563,0.741518341872166,0.00795308659260296,2.4355352382892,"NO","NO","NO",0.437132037638734,0.433671533836123,0.988646904159513,0.978133340845919,0.889145314823229,0.999908874757857,"chr1",37310711,37311109,"+",0,"NA","intron (NM_001282010, intron 6 of 7)","intron (NM_001282010, intron 6 of 7)",34860,"NM_009918",12790,"Mm.214224","NM_009918","ENSMUSG00000026114","Cnga3","CNG3","cyclic nucleotide gated channel alpha 3","protein-coding"]
[514,"Peak_523",0.94209525142673,0.68909640356036,-0.25299884786637,2.83634557382377,"NO","NO","NO",0.291316691683544,0.446044326240623,0.689490572904086,0.959925552157071,0.893669730594221,0.999908874757857,"chr1",37329218,37329616,"+",0,"NA","Intergenic","Intergenic",-27266,"NM_001290797",269180,"Mm.5294","NM_030266","ENSMUSG00000026113","Inpp4a","107kDa|9630012D15|D130048C09Rik|R74740","inositol polyphosphate-4-phosphatase, type I","protein-coding"]
[515,"Peak_524",-0.5133908976523,-0.202383202219156,0.311007695433143,5.06126640494467,"NO","NO","NO",0.19096913399815,0.605275060445751,0.348839941215086,0.952872791523057,0.935041207232682,0.999908874757857,"chr1",37356670,37357068,"+",0,"NA","5' UTR (NM_030266, exon 1 of 26)","5' UTR (NM_030266, exon 1 of 26)",186,"NM_030266",269180,"Mm.5294","NM_030266","ENSMUSG00000026113","Inpp4a","107kDa|9630012D15|D130048C09Rik|R74740","inositol polyphosphate-4-phosphatase, type I","protein-coding"]
[516,"Peak_525",-0.837337906779113,-0.350614670687813,0.4867232360913,2.85557217918641,"NO","NO","NO",0.256308516936853,0.628201548871429,0.405876627762455,0.9584185922148,0.942068399811008,0.999908874757857,"chr1",37393465,37393863,"+",0,"NA","intron (NM_001290797, intron 1 of 25)","intron (NM_001290797, intron 1 of 25)",-32398,"NM_001290799",269180,"Mm.5294","NM_030266","ENSMUSG00000026113","Inpp4a","107kDa|9630012D15|D130048C09Rik|R74740","inositol polyphosphate-4-phosphatase, type I","protein-coding"]
[517,"Peak_526",0.675902395222634,1.35706139369223,0.681158998469601,3.0342731082074,"NO","NO","NO",0.444606680918622,0.109442111122677,0.250170568583203,0.978344677090796,0.68128797916151,0.999908874757857,"chr1",37407703,37408101,"+",0,"NA","intron (NM_001290797, intron 1 of 25)","intron (NM_001290797, intron 1 of 25)",-18160,"NM_001290799",269180,"Mm.5294","NM_030266","ENSMUSG00000026113","Inpp4a","107kDa|9630012D15|D130048C09Rik|R74740","inositol polyphosphate-4-phosphatase, type I","protein-coding"]
[518,"Peak_527",0.0686770049483002,0.274857849555199,0.206180844606898,3.22983370770294,"NO","NO","NO",0.917667334363165,0.677434591567729,0.661891563883525,0.997828151316618,0.951047438717551,0.999908874757857,"chr1",37435916,37436314,"+",0,"NA","intron (NM_172971, intron 6 of 15)","intron (NM_172971, intron 6 of 15)",10053,"NM_172971",269180,"Mm.5294","NM_030266","ENSMUSG00000026113","Inpp4a","107kDa|9630012D15|D130048C09Rik|R74740","inositol polyphosphate-4-phosphatase, type I","protein-coding"]
[519,"Peak_528",2.02001257391552,2.01709730204883,-0.00291527186668573,2.14289433274399,"NO","NO","NO",0.119407015793116,0.120589344577718,0.997669332197637,0.930097992930264,0.697351086457666,0.999908874757857,"chr1",37466466,37466864,"+",0,"NA","3' UTR (NM_030266, exon 26 of 26)","3' UTR (NM_030266, exon 26 of 26)",20283,"NM_198006",76178,"Mm.28085","NM_198006","ENSMUSG00000026112","Coa5","1700001A24Rik|6330578E17Rik|Pet191","cytochrome C oxidase assembly factor 5","protein-coding"]
[520,"Peak_529",0.195786489968516,0.303197645584858,0.107411155616342,5.60614938138413,"NO","NO","NO",0.616215519390804,0.438551335797612,0.747805392680543,0.990629663238998,0.891441655198158,0.999908874757857,"chr1",37486782,37487180,"+",0,"NA","promoter-TSS (NM_198006)","promoter-TSS (NM_198006)",-33,"NM_198006",76178,"Mm.28085","NM_198006","ENSMUSG00000026112","Coa5","1700001A24Rik|6330578E17Rik|Pet191","cytochrome C oxidase assembly factor 5","protein-coding"]
[521,"Peak_530",0.842612581432412,0.0542933368576028,-0.788319244574809,2.63476784898537,"NO","NO","NO",0.301394484470959,0.950453629726558,0.149402287544219,0.959925552157071,0.992114606145815,0.999908874757857,"chr1",37557543,37557941,"+",0,"NA","intron (NM_173870, intron 2 of 15)","intron (NM_173870, intron 2 of 15)",-12292,"NR_024017",77633,"Mm.483177","NR_024017","ENSMUSG00000103948","4930594C11Rik","-","G1 to S phase transition pseudogene","pseudo"]
[522,"Peak_531",0.626631857511409,0.663378894401413,0.0367470368900041,2.40377896181791,"NO","NO","NO",0.50268594175795,0.48204436561226,0.949978237233214,0.984683579984827,0.905469334563889,0.999908874757857,"chr1",37569058,37569456,"+",0,"NA","intron (NM_173870, intron 2 of 15)","intron (NM_173870, intron 2 of 15)",-23807,"NR_024017",77633,"Mm.483177","NR_024017","ENSMUSG00000103948","4930594C11Rik","-","G1 to S phase transition pseudogene","pseudo"]
[523,"Peak_532",-0.310527240129896,0.0875302831058577,0.398057523235753,5.48835073458987,"NO","NO","NO",0.393463399427097,0.808626329511108,0.194809505659726,0.975123369441708,0.97222428836372,0.999908874757857,"chr1",37597574,37597972,"+",0,"NA","promoter-TSS (NM_173870)","promoter-TSS (NM_173870)",88,"NM_173870",269181,"Mm.25861","NM_173870","ENSMUSG00000026110","Mgat4a","9530018I07Rik|GnT-IVa|glcNAc-T-IVa","mannoside acetylglucosaminyltransferase 4, isoenzyme A","protein-coding"]
[524,"Peak_533",0.016152369513597,-0.193822553747954,-0.209974923261551,2.16098222277922,"NO","NO","NO",0.985725914055458,0.829300491504946,0.725570451173122,0.999441379886603,0.974828717046856,0.999908874757857,"chr1",37622273,37622671,"+",0,"NA","Intergenic","Intergenic",-24611,"NM_173870",269181,"Mm.25861","NM_173870","ENSMUSG00000026110","Mgat4a","9530018I07Rik|GnT-IVa|glcNAc-T-IVa","mannoside acetylglucosaminyltransferase 4, isoenzyme A","protein-coding"]
[525,"Peak_534",0.80803067307378,-0.631620811337146,-1.43965148441093,2.44319210256676,"NO","NO","NO",0.359443647917824,0.517375045255323,0.0310428504031838,0.971106104672636,0.912795037915723,0.999908874757857,"chr1",37656834,37657232,"+",0,"NA","Intergenic","MLT1B|LTR|MaLR",-59172,"NM_173870",269181,"Mm.25861","NM_173870","ENSMUSG00000026110","Mgat4a","9530018I07Rik|GnT-IVa|glcNAc-T-IVa","mannoside acetylglucosaminyltransferase 4, isoenzyme A","protein-coding"]
[526,"Peak_535",-0.4961759243384,-0.781154318308554,-0.284978393970153,3.9414839659085,"NO","NO","NO",0.299875678091248,0.113143334709079,0.467176305076852,0.959925552157071,0.686666787210071,0.999908874757857,"chr1",37673313,37673711,"+",0,"NA","intron (NM_028096, intron 7 of 9)","intron (NM_028096, intron 7 of 9)",-75651,"NM_173870",269181,"Mm.25861","NM_173870","ENSMUSG00000026110","Mgat4a","9530018I07Rik|GnT-IVa|glcNAc-T-IVa","mannoside acetylglucosaminyltransferase 4, isoenzyme A","protein-coding"]
[527,"Peak_536",-0.803001413964679,-0.590662107377397,0.212339306587282,3.23661714753042,"NO","NO","NO",0.17600621532399,0.321201250257347,0.65026475006999,0.951190091097073,0.844623904624015,0.999908874757857,"chr1",37696047,37696445,"+",0,"NA","intron (NM_028096, intron 2 of 9)","intron (NM_028096, intron 2 of 9)",80410,"NM_028096",72097,"Mm.142607","NM_028096","ENSMUSG00000026090","2010300C02Rik","-","RIKEN cDNA 2010300C02 gene","protein-coding"]
[528,"Peak_537",1.14631130117975,1.15293169984685,0.00662039866710133,3.4281778215791,"NO","NO","NO",0.0992355679662116,0.100956234950208,0.987817071830386,0.916348369564783,0.66905440247368,0.999908874757857,"chr1",37723418,37723816,"+",0,"NA","intron (NM_028096, intron 1 of 9)","intron (NM_028096, intron 1 of 9)",53039,"NM_028096",72097,"Mm.142607","NM_028096","ENSMUSG00000026090","2010300C02Rik","-","RIKEN cDNA 2010300C02 gene","protein-coding"]
[529,"Peak_538",0.0802079577477143,-0.178508004151205,-0.25871596189892,3.05212196513614,"NO","NO","NO",0.907982702091981,0.799719421308867,0.62030873969255,0.997799251783824,0.970171577815851,0.999908874757857,"chr1",37735217,37735615,"+",0,"NA","intron (NM_028096, intron 1 of 9)","intron (NM_028096, intron 1 of 9)",41240,"NM_028096",72097,"Mm.142607","NM_028096","ENSMUSG00000026090","2010300C02Rik","-","RIKEN cDNA 2010300C02 gene","protein-coding"]
[530,"Peak_539",-0.347781227113425,-0.226147058860386,0.12163416825304,4.67123199533484,"NO","NO","NO",0.38053071372083,0.570084766982218,0.696409653145422,0.972397593291388,0.926713137194838,0.999908874757857,"chr1",37744439,37744837,"+",0,"NA","intron (NM_028096, intron 1 of 9)","intron (NM_028096, intron 1 of 9)",32018,"NM_028096",72097,"Mm.142607","NM_028096","ENSMUSG00000026090","2010300C02Rik","-","RIKEN cDNA 2010300C02 gene","protein-coding"]
[531,"Peak_540",-0.485647489486614,-0.646623317850093,-0.160975828363479,4.4461199221645,"NO","NO","NO",0.214471291555468,0.105973265244365,0.604443785419574,0.953494236567625,0.677209969638564,0.999908874757857,"chr1",37751167,37751565,"+",0,"NA","intron (NM_028096, intron 1 of 9)","intron (NM_028096, intron 1 of 9)",25290,"NM_028096",72097,"Mm.142607","NM_028096","ENSMUSG00000026090","2010300C02Rik","-","RIKEN cDNA 2010300C02 gene","protein-coding"]
[532,"Peak_541",-0.601381254637822,-0.56676657092527,0.0346146837125525,3.84607540481565,"NO","NO","NO",0.20554549248344,0.237181573571952,0.925262312662228,0.953494236567625,0.797882477232265,0.999908874757857,"chr1",37755650,37756048,"+",0,"NA","intron (NM_028096, intron 1 of 9)","intron (NM_028096, intron 1 of 9)",20807,"NM_028096",72097,"Mm.142607","NM_028096","ENSMUSG00000026090","2010300C02Rik","-","RIKEN cDNA 2010300C02 gene","protein-coding"]
[533,"Peak_542",-0.553294072007743,0.0932979500846715,0.646592022092414,5.0175399573059,"NO","NO","NO",0.16989900882968,0.813157338651213,0.0530701240314412,0.947885026022086,0.972461739276123,0.999908874757857,"chr1",37776582,37776980,"+",0,"NA","promoter-TSS (NM_028096)","promoter-TSS (NM_028096)",-125,"NM_028096",72097,"Mm.142607","NM_028096","ENSMUSG00000026090","2010300C02Rik","-","RIKEN cDNA 2010300C02 gene","protein-coding"]
[534,"Peak_543",0.00546355684377574,-0.135933895063575,-0.14139745190735,4.56586035385064,"NO","NO","NO",0.98886077158344,0.734283724942023,0.625627635493228,0.999461632288631,0.96146727431426,0.999908874757857,"chr1",37799634,37800032,"+",0,"NA","Intergenic","Intergenic",-23177,"NM_028096",72097,"Mm.142607","NM_028096","ENSMUSG00000026090","2010300C02Rik","-","RIKEN cDNA 2010300C02 gene","protein-coding"]
[535,"Peak_544",-0.189756744305589,-0.024528958456908,0.165227785848681,6.97692322457079,"NO","NO","NO",0.614471667613743,0.948071582914937,0.64541369702759,0.990629663238998,0.992114606145815,0.999908874757857,"chr1",37921706,37922104,"+",0,"NA","promoter-TSS (NM_207228)","promoter-TSS (NM_207228)",22,"NM_207228",211484,"Mm.332756","NM_207228","ENSMUSG00000060771","Tsga10","4933432N21Rik|AI843383|Gm217|Mtsga10","testis specific 10","protein-coding"]
[536,"Peak_545",-0.0324806210449604,0.232549719262617,0.265030340307578,4.84393421317464,"NO","NO","NO",0.943520245206857,0.611585863681604,0.484595831686662,0.997839094325673,0.937039821005037,0.999908874757857,"chr1",37928971,37929369,"+",0,"NA","5' UTR (NM_001037918, exon 1 of 2)","5' UTR (NM_001037918, exon 1 of 2)",119,"NM_001037918",623661,"Mm.138000","NM_001037918","ENSMUSG00000037216","Lipt1","EG623661","lipoyltransferase 1","protein-coding"]
[537,"Peak_546",0.351288717626901,0.528996919767141,0.177708202140239,4.9605829921546,"NO","NO","NO",0.421407759621448,0.226352770728662,0.604437894841627,0.977408255892978,0.789805923700058,0.999908874757857,"chr1",37947079,37947477,"+",0,"NA","promoter-TSS (NM_026913)","promoter-TSS (NM_026913)",-22,"NM_026913",69028,"Mm.63984","NM_026913","ENSMUSG00000026088","Mitd1","1500032H18Rik","MIT, microtubule interacting and transport, domain containing 1","protein-coding"]
[538,"Peak_547",0.314706530076244,0.289173112713319,-0.0255334173629251,2.48843331146068,"NO","NO","NO",0.73023443972193,0.753046050128446,0.968633773491723,0.995739075798108,0.963623776905501,0.999908874757857,"chr1",37960030,37960428,"+",0,"NA","Intergenic","Intergenic",12831,"NM_027098",107734,"Mm.26614","NM_027098","ENSMUSG00000026087","Mrpl30","2310001L22Rik|MRP-L28|Rpml28","mitochondrial ribosomal protein L30","protein-coding"]
[539,"Peak_548",0.968940230120567,1.12254402546237,0.1536037953418,3.34825003011744,"NO","NO","NO",0.178192320960435,0.115634508828706,0.730039725689602,0.95136953655993,0.688838465428453,0.999908874757857,"chr1",37988647,37989045,"+",0,"NA","Intergenic","Intergenic",-15508,"NM_001033427",332427,"Mm.332981","NM_001033427","ENSMUSG00000061584","Lyg2","Gm776","lysozyme G-like 2","protein-coding"]
[540,"Peak_549",-1.34988148219702,-1.07021370218623,0.279667780010788,1.66795916749092,"NO","NO","NO",0.148238413200343,0.249364633264574,0.701313304095357,0.943529907756132,0.80555123676873,0.999908874757857,"chr1",38005683,38006081,"+",0,"NA","intron (NM_027111, intron 4 of 5)","intron (NM_027111, intron 4 of 5)",8722,"NM_027111",69541,"Mm.389117","NM_027111","ENSMUSG00000026085","Lyg1","2300002O18Rik","lysozyme G-like 1","protein-coding"]
[541,"Peak_550",-0.118669095515163,0.17142449614751,0.290093591662673,5.90604054690973,"NO","NO","NO",0.766326819611855,0.667741439066779,0.419896501170668,0.996451548154072,0.950067016569101,0.999908874757857,"chr1",38053842,38054240,"+",0,"NA","promoter-TSS (NM_198303)","promoter-TSS (NM_198303)",12,"NM_172054",98258,"Mm.28438","NM_172054","ENSMUSG00000058407","Txndc9","AI098020|APACD","thioredoxin domain containing 9","protein-coding"]
[542,"Peak_551",0.0647998359510482,0.107803750559229,0.0430039146081806,5.7569355208227,"NO","NO","NO",0.865646506207242,0.778901632770275,0.898272725148012,0.996451548154072,0.968210399185118,0.999908874757857,"chr1",38054860,38055258,"+",0,"NA","5' UTR (NM_198303, exon 1 of 24)","5' UTR (NM_198303, exon 1 of 24)",204,"NM_198303",226982,"Mm.260943","NM_198303","ENSMUSG00000026083","Eif5b","A030003E17Rik|BC018347|IF2","eukaryotic translation initiation factor 5B","protein-coding"]
[543,"Peak_552",-0.162841938084042,0.348228575645548,0.51107051372959,5.41244528236898,"NO","NO","NO",0.732080592765721,0.460059695080975,0.231927219776696,0.995754237914056,0.89857922166306,0.999908874757857,"chr1",38186243,38186641,"+",0,"NA","promoter-TSS (NM_019570)","promoter-TSS (NM_019570)",65,"NM_019570",56210,"Mm.389103","NM_019570","ENSMUSG00000026082","Rev1","1110027I23Rik|AU022044|Rev1l","REV1, DNA directed polymerase","protein-coding"]
[544,"Peak_553",-0.0174352399379388,-0.40319851249819,-0.385763272560251,3.27636610569303,"NO","NO","NO",0.975987796473346,0.50291238974336,0.351695301719585,0.999057618398854,0.909766740906097,0.999908874757857,"chr1",38215343,38215741,"+",0,"NA","Intergenic","Intergenic",-29035,"NM_019570",56210,"Mm.389103","NM_019570","ENSMUSG00000026082","Rev1","1110027I23Rik|AU022044|Rev1l","REV1, DNA directed polymerase","protein-coding"]
[545,"Peak_554",0.298265567599247,0.668763206636484,0.370497639037238,3.51919196286996,"NO","NO","NO",0.633023640651783,0.275249355269962,0.37088175540418,0.991155571163017,0.820843590326064,0.999908874757857,"chr1",38228644,38229042,"+",0,"NA","Intergenic","Intergenic",-42336,"NM_019570",56210,"Mm.389103","NM_019570","ENSMUSG00000026082","Rev1","1110027I23Rik|AU022044|Rev1l","REV1, DNA directed polymerase","protein-coding"]
[546,"Peak_555",-0.212678799215803,-0.29826427314711,-0.0855854739313069,3.3565158692342,"NO","NO","NO",0.711144687323674,0.60926019158335,0.838666768655478,0.995307688025279,0.936336367591492,0.999908874757857,"chr1",38237913,38238311,"+",0,"NA","exon (NM_001290814, exon 21 of 22)","exon (NM_001290814, exon 21 of 22)",-51605,"NM_019570",56210,"Mm.389103","NM_019570","ENSMUSG00000026082","Rev1","1110027I23Rik|AU022044|Rev1l","REV1, DNA directed polymerase","protein-coding"]
[547,"Peak_556",0.623527309302592,0.701633153388579,0.0781058440859871,3.03172516656582,"NO","NO","NO",0.38623834044859,0.331858075258731,0.858743462602149,0.973466858528724,0.851115009255156,0.999908874757857,"chr1",38242354,38242752,"+",0,"NA","intron (NM_001290814, intron 18 of 21)","intron (NM_001290814, intron 18 of 21)",-56046,"NM_019570",56210,"Mm.389103","NM_019570","ENSMUSG00000026082","Rev1","1110027I23Rik|AU022044|Rev1l","REV1, DNA directed polymerase","protein-coding"]
[548,"Peak_557",0.935493242377299,0.810332283313839,-0.12516095906346,2.94071644350327,"NO","NO","NO",0.237351219781819,0.316305304314462,0.797627465094602,0.956996614837851,0.843372881216705,0.999908874757857,"chr1",38270375,38270773,"+",0,"NA","intron (NM_001290814, intron 11 of 21)","intron (NM_001290814, intron 11 of 21)",-84067,"NM_019570",56210,"Mm.389103","NM_019570","ENSMUSG00000026082","Rev1","1110027I23Rik|AU022044|Rev1l","REV1, DNA directed polymerase","protein-coding"]
[549,"Peak_558",-0.519792201131377,-0.136695830629242,0.383096370502135,1.98727327183704,"NO","NO","NO",0.577974071314853,0.881922773502866,0.556232971031242,0.989995385640587,0.982954174491063,0.999908874757857,"chr1",38299365,38299763,"+",0,"NA","intron (NM_001290814, intron 10 of 21)","B4|SINE|B4",-113057,"NM_019570",56210,"Mm.389103","NM_019570","ENSMUSG00000026082","Rev1","1110027I23Rik|AU022044|Rev1l","REV1, DNA directed polymerase","protein-coding"]
[550,"Peak_559",1.07950936876508,1.23249148557399,0.152982116808903,3.16466198466874,"NO","NO","NO",0.166550684091331,0.1119199684012,0.743617777333985,0.94631447419109,0.685667243588156,0.999908874757857,"chr1",38319227,38319625,"+",0,"NA","intron (NM_001290814, intron 9 of 21)","intron (NM_001290814, intron 9 of 21)",-132919,"NM_019570",56210,"Mm.389103","NM_019570","ENSMUSG00000026082","Rev1","1110027I23Rik|AU022044|Rev1l","REV1, DNA directed polymerase","protein-coding"]
[551,"Peak_560",-0.121162038239081,-0.852395871094485,-0.731233832855404,3.31772124561085,"NO","NO","NO",0.82471410542702,0.145160740653542,0.0813564444821199,0.996451548154072,0.720483363883415,0.999908874757857,"chr1",38341914,38342312,"+",0,"NA","intron (NM_001290814, intron 8 of 21)","intron (NM_001290814, intron 8 of 21)",-155606,"NM_019570",56210,"Mm.389103","NM_019570","ENSMUSG00000026082","Rev1","1110027I23Rik|AU022044|Rev1l","REV1, DNA directed polymerase","protein-coding"]
[552,"Peak_561",-0.54441221531367,0.728044728332436,1.27245694364611,2.38497775835959,"NO","NO","NO",0.582155789245304,0.428634011808864,0.0707651608169063,0.98999712284686,0.887954520357842,0.999908874757857,"chr1",38349691,38350089,"+",0,"NA","intron (NM_001290814, intron 8 of 21)","intron (NM_001290814, intron 8 of 21)",-163383,"NM_019570",56210,"Mm.389103","NM_019570","ENSMUSG00000026082","Rev1","1110027I23Rik|AU022044|Rev1l","REV1, DNA directed polymerase","protein-coding"]
[553,"Peak_562",1.75720438300291,2.43586067531108,0.678656292308163,4.2756320919673,"UP","UP","NO",0.00673211779264497,{"v":8.40516069390656e-05,"d":"8.41E-05"},0.06110626203755,0.761028904327067,0.0483566905779074,0.999908874757857,"chr1",38364958,38365356,"+",0,"NA","intron (NM_001290814, intron 8 of 21)","intron (NM_001290814, intron 8 of 21)",-178650,"NM_019570",56210,"Mm.389103","NM_019570","ENSMUSG00000026082","Rev1","1110027I23Rik|AU022044|Rev1l","REV1, DNA directed polymerase","protein-coding"]
[554,"Peak_563",0.572904941729516,0.424578268695176,-0.14832667303434,2.24320158344275,"NO","NO","NO",0.547436599818988,0.661334924241608,0.809439314044811,0.988113766393189,0.948670221501362,0.999908874757857,"chr1",38391100,38391498,"+",0,"NA","intron (NM_001290814, intron 6 of 21)","intron (NM_001290814, intron 6 of 21)",-204792,"NM_019570",56210,"Mm.389103","NM_019570","ENSMUSG00000026082","Rev1","1110027I23Rik|AU022044|Rev1l","REV1, DNA directed polymerase","protein-coding"]
[555,"Peak_564",-0.588251600372178,-0.0913317089093877,0.496919891462791,2.25018652669198,"NO","NO","NO",0.47872519170419,0.910343248790129,0.38082652543586,0.981648566820123,0.986277891198667,0.999908874757857,"chr1",38441130,38441528,"+",0,"NA","intron (NM_001290814, intron 5 of 21)","intron (NM_001290814, intron 5 of 21)",242760,"NM_001290814",16764,"Mm.336679","NM_010678","ENSMUSG00000037138","Aff3","3222402O04Rik|A730046J16|LAF-4|Laf4","AF4/FMR2 family, member 3","protein-coding"]
[556,"Peak_565",-0.561165906416173,-0.0450140222597568,0.516151884156416,3.18506753133543,"NO","NO","NO",0.344870005413962,0.938051046293003,0.206213574671446,0.968973004742315,0.991143504812035,0.999908874757857,"chr1",38450431,38450829,"+",0,"NA","intron (NM_001290814, intron 5 of 21)","intron (NM_001290814, intron 5 of 21)",233459,"NM_001290814",16764,"Mm.336679","NM_010678","ENSMUSG00000037138","Aff3","3222402O04Rik|A730046J16|LAF-4|Laf4","AF4/FMR2 family, member 3","protein-coding"]
[557,"Peak_566",-0.390568134629876,-0.956989233114112,-0.566421098484235,4.43352217105135,"NO","NO","NO",0.328007125606659,0.0217336388125638,0.087983133449464,0.963726716282412,0.46779336751983,0.999908874757857,"chr1",38458816,38459214,"+",0,"NA","intron (NM_001290814, intron 5 of 21)","intron (NM_001290814, intron 5 of 21)",225074,"NM_001290814",16764,"Mm.336679","NM_010678","ENSMUSG00000037138","Aff3","3222402O04Rik|A730046J16|LAF-4|Laf4","AF4/FMR2 family, member 3","protein-coding"]
[558,"Peak_567",2.3151133684135,1.82430343579039,-0.490809932623103,2.25710155223267,"NO","NO","NO",0.0555163161482329,0.155232749959079,0.405110480830946,0.895148662088407,0.729630897147774,0.999908874757857,"chr1",38483799,38484197,"+",0,"NA","intron (NM_001290814, intron 4 of 21)","L3|LINE|CR1",200091,"NM_001290814",16764,"Mm.336679","NM_010678","ENSMUSG00000037138","Aff3","3222402O04Rik|A730046J16|LAF-4|Laf4","AF4/FMR2 family, member 3","protein-coding"]
[559,"Peak_568",-0.436122439046695,-0.431707669379702,0.0044147696669927,2.7713530934948,"NO","NO","NO",0.533147512010868,0.54130844112678,0.992992634586573,0.987705859993239,0.91984731542049,0.999908874757857,"chr1",38493293,38493691,"+",0,"NA","intron (NM_001290814, intron 4 of 21)","intron (NM_001290814, intron 4 of 21)",190597,"NM_001290814",16764,"Mm.336679","NM_010678","ENSMUSG00000037138","Aff3","3222402O04Rik|A730046J16|LAF-4|Laf4","AF4/FMR2 family, member 3","protein-coding"]
[560,"Peak_569",-0.250551908981385,-0.0983808852994233,0.152171023681962,2.79078461143377,"NO","NO","NO",0.749601952765668,0.899708727389848,0.801814364865442,0.996012642254204,0.984870488869342,0.999908874757857,"chr1",38507531,38507929,"+",0,"NA","intron (NM_001290814, intron 4 of 21)","intron (NM_001290814, intron 4 of 21)",176359,"NM_001290814",16764,"Mm.336679","NM_010678","ENSMUSG00000037138","Aff3","3222402O04Rik|A730046J16|LAF-4|Laf4","AF4/FMR2 family, member 3","protein-coding"]
[561,"Peak_570",0.817660337921201,0.370143064236227,-0.447517273684974,3.4286915767091,"NO","NO","NO",0.181298164786174,0.563803269630248,0.255678303492883,0.952872791523057,0.925635621100467,0.999908874757857,"chr1",38527295,38527693,"+",0,"NA","intron (NM_001290814, intron 4 of 21)","intron (NM_001290814, intron 4 of 21)",156595,"NM_001290814",16764,"Mm.336679","NM_010678","ENSMUSG00000037138","Aff3","3222402O04Rik|A730046J16|LAF-4|Laf4","AF4/FMR2 family, member 3","protein-coding"]
[562,"Peak_571",0.271325372655479,0.222993901325495,-0.0483314713299837,3.85820335474968,"NO","NO","NO",0.606884516232057,0.67635436282293,0.896191933620027,0.990629663238998,0.951019802727382,0.999908874757857,"chr1",38563380,38563778,"+",0,"NA","intron (NM_001290814, intron 4 of 21)","intron (NM_001290814, intron 4 of 21)",120510,"NM_001290814",16764,"Mm.336679","NM_010678","ENSMUSG00000037138","Aff3","3222402O04Rik|A730046J16|LAF-4|Laf4","AF4/FMR2 family, member 3","protein-coding"]
[563,"Peak_572",1.1734513667271,0.566542960064703,-0.606908406662393,2.06991083978659,"NO","NO","NO",0.282280088328771,0.621871057020146,0.380647807093947,0.959925552157071,0.939836838121543,0.999908874757857,"chr1",38584846,38585244,"+",0,"NA","intron (NM_001290814, intron 4 of 21)","intron (NM_001290814, intron 4 of 21)",99044,"NM_001290814",16764,"Mm.336679","NM_010678","ENSMUSG00000037138","Aff3","3222402O04Rik|A730046J16|LAF-4|Laf4","AF4/FMR2 family, member 3","protein-coding"]
[564,"Peak_573",-0.226659555672198,-0.507400208699682,-0.280740653027484,4.07119827806988,"NO","NO","NO",0.660400095764466,0.336510395812564,0.514189839769446,0.992128801173048,0.853252671133251,0.999908874757857,"chr1",38609765,38610163,"+",0,"NA","intron (NM_001290814, intron 1 of 21)","MLT1B|LTR|MaLR",74125,"NM_001290814",16764,"Mm.336679","NM_010678","ENSMUSG00000037138","Aff3","3222402O04Rik|A730046J16|LAF-4|Laf4","AF4/FMR2 family, member 3","protein-coding"]
[565,"Peak_574",0.457625218747853,-0.692735901561027,-1.15036112030888,3.2699415937958,"NO","NO","NO",0.477147126926407,0.317588757216749,0.0237359093254691,0.981629453947196,0.843736025294895,0.999908874757857,"chr1",38619401,38619799,"+",0,"NA","intron (NM_001290814, intron 1 of 21)","L2a|LINE|L2",64489,"NM_001290814",16764,"Mm.336679","NM_010678","ENSMUSG00000037138","Aff3","3222402O04Rik|A730046J16|LAF-4|Laf4","AF4/FMR2 family, member 3","protein-coding"]
[566,"Peak_575",0.114451381408299,-0.423462402473341,-0.53791378388164,2.86270345400137,"NO","NO","NO",0.873806268772452,0.576901782212524,0.324898958279128,0.996451548154072,0.928379491986868,0.999908874757857,"chr1",38628769,38629167,"+",0,"NA","intron (NM_001290814, intron 1 of 21)","intron (NM_001290814, intron 1 of 21)",55121,"NM_001290814",16764,"Mm.336679","NM_010678","ENSMUSG00000037138","Aff3","3222402O04Rik|A730046J16|LAF-4|Laf4","AF4/FMR2 family, member 3","protein-coding"]
[567,"Peak_576",1.35421392337749,1.84952387672975,0.495309953352267,2.69554737364297,"NO","NO","NO",0.21862969889618,0.0853087594937868,0.462011724373147,0.954504329026433,0.645107392867188,0.999908874757857,"chr1",38634950,38635348,"+",0,"NA","intron (NM_001290814, intron 1 of 21)","intron (NM_001290814, intron 1 of 21)",48940,"NM_001290814",16764,"Mm.336679","NM_010678","ENSMUSG00000037138","Aff3","3222402O04Rik|A730046J16|LAF-4|Laf4","AF4/FMR2 family, member 3","protein-coding"]
[568,"Peak_577",-0.876531943566476,-0.742577441010769,0.133954502555707,3.15335780878269,"NO","NO","NO",0.157653239457377,0.22951069095547,0.790623657184466,0.945829026096878,0.791837395977184,0.999908874757857,"chr1",38668426,38668824,"+",0,"NA","intron (NM_001290814, intron 1 of 21)","intron (NM_001290814, intron 1 of 21)",15464,"NM_001290814",16764,"Mm.336679","NM_010678","ENSMUSG00000037138","Aff3","3222402O04Rik|A730046J16|LAF-4|Laf4","AF4/FMR2 family, member 3","protein-coding"]
[569,"Peak_578",-0.19555964340728,0.239574361897153,0.435134005304433,4.99178672331733,"NO","NO","NO",0.625022280262625,0.543269017650453,0.172710411320789,0.991059621898655,0.920437589959103,0.999908874757857,"chr1",38684094,38684492,"+",0,"NA","promoter-TSS (NM_001290814)","promoter-TSS (NM_001290814)",-204,"NM_001290814",16764,"Mm.336679","NM_010678","ENSMUSG00000037138","Aff3","3222402O04Rik|A730046J16|LAF-4|Laf4","AF4/FMR2 family, member 3","protein-coding"]
[570,"Peak_579",-0.0142118010032689,-0.355365736454356,-0.341153935451087,3.15470134257522,"NO","NO","NO",0.982547414741246,0.594148282535168,0.483190531877257,0.999374808885173,0.93217435038698,0.999908874757857,"chr1",38692130,38692528,"+",0,"NA","Intergenic","Intergenic",-8240,"NM_001290814",16764,"Mm.336679","NM_010678","ENSMUSG00000037138","Aff3","3222402O04Rik|A730046J16|LAF-4|Laf4","AF4/FMR2 family, member 3","protein-coding"]
[571,"Peak_580",1.2173005544876,1.12917817940949,-0.0881223750781159,2.31120905663961,"NO","NO","NO",0.276818889345912,0.317043567169307,0.901508072993949,0.959925552157071,0.843518355282037,0.999908874757857,"chr1",38699077,38699475,"+",0,"NA","Intergenic","Intergenic",-15187,"NM_001290814",16764,"Mm.336679","NM_010678","ENSMUSG00000037138","Aff3","3222402O04Rik|A730046J16|LAF-4|Laf4","AF4/FMR2 family, member 3","protein-coding"]
[572,"Peak_581",0.139721865825737,0.881189991732259,0.741468125906522,2.28788485996466,"NO","NO","NO",0.883468135308463,0.329891048915793,0.185878497631494,0.996451548154072,0.849811449946482,0.999908874757857,"chr1",38714405,38714803,"+",0,"NA","Intergenic","Intergenic",-30515,"NM_001290814",16764,"Mm.336679","NM_010678","ENSMUSG00000037138","Aff3","3222402O04Rik|A730046J16|LAF-4|Laf4","AF4/FMR2 family, member 3","protein-coding"]
[573,"Peak_582",-0.238278802513211,0.0542729797361775,0.292551782249389,2.1617068734903,"NO","NO","NO",0.786824880310384,0.950403023768789,0.612208656933753,0.996451548154072,0.992114606145815,0.999908874757857,"chr1",38775752,38776150,"+",0,"NA","Intergenic","Intergenic",-91862,"NM_001290814",16764,"Mm.336679","NM_010678","ENSMUSG00000037138","Aff3","3222402O04Rik|A730046J16|LAF-4|Laf4","AF4/FMR2 family, member 3","protein-coding"]
[574,"Peak_583",0.666885115268042,-0.10298835907031,-0.769873474338352,3.92147959977828,"NO","NO","NO",0.166073634607479,0.842333321439904,0.0188053498764217,0.94631447419109,0.977460230305398,0.999908874757857,"chr1",38814762,38815160,"+",0,"NA","Intergenic","Intergenic",63099,"NM_001029878",381338,"Mm.487137","NM_028403","ENSMUSG00000048814","Lonrf2","2900060P06Rik|AI851349","LON peptidase N-terminal domain and ring finger 2","protein-coding"]
[575,"Peak_584",0.530830505598681,-0.0624683877488931,-0.593298893347574,3.31498647095859,"NO","NO","NO",0.422126630004492,0.927445512786142,0.227661452813751,0.977408255892978,0.988978325902249,0.999908874757857,"chr1",38817243,38817641,"+",0,"NA","Intergenic","Intergenic",60618,"NM_001029878",381338,"Mm.487137","NM_028403","ENSMUSG00000048814","Lonrf2","2900060P06Rik|AI851349","LON peptidase N-terminal domain and ring finger 2","protein-coding"]
[576,"Peak_585",-0.872703822612422,-1.33067486784646,-0.457971045234043,5.6224540426074,"NO","DOWN","NO",0.0168374234311118,0.000363330909952015,0.180915949112293,0.816379099096214,0.0963439938834076,0.999908874757857,"chr1",38823829,38824227,"+",0,"NA","Intergenic","Intergenic",54032,"NM_001029878",381338,"Mm.487137","NM_028403","ENSMUSG00000048814","Lonrf2","2900060P06Rik|AI851349","LON peptidase N-terminal domain and ring finger 2","protein-coding"]
[577,"Peak_586",-0.130338543404101,-0.0776986542200955,0.0526398891840053,3.77851943158203,"NO","NO","NO",0.789574540965921,0.87462112982894,0.876692463360414,0.996451548154072,0.9813179021706,0.999908874757857,"chr1",38824646,38825044,"+",0,"NA","Intergenic","Intergenic",53215,"NM_001029878",381338,"Mm.487137","NM_028403","ENSMUSG00000048814","Lonrf2","2900060P06Rik|AI851349","LON peptidase N-terminal domain and ring finger 2","protein-coding"]
[578,"Peak_587",-1.28483705331682,-1.37016695685565,-0.0853299035388263,2.8353319137789,"NO","NO","NO",0.100776984571832,0.0793979469212602,0.906269983786045,0.917104358205997,0.639543836981272,0.999908874757857,"chr1",38839145,38839543,"+",0,"NA","Intergenic","Intergenic",38716,"NM_001029878",381338,"Mm.487137","NM_028403","ENSMUSG00000048814","Lonrf2","2900060P06Rik|AI851349","LON peptidase N-terminal domain and ring finger 2","protein-coding"]
[579,"Peak_588",-0.449647220761193,-0.959398312679912,-0.50975109191872,3.24515364575409,"NO","NO","NO",0.48890364351782,0.149733087607526,0.359068872022654,0.983088920821324,0.725868881855943,0.999908874757857,"chr1",38844289,38844687,"+",0,"NA","Intergenic","Intergenic",33572,"NM_001029878",381338,"Mm.487137","NM_028403","ENSMUSG00000048814","Lonrf2","2900060P06Rik|AI851349","LON peptidase N-terminal domain and ring finger 2","protein-coding"]
[580,"Peak_589",-0.440828359715112,-0.705728384998295,-0.264900025283183,2.80758105802607,"NO","NO","NO",0.531603311973909,0.328986000352466,0.640226656942108,0.987425270131684,0.849402649305264,0.999908874757857,"chr1",38856217,38856615,"+",0,"NA","intron (NM_001029878, intron 10 of 10)","MLT1D|LTR|MaLR",21644,"NM_001029878",381338,"Mm.487137","NM_028403","ENSMUSG00000048814","Lonrf2","2900060P06Rik|AI851349","LON peptidase N-terminal domain and ring finger 2","protein-coding"]
[581,"Peak_590",-0.581852916049523,-0.610259860118192,-0.0284069440686689,4.51598793819734,"NO","NO","NO",0.132148486815859,0.119209157720206,0.926702460631555,0.935939022395776,0.69461202498772,0.999908874757857,"chr1",38892878,38893276,"+",0,"NA","Intergenic","CpG",-15017,"NM_001029878",381338,"Mm.487137","NM_028403","ENSMUSG00000048814","Lonrf2","2900060P06Rik|AI851349","LON peptidase N-terminal domain and ring finger 2","protein-coding"]
[582,"Peak_591",-0.330410168801529,-0.500770428437305,-0.170360259635776,2.60476623301819,"NO","NO","NO",0.654228434154798,0.507598342377493,0.759600734228264,0.992128801173048,0.911354643189728,0.999908874757857,"chr1",38904799,38905197,"+",0,"NA","Intergenic","Intergenic",-26938,"NM_001029878",381338,"Mm.487137","NM_028403","ENSMUSG00000048814","Lonrf2","2900060P06Rik|AI851349","LON peptidase N-terminal domain and ring finger 2","protein-coding"]
[583,"Peak_592",-1.53696055792426,-1.58764070903276,-0.0506801511085016,2.92296796536986,"NO","NO","NO",0.0122598927768212,0.0105764483591198,0.926004190678844,0.789931406387149,0.380728506406841,0.999908874757857,"chr1",38943868,38944266,"+",0,"NA","intron (NM_145142, intron 2 of 6)","intron (NM_145142, intron 2 of 6)",10938,"NM_145142",98388,"Mm.260054","NM_145142","ENSMUSG00000026080","Chst10","AI507003|AU041319|Hnk-1st|ST","carbohydrate sulfotransferase 10","protein-coding"]
[584,"Peak_593",-0.230785953851009,-0.583671168580035,-0.352885214729025,4.48256840666406,"NO","NO","NO",0.544010534685635,0.138781237600482,0.226015887478246,0.988113766393189,0.714189376484759,0.999908874757857,"chr1",38954404,38954802,"+",0,"NA","intron (NM_145142, intron 1 of 6)","intron (NM_145142, intron 1 of 6)",402,"NM_145142",98388,"Mm.260054","NM_145142","ENSMUSG00000026080","Chst10","AI507003|AU041319|Hnk-1st|ST","carbohydrate sulfotransferase 10","protein-coding"]
[585,"Peak_594",-0.118355705721673,-0.358601521635195,-0.240245815913523,2.56270798675768,"NO","NO","NO",0.879536590462603,0.654728248533126,0.679959746263541,0.996451548154072,0.946738858356646,0.999908874757857,"chr1",39037284,39037682,"+",0,"NA","Intergenic","Intergenic",-7176,"NM_026850",68833,"Mm.28121","NM_026850","ENSMUSG00000026078","Pdcl3","1110061A19Rik|C80025|Viaf1","phosducin-like 3","protein-coding"]
[586,"Peak_595",-0.26644698230528,-0.208585693072493,0.0578612892327866,6.066601044842,"NO","NO","NO",0.469314404669184,0.572414199379078,0.863209110176525,0.980807060184196,0.927266373812546,0.999908874757857,"chr1",39044253,39044651,"+",0,"NA","promoter-TSS (NM_026850)","promoter-TSS (NM_026850)",-207,"NM_026850",68833,"Mm.28121","NM_026850","ENSMUSG00000026078","Pdcl3","1110061A19Rik|C80025|Viaf1","phosducin-like 3","protein-coding"]
[587,"Peak_596",0.275262684955374,-0.0480175843780087,-0.323280269333383,3.49281898176089,"NO","NO","NO",0.624450204824424,0.93419621824442,0.410576429474002,0.991059621898655,0.990387649330979,0.999908874757857,"chr1",39058034,39058432,"+",0,"NA","Intergenic","Intergenic",13574,"NM_026850",68833,"Mm.28121","NM_026850","ENSMUSG00000026078","Pdcl3","1110061A19Rik|C80025|Viaf1","phosducin-like 3","protein-coding"]
[588,"Peak_597",-0.748302415632335,-0.481199623611962,0.267102792020373,3.64001511705241,"NO","NO","NO",0.139864388821356,0.340735133497377,0.495989483145365,0.939270636591233,0.854480368673916,0.999908874757857,"chr1",39067519,39067917,"+",0,"NA","Intergenic","Intergenic",23059,"NM_026850",68833,"Mm.28121","NM_026850","ENSMUSG00000026078","Pdcl3","1110061A19Rik|C80025|Viaf1","phosducin-like 3","protein-coding"]
[589,"Peak_598",0.419601855080556,-0.475976744284331,-0.895578599364887,3.15598058766848,"NO","NO","NO",0.497100303556675,0.476620433616323,0.044330809894679,0.983805374400986,0.903414154866613,0.999908874757857,"chr1",39081216,39081614,"+",0,"NA","Intergenic","Intergenic",36756,"NM_026850",68833,"Mm.28121","NM_026850","ENSMUSG00000026078","Pdcl3","1110061A19Rik|C80025|Viaf1","phosducin-like 3","protein-coding"]
[590,"Peak_599",0.0540231340880776,0.185591817617986,0.131568683529908,2.32903301345334,"NO","NO","NO",0.95463404321356,0.842316634629517,0.844187701560952,0.997869859577931,0.977460230305398,0.999908874757857,"chr1",39173227,39173625,"+",0,"NA","Intergenic","Intergenic",70411,"NR_105767",102466631,null,"NR_105767","ENSMUSG00000098833","Mir6349","Gm27558|mmu-mir-6349","microRNA 6349","ncRNA"]
[591,"Peak_600",0.287473607270615,0.100868290405621,-0.186605316864994,3.28616461231146,"NO","NO","NO",0.674014890265498,0.884583378129562,0.71387019013557,0.993474142907549,0.983663256152478,0.999908874757857,"chr1",39179780,39180178,"+",0,"NA","Intergenic","RMER16|LTR|ERVK",63858,"NR_105767",102466631,null,"NR_105767","ENSMUSG00000098833","Mir6349","Gm27558|mmu-mir-6349","microRNA 6349","ncRNA"]
[592,"Peak_601",-0.679729998459134,-0.447165156263659,0.232564842195475,3.09356221174651,"NO","NO","NO",0.270367281592116,0.465213335993109,0.620829573330647,0.959925552157071,0.899606557559587,0.999908874757857,"chr1",39249181,39249579,"+",0,"NA","Intergenic","Intergenic",-1737,"NM_008719",18143,"Mm.2380","NM_008719","ENSMUSG00000026077","Npas2","MOP4|bHLHe9","neuronal PAS domain protein 2","protein-coding"]
[593,"Peak_602",-0.916887636669557,-0.539969080935448,0.376918555734109,3.79867895533933,"NO","NO","NO",0.0758703309890688,0.287818351647905,0.374030770618187,0.907934971210637,0.827104290068695,0.999908874757857,"chr1",39250460,39250858,"+",0,"NA","promoter-TSS (NM_008719)","promoter-TSS (NM_008719)",-458,"NM_008719",18143,"Mm.2380","NM_008719","ENSMUSG00000026077","Npas2","MOP4|bHLHe9","neuronal PAS domain protein 2","protein-coding"]
[594,"Peak_603",-0.39891010732974,-0.303912107875567,0.0949979994541725,2.71072739143719,"NO","NO","NO",0.623109542266487,0.708815771055383,0.882132084484059,0.991059621898655,0.956122093576995,0.999908874757857,"chr1",39338397,39338795,"+",0,"NA","intron (NM_008719, intron 2 of 20)","intron (NM_008719, intron 2 of 20)",-86100,"NM_053257",114641,"Mm.379302","NM_053257","ENSMUSG00000073702","Rpl31","Dts","ribosomal protein L31","protein-coding"]
[595,"Peak_604",-0.440833285051895,-0.92814789622265,-0.487314611170755,3.62184719274244,"NO","NO","NO",0.418497809743513,0.099599783753759,0.286575871602953,0.977408255892978,0.666736452795062,0.999908874757857,"chr1",39348886,39349284,"+",0,"NA","intron (NM_008719, intron 3 of 20)","intron (NM_008719, intron 3 of 20)",-75611,"NM_053257",114641,"Mm.379302","NM_053257","ENSMUSG00000073702","Rpl31","Dts","ribosomal protein L31","protein-coding"]
[596,"Peak_605",-0.401159459045044,-0.470633174928568,-0.0694737158835237,4.84449222850943,"NO","NO","NO",0.33709861114022,0.265967012820847,0.846285776242771,0.966331976597487,0.814801075641764,0.999908874757857,"chr1",39392533,39392931,"+",0,"NA","intron (NM_008719, intron 14 of 20)","intron (NM_008719, intron 14 of 20)",-31964,"NM_053257",114641,"Mm.379302","NM_053257","ENSMUSG00000073702","Rpl31","Dts","ribosomal protein L31","protein-coding"]
[597,"Peak_606",0.461196038756752,0.635832899175869,0.174636860419117,3.17695826759359,"NO","NO","NO",0.500710905974827,0.353400399625206,0.688783437863463,0.984397935440084,0.859796418737012,0.999908874757857,"chr1",39397515,39397913,"+",0,"NA","intron (NM_008719, intron 16 of 20)","intron (NM_008719, intron 16 of 20)",-26982,"NM_053257",114641,"Mm.379302","NM_053257","ENSMUSG00000073702","Rpl31","Dts","ribosomal protein L31","protein-coding"]
[598,"Peak_607",0.19184171301093,-0.671233073367059,-0.86307478637799,3.26476705468609,"NO","NO","NO",0.767825589331879,0.325416367667116,0.0996485285310042,0.996451548154072,0.84744576004734,0.999908874757857,"chr1",39418746,39419144,"+",0,"NA","3' UTR (NM_008719, exon 21 of 21)","3' UTR (NM_008719, exon 21 of 21)",-5751,"NM_053257",114641,"Mm.379302","NM_053257","ENSMUSG00000073702","Rpl31","Dts","ribosomal protein L31","protein-coding"]
[599,"Peak_608",0.138442751135918,0.488958378949235,0.350515627813317,5.42427615174677,"NO","NO","NO",0.713085563519963,0.190907648821879,0.247574301757012,0.995544944554585,0.763447327149447,0.999908874757857,"chr1",39424538,39424936,"+",0,"NA","promoter-TSS (NM_001252218)","promoter-TSS (NM_001252218)",41,"NM_001252219",114641,"Mm.379302","NM_053257","ENSMUSG00000073702","Rpl31","Dts","ribosomal protein L31","protein-coding"]
[600,"Peak_609",0.945693000527364,0.540820500490696,-0.404872500036668,3.109324783072,"NO","NO","NO",0.197643316433438,0.476062907782392,0.400996195207438,0.953494236567625,0.903414154866613,0.999908874757857,"chr1",39450910,39451308,"+",0,"NA","exon (NM_018775, exon 6 of 20)","exon (NM_018775, exon 6 of 20)",26413,"NM_001252219",114641,"Mm.379302","NM_053257","ENSMUSG00000073702","Rpl31","Dts","ribosomal protein L31","protein-coding"]
[601,"Peak_610",-0.0176826674927686,0.143198908018611,0.160881575511379,5.40428722896629,"NO","NO","NO",0.963299317532095,0.709567076698842,0.618878287469051,0.998731183905333,0.956320103621974,0.999908874757857,"chr1",39535217,39535615,"+",0,"NA","5' UTR (NM_018775, exon 1 of 20)","5' UTR (NM_018775, exon 1 of 20)",176,"NM_018775",54610,"Mm.387293","NM_018775","ENSMUSG00000003134","Tbc1d8","AD3|HBLP1|VRP","TBC1 domain family, member 8","protein-coding"]
[602,"Peak_611",-0.376984468015456,-1.03513090208288,-0.658146434067426,3.99627783393237,"NO","NO","NO",0.407099266157752,0.030743617155004,0.0792595251775445,0.975982217513585,0.5125009071875,0.999908874757857,"chr1",39562687,39563085,"+",0,"NA","Intergenic","Intergenic",-27294,"NM_018775",54610,"Mm.387293","NM_018775","ENSMUSG00000003134","Tbc1d8","AD3|HBLP1|VRP","TBC1 domain family, member 8","protein-coding"]
[603,"Peak_612",-0.753411553426201,-0.864053021330051,-0.11064146790385,3.04368587549364,"NO","NO","NO",0.192076913125497,0.144274391219579,0.803218031337949,0.95298707982097,0.719150976454302,0.999908874757857,"chr1",39566291,39566689,"+",0,"NA","Intergenic","Intergenic",-26157,"NM_028043",52846,"Mm.259421","NM_028043","ENSMUSG00000003135","Cnot11","2410015L18Rik|C40|D1Bwg0212e","CCR4-NOT transcription complex, subunit 11","protein-coding"]
[604,"Peak_613",-0.994716523457163,-0.739002470587558,0.255714052869605,3.07672349514474,"NO","NO","NO",0.129269723152956,0.253818188572126,0.641053673726584,0.934576305792016,0.808074122923506,0.999908874757857,"chr1",39584301,39584699,"+",0,"NA","Intergenic","Intergenic",-8147,"NM_028043",52846,"Mm.259421","NM_028043","ENSMUSG00000003135","Cnot11","2410015L18Rik|C40|D1Bwg0212e","CCR4-NOT transcription complex, subunit 11","protein-coding"]
[605,"Peak_614",0.0995633352512616,0.103335257351458,0.0037719221001968,2.80704364906752,"NO","NO","NO",0.89501900197752,0.891294737870824,0.993801756581201,0.996863137024806,0.984173896486067,0.999908874757857,"chr1",39587073,39587471,"+",0,"NA","Intergenic","B3|SINE|B2",-5375,"NM_028043",52846,"Mm.259421","NM_028043","ENSMUSG00000003135","Cnot11","2410015L18Rik|C40|D1Bwg0212e","CCR4-NOT transcription complex, subunit 11","protein-coding"]
[606,"Peak_615",-0.360933686027076,-0.0674336915862464,0.293499994440829,5.63714075928669,"NO","NO","NO",0.377726242794941,0.869008958436777,0.426533019222963,0.972397593291388,0.980284606931015,0.999908874757857,"chr1",39592504,39592902,"+",0,"NA","promoter-TSS (NM_028043)","promoter-TSS (NM_028043)",56,"NM_028043",52846,"Mm.259421","NM_028043","ENSMUSG00000003135","Cnot11","2410015L18Rik|C40|D1Bwg0212e","CCR4-NOT transcription complex, subunit 11","protein-coding"]
[607,"Peak_616",0.346330864230117,0.419169019084936,0.0728381548548192,3.06080439740469,"NO","NO","NO",0.624272047434268,0.553892467804885,0.875824772097581,0.991059621898655,0.923099011472444,0.999908874757857,"chr1",39603102,39603500,"+",0,"NA","3' UTR (NM_028043, exon 7 of 7)","3' UTR (NM_028043, exon 7 of 7)",2384,"NR_028555",100217461,null,"NR_028555","ENSMUSG00000077704","Snord89","MBII-289","small nucleolar RNA, C/D box 89","snoRNA"]
[608,"Peak_617",0.156993947924677,0.409234214852,0.252240266927323,2.75172218420511,"NO","NO","NO",0.847358447878443,0.614395749671951,0.656016259961705,0.996451548154072,0.937710616685896,0.999908874757857,"chr1",39617322,39617720,"+",0,"NA","intron (NM_001033135, intron 4 of 6)","intron (NM_001033135, intron 4 of 6)",-11836,"NR_028555",100217461,null,"NR_028555","ENSMUSG00000077704","Snord89","MBII-289","small nucleolar RNA, C/D box 89","snoRNA"]
[609,"Peak_618",-0.248669409072783,-0.294989665869887,-0.0463202567971048,5.31850540935007,"NO","NO","NO",0.497268642904721,0.424131375281173,0.882097426366008,0.983805374400986,0.886509994248184,0.999908874757857,"chr1",39633760,39634158,"+",0,"NA","exon (NM_001033135, exon 1 of 7)","exon (NM_001033135, exon 1 of 7)",233,"NM_001033135",67702,"Mm.28614","NM_001033135","ENSMUSG00000048234","Rnf149","1600023E10Rik|AV037261|C76763|Gm15832|Greul4|OTTMUSG00000026591","ring finger protein 149","protein-coding"]
[610,"Peak_619",1.82706785003704,1.43672626042263,-0.390341589614415,1.8928596934078,"NO","NO","NO",0.145734509375899,0.277649348481807,0.521308623231086,0.943529907756132,0.822664783401704,0.999908874757857,"chr1",39655585,39655983,"+",0,"NA","Intergenic","Intergenic",-21592,"NM_001033135",67702,"Mm.28614","NM_001033135","ENSMUSG00000048234","Rnf149","1600023E10Rik|AV037261|C76763|Gm15832|Greul4|OTTMUSG00000026591","ring finger protein 149","protein-coding"]
[611,"Peak_620",0.504185869070883,0.748822128566711,0.244636259495829,2.72121418440208,"NO","NO","NO",0.540854566907582,0.357941905781717,0.632253942359167,0.988113766393189,0.861013911693438,0.999908874757857,"chr1",39675489,39675887,"+",0,"NA","3' UTR (NM_170597, exon 4 of 4)","3' UTR (NM_170597, exon 4 of 4)",32339,"NM_170597",263764,"Mm.122091","NM_170597","ENSMUSG00000050967","Creg2","A830098L22Rik","cellular repressor of E1A-stimulated genes 2","protein-coding"]
[612,"Peak_621",0.057167395247809,-0.572463100532439,-0.629630495780248,3.35489534679665,"NO","NO","NO",0.92080701403225,0.343108018187805,0.148195268078246,0.997839094325673,0.855775571761934,0.999908874757857,"chr1",39693477,39693875,"+",0,"NA","intron (NM_170597, intron 2 of 3)","intron (NM_170597, intron 2 of 3)",14351,"NM_170597",263764,"Mm.122091","NM_170597","ENSMUSG00000050967","Creg2","A830098L22Rik","cellular repressor of E1A-stimulated genes 2","protein-coding"]
[613,"Peak_622",0.759352401785805,0.846689634191011,0.0873372324052059,3.1465108375879,"NO","NO","NO",0.28333018823852,0.233321270538234,0.837071207383836,0.959925552157071,0.794789887327282,0.999908874757857,"chr1",39703024,39703422,"+",0,"NA","intron (NM_170597, intron 2 of 3)","intron (NM_170597, intron 2 of 3)",4804,"NM_170597",263764,"Mm.122091","NM_170597","ENSMUSG00000050967","Creg2","A830098L22Rik","cellular repressor of E1A-stimulated genes 2","protein-coding"]
[614,"Peak_623",-0.424295726398015,-0.827904583066505,-0.40360885666849,4.31901866876159,"NO","NO","NO",0.280922837030908,0.0427377669261934,0.195606532876687,0.959925552157071,0.553136904435476,0.999908874757857,"chr1",39707320,39707718,"+",0,"NA","exon (NM_170597, exon 1 of 4)","exon (NM_170597, exon 1 of 4)",508,"NM_170597",263764,"Mm.122091","NM_170597","ENSMUSG00000050967","Creg2","A830098L22Rik","cellular repressor of E1A-stimulated genes 2","protein-coding"]
[615,"Peak_624",0.392705258739927,0.747053527869085,0.354348269129158,3.19232706120843,"NO","NO","NO",0.581692183486793,0.286518113267991,0.450615224312482,0.98999712284686,0.826487650932774,0.999908874757857,"chr1",39742693,39743091,"+",0,"NA","intron (NM_001145660, intron 7 of 14)","intron (NM_001145660, intron 7 of 14)",-34865,"NM_170597",263764,"Mm.122091","NM_170597","ENSMUSG00000050967","Creg2","A830098L22Rik","cellular repressor of E1A-stimulated genes 2","protein-coding"]
[616,"Peak_625",0.0235256823892058,0.0443500595080671,0.0208243771188614,3.55640384211866,"NO","NO","NO",0.965158920525584,0.935092155959933,0.954699246834314,0.998900380576782,0.99053709069383,0.999908874757857,"chr1",39777584,39777982,"+",0,"NA","promoter-TSS (NM_001145660)","promoter-TSS (NM_001145660)",51,"NM_001145660",619289,"Mm.334107","NM_001145660","ENSMUSG00000057173","Rfx8","4933400N17Rik","regulatory factor X 8","protein-coding"]
[617,"Peak_626",0.869409629586624,0.72170896857792,-0.147700661008703,2.46193728536924,"NO","NO","NO",0.396913751506878,0.484068344205101,0.83837191866176,0.975727502304369,0.905637792320699,0.999908874757857,"chr1",39792279,39792677,"+",0,"NA","Intergenic","Intergenic",-14644,"NM_001145660",619289,"Mm.334107","NM_001145660","ENSMUSG00000057173","Rfx8","4933400N17Rik","regulatory factor X 8","protein-coding"]
[618,"Peak_627",-0.0374664258808199,-0.0992925251432547,-0.0618260992624347,4.43729305422038,"NO","NO","NO",0.939185866395555,0.84117893759659,0.878307155460724,0.997839094325673,0.97745216732589,0.999908874757857,"chr1",39797967,39798365,"+",0,"NA","Intergenic","Intergenic",-20332,"NM_001145660",619289,"Mm.334107","NM_001145660","ENSMUSG00000057173","Rfx8","4933400N17Rik","regulatory factor X 8","protein-coding"]
[619,"Peak_628",0.152510837077797,0.0420530356455784,-0.110457801432219,2.82570917555678,"NO","NO","NO",0.840349473169166,0.956158429318944,0.838663716945372,0.996451548154072,0.992717473399537,0.999908874757857,"chr1",39808020,39808418,"+",0,"NA","Intergenic","Intergenic",-30385,"NM_001145660",619289,"Mm.334107","NM_001145660","ENSMUSG00000057173","Rfx8","4933400N17Rik","regulatory factor X 8","protein-coding"]
[620,"Peak_629",1.14532516191239,0.846460960483215,-0.298864201429171,3.31880490735232,"NO","NO","NO",0.0886930258716743,0.224958649622205,0.449719536102685,0.911408110368333,0.789210842655656,0.999908874757857,"chr1",39818452,39818850,"+",0,"NA","Intergenic","Intergenic",-40817,"NM_001145660",619289,"Mm.334107","NM_001145660","ENSMUSG00000057173","Rfx8","4933400N17Rik","regulatory factor X 8","protein-coding"]
[621,"Peak_630",-0.195291733138805,0.418441431517512,0.613733164656317,2.57577098182092,"NO","NO","NO",0.831525620045303,0.640610435608764,0.378072565081623,0.996451548154072,0.943656677157176,0.999908874757857,"chr1",39862180,39862578,"+",0,"NA","promoter-TSS (NM_001177348)","promoter-TSS (NM_001177348)",-202,"NM_001177348",100042065,"Mm.209678","NM_001177348","ENSMUSG00000091937","Gm3646","-","predicted gene 3646","protein-coding"]
[622,"Peak_631",0.194186791693414,-0.0508468030635626,-0.245033594756977,2.58471490994992,"NO","NO","NO",0.807250136538763,0.950711050203215,0.658964319219251,0.996451548154072,0.992114606145815,0.999908874757857,"chr1",39881188,39881586,"+",0,"NA","Intergenic","MT2A|LTR|ERVL",-19210,"NM_001177348",100042065,"Mm.209678","NM_001177348","ENSMUSG00000091937","Gm3646","-","predicted gene 3646","protein-coding"]
[623,"Peak_632",0.717731651076705,0.4624171843919,-0.255314466684805,2.99088741711771,"NO","NO","NO",0.321751857641653,0.535581738979586,0.577973371005688,0.961869032957783,0.9185229674462,0.999908874757857,"chr1",39941731,39942129,"+",0,"NA","Intergenic","Intergenic",-15828,"NM_008696",26921,"Mm.491139","NM_008696","ENSMUSG00000026074","Map4k4","9430080K19Rik|AU043147|AU045934|AW046177|HGK|Nik","mitogen-activated protein kinase kinase kinase kinase 4","protein-coding"]
[624,"Peak_633",-0.420873256871775,0.0161518851657221,0.437025142037498,5.01704656116817,"NO","NO","NO",0.298912989356757,0.967907276909671,0.196442270397694,0.959925552157071,0.995177536250493,0.999908874757857,"chr1",39957603,39958001,"+",0,"NA","promoter-TSS (NM_001252200)","promoter-TSS (NM_001252200)",44,"NM_001252201",26921,"Mm.491139","NM_008696","ENSMUSG00000026074","Map4k4","9430080K19Rik|AU043147|AU045934|AW046177|HGK|Nik","mitogen-activated protein kinase kinase kinase kinase 4","protein-coding"]
[625,"Peak_634",-0.62294928423314,-0.877425275152363,-0.254475990919224,2.83256108330327,"NO","NO","NO",0.336760797689292,0.18832951510208,0.620359380911707,0.966036708638787,0.761400466502548,0.999908874757857,"chr1",39979734,39980132,"+",0,"NA","intron (NM_001252202, intron 2 of 29)","intron (NM_001252202, intron 2 of 29)",22175,"NM_001252201",26921,"Mm.491139","NM_008696","ENSMUSG00000026074","Map4k4","9430080K19Rik|AU043147|AU045934|AW046177|HGK|Nik","mitogen-activated protein kinase kinase kinase kinase 4","protein-coding"]
[626,"Peak_635",-1.05140005519386,-0.93666568819367,0.114734367000194,3.10934372473846,"NO","NO","NO",0.0692330042834434,0.108823363578138,0.805814388237303,0.907934971210637,0.680299189816202,0.999908874757857,"chr1",39980306,39980704,"+",0,"NA","intron (NM_001252202, intron 2 of 29)","intron (NM_001252202, intron 2 of 29)",22747,"NM_001252201",26921,"Mm.491139","NM_008696","ENSMUSG00000026074","Map4k4","9430080K19Rik|AU043147|AU045934|AW046177|HGK|Nik","mitogen-activated protein kinase kinase kinase kinase 4","protein-coding"]
[627,"Peak_636",0.558378777932396,0.235610158866744,-0.322768619065653,4.73174623514341,"NO","NO","NO",0.211124905554645,0.605971524969962,0.352787227010426,0.953494236567625,0.935300588855378,0.999908874757857,"chr1",39993208,39993606,"+",0,"NA","intron (NM_001252202, intron 2 of 29)","intron (NM_001252202, intron 2 of 29)",35649,"NM_001252201",26921,"Mm.491139","NM_008696","ENSMUSG00000026074","Map4k4","9430080K19Rik|AU043147|AU045934|AW046177|HGK|Nik","mitogen-activated protein kinase kinase kinase kinase 4","protein-coding"]
[628,"Peak_637",0.93518474377144,1.5167358852985,0.581551141527059,3.24260072253193,"NO","NO","NO",0.231873086993817,0.0430099386234259,0.200338492860065,0.955897203686604,0.553916552624424,0.999908874757857,"chr1",39998650,39999048,"+",0,"NA","intron (NM_001252202, intron 2 of 29)","intron (NM_001252202, intron 2 of 29)",41091,"NM_001252201",26921,"Mm.491139","NM_008696","ENSMUSG00000026074","Map4k4","9430080K19Rik|AU043147|AU045934|AW046177|HGK|Nik","mitogen-activated protein kinase kinase kinase kinase 4","protein-coding"]
[629,"Peak_638",0.00535909609305571,-0.308000632867179,-0.313359728960235,4.01966020277088,"NO","NO","NO",0.990489292735925,0.512295723645785,0.344306321308542,0.999532536338917,0.911760663230665,0.999908874757857,"chr1",40004569,40004967,"+",0,"NA","intron (NM_001252202, intron 2 of 29)","intron (NM_001252202, intron 2 of 29)",47010,"NM_001252201",26921,"Mm.491139","NM_008696","ENSMUSG00000026074","Map4k4","9430080K19Rik|AU043147|AU045934|AW046177|HGK|Nik","mitogen-activated protein kinase kinase kinase kinase 4","protein-coding"]
[630,"Peak_639",0.838909058411509,-0.182912805173073,-1.02182186358458,2.44461836834681,"NO","NO","NO",0.412784902187918,0.863389289472342,0.215656126928462,0.976856877699332,0.978997995547918,0.999908874757857,"chr1",40033819,40034217,"+",0,"NA","intron (NM_001252202, intron 5 of 29)","intron (NM_001252202, intron 5 of 29)",76260,"NM_001252201",26921,"Mm.491139","NM_008696","ENSMUSG00000026074","Map4k4","9430080K19Rik|AU043147|AU045934|AW046177|HGK|Nik","mitogen-activated protein kinase kinase kinase kinase 4","protein-coding"]
[631,"Peak_640",-0.00184394881442875,-4.81174574640705E-3,-2.96779693197831E-3,3.2751221457584,"NO","NO","NO",0.997338311737241,0.993996885142133,0.995346173522256,0.999699642087848,0.998942916794386,0.999908874757857,"chr1",40057224,40057622,"+",0,"NA","intron (NM_001252202, intron 14 of 29)","intron (NM_001252202, intron 14 of 29)",-84190,"NM_010555",16178,"Mm.1349","NM_010555","ENSMUSG00000026073","Il1r2","CD121b|Il1r-2","interleukin 1 receptor, type II","protein-coding"]
[632,"Peak_641",-0.279600663368383,-0.594295638933027,-0.314694975564644,3.52714945412098,"NO","NO","NO",0.579417573762586,0.257015110050077,0.398489368303272,0.989995385640587,0.809382481763177,0.999908874757857,"chr1",40090586,40090984,"+",0,"NA","Intergenic","Intergenic",-50828,"NM_010555",16178,"Mm.1349","NM_010555","ENSMUSG00000026073","Il1r2","CD121b|Il1r-2","interleukin 1 receptor, type II","protein-coding"]
[633,"Peak_642",-1.40921810913671,-1.36366626767994,0.0455518414567772,3.11256172467113,"NO","NO","NO",0.0130405107377919,0.0173245573498975,0.924934234457222,0.789931406387149,0.440561048063847,0.999908874757857,"chr1",40114872,40115270,"+",0,"NA","Intergenic","Intergenic",-26542,"NM_010555",16178,"Mm.1349","NM_010555","ENSMUSG00000026073","Il1r2","CD121b|Il1r-2","interleukin 1 receptor, type II","protein-coding"]
[634,"Peak_643",0.359554631014607,-0.390971605016337,-0.750526236030944,3.44886518748522,"NO","NO","NO",0.51558190235219,0.510188998294853,0.0564274626622439,0.985457002829782,0.911579669541933,0.999908874757857,"chr1",40142439,40142837,"+",0,"NA","promoter-TSS (NR_037980)","promoter-TSS (NR_037980)",58,"NR_037980",100047133,"Mm.447052","NR_037980","ENSMUSG00000097899","Gm16894","-","predicted gene, 16894","ncRNA"]
[635,"Peak_644",-0.978489669660674,-0.307671045681703,0.670818623978971,3.17815725857527,"NO","NO","NO",0.0915184277300274,0.583613382379063,0.112048990907056,0.911408110368333,0.929392239935588,0.999908874757857,"chr1",40173249,40173647,"+",0,"NA","intron (NM_010555, intron 5 of 8)","intron (NM_010555, intron 5 of 8)",-30752,"NR_037980",100047133,"Mm.447052","NR_037980","ENSMUSG00000097899","Gm16894","-","predicted gene, 16894","ncRNA"]
[636,"Peak_645",-0.633203745253786,-0.154152104904673,0.479051640349113,2.99267466543446,"NO","NO","NO",0.420133481538729,0.841490305019666,0.458184789038965,0.977408255892978,0.97745216732589,0.999908874757857,"chr1",40281543,40281941,"+",0,"NA","promoter-TSS (NM_008362)","promoter-TSS (NM_008362)",-183,"NM_008362",16177,"Mm.896","NM_008362","ENSMUSG00000026072","Il1r1","CD121a|CD121b|IL-1R1|IL-iR|Il1r-1","interleukin 1 receptor, type I","protein-coding"]
[637,"Peak_646",-0.0787188386590998,0.252753760813238,0.331472599472338,2.81374157999123,"NO","NO","NO",0.922127415377539,0.751197764812618,0.57349239163222,0.997839094325673,0.963484153891751,0.999908874757857,"chr1",40299342,40299740,"+",0,"NA","intron (NM_008362, intron 1 of 10)","intron (NM_008362, intron 1 of 10)",17616,"NM_008362",16177,"Mm.896","NM_008362","ENSMUSG00000026072","Il1r1","CD121a|CD121b|IL-1R1|IL-iR|Il1r-1","interleukin 1 receptor, type I","protein-coding"]
[638,"Peak_647",-0.0312378449344911,0.17457188538561,0.205809730320101,4.88281147688297,"NO","NO","NO",0.940446903423792,0.675892696370318,0.537241348403443,0.997839094325673,0.951001789596437,0.999908874757857,"chr1",40323344,40323742,"+",0,"NA","5' UTR (NM_001123382, exon 1 of 11)","5' UTR (NM_001123382, exon 1 of 11)",112,"NM_001123382",16177,"Mm.896","NM_008362","ENSMUSG00000026072","Il1r1","CD121a|CD121b|IL-1R1|IL-iR|Il1r-1","interleukin 1 receptor, type I","protein-coding"]
[639,"Peak_648",-0.802256872521658,-1.45877194377449,-0.656515071252834,2.94709230854917,"NO","NO","NO",0.167024427279032,0.0182885769632807,0.175310524616442,0.94631447419109,0.445536009529662,0.999908874757857,"chr1",40382459,40382857,"+",0,"NA","intron (NM_133193, intron 1 of 10)","CpG",1186,"NM_133193",107527,"Mm.155583","NM_133193","ENSMUSG00000070942","Il1rl2","AI481289|AW551444|IL-1Rrp2","interleukin 1 receptor-like 2","protein-coding"]
[640,"Peak_649",-0.0415714563993096,-0.510131499943159,-0.46856004354385,2.03662313980427,"NO","NO","NO",0.962213265441635,0.585349793296549,0.461257840899346,0.998617648976391,0.929800496744024,0.999908874757857,"chr1",40414289,40414687,"+",0,"NA","intron (NM_133193, intron 9 of 10)","GA-rich|Low_complexity|Low_complexity",33016,"NM_133193",107527,"Mm.155583","NM_133193","ENSMUSG00000070942","Il1rl2","AI481289|AW551444|IL-1Rrp2","interleukin 1 receptor-like 2","protein-coding"]
[641,"Peak_650",0.802515621778829,0.926982575514494,0.124466953735665,3.19626740642959,"NO","NO","NO",0.246932664346157,0.181474376032643,0.757125237998831,0.957177893700462,0.754954025052577,0.999908874757857,"chr1",40522387,40522785,"+",0,"NA","promoter-TSS (NM_008365)","promoter-TSS (NM_008365)",120,"NM_001161843",16182,"Mm.253664","NM_008365","ENSMUSG00000026070","Il18r1","Il18ralpha|Il1rrp","interleukin 18 receptor 1","protein-coding"]
[642,"Peak_651",0.306979792059741,-0.323891592580005,-0.630871384639746,2.79695133579574,"NO","NO","NO",0.709626543915328,0.706029695325263,0.330803649481854,0.995249020582875,0.955529802944249,0.999908874757857,"chr1",40636887,40637285,"+",0,"NA","promoter-TSS (NM_177084)","promoter-TSS (NM_177084)",14,"NM_177084",110895,"Mm.108602","NM_177084","ENSMUSG00000026065","Slc9a4","AW990558|D730009J23Rik|NHE4","solute carrier family 9 (sodium/hydrogen exchanger), member 4","protein-coding"]
[643,"Peak_652",-0.16717666900964,0.249322520402564,0.416499189412204,2.76973822132966,"NO","NO","NO",0.820915313971897,0.730669809712525,0.401911879936463,0.996451548154072,0.96060334828244,0.999908874757857,"chr1",40643638,40644036,"+",0,"NA","intron (NM_177084, intron 2 of 11)","intron (NM_177084, intron 2 of 11)",6765,"NM_177084",110895,"Mm.108602","NM_177084","ENSMUSG00000026065","Slc9a4","AW990558|D730009J23Rik|NHE4","solute carrier family 9 (sodium/hydrogen exchanger), member 4","protein-coding"]
[644,"Peak_653",0.0879810017913605,0.0141498140359013,-0.0738311877554592,3.17136430838976,"NO","NO","NO",0.893640590716901,0.983167222813075,0.875881213637966,0.996793654761153,0.997986927563057,0.999908874757857,"chr1",40664683,40665081,"+",0,"NA","intron (NM_177084, intron 6 of 11)","MLT1D|LTR|MaLR",27810,"NM_177084",110895,"Mm.108602","NM_177084","ENSMUSG00000026065","Slc9a4","AW990558|D730009J23Rik|NHE4","solute carrier family 9 (sodium/hydrogen exchanger), member 4","protein-coding"]
[645,"Peak_654",-0.361170279257005,-0.955662173236355,-0.59449189397935,4.84315918362134,"NO","NO","NO",0.364266166662064,0.0204869986647562,0.0875857714164374,0.971497355981173,0.461734958363844,0.999908874757857,"chr1",40692101,40692499,"+",0,"NA","Intergenic","Intergenic",-46257,"NM_001033289",226999,"Mm.256414","NM_001033289","ENSMUSG00000026062","Slc9a2","2210416H12Rik|4932415O19Rik|AV333884|NHE2","solute carrier family 9 (sodium/hydrogen exchanger), member 2","protein-coding"]
[646,"Peak_655",1.89108364233246,2.05470697023049,0.163623327898032,2.14273193033162,"NO","NO","NO",0.150403317760378,0.114959383046954,0.808701730973443,0.943529907756132,0.687947123054163,0.999908874757857,"chr1",40708013,40708411,"+",0,"NA","Intergenic","Intergenic",-30345,"NM_001033289",226999,"Mm.256414","NM_001033289","ENSMUSG00000026062","Slc9a2","2210416H12Rik|4932415O19Rik|AV333884|NHE2","solute carrier family 9 (sodium/hydrogen exchanger), member 2","protein-coding"]
[647,"Peak_656",-0.330017728864252,-0.620213407841234,-0.290195678976982,2.76044070623873,"NO","NO","NO",0.630059539481817,0.380919328426019,0.575030549419873,0.991082598585515,0.872316624164841,0.999908874757857,"chr1",40714884,40715282,"+",0,"NA","Intergenic","Intergenic",-23474,"NM_001033289",226999,"Mm.256414","NM_001033289","ENSMUSG00000026062","Slc9a2","2210416H12Rik|4932415O19Rik|AV333884|NHE2","solute carrier family 9 (sodium/hydrogen exchanger), member 2","protein-coding"]
[648,"Peak_657",0.807685565852129,1.23334745878705,0.42566189293492,3.55940564297332,"NO","NO","NO",0.223655973061269,0.0580441253640472,0.295870851410081,0.955321879475804,0.599292601046219,0.999908874757857,"chr1",40722662,40723060,"+",0,"NA","Intergenic","Intergenic",-15696,"NM_001033289",226999,"Mm.256414","NM_001033289","ENSMUSG00000026062","Slc9a2","2210416H12Rik|4932415O19Rik|AV333884|NHE2","solute carrier family 9 (sodium/hydrogen exchanger), member 2","protein-coding"]
[649,"Peak_658",0.0464865274995151,-0.0906812993432051,-0.13716782684272,3.1164638952477,"NO","NO","NO",0.94540921840798,0.894986827156782,0.7833788802441,0.997839094325673,0.984215028354232,0.999908874757857,"chr1",40724202,40724600,"+",0,"NA","Intergenic","Intergenic",-14156,"NM_001033289",226999,"Mm.256414","NM_001033289","ENSMUSG00000026062","Slc9a2","2210416H12Rik|4932415O19Rik|AV333884|NHE2","solute carrier family 9 (sodium/hydrogen exchanger), member 2","protein-coding"]
[650,"Peak_659",0.643818915964644,0.615837393543902,-0.0279815224207419,4.92997733010476,"NO","NO","NO",0.111159878229803,0.130631538268385,0.922766570677822,0.921804568058613,0.705918634674743,0.999908874757857,"chr1",40738162,40738560,"+",0,"NA","promoter-TSS (NM_001033289)","promoter-TSS (NM_001033289)",-196,"NM_001033289",226999,"Mm.256414","NM_001033289","ENSMUSG00000026062","Slc9a2","2210416H12Rik|4932415O19Rik|AV333884|NHE2","solute carrier family 9 (sodium/hydrogen exchanger), member 2","protein-coding"]
[651,"Peak_660",0.446043692088534,0.758574716279155,0.312531024190621,2.3758380101071,"NO","NO","NO",0.644263143561579,0.428248882073788,0.610890146903462,0.992128801173048,0.887858147318837,0.999908874757857,"chr1",40748848,40749246,"+",0,"NA","intron (NM_001033289, intron 1 of 11)","ID_B1|SINE|B4",10490,"NM_001033289",226999,"Mm.256414","NM_001033289","ENSMUSG00000026062","Slc9a2","2210416H12Rik|4932415O19Rik|AV333884|NHE2","solute carrier family 9 (sodium/hydrogen exchanger), member 2","protein-coding"]
[652,"Peak_661",2.01199550219264,2.65743110438564,0.645435602192993,2.45442042307134,"NO","NO","NO",0.106118544253182,0.0236954170951882,0.253019860316003,0.918065249368744,0.481652333105851,0.999908874757857,"chr1",40814802,40815200,"+",0,"NA","intron (NM_001033289, intron 7 of 11)","intron (NM_001033289, intron 7 of 11)",32501,"NM_172499",211798,"Mm.235443","NM_172499","ENSMUSG00000041945","Mfsd9","4931419K03Rik","major facilitator superfamily domain containing 9","protein-coding"]
[653,"Peak_662",0.0507637473173753,-0.272246210708808,-0.323009958026183,2.43667659591103,"NO","NO","NO",0.951587208515382,0.750874059181815,0.595252738313116,0.997839094325673,0.963484153891751,0.999908874757857,"chr1",40816419,40816817,"+",0,"NA","intron (NM_001033289, intron 7 of 11)","intron (NM_001033289, intron 7 of 11)",30884,"NM_172499",211798,"Mm.235443","NM_172499","ENSMUSG00000041945","Mfsd9","4931419K03Rik","major facilitator superfamily domain containing 9","protein-coding"]
[654,"Peak_663",0.275574498530115,1.04670018740481,0.771125688874693,2.77537029556891,"NO","NO","NO",0.738927589681037,0.182939989509976,0.116905185608922,0.995754237914056,0.756508866901864,0.999908874757857,"chr1",40825434,40825832,"+",0,"NA","TTS (NM_001033289)","TTS (NM_001033289)",21869,"NM_172499",211798,"Mm.235443","NM_172499","ENSMUSG00000041945","Mfsd9","4931419K03Rik","major facilitator superfamily domain containing 9","protein-coding"]
[655,"Peak_664",0.0202735398885798,0.107077935127982,0.0868043952394024,2.53613876854377,"NO","NO","NO",0.981578298945775,0.899276631581916,0.886642683311058,0.999171616425612,0.98483351870854,0.999908874757857,"chr1",40826262,40826660,"+",0,"NA","TTS (NM_001033289)","TTS (NM_001033289)",21041,"NM_172499",211798,"Mm.235443","NM_172499","ENSMUSG00000041945","Mfsd9","4931419K03Rik","major facilitator superfamily domain containing 9","protein-coding"]
[656,"Peak_665",-0.0611363492227503,-0.573662265228982,-0.512525916006232,3.99718767463664,"NO","NO","NO",0.889732138605906,0.216037765375587,0.116732098678382,0.996451548154072,0.782320414170019,0.999908874757857,"chr1",40847000,40847398,"+",0,"NA","intron (NM_172499, intron 1 of 5)","intron (NM_172499, intron 1 of 5)",303,"NM_172499",211798,"Mm.235443","NM_172499","ENSMUSG00000041945","Mfsd9","4931419K03Rik","major facilitator superfamily domain containing 9","protein-coding"]
[657,"Peak_666",0.690854460622801,0.703991023110068,0.0131365624872668,2.40273280365198,"NO","NO","NO",0.457467324829739,0.45231476136905,0.981572710596393,0.979196832728091,0.896646076571945,0.999908874757857,"chr1",40854202,40854600,"+",0,"NA","Intergenic","Intergenic",-6899,"NM_172499",211798,"Mm.235443","NM_172499","ENSMUSG00000041945","Mfsd9","4931419K03Rik","major facilitator superfamily domain containing 9","protein-coding"]
[658,"Peak_667",0.604869057682827,0.791419189453685,0.186550131770858,1.92911329238384,"NO","NO","NO",0.573651331871913,0.459924303766015,0.756698583124372,0.989884586347525,0.89857922166306,0.999908874757857,"chr1",40859626,40860024,"+",0,"NA","Intergenic","Intergenic",-2621,"NM_001081198",381339,"Mm.334678","NM_001081198","ENSMUSG00000079588","Tmem182","2310079P10Rik|AI414494","transmembrane protein 182","protein-coding"]
[659,"Peak_668",1.09279705016337,0.472915862504089,-0.619881187659284,3.78188366855285,"NO","NO","NO",0.0491791559513619,0.422024037266309,0.0790059516927293,0.886422213754263,0.885548261413891,0.999908874757857,"chr1",40921861,40922259,"+",0,"NA","Intergenic","Intergenic",59614,"NM_001081198",381339,"Mm.334678","NM_001081198","ENSMUSG00000079588","Tmem182","2310079P10Rik|AI414494","transmembrane protein 182","protein-coding"]
[660,"Peak_669",0.60871605077891,1.02846588175659,0.419749830977676,3.1668442688718,"NO","NO","NO",0.412033888457704,0.155413196421543,0.363424805191859,0.976708741012292,0.729630897147774,0.999908874757857,"chr1",40944466,40944864,"+",0,"NA","Intergenic","Intergenic",82219,"NM_001081198",381339,"Mm.334678","NM_001081198","ENSMUSG00000079588","Tmem182","2310079P10Rik|AI414494","transmembrane protein 182","protein-coding"]
[661,"Peak_670",0.728228855109503,0.657391553063144,-0.0708373020463591,3.04134570541544,"NO","NO","NO",0.322397813911505,0.377523102484032,0.880563931361561,0.961983122815546,0.870903574096417,0.999908874757857,"chr1",40947110,40947508,"+",0,"NA","Intergenic","Intergenic",84863,"NM_001081198",381339,"Mm.334678","NM_001081198","ENSMUSG00000079588","Tmem182","2310079P10Rik|AI414494","transmembrane protein 182","protein-coding"]
[662,"Peak_671",0.696515002664942,0.724057250428776,0.0275422477638343,2.78235980607112,"NO","NO","NO",0.407951810403899,0.39319399303596,0.960239279218026,0.975982217513585,0.876658690940149,0.999908874757857,"chr1",40981588,40981986,"+",0,"NA","Intergenic","Intergenic",119341,"NM_001081198",381339,"Mm.334678","NM_001081198","ENSMUSG00000079588","Tmem182","2310079P10Rik|AI414494","transmembrane protein 182","protein-coding"]
[663,"Peak_672",0.300715071880742,0.0486045004971979,-0.252110571383544,2.66351491671579,"NO","NO","NO",0.698850788895541,0.951649449923426,0.633884497167967,0.994422808534856,0.992114606145815,0.999908874757857,"chr1",41025132,41025530,"+",0,"NA","Intergenic","Intergenic",162885,"NM_001081198",381339,"Mm.334678","NM_001081198","ENSMUSG00000079588","Tmem182","2310079P10Rik|AI414494","transmembrane protein 182","protein-coding"]
[664,"Peak_673",2.5954668147739,2.8614018961466,0.265935081372703,2.7714410113171,"NO","NO","NO",0.0410957513745151,0.0220856409621867,0.693118164425324,0.87729516250802,0.470578313051616,0.999908874757857,"chr1",41058506,41058904,"+",0,"NA","Intergenic","Intergenic",179392,"NR_040475",74897,"Mm.243822","NR_040475","ENSMUSG00000104072","4930448I06Rik","-","RIKEN cDNA 4930448I06 gene","ncRNA"]
[665,"Peak_674",0.542677873706264,0.265714518020144,-0.276963355686121,4.75953977985204,"NO","NO","NO",0.262227263302488,0.589201913560556,0.480357280508633,0.958940109069088,0.930884263866201,0.999908874757857,"chr1",41120045,41120443,"+",0,"NA","Intergenic","Intergenic",117853,"NR_040475",74897,"Mm.243822","NR_040475","ENSMUSG00000104072","4930448I06Rik","-","RIKEN cDNA 4930448I06 gene","ncRNA"]
[666,"Peak_675",0.304404683364478,-0.154819387269477,-0.459224070633955,2.29912756254921,"NO","NO","NO",0.742144673374941,0.871226081250399,0.497990819972748,0.995754237914056,0.980712639670609,0.999908874757857,"chr1",41143165,41143563,"+",0,"NA","Intergenic","Intergenic",94733,"NR_040475",74897,"Mm.243822","NR_040475","ENSMUSG00000104072","4930448I06Rik","-","RIKEN cDNA 4930448I06 gene","ncRNA"]
[667,"Peak_676",1.09343486663892,0.762804046238062,-0.330630820400857,2.16021370629667,"NO","NO","NO",0.301267855377152,0.488394344180591,0.597240294563907,0.959925552157071,0.907215403599864,0.999908874757857,"chr1",41197373,41197771,"+",0,"NA","Intergenic","Intergenic",40525,"NR_040475",74897,"Mm.243822","NR_040475","ENSMUSG00000104072","4930448I06Rik","-","RIKEN cDNA 4930448I06 gene","ncRNA"]
[668,"Peak_678",0.310394551411189,-0.653656535213515,-0.964051086624703,3.79676381794204,"NO","NO","NO",0.527679183533929,0.219907132003268,0.00950841501924443,0.987196686830306,0.784456959968019,0.999908874757857,"chr1",41331952,41332350,"+",0,"NA","Intergenic","Intergenic",-94054,"NR_040475",74897,"Mm.243822","NR_040475","ENSMUSG00000104072","4930448I06Rik","-","RIKEN cDNA 4930448I06 gene","ncRNA"]
[669,"Peak_679",0.148804790491996,-0.257878233860836,-0.406683024352833,2.86693644874991,"NO","NO","NO",0.850223335704465,0.748189282168869,0.514713909576245,0.996451548154072,0.963484153891751,0.999908874757857,"chr1",41438502,41438900,"+",0,"NA","Intergenic","Intergenic",-200604,"NR_040475",74897,"Mm.243822","NR_040475","ENSMUSG00000104072","4930448I06Rik","-","RIKEN cDNA 4930448I06 gene","ncRNA"]
[670,"Peak_680",0.523212071687997,0.225366567666499,-0.297845504021498,4.42949440358787,"NO","NO","NO",0.264560177428573,0.639435536694039,0.396097214983891,0.959644830405404,0.943180604680287,0.999908874757857,"chr1",41447092,41447490,"+",0,"NA","Intergenic","Intergenic",-209194,"NR_040475",74897,"Mm.243822","NR_040475","ENSMUSG00000104072","4930448I06Rik","-","RIKEN cDNA 4930448I06 gene","ncRNA"]
[671,"Peak_681",0.151515279420932,0.086606355891784,-0.0649089235291484,1.9220209661664,"NO","NO","NO",0.88824729911549,0.936041922663068,0.933865246458255,0.996451548154072,0.990757754371952,0.999908874757857,"chr1",41482304,41482702,"+",0,"NA","Intergenic","Intergenic",-244406,"NR_040475",74897,"Mm.243822","NR_040475","ENSMUSG00000104072","4930448I06Rik","-","RIKEN cDNA 4930448I06 gene","ncRNA"]
[672,"Peak_682",0.812235447973417,-0.441820083961826,-1.25405553193524,2.12336163563235,"NO","NO","NO",0.426877321107497,0.690641907471969,0.101130301318217,0.977408255892978,0.953503071108004,0.999908874757857,"chr1",41488055,41488453,"+",0,"NA","Intergenic","Intergenic",-250157,"NR_040475",74897,"Mm.243822","NR_040475","ENSMUSG00000104072","4930448I06Rik","-","RIKEN cDNA 4930448I06 gene","ncRNA"]
[673,"Peak_683",-0.452784870978624,0.437590644529752,0.890375515508376,2.56757412793889,"NO","NO","NO",0.617979097588064,0.616896945805442,0.182156712976184,0.990663437643175,0.938552175896894,0.999908874757857,"chr1",41612653,41613051,"+",0,"NA","Intergenic","Intergenic",-374755,"NR_040475",74897,"Mm.243822","NR_040475","ENSMUSG00000104072","4930448I06Rik","-","RIKEN cDNA 4930448I06 gene","ncRNA"]
[674,"Peak_684",-0.00282727345375524,-0.281721226228187,-0.278893952774432,3.18967140876196,"NO","NO","NO",0.997060314835078,0.700661214228496,0.627360993741294,0.999678687970309,0.95472109793033,0.999908874757857,"chr1",41635378,41635776,"+",0,"NA","Intergenic","Intergenic",-397480,"NR_040475",74897,"Mm.243822","NR_040475","ENSMUSG00000104072","4930448I06Rik","-","RIKEN cDNA 4930448I06 gene","ncRNA"]
[675,"Peak_685",1.2392706279129,2.17315030607653,0.933879678163621,2.79133047428968,"NO","NO","NO",0.228403772774142,0.0240777870664583,0.0883170201502164,0.955321879475804,0.482451765729514,0.999908874757857,"chr1",41709584,41709982,"+",0,"NA","Intergenic","Intergenic",-471686,"NR_040475",74897,"Mm.243822","NR_040475","ENSMUSG00000104072","4930448I06Rik","-","RIKEN cDNA 4930448I06 gene","ncRNA"]
[676,"Peak_686",1.85494375131418,1.43716332968805,-0.417780421626135,1.91394962356133,"NO","NO","NO",0.139987053980434,0.279844461731192,0.496467521065429,0.939409496371875,0.823844450828926,0.999908874757857,"chr1",41769824,41770222,"+",0,"NA","Intergenic","Intergenic",-531926,"NR_040475",74897,"Mm.243822","NR_040475","ENSMUSG00000104072","4930448I06Rik","-","RIKEN cDNA 4930448I06 gene","ncRNA"]
[677,"Peak_687",0.683044661487142,0.662970447958401,-0.0200742135287414,3.80353394263185,"NO","NO","NO",0.222477469514508,0.242711682951514,0.95565574239428,0.954504329026433,0.801361447154323,0.999908874757857,"chr1",41867280,41867678,"+",0,"NA","Intergenic","Intergenic",-629382,"NR_040475",74897,"Mm.243822","NR_040475","ENSMUSG00000104072","4930448I06Rik","-","RIKEN cDNA 4930448I06 gene","ncRNA"]
[678,"Peak_688",1.28736055587682,1.23198034621116,-0.0553802096656605,4.57713104916274,"NO","NO","NO",0.0124953541606333,0.0179726753322252,0.873732574293468,0.789931406387149,0.443275411712196,0.999908874757857,"chr1",41949188,41949586,"+",0,"NA","Intergenic","Intergenic",-711290,"NR_040475",74897,"Mm.243822","NR_040475","ENSMUSG00000104072","4930448I06Rik","-","RIKEN cDNA 4930448I06 gene","ncRNA"]
[679,"Peak_689",-5.67122828582238E-3,-0.34848726239916,-0.342816034113338,4.80190624448926,"NO","NO","NO",0.988138655396464,0.371751227816979,0.251927734580515,0.999447483011139,0.86715580800067,0.999908874757857,"chr1",41975485,41975883,"+",0,"NA","Intergenic","Intergenic",-737587,"NR_040475",74897,"Mm.243822","NR_040475","ENSMUSG00000104072","4930448I06Rik","-","RIKEN cDNA 4930448I06 gene","ncRNA"]
[680,"Peak_690",0.0619433864579799,0.863494629975723,0.801551243517743,2.27672513384678,"NO","NO","NO",0.952328710742174,0.391380909892854,0.255777900033188,0.997839094325673,0.875956932285755,0.999908874757857,"chr1",42174933,42175331,"+",0,"NA","Intergenic","Intergenic",576538,"NR_027826",66297,"Mm.45203","NM_183252","ENSMUSG00000060424","Pantr1","2610017I09Rik|Pou3f3os|linc-Brn1a","POU domain, class 3, transcription factor 3 adjacent noncoding transcript 1","ncRNA"]
[681,"Peak_691",0.245409169999211,-0.0890178089596626,-0.334426978958874,3.17826034672729,"NO","NO","NO",0.698947265415922,0.892077200310169,0.455194595277408,0.994422808534856,0.984215028354232,0.999908874757857,"chr1",42290085,42290483,"+",0,"NA","Intergenic","Intergenic",461386,"NR_027826",66297,"Mm.45203","NM_183252","ENSMUSG00000060424","Pantr1","2610017I09Rik|Pou3f3os|linc-Brn1a","POU domain, class 3, transcription factor 3 adjacent noncoding transcript 1","ncRNA"]
[682,"Peak_692",-0.416394577533385,-0.337895495671195,0.07849908186219,1.91555770052126,"NO","NO","NO",0.67271107058456,0.732313661938143,0.914651319226083,0.993474142907549,0.96125765705611,0.999908874757857,"chr1",42300118,42300516,"+",0,"NA","Intergenic","Intergenic",451353,"NR_027826",66297,"Mm.45203","NM_183252","ENSMUSG00000060424","Pantr1","2610017I09Rik|Pou3f3os|linc-Brn1a","POU domain, class 3, transcription factor 3 adjacent noncoding transcript 1","ncRNA"]
[683,"Peak_693",0.546887363880863,0.761678339763465,0.214790975882602,3.02681802465992,"NO","NO","NO",0.459749479274916,0.297997564344041,0.641520007798422,0.979860780201896,0.833399376931418,0.999908874757857,"chr1",42314688,42315086,"+",0,"NA","Intergenic","Intergenic",436783,"NR_027826",66297,"Mm.45203","NM_183252","ENSMUSG00000060424","Pantr1","2610017I09Rik|Pou3f3os|linc-Brn1a","POU domain, class 3, transcription factor 3 adjacent noncoding transcript 1","ncRNA"]
[684,"Peak_694",0.250778197302276,-0.0752173833910932,-0.325995580693369,4.05671134575612,"NO","NO","NO",0.603350059751113,0.880021773865975,0.35435463103198,0.990629663238998,0.982659260881536,0.999908874757857,"chr1",42315337,42315735,"+",0,"NA","Intergenic","Intergenic",436134,"NR_027826",66297,"Mm.45203","NM_183252","ENSMUSG00000060424","Pantr1","2610017I09Rik|Pou3f3os|linc-Brn1a","POU domain, class 3, transcription factor 3 adjacent noncoding transcript 1","ncRNA"]
[685,"Peak_695",-0.16960456089942,-0.0313654782227718,0.138239082676649,3.03225901954695,"NO","NO","NO",0.794400531421725,0.961572490214077,0.760738127939228,0.996451548154072,0.993978488975727,0.999908874757857,"chr1",42536823,42537221,"+",0,"NA","Intergenic","Intergenic",214648,"NR_027826",66297,"Mm.45203","NM_183252","ENSMUSG00000060424","Pantr1","2610017I09Rik|Pou3f3os|linc-Brn1a","POU domain, class 3, transcription factor 3 adjacent noncoding transcript 1","ncRNA"]
[686,"Peak_696",0.491041208261805,0.358037009811249,-0.133004198450556,3.06793635957509,"NO","NO","NO",0.478167073301813,0.612127982377718,0.770603518279022,0.981648566820123,0.937335627543458,0.999908874757857,"chr1",42548253,42548651,"+",0,"NA","Intergenic","Intergenic",203218,"NR_027826",66297,"Mm.45203","NM_183252","ENSMUSG00000060424","Pantr1","2610017I09Rik|Pou3f3os|linc-Brn1a","POU domain, class 3, transcription factor 3 adjacent noncoding transcript 1","ncRNA"]
[687,"Peak_697",0.394569650505502,0.981303225441369,0.586733574935867,2.40721347647122,"NO","NO","NO",0.676959781199642,0.282314917964266,0.303736861626078,0.993744595008032,0.824887056184471,0.999908874757857,"chr1",42561359,42561757,"+",0,"NA","Intergenic","Intergenic",190112,"NR_027826",66297,"Mm.45203","NM_183252","ENSMUSG00000060424","Pantr1","2610017I09Rik|Pou3f3os|linc-Brn1a","POU domain, class 3, transcription factor 3 adjacent noncoding transcript 1","ncRNA"]
[688,"Peak_698",-0.0469367682730704,0.436917034711867,0.483853802984937,2.3706261696905,"NO","NO","NO",0.960480155816627,0.639126081770407,0.475316459974115,0.998410236480772,0.943180604680287,0.999908874757857,"chr1",42595764,42596162,"+",0,"NA","Intergenic","Intergenic",155707,"NR_027826",66297,"Mm.45203","NM_183252","ENSMUSG00000060424","Pantr1","2610017I09Rik|Pou3f3os|linc-Brn1a","POU domain, class 3, transcription factor 3 adjacent noncoding transcript 1","ncRNA"]
[689,"Peak_699",0.350788096871945,0.195512841519042,-0.155275255352903,3.15423238528029,"NO","NO","NO",0.591597545849039,0.769373060585112,0.723615414245279,0.990518604990883,0.966649135402684,0.999908874757857,"chr1",42596655,42597053,"+",0,"NA","Intergenic","Intergenic",154816,"NR_027826",66297,"Mm.45203","NM_183252","ENSMUSG00000060424","Pantr1","2610017I09Rik|Pou3f3os|linc-Brn1a","POU domain, class 3, transcription factor 3 adjacent noncoding transcript 1","ncRNA"]
[690,"Peak_700",-0.573118803575486,0.0318422162878024,0.604961019863289,3.04691067354055,"NO","NO","NO",0.404318575173272,0.962077167446586,0.242616964257827,0.975982217513585,0.993978488975727,0.999908874757857,"chr1",42685613,42686011,"+",0,"NA","Intergenic","Intergenic",65858,"NR_027826",66297,"Mm.45203","NM_183252","ENSMUSG00000060424","Pantr1","2610017I09Rik|Pou3f3os|linc-Brn1a","POU domain, class 3, transcription factor 3 adjacent noncoding transcript 1","ncRNA"]
[691,"Peak_701",-0.0248348984748298,-0.503142909666848,-0.478308011192018,4.00652180853414,"NO","NO","NO",0.959975475816819,0.326313128195053,0.225932910142798,0.998401765119319,0.847579149588684,0.999908874757857,"chr1",42686589,42686987,"+",0,"NA","Intergenic","Intergenic",64882,"NR_027826",66297,"Mm.45203","NM_183252","ENSMUSG00000060424","Pantr1","2610017I09Rik|Pou3f3os|linc-Brn1a","POU domain, class 3, transcription factor 3 adjacent noncoding transcript 1","ncRNA"]
[692,"Peak_702",-0.129607023017003,0.319060143850232,0.448667166867235,3.85350202296336,"NO","NO","NO",0.805853351557501,0.537735774779763,0.227048377355008,0.996451548154072,0.919078740992577,0.999908874757857,"chr1",42711644,42712042,"+",0,"NA","intron (NR_027826, intron 3 of 3)","intron (NR_027826, intron 3 of 3)",39827,"NR_027826",66297,"Mm.45203","NM_183252","ENSMUSG00000060424","Pantr1","2610017I09Rik|Pou3f3os|linc-Brn1a","POU domain, class 3, transcription factor 3 adjacent noncoding transcript 1","ncRNA"]
[693,"Peak_703",-0.505893087219951,-0.476081621759238,0.0298114654607128,4.24486803265693,"NO","NO","NO",0.226009698251334,0.257773752021924,0.925976505770976,0.955321879475804,0.809844441018269,0.999908874757857,"chr1",42741315,42741713,"+",0,"NA","intron (NR_027826, intron 1 of 3)","CpG",10156,"NR_027826",66297,"Mm.45203","NM_183252","ENSMUSG00000060424","Pantr1","2610017I09Rik|Pou3f3os|linc-Brn1a","POU domain, class 3, transcription factor 3 adjacent noncoding transcript 1","ncRNA"]
[694,"Peak_704",-0.0488264746778819,-0.0218863118663629,0.026940162811519,4.35010624014126,"NO","NO","NO",0.913088039214281,0.961286477389529,0.93623291513675,0.997799251783824,0.993978488975727,0.999908874757857,"chr1",42743297,42743695,"+",0,"NA","intron (NR_027826, intron 1 of 3)","CpG",8174,"NR_027826",66297,"Mm.45203","NM_183252","ENSMUSG00000060424","Pantr1","2610017I09Rik|Pou3f3os|linc-Brn1a","POU domain, class 3, transcription factor 3 adjacent noncoding transcript 1","ncRNA"]
[695,"Peak_705",-0.190592084655546,0.116594101843712,0.307186186499258,4.27474776132212,"NO","NO","NO",0.680164518922882,0.798411051792184,0.374511953208976,0.993744595008032,0.970171577815851,0.999908874757857,"chr1",42752021,42752419,"+",0,"NA","promoter-TSS (NR_027826)","promoter-TSS (NR_027826)",-550,"NR_027826",66297,"Mm.45203","NM_183252","ENSMUSG00000060424","Pantr1","2610017I09Rik|Pou3f3os|linc-Brn1a","POU domain, class 3, transcription factor 3 adjacent noncoding transcript 1","ncRNA"]
[696,"Peak_706",0.824761952482929,0.505770980288704,-0.318990972194225,3.65070757550701,"NO","NO","NO",0.149635540280472,0.393252373017701,0.382089615186028,0.943529907756132,0.876658690940149,0.999908874757857,"chr1",42770241,42770639,"+",0,"NA","promoter-TSS (NR_110495)","promoter-TSS (NR_110495)",-141,"NR_110495",66620,"Mm.383631","NR_110495","ENSMUSG00000097063","Pantr2","2610207O16Rik|Pou3f3os2|linc-Brn1b","POU domain, class 3, transcription factor 3 adjacent noncoding transcript 2","ncRNA"]
[697,"Peak_707",1.14578117369277,1.60904340679489,0.463262233102122,4.25608968828802,"NO","UP","NO",0.0374538578582387,2.65860377116592E-3,0.152742749984647,0.871985790905265,0.229251443733167,0.999908874757857,"chr1",42771234,42771632,"+",0,"NA","Intergenic","Intergenic",-1134,"NR_110495",66620,"Mm.383631","NR_110495","ENSMUSG00000097063","Pantr2","2610207O16Rik|Pou3f3os2|linc-Brn1b","POU domain, class 3, transcription factor 3 adjacent noncoding transcript 2","ncRNA"]
[698,"Peak_708",2.65269199513808,2.63209513659325,-0.0205968585448303,2.68902084236486,"NO","NO","NO",0.0200558860291121,0.0223172561496578,0.967368787032318,0.82435590509827,0.473084581506536,0.999908874757857,"chr1",42836931,42837329,"+",0,"NA","Intergenic","Intergenic",29573,"NR_130904",104940697,"Mm.101636","NR_130904","ENSMUSG00000099784","Dalir","Dali|Gm28525","DNMT1 associated long intergenic non-coding RNA","ncRNA"]
[699,"Peak_709",0.882387670044083,1.33114549170271,0.448757821658625,2.23894502753939,"NO","NO","NO",0.439862273366159,0.232501871220005,0.527803327593724,0.978303794050262,0.794143066835489,0.999908874757857,"chr1",42878885,42879283,"+",0,"NA","Intergenic","Intergenic",-28994,"NM_023514",69527,"Mm.252982","NM_023514","ENSMUSG00000060679","Mrps9","2310002A08Rik|AW322516|Mrp-S9|S9mt|mg637","mitochondrial ribosomal protein S9","protein-coding"]
[700,"Peak_710",0.530927588884023,0.702812661701615,0.171885072817592,5.46505006908503,"NO","NO","NO",0.197142738375736,0.0879653971874823,0.607921145359462,0.953494236567625,0.650237805830947,0.999908874757857,"chr1",42907890,42908288,"+",0,"NA","promoter-TSS (NM_023514)","promoter-TSS (NM_023514)",11,"NM_023514",69527,"Mm.252982","NM_023514","ENSMUSG00000060679","Mrps9","2310002A08Rik|AW322516|Mrp-S9|S9mt|mg637","mitochondrial ribosomal protein S9","protein-coding"]
[701,"Peak_711",0.444508345676462,0.0301760220120227,-0.414332323664439,3.73031991801256,"NO","NO","NO",0.416121476596069,0.957523322077047,0.290153640439754,0.977408255892978,0.993252784589604,0.999908874757857,"chr1",42948085,42948483,"+",0,"NA","intron (NM_023514, intron 5 of 10)","intron (NM_023514, intron 5 of 10)",40206,"NM_023514",69527,"Mm.252982","NM_023514","ENSMUSG00000060679","Mrps9","2310002A08Rik|AW322516|Mrp-S9|S9mt|mg637","mitochondrial ribosomal protein S9","protein-coding"]
[702,"Peak_712",0.419583758471097,-0.173548775051863,-0.59313253352296,3.77742256502069,"NO","NO","NO",0.423209392566569,0.752887639762213,0.118824891637453,0.977408255892978,0.963594699595318,0.999908874757857,"chr1",42962041,42962439,"+",0,"NA","intron (NM_023514, intron 10 of 10)","intron (NM_023514, intron 10 of 10)",-47477,"NM_053107",93690,"Mm.444976","NM_053107","ENSMUSG00000041907","Gpr45","9230112G11Rik|AW046772","G protein-coupled receptor 45","protein-coding"]
[703,"Peak_713",1.49436778373735,1.51163086689531,0.0172630831579654,2.57051153672452,"NO","NO","NO",0.154984416665111,0.152991655972775,0.978037089539907,0.943529907756132,0.727667093209894,0.999908874757857,"chr1",42971853,42972251,"+",0,"NA","Intergenic","Intergenic",-37665,"NM_053107",93690,"Mm.444976","NM_053107","ENSMUSG00000041907","Gpr45","9230112G11Rik|AW046772","G protein-coupled receptor 45","protein-coding"]
[704,"Peak_714",0.271648209594265,0.204432369747612,-0.0672158398466533,4.80316596635774,"NO","NO","NO",0.493792627894554,0.61097422378368,0.81938356062817,0.983526348404408,0.936733991059859,0.999908874757857,"chr1",43009797,43010195,"+",0,"NA","5' UTR (NM_053107, exon 1 of 2)","5' UTR (NM_053107, exon 1 of 2)",279,"NM_053107",93690,"Mm.444976","NM_053107","ENSMUSG00000041907","Gpr45","9230112G11Rik|AW046772","G protein-coupled receptor 45","protein-coding"]
[705,"Peak_715",0.0706975615072134,-0.509463579519928,-0.580161141027141,2.07837501665296,"NO","NO","NO",0.937842506175015,0.589242373984057,0.370784923558401,0.997839094325673,0.930884263866201,0.999908874757857,"chr1",43034865,43035263,"+",0,"NA","intron (NM_053107, intron 1 of 1)","intron (NM_053107, intron 1 of 1)",25347,"NM_053107",93690,"Mm.444976","NM_053107","ENSMUSG00000041907","Gpr45","9230112G11Rik|AW046772","G protein-coupled receptor 45","protein-coding"]
[706,"Peak_716",1.36586024011524,1.33836811403053,-0.0274921260847142,2.92997224733876,"NO","NO","NO",0.129460190769584,0.138154418480271,0.961414040194682,0.934576305792016,0.71362631234825,0.999908874757857,"chr1",43108755,43109153,"+",0,"NA","intron (NM_001013025, intron 11 of 12)","intron (NM_001013025, intron 11 of 12)",46513,"NM_001013025",73122,"Mm.246069","NM_001013025","ENSMUSG00000070939","Tgfbrap1","3110018K12Rik|AU024090|AU042859|AW742551|Trap1","transforming growth factor, beta receptor associated protein 1","protein-coding"]
[707,"Peak_717",-0.285060352956799,-0.0857841069674837,0.199276245989316,3.83334997925632,"NO","NO","NO",0.553206668062195,0.857903598461897,0.552725983338824,0.988644584230152,0.978257628491642,0.999908874757857,"chr1",43122717,43123115,"+",0,"NA","intron (NM_001013025, intron 5 of 12)","intron (NM_001013025, intron 5 of 12)",32551,"NM_001013025",73122,"Mm.246069","NM_001013025","ENSMUSG00000070939","Tgfbrap1","3110018K12Rik|AU024090|AU042859|AW742551|Trap1","transforming growth factor, beta receptor associated protein 1","protein-coding"]
[708,"Peak_718",0.121246381542999,0.494771018416193,0.373524636873194,4.96373270291061,"NO","NO","NO",0.760352226447724,0.207930983662696,0.21090668345146,0.996451548154072,0.776746023704372,0.999908874757857,"chr1",43149157,43149555,"+",0,"NA","intron (NM_001013025, intron 2 of 12)","CpG",6111,"NM_001013025",73122,"Mm.246069","NM_001013025","ENSMUSG00000070939","Tgfbrap1","3110018K12Rik|AU024090|AU042859|AW742551|Trap1","transforming growth factor, beta receptor associated protein 1","protein-coding"]
[709,"Peak_719",0.345473616413573,0.425746037781663,0.0802724213680905,5.6698184216815,"NO","NO","NO",0.424154522650263,0.326112838851515,0.832779439090064,0.977408255892978,0.847579149588684,0.999908874757857,"chr1",43155270,43155668,"+",0,"NA","promoter-TSS (NM_133818)","promoter-TSS (NM_133818)",-2,"NM_001013025",73122,"Mm.246069","NM_001013025","ENSMUSG00000070939","Tgfbrap1","3110018K12Rik|AU024090|AU042859|AW742551|Trap1","transforming growth factor, beta receptor associated protein 1","protein-coding"]
[710,"Peak_720",-0.663333631544327,-1.08986112019481,-0.426527488650484,3.55142718341027,"NO","NO","NO",0.208075591012847,0.0450618153368296,0.336206307430061,0.953494236567625,0.559461104632746,0.999908874757857,"chr1",43185008,43185406,"+",0,"NA","exon (NM_001289533, exon 5 of 6)","exon (NM_001289533, exon 5 of 6)",29652,"NM_133818",98404,"Mm.28817","NM_133818","ENSMUSG00000010290","AI597479","-","expressed sequence AI597479","protein-coding"]
[711,"Peak_721",1.11198467986743,0.88042157281304,-0.231563107054395,3.30824804166055,"NO","NO","NO",0.101559861166906,0.20850441753577,0.564453301442245,0.917104358205997,0.777454467237711,0.999908874757857,"chr1",43196432,43196830,"+",0,"NA","intron (NM_010212, intron 3 of 5)","intron (NM_010212, intron 3 of 5)",24175,"NM_010212",14200,"Mm.6799","NM_010212","ENSMUSG00000008136","Fhl2","FHL-2|SLIM-3|SLIM3","four and a half LIM domains 2","protein-coding"]
[712,"Peak_722",-0.30578506829452,0.150204719416946,0.455989787711466,5.59168394913979,"NO","NO","NO",0.463314800198306,0.717709166972195,0.218447425086769,0.979860780201896,0.95825047530639,0.999908874757857,"chr1",43220499,43220897,"+",0,"NA","5' UTR (NM_010212, exon 1 of 6)","5' UTR (NM_010212, exon 1 of 6)",108,"NM_010212",14200,"Mm.6799","NM_010212","ENSMUSG00000008136","Fhl2","FHL-2|SLIM-3|SLIM3","four and a half LIM domains 2","protein-coding"]
[713,"Peak_723",-0.2877506259657,-0.892661723137838,-0.604911097172138,2.85352881212339,"NO","NO","NO",0.663494340128605,0.199778397079571,0.245213853171418,0.992128801173048,0.770624585652722,0.999908874757857,"chr1",43243112,43243510,"+",0,"NA","intron (NM_001289533, intron 1 of 5)","intron (NM_001289533, intron 1 of 5)",10295,"NM_001289533",14200,"Mm.6799","NM_010212","ENSMUSG00000008136","Fhl2","FHL-2|SLIM-3|SLIM3","four and a half LIM domains 2","protein-coding"]
[714,"Peak_724",0.526831704675934,0.645367007836653,0.118535303160719,2.67466190186667,"NO","NO","NO",0.529660170481901,0.439791708024027,0.824833528223723,0.987425270131684,0.891695980553648,0.999908874757857,"chr1",43267545,43267943,"+",0,"NA","Intergenic","Intergenic",-14138,"NM_001289533",14200,"Mm.6799","NM_010212","ENSMUSG00000008136","Fhl2","FHL-2|SLIM-3|SLIM3","four and a half LIM domains 2","protein-coding"]
[715,"Peak_725",-0.413321508986329,-0.0182470100649493,0.395074498921379,3.10242433583258,"NO","NO","NO",0.509994879886939,0.976330670612484,0.367176694043325,0.985309129299437,0.996461420811234,0.999908874757857,"chr1",43268681,43269079,"+",0,"NA","Intergenic","Intergenic",-15274,"NM_001289533",14200,"Mm.6799","NM_010212","ENSMUSG00000008136","Fhl2","FHL-2|SLIM-3|SLIM3","four and a half LIM domains 2","protein-coding"]
[716,"Peak_727",-0.0169148630517927,0.0937097143549678,0.110624577406761,2.24800709278184,"NO","NO","NO",0.984924195283274,0.920339698556923,0.869534709656952,0.999441379886603,0.988449376895358,0.999908874757857,"chr1",43308050,43308448,"+",0,"NA","Intergenic","Intergenic",-54643,"NM_001289533",14200,"Mm.6799","NM_010212","ENSMUSG00000008136","Fhl2","FHL-2|SLIM-3|SLIM3","four and a half LIM domains 2","protein-coding"]
[717,"Peak_728",-0.64435787044298,-0.30330853051737,0.34104933992561,2.90404593720818,"NO","NO","NO",0.333784687992803,0.645508151989982,0.491024658529391,0.965732165980378,0.945041453938349,0.999908874757857,"chr1",43321268,43321666,"+",0,"NA","Intergenic","Intergenic",-67861,"NM_001289533",14200,"Mm.6799","NM_010212","ENSMUSG00000008136","Fhl2","FHL-2|SLIM-3|SLIM3","four and a half LIM domains 2","protein-coding"]
[718,"Peak_729",0.330641391949478,-0.143522871980372,-0.47416426392985,3.9558245033257,"NO","NO","NO",0.491567124840647,0.775593375489707,0.166701455098907,0.983469049549132,0.967886357079112,0.999908874757857,"chr1",43356250,43356648,"+",0,"NA","Intergenic","Intergenic",-102843,"NM_001289533",14200,"Mm.6799","NM_010212","ENSMUSG00000008136","Fhl2","FHL-2|SLIM-3|SLIM3","four and a half LIM domains 2","protein-coding"]
[719,"Peak_730",-0.188021632995454,-0.2530711582993,-0.065049525303846,5.02576153621578,"NO","NO","NO",0.628966655791006,0.519989295060802,0.840259406833519,0.991082598585515,0.914160108606332,0.999908874757857,"chr1",43363037,43363435,"+",0,"NA","Intergenic","(CA)n|Simple_repeat|Simple_repeat",-109630,"NM_001289533",14200,"Mm.6799","NM_010212","ENSMUSG00000008136","Fhl2","FHL-2|SLIM-3|SLIM3","four and a half LIM domains 2","protein-coding"]
[720,"Peak_731",1.20886338214762,1.57802788695173,0.369164504804102,2.48298802183946,"NO","NO","NO",0.251542989003211,0.12490748268961,0.53687077322669,0.958074512707729,0.701336576732982,0.999908874757857,"chr1",43406915,43407313,"+",0,"NA","Intergenic","Intergenic",-95482,"NM_010879",17974,"Mm.389903","NM_010879","ENSMUSG00000066877","Nck2","4833426I10Rik|Grb4|NCKbeta|Nck-2","non-catalytic region of tyrosine kinase adaptor protein 2","protein-coding"]
[721,"Peak_732",-0.0401885523073295,-0.292116244464389,-0.251927692157059,4.72053304173783,"NO","NO","NO",0.919600695965293,0.472667302853645,0.423112368448052,0.997839094325673,0.901595285121148,0.999908874757857,"chr1",43415141,43415539,"+",0,"NA","Intergenic","MER2|DNA|MER2_type",-87256,"NM_010879",17974,"Mm.389903","NM_010879","ENSMUSG00000066877","Nck2","4833426I10Rik|Grb4|NCKbeta|Nck-2","non-catalytic region of tyrosine kinase adaptor protein 2","protein-coding"]
[722,"Peak_733",0.24023718444661,-0.517059394418193,-0.757296578864803,2.37273100831846,"NO","NO","NO",0.797437741972227,0.592291605205757,0.31636885120493,0.996451548154072,0.931675623833808,0.999908874757857,"chr1",43461717,43462115,"+",0,"NA","Intergenic","Lx6|LINE|L1",-40680,"NM_010879",17974,"Mm.389903","NM_010879","ENSMUSG00000066877","Nck2","4833426I10Rik|Grb4|NCKbeta|Nck-2","non-catalytic region of tyrosine kinase adaptor protein 2","protein-coding"]
[723,"Peak_734",-0.479560015744936,-0.848694096677187,-0.369134080932251,2.91617952145505,"NO","NO","NO",0.454766994032357,0.200964161160476,0.465941434292665,0.978680603583146,0.772158170421121,0.999908874757857,"chr1",43483406,43483804,"+",0,"NA","Intergenic","Intergenic",-18991,"NM_010879",17974,"Mm.389903","NM_010879","ENSMUSG00000066877","Nck2","4833426I10Rik|Grb4|NCKbeta|Nck-2","non-catalytic region of tyrosine kinase adaptor protein 2","protein-coding"]
[724,"Peak_735",-0.127573090891152,0.135361580942988,0.26293467183414,5.60848585884274,"NO","NO","NO",0.744000008422034,0.72840899099363,0.441158132114265,0.995754237914056,0.959942403382516,0.999908874757857,"chr1",43502403,43502801,"+",0,"NA","promoter-TSS (NM_010879)","promoter-TSS (NM_010879)",6,"NM_010879",17974,"Mm.389903","NM_010879","ENSMUSG00000066877","Nck2","4833426I10Rik|Grb4|NCKbeta|Nck-2","non-catalytic region of tyrosine kinase adaptor protein 2","protein-coding"]
[725,"Peak_736",-0.762615291078853,-1.46976020042657,-0.707144909347722,3.32716082524247,"NO","DOWN","NO",0.142367011983224,0.00811092318838021,0.107658915490147,0.942853563971383,0.34703548908796,0.999908874757857,"chr1",43512466,43512864,"+",0,"NA","intron (NM_010879, intron 1 of 4)","intron (NM_010879, intron 1 of 4)",10069,"NM_010879",17974,"Mm.389903","NM_010879","ENSMUSG00000066877","Nck2","4833426I10Rik|Grb4|NCKbeta|Nck-2","non-catalytic region of tyrosine kinase adaptor protein 2","protein-coding"]
[726,"Peak_737",-0.115102827388922,-0.228338945164448,-0.113236117775525,3.65443068938852,"NO","NO","NO",0.828124424468664,0.672662805598107,0.769897830713784,0.996451548154072,0.950792012896728,0.999908874757857,"chr1",43539727,43540125,"+",0,"NA","intron (NM_010879, intron 1 of 4)","intron (NM_010879, intron 1 of 4)",37330,"NM_010879",17974,"Mm.389903","NM_010879","ENSMUSG00000066877","Nck2","4833426I10Rik|Grb4|NCKbeta|Nck-2","non-catalytic region of tyrosine kinase adaptor protein 2","protein-coding"]
[727,"Peak_738",-0.633416187382141,-0.922679095034499,-0.289262907652358,2.83882811905299,"NO","NO","NO",0.399805815500204,0.228406732961531,0.652402323902498,0.975982217513585,0.791380188705837,0.999908874757857,"chr1",43559454,43559852,"+",0,"NA","intron (NM_010879, intron 1 of 4)","intron (NM_010879, intron 1 of 4)",57057,"NM_010879",17974,"Mm.389903","NM_010879","ENSMUSG00000066877","Nck2","4833426I10Rik|Grb4|NCKbeta|Nck-2","non-catalytic region of tyrosine kinase adaptor protein 2","protein-coding"]
[728,"Peak_739",-0.828929507944581,-0.542858915587009,0.286070592357572,3.2359649885765,"NO","NO","NO",0.14094533473946,0.33055923545929,0.501437150784031,0.940259522203844,0.850490601113517,0.999908874757857,"chr1",43596640,43597038,"+",0,"NA","intron (NM_010879, intron 3 of 4)","intron (NM_010879, intron 3 of 4)",94243,"NM_010879",17974,"Mm.389903","NM_010879","ENSMUSG00000066877","Nck2","4833426I10Rik|Grb4|NCKbeta|Nck-2","non-catalytic region of tyrosine kinase adaptor protein 2","protein-coding"]
[729,"Peak_740",0.446624790620984,0.321030018599951,-0.125594772021034,3.23482412291086,"NO","NO","NO",0.483800212475046,0.622168496616828,0.762906456760905,0.982358173468764,0.939889394095657,0.999908874757857,"chr1",43599331,43599729,"+",0,"NA","intron (NM_010879, intron 3 of 4)","intron (NM_010879, intron 3 of 4)",96934,"NM_010879",17974,"Mm.389903","NM_010879","ENSMUSG00000066877","Nck2","4833426I10Rik|Grb4|NCKbeta|Nck-2","non-catalytic region of tyrosine kinase adaptor protein 2","protein-coding"]
[730,"Peak_741",0.254552224168773,-0.545401691775623,-0.799953915944396,3.79736749423963,"NO","NO","NO",0.604162233712999,0.299844758097669,0.0289974585737249,0.990629663238998,0.834692668192357,0.999908874757857,"chr1",43605538,43605936,"+",0,"NA","intron (NM_010879, intron 3 of 4)","intron (NM_010879, intron 3 of 4)",103141,"NM_010879",17974,"Mm.389903","NM_010879","ENSMUSG00000066877","Nck2","4833426I10Rik|Grb4|NCKbeta|Nck-2","non-catalytic region of tyrosine kinase adaptor protein 2","protein-coding"]
[731,"Peak_742",-0.348193125848116,-0.93527517045476,-0.587082044606644,5.18723083710848,"NO","NO","NO",0.345722680190594,0.0140851724282714,0.0721916355447161,0.969037234820511,0.422725743170982,0.999908874757857,"chr1",43612388,43612786,"+",0,"NA","intron (NM_010879, intron 4 of 4)","intron (NM_010879, intron 4 of 4)",109991,"NM_010879",17974,"Mm.389903","NM_010879","ENSMUSG00000066877","Nck2","4833426I10Rik|Grb4|NCKbeta|Nck-2","non-catalytic region of tyrosine kinase adaptor protein 2","protein-coding"]
[732,"Peak_743",0.535773640246523,0.35459672326252,-0.181176916984003,3.62493241936266,"NO","NO","NO",0.331032541934902,0.530572627251181,0.60737941710903,0.964186919392087,0.917773136170093,0.999908874757857,"chr1",43625807,43626205,"+",0,"NA","exon (NM_010879, exon 5 of 5)","exon (NM_010879, exon 5 of 5)",123410,"NM_010879",17974,"Mm.389903","NM_010879","ENSMUSG00000066877","Nck2","4833426I10Rik|Grb4|NCKbeta|Nck-2","non-catalytic region of tyrosine kinase adaptor protein 2","protein-coding"]
[733,"Peak_744",-0.111603748352588,-0.320563655017882,-0.208959906665294,5.78782326565814,"NO","NO","NO",0.755986191411892,0.376764194118118,0.513674928390641,0.996451548154072,0.870522454464426,0.999908874757857,"chr1",43640433,43640831,"+",0,"NA","Intergenic","Intergenic",138036,"NM_010879",17974,"Mm.389903","NM_010879","ENSMUSG00000066877","Nck2","4833426I10Rik|Grb4|NCKbeta|Nck-2","non-catalytic region of tyrosine kinase adaptor protein 2","protein-coding"]
[734,"Peak_745",0.72650687731952,0.462619601644814,-0.263887275674706,4.96884134562882,"NO","NO","NO",0.0710161390143109,0.259892252799094,0.371591223172124,0.907934971210637,0.811244640304377,0.999908874757857,"chr1",43647425,43647823,"+",0,"NA","Intergenic","Intergenic",-139823,"NM_024283",78896,"Mm.50109","NM_024283","ENSMUSG00000026051","1500015O10Rik","Ecrg4","RIKEN cDNA 1500015O10 gene","protein-coding"]
[735,"Peak_746",1.36685665090144,1.45413807741039,0.0872814265089457,3.6457560565092,"NO","NO","NO",0.0406365814336374,0.0299448171407103,0.820949988601243,0.87729516250802,0.508131810556705,0.999908874757857,"chr1",43672787,43673185,"+",0,"NA","Intergenic","Intergenic",-114461,"NM_024283",78896,"Mm.50109","NM_024283","ENSMUSG00000026051","1500015O10Rik","Ecrg4","RIKEN cDNA 1500015O10 gene","protein-coding"]
[736,"Peak_747",0.900838363639135,0.476519884133084,-0.424318479506051,2.78181538807529,"NO","NO","NO",0.265611634238189,0.571569968541858,0.418275065469956,0.959925552157071,0.92714590140995,0.999908874757857,"chr1",43721730,43722128,"+",0,"NA","Intergenic","Intergenic",-65518,"NM_024283",78896,"Mm.50109","NM_024283","ENSMUSG00000026051","1500015O10Rik","Ecrg4","RIKEN cDNA 1500015O10 gene","protein-coding"]
[737,"Peak_748",-0.0455817023169867,0.0637978979485794,0.109379600265566,3.9774476588101,"NO","NO","NO",0.93425331471686,0.90792144721308,0.802266183781809,0.997839094325673,0.985897416025417,0.999908874757857,"chr1",43728610,43729008,"+",0,"NA","Intergenic","Intergenic",-58638,"NM_024283",78896,"Mm.50109","NM_024283","ENSMUSG00000026051","1500015O10Rik","Ecrg4","RIKEN cDNA 1500015O10 gene","protein-coding"]
[738,"Peak_749",0.979512213569469,0.936230322184982,-0.0432818913844869,5.20433327569871,"NO","NO","NO",0.0171450816243527,0.0234269700298804,0.88503277359501,0.819555251889309,0.479470163252425,0.999908874757857,"chr1",43751778,43752176,"+",0,"NA","Intergenic","Intergenic",-35470,"NM_024283",78896,"Mm.50109","NM_024283","ENSMUSG00000026051","1500015O10Rik","Ecrg4","RIKEN cDNA 1500015O10 gene","protein-coding"]
[739,"Peak_750",1.14881972148439,0.717749676311904,-0.431070045172483,3.29024469686407,"NO","NO","NO",0.0933929602073865,0.315604556721365,0.300888708654101,0.912433051675562,0.843181740960333,0.999908874757857,"chr1",43755301,43755699,"+",0,"NA","Intergenic","Intergenic",-31947,"NM_024283",78896,"Mm.50109","NM_024283","ENSMUSG00000026051","1500015O10Rik","Ecrg4","RIKEN cDNA 1500015O10 gene","protein-coding"]
[740,"Peak_751",1.71051416925738,2.05414687582351,0.343632706566131,3.4110091458722,"NO","NO","NO",0.0369528525614928,0.0101191714824098,0.443684768619627,0.871985790905265,0.375382230075161,0.999908874757857,"chr1",43787361,43787759,"+",0,"NA","5' UTR (NM_024283, exon 1 of 4)","5' UTR (NM_024283, exon 1 of 4)",113,"NM_024283",78896,"Mm.50109","NM_024283","ENSMUSG00000026051","1500015O10Rik","Ecrg4","RIKEN cDNA 1500015O10 gene","protein-coding"]
[741,"Peak_752",0.082917638929695,-0.501193132800191,-0.584110771729886,2.96336108344749,"NO","NO","NO",0.900899200468816,0.473891700632649,0.242258244822584,0.997379498009998,0.902207469928535,0.999908874757857,"chr1",43838100,43838498,"+",0,"NA","intron (NM_026430, intron 6 of 14)","intron (NM_026430, intron 6 of 14)",46254,"NM_026430",67883,"Mm.387202","NM_026430","ENSMUSG00000057363","Uxs1","1600025I13Rik|AI451869|AI649125|AW550562","UDP-glucuronate decarboxylase 1","protein-coding"]
[742,"Peak_753",0.647443646217443,0.19458088470796,-0.452862761509483,2.20384397493625,"NO","NO","NO",0.511788372278164,0.848586509977191,0.503492883117789,0.985376506890842,0.977494282942532,0.999908874757857,"chr1",43867245,43867643,"+",0,"NA","intron (NM_026430, intron 1 of 14)","intron (NM_026430, intron 1 of 14)",17109,"NM_026430",67883,"Mm.387202","NM_026430","ENSMUSG00000057363","Uxs1","1600025I13Rik|AI451869|AI649125|AW550562","UDP-glucuronate decarboxylase 1","protein-coding"]
[743,"Peak_754",-0.668336334250193,-0.508607906709776,0.159728427540416,5.79814987857387,"NO","NO","NO",0.0797304380173413,0.182576291278244,0.648987317781036,0.911408110368333,0.756120952812196,0.999908874757857,"chr1",43884231,43884629,"+",0,"NA","intron (NM_026430, intron 1 of 14)","CpG",123,"NM_026430",67883,"Mm.387202","NM_026430","ENSMUSG00000057363","Uxs1","1600025I13Rik|AI451869|AI649125|AW550562","UDP-glucuronate decarboxylase 1","protein-coding"]
[744,"Peak_755",-0.731475413637207,-1.41350527446222,-0.682029860825009,3.5405552113153,"NO","NO","NO",0.216234535941279,0.0207917972556624,0.199210518842228,0.954504329026433,0.464144408670266,0.999908874757857,"chr1",43916348,43916746,"+",0,"NA","Intergenic","RMER17C|LTR|ERVK",-31994,"NM_026430",67883,"Mm.387202","NM_026430","ENSMUSG00000057363","Uxs1","1600025I13Rik|AI451869|AI649125|AW550562","UDP-glucuronate decarboxylase 1","protein-coding"]
[745,"Peak_756",-0.0245882702941724,-0.171803552758933,-0.14721528246476,4.12148053662577,"NO","NO","NO",0.957119960684829,0.712730025132132,0.665951507791292,0.998209823724761,0.957181017458938,0.999908874757857,"chr1",43955940,43956338,"+",0,"NA","Intergenic","Intergenic",-34700,"NM_001310540",22019,"Mm.401675","NM_009418","ENSMUSG00000041763","Tpp2","TPP-2|TppII","tripeptidyl peptidase II","protein-coding"]
[746,"Peak_757",-0.156983354486755,-0.0902788189138132,0.066704535572942,6.24542315351443,"NO","NO","NO",0.678402400144407,0.812020585257392,0.848572265331474,0.993744595008032,0.972367445362789,0.999908874757857,"chr1",43990644,43991042,"+",0,"NA","promoter-TSS (NM_001310540)","promoter-TSS (NM_001310540)",4,"NM_009418",22019,"Mm.401675","NM_009418","ENSMUSG00000041763","Tpp2","TPP-2|TppII","tripeptidyl peptidase II","protein-coding"]
[747,"Peak_758",0.631828896505342,0.453244106959045,-0.178584789546297,2.92352360199618,"NO","NO","NO",0.396712427127821,0.552494103397225,0.713318144392094,0.975727502304369,0.922746668370243,0.999908874757857,"chr1",44098868,44099266,"+",0,"NA","Intergenic","MER119|DNA|MER1_type",-22216,"NM_001013799",433294,"Mm.123621","NM_001013799","ENSMUSG00000047343","Mettl21c","A530098C11Rik","methyltransferase like 21C","protein-coding"]
[748,"Peak_759",0.821812898069256,1.13671549738824,0.314902599318984,2.16070720033292,"NO","NO","NO",0.451144603538761,0.287063931461407,0.617216211199947,0.978344677090796,0.826859516516738,0.999908874757857,"chr1",44099901,44100299,"+",0,"NA","Intergenic","Intergenic",-23249,"NM_001013799",433294,"Mm.123621","NM_001013799","ENSMUSG00000047343","Mettl21c","A530098C11Rik","methyltransferase like 21C","protein-coding"]
[749,"Peak_760",1.15389138872428,0.185739656231185,-0.968151732493091,3.14015930221305,"NO","NO","NO",0.109342607726963,0.812360797211225,0.0463041826160172,0.921787000934067,0.97238033657678,0.999908874757857,"chr1",44120642,44121040,"+",0,"NA","Intergenic","Intergenic",38392,"NM_029368",75623,"Mm.348017","NM_029368","ENSMUSG00000026049","Tex30","1700029F09Rik|3110030D08Rik","testis expressed 30","protein-coding"]
[750,"Peak_761",-0.0832731719478857,0.033322862141872,0.116596034089758,5.46932417119413,"NO","NO","NO",0.826248146846658,0.930091221310901,0.719169976698157,0.996451548154072,0.98986700894204,0.999908874757857,"chr1",44158880,44159278,"+",0,"NA","intron (NM_029368, intron 1 of 7)","CpG",154,"NM_029368",75623,"Mm.348017","NM_029368","ENSMUSG00000026049","Tex30","1700029F09Rik|3110030D08Rik","testis expressed 30","protein-coding"]
[751,"Peak_762",-0.690956256572716,-0.51838928948879,0.172566967083925,4.69054898970627,"NO","NO","NO",0.0689680399633228,0.173005027734858,0.576268187542715,0.907934971210637,0.747583755282533,0.999908874757857,"chr1",44175982,44176380,"+",0,"NA","promoter-TSS (NM_144558)","promoter-TSS (NM_144558)",-563,"NM_023645",72050,"Mm.281714","NM_023645","ENSMUSG00000026047","Kdelc1","1810049A15Rik|5730416C13Rik|EP58|Kdel1","KDEL (Lys-Asp-Glu-Leu) containing 1","protein-coding"]
[752,"Peak_763",0.0105115787963651,0.198245275866475,0.187733697070109,5.77799804215194,"NO","NO","NO",0.982564176388302,0.681220730814765,0.673451580410026,0.999374808885173,0.951990644456584,0.999908874757857,"chr1",44204572,44204970,"+",0,"NA","5' UTR (NM_011729, exon 1 of 15)","5' UTR (NM_011729, exon 1 of 15)",182,"NM_011729",22592,"Mm.2213","NM_011729","ENSMUSG00000026048","Ercc5","Xpg","excision repair cross-complementing rodent repair deficiency, complementation group 5","protein-coding"]
[753,"Peak_764",0.409892607335383,0.471274527238746,0.0613819199033628,2.84360168194682,"NO","NO","NO",0.602320544829925,0.548484405449176,0.907377711160868,0.990629663238998,0.921434296271548,0.999908874757857,"chr1",44255387,44255785,"+",0,"NA","Intergenic","FordPrefect|DNA|Tip100",20190,"NM_207281",403183,"Mm.336176","NM_207281","ENSMUSG00000046828","Mettl21e","4832428D23Rik|Gm991","methyltransferase like 21E","protein-coding"]
[754,"Peak_765",-0.354559859491149,-0.7075367070453,-0.35297684755415,4.53001515960119,"NO","NO","NO",0.361044072105314,0.0771119292805993,0.259611329277434,0.971106104672636,0.635638259578444,0.999908874757857,"chr1",44608713,44609111,"+",0,"NA","intron (NM_028450, intron 1 of 10)","CpG",396,"NM_028450",70676,"Mm.133132","NM_027506","ENSMUSG00000056870","Gulp1","3110030A04Rik|5730529O06Rik|CED-6|Ced6|GULP|Gulp-2","GULP, engulfment adaptor PTB domain containing 1","protein-coding"]
[755,"Peak_766",0.270060993479802,0.00161419969537392,-0.268446793784428,5.37430744263061,"NO","NO","NO",0.507503137925125,0.996877396054636,0.441479874459502,0.984683579984827,0.999480190376433,0.999908874757857,"chr1",44641893,44642291,"+",0,"NA","intron (NM_028450, intron 1 of 10)","intron (NM_028450, intron 1 of 10)",33576,"NM_028450",70676,"Mm.133132","NM_027506","ENSMUSG00000056870","Gulp1","3110030A04Rik|5730529O06Rik|CED-6|Ced6|GULP|Gulp-2","GULP, engulfment adaptor PTB domain containing 1","protein-coding"]
[756,"Peak_767",1.04055397255692,0.779184984872764,-0.261368987684152,2.1187455091978,"NO","NO","NO",0.311400544642393,0.465286295607864,0.649503895696092,0.959925552157071,0.899606557559587,0.999908874757857,"chr1",44739461,44739859,"+",0,"NA","intron (NM_028450, intron 1 of 10)","intron (NM_028450, intron 1 of 10)",62134,"NR_040602",75066,"Mm.416932","NR_040602","ENSMUSG00000101701","4930521E06Rik","-","RIKEN cDNA 4930521E06 gene","ncRNA"]
[757,"Peak_768",0.298110151166657,0.734405701500282,0.436295550333625,2.6588005844083,"NO","NO","NO",0.73098829830212,0.390327602378455,0.442403813598531,0.995754237914056,0.87579150363568,0.999908874757857,"chr1",45451068,45451466,"+",0,"NA","exon (NM_007737, exon 35 of 54)","exon (NM_007737, exon 35 of 54)",82884,"NM_009930",12825,"Mm.249555","NM_009930","ENSMUSG00000026043","Col3a1","AW550625|Col3a-1|Tsk-2|Tsk2","collagen, type III, alpha 1","protein-coding"]
[758,"Peak_769",0.0720502383464447,0.290103833115156,0.218053594768711,5.60194507704826,"NO","NO","NO",0.855464876163189,0.463023616816143,0.522165804054451,0.996451548154072,0.898936819457465,0.999908874757857,"chr1",45852069,45852467,"+",0,"NA","promoter-TSS (NM_028599)","promoter-TSS (NM_028599)",-78,"NM_028599",73674,"Mm.270376","NM_028599","ENSMUSG00000025995","Wdr75","1300003A18Rik|2410118I19Rik|C77608","WD repeat domain 75","protein-coding"]
[759,"Peak_770",1.12693743373757,1.37221408422081,0.245276650483237,2.36408438020177,"NO","NO","NO",0.281311733487819,0.1854738333735,0.676229027914498,0.959925552157071,0.758552937193581,0.999908874757857,"chr1",45882005,45882403,"+",0,"NA","Intergenic","B3A|SINE|B2",29858,"NM_028599",73674,"Mm.270376","NM_028599","ENSMUSG00000025995","Wdr75","1300003A18Rik|2410118I19Rik|C77608","WD repeat domain 75","protein-coding"]
[760,"Peak_771",-0.661891968034105,-1.27210782963278,-0.610215861598676,2.4243198186944,"NO","NO","NO",0.352101077277128,0.0922433113810828,0.287111114358949,0.970570941478962,0.657900366658717,0.999908874757857,"chr1",45962095,45962493,"+",0,"NA","Intergenic","Intergenic",20145,"NM_016917",53945,"Mm.28756","NM_016917","ENSMUSG00000025993","Slc40a1","Dusg|Fpn1|IREG1|MTP|MTP1|Ol5|Pcm|Slc11a3|Slc39a1","solute carrier family 40 (iron-regulated transporter), member 1","protein-coding"]
[761,"Peak_772",-0.0887903785064232,-0.286431036017159,-0.197640657510736,4.70743624168902,"NO","NO","NO",0.828804874622131,0.493444645217994,0.548761300301838,0.996451548154072,0.907903443913105,0.999908874757857,"chr1",45982574,45982972,"+",0,"NA","promoter-TSS (NM_016917)","promoter-TSS (NM_016917)",-334,"NM_016917",53945,"Mm.28756","NM_016917","ENSMUSG00000025993","Slc40a1","Dusg|Fpn1|IREG1|MTP|MTP1|Ol5|Pcm|Slc11a3|Slc39a1","solute carrier family 40 (iron-regulated transporter), member 1","protein-coding"]
[762,"Peak_773",-1.15842796811952,-0.731341735777573,0.427086232341949,2.41237148452423,"NO","NO","NO",0.130821552054748,0.330822219348273,0.481311084073843,0.934737848266464,0.850490601113517,0.999908874757857,"chr1",46043190,46043588,"+",0,"NA","Intergenic","B4A|SINE|B4",43893,"NR_037690",212225,"Mm.78540","NM_172504","ENSMUSG00000044457","Stk-ps2","4930509O22|EG212225|Gm4776","serine/threonine kinase 2","pseudo"]
[763,"Peak_774",0.206384182845555,-0.0300899224567177,-0.236474105302272,3.93639904155507,"NO","NO","NO",0.664578246633042,0.95113895313622,0.473629693614609,0.992128801173048,0.992114606145815,0.999908874757857,"chr1",46088438,46088836,"+",0,"NA","Intergenic","Intergenic",-1355,"NR_037691",212225,"Mm.78540","NM_172504","ENSMUSG00000044457","Stk-ps2","4930509O22|EG212225|Gm4776","serine/threonine kinase 2","pseudo"]
[764,"Peak_775",0.919494078088836,1.03197447931709,0.112480401228256,4.34087140114671,"NO","NO","NO",0.0747036705775192,0.0460252489596822,0.742710614302558,0.907934971210637,0.563726869057141,0.999908874757857,"chr1",46123565,46123963,"+",0,"NA","intron (NM_001160386, intron 1 of 65)","intron (NM_001160386, intron 1 of 65)",181,"NM_001160386",227058,"Mm.296880","NM_001160386","ENSMUSG00000041144","Dnah7b","Dnahc7b|Gm107","dynein, axonemal, heavy chain 7B","protein-coding"]
[765,"Peak_776",-0.0314729338200831,0.0537006917391496,0.0851736255592327,3.1268210173701,"NO","NO","NO",0.961133125398074,0.934298006589349,0.851194291112211,0.998410236480772,0.990387649330979,0.999908874757857,"chr1",46482231,46482629,"+",0,"NA","promoter-TSS (NM_001310335)","promoter-TSS (NM_001310335)",67,"NM_001310335",100101919,"Mm.383402","NM_001310335","ENSMUSG00000101337","Dnah7c","Dnahc7c","dynein, axonemal, heavy chain 7C","protein-coding"]
[766,"Peak_777",0.0537553371447184,-0.761995039557294,-0.815750376702012,3.07068749082424,"NO","NO","NO",0.931861559495801,0.257001405182446,0.0893723178795844,0.997839094325673,0.809382481763177,0.999908874757857,"chr1",46854526,46854924,"+",0,"NA","intron (NM_001310335, intron 63 of 64)","intron (NM_001310335, intron 63 of 64)",55629,"NM_172653",227059,"Mm.233889","NM_172653","ENSMUSG00000025986","Slc39a10","2900042E17Rik|5430433I10|mKIAA1265","solute carrier family 39 (zinc transporter), member 10","protein-coding"]
[767,"Peak_778",-0.223970366857947,0.13353440213251,0.357504768990457,6.47471815268752,"NO","NO","NO",0.538513307866005,0.713085178824066,0.28735170719469,0.987911773173323,0.957212971671941,0.999908874757857,"chr1",46910113,46910511,"+",0,"NA","promoter-TSS (NM_172653)","promoter-TSS (NM_172653)",42,"NM_172653",227059,"Mm.233889","NM_172653","ENSMUSG00000025986","Slc39a10","2900042E17Rik|5430433I10|mKIAA1265","solute carrier family 39 (zinc transporter), member 10","protein-coding"]
[768,"Peak_779",0.119511695138046,-0.433784064813506,-0.553295759951552,2.86221214205135,"NO","NO","NO",0.865685476160657,0.560244374594504,0.293903930478977,0.996451548154072,0.924697655598125,0.999908874757857,"chr1",46942036,46942434,"+",0,"NA","Intergenic","Intergenic",-31881,"NM_172653",227059,"Mm.233889","NM_172653","ENSMUSG00000025986","Slc39a10","2900042E17Rik|5430433I10|mKIAA1265","solute carrier family 39 (zinc transporter), member 10","protein-coding"]
[769,"Peak_780",1.44601497194982,1.21192364598897,-0.234091325960847,3.61477529958186,"NO","NO","NO",0.0563263866440991,0.117412376594111,0.650474239153484,0.895148662088407,0.691619899282457,0.999908874757857,"chr1",46944812,46945210,"+",0,"NA","Intergenic","Intergenic",-34657,"NM_172653",227059,"Mm.233889","NM_172653","ENSMUSG00000025986","Slc39a10","2900042E17Rik|5430433I10|mKIAA1265","solute carrier family 39 (zinc transporter), member 10","protein-coding"]
[770,"Peak_781",0.350303067015366,-1.02475511977,-1.37505818678536,2.38624898121425,"NO","NO","NO",0.675195947795983,0.26785099374529,0.0380479673114141,0.993474142907549,0.815912205648665,0.999908874757857,"chr1",47025324,47025722,"+",0,"NA","Intergenic","Intergenic",-115169,"NM_172653",227059,"Mm.233889","NM_172653","ENSMUSG00000025986","Slc39a10","2900042E17Rik|5430433I10|mKIAA1265","solute carrier family 39 (zinc transporter), member 10","protein-coding"]
[771,"Peak_782",0.394573421851507,-0.315006659029186,-0.709580080880693,2.41496938905012,"NO","NO","NO",0.737005789324282,0.790396210129568,0.492416119135459,0.995754237914056,0.969464466730859,0.999908874757857,"chr1",47147523,47147921,"+",0,"NA","Intergenic","RMER17B|LTR|ERVK",-237368,"NM_172653",227059,"Mm.233889","NM_172653","ENSMUSG00000025986","Slc39a10","2900042E17Rik|5430433I10|mKIAA1265","solute carrier family 39 (zinc transporter), member 10","protein-coding"]
[772,"Peak_783",0.72960561533941,0.643038945906236,-0.086566669433174,3.28564689570587,"NO","NO","NO",0.2696220996711,0.339858852689431,0.833769173813784,0.959925552157071,0.853885409246248,0.999908874757857,"chr1",47220689,47221087,"+",0,"NA","Intergenic","Intergenic",303081,"NR_105768",102466969,null,"NR_105768","ENSMUSG00000098876","Mir6350","Gm27958|mmu-mir-6350","microRNA 6350","ncRNA"]
[773,"Peak_784",0.388664513534971,0.456914951207667,0.0682504376726966,2.20328963852094,"NO","NO","NO",0.686505311213366,0.635065859439849,0.910337432121625,0.993744595008032,0.942687086062018,0.999908874757857,"chr1",47334619,47335017,"+",0,"NA","Intergenic","Intergenic",189151,"NR_105768",102466969,null,"NR_105768","ENSMUSG00000098876","Mir6350","Gm27958|mmu-mir-6350","microRNA 6350","ncRNA"]
[774,"Peak_785",0.603163030545949,-0.414868835018877,-1.01803186556483,2.07695832107927,"NO","NO","NO",0.525110429036836,0.691962990984135,0.121119663604045,0.986560252091199,0.953739544357954,0.999908874757857,"chr1",47335552,47335950,"+",0,"NA","Intergenic","Intergenic",188218,"NR_105768",102466969,null,"NR_105768","ENSMUSG00000098876","Mir6350","Gm27958|mmu-mir-6350","microRNA 6350","ncRNA"]
[775,"Peak_786",0.721505584829788,1.24172519484186,0.520219610012071,2.18160063239476,"NO","NO","NO",0.511500964769807,0.243896415461137,0.411829407781181,0.985376506890842,0.801821909523153,0.999908874757857,"chr1",50595720,50596118,"+",0,"NA","Intergenic","Intergenic",-388448,"NM_019790",56363,"Mm.245154","NM_019790","ENSMUSG00000026109","Tmeff2","4832418D20Rik|7630402F16Rik|TR-2","transmembrane protein with EGF-like and two follistatin-like domains 2","protein-coding"]
[776,"Peak_787",0.277003004116985,0.126121714372241,-0.150881289744745,3.13458059325653,"NO","NO","NO",0.692979974839151,0.86014402212727,0.764845485693348,0.994017516412353,0.978286559011244,0.999908874757857,"chr1",50827049,50827447,"+",0,"NA","Intergenic","Intergenic",-157119,"NM_019790",56363,"Mm.245154","NM_019790","ENSMUSG00000026109","Tmeff2","4832418D20Rik|7630402F16Rik|TR-2","transmembrane protein with EGF-like and two follistatin-like domains 2","protein-coding"]
[777,"Peak_788",0.307089523709989,0.0835634267415258,-0.223526096968463,2.91170912222212,"NO","NO","NO",0.670481753893865,0.910074949695404,0.653768068970127,0.992976433795325,0.986202775866487,0.999908874757857,"chr1",50954716,50955114,"+",0,"NA","Intergenic","Intergenic",-29452,"NM_019790",56363,"Mm.245154","NM_019790","ENSMUSG00000026109","Tmeff2","4832418D20Rik|7630402F16Rik|TR-2","transmembrane protein with EGF-like and two follistatin-like domains 2","protein-coding"]
[778,"Peak_789",-0.374310153659834,-0.455593403905841,-0.081283250246007,5.72372283464909,"NO","NO","NO",0.307772315144127,0.217878337625331,0.805299683166928,0.959925552157071,0.783154445687851,0.999908874757857,"chr1",50983998,50984396,"+",0,"NA","promoter-TSS (NM_019790)","promoter-TSS (NM_019790)",-170,"NM_019790",56363,"Mm.245154","NM_019790","ENSMUSG00000026109","Tmeff2","4832418D20Rik|7630402F16Rik|TR-2","transmembrane protein with EGF-like and two follistatin-like domains 2","protein-coding"]
[779,"Peak_790",0.21789273515982,0.193174152987863,-0.024718582171957,2.07664825371037,"NO","NO","NO",0.83074817148169,0.852748457929695,0.971038275471983,0.996451548154072,0.977898830794056,0.999908874757857,"chr1",51047577,51047975,"+",0,"NA","intron (NM_019790, intron 4 of 9)","intron (NM_019790, intron 4 of 9)",63409,"NM_019790",56363,"Mm.245154","NM_019790","ENSMUSG00000026109","Tmeff2","4832418D20Rik|7630402F16Rik|TR-2","transmembrane protein with EGF-like and two follistatin-like domains 2","protein-coding"]
[780,"Peak_791",-0.276078389413574,-0.612726754851699,-0.336648365438125,2.98951820477123,"NO","NO","NO",0.700929929602427,0.407114756354432,0.561519803848019,0.994718378528044,0.880707634011251,0.999908874757857,"chr1",51133000,51133398,"+",0,"NA","intron (NM_019790, intron 5 of 9)","intron (NM_019790, intron 5 of 9)",148832,"NM_019790",56363,"Mm.245154","NM_019790","ENSMUSG00000026109","Tmeff2","4832418D20Rik|7630402F16Rik|TR-2","transmembrane protein with EGF-like and two follistatin-like domains 2","protein-coding"]
[781,"Peak_792",0.551680542528851,0.477887171514687,-0.0737933710141647,2.63534230983045,"NO","NO","NO",0.514818160119899,0.579879287219123,0.894470273701714,0.985457002829782,0.928879375310779,0.999908874757857,"chr1",51188316,51188714,"+",0,"NA","intron (NM_019790, intron 5 of 9)","intron (NM_019790, intron 5 of 9)",-157455,"NM_138741",20324,"Mm.398690","NM_138741","ENSMUSG00000045954","Sdpr","-","serum deprivation response","protein-coding"]
[782,"Peak_793",-0.48523545695028,-0.574281259414933,-0.0890458024646531,2.37036156182515,"NO","NO","NO",0.567307348323714,0.503924864484925,0.893837605031027,0.989871165956955,0.909880420543914,0.999908874757857,"chr1",51205476,51205874,"+",0,"NA","intron (NM_019790, intron 7 of 9)","intron (NM_019790, intron 7 of 9)",-140295,"NM_138741",20324,"Mm.398690","NM_138741","ENSMUSG00000045954","Sdpr","-","serum deprivation response","protein-coding"]
[783,"Peak_794",-0.992914316309037,-1.34112541550361,-0.348211099194571,2.38506136742175,"NO","NO","NO",0.178794111205255,0.0787686645818521,0.577869031270359,0.95136953655993,0.638506440550001,0.999908874757857,"chr1",51209656,51210054,"+",0,"NA","intron (NM_019790, intron 7 of 9)","intron (NM_019790, intron 7 of 9)",-136115,"NM_138741",20324,"Mm.398690","NM_138741","ENSMUSG00000045954","Sdpr","-","serum deprivation response","protein-coding"]
[784,"Peak_795",0.696088250875519,0.864064561065657,0.167976310190138,3.91263973100718,"NO","NO","NO",0.207010531446953,0.115189067201118,0.628310851665849,0.953494236567625,0.688197886559732,0.999908874757857,"chr1",51273432,51273830,"+",0,"NA","Intergenic","Intergenic",-72339,"NM_138741",20324,"Mm.398690","NM_138741","ENSMUSG00000045954","Sdpr","-","serum deprivation response","protein-coding"]
[785,"Peak_796",1.34676173687423,0.64056373268608,-0.706198004188148,3.34690690582347,"NO","NO","NO",0.0751840324435802,0.418805234459536,0.179904897661798,0.907934971210637,0.884558252432771,0.999908874757857,"chr1",51283565,51283963,"+",0,"NA","intron (NR_045151, intron 4 of 4)","intron (NR_045151, intron 4 of 4)",-62206,"NM_138741",20324,"Mm.398690","NM_138741","ENSMUSG00000045954","Sdpr","-","serum deprivation response","protein-coding"]
[786,"Peak_797",1.09115168208686,1.23580801390876,0.144656331821901,2.79374699952258,"NO","NO","NO",0.209020973993328,0.153509112939254,0.770672700942876,0.953494236567625,0.727855918695649,0.999908874757857,"chr1",51324224,51324622,"+",0,"NA","intron (NR_045151, intron 2 of 4)","intron (NR_045151, intron 2 of 4)",-21547,"NM_138741",20324,"Mm.398690","NM_138741","ENSMUSG00000045954","Sdpr","-","serum deprivation response","protein-coding"]
[787,"Peak_798",1.01978297292399,1.4034025921581,0.383619619234107,3.21520919763879,"NO","NO","NO",0.201185632476367,0.0710057475730377,0.429358501410485,0.953494236567625,0.625053838521295,0.999908874757857,"chr1",51345705,51346103,"+",0,"NA","promoter-TSS (NM_138741)","promoter-TSS (NM_138741)",-66,"NM_138741",20324,"Mm.398690","NM_138741","ENSMUSG00000045954","Sdpr","-","serum deprivation response","protein-coding"]
[788,"Peak_799",0.461226994784517,-0.420693738632335,-0.881920733416852,2.83852030038563,"NO","NO","NO",0.514506361476206,0.583107574967876,0.0811177445207041,0.985457002829782,0.929392239935588,0.999908874757857,"chr1",51390440,51390838,"+",0,"NA","promoter-TSS (NR_045151)","promoter-TSS (NR_045151)",-16,"NR_045151",442821,"Mm.118030","NR_045151","ENSMUSG00000101799","9330175M20Rik","-","RIKEN cDNA 9330175M20 gene","ncRNA"]
[789,"Peak_800",0.132524347076868,-0.30589984630151,-0.438424193378377,3.37351525574807,"NO","NO","NO",0.829002868722194,0.63045671937419,0.345839363301498,0.996451548154072,0.9421751234061,0.999908874757857,"chr1",51402604,51403002,"+",0,"NA","Intergenic","Intergenic",-12180,"NR_045151",442821,"Mm.118030","NR_045151","ENSMUSG00000101799","9330175M20Rik","-","RIKEN cDNA 9330175M20 gene","ncRNA"]
[790,"Peak_801",1.31047741331722,0.629208993825552,-0.681268419491664,2.20361790622651,"NO","NO","NO",0.196099724495721,0.564163318662151,0.247411141431423,0.953494236567625,0.925635621100467,0.999908874757857,"chr1",51421553,51421951,"+",0,"NA","Intergenic","Intergenic",-31129,"NR_045151",442821,"Mm.118030","NR_045151","ENSMUSG00000101799","9330175M20Rik","-","RIKEN cDNA 9330175M20 gene","ncRNA"]
[791,"Peak_802",0.977529485711479,1.43622676563675,0.45869727992527,2.35043933182811,"NO","NO","NO",0.353348680151953,0.158688582010291,0.426898586148926,0.970570941478962,0.733648721894707,0.999908874757857,"chr1",51502862,51503260,"+",0,"NA","Intergenic","Intergenic",32182,"NM_028696",109019,"Mm.196290","NM_028696","ENSMUSG00000026107","Nabp1","4930434H03Rik|4930442A21Rik|4930488J04Rik|4933440J18Rik|5830411E10Rik|AI852561|Nbp1|Obfc2a|Ssb2","nucleic acid binding protein 1","protein-coding"]
[792,"Peak_803",0.263664504417193,-0.340514401885239,-0.604178906302432,2.94810740454683,"NO","NO","NO",0.700862160306029,0.63734223846332,0.226319674609473,0.994718378528044,0.942994927799241,0.999908874757857,"chr1",51515954,51516352,"+",0,"NA","Intergenic","Intergenic",19090,"NM_028696",109019,"Mm.196290","NM_028696","ENSMUSG00000026107","Nabp1","4930434H03Rik|4930442A21Rik|4930488J04Rik|4933440J18Rik|5830411E10Rik|AI852561|Nbp1|Obfc2a|Ssb2","nucleic acid binding protein 1","protein-coding"]
[793,"Peak_804",0.178987101514593,0.387098862798848,0.208111761284255,5.94256580194602,"NO","NO","NO",0.662419051631724,0.345682488988735,0.569085726296276,0.992128801173048,0.856872354701987,0.999908874757857,"chr1",51534959,51535357,"+",0,"NA","promoter-TSS (NM_001310549)","promoter-TSS (NM_001310549)",85,"NM_028696",109019,"Mm.196290","NM_028696","ENSMUSG00000026107","Nabp1","4930434H03Rik|4930442A21Rik|4930488J04Rik|4933440J18Rik|5830411E10Rik|AI852561|Nbp1|Obfc2a|Ssb2","nucleic acid binding protein 1","protein-coding"]
[794,"Peak_805",0.462573067979543,0.00420731493601866,-0.458365753043524,3.1327483980928,"NO","NO","NO",0.482811215019186,0.995244953714088,0.316931988342832,0.98212331248632,0.999153649809738,0.999908874757857,"chr1",51566225,51566623,"+",0,"NA","Intergenic","PB1D7|SINE|Alu",-31181,"NM_001310549",109019,"Mm.196290","NM_028696","ENSMUSG00000026107","Nabp1","4930434H03Rik|4930442A21Rik|4930488J04Rik|4933440J18Rik|5830411E10Rik|AI852561|Nbp1|Obfc2a|Ssb2","nucleic acid binding protein 1","protein-coding"]
[795,"Peak_806",-0.386373583648012,-0.782564310709589,-0.396190727061577,3.78083730646547,"NO","NO","NO",0.433280618601415,0.12386412195847,0.317155201476009,0.977893868308259,0.700237634893488,0.999908874757857,"chr1",51587030,51587428,"+",0,"NA","Intergenic","Intergenic",-51986,"NM_001310549",109019,"Mm.196290","NM_028696","ENSMUSG00000026107","Nabp1","4930434H03Rik|4930442A21Rik|4930488J04Rik|4933440J18Rik|5830411E10Rik|AI852561|Nbp1|Obfc2a|Ssb2","nucleic acid binding protein 1","protein-coding"]
[796,"Peak_807",-0.341326060833542,-0.646628528435917,-0.305302467602375,4.13368503381151,"NO","NO","NO",0.521802416553592,0.235500671048249,0.506792987455788,0.986074321034092,0.796882282246551,0.999908874757857,"chr1",51588135,51588533,"+",0,"NA","Intergenic","Intergenic",-53091,"NM_001310549",109019,"Mm.196290","NM_028696","ENSMUSG00000026107","Nabp1","4930434H03Rik|4930442A21Rik|4930488J04Rik|4933440J18Rik|5830411E10Rik|AI852561|Nbp1|Obfc2a|Ssb2","nucleic acid binding protein 1","protein-coding"]
[797,"Peak_808",0.00041947921816564,-0.284525963779329,-0.284945442997495,4.26309807767695,"NO","NO","NO",0.999217860068587,0.556265799455906,0.447758166852726,0.99996936471423,0.923639888972355,0.999908874757857,"chr1",51623336,51623734,"+",0,"NA","Intergenic","Intergenic",-88292,"NM_001310549",109019,"Mm.196290","NM_028696","ENSMUSG00000026107","Nabp1","4930434H03Rik|4930442A21Rik|4930488J04Rik|4933440J18Rik|5830411E10Rik|AI852561|Nbp1|Obfc2a|Ssb2","nucleic acid binding protein 1","protein-coding"]
[798,"Peak_809",-0.971361063707268,-2.37494277896862,-1.40358171526135,1.87618495082728,"NO","NO","NO",0.30401357523016,0.0206990113512978,0.116521904469297,0.959925552157071,0.463594541338972,0.999908874757857,"chr1",51640821,51641219,"+",0,"NA","Intergenic","Intergenic",-105777,"NM_001310549",109019,"Mm.196290","NM_028696","ENSMUSG00000026107","Nabp1","4930434H03Rik|4930442A21Rik|4930488J04Rik|4933440J18Rik|5830411E10Rik|AI852561|Nbp1|Obfc2a|Ssb2","nucleic acid binding protein 1","protein-coding"]
[799,"Peak_810",0.467872321519109,-0.0895020974874442,-0.557374419006553,2.39055420138338,"NO","NO","NO",0.613502150870238,0.925796303609876,0.415016812088336,0.990629663238998,0.988729626521456,0.999908874757857,"chr1",51648510,51648908,"+",0,"NA","Intergenic","MIRb|SINE|MIR",-113466,"NM_001310549",109019,"Mm.196290","NM_028696","ENSMUSG00000026107","Nabp1","4930434H03Rik|4930442A21Rik|4930488J04Rik|4933440J18Rik|5830411E10Rik|AI852561|Nbp1|Obfc2a|Ssb2","nucleic acid binding protein 1","protein-coding"]
[800,"Peak_811",0.795088951074874,0.903093149653868,0.108004198578994,3.94070152632899,"NO","NO","NO",0.164864348874094,0.114720174444248,0.776492360104293,0.946285394458671,0.687884282812249,0.999908874757857,"chr1",51653894,51654292,"+",0,"NA","Intergenic","Intergenic",-118850,"NM_001310549",109019,"Mm.196290","NM_028696","ENSMUSG00000026107","Nabp1","4930434H03Rik|4930442A21Rik|4930488J04Rik|4933440J18Rik|5830411E10Rik|AI852561|Nbp1|Obfc2a|Ssb2","nucleic acid binding protein 1","protein-coding"]
[801,"Peak_812",0.523863193886579,0.275518228816951,-0.248344965069628,3.06895641911821,"NO","NO","NO",0.438541840091383,0.692494999404832,0.569546379630202,0.978195682273083,0.953757634335936,0.999908874757857,"chr1",51664357,51664755,"+",0,"NA","Intergenic","Intergenic",-129313,"NM_001310549",109019,"Mm.196290","NM_028696","ENSMUSG00000026107","Nabp1","4930434H03Rik|4930442A21Rik|4930488J04Rik|4933440J18Rik|5830411E10Rik|AI852561|Nbp1|Obfc2a|Ssb2","nucleic acid binding protein 1","protein-coding"]
[802,"Peak_813",2.77966022126261,2.83669640082859,0.0570361795659829,2.83637871808429,"NO","NO","NO",0.0127696088143596,0.0110593311100719,0.905058695085513,0.789931406387149,0.386673722759872,0.999908874757857,"chr1",51672342,51672740,"+",0,"NA","Intergenic","Intergenic",-137298,"NM_001310549",109019,"Mm.196290","NM_028696","ENSMUSG00000026107","Nabp1","4930434H03Rik|4930442A21Rik|4930488J04Rik|4933440J18Rik|5830411E10Rik|AI852561|Nbp1|Obfc2a|Ssb2","nucleic acid binding protein 1","protein-coding"]
[803,"Peak_814",-0.482217577475485,-0.173139614881028,0.309077962594457,2.49422501963886,"NO","NO","NO",0.546896110201273,0.826604250861486,0.597915765693517,0.988113766393189,0.974525825505876,0.999908874757857,"chr1",51674389,51674787,"+",0,"NA","Intergenic","Intergenic",-139345,"NM_001310549",109019,"Mm.196290","NM_028696","ENSMUSG00000026107","Nabp1","4930434H03Rik|4930442A21Rik|4930488J04Rik|4933440J18Rik|5830411E10Rik|AI852561|Nbp1|Obfc2a|Ssb2","nucleic acid binding protein 1","protein-coding"]
[804,"Peak_815",0.737834961119383,0.567121596078132,-0.170713365041251,2.37857357428971,"NO","NO","NO",0.463165827156244,0.577633944711414,0.805624931520337,0.979860780201896,0.928465550549112,0.999908874757857,"chr1",51735295,51735693,"+",0,"NA","Intergenic","Intergenic",-200251,"NM_001310549",109019,"Mm.196290","NM_028696","ENSMUSG00000026107","Nabp1","4930434H03Rik|4930442A21Rik|4930488J04Rik|4933440J18Rik|5830411E10Rik|AI852561|Nbp1|Obfc2a|Ssb2","nucleic acid binding protein 1","protein-coding"]
[805,"Peak_816",0.734684741526323,0.877416558880295,0.142731817353972,3.17310742703445,"NO","NO","NO",0.306518685363949,0.220492366858131,0.744035001860033,0.959925552157071,0.785017318645389,0.999908874757857,"chr1",51744606,51745004,"+",0,"NA","Intergenic","RMER17C|LTR|ERVK",-209562,"NM_001310549",109019,"Mm.196290","NM_028696","ENSMUSG00000026107","Nabp1","4930434H03Rik|4930442A21Rik|4930488J04Rik|4933440J18Rik|5830411E10Rik|AI852561|Nbp1|Obfc2a|Ssb2","nucleic acid binding protein 1","protein-coding"]
[806,"Peak_817",0.855259593107372,0.912448900958812,0.0571893078514396,2.94023188489587,"NO","NO","NO",0.279414959267817,0.25027388241442,0.904797717438032,0.959925552157071,0.80555123676873,0.999908874757857,"chr1",51754215,51754613,"+",0,"NA","Intergenic","Intergenic",218408,"NM_010863",17912,"Mm.3390","NM_010863","ENSMUSG00000018417","Myo1b","AA406997|MIH-L|MMIa","myosin IB","protein-coding"]
[807,"Peak_818",-0.358027291184362,-0.511221685723675,-0.153194394539312,3.3407709619459798,"NO","NO","NO",0.522207773400106,0.371345977086672,0.713657415095522,0.98615796043188,0.86704552860411,0.999908874757857,"chr1",51871737,51872135,"+",0,"NA","intron (NM_010863, intron 6 of 29)","L2|LINE|L2",100886,"NM_010863",17912,"Mm.3390","NM_010863","ENSMUSG00000018417","Myo1b","AA406997|MIH-L|MMIa","myosin IB","protein-coding"]
[808,"Peak_819",0.656596847260112,0.458739037839609,-0.197857809420503,2.94740843258331,"NO","NO","NO",0.410748505369522,0.570724610324967,0.72382820172941,0.976708741012292,0.927083826324356,0.999908874757857,"chr1",51892451,51892849,"+",0,"NA","intron (NM_010863, intron 3 of 29)","intron (NM_010863, intron 3 of 29)",80172,"NM_010863",17912,"Mm.3390","NM_010863","ENSMUSG00000018417","Myo1b","AA406997|MIH-L|MMIa","myosin IB","protein-coding"]
[809,"Peak_820",1.3429443163267,1.57793423399593,0.234989917669234,2.55523918429435,"NO","NO","NO",0.198556523353282,0.128055642144448,0.694634802988182,0.953494236567625,0.704941120927661,0.999908874757857,"chr1",51929808,51930206,"+",0,"NA","intron (NM_010863, intron 2 of 29)","intron (NM_010863, intron 2 of 29)",42815,"NM_010863",17912,"Mm.3390","NM_010863","ENSMUSG00000018417","Myo1b","AA406997|MIH-L|MMIa","myosin IB","protein-coding"]
[810,"Peak_821",-0.496115370178889,-0.446404376596,0.049710993582889,5.11584140352963,"NO","NO","NO",0.188227097144849,0.239103424339363,0.877478653881179,0.952872791523057,0.798533184318571,0.999908874757857,"chr1",51972235,51972633,"+",0,"NA","intron (NM_010863, intron 1 of 29)","CpG",388,"NM_010863",17912,"Mm.3390","NM_010863","ENSMUSG00000018417","Myo1b","AA406997|MIH-L|MMIa","myosin IB","protein-coding"]
[811,"Peak_822",-0.058670687585163,-0.189662634427445,-0.130991946842282,2.81588904113718,"NO","NO","NO",0.938750144072649,0.807179893049354,0.826428884329049,0.997839094325673,0.972120741843945,0.999908874757857,"chr1",52001586,52001984,"+",0,"NA","Intergenic","Intergenic",-28963,"NM_001290982",17912,"Mm.3390","NM_010863","ENSMUSG00000018417","Myo1b","AA406997|MIH-L|MMIa","myosin IB","protein-coding"]
[812,"Peak_823",0.579057966501327,0.636135563845474,0.0570775973441475,4.6545889256963,"NO","NO","NO",0.285195307807694,0.242201606191719,0.896039236572349,0.959925552157071,0.800994786004766,0.999908874757857,"chr1",52053786,52054184,"+",0,"NA","intron (NM_001308266, intron 2 of 24)","intron (NM_001308266, intron 2 of 24)",9993,"NM_001308266",20849,"Mm.1550","NM_011487","ENSMUSG00000062939","Stat4","-","signal transducer and activator of transcription 4","protein-coding"]
[813,"Peak_824",0.789721311942772,0.124409140132094,-0.665312171810678,3.34294387240512,"NO","NO","NO",0.195207932705707,0.848738746683526,0.0942622775280291,0.953494236567625,0.977494282942532,0.999908874757857,"chr1",52065436,52065834,"+",0,"NA","intron (NM_011487, intron 1 of 23)","intron (NM_011487, intron 1 of 23)",551,"NM_011487",20849,"Mm.1550","NM_011487","ENSMUSG00000062939","Stat4","-","signal transducer and activator of transcription 4","protein-coding"]
[814,"Peak_825",0.276966771330202,0.0835073257278537,-0.193459445602348,3.41567780262978,"NO","NO","NO",0.633315592434178,0.888841070433498,0.622280994634223,0.991155571163017,0.983834438649621,0.999908874757857,"chr1",52096076,52096474,"+",0,"NA","intron (NM_001308266, intron 4 of 24)","intron (NM_001308266, intron 4 of 24)",31191,"NM_011487",20849,"Mm.1550","NM_011487","ENSMUSG00000062939","Stat4","-","signal transducer and activator of transcription 4","protein-coding"]
[815,"Peak_826",0.508604864149777,1.44981084848555,0.941205984335769,2.19033360099527,"NO","NO","NO",0.645809772336194,0.157193632989424,0.122669891731436,0.992128801173048,0.731816203363566,0.999908874757857,"chr1",52155686,52156084,"+",0,"NA","intron (NM_001308266, intron 17 of 24)","intron (NM_001308266, intron 17 of 24)",-20397,"NM_009283",20846,"Mm.277406","NM_009283","ENSMUSG00000026104","Stat1","2010005J02Rik|AA408197","signal transducer and activator of transcription 1","protein-coding"]
[816,"Peak_827",0.812272906053204,1.09041818965518,0.278145283601979,4.62170311965558,"NO","NO","NO",0.103298726067864,0.0277941660422848,0.435058787626099,0.918065249368744,0.500963603664521,0.999908874757857,"chr1",52170431,52170829,"+",0,"NA","Intergenic","CpG",-5652,"NM_009283",20846,"Mm.277406","NM_009283","ENSMUSG00000026104","Stat1","2010005J02Rik|AA408197","signal transducer and activator of transcription 1","protein-coding"]
[817,"Peak_828",0.317019464236006,0.539056742349429,0.222037278113422,4.75660045576006,"NO","NO","NO",0.444991436678863,0.191986846882812,0.457144386348995,0.978344677090796,0.764787144483358,0.999908874757857,"chr1",52176208,52176606,"+",0,"NA","promoter-TSS (NM_001205313)","promoter-TSS (NM_001205313)",-59,"NM_001205313",20846,"Mm.277406","NM_009283","ENSMUSG00000026104","Stat1","2010005J02Rik|AA408197","signal transducer and activator of transcription 1","protein-coding"]
[818,"Peak_829",-0.340901650482429,-0.453802798745857,-0.112901148263428,3.56925555410196,"NO","NO","NO",0.496240384000748,0.375527952615787,0.754965810950425,0.983805374400986,0.870124443842974,0.999908874757857,"chr1",52203450,52203848,"+",0,"NA","intron (NM_001205313, intron 15 of 24)","intron (NM_001205313, intron 15 of 24)",27183,"NM_001205313",20846,"Mm.277406","NM_009283","ENSMUSG00000026104","Stat1","2010005J02Rik|AA408197","signal transducer and activator of transcription 1","protein-coding"]
[819,"Peak_830",0.550986864072026,0.978363833379507,0.427376969307481,1.99180334841285,"NO","NO","NO",0.608518292734931,0.350019992255293,0.466380714466219,0.990629663238998,0.858488640554727,0.999908874757857,"chr1",52265089,52265487,"+",0,"NA","intron (NM_001113383, intron 6 of 14)","intron (NM_001113383, intron 6 of 14)",24788,"NM_001081081",14660,"Mm.398608","NM_001081081","ENSMUSG00000026103","Gls","6330442B14|AI314027|B230365M23Rik","glutaminase","protein-coding"]
[820,"Peak_831",-0.157634979306262,0.0464668717912953,0.204101851097557,5.55010243947922,"NO","NO","NO",0.656505683731858,0.895485532626148,0.493679950253158,0.992128801173048,0.984215028354232,0.999908874757857,"chr1",52289588,52289986,"+",0,"NA","exon (NM_001081081, exon 1 of 18)","exon (NM_001081081, exon 1 of 18)",289,"NM_001081081",14660,"Mm.398608","NM_001081081","ENSMUSG00000026103","Gls","6330442B14|AI314027|B230365M23Rik","glutaminase","protein-coding"]
[821,"Peak_832",0.21854864455829,-0.0379072777639078,-0.256455922322198,4.01302827780103,"NO","NO","NO",0.737822375710339,0.954503129619732,0.642941463733955,0.995754237914056,0.99231688076878,0.999908874757857,"chr1",52316268,52316666,"+",0,"NA","Intergenic","Intergenic",-26391,"NM_001113383",14660,"Mm.398608","NM_001081081","ENSMUSG00000026103","Gls","6330442B14|AI314027|B230365M23Rik","glutaminase","protein-coding"]
[822,"Peak_833",-0.182071574526912,-0.0810464186095277,0.101025155917385,2.86072585569808,"NO","NO","NO",0.804624299092149,0.912645116685453,0.851829675947842,0.996451548154072,0.986851246667114,0.999908874757857,"chr1",52327263,52327661,"+",0,"NA","Intergenic","CR1_Mam|LINE|CR1",-37386,"NM_001113383",14660,"Mm.398608","NM_001081081","ENSMUSG00000026103","Gls","6330442B14|AI314027|B230365M23Rik","glutaminase","protein-coding"]
[823,"Peak_834",-0.760961024392782,-0.945593062112427,-0.184632037719644,2.90038386446646,"NO","NO","NO",0.223617773404663,0.141009722400505,0.709860595716467,0.955321879475804,0.715892095225254,0.999908874757857,"chr1",52338238,52338636,"+",0,"NA","Intergenic","Intergenic",-48361,"NM_001113383",14660,"Mm.398608","NM_001081081","ENSMUSG00000026103","Gls","6330442B14|AI314027|B230365M23Rik","glutaminase","protein-coding"]
[824,"Peak_835",0.43365129109428,0.249762466119629,-0.183888824974651,3.53919913452821,"NO","NO","NO",0.489745483068337,0.697559078022534,0.688369668615225,0.983088920821324,0.954477949944678,0.999908874757857,"chr1",52362553,52362951,"+",0,"NA","Intergenic","Intergenic",-72676,"NM_001113383",14660,"Mm.398608","NM_001081081","ENSMUSG00000026103","Gls","6330442B14|AI314027|B230365M23Rik","glutaminase","protein-coding"]
[825,"Peak_836",-0.462274890052678,-0.549557785340756,-0.087282895288078,3.82630452227244,"NO","NO","NO",0.305210759342526,0.233264507776479,0.791737704473818,0.959925552157071,0.794789887327282,0.999908874757857,"chr1",52488892,52489290,"+",0,"NA","Intergenic","RMER1B|Other|Other",68201,"NM_008667",17936,"Mm.25903","NM_008667","ENSMUSG00000002881","Nab1","-","Ngfi-A binding protein 1","protein-coding"]
[826,"Peak_837",-0.625352433071926,0.08053954838101,0.705891981452936,4.60160712872934,"NO","NO","NO",0.117196221099151,0.835102117325567,0.0182053446245965,0.925867358505199,0.976258269641431,0.999908874757857,"chr1",52557003,52557401,"+",0,"NA","promoter-TSS (NM_008667)","promoter-TSS (NM_008667)",90,"NM_008667",17936,"Mm.25903","NM_008667","ENSMUSG00000002881","Nab1","-","Ngfi-A binding protein 1","protein-coding"]
[827,"Peak_838",2.05570198578003,2.07571900522722,0.0200170194471877,2.23241242634199,"NO","NO","NO",0.110035405108402,0.109864458059668,0.97651450213286,0.921787000934067,0.682205814881987,0.999908874757857,"chr1",52622554,52622952,"+",0,"NA","Intergenic","Intergenic",-64796,"NR_024590",227094,"Mm.83541","NM_172654","ENSMUSG00000043015","Nemp2","5330401P04Rik|9830163O08|Tmem194b","nuclear envelope integral membrane protein 2","protein-coding"]
[828,"Peak_839",0.217528263915602,0.288846947285441,0.0713186833698388,4.85613158800119,"NO","NO","NO",0.611685580099934,0.502710759155367,0.832868703961542,0.990629663238998,0.909766740906097,0.999908874757857,"chr1",52687608,52688006,"+",0,"NA","intron (NM_001142647, intron 1 of 8)","intron (NM_001142647, intron 1 of 8)",258,"NM_001142647",227094,"Mm.83541","NM_172654","ENSMUSG00000043015","Nemp2","5330401P04Rik|9830163O08|Tmem194b","nuclear envelope integral membrane protein 2","protein-coding"]
[829,"Peak_840",1.08321986945171,1.19308890271796,0.109869033266255,3.67526531030233,"NO","NO","NO",0.0976372480173431,0.0678572446993198,0.786741395196563,0.914628189092275,0.620293576315133,0.999908874757857,"chr1",52705092,52705490,"+",0,"NA","intron (NM_001142647, intron 7 of 8)","intron (NM_001142647, intron 7 of 8)",17742,"NM_001142647",227094,"Mm.83541","NM_172654","ENSMUSG00000043015","Nemp2","5330401P04Rik|9830163O08|Tmem194b","nuclear envelope integral membrane protein 2","protein-coding"]
[830,"Peak_841",0.244790766352499,1.07588229600923,0.831091529656734,2.42391174691349,"NO","NO","NO",0.801315931060489,0.241076313288376,0.161165447849122,0.996451548154072,0.800159982413895,0.999908874757857,"chr1",52709645,52710043,"+",0,"NA","Intergenic","Intergenic",22295,"NM_001142647",227094,"Mm.83541","NM_172654","ENSMUSG00000043015","Nemp2","5330401P04Rik|9830163O08|Tmem194b","nuclear envelope integral membrane protein 2","protein-coding"]
[831,"Peak_842",1.84409742322285,2.08897717985311,0.244879756630261,2.98517127410768,"NO","NO","NO",0.0756649581648728,0.0426315193287801,0.690853876276057,0.907934971210637,0.553051052842616,0.999908874757857,"chr1",52733404,52733802,"+",0,"NA","intron (NM_178081, intron 2 of 5)","intron (NM_178081, intron 2 of 5)",46054,"NM_001142647",227094,"Mm.83541","NM_172654","ENSMUSG00000043015","Nemp2","5330401P04Rik|9830163O08|Tmem194b","nuclear envelope integral membrane protein 2","protein-coding"]
[832,"Peak_843",0.189132672066052,0.651827905084609,0.462695233018556,3.28702061285669,"NO","NO","NO",0.79465625741534,0.357909321608539,0.374914718316501,0.996451548154072,0.861013911693438,0.999908874757857,"chr1",52760289,52760687,"+",0,"NA","intron (NM_178081, intron 2 of 5)","L1MEc|LINE|L1",23674,"NM_178081",98682,"Mm.491173","NM_133829","ENSMUSG00000041439","Mfsd6","2210010L05Rik|9630025I22Rik|AI836200|AW212394|MMR2","major facilitator superfamily domain containing 6","protein-coding"]
[833,"Peak_844",0.101841718367067,0.0345655358877674,-0.0672761824792998,4.00482967041901,"NO","NO","NO",0.840993302675957,0.946663003996321,0.859514620165786,0.996451548154072,0.992114606145815,0.999908874757857,"chr1",52775131,52775529,"+",0,"NA","intron (NM_178081, intron 1 of 5)","intron (NM_178081, intron 1 of 5)",8832,"NM_178081",98682,"Mm.491173","NM_133829","ENSMUSG00000041439","Mfsd6","2210010L05Rik|9630025I22Rik|AI836200|AW212394|MMR2","major facilitator superfamily domain containing 6","protein-coding"]
[834,"Peak_845",-0.0361779669020413,-0.184669138615636,-0.148491171713595,5.24747336704698,"NO","NO","NO",0.924388230171714,0.631667955551464,0.643949019689193,0.997839094325673,0.942412966650034,0.999908874757857,"chr1",52783707,52784105,"+",0,"NA","5' UTR (NM_133829, exon 1 of 7)","5' UTR (NM_133829, exon 1 of 7)",256,"NM_178081",98682,"Mm.491173","NM_133829","ENSMUSG00000041439","Mfsd6","2210010L05Rik|9630025I22Rik|AI836200|AW212394|MMR2","major facilitator superfamily domain containing 6","protein-coding"]
[835,"Peak_846",0.307441624941491,0.49160538555431,0.184163760612819,4.81859531118247,"NO","NO","NO",0.458435660972944,0.235141776286598,0.544993547362923,0.979463621151031,0.796320780827415,0.999908874757857,"chr1",52874140,52874538,"+",0,"NA","5' UTR (NM_008384, exon 1 of 6)","5' UTR (NM_008384, exon 1 of 6)",193,"NM_008384",16329,"Mm.917","NM_008384","ENSMUSG00000026102","Inpp1","2300002C06Rik|AV137389","inositol polyphosphate-1-phosphatase","protein-coding"]
[836,"Peak_847",0.216295791910895,0.459308297229869,0.243012505318974,6.27353149079344,"NO","NO","NO",0.589250561490778,0.251671472097786,0.503177330610082,0.990149111431646,0.807119007176688,0.999908874757857,"chr1",52901679,52902077,"+",0,"NA","promoter-TSS (NM_146108)","promoter-TSS (NM_146108)",-4,"NM_146108",227095,"Mm.222063","NM_146108","ENSMUSG00000041426","Hibch","2610509I15Rik|HIBYL-COA-H","3-hydroxyisobutyryl-Coenzyme A hydrolase","protein-coding"]
[837,"Peak_848",0.067177600198256,-0.0829396584262633,-0.150117258624519,4.70688650027183,"NO","NO","NO",0.864133011218962,0.835296312033172,0.615590110478767,0.996451548154072,0.976290831428288,0.999908874757857,"chr1",53009719,53010117,"+",0,"NA","promoter-TSS (NM_144953)","promoter-TSS (NM_144953)",-234,"NM_144953",67080,"Mm.236287","NM_144953","ENSMUSG00000043629","1700019D03Rik","2410136C24Rik|AA410151|smAKAP","RIKEN cDNA 1700019D03 gene","protein-coding"]
[838,"Peak_849",2.24155278766806,2.04874455098111,-0.192808236686947,2.24347444906724,"NO","NO","NO",0.101466425147408,0.139060148158845,0.80852883348816,0.917104358205997,0.714189376484759,0.999908874757857,"chr1",53075966,53076364,"+",0,"NA","Intergenic","Intergenic",-42319,"NM_010834",17700,"Mm.3514","NM_010834","ENSMUSG00000026100","Mstn","Cmpt|Gdf8","myostatin","protein-coding"]
[839,"Peak_850",0.635845327153485,0.592525363581951,-0.0433199635715341,2.69750623450861,"NO","NO","NO",0.479449560765317,0.511822921265654,0.945645474747696,0.981648566820123,0.911579669541933,0.999908874757857,"chr1",53095101,53095499,"+",0,"NA","Intergenic","Intergenic",-23184,"NM_010834",17700,"Mm.3514","NM_010834","ENSMUSG00000026100","Mstn","Cmpt|Gdf8","myostatin","protein-coding"]
[840,"Peak_851",-0.442633599849077,-0.698537946109616,-0.25590434626054,3.10726913077018,"NO","NO","NO",0.46625587648391,0.262267657263129,0.588450662337693,0.979969560396303,0.812166621916298,0.999908874757857,"chr1",53117325,53117723,"+",0,"NA","promoter-TSS (NM_010834)","promoter-TSS (NM_010834)",-960,"NM_010834",17700,"Mm.3514","NM_010834","ENSMUSG00000026100","Mstn","Cmpt|Gdf8","myostatin","protein-coding"]
[841,"Peak_852",0.437818873171947,-0.363895147592446,-0.801714020764394,3.05728536648641,"NO","NO","NO",0.535307707263032,0.627421786553965,0.131902796844167,0.987834139573865,0.941607545248395,0.999908874757857,"chr1",53251546,53251944,"+",0,"NA","intron (NM_153556, intron 11 of 12)","intron (NM_153556, intron 11 of 12)",-7284,"NM_027070",69397,"Mm.307084","NM_027070","ENSMUSG00000060715","1700019A02Rik","-","RIKEN cDNA 1700019A02 gene","protein-coding"]
[842,"Peak_853",0.0638575120598899,0.1660430009898,0.10218548892991,6.49727736384794,"NO","NO","NO",0.865330331134886,0.659804637063839,0.768943361321643,0.996451548154072,0.948185271431453,0.999908874757857,"chr1",53353721,53354119,"+",0,"NA","promoter-TSS (NM_153556)","promoter-TSS (NM_153556)",-19,"NM_145517",227102,"Mm.212846","NM_145517","ENSMUSG00000026097","Ormdl1","C730042F17Rik","ORM1-like 1 (S. cerevisiae)","protein-coding"]
[843,"Peak_854",0.604822915234393,0.628804609647084,0.0239816944126913,4.4526324509231,"NO","NO","NO",0.180922061319808,0.167783802672822,0.937492688739821,0.952872791523057,0.743681772328583,0.999908874757857,"chr1",53370296,53370694,"+",0,"NA","promoter-TSS (NM_001285839)","promoter-TSS (NM_001285839)",27,"NR_104360",72085,"Mm.482256","NM_028091","ENSMUSG00000026096","Osgepl1","2610001M19Rik|AA416452","O-sialoglycoprotein endopeptidase-like 1","protein-coding"]
[844,"Peak_855",0.995035779804205,1.29585523933052,0.300819459526312,5.41375273772583,"NO","UP","NO",0.0227750467776912,2.90544372779543E-3,0.368597496912907,0.826779106573132,0.236948875485268,0.999908874757857,"chr1",53409238,53409636,"+",0,"NA","5' UTR (NM_001290984, exon 1 of 6)","5' UTR (NM_001290984, exon 1 of 6)",159,"NM_001290984",70396,"Mm.285783","NM_133728","ENSMUSG00000026095","Asnsd1","2210409M21Rik","asparagine synthetase domain containing 1","protein-coding"]
[845,"Peak_856",1.16217939472045,0.9307833449161,-0.231396049804352,3.06828377532105,"NO","NO","NO",0.126281390761031,0.234921115876203,0.609675473387942,0.933042964691873,0.796021093783131,0.999908874757857,"chr1",53450976,53451374,"+",0,"NA","Intergenic","RLTR9D|LTR|ERVK",-41579,"NM_133728",70396,"Mm.285783","NM_133728","ENSMUSG00000026095","Asnsd1","2210409M21Rik","asparagine synthetase domain containing 1","protein-coding"]
[846,"Peak_857",-0.245069138873955,-0.726876604687043,-0.481807465813089,2.24705482687575,"NO","NO","NO",0.792371973277629,0.452394753059273,0.514503860426158,0.996451548154072,0.896690402907727,0.999908874757857,"chr1",53462579,53462977,"+",0,"NA","intron (NM_001252070, intron 64 of 65)","intron (NM_001252070, intron 64 of 65)",-53182,"NM_133728",70396,"Mm.285783","NM_133728","ENSMUSG00000026095","Asnsd1","2210409M21Rik","asparagine synthetase domain containing 1","protein-coding"]
[847,"Peak_858",0.112939126044053,-0.130297715793795,-0.243236841837849,4.05217262546225,"NO","NO","NO",0.807125081603857,0.783473751180828,0.46430973588414,0.996451548154072,0.968623358800928,0.999908874757857,"chr1",53763423,53763821,"+",0,"NA","promoter-TSS (NM_001252070)","promoter-TSS (NM_001252070)",6,"NM_001252070",627872,"Mm.184692","NM_001252070","ENSMUSG00000096141","Dnah7a","Dnahc7|Dnahc7a|Gm992","dynein, axonemal, heavy chain 7A","protein-coding"]
[848,"Peak_859",-0.435677466715701,-0.0208104154111153,0.414867051304586,5.09758922238996,"NO","NO","NO",0.277227502222223,0.958374424966308,0.218499696086711,0.959925552157071,0.993409643188562,0.999908874757857,"chr1",53841542,53841940,"+",0,"NA","intron (NM_133810, intron 1 of 7)","CpG",318,"NM_133810",98267,"Mm.25559","NM_133810","ENSMUSG00000026094","Stk17b","3110009A03Rik|AI120141|Drak2","serine/threonine kinase 17b (apoptosis-inducing)","protein-coding"]
[849,"Peak_860",-0.521170701542769,-0.526288466443729,-0.0051177649009597,2.34335262781295,"NO","NO","NO",0.505416553850929,0.507357340715204,0.993040241737361,0.984683579984827,0.91128989346572,0.999908874757857,"chr1",53866161,53866559,"+",0,"NA","3' UTR (NM_001001883, exon 29 of 29)","3' UTR (NM_001001883, exon 29 of 29)",-24301,"NM_133810",98267,"Mm.25559","NM_133810","ENSMUSG00000026094","Stk17b","3110009A03Rik|AI120141|Drak2","serine/threonine kinase 17b (apoptosis-inducing)","protein-coding"]
[850,"Peak_861",0.527039429870063,0.259531335349614,-0.267508094520449,2.80717480483493,"NO","NO","NO",0.492383597224479,0.742856409914446,0.606447349195885,0.983526348404408,0.962907228185131,0.999908874757857,"chr1",53880609,53881007,"+",0,"NA","intron (NM_001001883, intron 28 of 28)","intron (NM_001001883, intron 28 of 28)",-25460,"NR_106149",102465783,null,"NR_106149","ENSMUSG00000098443","Mir7681","Gm27806|mmu-mir-7681","microRNA 7681","ncRNA"]
[851,"Peak_862",2.22835828140781,2.63420775147865,0.405849470070837,2.49985992012784,"NO","NO","NO",0.0721461875666693,0.0275780657873595,0.490225350719628,0.907934971210637,0.499658192582946,0.999908874757857,"chr1",53902684,53903082,"+",0,"NA","intron (NM_001001883, intron 21 of 28)","intron (NM_001001883, intron 21 of 28)",-3385,"NR_106149",102465783,null,"NR_106149","ENSMUSG00000098443","Mir7681","Gm27806|mmu-mir-7681","microRNA 7681","ncRNA"]
[852,"Peak_863",0.251428059303329,0.612772010333283,0.361343951029953,2.85655462699617,"NO","NO","NO",0.762913236137467,0.451634508447676,0.535839496273759,0.996451548154072,0.896093151445204,0.999908874757857,"chr1",53968661,53969059,"+",0,"NA","intron (NM_001001883, intron 13 of 28)","intron (NM_001001883, intron 13 of 28)",62592,"NR_106149",102465783,null,"NR_106149","ENSMUSG00000098443","Mir7681","Gm27806|mmu-mir-7681","microRNA 7681","ncRNA"]
[853,"Peak_864",-0.404340430768886,-0.202615473907772,0.201724956861114,2.7020462945137,"NO","NO","NO",0.597898249997428,0.791291966386377,0.728603705564394,0.990629663238998,0.969464466730859,0.999908874757857,"chr1",54103778,54104176,"+",0,"NA","intron (NM_001001883, intron 1 of 28)","intron (NM_001001883, intron 1 of 28)",147901,"NM_001001883",329152,"Mm.132150","NM_172655","ENSMUSG00000042807","Hecw2","A730039N16Rik|D030049F17Rik|Gm971|Nedl2|mKIAA1301","HECT, C2 and WW domain containing E3 ubiquitin protein ligase 2","protein-coding"]
[854,"Peak_865",0.708532966789363,1.20713877201154,0.498605805222179,2.1450593483408,"NO","NO","NO",0.507041539433167,0.2428999281421,0.392339246012601,0.984683579984827,0.80150242952602,0.999908874757857,"chr1",54106642,54107040,"+",0,"NA","intron (NM_001001883, intron 1 of 28)","intron (NM_001001883, intron 1 of 28)",145037,"NM_001001883",329152,"Mm.132150","NM_172655","ENSMUSG00000042807","Hecw2","A730039N16Rik|D030049F17Rik|Gm971|Nedl2|mKIAA1301","HECT, C2 and WW domain containing E3 ubiquitin protein ligase 2","protein-coding"]
[855,"Peak_866",0.901511021208608,1.1138855350883,0.212374513879688,3.32599967878373,"NO","NO","NO",0.210761544074178,0.119846204631499,0.632693726536913,0.953494236567625,0.696111177356971,0.999908874757857,"chr1",54166131,54166529,"+",0,"NA","intron (NM_001001883, intron 1 of 28)","intron (NM_001001883, intron 1 of 28)",85548,"NM_001001883",329152,"Mm.132150","NM_172655","ENSMUSG00000042807","Hecw2","A730039N16Rik|D030049F17Rik|Gm971|Nedl2|mKIAA1301","HECT, C2 and WW domain containing E3 ubiquitin protein ligase 2","protein-coding"]
[856,"Peak_867",-0.0499072940599255,0.106857953313605,0.15676524737353,2.52169234820807,"NO","NO","NO",0.952041196095109,0.89779490330972,0.790320219048345,0.997839094325673,0.984438407547007,0.999908874757857,"chr1",54176651,54177049,"+",0,"NA","intron (NM_001001883, intron 1 of 28)","intron (NM_001001883, intron 1 of 28)",75028,"NM_001001883",329152,"Mm.132150","NM_172655","ENSMUSG00000042807","Hecw2","A730039N16Rik|D030049F17Rik|Gm971|Nedl2|mKIAA1301","HECT, C2 and WW domain containing E3 ubiquitin protein ligase 2","protein-coding"]
[857,"Peak_868",-0.213450420249743,-0.57339349199969,-0.359943071749947,2.82908745589471,"NO","NO","NO",0.755625855720806,0.420349312072232,0.4881685261194,0.996451548154072,0.884826181575606,0.999908874757857,"chr1",54243380,54243778,"+",0,"NA","intron (NM_001001883, intron 1 of 28)","intron (NM_001001883, intron 1 of 28)",8299,"NM_001001883",329152,"Mm.132150","NM_172655","ENSMUSG00000042807","Hecw2","A730039N16Rik|D030049F17Rik|Gm971|Nedl2|mKIAA1301","HECT, C2 and WW domain containing E3 ubiquitin protein ligase 2","protein-coding"]
[858,"Peak_869",-0.430024341274635,-0.599212583353231,-0.169188242078596,4.21489084268719,"NO","NO","NO",0.441913492265449,0.291489764197889,0.730544297921963,0.978344677090796,0.828845857618342,0.999908874757857,"chr1",54250167,54250565,"+",0,"NA","intron (NM_001001883, intron 1 of 28)","intron (NM_001001883, intron 1 of 28)",1512,"NM_001001883",329152,"Mm.132150","NM_172655","ENSMUSG00000042807","Hecw2","A730039N16Rik|D030049F17Rik|Gm971|Nedl2|mKIAA1301","HECT, C2 and WW domain containing E3 ubiquitin protein ligase 2","protein-coding"]
[859,"Peak_870",0.0460927809272989,0.295106267697181,0.249013486769882,4.9547736262972,"NO","NO","NO",0.904998050148135,0.442670283638209,0.395510656104741,0.997599386238551,0.892059405811651,0.999908874757857,"chr1",54251263,54251661,"+",0,"NA","intron (NM_001001883, intron 1 of 28)","CpG",416,"NM_001001883",329152,"Mm.132150","NM_172655","ENSMUSG00000042807","Hecw2","A730039N16Rik|D030049F17Rik|Gm971|Nedl2|mKIAA1301","HECT, C2 and WW domain containing E3 ubiquitin protein ligase 2","protein-coding"]
[860,"Peak_871",0.141848569269471,0.304166627428616,0.162318058159145,5.77944387217541,"NO","NO","NO",0.73271955441699,0.464753520160038,0.659159635755262,0.995754237914056,0.899485482087363,0.999908874757857,"chr1",54307411,54307809,"+",0,"NA","promoter-TSS (NM_030025)","promoter-TSS (NM_030025)",83,"NM_030025",78016,"Mm.67455","NM_030025","ENSMUSG00000025983","Ccdc150","4930511H11Rik","coiled-coil domain containing 150","protein-coding"]
[861,"Peak_872",2.02238332024615,2.28864810191875,0.266264781672597,2.31236718192915,"NO","NO","NO",0.120966448712531,0.0763780860609539,0.693099351889855,0.930947176158717,0.634165242147824,0.999908874757857,"chr1",54345069,54345467,"+",0,"NA","intron (NM_030025, intron 9 of 27)","Lx8|LINE|L1",37741,"NM_030025",78016,"Mm.67455","NM_030025","ENSMUSG00000025983","Ccdc150","4930511H11Rik","coiled-coil domain containing 150","protein-coding"]
[862,"Peak_873",0.566359612376805,0.770238848507274,0.203879236130469,3.48185808738567,"NO","NO","NO",0.353128640459257,0.203028251370316,0.578134477300764,0.970570941478962,0.773827540831522,0.999908874757857,"chr1",54434356,54434754,"+",0,"NA","Intergenic","Intergenic",61315,"NM_001033194",98488,"Mm.25856","NM_001033194","ENSMUSG00000041303","Gtf3c3","TF3C-gamma|TFIIIC102","general transcription factor IIIC, polypeptide 3","protein-coding"]
[863,"Peak_874",-0.00511966607170517,0.200964560387533,0.206084226459238,4.2881929410291,"NO","NO","NO",0.99092449622975,0.654274285201844,0.524869353330815,0.999532536338917,0.946738858356646,0.999908874757857,"chr1",54495519,54495917,"+",0,"NA","exon (NM_001033194, exon 1 of 18)","exon (NM_001033194, exon 1 of 18)",152,"NM_001033194",98488,"Mm.25856","NM_001033194","ENSMUSG00000041303","Gtf3c3","TF3C-gamma|TFIIIC102","general transcription factor IIIC, polypeptide 3","protein-coding"]
[864,"Peak_875",-0.132589379013555,0.274098410799932,0.406687789813487,5.54005994775407,"NO","NO","NO",0.73875643536256,0.488782150793986,0.236898157850257,0.995754237914056,0.907241244692054,0.999908874757857,"chr1",54614241,54614639,"+",0,"NA","promoter-TSS (NM_001163314)","promoter-TSS (NM_001163314)",88,"NM_001163314",241062,"Mm.103539","NM_175508","ENSMUSG00000073678","Pgap1","5033403E17Rik|9030223K07Rik|A530084K22|D230012E17Rik|oto","post-GPI attachment to proteins 1","protein-coding"]
[865,"Peak_876",0.468313906228643,0.45951952097713,-0.00879438525151384,3.11740327467656,"NO","NO","NO",0.491935592654476,0.505595324778405,0.983695452775983,0.983502083401081,0.910434080970809,0.999908874757857,"chr1",54642231,54642629,"+",0,"NA","Intergenic","L1MB3|LINE|L1",-27902,"NM_001163314",241062,"Mm.103539","NM_175508","ENSMUSG00000073678","Pgap1","5033403E17Rik|9030223K07Rik|A530084K22|D230012E17Rik|oto","post-GPI attachment to proteins 1","protein-coding"]
[866,"Peak_877",1.12258090087397,1.01921681384536,-0.103364087028602,2.76909723691647,"NO","NO","NO",0.224736662816095,0.2791165580787,0.859733229506615,0.955321879475804,0.823294405403191,0.999908874757857,"chr1",54715457,54715855,"+",0,"NA","intron (NM_001081433, intron 22 of 27)","intron (NM_001081433, intron 22 of 27)",-101128,"NM_001163314",241062,"Mm.103539","NM_175508","ENSMUSG00000073678","Pgap1","5033403E17Rik|9030223K07Rik|A530084K22|D230012E17Rik|oto","post-GPI attachment to proteins 1","protein-coding"]
[867,"Peak_878",-0.543280621338225,0.0384225744931447,0.58170319583137,2.7690321166196,"NO","NO","NO",0.458817175614582,0.956947139738085,0.264527174204262,0.979565839030791,0.992921044995888,0.999908874757857,"chr1",54722802,54723200,"+",0,"NA","intron (NM_001081433, intron 18 of 27)","intron (NM_001081433, intron 18 of 27)",-108473,"NM_001163314",241062,"Mm.103539","NM_175508","ENSMUSG00000073678","Pgap1","5033403E17Rik|9030223K07Rik|A530084K22|D230012E17Rik|oto","post-GPI attachment to proteins 1","protein-coding"]
[868,"Peak_879",0.63932363948842,1.50974302452045,0.870419385032028,2.76786113461487,"NO","NO","NO",0.482070226231602,0.0761178788647628,0.0897937164152767,0.982019199923438,0.633829779647045,0.999908874757857,"chr1",54770293,54770691,"+",0,"NA","intron (NM_001081433, intron 16 of 27)","intron (NM_001081433, intron 16 of 27)",-155964,"NM_001163314",241062,"Mm.103539","NM_175508","ENSMUSG00000073678","Pgap1","5033403E17Rik|9030223K07Rik|A530084K22|D230012E17Rik|oto","post-GPI attachment to proteins 1","protein-coding"]
[869,"Peak_880",1.03381748078728,0.885186355372088,-0.14863112541519,3.9076427769677,"NO","NO","NO",0.0791698862678417,0.14006994623921,0.700589833098011,0.911402591425336,0.715126111172878,0.999908874757857,"chr1",54848254,54848652,"+",0,"NA","intron (NM_001081433, intron 3 of 27)","intron (NM_001081433, intron 3 of 27)",134778,"NM_001081433",329154,"Mm.397910","NM_001081433","ENSMUSG00000052331","Ankrd44","4930444A19Rik|A130096K20|E130014H08Rik|PP6-ARS-B","ankyrin repeat domain 44","protein-coding"]
[870,"Peak_881",2.28528545202391,2.32518832777992,0.0399028757560144,3.77218689901329,"UP","UP","NO",0.00181742923924942,1.53620338803449E-3,0.911747574428469,0.65617414340871,0.185686239932311,0.999908874757857,"chr1",54883636,54884034,"+",0,"NA","intron (NM_001081433, intron 2 of 27)","intron (NM_001081433, intron 2 of 27)",99396,"NM_001081433",329154,"Mm.397910","NM_001081433","ENSMUSG00000052331","Ankrd44","4930444A19Rik|A130096K20|E130014H08Rik|PP6-ARS-B","ankyrin repeat domain 44","protein-coding"]
[871,"Peak_882",-0.660097809194755,0.0819722886190993,0.742070097813855,2.54723342062267,"NO","NO","NO",0.401759945915066,0.913640282119736,0.177396371896332,0.975982217513585,0.987109020669515,0.999908874757857,"chr1",54889620,54890018,"+",0,"NA","intron (NM_001081433, intron 1 of 27)","intron (NM_001081433, intron 1 of 27)",93412,"NM_001081433",329154,"Mm.397910","NM_001081433","ENSMUSG00000052331","Ankrd44","4930444A19Rik|A130096K20|E130014H08Rik|PP6-ARS-B","ankyrin repeat domain 44","protein-coding"]
[872,"Peak_883",-0.373727575137822,-1.07473764316931,-0.701010068031492,2.44422864957689,"NO","NO","NO",0.630926459799057,0.192498171028556,0.267257750197396,0.991111506359745,0.76508367413797,0.999908874757857,"chr1",54895123,54895521,"+",0,"NA","intron (NM_001081433, intron 1 of 27)","intron (NM_001081433, intron 1 of 27)",87909,"NM_001081433",329154,"Mm.397910","NM_001081433","ENSMUSG00000052331","Ankrd44","4930444A19Rik|A130096K20|E130014H08Rik|PP6-ARS-B","ankyrin repeat domain 44","protein-coding"]
[873,"Peak_884",0.369994524783213,0.45103261220703,0.081038087423817,4.10016582996095,"NO","NO","NO",0.554469437207918,0.47429938020419,0.873401385901639,0.988644584230152,0.902360017649097,0.999908874757857,"chr1",54924204,54924602,"+",0,"NA","intron (NM_001081433, intron 1 of 27)","intron (NM_001081433, intron 1 of 27)",58828,"NM_001081433",329154,"Mm.397910","NM_001081433","ENSMUSG00000052331","Ankrd44","4930444A19Rik|A130096K20|E130014H08Rik|PP6-ARS-B","ankyrin repeat domain 44","protein-coding"]
[874,"Peak_886",1.4393508711978,1.20683952126709,-0.232511349930707,2.43057124595941,"NO","NO","NO",0.164950101779199,0.255526820877659,0.701725007304686,0.946285394458671,0.808809432478789,0.999908874757857,"chr1",54936394,54936792,"+",0,"NA","intron (NM_001081433, intron 1 of 27)","intron (NM_001081433, intron 1 of 27)",46638,"NM_001081433",329154,"Mm.397910","NM_001081433","ENSMUSG00000052331","Ankrd44","4930444A19Rik|A130096K20|E130014H08Rik|PP6-ARS-B","ankyrin repeat domain 44","protein-coding"]
[875,"Peak_887",0.166762516469331,-0.388640906639816,-0.555403423109147,3.02173391657286,"NO","NO","NO",0.819833773133171,0.605185854601166,0.3396966111673,0.996451548154072,0.935041207232682,0.999908874757857,"chr1",54957924,54958322,"+",0,"NA","intron (NM_001081433, intron 1 of 27)","intron (NM_001081433, intron 1 of 27)",25108,"NM_001081433",329154,"Mm.397910","NM_001081433","ENSMUSG00000052331","Ankrd44","4930444A19Rik|A130096K20|E130014H08Rik|PP6-ARS-B","ankyrin repeat domain 44","protein-coding"]
[876,"Peak_888",1.96245828859815,2.16490932806979,0.202451039471636,3.05576315731236,"NO","NO","NO",0.0322646908267473,0.016665858785332,0.649829255022018,0.851722623449602,0.437604432229687,0.999908874757857,"chr1",54963820,54964218,"+",0,"NA","intron (NM_001081433, intron 1 of 27)","intron (NM_001081433, intron 1 of 27)",19212,"NM_001081433",329154,"Mm.397910","NM_001081433","ENSMUSG00000052331","Ankrd44","4930444A19Rik|A130096K20|E130014H08Rik|PP6-ARS-B","ankyrin repeat domain 44","protein-coding"]
[877,"Peak_889",0.232649671235638,0.422190029346948,0.189540358111311,5.65022462147837,"NO","NO","NO",0.549637607266042,0.277886573610422,0.565563023870777,0.988389624854206,0.822865380745138,0.999908874757857,"chr1",54982859,54983257,"+",0,"NA","5' UTR (NM_001081433, exon 1 of 28)","5' UTR (NM_001081433, exon 1 of 28)",173,"NM_001081433",329154,"Mm.397910","NM_001081433","ENSMUSG00000052331","Ankrd44","4930444A19Rik|A130096K20|E130014H08Rik|PP6-ARS-B","ankyrin repeat domain 44","protein-coding"]
[878,"Peak_890",0.0859625145721209,0.437835127406615,0.351872612834494,5.42086114832991,"NO","NO","NO",0.835916538778356,0.289791569692799,0.314344487702209,0.996451548154072,0.828422430411891,0.999908874757857,"chr1",55084014,55084412,"+",0,"NA","5' UTR (NM_031179, exon 1 of 25)","5' UTR (NM_031179, exon 1 of 25)",109,"NM_031179",81898,"Mm.279736","NM_031179","ENSMUSG00000025982","Sf3b1","155kDa|2810001M05Rik|AA409119|Prp10|SAP155|SF3b155|TA-8|Targ4","splicing factor 3b, subunit 1","protein-coding"]
[879,"Peak_891",0.0548054968621927,0.335804035833984,0.280998538971791,6.57660122689897,"NO","NO","NO",0.890861446420973,0.40084290219287,0.450183718800301,0.996451548154072,0.878887100758906,0.999908874757857,"chr1",55109493,55109891,"+",0,"NA","promoter-TSS (NM_001039710)","promoter-TSS (NM_001039710)",78,"NM_026424",67876,"Mm.281019","NM_026424","ENSMUSG00000025981","Coq10b","1500041J02Rik|1700030I21Rik|9530077A17Rik|AV002237|AW742641","coenzyme Q10B","protein-coding"]
[880,"Peak_892",-0.460421793167876,0.0300607977218613,0.490482590889737,6.31698973054079,"NO","NO","NO",0.234167778645647,0.937743914990527,0.172845839253839,0.956317459296716,0.991143504812035,0.999908874757857,"chr1",55144665,55145063,"+",0,"NA","promoter-TSS (NM_008303)","promoter-TSS (NM_008303)",-88,"NM_010477",15510,"Mm.1777","NM_010477","ENSMUSG00000025980","Hspd1","60kDa|Hsp60","heat shock protein 1 (chaperonin)","protein-coding"]
[881,"Peak_893",2.87086383207897,2.33267906261149,-0.53818476946748,2.69647811900993,"NO","NO","NO",0.011105828284789,0.0527221059128451,0.310212774977052,0.787655817058347,0.583138821075087,0.999908874757857,"chr1",55170199,55170597,"+",0,"NA","Intergenic","Lx6|LINE|L1",-17691,"NM_025283",19070,"Mm.291037","NM_025283","ENSMUSG00000025979","Mob4","2610109B12Rik|Mobkl3|Phocn|Prei3","MOB family member 4, phocein","protein-coding"]
[882,"Peak_894",-0.0389149861861223,0.277568453680113,0.316483439866235,5.71007940545263,"NO","NO","NO",0.921041476056246,0.478420697901659,0.3560627382738,0.997839094325673,0.904034452723071,0.999908874757857,"chr1",55188073,55188471,"+",0,"NA","intron (NM_001310585, intron 1 of 6)","CpG",183,"NM_001310585",19070,"Mm.291037","NM_025283","ENSMUSG00000025979","Mob4","2610109B12Rik|Mobkl3|Phocn|Prei3","MOB family member 4, phocein","protein-coding"]
[883,"Peak_895",0.611791551415046,0.948999234924923,0.337207683509877,2.45816738683743,"NO","NO","NO",0.557622412486118,0.352021330461814,0.640241816306329,0.988691442796856,0.859680439219705,0.999908874757857,"chr1",55217984,55218382,"+",0,"NA","Intergenic","Intergenic",30094,"NM_001310585",19070,"Mm.291037","NM_025283","ENSMUSG00000025979","Mob4","2610109B12Rik|Mobkl3|Phocn|Prei3","MOB family member 4, phocein","protein-coding"]
[884,"Peak_896",0.649554593836305,0.673178969141443,0.0236243753051378,2.74525173245199,"NO","NO","NO",0.433013739640254,0.417883117130402,0.963812207595714,0.977814004662861,0.884316957845204,0.999908874757857,"chr1",55228663,55229061,"+",0,"NA","exon (NM_028713, exon 9 of 9)","exon (NM_028713, exon 9 of 9)",40773,"NM_001310585",19070,"Mm.291037","NM_025283","ENSMUSG00000025979","Mob4","2610109B12Rik|Mobkl3|Phocn|Prei3","MOB family member 4, phocein","protein-coding"]
[885,"Peak_897",0.819691021691658,0.0170209211043593,-0.802670100587299,3.33414386397142,"NO","NO","NO",0.180547502385555,0.979444125855302,0.0480540519369157,0.952684148747841,0.997242070815223,0.999908874757857,"chr1",55248882,55249280,"+",0,"NA","intron (NM_028713, intron 7 of 8)","intron (NM_028713, intron 7 of 8)",34545,"NM_028713",74013,"Mm.292050","NM_028713","ENSMUSG00000025978","Rftn2","2700010E02Rik|3222401M22Rik","raftlin family member 2","protein-coding"]
[886,"Peak_898",0.293522338474584,0.390178358282815,0.0966560198082316,4.75433888003945,"NO","NO","NO",0.470146167172472,0.338766689392696,0.742771335590694,0.980883926691764,0.853743353092122,0.999908874757857,"chr1",55294163,55294561,"+",0,"NA","exon (NM_175439, exon 1 of 1)","exon (NM_175439, exon 1 of 1)",341,"NM_175439",212679,"Mm.19223","NM_175439","ENSMUSG00000046994","Mars2","C730026E21Rik|MetRS","methionine-tRNA synthetase 2 (mitochondrial)","protein-coding"]
[887,"Peak_899",0.0847188805168772,0.373281535766151,0.288562655249274,3.84906213861563,"NO","NO","NO",0.882824440193891,0.509595887499398,0.497737146590799,0.996451548154072,0.911579669541933,0.999908874757857,"chr1",55420005,55420403,"+",0,"NA","promoter-TSS (NM_001113367)","promoter-TSS (NM_001113367)",109,"NM_029267",75388,"Mm.483408","NM_029267","ENSMUSG00000025977","Boll","4930554P13Rik|4930597B14Rik","bol, boule-like (Drosophila)","protein-coding"]
[888,"Peak_900",0.435204444531339,0.438093859190385,0.0028894146590461,3.46993816584471,"NO","NO","NO",0.473671681747919,0.476512260153635,0.994604892728882,0.981193263020528,0.903414154866613,0.999908874757857,"chr1",55440073,55440471,"+",0,"NA","Intergenic","Intergenic",-19959,"NM_029267",75388,"Mm.483408","NM_029267","ENSMUSG00000025977","Boll","4930554P13Rik|4930597B14Rik","bol, boule-like (Drosophila)","protein-coding"]
[889,"Peak_901",0.375265282492018,0.126728801154881,-0.248536481337137,4.71080667725904,"NO","NO","NO",0.356115271117199,0.760512023773764,0.407237556622639,0.971077670178981,0.965001868417357,0.999908874757857,"chr1",55462881,55463279,"+",0,"NA","5' UTR (NM_001114663, exon 1 of 6)","5' UTR (NM_001114663, exon 1 of 6)",290,"NM_001114663",227120,"Mm.194183","NM_001114663","ENSMUSG00000038349","Plcl1","C230017K02Rik|PLC-L|PLC-L1|PLCE|PLCL|PLDL1|PRIP|PRIP-1","phospholipase C-like 1","protein-coding"]
[890,"Peak_902",1.52918272454067,1.75731727768596,0.228134553145294,3.55570039839692,"NO","NO","NO",0.0307198227322629,0.0119644996343267,0.545763090242533,0.840371273086421,0.397928150350514,0.999908874757857,"chr1",55557890,55558288,"+",0,"NA","intron (NM_001114663, intron 1 of 5)","intron (NM_001114663, intron 1 of 5)",95299,"NM_001114663",227120,"Mm.194183","NM_001114663","ENSMUSG00000038349","Plcl1","C230017K02Rik|PLC-L|PLC-L1|PLCE|PLCL|PLDL1|PRIP|PRIP-1","phospholipase C-like 1","protein-coding"]
[891,"Peak_903",0.419864221639118,-0.155500146112714,-0.575364367751832,3.41895887322606,"NO","NO","NO",0.476557810228426,0.802888291216178,0.168611584169493,0.981629453947196,0.970853679633714,0.999908874757857,"chr1",55632643,55633041,"+",0,"NA","intron (NM_001114663, intron 1 of 5)","intron (NM_001114663, intron 1 of 5)",170052,"NM_001114663",227120,"Mm.194183","NM_001114663","ENSMUSG00000038349","Plcl1","C230017K02Rik|PLC-L|PLC-L1|PLCE|PLCL|PLDL1|PRIP|PRIP-1","phospholipase C-like 1","protein-coding"]
[892,"Peak_904",0.981117608679826,1.43297515535983,0.451857546679999,2.83359947048637,"NO","NO","NO",0.285020589648359,0.108962829672626,0.416582111050841,0.959925552157071,0.680299189816202,0.999908874757857,"chr1",55644980,55645378,"+",0,"NA","intron (NM_001114663, intron 1 of 5)","intron (NM_001114663, intron 1 of 5)",182389,"NM_001114663",227120,"Mm.194183","NM_001114663","ENSMUSG00000038349","Plcl1","C230017K02Rik|PLC-L|PLC-L1|PLCE|PLCL|PLDL1|PRIP|PRIP-1","phospholipase C-like 1","protein-coding"]
[893,"Peak_905",1.86374022337316,1.66419608065658,-0.199544142716579,1.9635563138584,"NO","NO","NO",0.156290960811984,0.214796471854947,0.773189046808763,0.944193169968219,0.781607600963761,0.999908874757857,"chr1",55725414,55725812,"+",0,"NA","intron (NM_001114663, intron 1 of 5)","intron (NM_001114663, intron 1 of 5)",-262472,"NR_045837",329159,"Mm.98697","NR_045837","ENSMUSG00000099950","9130227L01Rik","-","RIKEN cDNA 9130227L01 gene","ncRNA"]
[894,"Peak_906",1.23278166062937,0.26647481848164,-0.966306842147726,2.56912297820275,"NO","NO","NO",0.171310536900212,0.78569292655956,0.102315771087917,0.948971317765293,0.969339295070962,0.999908874757857,"chr1",55731542,55731940,"+",0,"NA","intron (NM_001114663, intron 1 of 5)","intron (NM_001114663, intron 1 of 5)",-256344,"NR_045837",329159,"Mm.98697","NR_045837","ENSMUSG00000099950","9130227L01Rik","-","RIKEN cDNA 9130227L01 gene","ncRNA"]
[895,"Peak_907",1.42652198066903,1.18978332454169,-0.236738656127332,2.93853304215731,"NO","NO","NO",0.0925811102924559,0.173186289498366,0.63077420289273,0.911408110368333,0.747851717622107,0.999908874757857,"chr1",55757639,55758037,"+",0,"NA","intron (NM_001114663, intron 2 of 5)","RLTR40|LTR|ERVK",-230247,"NR_045837",329159,"Mm.98697","NR_045837","ENSMUSG00000099950","9130227L01Rik","-","RIKEN cDNA 9130227L01 gene","ncRNA"]
[896,"Peak_908",0.430941454634636,0.375863867404889,-0.0550775872297478,2.83790554520632,"NO","NO","NO",0.579835080954819,0.632181480054907,0.916745496185422,0.989995385640587,0.942412966650034,0.999908874757857,"chr1",55793185,55793583,"+",0,"NA","intron (NM_001114663, intron 5 of 5)","intron (NM_001114663, intron 5 of 5)",-194701,"NR_045837",329159,"Mm.98697","NR_045837","ENSMUSG00000099950","9130227L01Rik","-","RIKEN cDNA 9130227L01 gene","ncRNA"]
[897,"Peak_909",-0.399251730005483,-0.371042935236922,0.0282087947685612,3.23777558228568,"NO","NO","NO",0.478651307946035,0.515719655044931,0.943993299217217,0.981648566820123,0.912678719723915,0.999908874757857,"chr1",55931082,55931480,"+",0,"NA","Intergenic","Intergenic",-56804,"NR_045837",329159,"Mm.98697","NR_045837","ENSMUSG00000099950","9130227L01Rik","-","RIKEN cDNA 9130227L01 gene","ncRNA"]
[898,"Peak_910",0.669186658903034,0.926200799883919,0.257014140980885,2.50230946756986,"NO","NO","NO",0.474341311117836,0.318850838897917,0.656339657969061,0.981354648171669,0.844282795280264,0.999908874757857,"chr1",55947606,55948004,"+",0,"NA","Intergenic","Intergenic",-40280,"NR_045837",329159,"Mm.98697","NR_045837","ENSMUSG00000099950","9130227L01Rik","-","RIKEN cDNA 9130227L01 gene","ncRNA"]
[899,"Peak_911",-0.0565977214726857,-0.605245505547718,-0.548647784075032,2.5637927481993,"NO","NO","NO",0.946842120764115,0.490830950525363,0.412281612730556,0.997839094325673,0.907610187989643,0.999908874757857,"chr1",56343576,56343974,"+",0,"NA","Intergenic","Intergenic",267953,"NR_126075",69356,"Mm.393775","NR_126075","ENSMUSG00000100372","1700003I22Rik","-","RIKEN cDNA 1700003I22 gene","ncRNA"]
[900,"Peak_912",0.0935102496087625,-0.522920084428024,-0.616430334036787,2.1101282547996,"NO","NO","NO",0.914557122749344,0.572358283884539,0.313789803632035,0.997799251783824,0.927266373812546,0.999908874757857,"chr1",56443934,56444332,"+",0,"NA","Intergenic","Intergenic",250162,"NM_027661",71066,"Mm.152656","NM_027661","ENSMUSG00000045336","Hsfy2","4933413G11Rik|Hspy2l","heat shock transcription factor, Y-linked 2","protein-coding"]
[901,"Peak_913",-0.067077921940276,{"v":3.06178104590701e-05,"d":"3.06E-05"},0.067108539750735,3.38911882071554,"NO","NO","NO",0.906347809386898,0.999913508636854,0.863001068361394,0.997701318723432,0.999954588963899,0.999908874757857,"chr1",56605082,56605480,"+",0,"NA","Intergenic","Intergenic",89014,"NM_027661",71066,"Mm.152656","NM_027661","ENSMUSG00000045336","Hsfy2","4933413G11Rik|Hspy2l","heat shock transcription factor, Y-linked 2","protein-coding"]
[902,"Peak_914",-0.700389472683257,-1.20438214929496,-0.503992676611699,2.56711326011018,"NO","NO","NO",0.336813860672253,0.115025795076028,0.409174393169814,0.966077806644883,0.687947123054163,0.999908874757857,"chr1",56783047,56783445,"+",0,"NA","Intergenic","Intergenic",-88951,"NM_027661",71066,"Mm.152656","NM_027661","ENSMUSG00000045336","Hsfy2","4933413G11Rik|Hspy2l","heat shock transcription factor, Y-linked 2","protein-coding"]
[903,"Peak_915",-0.556395352318041,-0.881611093453924,-0.325215741135884,2.57160045794961,"NO","NO","NO",0.450074898244998,0.244732666306792,0.582427743903221,0.978344677090796,0.802114987838646,0.999908874757857,"chr1",56874018,56874416,"+",0,"NA","intron (NM_139146, intron 10 of 10)","intron (NM_139146, intron 10 of 10)",153961,"NM_139146",212712,"Mm.145599","NM_139146","ENSMUSG00000038331","Satb2","mKIAA1034","special AT-rich sequence binding protein 2","protein-coding"]
[904,"Peak_916",0.155139146315108,-0.26708726233203,-0.422226408647138,2.20490565437852,"NO","NO","NO",0.856755255725769,0.766997129441295,0.471694407138855,0.996451548154072,0.965942159891934,0.999908874757857,"chr1",56890089,56890487,"+",0,"NA","intron (NM_139146, intron 9 of 10)","intron (NM_139146, intron 9 of 10)",137890,"NM_139146",212712,"Mm.145599","NM_139146","ENSMUSG00000038331","Satb2","mKIAA1034","special AT-rich sequence binding protein 2","protein-coding"]
[905,"Peak_917",0.0846053811532845,-0.202208976679501,-0.286814357832786,3.37166203217071,"NO","NO","NO",0.88019482123911,0.728137415495069,0.46143818365393,0.996451548154072,0.959942403382516,0.999908874757857,"chr1",56955691,56956089,"+",0,"NA","exon (NM_139146, exon 4 of 11)","exon (NM_139146, exon 4 of 11)",72288,"NM_139146",212712,"Mm.145599","NM_139146","ENSMUSG00000038331","Satb2","mKIAA1034","special AT-rich sequence binding protein 2","protein-coding"]
[906,"Peak_918",0.727811063096839,0.670749163717052,-0.0570618993797873,3.06583147489319,"NO","NO","NO",0.306294481459733,0.352504263092336,0.89543000543966,0.959925552157071,0.859680439219705,0.999908874757857,"chr1",57012129,57012527,"+",0,"NA","intron (NM_139146, intron 2 of 10)","intron (NM_139146, intron 2 of 10)",15850,"NM_139146",212712,"Mm.145599","NM_139146","ENSMUSG00000038331","Satb2","mKIAA1034","special AT-rich sequence binding protein 2","protein-coding"]
[907,"Peak_919",-0.483978058222884,-0.0869130642552072,0.397064993967677,5.0965703684009,"NO","NO","NO",0.189664384894632,0.811965672108619,0.185989486414452,0.952872791523057,0.972367445362789,0.999908874757857,"chr1",57029519,57029917,"+",0,"NA","non-coding (NR_024325, exon 1 of 1)","non-coding (NR_024325, exon 1 of 1)",1405,"NR_024325",329160,"Mm.419039","NR_024325","ENSMUSG00000087022","9130024F11Rik","B530002L08|EG329160","RIKEN cDNA 9130024F11 gene","ncRNA"]
[908,"Peak_920",0.214539568338421,0.353245375237795,0.138705806899374,2.98633179915136,"NO","NO","NO",0.768730445970817,0.629703422328387,0.780992885958715,0.996451548154072,0.9421751234061,0.999908874757857,"chr1",57102255,57102653,"+",0,"NA","Intergenic","Intergenic",74141,"NR_024325",329160,"Mm.419039","NR_024325","ENSMUSG00000087022","9130024F11Rik","B530002L08|EG329160","RIKEN cDNA 9130024F11 gene","ncRNA"]
[909,"Peak_921",0.0790839206860958,0.641763299956934,0.562679379270839,2.82405956121808,"NO","NO","NO",0.927918988667617,0.462123662318217,0.387044893677173,0.997839094325673,0.898688013904834,0.999908874757857,"chr1",57116264,57116662,"+",0,"NA","Intergenic","Intergenic",88150,"NR_024325",329160,"Mm.419039","NR_024325","ENSMUSG00000087022","9130024F11Rik","B530002L08|EG329160","RIKEN cDNA 9130024F11 gene","ncRNA"]
[910,"Peak_922",-0.225287351629873,-0.625128398336469,-0.399841046706596,2.20194964351465,"NO","NO","NO",0.801644099256484,0.499102810538997,0.569275369687808,0.996451548154072,0.909444322693551,0.999908874757857,"chr1",57145512,57145910,"+",0,"NA","Intergenic","Intergenic",117398,"NR_024325",329160,"Mm.419039","NR_024325","ENSMUSG00000087022","9130024F11Rik","B530002L08|EG329160","RIKEN cDNA 9130024F11 gene","ncRNA"]
[911,"Peak_923",0.336641065261988,0.478061986912537,0.14142092165055,3.2533294686324,"NO","NO","NO",0.606203049630686,0.46566139177563,0.742312031888163,0.990629663238998,0.899735709457371,0.999908874757857,"chr1",57262086,57262484,"+",0,"NA","intron (NR_037990, intron 5 of 6)","intron (NR_037990, intron 5 of 6)",9555,"NR_037990",407809,"Mm.134505","NR_037990","ENSMUSG00000101429","BC055402","-","cDNA sequence BC055402","ncRNA"]
[912,"Peak_924",-0.401159231932669,-0.318195377340722,0.0829638545919467,2.46943663572429,"NO","NO","NO",0.611708832945499,0.688291994151147,0.885890308107861,0.990629663238998,0.953028046469984,0.999908874757857,"chr1",57275645,57276043,"+",0,"NA","Intergenic","Intergenic",-4004,"NR_037990",407809,"Mm.134505","NR_037990","ENSMUSG00000101429","BC055402","-","cDNA sequence BC055402","ncRNA"]
[913,"Peak_925",-0.741003250008276,0.0536450830154898,0.794648333023766,2.8767745282364,"NO","NO","NO",0.27954866730354,0.934670867258272,0.096795245987509,0.959925552157071,0.990445534199824,0.999908874757857,"chr1",57326583,57326981,"+",0,"NA","Intergenic","Intergenic",-54942,"NR_037990",407809,"Mm.134505","NR_037990","ENSMUSG00000101429","BC055402","-","cDNA sequence BC055402","ncRNA"]
[914,"Peak_926",1.51615274049751,1.09683272452523,-0.419320015972283,2.41622935603872,"NO","NO","NO",0.144009357894185,0.307901662898266,0.498470599784212,0.943529907756132,0.839077407782787,0.999908874757857,"chr1",57388722,57389120,"+",0,"NA","Intergenic","MTE2b|LTR|MaLR",45467,"NR_037999",75323,"Mm.362968","NR_037999","ENSMUSG00000097519","4930558J18Rik","-","RIKEN cDNA 4930558J18 gene","ncRNA"]
[915,"Peak_927",-0.223147365641202,0.210582218641587,0.433729584282789,5.50897658868572,"NO","NO","NO",0.573926335868705,0.594083393331532,0.205819327343406,0.989884586347525,0.932143997192652,0.999908874757857,"chr1",57434460,57434858,"+",0,"NA","promoter-TSS (NR_037999)","promoter-TSS (NR_037999)",195,"NM_028546",73467,"Mm.263673","NM_028546","ENSMUSG00000038323","1700066M21Rik","AI428479","RIKEN cDNA 1700066M21 gene","protein-coding"]
[916,"Peak_928",0.572332260252425,0.909253508093069,0.336921247840644,4.65781906260941,"NO","NO","NO",0.218270820859511,0.0475664561433198,0.304446549941319,0.954504329026433,0.569277891539925,0.999908874757857,"chr1",57463279,57463677,"+",0,"NA","promoter-TSS (NM_001037742)","promoter-TSS (NM_001037742)",40,"NM_001302963",68736,"Mm.288490","NM_001037742","ENSMUSG00000048495","Tyw5","1110034B05Rik","tRNA-yW synthesizing protein 5","protein-coding"]
[917,"Peak_929",0.349724275512343,0.253264691749745,-0.0964595837625981,3.89036300466847,"NO","NO","NO",0.478139302278913,0.614293706016676,0.76574506615563,0.981648566820123,0.937699987621602,0.999908874757857,"chr1",57485745,57486143,"+",0,"NA","Intergenic","Intergenic",-22426,"NM_001302964",68736,"Mm.288490","NM_001037742","ENSMUSG00000048495","Tyw5","1110034B05Rik","tRNA-yW synthesizing protein 5","protein-coding"]
[918,"Peak_930",-0.611699188032866,-1.61471343768411,-1.00301424965125,3.9184234721924,"NO","DOWN","DOWN",0.151975603265714,0.000514779726159064,0.00623793441784463,0.943529907756132,0.116334893258547,0.999908874757857,"chr1",57486685,57487083,"+",0,"NA","Intergenic","Intergenic",-23366,"NM_001302964",68736,"Mm.288490","NM_001037742","ENSMUSG00000048495","Tyw5","1110034B05Rik","tRNA-yW synthesizing protein 5","protein-coding"]
[919,"Peak_931",0.560492628036785,1.2494194322931,0.688926804256317,2.59060344206274,"NO","NO","NO",0.547262522184909,0.161832707040305,0.212114020539644,0.988113766393189,0.735870458376371,0.999908874757857,"chr1",57493790,57494188,"+",0,"NA","Intergenic","Intergenic",-30471,"NM_001302964",68736,"Mm.288490","NM_001037742","ENSMUSG00000048495","Tyw5","1110034B05Rik","tRNA-yW synthesizing protein 5","protein-coding"]
[920,"Peak_932",0.185088417361462,-0.621122221311982,-0.806210638673444,3.53990572960209,"NO","NO","NO",0.723826664265989,0.271420558594882,0.0375998032688344,0.995739075798108,0.818290845018907,0.999908874757857,"chr1",57506081,57506479,"+",0,"NA","Intergenic","Intergenic",-42762,"NM_001302964",68736,"Mm.288490","NM_001037742","ENSMUSG00000048495","Tyw5","1110034B05Rik","tRNA-yW synthesizing protein 5","protein-coding"]
[921,"Peak_933",-1.25906140703269,-1.25287216659456,0.00618924043812755,2.34657607906102,"NO","NO","NO",0.102892288797228,0.107590687153061,0.991734757383477,0.918065249368744,0.679540159974857,0.999908874757857,"chr1",57538018,57538416,"+",0,"NA","Intergenic","Intergenic",-74699,"NM_001302964",68736,"Mm.288490","NM_001037742","ENSMUSG00000048495","Tyw5","1110034B05Rik","tRNA-yW synthesizing protein 5","protein-coding"]
[922,"Peak_934",0.558184077364047,-0.192678673034513,-0.75086275039856,4.66490229524824,"NO","NO","NO",0.195649450024671,0.668794522991615,0.0274085219339502,0.953494236567625,0.950390910935811,0.999908874757857,"chr1",57585576,57585974,"+",0,"NA","Intergenic","Intergenic",-122257,"NM_001302964",68736,"Mm.288490","NM_001037742","ENSMUSG00000048495","Tyw5","1110034B05Rik","tRNA-yW synthesizing protein 5","protein-coding"]
[923,"Peak_935",-0.15726877453087101,-0.716476231240165,-0.559207456709294,2.44166273244983,"NO","NO","NO",0.835226429159474,0.370439058236877,0.319118718974622,0.996451548154072,0.866410568295876,0.999908874757857,"chr1",57597328,57597726,"+",0,"NA","Intergenic","Intergenic",-134009,"NM_001302964",68736,"Mm.288490","NM_001037742","ENSMUSG00000048495","Tyw5","1110034B05Rik","tRNA-yW synthesizing protein 5","protein-coding"]
[924,"Peak_936",-1.36502745799604,-1.13620562572953,0.228821832266515,2.46997353544762,"NO","NO","NO",0.057356853610864,0.112875717501111,0.701127836773884,0.895148662088407,0.686666787210071,0.999908874757857,"chr1",57603110,57603508,"+",0,"NA","Intergenic","MTEa|LTR|MaLR",-139791,"NM_001302964",68736,"Mm.288490","NM_001037742","ENSMUSG00000048495","Tyw5","1110034B05Rik","tRNA-yW synthesizing protein 5","protein-coding"]
[925,"Peak_937",0.764323208748991,1.32260892792567,0.55828571917668,2.20047525118009,"NO","NO","NO",0.476622604285559,0.198562622031109,0.34482473512824,0.981629453947196,0.770059145557711,0.999908874757857,"chr1",57640406,57640804,"+",0,"NA","Intergenic","Intergenic",-177087,"NM_001302964",68736,"Mm.288490","NM_001037742","ENSMUSG00000048495","Tyw5","1110034B05Rik","tRNA-yW synthesizing protein 5","protein-coding"]
[926,"Peak_938",-1.13612362180381,-1.77246767803823,-0.636344056234421,2.24235960319459,"NO","NO","NO",0.110315798682153,0.0200925342772413,0.296427303376487,0.921787000934067,0.459270144976345,0.999908874757857,"chr1",57730542,57730940,"+",0,"NA","Intergenic","Intergenic",-100964,"NM_144882",67198,"Mm.159989","NM_144882","ENSMUSG00000038305","Spats2l","2810022L02Rik|A230104H11Rik|AA987173|AI480531|AI842453|AW413586","spermatogenesis associated, serine-rich 2-like","protein-coding"]
[927,"Peak_939",0.061059242494945,0.211085627549259,0.150026385054314,1.98630970451793,"NO","NO","NO",0.94982654853432,0.829597495064618,0.810620259645988,0.997839094325673,0.974828717046856,0.999908874757857,"chr1",57784115,57784513,"+",0,"NA","Intergenic","RMER15-int|LTR|ERVL",-47391,"NM_144882",67198,"Mm.159989","NM_144882","ENSMUSG00000038305","Spats2l","2810022L02Rik|A230104H11Rik|AA987173|AI480531|AI842453|AW413586","spermatogenesis associated, serine-rich 2-like","protein-coding"]
[928,"Peak_940",-0.630645593140696,-0.335144026987821,0.295501566152875,2.13007732170068,"NO","NO","NO",0.48860942233493,0.708709542741517,0.668364139420529,0.983088920821324,0.956122093576995,0.999908874757857,"chr1",57808622,57809020,"+",0,"NA","Intergenic","Intergenic",-22884,"NM_144882",67198,"Mm.159989","NM_144882","ENSMUSG00000038305","Spats2l","2810022L02Rik|A230104H11Rik|AA987173|AI480531|AI842453|AW413586","spermatogenesis associated, serine-rich 2-like","protein-coding"]
[929,"Peak_941",-0.00317416365531598,0.526720045120251,0.529894208775566,5.18661102744384,"NO","NO","NO",0.994070853692216,0.207940730475207,0.125558391988248,0.999562803852559,0.776746023704372,0.999908874757857,"chr1",57831487,57831885,"+",0,"NA","promoter-TSS (NM_144882)","promoter-TSS (NM_144882)",-19,"NM_144882",67198,"Mm.159989","NM_144882","ENSMUSG00000038305","Spats2l","2810022L02Rik|A230104H11Rik|AA987173|AI480531|AI842453|AW413586","spermatogenesis associated, serine-rich 2-like","protein-coding"]
[930,"Peak_942",-0.0210663472504061,-1.58401614167054E-3,0.0194823311087355,2.49863498997648,"NO","NO","NO",0.979402203975187,0.998554020049098,0.973085648240103,0.99914697897948,0.999936850200419,0.999908874757857,"chr1",57846673,57847071,"+",0,"NA","intron (NM_144882, intron 1 of 13)","intron (NM_144882, intron 1 of 13)",15167,"NM_144882",67198,"Mm.159989","NM_144882","ENSMUSG00000038305","Spats2l","2810022L02Rik|A230104H11Rik|AA987173|AI480531|AI842453|AW413586","spermatogenesis associated, serine-rich 2-like","protein-coding"]
[931,"Peak_943",-0.193071976861516,-0.219409625126262,-0.0263376482647458,2.5992135006487,"NO","NO","NO",0.803280269771743,0.780267499748057,0.962061272433729,0.996451548154072,0.968249964738683,0.999908874757857,"chr1",57872692,57873090,"+",0,"NA","intron (NM_144882, intron 2 of 13)","intron (NM_144882, intron 2 of 13)",-29524,"NM_001164566",67198,"Mm.159989","NM_144882","ENSMUSG00000038305","Spats2l","2810022L02Rik|A230104H11Rik|AA987173|AI480531|AI842453|AW413586","spermatogenesis associated, serine-rich 2-like","protein-coding"]
[932,"Peak_944",0.0628841170957923,0.690585673760038,0.627701556664246,2.17499279681784,"NO","NO","NO",0.948882494657292,0.457711500678591,0.287924803765108,0.997839094325673,0.898215870747352,0.999908874757857,"chr1",57890109,57890507,"+",0,"NA","intron (NM_144882, intron 3 of 13)","intron (NM_144882, intron 3 of 13)",-12107,"NM_001164566",67198,"Mm.159989","NM_144882","ENSMUSG00000038305","Spats2l","2810022L02Rik|A230104H11Rik|AA987173|AI480531|AI842453|AW413586","spermatogenesis associated, serine-rich 2-like","protein-coding"]
[933,"Peak_945",-0.380919044631274,0.123395409613823,0.504314454245096,3.31766474629062,"NO","NO","NO",0.531072524124998,0.836103856368159,0.241639445886888,0.987425270131684,0.976682936958586,0.999908874757857,"chr1",57903787,57904185,"+",0,"NA","intron (NM_001164566, intron 1 of 11)","intron (NM_001164566, intron 1 of 11)",1571,"NM_001164566",67198,"Mm.159989","NM_144882","ENSMUSG00000038305","Spats2l","2810022L02Rik|A230104H11Rik|AA987173|AI480531|AI842453|AW413586","spermatogenesis associated, serine-rich 2-like","protein-coding"]
[934,"Peak_946",0.630135289110133,0.5604835582366,-0.0696517308735331,3.24249993549274,"NO","NO","NO",0.377739050817056,0.439157190622011,0.88600475700585,0.972397593291388,0.891695980553648,0.999908874757857,"chr1",57909471,57909869,"+",0,"NA","intron (NM_001164566, intron 1 of 11)","intron (NM_001164566, intron 1 of 11)",7255,"NM_001164566",67198,"Mm.159989","NM_144882","ENSMUSG00000038305","Spats2l","2810022L02Rik|A230104H11Rik|AA987173|AI480531|AI842453|AW413586","spermatogenesis associated, serine-rich 2-like","protein-coding"]
[935,"Peak_947",0.492463258492284,0.161844200405387,-0.330619058086898,4.12735598003057,"NO","NO","NO",0.298737767433767,0.741476900153807,0.31714454604356,0.959925552157071,0.962833963090571,0.999908874757857,"chr1",57918951,57919349,"+",0,"NA","intron (NM_001164566, intron 2 of 11)","intron (NM_001164566, intron 2 of 11)",16735,"NM_001164566",67198,"Mm.159989","NM_144882","ENSMUSG00000038305","Spats2l","2810022L02Rik|A230104H11Rik|AA987173|AI480531|AI842453|AW413586","spermatogenesis associated, serine-rich 2-like","protein-coding"]
[936,"Peak_948",0.225131836364969,-0.166574119594848,-0.391705955959817,3.44028148381296,"NO","NO","NO",0.697064862312433,0.782205119221014,0.347649325590169,0.994408612658169,0.96836902045408,0.999908874757857,"chr1",57946832,57947230,"+",0,"NA","intron (NM_001164566, intron 5 of 11)","intron (NM_001164566, intron 5 of 11)",44616,"NM_001164566",67198,"Mm.159989","NM_144882","ENSMUSG00000038305","Spats2l","2810022L02Rik|A230104H11Rik|AA987173|AI480531|AI842453|AW413586","spermatogenesis associated, serine-rich 2-like","protein-coding"]
[937,"Peak_949",0.554677456661817,0.218577756132827,-0.336099700528989,3.7288546097581,"NO","NO","NO",0.323311880378629,0.70697469010492,0.392535746893824,0.962286811317651,0.955848824297886,0.999908874757857,"chr1",57964143,57964541,"+",0,"NA","intron (NM_001164566, intron 7 of 11)","intron (NM_001164566, intron 7 of 11)",61927,"NM_001164566",67198,"Mm.159989","NM_144882","ENSMUSG00000038305","Spats2l","2810022L02Rik|A230104H11Rik|AA987173|AI480531|AI842453|AW413586","spermatogenesis associated, serine-rich 2-like","protein-coding"]
[938,"Peak_950",0.338808726242653,0.260287592914992,-0.0785211333276605,3.53401636579692,"NO","NO","NO",0.594700271562018,0.687571136051902,0.866312985909979,0.990629663238998,0.953028046469984,0.999908874757857,"chr1",58005828,58006226,"+",0,"NA","TTS (NM_144882)","TTS (NM_144882)",20341,"NR_027630",51960,"Mm.339711","NM_030211","ENSMUSG00000054770","Kctd18","4932411A20Rik|6530404F10Rik","potassium channel tetramerisation domain containing 18","protein-coding"]
[939,"Peak_951",-0.314422797540899,-0.223205783868689,0.0912170136722096,4.94242973346486,"NO","NO","NO",0.401181481025189,0.553213004308352,0.762174019239542,0.975982217513585,0.922883271232329,0.999908874757857,"chr1",58026505,58026903,"+",0,"NA","promoter-TSS (NR_027630)","promoter-TSS (NR_027630)",224,"NM_001159864",51960,"Mm.339711","NM_030211","ENSMUSG00000054770","Kctd18","4932411A20Rik|6530404F10Rik","potassium channel tetramerisation domain containing 18","protein-coding"]
[940,"Peak_952",0.213519244235844,0.425016128101542,0.211496883865698,4.8018568659078,"NO","NO","NO",0.625517906069151,0.331559478218881,0.532645824078113,0.991059621898655,0.851022280379914,0.999908874757857,"chr1",58052654,58053052,"+",0,"NA","promoter-TSS (NM_199007)","promoter-TSS (NM_199007)",35,"NM_199007",68549,"Mm.32800","NM_199007","ENSMUSG00000026039","Sgol2a","1110007N04Rik|4932411A20Rik|5730576N04Rik|AU018846|AV008062|D1Ertd8e|Sgol2|Tripin","shugoshin-like 2a (S. pombe)","protein-coding"]
[941,"Peak_953",-0.649083311141632,-1.11220719797798,-0.463123886836352,3.21141840565874,"NO","NO","NO",0.242227620275318,0.055101138158521,0.30361170589861,0.957177893700462,0.589960773396766,0.999908874757857,"chr1",58086937,58087335,"+",0,"NA","intron (NM_009676, intron 1 of 34)","intron (NM_009676, intron 1 of 34)",323,"NM_009676",11761,"Mm.26787","NM_009676","ENSMUSG00000063558","Aox1","AI196512|AI255253|Ao|Aox-1|Aox-2|Aox2|Moro|Ro","aldehyde oxidase 1","protein-coding"]
[942,"Peak_954",0.678041917716932,0.210972419596091,-0.46706949812084,2.24234309239987,"NO","NO","NO",0.46692638387191,0.829169771997323,0.43756936437785,0.980176260898648,0.974828717046856,0.999908874757857,"chr1",58115122,58115520,"+",0,"NA","intron (NM_009676, intron 10 of 34)","intron (NM_009676, intron 10 of 34)",28508,"NM_009676",11761,"Mm.26787","NM_009676","ENSMUSG00000063558","Aox1","AI196512|AI255253|Ao|Aox-1|Aox-2|Aox2|Moro|Ro","aldehyde oxidase 1","protein-coding"]
[943,"Peak_955",-0.327843198817629,-0.389529286573533,-0.0616860877559047,2.98144453002736,"NO","NO","NO",0.629489355454656,0.573478500086449,0.905783056075535,0.991082598585515,0.927596471410257,0.999908874757857,"chr1",58169594,58169992,"+",0,"NA","promoter-TSS (NM_023617)","promoter-TSS (NM_023617)",-187,"NM_023617",71724,"Mm.20108","NM_023617","ENSMUSG00000064294","Aox3","1200011D03Rik|AI326299|Aoh1|Aoh2","aldehyde oxidase 3","protein-coding"]
[944,"Peak_956",0.14605451358597,0.442917440426034,0.296862926840063,2.12711104638997,"NO","NO","NO",0.880250589915341,0.645406365104108,0.6279426896822,0.996451548154072,0.945041453938349,0.999908874757857,"chr1",58213674,58214072,"+",0,"NA","intron (NM_023617, intron 16 of 34)","intron (NM_023617, intron 16 of 34)",43893,"NM_023617",71724,"Mm.20108","NM_023617","ENSMUSG00000064294","Aox3","1200011D03Rik|AI326299|Aoh1|Aoh2","aldehyde oxidase 3","protein-coding"]
[945,"Peak_957",2.13887923807245,2.65689629262522,0.518017054552763,2.49675008683033,"NO","NO","NO",0.0840495135015493,0.0246411412975488,0.365847183537115,0.911408110368333,0.485558587354389,0.999908874757857,"chr1",58252385,58252783,"+",0,"NA","intron (NM_023617, intron 34 of 34)","intron (NM_023617, intron 34 of 34)",-14657,"NM_023631",71872,"Mm.244525","NM_023631","ENSMUSG00000038242","Aox4","2310003G12Rik|Aoh2","aldehyde oxidase 4","protein-coding"]
[946,"Peak_958",-0.134700202389595,0.192096408653284,0.326796611042879,2.77018425516621,"NO","NO","NO",0.86271338413522,0.802556356609571,0.558951149635376,0.996451548154072,0.970799553107704,0.999908874757857,"chr1",58278602,58279000,"+",0,"NA","intron (NM_023631, intron 5 of 34)","intron (NM_023631, intron 5 of 34)",11560,"NM_023631",71872,"Mm.244525","NM_023631","ENSMUSG00000038242","Aox4","2310003G12Rik|Aoh2","aldehyde oxidase 4","protein-coding"]
[947,"Peak_959",1.65947860180362,1.87006894175596,0.210590339952332,3.95399033217049,"UP","UP","NO",0.00907563341793308,0.00303166568042445,0.544058279010615,0.767463964353059,0.242702879123141,0.999908874757857,"chr1",58332493,58332891,"+",0,"NA","Intergenic","Intergenic",-2478,"NM_001008419",213043,"Mm.414292","NM_001008419","ENSMUSG00000079554","Aox2","Aoh3|Aox3l1","aldehyde oxidase 2","protein-coding"]
[948,"Peak_960",-0.526619073687445,-0.493411296837774,0.0332077768496706,3.01884737542065,"NO","NO","NO",0.403399005273363,0.438481552469453,0.944378379648217,0.975982217513585,0.891441355169499,0.999908874757857,"chr1",58346881,58347279,"+",0,"NA","intron (NM_001008419, intron 7 of 35)","intron (NM_001008419, intron 7 of 35)",11910,"NM_001008419",213043,"Mm.414292","NM_001008419","ENSMUSG00000079554","Aox2","Aoh3|Aox3l1","aldehyde oxidase 2","protein-coding"]
[949,"Peak_961",0.0275122516816026,-0.0161055022079606,-0.0436177538895632,3.89281729133591,"NO","NO","NO",0.957289140885202,0.975463247863859,0.908249997879716,0.998209823724761,0.996336349458951,0.999908874757857,"chr1",58353085,58353483,"+",0,"NA","intron (NM_001008419, intron 10 of 35)","intron (NM_001008419, intron 10 of 35)",18114,"NM_001008419",213043,"Mm.414292","NM_001008419","ENSMUSG00000079554","Aox2","Aoh3|Aox3l1","aldehyde oxidase 2","protein-coding"]
[950,"Peak_962",-0.441524445117496,-0.924113927652794,-0.482589482535298,3.97913928780524,"NO","NO","NO",0.317776956136697,0.0454118499498511,0.174803775507501,0.960362097788286,0.561104115698678,0.999908874757857,"chr1",58364317,58364715,"+",0,"NA","intron (NM_001008419, intron 16 of 35)","intron (NM_001008419, intron 16 of 35)",29346,"NM_001008419",213043,"Mm.414292","NM_001008419","ENSMUSG00000079554","Aox2","Aoh3|Aox3l1","aldehyde oxidase 2","protein-coding"]
[951,"Peak_963",0.540250376370389,0.749239312876188,0.208988936505798,3.00147650240896,"NO","NO","NO",0.46501753098167,0.308127924530697,0.6515179306817,0.979860780201896,0.83908416313757,0.999908874757857,"chr1",58389831,58390229,"+",0,"NA","intron (NM_001008419, intron 22 of 35)","intron (NM_001008419, intron 22 of 35)",54860,"NM_001008419",213043,"Mm.414292","NM_001008419","ENSMUSG00000079554","Aox2","Aoh3|Aox3l1","aldehyde oxidase 2","protein-coding"]
[952,"Peak_964",-0.0246957402431625,0.267217051680304,0.291912791923467,5.01915025156993,"NO","NO","NO",0.949855874194318,0.493107983003723,0.34380663261741,0.997839094325673,0.907903443913105,0.999908874757857,"chr1",58449967,58450365,"+",0,"NA","intron (NM_025824, intron 1 of 11)","CpG",186,"NM_025824",66882,"Mm.21848","NM_025824","ENSMUSG00000051223","Bzw1","1200015E15Rik|mKIAA0005","basic leucine zipper and W2 domains 1","protein-coding"]
[953,"Peak_965",-0.130585498799276,0.00503378398241791,0.135619282781694,4.44790178645921,"NO","NO","NO",0.754327301029526,0.990377635420292,0.658654911586668,0.996449988091977,0.998538694499299,0.999908874757857,"chr1",58480480,58480878,"+",0,"NA","intron (NR_027854, intron 1 of 10)","CpG",253,"NR_027854",12747,"Mm.1761","NM_009905","ENSMUSG00000026034","Clk1","STY","CDC-like kinase 1","protein-coding"]
[954,"Peak_966",2.28704974776926,3.04205374291039,0.755003995141133,3.59911902182606,"NO","UP","NO",0.0142017510884955,0.00060884575897951,0.119572096949675,0.789931406387149,0.124544715319377,0.999908874757857,"chr1",58498057,58498455,"+",0,"NA","intron (NM_027374, intron 3 of 5)","intron (NM_027374, intron 3 of 5)",-3739,"NM_022988",65102,"Mm.340248","NM_022988","ENSMUSG00000026036","Nif3l1","1110030G24Rik","Ngg1 interacting factor 3-like 1 (S. pombe)","protein-coding"]
[955,"Peak_967",-0.517993021582311,-0.661421787298893,-0.143428765716582,5.18636433152514,"NO","NO","NO",0.167465520764409,0.081941925908476,0.662547738385632,0.94631447419109,0.642831079027895,0.999908874757857,"chr1",58502169,58502567,"+",0,"NA","promoter-TSS (NM_001285826)","promoter-TSS (NM_001285826)",-38,"NM_027374",70225,"Mm.340195","NM_027351","ENSMUSG00000026035","Ppil3","2310076N22Rik|2510026K04Rik|Cyp10l","peptidylprolyl isomerase (cyclophilin)-like 3","protein-coding"]
[956,"Peak_968",1.52081324999733,0.913516761969552,-0.607296488027778,2.31210955625466,"NO","NO","NO",0.179997031122939,0.436583137503788,0.42320659694422,0.952684148747841,0.891027931777347,0.999908874757857,"chr1",58515667,58516065,"+",0,"NA","intron (NM_022988, intron 6 of 6)","B4A|SINE|B4",-13536,"NM_027374",70225,"Mm.340195","NM_027351","ENSMUSG00000026035","Ppil3","2310076N22Rik|2510026K04Rik|Cyp10l","peptidylprolyl isomerase (cyclophilin)-like 3","protein-coding"]
[957,"Peak_969",-0.204752130413264,-0.100925647949575,0.103826482463688,5.62821802413808,"NO","NO","NO",0.617189892124227,0.805885470063873,0.778217319975581,0.990663437643175,0.97172544675304,0.999908874757857,"chr1",58561481,58561879,"+",0,"NA","5' UTR (NM_001271526, exon 1 of 18)","5' UTR (NM_001271526, exon 1 of 18)",273,"NM_008765",18393,"Mm.3411","NM_008765","ENSMUSG00000026037","Orc2","AU041563|Orc2l","origin recognition complex, subunit 2","protein-coding"]
[958,"Peak_970",0.301980685074077,0.270536013809826,-0.0314446712642518,4.69691061713482,"NO","NO","NO",0.510527441789,0.559386746122828,0.931057054276693,0.985376506890842,0.924411217935527,0.999908874757857,"chr1",58642973,58643371,"+",0,"NA","promoter-TSS (NM_001310599)","promoter-TSS (NM_001310599)",5,"NM_172513",213056,"Mm.26272","NM_172513","ENSMUSG00000038174","Fam126b","C130065N10Rik|D1Ertd53e|D630010C10","family with sequence similarity 126, member B","protein-coding"]
[959,"Peak_971",0.0193439621231491,0.056876395438459,0.0375324333153099,4.38485287485735,"NO","NO","NO",0.964369091316036,0.896792033197476,0.906819985391989,0.998900380576782,0.984381319471179,0.999908874757857,"chr1",58709391,58709789,"+",0,"NA","intron (NR_045007, intron 1 of 1)","intron (NR_045007, intron 1 of 1)",105,"NR_045007",100504501,"Mm.440933","NR_045007","ENSMUSG00000102059","Gm20257","-","caspase 8 pseudogene","pseudo"]
[960,"Peak_972",-1.27531206882621,-0.288741357631414,0.986570711194801,1.97985138499548,"NO","NO","NO",0.171298010114088,0.742581763799924,0.154416564673834,0.948971317765293,0.962907228185131,0.999908874757857,"chr1",58736003,58736401,"+",0,"NA","intron (NM_001347056, intron 4 of 13)","intron (NM_001347056, intron 4 of 13)",13087,"NM_001347056",108812,"Mm.442063","NM_175370","ENSMUSG00000047528","Als2cr12","4933405P16Rik|4933425F06Rik","amyotrophic lateral sclerosis 2 (juvenile) chromosome region, candidate 12 (human)","protein-coding"]
[961,"Peak_973",-0.301566370095665,0.529430714096023,0.830997084191688,1.98452147701209,"NO","NO","NO",0.766663471956994,0.582350877010606,0.201679286969224,0.996451548154072,0.929321517593361,0.999908874757857,"chr1",58754424,58754822,"+",0,"NA","Intergenic","Intergenic",-1790,"NM_175370",108812,"Mm.442063","NM_175370","ENSMUSG00000047528","Als2cr12","4933405P16Rik|4933425F06Rik","amyotrophic lateral sclerosis 2 (juvenile) chromosome region, candidate 12 (human)","protein-coding"]
[962,"Peak_974",-0.317239868444767,0.0432348972304417,0.360474765675208,4.73402140273408,"NO","NO","NO",0.427103821357632,0.91307115230811,0.242584891865743,0.977408255892978,0.986944462659538,0.999908874757857,"chr1",58768342,58768740,"+",0,"NA","intron (NM_001289704, intron 1 of 9)","CpG",206,"NM_001289704",12633,"Mm.336848","NM_009805","ENSMUSG00000026031","Cflar","2310024N18Rik|A430105C05Rik|CLARP|Cash|Casper|ENSMUSG00000072980|FLAME|FLAME-1|Flip|Gm9845|I-FLICE|MRIT|c-Flip","CASP8 and FADD-like apoptosis regulator","protein-coding"]
[963,"Peak_975",-0.6777249006374,-0.31347913584749,0.36424576478991,3.99253905291618,"NO","NO","NO",0.128297851645591,0.476026039541691,0.267420164955662,0.9343354847011,0.903414154866613,0.999908874757857,"chr1",58769179,58769577,"+",0,"NA","promoter-TSS (NM_009805)","promoter-TSS (NM_009805)",-752,"NM_009805",12633,"Mm.336848","NM_009805","ENSMUSG00000026031","Cflar","2310024N18Rik|A430105C05Rik|CLARP|Cash|Casper|ENSMUSG00000072980|FLAME|FLAME-1|Flip|Gm9845|I-FLICE|MRIT|c-Flip","CASP8 and FADD-like apoptosis regulator","protein-coding"]
[964,"Peak_976",0.414228339138343,0.535619794296994,0.121391455158651,3.90026195511641,"NO","NO","NO",0.443632169670714,0.323671706057645,0.743895602462283,0.978344677090796,0.846364339401444,0.999908874757857,"chr1",58770083,58770481,"+",0,"NA","5' UTR (NM_009805, exon 1 of 5)","5' UTR (NM_009805, exon 1 of 5)",152,"NM_207653",12633,"Mm.336848","NM_009805","ENSMUSG00000026031","Cflar","2310024N18Rik|A430105C05Rik|CLARP|Cash|Casper|ENSMUSG00000072980|FLAME|FLAME-1|Flip|Gm9845|I-FLICE|MRIT|c-Flip","CASP8 and FADD-like apoptosis regulator","protein-coding"]
[965,"Peak_977",0.45624137301734,0.506220411876773,0.0499790388594329,2.88607664614538,"NO","NO","NO",0.543863704358055,0.50462840465628,0.918102838081402,0.988113766393189,0.910197806588689,0.999908874757857,"chr1",58818459,58818857,"+",0,"NA","Intergenic","Intergenic",31262,"NM_001293805",12633,"Mm.336848","NM_009805","ENSMUSG00000026031","Cflar","2310024N18Rik|A430105C05Rik|CLARP|Cash|Casper|ENSMUSG00000072980|FLAME|FLAME-1|Flip|Gm9845|I-FLICE|MRIT|c-Flip","CASP8 and FADD-like apoptosis regulator","protein-coding"]
[966,"Peak_978",0.226601439430069,0.262067473605496,0.0354660341754262,3.95622872230434,"NO","NO","NO",0.643971182938119,0.596723806482706,0.914829734837656,0.992128801173048,0.933065780190929,0.999908874757857,"chr1",58852258,58852656,"+",0,"NA","5' UTR (NM_009812, exon 1 of 9)","5' UTR (NM_009812, exon 1 of 9)",239,"NM_009812",12370,"Mm.336851","NM_009812","ENSMUSG00000026029","Casp8","CASP-8|FLICE|MACH|Mch5","caspase 8","protein-coding"]
[967,"Peak_979",0.131682728575377,0.168576859026404,0.0368941304510276,2.85972711934767,"NO","NO","NO",0.856493562630385,0.818492583386307,0.94093317928975,0.996451548154072,0.973249457521315,0.999908874757857,"chr1",58859626,58860024,"+",0,"NA","intron (NM_001080126, intron 1 of 8)","intron (NM_001080126, intron 1 of 8)",479,"NM_001080126",12370,"Mm.336851","NM_009812","ENSMUSG00000026029","Casp8","CASP-8|FLICE|MACH|Mch5","caspase 8","protein-coding"]
[968,"Peak_980",0.125514560690059,0.19729674919888,0.071782188508821,2.58661520643968,"NO","NO","NO",0.889590501261676,0.824842341471197,0.914990563346872,0.996451548154072,0.974396406134925,0.999908874757857,"chr1",58954428,58954826,"+",0,"NA","Intergenic","Intergenic",75699,"NM_172406",70827,"Mm.222887","NM_172406","ENSMUSG00000026028","Trak2","2900022D04Rik|4733401O11Rik|AI480836|AW046271|Als2cr3|CALS-C|GRIF-1|GRIF1|OIP98|mKIAA0549","trafficking protein, kinesin binding 2","protein-coding"]
[969,"Peak_981",-0.341484356359689,-0.244563697425768,0.0969206589339205,2.70828732054626,"NO","NO","NO",0.634666173268897,0.734678861092597,0.851641458007159,0.991338302541368,0.961600723504885,0.999908874757857,"chr1",59017919,59018317,"+",0,"NA","intron (NM_172406, intron 1 of 15)","intron (NM_172406, intron 1 of 15)",12208,"NM_172406",70827,"Mm.222887","NM_172406","ENSMUSG00000026028","Trak2","2900022D04Rik|4733401O11Rik|AI480836|AW046271|Als2cr3|CALS-C|GRIF-1|GRIF1|OIP98|mKIAA0549","trafficking protein, kinesin binding 2","protein-coding"]
[970,"Peak_982",0.527993076083361,0.117990498541162,-0.410002577542199,4.41391864219539,"NO","NO","NO",0.27776978219497,0.813746861237848,0.274321695097864,0.959925552157071,0.972593995345303,0.999908874757857,"chr1",59026948,59027346,"+",0,"NA","intron (NM_172406, intron 1 of 15)","MLT1B|LTR|MaLR",3179,"NM_172406",70827,"Mm.222887","NM_172406","ENSMUSG00000026028","Trak2","2900022D04Rik|4733401O11Rik|AI480836|AW046271|Als2cr3|CALS-C|GRIF-1|GRIF1|OIP98|mKIAA0549","trafficking protein, kinesin binding 2","protein-coding"]
[971,"Peak_983",-0.261772335646968,0.0507217739237069,0.312494109570675,5.91132534417459,"NO","NO","NO",0.490782063747339,0.893604398127722,0.359396965386818,0.983247894321354,0.984215028354232,0.999908874757857,"chr1",59030289,59030687,"+",0,"NA","promoter-TSS (NM_172406)","promoter-TSS (NM_172406)",73,"NM_172656",227154,"Mm.286006","NM_172656","ENSMUSG00000026027","Stradb","AA792893|Als2cr2|B830008M19|D1Ucla2|ILPIP|ILPIPA|PRO1038|Papk|Syradb","STE20-related kinase adaptor beta","protein-coding"]
[972,"Peak_984",-0.364477037656932,-0.979728140720341,-0.615251103063409,2.94106377303969,"NO","NO","NO",0.599621653501727,0.178264794341732,0.287668378321313,0.990629663238998,0.751748928937031,0.999908874757857,"chr1",59094602,59095000,"+",0,"NA","Intergenic","B4|SINE|B4",56943,"NM_175200",73463,"Mm.252811","NM_175200","ENSMUSG00000072295","Als2cr11","1700052H20Rik|4930408G06Rik","amyotrophic lateral sclerosis 2 (juvenile) chromosome region, candidate 11 (human)","protein-coding"]
[973,"Peak_985",2.28583133881415,2.28486560633728,-0.000965732476868177,2.39130715917737,"NO","NO","NO",0.0597490946504217,0.061911975001591,0.998608625649367,0.899905259788033,0.606376149801469,0.999908874757857,"chr1",59124845,59125243,"+",0,"NA","intron (NM_175200, intron 6 of 12)","intron (NM_175200, intron 6 of 12)",26700,"NM_175200",73463,"Mm.252811","NM_175200","ENSMUSG00000072295","Als2cr11","1700052H20Rik|4930408G06Rik","amyotrophic lateral sclerosis 2 (juvenile) chromosome region, candidate 11 (human)","protein-coding"]
[974,"Peak_986",0.509380468242824,0.408385765321234,-0.100994702921589,2.60607506305703,"NO","NO","NO",0.540927253167702,0.630900507932654,0.850896869218222,0.988113766393189,0.942207312556616,0.999908874757857,"chr1",59127760,59128158,"+",0,"NA","intron (NM_175200, intron 4 of 12)","intron (NM_175200, intron 4 of 12)",23785,"NM_175200",73463,"Mm.252811","NM_175200","ENSMUSG00000072295","Als2cr11","1700052H20Rik|4930408G06Rik","amyotrophic lateral sclerosis 2 (juvenile) chromosome region, candidate 11 (human)","protein-coding"]
[975,"Peak_987",-0.0728375797331133,0.227305670483973,0.300143250217087,5.46222675861489,"NO","NO","NO",0.856986032129239,0.573297545748783,0.387814906625725,0.996451548154072,0.927466750134787,0.999908874757857,"chr1",59176755,59177153,"+",0,"NA","promoter-TSS (NM_001033449)","promoter-TSS (NM_001033449)",-14,"NM_001033449",381259,"Mm.261275","NM_001033449","ENSMUSG00000038079","Tmem237","AI853305|Als2cr4|Gm972","transmembrane protein 237","protein-coding"]
[976,"Peak_988",1.19419883807936,0.953428014671702,-0.240770823407658,2.23591462423595,"NO","NO","NO",0.289676957381441,0.406468450095317,0.740320387632811,0.959925552157071,0.880579207612502,0.999908874757857,"chr1",59191079,59191477,"+",0,"NA","intron (NM_001164682, intron 15 of 22)","intron (NM_001164682, intron 15 of 22)",-14338,"NM_001033449",381259,"Mm.261275","NM_001033449","ENSMUSG00000038079","Tmem237","AI853305|Als2cr4|Gm972","transmembrane protein 237","protein-coding"]
[977,"Peak_989",0.837838859602289,0.855482312249249,0.0176434526469601,3.17590344277163,"NO","NO","NO",0.245417622310439,0.23946569601447,0.968748676734998,0.957177893700462,0.798832635782108,0.999908874757857,"chr1",59219600,59219998,"+",0,"NA","5' UTR (NM_001164682, exon 1 of 23)","5' UTR (NM_001164682, exon 1 of 23)",434,"NM_001164682",227157,"Mm.474049","NM_145143","ENSMUSG00000079550","Mpp4","Dlg6","membrane protein, palmitoylated 4 (MAGUK p55 subfamily member 4)","protein-coding"]
[978,"Peak_990",-0.271416562235841,0.166344835477906,0.437761397713747,2.67944243273499,"NO","NO","NO",0.752219764199512,0.843257613684794,0.510762811249013,0.996074562719474,0.977460230305398,0.999908874757857,"chr1",59244378,59244776,"+",0,"NA","intron (NM_028717, intron 14 of 33)","intron (NM_028717, intron 14 of 33)",-24344,"NM_001164682",227157,"Mm.474049","NM_145143","ENSMUSG00000079550","Mpp4","Dlg6","membrane protein, palmitoylated 4 (MAGUK p55 subfamily member 4)","protein-coding"]
[979,"Peak_991",0.100244758788219,0.109330023007955,0.00908526421973566,5.26995622521975,"NO","NO","NO",0.790858938177685,0.77385109093292,0.976506384173771,0.996451548154072,0.967510985375085,0.999908874757857,"chr1",59294175,59294573,"+",0,"NA","promoter-TSS (NM_001159948)","promoter-TSS (NM_001159948)",-299,"NM_146109",74018,"Mm.272078","NM_028717","ENSMUSG00000026024","Als2","3222402C23Rik|9430073A21Rik|Als2cr6|Alsin|mKIAA1563","amyotrophic lateral sclerosis 2 (juvenile)","protein-coding"]
[980,"Peak_992",-0.0560194593366664,-0.824647430578136,-0.76862797124147,3.25983107051414,"NO","NO","NO",0.920249994472974,0.169939179395444,0.0688464198122423,0.997839094325673,0.746225660078785,0.999908874757857,"chr1",59304492,59304890,"+",0,"NA","Intergenic","Intergenic",-9060,"NM_001033373",271697,"Mm.297713","NM_001033373","ENSMUSG00000026023","Cdk15","Als2cr7|Pftk2","cyclin-dependent kinase 15","protein-coding"]
[981,"Peak_993",0.994041879811281,0.507464826357442,-0.486577053453839,3.88195697789893,"NO","NO","NO",0.0721067845802216,0.379423856143747,0.186646405842977,0.907934971210637,0.871520811542726,0.999908874757857,"chr1",59314567,59314965,"+",0,"NA","exon (NM_001033373, exon 2 of 14)","exon (NM_001033373, exon 2 of 14)",1015,"NM_001033373",271697,"Mm.297713","NM_001033373","ENSMUSG00000026023","Cdk15","Als2cr7|Pftk2","cyclin-dependent kinase 15","protein-coding"]
[982,"Peak_994",0.84572397402432,0.6633721115733,-0.18235186245102,2.84018095851087,"NO","NO","NO",0.29006373692467,0.416879325876491,0.715092726811172,0.959925552157071,0.88418655231409,0.999908874757857,"chr1",59327083,59327481,"+",0,"NA","intron (NM_001033373, intron 4 of 13)","intron (NM_001033373, intron 4 of 13)",13531,"NM_001033373",271697,"Mm.297713","NM_001033373","ENSMUSG00000026023","Cdk15","Als2cr7|Pftk2","cyclin-dependent kinase 15","protein-coding"]
[983,"Peak_995",0.280296088995937,-0.16169204263183,-0.441988131627768,5.29290826997386,"NO","NO","NO",0.48423757045178,0.692378185696785,0.194981888327206,0.982574520841501,0.953757634335936,0.999908874757857,"chr1",59344529,59344927,"+",0,"NA","exon (NM_001033373, exon 7 of 14)","exon (NM_001033373, exon 7 of 14)",30977,"NM_001033373",271697,"Mm.297713","NM_001033373","ENSMUSG00000026023","Cdk15","Als2cr7|Pftk2","cyclin-dependent kinase 15","protein-coding"]
[984,"Peak_996",-0.119143154868839,0.0134072859837162,0.132550440852555,2.69991408181087,"NO","NO","NO",0.873445498244008,0.985709331137158,0.798404370649719,0.996451548154072,0.998211814135675,0.999908874757857,"chr1",59383946,59384344,"+",0,"NA","intron (NM_001033373, intron 11 of 13)","intron (NM_001033373, intron 11 of 13)",70394,"NM_001033373",271697,"Mm.297713","NM_001033373","ENSMUSG00000026023","Cdk15","Als2cr7|Pftk2","cyclin-dependent kinase 15","protein-coding"]
[985,"Peak_997",0.388941382482877,-0.381427020965222,-0.770368403448099,3.32581909680649,"NO","NO","NO",0.532784788758541,0.562445101509031,0.100746596458576,0.98762548828293,0.925300157877108,0.999908874757857,"chr1",59385015,59385413,"+",0,"NA","intron (NM_001033373, intron 11 of 13)","intron (NM_001033373, intron 11 of 13)",71463,"NM_001033373",271697,"Mm.297713","NM_001033373","ENSMUSG00000026023","Cdk15","Als2cr7|Pftk2","cyclin-dependent kinase 15","protein-coding"]
[986,"Peak_998",0.121686725538914,-0.63351509050524,-0.755201816044153,4.20049898526873,"NO","NO","NO",0.793087143663291,0.195492338589506,0.0438709781876507,0.996451548154072,0.767792793664326,0.999908874757857,"chr1",59397809,59398207,"+",0,"NA","intron (NM_001033373, intron 12 of 13)","intron (NM_001033373, intron 12 of 13)",84257,"NM_001033373",271697,"Mm.297713","NM_001033373","ENSMUSG00000026023","Cdk15","Als2cr7|Pftk2","cyclin-dependent kinase 15","protein-coding"]
[987,"Peak_999",-0.15706071893541,-1.39667002952924,-1.23960931059383,4.29652001728084,"NO","NO","NO",0.77975911922669,0.0179687543217925,0.0175953392242022,0.996451548154072,0.443275411712196,0.999908874757857,"chr1",59410035,59410433,"+",0,"NA","Intergenic","Intergenic",96483,"NM_001033373",271697,"Mm.297713","NM_001033373","ENSMUSG00000026023","Cdk15","Als2cr7|Pftk2","cyclin-dependent kinase 15","protein-coding"]
[988,"Peak_1000",0.356899143579707,-0.0966467786027659,-0.453545922182473,3.78697147203507,"NO","NO","NO",0.472712253830962,0.853001869192699,0.180642476417623,0.98110929536407,0.977898830794056,0.999908874757857,"chr1",59424950,59425348,"+",0,"NA","Intergenic","MIRb|SINE|MIR",111398,"NM_001033373",271697,"Mm.297713","NM_001033373","ENSMUSG00000026023","Cdk15","Als2cr7|Pftk2","cyclin-dependent kinase 15","protein-coding"]
[989,"Peak_1001",2.38521165716781,1.87709742794658,-0.508114229221224,4.01271815134265,"UP","NO","NO",0.000754486997152844,0.0109241285684808,0.231591543406868,0.57936525142728,0.38443863923464,0.999908874757857,"chr1",59448463,59448861,"+",0,"NA","Intergenic","Intergenic",-90329,"NM_008057",14369,"Mm.297906","NM_008057","ENSMUSG00000041075","Fzd7","Fz7","frizzled class receptor 7","protein-coding"]
[990,"Peak_1002",-0.0046585414933386,-0.313141618797343,-0.308483077304004,3.77516567663177,"NO","NO","NO",0.993303856914953,0.568264434521022,0.448447720538489,0.999532536338917,0.926159192163475,0.999908874757857,"chr1",59454331,59454729,"+",0,"NA","Intergenic","Intergenic",-84461,"NM_008057",14369,"Mm.297906","NM_008057","ENSMUSG00000041075","Fzd7","Fz7","frizzled class receptor 7","protein-coding"]
[991,"Peak_1003",-0.0346901683677596,-0.950041277579463,-0.915351109211703,3.35878989359693,"NO","NO","NO",0.95272990603868,0.128201137868366,0.0513267026381489,0.997839094325673,0.704983595474251,0.999908874757857,"chr1",59466554,59466952,"+",0,"NA","Intergenic","Intergenic",-72238,"NM_008057",14369,"Mm.297906","NM_008057","ENSMUSG00000041075","Fzd7","Fz7","frizzled class receptor 7","protein-coding"]
[992,"Peak_1004",-0.69950106193199,-1.39523935810009,-0.695738296168096,3.19962278164308,"NO","NO","NO",0.275265962048279,0.0356430242087166,0.22280312080352,0.959925552157071,0.532258147836121,0.999908874757857,"chr1",59479864,59480262,"+",0,"NA","Intergenic","Intergenic",-58928,"NM_008057",14369,"Mm.297906","NM_008057","ENSMUSG00000041075","Fzd7","Fz7","frizzled class receptor 7","protein-coding"]
[993,"Peak_1005",1.89581888416062,1.49407724707783,-0.401741637082794,2.76252348668008,"NO","NO","NO",0.0504504270952005,0.139341165485013,0.456175746876,0.886422213754263,0.714189376484759,0.999908874757857,"chr1",59495003,59495401,"+",0,"NA","Intergenic","Intergenic",-43789,"NM_008057",14369,"Mm.297906","NM_008057","ENSMUSG00000041075","Fzd7","Fz7","frizzled class receptor 7","protein-coding"]
[994,"Peak_1006",-0.584353098869983,-0.516366856839181,0.0679862420308029,4.30299833001622,"NO","NO","NO",0.166548244558665,0.224404639821356,0.839763467312286,0.94631447419109,0.788388342799956,0.999908874757857,"chr1",59505794,59506192,"+",0,"NA","Intergenic","Intergenic",-32998,"NM_008057",14369,"Mm.297906","NM_008057","ENSMUSG00000041075","Fzd7","Fz7","frizzled class receptor 7","protein-coding"]
[995,"Peak_1007",0.47396915347066,0.112190283173461,-0.3617788702972,3.36711338977589,"NO","NO","NO",0.454949270534807,0.864268017801895,0.420292383295297,0.978736351368218,0.979124004009928,0.999908874757857,"chr1",59508422,59508820,"+",0,"NA","Intergenic","Intergenic",-30370,"NM_008057",14369,"Mm.297906","NM_008057","ENSMUSG00000041075","Fzd7","Fz7","frizzled class receptor 7","protein-coding"]
[996,"Peak_1008",-0.349732052950491,-0.454471266415897,-0.104739213465406,3.33680926994328,"NO","NO","NO",0.575130058492055,0.472964461471119,0.834342723366982,0.989901499266921,0.90183450860063,0.999908874757857,"chr1",59522413,59522811,"+",0,"NA","Intergenic","Intergenic",-16379,"NM_008057",14369,"Mm.297906","NM_008057","ENSMUSG00000041075","Fzd7","Fz7","frizzled class receptor 7","protein-coding"]
[997,"Peak_1009",2.29021860319607,1.69642473763259,-0.593793865563479,3.02780196786852,"NO","NO","NO",0.0110672582698709,0.0773308209364909,0.208245377972726,0.787655817058347,0.636097586550302,0.999908874757857,"chr1",59532365,59532763,"+",0,"NA","Intergenic","Intergenic",-6427,"NM_008057",14369,"Mm.297906","NM_008057","ENSMUSG00000041075","Fzd7","Fz7","frizzled class receptor 7","protein-coding"]
[998,"Peak_1010",0.0988903653907176,0.308494698203066,0.209604332812349,6.19148391040908,"NO","NO","NO",0.793079206942516,0.413580873321349,0.536708639539968,0.996451548154072,0.883040765202131,0.999908874757857,"chr1",59538736,59539134,"+",0,"NA","promoter-TSS (NM_008057)","promoter-TSS (NM_008057)",-56,"NM_008057",14369,"Mm.297906","NM_008057","ENSMUSG00000041075","Fzd7","Fz7","frizzled class receptor 7","protein-coding"]
[999,"Peak_1011",-0.180871533690496,-0.359157440695495,-0.178285907004999,4.7764393336027,"NO","NO","NO",0.651666039934897,0.375848507269898,0.585955845392834,0.992128801173048,0.87034336284206,0.999908874757857,"chr1",59540618,59541016,"+",0,"NA","exon (NM_008057, exon 1 of 1)","exon (NM_008057, exon 1 of 1)",1826,"NM_008057",14369,"Mm.297906","NM_008057","ENSMUSG00000041075","Fzd7","Fz7","frizzled class receptor 7","protein-coding"]
[1060,"Peak_1072",-0.0689948786415952,-0.981179121021029,-0.912184242379434,3.07759550470025,"NO","NO","NO",0.912137144947077,0.144492109201565,0.0665614194277811,0.997799251783824,0.719618150167881,0.999908874757857,"chr1",61577983,61578381,"+",0,"NA","Intergenic","Intergenic",-107216,"NM_001081050",72823,"Mm.35153","NM_001081050","ENSMUSG00000052062","Pard3b","1810008K04Rik|2010002N16Rik|2810455B10Rik|Als2cr19|PAR3B|PAR3L|PAR3beta","par-3 family cell polarity regulator beta","protein-coding"]
[1121,"Peak_1134",1.7031727911605,2.45067280677421,0.747500015613713,2.22829998203947,"NO","NO","NO",0.209237742136481,0.0538980692610527,0.283890899049113,0.953494236567625,0.586497383089828,0.999908874757857,"chr1",64092693,64093091,"+",0,"NA","intron (NM_033563, intron 2 of 3)","intron (NM_033563, intron 2 of 3)",-3817,"NR_105864",102466760,null,"NR_105864","ENSMUSG00000098487","Mir6899","Gm27384|mmu-mir-6899","microRNA 6899","ncRNA"]
[1178,"Peak_1193",-0.0604571773971264,-0.168542120497626,-0.1080849431005,3.82870609831777,"NO","NO","NO",0.921534887608418,0.785941069611687,0.829553939192459,0.997839094325673,0.969339295070962,0.999908874757857,"chr1",66866790,66867188,"+",0,"NA","Intergenic","Intergenic",-2820,"NM_001122738",68691,"Mm.240912","NM_177645","ENSMUSG00000026004","Kansl1l","1110028C15Rik|1190030G24|AI427598|C430010P07Rik|mKIAA4189","KAT8 regulatory NSL complex subunit 1-like","protein-coding"]
[1239,"Peak_1259",2.05217907325489,1.72384689153686,-0.328332181718027,2.92318876979687,"NO","NO","NO",0.0255030085544166,0.0711306452304748,0.487427844425098,0.836075636305767,0.625344576352008,0.999908874757857,"chr1",72111655,72112053,"+",0,"NA","Intergenic","MER58A|DNA|MER1_type",-60085,"NR_040454",71134,"Mm.370574","NR_040454","ENSMUSG00000101848","4933417E11Rik","-","RIKEN cDNA 4933417E11 gene","ncRNA"]
[1296,"Peak_1316",-0.106095443375172,-0.0812661101452743,0.0248293332298978,4.40349887662245,"NO","NO","NO",0.802209967489245,0.849288803559821,0.937871986601851,0.996451548154072,0.977494282942532,0.999908874757857,"chr1",73317400,73317798,"+",0,"NA","Intergenic","Intergenic",-127943,"NR_040605",78718,"Mm.244075","NR_040605","ENSMUSG00000101812","D530049I02Rik","-","RIKEN cDNA D530049I02 gene","ncRNA"]
[1361,"Peak_1381",0.687091141672993,0.636293699052406,-0.0507974426205871,4.48233761845513,"NO","NO","NO",0.121692464399699,0.157195792270705,0.863599264269239,0.930947176158717,0.731816203363566,0.999908874757857,"chr1",74647745,74648143,"+",0,"NA","promoter-TSS (NM_001305230)","promoter-TSS (NM_001305230)",27,"NM_001305230",57751,"Mm.280920","NM_021313","ENSMUSG00000026171","Rnf25","0610009H16Rik|AO7","ring finger protein 25","protein-coding"]
[1415,"Peak_1435",0.0115110227454021,0.286538982246948,0.275027959501546,4.55291361024077,"NO","NO","NO",0.978344145207033,0.49504757956954,0.371788246227872,0.99914697897948,0.907935980828501,0.999908874757857,"chr1",75419476,75419874,"+",0,"NA","exon (NM_007463, exon 30 of 41)","exon (NM_007463, exon 30 of 41)",-12843,"NM_133708",69080,"Mm.23951","NM_133708","ENSMUSG00000033021","Gmppa","1810012N01Rik","GDP-mannose pyrophosphorylase A","protein-coding"]
[1472,"Peak_1492",-0.320132746760694,-0.327749087277134,-0.00761634051643967,4.82195858483519,"NO","NO","NO",0.395760420075131,0.389338343499526,0.979720940130357,0.975727502304369,0.875782812222806,0.999908874757857,"chr1",77511265,77511663,"+",0,"NA","intron (NM_007936, intron 1 of 17)","CpG",199,"NM_007936",13838,"Mm.400747","NM_007936","ENSMUSG00000026235","Epha4","2900005C20Rik|AI385584|Cek8|Hek8|Sek|Sek1|Tyro1|rb","Eph receptor A4","protein-coding"]
[1533,"Peak_1554",0.84294319517119,1.20124268509343,0.358299489922244,3.3459986866505,"NO","NO","NO",0.254528402807405,0.100432658553584,0.444263371016146,0.9584185922148,0.667846718619078,0.999908874757857,"chr1",79857934,79858332,"+",0,"NA","Intergenic","Intergenic",-2893,"NM_009255",20720,"Mm.3093","NM_009255","ENSMUSG00000026249","Serpine2","B230326M24Rik|PAI-1|PI-7|PI7|PN-1|Spi4","serine (or cysteine) peptidase inhibitor, clade E, member 2","protein-coding"]
[1590,"Peak_1614",1.15075717051854,0.917114335913163,-0.233642834605378,4.37607002196712,"NO","NO","NO",0.0310167424862512,0.0917965161237708,0.532264191911878,0.841324417673927,0.65691127195344,0.999908874757857,"chr1",83156248,83156646,"+",0,"NA","intron (NR_027636, intron 1 of 12)","intron (NR_027636, intron 1 of 12)",110,"NM_027725",71227,"Mm.256482","NM_027725","ENSMUSG00000053161","Daw1","4930563E19Rik|4933429D11Rik|Wdr69|b2b1116Clo|b2b1584Clo","dynein assembly factor with WDR repeat domains 1","protein-coding"]
[1666,"Peak_1690",-0.62485335754098,-0.840256579631664,-0.215403222090684,4.71974472996393,"NO","NO","NO",0.0887037313180049,0.0249715314288731,0.480848593023518,0.911408110368333,0.487595636106322,0.999908874757857,"chr1",88566632,88567030,"+",0,"NA","intron (NM_010933, intron 1 of 2)","CpG-368",317,"NM_010933",18159,"Mm.12802","NM_010933","ENSMUSG00000026241","Nppc","CNP|lbab","natriuretic peptide type C","protein-coding"]
[1709,"Peak_1733",-0.884962244727736,-0.431034716349531,0.453927528378205,2.60968203545056,"NO","NO","NO",0.229125812507096,0.553011518492131,0.419811372048497,0.955321879475804,0.922883271232329,0.999908874757857,"chr1",89982639,89983037,"+",0,"NA","intron (NM_201644, intron 1 of 4)","L1M2|LINE|L1",-8738,"NM_201642",394432,"Mm.300095","NM_201642","ENSMUSG00000090124","Ugt1a7c","A10'|A13|Ugt1a10","UDP glucuronosyltransferase 1 family, polypeptide A7C","protein-coding"]
[1766,"Peak_1790",0.237527470438036,0.0301109998583158,-0.20741647057972,3.22565626545524,"NO","NO","NO",0.695794722735841,0.961576165713299,0.608313720287484,0.994302538402085,0.993978488975727,0.999908874757857,"chr1",91359642,91360040,"+",0,"NA","intron (NM_001037136, intron 1 of 16)","intron (NM_001037136, intron 1 of 16)",8455,"NM_178119",347722,"Mm.291135","NM_178119","ENSMUSG00000055013","Agap1","Centg2|Ggap1|R75364|mKIAA1099","ArfGAP with GTPase domain, ankyrin repeat and PH domain 1","protein-coding"]
[1823,"Peak_1847",1.61315294418453,1.37750323969231,-0.235649704492225,3.43025101111376,"NO","NO","NO",0.0360424780775971,0.0786071189785303,0.623457428295945,0.868848902883669,0.638506440550001,0.999908874757857,"chr1",92547350,92547748,"+",0,"NA","Intergenic","Intergenic",47549,"NM_133805",108679,"Mm.119177","NM_133805","ENSMUSG00000034432","Cops8","9430009J09Rik|AA408242|Csn8|Sgn8","COP9 signalosome subunit 8","protein-coding"]
[1884,"Peak_1908",0.662479339700301,-0.0658400541285861,-0.728319393828888,3.00407876100474,"NO","NO","NO",0.433422012541849,0.939861775727989,0.280260044844079,0.977895354020474,0.991143504812035,0.999908874757857,"chr1",93816207,93816605,"+",0,"NA","Intergenic","Intergenic",118368,"NM_007855",13345,"Mm.9474","NM_007855","ENSMUSG00000007805","Twist2","Dermo1|bHLHa39","twist basic helix-loop-helix transcription factor 2","protein-coding"]
[2004,"Peak_2030",1.45876211486608,2.07490543342037,0.616143318554286,2.79320600068642,"NO","NO","NO",0.153169532203166,0.0332999599305619,0.269332948347449,0.943529907756132,0.521289561983294,0.999908874757857,"chr1",102082073,102082471,"+",0,"NA","intron (NM_172851, intron 10 of 23)","intron (NM_172851, intron 10 of 23)",412930,"NM_172851",241175,"Mm.251301","NM_172851","ENSMUSG00000067028","Cntnap5b","C230078M14Rik|Caspr5-2","contactin associated protein-like 5B","protein-coding"]
[2019,"Peak_2047",0.490274767409135,0.424569449892202,-0.0657053175169333,3.63981175497801,"NO","NO","NO",0.383955321236055,0.458777663872677,0.857358522714201,0.973027238875786,0.898467168831984,0.999908874757857,"chr1",106841371,106841769,"+",0,"NA","intron (NM_011800, intron 4 of 11)","intron (NM_011800, intron 4 of 11)",176174,"NM_011800",23836,"Mm.103640","NM_011800","ENSMUSG00000050840","Cdh20","Cdh7","cadherin 20","protein-coding"]
[2123,"Peak_2153",0.548014720791625,0.229323099878548,-0.318691620913077,4.97279887831383,"NO","NO","NO",0.181166643215699,0.583797381143412,0.317601922078888,0.952872791523057,0.929392239935588,0.999908874757857,"chr1",120377970,120378368,"+",0,"NA","intron (NM_029709, intron 8 of 36)","intron (NM_029709, intron 8 of 36)",-22327,"NR_027901",68204,"Mm.443536","NR_027901","ENSMUSG00000107722","2900060B14Rik","-","RIKEN cDNA 2900060B14 gene","ncRNA"]
[2180,"Peak_2210",-0.446434651143243,-0.551072500356096,-0.104637849212853,2.70273369922982,"NO","NO","NO",0.546291346463327,0.46143424877648,0.859071243452459,0.988113766393189,0.89857922166306,0.999908874757857,"chr1",121796247,121796645,"+",0,"NA","Intergenic","L2b|LINE|L2",13299,"NM_175106",66343,"Mm.49942","NM_175106","ENSMUSG00000036975","Tmem177","2300008B03Rik","transmembrane protein 177","protein-coding"]
[2241,"Peak_2272",0.135329127281021,0.0233060251903164,-0.112023102090705,3.182117008932,"NO","NO","NO",0.836262772879858,0.971986410445249,0.810770602332619,0.996451548154072,0.996011159558342,0.999908874757857,"chr1",123501763,123502161,"+",0,"NA","Intergenic","MLT1G1|LTR|MaLR",-37405,"NM_025860",66942,"Mm.44219","NM_025860","ENSMUSG00000001674","Ddx18","2310005B10Rik","DEAD (Asp-Glu-Ala-Asp) box polypeptide 18","protein-coding"]
[2298,"Peak_2331",0.378775460143818,-0.74534962442245,-1.12412508456627,4.16532375552564,"NO","NO","DOWN",0.403436318718522,0.130034276894177,0.00164821233023869,0.975982217513585,0.705501333365588,0.987066949043081,"chr1",128573198,128573596,"+",0,"NA","intron (NM_176957, intron 2 of 12)","intron (NM_176957, intron 2 of 12)",153812,"NM_176957",210356,"Mm.377234","NM_172484","ENSMUSG00000049690","Nckap5","8430408F21|D130011D22Rik|E030049G20Rik|Erih1|Erih2|Gm1548|Nap5","NCK-associated protein 5","protein-coding"]
[2388,"Peak_2424",2.34533031369521,2.1283136554382,-0.217016658257005,2.3567654420726,"NO","NO","NO",0.0500808377516527,0.0842714396757048,0.699627544662196,0.886422213754263,0.644611051036589,0.999908874757857,"chr1",132339539,132339937,"+",0,"NA","intron (NM_010016, intron 9 of 9)","B3|SINE|B2",19583,"NM_010016",13136,"Mm.101591","NM_010016","ENSMUSG00000026399","Cd55","Daf|Daf-GPI|Daf1|GPI-DAF","CD55 molecule, decay accelerating factor for complement","protein-coding"]
[2417,"Peak_2453",1.36825585355582,1.01443697009682,-0.353818883459006,3.1841577049647,"NO","NO","NO",0.121752717878323,0.259792410188487,0.573506369470009,0.930947176158717,0.811244640304377,0.999908874757857,"chr1",133078258,133078656,"+",0,"NA","intron (NM_001313731, intron 3 of 5)","intron (NM_001313731, intron 3 of 5)",18305,"NM_001311094",54354,"Mm.248291","NM_018750","ENSMUSG00000026430","Rassf5","1300019G20Rik|Maxp1|Nore1|Nore1A|Nore1B|Rapl","Ras association (RalGDS/AF-6) domain family member 5","protein-coding"]
[2474,"Peak_2510",-0.707482874741734,-0.813318678068684,-0.10583580332695,2.9605495028057,"NO","NO","NO",0.261210605949857,0.207408055236927,0.83118800407353,0.9584185922148,0.776746023704372,0.999908874757857,"chr1",134064675,134065073,"+",0,"NA","Intergenic","Intergenic",-23139,"NM_001033250",213409,"Mm.426321","NM_001033250","ENSMUSG00000079330","Lemd1","4930540I23Rik|6430514M23Rik|AI428128|LEMP-1","LEM domain containing 1","protein-coding"]
[2535,"Peak_2572",0.0340778532395195,0.0558119388195619,0.0217340855800423,5.32574380101704,"NO","NO","NO",0.926815414360575,0.881153150919469,0.943328744252456,0.997839094325673,0.982924461178087,0.999908874757857,"chr1",134942665,134943063,"+",0,"NA","5' UTR (NM_001099276, exon 1 of 33)","5' UTR (NM_001099276, exon 1 of 33)",275,"NM_001099276",240752,"Mm.387308","NM_001099276","ENSMUSG00000026447","Pik3c2b","C330011J12Rik|Gm199|PI3K-C2beta|PI3KC2beta","phosphoinositide-3-kinase, class 2, beta polypeptide","protein-coding"]
[2592,"Peak_2629",0.403244752348413,0.0159372997933467,-0.387307452555067,3.58989081188732,"NO","NO","NO",0.461421476643433,0.977698455747424,0.300662433827864,0.979860780201896,0.996869996644311,0.999908874757857,"chr1",135850119,135850517,"+",0,"NA","Intergenic","Intergenic",-32340,"NM_054077",116847,"Mm.214514","NM_054077","ENSMUSG00000041577","Prelp","7330409J17Rik|SLRR2A","proline arginine-rich end leucine-rich repeat","protein-coding"]
[2693,"Peak_2730",-0.0354111511190083,-0.402247960766797,-0.366836809647789,3.5942728401555,"NO","NO","NO",0.94740533874837,0.469750324329478,0.369134473325732,0.997839094325673,0.900631472938336,0.999908874757857,"chr1",137406401,137406799,"+",0,"NA","intron (NM_173437, intron 3 of 28)","intron (NM_173437, intron 3 of 28)",-55340,"NR_049188",100885827,null,"NR_049188","ENSMUSG00000093515","Mir1231","Gm23720|mir-1231|mmu-mir-1231","microRNA 1231","ncRNA"]
[2711,"Peak_2748",0.268097595421377,0.630887170100799,0.362789574679422,3.29173298056411,"NO","NO","NO",0.682931335475626,0.326302295192214,0.393760945227107,0.993744595008032,0.847579149588684,0.999908874757857,"chr1",137616076,137616474,"+",0,"NA","Intergenic","Intergenic",-9499,"NM_007791",13007,"Mm.196484","NM_007791","ENSMUSG00000026421","Csrp1","AA408841|AA959891|AW545626|CRP1|Csrp","cysteine and glycine-rich protein 1","protein-coding"]
[2831,"Peak_2871",0.723927985565696,0.471239748549191,-0.252688237016505,2.97593386997991,"NO","NO","NO",0.346469709743542,0.547840393938843,0.628685000525035,0.969180208236389,0.921219881773488,0.999908874757857,"chr1",141059376,141059774,"+",0,"NA","intron (NM_181347, intron 18 of 20)","intron (NM_181347, intron 18 of 20)",185341,"NR_108103",78229,"Mm.437838","NR_108103","ENSMUSG00000104900","4930596I21Rik","-","RIKEN cDNA 4930596I21 gene","ncRNA"]
[2892,"Peak_2935",0.0526207419281556,0.0900861295401737,0.0374653876120181,6.5606607616245,"NO","NO","NO",0.885060381293646,0.804943185279771,0.911454936982303,0.996451548154072,0.971489494191022,0.999908874757857,"chr1",152240082,152240480,"+",0,"NA","promoter-TSS (NM_145511)","promoter-TSS (NM_145511)",-96,"NM_145511",226499,"Mm.222093","NM_145511","ENSMUSG00000006010","BC003331","1810053E15Rik|Odr4|odr-4","cDNA sequence BC003331","protein-coding"]
[2949,"Peak_2992",-0.388419351000843,-0.764433396012742,-0.376014045011899,3.09016171320117,"NO","NO","NO",0.556513810752051,0.259031047592624,0.489631160451062,0.988691442796856,0.81082979202621,0.999908874757857,"chr1",153824747,153825145,"+",0,"NA","intron (NM_197990, intron 3 of 5)","Tigger13a|DNA|MER2_type",112504,"NM_197990",69399,"Mm.278031","NM_197990","ENSMUSG00000032666","1700025G04Rik","2610510E02Rik|2900042O04Rik|ENSMUSG00000073540","RIKEN cDNA 1700025G04 gene","protein-coding"]
[3006,"Peak_3051",-0.139814532013818,0.476247688305017,0.616062220318836,2.39161482006522,"NO","NO","NO",0.880231953474767,0.595570502641231,0.33536529634001,0.996451548154072,0.932635387520138,0.999908874757857,"chr1",154952031,154952429,"+",0,"NA","intron (NM_175460, intron 8 of 10)","intron (NM_175460, intron 8 of 10)",81347,"NM_008485",16782,"Mm.329272","NM_008485","ENSMUSG00000026479","Lamc2","AA589349","laminin, gamma 2","protein-coding"]
[3046,"Peak_3091",0.382013037045088,0.108905414133331,-0.273107622911756,3.15782648207669,"NO","NO","NO",0.562338750098854,0.872772178101289,0.544440941833577,0.989696202529026,0.980963300858521,0.999908874757857,"chr1",155586510,155586908,"+",0,"NA","promoter-TSS (NM_011267)","promoter-TSS (NM_011267)",-774,"NM_011267",19734,"Mm.181709","NM_011267","ENSMUSG00000026475","Rgs16","Rgs14|Rgsr","regulator of G-protein signaling 16","protein-coding"]
[3125,"Peak_3170",-1.25622744895636,-0.872616904662425,0.383610544293932,2.46188489616789,"NO","NO","NO",0.0892820734923895,0.23437506824824,0.521246833625885,0.911408110368333,0.795815560818022,0.999908874757857,"chr1",157690675,157691073,"+",0,"NA","Intergenic","Intergenic",-30845,"NM_023268",104009,"Mm.27035","NM_023268","ENSMUSG00000033684","Qsox1","1300003H02Rik|QSOX|Qscn6|SOx","quiescin Q6 sulfhydryl oxidase 1","protein-coding"]
[3182,"Peak_3228",-0.201374129827436,-0.243208330738598,-0.0418342009111623,5.79225981444655,"NO","NO","NO",0.577982639420471,0.503978766894044,0.89663122198537,0.989995385640587,0.909926751200218,0.999908874757857,"chr1",159342285,159342683,"+",0,"NA","promoter-TSS (NR_027984)","promoter-TSS (NR_027984)",1,"NR_027984",69953,"Mm.286863","NM_027274","ENSMUSG00000049881","2810025M15Rik","AI429618","RIKEN cDNA 2810025M15 gene","ncRNA"]
[3243,"Peak_3290",1.0000683069299,0.610932130290404,-0.389136176639496,2.86391801367582,"NO","NO","NO",0.269340607760658,0.510019431455037,0.551687943700939,0.959925552157071,0.911579669541933,0.999908874757857,"chr1",161994756,161995154,"+",0,"NA","intron (NM_001162896, intron 1 of 2)","intron (NM_001162896, intron 1 of 2)",13094,"NR_038030",75255,"Mm.414845","NR_038030","ENSMUSG00000026729","4930562F07Rik","-","RIKEN cDNA 4930562F07 gene","ncRNA"]
[3300,"Peak_3349",0.916824377488062,0.263477684726321,-0.653346692761742,2.74218540923044,"NO","NO","NO",0.255649238406584,0.757857762653986,0.216880036880421,0.9584185922148,0.964414254836021,0.999908874757857,"chr1",164130397,164130795,"+",0,"NA","intron (NM_001038619, intron 14 of 20)","intron (NM_001038619, intron 14 of 20)",-17158,"NR_002870",474332,"Mm.479755","NR_002870","ENSMUSG00000078190","Dnm3os","6030416H16Rik|Hag2|Npn1|P/L01","dynamin 3, opposite strand","ncRNA"]
[3351,"Peak_3401",0.352674058978796,0.741894042661124,0.389219983682328,2.93341077508797,"NO","NO","NO",0.643741638241317,0.321155168987228,0.423892106184591,0.992128801173048,0.844623904624015,0.999908874757857,"chr1",166560361,166560759,"+",0,"NA","Intergenic","Intergenic",-166303,"NM_019759",56429,"Mm.28935","NM_019759","ENSMUSG00000026574","Dpt","1810032B19Rik|5033416F05Rik|EQ-1|Eq1","dermatopontin","protein-coding"]
[3419,"Peak_3470",0.282086137933102,0.425135613752537,0.143049475819435,3.5626471718929,"NO","NO","NO",0.617330876880659,0.450686171390462,0.690205211667702,0.990663437643175,0.895290272970474,0.999908874757857,"chr1",168290337,168290735,"+",0,"NA","Intergenic","Intergenic",-18762,"NM_030245",27878,"Mm.100665","NM_030245","ENSMUSG00000026563","Tada1","2900026B15Rik|D1Ertd251e|Staf42|Tada1l","transcriptional adaptor 1","protein-coding"]
[3476,"Peak_3527",-0.388223986841154,-0.583473110393519,-0.195249123552365,3.28323109651983,"NO","NO","NO",0.513828927942495,0.337323346559395,0.675363087651455,0.985457002829782,0.853333813569902,0.999908874757857,"chr1",169784950,169785348,"+",0,"NA","Intergenic","Intergenic",165460,"NM_033652",110648,"Mm.330081","NM_033652","ENSMUSG00000026686","Lmx1a","Lmx1.1|dr|dreher|sst","LIM homeobox transcription factor 1 alpha","protein-coding"]
[3537,"Peak_3588",-0.0512262507193469,-1.07363571212398,-1.02240946140463,2.77128853088762,"NO","NO","NO",0.941010212729124,0.152188523551644,0.0661412216374474,0.997839094325673,0.727537345350391,0.999908874757857,"chr1",172311567,172311965,"+",0,"NA","intron (NM_027528, intron 3 of 7)","intron (NM_027528, intron 3 of 7)",72774,"NM_001039593",76925,"Mm.33631","NM_001039593","ENSMUSG00000042800","1700015E13Rik","-","RIKEN cDNA 1700015E13 gene","protein-coding"]
[3594,"Peak_3646",0.10777265068533,0.0240093616573749,-0.0837632890279552,4.59738289575547,"NO","NO","NO",0.798812830182084,0.955291733781434,0.795878504939172,0.996451548154072,0.992509360272057,0.999908874757857,"chr1",173300394,173300792,"+",0,"NA","5' UTR (NM_001122680, exon 1 of 8)","5' UTR (NM_001122680, exon 1 of 8)",289,"NM_001122680",71740,"Mm.263414","NM_027893","ENSMUSG00000006411","Nectin4","1200017F15Rik|Prr4|Pvrl4","nectin cell adhesion molecule 4","protein-coding"]
[3656,"Peak_3708",-0.813465291675437,-1.11249176656711,-0.299026474891674,2.79608557153963,"NO","NO","NO",0.237747678595821,0.113746203555634,0.609247574301712,0.956996614837851,0.686710099563499,0.999908874757857,"chr1",174522602,174523000,"+",0,"NA","Intergenic","Intergenic",-2102,"NM_029084",74748,"Mm.179812","NM_029084","ENSMUSG00000053318","Slamf8","5830408F06Rik|Blame|SBBI42","SLAM family member 8","protein-coding"]
[3776,"Peak_3830",1.23583826925868,1.85130836159434,0.615470092335663,3.80031535889148,"NO","UP","NO",0.0571970781012249,0.00279169197199693,0.0705807625605855,0.895148662088407,0.234223051245668,0.999908874757857,"chr1",180751213,180751611,"+",0,"NA","intron (NM_001161665, intron 4 of 14)","intron (NM_001161665, intron 4 of 14)",292156,"NM_001161665",269152,"Mm.129727","NM_177724","ENSMUSG00000026494","Kif26b","4832420M10|BC056349|D230039L06Rik","kinesin family member 26B","protein-coding"]
[3833,"Peak_3888",-1.38758367252795,-1.21200063710411,0.17558303542384,2.69570132332751,"NO","NO","NO",0.0316292564040787,0.0617235745127089,0.742198062923856,0.84605968807106,0.606174384659403,0.999908874757857,"chr1",182250060,182250458,"+",0,"NA","Intergenic","RLTR16|LTR|ERVK",-10348,"NM_001081175",320404,"Mm.132535","NM_001081175","ENSMUSG00000038855","Itpkb","1110033J02Rik|E130307H12Rik","inositol 1,4,5-trisphosphate 3-kinase B","protein-coding"]
[3894,"Peak_3949",-0.594034128218096,-1.4816169277554,-0.887582799537301,2.46476408260217,"NO","NO","NO",0.477045229809625,0.088857722574512,0.239250128636414,0.981629453947196,0.651528927151941,0.999908874757857,"chr1",183244461,183244859,"+",0,"NA","Intergenic","MIR|SINE|MIR",-38099,"NM_001160211",72978,"Mm.338083","NM_028408","ENSMUSG00000026514","Cnih3","2900075G08Rik|CNIH-3","cornichon family AMPA receptor auxiliary protein 3","protein-coding"]
[3951,"Peak_4006",0.783305966989786,0.187854227752883,-0.595451739236903,2.58884243346608,"NO","NO","NO",0.411808991732372,0.848514202397567,0.409911463253194,0.976708741012292,0.977494282942532,0.999908874757857,"chr1",184427424,184427822,"+",0,"NA","intron (NM_009794, intron 2 of 20)","intron (NM_009794, intron 2 of 20)",19991,"NM_009794",12334,"Mm.19306","NM_009794","ENSMUSG00000026509","Capn2","AI326419|Capa-2|Capa2|m-calpain|m-calpin","calpain 2","protein-coding"]
[4008,"Peak_4064",-0.0707541865044207,-0.143952702251996,-0.0731985157475757,3.87486737334494,"NO","NO","NO",0.896993428585666,0.794186595343061,0.865509987602687,0.996955997640682,0.969670072026412,0.999908874757857,"chr1",186551467,186551865,"+",0,"NA","exon (NM_008250, exon 4 of 4)","exon (NM_008250, exon 4 of 4)",4706,"NM_008250",15284,"Mm.1347","NM_008250","ENSMUSG00000039377","Hlx","Hlx1","H2.0-like homeobox","protein-coding"]
[4073,"Peak_4129",-0.329251751387736,-0.183326135074345,0.145925616313391,2.92943129602224,"NO","NO","NO",0.63672348504799,0.793673903765667,0.777917433770146,0.991660374418771,0.969670072026412,0.999908874757857,"chr1",188138149,188138547,"+",0,"NA","Intergenic","Intergenic",-197159,"NM_146106",226791,"Mm.257116","NM_146106","ENSMUSG00000039246","Lyplal1","BC027340|Q96AVO","lysophospholipase-like 1","protein-coding"]
[4127,"Peak_4183",1.09246052131637,-0.383917195332376,-1.47637771664874,2.96457448668152,"NO","NO","DOWN",0.127509334769017,0.637963282615982,0.00334613239068276,0.933648031316548,0.943040756194923,0.999908874757857,"chr1",189830943,189831341,"+",0,"NA","non-coding (NR_038007, exon 3 of 3)","non-coding (NR_038007, exon 3 of 3)",1727,"NR_038007",320272,"Mm.446274","NR_038007","ENSMUSG00000103577","9330162B11Rik","-","RIKEN cDNA 9330162B11 gene","ncRNA"]
[4188,"Peak_4244",-0.693498989784152,-0.583201247639596,0.110297742144556,3.18900996412553,"NO","NO","NO",0.252416117562232,0.338191910869147,0.815713821028886,0.958074512707729,0.853743353092122,0.999908874757857,"chr1",192177820,192178218,"+",0,"NA","Intergenic","Intergenic",-183460,"NM_008937",19130,"Mm.132579","NM_008937","ENSMUSG00000010175","Prox1","A230003G05Rik","prospero homeobox 1","protein-coding"]
[4245,"Peak_4302",-0.0957342076411127,0.0276677684290546,0.123401976070167,4.0917707388658,"NO","NO","NO",0.832237193565845,0.951391118272407,0.698703671043435,0.996451548154072,0.992114606145815,0.999908874757857,"chr1",193641703,193642101,"+",0,"NA","Intergenic","Intergenic",-3450,"NM_010892",18005,"Mm.33773","NM_010892","ENSMUSG00000026622","Nek2","AA617254|C77054","NIMA (never in mitosis gene a)-related expressed kinase 2","protein-coding"]
[4302,"Peak_4359",-0.133802652946941,-0.0128937284886758,0.120908924458266,3.00225038352171,"NO","NO","NO",0.864440381750755,0.986732812516437,0.848565599087132,0.996451548154072,0.998211814135675,0.999908874757857,"chr1",195128021,195128419,"+",0,"NA","promoter-TSS (NM_008484)","promoter-TSS (NM_008484)",32,"NM_008484",16780,"Mm.435441","NM_008484","ENSMUSG00000026639","Lamb3","-","laminin, beta 3","protein-coding"]
[4378,"Peak_4435",0.179214801718455,0.167979635821595,-0.0112351658968603,2.35359620539452,"NO","NO","NO",0.840878195892649,0.851074087850689,0.986203189223638,0.996451548154072,0.977622956388719,0.999908874757857,"chr10",4977816,4978214,"+",0,"NA","intron (NM_001347732, intron 13 of 145)","intron (NM_001347732, intron 13 of 145)",119788,"NM_001347711",64009,"Mm.331626","NM_022027","ENSMUSG00000096054","Syne1","8B|A330049M09Rik|BE692247|C130039F11Rik|CPG2|Myne1|mKIAA1756|myne-1","spectrin repeat containing, nuclear envelope 1","protein-coding"]
[4421,"Peak_4479",0.354131760992859,0.501275901424419,0.147144140431561,2.22720737505433,"NO","NO","NO",0.711607020883755,0.600609869808511,0.807143160686466,0.995356980000123,0.933549666803656,0.999908874757857,"chr10",6280321,6280719,"+",0,"NA","intron (NM_172308, intron 20 of 27)","intron (NM_172308, intron 20 of 27)",92946,"NM_172308",270685,"Mm.184752","NM_172308","ENSMUSG00000040675","Mthfd1l","2410004L15Rik|AI647056|Fthfsdc1","methylenetetrahydrofolate dehydrogenase (NADP+ dependent) 1-like","protein-coding"]
[4482,"Peak_4540",-0.555521192688843,0.2352919369327,0.790813129621543,2.11870383374775,"NO","NO","NO",0.549664527669699,0.789946174079663,0.206832965993931,0.988389624854206,0.969464466730859,0.999908874757857,"chr10",7983114,7983512,"+",0,"NA","intron (NM_177387, intron 5 of 7)","L1Md_T|LINE|L1",255310,"NM_177387",338362,"Mm.41163","NM_177387","ENSMUSG00000047712","Ust","D930010O20Rik|UA2OST","uronyl-2-sulfotransferase","protein-coding"]
[4539,"Peak_4601",0.782312366864873,0.607046506699266,-0.175265860165607,3.06391034830305,"NO","NO","NO",0.269818970074694,0.404489516458629,0.68702259104924,0.959925552157071,0.879980394563206,0.999908874757857,"chr10",12209380,12209778,"+",0,"NA","intron (NM_011682, intron 53 of 73)","intron (NM_011682, intron 53 of 73)",371954,"NM_011682",22288,"Mm.331784","NM_011682","ENSMUSG00000019820","Utrn","AA589569|DRP|Dmdl","utrophin","protein-coding"]
[4659,"Peak_4725",0.417118735756906,0.234937276109676,-0.18218145964723,2.47125679017978,"NO","NO","NO",0.628223208123656,0.789087131954716,0.753837533542264,0.991082598585515,0.969386792947709,0.999908874757857,"chr10",18078448,18078846,"+",0,"NA","Intergenic","Intergenic",-48834,"NM_173390",215819,"Mm.297971","NM_173390","ENSMUSG00000039835","Nhsl1","5730409E15Rik|A630035H13Rik|A730096F01|BC013565|D10Bwg0940e|mKIAA1357","NHS-like 1","protein-coding"]
[4683,"Peak_4749",0.218374822701794,-0.365578144569259,-0.583952967271052,3.3629817353476,"NO","NO","NO",0.705835286358418,0.549146746601274,0.168124272693457,0.995249020582875,0.92161276344939,0.999908874757857,"chr10",18536454,18536852,"+",0,"NA","intron (NR_102728, intron 2 of 3)","RLTR19-int|LTR|ERVK",15083,"NR_038035",73968,"Mm.55591","NR_038034",null,"4930444F02Rik","1700010L24Rik|mpiR","RIKEN cDNA 4930444F02 gene","ncRNA"]
[4778,"Peak_4846",-1.15847092973913,-0.272411418426651,0.886059511312478,3.04012954054697,"NO","NO","NO",0.0642151957593666,0.647434398216429,0.0560987279849446,0.905605480107602,0.945339319708687,0.999908874757857,"chr10",21577585,21577983,"+",0,"NA","Intergenic","Intergenic",-24206,"NM_001161845",20393,"Mm.28405","NM_011361","ENSMUSG00000019970","Sgk1","Sgk","serum/glucocorticoid regulated kinase 1","protein-coding"]
[4835,"Peak_4904",-0.0356433695324166,0.272758126771611,0.308401496304028,3.98870196065845,"NO","NO","NO",0.945138969534189,0.594160605014955,0.410865193606127,0.997839094325673,0.93217435038698,0.999908874757857,"chr10",23323591,23323989,"+",0,"NA","Intergenic","Intergenic",181467,"NR_037680",100529074,"Mm.371846","NR_037680","ENSMUSG00000070063","Snora33","ACA33|MBI-42","small nucleolar RNA, H/ACA box 33","snoRNA"]
[4896,"Peak_4966",0.625884826667647,1.47879702222667,0.85291219555902,2.2516215451746,"NO","NO","NO",0.569217138424667,0.149965044313583,0.162686710580843,0.989871165956955,0.72593562830458,0.999908874757857,"chr10",24980982,24981380,"+",0,"NA","intron (NM_018747, intron 5 of 7)","intron (NM_018747, intron 5 of 7)",37788,"NM_018747",432442,"Mm.485937","NM_018747","ENSMUSG00000039166","Akap7","6430401D08|AI662165|AKAP15|Akap18|BB170514","A kinase (PRKA) anchor protein 7","protein-coding"]
[4953,"Peak_5023",-0.138219669069888,0.421442014692363,0.559661683762251,2.64297187463185,"NO","NO","NO",0.870925778305506,0.611313615939144,0.347842386585534,0.996451548154072,0.936867740674389,0.999908874757857,"chr10",28563757,28564155,"+",0,"NA","intron (NM_001305663, intron 5 of 5)","intron (NM_001305663, intron 5 of 5)",79357,"NR_033601",114676,"Mm.390292","NR_033601",null,"4930519F09Rik","-","pyruvate dehydrogenase E1 alpha 1 pseudogene","pseudo"]
[5014,"Peak_5085",-0.578790618103802,0.240529781439743,0.819320399543546,4.11053892187164,"NO","NO","NO",0.211133334994221,0.587115000714443,0.0124249988129166,0.953494236567625,0.930500090661777,0.999908874757857,"chr10",32609937,32610335,"+",0,"NA","promoter-TSS (NM_001013411)","promoter-TSS (NM_001013411)",-415,"NM_001025286",432450,"Mm.49665","NM_001013411","ENSMUSG00000069670","Nkain2","6330571D19Rik|AW455467|Tcba1","Na+/K+ transporting ATPase interacting 2","protein-coding"]
[5100,"Peak_5176",0.968957636763645,1.00711331233999,0.0381556755763474,3.51830043190567,"NO","NO","NO",0.167174221847753,0.150848680517806,0.935223575057399,0.94631447419109,0.726626715844011,0.999908874757857,"chr10",39222047,39222445,"+",0,"NA","intron (NM_008054, intron 3 of 13)","intron (NM_008054, intron 3 of 13)",-110494,"NM_134000",103213,"Mm.436686","NM_134000","ENSMUSG00000019842","Traf3ip2","AI429613|Act1|CIKS","TRAF3 interacting protein 2","protein-coding"]
[5129,"Peak_5205",0.814705051249258,0.138710364882133,-0.675994686367125,3.15755924794129,"NO","NO","NO",0.210370831569777,0.842313839752559,0.106848287145909,0.953494236567625,0.977460230305398,0.999908874757857,"chr10",39775353,39775751,"+",0,"NA","intron (NM_001114332, intron 4 of 5)","ID4|SINE|ID",-30478,"NM_144821",215929,"Mm.55513","NM_144821","ENSMUSG00000038522","Mfsd4b1","AI317395|AI482555|Naglt1a","major facilitator superfamily domain containing 4B1","protein-coding"]
[5190,"Peak_5266",-0.442211507450679,-0.236767874489391,0.205443632961288,5.99529884683368,"NO","NO","NO",0.214902066994235,0.506394571872373,0.524309453285852,0.953494236567625,0.910786841851499,0.999908874757857,"chr10",41238836,41239234,"+",0,"NA","promoter-TSS (NM_016898)","promoter-TSS (NM_016898)",-271,"NM_016898",53599,"Mm.269815","NM_016898","ENSMUSG00000019818","Cd164","A115|A24|AA589639|AW540279|MGC-24|MSSP","CD164 antigen","protein-coding"]
[5247,"Peak_5325",-0.852184764430347,-0.349536329972664,0.502648434457683,3.09256428113432,"NO","NO","NO",0.170008438596473,0.564773139790528,0.282880111862175,0.947885026022086,0.925635621100467,0.999908874757857,"chr10",42334748,42335146,"+",0,"NA","Intergenic","Intergenic",-31553,"NM_152229",21907,"Mm.287100","NM_152229","ENSMUSG00000019803","Nr2e1","Mtl1|Mtll|TLL|Tlx|XTLL|fierce|frc|tailless","nuclear receptor subfamily 2, group E, member 1","protein-coding"]
[5304,"Peak_5382",-1.59485039058352,-1.08656502437891,0.508285366204613,2.76689287087196,"NO","NO","NO",0.0123257339182005,0.0828933682550929,0.334702419713166,0.789931406387149,0.643677176176951,0.999908874757857,"chr10",43308855,43309253,"+",0,"NA","Intergenic","MTEb-int|LTR|MaLR",-4179,"NR_033558",414125,"Mm.244305","NR_033558","ENSMUSG00000075184","F830002L21Rik","F930017D23Rik","RIKEN cDNA F830002L21 gene","ncRNA"]
[5405,"Peak_5484",-0.134845432329524,0.369375498311779,0.504220930641303,1.52507949466152,"NO","NO","NO",0.912868457225255,0.757544941800975,0.523905343097775,0.997799251783824,0.964414254836021,0.999908874757857,"chr10",51038793,51039191,"+",0,"NA","Intergenic","Intergenic",-161426,"NM_001291892",14727,"Mm.439661","NM_008147","ENSMUSG00000062593","Lilr4b","Gp49a|gp49","leukocyte immunoglobulin-like receptor, subfamily B, member 4B","protein-coding"]
[5423,"Peak_5502",-0.127210634682498,0.154924805533749,0.282135440216247,5.96111227289332,"NO","NO","NO",0.748197039629041,0.695538112253193,0.43015522547088,0.996012642254204,0.953998567645521,0.999908874757857,"chr10",52101616,52102014,"+",0,"NA","5' UTR (NM_001199272, exon 1 of 9)","5' UTR (NM_001199272, exon 1 of 9)",115,"NM_001199272",94221,"Mm.390258","NM_053187","ENSMUSG00000019861","Gopc","2210402P09Rik|AI844555|CAL|FIG|GOPC1|PIST","golgi associated PDZ and coiled-coil motif containing","protein-coding"]
[5547,"Peak_5628",-0.499858622783346,-0.425627064895571,0.0742315578877757,3.35564521329529,"NO","NO","NO",0.475326026669548,0.547628050210124,0.900261812332587,0.981489933050178,0.921219881773488,0.999908874757857,"chr10",59275700,59276098,"+",0,"NA","intron (NM_144822, intron 8 of 11)","intron (NM_144822, intron 8 of 11)",-66440,"NM_019965",56709,"Mm.103610","NM_019965","ENSMUSG00000020109","Dnajb12","Dj10|mDj10","DnaJ heat shock protein family (Hsp40) member B12","protein-coding"]
[5604,"Peak_5685",0.870373904956926,0.110833790371823,-0.759540114585103,3.39477171750877,"NO","NO","NO",0.162723249835307,0.867618084878397,0.0707525985753372,0.946285394458671,0.980079046956265,0.999908874757857,"chr10",60040151,60040549,"+",0,"NA","intron (NR_045556, intron 7 of 68)","intron (NR_045556, intron 7 of 68)",118888,"NR_045556",22295,"Mm.440327","NM_023370","ENSMUSG00000012819","Cdh23","4930542A03Rik|USH1D|ahl|ahl1|bob|bus|mdfw|nmf112|nmf181|nmf252|sals|v","cadherin 23 (otocadherin)","protein-coding"]
[5661,"Peak_5742",-0.441715102131767,-0.676031193454199,-0.234316091322433,4.03592375694274,"NO","NO","NO",0.410386648630413,0.21693414150969,0.61007905934036,0.976708741012292,0.782549303110682,0.999908874757857,"chr10",61125342,61125740,"+",0,"NA","intron (NM_026438, intron 4 of 10)","intron (NM_026438, intron 4 of 10)",14172,"NM_026438",67895,"Mm.28897","NM_026438","ENSMUSG00000020089","Ppa1","2010317E03Rik|Pyp","pyrophosphatase (inorganic) 1","protein-coding"]
[5710,"Peak_5791",-0.129739430773355,-0.0107838202462428,0.118955610527112,6.68819267007525,"NO","NO","NO",0.731301172547516,0.977243589059665,0.738368454696798,0.995754237914056,0.996718234557649,0.999908874757857,"chr10",62113793,62114191,"+",0,"NA","promoter-TSS (NM_053183)","promoter-TSS (NM_053183)",-46,"NM_053183",94213,"Mm.114116","NM_053183","ENSMUSG00000020076","Ddx50","4933429B04Rik|8430408E17Rik|GU2|RH-II","DEAD (Asp-Glu-Ala-Asp) box polypeptide 50","protein-coding"]
[5780,"Peak_5862",-0.830454415206476,-0.19661416163107,0.633840253575406,5.20861062505157,"NO","NO","NO",0.0220970309933567,0.579821818647806,0.0377961658133096,0.82435590509827,0.928877465189586,0.999908874757857,"chr10",66559188,66559586,"+",0,"NA","intron (NM_178606, intron 1 of 7)","CpG",349,"NM_178606",28193,"Mm.41272","NM_178606","ENSMUSG00000019873","Reep3","D10Ucla1","receptor accessory protein 3","protein-coding"]
[5841,"Peak_5924",1.58714683977341,1.38029056668567,-0.20685627308774,3.96865343681739,"NO","NO","NO",0.02305949779995,0.0520145259710389,0.667341111058675,0.82679184525894,0.582032839176164,0.999908874757857,"chr10",68069580,68069978,"+",0,"NA","Intergenic","Intergenic",-65156,"NM_028491",73287,"Mm.141830","NM_028491","ENSMUSG00000019945","1700040L02Rik","-","RIKEN cDNA 1700040L02 gene","protein-coding"]
[5898,"Peak_5982",-0.755233530804665,-1.48070699921638,-0.725473468411715,2.98382322866351,"NO","NO","NO",0.203681322427064,0.0196777228532737,0.147914983202488,0.953494236567625,0.455443157246244,0.999908874757857,"chr10",69667838,69668236,"+",0,"NA","intron (NM_001304739, intron 1 of 2)","MIRb|SINE|MIR",625,"NM_001304739",69563,"Mm.64672","NM_001304739","ENSMUSG00000019933","Mrln","2310015B20Rik|Mln","myoregulin","protein-coding"]
[5955,"Peak_6039",0.0207043160195598,0.0826422038172038,0.061937887797644,3.15981383253922,"NO","NO","NO",0.975352326371342,0.903224077292794,0.899683792510552,0.999057618398854,0.985157493010543,0.999908874757857,"chr10",73846804,73847202,"+",0,"NA","intron (NM_001142748, intron 16 of 25)","intron (NM_001142748, intron 16 of 25)",562388,"NM_001142735",11994,"Mm.338933","NM_023115","ENSMUSG00000052613","Pcdh15","BB078305|ENSMUSG00000046980|Gm9815|Ush1f|av|nmf19|roda","protocadherin 15","protein-coding"]
[6016,"Peak_6101",0.372374217347795,0.61418209007454,0.241807872726745,4.60260247208188,"NO","NO","NO",0.390292012354722,0.15456776717873,0.423867188718673,0.97413498190873,0.729104691913352,0.999908874757857,"chr10",75235762,75236160,"+",0,"NA","TTS (NM_133994)","TTS (NM_133994)",158,"NM_010027",13202,"Mm.298947","NM_010027","ENSMUSG00000001666","Ddt","C78655","D-dopachrome tautomerase","protein-coding"]
[6063,"Peak_6149",1.16627770935626,0.89423959025161,-0.272038119104652,3.59204476782818,"NO","NO","NO",0.0767766484149975,0.184279532393313,0.520966249225534,0.908255390848097,0.757435894642226,0.999908874757857,"chr10",76344570,76344968,"+",0,"NA","intron (NM_001347216, intron 2 of 15)","intron (NM_001347216, intron 2 of 15)",79923,"NM_001347216",59093,"Mm.272803","NM_021568","ENSMUSG00000001120","Pcbp3","AlphaCP-3","poly(rC) binding protein 3","protein-coding"]
[6131,"Peak_6218",-1.31391706043322,-0.69870822829037,0.615208832142855,2.79138175285593,"NO","NO","NO",0.0524377406754901,0.286556819053061,0.25842884735919,0.893090852202007,0.826514816664106,0.999908874757857,"chr10",77540211,77540609,"+",0,"NA","intron (NM_015790, intron 6 of 6)","intron (NM_015790, intron 6 of 6)",8297,"NM_015790",50723,"Mm.17819","NM_015790","ENSMUSG00000000732","Icosl","AU044799|B7-H2|B7RP-1|B7h|BG071784|GI50|GL50|GL50-B|ICOS-L|Icoslg|LICOS|Ly115l|mKIAA0653","icos ligand","protein-coding"]
[6192,"Peak_6279",-0.113503826150125,0.121008833231796,0.234512659381921,5.98516667804884,"NO","NO","NO",0.757213202649059,0.74157085491873,0.472832687164781,0.996451548154072,0.962845480862912,0.999908874757857,"chr10",79243116,79243514,"+",0,"NA","TTS (NM_001042710)","TTS (NM_001042710)",3296,"NM_031380",83554,"Mm.251710","NM_031380","ENSMUSG00000020325","Fstl3","E030038F23Rik|Flrg","follistatin-like 3","protein-coding"]
[6249,"Peak_6336",0.267488917006794,0.141089765851385,-0.126399151155409,4.38863831860546,"NO","NO","NO",0.527158213182197,0.743168287020674,0.666239230536128,0.987126410621673,0.962907228185131,0.999908874757857,"chr10",79662234,79662632,"+",0,"NA","Intergenic","Intergenic",20206,"NM_007909",13637,"Mm.1478","NM_007909","ENSMUSG00000003070","Efna2","CEK7L|Elf1|Epl6|Eplg6|Lerk6","ephrin A2","protein-coding"]
[6310,"Peak_6397",-0.834328025584533,-0.940216911291044,-0.105888885706511,3.29730265796943,"NO","NO","NO",0.11686118036959,0.0831705028010706,0.800985272365621,0.925432450006553,0.643677176176951,0.999908874757857,"chr10",80334360,80334758,"+",0,"NA","Intergenic","Intergenic",-8002,"NM_001081688",432478,"Mm.235302","NM_001081688","ENSMUSG00000059406","Tmprss9","Serase-1B","transmembrane protease, serine 9","protein-coding"]
[6432,"Peak_6519",-0.585264897993667,-0.135496087916064,0.449768810077604,4.86512429276167,"NO","NO","NO",0.148595497259141,0.735281884232942,0.181103720637303,0.943529907756132,0.961768168008482,0.999908874757857,"chr10",82800119,82800517,"+",0,"NA","intron (NM_177388, intron 1 of 10)","CpG",244,"NM_177388",338365,"Mm.67073","NM_177388","ENSMUSG00000034591","Slc41a2","A230035L05Rik|SLC41A1-L1","solute carrier family 41, member 2","protein-coding"]
[6488,"Peak_6576",1.58420983729901,2.10810535653514,0.523895519236125,2.88236442754549,"NO","NO","NO",0.0997125770800865,0.0226748755753872,0.273669085526007,0.917099485422393,0.474199796700081,0.999908874757857,"chr10",84148816,84149214,"+",0,"NA","intron (NM_027423, intron 19 of 27)","intron (NM_027423, intron 19 of 27)",63833,"NM_027423",70428,"Mm.335007","NM_027423","ENSMUSG00000034453","Polr3b","2700078H01Rik|A330032P03Rik|C85372|RPC2","polymerase (RNA) III (DNA directed) polypeptide B","protein-coding"]
[6549,"Peak_6637",-0.0971210251123145,-0.741983935642466,-0.644862910530152,2.62616804121156,"NO","NO","NO",0.899024548795034,0.354914678238908,0.294364631286717,0.997016646040853,0.859856987917342,0.999908874757857,"chr10",85656677,85657075,"+",0,"NA","intron (NM_013722, intron 6 of 13)","intron (NM_013722, intron 6 of 13)",98277,"NR_038024",78170,"Mm.444790","NR_038024",null,"4930486F22Rik","-","RIKEN cDNA 4930486F22 gene","ncRNA"]
[6606,"Peak_6695",-0.315368382805735,-0.359734820078918,-0.0443664372731828,3.89049573646555,"NO","NO","NO",0.523383294675246,0.471262767759199,0.907231816922245,0.986291232075765,0.900907112968941,0.999908874757857,"chr10",87819751,87820149,"+",0,"NA","promoter-TSS (NM_027878)","promoter-TSS (NM_027878)",-130,"NM_027878",71712,"Mm.35450","NM_027878","ENSMUSG00000020057","Dram1","1200002N14Rik|Dram","DNA-damage regulated autophagy modulator 1","protein-coding"]
[6663,"Peak_6752",1.4075179697804,1.09072219308298,-0.316795776697416,2.8999422821341,"NO","NO","NO",0.122123371236756,0.245354761737168,0.586334271887199,0.930947176158717,0.803001728564347,0.999908874757857,"chr10",90210105,90210503,"+",0,"NA","intron (NM_181398, intron 3 of 9)","intron (NM_181398, intron 3 of 9)",-82095,"NM_001347054",77531,"Mm.440605","NM_181398","ENSMUSG00000058589","Anks1b","AIDA-1b|C030032C09Rik|E530015N03Rik|ENSMUSG00000078431|Gm10937|Gm1555","ankyrin repeat and sterile alpha motif domain containing 1B","protein-coding"]
[6737,"Peak_6826",1.03253160141008,1.2314013440837,0.198869742673625,3.14641295994698,"NO","NO","NO",0.19210679759287,0.116840393905524,0.679900108876494,0.95298707982097,0.690835714965711,0.999908874757857,"chr10",93011760,93012158,"+",0,"NA","intron (NM_175488, intron 3 of 15)","intron (NM_175488, intron 3 of 15)",8582,"NM_175488",237465,"Mm.477086","NM_175488","ENSMUSG00000036168","Ccdc38","4933417K05Rik","coiled-coil domain containing 38","protein-coding"]
[6782,"Peak_6875",0.168485740406235,0.728125839476759,0.559640099070524,3.31478595014222,"NO","NO","NO",0.796578855684958,0.248090568812636,0.176093116341973,0.996451548154072,0.804973256055744,0.999908874757857,"chr10",94008263,94008661,"+",0,"NA","intron (NM_172051, intron 1 of 3)","intron (NM_172051, intron 1 of 3)",-29540,"NM_001168684",319880,"Mm.23047","NM_172051","ENSMUSG00000020023","Tmcc3","AW488095|C630016B22Rik|C88213|Tmcc1","transmembrane and coiled coil domains 3","protein-coding"]
[6843,"Peak_6937",-0.382691066322087,-0.0255216118852234,0.357169454436863,2.33185182184929,"NO","NO","NO",0.653913426731406,0.975671324460006,0.5589426774923,0.992128801173048,0.996369748480641,0.999908874757857,"chr10",95147740,95148138,"+",0,"NA","Intergenic","Intergenic",-121138,"NM_027722",71207,"Mm.24397","NM_027722","ENSMUSG00000020029","Nudt4","4933436C10Rik|DIPP2|DIPP2alpha|DIPP2beta|HDCMB47P","nudix (nucleoside diphosphate linked moiety X)-type motif 4","protein-coding"]
[6900,"Peak_6995",-0.636893003873065,-0.330863244662575,0.30602975921049,2.1482050926204,"NO","NO","NO",0.445339070309357,0.689506374145006,0.598472565395209,0.978344677090796,0.953310477895127,0.999908874757857,"chr10",98052294,98052692,"+",0,"NA","Intergenic","Intergenic",-237992,"NR_045179",667438,"Mm.414522","NR_045179",null,"Gm8633","EG667438","predicted gene 8633","ncRNA"]
[6957,"Peak_7053",0.0144716703597487,-0.0358134734618445,-0.0502851438215932,1.88737023803834,"NO","NO","NO",0.988739900736476,0.972342372636032,0.94205148882088,0.999461632288631,0.996011159558342,0.999908874757857,"chr10",99584640,99585038,"+",0,"NA","Intergenic","Intergenic",106384,"NM_001347156",17311,"Mm.45124","NM_013598","ENSMUSG00000019966","Kitl","Clo|Con|Gb|Kitlg|Mgf|SCF|SF|SLF|Sl|blz|contrasted","kit ligand","protein-coding"]
[7018,"Peak_7116",-0.161728608578519,0.120490740367173,0.282219348945693,5.6509367486043,"NO","NO","NO",0.686038962549385,0.76314301431532,0.425444441144214,0.993744595008032,0.965265491969036,0.999908874757857,"chr10",107599175,107599573,"+",0,"NA","promoter-TSS (NM_027892)","promoter-TSS (NM_027892)",-82,"NM_027892",17931,"Mm.422959","NM_027892","ENSMUSG00000019907","Ppp1r12a","1200015F06Rik|5730577I22Rik|AA792106|AV099298|D10Ertd625e|Mypt1","protein phosphatase 1, regulatory (inhibitor) subunit 12A","protein-coding"]
[7090,"Peak_7188",0.674136507712668,0.273505377173226,-0.400631130539442,2.59444478218366,"NO","NO","NO",0.44569788483395,0.763243368387823,0.520110690457485,0.978344677090796,0.965265491969036,0.999908874757857,"chr10",110680359,110680757,"+",0,"NA","intron (NM_175489, intron 4 of 23)","intron (NM_175489, intron 4 of 23)",-55177,"NM_027914",71769,"Mm.45256","NM_027914","ENSMUSG00000035759","Bbs10","1300007O09Rik|AI452285","Bardet-Biedl syndrome 10 (human)","protein-coding"]
[7137,"Peak_7235",-0.681184584842445,-0.257527480319311,0.423657104523134,2.3957247775183,"NO","NO","NO",0.423367979828554,0.759800678875768,0.515759656552577,0.977408255892978,0.964994933713766,0.999908874757857,"chr10",111860453,111860851,"+",0,"NA","intron (NM_001025581, intron 2 of 4)","intron (NM_001025581, intron 2 of 4)",152473,"NM_001025581",268345,"Mm.336242","NM_001025581","ENSMUSG00000035681","Kcnc2","AW047325|B230117I07|KShIIIA|Kv3.2","potassium voltage gated channel, Shaw-related subfamily, member 2","protein-coding"]
[7194,"Peak_7293",-0.441955819849294,-0.289128923250391,0.152826896598904,2.469044256947,"NO","NO","NO",0.604690891939788,0.73384628395393,0.817213090800603,0.990629663238998,0.961370120425483,0.999908874757857,"chr10",115831253,115831651,"+",0,"NA","Intergenic","Intergenic",-23725,"NR_028107",67342,"Mm.245800","NM_026098","ENSMUSG00000020164","Kcnmb4os1","1700058G18Rik","potassium large conductance calcium-activated channel, subfamily M, beta member 4, opposite strand 1","ncRNA"]
[7314,"Peak_7414",-0.203063769680421,0.340780935847973,0.543844705528395,3.19242115069104,"NO","NO","NO",0.762834215126893,0.602753124182661,0.250586167145634,0.996451548154072,0.934398787350018,0.999908874757857,"chr10",119052300,119052698,"+",0,"NA","intron (NM_133442, intron 1 of 21)","intron (NM_133442, intron 1 of 21)",146256,"NR_045359",75321,"Mm.402041","NR_045359","ENSMUSG00000084764","Grip1os2","4930564G21Rik","glutamate receptor interacting protein 1, opposite strand 2","ncRNA"]
[7375,"Peak_7476",-0.236398358834064,-0.135319406198631,0.101078952635433,4.82481787930456,"NO","NO","NO",0.544702250853649,0.729796102374387,0.744648504759536,0.988113766393189,0.960370596662023,0.999908874757857,"chr10",120335721,120336119,"+",0,"NA","5' UTR (NM_177092, exon 1 of 7)","5' UTR (NM_177092, exon 1 of 7)",107,"NM_177092",320183,"Mm.169755","NM_177092","ENSMUSG00000051236","Msrb3","D430026P16Rik|I-8-23|MsrB2","methionine sulfoxide reductase B3","protein-coding"]
[7395,"Peak_7496",-0.459879748036993,-0.120804999448402,0.339074748588591,5.75584502800036,"NO","NO","NO",0.207798227878702,0.739714320578852,0.295227338164956,0.953494236567625,0.9627987227842,0.999908874757857,"chr10",120802047,120802445,"+",0,"NA","promoter-TSS (NM_029364)","promoter-TSS (NM_029364)",100,"NM_029364",75612,"Mm.207683","NM_029364","ENSMUSG00000034707","Gns","2610016K11Rik|AU042285|C87209|G6S|N28088","glucosamine (N-acetyl)-6-sulfatase","protein-coding"]
[7490,"Peak_7592",1.4389468968033,1.58778038425277,0.148833487449473,1.77581243833629,"NO","NO","NO",0.289168389854661,0.238078050347657,0.829721667487906,0.959925552157071,0.798130757897885,0.999908874757857,"chr10",124484803,124485201,"+",0,"NA","Intergenic","Intergenic",280589,"NM_011391",20503,"Mm.29161","NM_011391","ENSMUSG00000020102","Slc16a7","4921534N07Rik|Mct2","solute carrier family 16 (monocarboxylic acid transporters), member 7","protein-coding"]
[7551,"Peak_7653",-0.632332133760629,-0.864945199758162,-0.232613065997533,3.85998230229847,"NO","NO","NO",0.308422631157232,0.165372160188407,0.677569787286863,0.959925552157071,0.740413600151852,0.999908874757857,"chr10",126528505,126528903,"+",0,"NA","exon (NM_001033263, exon 19 of 19)","exon (NM_001033263, exon 19 of 19)",12741,"NM_001301014",216439,"Mm.336761","NM_001033263","ENSMUSG00000025422","Agap2","AGAP-2|Centg1|PIKE|cnt-g1|mKIAA0167","ArfGAP with GTPase domain, ankyrin repeat and PH domain 2","protein-coding"]
[7608,"Peak_7710",-0.0145635620471807,-0.525049425297857,-0.510485863250677,3.86048491590509,"NO","NO","NO",0.976158335714651,0.301220383621931,0.16764404675306,0.999057618398854,0.835094234709002,0.999908874757857,"chr10",127412685,127413083,"+",0,"NA","Intergenic","Intergenic",31680,"NM_013786",27400,"Mm.26719","NM_013786","ENSMUSG00000025396","Hsd17b6","17betaHSD9|Hsd17b9|Rdh8","hydroxysteroid (17-beta) dehydrogenase 6","protein-coding"]
[7669,"Peak_7771",-0.695898139837747,-0.538181439472621,0.157716700365126,5.45483313628121,"NO","NO","NO",0.0565926174600865,0.141301874879202,0.626019453105125,0.895148662088407,0.716256610751564,0.999908874757857,"chr10",128110902,128111300,"+",0,"NA","promoter-TSS (NM_173733)","promoter-TSS (NM_173733)",-127,"NM_173733",211389,"Mm.23352","NM_173733","ENSMUSG00000049858","Suox","SO","sulfite oxidase","protein-coding"]
[7700,"Peak_7802",0.527884243920148,0.271725180092363,-0.256159063827785,3.58373604734203,"NO","NO","NO",0.389977697719904,0.665401830994722,0.562577484466786,0.97413498190873,0.949441581566818,0.999908874757857,"chr11",3202770,3203168,"+",0,"NA","intron (NM_019574, intron 3 of 3)","intron (NM_019574, intron 3 of 3)",-6034,"NR_045708",100302648,"Mm.458664","NR_045708","ENSMUSG00000084941","Gm11944","OTTMUSG00000005017","predicted gene 11944","ncRNA"]
[7784,"Peak_7886",-0.5711105107457,-0.713219283273893,-0.142108772528193,2.85931752165306,"NO","NO","NO",0.445049850951309,0.34390240584309,0.823324874764046,0.978344677090796,0.855947219705253,0.999908874757857,"chr11",4816096,4816494,"+",0,"NA","intron (NM_172438, intron 12 of 19)","intron (NM_172438, intron 12 of 19)",-2224,"NR_102683",100359413,null,"NR_102683","ENSMUSG00000084381","AA413626","-","ribosomal protein L17 pseudogene","pseudo"]
[7845,"Peak_7947",0.144492601214355,0.197480939167151,0.0529883379527966,5.51740606478722,"NO","NO","NO",0.718893746552048,0.624311352066118,0.878213675378599,0.995739075798108,0.940691238653859,0.999908874757857,"chr11",5855523,5855921,"+",0,"NA","promoter-TSS (NM_019661)","promoter-TSS (NM_019661)",-39,"NM_019661",56418,"Mm.294821","NM_019661","ENSMUSG00000002741","Ykt6","0610042I15Rik|1810013M05Rik|AW105923","YKT6 v-SNARE homolog (S. cerevisiae)","protein-coding"]
[7902,"Peak_8004",1.50964051263325,1.35751562983734,-0.152124882795911,2.51638091745105,"NO","NO","NO",0.139816091315716,0.191788190922275,0.795704133068062,0.939270636591233,0.764553402374154,0.999908874757857,"chr11",7181658,7182056,"+",0,"NA","Intergenic","Intergenic",-67931,"NM_008343",16009,"Mm.29254","NM_008343","ENSMUSG00000020427","Igfbp3","AI649005|IGFBP-3|IGgfbp3","insulin-like growth factor binding protein 3","protein-coding"]
[7963,"Peak_8066",0.0757893367109469,0.0134999592169068,-0.0622893774940402,2.97735341717188,"NO","NO","NO",0.915861321933017,0.985015400259113,0.904981186740811,0.997799251783824,0.998182812743311,0.999908874757857,"chr11",9116375,9116773,"+",0,"NA","intron (NM_178259, intron 2 of 61)","Lx3C|LINE|L1",24629,"NM_178259",268379,"Mm.39270","NM_178259","ENSMUSG00000004668","Abca13","9830132L24|A930002G16Rik|AI956815","ATP-binding cassette, sub-family A (ABC1), member 13","protein-coding"]
[8020,"Peak_8124",0.179534734835068,0.396115488626092,0.216580753791024,2.09868336853174,"NO","NO","NO",0.855348223760447,0.682884607308423,0.728909363695944,0.996451548154072,0.952187798874548,0.999908874757857,"chr11",12716765,12717163,"+",0,"NA","Intergenic","Intergenic",-352001,"NM_172496",12808,"Mm.22847","NM_172496","ENSMUSG00000020173","Cobl","-","cordon-bleu WH2 repeat","protein-coding"]
[8117,"Peak_8223",-0.603046236850922,-0.68881212269274,-0.0857658858418182,3.15696592452591,"NO","NO","NO",0.347490653396351,0.286229232436541,0.87121679720931,0.969469292772487,0.826259595298734,0.999908874757857,"chr11",20257784,20258182,"+",0,"NA","Intergenic","Intergenic",-25267,"NM_018861",55963,"Mm.6379","NM_018861","ENSMUSG00000020142","Slc1a4","ASCT-1|ASCT1|AW045657|SATT","solute carrier family 1 (glutamate/neutral amino acid transporter), member 4","protein-coding"]
[8202,"Peak_8309",2.12325427523026,1.9347984254277,-0.188455849802554,2.16010995551625,"NO","NO","NO",0.104637311928673,0.145423876194263,0.789020911852155,0.918065249368744,0.720805309768458,0.999908874757857,"chr11",22821976,22822374,"+",0,"NA","intron (NM_144514, intron 2 of 2)","intron (NM_144514, intron 2 of 2)",-49830,"NM_011663",22183,"Mm.29542","NM_011663","ENSMUSG00000044068","Zrsr1","D11Ncvs75|Irlgs2|SP2|U2af1-rs1|U2afbp-rs","zinc finger (CCCH type), RNA binding motif and serine/arginine rich 1","protein-coding"]
[8259,"Peak_8366",-0.188115788531937,0.0730842458313104,0.261200034363247,3.0827602605172,"NO","NO","NO",0.783506252783553,0.914490388039917,0.598528227339271,0.996451548154072,0.987109020669515,0.999908874757857,"chr11",24704558,24704956,"+",0,"NA","Intergenic","Intergenic",-74035,"NR_033491",100038617,"Mm.387376","NR_033491","ENSMUSG00000073103","Gm10466","ENSMUSG00000073103","predicted gene 10466","ncRNA"]
[8316,"Peak_8425",-0.063109084766232,0.280512247686797,0.343621332453029,2.58338075527304,"NO","NO","NO",0.939991698320718,0.735489643149531,0.565311946643707,0.997839094325673,0.961859519844217,0.999908874757857,"chr11",29761810,29762208,"+",0,"NA","intron (NM_146016, intron 7 of 41)","intron (NM_146016, intron 7 of 41)",-36341,"NM_176829",216622,"Mm.443260","NM_176829","ENSMUSG00000078157","4931440F15Rik","Fem1ab","RIKEN cDNA 4931440F15 gene","protein-coding"]
[8377,"Peak_8486",-0.220664740305718,-0.916683602416184,-0.696018862110466,4.66222400843552,"NO","NO","NO",0.568629630622844,0.0238222794745203,0.0322687370200526,0.989871165956955,0.481706905677287,0.999908874757857,"chr11",32096045,32096443,"+",0,"NA","intron (NM_008374, intron 1 of 8)","intron (NM_008374, intron 1 of 8)",4035,"NM_001134458",16199,"Mm.384","NM_008374","ENSMUSG00000020279","Il9r","-","interleukin 9 receptor","protein-coding"]
[8422,"Peak_8531",-0.236526755935536,-0.717797919072947,-0.481271163137411,2.46487605623565,"NO","NO","NO",0.812289334129162,0.476406610650226,0.587175769924505,0.996451548154072,0.903414154866613,0.999908874757857,"chr11",32970513,32970911,"+",0,"NA","Intergenic","Intergenic",76688,"NM_008005",14172,"Mm.339812","NM_008005","ENSMUSG00000057967","Fgf18","D130055P09Rik|FGF-18","fibroblast growth factor 18","protein-coding"]
[8496,"Peak_8605",-0.539549544134925,-1.02554756916007,-0.485998025025143,4.57915006280045,"NO","DOWN","NO",0.150997409441393,0.00855323735247781,0.12258902916944,0.943529907756132,0.352152449342509,0.999908874757857,"chr11",35096816,35097214,"+",0,"NA","intron (NM_011412, intron 4 of 35)","intron (NM_011412, intron 4 of 35)",162057,"NM_011412",20564,"Mm.478604","NM_011412","ENSMUSG00000056427","Slit3","Slil2|Slit1|b2b2362.1Clo","slit homolog 3 (Drosophila)","protein-coding"]
[8553,"Peak_8662",0.0140688893248628,-0.357756520099303,-0.371825409424166,2.62684728496683,"NO","NO","NO",0.984776675949881,0.64261077935685,0.482378764944131,0.999441379886603,0.944334675045232,0.999908874757857,"chr11",36183132,36183530,"+",0,"NA","intron (NM_011856, intron 3 of 28)","intron (NM_011856, intron 3 of 28)",-389740,"NM_170779",211652,"Mm.31267","NM_170779","ENSMUSG00000018849","Wwc1","AA408228|AU017197|BC037006|Kibra|mKIAA0869","WW, C2 and coiled-coil domain containing 1","protein-coding"]
[8610,"Peak_8720",0.272689216095484,-0.0193720797477262,-0.29206129584321,3.75842584482889,"NO","NO","NO",0.586292279169744,0.970222154127132,0.390215881849633,0.990149111431646,0.995809555531593,0.999908874757857,"chr11",43247248,43247646,"+",0,"NA","intron (NM_198936, intron 1 of 15)","CpG",214,"NM_198936",193116,"Mm.28200","NM_148673","ENSMUSG00000020409","Slu7","AU018913|D11Ertd730e|D3Bwg0878e","SLU7 splicing factor homolog (S. cerevisiae)","protein-coding"]
[8671,"Peak_8781",0.0540333224168218,0.019281605991289,-0.0347517164255329,4.70079009948374,"NO","NO","NO",0.909387045363492,0.967913629605909,0.930011809817877,0.997799251783824,0.995177536250493,0.999908874757857,"chr11",44646266,44646664,"+",0,"NA","intron (NM_007897, intron 6 of 15)","intron (NM_007897, intron 6 of 15)",214863,"NM_001290710",13591,"Mm.439662","NM_007897","ENSMUSG00000057098","Ebf1","Ebf|O/E-1|OE-1|Olf-1|Olf1","early B cell factor 1","protein-coding"]
[8727,"Peak_8839",0.155154908900561,0.455309047628777,0.300154138728216,4.8053855979767,"NO","NO","NO",0.727898100177603,0.305013061491461,0.389141635985185,0.995739075798108,0.837033292066136,0.999908874757857,"chr11",46250466,46250864,"+",0,"NA","5' UTR (NM_025426, exon 1 of 3)","5' UTR (NM_025426, exon 1 of 3)",202,"NM_001104556",66213,"Mm.24159","NM_025426","ENSMUSG00000020397","Med7","1110063B05Rik|Crsp33|Crsp9","mediator complex subunit 7","protein-coding"]
[8786,"Peak_8898",-0.16401879160124,-0.23233415626039,-0.0683153646591498,2.57253455083035,"NO","NO","NO",0.8334333349448,0.769475860652431,0.90505061206263,0.996451548154072,0.966649135402684,0.999908874757857,"chr11",49651603,49652001,"+",0,"NA","3' UTR (NM_013529, exon 19 of 19)","3' UTR (NM_013529, exon 19 of 19)",-8451,"NM_001163671",26420,"Mm.68933","NM_016961","ENSMUSG00000020366","Mapk9","AI851083|JNK2|Prkm9|p54aSAPK","mitogen-activated protein kinase 9","protein-coding"]
[8847,"Peak_8959",-0.215981936511641,-0.224610571701776,-0.00862863519013481,3.69889965693459,"NO","NO","NO",0.663928159038494,0.655424989270019,0.980645456001859,0.992128801173048,0.94691892420174,0.999908874757857,"chr11",51302312,51302710,"+",0,"NA","intron (NM_153393, intron 2 of 28)","intron (NM_153393, intron 2 of 28)",-95748,"NM_028398",72947,"Mm.256875","NM_028398","ENSMUSG00000020359","Phykpl","2900006B13Rik|Agxt2l2","5-phosphohydroxy-L-lysine phospholyase","protein-coding"]
[8904,"Peak_9016",0.37311557431444,-0.101403990664521,-0.47451956497896,4.26006398213182,"NO","NO","NO",0.389122057790863,0.822558153892876,0.122135092793518,0.97413498190873,0.973854594996894,0.999908874757857,"chr11",52578185,52578583,"+",0,"NA","5' UTR (NM_177059, exon 1 of 16)","5' UTR (NM_177059, exon 1 of 16)",176,"NM_177059",320027,"Mm.44518","NM_177059","ENSMUSG00000036264","Fstl4","B230374F23Rik|SPIG1|mKIAA1061","follistatin-like 4","protein-coding"]
[8965,"Peak_9077",0.0816284045632584,0.158845242619803,0.0772168380565443,4.64584635398464,"NO","NO","NO",0.839682112198326,0.695228183193636,0.794063764304229,0.996451548154072,0.953998567645521,0.999908874757857,"chr11",53793387,53793785,"+",0,"NA","promoter-TSS (NM_019723)","promoter-TSS (NM_019723)",-57,"NM_019723",56517,"Mm.154284","NM_019723","ENSMUSG00000063652","Slc22a21","Octn3|Slc22a9","solute carrier family 22 (organic cation transporter), member 21","protein-coding"]
[9085,"Peak_9199",-0.202780080863899,-0.362896344335563,-0.160116263471664,4.93666131123982,"NO","NO","NO",0.576226766508779,0.325453050750069,0.58047225606268,0.989995385640587,0.84744576004734,0.999908874757857,"chr11",57775963,57776361,"+",0,"NA","Intergenic","Intergenic",-46404,"NM_028451",73158,"Mm.248843","NM_028451","ENSMUSG00000037331","Larp1","1810024J12Rik|3110040D16Rik|Larp|mKIAA0731","La ribonucleoprotein domain family, member 1","protein-coding"]
[9144,"Peak_9259",0.443199433708115,0.0319883085799589,-0.411211125128156,4.86753743829636,"NO","NO","NO",0.249811426676621,0.935749282722654,0.15463187296477,0.958074512707729,0.990715577816943,0.999908874757857,"chr11",59125851,59126249,"+",0,"NA","intron (NM_139298, intron 1 of 3)","intron (NM_139298, intron 1 of 3)",5618,"NM_139298",216795,"Mm.218794","NM_139298","ENSMUSG00000000126","Wnt9a","Wnt14","wingless-type MMTV integration site family, member 9A","protein-coding"]
[9204,"Peak_9319",-0.627197589616301,-0.958694784994872,-0.331497195378571,4.18089496734479,"NO","NO","NO",0.123852881625542,0.0230757426865643,0.315742230416146,0.931271014344117,0.475963046015191,0.999908874757857,"chr11",60065042,60065440,"+",0,"NA","intron (NM_001039092, intron 7 of 13)","intron (NM_001039092, intron 7 of 13)",-31112,"NM_011480",20787,"Mm.278701","NM_011480","ENSMUSG00000020538","Srebf1","ADD1|SREBP-1a|SREBP1|SREBP1c|bHLHd1","sterol regulatory element binding transcription factor 1","protein-coding"]
[9261,"Peak_9376",-0.538313857334772,-1.08512797292628,-0.546814115591506,3.34983116169644,"NO","NO","NO",0.4151404011759,0.107712455203255,0.350080580809288,0.97715903182755,0.679571658325869,0.999908874757857,"chr11",61191272,61191670,"+",0,"NA","exon (NM_026183, exon 1 of 17)","exon (NM_026183, exon 1 of 17)",106,"NM_026183",67473,"Mm.100741","NM_026183","ENSMUSG00000010122","Slc47a1","1300013J15Rik|AI036982|MATE1|mMATE1","solute carrier family 47, member 1","protein-coding"]
[9322,"Peak_9438",-0.13181146849835,0.183809159640508,0.315620628138858,3.12327474833355,"NO","NO","NO",0.839726846908994,0.775822697998552,0.482376345687373,0.996451548154072,0.967922404326861,0.999908874757857,"chr11",62506887,62507285,"+",0,"NA","Intergenic","Intergenic",35509,"NM_133208",170740,"Mm.339982","NM_133208","ENSMUSG00000005267","Zfp287","B230333C16Rik|SKAT-2|Skat2|Znf287|mszf16|mszf74","zinc finger protein 287","protein-coding"]
[9379,"Peak_9496",0.655949004452806,0.367908352188051,-0.288040652264755,3.16860655599083,"NO","NO","NO",0.322604086222375,0.59144456174182,0.493719437053585,0.962195981277665,0.931573999735043,0.999908874757857,"chr11",63864430,63864828,"+",0,"NA","intron (NM_178379, intron 3 of 6)","intron (NM_178379, intron 3 of 6)",28345,"NM_178379",70383,"Mm.340211","NM_178379","ENSMUSG00000042148","Cox10","2410004F01Rik|AU042636","cytochrome c oxidase assembly protein 10","protein-coding"]
[9449,"Peak_9566",-0.616160582450428,-0.248522644267025,0.367637938183403,3.1171981061484,"NO","NO","NO",0.356864444048926,0.70755262680815,0.476806936254598,0.971106104672636,0.955988392521147,0.999908874757857,"chr11",66815369,66815767,"+",0,"NA","Intergenic","Intergenic",-23088,"NM_177392",338369,"Mm.128138","NM_177392","ENSMUSG00000050270","Tmem220","-","transmembrane protein 220","protein-coding"]
[9498,"Peak_9617",-0.722979352284178,-0.816543705257312,-0.0935643529731347,3.540387943061,"NO","NO","NO",0.160051392715661,0.118545114401159,0.820529669303545,0.946285394458671,0.694158976661539,0.999908874757857,"chr11",68104411,68104809,"+",0,"NA","intron (NM_008744, intron 2 of 6)","intron (NM_008744, intron 2 of 6)",70216,"NR_105833",102465219,null,"NR_105833","ENSMUSG00000099174","Mir6406","Gm27981|mmu-mir-6406","microRNA 6406","ncRNA"]
[9555,"Peak_9674",-0.0313860623852131,0.200853611612348,0.232239673997561,4.4170974100524,"NO","NO","NO",0.940305774103173,0.630006987863935,0.430819442562237,0.997839094325673,0.9421751234061,0.999908874757857,"chr11",68913349,68913747,"+",0,"NA","promoter-TSS (NM_001159367)","promoter-TSS (NM_001159367)",-112,"NM_001159367",18626,"Mm.7373","NM_011065","ENSMUSG00000020893","Per1","Hftm|Per|m-rigui|mPer1","period circadian clock 1","protein-coding"]
[9612,"Peak_9731",-0.333772812184656,-0.192213761322195,0.141559050862461,4.68845936873176,"NO","NO","NO",0.384856787871476,0.617297727858985,0.631476886597467,0.973151462669336,0.938552175896894,0.999908874757857,"chr11",69508946,69509344,"+",0,"NA","exon (NM_001159503, exon 1 of 13)","exon (NM_001159503, exon 1 of 13)",455,"NM_001034097",619441,"Mm.8983","NM_001034097","ENSMUSG00000018752","Tnfsfm13","Tnfsf12-Tnfsf13|Tnfsf12Tnfsf13|Tnfsf12tnfsf13|Twe-pril","tumor necrosis factor (ligand) superfamily, membrane-bound member 13","protein-coding"]
[9673,"Peak_9792",0.506768846779325,1.21878302315371,0.712014176374388,3.24779731103982,"NO","NO","NO",0.538245388394126,0.130138213225235,0.214588018717771,0.987911773173323,0.705501333365588,0.999908874757857,"chr11",70270328,70270726,"+",0,"NA","intron (NM_023158, intron 3 of 4)","intron (NM_023158, intron 3 of 4)",-2597,"NM_001029929",574428,"Mm.472771","NM_001029929","ENSMUSG00000040829","Zmynd15","-","zinc finger, MYND-type containing 15","protein-coding"]
[9730,"Peak_9849",0.193466780186338,-0.150903012064069,-0.344369792250408,2.76642987060527,"NO","NO","NO",0.788473151084263,0.84043341578004,0.492784837025338,0.996451548154072,0.97745216732589,0.999908874757857,"chr11",71824894,71825292,"+",0,"NA","Intergenic","Intergenic",25918,"NM_053245",114230,"Mm.95707","NM_053245","ENSMUSG00000040554","Aipl1","A930007I01Rik","aryl hydrocarbon receptor-interacting protein-like 1","protein-coding"]
[9802,"Peak_9921",0.0929516258276558,-0.306443026232088,-0.399394652059744,3.05215247263296,"NO","NO","NO",0.897546017003609,0.67750048951432,0.478125530095875,0.997016646040853,0.951050453358392,0.999908874757857,"chr11",74185160,74185558,"+",0,"NA","Intergenic","Intergenic",7186,"NM_001011851",258153,"Mm.376124","NM_001011851","ENSMUSG00000058275","Olfr412","MOR127-5P","olfactory receptor 412","protein-coding"]
[9849,"Peak_9968",1.2452770968503,1.15212193387028,-0.093155162980021,2.28657660203818,"NO","NO","NO",0.270719858361432,0.31025037872766,0.89874534767376,0.959925552157071,0.839973999167055,0.999908874757857,"chr11",75058852,75059250,"+",0,"NA","intron (NM_177708, intron 1 of 1)","intron (NM_177708, intron 1 of 1)",51556,"NM_177708",237847,"Mm.82661","NM_177708","ENSMUSG00000045287","Rtn4rl1","Ngr3|Ngrh2|Ngrl2","reticulon 4 receptor-like 1","protein-coding"]
[9969,"Peak_10088",-0.36981786966483,-0.591265661999902,-0.221447792335072,3.0535492228321,"NO","NO","NO",0.636136205771878,0.457144602944996,0.74115566330466,0.991660374418771,0.898215870747352,0.999908874757857,"chr11",77176940,77177338,"+",0,"NA","intron (NM_001291190, intron 1 of 13)","intron (NM_001291190, intron 1 of 13)",15357,"NM_001291190",237860,"Mm.440381","NM_177710","ENSMUSG00000037926","Ssh2","SSH-2|SSH-2L|mSSH-2L","slingshot homolog 2 (Drosophila)","protein-coding"]
[10030,"Peak_10149",0.0850541936727159,-0.0896840001142576,-0.174738193786974,5.15637668304999,"NO","NO","NO",0.840648427292359,0.833795518161406,0.630751720560569,0.996451548154072,0.975842959115995,0.999908874757857,"chr11",78059125,78059523,"+",0,"NA","promoter-TSS (NM_009143)","promoter-TSS (NM_009143)",76,"NM_009143",20316,"Mm.20755","NM_009143","ENSMUSG00000002064","Sdf2","AI853825","stromal cell derived factor 2","protein-coding"]
[10087,"Peak_10206",1.47074174504985,1.53638360165252,0.0656418566026786,2.56643701586288,"NO","NO","NO",0.154647383328255,0.136431983769074,0.91122608431227,0.943529907756132,0.71282049233569,0.999908874757857,"chr11",79211767,79212165,"+",0,"NA","intron (NM_010897, intron 5 of 57)","L1MA4|LINE|L1",58572,"NM_010897",18015,"Mm.255596","NM_010897","ENSMUSG00000020716","Nf1","AW494271|Dsk9|E030030H24Rik|Mhdadsk9|Nf-1","neurofibromin 1","protein-coding"]
[10107,"Peak_10226",0.142042015743019,0.364110099717726,0.222068083974707,3.13794145059309,"NO","NO","NO",0.8262885845853,0.571774402138091,0.592022556958785,0.996451548154072,0.92714590140995,0.999908874757857,"chr11",79733486,79733884,"+",0,"NA","Intergenic","Intergenic",42204,"NM_144826",216987,"Mm.274961","NM_144826","ENSMUSG00000035575","Utp6","4732497O03Rik|HCA66","UTP6 small subunit processome component","protein-coding"]
[10206,"Peak_10326",0.141272923884884,0.12458954271841,-0.0166833811664748,3.0454507636921,"NO","NO","NO",0.83217765398454,0.853050235001147,0.970744637747036,0.996451548154072,0.977898830794056,0.999908874757857,"chr11",82784509,82784907,"+",0,"NA","Intergenic","Intergenic",-10525,"NR_045932",76392,"Mm.295205","NR_045932","ENSMUSG00000086327","Slfn5os","1700003F17Rik","schlafen 5, opposite strand","ncRNA"]
[10263,"Peak_10383",-0.888142116404273,-1.60272122479804,-0.714579108393763,5.15196238162112,"NO","DOWN","NO",0.0148391185547784,{"v":2.3538124604847E-5,"d":"2.35E-05"},0.0350115211500324,0.790514222312077,0.0252783766172987,0.999908874757857,"chr11",84474396,84474794,"+",0,"NA","Intergenic","Intergenic",59339,"NR_046197",78471,"Mm.47152","NR_046197","ENSMUSG00000085044","1700109G15Rik","-","RIKEN cDNA 1700109G15 gene","ncRNA"]
[10324,"Peak_10444",0.0157357459921563,-0.34606783133017,-0.361803577322326,3.30866184255208,"NO","NO","NO",0.980282247621825,0.591577391341359,0.454186397619548,0.99914697897948,0.931578192861597,0.999908874757857,"chr11",85677153,85677551,"+",0,"NA","Intergenic","Intergenic",-26213,"NM_011536",21387,"Mm.275336","NM_011536","ENSMUSG00000000094","Tbx4","3930401C23","T-box 4","protein-coding"]
[10381,"Peak_10502",1.32703866772567,1.46506413893317,0.1380254712075,3.63924739274623,"NO","NO","NO",0.0392073790133617,0.0225372101902898,0.689884936906284,0.874201778254117,0.473948990056525,0.999908874757857,"chr11",87027779,87028177,"+",0,"NA","intron (NM_197987, intron 22 of 23)","B1F|SINE|Alu",87401,"NM_197987",68729,"Mm.17436","NM_197987","ENSMUSG00000018548","Trim37","1110032A10Rik|2810004E07Rik|AI848587|AU043018|MUL|TEF3|mKIAA0898","tripartite motif-containing 37","protein-coding"]
[10476,"Peak_10597",0.70327464485313,0.206182516837183,-0.497092128015946,3.52247412204622,"NO","NO","NO",0.262714437974465,0.752185710261238,0.263589779947475,0.958940109069088,0.963517345540942,0.999908874757857,"chr11",88361742,88362140,"+",0,"NA","intron (NM_054043, intron 6 of 13)","intron (NM_054043, intron 6 of 13)",-118624,"NR_131025",68397,"Mm.426889","NR_131025",null,"0610039H22Rik","-","RIKEN cDNA 0610039H22 gene","ncRNA"]
[10500,"Peak_10621",0.0699121870144029,-0.394666016887545,-0.464578203901948,3.42705031899844,"NO","NO","NO",0.900338329756625,0.499406777402259,0.2562541286102,0.99732165405188,0.909444585966196,0.999908874757857,"chr11",88734634,88735032,"+",0,"NA","intron (NR_126433, intron 3 of 4)","intron (NR_126433, intron 3 of 4)",-8933,"NM_001042541",11640,"Mm.2969","NM_009648","ENSMUSG00000018428","Akap1","AKAP121|AKAP84|Akap|C76494|C81186|DAKAP1|S-AKAP84","A kinase (PRKA) anchor protein 1","protein-coding"]
[10557,"Peak_10679",0.0179796553668509,0.248146200306801,0.23016654493995,3.38502584839004,"NO","NO","NO",0.977141522755726,0.688183754224396,0.600442283633391,0.999057618398854,0.953028046469984,0.999908874757857,"chr11",90118128,90118526,"+",0,"NA","intron (NM_026178, intron 1 of 6)","intron (NM_026178, intron 1 of 6)",7537,"NM_026178",67468,"Mm.277518","NM_026178","ENSMUSG00000003948","Mmd","1200017E07Rik|1810073C06Rik|AA690185","monocyte to macrophage differentiation-associated","protein-coding"]
[10618,"Peak_10744",-0.588128897438704,-0.393417650083788,0.194711247354916,3.02657961092125,"NO","NO","NO",0.387726753001703,0.559836827354062,0.717332747418995,0.97413498190873,0.924588723298868,0.999908874757857,"chr11",94094757,94095155,"+",0,"NA","Intergenic","Intergenic",8937,"NM_181819",278507,"Mm.342216","NM_181819","ENSMUSG00000044177","Wfikkn2","2610304F08Rik|AY100450|Gasp1|WFIKKNRP","WAP, follistatin/kazal, immunoglobulin, kunitz and netrin domain containing 2","protein-coding"]
[10675,"Peak_10801",-0.0538184814527251,0.109530950258534,0.163349431711259,4.42705939344851,"NO","NO","NO",0.918968990797731,0.836574561301862,0.712245286890727,0.997839094325673,0.976825484662134,0.999908874757857,"chr11",94840306,94840704,"+",0,"NA","Intergenic","CpG",-2864,"NM_009161",20391,"Mm.18709","NM_009161","ENSMUSG00000001508","Sgca","50DAG|Asg","sarcoglycan, alpha (dystrophin-associated glycoprotein)","protein-coding"]
[10732,"Peak_10858",0.658472533895067,0.708598441216678,0.0501259073216113,5.25628412209424,"NO","NO","NO",0.112961783686704,0.089448523814227,0.877647681660626,0.924881982063748,0.652741232218973,0.999908874757857,"chr11",95528110,95528508,"+",0,"NA","promoter-TSS (NM_008831)","promoter-TSS (NM_008831)",38,"NM_008831",18673,"Mm.263862","NM_008831","ENSMUSG00000038845","Phb","Bap32","prohibitin","protein-coding"]
[10829,"Peak_10955",1.78555640303765,0.740428533259643,-1.04512786977801,2.95899964072486,"NO","NO","NO",0.0328983063908411,0.418142606980147,0.0438622721419084,0.853237636183613,0.884464308403875,0.999908874757857,"chr11",97163759,97164157,"+",0,"NA","Intergenic","Intergenic",-13072,"NM_025927",67036,"Mm.5381","NM_025927","ENSMUSG00000018882","Mrpl45","2600005P05Rik|AU043542|R75241","mitochondrial ribosomal protein L45","protein-coding"]
[10914,"Peak_11040",-0.795955267011449,-0.943821039908571,-0.147865772897122,2.99495693130767,"NO","NO","NO",0.226707765760758,0.157265567716677,0.788835177461572,0.955321879475804,0.731845815430692,0.999908874757857,"chr11",98175236,98175634,"+",0,"NA","Intergenic","CpG",15524,"NM_010895",18013,"Mm.4814","NM_010895","ENSMUSG00000038255","Neurod2","Ndrf|bHLHa1","neurogenic differentiation 2","protein-coding"]
[10971,"Peak_11097",-0.550606499575505,-0.14216327625293,0.408443223322575,4.24038916991424,"NO","NO","NO",0.230018461986848,0.753022790985436,0.254272694016286,0.955557423143112,0.963623776905501,0.999908874757857,"chr11",98803286,98803684,"+",0,"NA","intron (NM_001177303, intron 1 of 8)","intron (NM_001177303, intron 1 of 8)",2460,"NM_001177303",19401,"Mm.439744","NM_009024","ENSMUSG00000037992","Rara","Nr1b1|RAR|RARalpha1","retinoic acid receptor, alpha","protein-coding"]
[11032,"Peak_11158",0.610309639336006,0.11531980029055,-0.494989839045456,2.81105222098205,"NO","NO","NO",0.413324700850317,0.883228277351224,0.320370759870578,0.976882323998021,0.983443645840182,0.999908874757857,"chr11",100339237,100339635,"+",0,"NA","TTS (NR_130343)","TTS (NR_130343)",358,"NR_130343",102465671,null,"NR_130343","ENSMUSG00000104854","Mir7116","mmu-mir-7116","microRNA 7116","ncRNA"]
[11089,"Peak_11215",-0.207183746497853,-0.320520438654026,-0.113336692156173,5.21933925824681,"NO","NO","NO",0.631384591198629,0.461417910903933,0.768152278401519,0.991111506359745,0.89857922166306,0.999908874757857,"chr11",101087412,101087810,"+",0,"NA","intron (NM_007970, intron 1 of 20)","CpG",166,"NM_007970",14055,"Mm.5027","NM_007970","ENSMUSG00000006920","Ezh1","ENX-2","enhancer of zeste 1 polycomb repressive complex 2 subunit","protein-coding"]
[11134,"Peak_11260",-0.102380036700709,-0.0783229428665975,0.0240570938341115,3.88705357908532,"NO","NO","NO",0.837883339851921,0.876942584747683,0.948068456318241,0.996451548154072,0.982086821198145,0.999908874757857,"chr11",101676018,101676416,"+",0,"NA","Intergenic","GA-rich|Low_complexity|Low_complexity",-29593,"NM_008815",18612,"Mm.5025","NM_008815","ENSMUSG00000017724","Etv4","AW414408|Pea-3|Pea3","ets variant 4","protein-coding"]
[11208,"Peak_11334",-0.681564379299624,-0.366913009797885,0.314651369501739,4.02671813150824,"NO","NO","NO",0.126564960933516,0.405494816948336,0.351457389824139,0.933648031316548,0.879980394563206,0.999908874757857,"chr11",102494748,102495146,"+",0,"NA","Intergenic","Intergenic",-9217,"NR_033474",77132,"Mm.194729","NR_033474",null,"2810433D01Rik","-","RIKEN cDNA 2810433D01 gene","ncRNA"]
[11265,"Peak_11391",0.0628176333757396,0.0158035488457658,-0.0470140845299738,4.38170207411504,"NO","NO","NO",0.883646183978975,0.971039387746334,0.881214633371032,0.996451548154072,0.995827965240456,0.999908874757857,"chr11",103220372,103220770,"+",0,"NA","TTS (NM_183288)","TTS (NM_183288)",4435,"NM_001205236",544817,"Mm.259113","NM_133715","ENSMUSG00000034255","Arhgap27","2310069I04Rik|5730442P18Rik|Gm21552|Sh3d20","Rho GTPase activating protein 27","protein-coding"]
[11326,"Peak_11452",0.78747728122274,0.639391578213561,-0.14808570300918,3.07897010524157,"NO","NO","NO",0.273945859177952,0.383253603662048,0.74248873789147,0.959925552157071,0.873891232717362,0.999908874757857,"chr11",105014568,105014966,"+",0,"NA","Intergenic","Intergenic",-25354,"NM_001294331",24086,"Mm.126976","NM_011903","ENSMUSG00000020694","Tlk2","4933403M19Rik|PKU-alpha|PKUalpha|Tlk","tousled-like kinase 2 (Arabidopsis)","protein-coding"]
[11383,"Peak_11509",-0.348005866248749,-0.905337819733159,-0.55733195348441,3.90055857190962,"NO","NO","NO",0.47914864729384,0.0754446133447122,0.173663718709638,0.981648566820123,0.632576331227049,0.999908874757857,"chr11",106235818,106236216,"+",0,"NA","promoter-TSS (NM_029345)","promoter-TSS (NM_029345)",-123,"NM_029345",75573,"Mm.159539","NM_029345","ENSMUSG00000009210","Prr29","2310007L24Rik","proline rich 29","protein-coding"]
[11439,"Peak_11566",0.55076573012747,0.953081547088344,0.402315816960874,3.10757007287103,"NO","NO","NO",0.444987199169634,0.177296239692253,0.348670027111532,0.978344677090796,0.750707090341046,0.999908874757857,"chr11",107490799,107491197,"+",0,"NA","intron (NM_198298, intron 16 of 31)","intron (NM_198298, intron 16 of 31)",-8038,"NR_105897",102465562,null,"NR_105897","ENSMUSG00000098497","Mir6932","Gm27691|mmu-mir-6932","microRNA 6932","ncRNA"]
[11502,"Peak_11629",0.860421971035713,1.17335959846848,0.312937627432766,4.88128803552947,"NO","UP","NO",0.0589722436941804,0.00932977274923445,0.326063848314907,0.899370241355356,0.361716749019056,0.999908874757857,"chr11",109224136,109224534,"+",0,"NA","exon (NM_010303, exon 1 of 4)","exon (NM_010303, exon 1 of 4)",227,"NM_010303",14674,"Mm.193925","NM_010303","ENSMUSG00000020611","Gna13","AU024132|AU043124|Galpha13","guanine nucleotide binding protein, alpha 13","protein-coding"]
[11559,"Peak_11686",1.82495972760695,1.66708472794412,-0.157874999662826,1.96764564559462,"NO","NO","NO",0.152454010556806,0.2013143456906,0.801084280560599,0.943529907756132,0.772289490026505,0.999908874757857,"chr11",111307120,111307518,"+",0,"NA","Intergenic","Intergenic",379841,"NM_008425",16518,"Mm.4951","NM_008425","ENSMUSG00000041695","Kcnj2","IRK1|Kcnf1|Kir2.1","potassium inwardly-rectifying channel, subfamily J, member 2","protein-coding"]
[11620,"Peak_11749",-0.442853128966333,-0.952909521761092,-0.510056392794759,5.85816902098047,"NO","NO","NO",0.240509103324265,0.013055376997589,0.148811316076349,0.956996614837851,0.410759898543282,0.999908874757857,"chr11",113093212,113093610,"+",0,"NA","Intergenic","Intergenic",-22428,"NR_040276",319871,"Mm.383743","NR_040276","ENSMUSG00000085421","4732490B19Rik","-","RIKEN cDNA 4732490B19 gene","ncRNA"]
[11740,"Peak_11869",0.0783374763350503,0.509221809542741,0.43088433320769,3.53705407480818,"NO","NO","NO",0.897349754265002,0.389457852634325,0.2936292710961,0.997016646040853,0.875782812222806,0.999908874757857,"chr11",115095906,115096304,"+",0,"NA","intron (NM_001033393, intron 9 of 9)","intron (NM_001033393, intron 9 of 9)",32452,"NM_010350",14813,"Mm.39090","NM_010350","ENSMUSG00000020734","Grin2c","GluN2C|NMDAR2C|NR2C","glutamate receptor, ionotropic, NMDA2C (epsilon 3)","protein-coding"]
[11797,"Peak_11926",-0.0498741717487253,0.0867410592618643,0.13661523101059,5.20342166713654,"NO","NO","NO",0.898261056663387,0.824084977872694,0.670858881403597,0.997016646040853,0.974200371222135,0.999908874757857,"chr11",115861749,115862147,"+",0,"NA","exon (NM_133663, exon 30 of 39)","exon (NM_133663, exon 30 of 39)",12085,"NM_016905",14635,"Mm.2820","NM_016905","ENSMUSG00000020766","Galk1","AA409894|GALK|Gk|Glk|Glk1","galactokinase 1","protein-coding"]
[11856,"Peak_11985",-1.24892236606696,-0.621963195396641,0.626959170670318,2.70036272625058,"NO","NO","NO",0.0771734055091049,0.36306131977878,0.267641797979161,0.90862865208182,0.86276020049032,0.999908874757857,"chr11",116543259,116543657,"+",0,"NA","intron (NM_009180, intron 5 of 8)","intron (NM_009180, intron 5 of 8)",7547,"NR_028570",100216538,null,"NR_028570","ENSMUSG00000065094","Snord1a","snR38","small nucleolar RNA, C/D box 1A","snoRNA"]
[11916,"Peak_12046",0.243523096678544,-0.0649596200188756,-0.308482716697419,3.48937762957151,"NO","NO","NO",0.669625640381635,0.912343729692669,0.444884830699263,0.992937989385315,0.986846615807305,0.999908874757857,"chr11",117290741,117291139,"+",0,"NA","Intergenic","Intergenic",-7909,"NR_136918",667423,"Mm.383716","NR_136918","ENSMUSG00000083705","Gm8624","EG667423","ribosomal protein S23 pseudogene","pseudo"]
[11977,"Peak_12107",-0.267507519209916,-0.641674804086039,-0.374167284876124,4.26795283892773,"NO","NO","NO",0.518687677346763,0.13530300332021,0.24930243692234,0.985488033290527,0.711515416560669,0.999908874757857,"chr11",118063811,118064209,"+",0,"NA","intron (NM_001112699, intron 1 of 12)","intron (NM_001112699, intron 1 of 12)",10046,"NM_001112700",19157,"Mm.86413","NM_011180","ENSMUSG00000017132","Cyth1","CLM1|CTH-1|CYTIP|Pscd1","cytohesin 1","protein-coding"]
[12034,"Peak_12164",-0.255918317084976,-0.472344098849686,-0.21642578176471,3.61128593014438,"NO","NO","NO",0.62937561486208,0.384888566964734,0.591704587338366,0.991082598585515,0.874595910689628,0.999908874757857,"chr11",118967022,118967420,"+",0,"NA","Intergenic","Intergenic",-19670,"NM_007625",12418,"Mm.268070","NM_007625","ENSMUSG00000039989","Cbx4","MPc2|PC2","chromobox 4","protein-coding"]
[12091,"Peak_12221",-0.39231474365416,-0.856833091701299,-0.464518348047139,3.40036398706787,"NO","NO","NO",0.549443523500942,0.199905099563961,0.413296817930366,0.988389624854206,0.770906995960464,0.999908874757857,"chr11",119828872,119829270,"+",0,"NA","intron (NM_001037755, intron 3 of 13)","intron (NM_001037755, intron 3 of 13)",24665,"NM_130862",108100,"Mm.197534","NM_130862","ENSMUSG00000025372","Baiap2","IRSp53|R75030","brain-specific angiogenesis inhibitor 1-associated protein 2","protein-coding"]
[12161,"Peak_12291",-1.46763662288219,-1.15964625852829,0.307990364353897,3.46384666188255,"DOWN","NO","NO",1.95538652720847E-3,0.0139101541466905,0.420566654419088,0.65617414340871,0.420425416374095,0.999908874757857,"chr11",120568615,120569013,"+",0,"NA","intron (NM_198223, intron 11 of 14)","intron (NM_198223, intron 11 of 14)",6267,"NM_016665",20892,"Mm.259716","NM_016665","ENSMUSG00000025144","Cenpx","Stra13","centromere protein X","protein-coding"]
[12210,"Peak_12341",0.535999257993026,-0.262976361005755,-0.798975618998782,3.70897344968626,"NO","NO","NO",0.297612266554867,0.634790048937646,0.0259486501951298,0.959925552157071,0.942537887745327,0.999908874757857,"chr11",121406044,121406442,"+",0,"NA","intron (NM_029878, intron 14 of 38)","intron (NM_029878, intron 14 of 38)",-25587,"NM_178763",319530,"Mm.11395","NM_178763","ENSMUSG00000039238","Zfp750","A030007D23Rik|Znf750","zinc finger protein 750","protein-coding"]
[12267,"Peak_12399",0.515856697620673,0.495415870704142,-0.0204408269165307,3.97030159367256,"NO","NO","NO",0.371334527142146,0.394699203154899,0.96136862074549,0.972372912358262,0.877090646346084,0.999908874757857,"chr12",4358881,4359279,"+",0,"NA","intron (NM_010881, intron 2 of 22)","RLTR13D6|LTR|ERVK",-124786,"NM_134046",52504,"Mm.70546","NM_134046","ENSMUSG00000020652","Cenpo","2810429O05Rik|8430427C03Rik|D12Ertd482e","centromere protein O","protein-coding"]
[12328,"Peak_12460",-0.0380032850788964,-0.216498224972521,-0.178494939893625,2.39177663524304,"NO","NO","NO",0.965083546888136,0.809085793780526,0.792191475527496,0.998900380576782,0.97222428836372,0.999908874757857,"chr12",7815972,7816370,"+",0,"NA","Intergenic","MTD|LTR|MaLR",-168312,"NM_009693",238055,"Mm.221239","NM_009693","ENSMUSG00000020609","Apob","AI315052|Apo B-100|apob-100|apob-48","apolipoprotein B","protein-coding"]
[12385,"Peak_12517",0.016490985857345,0.802344546840011,0.785853560982666,2.23073584439458,"NO","NO","NO",0.98771068367495,0.410165554523276,0.239561273044079,0.999447483011139,0.88232560990967,0.999908874757857,"chr12",10042286,10042684,"+",0,"NA","Intergenic","Intergenic",-334292,"NM_027588",70881,"Mm.272843","NM_027588","ENSMUSG00000020622","Nt5c1b","4921514H13Rik|AIRP|CN-IB|cN1B","5'-nucleotidase, cytosolic IB","protein-coding"]
[12466,"Peak_12600",-0.316861421503493,-1.37804787800157,-1.06118645649808,4.10594203054499,"NO","DOWN","DOWN",0.439063741696839,0.00203851295548417,0.00189539265838772,0.978196298037294,0.208497810792981,0.999908874757857,"chr12",13215137,13215535,"+",0,"NA","Intergenic","Intergenic",40644,"NM_134040",104721,"Mm.251255","NM_134040","ENSMUSG00000037149","Ddx1","AA409185|DBP-RB","DEAD (Asp-Glu-Ala-Asp) box polypeptide 1","protein-coding"]
[12504,"Peak_12640",2.11939832793893,2.40943975410202,0.29004142616309,2.37453491950042,"NO","NO","NO",0.0934001621733127,0.0509899353307175,0.637876842874961,0.912433051675562,0.578553677020849,0.999908874757857,"chr12",16267762,16268160,"+",0,"NA","Intergenic","Intergenic",328615,"NM_015763",14245,"Mm.153625","NM_015763","ENSMUSG00000020593","Lpin1","4631420P06|Kiaa0188|Lipin1|fld|mKIAA0188","lipin 1","protein-coding"]
[12624,"Peak_12760",1.34191084589446,0.567848122196717,-0.774062723697742,2.6417378085966,"NO","NO","NO",0.162202866441802,0.572251759566209,0.242814979785302,0.946285394458671,0.927266373812546,0.999908874757857,"chr12",25248682,25249080,"+",0,"NA","Intergenic","Intergenic",-8271,"NM_001161406",195733,"Mm.263068","NM_145890","ENSMUSG00000020656","Grhl1","LBP-32|MGR|Tcfcp2l2","grainyhead-like 1 (Drosophila)","protein-coding"]
[12685,"Peak_12821",0.0158087116601355,-0.155903010856455,-0.171711722516591,4.61152812277073,"NO","NO","NO",0.96827399285202,0.701619504092155,0.570658105945133,0.999037848652705,0.955037271656641,0.999908874757857,"chr12",27079824,27080222,"+",0,"NA","intron (NM_080563, intron 1 of 8)","intron (NM_080563, intron 1 of 8)",19852,"NR_105856",102466676,null,"NR_105856","ENSMUSG00000098771","Mir6538","Gm27439|mmu-mir-6538","microRNA 6538","ncRNA"]
[12742,"Peak_12879",0.464890824959177,0.746891419448255,0.282000594489078,3.44824982355213,"NO","NO","NO",0.477024565090245,0.24994335325482,0.51089885273943,0.981629453947196,0.80555123676873,0.999908874757857,"chr12",29076813,29077211,"+",0,"NA","Intergenic","Intergenic",156190,"NM_001177964",68511,"Mm.310284","NM_001177964","ENSMUSG00000020633","Dcdc2c","1110015M06Rik","doublecortin domain containing 2C","protein-coding"]
[12803,"Peak_12941",0.0717893053891018,0.131715504777809,0.0599261993887069,3.01188224576446,"NO","NO","NO",0.914222940542884,0.844150770462217,0.89292394787107,0.997799251783824,0.977494282942532,0.999908874757857,"chr12",30638837,30639235,"+",0,"NA","intron (NM_181395, intron 1 of 22)","intron (NM_181395, intron 1 of 22)",16135,"NM_181395",69675,"Mm.251774","NM_181395","ENSMUSG00000020674","Pxdn","2310075M15Rik|C85409|E330004E07|VPO1|mKIAA0230","peroxidasin","protein-coding"]
[12819,"Peak_12957",0.00731024437993212,-1.09249990467294,-1.09981014905287,2.91380453213143,"NO","NO","NO",0.992052136102891,0.146272666256666,0.0623528620660508,0.999532536338917,0.722244639152137,0.999908874757857,"chr12",31102491,31102889,"+",0,"NA","intron (NR_045491, intron 2 of 2)","intron (NR_045491, intron 2 of 2)",-44449,"NM_001324520",268534,"Mm.279765","NM_172951","ENSMUSG00000020672","Sntg2","2210008K22Rik|9530013L23|BB121248|G2syn|Syn5","syntrophin, gamma 2","protein-coding"]
[12918,"Peak_13057",-0.379407864263212,-0.805217392925171,-0.425809528661958,3.51337983073325,"NO","NO","NO",0.485803839921386,0.154558900788098,0.332439170467707,0.983088920821324,0.729104691913352,0.999908874757857,"chr12",33860653,33861051,"+",0,"NA","intron (NM_028139, intron 2 of 3)","intron (NM_028139, intron 2 of 3)",28301,"NM_028139",380753,"Mm.41540","NM_028139","ENSMUSG00000020564","Atxn7l1","2810423G08Rik|Atxn7l4","ataxin 7-like 1","protein-coding"]
[12979,"Peak_13121",1.77646590950239,2.93050865980482,1.15404275030243,2.52452181086569,"NO","NO","NO",0.165783119523712,0.0112638011221512,0.0466451031548724,0.94631447419109,0.3889572824796,0.999908874757857,"chr12",36706225,36706623,"+",0,"NA","Intergenic","Intergenic",-13088,"NM_011783",23795,"Mm.7244","NM_011783","ENSMUSG00000020581","Agr2","Agr2h|Gob-4|HAG-2|XAG-2|mAG-2","anterior gradient 2","protein-coding"]
[13036,"Peak_13180",0.559752051288488,1.08648323511825,0.526731183829758,2.88267188266165,"NO","NO","NO",0.494681048183273,0.171891239421181,0.291369705308089,0.983526348404408,0.747316908666297,0.999908874757857,"chr12",40983751,40984149,"+",0,"NA","Intergenic","Intergenic",33999,"NR_045157",629820,"Mm.435540","NR_045157","ENSMUSG00000035983","Gm7008","EG629820","predicted gene 7008","ncRNA"]
[13093,"Peak_13240",0.303834966520123,-0.17239598716845,-0.476230953688573,3.02197958600721,"NO","NO","NO",0.661681538878169,0.811659700999169,0.346180508121507,0.992128801173048,0.972337779682874,0.999908874757857,"chr12",46772202,46772600,"+",0,"NA","Intergenic","Intergenic",-596931,"NM_144552",217517,"Mm.285400","NM_144552","ENSMUSG00000046314","Stxbp6","BC024598|C85317","syntaxin binding protein 6 (amisyn)","protein-coding"]
[13188,"Peak_13336",-0.79770460726756,-1.1165809847047,-0.318876377437138,2.42495912765017,"NO","NO","NO",0.328560812580492,0.186183372303903,0.644785461569276,0.963935417001219,0.759636153547212,0.999908874757857,"chr12",54439372,54439770,"+",0,"NA","intron (NM_013780, intron 1 of 11)","intron (NM_013780, intron 1 of 11)",89907,"NM_013780",27386,"Mm.247044","NM_013780","ENSMUSG00000021010","Npas3","4930423H22Rik|bHLHe12","neuronal PAS domain protein 3","protein-coding"]
[13212,"Peak_13362",-0.0876642526404121,-0.364665406091418,-0.277001153451006,3.25154499236552,"NO","NO","NO",0.879068688476301,0.540872572349525,0.49841511744625,0.996451548154072,0.91980202288249,0.999908874757857,"chr12",55455326,55455724,"+",0,"NA","Intergenic","Intergenic",36780,"NR_033689",665239,"Mm.26856","NR_033689",null,"Gm7550","EG665239|Gm666","predicted gene 7550","ncRNA"]
[13273,"Peak_13425",-0.818537694445726,-0.946535079210403,-0.127997384764678,2.19930648665847,"NO","NO","NO",0.364816132352526,0.298442556294733,0.869890499279993,0.971497355981173,0.833570322394906,0.999908874757857,"chr12",58110043,58110441,"+",0,"NA","intron (NM_172577, intron 1 of 9)","intron (NM_172577, intron 1 of 9)",151388,"NM_001167976",217593,"Mm.32835","NM_172577","ENSMUSG00000035472","Slc25a21","9930033G19Rik|A630030I10|BB158148","solute carrier family 25 (mitochondrial oxodicarboxylate carrier), member 21","protein-coding"]
[13330,"Peak_13484",-0.356567938735296,-1.27855362555909,-0.92198568682379,2.16049428226072,"NO","NO","NO",0.673672801756304,0.157609077979498,0.192581542253625,0.993474142907549,0.732258890236277,0.999908874757857,"chr12",68426542,68426940,"+",0,"NA","Intergenic","Intergenic",-103205,"NM_207010",320772,"Mm.227680","NM_207010","ENSMUSG00000034912","Mdga2","6720489L24Rik|9330209L04Rik|Adp|Mamdc1","MAM domain containing glycosylphosphatidylinositol anchor 2","protein-coding"]
[13387,"Peak_13543",0.364922566381189,0.336798614973211,-0.0281239514079777,4.44840142140017,"NO","NO","NO",0.452771348178072,0.492430145826043,0.938976579715672,0.978680603583146,0.907770288441522,0.999908874757857,"chr12",71328321,71328719,"+",0,"NA","promoter-TSS (NR_045174)","promoter-TSS (NR_045174)",150,"NM_133198",110095,"Mm.256926","NM_133198","ENSMUSG00000021069","Pygl","-","liver glycogen phosphorylase","protein-coding"]
[13493,"Peak_13649",0.527701977827979,0.227351119451401,-0.300350858376578,3.59217671794822,"NO","NO","NO",0.341777709104342,0.69219374640876,0.405729524161209,0.968568173946279,0.953739544357954,0.999908874757857,"chr12",73830141,73830539,"+",0,"NA","Intergenic","Intergenic",-31858,"NM_008910",19042,"Mm.261045","NM_008910","ENSMUSG00000021096","Ppm1a","2310003C21Rik|2900017D14Rik|AI427932|AU017636|MMPa-2|MPPa-1","protein phosphatase 1A, magnesium dependent, alpha isoform","protein-coding"]
[13569,"Peak_13725",-0.195852529886732,-0.330142391640463,-0.134289861753731,2.74861054873628,"NO","NO","NO",0.806042445615394,0.68196488838482,0.8323422948692,0.996451548154072,0.951990644456584,0.999908874757857,"chr12",75549722,75550120,"+",0,"NA","Intergenic","Intergenic",151460,"NM_198866",386753,"Mm.341686","NM_198866","ENSMUSG00000029878","Dbpht2","Spot2","DNA binding protein with his-thr domain","protein-coding"]
[13630,"Peak_13788",0.156415581523209,-0.367463767682839,-0.523879349206048,2.87781970534566,"NO","NO","NO",0.821495376973014,0.613960629365785,0.301617323813694,0.996451548154072,0.937623945057562,0.999908874757857,"chr12",77615769,77616167,"+",0,"NA","Intergenic","Intergenic",18231,"NR_039597",100628604,null,"NR_039597","ENSMUSG00000092738","Mir5135","mir-5135|mmu-mir-5135|mu-mir-5135","microRNA 5135","ncRNA"]
[13687,"Peak_13845",0.154859300865283,0.472700240018949,0.317840939153666,5.89964733956154,"NO","NO","NO",0.717640737617618,0.269015744353867,0.408854057220208,0.995739075798108,0.816881674206077,0.999908874757857,"chr12",79327411,79327809,"+",0,"NA","promoter-TSS (NM_145965)","promoter-TSS (NM_145965)",-32,"NM_172952",268566,"Mm.341742","NM_145965","ENSMUSG00000047454","Gphn","5730552E08Rik|AI662856|BC027112|C230040D23|GPH|GPHRYN|geph","gephyrin","protein-coding"]
[13744,"Peak_13902",-0.579038107760522,-1.19233849857231,-0.613300390811792,3.56437719496669,"NO","NO","NO",0.218238035360783,0.0172553827396824,0.102548474338007,0.954504329026433,0.440440203330891,0.999908874757857,"chr12",80997126,80997524,"+",0,"NA","Intergenic","Intergenic",28395,"NR_131075",77290,"Mm.395042","NR_131073",null,"9430078K24Rik","-","RIKEN cDNA 9430078K24 gene","ncRNA"]
[13805,"Peak_13964",-0.276238932439195,0.168646283984593,0.444885216423787,2.19309960354429,"NO","NO","NO",0.753431538389166,0.844450766730635,0.433366179225845,0.996329209905869,0.977494282942532,0.999908874757857,"chr12",82162382,82162780,"+",0,"NA","intron (NM_022316, intron 1 of 12)","Lx8|LINE|L1",34786,"NM_022316",64075,"Mm.273295","NM_022316","ENSMUSG00000021136","Smoc1","2600002F22Rik|AI848508|SRG","SPARC related modular calcium binding 1","protein-coding"]
[13846,"Peak_14005",-0.513097109908036,-1.481182010453,-0.968084900544962,4.83968509476147,"NO","DOWN","NO",0.149287011354016,{"v":9.08551289318607e-05,"d":"9.09E-05"},2.21034613932539E-3,0.943529907756132,0.0513538691916963,0.999908874757857,"chr12",83318056,83318454,"+",0,"NA","intron (NM_001167983, intron 1 of 23)","intron (NM_001167983, intron 1 of 23)",47252,"NM_001167983",217692,"Mm.261333","NM_172579","ENSMUSG00000042700","Sipa1l1","4931426N11Rik|AW213287|Spar|mKIAA0440","signal-induced proliferation-associated 1 like 1","protein-coding"]
[13920,"Peak_14080",-0.875323710468128,-0.186425875266499,0.688897835201628,2.52295390779106,"NO","NO","NO",0.30649859768516,0.822275025308572,0.316223407119467,0.959925552157071,0.973755780922229,0.999908874757857,"chr12",85502710,85503108,"+",0,"NA","intron (NM_001163501, intron 4 of 12)","intron (NM_001163501, intron 4 of 12)",-13470,"NM_027438",70481,"Mm.444348","NM_027438","ENSMUSG00000054383","Pnma1","5730402C15Rik","paraneoplastic antigen MA1","protein-coding"]
[13981,"Peak_14142",-0.143989057304782,-0.0956459519224176,0.0483431053823641,3.1865639082819,"NO","NO","NO",0.814690266527931,0.877421403616128,0.910589732413538,0.996451548154072,0.98216811832758,0.999908874757857,"chr12",86597118,86597516,"+",0,"NA","intron (NM_001304475, intron 5 of 11)","MER44B|DNA|MER2_type",-10382,"NR_105903",102466769,null,"NR_105903","ENSMUSG00000098263","Mir6938","Gm27519|mmu-mir-6938","microRNA 6938","ncRNA"]
[14038,"Peak_14199",-0.343918134821736,-1.18718079339078,-0.843262658569047,3.98340586629526,"NO","DOWN","NO",0.4154616541602,0.00906334874718739,0.0128526542705083,0.97715903182755,0.358285852683292,0.999908874757857,"chr12",87781972,87782370,"+",0,"NA","intron (NM_011934, intron 1 of 6)","intron (NM_011934, intron 1 of 6)",19577,"NM_011934",26380,"Mm.235550","NM_011934","ENSMUSG00000021255","Esrrb","Err2|Errb|Estrrb|Nr3b2","estrogen related receptor, beta","protein-coding"]
[14099,"Peak_14261",-0.426649555628721,-0.793398945240254,-0.366749389611533,2.49481991422055,"NO","NO","NO",0.621041203450008,0.367285991621961,0.612402275268183,0.991041928495315,0.865412665233945,0.999908874757857,"chr12",89658550,89658948,"+",0,"NA","intron (NM_028105, intron 4 of 10)","intron (NM_028105, intron 4 of 10)",-42982,"NR_045888",71818,"Mm.490789","NR_045888",null,"3200001D21Rik","-","RIKEN cDNA 3200001D21 gene","ncRNA"]
[14151,"Peak_14315",0.279142009461405,0.251755755238372,-0.0273862542230329,5.82783890714322,"NO","NO","NO",0.482274758839052,0.528042532435434,0.937680892030532,0.982019199923438,0.917089798657978,0.999908874757857,"chr12",92826635,92827033,"+",0,"NA","intron (NM_175335, intron 1 of 8)","CpG",1255,"NM_031391",83602,"Mm.275728","NM_031391","ENSMUSG00000020962","Gtf2a1","6330549H03Rik|AA536742|AA959775|AW060250|TfIIAa/b|Tfiia1","general transcription factor II A, 1","protein-coding"]
[14214,"Peak_14378",-0.552457669148784,-0.75873240145431,-0.206274732305526,5.08749627361351,"NO","NO","NO",0.141142271822098,0.0463040546823446,0.529199139753798,0.940259522203844,0.564091951081203,0.999908874757857,"chr12",100322341,100322739,"+",0,"NA","Intergenic","Intergenic",78478,"NR_038130",67639,"Mm.87374","NR_038130",null,"4930474N09Rik","-","RIKEN cDNA 4930474N09 gene","ncRNA"]
[14275,"Peak_14439",0.913344900467931,0.872812833881036,-0.0405320665868951,4.02454947098772,"NO","NO","NO",0.137327036032847,0.159100478320079,0.926618339266252,0.936664239942381,0.733826206677645,0.999908874757857,"chr12",101576116,101576514,"+",0,"NA","intron (NM_001033213, intron 17 of 19)","intron (NM_001033213, intron 17 of 19)",61496,"NR_045741",100038713,"Mm.470751","NR_045741",null,"Gm10432","ENSMUSG00000072882","predicted gene 10432","ncRNA"]
[14332,"Peak_14497",-1.23932496007158,-1.02111330815069,0.218211651920898,3.37567433840437,"NO","NO","NO",0.0164372610887553,0.0474109770990215,0.601939326382303,0.81152241801114,0.568760108453893,0.999908874757857,"chr12",103480306,103480704,"+",0,"NA","intron (NM_172152, intron 12 of 16)","intron (NM_172152, intron 12 of 16)",-40779,"NM_177620",217835,"Mm.24145","NM_177620","ENSMUSG00000044456","Rin3","6430500K07|C86933","Ras and Rab interactor 3","protein-coding"]
[14452,"Peak_14617",-0.429937751320278,-0.332967877134088,0.0969698741861899,3.97866532780532,"NO","NO","NO",0.354623500173333,0.475835122123858,0.783672526736364,0.970570941478962,0.903381044487327,0.999908874757857,"chr12",106241011,106241409,"+",0,"NA","intron (NM_172500, intron 1 of 16)","intron (NM_172500, intron 1 of 16)",-4323,"NM_001042699",212073,"Mm.212688","NM_172500","ENSMUSG00000054150","Syne3","nesprin-3","spectrin repeat containing, nuclear envelope family member 3","protein-coding"]
[14520,"Peak_14685",0.267519995264941,-0.253447537286255,-0.520967532551196,3.43334531795742,"NO","NO","NO",0.644790743119341,0.677204626294609,0.218717174206075,0.992128801173048,0.951047438717551,0.999908874757857,"chr12",108294784,108295182,"+",0,"NA","Intergenic","Intergenic",-340449,"NR_015512",71033,"Mm.159404","NR_015512","ENSMUSG00000085820","4933406K04Rik","4930426M03Rik|4930485I22Rik|4933427G14Rik","RIKEN cDNA 4933406K04 gene","ncRNA"]
[14571,"Peak_14736",-0.239351993260268,0.156861653955218,0.396213647215486,2.90983028497505,"NO","NO","NO",0.728289623859479,0.816642802502436,0.39517725742661,0.995739075798108,0.972953252326101,0.999908874757857,"chr12",109463989,109464387,"+",0,"NA","intron (NM_001159910, intron 1 of 5)","intron (NM_001159910, intron 1 of 5)",46240,"NM_009832",12454,"Mm.474441","NM_009832","ENSMUSG00000021258","Ccnk","AW123198|AW413594|CPR4|CycK","cyclin K","protein-coding"]
[14632,"Peak_14797",-0.582286031544082,-0.0799534040690372,0.502332627475045,4.72306746294256,"NO","NO","NO",0.197940913701288,0.857736353951438,0.189858007980693,0.953494236567625,0.978257628491642,0.999908874757857,"chr12",110306151,110306549,"+",0,"NA","promoter-TSS (NM_001163175)","promoter-TSS (NM_001163175)",77,"NM_001163175",380785,"Mm.342085","NM_001163175","ENSMUSG00000040867","Begain","BM948371|Gm897","brain-enriched guanylate kinase-associated","protein-coding"]
[14689,"Peak_14854",-0.31982591010249,-0.247887404311025,0.0719385057914646,5.30940250720151,"NO","NO","NO",0.477959788121211,0.583751352591671,0.859045404143008,0.981648566820123,0.929392239935588,0.999908874757857,"chr12",112083309,112083707,"+",0,"NA","Intergenic","Intergenic",-4359,"NM_011973",26448,"Mm.140948","NM_011973","ENSMUSG00000056458","Mok","RAGE1|Rage|Stk30","MOK protein kinase","protein-coding"]
[14746,"Peak_14911",0.931513470834128,1.08776090619059,0.156247435356464,3.01489594576997,"NO","NO","NO",0.257844390284809,0.182446450963647,0.765741569872423,0.9584185922148,0.756069169354527,0.999908874757857,"chr12",112891662,112892060,"+",0,"NA","intron (NM_021516, intron 16 of 16)","intron (NM_021516, intron 16 of 16)",18688,"NM_021273",12709,"Mm.16831","NM_021273","ENSMUSG00000001270","Ckb","B-CK|Bck|Ck-3|Ck3|Ckbb","creatine kinase, brain","protein-coding"]
[14807,"Peak_14972",0.076577358961842,0.198977857220069,0.122400498258227,2.51506175684909,"NO","NO","NO",0.938235148603686,0.836674694146865,0.874033595227755,0.997839094325673,0.976825484662134,0.999908874757857,"chr12",113696141,113696539,"+",0,"NA","Intergenic","Intergenic",-22791,"NR_045950",100126692,"Mm.372896","NR_045950",null,"B020018J22Rik","-","Riken cDNA B020018J22 gene","ncRNA"]
[14873,"Peak_15038",-0.164976618831128,0.119602715611586,0.284579334442714,3.84657460572749,"NO","NO","NO",0.750691129954023,0.815933530589284,0.451445214107694,0.996012642254204,0.972884254745073,0.999908874757857,"chr12",114458694,114459092,"+",0,"NA","Intergenic","Intergenic",34779,"NM_153776",69195,"Mm.313244","NM_153776","ENSMUSG00000049036","Tmem121","2410008J05Rik|Hole","transmembrane protein 121","protein-coding"]
[14926,"Peak_15091",2.09263594344553,1.84969055130027,-0.242945392145262,2.97042846847559,"NO","NO","NO",0.0223694731945681,0.050344193973786,0.604720847982639,0.82435590509827,0.577610514096666,0.999908874757857,"chr12",118975477,118975875,"+",0,"NA","intron (NM_175930, intron 22 of 27)","intron (NM_175930, intron 22 of 27)",-106658,"NM_146040",217946,"Mm.281149","NM_146040","ENSMUSG00000021175","Cdca7l","BC006933|JPO2","cell division cycle associated 7 like","protein-coding"]
[14983,"Peak_15148",0.144793697914145,-0.249811572510091,-0.394605270424236,4.73335019285016,"NO","NO","NO",0.752837307537328,0.595009036018431,0.310359759391998,0.996127103900574,0.932547114635525,0.999908874757857,"chr13",3633274,3633672,"+",0,"NA","intron (NM_001267724, intron 1 of 3)","CpG",195,"NM_178283",142688,"Mm.253061","NM_178283","ENSMUSG00000033781","Asb13","2210015B19Rik|6430573K02Rik|Asb-13|C85285","ankyrin repeat and SOCS box-containing 13","protein-coding"]
[15040,"Peak_15206",2.17429875562866,3.13641322852808,0.962114472899425,2.75488205485286,"NO","UP","NO",0.0687822098125601,0.0038835892539584,0.0523178411691364,0.907934971210637,0.264807362082607,0.999908874757857,"chr13",8784469,8784867,"+",0,"NA","Intergenic","Intergenic",85622,"NM_172445",207615,"Mm.284654","NM_172445","ENSMUSG00000021147","Wdr37","-","WD repeat domain 37","protein-coding"]
[15101,"Peak_15267",0.531393830936711,0.942379394471568,0.410985563534857,2.82345345663192,"NO","NO","NO",0.525101336314555,0.247169108752553,0.432885852144067,0.986560252091199,0.803997249552138,0.999908874757857,"chr13",13573337,13573735,"+",0,"NA","intron (NM_010917, intron 7 of 19)","intron (NM_010917, intron 7 of 19)",43667,"NM_010917",18073,"Mm.4691","NM_010917","ENSMUSG00000005397","Nid1","A630025O17|Nid|entactin|entactin-1|nidogen-1","nidogen 1","protein-coding"]
[15178,"Peak_15345",0.239049368288782,-0.0966881792131861,-0.335737547501968,4.49949836828758,"NO","NO","NO",0.566271054437165,0.822146034120497,0.277898425818144,0.989871165956955,0.973755780922229,0.999908874757857,"chr13",18959937,18960335,"+",0,"NA","Intergenic","Intergenic",-80084,"NM_001289546",218038,"Mm.101650","NM_175007","ENSMUSG00000021314","Amph","-","amphiphysin","protein-coding"]
[15279,"Peak_15447",-0.112833071782322,-0.270721399236651,-0.15788832745433,5.68724333569953,"NO","NO","NO",0.76542770080013,0.478184455504296,0.638619061031957,0.996451548154072,0.904034452723071,0.999908874757857,"chr13",22134724,22135122,"+",0,"NA","promoter-TSS (NM_178186)","promoter-TSS (NM_178186)",-105,"NM_178186",319167,"Mm.263165","NM_178186","ENSMUSG00000069301","Hist1h2ag","-","histone cluster 1, H2ag","protein-coding"]
[15340,"Peak_15508",0.385610577330604,0.39143697436771,0.0058263970371062,3.24974719063822,"NO","NO","NO",0.545351698749164,0.543203081411295,0.988558501949601,0.988113766393189,0.920370220099845,0.999908874757857,"chr13",24204784,24205182,"+",0,"NA","intron (NM_026825, intron 13 of 37)","intron (NM_026825, intron 13 of 37)",-121900,"NM_145399",214189,"Mm.255667","NM_145399","ENSMUSG00000021337","Scgn","-","secretagogin, EF-hand calcium binding protein","protein-coding"]
[15397,"Peak_15565",0.495498246678728,1.50939974766573,1.01390150098701,2.72361528805548,"NO","NO","NO",0.592112839429555,0.0783962321001888,0.0539609734087237,0.990629663238998,0.638435074418631,0.999908874757857,"chr13",26246937,26247335,"+",0,"NA","Intergenic","Intergenic",157139,"NR_045933",73576,"Mm.45473","NR_045933",null,"1700092E19Rik","-","RIKEN cDNA 1700092E19 gene","ncRNA"]
[15458,"Peak_15627",0.590511278989948,0.196115423851671,-0.394395855138278,3.73524721329132,"NO","NO","NO",0.261997830373337,0.721522746706235,0.254040545034517,0.9588558369918,0.958837463567454,0.999908874757857,"chr13",29956467,29956865,"+",0,"NA","Intergenic","Intergenic",-9124,"NM_144536",68916,"Mm.212227","NM_144536","ENSMUSG00000006191","Cdkal1","1190005B03Rik|6620401C13Rik","CDK5 regulatory subunit associated protein 1-like 1","protein-coding"]
[15483,"Peak_15652",-0.60153921083572,-0.268677112107924,0.332862098727795,5.00719575559282,"NO","NO","NO",0.13551447407596,0.503341912325074,0.333866433096403,0.936664239942381,0.909766740906097,0.999908874757857,"chr13",30751766,30752164,"+",0,"NA","promoter-TSS (NM_001037955)","promoter-TSS (NM_001037955)",37,"NM_134068",105352,"Mm.289646","NM_134068","ENSMUSG00000069255","Dusp22","JKAP|JSP1|LMW-DSP2|MKPX","dual specificity phosphatase 22","protein-coding"]
[15573,"Peak_15742",0.670936796077513,0.538505086346633,-0.13243170973088,3.21793951139987,"NO","NO","NO",0.308066433475255,0.423062751464355,0.746345148776107,0.959925552157071,0.886256138720541,0.999908874757857,"chr13",32958335,32958733,"+",0,"NA","Intergenic","MLT-int|LTR|MaLR",-15480,"NM_025429",66222,"Mm.20144","NM_025429","ENSMUSG00000044734","Serpinb1a","1190005M04Rik|AI325983|EI|EIA|ELANH2|LEI|M/NEI|MNEI|PI2","serine (or cysteine) peptidase inhibitor, clade B, member 1a","protein-coding"]
[15634,"Peak_15803",-0.140655230707933,0.0119611114610684,0.152616342169001,5.57538011791058,"NO","NO","NO",0.718555238296191,0.975601324301341,0.654889503852843,0.995739075798108,0.996343923575083,0.999908874757857,"chr13",35085839,35086237,"+",0,"NA","promoter-TSS (NM_011868)","promoter-TSS (NM_011868)",-25,"NM_011868",23986,"Mm.491141","NM_011868","ENSMUSG00000021417","Eci2","Acbd2|Drs1|Hca88|Peci","enoyl-Coenzyme A delta isomerase 2","protein-coding"]
[15691,"Peak_15860",0.648805250466456,0.603978361524161,-0.0448268889422946,2.71526386217751,"NO","NO","NO",0.423842157102585,0.462714722265282,0.929614529888053,0.977408255892978,0.898855065393609,0.999908874757857,"chr13",37606084,37606482,"+",0,"NA","Intergenic","Intergenic",169069,"NM_010745",17084,"Mm.2639","NM_010745","ENSMUSG00000021423","Ly86","MD-1|MD1|ly86_tv2","lymphocyte antigen 86","protein-coding"]
[15748,"Peak_15917",-0.0217940991771972,0.127749122325421,0.149543221502618,5.24550819841601,"NO","NO","NO",0.957542493884065,0.754965681631975,0.663399866549871,0.998209823724761,0.964122341994147,0.999908874757857,"chr13",38726506,38726904,"+",0,"NA","intron (NM_139063, intron 1 of 4)","CpG",273,"NM_139063",17828,"Mm.261554","NM_139063","ENSMUSG00000038982","Bloc1s5","1810074A19Rik|Muted|mu","biogenesis of lysosomal organelles complex-1, subunit 5, muted","protein-coding"]
[15809,"Peak_15978",-0.182880406507988,-0.635533824951265,-0.452653418443276,4.38535187652967,"NO","NO","NO",0.705036294140223,0.200892201222959,0.273225921285368,0.995224468969567,0.772158170421121,0.999908874757857,"chr13",41551671,41552069,"+",0,"NA","intron (NM_001111324, intron 1 of 7)","intron (NM_001111324, intron 1 of 7)",30859,"NM_001111324",18003,"Mm.288980","NM_017464","ENSMUSG00000021365","Nedd9","Cas-L|CasL|HEF1|MEF1|Nedd-9|p105","neural precursor cell expressed, developmentally down-regulated gene 9","protein-coding"]
[15900,"Peak_16069",0.943844960537295,0.274413661744678,-0.669431298792617,2.7445700752281,"NO","NO","NO",0.243106169878586,0.74862957453137,0.209436463924317,0.957177893700462,0.963484153891751,0.999908874757857,"chr13",43678387,43678785,"+",0,"NA","Intergenic","Intergenic",-23026,"NM_001081059",76137,"Mm.426290","NM_001081059","ENSMUSG00000021371","Mcur1","6230416A05Rik|AU015498|AV136929|AW554392|C88263|Ccdc90a","mitochondrial calcium uniporter regulator 1","protein-coding"]
[15928,"Peak_16098",-0.364452897233976,-0.480476734079018,-0.116023836845042,3.20021348560336,"NO","NO","NO",0.531583239455681,0.420140225445597,0.788480053259296,0.987425270131684,0.884826181575606,0.999908874757857,"chr13",44451084,44451482,"+",0,"NA","Intergenic","MER58B|DNA|MER1_type",-83813,"NR_045489",69491,"Mm.392410","NR_045489","ENSMUSG00000098144","1700029N11Rik","-","RIKEN cDNA 1700029N11 gene","ncRNA"]
[15985,"Peak_16157",0.0439508331395276,-0.378001119721637,-0.421951952861164,3.43330545758107,"NO","NO","NO",0.938678799902063,0.527761318654642,0.324598322623197,0.997839094325673,0.916947402832004,0.999908874757857,"chr13",46015390,46015788,"+",0,"NA","intron (NM_009124, intron 2 of 7)","intron (NM_009124, intron 2 of 7)",44771,"NM_001199305",20238,"Mm.342683","NM_009124","ENSMUSG00000046876","Atxn1","2900016G23Rik|Atx1|C85907|ENSMUSG00000074917|Gm10786|Sca1","ataxin 1","protein-coding"]
[16042,"Peak_16216",0.356786399221171,0.419641855426438,0.0628554562052666,2.52464391256249,"NO","NO","NO",0.679008470240842,0.626422403143624,0.911405788904629,0.993744595008032,0.941209145199133,0.999908874757857,"chr13",47333537,47333935,"+",0,"NA","intron (NM_001170643, intron 5 of 7)","intron (NM_001170643, intron 5 of 7)",44364,"NM_001170643",218215,"Mm.287609","NM_146042","ENSMUSG00000038068","Rnf144b","BC025007|E130105P19Rik|Ibrdc2|Pir2","ring finger protein 144B","protein-coding"]
[16103,"Peak_16278",0.0567563130461762,0.195848150040476,0.1390918369943,4.29914350203868,"NO","NO","NO",0.897053088250723,0.655757586870991,0.653019917412287,0.996973210433674,0.946999899724088,0.999908874757857,"chr13",49110644,49111042,"+",0,"NA","Intergenic","Intergenic",47362,"NR_015601",68128,"Mm.426304","NR_015601",null,"Fam120aos","C030044B11Rik","family with sequence similarity 120A, opposite strand","ncRNA"]
[16205,"Peak_16382",0.182682786827079,-0.160946935934672,-0.343629722761751,3.56837835565209,"NO","NO","NO",0.748570493088524,0.785234369720279,0.414371399750631,0.996012642254204,0.969286999778661,0.999908874757857,"chr13",52132426,52132824,"+",0,"NA","Intergenic","Tigger7|DNA|MER2_type",-59485,"NR_045061",74050,"Mm.84860","NR_045061",null,"4921525O09Rik","-","RIKEN cDNA 4921525O09 gene","ncRNA"]
[16285,"Peak_16462",-0.0722417200413366,-0.231881009237943,-0.159639289196606,3.63590541775177,"NO","NO","NO",0.895412885059756,0.678425437892861,0.703709684823819,0.996863137024806,0.951050453358392,0.999908874757857,"chr13",53860148,53860546,"+",0,"NA","Intergenic","Intergenic",116393,"NR_131010",75252,"Mm.401989","NR_131010",null,"4930555G21Rik","-","RIKEN cDNA 4930555G21 gene","ncRNA"]
[16342,"Peak_16519",-0.384603243449708,-0.592057641572215,-0.207454398122507,3.43230585031397,"NO","NO","NO",0.605376167181277,0.428696436281039,0.755162474390417,0.990629663238998,0.887963299693721,0.999908874757857,"chr13",55113389,55113787,"+",0,"NA","exon (NM_001206391, exon 10 of 19)","exon (NM_001206391, exon 10 of 19)",8592,"NM_001206391",212032,"Mm.267479","NM_001033245","ENSMUSG00000025877","Hk3","HK III|HK-III","hexokinase 3","protein-coding"]
[16399,"Peak_16576",-0.256673031966709,-0.605965060930718,-0.349292028964009,3.8090320592565,"NO","NO","NO",0.588875959892879,0.21808005328225,0.3350696872035,0.990149111431646,0.78323519622647,0.999908874757857,"chr13",56216747,56217145,"+",0,"NA","intron (NM_012015, intron 2 of 8)","intron (NM_012015, intron 2 of 8)",19965,"NM_001159514",26914,"Mm.283802","NM_012015","ENSMUSG00000015937","H2afy","H2AF12M|mH2a1|macroH2A1","H2A histone family, member Y","protein-coding"]
[16460,"Peak_16637",1.55780326245468,1.17403674828986,-0.383766514164817,3.34843074366888,"NO","NO","NO",0.0513950415907001,0.154415641737867,0.462689841012764,0.891904561572067,0.729104691913352,0.999908874757857,"chr13",57464039,57464437,"+",0,"NA","Intergenic","Intergenic",-467088,"NM_012035",26946,"Mm.62409","NM_012035","ENSMUSG00000021541","Trpc7","TRP7|Trrp8","transient receptor potential cation channel, subfamily C, member 7","protein-coding"]
[16510,"Peak_16688",0.608599818349029,0.733985967917097,0.125386149568068,3.65668312790999,"NO","NO","NO",0.281675582997942,0.194499309473918,0.710565069488013,0.959925552157071,0.766756112866581,0.999908874757857,"chr13",58568501,58568899,"+",0,"NA","Intergenic","Intergenic",-63996,"NM_001301341",15387,"Mm.142872","NM_025279","ENSMUSG00000021546","Hnrnpk","Hnrpk|KBBP|NOVA","heterogeneous nuclear ribonucleoprotein K","protein-coding"]
[16575,"Peak_16754",0.258122075776224,-0.0150445448009704,-0.273166620577195,3.86386734066482,"NO","NO","NO",0.600716040521534,0.976427577545901,0.425277090450484,0.990629663238998,0.996461420811234,0.999908874757857,"chr13",60152298,60152696,"+",0,"NA","intron (NR_046142, intron 1 of 2)","intron (NR_046142, intron 1 of 2)",21425,"NR_046142",328263,"Mm.123405","NR_046142",null,"A530065N20Rik","A530065N20","RIKEN cDNA A530046M15 gene","ncRNA"]
[16636,"Peak_16815",-0.153789895106074,-0.29027463637017,-0.136484741264096,3.2367260097537,"NO","NO","NO",0.798259761775411,0.6369456549057,0.756560116398866,0.996451548154072,0.94290870159391,0.999908874757857,"chr13",63148061,63148459,"+",0,"NA","intron (NM_001289924, intron 3 of 16)","intron (NM_001289924, intron 3 of 16)",82007,"NM_001289926",72061,"Mm.188105","NM_028079","ENSMUSG00000021458","2010111I01Rik","2300006M17Rik|AP-O|AW742919|Aopep|ApO|mir-23b|mir-24-1|mir-27b","RIKEN cDNA 2010111I01 gene","protein-coding"]
[16693,"Peak_16872",-0.663676579229603,-0.337922139439834,0.325754439789769,2.88461389485585,"NO","NO","NO",0.310928980729094,0.601785022865115,0.496625721229152,0.959925552157071,0.933940581775046,0.999908874757857,"chr13",64445208,64445606,"+",0,"NA","Intergenic","Intergenic",26421,"NM_009984",13039,"Mm.930","NM_009984","ENSMUSG00000021477","Ctsl","1190035F06Rik|CatL|Ctsl1|MEP|fs|nkt","cathepsin L","protein-coding"]
[16754,"Peak_16934",1.00720895977692,1.25978055810878,0.252571598331858,2.78070423876289,"NO","NO","NO",0.249724976373601,0.14595233156919,0.612885220066502,0.958074512707729,0.721502609667658,0.999908874757857,"chr13",69225495,69225893,"+",0,"NA","Intergenic","Intergenic",-87275,"NM_153534",210044,"Mm.390617","NM_153534","ENSMUSG00000021536","Adcy2","mKIAA1060","adenylate cyclase 2","protein-coding"]
[16811,"Peak_16992",0.765927969473283,1.11424269102839,0.348314721555109,2.97141212767956,"NO","NO","NO",0.329960265036872,0.149568884667879,0.449919675945514,0.964177226911449,0.725833759034452,0.999908874757857,"chr13",71260424,71260822,"+",0,"NA","Intergenic","Intergenic",14656,"NR_130325",100316804,null,"NR_130325","ENSMUSG00000080580","Mir466f-4","Mirn466f-4|mmu-mir-466f-4","microRNA 466f-4","ncRNA"]
[16863,"Peak_17045",0.394369961499032,0.211314716826256,-0.183055244672776,4.28339510099422,"NO","NO","NO",0.374714514353625,0.641828772236958,0.550937121052258,0.972397593291388,0.94389772379004,0.999908874757857,"chr13",73465560,73465958,"+",0,"NA","non-coding (NR_033306, exon 1 of 4)","non-coding (NR_033306, exon 1 of 4)",171,"NR_033306",407785,"Mm.29897","NM_010888","ENSMUSG00000021606","Ndufs6","BC059730|IP13","NADH dehydrogenase (ubiquinone) Fe-S protein 6","protein-coding"]
[16930,"Peak_17112",0.210823369603929,0.301110938207461,0.0902875686035323,3.47392855594547,"NO","NO","NO",0.714198893135032,0.602585502833805,0.810489725885931,0.995619771093658,0.934268514451372,0.999908874757857,"chr13",74776438,74776836,"+",0,"NA","promoter-TSS (NM_030711)","promoter-TSS (NM_030711)",-683,"NM_030711",80898,"Mm.83526","NM_030711","ENSMUSG00000021583","Erap1","Arts1|ERAAP|PILSA|PILSAP","endoplasmic reticulum aminopeptidase 1","protein-coding"]
[16987,"Peak_17170",1.01133805160068,0.909129616713387,-0.102208434887289,4.05589969153762,"NO","NO","NO",0.056226088700004,0.0916471678901763,0.75460075468844,0.895148662088407,0.656789315558304,0.999908874757857,"chr13",78320257,78320655,"+",0,"NA","Intergenic","C-rich|Low_complexity|Low_complexity",15254,"NM_001347538",13865,"Mm.439653","NM_010151","ENSMUSG00000069171","Nr2f1","COUP-TF1|COUP-TFI|COUPTFA|EAR-3|EAR3|Erbal3|SVP44|Tcfcoup1","nuclear receptor subfamily 2, group F, member 1","protein-coding"]
[17111,"Peak_17297",0.657903856871933,1.08340544254094,0.425501585669007,2.08470054437253,"NO","NO","NO",0.542779967358807,0.302978266381605,0.479931937961503,0.988113766393189,0.836021748414969,0.999908874757857,"chr13",91964357,91964755,"+",0,"NA","Intergenic","Intergenic",-17255,"NM_145453",69085,"Mm.52356","NM_145453","ENSMUSG00000021621","Zcchc9","1810019C21Rik","zinc finger, CCHC domain containing 9","protein-coding"]
[17168,"Peak_17355",0.0456854746860326,-0.21360267642943,-0.259288151115462,2.88137763140037,"NO","NO","NO",0.949908106167696,0.772328716044302,0.628994045964782,0.997839094325673,0.967245984471258,0.999908874757857,"chr13",94737150,94737548,"+",0,"NA","Intergenic","Intergenic",-90402,"NM_172589",218454,"Mm.316553","NM_172589","ENSMUSG00000045312","Lhfpl2","6030465B15|AI447312|AW050335|mKIAA0206|vgim","lipoma HMGIC fusion partner-like 2","protein-coding"]
[17232,"Peak_17420",-0.515480602907757,-0.454769441276583,0.0607111616311742,5.56983837183622,"NO","NO","NO",0.157796974593018,0.21402313799307,0.851523317789535,0.946018408529558,0.781157159341726,0.999908874757857,"chr13",96388164,96388562,"+",0,"NA","promoter-TSS (NM_010169)","promoter-TSS (NM_010169)",25,"NM_010169",14062,"Mm.24816","NM_010169","ENSMUSG00000048376","F2r","AI482343|Cf2r|Par1|ThrR","coagulation factor II (thrombin) receptor","protein-coding"]
[17287,"Peak_17475",0.0924341777034214,-0.0626977919049274,-0.155131969608349,3.1258496124048,"NO","NO","NO",0.889094237253832,0.926113623130836,0.746838702208712,0.996451548154072,0.988729626521456,0.999908874757857,"chr13",98408556,98408954,"+",0,"NA","Intergenic","Intergenic",78800,"NR_046157",328314,"Mm.138047","NR_046157","ENSMUSG00000110235","Gm5086","B230311A21|EG328314","predicted gene 5086","ncRNA"]
[17344,"Peak_17533",-0.238608444975769,-0.172683934091433,0.0659245108843365,2.95540018727548,"NO","NO","NO",0.721301145112309,0.79805760625952,0.891151338773952,0.995739075798108,0.970171577815851,0.999908874757857,"chr13",99717862,99718260,"+",0,"NA","Intergenic","Intergenic",-21722,"NM_178716",238799,"Mm.173286","NM_178716","ENSMUSG00000009470","Tnpo1","AU021749|D13Ertd688e|IPO2|Kpnb2|MIP|MIP1|TRN","transportin 1","protein-coding"]
[17401,"Peak_17590",0.14765834454524,0.404470953924032,0.256812609378792,3.33058885790159,"NO","NO","NO",0.809302745687698,0.505249824334053,0.51676794256793,0.996451548154072,0.910434080970809,0.999908874757857,"chr13",101617024,101617422,"+",0,"NA","Intergenic","Intergenic",-13841,"NM_022885",69048,"Mm.402215","NM_022885","ENSMUSG00000021629","Slc30a5","1810010K08Rik|AF233321|ZNT5|ZTL1|ZnT-5|Zntl1","solute carrier family 30 (zinc transporter), member 5","protein-coding"]
[17462,"Peak_17652",0.210756779274657,0.228164644146936,0.0174078648722792,2.68532409604979,"NO","NO","NO",0.786147853424452,0.771129153916042,0.973107176729928,0.996451548154072,0.967048748104956,0.999908874757857,"chr13",103976604,103977002,"+",0,"NA","intron (NM_175171, intron 1 of 28)","intron (NM_175171, intron 1 of 28)",147769,"NM_175171",328329,"Mm.202606","NM_175171","ENSMUSG00000034751","Mast4","4930420O11Rik|AI642422|mKIAA0303","microtubule associated serine/threonine kinase family member 4","protein-coding"]
[17519,"Peak_17710",-0.599841620902542,-0.265833015166466,0.334008605736077,4.97943262362244,"NO","NO","NO",0.108846449599333,0.473513138393415,0.277674217223756,0.921787000934067,0.902184050568954,0.999908874757857,"chr13",105844411,105844809,"+",0,"NA","5' UTR (NM_029879, exon 1 of 6)","5' UTR (NM_029879, exon 1 of 6)",400,"NM_029879",52882,"Mm.100348","NM_029879","ENSMUSG00000021719","Rgs7bp","A930030I01Rik|AI842293|D13Bwg1146e|R7bp","regulator of G-protein signalling 7 binding protein","protein-coding"]
[17585,"Peak_17777",0.209436926593096,0.504152475278722,0.294715548685626,5.55691657581478,"NO","NO","NO",0.618349135241519,0.230240583552468,0.415034194190698,0.990663437643175,0.792555678946847,0.999908874757857,"chr13",109106373,109106771,"+",0,"NA","promoter-TSS (NM_178683)","promoter-TSS (NM_178683)",41,"NM_178683",218581,"Mm.32318","NM_178683","ENSMUSG00000021697","Depdc1b","9830132O03|AW260467|XTP1","DEP domain containing 1B","protein-coding"]
[17638,"Peak_17833",-0.215352369754744,0.212531800954701,0.427884170709445,3.438828117858,"NO","NO","NO",0.742928621523005,0.742226404482934,0.392187265788869,0.995754237914056,0.962907228185131,0.999908874757857,"chr13",111643215,111643613,"+",0,"NA","Intergenic","Intergenic",-50293,"NR_131193",75139,"Mm.490931","NR_131193",null,"Gm38397","-","predicted gene, 38397","ncRNA"]
[17695,"Peak_17890",-0.338109470722676,-1.3874764154007,-1.04936694467802,3.06939700527306,"NO","NO","NO",0.554875961552647,0.0270465841225796,0.0257084926537743,0.988691442796856,0.498220038456987,0.999908874757857,"chr13",113612700,113613098,"+",0,"NA","intron (NM_008903, intron 1 of 5)","RMER17C|LTR|ERVK",21914,"NM_008903",19012,"Mm.291029","NM_008247","ENSMUSG00000021759","Plpp1","Hic53|Hpic53|LPP-1|LPP1|PAP-2a|PAP2-alpha|PAP2a|Ppap2a|mPAP","phospholipid phosphatase 1","protein-coding"]
[17756,"Peak_17953",-0.401035430530572,-1.06041877836241,-0.659383347831838,3.24948603623586,"NO","NO","NO",0.473677064751315,0.0746685629236732,0.140791941589149,0.981193263020528,0.631709383426695,0.999908874757857,"chr13",115713516,115713914,"+",0,"NA","intron (NM_008396, intron 1 of 29)","intron (NM_008396, intron 1 of 29)",8534,"NM_008396",16398,"Mm.5007","NM_008396","ENSMUSG00000015533","Itga2","CD49B|DX5","integrin alpha 2","protein-coding"]
[17813,"Peak_18010",0.171109109056272,-0.14434655272312,-0.315455661779392,3.9945730240847,"NO","NO","NO",0.716516024672322,0.767359857568082,0.348141994443569,0.995739075798108,0.965994194190917,0.999908874757857,"chr13",119675451,119675849,"+",0,"NA","Intergenic","Intergenic",172144,"NM_008002",14165,"Mm.317323","NM_008002","ENSMUSG00000021732","Fgf10","AEY17|BB213776|Fgf-10|Gsfaey17","fibroblast growth factor 10","protein-coding"]
[17890,"Peak_18088",-0.644666631324744,-0.853757905000769,-0.209091273676025,1.93199428471468,"NO","NO","NO",0.4991635388311,0.378153988783718,0.788556489258026,0.984239530329956,0.871094426858422,0.999908874757857,"chr14",9785345,9785743,"+",0,"NA","Intergenic","Intergenic",286640,"NR_045968",74859,"Mm.84041","NR_045968","ENSMUSG00000097898","4930455B14Rik","1700027C12Rik","RIKEN cDNA 4930455B14 gene","ncRNA"]
[17995,"Peak_18193",0.66493197133618,0.462700614647681,-0.202231356688499,2.96680651053316,"NO","NO","NO",0.356354071935251,0.532485160273251,0.653762579601301,0.971106104672636,0.917848271738781,0.999908874757857,"chr14",16810834,16811232,"+",0,"NA","Intergenic","Intergenic",-270795,"NM_021504",59007,"Mm.258381","NM_021504","ENSMUSG00000021785","Ngly1","1110002C09Rik|PNGase|Png1","N-glycanase 1","protein-coding"]
[18052,"Peak_18250",-0.531896607536753,-0.319581975590316,0.212314631946437,2.18863981077892,"NO","NO","NO",0.533706989343479,0.70909292660907,0.730722840150857,0.987807576005051,0.956123196725598,0.999908874757857,"chr14",19817541,19817939,"+",0,"NA","Intergenic","Intergenic",-91599,"NM_144839",218793,"Mm.23551","NM_144839","ENSMUSG00000058317","Ube2e2","BC016265","ubiquitin-conjugating enzyme E2E 2","protein-coding"]
[18113,"Peak_18311",0.502625677778372,-0.307427606516074,-0.810053284294446,3.78982223009962,"NO","NO","NO",0.330548304239447,0.578492548384162,0.0313480470343492,0.964186919392087,0.92849016578635,0.999908874757857,"chr14",21704372,21704770,"+",0,"NA","Intergenic","Intergenic",-44084,"NM_009502",22330,"Mm.279361","NM_009502","ENSMUSG00000021823","Vcl","9430097D22|AA571387|AI462105|AW545629","vinculin","protein-coding"]
[18170,"Peak_18369",0.774807044353778,0.942131153171557,0.167324108817778,4.09688649954337,"NO","NO","NO",0.208768141066586,0.125455829450769,0.714527292670767,0.953494236567625,0.701822495053653,0.999908874757857,"chr14",23174250,23174648,"+",0,"NA","intron (NM_028275, intron 2 of 6)","intron (NM_028275, intron 2 of 6)",187571,"NR_046307",74896,"Mm.444661","NR_046307",null,"4930405A10Rik","4930456G20Rik","RIKEN cDNA 4930405A10 gene","ncRNA"]
[18195,"Peak_18394",-1.01765713992224,-0.858125624152146,0.159531515770094,3.47849063358962,"NO","NO","NO",0.124427596974452,0.194271506635735,0.787254673551599,0.931271014344117,0.766663326897368,0.999908874757857,"chr14",24508782,24509180,"+",0,"NA","intron (NM_001253374, intron 1 of 28)","intron (NM_001253374, intron 1 of 28)",314446,"NM_001253373",16531,"Mm.343607","NM_010610","ENSMUSG00000063142","Kcnma1","5730414M22Rik|BKCa|MaxiK|Slo|Slo1|mSlo|mSlo1","potassium large conductance calcium-activated channel, subfamily M, alpha member 1","protein-coding"]
[18289,"Peak_18488",0.694040535437884,0.701933450182374,0.00789291474448992,4.6853420816689,"NO","NO","NO",0.10177625486828,0.100503476355393,0.978100966362823,0.917104358205997,0.668115341219034,0.999908874757857,"chr14",26308880,26309278,"+",0,"NA","intron (NM_183208, intron 1 of 23)","intron (NM_183208, intron 1 of 23)",30408,"NM_183208",328365,"Mm.227484","NM_183208","ENSMUSG00000007817","Zmiz1","BC065120|E330020C23|ENSMUSG00000072684|Gm10397|I920194n01|Rai17|Zimp10","zinc finger, MIZ-type containing 1","protein-coding"]
[18346,"Peak_18545",-0.740821831300978,-0.601196972830271,0.139624858470708,3.77692208271328,"NO","NO","NO",0.136636687134152,0.228011014334609,0.725300405594063,0.936664239942381,0.791175128709171,0.999908874757857,"chr14",27900772,27901170,"+",0,"NA","intron (NM_134437, intron 4 of 12)","intron (NM_134437, intron 4 of 12)",48784,"NM_134437",171463,"Mm.206726","NM_027265","ENSMUSG00000040717","Il17rd","2810004A10Rik|AI428510|Sef|Sef-S","interleukin 17 receptor D","protein-coding"]
[18407,"Peak_18607",0.936506411893144,0.699022199851584,-0.23748421204156,2.90065825071289,"NO","NO","NO",0.25278375251911,0.40514474914355,0.654812652766011,0.958074512707729,0.879980394563206,0.999908874757857,"chr14",29950466,29950864,"+",0,"NA","intron (NM_009785, intron 13 of 37)","intron (NM_009785, intron 13 of 37)",119271,"NM_176920",319476,"Mm.95780","NM_176920","ENSMUSG00000045776","Lrtm1","A930016D02Rik","leucine-rich repeats and transmembrane domains 1","protein-coding"]
[18464,"Peak_18664",0.511466474324633,1.11317521967729,0.601708745352658,3.18090419619789,"NO","NO","NO",0.499854902323248,0.126838338944227,0.208030328322899,0.984397935440084,0.703097083669243,0.999908874757857,"chr14",31480751,31481149,"+",0,"NA","intron (NM_177815, intron 6 of 12)","intron (NM_177815, intron 6 of 12)",13389,"NM_177815",328370,"Mm.259657","NM_177815","ENSMUSG00000052395","Rft1","D930025H04","RFT1 homolog","protein-coding"]
[18521,"Peak_18721",-0.0337945446969596,-0.465278093321717,-0.431483548624757,3.24502751701172,"NO","NO","NO",0.954664564936114,0.453038655963237,0.328899524538774,0.997869859577931,0.896945627739241,0.999908874757857,"chr14",32918781,32919179,"+",0,"NA","Intergenic","Intergenic",20066,"NM_145460",218885,"Mm.202257","NM_145460","ENSMUSG00000021906","Oxnad1","2410002F01Rik|AW492292|BC019806","oxidoreductase NAD-binding domain containing 1","protein-coding"]
[18612,"Peak_18812",1.53873232352906,1.80632337742206,0.267591053892998,1.89329068472533,"NO","NO","NO",0.256904550245623,0.174117632578595,0.701380769858572,0.9584185922148,0.748579107413677,0.999908874757857,"chr14",35440016,35440414,"+",0,"NA","Intergenic","L1MC|LINE|L1",-26887,"NM_001128599",30044,"Mm.272060","NM_013887","ENSMUSG00000021799","Opn4","1110007J02Rik|Gm533","opsin 4 (melanopsin)","protein-coding"]
[18640,"Peak_18841",0.470012009248106,0.407883283515036,-0.0621287257330708,4.90898180304362,"NO","NO","NO",0.273467472876664,0.345618830657069,0.851273103456349,0.959925552157071,0.856813441528889,0.999908874757857,"chr14",37732210,37732608,"+",0,"NA","intron (NM_001347502, intron 3 of 8)","intron (NM_001347502, intron 3 of 8)",312,"NM_001347503",72972,"Mm.27621","NM_027045","ENSMUSG00000058690","Ccser2","1700012P13Rik|2900054P12Rik|AI035535|AW108503|Fam190b|Gcap14","coiled-coil serine rich 2","protein-coding"]
[18697,"Peak_18898",-0.0437540392196296,-0.395081375699359,-0.35132733647973,3.37984693838188,"NO","NO","NO",0.937130370417141,0.493697892390949,0.384330190198057,0.997839094325673,0.907903443913105,0.999908874757857,"chr14",45478584,45478982,"+",0,"NA","exon (NM_008962, exon 1 of 2)","exon (NM_008962, exon 1 of 2)",267,"NM_008962",19214,"Mm.5105","NM_008962","ENSMUSG00000071489","Ptgdr","DP|PGD","prostaglandin D receptor","protein-coding"]
[18758,"Peak_18960",0.940769117683785,0.505197860732547,-0.435571256951239,4.25067197771997,"NO","NO","NO",0.0420262987888157,0.296507130231358,0.139126934494007,0.880080139342259,0.832350308088342,0.999908874757857,"chr14",47323963,47324361,"+",0,"NA","Intergenic","Intergenic",-30712,"NR_131909",328385,"Mm.271545","NR_131909",null,"D330046F09Rik","Gm808","RIKEN cDNA D330046F09 gene","ncRNA"]
[18878,"Peak_19080",-1.01346038829773,-1.33518137143019,-0.321720983132453,2.63108009022858,"NO","NO","NO",0.189159146223757,0.0878920634132549,0.640374888812307,0.952872791523057,0.649995753253356,0.999908874757857,"chr14",52495548,52495946,"+",0,"NA","Intergenic","RMER17B|LTR|ERVK",-8770,"NM_001029990",52535,"Mm.5750","NM_001029990","ENSMUSG00000004561","Mettl17","2310032K15Rik|D14Ertd209e|Mett11d1","methyltransferase like 17","protein-coding"]
[18917,"Peak_19119",0.109981528832004,-0.0406653986560819,-0.150646927488086,2.96308863194426,"NO","NO","NO",0.869998294232057,0.95268340409408,0.744423215848806,0.996451548154072,0.992114606145815,0.999908874757857,"chr14",54684267,54684665,"+",0,"NA","Intergenic","Intergenic",189138,"NM_010015",13135,"Mm.319038","NM_010015","ENSMUSG00000022174","Dad1","AI323713","defender against cell death 1","protein-coding"]
[18997,"Peak_19199",0.137452443562426,-0.184210342436822,-0.321662785999248,3.97276397823897,"NO","NO","NO",0.781306391376867,0.717696320623063,0.382817096659816,0.996451548154072,0.95825047530639,0.999908874757857,"chr14",55782976,55783374,"+",0,"NA","Intergenic","Intergenic",-47403,"NM_177049",319984,"Mm.19047","NM_177049","ENSMUSG00000022208","Jph4","9330157P13Rik|JP-4|JPHL1","junctophilin 4","protein-coding"]
[19054,"Peak_19256",2.35722623270699,2.78119127235485,0.423965039647863,2.61708897154285,"NO","NO","NO",0.0538376807248509,0.0182060510645782,0.462739564514869,0.893462090268437,0.44520876903118,0.999908874757857,"chr14",56796465,56796863,"+",0,"NA","Intergenic","Intergenic",-3228,"NM_153052",245839,"Mm.207063","NM_153052","ENSMUSG00000015443","Gzmn","GrN","granzyme N","protein-coding"]
[19115,"Peak_19317",0.184013210409628,0.286306733948674,0.102293523539045,3.11941459592062,"NO","NO","NO",0.782002987488665,0.666474102906633,0.817294511252853,0.996451548154072,0.949679479106008,0.999908874757857,"chr14",58298755,58299153,"+",0,"NA","Intergenic","Intergenic",-15161,"NM_020506",57258,"Mm.202747","NM_020506","ENSMUSG00000021952","Xpo4","B430309A01Rik|mKIAA1721","exportin 4","protein-coding"]
[19172,"Peak_19374",0.185277285439451,0.27304577840953,0.087768492970079,3.43683393745351,"NO","NO","NO",0.752684291821652,0.643428574867649,0.823774318235897,0.996090540376292,0.944530091177731,0.999908874757857,"chr14",60175121,60175519,"+",0,"NA","Intergenic","Intergenic",41476,"NM_001168537",71891,"Mm.439850","NM_027986","ENSMUSG00000021982","Cdadc1","2310010M10Rik|AI449174|AI463398|BB130816|NYD-SP15","cytidine and dCMP deaminase domain containing 1","protein-coding"]
[19222,"Peak_19424",0.365532197720741,-0.398315770551915,-0.763847968272656,3.15551563354364,"NO","NO","NO",0.546191348480012,0.541807935775055,0.0711179261564596,0.988113766393189,0.91984731542049,0.999908874757857,"chr14",61211735,61212133,"+",0,"NA","Intergenic","Intergenic",-41608,"NM_001033272",219140,"Mm.149776","NM_001033272","ENSMUSG00000021990","Spata13","C79050|ESTM11|X83327|mFLJ00298","spermatogenesis associated 13","protein-coding"]
[19291,"Peak_19493",1.99177529650377,2.45471737120986,0.462942074706088,2.34888829063179,"NO","NO","NO",0.1135106609256,0.0422535265907994,0.431642883489508,0.925432450006553,0.551813587232418,0.999908874757857,"chr14",63035595,63035993,"+",0,"NA","intron (NM_172810, intron 8 of 16)","intron (NM_172810, intron 8 of 16)",39332,"NM_172810",239134,"Mm.236557","NM_172810","ENSMUSG00000021933","Gucy1b2","B930025B03|GC-SB2","guanylate cyclase 1, soluble, beta 2","protein-coding"]
[19348,"Peak_19550",-0.692661212517345,-0.957108721435842,-0.264447508918497,2.43638777085649,"NO","NO","NO",0.397679051179609,0.250103616823468,0.704668056193136,0.975982217513585,0.80555123676873,0.999908874757857,"chr14",64587726,64588124,"+",0,"NA","Intergenic","Intergenic",18692,"NM_026359",67750,"Mm.33864","NM_026359","ENSMUSG00000021961","4930578I06Rik","AI429111","RIKEN cDNA 4930578I06 gene","protein-coding"]
[19409,"Peak_19611",0.698072181101764,0.615669023453126,-0.082403157648638,3.793269452579,"NO","NO","NO",0.220654718989446,0.285627126964953,0.828150069788553,0.954504329026433,0.825795819451676,0.999908874757857,"chr14",66361457,66361855,"+",0,"NA","intron (NM_028903, intron 7 of 8)","intron (NM_028903, intron 7 of 8)",-63092,"NM_023209",52033,"Mm.24337","NM_023209","ENSMUSG00000022033","Pbk","2810434B10Rik|AW538537|D14Ertd732e|TOPK","PDZ binding kinase","protein-coding"]
[19466,"Peak_19669",1.09585507506435,0.985183044087886,-0.110672030976461,3.05359659670741,"NO","NO","NO",0.177723227361066,0.23025081272604,0.832782637336595,0.951226311056332,0.792555678946847,0.999908874757857,"chr14",67464595,67464993,"+",0,"NA","intron (NM_009955, intron 3 of 13)","intron (NM_009955, intron 3 of 13)",22643,"NM_009955",12934,"Mm.352648","NM_009955","ENSMUSG00000022048","Dpysl2","AI851130|Crmp2|DRP2|Musunc33|TOAD-64|Ulip2","dihydropyrimidinase-like 2","protein-coding"]
[19523,"Peak_19728",-1.02330149576827,-1.18016078023154,-0.156859284463274,2.84862984906426,"NO","NO","NO",0.142300151379575,0.0959275411830575,0.794347703317226,0.942853563971383,0.661545387004093,0.999908874757857,"chr14",68956439,68956837,"+",0,"NA","Intergenic","Intergenic",195108,"NM_007402",11500,"Mm.261495","NM_007402","ENSMUSG00000022056","Adam7","ADAM 7|EAP1|EAPI","a disintegrin and metallopeptidase domain 7","protein-coding"]
[19639,"Peak_19845",-0.297363673213395,-1.41960715114776,-1.12224347793436,3.67640364268565,"NO","NO","NO",0.580349768206097,0.0141933760254379,0.0170330310562798,0.989995385640587,0.423359163671719,0.999908874757857,"chr14",72481121,72481519,"+",0,"NA","Intergenic","Intergenic",224804,"NR_046274",74667,"Mm.159286","NR_046274",null,"4930434J06Rik","-","RIKEN cDNA 4930434J06 gene","ncRNA"]
[19642,"Peak_19848",-0.595028428873276,-1.03899839502986,-0.443969966156582,3.75666885555875,"NO","NO","NO",0.185201445548857,0.0275686468837319,0.210410737138315,0.952872791523057,0.499658192582946,0.999908874757857,"chr14",72692460,72692858,"+",0,"NA","Intergenic","Intergenic",417151,"NM_207636",319448,"Mm.205421","NM_207636","ENSMUSG00000033487","Fndc3a","1700094E19Rik|D14Ertd453e|F730017H24Rik|Fndc3|sys","fibronectin type III domain containing 3A","protein-coding"]
[19703,"Peak_19913",0.227794131710087,-0.681157494585084,-0.908951626295171,3.54066786526349,"NO","NO","NO",0.66089895090625,0.227863189242894,0.0182252415867688,0.992128801173048,0.7909626420979,0.999908874757857,"chr14",75576298,75576696,"+",0,"NA","intron (NM_008879, intron 1 of 16)","intron (NM_008879, intron 1 of 16)",40265,"NM_008879",18826,"Mm.153911","NM_008879","ENSMUSG00000021998","Lcp1","AW536232|D14Ertd310e|LCP-1|Pls2|pp65","lymphocyte cytosolic protein 1","protein-coding"]
[19823,"Peak_20034",-0.223448176442724,-0.490555034960749,-0.267106858518025,2.22023632372315,"NO","NO","NO",0.817197778335406,0.617014742811899,0.734722941512641,0.996451548154072,0.938552175896894,0.999908874757857,"chr14",78449685,78450083,"+",0,"NA","Intergenic","Intergenic",38930,"NM_177629",219170,"Mm.320428","NM_177629","ENSMUSG00000045655","Fam216b","9330158N17|AU021034","family with sequence similarity 216, member B","protein-coding"]
[19880,"Peak_20092",-1.04850102141526,-1.04011955028703,0.00838147112822649,2.96699733929491,"NO","NO","NO",0.0785480619555956,0.0846484852789954,0.985761619467647,0.910422086099842,0.644611051036589,0.999908874757857,"chr14",80131355,80131753,"+",0,"NA","Intergenic","Intergenic",-6684,"NR_030436",791080,null,"NR_030436","ENSMUSG00000076453","Mir759","Mirn759|mir-759|mmu-mir-759","microRNA 759","ncRNA"]
[19944,"Peak_20158",-1.44640523773636,-1.06472798149269,0.381677256243671,2.1774872250541,"NO","NO","NO",0.0749373639054372,0.180896225683794,0.570153911808872,0.907934971210637,0.754692728919454,0.999908874757857,"chr14",91000322,91000720,"+",0,"NA","Intergenic","Intergenic",473823,"NR_045712",74967,"Mm.390704","NR_045712",null,"4930474H20Rik","-","RIKEN cDNA 4930474H20 gene","ncRNA"]
[19999,"Peak_20216",-0.437202791862103,-0.321650814690787,0.115551977171316,2.63465561885564,"NO","NO","NO",0.547469576250724,0.659739008781668,0.827481097358342,0.988113766393189,0.948154173180086,0.999908874757857,"chr14",100284594,100284992,"+",0,"NA","intron (NM_010636, intron 6 of 6)","intron (NM_010636, intron 6 of 6)",264222,"NM_010636",16597,"Mm.396499","NM_010636","ENSMUSG00000072294","Klf12","2700063E05Rik|AI225908|AI315654|AP-2rep|B130052C06Rik|D530033K05Rik","Kruppel-like factor 12","protein-coding"]
[20056,"Peak_20275",-0.531084731839769,-0.123500057053917,0.407584674785852,3.87838259170354,"NO","NO","NO",0.268964873751315,0.793501160736296,0.246782199777889,0.959925552157071,0.969670072026412,0.999908874757857,"chr14",103411869,103412267,"+",0,"NA","intron (NR_045657, intron 2 of 2)","intron (NR_045657, intron 2 of 2)",20952,"NR_045657",71264,"Mm.399572","NR_045657",null,"4933432I03Rik","-","RIKEN cDNA 4933432I03 gene","ncRNA"]
[20117,"Peak_20336",0.903532382704987,0.691682130089153,-0.211850252615834,4.70186239748126,"NO","NO","NO",0.041522954735255,0.126251450717596,0.492749405317116,0.87729516250802,0.702623591352837,0.999908874757857,"chr14",105987645,105988043,"+",0,"NA","promoter-TSS (NR_102319)","promoter-TSS (NR_102319)",-922,"NR_102319",380930,"Mm.427836","NR_102319",null,"9330188P03Rik","Gm1589|mgt-6","RIKEN cDNA 9330188P03 gene","ncRNA"]
[20174,"Peak_20397",-0.932038857887511,-0.959226145606422,-0.0271872877189114,2.24120360333763,"NO","NO","NO",0.251491205020186,0.242949012913355,0.967766738875331,0.958074512707729,0.80150242952602,0.999908874757857,"chr14",115268396,115268794,"+",0,"NA","Intergenic","Intergenic",37408,"NR_045661",75822,"Mm.410813","NR_045661",null,"4930524C18Rik","-","RIKEN cDNA 4930524C18 gene","ncRNA"]
[20249,"Peak_20473",1.41568475129935,2.31710491551442,0.901420164215074,2.9304675866249,"NO","NO","NO",0.148408614633615,0.0108758837261556,0.0614668741900822,0.943529907756132,0.383159345969688,0.999908874757857,"chr14",118861315,118861713,"+",0,"NA","Intergenic","Intergenic",96414,"NR_045624",73306,"Mm.362328","NR_045624","ENSMUSG00000099911","1700044C05Rik","-","RIKEN cDNA 1700044C05 gene","ncRNA"]
[20293,"Peak_20517",2.20739979138475,2.10133668801072,-0.106063103374027,3.11127193995632,"NO","NO","NO",0.0175376758879451,0.0256313540012889,0.829251850739031,0.821061570634749,0.491395991201146,0.999908874757857,"chr14",120307638,120308036,"+",0,"NA","Intergenic","Intergenic",133820,"NM_001001490",239283,"Mm.138520","NM_001001490","ENSMUSG00000044819","Oxgr1","Cysltr3|Gm299|Gpr80|Gpr99|P2Y15","oxoglutarate (alpha-ketoglutarate) receptor 1","protein-coding"]
[20350,"Peak_20574",-1.23668639140892,-1.01656326553927,0.220123125869649,3.11116105055259,"NO","NO","NO",0.0673805240299035,0.127454822874219,0.70960671781935,0.906886782313952,0.703554000316644,0.999908874757857,"chr14",121739139,121739537,"+",0,"NA","intron (NM_145465, intron 1 of 10)","intron (NM_145465, intron 1 of 10)",39114,"NM_145465",223255,"Mm.390756","NM_145465","ENSMUSG00000063410","Stk24","1810013H02Rik|C76483|MST-3|Mst3|STE20","serine/threonine kinase 24","protein-coding"]
[20411,"Peak_20636",1.28040795451,1.33702185497485,0.0566139004648459,2.91375089873556,"NO","NO","NO",0.134039184623417,0.118700533379301,0.907272469583279,0.935985980429226,0.694253205848109,0.999908874757857,"chr14",123084090,123084488,"+",0,"NA","intron (NM_144844, intron 13 of 23)","intron (NM_144844, intron 13 of 23)",150739,"NM_144844",110821,"Mm.23876","NM_144844","ENSMUSG00000041650","Pcca","C79630","propionyl-Coenzyme A carboxylase, alpha polypeptide","protein-coding"]
[20468,"Peak_20694",0.321018907008035,0.795285647007675,0.47426673999964,2.36167078598485,"NO","NO","NO",0.756285309612916,0.435779620347594,0.502780341186264,0.996451548154072,0.890599069752671,0.999908874757857,"chr15",5418758,5419156,"+",0,"NA","Intergenic","MLT1F2|LTR|MaLR",-27361,"NR_045274",71432,"Mm.291087","NR_045274",null,"5430437J10Rik","-","RIKEN cDNA 5430437J10 gene","ncRNA"]
[20529,"Peak_20756",-0.18067044108931,-0.27876686580975,-0.0980964247204399,3.09921750661962,"NO","NO","NO",0.785063142509485,0.678392920642998,0.84523006830705,0.996451548154072,0.951050453358392,0.999908874757857,"chr15",7830113,7830511,"+",0,"NA","intron (NM_001081402, intron 17 of 17)","intron (NM_001081402, intron 17 of 17)",64762,"NM_001301357",14573,"Mm.4679","NM_010275","ENSMUSG00000022144","Gdnf","AI385739|ATF","glial cell line derived neurotrophic factor","protein-coding"]
[20602,"Peak_20830",-0.539762438464786,-0.437384568471053,0.102377869993733,2.12637735396303,"NO","NO","NO",0.523696330361644,0.607952774350912,0.866865858426254,0.986292468196763,0.93577516015779,0.999908874757857,"chr15",11014196,11014594,"+",0,"NA","intron (NM_175501, intron 2 of 23)","intron (NM_175501, intron 2 of 23)",19867,"NM_175501",239337,"Mm.224825","NM_175501","ENSMUSG00000047497","Adamts12","ADAMTS-12|AI605170","a disintegrin-like and metallopeptidase (reprolysin type) with thrombospondin type 1 motif, 12","protein-coding"]
[20707,"Peak_20937",-0.609095924781173,-0.620037197509111,-0.0109412727279386,3.48730957000817,"NO","NO","NO",0.279225402315098,0.272625711394814,0.981390054097666,0.959925552157071,0.818855824480768,0.999908874757857,"chr15",25294227,25294625,"+",0,"NA","exon (NM_027395, exon 2 of 2)","exon (NM_027395, exon 2 of 2)",49093,"NM_027395",70350,"Mm.29586","NM_027395","ENSMUSG00000045763","Basp1","2610024P12Rik|CAP-23|CAP23|Ckap3|NAP-22|NAP22","brain abundant, membrane attached signal protein 1","protein-coding"]
[20768,"Peak_20999",-0.408101730774417,-0.671410819270813,-0.263309088496397,2.99783888726319,"NO","NO","NO",0.530177716991333,0.314792920016969,0.607073845801637,0.987425270131684,0.84267526239338,0.999908874757857,"chr15",27454849,27455247,"+",0,"NA","intron (NM_020332, intron 1 of 11)","intron (NM_020332, intron 1 of 11)",-46201,"NR_106065",102466808,null,"NR_106065","ENSMUSG00000098416","Mir7117","Gm27729|mmu-mir-7117","microRNA 7117","ncRNA"]
[20825,"Peak_21057",-0.611303574479327,-0.382949879844854,0.228353694634473,2.12012486937398,"NO","NO","NO",0.481531617854658,0.656776407399646,0.719009154121311,0.982019199923438,0.947404383396702,0.999908874757857,"chr15",30410304,30410702,"+",0,"NA","intron (NM_008729, intron 2 of 22)","intron (NM_008729, intron 2 of 22)",308155,"NM_008729",18163,"Mm.321648","NM_008729","ENSMUSG00000022240","Ctnnd2","Catnd2|Nprap|neurojugin","catenin (cadherin associated protein), delta 2","protein-coding"]
[20882,"Peak_21117",-0.694610334459437,-0.806457602958807,-0.11184726849937,3.28904532079587,"NO","NO","NO",0.196723903382345,0.143893795832554,0.787221223587503,0.953494236567625,0.719089547717268,0.999908874757857,"chr15",32190663,32191061,"+",0,"NA","intron (NM_009154, intron 1 of 22)","intron (NM_009154, intron 1 of 22)",16294,"NM_009154",20356,"Mm.260374","NM_009154","ENSMUSG00000022231","Sema5a","5930434A13|9130201M22Rik|AI464145|Semaf|semF","sema domain, seven thrombospondin repeats (type 1 and type 1-like), transmembrane domain (TM) and short cytoplasmic domain, (semaphorin) 5A","protein-coding"]
[20907,"Peak_21142",-0.222706215476745,-0.0974530798772959,0.125253135599449,5.07019087709889,"NO","NO","NO",0.575635374326343,0.807242386054138,0.705542824944377,0.989901499266921,0.972120741843945,0.999908874757857,"chr15",33617170,33617568,"+",0,"NA","exon (NM_001085421, exon 1 of 1)","exon (NM_001085421, exon 1 of 1)",269,"NM_001085421",239364,"Mm.60794","NM_001085421","ENSMUSG00000038984","Tspyl5","6330530B20|E130308C19Rik","testis-specific protein, Y-encoded-like 5","protein-coding"]
[21001,"Peak_21238",0.313150045637033,0.254686641160607,-0.0584634044764261,5.19601250448241,"NO","NO","NO",0.431732024145086,0.52629693333382,0.855407126506816,0.977769722435304,0.916830853971483,0.999908874757857,"chr15",37127855,37128253,"+",0,"NA","Intergenic","Intergenic",-34737,"NM_026496",252973,"Mm.244612","NM_026496","ENSMUSG00000022286","Grhl2","0610015A08Rik|BOM|Tcfcp2l3|clft3","grainyhead-like 2 (Drosophila)","protein-coding"]
[21062,"Peak_21299",0.211162751756093,0.37545474027586,0.164291988519768,2.73150545461435,"NO","NO","NO",0.801089152164256,0.655416984071955,0.785069759555591,0.996451548154072,0.94691892420174,0.999908874757857,"chr15",38885273,38885671,"+",0,"NA","Intergenic","Intergenic",-23006,"NM_026778",68588,"Mm.41556","NM_026778","ENSMUSG00000054196","Cthrc1","1110014B07Rik","collagen triple helix repeat containing 1","protein-coding"]
[21119,"Peak_21357",0.676425681378936,-0.611813323363712,-1.28823900474265,3.26491897285831,"NO","NO","DOWN",0.276417484015174,0.374156339138579,5.53951574674094E-3,0.959925552157071,0.868749723042435,0.999908874757857,"chr15",42495949,42496347,"+",0,"NA","intron (NM_001286062, intron 1 of 8)","intron (NM_001286062, intron 1 of 8)",12375,"NM_001286062",11600,"Mm.309336","NM_009640","ENSMUSG00000022309","Angpt1","1110046O21Rik|Ang-1|Ang1","angiopoietin 1","protein-coding"]
[21176,"Peak_21417",-0.914942963905951,-0.685609298499406,0.229333665406545,2.69240900240802,"NO","NO","NO",0.220868961380832,0.359216915597704,0.705565961289261,0.954504329026433,0.861126669825641,0.999908874757857,"chr15",51679473,51679871,"+",0,"NA","intron (NM_080635, intron 1 of 7)","intron (NM_080635, intron 1 of 7)",17335,"NM_080635",68135,"Mm.289800","NM_080635","ENSMUSG00000022312","Eif3h","1110008A16Rik|40kD|9430017H16Rik|EIF3-P40|EIF3-gamma|Eif3s3","eukaryotic translation initiation factor 3, subunit H","protein-coding"]
[21276,"Peak_21519",0.43424307239255,0.330614885922653,-0.103628186469896,3.96686461648757,"NO","NO","NO",0.374850566957057,0.507068843729343,0.745491121702058,0.972397593291388,0.911275472234119,0.999908874757857,"chr15",56994063,56994461,"+",0,"NA","Intergenic","Intergenic",314918,"NM_172378",210463,"Mm.26555","NM_172378","ENSMUSG00000022366","Slc22a22","oat-pg","solute carrier family 22 (organic cation transporter), member 22","protein-coding"]
[21295,"Peak_21538",0.274605582384963,-0.595380566077697,-0.86998614846266,3.71571976587599,"NO","NO","NO",0.605368217914113,0.295382354818747,0.0341289243352139,0.990629663238998,0.831788600473268,0.999908874757857,"chr15",57655890,57656288,"+",0,"NA","intron (NM_199449, intron 3 of 3)","intron (NM_199449, intron 3 of 3)",67884,"NM_024207",67819,"Mm.289387","NM_024207","ENSMUSG00000022365","Derl1","1110021N07Rik|AI195141|AW551338|Derlin-1","Der1-like domain family, member 1","protein-coding"]
[21352,"Peak_21595",0.196538644441243,0.764253145094036,0.567714500652792,3.36289160020416,"NO","NO","NO",0.774896088728596,0.25167056357018,0.22224538227789,0.996451548154072,0.807119007176688,0.999908874757857,"chr15",58792911,58793309,"+",0,"NA","intron (NM_001146180, intron 6 of 13)","intron (NM_001146180, intron 6 of 13)",27745,"NM_023172",66218,"Mm.322294","NM_023172","ENSMUSG00000022354","Ndufb9","1190008J14Rik","NADH dehydrogenase (ubiquinone) 1 beta subcomplex, 9","protein-coding"]
[21413,"Peak_21656",-0.177222022857039,0.0472415814540851,0.224463604311124,2.46934600918607,"NO","NO","NO",0.83047224319737,0.954261042865956,0.696540110559917,0.996451548154072,0.992278112900772,0.999908874757857,"chr15",60532874,60533272,"+",0,"NA","Intergenic","Intergenic",-121447,"NR_030696",320469,"Mm.230853","NM_177166",null,"9930014A18Rik","-","RIKEN cDNA 9930014A18 gene","ncRNA"]
[21533,"Peak_21779",-1.33640200663899,-1.77366557964151,-0.437263573002524,2.82610713706147,"NO","DOWN","NO",0.0368049661100623,0.00741618613063372,0.449108013225015,0.871210644914379,0.336764883378093,0.999908874757857,"chr15",66513361,66513759,"+",0,"NA","exon (NM_009375, exon 9 of 48)","exon (NM_009375, exon 9 of 48)",11228,"NM_009375",21819,"Mm.441333","NM_009375","ENSMUSG00000053469","Tg","Tgn|cog","thyroglobulin","protein-coding"]
[21594,"Peak_21841",-0.88724053521927,-0.853866897956103,0.0333736372631676,3.11284460123679,"NO","NO","NO",0.183991352265317,0.202103415148761,0.952653417872214,0.952872791523057,0.773047509649206,0.999908874757857,"chr15",71558262,71558660,"+",0,"NA","promoter-TSS (NM_177819)","promoter-TSS (NM_177819)",-193,"NM_177819",70363,"Mm.126450","NM_177819","ENSMUSG00000036800","Fam135b","1700010C24Rik|A830008O07Rik","family with sequence similarity 135, member B","protein-coding"]
[21629,"Peak_21876",-0.469699565469481,-0.414914665349217,0.0547849001202646,4.65002243351356,"NO","NO","NO",0.224989440449734,0.287854846199888,0.858672959977506,0.955321879475804,0.827104290068695,0.999908874757857,"chr15",73017081,73017479,"+",0,"NA","Intergenic","Intergenic",-1903,"NM_153178",239528,"Mm.23095","NM_153178","ENSMUSG00000036698","Ago2","1110029L17Rik|2310051F07Rik|AI225898|AL022874|AW546247|ENSMUSG00000072493|Eif2c2|Gerp95|Gm10365|mKIAA4215","argonaute RISC catalytic subunit 2","protein-coding"]
[21709,"Peak_21956",0.00614084330635443,-0.111565193083326,-0.117706036389681,3.08648781235436,"NO","NO","NO",0.992616086733594,0.865546373262628,0.797199539773121,0.999532536338917,0.979463701211777,0.999908874757857,"chr15",74798537,74798935,"+",0,"NA","Intergenic","Intergenic",13200,"NM_001164040",17069,"Mm.788","NM_008529","ENSMUSG00000022587","Ly6e","Ly67|RIG-E|Sca-2|TSA-1|Tsa1","lymphocyte antigen 6 complex, locus E","protein-coding"]
[21770,"Peak_22019",0.523551416171107,0.311958294553929,-0.211593121617178,4.29034666196781,"NO","NO","NO",0.237114814603625,0.492768815095471,0.47458684479644,0.956996614837851,0.907896569002282,0.999908874757857,"chr15",76124832,76125230,"+",0,"NA","exon (NM_001195537, exon 1 of 7)","exon (NM_001195537, exon 1 of 7)",167,"NM_001195537",100503915,"Mm.393455","NM_001195537","ENSMUSG00000071724","Smpd5","ENSMUSG00000071724|Gm10345|MA-nSMase","sphingomyelin phosphodiesterase 5","protein-coding"]
[21827,"Peak_22076",0.241104802121175,0.342792894204765,0.101688092083589,3.1891765560913,"NO","NO","NO",0.71245865639611,0.601774837000687,0.813110764709692,0.995535499328357,0.933940581775046,0.999908874757857,"chr15",76859779,76860177,"+",0,"NA","intron (NM_013593, intron 1 of 3)","intron (NM_013593, intron 1 of 3)",-6761,"NM_001164047",17189,"Mm.404074","NM_013593","ENSMUSG00000018893","Mb","AI325109","myoglobin","protein-coding"]
[21888,"Peak_22137",-0.894482231091919,-1.09552871835783,-0.201046487265912,4.68576510126398,"NO","DOWN","NO",0.0180309774778345,0.00448878491014988,0.539877196288739,0.821061570634749,0.280270682626374,0.999908874757857,"chr15",78259083,78259481,"+",0,"NA","exon (NM_001289671, exon 1 of 8)","exon (NM_001289671, exon 1 of 8)",288,"NM_001289671",72844,"Mm.390816","NM_001081367","ENSMUSG00000033287","Kctd17","2900008M13Rik|AA414907|AW742389|N28155","potassium channel tetramerisation domain containing 17","protein-coding"]
[21934,"Peak_22183",0.315918800146793,0.377191978646048,0.0612731784992552,4.033520904889,"NO","NO","NO",0.505981019742101,0.430341085238327,0.842759661296732,0.984683579984827,0.888536854922355,0.999908874757857,"chr15",78758442,78758840,"+",0,"NA","intron (NM_008495, intron 2 of 3)","CpG",1486,"NM_008495",16852,"Mm.43831","NM_008495","ENSMUSG00000068220","Lgals1","AA410090|Gal-1|Galbp|L-14.5|L14|Lect14|galectin-1","lectin, galactose binding, soluble 1","protein-coding"]
[22003,"Peak_22253",0.312133776031734,0.656127182954817,0.343993406923083,3.51114037838465,"NO","NO","NO",0.615612889799945,0.283323832824672,0.402353456138314,0.990629663238998,0.825297173012224,0.999908874757857,"chr15",79622004,79622402,"+",0,"NA","intron (NM_001013362, intron 7 of 8)","intron (NM_001013362, intron 7 of 8)",12936,"NM_030689",73340,"Mm.38438","NM_030689","ENSMUSG00000022421","Nptxr","1200009K17Rik|1700036C17Rik|5730406O18Rik|AI452369|AI785356|D15Bwg0580e|NPR|Npcd","neuronal pentraxin receptor","protein-coding"]
[22064,"Peak_22315",0.391158711316725,0.177884969396371,-0.213273741920354,3.36458982793713,"NO","NO","NO",0.548672980764493,0.788813996120786,0.648701773539128,0.988389624854206,0.969386792947709,0.999908874757857,"chr15",80766653,80767051,"+",0,"NA","3' UTR (NM_144812, exon 25 of 25)","3' UTR (NM_144812, exon 25 of 25)",-3617,"NR_039573",100628612,null,"NR_039573","ENSMUSG00000092868","Mir5113","mir-5113|mmu-mir-5113|mu-mir-5113","microRNA 5113","ncRNA"]
[22121,"Peak_22372",-0.527689189360585,-0.389310390430656,0.138378798929929,3.40875790490098,"NO","NO","NO",0.328821449029608,0.472265711661973,0.727363838288265,0.963935417001219,0.901438156881235,0.999908874757857,"chr15",81894304,81894702,"+",0,"NA","exon (NM_001166475, exon 2 of 2)","exon (NM_001166475, exon 2 of 2)",4922,"NM_001166475",328573,"Mm.399189","NM_001166475","ENSMUSG00000075524","4930407I10Rik","Gm747","RIKEN cDNA 4930407I10 gene","protein-coding"]
[22178,"Peak_22429",0.0427783664021673,0.563558865864379,0.520780499462212,5.94570132505816,"NO","NO","NO",0.912860401011917,0.147961214460986,0.129589668154459,0.997799251783824,0.724315781585117,0.999908874757857,"chr15",83002559,83002957,"+",0,"NA","promoter-TSS (NM_029787)","promoter-TSS (NM_029787)",-120,"NM_029787",109754,"Mm.22560","NM_029787","ENSMUSG00000018042","Cyb5r3","0610016L08Rik|2500002N19Rik|C85115|Dia-1|Dia1|WU:AL591952.1-001|WU:AL591952.1-002|WU:AL591952.1-003|WU:Cyb5r3","cytochrome b5 reductase 3","protein-coding"]
[22239,"Peak_22490",-0.809934251549541,-1.69317672418218,-0.883242472632644,4.35014091050946,"NO","DOWN","NO",0.0304682530817723,{"v":2.45706802473448e-05,"d":"2.46E-05"},7.21727963541406E-3,0.840371273086421,0.0255360702002889,0.999908874757857,"chr15",84096049,84096447,"+",0,"NA","intron (NM_133167, intron 1 of 12)","intron (NM_133167, intron 1 of 12)",33775,"NM_133167",170736,"Mm.323892","NM_133167","ENSMUSG00000022438","Parvb","AI595373|AW742462|D15Gsk1|affixin","parvin, beta","protein-coding"]
[22297,"Peak_22548",-0.0369711956777455,0.16445375416014,0.201424949837886,2.98049199605204,"NO","NO","NO",0.956392427363339,0.807540123657115,0.659664429573504,0.998015129084509,0.97219242957177,0.999908874757857,"chr15",85079561,85079959,"+",0,"NA","intron (NM_010180, intron 14 of 16)","intron (NM_010180, intron 14 of 16)",43322,"NM_010180",14114,"Mm.297992","NM_010180","ENSMUSG00000006369","Fbln1","-","fibulin 1","protein-coding"]
[22358,"Peak_22609",1.30528587045874,0.902997623536989,-0.402288246921748,3.65726012506977,"NO","NO","NO",0.0304877076030055,0.152182695446101,0.252178853171097,0.840371273086421,0.727537345350391,0.999908874757857,"chr15",85791571,85791969,"+",0,"NA","intron (NM_009886, intron 3 of 34)","intron (NM_009886, intron 3 of 34)",72437,"NM_009886",12614,"Mm.22680","NM_009886","ENSMUSG00000016028","Celsr1","Adgrc1|Crsh|Scy|crash","cadherin, EGF LAG seven-pass G-type receptor 1","protein-coding"]
[22478,"Peak_22729",0.510652089881545,0.261568213236956,-0.249083876644589,2.54988880447587,"NO","NO","NO",0.547088514903175,0.763952799855861,0.659478302945888,0.988113766393189,0.965387276411763,0.999908874757857,"chr15",89453927,89454325,"+",0,"NA","Intergenic","Intergenic",-31772,"NM_026817",68708,"Mm.23258","NM_026817","ENSMUSG00000022621","Rabl2","1110031N17Rik|AW549303|Rabl2a","RAB, member RAS oncogene family-like 2","protein-coding"]
[22535,"Peak_22787",0.153597999460647,0.156407578465972,0.00280957900532485,3.22578529873824,"NO","NO","NO",0.81159200982215,0.810226694913722,0.995103181586704,0.996451548154072,0.972290196706586,0.999908874757857,"chr15",92429193,92429591,"+",0,"NA","intron (NM_001164594, intron 1 of 7)","intron (NM_001164594, intron 1 of 7)",1852,"NM_001164594",239618,"Mm.309826","NM_001164593","ENSMUSG00000036218","Pdzrn4","1110017D07Rik|LNX4|SAMCAP3L|mKIAA3027","PDZ domain containing RING finger 4","protein-coding"]
[22596,"Peak_22850",0.780125020459812,0.725931875844534,-0.0541931446152783,3.87884959226098,"NO","NO","NO",0.172841422840029,0.211314274918643,0.887181203110554,0.950412486470137,0.779688817991587,0.999908874757857,"chr15",94518253,94518651,"+",0,"NA","intron (NM_178789, intron 2 of 7)","MIRc|SINE|MIR",58836,"NM_178789",320709,"Mm.74873","NM_178789","ENSMUSG00000063296","Tmem117","B930062P21Rik","transmembrane protein 117","protein-coding"]
[22656,"Peak_22910",-0.325976575870621,0.00764042179469119,0.333616997665312,5.59972446195021,"NO","NO","NO",0.393077738938504,0.983949110433128,0.31798077761736,0.974743574295405,0.998182812743311,0.999908874757857,"chr15",96540064,96540462,"+",0,"NA","Intergenic","CpG",-10134,"NM_175121",67760,"Mm.46754","NM_175121","ENSMUSG00000022462","Slc38a2","5033402L14Rik|AI316867|ATA2|SAT2|mKIAA1382","solute carrier family 38, member 2","protein-coding"]
[22715,"Peak_22969",0.0194555888649769,-0.276951893776796,-0.296407482641773,5.3499178777225,"NO","NO","NO",0.959113865028524,0.473005666022722,0.362474035471601,0.998328930458371,0.901840250202395,0.999908874757857,"chr15",97832397,97832795,"+",0,"NA","intron (NM_031163, intron 1 of 53)","CpG",2559,"NM_001113515",12824,"Mm.2423","NM_031163","ENSMUSG00000022483","Col2a1","Col2|Col2a|Col2a-1|Del1|Dmm|Lpk|Rgsc856","collagen, type II, alpha 1","protein-coding"]
[22772,"Peak_23026",0.390742761284341,0.906712263745595,0.515969502461254,4.56286106708992,"NO","NO","NO",0.398023800082085,0.0452622840864807,0.108154115551195,0.975982217513585,0.560163639904571,0.999908874757857,"chr15",98815938,98816336,"+",0,"NA","promoter-TSS (NR_045991)","promoter-TSS (NR_045991)",-259,"NR_045991",75951,"Mm.441657","NR_045991","ENSMUSG00000097587","4930578M01Rik","3010001K12Rik","RIKEN cDNA 4930578M01 gene","ncRNA"]
[22829,"Peak_23084",0.136914664350168,0.0311570021293381,-0.10575766222083,3.18000254948282,"NO","NO","NO",0.831661397970994,0.96191811463586,0.815256318513524,0.996451548154072,0.993978488975727,0.999908874757857,"chr15",99739807,99740205,"+",0,"NA","Intergenic","PB1D7|SINE|Alu",22083,"NM_028180",72277,"Mm.272766","NM_028180","ENSMUSG00000045350","1700030F18Rik","FAM186A","RIKEN cDNA 1700030F18 gene","protein-coding"]
[22890,"Peak_23146",0.533929085455602,0.714849522367484,0.180920436911882,2.37997968161447,"NO","NO","NO",0.568180807617837,0.442983897658453,0.752251954364397,0.989871165956955,0.892198619370489,0.999908874757857,"chr15",100859284,100859682,"+",0,"NA","intron (NM_011323, intron 20 of 25)","intron (NM_011323, intron 20 of 25)",25347,"NM_001214911",668225,"Mm.385011","NM_001214911","ENSMUSG00000095440","Fignl2","EG668225","fidgetin-like 2","protein-coding"]
[22961,"Peak_23217",-0.191696078978238,-0.269240514093336,-0.0775444351150987,4.55800051930407,"NO","NO","NO",0.621030984503758,0.494358287158428,0.790065845191285,0.991041928495315,0.907903443913105,0.999908874757857,"chr15",101858600,101858998,"+",0,"NA","exon (NM_010664, exon 1 of 7)","exon (NM_010664, exon 1 of 7)",152,"NM_010664",16668,"Mm.22479","NM_010664","ENSMUSG00000023043","Krt18","CK18|K18|Krt1-18","keratin 18","protein-coding"]
[23005,"Peak_23261",-1.26920122170219,-1.08767529261053,0.181525929091654,2.33837192042156,"NO","NO","NO",0.141712145070245,0.202497437371705,0.809478153295955,0.941846891347874,0.773405540541946,0.999908874757857,"chr15",102377042,102377440,"+",0,"NA","intron (NM_001310070, intron 8 of 11)","intron (NM_001310070, intron 8 of 11)",-22189,"NM_018787",54615,"Mm.445915","NM_018787","ENSMUSG00000023052","Npff","-","neuropeptide FF-amide peptide precursor","protein-coding"]
[23066,"Peak_23322",0.182173968622274,0.267122394023529,0.0849484254012549,5.96321729112398,"NO","NO","NO",0.652951253366253,0.511077034159466,0.815067017245704,0.992128801173048,0.911579669541933,0.999908874757857,"chr16",3884451,3884849,"+",0,"NA","promoter-TSS (NM_001290689)","promoter-TSS (NM_001290689)",31,"NM_029090",74763,"Mm.28403","NM_029090","ENSMUSG00000005982","Naa60","1200013P24Rik|AI315146|Nat15","N(alpha)-acetyltransferase 60, NatF catalytic subunit","protein-coding"]
[23123,"Peak_23379",0.0555179005690683,-0.807262304259596,-0.862780204828665,2.46508827054675,"NO","NO","NO",0.950560534822481,0.381700362833267,0.242856440241889,0.997839094325673,0.872790794163392,0.999908874757857,"chr16",4997647,4998045,"+",0,"NA","promoter-TSS (NM_027669)","promoter-TSS (NM_027669)",99,"NM_027669",71089,"Mm.87382","NM_027669","ENSMUSG00000022542","2019-09-12","1700028G04Rik|4933413B09Rik|Septin12","septin 12","protein-coding"]
[23184,"Peak_23441",0.373648914922505,0.0657808495751542,-0.307868065347351,2.40253959792213,"NO","NO","NO",0.659295178981119,0.94026231974779,0.586163978474117,0.992128801173048,0.991143504812035,0.999908874757857,"chr16",8188544,8188942,"+",0,"NA","Intergenic","Intergenic",236486,"NM_029070",74720,"Mm.159318","NM_029070","ENSMUSG00000022715","Tmem114","4930511J11Rik|Cldn26","transmembrane protein 114","protein-coding"]
[23266,"Peak_23523",0.588869651133471,0.648916628016539,0.0600469768830683,5.62804924189761,"NO","NO","NO",0.176238806464123,0.137566337892032,0.871857304246816,0.951190091097073,0.713320519014121,0.999908874757857,"chr16",11012641,11013039,"+",0,"NA","intron (NR_040518, intron 2 of 2)","intron (NR_040518, intron 2 of 2)",3849,"NR_040518",100043147,"Mm.489001","NR_040518","ENSMUSG00000097056","Gm4262","-","predicted gene 4262","ncRNA"]
[23362,"Peak_23620",-0.0543218901120523,-0.146520681277793,-0.0921987911657409,4.94406508972019,"NO","NO","NO",0.891975454600657,0.717324445389126,0.777631347073332,0.99667463983441,0.95825047530639,0.999908874757857,"chr16",16146686,16147084,"+",0,"NA","promoter-TSS (NM_146068)","promoter-TSS (NM_146068)",59,"NM_146068",224008,"Mm.244703","NM_146068","ENSMUSG00000041974","Spidr","2310008H04Rik|Kiaa0146","scaffolding protein involved in DNA repair","protein-coding"]
[23423,"Peak_23681",1.51021555953288,1.30323107012364,-0.206984489409242,3.00484069227034,"NO","NO","NO",0.0623811459284975,0.117922738891056,0.638191811402369,0.904700474227232,0.692469662187561,0.999908874757857,"chr16",17839412,17839810,"+",0,"NA","TTS (NM_001109750)","TTS (NM_001109750)",-1332,"NM_030558",80733,"Mm.390864","NM_030558","ENSMUSG00000090236","Car15","AI315043|Ca15|Cals2","carbonic anhydrase 15","protein-coding"]
[23480,"Peak_23738",-0.0656950201483304,-0.196505022192955,-0.130810002044624,3.65397172217702,"NO","NO","NO",0.897524549885768,0.706475777989224,0.717206740409312,0.997016646040853,0.955615903708974,0.999908874757857,"chr16",18608233,18608631,"+",0,"NA","Intergenic","Intergenic",14064,"NM_001001999",14724,"Mm.475622","NM_010327","ENSMUSG00000050761","Gp1bb","-","glycoprotein Ib, beta polypeptide","protein-coding"]
[23537,"Peak_23795",0.0792489782957116,0.501999045433624,0.422750067137912,2.12098798758897,"NO","NO","NO",0.935555531636838,0.598377783870972,0.488040550195893,0.997839094325673,0.933241430881725,0.999908874757857,"chr16",20791946,20792344,"+",0,"NA","Intergenic","RLTR17|LTR|ERVK",-57561,"NM_009379",21832,"Mm.3943","NM_009379","ENSMUSG00000022847","Thpo","Mgdf|Ml|Mpllg|Tpo","thrombopoietin","protein-coding"]
[23598,"Peak_23856",-0.0920565920105974,0.257273594424386,0.349330186434983,5.93737576638054,"NO","NO","NO",0.807889427382837,0.495658525478528,0.298898767727813,0.996451548154072,0.908007413081664,0.999908874757857,"chr16",22265757,22266155,"+",0,"NA","5' UTR (NM_001330554, exon 1 of 9)","5' UTR (NM_001330554, exon 1 of 9)",122,"NM_001330554",20462,"Mm.210352","NM_009186","ENSMUSG00000022858","Tra2b","5730405G21Rik|D16Ertd266e|SIG-41|Sfrs10|Silg41|TRA2beta","transformer 2 beta homolog (Drosophila)","protein-coding"]
[23683,"Peak_23941",0.293771768432629,0.106046910683297,-0.187724857749332,2.66975426793837,"NO","NO","NO",0.702982988864169,0.893506229983363,0.71651765308925,0.995112773387952,0.984215028354232,0.999908874757857,"chr16",24313869,24314267,"+",0,"NA","Intergenic","Intergenic",-79368,"NM_178665",210126,"Mm.209385","NM_178665","ENSMUSG00000033306","Lpp","9430020K16Rik|AA959454|AU024130|B130055L10Rik|C79715|D630048H16","LIM domain containing preferred translocation partner in lipoma","protein-coding"]
[23717,"Peak_23976",0.166600230882658,0.40654015330021,0.239939922417552,4.441298777702,"NO","NO","NO",0.700130396676753,0.345016962446783,0.423169194796637,0.994655662762662,0.856474669346262,0.999908874757857,"chr16",26371598,26371996,"+",0,"NA","5' UTR (NM_016674, exon 1 of 4)","5' UTR (NM_016674, exon 1 of 4)",128,"NM_016674",12737,"Mm.289441","NM_016674","ENSMUSG00000022512","Cldn1","AI596271","claudin 1","protein-coding"]
[23774,"Peak_24035",0.748446032367703,0.584662942121168,-0.163783090246535,2.39800765713871,"NO","NO","NO",0.412591517768001,0.531839179940334,0.770798898410102,0.976856877699332,0.917848271738781,0.999908874757857,"chr16",29860775,29861173,"+",0,"NA","Intergenic","Intergenic",118236,"NR_037689",328657,"Mm.425982","NM_001033403",null,"Gm1968","-","predicted gene 1968","ncRNA"]
[23831,"Peak_24092",-0.408307522430448,-0.337114231038387,0.0711932913920607,5.01465672750243,"NO","NO","NO",0.274947717878369,0.369486559493421,0.81834697140899,0.959925552157071,0.866257164595923,0.999908874757857,"chr16",30599732,30600130,"+",0,"NA","5' UTR (NM_177632, exon 1 of 1)","5' UTR (NM_177632, exon 1 of 1)",122,"NM_177632",224093,"Mm.28244","NM_177632","ENSMUSG00000046546","Fam43a","Tuf1","family with sequence similarity 43, member A","protein-coding"]
[23892,"Peak_24153",-0.349331484551761,-0.426611588333231,-0.0772801037814708,4.6191818513721,"NO","NO","NO",0.371915861974529,0.281769090573371,0.8043277011466,0.972372912358262,0.824887056184471,0.999908874757857,"chr16",31878732,31879130,"+",0,"NA","promoter-TSS (NM_013900)","promoter-TSS (NM_013900)",35,"NM_013900",30060,"Mm.30988","NM_013900","ENSMUSG00000022780","Mfi2","CD228|MTf|Meltf","antigen p97 (melanoma associated) identified by monoclonal antibodies 133.2 and 96.5","protein-coding"]
[23988,"Peak_24250",-0.703696510250395,0.465253351208948,1.16894986145934,2.71547197765555,"NO","NO","NO",0.391655324738154,0.545642493875666,0.0475568123089001,0.974692389198048,0.921100937214246,0.999908874757857,"chr16",33992385,33992783,"+",0,"NA","intron (NM_177357, intron 53 of 59)","intron (NM_177357, intron 53 of 59)",-25495,"NM_009471",22247,"Mm.13145","NM_009471","ENSMUSG00000022814","Umps","1700095D23Rik|AA408257|AL033308|BB164745","uridine monophosphate synthetase","protein-coding"]
[24011,"Peak_24273",0.172638819500747,-0.30278139126477,-0.475420210765517,3.06931783036887,"NO","NO","NO",0.79335789167716,0.657837819202406,0.327139865476573,0.996451548154072,0.947748854397085,0.999908874757857,"chr16",34413806,34414204,"+",0,"NA","intron (NM_001164268, intron 1 of 33)","intron (NM_001164268, intron 1 of 33)",100108,"NM_001164268",545156,"Mm.82274","NM_177357","ENSMUSG00000061751","Kalrn","2210407G14Rik|AV235988|DUET|E530005C20Rik|Gm539|Hapip|TRAD","kalirin, RhoGEF kinase","protein-coding"]
[24068,"Peak_24330",0.0549344866233514,0.263442603895652,0.208508117272301,2.84662073250765,"NO","NO","NO",0.943206971317226,0.731509221206963,0.705227613334793,0.997839094325673,0.960863162918549,0.999908874757857,"chr16",35520105,35520503,"+",0,"NA","Intergenic","Tigger10|DNA|Tigger",-10799,"NR_040481",69768,"Mm.396136","NR_040481","ENSMUSG00000099429","1600019K03Rik","-","RIKEN cDNA 1600019K03 gene","ncRNA"]
[24188,"Peak_24450",-0.35435665807762,-0.735681246942918,-0.381324588865298,3.13595816633391,"NO","NO","NO",0.542427255209064,0.224233591821743,0.387671865377149,0.988113766393189,0.788347219390094,0.999908874757857,"chr16",38793190,38793588,"+",0,"NA","intron (NM_178924, intron 1 of 7)","intron (NM_178924, intron 1 of 7)",6927,"NM_178924",22268,"Mm.130793","NM_178924","ENSMUSG00000049436","Upk1b","AI413235|Tspan20|UPIb|Upk1","uroplakin 1B","protein-coding"]
[24249,"Peak_24514",0.0334250760677138,-0.249308543569099,-0.282733619636813,4.27783218459715,"NO","NO","NO",0.938186827507399,0.575673360837897,0.381204646490029,0.997839094325673,0.927967630453873,0.999908874757857,"chr16",42781892,42782290,"+",0,"NA","intron (NR_040521, intron 1 of 3)","intron (NR_040521, intron 1 of 3)",93609,"NR_040521",75722,"Mm.243747","NR_040521","ENSMUSG00000075070","4932412D23Rik","ENSMUSG00000075070|Gm10809","RIKEN cDNA 4932412D23 gene","ncRNA"]
[24293,"Peak_24559",1.3808881675258,1.22668962848067,-0.15419853904513,3.80825883423856,"NO","NO","NO",0.0351476071518375,0.0665486486559278,0.713740764232861,0.86342783623172,0.615917836023984,0.999908874757857,"chr16",44016367,44016765,"+",0,"NA","promoter-TSS (NM_153528)","promoter-TSS (NM_153528)",-17,"NM_153528",207798,"Mm.19316","NM_153528","ENSMUSG00000036292","Gramd1c","4921521N14Rik","GRAM domain containing 1C","protein-coding"]
[24364,"Peak_24630",0.138208284257521,0.280741324116137,0.142533039858616,6.37383892820039,"NO","NO","NO",0.707084460992101,0.446041200060957,0.669563289481474,0.995249020582875,0.893669730594221,0.999908874757857,"chr16",46010323,46010721,"+",0,"NA","promoter-TSS (NM_001134480)","promoter-TSS (NM_001134480)",4,"NM_001134480",433022,"Mm.380993","NM_001134480","ENSMUSG00000087141","Plcxd2","AW494639|EG433022","phosphatidylinositol-specific phospholipase C, X domain containing 2","protein-coding"]
[24425,"Peak_24693",-0.346475487983716,-0.215600207798794,0.130875280184922,2.87344298742208,"NO","NO","NO",0.619080003100059,0.758131580845271,0.801126548216081,0.990880717490712,0.964442448515235,0.999908874757857,"chr16",50689335,50689733,"+",0,"NA","Intergenic","Intergenic",-37711,"NR_105782",102466634,null,"NR_105782","ENSMUSG00000098482","Mir6363","Gm28026|mmu-mir-6363","microRNA 6363","ncRNA"]
[24482,"Peak_24751",0.335291331897389,0.295891184335514,-0.0394001475618743,2.10790738560768,"NO","NO","NO",0.730290480572215,0.764181174826438,0.950467937689219,0.995739075798108,0.965426481631398,0.999908874757857,"chr16",56236791,56237189,"+",0,"NA","intron (NM_174876, intron 9 of 19)","intron (NM_174876, intron 9 of 19)",32564,"NM_174876",224224,"Mm.151998","NM_174876","ENSMUSG00000035270","Impg2","IPM200|PG10.2|Rsbp|Spacrcan","interphotoreceptor matrix proteoglycan 2","protein-coding"]
[24543,"Peak_24812",1.8601676157308,1.95292730574658,0.0927596900157864,2.08290880961188,"NO","NO","NO",0.136326371230918,0.11785399199739,0.871534519289592,0.936664239942381,0.692342253574797,0.999908874757857,"chr16",61171783,61172181,"+",0,"NA","Intergenic","Intergenic",-566625,"NM_007938",13840,"Mm.455790","NM_007938","ENSMUSG00000055540","Epha6","Ehk2|Hek12|m-ehk2","Eph receptor A6","protein-coding"]
[24600,"Peak_24872",1.91023211582793,1.99793114544278,0.0876990296148442,2.11804780397129,"NO","NO","NO",0.140159183479408,0.121233855164002,0.891902689061022,0.939683398884518,0.698348833883738,0.999908874757857,"chr16",72383796,72384194,"+",0,"NA","Intergenic","Intergenic",-149423,"NR_131116",319533,"Mm.373754","NR_131115",null,"8030451O07Rik","-","RIKEN cDNA 8030451O07 gene","ncRNA"]
[24646,"Peak_24919",0.265150615180267,0.142330242189466,-0.1228203729908,2.88278485282917,"NO","NO","NO",0.727956518528326,0.853181537864407,0.823705490386993,0.995739075798108,0.977898830794056,0.999908874757857,"chr16",76341557,76341955,"+",0,"NA","intron (NM_173440, intron 2 of 3)","RMER15|LTR|ERVL",31538,"NM_173440",268903,"Mm.74711","NM_173440","ENSMUSG00000048490","Nrip1","6030458L20Rik|8430438I05Rik|9630050P12|AA959574|AW456757|RIP140","nuclear receptor interacting protein 1","protein-coding"]
[24719,"Peak_24994",1.27728145741648,1.56316960735968,0.285888149943206,2.52907969969328,"NO","NO","NO",0.215948091310967,0.124860118492309,0.617962691653018,0.954504329026433,0.701336576732982,0.999908874757857,"chr16",80974008,80974406,"+",0,"NA","Intergenic","Intergenic",-226735,"NM_001113208",17968,"Mm.433941","NM_010954","ENSMUSG00000022762","Ncam2","Ncam-2|Ocam|RNCAM","neural cell adhesion molecule 2","protein-coding"]
[24776,"Peak_25054",-0.519786159610503,-0.906508523039986,-0.386722363429483,4.0466443656043,"NO","NO","NO",0.246568280498694,0.0498269393268705,0.291600259193367,0.957177893700462,0.576863634036313,0.999908874757857,"chr16",85899904,85900302,"+",0,"NA","exon (NM_011782, exon 1 of 8)","exon (NM_011782, exon 1 of 8)",1267,"NM_011782",23794,"Mm.112933","NM_011782","ENSMUSG00000022894","Adamts5","9530092O11Rik|ADAM-TS5|ADAMTS1|ADAMTS11|ADMP-2|AI481094|ASMP-2","a disintegrin-like and metallopeptidase (reprolysin type) with thrombospondin type 1 motif, 5 (aggrecanase-2)","protein-coding"]
[24837,"Peak_25115",0.172179672884882,-0.262889046397945,-0.435068719282827,3.24871919637418,"NO","NO","NO",0.776515365396195,0.676531730728305,0.318272268212905,0.996451548154072,0.951021300428163,0.999908874757857,"chr16",89890071,89890469,"+",0,"NA","intron (NM_009384, intron 4 of 27)","intron (NM_009384, intron 4 of 27)",70802,"NM_009384",21844,"Mm.310902","NM_009384","ENSMUSG00000002489","Tiam1","AI847750|D16Ium10|D16Ium10e","T cell lymphoma invasion and metastasis 1","protein-coding"]
[24894,"Peak_25173",1.14568541693301,1.78021101797503,0.634525601042019,4.17450287350628,"NO","UP","NO",0.0409729356930199,0.00087328520405654,0.0346903373747377,0.87729516250802,0.146265337762927,0.999908874757857,"chr16",90852190,90852588,"+",0,"NA","intron (NM_001316761, intron 1 of 5)","intron (NM_001316761, intron 1 of 5)",21285,"NM_001316761",70967,"Mm.253077","NM_027627","ENSMUSG00000039903","Eva1c","1700092M14Rik|4931408A02Rik|Fam176c","eva-1 homolog C (C. elegans)","protein-coding"]
[24951,"Peak_25230",-0.253106718162957,-0.574198285775435,-0.321091567612478,2.79494857039396,"NO","NO","NO",0.72559176852095,0.437243279894622,0.571775962468199,0.995739075798108,0.891027931777347,0.999908874757857,"chr16",91899424,91899822,"+",0,"NA","intron (NM_010587, intron 32 of 38)","intron (NM_010587, intron 32 of 38)",32252,"NM_138597",28080,"Mm.41","NM_138597","ENSMUSG00000022956","Atp5o","ATPO|D12Wsu28e|OSCP","ATP synthase, H+ transporting, mitochondrial F1 complex, O subunit","protein-coding"]
[25013,"Peak_25292",1.11700872263406,1.02413449877585,-0.0928742238582097,3.08197173073699,"NO","NO","NO",0.133636305892936,0.176870580965427,0.826762230056058,0.935939022395776,0.750053799222858,0.999908874757857,"chr16",92613005,92613403,"+",0,"NA","intron (NM_001111023, intron 5 of 5)","intron (NM_001111023, intron 5 of 5)",84370,"NM_009821",12394,"Mm.4081","NM_009821","ENSMUSG00000022952","Runx1","AML1|CBF-alpha-2|Cbfa2|Pebp2a2|Pebpa2b","runt related transcription factor 1","protein-coding"]
[25133,"Peak_25413",-0.690198054951211,-0.354448950601389,0.335749104349822,4.55103288722793,"NO","NO","NO",0.116308443639649,0.417199129711573,0.364614122684686,0.925432450006553,0.884310207018008,0.999908874757857,"chr16",95562903,95563301,"+",0,"NA","Intergenic","Intergenic",83937,"NM_001271689",16516,"Mm.272239","NM_019664","ENSMUSG00000062609","Kcnj15","4930414N08Rik|AI182284|AI267127|IRKK|Kir4.2","potassium inwardly-rectifying channel, subfamily J, member 15","protein-coding"]
[25190,"Peak_25470",-0.116381425823818,0.287500413073067,0.403881838896885,3.0275504474649,"NO","NO","NO",0.872232701925669,0.685982564129572,0.434043623274426,0.996451548154072,0.952790035405284,0.999908874757857,"chr16",96922220,96922618,"+",0,"NA","intron (NM_031174, intron 15 of 32)","intron (NM_031174, intron 15 of 32)",233206,"NM_008791",18546,"Mm.5023","NM_008791","ENSMUSG00000090223","Pcp4","P16Rimb19|Pcp-4|Pep19","Purkinje cell protein 4","protein-coding"]
[25251,"Peak_25531",-0.15220110751665,0.157228722045602,0.309429829562252,3.40800834799778,"NO","NO","NO",0.788726382114269,0.779541217070029,0.414937522551702,0.996451548154072,0.968246399780574,0.999908874757857,"chr17",3351596,3351994,"+",0,"NA","intron (NM_001122998, intron 1 of 26)","intron (NM_001122998, intron 1 of 26)",25222,"NM_001122998",24001,"Mm.137134","NM_011878","ENSMUSG00000023800","Tiam2","3000002F19Rik|STEF|mKIAA2016","T cell lymphoma invasion and metastasis 2","protein-coding"]
[25308,"Peak_25589",-0.394351175873536,-0.0946756578204536,0.299675518053083,4.15020728859342,"NO","NO","NO",0.393069822673254,0.836051784253226,0.3952474533698,0.974743574295405,0.976682127164525,0.999908874757857,"chr17",5397363,5397761,"+",0,"NA","Intergenic","Intergenic",21205,"NM_175349",106557,"Mm.432764","NM_175349","ENSMUSG00000101959","Ldhal6b","4933402O15Rik|AI326310|LDHL|Ldhal","lactate dehydrogenase A-like 6B","protein-coding"]
[25368,"Peak_25649",-0.922221706759504,0.606471488279538,1.52869319503904,2.21111925363583,"NO","NO","NO",0.333995225143594,0.480935761296948,0.0150419500485076,0.965732165980378,0.905269819847785,0.999908874757857,"chr17",7165118,7165516,"+",0,"NA","intron (NM_147155, intron 1 of 3)","CpG",188,"NM_147155",380608,"Mm.371734","NM_147155","ENSMUSG00000052031","Tagap1","2610315E15Rik|AA415005|FKSG15","T cell activation GTPase activating protein 1","protein-coding"]
[25427,"Peak_25708",2.13841495498382,2.91443184033252,0.776016885348694,2.61292740298089,"NO","NO","NO",0.0839888493384695,0.0116832038936343,0.170489779255491,0.911408110368333,0.393116932684187,0.999908874757857,"chr17",9035725,9036123,"+",0,"NA","intron (NM_011866, intron 1 of 21)","intron (NM_011866, intron 1 of 21)",-6926,"NM_001347321",23984,"Mm.87161","NM_011866","ENSMUSG00000023868","Pde10a","-","phosphodiesterase 10A","protein-coding"]
[25484,"Peak_25765",-0.060419665512752,-0.392048540669897,-0.331628875157145,3.24928647270604,"NO","NO","NO",0.920954710554949,0.532915017443389,0.469331544248915,0.997839094325673,0.917848271738781,0.999908874757857,"chr17",11174750,11175148,"+",0,"NA","intron (NM_016694, intron 1 of 11)","intron (NM_016694, intron 1 of 11)",141724,"NM_001317726",50873,"Mm.311110","NM_016694","ENSMUSG00000023826","Park2","PRKN","Parkinson disease (autosomal recessive, juvenile) 2, parkin","protein-coding"]
[25545,"Peak_25827",-0.4412183513636,-1.27165330907761,-0.830434957714008,3.74476518663762,"NO","NO","NO",0.344966332030595,0.0111745489783596,0.0325358163641891,0.968973004742315,0.387536726571358,0.999908874757857,"chr17",12942616,12943014,"+",0,"NA","intron (NM_010515, intron 1 of 47)","intron (NM_010515, intron 1 of 47)",8638,"NR_027784",104103,"Mm.26553","NR_002853","ENSMUSG00000078247","Airn","2810051F02Rik|2810434M15Rik|AI256653|AI597500|AW049873|Air|B930018I07Rik|D17Ertd663e|IGF2RAS","antisense Igf2r RNA","ncRNA"]
[25602,"Peak_25885",-0.129621620777556,0.108776472270044,0.238398093047601,3.65562293583984,"NO","NO","NO",0.802482280269519,0.83274604968469,0.491946791777175,0.996451548154072,0.975812355805194,0.999908874757857,"chr17",14515704,14516102,"+",0,"NA","intron (NM_022315, intron 9 of 12)","ID_B1|SINE|B4",20046,"NR_027986",74917,"Mm.32228","NM_183107",null,"4930474M22Rik","-","RIKEN cDNA 4930474M22 gene","ncRNA"]
[25673,"Peak_25958",-0.164995515625154,-0.105450483411591,0.0595450322135637,6.3386470965226,"NO","NO","NO",0.665865327975674,0.783037719880178,0.867036242574573,0.992460481573164,0.968462187022085,0.999908874757857,"chr17",17761503,17761901,"+",0,"NA","promoter-TSS (NM_172827)","promoter-TSS (NM_172827)",-249,"NM_172827",240028,"Mm.328807","NM_172827","ENSMUSG00000023845","Lnpep","2010309L07Rik|4732490P18Rik|CAP|IRAP|PLAP|gp160|vp165","leucyl/cystinyl aminopeptidase","protein-coding"]
[25721,"Peak_26006",2.19687887443905,1.63561580962632,-0.561263064812733,3.45491057733294,"UP","NO","NO",3.01147807878893E-3,0.0378258518916077,0.142800830349398,0.672239622666757,0.538741782149873,0.999908874757857,"chr17",23722867,23723265,"+",0,"NA","intron (NM_011747, intron 1 of 5)","intron (NM_011747, intron 1 of 5)",13388,"NM_011747",22654,"Mm.40326","NM_011747","ENSMUSG00000062012","Zfp13","4933429B21|AI835008|Krox-8|Rhit|Zfp-13","zinc finger protein 13","protein-coding"]
[25778,"Peak_26063",-0.0727212400864513,-0.315775547270915,-0.243054307184463,5.11478271386322,"NO","NO","NO",0.867955697866342,0.474908125035168,0.529729475687694,0.996451548154072,0.902853958840626,0.999908874757857,"chr17",24611530,24611928,"+",0,"NA","3' UTR (NM_001252463, exon 9 of 9)","3' UTR (NM_001252463, exon 9 of 9)",900,"NM_175682",319259,"Mm.258355","NM_175682","ENSMUSG00000045744","Bricd5","9930021D14Rik","BRICHOS domain containing 5","protein-coding"]
[25839,"Peak_26126",0.0666495831832317,0.804504688764405,0.737855105581174,2.86914383353029,"NO","NO","NO",0.939860352651537,0.338002909013916,0.243030932745163,0.997839094325673,0.853631553077554,0.999908874757857,"chr17",25599420,25599818,"+",0,"NA","Intergenic","Intergenic",-8916,"NM_027951",71840,"Mm.282330","NM_027951","ENSMUSG00000024175","Tekt4","1700010L19Rik","tektin 4","protein-coding"]
[25896,"Peak_26183",-0.0143413498812252,-0.375097805551933,-0.360756455670708,3.98636670868977,"NO","NO","NO",0.974644017683821,0.424426979668192,0.275412557208496,0.999057618398854,0.886638899721174,0.999908874757857,"chr17",26237106,26237504,"+",0,"NA","Intergenic","Intergenic",-4890,"NM_019731",56520,"Mm.41787","NM_019731","ENSMUSG00000024177","Nme4","2610027N22Rik|2810024O08Rik|5730493H09Rik|NM23-M4|Nm23M4","NME/NM23 nucleoside diphosphate kinase 4","protein-coding"]
[25978,"Peak_26265",0.689543521805927,0.486938198979875,-0.202605322826052,4.13409650912229,"NO","NO","NO",0.141935266266487,0.312897184887263,0.493271062822643,0.942490715272337,0.841761016187358,0.999908874757857,"chr17",27461986,27462384,"+",0,"NA","Intergenic","Intergenic",-3145,"NR_106075",102466818,null,"NR_106075","ENSMUSG00000099237","Mir7216","Gm27555|mmu-mir-7216","microRNA 7216","ncRNA"]
[26078,"Peak_26365",1.10689035388764,0.838663147261331,-0.268227206626312,2.99823748590962,"NO","NO","NO",0.150659174824778,0.290631530713559,0.566483989129027,0.943529907756132,0.828670884245271,0.999908874757857,"chr17",28690061,28690459,"+",0,"NA","TTS (NM_001034871)","TTS (NM_001034871)",3828,"NM_001034871",328788,"Mm.99400","NM_001034871","ENSMUSG00000024224","Clpsl2","Gm749","colipase-like 2","protein-coding"]
[26135,"Peak_26422",0.410067154724826,-0.0722425305355583,-0.482309685260384,2.87151062135184,"NO","NO","NO",0.608179706800958,0.929882509754704,0.430211228130908,0.990629663238998,0.98986700894204,0.999908874757857,"chr17",29453242,29453640,"+",0,"NA","Intergenic","Intergenic",-2386,"NM_023734",74116,"Mm.30950","NM_023734","ENSMUSG00000024011","Pi16","1200009H11Rik|Cripi|PI-16","peptidase inhibitor 16","protein-coding"]
[26196,"Peak_26483",0.214331778668233,-0.100025967135579,-0.314357745803812,3.13699458841704,"NO","NO","NO",0.774393689536055,0.895399108428093,0.597481252063802,0.996451548154072,0.984215028354232,0.999908874757857,"chr17",30292056,30292454,"+",0,"NA","intron (NM_148926, intron 3 of 4)","MTE-int|LTR|MaLR",150223,"NM_148926",21769,"Mm.220972","NM_148926","ENSMUSG00000044477","Zfand3","AW539211|TEG-27|Tex27","zinc finger, AN1-type domain 3","protein-coding"]
[26253,"Peak_26540",0.36691947322629,0.320098505041097,-0.046820968185193,4.82427786112538,"NO","NO","NO",0.38668580959983,0.455097668958652,0.885159487094623,0.973960062758742,0.897547545207509,0.999908874757857,"chr17",31414002,31414400,"+",0,"NA","promoter-TSS (NM_025290)","promoter-TSS (NM_025290)",100,"NM_025290",22092,"Mm.12743","NM_025290","ENSMUSG00000024033","Rsph1","MCA|Tsga2","radial spoke head 1 homolog (Chlamydomonas)","protein-coding"]
[26310,"Peak_26597",-0.282061729136445,-0.202074319607158,0.079987409529287,4.96819121551133,"NO","NO","NO",0.463460733044601,0.600956868706718,0.798968275196731,0.979860780201896,0.933549666803656,0.999908874757857,"chr17",32303653,32304051,"+",0,"NA","promoter-TSS (NM_008716)","promoter-TSS (NM_008716)",-55,"NM_008716",18131,"Mm.439741","NM_008716","ENSMUSG00000038146","Notch3","AW229011|N3|hpbk","notch 3","protein-coding"]
[26395,"Peak_26682",1.05548003131692,1.59012073578413,0.534640704467213,2.92129956314635,"NO","NO","NO",0.240765180559966,0.0669208825385166,0.313395370495585,0.956996614837851,0.616772060239545,0.999908874757857,"chr17",34208138,34208536,"+",0,"NA","Intergenic","Intergenic",-20987,"NM_008206",15001,"Mm.116","NM_008206","ENSMUSG00000024334","H2-Oa","H-2Oa","histocompatibility 2, O region alpha locus","protein-coding"]
[26429,"Peak_26716",-0.609806012804805,-0.253404497250193,0.356401515554612,2.79123747398712,"NO","NO","NO",0.379060440744878,0.711916748864939,0.480165867614282,0.972397593291388,0.957024756010707,0.999908874757857,"chr17",34548096,34548494,"+",0,"NA","intron (NM_001163855, intron 1 of 23)","intron (NM_001163855, intron 1 of 23)",12530,"NM_001163855",407788,"Mm.73205","NM_001001177","ENSMUSG00000057246","BC051142","NG8|TSBP|Tesb|Tesbp","cDNA sequence BC051142","protein-coding"]
[26486,"Peak_26773",-0.327950046409871,-0.887830029655471,-0.559879983245599,3.85411857820956,"NO","NO","NO",0.479210430562143,0.0676413230750094,0.128144376665525,0.981648566820123,0.619110268985981,0.999908874757857,"chr17",35479444,35479842,"+",0,"NA","exon (NM_010392, exon 2 of 7)","exon (NM_010392, exon 2 of 7)",365,"NM_010392",15013,"Mm.427969","NM_010392","ENSMUSG00000091705","H2-Q2","BE136769|ENSMUSG00000079507|Gm11132|H-2Q2|gs14-2","histocompatibility 2, Q region locus 2","protein-coding"]
[26547,"Peak_26834",-1.27633211025777E-3,-0.678535464556105,-0.677259132445847,3.81005116732056,"NO","NO","NO",0.997901882382319,0.217192166112476,0.114164457200105,0.999699642087848,0.782674034764472,0.999908874757857,"chr17",36247843,36248241,"+",0,"NA","intron (NM_001271005, intron 2 of 6)","intron (NM_001271005, intron 2 of 6)",579,"NM_001271005",667803,"Mm.477808","NM_001271005",null,"H2-T-ps","C920025E04Rik|H2-T11","histocompatibility 2, T region locus, pseudogene","protein-coding"]
[26604,"Peak_26891",1.00989749369102,0.969923451048523,-0.0399740426424961,2.65389051041354,"NO","NO","NO",0.289944448350787,0.314076141362064,0.948870952555174,0.959925552157071,0.842357700436903,0.999908874757857,"chr17",42919162,42919560,"+",0,"NA","Intergenic","Intergenic",-40233,"NM_001033493",435529,"Mm.136350","NM_001033493","ENSMUSG00000057899","Adgrf2","Gpr111|PGR20","adhesion G protein-coupled receptor F2","protein-coding"]
[26700,"Peak_26987",-0.256304501400104,0.234428377435187,0.490732878835291,5.50948706959114,"NO","NO","NO",0.50589006125899,0.539559080622879,0.135841134895742,0.984683579984827,0.919442233874704,0.999908874757857,"chr17",45710284,45710682,"+",0,"NA","promoter-TSS (NM_008302)","promoter-TSS (NM_008302)",-273,"NM_008302",15516,"Mm.2180","NM_008302","ENSMUSG00000023944","Hsp90ab1","90kDa|AL022974|C81438|Hsp84|Hsp84-1|Hsp90|Hspcb","heat shock protein 90 alpha (cytosolic), class B member 1","protein-coding"]
[26723,"Peak_27010",-0.117309476551413,-0.0632008047191455,0.0541086718322674,4.82623661382708,"NO","NO","NO",0.781359628496558,0.881940699769531,0.875268741285971,0.996451548154072,0.982954174491063,0.999908874757857,"chr17",45903884,45904282,"+",0,"NA","Intergenic","Intergenic",-33290,"NM_028164",72240,"Mm.482897","NM_028164","ENSMUSG00000094690","1600014C23Rik","-","RIKEN cDNA 1600014C23 gene","protein-coding"]
[26780,"Peak_27067",0.0998289028434038,0.269327925392277,0.169499022548874,5.10002573909353,"NO","NO","NO",0.814054470395333,0.525631115913936,0.629276913912338,0.996451548154072,0.916539055314223,0.999908874757857,"chr17",46766112,46766510,"+",0,"NA","5' UTR (NM_175168, exon 1 of 20)","5' UTR (NM_175168, exon 1 of 20)",142,"NM_175168",71461,"Mm.181833","NM_175168","ENSMUSG00000023972","Ptk7","8430404F20Rik|chz|mPTK7/CCK4","PTK7 protein tyrosine kinase 7","protein-coding"]
[26904,"Peak_27191",-0.0296001076657171,-0.0651094319587023,-0.0355093242929853,3.3770255880136,"NO","NO","NO",0.959044386470934,0.911644140071113,0.931118095932457,0.998328930458371,0.986645356766116,0.999908874757857,"chr17",48786743,48787141,"+",0,"NA","Intergenic","MT2A|LTR|ERVL",192716,"NM_152823",76589,"Mm.311629","NM_152823","ENSMUSG00000043592","Unc5cl","2510009H09Rik|BB155270|Zud","unc-5 family C-terminal like","protein-coding"]
[26961,"Peak_27248",-0.148535339030531,-0.0517779789355714,0.0967573600949591,4.26187849494216,"NO","NO","NO",0.737871211524064,0.907559621519902,0.770620332215918,0.995754237914056,0.985824637512046,0.999908874757857,"chr17",50648559,50648957,"+",0,"NA","promoter-TSS (NM_013880)","promoter-TSS (NM_013880)",-114,"NM_013880",224860,"Mm.217362","NM_013880","ENSMUSG00000038910","Plcl2","PLC-L2|PRIP-2|Plce2|mKIAA1092","phospholipase C-like 2","protein-coding"]
[27005,"Peak_27293",0.742185140097224,1.01844775550368,0.276262615406452,3.2478105979958,"NO","NO","NO",0.332635949981951,0.180135050598791,0.583914045491639,0.965544461931322,0.753885984373453,0.999908874757857,"chr17",55068611,55069009,"+",0,"NA","Intergenic","Intergenic",-515870,"NM_001347403",240119,"Mm.311687","NM_172829","ENSMUSG00000024172","St6gal2","C230064G14Rik|St6galII|mKIAA1877","beta galactoside alpha 2,6 sialyltransferase 2","protein-coding"]
[27080,"Peak_27368",0.380440465193727,0.424880154058239,0.0444396888645118,3.69142143701561,"NO","NO","NO",0.579833358086732,0.534839497460596,0.934939719224463,0.989995385640587,0.918126375666667,0.999908874757857,"chr17",56890849,56891247,"+",0,"NA","exon (NM_008738, exon 3 of 3)","exon (NM_008738, exon 3 of 3)",5923,"NM_008738",18188,"Mm.8074","NM_008738","ENSMUSG00000039481","Nrtn","NTN","neurturin","protein-coding"]
[27137,"Peak_27426",-0.983288589547875,-1.29757694690025,-0.314288357352375,2.30868529155657,"NO","NO","NO",0.197921674468246,0.102339763469779,0.617964244040513,0.953494236567625,0.671387191909866,0.999908874757857,"chr17",63178854,63179252,"+",0,"NA","intron (NM_207654, intron 1 of 4)","intron (NM_207654, intron 1 of 4)",51613,"NM_010109",13640,"Mm.7978","NM_010109","ENSMUSG00000048915","Efna5","AL-1|AV158822|EFL-5|Ephrin-A5|Epl7|LERK-7|RAGS","ephrin A5","protein-coding"]
[27198,"Peak_27488",0.943414095064088,1.73489017537489,0.791476080310802,2.95940179124367,"NO","NO","NO",0.312122596803464,0.0493774920412743,0.163754993493986,0.959925552157071,0.575558624669239,0.999908874757857,"chr17",66055556,66055954,"+",0,"NA","intron (NM_133685, intron 3 of 6)","intron (NM_133685, intron 3 of 6)",-64211,"NM_001146002",213272,"Mm.255732","NM_153519","ENSMUSG00000050612","Txndc2","AU021712|Sptrx-1|Sptrx1|Trx4","thioredoxin domain containing 2 (spermatozoa)","protein-coding"]
[27255,"Peak_27545",-0.890992163420439,-0.333143584953188,0.557848578467251,2.0622860523681,"NO","NO","NO",0.315512154084936,0.699945436418644,0.388931034302322,0.960110562484863,0.954685953598649,0.999908874757857,"chr17",67327525,67327923,"+",0,"NA","intron (NM_008984, intron 7 of 30)","RLTR12B|LTR|ERVK",47851,"NR_049205",100885844,null,"NR_049205","ENSMUSG00000093508","Mir5709","Gm22041|mir-5709|mmu-mir-5709","microRNA 5709","ncRNA"]
[27312,"Peak_27602",0.398184929881478,0.592126726498063,0.193941796616585,2.58895469485858,"NO","NO","NO",0.667569715768885,0.517323705570593,0.766769587128785,0.992668856235835,0.912795037915723,0.999908874757857,"chr17",69458532,69458930,"+",0,"NA","Intergenic","Intergenic",-47419,"NM_013813",13823,"Mm.131135","NM_013813","ENSMUSG00000024044","Epb41l3","4.1B|DAL1P|Dal1|Epb4.1l3|NBL3","erythrocyte membrane protein band 4.1 like 3","protein-coding"]
[27358,"Peak_27649",0.207090561013387,0.448425216846769,0.241334655833382,5.34873654969491,"NO","NO","NO",0.609099905225535,0.267745022868399,0.470179308219428,0.990629663238998,0.815912205648665,0.999908874757857,"chr17",71202175,71202573,"+",0,"NA","intron (NM_001164074, intron 1 of 2)","CpG",498,"NM_001164074",21815,"Mm.101034","NM_009372","ENSMUSG00000047407","Tgif1","AA959811|AI462167|Tgif","TGFB-induced factor homeobox 1","protein-coding"]
[27431,"Peak_27722",0.409352656181132,-0.219428975181472,-0.628781631362603,2.35939700289368,"NO","NO","NO",0.635390020480245,0.810674734803208,0.297155542283347,0.991660374418771,0.972290196706586,0.999908874757857,"chr17",73574958,73575356,"+",0,"NA","intron (NM_001177968, intron 5 of 5)","intron (NM_001177968, intron 5 of 5)",117832,"NM_001177968",225010,"Mm.329194","NM_001081071","ENSMUSG00000054469","Lclat1","AI181996|Agpat8|Alcat1|Gm91|Lycat","lysocardiolipin acyltransferase 1","protein-coding"]
[27492,"Peak_27786",-0.29256934127873,-0.590706699109173,-0.298137357830443,3.44442348584879,"NO","NO","NO",0.614588651745569,0.323878040828672,0.517960786894871,0.990629663238998,0.846629023887883,0.999908874757857,"chr17",78360589,78360987,"+",0,"NA","Intergenic","Intergenic",-238800,"NM_015800",50766,"Mm.311912","NM_015800","ENSMUSG00000024074","Crim1","AU015004","cysteine rich transmembrane BMP regulator 1 (chordin like)","protein-coding"]
[27549,"Peak_27843",-0.697154731938047,-0.742565557616025,-0.0454108256779782,4.06123382930198,"NO","NO","NO",0.107310378535119,0.0915264910022594,0.895039271078674,0.919893473685768,0.656177506415997,0.999908874757857,"chr17",80418448,80418846,"+",0,"NA","Intergenic","Intergenic",42961,"NM_144802",72692,"Mm.64579","NM_144802","ENSMUSG00000024095","Hnrnpll","2510028H02Rik|2810036L13Rik|AI256697|AI852082|Hnrpll","heterogeneous nuclear ribonucleoprotein L-like","protein-coding"]
[27606,"Peak_27901",0.60902020814156,0.198001793666852,-0.411018414474708,2.54801198740563,"NO","NO","NO",0.53079249877866,0.841531012698461,0.577075115669281,0.987425270131684,0.97745216732589,0.999908874757857,"chr17",83474031,83474429,"+",0,"NA","intron (NR_045094, intron 2 of 3)","Charlie8|DNA|MER1_type",3335,"NR_045094",100503434,"Mm.187281","NR_045094",null,"Gm19689","-","predicted gene, 19689","ncRNA"]
[27727,"Peak_28024",0.0204557796704126,-0.21337848229999,-0.233834261970403,2.61849188619498,"NO","NO","NO",0.98073644049956,0.797265491424049,0.711363331816691,0.99914697897948,0.970135916921018,0.999908874757857,"chr17",86136958,86137356,"+",0,"NA","Intergenic","Intergenic",-49563,"NM_011380",20472,"Mm.5039","NM_011380","ENSMUSG00000024134","Six2","-","sine oculis-related homeobox 2","protein-coding"]
[27788,"Peak_28085",-0.281416267900556,-0.0325160864113278,0.248900181489228,5.36900240692275,"NO","NO","NO",0.453382269016113,0.930718902415463,0.432866840561663,0.978680603583146,0.98986700894204,0.999908874757857,"chr17",87362457,87362855,"+",0,"NA","5' UTR (NM_145491, exon 1 of 5)","5' UTR (NM_145491, exon 1 of 5)",205,"NM_145491",104215,"Mm.826","NM_145491","ENSMUSG00000024143","Rhoq","Arhq|TC10A|Tc10","ras homolog family member Q","protein-coding"]
[27845,"Peak_28143",-0.66031022047364,-0.553064017285372,0.107246203188268,3.7732440686314,"NO","NO","NO",0.189575503783312,0.274905990481605,0.787303188674356,0.952872791523057,0.820464125322587,0.999908874757857,"chr17",88331984,88332382,"+",0,"NA","Intergenic","Intergenic",-42207,"NM_010830",17688,"Mm.18210","NM_010830","ENSMUSG00000005370","Msh6","AU044881|AW550279|GTBP|Gtmbp","mutS homolog 6","protein-coding"]
[27906,"Peak_28207",-0.340598623214317,-0.193347091938909,0.147251531275408,6.27214422954416,"NO","NO","NO",0.338102508771596,0.586771257983549,0.651928179460271,0.967147884897744,0.930396838150314,0.999908874757857,"chr18",3507536,3507934,"+",0,"NA","promoter-TSS (NM_026505)","promoter-TSS (NM_026505)",-220,"NM_026505",68010,"Mm.284863","NM_026505","ENSMUSG00000024232","Bambi","2610003H06Rik","BMP and activin membrane-bound inhibitor","protein-coding"]
[27963,"Peak_28264",-4.89682266623887E-3,0.379351204127158,0.384248026793397,5.92990712666524,"NO","NO","NO",0.990375442455679,0.347472004198576,0.288205289496267,0.999532536338917,0.857547438145446,0.999908874757857,"chr18",6135855,6136253,"+",0,"NA","promoter-TSS (NM_001039692)","promoter-TSS (NM_001039692)",42,"NM_029277",75415,"Mm.239675","NM_029277","ENSMUSG00000041225","Arhgap12","2810011M08Rik","Rho GTPase activating protein 12","protein-coding"]
[28032,"Peak_28334",0.134461243521226,0.545182535882544,0.410721292361318,4.24387930268124,"NO","NO","NO",0.7911252856754,0.278911905519014,0.270800056005344,0.996451548154072,0.823294405403191,0.999908874757857,"chr18",9707644,9708042,"+",0,"NA","intron (NM_130449, intron 1 of 9)","CpG",197,"NM_130449",140792,"Mm.218571","NM_130449","ENSMUSG00000036103","Colec12","CL-P1|SRCL|Scara4","collectin sub-family member 12","protein-coding"]
[28082,"Peak_28384",-0.476787207703197,-0.473465026403366,0.00332218129983137,3.99237805706056,"NO","NO","NO",0.273525723772732,0.283870622745031,0.99191595426238,0.959925552157071,0.825638196311639,0.999908874757857,"chr18",11773039,11773437,"+",0,"NA","Intergenic","Intergenic",-18547,"NR_045527",225182,"Mm.154275","NM_175458","ENSMUSG00000041238","Rbbp8","9930104E21Rik|CtIP|RBBP-8|RIM|SAE2","retinoblastoma binding protein 8","protein-coding"]
[28139,"Peak_28442",0.478439617954735,0.598311294821429,0.119871676866694,3.72898723855744,"NO","NO","NO",0.405518716208515,0.297865747290651,0.751301229988908,0.975982217513585,0.833291447863486,0.999908874757857,"chr18",13293009,13293407,"+",0,"NA","Intergenic","Intergenic",127709,"NM_153087",225192,"Mm.207073","NM_153087","ENSMUSG00000037346","Hrh4","AXOR35|BG26|GPCR105|GPRv53|H4|H4R|HH4R","histamine receptor H4","protein-coding"]
[28200,"Peak_28504",0.0162822012018388,-0.0153715114970532,-0.031653712698892,3.43329711207334,"NO","NO","NO",0.977612190704832,0.979555490411247,0.939389062378698,0.999057618398854,0.997255281529827,0.999908874757857,"chr18",15510321,15510719,"+",0,"NA","Intergenic","Intergenic",50988,"NM_001308647",11829,"Mm.250786","NM_009700","ENSMUSG00000024411","Aqp4","WCH4","aquaporin 4","protein-coding"]
[28257,"Peak_28564",0.496676221966214,0.115043511472838,-0.381632710493376,3.52704756579464,"NO","NO","NO",0.386109608717745,0.846641396697262,0.326946165061025,0.973466858528724,0.977494282942532,0.999908874757857,"chr18",21291262,21291660,"+",0,"NA","intron (NM_001033445, intron 4 of 5)","intron (NM_001033445, intron 4 of 5)",60616,"NM_008586",17288,"Mm.2682","NM_008586","ENSMUSG00000024313","Mep1b","Mep-1b","meprin 1 beta","protein-coding"]
[28318,"Peak_28626",0.519854180140564,0.699658698568776,0.179804518428211,5.85920575581829,"NO","NO","NO",0.245967493219951,0.11916050677987,0.650455910426569,0.957177893700462,0.69461202498772,0.999908874757857,"chr18",24179013,24179411,"+",0,"NA","promoter-TSS (NM_021559)","promoter-TSS (NM_021559)",60,"NM_021559",59057,"Mm.417427","NM_021559","ENSMUSG00000051469","Zfp24","3526401F17Rik|5033419P20Rik|AI480505|AI642085|AL024422|KOX17|ZF-12|Zfp191|Znf191|Znf24|Znp191","zinc finger protein 24","protein-coding"]
[28385,"Peak_28693",-0.265120926844546,-0.663071196518782,-0.397950269674236,2.40896322138496,"NO","NO","NO",0.737349765416505,0.419096803471729,0.509044426319614,0.995754237914056,0.884711100396551,0.999908874757857,"chr18",26331443,26331841,"+",0,"NA","Intergenic","Intergenic",-419158,"NM_001146293",108013,"Mm.266435","NM_133195","ENSMUSG00000024268","Celf4","A230070D14Rik|BRUNOL-4|Brul4|Brunol4|C130060B05Rik","CUGBP, Elav-like family member 4","protein-coding"]
[28433,"Peak_28741",0.457505346115003,0.303385851175474,-0.154119494939528,4.05152428441364,"NO","NO","NO",0.364850047125967,0.554346874037235,0.666217770546102,0.971497355981173,0.923150718663605,0.999908874757857,"chr18",32537154,32537552,"+",0,"NA","non-coding (NR_045403, exon 1 of 3)","non-coding (NR_045403, exon 1 of 3)",482,"NM_009668",30948,"Mm.4383","NM_009668","ENSMUSG00000024381","Bin1","ALP-1|Amphl|BRAMP-2|SH3P9","bridging integrator 1","protein-coding"]
[28494,"Peak_28803",0.49849928769341,0.533419714505367,0.0349204268119569,3.14514525319212,"NO","NO","NO",0.469996759788451,0.444186437825903,0.938203760012159,0.980883926691764,0.892834554317305,0.999908874757857,"chr18",34697796,34698194,"+",0,"NA","Intergenic","Intergenic",-3987,"NM_009290",20890,"Mm.558","NM_009290","ENSMUSG00000012282","Wnt8a","Stra11|Wnt-8A|Wnt-8D|Wnt8d","wingless-type MMTV integration site family, member 8A","protein-coding"]
[28551,"Peak_28860",0.188985341589161,0.41969728086228,0.230711939273119,2.46825443543503,"NO","NO","NO",0.827088350049915,0.6263878043525,0.684606110881957,0.996451548154072,0.941209145199133,0.999908874757857,"chr18",35899803,35900201,"+",0,"NA","exon (NM_001289591, exon 1 of 7)","exon (NM_001289591, exon 1 of 7)",206,"NM_001289591",72512,"Mm.45995","NM_028261","ENSMUSG00000024349","Tmem173","2610307O08Rik|ERIS|MPYS|Mita|STING","transmembrane protein 173","protein-coding"]
[28671,"Peak_28980",-0.218691050271874,-0.266580409601589,-0.0478893593297145,4.46811579937552,"NO","NO","NO",0.61100057988085,0.538843849316275,0.888878626648462,0.990629663238998,0.919387696531074,0.999908874757857,"chr18",38350322,38350720,"+",0,"NA","Intergenic","Intergenic",18895,"NM_029357",75599,"Mm.36560","NM_029357","ENSMUSG00000051375","Pcdh1","2010005A06Rik|AI585920","protocadherin 1","protein-coding"]
[28690,"Peak_29000",0.0694551501027973,-0.489897237622282,-0.559352387725079,4.25642735689732,"NO","NO","NO",0.884998572690017,0.325897889743158,0.151960876228466,0.996451548154072,0.847579149588684,0.999908874757857,"chr18",38544563,38544961,"+",0,"NA","Intergenic","Intergenic",-33867,"NM_022996",65113,"Mm.102496","NM_022996","ENSMUSG00000024425","Ndfip1","0610010M22Rik|N4wbp5","Nedd4 family interacting protein 1","protein-coding"]
[28790,"Peak_29102",0.457744447128808,0.47087209493953,0.0131276478107216,2.24171498486146,"NO","NO","NO",0.62766880723694,0.622906629797229,0.982981071366489,0.991082598585515,0.939903797618222,0.999908874757857,"chr18",43104733,43105131,"+",0,"NA","intron (NM_028392, intron 1 of 8)","intron (NM_028392, intron 1 of 8)",-45772,"NR_073583",72930,"Mm.26134","NM_027531","ENSMUSG00000024500","Ppp2r2b","2900026H06Rik|6330404L05Rik|E130009M08Rik|PP2A-PR55B|PR55-BETA|SCA12","protein phosphatase 2, regulatory subunit B, beta","protein-coding"]
[28851,"Peak_29167",0.759759113635164,0.73502236794863,-0.0247367456865339,3.99607984083233,"NO","NO","NO",0.151628479814693,0.170292176743625,0.942582195311468,0.943529907756132,0.746225660078785,0.999908874757857,"chr18",46440131,46440529,"+",0,"NA","intron (NM_172627, intron 1 of 8)","CpG",174,"NM_172627",225467,"Mm.262096","NM_172627","ENSMUSG00000024477","Pggt1b","2010207C17Rik|2610100E13|AI451237|AI551093|BGG1|GGT1","protein geranylgeranyltransferase type I, beta subunit","protein-coding"]
[28908,"Peak_29225",0.0137682350310759,-0.9583470365522,-0.972115271583276,2.97178899774614,"NO","NO","NO",0.984618363473051,0.195914154161717,0.093240493881028,0.999441379886603,0.767964784375526,0.999908874757857,"chr18",47697238,47697636,"+",0,"NA","promoter-TSS (NR_033454)","promoter-TSS (NR_033454)",48,"NR_033454",328953,"Mm.246768","NR_033454",null,"Gm5095","A730092B10","predicted gene 5095","ncRNA"]
[28965,"Peak_29284",0.380788962370614,0.372789624291197,-0.00799933807941641,3.05614204596413,"NO","NO","NO",0.615005064724076,0.627319993952423,0.987720122637928,0.990629663238998,0.941605985900769,0.999908874757857,"chr18",52773683,52774081,"+",0,"NA","Intergenic","Intergenic",-1687,"NM_025749",66758,"Mm.251599","NM_025749","ENSMUSG00000046886","Zfp474","4933409D10Rik|Znf474","zinc finger protein 474","protein-coding"]
[28995,"Peak_29315",1.20436365210596,0.520379425985244,-0.683984226120715,2.06791973094084,"NO","NO","NO",0.296790851033997,0.665654321774301,0.381135186331719,0.959925552157071,0.949526379298472,0.999908874757857,"chr18",53557913,53558311,"+",0,"NA","Intergenic","Intergenic",19549,"NM_008908",19038,"Mm.4587","NM_008908","ENSMUSG00000024538","Ppic","CyP-20c","peptidylprolyl isomerase C","protein-coding"]
[29084,"Peak_29405",-0.410530949304559,-0.109420932706863,0.301110016597696,5.85744582835747,"NO","NO","NO",0.277527037714711,0.77184847346316,0.377550692509697,0.959925552157071,0.967162165556701,0.999908874757857,"chr18",56721775,56722173,"+",0,"NA","promoter-TSS (NM_001162989)","promoter-TSS (NM_001162989)",-22,"NM_138600",110695,"Mm.30250","NM_138600","ENSMUSG00000053644","Aldh7a1","Atq1|D18Wsu181e","aldehyde dehydrogenase family 7, member A1","protein-coding"]
[29141,"Peak_29463",1.02100744673571,0.67194780793375,-0.349059638801961,4.12636703537151,"NO","NO","NO",0.0433718991011391,0.199502635468467,0.274524228889305,0.883463615235976,0.770542372882419,0.999908874757857,"chr18",58145242,58145640,"+",0,"NA","Intergenic","Intergenic",107109,"NM_009194",20496,"Mm.399997","NM_009194","ENSMUSG00000024597","Slc12a2","9330166H04Rik|Nkcc1|mBSC2|sy-ns","solute carrier family 12, member 2","protein-coding"]
[29202,"Peak_29524",-1.30882964686686,-0.441822242554879,0.867007404311985,2.48034204638599,"NO","NO","NO",0.0829520224885852,0.541906220222972,0.132316342544776,0.911408110368333,0.91984731542049,0.999908874757857,"chr18",60963090,60963488,"+",0,"NA","promoter-TSS (NM_001042605)","promoter-TSS (NM_001042605)",-214,"NM_010545",16149,"Mm.439737","NM_010545","ENSMUSG00000024610","Cd74","CLIP|DHLAG|HLADG|Ia-GAMMA|Ii","CD74 antigen (invariant polypeptide of major histocompatibility complex, class II antigen-associated)","protein-coding"]
[29259,"Peak_29581",-0.0590725664504442,0.0343448755785944,0.0934174420290386,3.64784652836852,"NO","NO","NO",0.90841720267725,0.946952737053736,0.786200435786716,0.997799251783824,0.992114606145815,0.999908874757857,"chr18",61896875,61897273,"+",0,"NA","intron (NM_178928, intron 15 of 18)","intron (NM_178928, intron 15 of 18)",11030,"NR_029432",68982,"Mm.441992","NR_029432","ENSMUSG00000098702","1500015A07Rik","-","RIKEN cDNA 1500015A07 gene","ncRNA"]
[29320,"Peak_29646",-0.425500647413692,-0.507634217210345,-0.082133569796653,3.30828709064222,"NO","NO","NO",0.472280149437366,0.39676403295683,0.858589408492509,0.98110929536407,0.877791129783562,0.999908874757857,"chr18",64424790,64425188,"+",0,"NA","5' UTR (NM_009182, exon 3 of 6)","5' UTR (NM_009182, exon 3 of 6)",10976,"NM_009182",20451,"Mm.252110","NM_009182","ENSMUSG00000056812","St8sia3","AI847333|ST8SiaIII|Siat8c","ST8 alpha-N-acetyl-neuraminide alpha-2,8-sialyltransferase 3","protein-coding"]
[29412,"Peak_29738",-0.490657143115424,-0.521098519226456,-0.0304413761110316,4.89061588103164,"NO","NO","NO",0.203794172980147,0.181946848898535,0.925101758364994,0.953494236567625,0.755602420445091,0.999908874757857,"chr18",66451049,66451447,"+",0,"NA","intron (NM_178793, intron 1 of 10)","CpG",244,"NM_178793",320924,"Mm.442049","NM_178793","ENSMUSG00000046318","Ccbe1","4933426F18Rik|9430093N24Rik|mKIAA1983","collagen and calcium binding EGF domains 1","protein-coding"]
[29435,"Peak_29761",-1.36113848647703,-0.309376476083338,1.05176201039369,2.52006838064507,"NO","NO","NO",0.0839905549982064,0.67601403658263,0.0880740017040548,0.911408110368333,0.951019802727382,0.999908874757857,"chr18",67489001,67489399,"+",0,"NA","intron (NR_033214, intron 1 of 3)","intron (NR_033214, intron 1 of 3)",-14018,"NM_007702",12683,"Mm.449","NM_007702","ENSMUSG00000024526","Cidea","AW212747","cell death-inducing DNA fragmentation factor, alpha subunit-like effector A","protein-coding"]
[29559,"Peak_29888",-0.0248151132547006,0.131030172984618,0.155845286239319,2.78452245627525,"NO","NO","NO",0.973772032965532,0.860776152579589,0.762885406223046,0.999057618398854,0.978297970949561,0.999908874757857,"chr18",73281752,73282150,"+",0,"NA","Intergenic","Intergenic",-450408,"NM_001039214",240396,"Mm.24131","NM_001039214","ENSMUSG00000037253","Mex3c","A130001D14Rik|BC035207|BM-013|Rkhd2","mex3 RNA binding family member C","protein-coding"]
[29616,"Peak_29945",0.309646601119956,0.313871210504931,0.00422460938497494,3.90672164176735,"NO","NO","NO",0.526112825662733,0.525164816446197,0.989224052563857,0.986835567234556,0.916290382403053,0.999908874757857,"chr18",74731551,74731949,"+",0,"NA","intron (NM_201600, intron 2 of 38)","intron (NM_201600, intron 2 of 38)",-40972,"NR_045368",73606,"Mm.444734","NR_045368",null,"1700120E14Rik","-","RIKEN cDNA 1700120E14 gene","ncRNA"]
[29677,"Peak_30006",0.38523347342072,-1.01423688025855,-1.39947035367927,3.86952817312418,"NO","NO","DOWN",0.415219458108789,0.0551758187513973,1.52326490056686E-4,0.97715903182755,0.590288736022752,0.426752596230115,"chr18",75737834,75738232,"+",0,"NA","intron (NM_201354, intron 6 of 11)","intron (NM_201354, intron 6 of 11)",63734,"NR_045879",100038353,"Mm.440724","NR_045879","ENSMUSG00000097712","Gm10532","ENSMUSG00000073534","predicted gene 10532","ncRNA"]
[29717,"Peak_30046",-0.167585558946393,-0.0815429530623422,0.0860426058840511,3.42007784382847,"NO","NO","NO",0.781791122046512,0.892763230385279,0.850831653369932,0.996451548154072,0.984215028354232,0.999908874757857,"chr18",76539785,76540183,"+",0,"NA","Intergenic","Intergenic",117885,"NM_001311070",17126,"Mm.152699","NM_010754","ENSMUSG00000024563","Smad2","7120426M23Rik|Madh2|Madr2|Smad-2|mMad2","SMAD family member 2","protein-coding"]
[29792,"Peak_30121",0.775147113680011,-0.00864031890496463,-0.783787432584976,2.53854767982755,"NO","NO","NO",0.413368747967953,0.993042800651874,0.276712471865928,0.976882323998021,0.998942916794386,0.999908874757857,"chr18",78629391,78629789,"+",0,"NA","intron (NM_030683, intron 2 of 11)","intron (NM_030683, intron 2 of 11)",164099,"NM_207651",27411,"Mm.44158","NM_030683","ENSMUSG00000024552","Slc14a2","UT-A1|UT-A3","solute carrier family 14 (urea transporter), member 2","protein-coding"]
[29853,"Peak_30182",0.772490250983714,0.869403976391833,0.096913725408119,1.97462567836673,"NO","NO","NO",0.503092758878377,0.446653219760431,0.892753926449014,0.984683579984827,0.893944614644607,0.999908874757857,"chr18",80702055,80702453,"+",0,"NA","Intergenic","Intergenic",-35848,"NM_026295",67655,"Mm.312893","NM_026295","ENSMUSG00000033323","Ctdp1","4930563P03Rik|AW553592","CTD (carboxy-terminal domain, RNA polymerase II, polypeptide A) phosphatase, subunit 1","protein-coding"]
[29910,"Peak_30241",-0.172586182063632,0.360628098880901,0.533214280944534,3.16990670732991,"NO","NO","NO",0.798564292595573,0.585899208475171,0.266329334048997,0.996451548154072,0.930199559168134,0.999908874757857,"chr18",82203293,82203691,"+",0,"NA","Intergenic","Intergenic",-14673,"NR_039589",100628596,null,"NR_039589","ENSMUSG00000093036","Mir5127","mmu-mir-5127|mu-mir-5127","microRNA 5127","ncRNA"]
[29967,"Peak_30298",0.043394183903512,0.141632745215427,0.0982385613119155,2.27056431334731,"NO","NO","NO",0.96243153623214,0.876350792141512,0.875948915743661,0.9986222082152,0.981969583406905,0.999908874757857,"chr18",83390536,83390934,"+",0,"NA","Intergenic","Intergenic",104541,"NR_045361",70960,"Mm.410834","NR_045361",null,"4921531P14Rik","1700108N05Rik","RIKEN cDNA 4921531P14 gene","ncRNA"]
[30022,"Peak_30353",0.446398893512197,0.605846898853032,0.159448005340835,2.62262712091246,"NO","NO","NO",0.602406187789164,0.476136795877711,0.775454605832751,0.990629663238998,0.903414154866613,0.999908874757857,"chr18",85037269,85037667,"+",0,"NA","intron (NM_025797, intron 1 of 4)","intron (NM_025797, intron 1 of 4)",16662,"NM_025797",109672,"Mm.31018","NM_025797","ENSMUSG00000024646","Cyb5a","0610009N12Rik|Cyb5","cytochrome b5 type A (microsomal)","protein-coding"]
[30086,"Peak_30419",0.0773817015769038,0.191040472693616,0.113658771116712,3.64250493734767,"NO","NO","NO",0.885016949108228,0.720975741889926,0.750838226750814,0.996451548154072,0.958810239130536,0.999908874757857,"chr19",4018978,4019376,"+",0,"NA","Intergenic","URR1A|DNA|MER1_type",-6422,"NM_133666",17995,"Mm.29842","NM_133666","ENSMUSG00000037916","Ndufv1","CI-51kD","NADH dehydrogenase (ubiquinone) flavoprotein 1","protein-coding"]
[30147,"Peak_30480",-1.12444179022421,-0.528027552828289,0.596414237395923,3.66563969449357,"NO","NO","NO",0.045461523944649,0.337036743319664,0.206534854175712,0.884485825006299,0.853333813569902,0.999908874757857,"chr19",4988991,4989389,"+",0,"NA","intron (NM_153553, intron 1 of 7)","intron (NM_153553, intron 1 of 7)",781,"NM_153553",225872,"Mm.287867","NM_153553","ENSMUSG00000045903","Npas4","LE-PAS|Nxf","neuronal PAS domain protein 4","protein-coding"]
[30204,"Peak_30537",0.218956554255801,0.087689100739475,-0.131267453516326,4.89280625580802,"NO","NO","NO",0.586113308931455,0.829843763453469,0.676372552389378,0.990149111431646,0.974905913830339,0.999908874757857,"chr19",5729335,5729733,"+",0,"NA","TTS (NM_020491)","TTS (NM_020491)",132,"NM_023166",17826,"Mm.391142","NM_023166","ENSMUSG00000024939","Fam89b","1110021A21Rik|MMTV|Mtvr2","family with sequence similarity 89, member B","protein-coding"]
[30261,"Peak_30594",0.374829561364038,0.360941677698202,-0.0138878836658353,5.0657129037752,"NO","NO","NO",0.337641968990121,0.35902722524451,0.962897846030352,0.966479471589243,0.861126669825641,0.999908874757857,"chr19",6335018,6335416,"+",0,"NA","5' UTR (NM_001168490, exon 1 of 8)","5' UTR (NM_001168490, exon 1 of 8)",178,"NM_001168490",17283,"Mm.12917","NM_008583","ENSMUSG00000024947","Men1","AW045611","multiple endocrine neoplasia 1","protein-coding"]
[30322,"Peak_30655",0.175293438221796,0.25943024659898,0.0841368083771834,5.72871511516148,"NO","NO","NO",0.668476130754302,0.527450205251551,0.81609450882734,0.992668856235835,0.916830853971483,0.999908874757857,"chr19",7280539,7280937,"+",0,"NA","promoter-TSS (NM_134150)","promoter-TSS (NM_134150)",36,"NM_134150",107260,"Mm.203921","NM_134150","ENSMUSG00000024767","Otub1","AI850305","OTU domain, ubiquitin aldehyde binding 1","protein-coding"]
[30439,"Peak_30772",-0.895294562221846,-0.646356731082386,0.24893783113946,3.46907165126803,"NO","NO","NO",0.0735621653290894,0.194932459128311,0.5060481906457,0.907934971210637,0.767256380539431,0.999908874757857,"chr19",10577053,10577451,"+",0,"NA","3' UTR (NM_025333, exon 4 of 4)","3' UTR (NM_025333, exon 4 of 4)",-19865,"NM_133689",67752,"Mm.25939","NM_133689","ENSMUSG00000035179","Ppp1r32","4930579J09Rik|AU015816|IIIG9|IIIG9L|IIIG9S","protein phosphatase 1, regulatory subunit 32","protein-coding"]
[30500,"Peak_30833",0.795655726371035,0.822864085727493,0.0272083593564586,2.52010358546011,"NO","NO","NO",0.389539509091726,0.377264790250074,0.962215657907638,0.97413498190873,0.870687090283966,0.999908874757857,"chr19",14314678,14315076,"+",0,"NA","Intergenic","Intergenic",321365,"NM_001011850",258151,"Mm.377361","NM_001011850","ENSMUSG00000062314","Olfr1505","MOR211-4P","olfactory receptor 1505","protein-coding"]
[30561,"Peak_30895",0.0854869381012801,0.0398533556124201,-0.04563358248886,2.53991484428542,"NO","NO","NO",0.918396244758697,0.962758052180631,0.939210292300692,0.997839094325673,0.993978488975727,0.999908874757857,"chr19",17300271,17300669,"+",0,"NA","Intergenic","Intergenic",113525,"NM_001136484",14537,"Mm.244825","NM_010265","ENSMUSG00000038843","Gcnt1","5630400D21Rik|B130048E03|C2 GlcNAcT|C2GNT|IGnT","glucosaminyl (N-acetyl) transferase 1, core 2","protein-coding"]
[30618,"Peak_30954",-0.508014940600348,-0.356362512470123,0.151652428130225,1.90202138726311,"NO","NO","NO",0.592948863858879,0.707562558051721,0.824514056410586,0.990629663238998,0.955988392521147,0.999908874757857,"chr19",20696970,20697368,"+",0,"NA","intron (NM_013467, intron 5 of 12)","intron (NM_013467, intron 5 of 12)",20697,"NM_013467",11668,"Mm.250866","NM_013467","ENSMUSG00000053279","Aldh1a1","Ahd-2|Ahd2|Aldh1|Aldh1a2|E1|Raldh1","aldehyde dehydrogenase family 1, subfamily A1","protein-coding"]
[30679,"Peak_31020",2.18106141585629,1.8278499987228,-0.353211417133487,2.14107536597567,"NO","NO","NO",0.0929901083297263,0.172614508764423,0.614061700717648,0.911455829074269,0.747575546405637,0.999908874757857,"chr19",22971531,22971929,"+",0,"NA","intron (NM_001035244, intron 13 of 20)","intron (NM_001035244, intron 13 of 20)",146635,"NR_029591",387200,null,"NR_029591","ENSMUSG00000065507","Mir204","Mirn204|mir-204|mmu-mir-204","microRNA 204","ncRNA"]
[30744,"Peak_31087",0.678642531077539,0.543508283327054,-0.135134247750485,4.36163365752601,"NO","NO","NO",0.131625149888969,0.236382982878609,0.646125723764602,0.935723539082702,0.797495749794774,0.999908874757857,"chr19",24936129,24936527,"+",0,"NA","promoter-TSS (NM_175013)","promoter-TSS (NM_175013)",4,"NM_175013",226041,"Mm.105222","NM_175013","ENSMUSG00000041731","Pgm5","4833423B07|9530034F03Rik|D830025G17|aciculin","phosphoglucomutase 5","protein-coding"]
[30794,"Peak_31137",0.739930305612621,1.21434055227478,0.474410246662157,2.63835741615487,"NO","NO","NO",0.421544408760791,0.176147535324185,0.388800598827381,0.977408255892978,0.749289845930101,0.999908874757857,"chr19",25930729,25931127,"+",0,"NA","Intergenic","Intergenic",184027,"NM_145831",226049,"Mm.275572","NM_145831","ENSMUSG00000048138","Dmrt2","Terra","doublesex and mab-3 related transcription factor 2","protein-coding"]
[30855,"Peak_31199",-0.200404611695708,-0.3156028121724,-0.115198200476693,4.23970746413068,"NO","NO","NO",0.650533333538409,0.483454126644327,0.734196441205885,0.992128801173048,0.905637792320699,0.999908874757857,"chr19",29049670,29050068,"+",0,"NA","Intergenic","CpG",-11225,"NM_198651",381218,"Mm.280653","NM_198651","ENSMUSG00000064202","4430402I18Rik","AW122618|Spata6l","RIKEN cDNA 4430402I18 gene","protein-coding"]
[30912,"Peak_31258",-0.42606506332282,-0.431848228865049,-0.00578316554222911,3.08523760407782,"NO","NO","NO",0.486150176669524,0.487112581448065,0.989393719515656,0.983088920821324,0.906707423135957,0.999908874757857,"chr19",30917619,30918017,"+",0,"NA","intron (NM_001013833, intron 5 of 17)","intron (NM_001013833, intron 5 of 17)",87634,"NR_033643",625995,"Mm.454508","NR_033643",null,"Gm6642","EG625995","ubiquitin-like 5 pseudogene","pseudo"]
[30973,"Peak_31319",-0.610962834805284,-0.248575883199172,0.362386951606112,3.87888213072046,"NO","NO","NO",0.217957605816999,0.613199830198835,0.343421198168585,0.954504329026433,0.937547805173282,0.999908874757857,"chr19",33664087,33664485,"+",0,"NA","intron (NM_001013770, intron 1 of 10)","intron (NM_001013770, intron 1 of 10)",515,"NM_001013770",381236,"Mm.491242","NM_001013770","ENSMUSG00000024766","Lipo3","AI747699|Lipo1","lipase, member O3","protein-coding"]
[31049,"Peak_31397",0.265821060876182,0.506623536535575,0.240802475659394,3.43576813381716,"NO","NO","NO",0.657222089255153,0.39307473046182,0.524379919247986,0.992128801173048,0.876658690940149,0.999908874757857,"chr19",37767415,37767813,"+",0,"NA","exon (NM_001105201, exon 6 of 6)","exon (NM_001105201, exon 6 of 6)",-4684,"NM_007811",13082,"Mm.42230","NM_007811","ENSMUSG00000024987","Cyp26a1","Cyp26|P450RA|P450RAI|RAH","cytochrome P450, family 26, subfamily a, polypeptide 1","protein-coding"]
[31088,"Peak_31437",0.0216210363133677,1.05568418741643,1.03406315110306,3.22792030090334,"NO","NO","NO",0.975219382342103,0.098264051810832,0.010810309787028,0.999057618398854,0.665347474958311,0.999908874757857,"chr19",40422656,40423054,"+",0,"NA","intron (NM_001034963, intron 11 of 22)","intron (NM_001034963, intron 11 of 22)",53945,"NM_001034964",20411,"Mm.210815","NM_009166","ENSMUSG00000025006","Sorbs1","2310065E01Rik|9530001P15Rik|CAP|SH3P12|Sh3d5|mKIAA1296","sorbin and SH3 domain containing 1","protein-coding"]
[31149,"Peak_31500",-0.633999989146739,-0.687045596978158,-0.0530456078314193,3.15340963476602,"NO","NO","NO",0.271559200123351,0.241744292810106,0.903973317708637,0.959925552157071,0.800505434581018,0.999908874757857,"chr19",41703971,41704369,"+",0,"NA","intron (NM_015748, intron 22 of 36)","intron (NM_015748, intron 22 of 36)",41029,"NR_106166",102465884,null,"NR_106166","ENSMUSG00000098286","Mir8091","Gm27575|mmu-mir-8091","microRNA 8091","ncRNA"]
[31206,"Peak_31557",-0.0144707191083605,-0.235323438911737,-0.220852719803376,4.50008119096544,"NO","NO","NO",0.972482050731243,0.58276179243803,0.498125291689062,0.999057618398854,0.929392239935588,0.999908874757857,"chr19",42827068,42827466,"+",0,"NA","promoter-TSS (NM_029011)","promoter-TSS (NM_029011)",-2,"NM_029011",74580,"Mm.329858","NM_029011","ENSMUSG00000060224","Pyroxd2","3830409H07Rik|4833409A17Rik","pyridine nucleotide-disulphide oxidoreductase domain 2","protein-coding"]
[31326,"Peak_31680",-0.553289887616115,-0.0986099299391861,0.454679957676928,4.73473046537327,"NO","NO","NO",0.172038580433804,0.805777000845332,0.162142766269701,0.94966232588469,0.971688180123798,0.999908874757857,"chr19",45151230,45151628,"+",0,"NA","exon (NM_178929, exon 2 of 5)","exon (NM_178929, exon 2 of 5)",800,"NM_178929",107250,"Mm.24417","NM_178929","ENSMUSG00000025213","Kazald1","AI842353|Bono1|IGFBP-rP10","Kazal-type serine peptidase inhibitor domain 1","protein-coding"]
[31387,"Peak_31741",-0.16619837214604,-0.23140254078566,-0.0652041686396193,6.24165251642942,"NO","NO","NO",0.655091019038906,0.536051539073574,0.849638473314057,0.992128801173048,0.918642665991725,0.999908874757857,"chr19",46226757,46227155,"+",0,"NA","promoter-TSS (NM_178930)","promoter-TSS (NM_178930)",-92,"NM_178930",107338,"Mm.271620","NM_178930","ENSMUSG00000025224","Gbf1","1700083E03Rik|AI035702|AW049900|mKIAA0248","golgi-specific brefeldin A-resistance factor 1","protein-coding"]
[31402,"Peak_31757",-0.582772966601163,-1.03635750985714,-0.453584543255972,2.9409326556699,"NO","NO","NO",0.367237514677605,0.121293869839068,0.393745056510716,0.971587561886215,0.698376853976693,0.999908874757857,"chr19",46496880,46497278,"+",0,"NA","intron (NM_015752, intron 2 of 11)","intron (NM_015752, intron 2 of 11)",25693,"NM_001025391",24069,"Mm.41210","NM_015752","ENSMUSG00000025231","Sufu","Su(fu)","suppressor of fused homolog (Drosophila)","protein-coding"]
[31506,"Peak_31862",0.3526562820951,-0.23532876259871,-0.58798504469381,3.01644318528481,"NO","NO","NO",0.604824788194185,0.743617652962242,0.233126916617556,0.990629663238998,0.962907228185131,0.999908874757857,"chr19",48102490,48102888,"+",0,"NA","intron (NM_001163267, intron 16 of 17)","intron (NM_001163267, intron 16 of 17)",90487,"NM_001163267",381229,"Mm.300553","NM_001163267","ENSMUSG00000046585","Cfap58","Ccdc147|Gm969","cilia and flagella associated protein 58","protein-coding"]
[31563,"Peak_31920",2.09183480020263,2.523893067822,0.432058267619375,4.14618623666349,"UP","UP","NO",0.00103139571880727,{"v":4.12961465361386e-05,"d":"4.13E-05"},0.145474254085132,0.607108430735551,0.0320597409422003,0.999908874757857,"chr19",53155389,53155787,"+",0,"NA","intron (NR_045320, intron 2 of 2)","intron (NR_045320, intron 2 of 2)",4846,"NR_045320",78457,"Mm.76932","NR_045320","ENSMUSG00000099988","1700054A03Rik","-","RIKEN cDNA 1700054A03 gene","ncRNA"]
[31620,"Peak_31977",-0.243838633202696,-0.605171336093856,-0.36133270289116,5.79867676902822,"NO","NO","NO",0.493252930594526,0.0938945977712845,0.261482010359847,0.983526348404408,0.660274254832983,0.999908874757857,"chr19",55188110,55188508,"+",0,"NA","Intergenic","Intergenic",-14372,"NM_008149",14732,"Mm.210196","NM_008149","ENSMUSG00000024978","Gpam","GPAT|GPAT1","glycerol-3-phosphate acyltransferase, mitochondrial","protein-coding"]
[31681,"Peak_32038",-0.0429429022632836,0.312438943952137,0.355381846215421,2.34432582581212,"NO","NO","NO",0.96084238235789,0.716873178282231,0.534407295338796,0.998410236480772,0.95825047530639,0.999908874757857,"chr19",55998523,55998921,"+",0,"NA","intron (NM_001142923, intron 11 of 11)","intron (NM_001142923, intron 11 of 11)",28911,"NM_001142924",21416,"Mm.139815","NM_009333","ENSMUSG00000024985","Tcf7l2","TCF4B|TCF4E|Tcf-4|Tcf4","transcription factor 7 like 2, T cell specific, HMG box","protein-coding"]
[31771,"Peak_32130",0.683664386011401,0.252501841654204,-0.431162544357197,2.61584667438798,"NO","NO","NO",0.432893937336937,0.781130822551003,0.478779937472213,0.977769722435304,0.968287416402141,0.999908874757857,"chr19",57618035,57618433,"+",0,"NA","Intergenic","Intergenic",34678,"NR_040307",78073,"Mm.12411","NR_040306",null,"6720468P15Rik","-","RIKEN cDNA 6720468P15 gene","ncRNA"]
[31800,"Peak_32159",-0.41466699442463,-0.282293665887809,0.13237332853682,4.49561109202803,"NO","NO","NO",0.312339827815121,0.491914344265059,0.681912423496227,0.959925552157071,0.907610187989643,0.999908874757857,"chr19",58530193,58530591,"+",0,"NA","promoter-TSS (NR_104342)","promoter-TSS (NR_104342)",-504,"NM_001285457",14585,"Mm.88367","NM_010279","ENSMUSG00000025089","Gfra1","AU042498","glial cell line derived neurotrophic factor family receptor alpha 1","protein-coding"]
[31857,"Peak_32216",0.158718148954642,0.34711276389835,0.188394614943708,4.78803014991048,"NO","NO","NO",0.735888148324855,0.461452825070854,0.624445253799266,0.995754237914056,0.89857922166306,0.999908874757857,"chr19",60302232,60302630,"+",0,"NA","5' UTR (NM_029648, exon 1 of 8)","5' UTR (NM_029648, exon 1 of 8)",169,"NM_029648",76539,"Mm.290183","NM_029648","ENSMUSG00000057858","Fam204a","2310065H12Rik|2610015K05Rik|D19Ertd737e","family with sequence similarity 204, member A","protein-coding"]
[31914,"Peak_32274",0.591753858058812,0.969515947383031,0.377762089324219,2.49037073481334,"NO","NO","NO",0.536673236889118,0.304107762295544,0.531738383001085,0.987911773173323,0.836508439614304,0.999908874757857,"chr2",3607692,3608090,"+",0,"NA","Intergenic","Intergenic",-22839,"NM_025626",66540,"Mm.277864","NM_025626","ENSMUSG00000026655","Fam107b","3110001A13Rik|AA589595|AA959793|AI132312","family with sequence similarity 107, member B","protein-coding"]
[31975,"Peak_32335",-0.860566898359721,-0.116185941052138,0.744380957307584,2.37953317921243,"NO","NO","NO",0.312028381818204,0.886623430986395,0.24662216845828,0.959925552157071,0.983834438649621,0.999908874757857,"chr2",5074806,5075204,"+",0,"NA","intron (NM_028804, intron 2 of 2)","B4A|SINE|B4",16183,"NM_028804",74186,"Mm.274715","NM_028804","ENSMUSG00000026676","Ccdc3","2310045O21Rik","coiled-coil domain containing 3","protein-coding"]
[32076,"Peak_32440",0.37070621777778,0.19968776867731,-0.171018449100469,5.27162859977755,"NO","NO","NO",0.343446812470958,0.614200277446874,0.591435664383701,0.968973004742315,0.937697476696403,0.999908874757857,"chr2",9827717,9828115,"+",0,"NA","Intergenic","Intergenic",-16749,"NR_040511",77682,"Mm.488621","NR_040511","ENSMUSG00000079602","9230102O04Rik","-","RIKEN cDNA 9230102O04 gene","ncRNA"]
[32090,"Peak_32454",0.433741895097219,0.38051898336532,-0.0532229117318993,4.80132718729991,"NO","NO","NO",0.292097755398033,0.36012679246005,0.861009424920705,0.959925552157071,0.861598241862364,0.999908874757857,"chr2",10197802,10198200,"+",0,"NA","Intergenic","Intergenic",-94077,"NM_001198808",353282,"Mm.329991","NM_177386","ENSMUSG00000061186","Sfmbt2","D2Wsu23e|D330030P06Rik","Scm-like with four mbt domains 2","protein-coding"]
[32151,"Peak_32515",1.2015018205971,1.09724345318751,-0.10425836740959,2.30085883107605,"NO","NO","NO",0.238377817485488,0.291952541673279,0.852762283323807,0.956996614837851,0.829344381584882,0.999908874757857,"chr2",12658821,12659219,"+",0,"NA","Intergenic","Intergenic",-186648,"NM_001305437",19212,"Mm.229322","NM_008961","ENSMUSG00000026730","Pter","AI790318|Mpr56-1","phosphotriesterase related","protein-coding"]
[32271,"Peak_32637",0.473493351310042,0.249653774272217,-0.223839577037826,4.26110782911103,"NO","NO","NO",0.337476865395993,0.618206006665447,0.539597847582122,0.966479471589243,0.938823632068515,0.999908874757857,"chr2",19353557,19353955,"+",0,"NA","Intergenic","CpG",-13534,"NM_018809",19213,"Mm.69647","NM_018809","ENSMUSG00000026735","Ptf1a","PTF1-p48|PTF1p48|bHLHa29","pancreas specific transcription factor, 1a","protein-coding"]
[32332,"Peak_32699",-0.618275087239537,-0.575986936047842,0.0422881511916952,3.49671465539771,"NO","NO","NO",0.234579497773929,0.27481704427405,0.915326726830741,0.956433935033361,0.820431474304869,0.999908874757857,"chr2",21839782,21840180,"+",0,"NA","Intergenic","Intergenic",-309149,"NM_148413",667663,"Mm.330033","NM_148413","ENSMUSG00000025716","Myo3a","9030416P08Rik","myosin IIIA","protein-coding"]
[32389,"Peak_32758",0.325669597037647,0.415596455642802,0.0899268586051559,4.49279386724303,"NO","NO","NO",0.495140774773829,0.38408598297789,0.804218206318419,0.983526348404408,0.874364558376583,0.999908874757857,"chr2",25048890,25049288,"+",0,"NA","3' UTR (NM_146115, exon 2 of 2)","3' UTR (NM_146115, exon 2 of 2)",3244,"NM_146115",227612,"Mm.119747","NM_146115","ENSMUSG00000059555","Tor4a","A830007P12Rik","torsin family 4, member A","protein-coding"]
[32429,"Peak_32798",0.149061828193493,-1.45693087024271,-1.6059926984362,3.33289486587254,"NO","NO","DOWN",0.781144982458382,0.0178924650942925,2.4010477603299E-4,0.996451548154072,0.442797369230665,0.573014494387472,"chr2",25613761,25614159,"+",0,"NA","Intergenic","L1MD2|LINE|L1",-7129,"NM_010694",16820,"Mm.4632","NM_010694","ENSMUSG00000026936","Lcn3","Vnsp1","lipocalin 3","protein-coding"]
[32508,"Peak_32877",2.28158891874133,1.85404169633694,-0.427547222404388,3.58661534065467,"UP","NO","NO",0.00415048717666898,0.0242854623834677,0.350805478084814,0.716999441597433,0.483279201402448,0.999908874757857,"chr2",26941260,26941658,"+",0,"NA","intron (NM_029981, intron 7 of 18)","intron (NM_029981, intron 7 of 18)",6558,"NM_029981",77794,"Mm.330088","NM_029981","ENSMUSG00000036040","Adamtsl2","A930008K15Rik|tcp-1","ADAMTS-like 2","protein-coding"]
[32565,"Peak_32934",-0.263183678215016,-0.456446183917208,-0.193262505702192,3.12228797932625,"NO","NO","NO",0.732325204577271,0.554781194105155,0.768598121115823,0.995754237914056,0.923169202369646,0.999908874757857,"chr2",27839408,27839806,"+",0,"NA","intron (NM_015734, intron 27 of 65)","intron (NM_015734, intron 27 of 65)",97662,"NM_015734",12831,"Mm.7281","NM_015734","ENSMUSG00000026837","Col5a1","AI413331","collagen, type V, alpha 1","protein-coding"]
[32622,"Peak_32992",1.74136128652419,1.47337159294623,-0.267989693577958,2.62791152939913,"NO","NO","NO",0.113681183239663,0.18826696214871,0.705524401478449,0.925432450006553,0.761400466502548,0.999908874757857,"chr2",29071743,29072141,"+",0,"NA","intron (NM_001305805, intron 2 of 7)","intron (NM_001305805, intron 2 of 7)",31677,"NM_001305805",171171,"Mm.442448","NM_133500","ENSMUSG00000035513","Ntng2","2610016D08Rik|Lmnt2","netrin G2","protein-coding"]
[32683,"Peak_33053",-0.236010018776384,-0.061305345931566,0.174704672844818,5.65336012172628,"NO","NO","NO",0.591170867155259,0.889265980602287,0.663829367774481,0.990417367402229,0.983834438649621,0.999908874757857,"chr2",30033823,30034221,"+",0,"NA","promoter-TSS (NM_172660)","promoter-TSS (NM_172660)",-43,"NM_172660",227695,"Mm.4449","NM_172660","ENSMUSG00000039660","Spout1","9930028P05|AL033358|D2Wsu81e","SPOUT domain containing methyltransferase 1","protein-coding"]
[32734,"Peak_33104",-0.153340967470376,-1.21859169057636,-1.06525072310598,4.21678515805645,"NO","DOWN","DOWN",0.725758671569478,0.00932234490628111,0.00433842210836158,0.995739075798108,0.361646367478103,0.999908874757857,"chr2",30673293,30673691,"+",0,"NA","intron (NM_170592, intron 1 of 3)","intron (NM_170592, intron 1 of 3)",9995,"NM_170592",66617,"Mm.33167","NM_170592","ENSMUSG00000026857","Ntmt1","2610205E22Rik|AL033331|AL033332|Mettl11a|NTM1A","N-terminal Xaa-Pro-Lys N-methyltransferase 1","protein-coding"]
[32802,"Peak_33172",0.433234220045131,0.0978289240278829,-0.335405296017248,3.65703333625085,"NO","NO","NO",0.477090115272057,0.874906299681479,0.461565926653689,0.981629453947196,0.981359744157328,0.999908874757857,"chr2",31664877,31665275,"+",0,"NA","intron (NM_183424, intron 1 of 1)","intron (NM_183424, intron 1 of 1)",1024,"NM_183424",227717,"Mm.185027","NM_183424","ENSMUSG00000043102","Qrfp","P518","pyroglutamylated RFamide peptide","protein-coding"]
[32859,"Peak_33229",-1.53512934081497,-1.20703900046312,0.328090340351847,3.04211029048518,"NO","NO","NO",0.013131762974127,0.0479902340504988,0.538700229924216,0.789931406387149,0.570142130951446,0.999908874757857,"chr2",32383143,32383541,"+",0,"NA","Intergenic","Intergenic",-7537,"NM_153560",98952,"Mm.4065","NM_153560","ENSMUSG00000039157","Fam102a","AI426465|C230093N12Rik|Eeig1","family with sequence similarity 102, member A","protein-coding"]
[32916,"Peak_33286",-0.311426863645506,-0.642258975559876,-0.33083211191437,4.42181587868937,"NO","NO","NO",0.480774879633121,0.155096198444925,0.370464457870838,0.981802103963979,0.729630897147774,0.999908874757857,"chr2",33087152,33087550,"+",0,"NA","intron (NM_011923, intron 2 of 4)","intron (NM_011923, intron 2 of 4)",15870,"NM_011923",26360,"Mm.208919","NM_011923","ENSMUSG00000004105","Angptl2","AI593246|AW260363|Arp2","angiopoietin-like 2","protein-coding"]
[32977,"Peak_33347",-0.11165466216138,-0.916608864677318,-0.804954202515939,3.07607084867372,"NO","NO","NO",0.868969398279223,0.197261884999522,0.151132099113435,0.996451548154072,0.768868082092732,0.999908874757857,"chr2",34314617,34315015,"+",0,"NA","intron (NM_001290625, intron 4 of 11)","intron (NM_001290625, intron 4 of 11)",52445,"NM_001290626",227743,"Mm.270866","NM_177345","ENSMUSG00000038696","Mapkap1","AI591529|D230039K05Rik|Sin1","mitogen-activated protein kinase associated protein 1","protein-coding"]
[33097,"Peak_33467",-0.143540806840948,-0.535177622108643,-0.391636815267695,2.67621415129772,"NO","NO","NO",0.853254530028913,0.502198551938637,0.525532300465077,0.996451548154072,0.909766740906097,0.999908874757857,"chr2",37869337,37869735,"+",0,"NA","intron (NM_146122, intron 9 of 21)","intron (NM_146122, intron 9 of 21)",237767,"NM_001163566",241324,"Mm.392369","NM_001163566","ENSMUSG00000035403","Crb2","5930402A21|BC043114","crumbs family member 2","protein-coding"]
[33151,"Peak_33522",0.0223790246567449,0.262027219656023,0.239648194999279,5.42029216573488,"NO","NO","NO",0.957746210938956,0.535368522475883,0.513077934088161,0.998209823724761,0.918381657799805,0.999908874757857,"chr2",39081503,39081901,"+",0,"NA","exon (NM_024209, exon 1 of 7)","exon (NM_024209, exon 1 of 7)",156,"NM_024209",67857,"Mm.389242","NM_024209","ENSMUSG00000026753","Ppp6c","2310003C10Rik","protein phosphatase 6, catalytic subunit","protein-coding"]
[33216,"Peak_33590",0.191459609145851,-0.245246510633249,-0.436706119779099,4.77864249373779,"NO","NO","NO",0.634469287669158,0.55490893292156,0.17209254804638,0.991155571163017,0.923215051317852,0.999908874757857,"chr2",48188027,48188425,"+",0,"NA","Intergenic","Intergenic",-481403,"NM_007396",11480,"Mm.314338","NM_007396","ENSMUSG00000052155","Acvr2a","ActrIIa|Acvr2|TactrII","activin receptor IIA","protein-coding"]
[33273,"Peak_33647",0.133711014180662,-0.645509000274138,-0.7792200144548,3.38719293293686,"NO","NO","NO",0.824994267151007,0.314862763718256,0.105121989249557,0.996451548154072,0.84267526239338,0.999908874757857,"chr2",50092361,50092759,"+",0,"NA","Intergenic","Intergenic",59637,"NM_133839",109129,"Mm.29214","NM_133839","ENSMUSG00000026766","Mmadhc","2010311D03Rik|AI314967|CblD","methylmalonic aciduria (cobalamin deficiency) cblD type, with homocystinuria","protein-coding"]
[33334,"Peak_33709",-0.182512355081893,-0.29059163341099,-0.108079278329097,3.50626157638511,"NO","NO","NO",0.77997408752174,0.659753651395927,0.839880302247075,0.996451548154072,0.948154173180086,0.999908874757857,"chr2",52303773,52304171,"+",0,"NA","intron (NM_001037099, intron 12 of 13)","intron (NM_001037099, intron 12 of 13)",-23578,"NM_182994",75423,"Mm.314378","NM_182994","ENSMUSG00000036093","Arl5a","2410015N24Rik|2810410P22Rik|AA408731|AW610751|Arl5|T25534","ADP-ribosylation factor-like 5A","protein-coding"]
[33391,"Peak_33767",1.12604280136018,1.65135815324157,0.525315351881394,3.6508046445434,"NO","NO","NO",0.113780593733574,0.0170831848237636,0.225277738562502,0.925432450006553,0.440440203330891,0.999908874757857,"chr2",57202971,57203369,"+",0,"NA","intron (NM_010274, intron 9 of 16)","intron (NM_010274, intron 9 of 16)",112377,"NM_010274",14571,"Mm.3711","NM_010274","ENSMUSG00000026827","Gpd2","AA408484|AI448216|AU021455|AW494132|GPDH|Gdm1|Gpd-m|Gpdh-m|TISP38","glycerol phosphate dehydrogenase 2, mitochondrial","protein-coding"]
[33456,"Peak_33832",1.35915785627482,1.49162325967489,0.13246540340007,3.01275475683234,"NO","NO","NO",0.111424456554534,0.0800567565202976,0.78591699585434,0.922490849614279,0.640414297100173,0.999908874757857,"chr2",59347233,59347631,"+",0,"NA","Intergenic","Intergenic",24722,"NM_029723",76747,"Mm.275769","NM_029723","ENSMUSG00000026989","Dapl1","2310032F03Rik|EEDA","death associated protein-like 1","protein-coding"]
[33510,"Peak_33886",0.982885712767118,1.00960246263402,0.0267167498668993,3.54970327644883,"NO","NO","NO",0.110331996605985,0.103678869943797,0.938783447518005,0.921787000934067,0.672910119228295,0.999908874757857,"chr2",60534363,60534761,"+",0,"NA","intron (NM_001159564, intron 1 of 17)","intron (NM_001159564, intron 1 of 17)",-22812,"NM_021359",16420,"Mm.98193","NM_021359","ENSMUSG00000026971","Itgb6","2210409C20Rik|4831415H04Rik","integrin beta 6","protein-coding"]
[33567,"Peak_33946",-0.724029588374674,-1.26046316191534,-0.536433573540669,2.26840303358416,"NO","NO","NO",0.365522223616689,0.135329194101986,0.414584578806464,0.971497355981173,0.711515416560669,0.999908874757857,"chr2",63583649,63584047,"+",0,"NA","Intergenic","Intergenic",352247,"NM_021716",60344,"Mm.130769","NM_021716","ENSMUSG00000075324","Fign","fi|fidget","fidgetin","protein-coding"]
[33628,"Peak_34008",1.66565101952308,1.24663410630009,-0.419016913222993,2.57560579582843,"NO","NO","NO",0.0889222081565081,0.223985030336897,0.439335101036004,0.911408110368333,0.788155276036931,0.999908874757857,"chr2",66247924,66248322,"+",0,"NA","intron (NM_001313997, intron 1 of 26)","intron (NM_001313997, intron 1 of 26)",30771,"NM_001313997",20265,"Mm.439704","NM_018733","ENSMUSG00000064329","Scn1a","B230332M13|Nav1.1","sodium channel, voltage-gated, type I, alpha","protein-coding"]
[33685,"Peak_34065",1.64688368048109,1.83966712350979,0.192783443028695,2.77879030452262,"NO","NO","NO",0.0902341435340881,0.0564661459985867,0.704902835475085,0.911408110368333,0.594033074867744,0.999908874757857,"chr2",69266179,69266577,"+",0,"NA","intron (NM_001081088, intron 77 of 78)","intron (NM_001081088, intron 77 of 78)",47859,"NM_175512",241452,"Mm.211655","NM_175512","ENSMUSG00000027068","Dhrs9","C730025I08Rik|Rdh15","dehydrogenase/reductase (SDR family) member 9","protein-coding"]
[33761,"Peak_34142",1.52585706432863,2.23409442684798,0.708237362519352,2.07649263193752,"NO","NO","NO",0.23950196819114,0.0664530399384414,0.224932039076458,0.956996614837851,0.615748342062513,0.999908874757857,"chr2",71070701,71071099,"+",0,"NA","intron (NM_001198876, intron 4 of 15)","intron (NM_001198876, intron 4 of 15)",20897,"NM_001198878",13427,"Mm.249479","NM_010064","ENSMUSG00000027012","Dync1i2","3110079H08Rik|AW554389|Dncic2","dynein cytoplasmic 1 intermediate chain 2","protein-coding"]
[33804,"Peak_34185",-1.04158425995215,-1.18280278510762,-0.141218525155476,1.9177649916168,"NO","NO","NO",0.214461104575691,0.168956327576304,0.834262555011227,0.953494236567625,0.745778183566703,0.999908874757857,"chr2",71678973,71679371,"+",0,"NA","exon (NM_001277970, exon 16 of 25)","exon (NM_001277970, exon 16 of 25)",-32109,"NM_172665",228026,"Mm.34411","NM_172665","ENSMUSG00000006494","Pdk1","B830012B01|D530020C15Rik","pyruvate dehydrogenase kinase, isoenzyme 1","protein-coding"]
[33861,"Peak_34244",1.19631194435305,1.337665433283,0.141353488929954,3.77549667978685,"NO","NO","NO",0.0646255066328047,0.0388350649999951,0.72366229258114,0.905605480107602,0.542965564600138,0.999908874757857,"chr2",73410605,73411003,"+",0,"NA","intron (NM_007389, intron 4 of 8)","intron (NM_007389, intron 4 of 8)",7591,"NM_007389",11435,"Mm.4583","NM_007389","ENSMUSG00000027107","Chrna1","AI385656|AI608266|Achr-1|Acra","cholinergic receptor, nicotinic, alpha polypeptide 1 (muscle)","protein-coding"]
[33922,"Peak_34305",-0.429673469620917,-1.0358306192455,-0.606157149624588,2.95459502306025,"NO","NO","NO",0.646185375142136,0.273887139873637,0.483650160032651,0.992128801173048,0.820121369250322,0.999908874757857,"chr2",74975358,74975756,"+",0,"NA","Intergenic","CpG",306679,"NR_040635",77269,"Mm.389278","NR_040635",null,"9430019J16Rik","-","RIKEN cDNA 9430019J16 gene","ncRNA"]
[34042,"Peak_34428",-0.185520553467372,0.174560687114634,0.360081240582006,5.39005312325875,"NO","NO","NO",0.631886792531969,0.649976271311056,0.269082940510087,0.991155571163017,0.945888938074575,0.999908874757857,"chr2",80420977,80421375,"+",0,"NA","5' UTR (NM_001290745, exon 1 of 32)","5' UTR (NM_001290745, exon 1 of 32)",163,"NM_016965",50884,"Mm.25203","NM_016965","ENSMUSG00000027002","Nckap1","C79304|H19|Hem-2|Hem2|Nap1|mKIAA0587|mh19|p125Nap1","NCK-associated protein 1","protein-coding"]
[34099,"Peak_34485",1.19116657021687,1.13305484919692,-0.0581117210199476,3.70461074207031,"NO","NO","NO",0.0605217633820945,0.0770314335456262,0.880092697010545,0.900739394294913,0.635625233953895,0.999908874757857,"chr2",84929228,84929626,"+",0,"NA","Intergenic","Intergenic",-2809,"NR_040504",74687,"Mm.66996","NR_040504","ENSMUSG00000086969","4930443O20Rik","-","RIKEN cDNA 4930443O20 gene","ncRNA"]
[34114,"Peak_34500",-0.130897627500685,-0.240623974265158,-0.109726346764474,4.62680883593356,"NO","NO","NO",0.749868053276536,0.564066600015093,0.735981575707177,0.996012642254204,0.925635621100467,0.999908874757857,"chr2",90315068,90315466,"+",0,"NA","intron (NM_008982, intron 1 of 23)","intron (NM_008982, intron 1 of 23)",4064,"NM_001135657",19271,"Mm.330393","NM_008982","ENSMUSG00000025314","Ptprj","AI450271|BET|Byp|CD148|DEP-1|PTPbeta2|Ptpb2|RPTPJ|Scc-1|Scc1","protein tyrosine phosphatase, receptor type, J","protein-coding"]
[34218,"Peak_34604",-0.60148610613312,-1.03265305886315,-0.431166952730026,4.98011787005916,"NO","DOWN","NO",0.0913198079556102,0.00484919119764339,0.163550205570749,0.911408110368333,0.286400077003986,0.999908874757857,"chr2",92232504,92232902,"+",0,"NA","5' UTR (NM_001202446, exon 1 of 12)","5' UTR (NM_001202446, exon 1 of 12)",137,"NM_001202445",19099,"Mm.2720","NM_011162","ENSMUSG00000027223","Mapk8ip1","IB1|JIP-1|Jip1|Prkm8ip|Skip|mjip-2a","mitogen-activated protein kinase 8 interacting protein 1","protein-coding"]
[34275,"Peak_34661",0.295265586472272,-0.494402397270017,-0.78966798374229,4.3975918721034,"NO","NO","NO",0.460696359796666,0.248196254573322,0.00792426797297884,0.979860780201896,0.805005693901329,0.999908874757857,"chr2",93273683,93274081,"+",0,"NA","intron (NM_001271431, intron 3 of 8)","intron (NM_001271431, intron 3 of 8)",-11718,"NR_105967",102465605,null,"NR_105967","ENSMUSG00000099238","Mir7001","Gm27886|mmu-mir-7001","microRNA 7001","ncRNA"]
[34336,"Peak_34724",-0.242101885276322,0.870862170893713,1.11296405617004,3.25658219545295,"NO","NO","UP",0.713313202379112,0.151705138367731,0.00504362823694324,0.995619771093658,0.727220453442775,0.999908874757857,"chr2",97318708,97319106,"+",0,"NA","intron (NM_001289744, intron 1 of 1)","intron (NM_001289744, intron 1 of 1)",11093,"NM_178725",241568,"Mm.241682","NM_178725","ENSMUSG00000050587","Lrrc4c","6430556C10Rik|NGL-1","leucine rich repeat containing 4C","protein-coding"]
[34393,"Peak_34782",0.303313964888073,0.230372834344048,-0.0729411305440255,2.95941728342822,"NO","NO","NO",0.676902193270387,0.753921110974339,0.884713952959448,0.993744595008032,0.963977789597033,0.999908874757857,"chr2",102380603,102381001,"+",0,"NA","Intergenic","Intergenic",-9376,"NM_173749",210622,"Mm.28649","NM_173749","ENSMUSG00000027188","Pamr1","5930437L24|E430002G05Rik|Ramp","peptidase domain containing associated with muscle regeneration 1","protein-coding"]
[34483,"Peak_34872",0.0625313105832084,0.354655975004182,0.292124664420974,5.08968314793363,"NO","NO","NO",0.885661121816533,0.414519458445415,0.417569669133168,0.996451548154072,0.883203705799029,0.999908874757857,"chr2",104552104,104552502,"+",0,"NA","promoter-TSS (NM_177190)","promoter-TSS (NM_177190)",16,"NM_177190",320554,"Mm.249065","NM_177190","ENSMUSG00000027175","Tcp11l1","C130096D04Rik","t-complex 11 like 1","protein-coding"]
[34512,"Peak_34901",-0.0406563021476974,-0.397346007108945,-0.356689704961248,4.27728009488156,"NO","NO","NO",0.920687224884987,0.348492436442538,0.233548213935262,0.997839094325673,0.857716519031936,0.999908874757857,"chr2",105322148,105322546,"+",0,"NA","Intergenic","Intergenic",-82871,"NM_009037",19672,"Mm.4876","NM_009037","ENSMUSG00000005973","Rcn1","Rcn","reticulocalbin 1","protein-coding"]
[34569,"Peak_34959",0.381956025676528,-0.0448977921365428,-0.426853817813071,3.67921439985182,"NO","NO","NO",0.482572782886633,0.936775522777153,0.271609419875299,0.98212331248632,0.99108558551299,0.999908874757857,"chr2",109688680,109689078,"+",0,"NA","Intergenic","Intergenic",-42156,"NM_011699",22343,"Mm.235300","NM_011699","ENSMUSG00000027162","Lin7c","9130007B12Rik|AI303698|AU019331|AW125731|D2Ertd520e|LIN-7-C|LIN-7C|MALS-3|Veli3","lin-7 homolog C (C. elegans)","protein-coding"]
[34630,"Peak_35025",0.228575094066927,-0.411798328851856,-0.640373422918783,3.77674854103415,"NO","NO","NO",0.695483850683163,0.498571240057154,0.173173157429375,0.994302538402085,0.909245889317487,0.999908874757857,"chr2",113378124,113378522,"+",0,"NA","intron (NM_001285459, intron 5 of 16)","intron (NM_001285459, intron 5 of 16)",97102,"NM_001285459",14260,"Mm.4938","NM_010230","ENSMUSG00000044042","Fmn1","Fmn|formin-1|ld","formin 1","protein-coding"]
[34687,"Peak_35082",-0.158649381755782,2.01874688974551E-3,0.160668128645527,6.5675071894693,"NO","NO","NO",0.724264890499221,0.996426621017717,0.708811124936493,0.995739075798108,0.999466776959801,0.999908874757857,"chr2",116801191,116801589,"+",0,"NA","Intergenic","CpG",75502,"NR_040336",320975,"Mm.132509","NR_040335","ENSMUSG00000085316","D330050G23Rik","-","RIKEN cDNA D330050G23 gene","ncRNA"]
[34788,"Peak_35183",0.24698988289017,0.36336185891136,0.11637197602119,4.91161580823806,"NO","NO","NO",0.559774560415859,0.392233525139839,0.725080385062801,0.989509825485199,0.876153861228149,0.999908874757857,"chr2",118854883,118855281,"+",0,"NA","promoter-TSS (NM_199310)","promoter-TSS (NM_199310)",47,"NM_199310",269336,"Mm.292465","NM_199310","ENSMUSG00000039983","Ccdc32","Gm631","coiled-coil domain containing 32","protein-coding"]
[34806,"Peak_35201",0.469194790176825,0.351562505050956,-0.117632285125869,4.20404656731804,"NO","NO","NO",0.32389249981402,0.465810359536294,0.720045010487053,0.962301996548978,0.89974985799506,0.999908874757857,"chr2",119148283,119148681,"+",0,"NA","intron (NR_030683, intron 3 of 3)","CpG",-3038,"NM_019454",54485,"Mm.143719","NM_019454","ENSMUSG00000027314","Dll4","Delta4","delta-like 4 (Drosophila)","protein-coding"]
[34926,"Peak_35321",0.806406001374029,1.16776845325909,0.361362451885056,2.14603800862119,"NO","NO","NO",0.455429802971859,0.268098960874027,0.555249069950227,0.97883006785172,0.815985293225583,0.999908874757857,"chr2",122395202,122395600,"+",0,"NA","Intergenic","Intergenic",41612,"NM_025961",67092,"Mm.29975","NM_025961","ENSMUSG00000027199","Gatm","1810003P21Rik|AI314789|AT","glycine amidinotransferase (L-arginine:glycine amidinotransferase)","protein-coding"]
[34987,"Peak_35384",1.26634489804025,1.31021978328285,0.0438748852426056,5.69709798838767,"UP","UP","NO",0.00556787298415656,0.00424970393450592,0.905980115942416,0.761028904327067,0.276183891495537,0.999908874757857,"chr2",125450715,125451113,"+",0,"NA","promoter-TSS (NM_001081091)","promoter-TSS (NM_001081091)",-65,"NM_001081091",99100,"Mm.330545","NM_001081091","ENSMUSG00000068394","Cep152","AI851464|mKIAA0912","centrosomal protein 152","protein-coding"]
[35044,"Peak_35441",-0.211608628535288,-0.0982422035367958,0.113366424998493,4.49367212651639,"NO","NO","NO",0.623668573341604,0.820129878968137,0.736380754820386,0.991059621898655,0.973344084919797,0.999908874757857,"chr2",127161801,127162199,"+",0,"NA","exon (NM_010090, exon 1 of 4)","exon (NM_010090, exon 1 of 4)",105,"NM_010090",13537,"Mm.4729","NM_010090","ENSMUSG00000027368","Dusp2","PAC1","dual specificity phosphatase 2","protein-coding"]
[35101,"Peak_35498",0.45994078132234,0.673167779539734,0.213226998217394,2.67519463525039,"NO","NO","NO",0.581117470338847,0.417144461794232,0.68568905799296,0.98999712284686,0.884310207018008,0.999908874757857,"chr2",128157041,128157439,"+",0,"NA","intron (NR_028590, intron 1 of 2)","intron (NR_028590, intron 1 of 2)",97847,"NR_028590",100043424,"Mm.297222","NR_028589",null,"Gm14005","OTTMUSG00000015351","predicted gene 14005","ncRNA"]
[35141,"Peak_35538",0.127397942624562,0.0744711799526334,-0.0529267626719281,3.84663680564456,"NO","NO","NO",0.8048321201244,0.886819451723001,0.88555620705458,0.996451548154072,0.983834438649621,0.999908874757857,"chr2",129364754,129365152,"+",0,"NA","Intergenic","Intergenic",-2615,"NM_177653",228592,"Mm.452175","NM_177653","ENSMUSG00000043727","F830045P16Rik","Sirpb3","RIKEN cDNA F830045P16 gene","protein-coding"]
[35220,"Peak_35617",0.516957726801174,0.113262661018793,-0.403695065782381,3.3860612824217,"NO","NO","NO",0.379998881732699,0.853988433119033,0.296685509107237,0.972397593291388,0.977898830794056,0.999908874757857,"chr2",131177413,131177811,"+",0,"NA","intron (NM_178607, intron 1 of 5)","intron (NM_178607, intron 1 of 5)",1016,"NM_178607",51902,"Mm.477523","NM_178607","ENSMUSG00000048911","Rnf24","2810473M14Rik|4930505A13Rik|AI317164|C86507|D2Ertd504e","ring finger protein 24","protein-coding"]
[35281,"Peak_35678",-0.108942457434485,-0.437274942653168,-0.328332485218683,2.03089052674515,"NO","NO","NO",0.903684267175403,0.641238624840794,0.614851380403972,0.997567403061387,0.943786411785276,0.999908874757857,"chr2",132463670,132464068,"+",0,"NA","intron (NR_033468, intron 4 of 5)","intron (NR_033468, intron 4 of 5)",39937,"NR_033468",767814,"Mm.371752","NR_033468","ENSMUSG00000074783","AU019990","-","expressed sequence AU019990","ncRNA"]
[35338,"Peak_35735",0.672623013945178,0.775634222192786,0.103011208247608,3.34006888844166,"NO","NO","NO",0.34888470146522,0.282339077703952,0.833326229736086,0.969916930866032,0.824887056184471,0.999908874757857,"chr2",135441427,135441825,"+",0,"NA","Intergenic","Intergenic",-32670,"NR_015544",320684,"Mm.421433","NR_015544","ENSMUSG00000085631","9630028H03Rik","-","RIKEN cDNA 9630028H03 gene","ncRNA"]
[35395,"Peak_35792",0.767127167359522,0.0785736286040312,-0.68855353875549,4.13810487443218,"NO","NO","NO",0.0988586001251614,0.873878465236066,0.0292271822322641,0.916348369564783,0.981123397824233,0.999908874757857,"chr2",138093512,138093910,"+",0,"NA","intron (NM_001025431, intron 1 of 4)","intron (NM_001025431, intron 1 of 4)",-10518,"NM_145534",228662,"Mm.153405","NM_145534","ENSMUSG00000062098","Btbd3","mKIAA0952","BTB (POZ) domain containing 3","protein-coding"]
[35446,"Peak_35845",-0.644271097677447,-1.23532088745173,-0.591049789774279,2.67022439157156,"NO","NO","NO",0.406359326791124,0.121609930930415,0.387937123765297,0.975982217513585,0.69851372179481,0.999908874757857,"chr2",141137892,141138290,"+",0,"NA","intron (NM_001013802, intron 5 of 18)","intron (NM_001013802, intron 5 of 18)",-640879,"NM_178382",71436,"Mm.426781","NM_178382","ENSMUSG00000051379","Flrt3","5530600M07Rik|C430047I10Rik|mKIAA1469","fibronectin leucine rich transmembrane protein 3","protein-coding"]
[35514,"Peak_35914",-0.141455347753328,-0.0139447608176308,0.127510586935697,3.60033390340822,"NO","NO","NO",0.797600561841815,0.979961614175576,0.748377022461373,0.996451548154072,0.997334915512761,0.999908874757857,"chr2",144158788,144159186,"+",0,"NA","Intergenic","Intergenic",-1171,"NM_026924",107586,"Mm.252750","NM_026924","ENSMUSG00000037279","Ovol2","1700108N11Rik|1810007D21Rik|M-OVO|M-OVO-A|M-OVO-B|MOVO|Ovo2|Zfp339|movo2","ovo like zinc finger 2","protein-coding"]
[35571,"Peak_35971",0.500932459799097,0.340902590589968,-0.160029869209129,3.0414360450403,"NO","NO","NO",0.553553007300524,0.689564198930824,0.808673937206049,0.988644584230152,0.9533494694425,0.999908874757857,"chr2",145942862,145943260,"+",0,"NA","Intergenic","Intergenic",-104672,"NM_016889",53626,"Mm.379070","NM_016889","ENSMUSG00000068154","Insm1","IA-1","insulinoma-associated 1","protein-coding"]
[35632,"Peak_36033",-0.00381536477644036,-0.0761581309363011,-0.0723427661598608,5.86752639218214,"NO","NO","NO",0.991548207854342,0.833448431702753,0.820124877330109,0.999532536338917,0.975821771717644,0.999908874757857,"chr2",148506783,148507181,"+",0,"NA","intron (NM_028986, intron 1 of 5)","CpG",126,"NM_028986",74533,"Mm.136913","NM_028986","ENSMUSG00000027439","Gzf1","8430437G08Rik|Zfp336|mGZF1","GDNF-inducible zinc finger protein 1","protein-coding"]
[35689,"Peak_36090",-0.551863037369489,-1.17903231275308,-0.627169275383588,3.12606341719198,"NO","NO","NO",0.382830908433668,0.0724645424975689,0.246795465857755,0.972486494355904,0.627378032752792,0.999908874757857,"chr2",151756235,151756633,"+",0,"NA","intron (NM_009641, intron 4 of 8)","intron (NM_009641, intron 4 of 8)",19491,"NM_009641",11602,"Mm.189536","NM_009641","ENSMUSG00000027460","Angpt4","ANG-3|ANG-4|Agpt4|Ang3","angiopoietin 4","protein-coding"]
[35815,"Peak_36216",0.848318284912037,0.687322078083863,-0.160996206828174,2.80820123909765,"NO","NO","NO",0.37671836241971,0.475378545658028,0.822218303717314,0.972397593291388,0.903156376295133,0.999908874757857,"chr2",153658071,153658469,"+",0,"NA","Intergenic","Intergenic",38550,"NM_001305048",76407,"Mm.33629","NM_029599","ENSMUSG00000027480","Sun5","1700021O15Rik|SPAG4L-2|SRG4|Spag4l","Sad1 and UNC84 domain containing 5","protein-coding"]
[35871,"Peak_36272",0.13996871135092,-0.000699644644281742,-0.140668355995202,5.54702209027139,"NO","NO","NO",0.72139697313215,0.998583296282826,0.67974863924743,0.995739075798108,0.999936850200419,0.999908874757857,"chr2",155062117,155062515,"+",0,"NA","promoter-TSS (NM_025947)","promoter-TSS (NM_025947)",-28,"NR_111890",67068,"Mm.23693","NM_025947","ENSMUSG00000047459","Dynlrb1","2010012N15Rik|2010320M17Rik|9430076K19Rik|AV124457|DNLC2A|Dncl2a|km23-1","dynein light chain roadblock-type 1","protein-coding"]
[35928,"Peak_36329",0.0289360699303853,-0.633769933132208,-0.662706003062594,4.52055027300108,"NO","NO","NO",0.939471944068589,0.11525112470505,0.0242111093025554,0.997839094325673,0.688268576798782,0.999908874757857,"chr2",156265951,156266349,"+",0,"NA","intron (NM_001291120, intron 2 of 22)","intron (NM_001291120, intron 2 of 22)",19505,"NM_013510",13821,"Mm.20852","NM_013510","ENSMUSG00000027624","Epb41l1","4.1N|Epb4.1l1|NBL1|mKIAA0338","erythrocyte membrane protein band 4.1 like 1","protein-coding"]
[35989,"Peak_36390",-5.28027337376863E-3,-0.224518608993609,-0.219238335619841,3.04844393048464,"NO","NO","NO",0.993540879489931,0.73944080491519,0.645343502677562,0.999532536338917,0.9627987227842,0.999908874757857,"chr2",157243032,157243430,"+",0,"NA","Intergenic","Intergenic",-6798,"NM_001025395",20779,"Mm.22845","NM_009271","ENSMUSG00000027646","Src","AW259666|pp60c-src","Rous sarcoma oncogene","protein-coding"]
[36046,"Peak_36447",0.109425836457222,0.0253249455216198,-0.0841008909356026,4.65783278859724,"NO","NO","NO",0.77996356203593,0.949207599219067,0.76997955545483,0.996451548154072,0.992114606145815,0.999908874757857,"chr2",158186863,158187261,"+",0,"NA","intron (NR_015463, intron 1 of 5)","intron (NR_015463, intron 1 of 5)",183,"NR_015463",68108,"Mm.119198","NR_015463",null,"Snhg17","9430008C03Rik","small nucleolar RNA host gene 17","ncRNA"]
[36103,"Peak_36505",1.32900363859606,1.27617932419836,-0.0528243143976932,3.27406054076281,"NO","NO","NO",0.0739542341966094,0.089396828458956,0.902427464952283,0.907934971210637,0.652640638869977,0.999908874757857,"chr2",160404531,160404929,"+",0,"NA","Intergenic","Intergenic",-66903,"NM_009408",21969,"Mm.217233","NM_009408","ENSMUSG00000070544","Top1","AI467334|D130064I21Rik|Top-1","topoisomerase (DNA) I","protein-coding"]
[36168,"Peak_36570",0.150563592366522,0.910274137504723,0.759710545138201,2.9455703378435,"NO","NO","NO",0.845374448755919,0.213386832670429,0.114510258090806,0.996451548154072,0.781014050390442,0.999908874757857,"chr2",162811771,162812169,"+",0,"NA","Intergenic","Intergenic",-1247,"NM_013731",27219,"Mm.26462","NM_013731","ENSMUSG00000017868","Sgk2","AI098171|AW146006|Sgkl","serum/glucocorticoid regulated kinase 2","protein-coding"]
[36222,"Peak_36625",-0.560788006877399,-0.390138305649522,0.170649701227877,4.64954213014235,"NO","NO","NO",0.150832080569991,0.317067772698475,0.586371060476414,0.943529907756132,0.843518355282037,0.999908874757857,"chr2",163744545,163744943,"+",0,"NA","promoter-TSS (NM_183023)","promoter-TSS (NM_183023)",-325,"NM_183023",241770,"Mm.330760","NM_183023","ENSMUSG00000035226","Rims4","6530406L02|Rim4","regulating synaptic membrane exocytosis 4","protein-coding"]
[36283,"Peak_36686",-0.134640757037161,-0.376845023070246,-0.242204266033085,2.74743308581446,"NO","NO","NO",0.847025023260354,0.600541917249552,0.630515310766644,0.996451548154072,0.933549666803656,0.999908874757857,"chr2",164805159,164805557,"+",0,"NA","intron (NM_020333, intron 7 of 25)","intron (NM_020333, intron 7 of 25)",11870,"NM_020333",57138,"Mm.252987","NM_020333","ENSMUSG00000017740","Slc12a5","KCC2|mKIAA1176","solute carrier family 12, member 5","protein-coding"]
[36340,"Peak_36743",-0.827728628321385,-0.68098137075961,0.146747257561776,2.54878282203948,"NO","NO","NO",0.267675589296661,0.362800613833549,0.80245898196752,0.959925552157071,0.862674852755434,0.999908874757857,"chr2",165673493,165673891,"+",0,"NA","intron (NM_027230, intron 4 of 23)","intron (NM_027230, intron 4 of 23)",9981,"NM_001252585",228880,"Mm.227598","NM_027230","ENSMUSG00000039671","Zmynd8","1110013E22Rik|2010005I16Rik|3632413B07Rik|AI316811|AL024039|Prkcbp1|RACK7","zinc finger, MYND-type containing 8","protein-coding"]
[36397,"Peak_36801",-0.683009770815779,-0.572145276507203,0.110864494308576,2.93601146045524,"NO","NO","NO",0.276922461264739,0.365239346344703,0.813868908853807,0.959925552157071,0.864257546397861,0.999908874757857,"chr2",166606495,166606893,"+",0,"NA","Intergenic","Intergenic",-12573,"NM_023815",76367,"Mm.330796","NM_023815","ENSMUSG00000042854","Trp53rkb","2810408M09Rik|4933401B08Rik|5630401H01Rik|Nori-2|PRPK|Tp53rk|Trp53rk|Trp53tk|mNori-2p","transformation related protein 53 regulating kinase B","protein-coding"]
[36473,"Peak_36877",0.73585826413986,0.497196385307442,-0.238661878832418,3.92704090796999,"NO","NO","NO",0.177589092833148,0.372591028780488,0.519113754229811,0.951216191670553,0.86753904496999,0.999908874757857,"chr2",167663134,167663532,"+",0,"NA","Intergenic","Intergenic",-94494,"NM_011201",19246,"Mm.277916","NM_011201","ENSMUSG00000027540","Ptpn1","PTP-1B|PTP-HA2|PTP1B","protein tyrosine phosphatase, non-receptor type 1","protein-coding"]
[36516,"Peak_36920",-0.77509847432766,-0.753082555758266,0.0220159185693941,2.65637706918712,"NO","NO","NO",0.341304778588668,0.352946638145535,0.97364716105972,0.968516567093443,0.85969557283435,0.999908874757857,"chr2",168178058,168178456,"+",0,"NA","Intergenic","Intergenic",-83426,"NM_001081134",241794,"Mm.425102","NM_001081134","ENSMUSG00000074575","Kcng1","AW536275|OTTMUSG00000016048","potassium voltage-gated channel, subfamily G, member 1","protein-coding"]
[36577,"Peak_36981",0.182413032165469,0.432221180477674,0.249808148312205,2.4578245387683,"NO","NO","NO",0.833586047301414,0.61589258747686,0.66097921979118,0.996451548154072,0.938402673292963,0.999908874757857,"chr2",169744734,169745132,"+",0,"NA","Intergenic","RLTR28B|LTR|ERVL",43754,"NR_131974",446211,"Mm.266854","NR_131974","ENSMUSG00000103935","AY702102","STDP1","cDNA sequence AY702102","ncRNA"]
[36697,"Peak_37101",-0.0848947525035364,0.361142438816914,0.446037191320451,5.99942226103754,"NO","NO","NO",0.823853562685352,0.341852353036004,0.189490855165486,0.996451548154072,0.854992188528068,0.999908874757857,"chr2",172825512,172825910,"+",0,"NA","promoter-TSS (NM_175112)","promoter-TSS (NM_175112)",93,"NM_175112",66679,"Mm.4113","NM_175112","ENSMUSG00000027509","Rae1","3230401I12Rik|D2Ertd342e|MNRP|MNRP41","ribonucleic acid export 1","protein-coding"]
[36754,"Peak_37158",0.845069161795899,1.0154665278461,0.170397366050198,4.16932267049105,"NO","NO","NO",0.0918140460168815,0.0419077643638576,0.569367891730892,0.911408110368333,0.55141235743325,0.999908874757857,"chr2",173898868,173899266,"+",0,"NA","Intergenic","Intergenic",-3485,"NM_001102424",228960,"Mm.277977","NM_172675","ENSMUSG00000027522","Stx16","4930401D03|5430410K23Rik|6330500A18Rik|AI648908|AW553605|Syn16","syntaxin 16","protein-coding"]
[36778,"Peak_37182",-1.16350879884505,-0.901540259144433,0.261968539700616,3.26763914356965,"NO","NO","NO",0.0404609865400196,0.110549729686981,0.575000248229116,0.87729516250802,0.683363620693623,0.999908874757857,"chr2",174607374,174607772,"+",0,"NA","3' UTR (NM_007903, exon 5 of 5)","3' UTR (NM_007903, exon 5 of 5)",21453,"NM_007903",13616,"Mm.9478","NM_007903","ENSMUSG00000027524","Edn3","ET-3|PPET3|ls|tmgc48","endothelin 3","protein-coding"]
[36873,"Peak_37277",-0.0504548012609639,-0.130804612275798,-0.0803498110148339,3.69407194211827,"NO","NO","NO",0.922772482182319,0.804729535447148,0.831883845068079,0.997839094325673,0.971440525049129,0.999908874757857,"chr2",179830537,179830935,"+",0,"NA","Intergenic","Intergenic",8376,"NM_133849",99296,"Mm.285360","NM_133849","ENSMUSG00000039059","Hrh3","AW049250|H3R|HH3R","histamine receptor H3","protein-coding"]
[36930,"Peak_37334",-0.610417274917589,-0.408300910622189,0.2021163642954,3.48008362375146,"NO","NO","NO",0.29439197863766,0.47978868522574,0.662512791820152,0.959925552157071,0.904731329305023,0.999908874757857,"chr2",180731140,180731538,"+",0,"NA","intron (NM_028518, intron 8 of 35)","intron (NM_028518, intron 8 of 35)",10099,"NM_028518",73368,"Mm.345095","NM_028518","ENSMUSG00000016356","Col20a1","1700051I12Rik","collagen, type XX, alpha 1","protein-coding"]
[36991,"Peak_37397",0.189508143389272,0.243114711513177,0.0536065681239052,6.02397416700752,"NO","NO","NO",0.641223304967688,0.551370641165264,0.883967751196914,0.992128801173048,0.922414669120915,0.999908874757857,"chr3",5576103,5576501,"+",0,"NA","promoter-TSS (NM_001163301)","promoter-TSS (NM_001163301)",-54,"NM_008994",19302,"Mm.132336","NM_008994","ENSMUSG00000040374","Pex2","D3Ertd138e|PAF-1|PMP35|Pxmp3","peroxisomal biogenesis factor 2","protein-coding"]
[37048,"Peak_37455",-0.34750737854292,-0.577564181525527,-0.230056802982608,3.29961731219152,"NO","NO","NO",0.542257007196439,0.323212100438012,0.597651413009386,0.988113766393189,0.845849033540075,0.999908874757857,"chr3",9334168,9334566,"+",0,"NA","Intergenic","Intergenic",-68711,"NR_015499",320088,"Mm.212908","NR_015499","ENSMUSG00000097365","C030034L19Rik","A130044O20Rik","RIKEN cDNA C030034L19 gene","ncRNA"]
[37109,"Peak_37517",0.57989787084159,0.137851999426772,-0.442045871414818,2.18389551326676,"NO","NO","NO",0.534051295490107,0.888280760306292,0.460983917168303,0.987807576005051,0.983834438649621,0.999908874757857,"chr3",14723886,14724284,"+",0,"NA","Intergenic","Intergenic",54375,"NM_001083957",12346,"Mm.273195","NM_009799","ENSMUSG00000027556","Car1","AW555628|Ca1|Car-1","carbonic anhydrase 1","protein-coding"]
[37195,"Peak_37603",0.0300514309068799,0.290010919034883,0.259959488128004,5.05638174563878,"NO","NO","NO",0.945669158109505,0.5111953552340049,0.480387615662704,0.997839094325673,0.911579669541933,0.999908874757857,"chr3",25042713,25043111,"+",0,"NA","Intergenic","CpG",-359984,"NM_001326288",635702,"Mm.448351","NM_001326288","ENSMUSG00000102758","Naaladl2","2810043G22Rik|EG635702|Gm1021","N-acetylated alpha-linked acidic dipeptidase-like 2","protein-coding"]
[37224,"Peak_37633",0.410551292385027,0.0540909211974916,-0.356460371187536,3.31586062062583,"NO","NO","NO",0.50548424658533,0.932685879772923,0.400431114701517,0.984683579984827,0.990210100560892,0.999908874757857,"chr3",27285101,27285499,"+",0,"NA","Intergenic","BLACKJACK|DNA|AcHobo",15027,"NM_177330",208188,"Mm.194721","NM_177330","ENSMUSG00000051136","Ghsr","C530020I22Rik|Ghsr1a","growth hormone secretagogue receptor","protein-coding"]
[37285,"Peak_37695",1.21860379413929,1.30380975007099,0.0852059559317055,2.8739420073506,"NO","NO","NO",0.153381625954195,0.126423765037634,0.859101797886518,0.943529907756132,0.702623591352837,0.999908874757857,"chr3",29625402,29625800,"+",0,"NA","Intergenic","Intergenic",89935,"NR_105796",102466637,null,"NR_105796","ENSMUSG00000098315","Mir21b","Gm27951|mmu-mir-21b","microRNA 21b","ncRNA"]
[37342,"Peak_37752",-0.189008168636486,0.179403285439842,0.368411454076329,2.94499489265169,"NO","NO","NO",0.789704561076665,0.796774623745837,0.458545713745815,0.996451548154072,0.970094529658213,0.999908874757857,"chr3",31107941,31108339,"+",0,"NA","exon (NM_172861, exon 8 of 8)","exon (NM_172861, exon 8 of 8)",59298,"NM_008770",18417,"Mm.4425","NM_008770","ENSMUSG00000037625","Cldn11","Claudin-11|Claudin11|Osp|Otm","claudin 11","protein-coding"]
[37403,"Peak_37814",-0.740450552397138,-0.843803932913,-0.103353380515862,4.8230783436148,"NO","NO","NO",0.0477110767603769,0.0263220504902437,0.746251940660212,0.886061107856081,0.495208071646523,0.999908874757857,"chr3",34431354,34431752,"+",0,"NA","Intergenic","Intergenic",-27750,"NR_015580",320478,"Mm.444063","NR_015580","ENSMUSG00000105265","Sox2ot","B230215L15Rik","SOX2 overlapping transcript (non-protein coding)","ncRNA"]
[37500,"Peak_37914",0.38841045263948,0.1698437841158,-0.21856666852368,3.89020948460664,"NO","NO","NO",0.424606960013124,0.734620301559766,0.490967105320142,0.977408255892978,0.961600723504885,0.999908874757857,"chr3",37468660,37469058,"+",0,"NA","intron (NM_001310473, intron 16 of 16)","intron (NM_001310473, intron 16 of 16)",-39954,"NR_130162",75947,"Mm.109620","NR_130161","ENSMUSG00000085677","4930594O21Rik","-","RIKEN cDNA 4930594O21 gene","ncRNA"]
[37581,"Peak_37997",0.635798376626442,0.781903072974715,0.146104696348273,3.31726156219948,"NO","NO","NO",0.329159144986317,0.229099450392078,0.707347782516252,0.964033392406634,0.791711227200317,0.999908874757857,"chr3",40927656,40928054,"+",0,"NA","Intergenic","RMER17B|LTR|ERVK",-40887,"NM_027558",70804,"Mm.40321","NM_027558","ENSMUSG00000049940","Pgrmc2","4631434O19Rik|5730409G06Rik|DG6|PMBP","progesterone receptor membrane component 2","protein-coding"]
[37642,"Peak_38059",-0.408412094256994,0.0235363449211908,0.431948439178185,2.97428260069503,"NO","NO","NO",0.540718032694797,0.971247084574521,0.354876476368567,0.988113766393189,0.995918176275481,0.999908874757857,"chr3",50685416,50685814,"+",0,"NA","Intergenic","Intergenic",-342754,"NM_009834",12457,"Mm.86541","NM_009834","ENSMUSG00000023087","Noct","AU043840|Ccr4|Ccrn4l","nocturnin","protein-coding"]
[37699,"Peak_38116",-0.695104292994522,-0.57676222300873,0.118342069985792,2.90014628035842,"NO","NO","NO",0.291143048641647,0.381931055354796,0.817436526781839,0.959925552157071,0.872888584298137,0.999908874757857,"chr3",51768045,51768443,"+",0,"NA","intron (NM_001004176, intron 1 of 4)","intron (NM_001004176, intron 1 of 4)",140684,"NM_001004176",433586,"Mm.234972","NM_001004176","ENSMUSG00000061143","Maml3","AV234550|BC049812|Mam-2|mKIAA1816","mastermind like 3 (Drosophila)","protein-coding"]
[37756,"Peak_38173",-0.562909993002185,-1.16446905216047,-0.601559059158282,2.59431325773393,"NO","NO","NO",0.485184032846319,0.160047626537979,0.394250536362929,0.983088920821324,0.734679430252399,0.999908874757857,"chr3",53147510,53147908,"+",0,"NA","Intergenic","RMER13A|LTR|ERVK",119471,"NM_172501",212114,"Mm.85744","NM_172501","ENSMUSG00000042997","Nhlrc3","4833441N19|8030451K01Rik|mKIAA4083","NHL repeat containing 3","protein-coding"]
[37805,"Peak_38222",-1.10182158318394,-1.60991725870689,-0.508095675522956,3.14307986890179,"NO","NO","NO",0.171037946099364,0.0481401690322665,0.506093092458427,0.948706917463874,0.570744534294958,0.999908874757857,"chr3",54985705,54986103,"+",0,"NA","promoter-TSS (NM_028937)","promoter-TSS (NM_028937)",-62,"NM_028937",74434,"Mm.25514","NM_028937","ENSMUSG00000027794","Sohlh2","4933406N12Rik|AI413378|Sosf2","spermatogenesis and oogenesis specific basic helix-loop-helix 2","protein-coding"]
[37875,"Peak_38292",-0.46595956516864,-0.679653336906625,-0.213693771737985,4.57641717022867,"NO","NO","NO",0.274583371011709,0.11560466035,0.557061498782608,0.959925552157071,0.688838465428453,0.999908874757857,"chr3",58219543,58219941,"+",0,"NA","exon (NM_001347233, exon 1 of 3)","exon (NM_001347233, exon 1 of 3)",1100,"NM_001347233",72033,"Mm.218409","NM_001081229","ENSMUSG00000027806","Tsc22d2","1810043J12Rik|5530402M19Rik","TSC22 domain family, member 2","protein-coding"]
[37936,"Peak_38354",0.144692293673701,0.758217001552993,0.613524707879292,2.22347673283499,"NO","NO","NO",0.884052673338428,0.431177950965752,0.333704652110984,0.996451548154072,0.888837469503983,0.999908874757857,"chr3",62183073,62183471,"+",0,"NA","intron (NM_001081295, intron 4 of 13)","intron (NM_001081295, intron 4 of 13)",40573,"NM_001081295",622434,"Mm.153974","NM_001081295","ENSMUSG00000036885","Arhgef26","4631416L12Rik|8430436L14Rik|AI303572|AW491953|SGEF","Rho guanine nucleotide exchange factor (GEF) 26","protein-coding"]
[37993,"Peak_38413",0.554575319182978,0.371712331440861,-0.182862987742117,2.57047699558797,"NO","NO","NO",0.541074300342761,0.685315035661691,0.777257215375282,0.988113766393189,0.95275596185579,0.999908874757857,"chr3",65362276,65362674,"+",0,"NA","Intergenic","Intergenic",-29139,"NR_027955",71004,"Mm.475465","NM_001033527","ENSMUSG00000074580","4931440P22Rik","-","RIKEN cDNA 4931440P22 gene","ncRNA"]
[38050,"Peak_38470",0.731792221961494,0.11223940302866,-0.619552818932834,2.89614771156876,"NO","NO","NO",0.357892664316725,0.892286983651949,0.277203082020376,0.971106104672636,0.984215028354232,0.999908874757857,"chr3",67455628,67456026,"+",0,"NA","Intergenic","Intergenic",69137,"NM_025813",66868,"Mm.491153","NM_025813","ENSMUSG00000027775","Mfsd1","1200003O06Rik","major facilitator superfamily domain containing 1","protein-coding"]
[38111,"Peak_38532",0.0662158596465387,0.127544014230443,0.061328154583904,3.17794187828012,"NO","NO","NO",0.917702008076589,0.844073422371572,0.890836505941318,0.997828151316618,0.977494282942532,0.999908874757857,"chr3",69839807,69840205,"+",0,"NA","Intergenic","Intergenic",28471,"NM_001018031",229389,"Mm.331071","NM_001018031","ENSMUSG00000027788","Otol1","Gm414","otolin 1","protein-coding"]
[38158,"Peak_38580",0.099207720734951,0.73296640870631,0.633758687971359,2.58743046514406,"NO","NO","NO",0.911086619376912,0.398725337071565,0.286298193253101,0.997799251783824,0.878467989349694,0.999908874757857,"chr3",78723401,78723799,"+",0,"NA","Intergenic","Intergenic",225209,"NM_001310536",76089,"Mm.31220","NM_001099624","ENSMUSG00000062232","Rapgef2","5830453M24Rik|CNRasGEF|Pdzgef1|RA-GEF-1|mKIAA0313|nRapGEP","Rap guanine nucleotide exchange factor (GEF) 2","protein-coding"]
[38226,"Peak_38648",-0.726963654225221,-0.397846060327859,0.329117593897362,2.48839987181332,"NO","NO","NO",0.355931438645264,0.611038846472246,0.588151935758783,0.970937329630049,0.936736275011554,0.999908874757857,"chr3",81730684,81731082,"+",0,"NA","Intergenic","Intergenic",-5640,"NM_177662",229445,"Mm.254642","NM_177662","ENSMUSG00000028015","Ctso","A330105D01Rik|AI118514","cathepsin O","protein-coding"]
[38287,"Peak_38711",0.51721477741108,0.599381963217146,0.0821671858060662,3.85007233485409,"NO","NO","NO",0.347831078286291,0.278812000928326,0.823639460038885,0.969469292772487,0.823294405403191,0.999908874757857,"chr3",84032264,84032662,"+",0,"NA","intron (NM_001271726, intron 1 of 11)","intron (NM_001271726, intron 1 of 11)",-7664,"NM_030706",80890,"Mm.44876","NM_030706","ENSMUSG00000027993","Trim2","mKIAA0517|narf","tripartite motif-containing 2","protein-coding"]
[38344,"Peak_38768",-0.567275119425071,-0.760362818615761,-0.19308769919069,2.77144864151045,"NO","NO","NO",0.428034116769812,0.295766176417029,0.739057832461369,0.977408255892978,0.831947111654732,0.999908874757857,"chr3",85173519,85173917,"+",0,"NA","Intergenic","Intergenic",52277,"NR_040542",73283,"Mm.489084","NR_040542","ENSMUSG00000099995","1700036G14Rik","-","RIKEN cDNA 1700036G14 gene","ncRNA"]
[38468,"Peak_38895",0.0833664466780815,0.587339316131659,0.503972869453577,5.76616122730898,"NO","NO","NO",0.825941041288394,0.118613736540869,0.116978645313303,0.996451548154072,0.69418043996791,0.999908874757857,"chr3",87946080,87946478,"+",0,"NA","promoter-TSS (NM_001310587)","promoter-TSS (NM_001310587)",-15,"NM_001310593",17261,"Mm.28184","NM_133665","ENSMUSG00000001419","Mef2d","C80750","myocyte enhancer factor 2D","protein-coding"]
[38527,"Peak_38954",0.548816105376077,0.738697587861266,0.189881482485189,3.2558295437658,"NO","NO","NO",0.415022236230622,0.270843417327091,0.650791248201449,0.97715903182755,0.817938249476711,0.999908874757857,"chr3",88636335,88636733,"+",0,"NA","promoter-TSS (NR_015498)","promoter-TSS (NR_015498)",-125,"NR_015498",319830,"Mm.400394","NR_015498",null,"1500004A13Rik","5430404N14Rik|BB132176","RIKEN cDNA 1500004A13 gene","ncRNA"]
[38583,"Peak_39010",-0.743213869906338,-1.08599525796694,-0.342781388060604,2.84221330762336,"NO","NO","NO",0.299363580800742,0.136575996740553,0.578312313915572,0.959925552157071,0.71282049233569,0.999908874757857,"chr3",89296566,89296964,"+",0,"NA","Intergenic","Intergenic",-27321,"NM_080466",140493,"Mm.120250","NM_080466","ENSMUSG00000000794","Kcnn3","KCa2.3|SK3|SKCA3","potassium intermediate/small conductance calcium-activated channel, subfamily N, member 3","protein-coding"]
[38644,"Peak_39071",0.0116732486053155,0.130992849915117,0.119319601309802,3.18017561584449,"NO","NO","NO",0.986287727018694,0.84513141428397,0.804992680391543,0.999441379886603,0.977494282942532,0.999908874757857,"chr3",90389536,90389934,"+",0,"NA","Intergenic","Intergenic",-4434,"NM_001195760",628324,"Mm.33816","NM_001195760","ENSMUSG00000094018","S100a2","CaN19|EG628324|S100L","S100 calcium binding protein A2","protein-coding"]
[38701,"Peak_39129",-0.482246860104284,-0.0074334124235568,0.474813447680727,2.93134413850389,"NO","NO","NO",0.473007796730762,0.991002180213104,0.313450049637994,0.98110929536407,0.99863888402624,0.999908874757857,"chr3",94268076,94268474,"+",0,"NA","TTS (NM_025506)","TTS (NM_025506)",9238,"NM_025506",66353,"Mm.46405","NM_025506","ENSMUSG00000028139","Riiad1","2310007A19Rik|Ncrna00166","regulatory subunit of type II PKA R-subunit (RIIa) domain containing 1","protein-coding"]
[38762,"Peak_39191",0.331894250557472,0.301683269251119,-0.0302109813063528,4.67994231919536,"NO","NO","NO",0.432931882964124,0.480832599221337,0.922964446755788,0.977769722435304,0.905266218877156,0.999908874757857,"chr3",95506040,95506438,"+",0,"NA","Intergenic","Intergenic",-14399,"NM_144899",229595,"Mm.490574","NM_144899","ENSMUSG00000015850","Adamtsl4","ADAMTSL-4|Tsrc1","ADAMTS-like 4","protein-coding"]
[38832,"Peak_39261",-0.113063197799292,0.41543074216766,0.528493939966952,2.85869600607651,"NO","NO","NO",0.881449044280066,0.573895900204159,0.316804875206754,0.996451548154072,0.927805811414687,0.999908874757857,"chr3",96757704,96758102,"+",0,"NA","Intergenic","Intergenic",-27929,"NM_008123",14616,"Mm.258183","NM_008123","ENSMUSG00000049908","Gja8","Aey5|Cnx50|Cx50|Lop10","gap junction protein, alpha 8","protein-coding"]
[38877,"Peak_39306",0.249920943048677,0.677158831472979,0.427237888424303,3.10496288738928,"NO","NO","NO",0.720148602374997,0.319181126439089,0.332408582402939,0.995739075798108,0.844282795280264,0.999908874757857,"chr3",97828276,97828674,"+",0,"NA","intron (NM_010928, intron 1 of 33)","intron (NM_010928, intron 1 of 33)",11014,"NM_010928",18129,"Mm.485843","NM_010928","ENSMUSG00000027878","Notch2","AI853703|N2","notch 2","protein-coding"]
[38938,"Peak_39368",0.0113594704428065,-0.0389449127587604,-0.0503043832015669,2.5038115435279,"NO","NO","NO",0.988444752767323,0.962501563078151,0.929113328014717,0.999455337349862,0.993978488975727,0.999908874757857,"chr3",100563502,100563900,"+",0,"NA","Intergenic","Intergenic",-65681,"NM_178594",242122,"Mm.137467","NM_178594","ENSMUSG00000051076","Vtcn1","B7h4|B7s1|B7x|BC032925","V-set domain containing T cell activation inhibitor 1","protein-coding"]
[38995,"Peak_39425",0.353802071185794,-0.255137150534253,-0.608939221720047,4.84072786962597,"NO","NO","NO",0.39450394601288,0.552370603925542,0.0714744547378283,0.975365594015901,0.922743295730157,0.999908874757857,"chr3",101639949,101640347,"+",0,"NA","promoter-TSS (NM_172295)","promoter-TSS (NM_172295)",-2,"NM_172295",242125,"Mm.32900","NM_172295","ENSMUSG00000044313","Mab21l3","-","mab-21-like 3 (C. elegans)","protein-coding"]
[39052,"Peak_39482",0.223238602330452,0.111725029082073,-0.111513573248379,2.34525421434401,"NO","NO","NO",0.805194475038798,0.902524469292437,0.86110147310199,0.996451548154072,0.9850458533859,0.999908874757857,"chr3",103178092,103178490,"+",0,"NA","Intergenic","Intergenic",95075,"NM_053170",94093,"Mm.195036","NM_053170","ENSMUSG00000033014","Trim33","8030451N04Rik|AI413936|Ecto|Tif1g","tripartite motif-containing 33","protein-coding"]
[39113,"Peak_39544",-0.470766844447259,-0.403516111207132,0.0672507332401267,4.81390458892521,"NO","NO","NO",0.198777423052008,0.273798468229136,0.81790053097796,0.953494236567625,0.820088126108535,0.999908874757857,"chr3",104620738,104621136,"+",0,"NA","exon (NM_001163441, exon 2 of 21)","exon (NM_001163441, exon 2 of 21)",286,"NM_001163441",17454,"Mm.1597","NM_008619","ENSMUSG00000002227","Mov10","C77703|Mov-10","Moloney leukemia virus 10","protein-coding"]
[39185,"Peak_39616",0.22449106015811,-0.101841790997959,-0.326332851156069,4.48348655976013,"NO","NO","NO",0.589826504344523,0.812580598160974,0.290774604094446,0.990149111431646,0.972416777554459,0.999908874757857,"chr3",107294268,107294666,"+",0,"NA","intron (NM_172271, intron 5 of 11)","intron (NM_172271, intron 5 of 11)",9191,"NR_121629",229706,"Mm.212867","NM_172271","ENSMUSG00000027894","Slc6a17","D130012J15Rik|Ntt4","solute carrier family 6 (neurotransmitter transporter), member 17","protein-coding"]
[39232,"Peak_39663",0.347277514521051,0.609668508714283,0.262390994193231,5.01526138436,"NO","NO","NO",0.427910420771486,0.162615106626476,0.450854270571448,0.977408255892978,0.73627740821306,0.999908874757857,"chr3",108192126,108192524,"+",0,"NA","Intergenic","Intergenic",5569,"NM_019976",56742,"Mm.389499","NM_019976","ENSMUSG00000068744","Psrc1","5430413I02Rik|AL033312|Dda3","proline/serine-rich coiled-coil 1","protein-coding"]
[39352,"Peak_39785",1.88478127620291,1.26901794629506,-0.615763329907854,3.17852492564263,"NO","NO","NO",0.0138402136191805,0.122250380016506,0.129613098395716,0.789931406387149,0.698902092693067,0.999908874757857,"chr3",116239252,116239650,"+",0,"NA","intron (NM_010022, intron 5 of 10)","intron (NM_010022, intron 5 of 10)",23454,"NM_010022",13171,"Mm.3636","NM_010022","ENSMUSG00000000340","Dbt","D3Wsu60e","dihydrolipoamide branched chain transacylase E2","protein-coding"]
[39409,"Peak_39844",0.0290392049955624,0.748691563377033,0.71965235838147,2.55236448706919,"NO","NO","NO",0.973222126390126,0.362588316986876,0.180753375707206,0.999057618398854,0.862560709586241,0.999908874757857,"chr3",120859438,120859836,"+",0,"NA","intron (NM_028456, intron 2 of 4)","intron (NM_028456, intron 2 of 4)",14976,"NM_028456",66568,"Mm.263163","NM_025637","ENSMUSG00000028133","Rwdd3","2510027J23Rik|3110037C01Rik|AI035684|AI662458|Rsume|X2CR1","RWD domain containing 3","protein-coding"]
[39470,"Peak_39905",0.165057939793485,0.151989011822361,-0.013068927971124,2.62068518469449,"NO","NO","NO",0.838901300832075,0.852130092435252,0.982140817036958,0.996451548154072,0.977891556132052,0.999908874757857,"chr3",122090585,122090983,"+",0,"NA","Intergenic","Intergenic",-31914,"NM_013867",29815,"Mm.45815","NM_013867","ENSMUSG00000028121","Bcar3","AI131758|AND-34","breast cancer anti-estrogen resistance 3","protein-coding"]
[39490,"Peak_39925",-0.197476587557969,-0.551662825759509,-0.35418623820154,3.12607430691765,"NO","NO","NO",0.739242053977628,0.371134504943727,0.418959237630789,0.995754237914056,0.866806924312499,0.999908874757857,"chr3",122606975,122607373,"+",0,"NA","intron (NR_046036, intron 3 of 5)","intron (NR_046036, intron 3 of 5)",9184,"NM_007980",14079,"Mm.28398","NM_007980","ENSMUSG00000023057","Fabp2","Fabpi|I-FABP","fatty acid binding protein 2, intestinal","protein-coding"]
[39585,"Peak_40021",0.0689386105211719,0.0652672626630712,-0.00367134785810064,4.00936683924651,"NO","NO","NO",0.888104153985197,0.894889282238798,0.991806456136818,0.996451548154072,0.984215028354232,0.999908874757857,"chr3",127483044,127483442,"+",0,"NA","5' UTR (NM_027808, exon 1 of 14)","5' UTR (NM_027808, exon 1 of 14)",202,"NM_027808",71481,"Mm.158704","NM_027808","ENSMUSG00000028028","Alpk1","8430410J10Rik|LAK","alpha-kinase 1","protein-coding"]
[39646,"Peak_40084",-0.20992777218874,0.231935488131247,0.441863260319987,2.96670551178844,"NO","NO","NO",0.764769456176289,0.73601602736884,0.358871433148352,0.996451548154072,0.96196480657729,0.999908874757857,"chr3",129756558,129756956,"+",0,"NA","intron (NM_207209, intron 1 of 23)","intron (NM_207209, intron 1 of 23)",7068,"NM_207209",99683,"Mm.192303","NM_207209","ENSMUSG00000001052","Sec24b","AI605202|SEC24","Sec24 related gene family, member B (S. cerevisiae)","protein-coding"]
[39703,"Peak_40144",0.686040647160069,0.334738866294263,-0.351301780865805,3.54265426696408,"NO","NO","NO",0.305636344362174,0.626796196459484,0.478935727152778,0.959925552157071,0.941423005317876,0.999908874757857,"chr3",131700642,131701040,"+",0,"NA","Intergenic","Intergenic",-47415,"NM_020265",56811,"Mm.103593","NM_020265","ENSMUSG00000028031","Dkk2","-","dickkopf WNT signaling pathway inhibitor 2","protein-coding"]
[39764,"Peak_40207",-4.45622701306658E-3,0.0863109054613329,0.0907671324743995,5.19410808857179,"NO","NO","NO",0.991797538808597,0.842146583172125,0.806746774146891,0.999532536338917,0.977460230305398,0.999908874757857,"chr3",135148390,135148788,"+",0,"NA","promoter-TSS (NM_027288)","promoter-TSS (NM_027288)",14,"NM_027288",110173,"Mm.280536","NM_027288","ENSMUSG00000028164","Manba","2410030O07Rik|B930014J03Rik|Bmn","mannosidase, beta A, lysosomal","protein-coding"]
[39859,"Peak_40303",0.499832456596879,0.35386684415154,-0.145965612445339,1.74862870846811,"NO","NO","NO",0.655549891105422,0.756831907288663,0.832090456163325,0.992128801173048,0.964380640497659,0.999908874757857,"chr3",139958470,139958868,"+",0,"NA","Intergenic","Intergenic",267456,"NR_105798",102465198,null,"NR_105798","ENSMUSG00000099169","Mir7j","Gm27716|Mirlet7j|mmu-let-7j","microRNA 7j","ncRNA"]
[39879,"Peak_40323",0.675612114200298,0.370964050047648,-0.304648064152651,3.36387534020285,"NO","NO","NO",0.285069029105062,0.568939034554934,0.464395934040102,0.959925552157071,0.926245237528451,0.999908874757857,"chr3",141560142,141560540,"+",0,"NA","intron (NM_001277216, intron 2 of 11)","intron (NM_001277216, intron 2 of 11)",34211,"NM_001277218",12167,"Mm.39089","NM_007560","ENSMUSG00000052430","Bmpr1b","AI385617|ALK-6|AV355320|Acvrlk6|Alk6|BMPR-1B|BMPR-IB|CFK-43a|SKR6","bone morphogenetic protein receptor, type 1B","protein-coding"]
[39940,"Peak_40386",0.892394814852527,1.58711978130714,0.694724966454612,1.59581647334311,"NO","NO","NO",0.532289761204968,0.241220905915387,0.341033719725872,0.987541605769476,0.800386084260266,0.999908874757857,"chr3",143710676,143711074,"+",0,"NA","Intergenic","Intergenic",154421,"NM_001161770",16911,"Mm.29187","NM_010723","ENSMUSG00000028266","Lmo4","A730077C12Rik|Crp3|Etohi4","LIM domain only 4","protein-coding"]
[39997,"Peak_40443",0.127066811126824,0.592601206686138,0.465534395559314,2.5121473117185,"NO","NO","NO",0.888652642503884,0.503396491973095,0.450407710427122,0.996451548154072,0.909766740906097,0.999908874757857,"chr3",145568360,145568758,"+",0,"NA","Intergenic","Intergenic",-18667,"NM_009740",12042,"Mm.239141","NM_009740","ENSMUSG00000028191","Bcl10","AI132454|BCL-10|C81403|CARMEN|CIPER|CLAP|ME10|cE10","B cell leukemia/lymphoma 10","protein-coding"]
[40058,"Peak_40505",-0.399431572440584,0.3104572279418,0.709888800382384,2.22125848453234,"NO","NO","NO",0.664096898636016,0.724162024657495,0.250925446624807,0.992128801173048,0.959347662557863,0.999908874757857,"chr3",147554687,147555085,"+",0,"NA","Intergenic","Intergenic",1039555,"NM_001302957",70892,"Mm.187793","NM_027594","ENSMUSG00000036745","Ttll7","1110049N09Rik|4921517B04Rik|C630030B20|mTTLL7","tubulin tyrosine ligase-like family, member 7","protein-coding"]
[40115,"Peak_40563",-0.424721264540602,-0.446540748014115,-0.0218194834735124,4.62843024055065,"NO","NO","NO",0.305155186940955,0.284176541680633,0.949359055916069,0.959925552157071,0.825762989663673,0.999908874757857,"chr3",151769759,151770157,"+",0,"NA","intron (NM_016867, intron 4 of 5)","intron (NM_016867, intron 4 of 5)",58906,"NM_016867",54120,"Mm.97","NM_016867","ENSMUSG00000039131","Gipc2","2200002N01Rik|AU021850|Semcap2","GIPC PDZ domain containing family, member 2","protein-coding"]
[40212,"Peak_40660",0.547701040562631,0.727375560731121,0.17967452016849,4.27033776880999,"NO","NO","NO",0.25010936969357,0.125991178463965,0.563928321719136,0.958074512707729,0.702423504117542,0.999908874757857,"chr3",154326916,154327314,"+",0,"NA","Intergenic","Intergenic",-46982,"NM_175176",209601,"Mm.331454","NM_175176","ENSMUSG00000078161","Erich3","1700013E18Rik|4922501L14Rik|5031409G23Rik|AI596448|Gm133","glutamate rich 3","protein-coding"]
[40297,"Peak_40748",1.7062556541843,1.24878559209474,-0.457470062089564,3.44438378460426,"NO","NO","NO",0.0137423491280618,0.0863394372141743,0.229735182890547,0.789931406387149,0.647321474320532,0.999908874757857,"chr4",5734825,5735223,"+",0,"NA","Intergenic","Intergenic",163698,"NM_173426",242297,"Mm.331470","NM_173426","ENSMUSG00000049119","Fam110b","1700012H17Rik|5031405P22|AW049855","family with sequence similarity 110, member B","protein-coding"]
[40354,"Peak_40807",0.187051822263785,0.327388629745372,0.140336807481588,3.87768635749146,"NO","NO","NO",0.718626211690361,0.529179231790382,0.692230630832849,0.995739075798108,0.917438070679855,0.999908874757857,"chr4",8726519,8726917,"+",0,"NA","intron (NM_001277149, intron 3 of 37)","intron (NM_001277149, intron 3 of 37)",109165,"NM_001277149",320790,"Mm.138792","NM_001033395","ENSMUSG00000041235","Chd7","A730019I05Rik|Cycn|Cyn|Dz|Edy|Flo|GENA 47|GENA 60|Gena 52|Lda|Mt|Obt|Todo|WBE1|Whi|metis","chromodomain helicase DNA binding protein 7","protein-coding"]
[40411,"Peak_40865",-0.0586397208601621,0.541935444406321,0.600575165266483,2.70462382765985,"NO","NO","NO",0.944358663559895,0.507217623739948,0.306849533805242,0.997839094325673,0.911277053190645,0.999908874757857,"chr4",10677683,10678081,"+",0,"NA","intron (NR_045185, intron 2 of 4)","RLTR13D1|LTR|ERVK",47067,"NR_045185",73624,"Mm.67392","NR_045185","ENSMUSG00000086080","1700123O12Rik","-","RIKEN cDNA 1700123O12 gene","ncRNA"]
[40472,"Peak_40927",0.816538893631082,0.71381206802992,-0.102726825601162,2.50456134801434,"NO","NO","NO",0.374861302683288,0.446728745139399,0.856942684208808,0.972397593291388,0.893984702065354,0.999908874757857,"chr4",12523429,12523827,"+",0,"NA","Intergenic","Intergenic",-310356,"NM_173746",208820,"Mm.12057","NM_173746","ENSMUSG00000055963","Triqk","C130086A10|Gm11818|OTTMUSG00000004461","triple QxxK/R motif containing","protein-coding"]
[40517,"Peak_40972",-0.176470104756183,0.612790395272287,0.789260500028471,2.08560274253544,"NO","NO","NO",0.85878247795753,0.514190478958946,0.193480606961103,0.996451548154072,0.91220496463001,0.999908874757857,"chr4",15717219,15717617,"+",0,"NA","Intergenic","Intergenic",-90993,"NM_009788",12307,"Mm.277665","NM_009788","ENSMUSG00000028222","Calb1","Brain-2|CB|Calb|Calb-1","calbindin 1","protein-coding"]
[40591,"Peak_41048",0.361686024223071,0.0574157956562747,-0.304270228566796,4.94655163470762,"NO","NO","NO",0.366890236968445,0.888554083335356,0.333984950463746,0.971534533673668,0.983834438649621,0.999908874757857,"chr4",22536273,22536671,"+",0,"NA","Intergenic","Intergenic",118777,"NR_131335",105500046,null,"NR_131335","ENSMUSG00000107859","Gm30731","Pnky|lnc-pou3f2","predicted gene, 30731","ncRNA"]
[40648,"Peak_41109",0.250938131624061,-0.56502074733277,-0.815958878956831,2.50541494256083,"NO","NO","NO",0.765747933282192,0.530236688084039,0.204205998339021,0.996451548154072,0.917773136170093,0.999908874757857,"chr4",30859566,30859964,"+",0,"NA","Intergenic","Intergenic",268019,"NR_040655",75332,"Mm.108636","NR_040655",null,"4930556G01Rik","-","RIKEN cDNA 4930556G01 gene","ncRNA"]
[40705,"Peak_41167",-0.0986779638239945,0.103211800528765,0.20188976435276,3.9612218259668,"NO","NO","NO",0.8328952012306,0.824903611265405,0.524750332084562,0.996451548154072,0.974396406134925,0.999908874757857,"chr4",33002850,33003248,"+",0,"NA","intron (NM_001012450, intron 1 of 16)","intron (NM_001012450, intron 1 of 16)",7431,"NM_001012450",140577,"Mm.214766","NM_080471","ENSMUSG00000040183","Ankrd6","-","ankyrin repeat domain 6","protein-coding"]
[40766,"Peak_41228",-0.183785231067891,-0.380567110184514,-0.196781879116623,3.85890158451016,"NO","NO","NO",0.724979007037104,0.476259370845866,0.631262819012182,0.995739075798108,0.903414154866613,0.999908874757857,"chr4",35012473,35012871,"+",0,"NA","intron (NM_178061, intron 2 of 3)","intron (NM_178061, intron 2 of 3)",-86632,"NM_199157",387510,"Mm.386929","NM_199157","ENSMUSG00000042993","Ifnk","-","interferon kappa","protein-coding"]
[40823,"Peak_41288",-0.0710319179732811,0.283649758367908,0.354681676341189,5.62766447780822,"NO","NO","NO",0.859009565799607,0.476585549540226,0.309653898232024,0.996451548154072,0.903414154866613,0.999908874757857,"chr4",40917953,40918351,"+",0,"NA","intron (NM_023739, intron 1 of 23)","CpG",176,"NM_023739",74164,"Mm.247456","NM_023739","ENSMUSG00000028423","Nfx1","1300017N15Rik|3000003M19Rik|NFX.1|TEG-42|Tex42","nuclear transcription factor, X-box binding 1","protein-coding"]
[40870,"Peak_41335",-0.0788741029440605,-0.148614786107858,-0.0697406831637978,5.33440602406464,"NO","NO","NO",0.831533130540377,0.690994082859125,0.823662473081328,0.996451548154072,0.953546381186246,0.999908874757857,"chr4",41707121,41707519,"+",0,"NA","promoter-TSS (NM_001163401)","promoter-TSS (NM_001163401)",4,"NM_001172054",16157,"Mm.193451","NM_010549","ENSMUSG00000073889","Il11ra1","AI314697|GP130|Il-11ra|Il11ra|Il11ra2|NR1","interleukin 11 receptor, alpha chain 1","protein-coding"]
[40942,"Peak_41409",0.198681726478254,0.468282793221872,0.269601066743619,3.79008217457026,"NO","NO","NO",0.708244859188173,0.37408435918819,0.443070860314468,0.995249020582875,0.868749723042435,0.999908874757857,"chr4",44313756,44314154,"+",0,"NA","intron (NM_010790, intron 1 of 17)","intron (NM_010790, intron 1 of 17)",166,"NM_010790",17279,"Mm.268668","NM_010790","ENSMUSG00000035683","Melk","AI327312|MPK38|mKIAA0175","maternal embryonic leucine zipper kinase","protein-coding"]
[40999,"Peak_41467",0.300137927370287,0.00293252657928636,-0.297205400791001,2.88897098735292,"NO","NO","NO",0.680838891658041,0.99681572354397,0.561965914736732,0.993744595008032,0.999480190376433,0.999908874757857,"chr4",45743778,45744176,"+",0,"NA","Intergenic","L1ME1|LINE|L1",33118,"NR_046068",100040567,"Mm.490816","NR_046068","ENSMUSG00000085876","Gm12409","OTTMUSG00000006726","predicted gene 12409","ncRNA"]
[41060,"Peak_41528",-0.233188448161134,-0.0888367906968124,0.144351657464321,5.96446234056545,"NO","NO","NO",0.568803346244216,0.828587306096333,0.701683514053586,0.989871165956955,0.974828717046856,0.999908874757857,"chr4",46662844,46663242,"+",0,"NA","promoter-TSS (NM_198664)","promoter-TSS (NM_198664)",28,"NM_198664",381605,"Mm.331595","NM_198664","ENSMUSG00000039813","Tbc1d2","A630005A06Rik|BC022630|Gm1037|PARIS-1|PARIS1","TBC1 domain family, member 2","protein-coding"]
[41180,"Peak_41653",0.206843351128067,0.435719298046725,0.228875946918658,3.20065651110406,"NO","NO","NO",0.765416930550195,0.524705357443881,0.63358343864974,0.996451548154072,0.915884999506395,0.999908874757857,"chr4",53128467,53128865,"+",0,"NA","intron (NM_013454, intron 5 of 49)","intron (NM_013454, intron 5 of 49)",44101,"NM_013454",11303,"Mm.277376","NM_013454","ENSMUSG00000015243","Abca1","ABC-1|Abc1","ATP-binding cassette, sub-family A (ABC1), member 1","protein-coding"]
[41239,"Peak_41712",0.749358136676276,0.211293984877598,-0.538064151798678,2.64598650643496,"NO","NO","NO",0.359181965389684,0.805865296872892,0.316298933022873,0.971106104672636,0.97172544675304,0.999908874757857,"chr4",55185209,55185607,"+",0,"NA","Intergenic","Intergenic",-177506,"NM_009011",19359,"Mm.196846","NM_009011","ENSMUSG00000028426","Rad23b","0610007D13Rik|AV001138|HR23B|mHR23B|p58","RAD23 homolog B, nucleotide excision repair protein","protein-coding"]
[41299,"Peak_41774",0.850723398214145,0.307640092336531,-0.543083305877615,3.75785583780667,"NO","NO","NO",0.135910042890563,0.606624436590317,0.166652501173531,0.936664239942381,0.935544080884199,0.999908874757857,"chr4",57198972,57199370,"+",0,"NA","Intergenic","MTE2a|LTR|MaLR",14228,"NR_040669",329851,"Mm.392470","NR_040669","ENSMUSG00000085967","Gm12530","D730003B17|OTTMUSG00000007337","predicted gene 12530","ncRNA"]
[41356,"Peak_41831",0.221880041611523,0.451611946802633,0.229731905191109,4.88608854380355,"NO","NO","NO",0.675665546447518,0.393320793961794,0.616188465582872,0.993519641917684,0.876658690940149,0.999908874757857,"chr4",58339736,58340134,"+",0,"NA","intron (NM_001037130, intron 5 of 12)","intron (NM_001037130, intron 5 of 12)",41101,"NM_001037128",18198,"Mm.16148","NM_010944","ENSMUSG00000057280","Musk","Mdk4|Mlk|Nsk1|Nsk2|Nsk3","muscle, skeletal, receptor tyrosine kinase","protein-coding"]
[41417,"Peak_41894",-0.170688375339392,-0.663700284903967,-0.493011909564576,2.46138270921331,"NO","NO","NO",0.829288142578171,0.422442057914072,0.415052018925322,0.996451548154072,0.885706794169573,0.999908874757857,"chr4",60004025,60004423,"+",0,"NA","Intergenic","Intergenic",-12197,"NM_001081285",620807,"Mm.464562","NM_001081285","ENSMUSG00000078689","Mup6","Gm12544|Mup2|OTTMUSG00000007423","major urinary protein 6","protein-coding"]
[41474,"Peak_41951",0.223111663274038,-0.201622478697444,-0.424734141971481,5.28707477004442,"NO","NO","NO",0.563359143325465,0.608580129975367,0.192257809312243,0.989696202529026,0.936077089092416,0.999908874757857,"chr4",62852359,62852757,"+",0,"NA","Intergenic","Intergenic",-19393,"NM_001317352",16552,"Mm.216057","NM_010616","ENSMUSG00000028357","Kif12","-","kinesin family member 12","protein-coding"]
[41544,"Peak_42022",0.171606067121176,0.10676908590893,-0.0648369812122467,1.99976745913774,"NO","NO","NO",0.863739765817184,0.915383904390393,0.923390288749521,0.996451548154072,0.987109020669515,0.999908874757857,"chr4",66144093,66144491,"+",0,"NA","Intergenic","Intergenic",-78775,"NM_019514",56079,"Mm.445312","NM_019514","ENSMUSG00000028373","Astn2","1d8|Astnl|bM452J22.1","astrotactin 2","protein-coding"]
[41593,"Peak_42073",0.847277060662084,0.571351898006499,-0.275925162655586,2.45175016522601,"NO","NO","NO",0.359024571610149,0.548669236530782,0.636759780084056,0.971106104672636,0.921541490550218,0.999908874757857,"chr4",71811796,71812194,"+",0,"NA","intron (NM_001285530, intron 6 of 17)","intron (NM_001285530, intron 6 of 17)",49932,"NM_011599",21885,"Mm.278444","NM_011599","ENSMUSG00000008305","Tle1","C230057C06Rik|Estm14|Grg-1|Grg1|Tle4l","transducin-like enhancer of split 1","protein-coding"]
[41650,"Peak_42135",-0.40208082958726,0.0131560187899673,0.415236848377227,5.20625286399305,"NO","NO","NO",0.322878449461396,0.974040521907791,0.234667955137629,0.962214215590348,0.996052737092148,0.999908874757857,"chr4",77857745,77858143,"+",0,"NA","promoter-TSS (NM_011211)","promoter-TSS (NM_011211)",-145,"NM_011211",19266,"Mm.184021","NM_011211","ENSMUSG00000028399","Ptprd","1110002J03Rik|3000002J10Rik|B230219D21Rik|R-PTP-delta","protein tyrosine phosphatase, receptor type, D","protein-coding"]
[41707,"Peak_42192",0.275846987183391,0.679291019980992,0.403444032797602,5.44648868434988,"NO","NO","NO",0.499019487237875,0.0937066627577077,0.227592986158453,0.984239530329956,0.660116160648918,0.999908874757857,"chr4",82159031,82159429,"+",0,"NA","intron (NR_137202, intron 1 of 1)","CpG",5337,"NR_137202",102635783,"Mm.41666","NR_137202",null,"Gm11266","OTTMUSG00000000396","predicted gene 11266","ncRNA"]
[41768,"Peak_42254",-0.0627713646076574,0.0582115837016876,0.120982948309345,2.92943820503112,"NO","NO","NO",0.930757897237696,0.935977360534174,0.818770070547841,0.997839094325673,0.990748299209663,0.999908874757857,"chr4",83710486,83710884,"+",0,"NA","Intergenic","Intergenic",-19902,"NR_130998",78238,"Mm.243903","NR_130998","ENSMUSG00000085217","6030471H07Rik","-","RIKEN cDNA 6030471H07 gene","ncRNA"]
[41825,"Peak_42314",-0.811260706938387,-1.46193442641556,-0.650673719477177,2.72803427923667,"NO","NO","NO",0.203186148500844,0.0307821880253492,0.222922374364995,0.953494236567625,0.512507927676209,0.999908874757857,"chr4",85972498,85972896,"+",0,"NA","intron (NM_029967, intron 15 of 27)","intron (NM_029967, intron 15 of 27)",231510,"NM_001081096",75811,"Mm.56451","NM_001081096","ENSMUSG00000028492","Saxo1","4930500O09Rik|Fam154a","stabilizer of axonemal microtubules 1","protein-coding"]
[41897,"Peak_42386",0.663025982474924,0.748983027877638,0.0859570454027139,3.67384954717099,"NO","NO","NO",0.251039266964669,0.195571333144655,0.810650621689936,0.958074512707729,0.767889490129121,0.999908874757857,"chr4",88342339,88342737,"+",0,"NA","Intergenic","Intergenic",-5366,"NM_008336",15974,"Mm.377093","NM_008336","ENSMUSG00000100079","Ifnab","-","interferon alpha B","protein-coding"]
[42007,"Peak_42498",-0.529538360526651,-1.372471801658,-0.842933441131351,4.54136908990766,"NO","DOWN","NO",0.185164729291462,1.15830833331353E-3,0.0168095248466617,0.952872791523057,0.166625116845499,0.999908874757857,"chr4",97210624,97211022,"+",0,"NA","Intergenic","Intergenic",-37811,"NM_001122952",18027,"Mm.31274","NM_010905","ENSMUSG00000028565","Nfia","1110047K16Rik|9430022M17Rik|CTF|NF1-A|NF1A","nuclear factor I/A","protein-coding"]
[42064,"Peak_42555",0.317499643562328,0.86604324802222,0.548543604459892,2.33755475677378,"NO","NO","NO",0.751641736012475,0.368937058377184,0.397309451571743,0.996012642254204,0.866072654508077,0.999908874757857,"chr4",98406479,98406877,"+",0,"NA","Intergenic","B2_Mm2|SINE|B2",13233,"NM_001081202",381591,"Mm.34340","NM_001081202","ENSMUSG00000087166","L1td1","AA546746|AB211064|D76865|ECAT11","LINE-1 type transposase domain containing 1","protein-coding"]
[42125,"Peak_42617",-0.398078792651202,-0.171945166954857,0.226133625696345,4.81009229344719,"NO","NO","NO",0.281835846683505,0.640790557228709,0.428255569415258,0.959925552157071,0.943721328797265,0.999908874757857,"chr4",100449479,100449877,"+",0,"NA","5' UTR (NM_198037, exon 1 of 27)","5' UTR (NM_198037, exon 1 of 27)",394,"NM_198037",320508,"Mm.151962","NM_198037","ENSMUSG00000028532","Cachd1","1190007F10Rik|AI852726|B430218L07Rik|Vwcd1|mKIAA1573","cache domain containing 1","protein-coding"]
[42182,"Peak_42675",0.746409510111935,0.151788213317935,-0.594621296794,3.79909665217413,"NO","NO","NO",0.147860174514723,0.781703087234302,0.0782505129479752,0.943529907756132,0.96836902045408,0.999908874757857,"chr4",102156069,102156467,"+",0,"NA","intron (NM_019840, intron 1 of 14)","intron (NM_019840, intron 1 of 14)",-86397,"NM_001177980",18578,"Mm.20181","NM_019840","ENSMUSG00000028525","Pde4b","Dpde4|R74983|dunce","phosphodiesterase 4B, cAMP specific","protein-coding"]
[42202,"Peak_42695",0.350394801708283,0.882953744553473,0.53255894284519,4.93422283351569,"NO","NO","NO",0.430034676403915,0.0436122087570467,0.110992940874607,0.977503507523422,0.555438731681064,0.999908874757857,"chr4",102791991,102792389,"+",0,"NA","intron (NM_001039081, intron 1 of 12)","CpG",195,"NM_001039081",71148,"Mm.288721","NM_027696","ENSMUSG00000028522","Mier1","4933425I22Rik|5830411K19Rik|er1","MEIR1 treanscription regulator","protein-coding"]
[42301,"Peak_42794",0.449397949331217,-0.0142934337921724,-0.46369138312339,3.60340506237291,"NO","NO","NO",0.407280395538312,0.979925901762093,0.209278680951313,0.975982217513585,0.997334915512761,0.999908874757857,"chr4",106279540,106279938,"+",0,"NA","intron (NM_183182, intron 9 of 9)","intron (NM_183182, intron 9 of 9)",10104,"NM_183182",242602,"Mm.235591","NM_183182","ENSMUSG00000054362","Lexm","-","lymphocyte expansion molecule","protein-coding"]
[42358,"Peak_42851",-0.710337910290441,-1.28347312466126,-0.573135214370815,2.52872148602167,"NO","NO","NO",0.321422951805997,0.0870676067652638,0.33954451080893,0.961869032957783,0.648093228746989,0.999908874757857,"chr4",107260602,107261000,"+",0,"NA","intron (NM_147221, intron 4 of 10)","intron (NM_147221, intron 4 of 10)",95966,"NM_019872",56296,"Mm.141324","NM_019872","ENSMUSG00000028610","Dmrtb1","Dmrt6|Prp13","DMRT-like family B with proline-rich C-terminal, 1","protein-coding"]
[42419,"Peak_42912",-0.0267982783190099,0.0304505441845691,0.057248822503579,5.30199915794347,"NO","NO","NO",0.941910472751896,0.934218043141842,0.849168299863623,0.997839094325673,0.990387649330979,0.999908874757857,"chr4",108452897,108453295,"+",0,"NA","intron (NM_001347163, intron 1 of 18)","CpG",597,"NM_001347163",230597,"Mm.196776","NM_183300","ENSMUSG00000034557","Zfyve9","Madhip|NSP|SARA|SMADIP","zinc finger, FYVE domain containing 9","protein-coding"]
[42476,"Peak_42970",1.0644327160761,0.011430008079459,-1.05300270799664,2.66051415212729,"NO","NO","NO",0.247952318460839,0.990725226011467,0.131366383462441,0.957565631413431,0.998598371378422,0.999908874757857,"chr4",111168567,111168965,"+",0,"NA","intron (NM_001048189, intron 6 of 12)","intron (NM_001048189, intron 6 of 12)",81155,"NR_033793",67621,"Mm.45533","NM_026279","ENSMUSG00000028545","Bend5","2310026E23Rik","BEN domain containing 5","protein-coding"]
[42571,"Peak_43065",-0.444195156237305,-0.210389827162202,0.233805329075103,4.86059619458511,"NO","NO","NO",0.22784607367333,0.566151335871709,0.419172917608356,0.955321879475804,0.925670660169295,0.999908874757857,"chr4",116136509,116136907,"+",0,"NA","promoter-TSS (NM_001042743)","promoter-TSS (NM_001042743)",78,"NM_001042743",17776,"Mm.9287","NM_008641","ENSMUSG00000003810","Mast2","MAST205|Mtssk","microtubule associated serine/threonine kinase 2","protein-coding"]
[42595,"Peak_43089",-0.00667258628068849,-0.136471411389289,-0.129798825108601,4.85890410807287,"NO","NO","NO",0.986502056246594,0.732325693477007,0.678670184001939,0.999441379886603,0.96125765705611,0.999908874757857,"chr4",116668206,116668604,"+",0,"NA","intron (NM_175244, intron 1 of 20)","intron (NM_175244, intron 1 of 20)",452,"NM_175244",76608,"Mm.251420","NM_175244","ENSMUSG00000046861","Hectd3","1700064K09Rik|AI467540|AW743312","HECT domain containing 3","protein-coding"]
[42652,"Peak_43146",-0.190740096283662,-0.709456375887113,-0.518716279603451,4.0920542319321,"NO","NO","NO",0.668064463583734,0.12570331738264,0.141891345784167,0.992668856235835,0.702155184482486,0.999908874757857,"chr4",117599167,117599565,"+",0,"NA","exon (NM_001284193, exon 5 of 5)","exon (NM_001284193, exon 5 of 5)",3002,"NM_001284191",11876,"Mm.56897","NM_009711","ENSMUSG00000028539","Artn","neublastin","artemin","protein-coding"]
[42713,"Peak_43207",0.133479002049897,-0.352324070310011,-0.485803072359908,3.34106492870296,"NO","NO","NO",0.826005990854682,0.574750390227173,0.287994905119073,0.996451548154072,0.927845374099215,0.999908874757857,"chr4",119011504,119011902,"+",0,"NA","intron (NM_001270446, intron 5 of 9)","intron (NM_001270446, intron 5 of 9)",-18575,"NM_028677",66101,"Mm.304080","NM_028677","ENSMUSG00000060288","Ppih","1100001J08Rik|2010111B15Rik|4833408F11Rik|AI464484|CYP-20|CYPH|D4Wsu43e","peptidyl prolyl isomerase H","protein-coding"]
[42770,"Peak_43264",0.406092605961862,-0.187126864093603,-0.593219470055465,2.2759272072869,"NO","NO","NO",0.673511309643155,0.850376198220224,0.419330475302166,0.993474142907549,0.977551347715435,0.999908874757857,"chr4",120086026,120086424,"+",0,"NA","intron (NM_013883, intron 1 of 16)","intron (NM_013883, intron 1 of 16)",8339,"NM_013883",29871,"Mm.427014","NM_013883","ENSMUSG00000000085","Scmh1","AI315320|AI851618|Scml1|Scml3","sex comb on midleg homolog 1","protein-coding"]
[42890,"Peak_43386",0.629112222762574,0.481005939226709,-0.148106283535865,2.93698195737957,"NO","NO","NO",0.405164328887506,0.531577675760929,0.766926414999365,0.975982217513585,0.917848271738781,0.999908874757857,"chr4",124078121,124078519,"+",0,"NA","Intergenic","Intergenic",84882,"NR_040774",78460,"Mm.452060","NR_040774",null,"1700057H15Rik","-","RIKEN cDNA 1700057H15 gene","ncRNA"]
[42924,"Peak_43420",-0.646104449138734,-0.96588814753589,-0.319783698397156,3.61772900765535,"NO","NO","NO",0.193133494769571,0.0591444385278479,0.425325299575732,0.953123441545411,0.599925782817666,0.999908874757857,"chr4",124792860,124793258,"+",0,"NA","Intergenic","Intergenic",12066,"NM_153159",230738,"Mm.402","NM_153159","ENSMUSG00000042677","Zc3h12a","BC036563|MCPIP|MCPIP-1|Mcpip1|Reg1","zinc finger CCCH type containing 12A","protein-coding"]
[43009,"Peak_43505",0.366467013576815,0.591617728754706,0.225150715177891,5.03316238511646,"NO","NO","NO",0.414464969389537,0.187435748371606,0.53367611845176,0.97715903182755,0.760921737915335,0.999908874757857,"chr4",126754299,126754697,"+",0,"NA","promoter-TSS (NM_001285885)","promoter-TSS (NM_001285885)",-129,"NR_104366",100177,"Mm.276096","NM_177462","ENSMUSG00000042408","Zmym6","9330177P20Rik|AI593204|AI661340|D4Wsu24e|Zfp258","zinc finger, MYM-type 6","protein-coding"]
[43070,"Peak_43567",-0.712145383233634,-0.756125736090486,-0.0439803528568514,3.58336905997598,"NO","NO","NO",0.139741970198177,0.123171494744867,0.904701709938989,0.939238019509827,0.699548638533346,0.999908874757857,"chr4",128584211,128584609,"+",0,"NA","intron (NM_178110, intron 4 of 4)","intron (NM_178110, intron 4 of 4)",23026,"NM_178110",67525,"Mm.30653","NM_178110","ENSMUSG00000041000","Trim62","6330414G21Rik|AI450348|Dear1","tripartite motif-containing 62","protein-coding"]
[43127,"Peak_43624",-0.00324050775402714,0.320736278278709,0.323976786032736,4.33979673123987,"NO","NO","NO",0.99408807949763,0.465202939502217,0.302922093007366,0.999562803852559,0.899606557559587,0.999908874757857,"chr4",129285871,129286269,"+",0,"NA","TTS (NM_029748)","TTS (NM_029748)",5431,"NM_001195730",100504491,"Mm.482597","NM_001195730","ENSMUSG00000078552","Dcdc2b","Gm12964|Gm1366|OTTMUSG00000009523","doublecortin domain containing 2b","protein-coding"]
[43184,"Peak_43681",0.577147017585075,-0.19560876326076,-0.772755780845835,3.88140868898862,"NO","NO","NO",0.370055689484109,0.768145617131922,0.147308835993228,0.972372912358262,0.966232462590785,0.999908874757857,"chr4",129988717,129989115,"+",0,"NA","intron (NM_010174, intron 1 of 3)","intron (NM_010174, intron 1 of 3)",2894,"NM_010174",14077,"Mm.388886","NM_010174","ENSMUSG00000028773","Fabp3","Fabph-1|Fabph-4|Fabph1|Fabph4|H-FABP|Mdgi","fatty acid binding protein 3, muscle and heart","protein-coding"]
[43229,"Peak_43727",-0.0830852029313037,-0.214151549553505,-0.131066346622202,2.39061225702482,"NO","NO","NO",0.920958091232728,0.802371022731085,0.832247847780027,0.997839094325673,0.970799553107704,0.999908874757857,"chr4",130773580,130773978,"+",0,"NA","Intergenic","(TG)n|Simple_repeat|Simple_repeat",-207390,"NR_130167",77835,"Mm.348412","NR_130167","ENSMUSG00000086262","A930031H19Rik","A930004I12Rik","RIKEN cDNA A930031H19 gene","ncRNA"]
[43303,"Peak_43801",0.456131182648874,0.711567362701562,0.255436180052687,2.68706004121026,"NO","NO","NO",0.582611806698192,0.385514586520323,0.621874633197664,0.98999712284686,0.874868560154383,0.999908874757857,"chr4",132431770,132432168,"+",0,"NA","intron (NM_133887, intron 1 of 8)","intron (NM_133887, intron 1 of 8)",8404,"NM_133887",100226,"Mm.28237","NM_133887","ENSMUSG00000028879","Stx12","AI850350|AU041521|Stx13","syntaxin 12","protein-coding"]
[43360,"Peak_43858",0.327186744760467,0.80256481895336,0.475378074192893,2.30518603816951,"NO","NO","NO",0.73147789778866,0.387499410003657,0.414378824586783,0.995754237914056,0.875433341453555,0.999908874757857,"chr4",133007399,133007797,"+",0,"NA","Intergenic","Intergenic",-28450,"NM_175307",100342,"Mm.204656","NM_175307","ENSMUSG00000046694","Fam46b","4732473B16Rik|AU045678|AU046069","family with sequence similarity 46, member B","protein-coding"]
[43421,"Peak_43919",-0.110127402511042,-0.153073564837789,-0.0429461623267473,4.93451639475773,"NO","NO","NO",0.774241007125934,0.692156004033287,0.888697006436749,0.996451548154072,0.953739544357954,0.999908874757857,"chr4",133805553,133805951,"+",0,"NA","Intergenic","CpG",-4246,"NM_024215",68040,"Mm.300404","NM_024215","ENSMUSG00000028840","Zfp593","3110024A21Rik|AV062409|E130106C14Rik|ZNF593","zinc finger protein 593","protein-coding"]
[43478,"Peak_43976",-0.110018649486313,-0.0678194321026771,0.0421992173836355,5.41410281055577,"NO","NO","NO",0.77242147830371,0.858998367659913,0.897103258617295,0.996451548154072,0.978257628491642,0.999908874757857,"chr4",134486795,134487193,"+",0,"NA","promoter-TSS (NM_026780)","promoter-TSS (NM_026780)",99,"NM_026780",68592,"Mm.29989","NM_026780","ENSMUSG00000028821","Syf2","1110018L13Rik|Cbpin|D4Bwg1551e|Gcipip|Ntc31|mp29|p29","SYF2 homolog, RNA splicing factor (S. cerevisiae)","protein-coding"]
[43534,"Peak_44032",-0.839651617797485,-1.33386972713244,-0.494218109334957,2.82193270540216,"NO","NO","NO",0.235043545801217,0.0662782584807017,0.428455175077109,0.956433935033361,0.615569891463341,0.999908874757857,"chr4",135366992,135367390,"+",0,"NA","intron (NM_001085509, intron 35 of 36)","intron (NM_001085509, intron 35 of 36)",-44795,"NM_001284195",14105,"Mm.10229","NM_010178","ENSMUSG00000028676","Srsf10","FUSIP2|Fusip1|NSSR1|NSSR2|Nssr|SRrp40|Sfrs13a|Srsf13a|TASR|TASR1|TASR2","serine/arginine-rich splicing factor 10","protein-coding"]
[43597,"Peak_44095",-0.666534379476136,-0.681896216036681,-0.0153618365605448,4.03658721391036,"NO","NO","NO",0.13907656021629,0.135047572300258,0.966088742551707,0.938774066006377,0.711515416560669,0.999908874757857,"chr4",136241408,136241806,"+",0,"NA","intron (NM_010142, intron 5 of 15)","intron (NM_010142, intron 5 of 15)",63071,"NM_001243262",242707,"Mm.448979","NM_001243262","ENSMUSG00000070683","Lactbl1","-","lactamase, beta-like 1","protein-coding"]
[43654,"Peak_44152",-0.0260061770446881,-0.432942524479635,-0.406936347434947,3.09519993687298,"NO","NO","NO",0.966224546923948,0.499903149988343,0.363359057997746,0.998900380576782,0.909508920656217,0.999908874757857,"chr4",137183737,137184135,"+",0,"NA","intron (NM_001347227, intron 14 of 26)","intron (NM_001347227, intron 14 of 26)",33832,"NM_130879",170707,"Mm.218478","NM_130879","ENSMUSG00000043411","Usp48","2810449C13Rik|AI115503|BC021769|D330022K21Rik|Usp31","ubiquitin specific peptidase 48","protein-coding"]
[43715,"Peak_44213",-0.280387072157295,0.118179624709122,0.398566696866418,3.22804485680114,"NO","NO","NO",0.666585761184631,0.852947619152027,0.398622510417835,0.992578827172108,0.977898830794056,0.999908874757857,"chr4",138049495,138049893,"+",0,"NA","Intergenic","Intergenic",38631,"NM_025451",66259,"Mm.41603","NM_025451","ENSMUSG00000046447","Camk2n1","1810006K23Rik|AI848599|AI891706","calcium/calmodulin-dependent protein kinase II inhibitor 1","protein-coding"]
[43835,"Peak_44333",-0.180728088547409,-0.164158193535618,0.016569895011791,3.51139525683105,"NO","NO","NO",0.781948826954447,0.801209220086468,0.974727928005151,0.996451548154072,0.970703261955014,0.999908874757857,"chr4",140103409,140103807,"+",0,"NA","intron (NM_001112722, intron 21 of 27)","intron (NM_001112722, intron 21 of 27)",101063,"NM_001112723",72754,"Mm.29329","NM_172415","ENSMUSG00000040964","Arhgef10l","2810441C07Rik","Rho guanine nucleotide exchange factor (GEF) 10-like","protein-coding"]
[43892,"Peak_44390",-0.471590700694334,-0.306454253679068,0.165136447015266,3.7514278885487,"NO","NO","NO",0.336961649207264,0.534162082331981,0.648456453873674,0.966271188455684,0.918076233314393,0.999908874757857,"chr4",140769770,140770168,"+",0,"NA","promoter-TSS (NM_001081174)","promoter-TSS (NM_001081174)",98,"NM_001081174",76166,"Mm.271064","NM_001081174","ENSMUSG00000073733","Rsg1","6330545A04Rik|Gm723","REM2 and RAB-like small GTPase 1","protein-coding"]
[43951,"Peak_44449",0.371297810587461,0.403055359778721,0.0317575491912595,4.82351186785476,"NO","NO","NO",0.417363868733297,0.38154985995739,0.930057526363243,0.977408255892978,0.872756364082867,0.999908874757857,"chr4",141570699,141571097,"+",0,"NA","Intergenic","Intergenic",-2915,"NR_131014",78917,"Mm.139995","NR_131014","ENSMUSG00000085761","4930455G09Rik","-","RIKEN cDNA 4930455G09 gene","ncRNA"]
[44011,"Peak_44509",0.163284096929644,0.251175297147039,0.0878912002173949,2.38325657320482,"NO","NO","NO",0.867333178879869,0.7959875084886,0.902712420058198,0.996451548154072,0.970043577071334,0.999908874757857,"chr4",142835705,142836103,"+",0,"NA","Intergenic","B3|SINE|B2",-33292,"NM_001256380",110593,"Mm.332020","NM_001081355","ENSMUSG00000057637","Prdm2","4833427P12Rik|E330024L24Rik|Gm1033|Gm19732|KMT8|Riz|Riz1|Znfpr1c1","PR domain containing 2, with ZNF domain","protein-coding"]
[44072,"Peak_44571",-0.37566703357117,-0.0290657405458526,0.346601293025318,5.35078136775882,"NO","NO","NO",0.367519602759515,0.944265032360127,0.342714221704021,0.971587561886215,0.991536758118068,0.999908874757857,"chr4",147525770,147526168,"+",0,"NA","promoter-TSS (NM_001163704)","promoter-TSS (NM_001163704)",65,"NM_001163704",50762,"Mm.27445","NM_015797","ENSMUSG00000055401","Fbxo6","AA408845|FBG2|Fbs2|Fbx6b|Fbxo6b","F-box protein 6","protein-coding"]
[44129,"Peak_44628",0.130283290889326,0.191146219046989,0.0608629281576635,6.06439564096303,"NO","NO","NO",0.731659199318888,0.616001089462652,0.858170186213688,0.995754237914056,0.938402673292963,0.999908874757857,"chr4",148540657,148541055,"+",0,"NA","promoter-TSS (NM_001081274)","promoter-TSS (NM_001081274)",-40,"NM_001081274",110208,"Mm.252080","NM_025801","ENSMUSG00000028961","Pgd","0610042A05Rik|AU019875|C78335","phosphogluconate dehydrogenase","protein-coding"]
[44186,"Peak_44685",0.175528396643557,-0.573608895423244,-0.749137292066801,3.3190529388932,"NO","NO","NO",0.774446479997577,0.377288247956167,0.11390108729036,0.996451548154072,0.870687090283966,0.999908874757857,"chr4",149231837,149232235,"+",0,"NA","Intergenic","Intergenic",-83660,"NM_027460",70556,"Mm.41877","NM_027460","ENSMUSG00000028982","Slc25a33","5730438N18Rik|Pnc1","solute carrier family 25, member 33","protein-coding"]
[44256,"Peak_44755",1.23929806484092,1.07656348096464,-0.162734583876276,3.45108716623943,"NO","NO","NO",0.0846929985980963,0.141910779096153,0.723171987253708,0.911408110368333,0.71696633703866,0.999908874757857,"chr4",150233484,150233882,"+",0,"NA","intron (NM_133753, intron 1 of 3)","intron (NM_133753, intron 1 of 3)",4483,"NM_133753",74155,"Mm.318841","NM_133753","ENSMUSG00000028967","Errfi1","1300002F13Rik|AI788755|Mig-6|Mig6|RALT","ERBB receptor feedback inhibitor 1","protein-coding"]
[44305,"Peak_44805",-0.328308449142328,-0.74383910485805,-0.415530655715723,3.34546340319488,"NO","NO","NO",0.576235855255448,0.219120484401324,0.382849696596769,0.989995385640587,0.783836536550474,0.999908874757857,"chr4",151138129,151138527,"+",0,"NA","intron (NM_001081557, intron 3 of 23)","intron (NM_001081557, intron 3 of 23)",97549,"NM_001195565",100072,"Mm.318846","NM_001081557","ENSMUSG00000014592","Camta1","1810059M14Rik|2310058O09Rik|AI316882|AW987475|mKIAA0833","calmodulin binding transcription activator 1","protein-coding"]
[44366,"Peak_44866",-0.70260695752877,-0.632633961366712,0.0699729961620588,3.23506636474702,"NO","NO","NO",0.282150212669847,0.331648647952509,0.897686013189268,0.959925552157071,0.851051122699537,0.999908874757857,"chr4",151920548,151920946,"+",0,"NA","intron (NM_153424, intron 17 of 29)","intron (NM_153424, intron 17 of 29)",68496,"NM_153424",260305,"Mm.302496","NM_153424","ENSMUSG00000039577","Nphp4","4930564O18Rik|nmf192","nephronophthisis 4 (juvenile) homolog (human)","protein-coding"]
[44423,"Peak_44923",-0.551172890813062,-0.763970309986135,-0.212797419173073,4.17686361986557,"NO","NO","NO",0.208706335143729,0.0871008206516562,0.553104139459881,0.953494236567625,0.64816127491744,0.999908874757857,"chr4",153621743,153622141,"+",0,"NA","intron (NM_001162977, intron 5 of 36)","intron (NM_001162977, intron 5 of 36)",52062,"NM_001112744",230972,"Mm.38481","NM_001112744","ENSMUSG00000029032","Arhgef16","-","Rho guanine nucleotide exchange factor (GEF) 16","protein-coding"]
[44480,"Peak_44980",0.316493260906244,0.561224827469255,0.244731566563011,4.3243096478319,"NO","NO","NO",0.497286450347238,0.226348892854455,0.442537682900434,0.983805374400986,0.789805923700058,0.999908874757857,"chr4",154252031,154252429,"+",0,"NA","intron (NM_013783, intron 2 of 23)","ORR1E|LTR|MaLR",8536,"NM_013783",27390,"Mm.116944","NM_013783","ENSMUSG00000058183","Mmel1","Mell1|NEP2|NEPII|Nl1|SEP","membrane metallo-endopeptidase-like 1","protein-coding"]
[44561,"Peak_45061",-0.78482364896777,-0.674805872409949,0.110017776557821,4.09000778913956,"NO","NO","NO",0.0943002231254755,0.152515537531581,0.779161981519647,0.912911160615408,0.727667093209894,0.999908874757857,"chr4",155333393,155333791,"+",0,"NA","3' UTR (NM_001039157, exon 8 of 8)","3' UTR (NM_001039157, exon 8 of 8)",-2829,"NM_026125",67389,"Mm.29140","NM_026125","ENSMUSG00000023571","Fam132a","1110035L05Rik|C1qdc2|CTRP12|alipolin","family with sequence similarity 132, member A","protein-coding"]
[44599,"Peak_45099",-0.425737952104527,0.116307587771166,0.542045539875693,2.83506767296995,"NO","NO","NO",0.547769897568116,0.865710127913021,0.266097087014593,0.988181772734419,0.979463701211777,0.999908874757857,"chr5",3527236,3527634,"+",0,"NA","3' UTR (NM_009873, exon 8 of 8)","3' UTR (NM_009873, exon 8 of 8)",-16398,"NM_001042501",68152,"Mm.240265","NM_026583","ENSMUSG00000058503","Fam133b","2900022K02Rik|5830415L20Rik","family with sequence similarity 133, member B","protein-coding"]
[44719,"Peak_45221",-0.455807218755982,-0.411560420797486,0.0442467979584955,6.22509604847558,"NO","NO","NO",0.189875354229365,0.237996960237996,0.890156591027229,0.952872791523057,0.798130757897885,0.999908874757857,"chr5",14514922,14515320,"+",0,"NA","5' UTR (NM_001110796, exon 1 of 20)","5' UTR (NM_001110796, exon 1 of 20)",203,"NM_001110796",26875,"Mm.146275","NM_011995","ENSMUSG00000061601","Pclo","Acz|Pico","piccolo (presynaptic cytomatrix protein)","protein-coding"]
[44780,"Peak_45285",0.405283227184308,0.206821225468071,-0.198462001716237,4.09331760181297,"NO","NO","NO",0.39733853573785,0.673367823050454,0.552644793807673,0.975832064977097,0.950792012896728,0.999908874757857,"chr5",20878462,20878860,"+",0,"NA","exon (NM_008013, exon 1 of 2)","exon (NM_008013, exon 1 of 2)",170,"NM_008013",14190,"Mm.292100","NM_008013","ENSMUSG00000039899","Fgl2","AI385601|musfiblp","fibrinogen-like protein 2","protein-coding"]
[44837,"Peak_45342",0.415876132294482,-0.418474573363684,-0.834350705658166,4.2039507636989,"NO","NO","NO",0.398369426162271,0.420503884694999,0.0332538456383853,0.975982217513585,0.884826181575606,0.999908874757857,"chr5",23400010,23400408,"+",0,"NA","Intergenic","Intergenic",42158,"NR_028536",100217436,null,"NR_028536",null,"Snord93","Gm22397|MBII-336","small nucleolar RNA, C/D box 93","snoRNA"]
[44898,"Peak_45403",0.0482254689537232,0.596882439322289,0.548656970368565,4.15542849494213,"NO","NO","NO",0.924481668514519,0.227052295696111,0.125421958252127,0.997839094325673,0.789960763096389,0.999908874757857,"chr5",24478940,24479338,"+",0,"NA","intron (NM_145401, intron 3 of 15)","intron (NM_145401, intron 3 of 15)",22432,"NM_001310480",108099,"Mm.33649","NM_145401","ENSMUSG00000028944","Prkag2","2410051C13Rik|AAKG|AAKG2|AI854673|H91620p|WPWS","protein kinase, AMP-activated, gamma 2 non-catalytic subunit","protein-coding"]
[44914,"Peak_45420",-0.0609733252402945,0.540158103259487,0.601131428499781,5.46042836737426,"NO","NO","NO",0.883298730112178,0.187466843140257,0.0886923035741092,0.996451548154072,0.760921737915335,0.999908874757857,"chr5",25004706,25005104,"+",0,"NA","promoter-TSS (NM_001081383)","promoter-TSS (NM_001081383)",-304,"NM_001081383",231051,"Mm.332268","NM_001081383","ENSMUSG00000038056","Kmt2c","E330008K23Rik|HALR|Mll3|mKIAA1506","lysine (K)-specific methyltransferase 2C","protein-coding"]
[45013,"Peak_45519",-0.295392906613152,-0.346069397902571,-0.0506764912894189,3.02772085675933,"NO","NO","NO",0.649105959791099,0.598161915388273,0.917136898309702,0.992128801173048,0.933241430881725,0.999908874757857,"chr5",30848044,30848442,"+",0,"NA","promoter-TSS (NM_028483)","promoter-TSS (NM_028483)",-34,"NM_028483",73259,"Mm.443299","NM_028483","ENSMUSG00000053194","Cib4","1700041E20Rik","calcium and integrin binding family member 4","protein-coding"]
[45074,"Peak_45580",1.02018023198028,0.573142107144106,-0.44703812483617,3.41376620514668,"NO","NO","NO",0.128051353961711,0.411403098900143,0.311453104552959,0.9343354847011,0.88269160383823,0.999908874757857,"chr5",32087309,32087707,"+",0,"NA","intron (NM_181282, intron 3 of 11)","MIRb|SINE|MIR",87085,"NM_181281",107976,"Mm.482126","NM_144541","ENSMUSG00000052139","Bre","6030405P19Rik|AI429776|B830038C02Rik","brain and reproductive organ-expressed protein","protein-coding"]
[45131,"Peak_45637",-0.411577979984195,-0.208333892460457,0.203244087523738,4.89331248010803,"NO","NO","NO",0.321921914375348,0.616019616635773,0.55935401670474,0.961869032957783,0.938402673292963,0.999908874757857,"chr5",33780878,33781276,"+",0,"NA","Intergenic","Intergenic",-4338,"NM_011320",672284,null,"NM_011320","ENSMUSG00000029112","Nkx1-1","Nkx-1.1|Sax2","NK1 transcription factor related, locus 1 (Drosophila)","protein-coding"]
[45188,"Peak_45694",-0.112457925884906,0.0831182026422384,0.195576128527145,3.10604185126251,"NO","NO","NO",0.865196256223817,0.899714358124488,0.677227181040473,0.996451548154072,0.984870488869342,0.999908874757857,"chr5",35244798,35245196,"+",0,"NA","intron (NM_010414, intron 60 of 66)","intron (NM_010414, intron 60 of 66)",-13567,"NM_207277",403174,"Mm.291225","NM_207277","ENSMUSG00000051246","Msantd1","A930005I04Rik|Gm144","Myb/SANT-like DNA-binding domain containing 1","protein-coding"]
[45283,"Peak_45789",-0.912605469041286,-0.573571233385736,0.33903423565555,2.36783046668199,"NO","NO","NO",0.266106707933976,0.47960376723204,0.602711069973454,0.959925552157071,0.904715704213734,0.999908874757857,"chr5",36788979,36789377,"+",0,"NA","Intergenic","L1MB8|LINE|L1",18325,"NR_126488",76710,"Mm.165495","NR_126488","ENSMUSG00000039563","2210406O10Rik","-","RIKEN cDNA 2210406O10 gene","ncRNA"]
[45307,"Peak_45813",-0.459588186003496,0.105236814390125,0.564825000393621,3.4159964245891,"NO","NO","NO",0.425819261400535,0.850782550866385,0.163338057194179,0.977408255892978,0.977622956388719,0.999908874757857,"chr5",37340074,37340472,"+",0,"NA","intron (NM_172994, intron 7 of 8)","intron (NM_172994, intron 7 of 8)",39948,"NM_011716",22393,"Mm.20916","NM_011716","ENSMUSG00000039474","Wfs1","AI481085|wolframin","Wolfram syndrome 1 homolog (human)","protein-coding"]
[45368,"Peak_45874",-0.117019563168731,0.309604489274833,0.426624052443564,1.9945987857737,"NO","NO","NO",0.91151700843338,0.762787544417562,0.545539161394809,0.997799251783824,0.965255374186756,0.999908874757857,"chr5",39045398,39045796,"+",0,"NA","Intergenic","Intergenic",30468,"NM_001081144",100515,"Mm.38277","NM_001081144","ENSMUSG00000046572","Zfp518b","6820424L24Rik|AA410078|AI661722|Znf518b","zinc finger protein 518B","protein-coding"]
[45425,"Peak_45932",0.197251524759473,-0.0157074884872597,-0.212959013246733,2.7856237882191,"NO","NO","NO",0.80476817929781,0.984403817817009,0.72268529990629,0.996451548154072,0.998182812743311,0.999908874757857,"chr5",44210129,44210527,"+",0,"NA","exon (NM_009763, exon 1 of 9)","exon (NM_009763, exon 1 of 9)",196,"NM_009763",12182,"Mm.246332","NM_009763","ENSMUSG00000029082","Bst1","114/A10|A530073F09|BP-3|Bp3|Bsta1|CD157|Ly65","bone marrow stromal cell antigen 1","protein-coding"]
[45545,"Peak_46054",0.172549914377514,0.439823285504791,0.267273371127277,5.78681405871943,"NO","NO","NO",0.660341565088852,0.262272222464709,0.432702396452216,0.992128801173048,0.812166621916298,0.999908874757857,"chr5",52507171,52507569,"+",0,"NA","Intergenic","CpG",19886,"NR_105845",102466648,null,"NR_105845","ENSMUSG00000098726","Mir6417","Gm27334|mmu-mir-6417","microRNA 6417","ncRNA"]
[45588,"Peak_46097",7.05715748209494E-3,0.188347378578952,0.181290221096857,4.06180888162017,"NO","NO","NO",0.988380942629352,0.698722370510949,0.601970738303938,0.999455337349862,0.954665002050121,0.999908874757857,"chr5",53746312,53746710,"+",0,"NA","Intergenic","Intergenic",88166,"NM_001145433",66278,"Mm.27900","NM_001145433","ENSMUSG00000061461","Smim20","1110067B18Rik|1810013D10Rik|N28078","small integral membrane protein 20","protein-coding"]
[45664,"Peak_46175",-0.196665661149703,-0.177083831726425,0.0195818294232782,4.13973062314512,"NO","NO","NO",0.653188963442737,0.689273447527319,0.950950978608132,0.992128801173048,0.953264049848529,0.999908874757857,"chr5",64263282,64263680,"+",0,"NA","intron (NM_029554, intron 1 of 3)","intron (NM_029554, intron 1 of 3)",59747,"NM_029554",76261,"Mm.38143","NM_029554","ENSMUSG00000060512","0610040J01Rik","AI662686","RIKEN cDNA 0610040J01 gene","protein-coding"]
[45725,"Peak_46236",-0.349560050184022,-0.532147231036018,-0.182587180851996,2.61053311013957,"NO","NO","NO",0.630497859758034,0.474877492158502,0.736107271748904,0.991082598585515,0.902853958840626,0.999908874757857,"chr5",65438363,65438761,"+",0,"NA","Intergenic","Intergenic",-60245,"NM_001347355",71778,"Mm.10281","NM_175174","ENSMUSG00000054920","Klhl5","1300013C10Rik","kelch-like 5","protein-coding"]
[45782,"Peak_46293",0.356774448907949,0.124740227434255,-0.232034221473694,3.13324172653096,"NO","NO","NO",0.597971583074844,0.856611136030027,0.623980830736599,0.990629663238998,0.978257628491642,0.999908874757857,"chr5",66754898,66755296,"+",0,"NA","intron (NM_001201413, intron 10 of 16)","intron (NM_001201413, intron 10 of 16)",-26193,"NM_001201416",11787,"Mm.5159","NM_009686","ENSMUSG00000029207","Apbb2","2310007D03Rik|FE65L1|Rirl1|TR2L|Zfra","amyloid beta (A4) precursor protein-binding, family B, member 2","protein-coding"]
[45839,"Peak_46350",1.2255592109056,1.4203731314024,0.194813920496804,2.40768699452085,"NO","NO","NO",0.245577434226641,0.173750144201777,0.747895391893793,0.957177893700462,0.748477903732776,0.999908874757857,"chr5",68143174,68143572,"+",0,"NA","intron (NM_009727, intron 14 of 35)","intron (NM_009727, intron 14 of 35)",95297,"NM_001284345",11980,"Mm.153230","NM_009727","ENSMUSG00000037685","Atp8a1","AI481521|AI853962|APLT|AW743152|AW822227|Atp3a2|B230107D19Rik|ClassI","ATPase, aminophospholipid transporter (APLT), class I, type 8A, member 1","protein-coding"]
[45900,"Peak_46411",-0.135841628205735,-0.556926019138636,-0.421084390932901,3.8668297254193,"NO","NO","NO",0.773929603621243,0.258514284451973,0.242748067781252,0.996451548154072,0.810518182607688,0.999908874757857,"chr5",73573388,73573786,"+",0,"NA","intron (NM_028194, intron 3 of 62)","intron (NM_028194, intron 3 of 62)",74270,"NM_028194",72313,"Mm.260594","NM_028194","ENSMUSG00000070733","Fryl","2010313D22Rik|2310004H21Rik|2510002A14Rik|9030227G01Rik|mKIAA0826","FRY like transcription coactivator","protein-coding"]
[45941,"Peak_46453",1.08297883416941,0.911845695522061,-0.171133138647352,2.68719414463261,"NO","NO","NO",0.235058367404229,0.328467093910194,0.763881766009487,0.956433935033361,0.848777095893377,0.999908874757857,"chr5",74472678,74473076,"+",0,"NA","Intergenic","Intergenic",-8441,"NM_177561",69727,"Mm.48795","NM_177561","ENSMUSG00000054814","Usp46","1190009E20Rik|2410018I08Rik|AI451644","ubiquitin specific peptidase 46","protein-coding"]
[46015,"Peak_46528",-0.0258250655836921,-0.0248182403955052,1.00682518818688E-3,5.75063028957961,"NO","NO","NO",0.944405947373927,0.946760457331243,0.997539395768004,0.997839094325673,0.992114606145815,0.999908874757857,"chr5",76612922,76613320,"+",0,"NA","5' UTR (NM_011626, exon 1 of 6)","5' UTR (NM_011626, exon 1 of 6)",216,"NM_011626",21982,"Mm.790","NM_011626","ENSMUSG00000029234","Tmem165","AV026557|Tpardl|Tparl|pFT27","transmembrane protein 165","protein-coding"]
[46076,"Peak_46590",-0.266514769485249,-0.875391392563947,-0.608876623078698,3.81572245335617,"NO","NO","NO",0.571060506445131,0.0782891984392333,0.10000285357569,0.989871165956955,0.638108274278022,0.999908874757857,"chr5",78009096,78009494,"+",0,"NA","Intergenic","Intergenic",114782,"NR_131050",69370,"Mm.426881","NR_131050","ENSMUSG00000107232","1700017L05Rik","-","RIKEN cDNA 1700017L05 gene","ncRNA"]
[46133,"Peak_46647",0.265684828363386,-0.290018517236014,-0.5557033455994,2.55780951433596,"NO","NO","NO",0.754866027780896,0.744205444961551,0.38639251304349,0.996451548154072,0.962907228185131,0.999908874757857,"chr5",88372437,88372835,"+",0,"NA","intron (NR_045924, intron 2 of 4)","intron (NR_045924, intron 2 of 4)",17978,"NM_007786",12994,"Mm.296303","NM_007786","ENSMUSG00000001622","Csn3","AW208918|CSN10|Csnk","casein kappa","protein-coding"]
[46194,"Peak_46710",-0.151057609972233,-0.327503793621644,-0.176446183649411,3.6853696086464,"NO","NO","NO",0.767589674875751,0.530530127216182,0.640912990067671,0.996451548154072,0.917773136170093,0.999908874757857,"chr5",91214836,91215234,"+",0,"NA","promoter-TSS (NM_203320)","promoter-TSS (NM_203320)",-92,"NM_203320",330122,"Mm.244289","NM_203320","ENSMUSG00000029379","Cxcl3","Dcip1|Gm1960","chemokine (C-X-C motif) ligand 3","protein-coding"]
[46246,"Peak_46763",-1.04825947150435,-0.400771445188444,0.647488026315909,2.99526460130977,"NO","NO","NO",0.0889962324155112,0.502872520180701,0.157078071729675,0.911408110368333,0.909766740906097,0.999908874757857,"chr5",92922412,92922810,"+",0,"NA","intron (NM_007644, intron 1 of 11)","intron (NM_007644, intron 1 of 11)",12072,"NM_007644",12492,"Mm.297964","NM_007644","ENSMUSG00000029426","Scarb2","9330185J12Rik|Cd36l2|LGP85|LIMP II|LIMP-2|MLGP85","scavenger receptor class B, member 2","protein-coding"]
[46309,"Peak_46826",0.666211009788894,0.141785111987674,-0.52442589780122,2.60111390927539,"NO","NO","NO",0.430371971966853,0.87264322287324,0.360581211069284,0.97754827444219,0.980934056497552,0.999908874757857,"chr5",97120420,97120818,"+",0,"NA","intron (NM_175473, intron 36 of 73)","intron (NM_175473, intron 36 of 73)",-101785,"NM_013470",11745,"Mm.7214","NM_013470","ENSMUSG00000029484","Anxa3","Anx3","annexin A3","protein-coding"]
[46370,"Peak_46887",1.35622152008235,1.29346687693274,-0.0627546431496082,2.43725435942905,"NO","NO","NO",0.191388840902801,0.217114004705126,0.916878680842902,0.952872791523057,0.782580336127932,0.999908874757857,"chr5",99942226,99942624,"+",0,"NA","intron (NR_030692, intron 2 of 3)","intron (NR_030692, intron 2 of 3)",215654,"NR_030692",319818,"Mm.295233","NR_030692","ENSMUSG00000089809","A930011G23Rik","-","RIKEN cDNA A930011G23 gene","ncRNA"]
[46490,"Peak_47008",0.420577952561324,0.405574517720212,-0.0150034348411118,5.84399034955593,"NO","NO","NO",0.269798859906261,0.289195213405959,0.963386926459378,0.959925552157071,0.828223557361584,0.999908874757857,"chr5",103854097,103854495,"+",0,"NA","promoter-TSS (NM_011204)","promoter-TSS (NM_011204)",85,"NM_011204",19249,"Mm.3414","NM_011204","ENSMUSG00000034573","Ptpn13","AI324989|PTP-BL|PTPL1|Ptpri|RIP","protein tyrosine phosphatase, non-receptor type 13","protein-coding"]
[46551,"Peak_47069",1.22547688609024,0.906999152459281,-0.318477733630959,3.37053457814066,"NO","NO","NO",0.0672440453799415,0.192405348498985,0.418706345338292,0.906886782313952,0.76508367413797,0.999908874757857,"chr5",106109144,106109542,"+",0,"NA","Intergenic","Intergenic",-19645,"NM_001122768",231549,"Mm.23837","NM_178701","ENSMUSG00000046079","Lrrc8d","2810473G09Rik|4930525N13Rik|A930019F03|Lrrc5","leucine rich repeat containing 8D","protein-coding"]
[46615,"Peak_47135",-0.400094907895676,-0.831756945222726,-0.43166203732705,2.48545596678212,"NO","NO","NO",0.621520749465622,0.318488205369886,0.514683792428588,0.991041928495315,0.844183710457176,0.999908874757857,"chr5",107690128,107690526,"+",0,"NA","intron (NM_011578, intron 2 of 16)","intron (NM_011578, intron 2 of 16)",28287,"NM_011578",21814,"Mm.200775","NM_011578","ENSMUSG00000029287","Tgfbr3","1110036H20Rik|AU015626|AW215636|TBRIII","transforming growth factor, beta receptor III","protein-coding"]
[46666,"Peak_47186",0.21512914780384,-0.102265923469587,-0.317395071273428,4.65897810294073,"NO","NO","NO",0.596655061976257,0.805945101013937,0.307572804193681,0.990629663238998,0.971760979939261,0.999908874757857,"chr5",109132819,109133217,"+",0,"NA","intron (NM_054071, intron 3 of 6)","intron (NM_054071, intron 3 of 6)",9770,"NM_001164259",116701,"Mm.35691","NM_054071","ENSMUSG00000008090","Fgfrl1","FGFR5|FGFR5beta|FGFR5gamma","fibroblast growth factor receptor-like 1","protein-coding"]
[46727,"Peak_47247",1.04925902597817,1.18853291894643,0.139273892968266,2.76188049640754,"NO","NO","NO",0.24348178197133,0.183900167247,0.796214448364477,0.957177893700462,0.757435894642226,0.999908874757857,"chr5",111303736,111304134,"+",0,"NA","TTS (NM_016681)","TTS (NM_016681)",-4887,"NM_001267622",209683,"Mm.295660","NM_024477","ENSMUSG00000033209","Ttc28","2310015L07Rik|6030435N04|AI428795|AI851761|BC002262|TPRBK","tetratricopeptide repeat domain 28","protein-coding"]
[46784,"Peak_47304",-0.195515158028969,-0.346144813790939,-0.150629655761969,2.91217107741431,"NO","NO","NO",0.791971462087133,0.644157167306007,0.797702761647267,0.996451548154072,0.944562529470675,0.999908874757857,"chr5",112241504,112241902,"+",0,"NA","Intergenic","Intergenic",-50955,"NR_045833",269683,"Mm.136946","NM_207252","ENSMUSG00000085271","E130006D01Rik","Gm16018|Gm681|OTTMUSG00000029083","RIKEN cDNA E130006D01 gene","ncRNA"]
[46841,"Peak_47361",-0.950256541329116,-0.839635500268362,0.110621041060754,3.28174765721422,"NO","NO","NO",0.159304598506908,0.209781810711971,0.850587174818368,0.946125783374987,0.778777179175955,0.999908874757857,"chr5",113315953,113316351,"+",0,"NA","intron (NM_028901, intron 1 of 43)","intron (NM_028901, intron 1 of 43)",9230,"NM_028901",74376,"Mm.441903","NM_028901","ENSMUSG00000072720","Myo18b","4932408L24Rik|4933411E19Rik|Gm448","myosin XVIIIb","protein-coding"]
[46902,"Peak_47422",0.172263766706581,0.385439814879117,0.213176048172535,3.35566893586637,"NO","NO","NO",0.781573908078015,0.531565103781159,0.60328889555894,0.996451548154072,0.917848271738781,0.999908874757857,"chr5",114003208,114003606,"+",0,"NA","intron (NM_177292, intron 2 of 8)","intron (NM_177292, intron 2 of 8)",83940,"NM_177292",320916,"Mm.102783","NM_177292","ENSMUSG00000063430","Wscd2","4933413A10Rik|C530024P05Rik|Gm450","WSC domain containing 2","protein-coding"]
[46968,"Peak_47488",0.53259909064923,0.993189260786709,0.460590170137479,5.23231834632548,"NO","NO","NO",0.212330772633667,0.0186940396190797,0.161150283784345,0.953494236567625,0.447628622857427,0.999908874757857,"chr5",115140852,115141250,"+",0,"NA","promoter-TSS (NM_019821)","promoter-TSS (NM_019821)",-107,"NM_019821",56356,"Mm.275766","NM_019821","ENSMUSG00000011884","Gltp","1110001F24Rik|C76925|C77564","glycolipid transfer protein","protein-coding"]
[47021,"Peak_47541",0.341164101150681,0.234598652739601,-0.106565448411079,3.99182060435397,"NO","NO","NO",0.498881471051376,0.647612513805504,0.763814640789644,0.984239530329956,0.945339319708687,0.999908874757857,"chr5",115823998,115824396,"+",0,"NA","Intergenic","CpG",-25233,"NM_007748",12861,"Mm.43415","NM_007748","ENSMUSG00000041697","Cox6a1","VIaL","cytochrome c oxidase subunit VIa polypeptide 1","protein-coding"]
[47078,"Peak_47598",0.283799872519186,0.0671348078401321,-0.216665064679054,3.25148107382875,"NO","NO","NO",0.645028876589709,0.915578748041044,0.604267839827931,0.992128801173048,0.987109020669515,0.999908874757857,"chr5",116935063,116935461,"+",0,"NA","intron (NM_026886, intron 1 of 12)","intron (NM_026886, intron 1 of 12)",46531,"NR_015595",76798,"Mm.444322","NR_015595","ENSMUSG00000086219","Srrm4os","2410137F16Rik","serine/arginine repetitive matrix 4, opposite strand","ncRNA"]
[47135,"Peak_47656",-0.843177284136232,-0.897807585703649,-0.0546303015674174,3.2009513332445,"NO","NO","NO",0.12096766244137,0.105167199573308,0.897392368158231,0.930947176158717,0.675236471423337,0.999908874757857,"chr5",118487018,118487416,"+",0,"NA","intron (NM_021344, intron 1 of 7)","intron (NM_021344, intron 1 of 7)",9384,"NM_021344",57816,"Mm.273285","NM_021344","ENSMUSG00000029359","Tesc","1010001A17Rik|2410011K10Rik|TE-1","tescalcin","protein-coding"]
[47196,"Peak_47717",-0.236497373759226,-0.130722592340997,0.105774781418228,3.70651027981399,"NO","NO","NO",0.660027369304404,0.809265209421046,0.7947338135928,0.992128801173048,0.97222428836372,0.999908874757857,"chr5",119341144,119341542,"+",0,"NA","Intergenic","Intergenic",-61005,"NR_040694",74627,"Mm.410828","NR_040694","ENSMUSG00000107144","4930413E15Rik","-","RIKEN cDNA 4930413E15 gene","ncRNA"]
[47273,"Peak_47794",-0.0282770033214939,0.0174126570768089,0.0456896603983028,3.55739291161304,"NO","NO","NO",0.95949039904804,0.975159024244239,0.907276381984614,0.998378006155424,0.996296481795994,0.999908874757857,"chr5",121144501,121144899,"+",0,"NA","exon (NM_008052, exon 3 of 10)","exon (NM_008052, exon 3 of 10)",16978,"NM_008052",14357,"Mm.1645","NM_008052","ENSMUSG00000029603","Dtx1","Fxit1|mKIAA4160","deltex 1, E3 ubiquitin ligase","protein-coding"]
[47374,"Peak_47895",0.818770927264056,0.994851800910775,0.176080873646718,2.9417162692534,"NO","NO","NO",0.299651767522052,0.205125121411758,0.709241492330567,0.959925552157071,0.775171523146852,0.999908874757857,"chr5",123375563,123375961,"+",0,"NA","intron (NM_001003953, intron 11 of 22)","intron (NM_001003953, intron 11 of 22)",-25403,"NM_013910",30841,"Mm.86406","NM_013910","ENSMUSG00000029475","Kdm2b","Cxxc2|Fbl10|Fbxl10|Jhdm1b|PCCX2","lysine (K)-specific demethylase 2B","protein-coding"]
[47435,"Peak_47956",0.00931203865773826,0.222499749528762,0.213187710871024,5.54369850610558,"NO","NO","NO",0.981311720588803,0.576991581934657,0.534290402950682,0.999171616425612,0.928431254177589,0.999908874757857,"chr5",124199289,124199687,"+",0,"NA","promoter-TSS (NM_001042421)","promoter-TSS (NM_001042421)",-65,"NM_025438",208606,"Mm.276341","NM_025438","ENSMUSG00000029422","Rsrc2","1500011J06Rik","arginine/serine-rich coiled-coil 2","protein-coding"]
[47492,"Peak_48013",0.289820733718469,0.655413105237731,0.365592371519261,5.18397335193042,"NO","NO","NO",0.550147483761068,0.176078665059095,0.376581219637284,0.988464525099076,0.749241273589223,0.999908874757857,"chr5",125079381,125079779,"+",0,"NA","promoter-TSS (NM_011596)","promoter-TSS (NM_011596)",-53,"NM_011596",21871,"Mm.1158","NM_011596","ENSMUSG00000038023","Atp6v0a2","8430408C20Rik|AI385560|ATP6a2|AW489264|Atp6n1d|Atp6n2|C76904|ISF|J6B7|SHIF|Stv1|TJ6M|TJ6s|Tj6|V-ATPase 116 kDa|V-ATPase a2","ATPase, H+ transporting, lysosomal V0 subunit A2","protein-coding"]
[47553,"Peak_48075",0.873401266197527,0.585701331012172,-0.287699935185355,2.43362568571446,"NO","NO","NO",0.354950430746674,0.54475972442444,0.640112508056651,0.970570941478962,0.920780660950312,0.999908874757857,"chr5",126055102,126055500,"+",0,"NA","intron (NM_001190352, intron 1 of 8)","intron (NM_001190352, intron 1 of 8)",42513,"NM_001190352",208151,"Mm.40397","NM_001190352","ENSMUSG00000070498","Tmem132b","AK220418|mKIAA1786","transmembrane protein 132B","protein-coding"]
[47578,"Peak_48101",0.129212180005057,0.510701920492615,0.381489740487557,3.21838826524316,"NO","NO","NO",0.861499037033857,0.480344533611202,0.479566452254123,0.996451548154072,0.905025356792876,0.999908874757857,"chr5",127869851,127870249,"+",0,"NA","intron (NM_175432, intron 2 of 8)","MLT1F|LTR|MaLR",-108057,"NR_038128",67351,"Mm.320172","NR_038127","ENSMUSG00000087104","Tmem132cos","1700085B03Rik","transmembrane protein 132C, opposite strand","ncRNA"]
[47668,"Peak_48191",1.68463090569384,2.4253816952951,0.740750789601262,2.21968067465793,"NO","NO","NO",0.188988376270121,0.0431979761272804,0.201185693334287,0.952872791523057,0.554372593056651,0.999908874757857,"chr5",130672071,130672469,"+",0,"NA","intron (NM_019983, intron 2 of 7)","B1F1|SINE|Alu",9220,"NM_019983",56715,"Mm.288639","NM_019983","ENSMUSG00000025340","Rabgef1","Rab5ef|Rabex5|Rin2","RAB guanine nucleotide exchange factor (GEF) 1","protein-coding"]
[47729,"Peak_48252",-1.24755710378382,-0.615607820515821,0.631949283267996,1.58276311850171,"NO","NO","NO",0.219405860251943,0.534303242821856,0.404176875475325,0.954504329026433,0.918076233314393,0.999908874757857,"chr5",132715341,132715739,"+",0,"NA","intron (NM_177047, intron 2 of 19)","intron (NM_177047, intron 2 of 19)",302673,"NM_177047",319974,"Mm.409595","NM_177047","ENSMUSG00000029673","Auts2","2700063G02Rik|A730011F23Rik|D830032G16Rik","autism susceptibility candidate 2","protein-coding"]
[47786,"Peak_48311",-0.118454530547825,-0.20587091134149,-0.0874163807936651,3.64173166568954,"NO","NO","NO",0.819920275713921,0.697568676165886,0.81551038019751,0.996451548154072,0.954477949944678,0.999908874757857,"chr5",134815965,134816363,"+",0,"NA","Intergenic","Intergenic",13840,"NR_039544",100628570,null,"NR_039544","ENSMUSG00000093311","Mir3965","mmu-mir-3965|mu-mir-3965","microRNA 3965","ncRNA"]
[47847,"Peak_48373",-0.228804697775239,-0.576717253263647,-0.347912555488408,3.56910773992011,"NO","NO","NO",0.643534856567174,0.263092207403826,0.333095925538561,0.992128801173048,0.812400436292339,0.999908874757857,"chr5",135750664,135751062,"+",0,"NA","Intergenic","Intergenic",-23946,"NM_010246",14371,"Mm.6256","NM_010246","ENSMUSG00000049551","Fzd9","mfz9","frizzled class receptor 9","protein-coding"]
[47904,"Peak_48430",0.187910307952609,0.0747031824090454,-0.113207125543564,4.43373460483926,"NO","NO","NO",0.683854347802491,0.873265078109741,0.752019951620297,0.993744595008032,0.980963300858521,0.999908874757857,"chr5",136578109,136578507,"+",0,"NA","intron (NM_001039103, intron 13 of 19)","CpG",-3084,"NR_106002",102465626,null,"NR_106002","ENSMUSG00000099003","Mir7035","Gm27661|mmu-mir-7035","microRNA 7035","ncRNA"]
[47995,"Peak_48521",0.0130529178379279,0.084023125422596,0.0709702075846682,3.15515555886467,"NO","NO","NO",0.983256990567692,0.893098286029721,0.863589280012015,0.999374808885173,0.984215028354232,0.999908874757857,"chr5",138091217,138091615,"+",0,"NA","TTS (NM_001303266)","TTS (NM_001303266)",-4474,"NM_010571",16369,"Mm.24486","NM_010571","ENSMUSG00000047182","Irs3","AA408304","insulin receptor substrate 3","protein-coding"]
[48023,"Peak_48549",0.226577730173006,-0.144245890428909,-0.370823620601914,4.32693151371746,"NO","NO","NO",0.58615619458731,0.738800752930364,0.211236278412529,0.990149111431646,0.96265590928979,0.999908874757857,"chr5",138713827,138714225,"+",0,"NA","promoter-TSS (NM_001033416)","promoter-TSS (NM_001033416)",14,"NM_001347507",330217,"Mm.332774","NM_001033416","ENSMUSG00000075593","Gal3st4","1500031A01Rik","galactose-3-O-sulfotransferase 4","protein-coding"]
[48080,"Peak_48606",-0.384401978611606,0.0962292501560305,0.480631228767636,5.19295585851857,"NO","NO","NO",0.320788259225019,0.80179278651469,0.135355053538167,0.961869032957783,0.970783862180521,0.999908874757857,"chr5",139856352,139856750,"+",0,"NA","promoter-TSS (NM_030258)","promoter-TSS (NM_030258)",-70,"NM_030258",80290,"Mm.270003","NM_030258","ENSMUSG00000044197","Gpr146","BC003323|PGR8","G protein-coupled receptor 146","protein-coding"]
[48137,"Peak_48663",0.39097337970095,0.616102363938727,0.225128984237776,4.0632623476922,"NO","NO","NO",0.495990835701274,0.283502169066798,0.600532916347527,0.983805374400986,0.825297173012224,0.999908874757857,"chr5",140894826,140895224,"+",0,"NA","promoter-TSS (NM_133916)","promoter-TSS (NM_133916)",-234,"NM_133916",27979,"Mm.21671","NM_133916","ENSMUSG00000056076","Eif3b","AL033316|AL033334|AL033369|AW208965|D5Wsu45e|EIF3-ETA|EIF3-P110|EIF3-P116|Eif3s9|PRT1","eukaryotic translation initiation factor 3, subunit B","protein-coding"]
[48261,"Peak_48787",-0.035165993646374,0.214631101978473,0.249797095624847,5.26252361411486,"NO","NO","NO",0.935304942901138,0.620061322007316,0.5042022744247,0.997839094325673,0.93890753736108,0.999908874757857,"chr5",143942156,143942554,"+",0,"NA","promoter-TSS (NM_001045482)","promoter-TSS (NM_001045482)",99,"NM_001045482",57782,"Mm.320419","NM_021326","ENSMUSG00000061898","Rbak","-","RB-associated KRAB zinc finger","protein-coding"]
[48300,"Peak_48826",-0.77703223976025,-0.553184158279238,0.223848081481013,3.64104413528526,"NO","NO","NO",0.110271396790951,0.253506654553617,0.539363369947162,0.921787000934067,0.808074122923506,0.999908874757857,"chr5",144923068,144923466,"+",0,"NA","intron (NM_001081109, intron 7 of 13)","intron (NM_001081109, intron 7 of 13)",-27888,"NM_010800",17341,"Mm.386767","NM_010800","ENSMUSG00000052271","Bhlha15","1810009C13Rik|Bhlhb8|MIST-1|Mist1","basic helix-loop-helix family, member a15","protein-coding"]
[48380,"Peak_48906",0.0923029481031069,-0.10489923269208,-0.197202180795187,2.75161869724591,"NO","NO","NO",0.912127073810487,0.901432504159043,0.761204184022573,0.997799251783824,0.984970660799242,0.999908874757857,"chr5",147881627,147882025,"+",0,"NA","intron (NM_080795, intron 1 of 9)","intron (NM_080795, intron 1 of 9)",6322,"NM_080795",140887,"Mm.272203","NM_080795","ENSMUSG00000016520","Lnx2","9630046H24|AW209022","ligand of numb-protein X 2","protein-coding"]
[48437,"Peak_48963",-0.0646522485548896,-0.353936270414993,-0.289284021860104,4.12238243193931,"NO","NO","NO",0.887527379004453,0.451491548710752,0.409046508237679,0.996451548154072,0.89598532987145,0.999908874757857,"chr5",149076647,149077045,"+",0,"NA","intron (NM_029920, intron 7 of 14)","intron (NM_029920, intron 7 of 14)",127545,"NM_001301424",11987,"Mm.275489","NM_007513","ENSMUSG00000041313","Slc7a1","4831426K01Rik|AI447493|Atrc-1|Atrc1|Cat1|Rec-1|Rev-1|mCAT-1","solute carrier family 7 (cationic amino acid transporter, y+ system), member 1","protein-coding"]
[48494,"Peak_49020",-0.0758985107928208,-0.593074481365197,-0.517175970572376,4.69302206260523,"NO","NO","NO",0.871936405796512,0.219307299743596,0.20949326934953,0.996451548154072,0.784069531502988,0.999908874757857,"chr5",150036366,150036764,"+",0,"NA","Intergenic","Intergenic",-40015,"NM_001308462",11690,"Mm.19844","NM_009663","ENSMUSG00000060063","Alox5ap","Flap","arachidonate 5-lipoxygenase activating protein","protein-coding"]
[48555,"Peak_49083",-0.849311945979784,-1.38497023776678,-0.535658291786991,2.98768615188769,"NO","NO","NO",0.206927458211602,0.048902731636324,0.363651278248535,0.953494236567625,0.573970203227354,0.999908874757857,"chr5",151110036,151110434,"+",0,"NA","intron (NM_172887, intron 1 of 60)","intron (NM_172887, intron 1 of 60)",47730,"NM_172887",320365,"Mm.216590","NM_172887","ENSMUSG00000056602","Fry","13CDNA73|9330186A19Rik|AF346502|AI462658|C87180|D930046M03|cg003|mKIAA4143","FRY microtubule binding protein","protein-coding"]
[48612,"Peak_49141",-0.303016025772141,-0.672044827180777,-0.369028801408636,2.5589349095011,"NO","NO","NO",0.688611308184115,0.389573206853414,0.532313236416987,0.993878706444967,0.875782812222806,0.999908874757857,"chr6",4913085,4913483,"+",0,"NA","intron (NM_181595, intron 2 of 15)","intron (NM_181595, intron 2 of 15)",59964,"NM_181595",243725,"Mm.332901","NM_181595","ENSMUSG00000032827","Ppp1r9a","2810430P21Rik|4930518N04Rik|5330407E15|A230094E16Rik|BB181831|NRB|mKIAA1222|neurabin-I","protein phosphatase 1, regulatory (inhibitor) subunit 9A","protein-coding"]
[48653,"Peak_49182",-0.397452911262803,-1.29406124683231,-0.896608335569507,2.14743863218366,"NO","NO","NO",0.640222029769368,0.153409370419187,0.207104065215359,0.992069173170292,0.727855918695649,0.999908874757857,"chr6",6152028,6152426,"+",0,"NA","intron (NM_015829, intron 1 of 17)","intron (NM_015829, intron 1 of 17)",14946,"NM_015829",50799,"Mm.24513","NM_015829","ENSMUSG00000015112","Slc25a13","AI785475|Ctrn","solute carrier family 25 (mitochondrial carrier, adenine nucleotide translocator), member 13","protein-coding"]
[48731,"Peak_49263",-0.207637679494672,-0.889318742968936,-0.681681063474263,2.58295096656176,"NO","NO","NO",0.780319994075756,0.259301061023525,0.242707916092407,0.996451548154072,0.810938000990371,0.999908874757857,"chr6",13637879,13638277,"+",0,"NA","Intergenic","Intergenic",-10112,"NM_175312",101148,"Mm.354863","NM_175312","ENSMUSG00000042742","Bmt2","AI666701|B630005N14Rik","base methyltransferase of 25S rRNA 2","protein-coding"]
[48788,"Peak_49320",-0.850121520429685,-1.14997758066752,-0.299856060237832,2.81740566598659,"NO","NO","NO",0.19304441110145,0.0888014352537215,0.576583135585516,0.953123441545411,0.651264430003278,0.999908874757857,"chr6",17671127,17671525,"+",0,"NA","intron (NM_001289626, intron 1 of 14)","intron (NM_001289626, intron 1 of 14)",-22266,"NM_001289627",64213,"Mm.12051","NM_022332","ENSMUSG00000029534","St7","9430001H04Rik|Fam4a2|HELG|RAY1|SEN4|TSG7","suppression of tumorigenicity 7","protein-coding"]
[48849,"Peak_49382",-0.181513798556881,-1.02814821864398,-0.846634420087098,2.53547632889018,"NO","NO","NO",0.814422677813849,0.210011456482735,0.179489762496599,0.996451548154072,0.778918206037716,0.999908874757857,"chr6",23210417,23210815,"+",0,"NA","Intergenic","Intergenic",-12352,"NM_028462",73191,"Mm.55115","NM_028462","ENSMUSG00000029697","Fezf1","3110069A13Rik|Fez|Zfp312-like|fez-like","Fez family zinc finger 1","protein-coding"]
[48906,"Peak_49440",0.204300952729781,-0.408461879335556,-0.612762832065338,2.15353399106199,"NO","NO","NO",0.843397104241478,0.700169205739685,0.456414901893746,0.996451548154072,0.954685953598649,0.999908874757857,"chr6",28592836,28593234,"+",0,"NA","intron (NM_019776, intron 11 of 23)","intron (NM_019776, intron 11 of 23)",162687,"NM_019776",56463,"Mm.439987","NM_019776","ENSMUSG00000001424","Snd1","AL033314|Tudor-SN","staphylococcal nuclease and tudor domain containing 1","protein-coding"]
[48958,"Peak_49492",-0.566900867131692,-0.516854715663885,0.050046151467807,4.14365023861388,"NO","NO","NO",0.177572927916051,0.224264232427237,0.875715072525378,0.951216191670553,0.788362797636739,0.999908874757857,"chr6",29476553,29476951,"+",0,"NA","5' UTR (NM_012057, exon 1 of 9)","5' UTR (NM_012057, exon 1 of 9)",127,"NM_012057",27056,"Mm.6479","NM_012057","ENSMUSG00000029771","Irf5","AW491843|mirf5","interferon regulatory factor 5","protein-coding"]
[49025,"Peak_49560",2.0485610502765,1.87365541983364,-0.174905630442858,2.96638937589584,"NO","NO","NO",0.0239496899257105,0.0440791316309846,0.69802368550362,0.82679184525894,0.556553905717521,0.999908874757857,"chr6",30961382,30961780,"+",0,"NA","Intergenic","Intergenic",51166,"NR_029744",387222,null,"NR_029744","ENSMUSG00000065610","Mir29a","Mirn29a|mir-29a|mmu-mir-29a","microRNA 29a","ncRNA"]
[49145,"Peak_49682",0.431159309908924,0.936389343429198,0.505230033520274,4.60477687689083,"NO","NO","NO",0.384715562651374,0.0557999766259171,0.169018604581017,0.973151462669336,0.591195663326842,0.999908874757857,"chr6",34730432,34730830,"+",0,"NA","5' UTR (NM_001289658, exon 1 of 4)","5' UTR (NM_001289658, exon 1 of 4)",199,"NM_178630",76223,"Mm.150047","NM_178630","ENSMUSG00000038836","Agbl3","2900053G10Rik|4930431N21Rik|6530406M24Rik|CCP3","ATP/GTP binding protein-like 3","protein-coding"]
[49206,"Peak_49745",0.168430438831252,0.780356148350843,0.611925709519591,3.50513639125426,"NO","NO","NO",0.777459527292743,0.173113982769409,0.091001044967299,0.996451548154072,0.747789273562355,0.999908874757857,"chr6",37304335,37304733,"+",0,"NA","intron (NM_178661, intron 7 of 11)","intron (NM_178661, intron 7 of 11)",-54558,"NM_001347104",320127,"Mm.119469","NM_001081206","ENSMUSG00000038665","Dgki","C130010K08Rik","diacylglycerol kinase, iota","protein-coding"]
[49263,"Peak_49802",0.770271805065386,0.373789812155683,-0.396481992909703,3.22279530585467,"NO","NO","NO",0.266873283168663,0.604301185861192,0.398454413413869,0.959925552157071,0.934775931192454,0.999908874757857,"chr6",38689344,38689742,"+",0,"NA","intron (NM_001294144, intron 6 of 14)","intron (NM_001294144, intron 6 of 14)",76474,"NM_001101507",665180,"Mm.349066","NM_001101507","ENSMUSG00000079598","Clec2l","AI414054|AW122724|Gm1064","C-type lectin domain family 2, member L","protein-coding"]
[49327,"Peak_49867",-0.962663909512084,-0.465602397644433,0.497061511867651,2.00121523189854,"NO","NO","NO",0.301674982901999,0.612593263599927,0.485742748336787,0.959925552157071,0.937430363082486,0.999908874757857,"chr6",41078973,41079371,"+",0,"NA","Intergenic","Intergenic",-93664,"NM_023333",67373,"Mm.153729","NM_023333","ENSMUSG00000029882","2210010C04Rik","AV072249","RIKEN cDNA 2210010C04 gene","protein-coding"]
[49382,"Peak_49923",-0.0823937940367372,-0.180547653855874,-0.0981538598191366,4.32772723944184,"NO","NO","NO",0.847874414727984,0.679258606865451,0.760305610668538,0.996451548154072,0.951410911920316,0.999908874757857,"chr6",47194375,47194773,"+",0,"NA","intron (NM_025771, intron 1 of 3)","intron (NM_025771, intron 1 of 3)",179,"NM_025771",66797,"Mm.440084","NM_025771","ENSMUSG00000039419","Cntnap2","5430425M22Rik|Caspr2|mKIAA0868","contactin associated protein-like 2","protein-coding"]
[49439,"Peak_49980",-1.30712588798857,-0.530202439796209,0.776923448192359,2.739202447979,"NO","NO","NO",0.0681986332884949,0.442319255873843,0.175982203242826,0.907934971210637,0.892059405811651,0.999908874757857,"chr6",48860416,48860814,"+",0,"NA","Intergenic","Lx9|LINE|L1",5630,"NM_001161622",76507,"Mm.213898","NM_029638","ENSMUSG00000029811","Aoc1","1600012D06Rik|Abp1|DAO","amine oxidase, copper-containing 1","protein-coding"]
[49496,"Peak_50041",-0.140198366964505,0.319876365251166,0.460074732215671,3.62788524988987,"NO","NO","NO",0.807550420255527,0.571696603074319,0.25718860458242,0.996451548154072,0.92714590140995,0.999908874757857,"chr6",50727000,50727398,"+",0,"NA","intron (NR_045984, intron 2 of 4)","intron (NR_045984, intron 2 of 4)",1085,"NR_045984",319981,"Mm.131454","NR_045984","ENSMUSG00000107667","C530044C16Rik","-","RIKEN cDNA C530044C16 gene","ncRNA"]
[49557,"Peak_50102",-0.186161059356305,0.406536456571131,0.592697515927437,2.33745683142485,"NO","NO","NO",0.835490823520367,0.63903048388982,0.312455089776673,0.996451548154072,0.943180604680287,0.999908874757857,"chr6",52063185,52063583,"+",0,"NA","non-coding (NR_110440, exon 3 of 3)","non-coding (NR_110440, exon 3 of 3)",10436,"NR_110440",102635415,"Mm.333063","NR_110440","ENSMUSG00000085412","Halr1","Gm15055|Haunt|Linchoxa1|OTTMUSG00000018881|linc-Evx1|linc-Hoxa1|linc1547","Hoxa adjacent long noncoding RNA 1","ncRNA"]
[49614,"Peak_50160",0.397181863185788,0.543804862559533,0.146622999373745,3.48134657082514,"NO","NO","NO",0.498858468347226,0.354514504727822,0.689174506108381,0.984239530329956,0.859810648076335,0.999908874757857,"chr6",53574892,53575290,"+",0,"NA","intron (NM_172728, intron 3 of 6)","intron (NM_172728, intron 3 of 6)",51723,"NM_172728",231991,"Mm.227444","NM_172728","ENSMUSG00000053007","Creb5","9430076C15Rik|CRE-BPa|Crebpa|D430026C09Rik","cAMP responsive element binding protein 5","protein-coding"]
[49680,"Peak_50226",-0.822022408467872,-0.237211007680742,0.58481140078713,3.01956036129011,"NO","NO","NO",0.187487371873663,0.694895790497918,0.192806945068895,0.952872791523057,0.953978274271764,0.999908874757857,"chr6",54669500,54669898,"+",0,"NA","Intergenic","C-rich|Low_complexity|Low_complexity",38081,"NM_001289741",68235,"Mm.233860","NM_026629","ENSMUSG00000038065","Mturn","2410066E13Rik|AI448550|B230212L03Rik","maturin, neural progenitor differentiation regulator homolog (Xenopus)","protein-coding"]
[49733,"Peak_50279",0.535952765660202,0.0951068176297058,-0.440845948030496,2.49902682764533,"NO","NO","NO",0.549737127195732,0.918046031560016,0.49043572356327,0.988389624854206,0.987714582985778,0.999908874757857,"chr6",56017745,56018143,"+",0,"NA","Intergenic","Intergenic",50435,"NM_011153",19051,"Mm.42096","NM_011153","ENSMUSG00000002930","Ppp1r17","G-substrate|Gsbs|Ppp1r2","protein phosphatase 1, regulatory subunit 17","protein-coding"]
[49790,"Peak_50336",-1.22357381598057,0.508526044055762,1.73209986003633,2.09956270852554,"NO","NO","UP",0.216277866462917,0.568052124831424,0.00948756786149725,0.954504329026433,0.926110955972239,0.999908874757857,"chr6",60391537,60391935,"+",0,"NA","Intergenic","Intergenic",-38035,"NR_015565",208079,"Mm.131226","NM_177329","ENSMUSG00000046764","A530053G22Rik","-","RIKEN cDNA A530053G22 gene","ncRNA"]
[49851,"Peak_50398",-0.100852209496363,0.311337496830601,0.412189706326965,2.32113543312112,"NO","NO","NO",0.909625203899486,0.72098194499167,0.48618476479749,0.997799251783824,0.958810239130536,0.999908874757857,"chr6",66174348,66174746,"+",0,"NA","Intergenic","RMER15-int|LTR|ERVL",-47952,"NR_136927",102633773,"Mm.272086","NR_136927","ENSMUSG00000107653","Gm31520","-","sterol-C5-desaturase pseudogene","pseudo"]
[49908,"Peak_50455",3.14713362696814E-3,-0.858220717432599,-0.861367851059567,3.38337366209956,"NO","NO","NO",0.995355296484045,0.13928179281387,0.0353285685534075,0.999595500791758,0.714189376484759,0.999908874757857,"chr6",70917301,70917699,"+",0,"NA","Intergenic","Intergenic",10900,"NM_001101464",232077,"Mm.297656","NM_001101464","ENSMUSG00000055874","Foxi3","-","forkhead box I3","protein-coding"]
[49985,"Peak_50532",0.208725763778965,-0.0288639148094048,-0.23758967858837,4.83597252965064,"NO","NO","NO",0.600341467890527,0.943337360874004,0.445558888670214,0.990629663238998,0.991381737743322,0.999908874757857,"chr6",72493400,72493798,"+",0,"NA","promoter-TSS (NM_007599)","promoter-TSS (NM_007599)",-786,"NM_007599",12332,"Mm.18626","NM_007599","ENSMUSG00000056737","Capg","gCap39|mbh1","capping protein (actin filament), gelsolin-like","protein-coding"]
[50090,"Peak_50639",0.641463864543373,-0.141215687072166,-0.782679551615539,3.65204650277304,"NO","NO","NO",0.22777108404874,0.805218632670123,0.0322657208299874,0.955321879475804,0.971594094130034,0.999908874757857,"chr6",82069222,82069620,"+",0,"NA","Intergenic","Intergenic",77799,"NM_145570",232146,"Mm.489683","NM_145570","ENSMUSG00000035104","Eva1a","BC014699|Fam176a|Tmem166","eva-1 homolog A (C. elegans)","protein-coding"]
[50147,"Peak_50696",1.37123940250549,1.47534134581709,0.104101943311599,2.54941832421008,"NO","NO","NO",0.192889687324159,0.162841102744448,0.866388793216622,0.953093686445377,0.736579176536016,0.999908874757857,"chr6",83250742,83251140,"+",0,"NA","intron (NM_001166067, intron 24 of 24)","intron (NM_001166067, intron 24 of 24)",16657,"NM_008638",17768,"Mm.443","NM_008638","ENSMUSG00000005667","Mthfd2","AW558851|NMDMC","methylenetetrahydrofolate dehydrogenase (NAD+ dependent), methenyltetrahydrofolate cyclohydrolase","protein-coding"]
[50208,"Peak_50757",0.0162937850928143,-0.238664509456894,-0.254958294549708,2.69474730919834,"NO","NO","NO",0.983822406655611,0.774980506911861,0.682986587803469,0.999410077016931,0.967717328544495,0.999908874757857,"chr6",84641016,84641414,"+",0,"NA","intron (NM_177077, intron 20 of 21)","intron (NM_177077, intron 20 of 21)",-97313,"NM_001177713",232174,"Mm.255246","NM_175475","ENSMUSG00000063415","Cyp26b1","CP26|P450RAI-2","cytochrome P450, family 26, subfamily b, polypeptide 1","protein-coding"]
[50265,"Peak_50814",-0.102734253155255,0.156917932182434,0.259652185337689,2.95901137715727,"NO","NO","NO",0.882542055969669,0.820172787884894,0.58927353307577,0.996451548154072,0.973344084919797,0.999908874757857,"chr6",85959972,85960370,"+",0,"NA","Intergenic","Lx8|LINE|L1",-7014,"NM_012013",26910,"Mm.8024","NM_012013","ENSMUSG00000030001","Figla","FIGalpha|bHLHc8","folliculogenesis specific basic helix-loop-helix","protein-coding"]
[50290,"Peak_50839",0.42861005903971,0.5312630348369,0.10265297579719,3.68644170299853,"NO","NO","NO",0.500013633914631,0.401794977278593,0.823714497148242,0.984397935440084,0.87897372216715,0.999908874757857,"chr6",86428685,86429083,"+",0,"NA","intron (NR_131125, intron 1 of 4)","B1_Mur2|SINE|Alu",1940,"NR_131125",320486,"Mm.391625","NR_131125","ENSMUSG00000085589","A430078I02Rik","T25621","RIKEN cDNA A430078I02 gene","ncRNA"]
[50384,"Peak_50934",1.96961674232008,1.56054572201804,-0.409071020302039,4.75191228978087,"UP","UP","NO",{"v":4.11168189465976e-05,"d":"4.11E-05"},0.00173259689680697,0.148152450411855,0.476928725354412,0.194837022063968,0.999908874757857,"chr6",88427038,88427436,"+",0,"NA","intron (NM_019685, intron 3 of 10)","intron (NM_019685, intron 3 of 10)",11834,"NM_019685",56505,"Mm.42195","NM_019685","ENSMUSG00000030079","Ruvbl1","2510009G06Rik|Pontin52|Tip49a","RuvB-like protein 1","protein-coding"]
[50441,"Peak_50991",-0.0230214186084428,-0.210216704611197,-0.187195286002755,3.00231546686225,"NO","NO","NO",0.975276537250344,0.783039162605742,0.757880116630069,0.999057618398854,0.968462187022085,0.999908874757857,"chr6",89629363,89629761,"+",0,"NA","Intergenic","Intergenic",-34635,"NM_053228",113855,"Mm.377152","NM_053228","ENSMUSG00000096051","Vmn1r40","V1rb7","vomeronasal 1 receptor 40","protein-coding"]
[50502,"Peak_51052",0.0349210744705354,0.241911448296769,0.206990373826234,5.07197084663504,"NO","NO","NO",0.927508375470197,0.527185040667279,0.49089812534202,0.997839094325673,0.916830853971483,0.999908874757857,"chr6",91361203,91361601,"+",0,"NA","promoter-TSS (NM_009527)","promoter-TSS (NM_009527)",-39,"NM_009527",22421,"Mm.56964","NM_009527","ENSMUSG00000030093","Wnt7a","AI849442|Wnt-7a|px|tw","wingless-type MMTV integration site family, member 7A","protein-coding"]
[50559,"Peak_51109",0.10736815474242,-0.163520381241118,-0.270888535983539,3.85067527042822,"NO","NO","NO",0.82234991986152,0.740941616048256,0.416985872413195,0.996451548154072,0.9627987227842,0.999908874757857,"chr6",92484592,92484990,"+",0,"NA","promoter-TSS (NM_001134459)","promoter-TSS (NM_001134459)",64,"NM_001134459",243548,"Mm.248820","NM_001081146","ENSMUSG00000030020","Prickle2","6230400G14Rik|6720451F06Rik|mpk2","prickle planar cell polarity protein 2","protein-coding"]
[50616,"Peak_51166",-0.489036017374637,-0.668384009223806,-0.179347991849169,2.51957860355432,"NO","NO","NO",0.537516056150076,0.407235772266451,0.776361239854232,0.987911773173323,0.880707634011251,0.999908874757857,"chr6",94262319,94262717,"+",0,"NA","Intergenic","Intergenic",-28607,"NM_010367",14924,"Mm.217216","NM_010367","ENSMUSG00000045095","Magi1","AIP3|BAP1|Baiap1|Gukmi1|MAGI1c|Magi-1|TNRC19|WWP3|mKIAA4129","membrane associated guanylate kinase, WW and PDZ domain containing 1","protein-coding"]
[50707,"Peak_51257",0.384150147001918,0.0713018261376454,-0.312848320864273,3.47821498945152,"NO","NO","NO",0.510916495666471,0.905682721605931,0.436278299183607,0.985376506890842,0.985325072905042,0.999908874757857,"chr6",97438345,97438743,"+",0,"NA","promoter-TSS (NM_001346637)","promoter-TSS (NM_001346637)",-730,"NM_001346637",232288,"Mm.27789","NM_145148","ENSMUSG00000030064","Frmd4b","6030440G05Rik|C87375|GOBLIN|GRSP1|R74720","FERM domain containing 4B","protein-coding"]
[50735,"Peak_51286",1.90975097082911,2.00989240698241,0.100141436153305,3.47675407437867,"NO","UP","NO",0.0121556597427371,0.00825787264686496,0.791901833972027,0.789931406387149,0.348211576874969,0.999908874757857,"chr6",98202576,98202974,"+",0,"NA","intron (NM_001128092, intron 2 of 3)","intron (NM_001128092, intron 2 of 3)",89973,"NM_001128092",330390,"Mm.484161","NM_001128092","ENSMUSG00000090667","Gm765","-","predicted gene 765","protein-coding"]
[50792,"Peak_51343",0.476905479890802,0.507596808658138,0.0306913287673361,2.87483495333777,"NO","NO","NO",0.566697711947296,0.541563702721629,0.9584544570255,0.989871165956955,0.91984731542049,0.999908874757857,"chr6",99890639,99891037,"+",0,"NA","Intergenic","Intergenic",-214452,"NM_015768",50501,"Mm.87365","NM_015768","ENSMUSG00000030069","Prok2","Bv8|PK2|Prok1","prokineticin 2","protein-coding"]
[50916,"Peak_51467",0.146403314734804,0.46034766800583,0.313944353271026,2.75003626474222,"NO","NO","NO",0.853916855345527,0.554986453824149,0.552404711604711,0.996451548154072,0.923229309912498,0.999908874757857,"chr6",107886712,107887110,"+",0,"NA","Intergenic","RLTR16|LTR|ERVK",-128128,"NM_178391",74729,"Mm.56539","NM_178391","ENSMUSG00000034639","Setmar","5830404F24Rik|Etet2","SET domain without mariner transposase fusion","protein-coding"]
[50973,"Peak_51524",-1.39295647369814,-1.65265860933361,-0.259702135635467,3.10834183722877,"NO","DOWN","NO",0.0206306177058996,7.22253910128414E-3,0.631603407270822,0.82435590509827,0.333236486095515,0.999908874757857,"chr6",112466571,112466969,"+",0,"NA","Intergenic","Intergenic",-26968,"NM_001081147",18430,"Mm.333310","NM_001081147","ENSMUSG00000049112","Oxtr","OTR","oxytocin receptor","protein-coding"]
[51012,"Peak_51564",0.17409366042362,0.195984972525463,0.0218913121018428,2.63882902103057,"NO","NO","NO",0.830503215366427,0.809592299807194,0.96836161802736,0.996451548154072,0.972228962304571,0.999908874757857,"chr6",113316698,113317096,"+",0,"NA","3' UTR (NM_133932, exon 9 of 9)","3' UTR (NM_133932, exon 9 of 9)",10617,"NM_133932",101206,"Mm.266811","NM_133932","ENSMUSG00000048930","Tada3","1110004B19Rik|ADA3|AI987856|Tada3l","transcriptional adaptor 3","protein-coding"]
[51092,"Peak_51644",1.91710095863792,2.14961635902853,0.232515400390607,3.91267180757673,"UP","UP","NO",0.00362069562634043,0.000934335503302644,0.471776088859538,0.692314600376078,0.150139529460776,0.999908874757857,"chr6",114938338,114938736,"+",0,"NA","Intergenic","Intergenic",49355,"NM_026894",68971,"Mm.24937","NM_026894","ENSMUSG00000030316","Tamm41","1500001M20Rik|TAM41","TAM41 mitochondrial translocator assembly and maintenance homolog","protein-coding"]
[51149,"Peak_51701",-0.77898446494825,-1.05133820857792,-0.272353743629667,2.08157968504884,"NO","NO","NO",0.373938796816662,0.241623538351442,0.704224504237772,0.972397593291388,0.800505434581018,0.999908874757857,"chr6",116104789,116105187,"+",0,"NA","intron (NM_177412, intron 1 of 5)","intron (NM_177412, intron 1 of 5)",38404,"NM_177412",330401,"Mm.425352","NM_177412","ENSMUSG00000030126","Tmcc1","3632431M01Rik|mKIAA0779","transmembrane and coiled coil domains 1","protein-coding"]
[51210,"Peak_51762",-0.318292572287992,-0.400748269349901,-0.0824556970619088,3.2656539259179,"NO","NO","NO",0.583945664956979,0.497066795580932,0.848404895780269,0.990055537659835,0.908752902257141,0.999908874757857,"chr6",118049356,118049754,"+",0,"NA","Intergenic","Intergenic",14345,"NR_106011",102465632,null,"NR_106011","ENSMUSG00000098583","Mir7044","Gm27354|mmu-mir-7044","microRNA 7044","ncRNA"]
[51267,"Peak_51819",0.563410275702595,0.22161262207537,-0.341797653627225,2.52717685479398,"NO","NO","NO",0.522985725838845,0.806214257155966,0.579642417253846,0.9862307465174,0.97181103123413,0.999908874757857,"chr6",119624334,119624732,"+",0,"NA","intron (NR_104484, intron 16 of 20)","intron (NR_104484, intron 16 of 20)",-130168,"NM_009525",22419,"Mm.321818","NM_009525","ENSMUSG00000030170","Wnt5b","AW545702|Wnt-5b","wingless-type MMTV integration site family, member 5B","protein-coding"]
[51317,"Peak_51870",0.414379040739027,0.550832351085166,0.13645331034614,5.37878695597305,"NO","NO","NO",0.299315680027301,0.1682636927771,0.672758001574235,0.959925552157071,0.744673227257577,0.999908874757857,"chr6",120786129,120786527,"+",0,"NA","promoter-TSS (NM_153516)","promoter-TSS (NM_153516)",80,"NM_153516",94044,"Mm.27990","NM_153516","ENSMUSG00000009112","Bcl2l13","BCL-RAMBO|E430016C20Rik|Mil-1|Mil1","BCL2-like 13 (apoptosis facilitator)","protein-coding"]
[51386,"Peak_51939",0.234645987721348,-0.0174054013187736,-0.252051389040122,2.81965608471441,"NO","NO","NO",0.755497390920481,0.981914984395121,0.64240606839575,0.996451548154072,0.997776875220553,0.999908874757857,"chr6",124210559,124210957,"+",0,"NA","Intergenic","Intergenic",-28956,"NM_001104642",232367,"Mm.469872","NM_001104642","ENSMUSG00000072778","Vmn2r27","EG232367","vomeronasal 2, receptor27","protein-coding"]
[51443,"Peak_51996",0.261350621642788,-0.151487004893724,-0.412837626536513,4.11582213484051,"NO","NO","NO",0.576418216404388,0.753987050285963,0.229529118213842,0.989995385640587,0.96400471392171,0.999908874757857,"chr6",125181433,125181831,"+",0,"NA","5' UTR (NM_145391, exon 1 of 7)","5' UTR (NM_145391, exon 1 of 7)",246,"NM_145391",213233,"Mm.296902","NM_145391","ENSMUSG00000038213","Tapbpl","BC017613|TAPBPL-R|Tapbplr","TAP binding protein-like","protein-coding"]
[51504,"Peak_52057",-0.019593152686605,-0.0526265483885969,-0.0330333957019919,2.47152059867875,"NO","NO","NO",0.980927737442193,0.9507881907751,0.958169542509392,0.99914697897948,0.992114606145815,0.999908874757857,"chr6",126464781,126465179,"+",0,"NA","Intergenic","Intergenic",20593,"NM_145983",16493,"Mm.222831","NM_145983","ENSMUSG00000045534","Kcna5","Kv1.5","potassium voltage-gated channel, shaker-related subfamily, member 5","protein-coding"]
[51561,"Peak_52115",0.0290552918934289,-1.65291297752992,-1.68196826942335,2.98353604109225,"NO","NO","DOWN",0.962559188470735,0.019620571247020602,1.43666432826907E-3,0.9986222082152,0.455101198298422,0.95555641669257,"chr6",127597398,127597796,"+",0,"NA","Intergenic","Intergenic",69604,"NM_001033464",381812,"Mm.296093","NM_001033464","ENSMUSG00000061414","Cracr2a","Efcab4b|Gm1073|Gm462","calcium release activated channel regulator 2A","protein-coding"]
[51618,"Peak_52173",2.05913231350457,2.31817488581405,0.259042572309479,2.31195569369885,"NO","NO","NO",0.100820798993731,0.0592249611988185,0.664499261084412,0.917104358205997,0.600122729397274,0.999908874757857,"chr6",128523117,128523515,"+",0,"NA","intron (NM_001001179, intron 7 of 35)","MURVY-LTR|LTR|ERV1",8308,"NM_001001179",232400,"Mm.259234","NM_001001179","ENSMUSG00000047228","BC048546","Ovos","cDNA sequence BC048546","protein-coding"]
[51734,"Peak_52290",-0.371416491188529,-0.82330627826743,-0.451889787078901,3.98201274100948,"NO","NO","NO",0.424139544533478,0.0885269096225245,0.231331401991304,0.977408255892978,0.651109868196946,0.999908874757857,"chr6",134948481,134948879,"+",0,"NA","Intergenic","Intergenic",-12950,"NM_026360",67755,"Mm.166524","NM_026360","ENSMUSG00000030204","Ddx47","4930588A18Rik|C77285","DEAD (Asp-Glu-Ala-Asp) box polypeptide 47","protein-coding"]
[51800,"Peak_52356",-0.225807130086064,-0.32011663285783,-0.0943095027717656,2.30040516962504,"NO","NO","NO",0.780940219046297,0.699621065213979,0.8686528975002,0.996451548154072,0.954665002050121,0.999908874757857,"chr6",136846257,136846655,"+",0,"NA","Intergenic","Intergenic",-22112,"NM_008597",17313,"Mm.243085","NM_008597","ENSMUSG00000030218","Mgp","Mglap","matrix Gla protein","protein-coding"]
[51861,"Peak_52417",-0.552719377403228,-1.08211101905296,-0.529391641649732,2.94733139208587,"NO","NO","NO",0.373984685709346,0.096964056469954,0.291796518750284,0.972397593291388,0.662941384865178,0.999908874757857,"chr6",140316924,140317322,"+",0,"NA","Intergenic","Intergenic",-55497,"NM_144920",109135,"Mm.247670","NM_144920","ENSMUSG00000030231","Plekha5","2810431N21Rik|AI428202|AK129423|AMH-Cre|Ayu21-9|Gt(pU21)9Imeg|Pepp2|Tg(AMH-cre)1Flor","pleckstrin homology domain containing, family A member 5","protein-coding"]
[51918,"Peak_52474",-0.610528074165316,-1.0952703509756,-0.484742276810281,4.58191177288333,"NO","DOWN","NO",0.106533474049594,0.00532158015136853,0.130101014429421,0.919026175443271,0.293383909869925,0.999908874757857,"chr6",142708312,142708710,"+",0,"NA","intron (NM_009908, intron 1 of 7)","intron (NM_009908, intron 1 of 7)",3305,"NM_009908",12764,"Mm.3820","NM_009908","ENSMUSG00000030282","Cmas","AW208911|CMPNeu5Ac|D6Bwg0250e","cytidine monophospho-N-acetylneuraminic acid synthetase","protein-coding"]
[51975,"Peak_52532",-0.0937355107892551,-0.194857843175374,-0.101122332386119,4.7571761803127,"NO","NO","NO",0.81127522305201,0.624705184672769,0.74371532400305,0.996451548154072,0.940964101067686,0.999908874757857,"chr6",144157810,144158208,"+",0,"NA","promoter-TSS (NM_001243163)","promoter-TSS (NM_001243163)",79,"NM_011444",20678,"Mm.1752","NM_011444","ENSMUSG00000041540","Sox5","A730017D01Rik|AI528773","SRY (sex determining region Y)-box 5","protein-coding"]
[52039,"Peak_52596",-0.0684305259802945,0.0196219553983217,0.0880524813786162,2.72933468253073,"NO","NO","NO",0.934911701437692,0.981150828079782,0.891294449724785,0.997839094325673,0.997577133149001,0.999908874757857,"chr6",145772337,145772735,"+",0,"NA","Intergenic","Intergenic",15633,"NM_027760",71323,"Mm.158669","NM_027760","ENSMUSG00000030259","Rassf8","5133400D11Rik|AA815821|AW123240|Hoj1|mHoj-1","Ras association (RalGDS/AF-6) domain family (N-terminal) member 8","protein-coding"]
[52094,"Peak_52651",-0.763943309472255,-0.430805605265848,0.333137704206406,2.64626101804352,"NO","NO","NO",0.303213743446938,0.556518119772645,0.56183774339483,0.959925552157071,0.923687245426276,0.999908874757857,"chr6",147188795,147189193,"+",0,"NA","Intergenic","Intergenic",23541,"NM_008970",19227,"Mm.28440","NM_008970","ENSMUSG00000048776","Pthlh","PLP|PTH-like|Pthrp","parathyroid hormone-like peptide","protein-coding"]
[52155,"Peak_52714",1.45053357874018,1.107396904962,-0.343136673778185,3.99511778902577,"UP","NO","NO",0.00812253910820825,0.0520024889754092,0.271250863293754,0.761028904327067,0.582032839176164,0.999908874757857,"chr7",3546544,3546942,"+",0,"NA","Intergenic","RLTR17|LTR|ERVK",21016,"NM_001290377",232790,"Mm.358882","NM_175632","ENSMUSG00000054594","Oscar","mOSCAR|mOSCAR-M1|mOSCAR-M2|mOSCAR-M3","osteoclast associated receptor","protein-coding"]
[52212,"Peak_52771",-0.0713731098742523,0.0995216235754012,0.170894733449653,5.49349447366805,"NO","NO","NO",0.870363035208596,0.82026837315803,0.661417190923723,0.996451548154072,0.973344084919797,0.999908874757857,"chr7",4972018,4972416,"+",0,"NA","5' UTR (NM_001290426, exon 1 of 3)","5' UTR (NM_001290426, exon 1 of 3)",239,"NM_001290426",319748,"Mm.86607","NM_001033383","ENSMUSG00000074405","Zfp865","6430526N21Rik|Znf865","zinc finger protein 865","protein-coding"]
[52269,"Peak_52828",-6.38704682335245E-3,-0.0179640855425211,-0.0115770387191687,5.69658003909195,"NO","NO","NO",0.986524008029326,0.962238354368976,0.972020805446584,0.999441379886603,0.993978488975727,0.999908874757857,"chr7",13619822,13620220,"+",0,"NA","TTS (NM_001243968)","TTS (NM_001243968)",105,"NM_026885",68953,"Mm.295670","NM_026885","ENSMUSG00000033916","Chmp2a","1500016L11Rik","charged multivesicular body protein 2A","protein-coding"]
[52344,"Peak_52903",-0.153969524936903,-0.287035149198002,-0.133065624261099,5.1522010683283,"NO","NO","NO",0.747119275494857,0.549920410246411,0.75885633757237,0.996012642254204,0.92179369825545,0.999908874757857,"chr7",17401409,17401807,"+",0,"NA","5' UTR (NM_001039878, exon 1 of 18)","5' UTR (NM_001039878, exon 1 of 18)",370,"NM_133789",97387,"Mm.21612","NM_133789","ENSMUSG00000030374","Strn4","C80611|ZIN|zinedin","striatin, calmodulin binding protein 4","protein-coding"]
[52388,"Peak_52947",-0.857229159619689,-0.658980402887705,0.198248756731984,2.52769644459524,"NO","NO","NO",0.240367726131929,0.365493521468087,0.724997416606798,0.956996614837851,0.864445808524021,0.999908874757857,"chr7",19535320,19535718,"+",0,"NA","intron (NM_001029877, intron 2 of 3)","intron (NM_001029877, intron 2 of 3)",24282,"NM_001029877",384569,"Mm.262724","NM_001029877","ENSMUSG00000030411","Nova2","Gm1424","neuro-oncological ventral antigen 2","protein-coding"]
[52445,"Peak_53004",0.156705192075763,0.240428676480735,0.083723484404972,3.68206509703163,"NO","NO","NO",0.782987341431154,0.672238377901448,0.837138921809545,0.996451548154072,0.950753740200727,0.999908874757857,"chr7",20088831,20089229,"+",0,"NA","Intergenic","Intergenic",4650,"NM_177692",232946,"Mm.64557","NM_177692","ENSMUSG00000057667","Bloc1s3","BC043666|Blos3|E230011O18|rp","biogenesis of lysosomal organelles complex-1, subunit 3","protein-coding"]
[52506,"Peak_53065",0.5852217185432,0.479693484088555,-0.105528234454645,2.92184527370853,"NO","NO","NO",0.430381572376474,0.525790152328979,0.825091604126699,0.97754827444219,0.916636840330892,0.999908874757857,"chr7",25226808,25227206,"+",0,"NA","intron (NM_199013, intron 1 of 2)","B3A|SINE|B2",3694,"NM_199013",210145,"Mm.33811","NM_199013","ENSMUSG00000062028","Irgc1","F630044M05Rik|Gm1102|Gm474|Ifgge|Iigp5|Irgc","immunity-related GTPase family, cinema 1","protein-coding"]
[52563,"Peak_53122",0.216563592545701,0.0868785054407755,-0.129685087104925,5.30582094084015,"NO","NO","NO",0.568576624795292,0.820774822913032,0.676836456778476,0.989871165956955,0.973344084919797,0.999908874757857,"chr7",26065103,26065501,"+",0,"NA","intron (NM_001302811, intron 2 of 20)","intron (NM_001302811, intron 2 of 20)",-1896,"NM_027882",71722,"Mm.28833","NM_027882","ENSMUSG00000005442","Cic","1200010B10Rik|mKIAA0306","capicua transcriptional repressor","protein-coding"]
[52624,"Peak_53183",-0.22077681774014,-0.130560622154162,0.0902161955859782,4.73638992560845,"NO","NO","NO",0.576365966489433,0.742326390376975,0.771303218670181,0.989995385640587,0.962907228185131,0.999908874757857,"chr7",28120992,28121390,"+",0,"NA","intron (NM_175641, intron 1 of 32)","intron (NM_175641, intron 1 of 32)",1440,"NM_175641",108075,"Mm.272251","NM_175641","ENSMUSG00000040488","Ltbp4","2310046A13Rik","latent transforming growth factor beta binding protein 4","protein-coding"]
[52697,"Peak_53256",0.458344352186143,0.408380686241204,-0.049963665944938,4.29518097868606,"NO","NO","NO",0.320031439875863,0.381638272218337,0.874999690143896,0.961869032957783,0.872788486382443,0.999908874757857,"chr7",29249829,29250227,"+",0,"NA","intron (NM_001141921, intron 4 of 4)","intron (NM_001141921, intron 4 of 4)",12771,"NM_001141921",80749,"Mm.483073","NM_030562","ENSMUSG00000030600","Lrfn1","BC004018|SALM2|Semo1","leucine rich repeat and fibronectin type III domain containing 1","protein-coding"]
[52802,"Peak_53361",-0.224640632578178,-0.144473046125825,0.0801675864523523,5.86067825145093,"NO","NO","NO",0.615753061350476,0.747724595986089,0.847634808696848,0.990629663238998,0.963484153891751,0.999908874757857,"chr7",30768719,30769117,"+",0,"NA","promoter-TSS (NM_001033355)","promoter-TSS (NM_001033355)",-56,"NM_001167872",243905,"Mm.322432","NM_001033355","ENSMUSG00000074221","Zfp568","C80731|Gm1691|Znf568|chato","zinc finger protein 568","protein-coding"]
[52863,"Peak_53422",-0.928894326084823,-0.695987054606234,0.232907271478589,3.1400822588112,"NO","NO","NO",0.111897856661053,0.232588428166232,0.610274797907098,0.923325687259782,0.794143066835489,0.999908874757857,"chr7",31644976,31645374,"+",0,"NA","TTS (NM_194057)","TTS (NM_194057)",1314,"NM_194057",233081,"Mm.425422","NM_194057","ENSMUSG00000044453","Ffar1","Gpr40","free fatty acid receptor 1","protein-coding"]
[52920,"Peak_53479",-0.110640758517116,0.0636461232350647,0.174286881752181,5.12077889406212,"NO","NO","NO",0.785157714132586,0.875530405536719,0.606475427627923,0.996451548154072,0.981500673483603,0.999908874757857,"chr7",35697320,35697718,"+",0,"NA","promoter-TSS (NM_008820)","promoter-TSS (NM_008820)",93,"NM_008820",18624,"Mm.69751","NM_008820","ENSMUSG00000063931","Pepd","Pep-4|Pep4|dal","peptidase D","protein-coding"]
[52977,"Peak_53537",-0.146454040755426,-0.011189730850433,0.135264309904993,3.19327564050415,"NO","NO","NO",0.812691339651041,0.985524536425944,0.755476815000289,0.996451548154072,0.998211814135675,0.999908874757857,"chr7",37301292,37301690,"+",0,"NA","Intergenic","Intergenic",-181646,"NM_172298",243931,"Mm.44141","NM_172298","ENSMUSG00000021217","Tshz3","A630038G13Rik|Tsh3|Zfp537|mKIAA1474|teashirt3","teashirt zinc finger family member 3","protein-coding"]
[53002,"Peak_53562",-0.649400321515267,-0.499432224463212,0.149968097052055,2.98242100256072,"NO","NO","NO",0.382894592936488,0.49888396422974,0.807965159836261,0.972571585874155,0.909314525885594,0.999908874757857,"chr7",38180053,38180451,"+",0,"NA","Intergenic","Intergenic",374519,"NM_172385",243937,"Mm.322505","NM_172385","ENSMUSG00000043456","Zfp536","9630010P11Rik|Znf536|mKIAA0390","zinc finger protein 536","protein-coding"]
[53096,"Peak_53656",1.50146229783706,1.09763297205573,-0.403829325781327,2.91936631546452,"NO","NO","NO",0.0699130988906938,0.204952014878292,0.393829282461484,0.907934971210637,0.775062388091884,0.999908874757857,"chr7",50927655,50928053,"+",0,"NA","intron (NM_145582, intron 1 of 2)","intron (NM_145582, intron 1 of 2)",453,"NM_145582",233189,"Mm.26514","NM_145582","ENSMUSG00000038888","Ctu1","Atpbd3|BC005752","cytosolic thiouridylase subunit 1","protein-coding"]
[53157,"Peak_53717",-0.58071137189043,0.129473027503825,0.710184399394255,5.58975776666579,"NO","NO","NO",0.190890885559836,0.768326889893103,0.0790528222677431,0.952872791523057,0.966285101045257,0.999908874757857,"chr7",52071358,52071756,"+",0,"NA","promoter-TSS (NM_001171024)","promoter-TSS (NM_001171024)",99,"NM_053074",18226,"Mm.2565","NM_053074","ENSMUSG00000109511","Nup62","D7Ertd649e|Nupc1|p62","nucleoporin 62","protein-coding"]
[53214,"Peak_53774",-0.0518722012386684,-0.299914432593353,-0.248042231354685,4.93181727282743,"NO","NO","NO",0.907459713340204,0.507376350945122,0.523398195982281,0.997799251783824,0.91128989346572,0.999908874757857,"chr7",52693171,52693569,"+",0,"NA","intron (NM_030678, intron 2 of 15)","intron (NM_030678, intron 2 of 15)",3161,"NM_030678",14936,"Mm.275654","NM_030678","ENSMUSG00000003865","Gys1","Gys3|MGS","glycogen synthase 1, muscle","protein-coding"]
[53271,"Peak_53831",-0.200206441515958,-0.50506313328212,-0.304856691766162,2.80549854211263,"NO","NO","NO",0.815990179562718,0.5605559292877,0.679657494460363,0.996451548154072,0.924713371228301,0.999908874757857,"chr7",53340245,53340643,"+",0,"NA","TTS (NM_153057)","TTS (NM_153057)",15163,"NM_010602",16514,"Mm.333863","NM_010602","ENSMUSG00000096146","Kcnj11","Kir6.2|mBIR","potassium inwardly rectifying channel, subfamily J, member 11","protein-coding"]
[53371,"Peak_53931",0.159031469054121,0.141235456167971,-0.0177960128861498,2.84674167523046,"NO","NO","NO",0.830685596330969,0.850100908015363,0.973208427215534,0.996451548154072,0.977534122865264,0.999908874757857,"chr7",56726733,56727131,"+",0,"NA","intron (NM_175272, intron 10 of 37)","intron (NM_175272, intron 10 of 37)",165273,"NM_001005232",13172,"Mm.307176","NM_001005232","ENSMUSG00000030507","Dbx1","AI426026|Dbx","developing brain homeobox 1","protein-coding"]
[53390,"Peak_53950",-0.96135073091392,-0.104758579177509,0.856592151736411,2.7396692796672,"NO","NO","NO",0.182676263592118,0.878664374912869,0.105275681593326,0.952872791523057,0.982313750921901,0.999908874757857,"chr7",57008432,57008830,"+",0,"NA","Intergenic","MIRb|SINE|MIR",-5845,"NM_001146053",53415,"Mm.20801","NM_016865","ENSMUSG00000039745","Htatip2","AW111545|Cc3|Tip30","HIV-1 Tat interactive protein 2","protein-coding"]
[53451,"Peak_54011",-2.06664019354818,-2.36481177910239,-0.298171585554211,2.72938805996735,"NO","NO","NO",0.0373245190393126,0.0175237963950127,0.757524592196668,0.871985790905265,0.440561048063847,0.999908874757857,"chr7",64103857,64104255,"+",0,"NA","intron (NM_008074, intron 5 of 9)","RMER1A|Other|Other",538185,"NM_008074",14407,"Mm.434343","NM_008074","ENSMUSG00000055026","Gabrg3","B230362M20Rik|Gabrg-3","gamma-aminobutyric acid (GABA) A receptor, subunit gamma 3","protein-coding"]
[53508,"Peak_54070",0.648157386538695,1.0368078463821,0.388650459843408,2.54161561950223,"NO","NO","NO",0.489675297516422,0.257664435040267,0.497606172175452,0.983088920821324,0.809814164745168,0.999908874757857,"chr7",70941033,70941431,"+",0,"NA","Intergenic","RLTR19-int|LTR|ERVK",-120511,"NM_001256311",381994,"Mm.425466","NM_001256311","ENSMUSG00000095061","E030018B13Rik","Gm1697","RIKEN cDNA E030018B13 gene","protein-coding"]
[53628,"Peak_54190",-0.618053154360482,-0.991905193943528,-0.373852039583045,2.94104264129939,"NO","NO","NO",0.355213541990571,0.149328805929975,0.501705437805201,0.970570941478962,0.725446804781345,0.999908874757857,"chr7",73636270,73636668,"+",0,"NA","Intergenic","Intergenic",-64106,"NM_053080",56847,"Mm.140988","NM_053080","ENSMUSG00000015134","Aldh1a3","ALDH6|RALDH3|V1","aldehyde dehydrogenase family 1, subfamily A3","protein-coding"]
[53689,"Peak_54251",-1.20345199707375,-1.23454895909254,-0.0310969620187931,3.7478246657555,"NO","NO","NO",0.0133499742325548,0.0125245213442712,0.940222021416101,0.789931406387149,0.404375428376736,0.999908874757857,"chr7",74991828,74992226,"+",0,"NA","Intergenic","Intergenic",-43645,"NR_045954",73904,"Mm.70992","NR_045954","ENSMUSG00000097697","4833412C05Rik","Bigheart","RIKEN cDNA 4833412C05 gene","ncRNA"]
[53724,"Peak_54286",0.114165006297698,0.2118039967371,0.0976389904394016,3.07197993427623,"NO","NO","NO",0.863363042844156,0.750992895357754,0.825598037627233,0.996451548154072,0.963484153891751,0.999908874757857,"chr7",75724550,75724948,"+",0,"NA","Intergenic","Intergenic",-38593,"NR_003648",384639,"Mm.261760","NM_001013781",null,"Gm5334","EG384639","tetraspanin 7 pseudogene","pseudo"]
[53804,"Peak_54368",0.860542050407093,0.204589436204171,-0.655952614202922,3.57985782121098,"NO","NO","NO",0.179936135445986,0.760609934984561,0.161293273202638,0.952684148747841,0.965001868417357,0.999908874757857,"chr7",80336732,80337130,"+",0,"NA","Intergenic","Intergenic",-89977,"NR_046024",625243,"Mm.261798","NR_046024","ENSMUSG00000108383","Gm6567","-","predicted gene 6567","ncRNA"]
[53865,"Peak_54429",2.8028919222466,2.57889230792718,-0.223999614319422,2.72862421175836,"NO","NO","NO",0.0170712608303298,0.0318559382376046,0.696640193292962,0.818628292595393,0.517175418563439,0.999908874757857,"chr7",81689229,81689627,"+",0,"NA","intron (NM_023908, intron 1 of 9)","intron (NM_023908, intron 1 of 9)",10238,"NM_001038643",108116,"Mm.425467","NM_023908","ENSMUSG00000025790","Slco3a1","5830414C08Rik|Anr1|MJAM|OATP-D|R75096|Slc21a11","solute carrier organic anion transporter family, member 3a1","protein-coding"]
[53922,"Peak_54486",-0.691483304734728,-1.37146416883237,-0.67998086409764,3.12219091047651,"NO","NO","NO",0.232973200910112,0.0248656922448397,0.165783859945559,0.956010455567961,0.486760630446383,0.999908874757857,"chr7",83367409,83367807,"+",0,"NA","Intergenic","Intergenic",-7165,"NM_001199224",244071,"Mm.322829","NM_172902","ENSMUSG00000025754","Agbl1","Ccp4|D430020F16|EG244071|Nna1-l1","ATP/GTP binding protein-like 1","protein-coding"]
[53983,"Peak_54548",0.158909677887005,0.0321618706508314,-0.126747807236173,4.32873631146826,"NO","NO","NO",0.75147588452097,0.94966107075623,0.753431652301748,0.996012642254204,0.992114606145815,0.999908874757857,"chr7",86537006,86537404,"+",0,"NA","promoter-TSS (NM_145946)","promoter-TSS (NM_145946)",-19,"NM_145946",208836,"Mm.349493","NM_145946","ENSMUSG00000039187","Fanci","-","Fanconi anemia, complementation group I","protein-coding"]
[54029,"Peak_54594",-0.449054007628084,-0.190125329967035,0.258928677661048,4.18634357497737,"NO","NO","NO",0.312005837545395,0.66654317426128,0.440220807317446,0.959925552157071,0.949679479106008,0.999908874757857,"chr7",87171912,87172310,"+",0,"NA","intron (NM_175433, intron 1 of 4)","CpG",997,"NM_175433",209225,"Mm.290925","NM_175433","ENSMUSG00000048897","Zfp710","5430400N05Rik|9830165K13|AI324798|Znf710","zinc finger protein 710","protein-coding"]
[54098,"Peak_54663",0.74044466310805,0.808801925478454,0.0683572623704038,2.49436814890029,"NO","NO","NO",0.427323150212973,0.386156311861395,0.905652676927396,0.977408255892978,0.875084108350798,0.999908874757857,"chr7",88312059,88312457,"+",0,"NA","intron (NM_001004184, intron 14 of 17)","B2_Mm2|SINE|B2",-46432,"NM_008803",18584,"Mm.371577","NM_008803","ENSMUSG00000025584","Pde8a","AI551852|Pde8","phosphodiesterase 8A","protein-coding"]
[54159,"Peak_54724",-0.153252895028522,-0.54456972265066,-0.391316827622138,2.69734545162008,"NO","NO","NO",0.835733648955861,0.476445122568813,0.488738071322811,0.996451548154072,0.903414154866613,0.999908874757857,"chr7",89837773,89838171,"+",0,"NA","intron (NM_175317, intron 12 of 19)","intron (NM_175317, intron 12 of 19)",40848,"NM_175317",101592,"Mm.238020","NM_175317","ENSMUSG00000038563","Efl1","4932434J20Rik|6030468D11Rik|AI451340|AU019507|AU022896|D7Ertd791e|Eftud1","elongation factor like GPTase 1","protein-coding"]
[54216,"Peak_54782",0.092305868099047,-1.075231468682,-1.16753733678105,2.66576109782367,"NO","NO","NO",0.89581051978462,0.165837556072214,0.034235955285987,0.996863137024806,0.741387226319178,0.999908874757857,"chr7",91514786,91515184,"+",0,"NA","intron (NM_007488, intron 1 of 18)","intron (NM_007488, intron 1 of 18)",43563,"NM_007488",11864,"Mm.38594","NM_007488","ENSMUSG00000015709","Arnt2","Hif-2b|bHLHe1|mKIAA0307","aryl hydrocarbon receptor nuclear translocator 2","protein-coding"]
[54273,"Peak_54840",-1.38582344047946,-1.95363738473792,-0.567813944258461,2.49125253323241,"NO","DOWN","NO",0.0436357814508462,0.0071222686183683,0.357613885032713,0.883463615235976,0.332283363503807,0.999908874757857,"chr7",97155637,97156035,"+",0,"NA","Intergenic","Intergenic",-21833,"NR_110365",319711,"Mm.31753","NR_015614","ENSMUSG00000097585","E230029C05Rik","AI452102|B230337J15","RIKEN cDNA E230029C05 gene","ncRNA"]
[54334,"Peak_54903",-0.103317040380424,-0.803387734985876,-0.700070694605452,2.80499300264603,"NO","NO","NO",0.884233523777548,0.284369669700832,0.213378016482679,0.996451548154072,0.825762989663673,0.999908874757857,"chr7",102958171,102958569,"+",0,"NA","Intergenic","Intergenic",-361384,"NM_001310762",23966,"Mm.254610","NM_011858","ENSMUSG00000048078","Tenm4","Doc4|ELM2|Odz4|R75022|Ten-m4|l(7)-3Rn|l7Rn3|mKIAA1302","teneurin transmembrane protein 4","protein-coding"]
[54455,"Peak_55024",-0.161327874572128,-0.387438615460275,-0.226110740888147,4.21488427937849,"NO","NO","NO",0.7455509264468,0.44104881954542,0.582968886646729,0.995814451169925,0.891825020450125,0.999908874757857,"chr7",105883519,105883917,"+",0,"NA","Intergenic","Intergenic",31845,"NM_028410",72981,"Mm.4428","NM_028410","ENSMUSG00000030753","Thap12","2900052B10Rik|Dap4|Prkrir|Rpkrir","THAP domain containing 12","protein-coding"]
[54516,"Peak_55086",-0.168314924713264,0.0358456263428211,0.204160551056085,4.95910578907304,"NO","NO","NO",0.677903059816835,0.929514105153376,0.536652834215831,0.993744595008032,0.989749932130366,0.999908874757857,"chr7",106631863,106632261,"+",0,"NA","promoter-TSS (NR_002172)","promoter-TSS (NR_002172)",157,"NM_012052",27050,"Mm.236868","NM_012052","ENSMUSG00000030744","Rps3","D7Ertd795e|Rs_3","ribosomal protein S3","protein-coding"]
[54573,"Peak_55143",1.14059416430234,0.930011284693255,-0.210582879609088,3.96305731616534,"NO","NO","NO",0.0318787656960848,0.0889298612006732,0.494642620736742,0.847480390623309,0.651570606859929,0.999908874757857,"chr7",107827575,107827973,"+",0,"NA","Intergenic","RMER20B|LTR|ERVK",-16866,"NM_001163182",27276,"Mm.491216","NM_013746","ENSMUSG00000030701","Plekhb1","AI315628|PHR1|Phret1|evt-1","pleckstrin homology domain containing, family B (evectins) member 1","protein-coding"]
[54630,"Peak_55200",0.0173441112475725,-0.0299291671695684,-0.0472732784171408,3.95141920162027,"NO","NO","NO",0.971660144262734,0.951289339247308,0.892463721960459,0.999057618398854,0.992114606145815,0.999908874757857,"chr7",108971980,108972378,"+",0,"NA","TTS (NM_008887)","TTS (NM_008887)",5352,"NM_008887",11859,"Mm.5028","NM_008887","ENSMUSG00000007946","Phox2a","Arix|Phox2|Pmx2|Pmx2a|Px2a","paired-like homeobox 2a","protein-coding"]
[54691,"Peak_55262",0.286913734929139,-0.152667962982921,-0.43958169791206,3.63703998758911,"NO","NO","NO",0.601590752359598,0.789266405161093,0.265929279490718,0.990629663238998,0.969386792947709,0.999908874757857,"chr7",112921547,112921945,"+",0,"NA","5' UTR (NM_001162943, exon 2 of 21)","5' UTR (NM_001162943, exon 2 of 21)",14318,"NM_001162943",233651,"Mm.334108","NM_001162943","ENSMUSG00000036862","Dchs1","3110041P15Rik|C130033F22Rik|CDH25|FIB1|Gm165|PCDH16","dachsous 1 (Drosophila)","protein-coding"]
[54751,"Peak_55322",0.67309959259615,0.640055224253761,-0.0330443683423895,4.49890477891696,"NO","NO","NO",0.153978483023562,0.179547873908722,0.921068800741663,0.943529907756132,0.752876294238197,0.999908874757857,"chr7",116815225,116815623,"+",0,"NA","Intergenic","Intergenic",-31827,"NM_020616",57373,"Mm.334138","NM_020616","ENSMUSG00000031023","Akip1","BCA3|C11orf17|D7H11orf17|D930014E17Rik|ICRFP703B1614Q5.6|ORF27","A kinase (PRKA) interacting protein 1","protein-coding"]
[54810,"Peak_55381",-0.3080027610102,-0.278491270644422,0.0295114903657781,6.10533429676017,"NO","NO","NO",0.384838118645227,0.433725931499277,0.927139077079488,0.973151462669336,0.889226017767604,0.999908874757857,"chr7",118265883,118266281,"+",0,"NA","non-coding (NR_015573, exon 1 of 3)","non-coding (NR_015573, exon 1 of 3)",107,"NR_015573",75479,"Mm.381620","NR_015573","ENSMUSG00000110424","1700012D14Rik","-","RIKEN cDNA 1700012D14 gene","ncRNA"]
[54867,"Peak_55438",0.300741357019815,0.0157185065125918,-0.285022850507224,3.04989078017758,"NO","NO","NO",0.661106694590603,0.982425780872091,0.559691443620758,0.992128801173048,0.9978317528611,0.999908874757857,"chr7",119792031,119792429,"+",0,"NA","Intergenic","Intergenic",-30604,"NM_001166584",21676,"Mm.24685","NM_009346","ENSMUSG00000055320","Tead1","2610024B07Rik|B230114H05Rik|Gtrgeo5|TEAD-1|TEF-1|Tcf13|mTEF-1","TEA domain family member 1","protein-coding"]
[54924,"Peak_55495",-0.999487470356582,-0.725789687076826,0.273697783279756,2.58866255497319,"NO","NO","NO",0.191212032676126,0.336248642464476,0.663613113849784,0.952872791523057,0.853070773445485,0.999908874757857,"chr7",120796592,120796990,"+",0,"NA","Intergenic","Intergenic",-88290,"NR_126544",69295,"Mm.396150","NR_126544","ENSMUSG00000084984","Far1os","1700006P19Rik","fatty acyl CoA reductase 1, opposite strand","ncRNA"]
[54985,"Peak_55556",0.000909711669102501,0.220226998665552,0.21931728699645,2.30252310143274,"NO","NO","NO",0.999537754073775,0.824637618631813,0.77081531394059,0.999995974070709,0.974396406134925,0.999908874757857,"chr7",122645509,122645907,"+",0,"NA","intron (NM_001025560, intron 13 of 15)","intron (NM_001025560, intron 13 of 15)",299415,"NM_001277328",20679,"Mm.323365","NM_011445","ENSMUSG00000051910","Sox6","AI987981|SOX-LZ","SRY (sex determining region Y)-box 6","protein-coding"]
[55056,"Peak_55628",-1.01929065357145,-0.990086903306687,0.0292037502647681,2.65179460907617,"NO","NO","NO",0.136427413475654,0.151267631049134,0.957345031664129,0.936664239942381,0.727087332236758,0.999908874757857,"chr7",124733814,124734212,"+",0,"NA","intron (NM_175645, intron 3 of 11)","intron (NM_175645, intron 3 of 11)",209520,"NM_175645",233781,"Mm.461427","NM_175645","ENSMUSG00000030657","Xylt1","8030490L12","xylosyltransferase 1","protein-coding"]
[55100,"Peak_55673",-0.284205909619764,0.186566238300209,0.470772147919973,3.93651511038645,"NO","NO","NO",0.557614025539298,0.693146434302623,0.161021761502017,0.988691442796856,0.953776148136264,0.999908874757857,"chr7",126139642,126140040,"+",0,"NA","Intergenic","Intergenic",-1116,"NM_001195774",64297,"Mm.103439","NM_022420","ENSMUSG00000008734","Gprc5b","AW125761|Raig2","G protein-coupled receptor, family C, group 5, member B","protein-coding"]
[55161,"Peak_55735",0.575794889575344,0.623932599988547,0.0481377104132027,5.64859564912407,"NO","NO","NO",0.13250748925565,0.10410332806878,0.877616910448307,0.935939022395776,0.673701323783394,0.999908874757857,"chr7",128125484,128125882,"+",0,"NA","promoter-TSS (NM_028955)","promoter-TSS (NM_028955)",143,"NM_007672",12585,"Mm.1640","NM_007672","ENSMUSG00000030878","Cdr2","AA617262","cerebellar degeneration-related 2","protein-coding"]
[55218,"Peak_55793",-0.132700655202024,0.472170804936428,0.604871460138452,2.64631854030258,"NO","NO","NO",0.876533211161644,0.569730036276441,0.318507871054238,0.996451548154072,0.92648709412247,0.999908874757857,"chr7",130151809,130152207,"+",0,"NA","Intergenic","B1_Mur4|SINE|Alu",37930,"NM_011247",19647,"Mm.4480","NM_011247","ENSMUSG00000030779","Rbbp6","4933422O15Rik|AI316869|BB233631|C030034J04Rik|C77662|P2P-R|PACT","retinoblastoma binding protein 6","protein-coding"]
[55279,"Peak_55855",0.318336938562754,0.350623973741521,0.0322870351787672,2.7285634840323,"NO","NO","NO",0.705008817244639,0.676987221574275,0.957146149204945,0.995224468969567,0.951047438717551,0.999908874757857,"chr7",133015236,133015634,"+",0,"NA","intron (NM_001081022, intron 24 of 27)","intron (NM_001081022, intron 24 of 27)",164045,"NM_001081022",233865,"Mm.274389","NM_001081022","ENSMUSG00000032743","D430042O09Rik","Kiaa0556","RIKEN cDNA D430042O09 gene","protein-coding"]
[55361,"Peak_55937",0.0415396467114091,0.0708424224652934,0.0293027757538844,5.8012788464118,"NO","NO","NO",0.908126838457954,0.844583907167441,0.925203493099083,0.997799251783824,0.977494282942532,0.999908874757857,"chr7",134387832,134388230,"+",0,"NA","promoter-TSS (NM_177362)","promoter-TSS (NM_177362)",-9,"NM_177362",244216,"Mm.41038","NM_177362","ENSMUSG00000054716","Zfp771","G630024C07Rik|Znf771","zinc finger protein 771","protein-coding"]
[55457,"Peak_56033",-0.209181309921189,-0.431145687958799,-0.22196437803761,5.40217049945063,"NO","NO","NO",0.577933442191702,0.257955059864247,0.499044459492493,0.989995385640587,0.810019114883655,0.999908874757857,"chr7",136945007,136945405,"+",0,"NA","Intergenic","Intergenic",-160473,"NR_046077",100043150,"Mm.334264","NR_046077","ENSMUSG00000108504","Gm4265","-","predicted gene 4265","ncRNA"]
[55518,"Peak_56094",0.125812219163702,-0.0895020396097511,-0.215314258773454,2.52096153672953,"NO","NO","NO",0.887445433571301,0.921139972444868,0.750848065190519,0.996451548154072,0.988689613109321,0.999908874757857,"chr7",138620184,138620582,"+",0,"NA","Intergenic","Intergenic",-66094,"NM_008257",15373,"Mm.323562","NM_008257","ENSMUSG00000040148","Hmx3","Nkx-5.1|Nkx5-1|Nkx5.1","H6 homeobox 3","protein-coding"]
[55575,"Peak_56152",-0.327584067949318,0.388797106303427,0.716381174252746,3.34371829409088,"NO","NO","NO",0.600726545984424,0.516864355077227,0.0937802371935258,0.990629663238998,0.912795037915723,0.999908874757857,"chr7",139972279,139972677,"+",0,"NA","intron (NM_212473, intron 1 of 4)","intron (NM_212473, intron 1 of 4)",-3879,"NM_001347630",77938,"Mm.225649","NM_175268","ENSMUSG00000030956","Fam53b","A930008G19Rik|mKIAA0140","family with sequence similarity 53, member B","protein-coding"]
[55636,"Peak_56213",0.687643900933972,0.913601966668404,0.225958065734432,2.5072453252167,"NO","NO","NO",0.451515457054923,0.312396203046865,0.677202371383344,0.978344677090796,0.841721962798419,0.999908874757857,"chr7",141757944,141758342,"+",0,"NA","Intergenic","Intergenic",-104227,"NM_001033420",330662,"Mm.436572","NM_001033420","ENSMUSG00000058325","Dock1","9130006G06Rik|AI854900|D630004B07Rik","dedicator of cytokinesis 1","protein-coding"]
[55693,"Peak_56270",-0.372845761086662,-1.58449389666534,-1.21164813557868,2.77548224783007,"NO","NO","NO",0.554204932459179,0.0234575872860556,0.0218116361951932,0.988644584230152,0.479845426782311,0.999908874757857,"chr7",143440504,143440902,"+",0,"NA","Intergenic","Intergenic",-19304,"NR_102277",77383,"Mm.227745","NR_102277","ENSMUSG00000110027","C030029H02Rik","-","RIKEN cDNA C030029H02 gene","ncRNA"]
[55778,"Peak_56355",-0.115160224207931,0.130218251815061,0.245378476022992,5.21496051883535,"NO","NO","NO",0.761957544072124,0.73128708022245,0.429989224982847,0.996451548154072,0.960763904765077,0.999908874757857,"chr7",146434027,146434425,"+",0,"NA","promoter-TSS (NM_001033206)","promoter-TSS (NM_001033206)",-155,"NM_001098636",101631,"Mm.334300","NM_001033206","ENSMUSG00000060260","Pwwp2b","AI594893|D7Ertd517e|D930023J19Rik|Pwwp2","PWWP domain containing 2B","protein-coding"]
[55812,"Peak_56389",-0.724514799400582,-1.0305215906048,-0.306006791204219,3.39667439671927,"NO","NO","NO",0.182318214050137,0.0645586021191173,0.494429550574722,0.952872791523057,0.613282925865759,0.999908874757857,"chr7",147155905,147156303,"+",0,"NA","Intergenic","Intergenic",8550,"NM_001347613",381933,"Mm.440431","NM_001033465","ENSMUSG00000073795","6430531B16Rik","Gm1093","RIKEN cDNA 6430531B16 gene","protein-coding"]
[55869,"Peak_56446",-0.375369172430258,-0.470897167316028,-0.0955279948857699,5.19814823942414,"NO","NO","NO",0.326493941844228,0.223760905501959,0.772744288587775,0.96334534558877,0.788073497912039,0.999908874757857,"chr7",148524642,148525040,"+",0,"NA","promoter-TSS (NM_133191)","promoter-TSS (NM_133191)",-60,"NM_133191",98845,"Mm.27451","NM_133191","ENSMUSG00000025504","Eps8l2","AI042819|AW545405|Eps8r2","EPS8-like 2","protein-coding"]
[55926,"Peak_56503",0.807027220542359,0.847196575610601,0.0401693550682418,4.20059353853947,"NO","NO","NO",0.107467227550571,0.0934046168820958,0.900776196894982,0.920233657734036,0.659955668671628,0.999908874757857,"chr7",149470349,149470747,"+",0,"NA","Intergenic","Intergenic",-10280,"NM_001199309",100043627,"Mm.388589","NM_001199309","ENSMUSG00000056885","Gm4559","-","predicted gene 4559","protein-coding"]
[55987,"Peak_56564",0.308941139536987,-0.0764186326838544,-0.385359772220841,3.77614364939216,"NO","NO","NO",0.553575901036382,0.887519159544936,0.298657109547437,0.988644584230152,0.983834438649621,0.999908874757857,"chr7",150387227,150387625,"+",0,"NA","intron (NM_008434, intron 10 of 15)","intron (NM_008434, intron 10 of 15)",94267,"NM_008434",16535,"Mm.439769","NM_008434","ENSMUSG00000009545","Kcnq1","AW559127|KVLQT1|Kcna9","potassium voltage-gated channel, subfamily Q, member 1","protein-coding"]
[56083,"Peak_56660",1.40582792419716,0.507827220898701,-0.898000703298456,3.00134804219077,"NO","NO","NO",0.11588553893272,0.585943356300628,0.171716702092388,0.925432450006553,0.930199559168134,0.999908874757857,"chr7",152074786,152075184,"+",0,"NA","Intergenic","Intergenic",-7452,"NM_008003",14170,"Mm.3904","NM_008003","ENSMUSG00000031073","Fgf15","FGF19","fibroblast growth factor 15","protein-coding"]
[56106,"Peak_56683",-0.466842389934355,-0.6365063573901,-0.169663967455746,3.45256096188084,"NO","NO","NO",0.393832308904515,0.254340212046707,0.691694038247726,0.975365594015901,0.808074122923506,0.999908874757857,"chr7",152375230,152375628,"+",0,"NA","intron (NR_132643, intron 20 of 22)","intron (NR_132643, intron 20 of 22)",18595,"NR_033626",100040049,"Mm.102235","NR_033626","ENSMUSG00000109305","1810010D01Rik","Gm2572","RIKEN cDNA 1810010D01 gene","ncRNA"]
[56163,"Peak_56740",-0.367203840525991,-0.979032676708802,-0.611828836182811,2.90481323605324,"NO","NO","NO",0.668966595304798,0.263321834790293,0.427437839439254,0.992748836863206,0.812427007736267,0.999908874757857,"chr8",4267613,4268011,"+",0,"NA","intron (NM_011592, intron 5 of 12)","intron (NM_011592, intron 5 of 12)",8093,"NM_011592",21856,"Mm.195249","NM_011592","ENSMUSG00000002949","Timm44","0710005E20Rik|D8Ertd118e|Mimt44|Tim44","translocase of inner mitochondrial membrane 44","protein-coding"]
[56283,"Peak_56861",0.78259715455957,0.0733149902841645,-0.709282164275406,2.86561070565491,"NO","NO","NO",0.360691464688711,0.933844729402947,0.276070996449347,0.971106104672636,0.990277450197622,0.999908874757857,"chr8",10935219,10935617,"+",0,"NA","Intergenic","Intergenic",-6961,"NR_030715",665306,"Mm.358758","NR_030715","ENSMUSG00000038917","3930402G23Rik","-","RIKEN cDNA 3930402G23 gene","ncRNA"]
[56344,"Peak_56922",1.84694738560296,2.14636887204546,0.299421486442497,2.99215022618517,"NO","NO","NO",0.0447504994827032,0.0171132522727532,0.496172307091009,0.883463615235976,0.440440203330891,0.999908874757857,"chr8",11903971,11904369,"+",0,"NA","Intergenic","Intergenic",63649,"NM_029326",75528,"Mm.440342","NM_029326","ENSMUSG00000031512","Tex29","1700018L24Rik","testis expressed 29","protein-coding"]
[56401,"Peak_56979",-0.021688465543315,-0.825101683479569,-0.803413217936255,3.69071008575815,"NO","NO","NO",0.967895093651711,0.147045015970804,0.0688216346487221,0.999037848652705,0.723178182833545,0.999908874757857,"chr8",12905714,12906112,"+",0,"NA","Intergenic","Intergenic",-9980,"NM_178076",17207,"Mm.334413","NM_178076","ENSMUSG00000031442","Mcf2l","C130040G20Rik|Dbs|Ost|mKIAA0362","mcf.2 transforming sequence-like","protein-coding"]
[56436,"Peak_57014",-0.036436163812223,0.354492345849312,0.390928509661535,3.5488161351661,"NO","NO","NO",0.952104836462846,0.553152890032012,0.370519393056526,0.997839094325673,0.922883271232329,0.999908874757857,"chr8",13530934,13531332,"+",0,"NA","Intergenic","Intergenic",31328,"NM_001080781",66501,"Mm.46136","NM_025601","ENSMUSG00000031452","1700029H14Rik","-","RIKEN cDNA 1700029H14 gene","protein-coding"]
[56520,"Peak_57101",0.241145945736863,0.235203119416539,-0.0059428263203239,2.39527572736593,"NO","NO","NO",0.783760478378762,0.789833735443696,0.992783897885099,0.996451548154072,0.969464466730859,0.999908874757857,"chr8",16497327,16497725,"+",0,"NA","intron (NM_053171, intron 6 of 69)","intron (NM_053171, intron 6 of 69)",-328688,"NR_037214",100526464,null,"NR_037214","ENSMUSG00000093142","Mir3106","mir-3106|mmu-mir-3106","microRNA 3106","ncRNA"]
[56577,"Peak_57158",0.446110818619924,0.810151122926449,0.364040304306525,5.19749529580066,"NO","NO","NO",0.360916203519455,0.0960369532891613,0.37184996913205,0.971106104672636,0.661545387004093,0.999908874757857,"chr8",23508744,23509142,"+",0,"NA","promoter-TSS (NR_045473)","promoter-TSS (NR_045473)",150,"NM_181325",18408,"Mm.200907","NM_181325","ENSMUSG00000031482","Slc25a15","D630044L02Rik|Ornt1","solute carrier family 25 (mitochondrial carrier ornithine transporter), member 15","protein-coding"]
[56638,"Peak_57220",-1.25516557415338,-0.523043816993803,0.732121757159573,2.57963077715105,"NO","NO","NO",0.116476544751025,0.501619770083934,0.270539988475105,0.925432450006553,0.909766740906097,0.999908874757857,"chr8",24739665,24740063,"+",0,"NA","Intergenic","Intergenic",-40269,"NM_177086",320158,"Mm.121274","NM_177086","ENSMUSG00000037492","Zmat4","9630048M01Rik","zinc finger, matrin type 4","protein-coding"]
[56695,"Peak_57278",0.0971195464379464,-0.324252050920178,-0.421371597358125,3.78638281061287,"NO","NO","NO",0.841129346309988,0.521583408624288,0.224238318965102,0.996451548154072,0.91469422468356,0.999908874757857,"chr8",26162563,26162961,"+",0,"NA","intron (NM_031257, intron 10 of 11)","intron (NM_031257, intron 10 of 11)",-13328,"NM_001081187",330723,"Mm.334452","NM_001081187","ENSMUSG00000037406","Htra4","B430206E18Rik","HtrA serine peptidase 4","protein-coding"]
[56741,"Peak_57325",1.702414240716,1.61818351387574,-0.084230726840261,2.68726510709375,"NO","NO","NO",0.0963042830288012,0.116556788704695,0.888134467226006,0.914628189092275,0.690198460451571,0.999908874757857,"chr8",26853345,26853743,"+",0,"NA","intron (NM_028102, intron 7 of 17)","B3A|SINE|B2",11208,"NM_028102",72108,"Mm.246875","NM_028102","ENSMUSG00000061313","Ddhd2","2010305K11Rik|SAMWD1|mKIAA0725","DDHD domain containing 2","protein-coding"]
[56814,"Peak_57398",-1.08252942198997,-0.574513619102859,0.508015802887116,2.11165914931817,"NO","NO","NO",0.202687974372295,0.487883919347981,0.434490847643935,0.953494236567625,0.90693001056195,0.999908874757857,"chr8",31098475,31098873,"+",0,"NA","Intergenic","RMER15|LTR|ERVL",-580193,"NR_045856",71314,"Mm.158666","NR_045856","ENSMUSG00000097044","4933433F19Rik","-","RIKEN cDNA 4933433F19 gene","ncRNA"]
[56871,"Peak_57455",-0.572275314377949,-0.236726814617394,0.335548499760554,4.84568984709747,"NO","NO","NO",0.131150168584923,0.529466118441966,0.270948350194143,0.935132484556608,0.917633040370276,0.999908874757857,"chr8",35040064,35040462,"+",0,"NA","promoter-TSS (NM_019733)","promoter-TSS (NM_019733)",72,"NM_001042674",19663,"Mm.323997","NM_019733","ENSMUSG00000031586","Rbpms","2010300K22Rik|2700019M19Rik|AU017537|RBP-MS|hermes","RNA binding protein gene with multiple splicing","protein-coding"]
[56932,"Peak_57516",0.429937603922447,0.300773824290584,-0.129163779631863,3.95015411669803,"NO","NO","NO",0.376599899528707,0.544705383794398,0.682147806541513,0.972397593291388,0.9207776562026,0.999908874757857,"chr8",36438983,36439381,"+",0,"NA","intron (NM_177741, intron 1 of 1)","intron (NM_177741, intron 1 of 1)",387,"NM_177741",244416,"Mm.247126","NM_177741","ENSMUSG00000046794","Ppp1r3b","6430576E21|AW821953|GL|PTG","protein phosphatase 1, regulatory (inhibitor) subunit 3B","protein-coding"]
[56989,"Peak_57574",0.596311326171526,0.290080191557232,-0.306231134614294,3.6280251209459,"NO","NO","NO",0.296239702931341,0.621780347370395,0.426466153500218,0.959925552157071,0.939765872989439,0.999908874757857,"chr8",38056657,38057055,"+",0,"NA","exon (NM_001039220, exon 1 of 1)","exon (NM_001039220, exon 1 of 1)",227,"NM_001039220",621080,"Mm.373292","NM_001039220","ENSMUSG00000074384","AI429214","-","expressed sequence AI429214","protein-coding"]
[57046,"Peak_57632",-0.0343199621915723,-0.498663981078562,-0.46434401888699,3.35498762308735,"NO","NO","NO",0.950483565832441,0.389335602464017,0.244258763869568,0.997839094325673,0.875782812222806,0.999908874757857,"chr8",42303192,42303590,"+",0,"NA","Intergenic","RLTR20B3|LTR|ERVK",-2881,"NM_145594",234199,"Mm.277955","NM_145594","ENSMUSG00000031594","Fgl1","Mfire1","fibrinogen-like protein 1","protein-coding"]
[57171,"Peak_57757",1.48418910418423,0.889568425165155,-0.594620679019075,3.21753343520563,"NO","NO","NO",0.0377246291994443,0.243142832132146,0.146043043319031,0.872770114606353,0.80150242952602,0.999908874757857,"chr8",48010298,48010696,"+",0,"NA","Intergenic","L1MEc|LINE|L1",-61744,"NM_177304",320981,"Mm.211429","NM_177304","ENSMUSG00000038173","Enpp6","4833421B01Rik|B830047L21Rik|D8Ertd514e|E-NPP 6|GPC-Cpde|Npp6","ectonucleotide pyrophosphatase/phosphodiesterase 6","protein-coding"]
[57228,"Peak_57814",0.717163658713727,0.667418441553921,-0.0497452171598057,3.9772872450041,"NO","NO","NO",0.223121623539895,0.261558913739667,0.906534414532446,0.955108453647405,0.811879674634096,0.999908874757857,"chr8",49593584,49593982,"+",0,"NA","intron (NM_001145937, intron 2 of 26)","intron (NM_001145937, intron 2 of 26)",166261,"NM_011857",23965,"Mm.42191","NM_011857","ENSMUSG00000031561","Tenm3","2610100B16Rik|Odz1|Odz3|Ten-m3|mKIAA1455","teneurin transmembrane protein 3","protein-coding"]
[57285,"Peak_57871",-1.72844046571253,-1.06127711050084,0.667163355211691,2.40940061019785,"NO","NO","NO",0.0179156398997525,0.13494987271812,0.266358914060533,0.821061570634749,0.711515416560669,0.999908874757857,"chr8",59812577,59812975,"+",0,"NA","intron (NR_131041, intron 1 of 2)","intron (NR_131041, intron 1 of 2)",1544,"NR_131041",75996,"Mm.399754","NR_131041","ENSMUSG00000097910","5033428I22Rik","-","RIKEN cDNA 5033428I22 gene","ncRNA"]
[57346,"Peak_57935",1.57116300390259,0.914584632730818,-0.656578371171768,2.40103705675848,"NO","NO","NO",0.125513681134475,0.400552498233203,0.285407956260145,0.931895751392203,0.878887100758906,0.999908874757857,"chr8",63656638,63657036,"+",0,"NA","Intergenic","Intergenic",-46131,"NM_021506",59009,"Mm.27949","NM_021506","ENSMUSG00000031642","Sh3rf1","2200003J05Rik|Posh|R75531|Sh3md2","SH3 domain containing ring finger 1","protein-coding"]
[57403,"Peak_57994",0.0977573812935896,0.672437271791417,0.574679890497827,5.32173529014868,"NO","NO","NO",0.803766660487908,0.0820079274961714,0.0660244543227794,0.996451548154072,0.642831079027895,0.999908874757857,"chr8",67373607,67374005,"+",0,"NA","promoter-TSS (NM_178633)","promoter-TSS (NM_178633)",16,"NM_178633",77113,"Mm.350347","NM_178633","ENSMUSG00000031605","Klhl2","6030411N21Rik|ABP-KELCH|AU020744|Mav","kelch-like 2, Mayven","protein-coding"]
[57463,"Peak_58057",0.304094408547303,0.107442036052207,-0.196652372495097,5.21476265271432,"NO","NO","NO",0.457097467777857,0.795451088235019,0.563216662023132,0.979196832728091,0.970043577071334,0.999908874757857,"chr8",71707848,71708246,"+",0,"NA","Intergenic","Intergenic",-24898,"NM_001013379",234358,"Mm.334577","NM_001013379","ENSMUSG00000059897","Zfp930","-","zinc finger protein 930","protein-coding"]
[57522,"Peak_58116",-0.538536976752524,-0.774803491351304,-0.23626651459878,4.12994967934138,"NO","NO","NO",0.326327264832364,0.161969989267472,0.629614359908262,0.963272019067382,0.73601955039768,0.999908874757857,"chr8",72840710,72841108,"+",0,"NA","intron (NM_138647, intron 1 of 7)","intron (NM_138647, intron 1 of 7)",1235,"NM_138647",93898,"Mm.258280","NM_138647","ENSMUSG00000087408","Cers1","Lass1|Uog-1|to","ceramide synthase 1","protein-coding"]
[57579,"Peak_58173",-0.36335506607861,-0.141661652207516,0.221693413871095,4.62865147424083,"NO","NO","NO",0.374311514374327,0.728128769235632,0.492670278304435,0.972397593291388,0.959942403382516,0.999908874757857,"chr8",73393382,73393780,"+",0,"NA","intron (NM_026964, intron 2 of 4)","intron (NM_026964, intron 2 of 4)",3808,"NM_026964",234388,"Mm.295791","NM_026964","ENSMUSG00000007721","Ccdc124","1810023B24Rik","coiled-coil domain containing 124","protein-coding"]
[57640,"Peak_58234",1.08133950402546,1.43682018233806,0.355480678312593,1.58695142680782,"NO","NO","NO",0.426088810922021,0.278122112443811,0.582728587066603,0.977408255892978,0.822865380745138,0.999908874757857,"chr8",74548787,74549185,"+",0,"NA","Intergenic","RLTR46|LTR|ERVK",-15461,"NM_024444",72054,"Mm.160020","NM_024444","ENSMUSG00000003484","Cyp4f18","1810054N16Rik|Cyp4f3|Cypf18","cytochrome P450, family 4, subfamily f, polypeptide 18","protein-coding"]
[57697,"Peak_58291",2.3562690292716,2.33093531663862,-0.0253337126329791,3.7970852861564,"UP","UP","NO",0.00094713849342652,1.20462238097144E-3,0.940092088377184,0.604255603588428,0.167357928913553,0.999908874757857,"chr8",77735333,77735731,"+",0,"NA","Intergenic","Intergenic",-2311,"NM_029182",75141,"Mm.179267","NM_029182","ENSMUSG00000034472","Rasd2","4930526B11Rik|AU045414|Rhes|TEM-2|TEM2","RASD family, member 2","protein-coding"]
[57768,"Peak_58362",1.39365337003604,1.44810767296478,0.0544543029287373,2.45344378059841,"NO","NO","NO",0.234305424202901,0.213789330667404,0.943748260962279,0.956378319145459,0.781018291113023,0.999908874757857,"chr8",81321615,81322013,"+",0,"NA","Intergenic","Intergenic",23237,"NM_030145",78651,"Mm.28694","NM_030145","ENSMUSG00000031683","Lsm6","1500031N17Rik|2410088K19Rik|AI747288","LSM6 homolog, U6 small nuclear RNA and mRNA degradation associated","protein-coding"]
[57816,"Peak_58410",-0.583308514129697,-0.494021025290556,0.0892874888391409,2.53942648104503,"NO","NO","NO",0.439824506206527,0.515017292963521,0.875153958398475,0.978303794050262,0.912586197986701,0.999908874757857,"chr8",82729123,82729521,"+",0,"NA","Intergenic","Intergenic",-147415,"NM_020259",15245,"Mm.254493","NM_020259","ENSMUSG00000064325","Hhip","Hhip1","Hedgehog-interacting protein","protein-coding"]
[57873,"Peak_58468",0.310464952765931,0.565959974412156,0.255495021646226,5.77736376080277,"NO","NO","NO",0.44488856886999,0.163835204577727,0.466804358802159,0.978344677090796,0.738217705607957,0.999908874757857,"chr8",85966166,85966564,"+",0,"NA","5' UTR (NM_001285992, exon 1 of 4)","5' UTR (NM_001285992, exon 1 of 4)",196,"NM_001285992",56367,"Mm.246911","NM_019708","ENSMUSG00000063253","Scoc","0610011C06Rik|2810002J11Rik|AA415030|SCOCO","short coiled-coil protein","protein-coding"]
[57934,"Peak_58529",0.00283495879094386,0.0652696502717249,0.062434691480781,4.07557880542558,"NO","NO","NO",0.995222962397578,0.887543693512853,0.845560175912579,0.999576874814903,0.983834438649621,0.999908874757857,"chr8",86881631,86882029,"+",0,"NA","Intergenic","Intergenic",-57433,"NM_007578",12286,"Mm.334658","NM_007578","ENSMUSG00000034656","Cacna1a","APCA|BI|Caca1a|Cacnl1a4|Cav2.1|Ccha1a|EA2|FHM|HPCA|MHP|MHP1|SCA6|alpha1A|la|nmf352|rkr|smrl|tg","calcium channel, voltage-dependent, P/Q type, alpha 1A subunit","protein-coding"]
[58054,"Peak_58649",-0.165902885797908,0.133415565564704,0.299318451362611,5.31213164806478,"NO","NO","NO",0.668689816309174,0.728917339543259,0.357675429529316,0.99272747920503,0.960089076077951,0.999908874757857,"chr8",89269585,89269983,"+",0,"NA","non-coding (NR_027829, exon 1 of 1)","non-coding (NR_027829, exon 1 of 1)",121,"NM_009172",20437,"Mm.324553","NM_009172","ENSMUSG00000036840","Siah1a","AA982064|AI853500|Sinh1a","seven in absentia 1A","protein-coding"]
[58073,"Peak_58668",0.559658406121637,0.0299741235926645,-0.529684282528973,4.03992080716504,"NO","NO","NO",0.237367996788992,0.951935674628348,0.100756134777701,0.956996614837851,0.992114606145815,0.999908874757857,"chr8",89873585,89873983,"+",0,"NA","Intergenic","Intergenic",122707,"NM_019626",12404,"Mm.4880","NM_019626","ENSMUSG00000031654","Cbln1","AI323299","cerebellin 1 precursor protein","protein-coding"]
[58173,"Peak_58768",-0.930616576769654,-0.358511140731864,0.57210543603779,2.26020825653394,"NO","NO","NO",0.257886517257513,0.653534485846108,0.346370355656867,0.9584185922148,0.946736994470192,0.999908874757857,"chr8",92006351,92006749,"+",0,"NA","Intergenic","Intergenic",-438489,"NM_021390",58198,"Mm.214361","NM_021390","ENSMUSG00000031665","Sall1","Msal-3","sal-like 1 (Drosophila)","protein-coding"]
[58230,"Peak_58825",0.986188069266368,0.820360739163023,-0.165827330103345,2.95456429528274,"NO","NO","NO",0.220701006392705,0.318094806599199,0.745602222670825,0.954504329026433,0.843948222873333,0.999908874757857,"chr8",94033385,94033783,"+",0,"NA","intron (NM_011936, intron 7 of 8)","intron (NM_011936, intron 7 of 8)",196160,"NM_011936",26383,"Mm.4375","NM_011936","ENSMUSG00000055932","Fto","AW743446|mKIAA1752","fat mass and obesity associated","protein-coding"]
[58291,"Peak_58887",0.432035929817313,0.305767018212784,-0.126268911604529,3.94800780541652,"NO","NO","NO",0.442292586334506,0.592927817462773,0.763532500146339,0.978344677090796,0.931793940995545,0.999908874757857,"chr8",95311628,95312026,"+",0,"NA","Intergenic","Intergenic",-39369,"NM_008610",17390,"Mm.29564","NM_008610","ENSMUSG00000031740","Mmp2","Clg4a|GelA|MMP-2","matrix metallopeptidase 2","protein-coding"]
[58348,"Peak_58944",0.335008557033314,0.516712000148513,0.181703443115199,2.83023042098303,"NO","NO","NO",0.664715652157044,0.502210893964356,0.720532486268103,0.992128801173048,0.909766740906097,0.999908874757857,"chr8",96723342,96723740,"+",0,"NA","Intergenic","Intergenic",-14960,"NM_172410",71805,"Mm.458170","NM_172410","ENSMUSG00000032939","Nup93","2410008G02Rik","nucleoporin 93","protein-coding"]
[58405,"Peak_59001",-0.523189846599368,-0.540203019713067,-0.0170131731136992,3.23434232945252,"NO","NO","NO",0.365490004497667,0.355660348190392,0.969517474526183,0.971497355981173,0.860292435751947,0.999908874757857,"chr8",97673139,97673537,"+",0,"NA","Intergenic","Intergenic",-6898,"NM_001145831",16582,"Mm.378951","NM_010631","ENSMUSG00000031788","Kifc3","AI325457|BB123200","kinesin family member C3","protein-coding"]
[58490,"Peak_59087",0.31856040849197,0.279822115360242,-0.0387382931317273,2.10781402846936,"NO","NO","NO",0.73542382416594,0.769747738884339,0.947759023698389,0.995754237914056,0.966654332618186,0.999908874757857,"chr8",105919228,105919626,"+",0,"NA","Intergenic","ORR1E|LTR|MaLR",-47993,"NR_036588",69794,"Mm.396139","NR_036588","ENSMUSG00000110340","1600027J07Rik","-","RIKEN cDNA 1600027J07 gene","ncRNA"]
[58524,"Peak_59121",-0.418942827822794,-0.5440629001862,-0.125120072363405,4.09595840493545,"NO","NO","NO",0.41460643297545,0.295043682187177,0.771071350930651,0.97715903182755,0.831537186957658,0.999908874757857,"chr8",106898893,106899291,"+",0,"NA","intron (NM_153582, intron 1 of 3)","intron (NM_153582, intron 1 of 3)",20615,"NM_153582",97487,"Mm.29658","NM_153582","ENSMUSG00000096188","Cmtm4","Cklfsf4|D19397|ENSMUSG00000051554|Gm9853","CKLF-like MARVEL transmembrane domain containing 4","protein-coding"]
[58581,"Peak_59178",-0.366352123093721,-0.15472489990693,0.211627223186791,5.84559233124387,"NO","NO","NO",0.338680285966795,0.686179803749087,0.541921015126935,0.967496724839587,0.952790035405284,0.999908874757857,"chr8",108089707,108090105,"+",0,"NA","promoter-TSS (NM_013477)","promoter-TSS (NM_013477)",34,"NM_013477",11972,"Mm.17708","NM_013477","ENSMUSG00000013160","Atp6v0d1","AI267038|Ac39|Atp6d|P39|VATX|Vma6","ATPase, H+ transporting, lysosomal V0 subunit D1","protein-coding"]
[58642,"Peak_59240",0.141109167546148,0.5829290186053,0.441819851059152,3.55238919568781,"NO","NO","NO",0.807980501287383,0.303953189687373,0.237117083606056,0.996451548154072,0.836355641689815,0.999908874757857,"chr8",109142267,109142665,"+",0,"NA","intron (NM_009864, intron 2 of 15)","intron (NM_009864, intron 2 of 15)",15216,"NM_009864",12550,"Mm.35605","NM_009864","ENSMUSG00000000303","Cdh1","AA960649|ARC-1|E-cad|Ecad|L-CAM|UVO|Um","cadherin 1","protein-coding"]
[58699,"Peak_59297",-1.07131519169185,-0.750508267652134,0.320806924039716,2.41067490066205,"NO","NO","NO",0.149414556200577,0.308758273845386,0.580084982079792,0.943529907756132,0.839240036044781,0.999908874757857,"chr8",110602653,110603051,"+",0,"NA","Intergenic","Intergenic",-490470,"NM_010817",17463,"Mm.18347","NM_010817","ENSMUSG00000039067","Psmd7","AW107203|Mov-34|Mov34","proteasome (prosome, macropain) 26S subunit, non-ATPase, 7","protein-coding"]
[58795,"Peak_59394",0.340359470872163,0.946707748196676,0.606348277324514,3.6651526074516,"NO","NO","NO",0.568572979300211,0.0999648722983187,0.100006149344,0.989871165956955,0.667155454262964,0.999908874757857,"chr8",113426127,113426525,"+",0,"NA","promoter-TSS (NM_172283)","promoter-TSS (NM_172283)",62,"NM_172283",234730,"Mm.102591","NM_172283","ENSMUSG00000033703","Fuk","1110046B12Rik|AI303278","fucokinase","protein-coding"]
[58818,"Peak_59417",-1.02665392878088,-0.988539885816437,0.0381140429644462,3.17607285388262,"NO","NO","NO",0.109415620699798,0.122119606282576,0.94435526702632,0.921787000934067,0.698526316060726,0.999908874757857,"chr8",113899041,113899439,"+",0,"NA","intron (NM_178086, intron 1 of 6)","intron (NM_178086, intron 1 of 6)",18481,"NM_178086",338521,"Mm.41083","NM_178086","ENSMUSG00000033579","Fa2h","FAAH|Faxdc1|G630055L08Rik","fatty acid 2-hydroxylase","protein-coding"]
[58938,"Peak_59537",-0.040164289644542,-0.863870696480518,-0.823706406835976,3.36504569528083,"NO","NO","NO",0.941458031048199,0.141596605126502,0.0501339143493315,0.997839094325673,0.716500616297415,0.999908874757857,"chr8",118205542,118205940,"+",0,"NA","Intergenic","Intergenic",25053,"NM_001025577",17132,"Mm.275549","NM_001025577","ENSMUSG00000055435","Maf","2810401A20Rik|A230108G15Rik|AW047063|c-maf","avian musculoaponeurotic fibrosarcoma oncogene homolog","protein-coding"]
[58999,"Peak_59598",0.814128460379815,0.560669109814951,-0.253459350564864,3.03960500415311,"NO","NO","NO",0.323140743713608,0.501067535006789,0.671166151063408,0.962286811317651,0.909745268285216,0.999908874757857,"chr8",120197458,120197856,"+",0,"NA","Intergenic","Intergenic",-2242,"NM_028725",74032,"Mm.296302","NM_028725","ENSMUSG00000034308","Sdr42e1","4632417N05Rik|AI117603","short chain dehydrogenase/reductase family 42E, member 1","protein-coding"]
[59056,"Peak_59655",-0.54293800308962,-0.621256655179997,-0.0783186520903771,3.51789408074302,"NO","NO","NO",0.290832668990437,0.234473966797712,0.841588635078216,0.959925552157071,0.795815974684048,0.999908874757857,"chr8",122267590,122267988,"+",0,"NA","intron (NM_026922, intron 13 of 26)","B3A|SINE|B2",34527,"NM_028883",74347,"Mm.358759","NM_028883","ENSMUSG00000034105","Tldc1","4632415K11Rik|Kiaa1609","TBC/LysM associated domain containing 1","protein-coding"]
[59100,"Peak_59699",-0.938254508663805,-1.0829536867902,-0.144699178126399,5.31996939305172,"NO","DOWN","NO",0.0127023620642411,0.0045463089194885,0.674584822404419,0.789931406387149,0.281408224338291,0.999908874757857,"chr8",122846939,122847337,"+",0,"NA","Intergenic","Intergenic",-95008,"NR_110496",434353,"Mm.411793","NR_110496","ENSMUSG00000097960","A330074K22Rik","-","RIKEN cDNA A330074K22 gene","ncRNA"]
[59175,"Peak_59774",-0.0360360318167795,-0.462985733459518,-0.426949701642739,3.7913077201004,"NO","NO","NO",0.944095998888127,0.384466834611664,0.280482097424834,0.997839094325673,0.874364558376583,0.999908874757857,"chr8",123788125,123788523,"+",0,"NA","Intergenic","Intergenic",136739,"NM_008024",14241,"Mm.5111","NM_008024","ENSMUSG00000097084","Foxl1","FREAC7|Fkh6|fkh-6","forkhead box L1","protein-coding"]
[59232,"Peak_59831",0.229116554744298,-0.29740706723079,-0.526523621975087,2.85692471896839,"NO","NO","NO",0.7828247886289,0.724951046850166,0.439354955173618,0.996451548154072,0.9594212034823,0.999908874757857,"chr8",124708577,124708975,"+",0,"NA","Intergenic","Intergenic",-97265,"NM_009569",22761,"Mm.3105","NM_009569","ENSMUSG00000049577","Zfpm1","FOG|Fog1","zinc finger protein, multitype 1","protein-coding"]
[59293,"Peak_59892",0.167956211898186,-0.00443179801294221,-0.172388009911128,5.10611076075454,"NO","NO","NO",0.663203966068773,0.99090702946694,0.581119391228498,0.992128801173048,0.99861851991234,0.999908874757857,"chr8",125626301,125626699,"+",0,"NA","promoter-TSS (NR_028128)","promoter-TSS (NR_028128)",250,"NM_016738",270106,"Mm.319719","NM_016738","ENSMUSG00000000740","Rpl13","A52|L13","ribosomal protein L13","protein-coding"]
[59350,"Peak_59949",-0.195970989748947,0.125099886261209,0.321070876010157,5.33097947869053,"NO","NO","NO",0.622116891107552,0.752271661649966,0.343192468634385,0.991059621898655,0.963532177587604,0.999908874757857,"chr8",126506506,126506904,"+",0,"NA","exon (NM_019552, exon 1 of 13)","exon (NM_019552, exon 1 of 13)",317,"NM_019552",56199,"Mm.274243","NM_019552","ENSMUSG00000031974","Abcb10","Abc-me|Abcb12","ATP-binding cassette, sub-family B (MDR/TAP), member 10","protein-coding"]
[59407,"Peak_60006",-0.420637302738076,-0.0764409843219079,0.344196318416168,3.44784663526337,"NO","NO","NO",0.44938442930781,0.889571085851174,0.387980276928472,0.978344677090796,0.983834438649621,0.999908874757857,"chr8",127760171,127760569,"+",0,"NA","intron (NM_174854, intron 11 of 12)","intron (NM_174854, intron 11 of 12)",182275,"NM_174853",244667,"Mm.233504","NM_170596","ENSMUSG00000043051","Disc1","-","disrupted in schizophrenia 1","protein-coding"]
[59453,"Peak_60054",-0.312334013472223,-0.717173889504563,-0.40483987603234,2.85945096098029,"NO","NO","NO",0.65325017198933,0.316880260247422,0.46896968886198,0.992128801173048,0.843460692717402,0.999908874757857,"chr8",128479578,128479976,"+",0,"NA","Intergenic","Intergenic",-39225,"NM_008430",16525,"Mm.10800","NM_008430","ENSMUSG00000033998","Kcnk1","AI788889|TWIK-1","potassium channel, subfamily K, member 1","protein-coding"]
[59526,"Peak_60127",-0.916762925691385,-1.08608988270546,-0.169326957014073,3.67890664185177,"NO","NO","NO",0.0456817445364842,0.021606769645357,0.645812974138222,0.884547564639272,0.46779336751983,0.999908874757857,"chr8",129778285,129778683,"+",0,"NA","intron (NM_033620, intron 2 of 24)","intron (NM_033620, intron 2 of 24)",-45028,"NM_001013581",93742,"Mm.299254","NM_033620","ENSMUSG00000025812","Pard3","AA960621|AI256638|Asip|D8Ertd580e|Par-3|Par3|Pard-3|Pard3a|Phip","par-3 family cell polarity regulator","protein-coding"]
[59587,"Peak_60189",1.4692026232491,1.9874027767166,0.518200153467503,3.64919311662867,"NO","UP","NO",0.0336968220161281,0.00275196808989706,0.13026657378362,0.856134607773562,0.233016840789234,0.999908874757857,"chr9",6668198,6668596,"+",0,"NA","Intergenic","Intergenic",-401850,"NM_027942",71829,"Mm.141452","NM_027942","ENSMUSG00000047619","Ddi1","1700011N24Rik","DNA-damage inducible 1","protein-coding"]
[59644,"Peak_60246",1.40887290115476,1.29389943454928,-0.114973466605476,3.3234362859165,"NO","NO","NO",0.0531692116263196,0.081449937924318,0.780173377676175,0.893243512684315,0.642053521432737,0.999908874757857,"chr9",13345407,13345805,"+",0,"NA","Intergenic","Intergenic",-78827,"NM_001013813",270118,"Mm.116898","NM_173776","ENSMUSG00000031925","Maml2","5930431H10|BC032967","mastermind like 2 (Drosophila)","protein-coding"]
[59701,"Peak_60303",-0.597837138552608,-0.410524664305869,0.187312474246738,3.13091507212177,"NO","NO","NO",0.32025329913124,0.494356518927476,0.677669889324149,0.961869032957783,0.907903443913105,0.999908874757857,"chr9",14519382,14519780,"+",0,"NA","intron (NM_177905, intron 11 of 18)","intron (NM_177905, intron 11 of 18)",25596,"NM_177905",330890,"Mm.334969","NM_177905","ENSMUSG00000036912","Piwil4","9230101H05Rik|Miwi2","piwi-like RNA-mediated gene silencing 4","protein-coding"]
[59822,"Peak_60426",-0.081545616643424,-0.0411109426694986,0.0404346739739254,3.04911425270965,"NO","NO","NO",0.912576145314515,0.955997748448681,0.944322695220913,0.997799251783824,0.992648841193155,0.999908874757857,"chr9",20819994,20820392,"+",0,"NA","promoter-TSS (NM_010493)","promoter-TSS (NM_010493)",-191,"NM_010493",15894,"Mm.435508","NM_010493","ENSMUSG00000037405","Icam1","CD54|Icam-1|Ly-47|MALA-2","intercellular adhesion molecule 1","protein-coding"]
[59883,"Peak_60487",-0.893649619954129,-0.7625254042778,0.13112421567633,4.04915559747582,"NO","NO","NO",0.053935722154139,0.0990358180193625,0.73364926148233,0.893879164795294,0.666212469701834,0.999908874757857,"chr9",21854952,21855350,"+",0,"NA","intron (NM_010487, intron 1 of 6)","CpG",1316,"NM_010487",15571,"Mm.390167","NM_010487","ENSMUSG00000003410","Elavl3","2600009P04Rik|Huc|PLE21|mHuC","ELAV (embryonic lethal, abnormal vision, Drosophila)-like 3 (Hu antigen C)","protein-coding"]
[59940,"Peak_60545",0.580528371292524,0.552371469355909,-0.0281569019366156,2.67538294930532,"NO","NO","NO",0.476201644639403,0.503054107152247,0.956073969393811,0.981629453947196,0.909766740906097,0.999908874757857,"chr9",23105136,23105534,"+",0,"NA","intron (NM_028472, intron 5 of 14)","intron (NM_028472, intron 5 of 14)",77815,"NM_028472",73230,"Mm.335020","NM_028472","ENSMUSG00000031963","Bmper","3110056H04Rik|CV-2|Crim3|Cv2","BMP-binding endothelial regulator","protein-coding"]
[60001,"Peak_60607",0.0339152767210624,-0.0830709591515953,-0.116986235872658,5.94197813065558,"NO","NO","NO",0.926013511212597,0.821212873870561,0.719848978139059,0.997839094325673,0.973412423257914,0.999908874757857,"chr9",26806938,26807336,"+",0,"NA","promoter-TSS (NM_144543)","promoter-TSS (NM_144543)",-3,"NM_025862",66948,"Mm.289244","NM_025862","ENSMUSG00000031969","Acad8","2310016C19Rik|AI786953","acyl-Coenzyme A dehydrogenase family, member 8","protein-coding"]
[60058,"Peak_60666",-0.378335225205047,0.0593109161365263,0.437646141341574,2.38454589201837,"NO","NO","NO",0.644937158535196,0.94119042587342,0.43343884851144,0.992128801173048,0.991176130511677,0.999908874757857,"chr9",29462477,29462875,"+",0,"NA","intron (NM_172290, intron 1 of 7)","intron (NM_172290, intron 1 of 7)",308038,"NM_172290",235106,"Mm.283138","NM_172290","ENSMUSG00000059974","Ntm","6230410L23Rik|B230210G24Rik|Hnt|Igdcc2|R75390","neurotrimin","protein-coding"]
[60127,"Peak_60737",1.31332182733255,1.29351059137179,-0.0198112359607578,3.56976665527186,"NO","NO","NO",0.0422826209573244,0.0477497075809602,0.955492189976212,0.881930402573094,0.569964432805112,0.999908874757857,"chr9",31151758,31152156,"+",0,"NA","intron (NM_001080817, intron 9 of 20)","intron (NM_001080817, intron 9 of 20)",29265,"NM_001080817",382066,"Mm.335039","NM_199315","ENSMUSG00000042496","Prdm10","Gm1112|tristanin","PR domain containing 10","protein-coding"]
[60177,"Peak_60787",-1.73917233944471,-1.29589614072058,0.443276198724127,2.878138930576,"DOWN","NO","NO",0.00755932985845573,0.0427207591435617,0.432588268742047,0.761028904327067,0.553136904435476,0.999908874757857,"chr9",32327177,32327575,"+",0,"NA","intron (NM_008026, intron 1 of 8)","intron (NM_008026, intron 1 of 8)",21661,"NM_008026",14247,"Mm.258908","NM_008026","ENSMUSG00000016087","Fli1","EWSR2|Fli-1|SIC-1|Sic1","Friend leukemia integration 1","protein-coding"]
[60234,"Peak_60846",1.07617248369341,0.81635161368347,-0.259820870009944,3.7116924493577,"NO","NO","NO",0.0651221392452143,0.174684562575693,0.460820718091999,0.905605480107602,0.748957652890922,0.999908874757857,"chr9",34689771,34690169,"+",0,"NA","intron (NM_001190912, intron 1 of 15)","intron (NM_001190912, intron 1 of 15)",-234343,"NR_029475",78934,"Mm.391688","NR_029475","ENSMUSG00000070315","4930581F22Rik","-","RIKEN cDNA 4930581F22 gene","ncRNA"]
[60295,"Peak_60908",-1.58189944385583,-0.566354438675023,1.0155450051808,3.46238894461012,"DOWN","NO","UP",0.00175721874531346,0.234037665581037,0.00803966508446799,0.650736477431138,0.795688134229696,0.999908874757857,"chr9",37037514,37037912,"+",0,"NA","3' UTR (NM_020258, exon 18 of 18)","3' UTR (NM_020258, exon 18 of 18)",21812,"NM_001310096",66279,"Mm.41451","NM_025464","ENSMUSG00000032121","Tmem218","1810021J13Rik|AV004931","transmembrane protein 218","protein-coding"]
[60352,"Peak_60966",0.309630156180819,0.29786867467377,-0.0117614815070492,4.11939661734948,"NO","NO","NO",0.544610146823524,0.563454171178898,0.974815757709468,0.988113766393189,0.925528979907744,0.999908874757857,"chr9",40494125,40494523,"+",0,"NA","5' UTR (NM_133733, exon 1 of 7)","5' UTR (NM_133733, exon 1 of 7)",277,"NM_133733",71566,"Mm.280560","NM_133733","ENSMUSG00000032024","Clmp","9030425E11Rik|ACAM|ASP5|AW557819","CXADR-like membrane protein","protein-coding"]
[60413,"Peak_61028",1.70363889991267,1.07087280055989,-0.63276609935278,3.03678103835712,"NO","NO","NO",0.0343982400778802,0.212486620362011,0.165006144400801,0.858104915856867,0.780864430177218,0.999908874757857,"chr9",41669157,41669555,"+",0,"NA","Intergenic","Intergenic",263016,"NM_011436",20660,"Mm.121920","NM_011436","ENSMUSG00000049313","Sorl1","2900010L19Rik|AI596264|AW261561|LR11|SorLA|gp250|mSorLA","sortilin-related receptor, LDLR class A repeats-containing","protein-coding"]
[60480,"Peak_61096",-1.20479813695087,-0.626331354766899,0.578466782183975,2.60046243681461,"NO","NO","NO",0.0957571910276849,0.373262429010516,0.307814482933215,0.914628189092275,0.867975043588743,0.999908874757857,"chr9",42940563,42940961,"+",0,"NA","intron (NM_011139, intron 10 of 12)","intron (NM_011139, intron 10 of 12)",-16109,"NM_001034863",235300,"Mm.261326","NM_001034863","ENSMUSG00000048503","Tmem136","AA396355|Gm184","transmembrane protein 136","protein-coding"]
[60528,"Peak_61145",-0.0591804357594994,0.230139732816973,0.289320168576473,3.31910693713189,"NO","NO","NO",0.924061440520082,0.708789228845304,0.506897256391852,0.997839094325673,0.956122093576995,0.999908874757857,"chr9",43792748,43793146,"+",0,"NA","Intergenic","Intergenic",-58520,"NM_009382",21838,"Mm.3951","NM_009382","ENSMUSG00000032011","Thy1","CD90|T25|Thy-1|Thy-1.2|Thy1.1|Thy1.2","thymus cell antigen 1, theta","protein-coding"]
[60589,"Peak_61206",-0.730108810290334,-0.97225233911526,-0.242143528824926,2.82979348402048,"NO","NO","NO",0.351181871294308,0.219884258309121,0.726834578031561,0.970570941478962,0.784456959968019,0.999908874757857,"chr9",44787518,44787916,"+",0,"NA","intron (NM_009850, intron 1 of 6)","intron (NM_009850, intron 1 of 6)",797,"NM_009850",12502,"Mm.335106","NM_009850","ENSMUSG00000002033","Cd3g","Ctg-3|Ctg3|T3g","CD3 antigen, gamma polypeptide","protein-coding"]
[60709,"Peak_61327",-0.0424911260035957,-0.432167806684888,-0.389676680681292,4.11245202731205,"NO","NO","NO",0.926745307295108,0.365893718728545,0.276010489310364,0.997839094325673,0.864629883379513,0.999908874757857,"chr9",47266938,47267336,"+",0,"NA","Intergenic","Intergenic",-71116,"NM_001310841",54725,"Mm.234832","NM_018770","ENSMUSG00000032076","Cadm1","2900073G06Rik|3100001I08Rik|AI987920|Bl2|Igsf4|Igsf4a|Necl2|RA175|RA175A|RA175B|RA175C|RA175N|ST17|SgIGSF|SynCam|Tslc1","cell adhesion molecule 1","protein-coding"]
[60766,"Peak_61384",0.295089324622557,0.551909995598118,0.256820670975561,3.26830881215666,"NO","NO","NO",0.645470422513254,0.386013293078645,0.528992232608542,0.992128801173048,0.875016849634988,0.999908874757857,"chr9",48724327,48724725,"+",0,"NA","Intergenic","Intergenic",-5322,"NM_001099644",15561,"Mm.4831","NM_013561","ENSMUSG00000032269","Htr3a","5-HT3","5-hydroxytryptamine (serotonin) receptor 3A","protein-coding"]
[60785,"Peak_61403",0.435772793129754,0.482207439508329,0.0464346463785741,4.03509509120407,"NO","NO","NO",0.407134330176667,0.359117763863089,0.899061020064154,0.975982217513585,0.861126669825641,0.999908874757857,"chr9",49297093,49297491,"+",0,"NA","Intergenic","Intergenic",-2962,"NM_172770",235330,"Mm.177413","NM_172770","ENSMUSG00000040219","Ttc12","E330017O07Rik","tetratricopeptide repeat domain 12","protein-coding"]
[60885,"Peak_61504",0.289181908923446,0.563379138626215,0.274197229702769,2.5523369332775,"NO","NO","NO",0.733084866629191,0.501882384746489,0.612123213925066,0.995754237914056,0.909766740906097,0.999908874757857,"chr9",52106386,52106784,"+",0,"NA","Intergenic","Intergenic",-130369,"NM_001162921",244871,"Mm.295686","NM_001162921","ENSMUSG00000035164","Zc3h12c","A230108E06|C230027N18Rik|mKIAA1726","zinc finger CCCH type containing 12C","protein-coding"]
[60946,"Peak_61565",-0.168867183522723,-0.476143421969022,-0.307276238446299,3.02492981847532,"NO","NO","NO",0.79566878286802,0.479825356025795,0.534292592810472,0.996451548154072,0.904731329305023,0.999908874757857,"chr9",54703540,54703938,"+",0,"NA","Intergenic","Intergenic",-7823,"NM_022655",64602,"Mm.208991","NM_022655","ENSMUSG00000032293","Ireb2","D9Ertd85e|Irp2","iron responsive element binding protein 2","protein-coding"]
[61003,"Peak_61623",0.136413737025785,0.343336790046016,0.206923053020231,6.13211665437629,"NO","NO","NO",0.724669112269315,0.375775979841592,0.552214621139763,0.995739075798108,0.870234222262253,0.999908874757857,"chr9",56265649,56266047,"+",0,"NA","promoter-TSS (NM_172924)","promoter-TSS (NM_172924)",9,"NM_172924",244895,"Mm.490331","NM_172924","ENSMUSG00000074305","Peak1","1110049L02Rik|9530046P14|AA690169|BE132841|C230081A13Rik|SGK269|mKIAA2002","pseudopodium-enriched atypical kinase 1","protein-coding"]
[61060,"Peak_61681",-0.0155853268934063,-0.412286157208717,-0.396700830315311,3.78218519871908,"NO","NO","NO",0.97791366349669,0.478745842105117,0.397875162493817,0.99912239587061,0.904191082887355,0.999908874757857,"chr9",57477119,57477517,"+",0,"NA","intron (NM_001304761, intron 7 of 14)","intron (NM_001304761, intron 7 of 14)",-8737,"NM_199222",235416,"Mm.295630","NM_199222","ENSMUSG00000056271","Lman1l","BC020188|slamp","lectin, mannose-binding 1 like","protein-coding"]
[61090,"Peak_61711",-0.724635487924577,-0.900782053404968,-0.17614656548039,3.69568168534822,"NO","NO","NO",0.12440806407198,0.0622106516227846,0.635442717152882,0.931271014344117,0.607058654901232,0.999908874757857,"chr9",57900911,57901309,"+",0,"NA","intron (NM_001166282, intron 11 of 19)","intron (NM_001166282, intron 11 of 19)",21029,"NM_001243265",330951,"Mm.406992","NM_001243265",null,"Gm16130","E330033L03|OTTMUSG00000030814","predicted gene 16130","protein-coding"]
[61179,"Peak_61800",-0.66868497876913,-0.929286923160136,-0.260601944391006,2.92964301450005,"NO","NO","NO",0.294138614004066,0.156827762277371,0.612300107413479,0.959925552157071,0.731417993207769,0.999908874757857,"chr9",59823170,59823568,"+",0,"NA","intron (NM_001040426, intron 17 of 17)","ID_B1|SINE|B4",24268,"NM_001101600",665389,"Mm.335214","NM_001101600",null,"Gm7616","EG665389","predicted gene 7616","protein-coding"]
[61240,"Peak_61861",0.239826807729092,0.533290294651322,0.293463486922231,5.63856032606957,"NO","NO","NO",0.575970395627166,0.213373867879334,0.432952650705429,0.989965746657392,0.781014050390442,0.999908874757857,"chr9",61220045,61220443,"+",0,"NA","promoter-TSS (NM_001083927)","promoter-TSS (NM_001083927)",71,"NM_001083928",21887,"Mm.24255","NM_009389","ENSMUSG00000032280","Tle3","2610103N05Rik|ESG|Grg3a|Grg3b|mKIAA1547","transducin-like enhancer of split 3","protein-coding"]
[61297,"Peak_61918",0.0879413313620586,-0.328317687410987,-0.416259018773045,3.04857482954816,"NO","NO","NO",0.893908735249328,0.631713008377395,0.389827170512961,0.996793654761153,0.942412966650034,0.999908874757857,"chr9",62280235,62280633,"+",0,"NA","intron (NM_175484, intron 3 of 11)","intron (NM_175484, intron 3 of 11)",91284,"NM_009672",11737,"Mm.269088","NM_009672","ENSMUSG00000032249","Anp32a","Anp32|I1PP2A|LANP|PHAP1|W91701|pp32","acidic (leucine-rich) nuclear phosphoprotein 32 family, member A","protein-coding"]
[61354,"Peak_61976",-0.663164860168099,-0.829818410901324,-0.166653550733225,3.40495245210866,"NO","NO","NO",0.214164927412443,0.130083281497669,0.691632232360632,0.953494236567625,0.705501333365588,0.999908874757857,"chr9",63511011,63511409,"+",0,"NA","intron (NM_016769, intron 5 of 8)","intron (NM_016769, intron 5 of 8)",60748,"NM_025857",66939,"Mm.34338","NM_025857","ENSMUSG00000037257","Aagab","2310007F21Rik|p34","alpha- and gamma-adaptin binding protein","protein-coding"]
[61415,"Peak_62037",2.27967287214313,2.00096560451107,-0.278707267632063,3.11743917140917,"NO","NO","NO",0.0126255817664957,0.0334009710371578,0.5604230561699,0.789931406387149,0.521511123081263,0.999908874757857,"chr9",64453417,64453815,"+",0,"NA","intron (NM_001134399, intron 5 of 24)","intron (NM_001134399, intron 5 of 24)",131947,"NM_017382",53869,"Mm.1387","NM_017382","ENSMUSG00000004771","Rab11a","-","RAB11A, member RAS oncogene family","protein-coding"]
[61507,"Peak_62131",-0.54462730298114,-0.405345619818634,0.139281683162507,4.31235504539129,"NO","NO","NO",0.185682660159708,0.326466851752888,0.659139449193235,0.952872791523057,0.847579149588684,0.999908874757857,"chr9",65917049,65917447,"+",0,"NA","intron (NM_001025612, intron 1 of 6)","CpG-15120",290,"NM_001025612",382083,"Mm.477103","NM_001025612","ENSMUSG00000039452","Snx22","Gm1120","sorting nexin 22","protein-coding"]
[61593,"Peak_62217",0.370777760653265,0.429188476186352,0.0584107155330877,4.18712783837784,"NO","NO","NO",0.424088971880773,0.357973863920891,0.849171368128791,0.977408255892978,0.861013911693438,0.999908874757857,"chr9",67606758,67607156,"+",0,"NA","promoter-TSS (NM_001081314)","promoter-TSS (NM_001081314)",-287,"NM_001081314",75697,"Mm.105353","NM_001081314","ENSMUSG00000091956","C2cd4b","3300001A09Rik|Fam148b","C2 calcium-dependent domain containing 4B","protein-coding"]
[61654,"Peak_62279",0.574032860309776,0.31268866524158,-0.261344195068195,3.61943651342018,"NO","NO","NO",0.31227079582308,0.593905765815539,0.491258835320424,0.959925552157071,0.932044900685816,0.999908874757857,"chr9",69959567,69959965,"+",0,"NA","intron (NM_029784, intron 3 of 8)","intron (NM_029784, intron 3 of 8)",29598,"NM_029784",76886,"Mm.44355","NM_029784","ENSMUSG00000032224","Fam81a","6430514L14Rik","family with sequence similarity 81, member A","protein-coding"]
[61711,"Peak_62337",-0.588365321185619,-1.38403070410154,-0.79566538291592,2.82767204125189,"NO","NO","NO",0.363882576963156,0.044179671030686,0.147360986552319,0.971497355981173,0.556817776526902,0.999908874757857,"chr9",71607694,71608092,"+",0,"NA","intron (NM_026599, intron 1 of 18)","intron (NM_026599, intron 1 of 18)",11516,"NM_001304362",68178,"Mm.99961","NM_026599","ENSMUSG00000032232","Cgnl1","4933421H10Rik|9930020M10Rik|AI503810|Jacop","cingulin-like 1","protein-coding"]
[61772,"Peak_62399",-0.410738323974552,-0.145904806456318,0.264833517518234,2.4846124292919,"NO","NO","NO",0.637091544220837,0.865122130752669,0.698340883997022,0.991660374418771,0.979363930564938,0.999908874757857,"chr9",72969542,72969940,"+",0,"NA","intron (NM_198609, intron 5 of 5)","intron (NM_198609, intron 5 of 5)",8465,"NM_198609",225215,"Mm.379366","NM_198609","ENSMUSG00000032215","Rsl24d1","2410159K22Rik","ribosomal L24 domain containing 1","protein-coding"]
[61812,"Peak_62440",0.282207566035516,0.809050714787541,0.526843148752025,2.95739074139366,"NO","NO","NO",0.715011855234791,0.284365372378339,0.290862873688457,0.995739075798108,0.825762989663673,0.999908874757857,"chr9",75209606,75210004,"+",0,"NA","Intergenic","Intergenic",14240,"NM_013479",12049,"Mm.25988","NM_013479","ENSMUSG00000032191","Bcl2l10","AA420380|AU023065|Boo|C85687|Diva","Bcl2-like 10","protein-coding"]
[61887,"Peak_62518",1.03797673310647,1.77835745777314,0.740380724666669,3.91374260010765,"NO","UP","NO",0.0988310839610461,0.00303528643677635,0.0377533136172171,0.916348369564783,0.242702879123141,0.999908874757857,"chr9",78039547,78039945,"+",0,"NA","promoter-TSS (NM_010357)","promoter-TSS (NM_010357)",-27,"NM_010357",14860,"Mm.2662","NM_010357","ENSMUSG00000032348","Gsta4","GST5.7|mGsta4","glutathione S-transferase, alpha 4","protein-coding"]
[61948,"Peak_62579",0.521143800008856,0.583436091635031,0.0622922916261747,2.93450909016683,"NO","NO","NO",0.484036946198143,0.436841203956245,0.895879141191358,0.982397155158189,0.891027931777347,0.999908874757857,"chr9",81520507,81520905,"+",0,"NA","Intergenic","Intergenic",-4831,"NR_040394",319405,"Mm.246494","NR_040393","ENSMUSG00000097466","D430036J16Rik","-","RIKEN cDNA D430036J16 gene","ncRNA"]
[62005,"Peak_62637",1.1715432443865,0.944726011325236,-0.226817233061261,3.3774998893613,"NO","NO","NO",0.0971268300720466,0.192591793405194,0.607655773940712,0.914628189092275,0.76508367413797,0.999908874757857,"chr9",84460797,84461195,"+",0,"NA","Intergenic","Intergenic",-207009,"NR_040739",75253,"Mm.401984","NR_040739","ENSMUSG00000099724","4930554C24Rik","-","RIKEN cDNA 4930554C24 gene","ncRNA"]
[62062,"Peak_62694",0.165010173157854,0.428661331261932,0.263651158104078,3.34570965502666,"NO","NO","NO",0.794781908219888,0.497593102891746,0.540677700123636,0.996451548154072,0.908950616378467,0.999908874757857,"chr9",87314094,87314492,"+",0,"NA","Intergenic","Intergenic",-163926,"NM_199316",382090,"Mm.335338","NM_199316","ENSMUSG00000056919","Cep162","4922501C03Rik|mKIAA1009","centrosomal protein 162","protein-coding"]
[62117,"Peak_62749",-0.881511670247975,0.248580936264518,1.13009260651249,3.37163430959457,"NO","NO","UP",0.132641411909797,0.648498000366341,0.00465994462763402,0.935939022395776,0.945566411189078,0.999908874757857,"chr9",90115371,90115769,"+",0,"NA","intron (NM_194334, intron 8 of 12)","intron (NM_194334, intron 8 of 12)",50037,"NM_194334",67016,"Mm.335347","NM_194334","ENSMUSG00000037410","Tbc1d2b","1810061M12Rik|AI480956|AV021536|AV023399|AW491493|mKIAA1055","TBC1 domain family, member 2B","protein-coding"]
[62181,"Peak_62814",0.581792327187179,0.0639968617991976,-0.517795465387981,3.21653649627707,"NO","NO","NO",0.353418288487513,0.922936416518025,0.212346146150775,0.970570941478962,0.988729626521456,0.999908874757857,"chr9",95728605,95729003,"+",0,"NA","intron (NM_001033210, intron 1 of 15)","intron (NM_001033210, intron 1 of 15)",16894,"NM_001033210",102502,"Mm.11869","NM_001033210","ENSMUSG00000049493","Pls1","AI427122","plastin 1 (I-isoform)","protein-coding"]
[62242,"Peak_62875",0.282261452607456,-0.306346614338222,-0.588608066945678,2.97594687407035,"NO","NO","NO",0.683095016762302,0.673039159635269,0.244113240216743,0.993744595008032,0.950792012896728,0.999908874757857,"chr9",97667593,97667991,"+",0,"NA","intron (NM_022319, intron 2 of 17)","intron (NM_022319, intron 2 of 17)",-236047,"NR_110443",66737,"Mm.445908","NR_110443","ENSMUSG00000090255","4921534H16Rik","-","RIKEN cDNA 4921534H16 gene","ncRNA"]
[62299,"Peak_62934",-0.479799843131306,-1.02231359984698,-0.542513756715672,3.82945023499134,"NO","NO","NO",0.29604642617844,0.0337124387535343,0.141645658404807,0.959925552157071,0.523423136077519,0.999908874757857,"chr9",99351713,99352111,"+",0,"NA","Intergenic","Intergenic",-4750,"NM_001165957",623534,"Mm.484967","NM_001165957",null,"Nme9","Txndc6","NME/NM23 family member 9","protein-coding"]
[62356,"Peak_62992",1.12287486445075,0.586147166561616,-0.536727697889136,2.53993330801943,"NO","NO","NO",0.23336526356251,0.549277207611907,0.392148235589241,0.956010455567961,0.921644952787714,0.999908874757857,"chr9",101897813,101898211,"+",0,"NA","intron (NM_173447, intron 9 of 15)","intron (NM_173447, intron 9 of 15)",309293,"NR_106163",102466241,null,"NR_106163","ENSMUSG00000098521","Mir7243","Gm27363|mmu-mir-7243","microRNA 7243","ncRNA"]
[62417,"Peak_63054",-0.647368834387556,-1.63740206095042,-0.99003322656286,2.84609967966784,"NO","NO","NO",0.34721986377914,0.0249038777290481,0.108675630004605,0.969469292772487,0.486760630446383,0.999908874757857,"chr9",103041749,103042147,"+",0,"NA","intron (NM_173781, intron 1 of 7)","intron (NM_173781, intron 1 of 7)",27544,"NM_173781",270192,"Mm.490252","NM_173781","ENSMUSG00000032549","Rab6b","9630015C03|AI844641|C330006L04Rik|D9Bwg0185e","RAB6B, member RAS oncogene family","protein-coding"]
[62534,"Peak_63173",-0.173799261186802,0.277680801576508,0.451480062763311,5.19763299153607,"NO","NO","NO",0.680949270327906,0.507952433955893,0.205285046196232,0.993744595008032,0.91153321175208,0.999908874757857,"chr9",106724329,106724727,"+",0,"NA","intron (NM_001015507, intron 1 of 22)","CpG",221,"NM_001015507",321006,"Mm.440089","NM_001015507","ENSMUSG00000040325","Vprbp","AI447437|B930007L02Rik|mKIAA0800","Vpr (HIV-1) binding protein","protein-coding"]
[62599,"Peak_63238",0.133159054557623,0.0590679247227281,-0.0740911298348948,4.21148124234952,"NO","NO","NO",0.758369426760919,0.89323696448646,0.802682509743578,0.996451548154072,0.984215028354232,0.999908874757857,"chr9",107808999,107809397,"+",0,"NA","promoter-TSS (NM_009074)","promoter-TSS (NM_009074)",-22,"NR_109782",19882,"Mm.3901","NM_009074","ENSMUSG00000032584","Mst1r","CD136|CDw136|Fv-2|Fv2|PTK8|Ron|STK","macrophage stimulating 1 receptor (c-met-related tyrosine kinase)","protein-coding"]
[62656,"Peak_63295",0.272367768567271,0.686068135333874,0.413700366766603,4.05036316621696,"NO","NO","NO",0.595747440250677,0.171583411430695,0.22524878835249,0.990629663238998,0.746821705030337,0.999908874757857,"chr9",108729322,108729720,"+",0,"NA","exon (NM_080437, exon 1 of 35)","exon (NM_080437, exon 1 of 35)",870,"NM_080437",107934,"Mm.39945","NM_080437","ENSMUSG00000023473","Celsr3","Adgrc3|Fmi1|flamingo|mKIAA0812","cadherin, EGF LAG seven-pass G-type receptor 3","protein-coding"]
[62713,"Peak_63353",1.33260620902634,2.26473050405452,0.932124295028181,3.7509022011352,"NO","UP","NO",0.0768361598353094,0.00144856716038608,0.0283868163735645,0.9084235324796,0.181242472906092,0.999908874757857,"chr9",110586529,110586927,"+",0,"NA","intron (NM_028312, intron 1 of 6)","intron (NM_028312, intron 1 of 6)",27721,"NM_028312",72654,"Mm.249115","NM_028312","ENSMUSG00000019659","Ccdc12","2700094L05Rik|C76605","coiled-coil domain containing 12","protein-coding"]
[62774,"Peak_63415",-0.307103337541263,-0.579455097357776,-0.272351759816512,3.72315837864889,"NO","NO","NO",0.522615166414343,0.243374041098638,0.447298326550098,0.98615796043188,0.80150242952602,0.999908874757857,"chr9",113351047,113351445,"+",0,"NA","Intergenic","Intergenic",145024,"NR_040760",102688,"Mm.394901","NR_040760","ENSMUSG00000109890","AU023762","-","expressed sequence AU023762","ncRNA"]
[62839,"Peak_63480",0.21954242741081,-0.160286607119399,-0.37982903453021,4.09393337964905,"NO","NO","NO",0.637267378994866,0.739939436014479,0.26371768744467,0.991660374418771,0.9627987227842,0.999908874757857,"chr9",114997404,114997802,"+",0,"NA","intron (NM_148958, intron 1 of 9)","intron (NM_148958, intron 1 of 9)",21206,"NM_148958",74486,"Mm.458474","NM_148958","ENSMUSG00000040875","Osbpl10","4933433D06Rik|C820004B04Rik|OPR-10|ORP-10","oxysterol binding protein-like 10","protein-coding"]
[62889,"Peak_63530",-0.345554078162832,-0.825024714902295,-0.479470636739463,4.54302406441368,"NO","NO","NO",0.399066787699927,0.0516965352766816,0.164311514238892,0.975982217513585,0.581176653957236,0.999908874757857,"chr9",116716456,116716854,"+",0,"NA","intron (NM_001172126, intron 5 of 12)","intron (NM_001172126, intron 5 of 12)",444946,"NM_001172122",207181,"Mm.326411","NM_178660","ENSMUSG00000039607","Rbms3","6720477E09Rik|8430436O14Rik","RNA binding motif, single stranded interacting protein","protein-coding"]
[62950,"Peak_63591",-0.506806364926091,-1.27163252740955,-0.764826162483455,3.94424130088589,"NO","DOWN","NO",0.224477030656693,0.00452430547229651,0.0233027857476402,0.955321879475804,0.280855633345759,0.999908874757857,"chr9",118800630,118801028,"+",0,"NA","intron (NM_001113514, intron 13 of 13)","intron (NM_001113514, intron 13 of 13)",-34825,"NM_133710",69274,"Mm.439928","NM_133710","ENSMUSG00000047409","Ctdspl","2810418J22Rik|AI426263|HYA22|SCP3","CTD (carboxy-terminal domain, RNA polymerase II, polypeptide A) small phosphatase-like","protein-coding"]
[63007,"Peak_63648",0.549074191799999,0.809036465433265,0.259962273633266,5.09758999139495,"NO","NO","NO",0.171452041926316,0.0425786758748943,0.374145913376186,0.948971317765293,0.552588027930451,0.999908874757857,"chr9",119803959,119804357,"+",0,"NA","intron (NM_026236, intron 1 of 18)","CpG",145,"NM_026236",67561,"Mm.104789","NM_026236","ENSMUSG00000032512","Wdr48","8430408H12Rik|Uaf1|mKIAA1449","WD repeat domain 48","protein-coding"]
[63068,"Peak_63710",1.2745753352847,1.0419780779738,-0.232597257310896,3.88479295066829,"NO","NO","NO",0.031004026155596,0.0853381158230352,0.525694753986917,0.841324417673927,0.645115107448063,0.999908874757857,"chr9",120841448,120841846,"+",0,"NA","promoter-TSS (NM_007614)","promoter-TSS (NM_007614)",-871,"NM_007614",12387,"Mm.291928","NM_007614","ENSMUSG00000006932","Ctnnb1","Bfc|Catnb|Mesc","catenin (cadherin associated protein), beta 1","protein-coding"]
[63144,"Peak_63786",-1.55111661598233,-1.14625593942805,0.404860676554282,2.4148377734498,"NO","NO","NO",0.0300389726468975,0.103399725268172,0.491486705784563,0.840371273086421,0.672893095857282,0.999908874757857,"chr9",121961165,121961563,"+",0,"NA","Intergenic","Intergenic",-56220,"NM_001289560",215494,"Mm.402151","NM_153540","ENSMUSG00000066235","Pomgnt2","Ago61|C85492|Gtdc2","protein O-linked mannose beta 1,4-N-acetylglucosaminyltransferase 2","protein-coding"]
[63183,"Peak_63825",0.373626213364488,0.363030201261529,-0.0105960121029592,4.25175062545685,"NO","NO","NO",0.46528070429681,0.481427416940111,0.977969256530887,0.979860780201896,0.905307894574795,0.999908874757857,"chr9",122774858,122775256,"+",0,"NA","promoter-TSS (NM_173364)","promoter-TSS (NM_173364)",67,"NM_173364",235682,"Mm.326477","NM_173364","ENSMUSG00000047036","Zfp445","AW610627|ZNF168|Znf445|mszf29|mszf50","zinc finger protein 445","protein-coding"]
[63244,"Peak_63888",-0.0989019894197277,-0.436210518087774,-0.337308528668047,3.06536004225914,"NO","NO","NO",0.894700887982858,0.565965267790904,0.585588599149055,0.996863137024806,0.925635621100467,0.999908874757857,"chrUn_random",3755325,3755723,"+",0,"NA","Intergenic","Intergenic",696921,"NM_029975",77777,"Mm.442442","NM_029975","ENSMUSG00000079685","Ulbp1","A430108B07Rik|MULT1","UL16 binding protein 1","protein-coding"]
[63364,"Peak_64011",0.336686091666735,0.265780219625082,-0.0709058720416531,3.50218706594078,"NO","NO","NO",0.553576210738913,0.645741022389385,0.848850955165486,0.988644584230152,0.945078440926759,0.999908874757857,"chrX",11728777,11729175,"+",0,"NA","intron (NR_045434, intron 1 of 3)","intron (NR_045434, intron 1 of 3)",8496,"NR_045434",71458,"Mm.196328","NM_029510","ENSMUSG00000040363","Bcor","2900008C10Rik|5830466J11Rik|8430401K06Rik|BcorR|D930024N20Rik|mKIAA1575","BCL6 interacting corepressor","protein-coding"]
[63425,"Peak_64077",-0.724536091464923,-0.873477739386771,-0.148941647921848,3.16378510588927,"NO","NO","NO",0.196147858580281,0.129103463491595,0.732019846026362,0.953494236567625,0.705345839193981,0.999908874757857,"chrX",16896320,16896718,"+",0,"NA","promoter-TSS (NM_028916)","promoter-TSS (NM_028916)",-25,"NM_028916",74405,"Mm.248531","NM_028916","ENSMUSG00000025038","Efhc2","4933407D04Rik|mRib72-2","EF-hand domain (C-terminal) containing 2","protein-coding"]
[63482,"Peak_64135",-0.571668659521881,-0.201835282473557,0.369833377048325,3.11263116710535,"NO","NO","NO",0.34527442036155,0.735133174634233,0.390331966952688,0.968973004742315,0.961690783675723,0.999908874757857,"chrX",34138963,34139361,"+",0,"NA","intron (NM_016783, intron 1 of 2)","intron (NM_016783, intron 1 of 2)",974,"NM_016783",53328,"Mm.9052","NM_016783","ENSMUSG00000006373","Pgrmc1","AA415812|HPR6.6|PPMR|Vema","progesterone receptor membrane component 1","protein-coding"]
[63497,"Peak_64150",0.264355917619323,0.3259398294926,0.061583911873277,4.77352380498337,"NO","NO","NO",0.560295416802678,0.475053673181678,0.864696951643599,0.989537488973158,0.903007136816789,0.999908874757857,"chrX",34625226,34625624,"+",0,"NA","promoter-TSS (NM_026055)","promoter-TSS (NM_026055)",-208,"NM_026055",67248,"Mm.30478","NM_026055","ENSMUSG00000079641","Rpl39","2810465O16Rik","ribosomal protein L39","protein-coding"]
[63601,"Peak_64258",-0.278957617421443,-1.20062319479207,-0.921665577370626,3.71825967678548,"NO","NO","NO",0.590224111252257,0.0299251864510388,0.0361984037585117,0.990212556236377,0.50797381921899,0.999908874757857,"chrX",49379859,49380257,"+",0,"NA","Intergenic","Intergenic",-54109,"NM_028851",74279,"Mm.159154","NM_028851","ENSMUSG00000031118","1700080O16Rik","-","RIKEN cDNA 1700080O16 gene","protein-coding"]
[63658,"Peak_64316",0.752957746664706,0.8730595846411,0.120101837976394,4.42781228782563,"NO","NO","NO",0.111034468657416,0.0646329987105567,0.698043833560896,0.921787000934067,0.613478837365346,0.999908874757857,"chrX",54645881,54646279,"+",0,"NA","non-coding (NR_029425, exon 1 of 10)","non-coding (NR_029425, exon 1 of 10)",133,"NM_011252",19655,"Mm.28275","NM_011252","ENSMUSG00000031134","Rbmx","hnRNP G","RNA binding motif protein, X chromosome","protein-coding"]
[63715,"Peak_64379",0.253366547376259,-0.0185876450495514,-0.27195419242581,3.62882484230598,"NO","NO","NO",0.633274219124706,0.972863483192179,0.456849672941649,0.991155571163017,0.996011159558342,0.999908874757857,"chrX",70070629,70071027,"+",0,"NA","exon (NM_020488, exon 1 of 9)","exon (NM_020488, exon 1 of 9)",311,"NM_020488",57249,"Mm.117125","NM_020488","ENSMUSG00000031344","Gabrq","-","gamma-aminobutyric acid (GABA) A receptor, subunit theta","protein-coding"]
[63776,"Peak_64440",-0.777959605006256,-0.442550300206486,0.33540930479977,3.39067426388007,"NO","NO","NO",0.167175804549719,0.428639663475863,0.442301082811684,0.94631447419109,0.887954520357842,0.999908874757857,"chrX",71674864,71675262,"+",0,"NA","promoter-TSS (NM_008062)","promoter-TSS (NM_008062)",43,"NM_178590",16151,"Mm.12967","NM_010547","ENSMUSG00000004221","Ikbkg","1110037D23Rik|AI848108|AI851264|AW124339|IKK[g]|NEMO","inhibitor of kappaB kinase gamma","protein-coding"]
[63866,"Peak_64537",0.348734832874948,-0.14760067930788,-0.496335512182828,3.37845061735639,"NO","NO","NO",0.542511543198105,0.806805328532896,0.204678582690368,0.988113766393189,0.972034256667459,0.999908874757857,"chrX",93291400,93291798,"+",0,"NA","intron (NM_010833, intron 1 of 12)","CpG",215,"NM_010833",17698,"Mm.138876","NM_010833","ENSMUSG00000031207","Msn","C78546","moesin","protein-coding"]
[63895,"Peak_64569",-0.101605470208363,0.0443128509956557,0.145918321204018,2.72655236903408,"NO","NO","NO",0.891100582607575,0.952316155073751,0.774541598741497,0.996451548154072,0.992114606145815,0.999908874757857,"chrX",96637971,96638369,"+",0,"NA","intron (NR_033544, intron 1 of 6)","intron (NR_033544, intron 1 of 6)",966,"NR_033544",100038584,"Mm.368385","NR_033544","ENSMUSG00000073051","Gm14812","ENSMUSG00000073051|OTTMUSG00000018066","predicted gene 14812","ncRNA"]
[63952,"Peak_64630",0.247138013533633,-0.0990756938463483,-0.346213707379982,3.92757135584111,"NO","NO","NO",0.623834247274047,0.849399881946451,0.35107372674289,0.991059621898655,0.977494282942532,0.999908874757857,"chrX",99174451,99174849,"+",0,"NA","intron (NM_001163610, intron 1 of 7)","intron (NM_001163610, intron 1 of 7)",91996,"NM_001278534",331474,"Mm.23297","NM_183318","ENSMUSG00000049191","Rgag4","6430402L03Rik|Mar5|Mart5|mKIAA2001","retrotransposon gag domain containing 4","protein-coding"]
[64009,"Peak_64688",-0.346065222703521,-0.545721480152232,-0.199656257448711,3.5225695196506,"NO","NO","NO",0.495075285441646,0.295911974638335,0.592724495817877,0.983526348404408,0.831947111654732,0.999908874757857,"chrX",103124145,103124543,"+",0,"NA","intron (NM_009530, intron 1 of 34)","CpG",367,"NM_009530",22589,"Mm.10141","NM_009530","ENSMUSG00000031229","Atrx","4833408C14Rik|AI447451|ATR2|DXHXS6677E|HP1-BP38|Hp1bp2|Hp1bp38|MRXS3|RAD54L|Rad54|XH2|Xnp|ZNF-HX","alpha thalassemia/mental retardation syndrome X-linked","protein-coding"]
[64070,"Peak_64752",0.629610838592972,0.565619284254581,-0.0639915543383915,1.87077330991154,"NO","NO","NO",0.572634712366992,0.619961406971763,0.924461628657367,0.989871165956955,0.93890753736108,0.999908874757857,"chrX",130209666,130210064,"+",0,"NA","intron (NM_001105245, intron 3 of 5)","intron (NM_001105245, intron 3 of 5)",13667,"NM_001105245",279653,"Mm.39738","NM_001105245","ENSMUSG00000051323","Pcdh19","B530002L05Rik|Gm717|mKIAA1313","protocadherin 19","protein-coding"]
[64171,"Peak_64855",-0.0139205325160056,-0.512956681689233,-0.499036149173228,1.72329428687909,"NO","NO","NO",0.988470303868852,0.626266584724978,0.470188941790957,0.999455337349862,0.941198919706113,0.999908874757857,"chrX",137893996,137894394,"+",0,"NA","intron (NM_053185, intron 2 of 44)","intron (NM_053185, intron 2 of 44)",14424,"NM_053185",94216,"Mm.155586","NM_053185","ENSMUSG00000031273","Col4a6","BB116301","collagen, type IV, alpha 6","protein-coding"]
[64187,"Peak_64872",0.0500558355491268,0.586774008960329,0.536718173411202,4.40810749467384,"NO","NO","NO",0.913810533284631,0.194562003462131,0.101434232588945,0.997799251783824,0.766756112866581,0.999908874757857,"chrX",139115766,139116164,"+",0,"NA","promoter-TSS (NM_177592)","promoter-TSS (NM_177592)",22,"NM_177592",209497,"Mm.249648","NM_177592","ENSMUSG00000047045","Tmem164","AI316850|AI852450|AW547186|F730011B02","transmembrane protein 164","protein-coding"]
[64188,"Peak_64873",1.02602240372588,1.50719888474547,0.481176481019587,1.61647314942357,"NO","NO","NO",0.459738773549073,0.263573796811162,0.487499148803647,0.979860780201896,0.812427007736267,0.999908874757857,"chrX",139135983,139136381,"+",0,"NA","intron (NM_001199360, intron 2 of 6)","MER117|DNA|MER1_type",19913,"NM_001199360",209497,"Mm.249648","NM_177592","ENSMUSG00000047045","Tmem164","AI316850|AI852450|AW547186|F730011B02","transmembrane protein 164","protein-coding"]
[64189,"Peak_64874",1.83840239221301,1.75827395021126,-0.080128442001754,1.995875804068,"NO","NO","NO",0.166243766906759,0.19162512808494,0.909346560173469,0.94631447419109,0.764365281248064,0.999908874757857,"chrX",139166933,139167331,"+",0,"NA","intron (NM_001199360, intron 2 of 6)","intron (NM_001199360, intron 2 of 6)",-6411,"NR_030523",723976,null,"NR_030523","ENSMUSG00000076011","Mir652","Mirn652|miRX|mmu-mir-652","microRNA 652","ncRNA"]
[64190,"Peak_64875",0.0917783007562818,0.0440943095083193,-0.0476839912479625,2.80672970761852,"NO","NO","NO",0.899960405975948,0.952676237072047,0.924474863501529,0.99722874446641,0.992114606145815,0.999908874757857,"chrX",139197931,139198329,"+",0,"NA","intron (NM_001199360, intron 3 of 6)","intron (NM_001199360, intron 3 of 6)",24587,"NR_030523",723976,null,"NR_030523","ENSMUSG00000076011","Mir652","Mirn652|miRX|mmu-mir-652","microRNA 652","ncRNA"]
[64191,"Peak_64876",0.0323390274478521,-0.440594076712133,-0.472933104159985,3.6224914063058,"NO","NO","NO",0.950604083151151,0.419627433592255,0.223037815395635,0.997839094325673,0.884757406977177,0.999908874757857,"chrX",139241074,139241472,"+",0,"NA","intron (NM_001199360, intron 5 of 6)","intron (NM_001199360, intron 5 of 6)",67730,"NR_030523",723976,null,"NR_030523","ENSMUSG00000076011","Mir652","Mirn652|miRX|mmu-mir-652","microRNA 652","ncRNA"]
[64192,"Peak_64877",0.511029687129454,-0.117756497275359,-0.628786184404812,2.35754485479926,"NO","NO","NO",0.591887400147133,0.904807296412453,0.384242923327762,0.990615547826929,0.985325072905042,0.999908874757857,"chrX",139262849,139263247,"+",0,"NA","intron (NM_001199360, intron 5 of 6)","L2|LINE|L2",89505,"NR_030523",723976,null,"NR_030523","ENSMUSG00000076011","Mir652","Mirn652|miRX|mmu-mir-652","microRNA 652","ncRNA"]
[64193,"Peak_64879",-0.156442153805069,-0.241821880806137,-0.0853797270010682,4.10817432274952,"NO","NO","NO",0.735168519470974,0.606840022882305,0.809192768007982,0.995754237914056,0.935544080884199,0.999908874757857,"chrX",139400712,139401110,"+",0,"NA","exon (NM_019496, exon 1 of 6)","exon (NM_019496, exon 1 of 6)",360,"NM_019496",56068,"Mm.143724","NM_019496","ENSMUSG00000042225","Ammecr1","6230420G18Rik","Alport syndrome, mental retardation, midface hypoplasia and elliptocytosis chromosomal region gene 1","protein-coding"]
[64194,"Peak_64880",-1.27927418362253,-0.891512630571992,0.387761553050534,2.31333138754192,"NO","NO","NO",0.0887803718552366,0.229187347187207,0.510890492831022,0.911408110368333,0.791736970449274,0.999908874757857,"chrX",139485963,139486361,"+",0,"NA","Intergenic","Intergenic",-47975,"NM_001040434",209540,"Mm.297608","NM_001040434","ENSMUSG00000085584","Rgag1","Gm385|Mar9|Mart9","retrotransposon gag domain containing 1","protein-coding"]
[64195,"Peak_64881",0.274884092332683,0.20235757501296,-0.0725265173197225,3.30454376236171,"NO","NO","NO",0.647639409713084,0.740861319815731,0.853236314862335,0.992128801173048,0.9627987227842,0.999908874757857,"chrX",139493259,139493657,"+",0,"NA","Intergenic","Intergenic",-40679,"NM_001040434",209540,"Mm.297608","NM_001040434","ENSMUSG00000085584","Rgag1","Gm385|Mar9|Mart9","retrotransposon gag domain containing 1","protein-coding"]
[64196,"Peak_64882",-0.169696945458858,-0.150465748694978,0.0192311967638797,2.60881333039954,"NO","NO","NO",0.820983740808393,0.842723200181989,0.970881234269568,0.996451548154072,0.977460230305398,0.999908874757857,"chrX",139500967,139501365,"+",0,"NA","Intergenic","Intergenic",-32971,"NM_001040434",209540,"Mm.297608","NM_001040434","ENSMUSG00000085584","Rgag1","Gm385|Mar9|Mart9","retrotransposon gag domain containing 1","protein-coding"]
[64197,"Peak_64883",-1.64940877360002,-0.132455041191985,1.51695373240804,2.15254943671734,"NO","NO","NO",0.0648738821605123,0.872785256463884,0.0248108723125879,0.905605480107602,0.980963300858521,0.999908874757857,"chrX",139533616,139534014,"+",0,"NA","promoter-TSS (NM_001040434)","promoter-TSS (NM_001040434)",-322,"NM_001040434",209540,"Mm.297608","NM_001040434","ENSMUSG00000085584","Rgag1","Gm385|Mar9|Mart9","retrotransposon gag domain containing 1","protein-coding"]
[64198,"Peak_64884",1.14245440520755,1.57794834464743,0.435493939439884,2.476649674135,"NO","NO","NO",0.276991136034547,0.124825697851981,0.46035913048968,0.959925552157071,0.701305141406423,0.999908874757857,"chrX",139801169,139801567,"+",0,"NA","intron (NM_031258, intron 3 of 8)","intron (NM_031258, intron 3 of 8)",27437,"NM_031258",83453,"Mm.157697","NM_031258","ENSMUSG00000031283","Chrdl1","CHL|CHL1|Nrln1|VOPT","chordin-like 1","protein-coding"]
[64199,"Peak_64885",-0.319226320811696,-0.400660901154926,-0.0814345803432306,3.25715410767293,"NO","NO","NO",0.573519617025526,0.489248569119136,0.842041543486649,0.989884586347525,0.907304390607271,0.999908874757857,"chrX",139828437,139828835,"+",0,"NA","5' UTR (NM_001114385, exon 1 of 12)","5' UTR (NM_001114385, exon 1 of 12)",169,"NM_031258",83453,"Mm.157697","NM_031258","ENSMUSG00000031283","Chrdl1","CHL|CHL1|Nrln1|VOPT","chordin-like 1","protein-coding"]
[64200,"Peak_64886",-0.1168568197262,0.16804220617702,0.284899025903221,2.25709039591424,"NO","NO","NO",0.896932202746939,0.850622282758801,0.638470780378692,0.996955997640682,0.977592833785402,0.999908874757857,"chrX",139897872,139898270,"+",0,"NA","Intergenic","Intergenic",-55063,"NM_001195048",18481,"Mm.40035","NM_008778","ENSMUSG00000031284","Pak3","PAK-3|Pak65alpha|Pak65beta|Stk4","p21 protein (Cdc42/Rac)-activated kinase 3","protein-coding"]
[64201,"Peak_64888",-0.368551087491352,-0.342047452788852,0.0265036347024997,3.26187510213771,"NO","NO","NO",0.509912975366958,0.545944541491579,0.946506975315153,0.985309129299437,0.921167940389939,0.999908874757857,"chrX",139953231,139953629,"+",0,"NA","intron (NM_001195048, intron 1 of 15)","intron (NM_001195048, intron 1 of 15)",296,"NM_001195048",18481,"Mm.40035","NM_008778","ENSMUSG00000031284","Pak3","PAK-3|Pak65alpha|Pak65beta|Stk4","p21 protein (Cdc42/Rac)-activated kinase 3","protein-coding"]
[64202,"Peak_64889",-0.0668409821394857,0.547759163918714,0.6146001460582,1.60883858725239,"NO","NO","NO",0.954156553682936,0.624196118237789,0.370354464904204,0.997869859577931,0.940691238653859,0.999908874757857,"chrX",139968168,139968566,"+",0,"NA","intron (NM_001195048, intron 1 of 15)","intron (NM_001195048, intron 1 of 15)",15233,"NM_001195048",18481,"Mm.40035","NM_008778","ENSMUSG00000031284","Pak3","PAK-3|Pak65alpha|Pak65beta|Stk4","p21 protein (Cdc42/Rac)-activated kinase 3","protein-coding"]
[64203,"Peak_64890",-0.0274984538590345,-0.262403130955673,-0.234904677096639,2.84888824193603,"NO","NO","NO",0.968516035272321,0.713586391092169,0.635947294832348,0.999037848652705,0.957417878111858,0.999908874757857,"chrX",139977814,139978212,"+",0,"NA","intron (NM_001195048, intron 1 of 15)","intron (NM_001195048, intron 1 of 15)",-19794,"NM_008778",18481,"Mm.40035","NM_008778","ENSMUSG00000031284","Pak3","PAK-3|Pak65alpha|Pak65beta|Stk4","p21 protein (Cdc42/Rac)-activated kinase 3","protein-coding"]
[64204,"Peak_64891",0.557453085113694,0.41799106180267,-0.139462023311024,3.79825100965217,"NO","NO","NO",0.302208923522128,0.449533672843214,0.697196665878752,0.959925552157071,0.895177444320581,0.999908874757857,"chrX",140098873,140099271,"+",0,"NA","intron (NM_008778, intron 1 of 14)","intron (NM_008778, intron 1 of 14)",-1216,"NM_001195049",18481,"Mm.40035","NM_008778","ENSMUSG00000031284","Pak3","PAK-3|Pak65alpha|Pak65beta|Stk4","p21 protein (Cdc42/Rac)-activated kinase 3","protein-coding"]
[64205,"Peak_64892",0.482591624896246,0.37020869142454,-0.112382933471706,3.2730983880979,"NO","NO","NO",0.441954243919382,0.564011337990844,0.779351417177646,0.978344677090796,0.925635621100467,0.999908874757857,"chrX",140119217,140119615,"+",0,"NA","intron (NM_001195049, intron 4 of 17)","intron (NM_001195049, intron 4 of 17)",-8414,"NM_001195046",18481,"Mm.40035","NM_008778","ENSMUSG00000031284","Pak3","PAK-3|Pak65alpha|Pak65beta|Stk4","p21 protein (Cdc42/Rac)-activated kinase 3","protein-coding"]
[64206,"Peak_64893",0.495308645269489,0.496691006688541,0.00138236141905242,3.1358808087782,"NO","NO","NO",0.460469265185447,0.464588806253257,0.997495810808624,0.979860780201896,0.899445492285397,0.999908874757857,"chrX",140261888,140262286,"+",0,"NA","promoter-TSS (NM_007603)","promoter-TSS (NM_007603)",-132,"NM_007603",12338,"Mm.30290","NM_007603","ENSMUSG00000067276","Capn6","-","calpain 6","protein-coding"]
[64207,"Peak_64894",0.293763098385926,0.264257794073444,-0.0295053043124814,2.11072265958243,"NO","NO","NO",0.768585408057962,0.794058611016597,0.964716667261494,0.996451548154072,0.969670072026412,0.999908874757857,"chrX",140318810,140319208,"+",0,"NA","intron (NM_010025, intron 3 of 6)","intron (NM_010025, intron 3 of 6)",48658,"NM_001110222",13193,"Mm.12871","NM_010025","ENSMUSG00000031285","Dcx","Dbct","doublecortin","protein-coding"]
[64208,"Peak_64895",0.675540332868682,-0.222112377589247,-0.897652710457928,2.46228866917713,"NO","NO","NO",0.443074880975907,0.813013351404329,0.160107141247034,0.978344677090796,0.972461739276123,0.999908874757857,"chrX",140320289,140320687,"+",0,"NA","intron (NM_010025, intron 3 of 6)","LTR33|LTR|ERVL",47179,"NM_001110222",13193,"Mm.12871","NM_010025","ENSMUSG00000031285","Dcx","Dbct","doublecortin","protein-coding"]
[64209,"Peak_64896",2.23091308508976,2.00068072846549,-0.230232356624273,2.27175959570491,"NO","NO","NO",0.0656608073451678,0.109627196048312,0.687891041515031,0.905605480107602,0.681790338527429,0.999908874757857,"chrX",140341256,140341654,"+",0,"NA","intron (NM_010025, intron 3 of 6)","intron (NM_010025, intron 3 of 6)",26212,"NM_001110222",13193,"Mm.12871","NM_010025","ENSMUSG00000031285","Dcx","Dbct","doublecortin","protein-coding"]
[64210,"Peak_64897",0.924663200986609,-0.162125271757466,-1.08678847274408,2.20450945550046,"NO","NO","NO",0.409437040995201,0.890567545143754,0.216095791087094,0.976622683555445,0.983927340264102,0.999908874757857,"chrX",140509804,140510202,"+",0,"NA","Intergenic","Intergenic",-78235,"NR_040271",319764,"Mm.208482","NR_040271","ENSMUSG00000085139","A730046J19Rik","-","RIKEN cDNA A730046J19 gene","ncRNA"]
[64211,"Peak_64898",-0.0245605434309793,0.0727595591025489,0.0973201025335283,3.56444377475728,"NO","NO","NO",0.964573416392806,0.895617688762673,0.799927445989955,0.998900380576782,0.984215028354232,0.999908874757857,"chrX",140749170,140749568,"+",0,"NA","Intergenic","RMER10A|LTR|ERVL",-3140,"NM_026247",67574,"Mm.249084","NM_026247","ENSMUSG00000041718","Alg13","2810046O15Rik|4833435D08Rik|Glt28d1|MDS031|OTTMUSG00000018917","asparagine-linked glycosylation 13","protein-coding"]
[64212,"Peak_64899",0.208802713572826,0.374370301508248,0.165567587935422,4.10037209793174,"NO","NO","NO",0.673732706569984,0.450602067904428,0.635648709279731,0.993474142907549,0.895290272970474,0.999908874757857,"chrX",140752501,140752899,"+",0,"NA","intron (NR_037145, intron 1 of 26)","CpG",191,"NR_037145",67574,"Mm.249084","NM_026247","ENSMUSG00000041718","Alg13","2810046O15Rik|4833435D08Rik|Glt28d1|MDS031|OTTMUSG00000018917","asparagine-linked glycosylation 13","protein-coding"]
[64213,"Peak_64900",1.21429838068789,1.03866407686924,-0.175634303818651,2.28073767354202,"NO","NO","NO",0.249511142772446,0.335565252733924,0.776977534961288,0.958074512707729,0.852815907765838,0.999908874757857,"chrX",140772347,140772745,"+",0,"NA","intron (NR_037145, intron 5 of 26)","MER5A1|DNA|MER1_type",20037,"NR_037145",67574,"Mm.249084","NM_026247","ENSMUSG00000041718","Alg13","2810046O15Rik|4833435D08Rik|Glt28d1|MDS031|OTTMUSG00000018917","asparagine-linked glycosylation 13","protein-coding"]
[64214,"Peak_64901",-0.452663176310964,0.300142233839728,0.752805410150691,2.23583609925763,"NO","NO","NO",0.654615653034149,0.76052956198323,0.312634726291076,0.992128801173048,0.965001868417357,0.999908874757857,"chrX",140838016,140838414,"+",0,"NA","intron (NM_009428, intron 7 of 10)","intron (NM_009428, intron 7 of 10)",-52910,"NM_001195579",100503240,"Mm.387258","NM_001195579","ENSMUSG00000072934","Trpc5os","ENSMUSG00000072934|Gm15070|OTTMUSG00000018931","transient receptor potential cation channel, subfamily C, member 5, opposite strand","protein-coding"]
[64215,"Peak_64902",0.156547566029546,-0.383932180825587,-0.540479746855133,3.04371553582172,"NO","NO","NO",0.805866359426873,0.568194604270507,0.239240650222537,0.996451548154072,0.926159192163475,0.999908874757857,"chrX",140970709,140971107,"+",0,"NA","intron (NM_009428, intron 1 of 10)","intron (NM_009428, intron 1 of 10)",19874,"NR_033647",100039436,"Mm.483818","NM_001111315",null,"Mageb16-ps1","EG623523|Gm15072|Mageb16|OTTMUSG00000018935","melanoma antigen family B, 16, pseudogene 1","pseudo"]
[64216,"Peak_64903",-1.8411657470973,-1.4602354886677,0.380930258429601,2.08932496279404,"NO","NO","NO",0.0185160010872418,0.0598036378369003,0.566757294353425,0.821061570634749,0.602037270080602,0.999908874757857,"chrX",140992239,140992637,"+",0,"NA","intron (NM_009428, intron 1 of 10)","intron (NM_009428, intron 1 of 10)",-1656,"NR_033647",100039436,"Mm.483818","NM_001111315",null,"Mageb16-ps1","EG623523|Gm15072|Mageb16|OTTMUSG00000018935","melanoma antigen family B, 16, pseudogene 1","pseudo"]
[64217,"Peak_64904",1.97156978236655,1.90619914503279,-0.0653706373337565,2.93100455324396,"NO","NO","NO",0.0405264597215094,0.049348996283477,0.90099607104271,0.87729516250802,0.575434658798792,0.999908874757857,"chrX",141035787,141036185,"+",0,"NA","intron (NM_009428, intron 1 of 10)","MER5A|DNA|MER1_type",-45204,"NR_033647",100039436,"Mm.483818","NM_001111315",null,"Mageb16-ps1","EG623523|Gm15072|Mageb16|OTTMUSG00000018935","melanoma antigen family B, 16, pseudogene 1","pseudo"]
[64218,"Peak_64905",0.306792594969609,0.36407048280211,0.0572778878325003,3.20264991837352,"NO","NO","NO",0.628356764547818,0.569019050700533,0.886898081641195,0.991082598585515,0.926245237528451,0.999908874757857,"chrX",141123723,141124121,"+",0,"NA","intron (NM_001033795, intron 1 of 6)","intron (NM_001033795, intron 1 of 6)",472,"NM_001033795",619287,"Mm.387961","NM_001033795","ENSMUSG00000071679","Zcchc16","C230031A03Rik|Mar4","zinc finger, CCHC domain containing 16","protein-coding"]
[64219,"Peak_64906",0.904181560559968,-0.323545669136185,-1.22772722969615,3.11846571141343,"NO","NO","NO",0.185737876398155,0.669273807968288,0.0115597025140492,0.952872791523057,0.950390910935811,0.999908874757857,"chrX",141173767,141174165,"+",0,"NA","intron (NM_001033795, intron 2 of 6)","intron (NM_001033795, intron 2 of 6)",50516,"NM_001033795",619287,"Mm.387961","NM_001033795","ENSMUSG00000071679","Zcchc16","C230031A03Rik|Mar4","zinc finger, CCHC domain containing 16","protein-coding"]
[64220,"Peak_64907",-0.164300261749594,0.914505177178021,1.07880543892761,1.74080175064186,"NO","NO","NO",0.890282308086235,0.401419138604495,0.109275287449079,0.996451548154072,0.87897372216715,0.999908874757857,"chrX",141741779,141742177,"+",0,"NA","intron (NM_178358, intron 3 of 3)","intron (NM_178358, intron 3 of 3)",41459,"NM_178358",237091,"Mm.135547","NM_178358","ENSMUSG00000041700","Lhfpl1","Lhfp","lipoma HMGIC fusion partner-like 1","protein-coding"]
[64221,"Peak_64908",1.75585403125536,1.18771362979555,-0.568140401459809,2.59147161711079,"NO","NO","NO",0.0910097761634238,0.274441015097682,0.371202328931584,0.911408110368333,0.820253426007346,0.999908874757857,"chrX",141783027,141783425,"+",0,"NA","intron (NM_178358, intron 1 of 3)","intron (NM_178358, intron 1 of 3)",211,"NM_178358",237091,"Mm.135547","NM_178358","ENSMUSG00000041700","Lhfpl1","Lhfp","lipoma HMGIC fusion partner-like 1","protein-coding"]
[64222,"Peak_64909",0.457150911292869,0.460575880345923,3.42496905305378E-3,5.18613641744201,"NO","NO","NO",0.24111895760828,0.240077412254363,0.990933442888408,0.957108430508661,0.799264889416699,0.999908874757857,"chrX",141939490,141939888,"+",0,"NA","Intergenic","Intergenic",-17507,"NM_001290274",27494,"Mm.100068","NM_153319","ENSMUSG00000041688","Amot","CAG-2|D0Kist1|Sii6","angiomotin","protein-coding"]
[64223,"Peak_64910",-0.018772066060272,0.110926199689204,0.129698265749476,4.83949553520247,"NO","NO","NO",0.963905278533609,0.788897380860328,0.690502004289843,0.998900380576782,0.969386792947709,0.999908874757857,"chrX",141940413,141940811,"+",0,"NA","Intergenic","Intergenic",-18430,"NM_001290274",27494,"Mm.100068","NM_153319","ENSMUSG00000041688","Amot","CAG-2|D0Kist1|Sii6","angiomotin","protein-coding"]
[64224,"Peak_64911",0.237053118832836,-0.366847485655859,-0.603900604488695,3.24607030762426,"NO","NO","NO",0.689768744664873,0.560554506901772,0.155645733955141,0.993971837563104,0.924713371228301,0.999908874757857,"chrX",142183433,142183831,"+",0,"NA","Intergenic","Lx2B|LINE|L1",-261450,"NM_001290274",27494,"Mm.100068","NM_153319","ENSMUSG00000041688","Amot","CAG-2|D0Kist1|Sii6","angiomotin","protein-coding"]
[64225,"Peak_64912",0.0907284259490159,0.47860932761179,0.387880901662775,2.4359096995963,"NO","NO","NO",0.919427947082688,0.583414531729164,0.515174275404175,0.997839094325673,0.929392239935588,0.999908874757857,"chrX",142192933,142193331,"+",0,"NA","Intergenic","Intergenic",-270950,"NM_001290274",27494,"Mm.100068","NM_153319","ENSMUSG00000041688","Amot","CAG-2|D0Kist1|Sii6","angiomotin","protein-coding"]
[64226,"Peak_64913",-1.32826391750297,-1.12972362427937,0.198540293223603,2.52396349162152,"NO","NO","NO",0.0761648322358689,0.132007456267634,0.753779507866612,0.907934971210637,0.708135026830972,0.999908874757857,"chrX",143397355,143397753,"+",0,"NA","5' UTR (NM_008312, exon 1 of 6)","5' UTR (NM_008312, exon 1 of 6)",498,"NM_008312",15560,"Mm.439670","NM_008312","ENSMUSG00000041380","Htr2c","5-HT2C|5-HT2cR|5-HTR2C|5HT1c|Htr1c|SR1","5-hydroxytryptamine (serotonin) receptor 2C","protein-coding"]
[64227,"Peak_64914",0.0853608304774034,0.105901903225694,0.0205410727482903,4.02174927536403,"NO","NO","NO",0.871763231885648,0.842185140477547,0.959649997387864,0.996451548154072,0.977460230305398,0.999908874757857,"chrX",143988155,143988553,"+",0,"NA","exon (NM_001081173, exon 1 of 21)","exon (NM_001081173, exon 1 of 21)",270,"NM_001081173",210297,"Mm.30506","NM_001081173","ENSMUSG00000031290","Lrch2","AI316885|mKIAA1495","leucine-rich repeats and calponin homology (CH) domain containing 2","protein-coding"]
[64228,"Peak_64915",0.23526924728983,0.29690629848229,0.0616370511924597,4.24163555334881,"NO","NO","NO",0.636418172835641,0.554066311812203,0.869448144748153,0.991660374418771,0.923137198962956,0.999908874757857,"chrX",146875336,146875734,"+",0,"NA","promoter-TSS (NM_001164686)","promoter-TSS (NM_001164686)",-87,"NM_001164686",382245,"Mm.277309","NM_001164683","ENSMUSG00000041353","Tmem29","2700081K05Rik|6330540D07Rik|CXorf44-like","transmembrane protein 29","protein-coding"]
[64229,"Peak_64916",1.23821014820528,1.33835539573132,0.100145247526037,3.98626242707748,"NO","NO","NO",0.0363176592145024,0.023743464822135,0.780855857796672,0.869303376354263,0.481706905677287,0.999908874757857,"chrX",146893379,146893777,"+",0,"NA","5' UTR (NM_001164683, exon 1 of 3)","5' UTR (NM_001164683, exon 1 of 3)",115,"NM_001164683",382245,"Mm.277309","NM_001164683","ENSMUSG00000041353","Tmem29","2700081K05Rik|6330540D07Rik|CXorf44-like","transmembrane protein 29","protein-coding"]
[64230,"Peak_64917",0.230887237590176,0.248531104298284,0.017643866708108,4.72574385676392,"NO","NO","NO",0.596590928439267,0.571442551779055,0.958624280315652,0.990629663238998,0.92714590140995,0.999908874757857,"chrX",146912518,146912916,"+",0,"NA","Intergenic","Intergenic",-19024,"NM_001164683",382245,"Mm.277309","NM_001164683","ENSMUSG00000041353","Tmem29","2700081K05Rik|6330540D07Rik|CXorf44-like","transmembrane protein 29","protein-coding"]
[64231,"Peak_64918",0.438378335557792,0.460044250050512,0.0216659144927202,3.7803748135528,"NO","NO","NO",0.444627105475222,0.427716670387204,0.95720192036954,0.978344677090796,0.887708092026714,0.999908874757857,"chrX",147022702,147023100,"+",0,"NA","promoter-TSS (NM_029943)","promoter-TSS (NM_029943)",-203,"NM_029943",77622,"Mm.440275","NM_029943","ENSMUSG00000025269","Apex2","C430040P13Rik|ape2","apurinic/apyrimidinic endonuclease 2","protein-coding"]
[64232,"Peak_64919",2.37203784501343,1.8073057519298,-0.564732093083623,2.25734270519857,"NO","NO","NO",0.0565042040682426,0.169046720338004,0.382488535483603,0.895148662088407,0.745905916305969,0.999908874757857,"chrX",147091302,147091700,"+",0,"NA","intron (NM_001290770, intron 1 of 12)","intron (NM_001290770, intron 1 of 12)",478,"NM_019548",56191,"Mm.3597","NM_019548","ENSMUSG00000025272","Tro","AA409408|Maged3|Maged3l|Tnn|Trol|magphinin","trophinin","protein-coding"]
[64233,"Peak_64920",-0.310401779501808,-0.128070424544952,0.182331354956857,4.70569600523408,"NO","NO","NO",0.493093964986498,0.777563941054438,0.632099622344724,0.983526348404408,0.96804360221947,0.999908874757857,"chrX",147247555,147247953,"+",0,"NA","intron (NM_030700, intron 1 of 12)","intron (NM_030700, intron 1 of 12)",492,"NM_001199246",80884,"Mm.22575","NM_030700","ENSMUSG00000025268","Maged2","4833439A22Rik|Mage-d2|ORF1","melanoma antigen, family D, 2","protein-coding"]
[64234,"Peak_64921",-0.00652141054643965,0.366659267332891,0.373180677879331,3.26760991913943,"NO","NO","NO",0.992311395542427,0.563031091694322,0.390814826757535,0.999532536338917,0.925515600855546,0.999908874757857,"chrX",147248521,147248919,"+",0,"NA","promoter-TSS (NM_001199246)","promoter-TSS (NM_001199246)",162,"NM_030700",80884,"Mm.22575","NM_030700","ENSMUSG00000025268","Maged2","4833439A22Rik|Mage-d2|ORF1","melanoma antigen, family D, 2","protein-coding"]
[64235,"Peak_64922",-0.463108678285721,-0.431358402202742,0.0317502760829793,2.76415959089481,"NO","NO","NO",0.513180075489188,0.547048604480341,0.953131924515649,0.985457002829782,0.921219881773488,0.999908874757857,"chrX",147389939,147390337,"+",0,"NA","Intergenic","L2|LINE|L2",61698,"NM_001168600",237107,"Mm.45987","NM_198110","ENSMUSG00000025266","Gnl3l","BC020354","guanine nucleotide binding protein-like 3 (nucleolar)-like","protein-coding"]
[64236,"Peak_64923",0.929625943932323,1.34597984009082,0.416353896158493,4.68496087420268,"NO","NO","NO",0.0997949580016663,0.0165142765150905,0.333386489627666,0.917099485422393,0.436650425737835,0.999908874757857,"chrX",147391225,147391623,"+",0,"NA","Intergenic","Intergenic",60412,"NM_001168600",237107,"Mm.45987","NM_198110","ENSMUSG00000025266","Gnl3l","BC020354","guanine nucleotide binding protein-like 3 (nucleolar)-like","protein-coding"]
[64237,"Peak_64924",0.450229920620172,0.533222834986381,0.0829929143662084,1.80045378435883,"NO","NO","NO",0.683470223769581,0.631865030749501,0.898369932788944,0.993744595008032,0.942412966650034,0.999908874757857,"chrX",147440235,147440633,"+",0,"NA","intron (NM_198110, intron 2 of 15)","intron (NM_198110, intron 2 of 15)",11402,"NM_001168600",237107,"Mm.45987","NM_198110","ENSMUSG00000025266","Gnl3l","BC020354","guanine nucleotide binding protein-like 3 (nucleolar)-like","protein-coding"]
[64238,"Peak_64925",0.507254137761121,0.723551088896613,0.216296951135492,4.69747213342253,"NO","NO","NO",0.259402798966003,0.10692056323754,0.506838122255432,0.9584185922148,0.67812068981669,0.999908874757857,"chrX",147451677,147452075,"+",0,"NA","promoter-TSS (NM_001168600)","promoter-TSS (NM_001168600)",-11,"NM_198110",237107,"Mm.45987","NM_198110","ENSMUSG00000025266","Gnl3l","BC020354","guanine nucleotide binding protein-like 3 (nucleolar)-like","protein-coding"]
[64239,"Peak_64926",0.18295327488708,0.389143520853929,0.20619024596685,4.43536232179986,"NO","NO","NO",0.674653811626417,0.370970002953284,0.498962796431251,0.993474142907549,0.866650246544655,0.999908874757857,"chrX",147481716,147482114,"+",0,"NA","5' UTR (NM_008001, exon 1 of 18)","5' UTR (NM_008001, exon 1 of 18)",202,"NM_008001",14163,"Mm.8142","NM_008001","ENSMUSG00000025265","Fgd1","ZFYVE3","FYVE, RhoGEF and PH domain containing 1","protein-coding"]
[64240,"Peak_64927",0.800341582597836,0.775867905190063,-0.024473677407773,2.86335191821346,"NO","NO","NO",0.312640158853691,0.333080635554947,0.95963551681877,0.959925552157071,0.851856907939635,0.999908874757857,"chrX",147500707,147501105,"+",0,"NA","intron (NM_008001, intron 2 of 17)","intron (NM_008001, intron 2 of 17)",19193,"NM_008001",14163,"Mm.8142","NM_008001","ENSMUSG00000025265","Fgd1","ZFYVE3","FYVE, RhoGEF and PH domain containing 1","protein-coding"]
[64241,"Peak_64928",0.638434712023071,0.580732275119118,-0.0577024369039537,3.89214991318807,"NO","NO","NO",0.305525940525471,0.357505803628848,0.901832560176421,0.959925552157071,0.861013911693438,0.999908874757857,"chrX",147530751,147531149,"+",0,"NA","intron (NM_175146, intron 1 of 4)","CpG",136,"NR_028392",69499,"Mm.8142","NM_175146","ENSMUSG00000025264","Tsr2","2310007F12Rik","TSR2 20S rRNA accumulation","protein-coding"]
[64242,"Peak_64929",-0.574242315884586,-0.553573159430103,0.0206691564544827,2.13678323344973,"NO","NO","NO",0.530903639559494,0.552250147847043,0.977890237092462,0.987425270131684,0.922743295730157,0.999908874757857,"chrX",147551315,147551713,"+",0,"NA","Intergenic","MamGypLTR3|LTR|Gypsy",-20428,"NM_001164578",69499,"Mm.8142","NM_175146","ENSMUSG00000025264","Tsr2","2310007F12Rik","TSR2 20S rRNA accumulation","protein-coding"]
[64243,"Peak_64930",-0.362320467568577,0.158031397548401,0.520351865116978,4.43561848240102,"NO","NO","NO",0.394006747119005,0.703555104220139,0.0944024315768383,0.975365594015901,0.955337348260771,0.999908874757857,"chrX",147603583,147603981,"+",0,"NA","Intergenic","CpG",-28839,"NM_001271678",279561,"Mm.441474","NM_001271678","ENSMUSG00000041245","Wnk3","Prkwnk3|Wnk3-ps","WNK lysine deficient protein kinase 3","protein-coding"]
[64244,"Peak_64931",-0.472286998941393,-0.0149334036985262,0.457353595242867,4.23096157538229,"NO","NO","NO",0.372356748189851,0.977319386839622,0.300467461195989,0.972372912358262,0.996748211623898,0.999908874757857,"chrX",147778686,147779084,"+",0,"NA","exon (NM_198105, exon 1 of 16)","exon (NM_198105, exon 1 of 16)",119,"NM_198105",207375,"Mm.391339","NM_198105","ENSMUSG00000025262","Fam120c","D930001I21Rik|ORF34","family with sequence similarity 120, member C","protein-coding"]
[64245,"Peak_64932",-0.348254115679685,-0.181911890799178,0.166342224880507,5.25100354350527,"NO","NO","NO",0.357775096903263,0.631329306671248,0.604111314402947,0.971106104672636,0.942306993228523,0.999908874757857,"chrX",147955118,147955516,"+",0,"NA","5' UTR (NM_177201, exon 1 of 19)","5' UTR (NM_177201, exon 1 of 19)",102,"NM_177201",320595,"Mm.17156","NM_177201","ENSMUSG00000041229","Phf8","9830141C09Rik|mKIAA1111","PHD finger protein 8","protein-coding"]
[64246,"Peak_64933",-0.318620680684837,-0.624184533071562,-0.305563852386724,4.33374091086112,"NO","NO","NO",0.417993538924632,0.124921523536017,0.308088694612771,0.977408255892978,0.701337591850182,0.999908874757857,"chrX",148235409,148235807,"+",0,"NA","Intergenic","Intergenic",-2217,"NM_021523",59026,"Mm.27372","NM_021523","ENSMUSG00000025261","Huwe1","5430439H10Rik|AU041296|Arf-bp1|C430014N20Rik|C80292|Gm1718|Ib772|LASU1|Mule|Ureb1","HECT, UBA and WWE domain containing 1","protein-coding"]
[64247,"Peak_64934",0.138946003570706,0.503446432167183,0.364500428596478,4.87468812560462,"NO","NO","NO",0.738193805702353,0.221854094208893,0.245119138717531,0.995754237914056,0.786108903736279,0.999908874757857,"chrX",148237776,148238174,"+",0,"NA","5' UTR (NM_021523, exon 1 of 83)","5' UTR (NM_021523, exon 1 of 83)",150,"NM_021523",59026,"Mm.27372","NM_021523","ENSMUSG00000025261","Huwe1","5430439H10Rik|AU041296|Arf-bp1|C430014N20Rik|C80292|Gm1718|Ib772|LASU1|Mule|Ureb1","HECT, UBA and WWE domain containing 1","protein-coding"]
[64248,"Peak_64935",-0.427995090343828,-0.545711807145929,-0.117716716802101,4.58065524209017,"NO","NO","NO",0.306876192822432,0.200157037709351,0.733998355855109,0.959925552157071,0.771463026787879,0.999908874757857,"chrX",148436267,148436665,"+",0,"NA","promoter-TSS (NM_016763)","promoter-TSS (NM_016763)",27,"NM_016763",15108,"Mm.6994","NM_016763","ENSMUSG00000025260","Hsd17b10","17bHSD10|Ads9|ERAB|Hadh2","hydroxysteroid (17-beta) dehydrogenase 10","protein-coding"]
[64249,"Peak_64936",0.695970147285017,1.0105006850345,0.314530537749488,4.75500428665009,"NO","NO","NO",0.136985028450201,0.0296048709291158,0.345855013250401,0.936664239942381,0.50685595485823,0.999908874757857,"chrX",148450851,148451249,"+",0,"NA","promoter-TSS (NM_025660)","promoter-TSS (NM_025660)",79,"NM_019710",24061,"Mm.482095","NM_019710","ENSMUSG00000041133","Smc1a","5830426I24Rik|SMC-1A|Sb1.8|Smc1|Smc1alpha|Smc1l1|Smcb|mKIAA0178","structural maintenance of chromosomes 1A","protein-coding"]
[64250,"Peak_64937",-0.284397420227861,0.05347716442634,0.337874584654201,2.6534790934579,"NO","NO","NO",0.711289714133326,0.943859752526891,0.531795529997548,0.995307688025279,0.991418479886161,0.999908874757857,"chrX",148524443,148524841,"+",0,"NA","Intergenic","Intergenic",-54169,"NM_001114664",245666,"Mm.33027","NM_001005475","ENSMUSG00000041115","Iqsec2","Brag1","IQ motif and Sec7 domain 2","protein-coding"]
[64251,"Peak_64938",-0.552793097053974,-0.852658767090383,-0.299865670036409,3.67522586677301,"NO","NO","NO",0.244123430449299,0.0832322261884751,0.418271975727796,0.957177893700462,0.643677176176951,0.999908874757857,"chrX",148578893,148579291,"+",0,"NA","exon (NM_001114664, exon 1 of 15)","exon (NM_001114664, exon 1 of 15)",281,"NM_001114664",245666,"Mm.33027","NM_001005475","ENSMUSG00000041115","Iqsec2","Brag1","IQ motif and Sec7 domain 2","protein-coding"]
[64252,"Peak_64939",0.0484473454917429,0.180164142924905,0.131716797433162,3.50017457428088,"NO","NO","NO",0.932476489315597,0.751290965124409,0.734127518704192,0.997839094325673,0.963484153891751,0.999908874757857,"chrX",148581981,148582379,"+",0,"NA","intron (NM_001114664, intron 1 of 14)","intron (NM_001114664, intron 1 of 14)",3369,"NM_001114664",245666,"Mm.33027","NM_001005475","ENSMUSG00000041115","Iqsec2","Brag1","IQ motif and Sec7 domain 2","protein-coding"]
[64253,"Peak_64940",-0.00814606857988695,-0.579426318623312,-0.571280250043425,3.08479770136742,"NO","NO","NO",0.989482942330712,0.376506702239919,0.217462380348102,0.999461632288631,0.87043143230421,0.999908874757857,"chrX",148605498,148605896,"+",0,"NA","intron (NM_001114664, intron 2 of 14)","intron (NM_001114664, intron 2 of 14)",-7855,"NM_001005475",245666,"Mm.33027","NM_001005475","ENSMUSG00000041115","Iqsec2","Brag1","IQ motif and Sec7 domain 2","protein-coding"]
[64254,"Peak_64941",-0.0596556426329238,0.0070552930150033,0.0667109356479271,3.62205098782965,"NO","NO","NO",0.909415438762726,0.989401006298626,0.853757384600848,0.997799251783824,0.998250407848138,0.999908874757857,"chrX",148613477,148613875,"+",0,"NA","intron (NM_001005475, intron 1 of 13)","intron (NM_001005475, intron 1 of 13)",124,"NM_001005475",245666,"Mm.33027","NM_001005475","ENSMUSG00000041115","Iqsec2","Brag1","IQ motif and Sec7 domain 2","protein-coding"]
[64255,"Peak_64942",0.545805581905833,0.907212148457543,0.361406566551709,3.71418256502969,"NO","NO","NO",0.405542319409984,0.163060638906523,0.435578386719463,0.975982217513585,0.736822097260543,0.999908874757857,"chrX",148667579,148667977,"+",0,"NA","promoter-TSS (NM_013668)","promoter-TSS (NM_013668)",8,"NM_013668",20591,"Mm.142655","NM_013668","ENSMUSG00000025332","Kdm5c","D930009K15Rik|Jarid1c|Smcx|mKIAA0234","lysine (K)-specific demethylase 5C","protein-coding"]
[64256,"Peak_64943",-0.0888994016848794,0.164632727733443,0.253532129418323,2.5186195247671,"NO","NO","NO",0.914218780622862,0.841264398660058,0.662038757807226,0.997799251783824,0.97745216732589,0.999908874757857,"chrX",148742493,148742891,"+",0,"NA","intron (NR_040270, intron 2 of 2)","MTE2b-int|LTR|MaLR",19344,"NR_040269",72997,"Mm.254833","NR_040269",null,"Kantr","2810454L23Rik|2900056M20Rik|Spasm","Kdm5c adjacent non-coding transcript","ncRNA"]
[64257,"Peak_64944",-0.00886425480746452,-0.345009188696342,-0.336144933888878,4.75654939290819,"NO","NO","NO",0.983045176790101,0.416618453848222,0.322276104487027,0.999374808885173,0.884084527981691,0.999908874757857,"chrX",148761863,148762261,"+",0,"NA","promoter-TSS (NR_040269)","promoter-TSS (NR_040269)",-26,"NR_040270",72997,"Mm.254833","NR_040269",null,"Kantr","2810454L23Rik|2900056M20Rik|Spasm","Kdm5c adjacent non-coding transcript","ncRNA"]
[64258,"Peak_64945",1.17238834923497,1.15979526507759,-0.0125930841573762,4.80059406953419,"UP","NO","NO",0.0093786490211605,0.0107213045314869,0.966463910752238,0.767463964353059,0.381922042827637,0.999908874757857,"chrX",148771160,148771558,"+",0,"NA","TTS (NM_029836)","TTS (NM_029836)",5668,"NM_029836",52808,"Mm.9997","NM_029836","ENSMUSG00000041096","Tspyl2","CDA1|CINAP|DENTT|DXBwg1396e|DXHXS1008E|E130307F10Rik","TSPY-like 2","protein-coding"]
[64259,"Peak_64946",0.0061921081812225,-0.0197665201302199,-0.0259586283114424,5.79100567713868,"NO","NO","NO",0.986935522062354,0.958541964683892,0.938275119620217,0.999441379886603,0.993422153001124,0.999908874757857,"chrX",148776855,148777253,"+",0,"NA","promoter-TSS (NM_029836)","promoter-TSS (NM_029836)",-27,"NM_029836",52808,"Mm.9997","NM_029836","ENSMUSG00000041096","Tspyl2","CDA1|CINAP|DENTT|DXBwg1396e|DXHXS1008E|E130307F10Rik","TSPY-like 2","protein-coding"]
[64260,"Peak_64947",0.684041518485754,1.2706417738161,0.586600255330346,2.65378749041444,"NO","NO","NO",0.450467378713296,0.145993046919771,0.260730982657905,0.978344677090796,0.721502609667658,0.999908874757857,"chrX",148787269,148787667,"+",0,"NA","intron (NM_027543, intron 2 of 2)","intron (NM_027543, intron 2 of 2)",-10441,"NM_029836",52808,"Mm.9997","NM_029836","ENSMUSG00000041096","Tspyl2","CDA1|CINAP|DENTT|DXBwg1396e|DXHXS1008E|E130307F10Rik","TSPY-like 2","protein-coding"]
[64261,"Peak_64948",-0.413685813046637,-0.285804292663452,0.127881520383185,4.71396545834161,"NO","NO","NO",0.291357064670501,0.467417753120783,0.682460521755207,0.959925552157071,0.900157540340625,0.999908874757857,"chrX",148803230,148803628,"+",0,"NA","promoter-TSS (NM_001313748)","promoter-TSS (NM_001313748)",-142,"NR_045452",75693,"Mm.287381","NR_045451","ENSMUSG00000084885","3010001F23Rik","-","RIKEN cDNA 3010001F23 gene","ncRNA"]
[64262,"Peak_64950",0.152280968694051,0.649989964505923,0.497708995811872,2.81906472755587,"NO","NO","NO",0.84486034335163,0.39276929835903,0.323325799449818,0.996451548154072,0.876453889356644,0.999908874757857,"chrX",149078660,149079058,"+",0,"NA","promoter-TSS (NM_001290687)","promoter-TSS (NM_001290687)",-167,"NM_001290687",110380,"Mm.40796","NM_172441","ENSMUSG00000045180","Shroom2","4832440C16|Apxl|C630003H05Rik|Shrm2","shroom family member 2","protein-coding"]
[64263,"Peak_64951",-0.0468517246632593,-0.172333839162518,-0.125482114499259,3.03519678641685,"NO","NO","NO",0.942402304883532,0.79502856085846,0.787258230849831,0.997839094325673,0.969868616953345,0.999908874757857,"chrX",149090797,149091195,"+",0,"NA","intron (NM_172441, intron 5 of 9)","intron (NM_172441, intron 5 of 9)",-11905,"NM_001290685",110380,"Mm.40796","NM_172441","ENSMUSG00000045180","Shroom2","4832440C16|Apxl|C630003H05Rik|Shrm2","shroom family member 2","protein-coding"]
[64264,"Peak_64953",0.544725004943393,0.272928107341508,-0.271796897601885,2.595893487197,"NO","NO","NO",0.551797757292139,0.772135278053098,0.680176728274589,0.988644584230152,0.967162165556701,0.999908874757857,"chrX",149113711,149114109,"+",0,"NA","intron (NM_172441, intron 2 of 9)","intron (NM_172441, intron 2 of 9)",-34819,"NM_001290685",110380,"Mm.40796","NM_172441","ENSMUSG00000045180","Shroom2","4832440C16|Apxl|C630003H05Rik|Shrm2","shroom family member 2","protein-coding"]
[64265,"Peak_64954",0.694059220559367,0.372244142959581,-0.321815077599786,2.68846283782921,"NO","NO","NO",0.422017554156284,0.677433181984905,0.587721896618794,0.977408255892978,0.951047438717551,0.999908874757857,"chrX",149125261,149125659,"+",0,"NA","intron (NM_172441, intron 2 of 9)","intron (NM_172441, intron 2 of 9)",-46369,"NM_001290685",110380,"Mm.40796","NM_172441","ENSMUSG00000045180","Shroom2","4832440C16|Apxl|C630003H05Rik|Shrm2","shroom family member 2","protein-coding"]
[64266,"Peak_64955",0.66759243898728,0.388466728751896,-0.279125710235384,2.94367572171912,"NO","NO","NO",0.361878842896914,0.608065335833401,0.552718061748259,0.971106104672636,0.93579096383152,0.999908874757857,"chrX",149178458,149178856,"+",0,"NA","intron (NM_172441, intron 1 of 9)","intron (NM_172441, intron 1 of 9)",25372,"NM_001290684",110380,"Mm.40796","NM_172441","ENSMUSG00000045180","Shroom2","4832440C16|Apxl|C630003H05Rik|Shrm2","shroom family member 2","protein-coding"]
[64267,"Peak_64956",-0.471499886896223,-0.305868035744906,0.165631851151317,5.11860745283508,"NO","NO","NO",0.23545208911254,0.442420278490204,0.628154904634409,0.956433935033361,0.892059405811651,0.999908874757857,"chrX",149203915,149204313,"+",0,"NA","promoter-TSS (NM_001290684)","promoter-TSS (NM_001290684)",-85,"NM_172441",110380,"Mm.40796","NM_172441","ENSMUSG00000045180","Shroom2","4832440C16|Apxl|C630003H05Rik|Shrm2","shroom family member 2","protein-coding"]
[64268,"Peak_64957",0.127343775430194,0.0454591474580432,-0.0818846279721509,2.78394417934618,"NO","NO","NO",0.865293190727501,0.952594250636656,0.877855818489726,0.996451548154072,0.992114606145815,0.999908874757857,"chrX",149216597,149216995,"+",0,"NA","exon (NM_010951, exon 1 of 9)","exon (NM_010951, exon 1 of 9)",332,"NM_010951",18241,"Mm.5157","NM_010951","ENSMUSG00000025333","Gpr143","Oa1","G protein-coupled receptor 143","protein-coding"]
[64269,"Peak_64958",-0.333645520028474,-1.33086441305121,-0.99721889302274,2.40067104382631,"NO","NO","NO",0.657972043225093,0.104069184667545,0.105620895655314,0.992128801173048,0.673701323783394,0.999908874757857,"chrX",149227670,149228068,"+",0,"NA","intron (NM_010951, intron 4 of 8)","intron (NM_010951, intron 4 of 8)",11405,"NM_010951",18241,"Mm.5157","NM_010951","ENSMUSG00000025333","Gpr143","Oa1","G protein-coupled receptor 143","protein-coding"]
[64270,"Peak_64959",1.38873154402881,1.44706234216379,0.0583307981349824,3.65731234342986,"NO","NO","NO",0.0312720580374622,0.0255928621321952,0.868684825189991,0.842760699509358,0.491096386048282,0.999908874757857,"chrX",149441421,149441819,"+",0,"NA","intron (NM_001137547, intron 1 of 1)","intron (NM_001137547, intron 1 of 1)",608,"NM_001137547",635253,"Mm.426169","NM_001137547","ENSMUSG00000067215","Usp51","AV136873","ubiquitin specific protease 51","protein-coding"]
[64271,"Peak_64960",0.405718963326079,0.527691832559089,0.12197286923301,4.01438880074942,"NO","NO","NO",0.435060144137672,0.311728471350939,0.733562936143245,0.978133340845919,0.841109777250451,0.999908874757857,"chrX",149471833,149472231,"+",0,"NA","promoter-TSS (NM_023788)","promoter-TSS (NM_023788)",74,"NM_023788",75625,"Mm.6890","NM_023788","ENSMUSG00000047238","Mageh1","2010107K23Rik|APR-1|APR1","melanoma antigen, family H, 1","protein-coding"]
[64272,"Peak_64961",-0.528890711450325,-0.703118158241121,-0.174227446790796,4.66051945124537,"NO","NO","NO",0.222400741389146,0.11032546946044,0.642251483296398,0.954504329026433,0.682612121875666,0.999908874757857,"chrX",149574465,149574863,"+",0,"NA","5' UTR (NM_001004154, exon 1 of 11)","5' UTR (NM_001004154, exon 1 of 11)",163,"NM_001004154",245670,"Mm.190922","NM_001004154","ENSMUSG00000041658","Rragb","-","Ras-related GTP binding B","protein-coding"]
[64273,"Peak_64962",0.604409809042548,0.45382989983823,-0.150579909204318,2.65615948717977,"NO","NO","NO",0.467012696602049,0.59188490584142,0.779915415264841,0.980176260898648,0.931578192861597,0.999908874757857,"chrX",149667754,149668152,"+",0,"NA","Intergenic","RMER10A|LTR|ERVL",-4635,"NM_173780",245671,"Mm.260751","NM_173780","ENSMUSG00000041649","Klf8","A830097P10Rik|BKLF3|ZNF74","Kruppel-like factor 8","protein-coding"]
[64274,"Peak_64963",-0.829202319549234,-0.769880303605832,0.0593220159434022,3.33676374757949,"NO","NO","NO",0.138699890723316,0.172081723961613,0.89517210890989,0.938616990895382,0.747345386118607,0.999908874757857,"chrX",149672314,149672712,"+",0,"NA","promoter-TSS (NM_173780)","promoter-TSS (NM_173780)",-75,"NM_173780",245671,"Mm.260751","NM_173780","ENSMUSG00000041649","Klf8","A830097P10Rik|BKLF3|ZNF74","Kruppel-like factor 8","protein-coding"]
[64275,"Peak_64964",-0.258392542835776,-0.446175013958469,-0.187782471122693,3.78860306224519,"NO","NO","NO",0.583558655996537,0.357201196381932,0.584385580573253,0.990011585471337,0.860816572903329,0.999908874757857,"chrX",149794234,149794632,"+",0,"NA","intron (NM_173780, intron 2 of 6)","intron (NM_173780, intron 2 of 6)",121845,"NM_173780",245671,"Mm.260751","NM_173780","ENSMUSG00000041649","Klf8","A830097P10Rik|BKLF3|ZNF74","Kruppel-like factor 8","protein-coding"]
[64276,"Peak_64965",-0.115755102116056,0.179043118125547,0.294798220241603,5.18153527625024,"NO","NO","NO",0.772893199123737,0.654227783871751,0.373622794768887,0.996451548154072,0.946738858356646,0.999908874757857,"chrX",149932466,149932864,"+",0,"NA","promoter-TSS (NM_018798)","promoter-TSS (NM_018798)",-110,"NM_018798",54609,"Mm.430772","NM_018798","ENSMUSG00000050148","Ubqln2","Chap1|Dsk2|HRIHFB2157|Plic-2|Plic2","ubiquilin 2","protein-coding"]
[64277,"Peak_64966",-0.539595133683676,-1.06491691882143,-0.525321785137758,2.55755758648446,"NO","NO","NO",0.485200647157448,0.187944017182669,0.413337000565491,0.983088920821324,0.76117173705733,0.999908874757857,"chrX",149941046,149941444,"+",0,"NA","Intergenic","L3|LINE|CR1",8470,"NM_018798",54609,"Mm.430772","NM_018798","ENSMUSG00000050148","Ubqln2","Chap1|Dsk2|HRIHFB2157|Plic-2|Plic2","ubiquilin 2","protein-coding"]
[64278,"Peak_64967",1.37158396554841,1.530736499047,0.159152533498586,3.43769693383849,"NO","NO","NO",0.0978776596134763,0.0648980364601084,0.77066210663493,0.914628189092275,0.613522575901342,0.999908874757857,"chrX",150157917,150158315,"+",0,"NA","promoter-TSS (NM_027327)","promoter-TSS (NM_027327)",19,"NM_027327",70123,"Mm.146408","NM_027327","ENSMUSG00000086316","2210013O21Rik","AI181827|Thp5","RIKEN cDNA 2210013O21 gene","protein-coding"]
[64279,"Peak_64968",1.80896332890479,2.58023138840207,0.771268059497276,2.349852680514,"NO","NO","NO",0.151834165965017,0.028667944935982,0.170656748685508,0.943529907756132,0.502926136644415,0.999908874757857,"chrX",150159576,150159974,"+",0,"NA","intron (NM_027327, intron 1 of 3)","intron (NM_027327, intron 1 of 3)",1678,"NM_027327",70123,"Mm.146408","NM_027327","ENSMUSG00000086316","2210013O21Rik","AI181827|Thp5","RIKEN cDNA 2210013O21 gene","protein-coding"]
[64280,"Peak_64969",-0.553929063577999,-0.709186488900566,-0.155257425322567,4.00395520835426,"NO","NO","NO",0.238642667058038,0.140569074410163,0.68547268370891,0.956996614837851,0.715169274485864,0.999908874757857,"chrX",150266687,150267085,"+",0,"NA","promoter-TSS (NM_001005370)","promoter-TSS (NM_001005370)",50,"NM_001005370",278240,"Mm.293363","NM_001005370","ENSMUSG00000046550","Spin2c","BC068162|SPIN-2C|Spin2","spindlin family, member 2C","protein-coding"]
[64281,"Peak_64970",0.276403624736887,1.03731657651476,0.760912951777873,2.41557518342535,"NO","NO","NO",0.773289033283398,0.253909571517684,0.186641014800315,0.996451548154072,0.808074122923506,0.999908874757857,"chrX",151636812,151637210,"+",0,"NA","Intergenic","Intergenic",13981,"NM_001291865",20229,"Mm.2734","NM_009121","ENSMUSG00000025283","Sat1","AA617398|SSAT|Sat","spermidine/spermine N1-acetyl transferase 1","protein-coding"]
[64282,"Peak_64971",0.443845195445172,1.68318274702121,1.23933755157604,2.79468684002272,"NO","NO","NO",0.630513159973183,0.0449277083915478,0.015867299265495,0.991082598585515,0.558571004772541,0.999908874757857,"chrX",151646506,151646904,"+",0,"NA","TTS (NM_001291865)","TTS (NM_001291865)",4287,"NM_001291865",20229,"Mm.2734","NM_009121","ENSMUSG00000025283","Sat1","AA617398|SSAT|Sat","spermidine/spermine N1-acetyl transferase 1","protein-coding"]
[64283,"Peak_64972",0.584541294585051,0.797516037376104,0.212974742791053,4.32443891090573,"NO","NO","NO",0.231080642573166,0.101262800835643,0.516371097334317,0.955629505034622,0.669778229964525,0.999908874757857,"chrX",151650611,151651009,"+",0,"NA","5' UTR (NM_001291865, exon 1 of 7)","5' UTR (NM_001291865, exon 1 of 7)",182,"NM_001291865",20229,"Mm.2734","NM_009121","ENSMUSG00000025283","Sat1","AA617398|SSAT|Sat","spermidine/spermine N1-acetyl transferase 1","protein-coding"]
[64284,"Peak_64973",0.673918690869876,0.943582373272734,0.269663682402858,4.52634023069658,"NO","NO","NO",0.183695853552804,0.0616197134569576,0.461373814715509,0.952872791523057,0.605787049052172,0.999908874757857,"chrX",151696912,151697310,"+",0,"NA","5' UTR (NM_001313718, exon 1 of 16)","5' UTR (NM_001313718, exon 1 of 16)",125,"NM_001313718",56360,"Mm.268710","NM_019736","ENSMUSG00000025287","Acot9","0610041P13Rik|Acate2|C76421|MT-ACT48|MTE-2|U8|p48","acyl-CoA thioesterase 9","protein-coding"]
[64285,"Peak_64974",0.245446114601761,0.209844402747817,-0.035601711853944,4.15391770847709,"NO","NO","NO",0.625795958730363,0.680794188049629,0.923908126389172,0.991059621898655,0.951834079148489,0.999908874757857,"chrX",151772632,151773030,"+",0,"NA","exon (NM_016764, exon 1 of 7)","exon (NM_016764, exon 1 of 7)",172,"NM_001313711",53381,"Mm.247542","NM_016764","ENSMUSG00000025289","Prdx4","AOE372|Prx-iv|Prx4|TRANK","peroxiredoxin 4","protein-coding"]
[64286,"Peak_64975",0.163844693844418,0.239347427180072,0.0755027333356547,3.56836790633927,"NO","NO","NO",0.769697036111796,0.670677367155681,0.841227906931957,0.996451548154072,0.950475323929914,0.999908874757857,"chrX",152057864,152058262,"+",0,"NA","promoter-TSS (NM_001093750)","promoter-TSS (NM_001093750)",-193,"NM_001093750",211612,"Mm.218811","NM_001093750","ENSMUSG00000041552","Ptchd1","9630036J22Rik|AI848149|Gm387","patched domain containing 1","protein-coding"]
[64287,"Peak_64976",-0.655735522042161,-0.509695657519328,0.146039864522833,2.94071448092838,"NO","NO","NO",0.342299396562829,0.45908941298333,0.791616958075009,0.968859806653915,0.898545274756664,0.999908874757857,"chrX",152059043,152059441,"+",0,"NA","Intergenic","CpG",-1372,"NM_001093750",211612,"Mm.218811","NM_001093750","ENSMUSG00000041552","Ptchd1","9630036J22Rik|AI848149|Gm387","patched domain containing 1","protein-coding"]
[64288,"Peak_64978",1.39491099477711,2.07477455127968,0.679863556502573,1.95930391338416,"NO","NO","NO",0.302372132896399,0.105507727199535,0.305221295264595,0.959925552157071,0.675907498861977,0.999908874757857,"chrX",153220460,153220858,"+",0,"NA","Intergenic","Intergenic",246633,"NR_033598",74941,"Mm.484588","NR_033598",null,"4930503H13Rik","-","gem (nuclear organelle) associated protein 8 pseudogene","pseudo"]
[64289,"Peak_64980",0.400449869160264,0.458612084491113,0.0581622153308491,2.21724508303681,"NO","NO","NO",0.667342878663883,0.625314644736867,0.918501563938699,0.992668856235835,0.941095394269363,0.999908874757857,"chrX",153915239,153915637,"+",0,"NA","intron (NM_009214, intron 1 of 10)","intron (NM_009214, intron 1 of 10)",14540,"NM_009214",20603,"Mm.18652","NM_009214","ENSMUSG00000071708","Sms","AI427066|Gy|SPMSY|SpmST|gyro","spermine synthase","protein-coding"]
[64290,"Peak_64981",0.715101030967279,0.20505603719469,-0.510044993772589,3.13536412714934,"NO","NO","NO",0.301975439864579,0.777371726934719,0.279279193455664,0.959925552157071,0.96804360221947,0.999908874757857,"chrX",153927965,153928363,"+",0,"NA","intron (NM_009214, intron 1 of 10)","intron (NM_009214, intron 1 of 10)",1814,"NM_009214",20603,"Mm.18652","NM_009214","ENSMUSG00000071708","Sms","AI427066|Gy|SPMSY|SpmST|gyro","spermine synthase","protein-coding"]
[64291,"Peak_64982",-0.294836237457175,-0.248927820820922,0.0459084166362532,4.27415938413762,"NO","NO","NO",0.480042503329594,0.554250454078786,0.882085871824133,0.981648566820123,0.923150718663605,0.999908874757857,"chrX",153929567,153929965,"+",0,"NA","intron (NM_009214, intron 1 of 10)","CpG",212,"NM_009214",20603,"Mm.18652","NM_009214","ENSMUSG00000071708","Sms","AI427066|Gy|SPMSY|SpmST|gyro","spermine synthase","protein-coding"]
[64292,"Peak_64983",-0.686630511499853,-0.552189963577282,0.134440547922571,3.0566677479206,"NO","NO","NO",0.24842066290146,0.355090700783375,0.761512095385289,0.958074512707729,0.859912281667029,0.999908874757857,"chrX",153956038,153956436,"+",0,"NA","Intergenic","Intergenic",-22499,"NR_040420",625253,"Mm.463485","NR_040420",null,"Gm6568","EG625253","DnaJ (Hsp40) homolog, subfamily B, member 9 pseudogene","pseudo"]
[64293,"Peak_64984",-0.070037563040419,0.458060925167139,0.528098488207558,2.04195317062966,"NO","NO","NO",0.943165001390967,0.628670023362812,0.377926045241017,0.997839094325673,0.9421751234061,0.999908874757857,"chrX",153962552,153962950,"+",0,"NA","Intergenic","Intergenic",-15985,"NR_040420",625253,"Mm.463485","NR_040420",null,"Gm6568","EG625253","DnaJ (Hsp40) homolog, subfamily B, member 9 pseudogene","pseudo"]
[64294,"Peak_64985",0.298321640526951,0.13513242694205,-0.163189213584901,3.29718069045691,"NO","NO","NO",0.624152542166468,0.828805870289559,0.687559408635514,0.991059621898655,0.974828717046856,0.999908874757857,"chrX",153985018,153985416,"+",0,"NA","TTS (NM_172307)","TTS (NM_172307)",6481,"NR_040420",625253,"Mm.463485","NR_040420",null,"Gm6568","EG625253","DnaJ (Hsp40) homolog, subfamily B, member 9 pseudogene","pseudo"]
[64295,"Peak_64986",1.42919344578048,1.3830094729194,-0.0461839728610799,3.8800275969403,"NO","NO","NO",0.0209630886882731,0.0272954554302275,0.900279673187059,0.82435590509827,0.498728636262234,0.999908874757857,"chrX",154036292,154036690,"+",0,"NA","exon (NM_172307, exon 1 of 11)","exon (NM_172307, exon 1 of 11)",156,"NM_172307",270669,"Mm.37577","NM_172307","ENSMUSG00000046873","Mbtps2","9630032G22Rik|AI662535","membrane-bound transcription factor peptidase, site 2","protein-coding"]
[64296,"Peak_64987",0.52913867457536,0.339208885822561,-0.1899297887528,2.86872152746719,"NO","NO","NO",0.486537762187472,0.66217289788517,0.706984890172221,0.983088920821324,0.94881417216647,0.999908874757857,"chrX",154050899,154051297,"+",0,"NA","Intergenic","Intergenic",-14451,"NM_172307",270669,"Mm.37577","NM_172307","ENSMUSG00000046873","Mbtps2","9630032G22Rik|AI662535","membrane-bound transcription factor peptidase, site 2","protein-coding"]
[64297,"Peak_64988",2.27393589459149,3.02340822262974,0.74947232803825,2.72744476326135,"NO","UP","NO",0.0554695608409555,0.00626638007050942,0.137151020539406,0.895148662088407,0.313760983912706,0.999908874757857,"chrX",154169828,154170226,"+",0,"NA","intron (NM_001252591, intron 4 of 4)","intron (NM_001252591, intron 4 of 4)",33122,"NR_045569",66106,"Mm.140340","NM_025357","ENSMUSG00000041476","Smpx","1010001C09Rik|Csl","small muscle protein, X-linked","protein-coding"]
[64298,"Peak_64989",0.107799699965959,-0.0188497989761357,-0.126649498942094,3.9276582909209,"NO","NO","NO",0.838502582179281,0.972216681834051,0.751141373790575,0.996451548154072,0.996011159558342,0.999908874757857,"chrX",154192708,154193106,"+",0,"NA","Intergenic","Intergenic",56002,"NR_045569",66106,"Mm.140340","NM_025357","ENSMUSG00000041476","Smpx","1010001C09Rik|Csl","small muscle protein, X-linked","protein-coding"]
[64299,"Peak_64990",-0.347336473254994,-0.277841593752533,0.0694948795024605,2.6864638357705,"NO","NO","NO",0.628907594734184,0.701558519137411,0.893891570931742,0.991082598585515,0.955010486379658,0.999908874757857,"chrX",154255516,154255914,"+",0,"NA","promoter-TSS (NM_001081667)","promoter-TSS (NM_001081667)",-652,"NM_001081667",245683,"Mm.295846","NM_001081667","ENSMUSG00000047485","Klhl34","Gm388","kelch-like 34","protein-coding"]
[64300,"Peak_64991",-3.22886332831106E-3,-0.162146636982909,-0.158917773654598,4.06710863071784,"NO","NO","NO",0.99414921925491,0.723249961723256,0.619133689955693,0.999562803852559,0.95901414221371,0.999908874757857,"chrX",154480676,154481074,"+",0,"NA","5' UTR (NM_001310719, exon 1 of 21)","5' UTR (NM_001310719, exon 1 of 21)",254,"NM_001310719",245684,"Mm.197074","NM_177751","ENSMUSG00000025658","Cnksr2","Cnk2|Ksr2","connector enhancer of kinase suppressor of Ras 2","protein-coding"]
[64301,"Peak_64992",0.462413573125584,1.15292059182313,0.690507018697549,2.03822419457493,"NO","NO","NO",0.679052636771852,0.280419715432719,0.281223014857693,0.993744595008032,0.824032163366089,0.999908874757857,"chrX",154745085,154745483,"+",0,"NA","Intergenic","RMER17C|LTR|ERVK",-264155,"NM_177751",245684,"Mm.197074","NM_177751","ENSMUSG00000025658","Cnksr2","Cnk2|Ksr2","connector enhancer of kinase suppressor of Ras 2","protein-coding"]
[64302,"Peak_64993",0.133618827589359,0.474627413430623,0.341008585841265,1.63826302962157,"NO","NO","NO",0.905368170513216,0.668375550755546,0.599092472803349,0.997647436163943,0.950296712014218,0.999908874757857,"chrX",154900163,154900561,"+",0,"NA","Intergenic","Intergenic",-419233,"NM_177751",245684,"Mm.197074","NM_177751","ENSMUSG00000025658","Cnksr2","Cnk2|Ksr2","connector enhancer of kinase suppressor of Ras 2","protein-coding"]
[64303,"Peak_64994",0.276193280260667,-0.189969101188034,-0.466162381448701,3.18648133844869,"NO","NO","NO",0.672630680263185,0.779643741740604,0.328795067834262,0.993474142907549,0.968246399780574,0.999908874757857,"chrX",155141604,155142002,"+",0,"NA","Intergenic","Intergenic",-551911,"NM_148945",110651,"Mm.328476","NM_148945","ENSMUSG00000031309","Rps6ka3","MAPKAPK-1b|MPK-9|Rsk2|S6K-alpha3|p90RSK3|pp90RSK2","ribosomal protein S6 kinase polypeptide 3","protein-coding"]
[64304,"Peak_64995",0.368406131144182,-0.260531551178987,-0.628937682323169,3.48584856776913,"NO","NO","NO",0.512505463075832,0.662072706450104,0.118122562340942,0.985435678944215,0.94881417216647,0.999908874757857,"chrX",155360979,155361377,"+",0,"NA","Intergenic","Intergenic",-332536,"NM_148945",110651,"Mm.328476","NM_148945","ENSMUSG00000031309","Rps6ka3","MAPKAPK-1b|MPK-9|Rsk2|S6K-alpha3|p90RSK3|pp90RSK2","ribosomal protein S6 kinase polypeptide 3","protein-coding"]
[64305,"Peak_64996",0.235964157073836,-0.293805171765191,-0.529769328839026,2.76105268606418,"NO","NO","NO",0.760350761625668,0.71739647394267,0.362571102930849,0.996451548154072,0.95825047530639,0.999908874757857,"chrX",155362115,155362513,"+",0,"NA","Intergenic","Intergenic",-331400,"NM_148945",110651,"Mm.328476","NM_148945","ENSMUSG00000031309","Rps6ka3","MAPKAPK-1b|MPK-9|Rsk2|S6K-alpha3|p90RSK3|pp90RSK2","ribosomal protein S6 kinase polypeptide 3","protein-coding"]
[64306,"Peak_64997",1.67111619157755,1.12663037678475,-0.544485814792807,2.48236801354343,"NO","NO","NO",0.133610497758414,0.326730473637507,0.457079178947388,0.935939022395776,0.847579149588684,0.999908874757857,"chrX",155481362,155481760,"+",0,"NA","Intergenic","Intergenic",-212153,"NM_148945",110651,"Mm.328476","NM_148945","ENSMUSG00000031309","Rps6ka3","MAPKAPK-1b|MPK-9|Rsk2|S6K-alpha3|p90RSK3|pp90RSK2","ribosomal protein S6 kinase polypeptide 3","protein-coding"]
[64307,"Peak_64998",0.101436184637387,-0.25388487184639,-0.355321056483777,2.90437498359992,"NO","NO","NO",0.883669726872487,0.724857459608139,0.478426009814736,0.996451548154072,0.9594212034823,0.999908874757857,"chrX",155606044,155606442,"+",0,"NA","Intergenic","Intergenic",-87471,"NM_148945",110651,"Mm.328476","NM_148945","ENSMUSG00000031309","Rps6ka3","MAPKAPK-1b|MPK-9|Rsk2|S6K-alpha3|p90RSK3|pp90RSK2","ribosomal protein S6 kinase polypeptide 3","protein-coding"]
[64308,"Peak_64999",0.265224548302419,0.774370634276833,0.509146085974414,5.17443079675823,"NO","NO","NO",0.594791212895271,0.118687519587982,0.232051502367384,0.990629663238998,0.694240106406245,0.999908874757857,"chrX",155693377,155693775,"+",0,"NA","promoter-TSS (NM_148945)","promoter-TSS (NM_148945)",-138,"NM_148945",110651,"Mm.328476","NM_148945","ENSMUSG00000031309","Rps6ka3","MAPKAPK-1b|MPK-9|Rsk2|S6K-alpha3|p90RSK3|pp90RSK2","ribosomal protein S6 kinase polypeptide 3","protein-coding"]
[64309,"Peak_65000",0.40378060612742,0.605750724339139,0.201970118211719,4.05567992321242,"NO","NO","NO",0.420926673702954,0.225207355306279,0.541055451927679,0.977408255892978,0.78940498539664,0.999908874757857,"chrX",155810065,155810463,"+",0,"NA","5' UTR (NM_025437, exon 1 of 7)","5' UTR (NM_025437, exon 1 of 7)",137,"NM_025437",66235,"Mm.294623","NM_025437","ENSMUSG00000067194","Eif1ax","1500010B24Rik|AI426898|Eif1ay","eukaryotic translation initiation factor 1A, X-linked","protein-coding"]
[64310,"Peak_65001",0.146105711471116,-0.107962827905143,-0.254068539376259,4.22499365604593,"NO","NO","NO",0.744343225360486,0.814859382612153,0.441595465974078,0.995754237914056,0.972742089536162,0.999908874757857,"chrX",155852508,155852906,"+",0,"NA","exon (NM_001081124, exon 1 of 17)","exon (NM_001081124, exon 1 of 17)",203,"NM_001081124",78283,"Mm.160079","NM_001081124","ENSMUSG00000041020","Map7d2","1600028E09Rik|2900002G04Rik|5330432J06Rik|C030036K04Rik|Mtap7d2","MAP7 domain containing 2","protein-coding"]
[64311,"Peak_65002",1.10080019564731,0.706176720022035,-0.394623475625272,2.12209718768159,"NO","NO","NO",0.281861726527493,0.511070431241627,0.494569558007235,0.959925552157071,0.911579669541933,0.999908874757857,"chrX",155879989,155880387,"+",0,"NA","intron (NM_001313751, intron 1 of 15)","intron (NM_001313751, intron 1 of 15)",-16869,"NM_001313753",78283,"Mm.160079","NM_001081124","ENSMUSG00000041020","Map7d2","1600028E09Rik|2900002G04Rik|5330432J06Rik|C030036K04Rik|Mtap7d2","MAP7 domain containing 2","protein-coding"]
[64312,"Peak_65003",0.0701999397123499,0.364710232534564,0.294510292822214,3.11348119637535,"NO","NO","NO",0.921106440901786,0.605269276947736,0.55897013563332,0.997839094325673,0.935041207232682,0.999908874757857,"chrX",155896960,155897358,"+",0,"NA","5' UTR (NM_001313753, exon 1 of 13)","5' UTR (NM_001313753, exon 1 of 13)",102,"NM_001313752",78283,"Mm.160079","NM_001081124","ENSMUSG00000041020","Map7d2","1600028E09Rik|2900002G04Rik|5330432J06Rik|C030036K04Rik|Mtap7d2","MAP7 domain containing 2","protein-coding"]
[64313,"Peak_65004",-0.162319689043452,-0.0539828315364979,0.108336857506954,2.1086149505286,"NO","NO","NO",0.863211727332258,0.95437654617828,0.873728255365999,0.996451548154072,0.992306441991572,0.999908874757857,"chrX",155964494,155964892,"+",0,"NA","Intergenic","RMER17C-int|LTR|ERVK",-5907,"NM_001033472",382252,"Mm.296254","NM_001033472","ENSMUSG00000044150","A830080D01Rik","2310067E24Rik|Gm1146","RIKEN cDNA A830080D01 gene","protein-coding"]
[64314,"Peak_65005",0.153382630644365,0.346527651863336,0.193145021218971,4.68253711262909,"NO","NO","NO",0.718373412893471,0.415000622932872,0.543740205590082,0.995739075798108,0.883243966151736,0.999908874757857,"chrX",155970628,155971026,"+",0,"NA","intron (NM_001033472, intron 1 of 11)","CpG",227,"NM_001033472",382252,"Mm.296254","NM_001033472","ENSMUSG00000044150","A830080D01Rik","2310067E24Rik|Gm1146","RIKEN cDNA A830080D01 gene","protein-coding"]
[64315,"Peak_65006",0.336471295056628,0.518978611051436,0.182507315994808,4.82900455863797,"NO","NO","NO",0.433989040753385,0.227290771522715,0.574136397995452,0.978029870569335,0.790349726634292,0.999908874757857,"chrX",156065117,156065515,"+",0,"NA","5' UTR (NM_001135727, exon 1 of 18)","5' UTR (NM_001135727, exon 1 of 18)",112,"NM_001135727",58194,"Mm.286495","NM_021389","ENSMUSG00000040990","Sh3kbp1","1200007H22Rik|1700125L08Rik|5830464D22Rik|AI447724|Cin85|IN85|Ruk|Seta","SH3-domain kinase binding protein 1","protein-coding"]
[64316,"Peak_65007",1.13719242907951,1.34650577912455,0.209313350045046,1.56903318949191,"NO","NO","NO",0.406952380685631,0.320420209690733,0.758599641077548,0.975982217513585,0.844282795280264,0.999908874757857,"chrX",156087901,156088299,"+",0,"NA","intron (NM_001135727, intron 1 of 17)","intron (NM_001135727, intron 1 of 17)",22896,"NM_001135727",58194,"Mm.286495","NM_021389","ENSMUSG00000040990","Sh3kbp1","1200007H22Rik|1700125L08Rik|5830464D22Rik|AI447724|Cin85|IN85|Ruk|Seta","SH3-domain kinase binding protein 1","protein-coding"]
[64317,"Peak_65008",0.233770292029424,0.653703303524323,0.419933011494899,2.20429236438385,"NO","NO","NO",0.81083810134396,0.492562533208311,0.493740262464251,0.996451548154072,0.907830282544275,0.999908874757857,"chrX",156093332,156093730,"+",0,"NA","intron (NM_001135727, intron 1 of 17)","intron (NM_001135727, intron 1 of 17)",28327,"NM_001135727",58194,"Mm.286495","NM_021389","ENSMUSG00000040990","Sh3kbp1","1200007H22Rik|1700125L08Rik|5830464D22Rik|AI447724|Cin85|IN85|Ruk|Seta","SH3-domain kinase binding protein 1","protein-coding"]
[64318,"Peak_65009",0.281972547824891,0.12447072067234,-0.15750182715255,2.04460754725006,"NO","NO","NO",0.770086612686291,0.899297517230675,0.801143887732685,0.996451548154072,0.98483351870854,0.999908874757857,"chrX",156134996,156135394,"+",0,"NA","intron (NM_001135727, intron 2 of 17)","intron (NM_001135727, intron 2 of 17)",-11338,"NM_021389",58194,"Mm.286495","NM_021389","ENSMUSG00000040990","Sh3kbp1","1200007H22Rik|1700125L08Rik|5830464D22Rik|AI447724|Cin85|IN85|Ruk|Seta","SH3-domain kinase binding protein 1","protein-coding"]
[64319,"Peak_65010",-0.23909645511322,-0.694974454615604,-0.455877999502384,2.60094464626333,"NO","NO","NO",0.74661162260864,0.366730528149337,0.424814314702418,0.996006914786097,0.865187869596664,0.999908874757857,"chrX",156298268,156298666,"+",0,"NA","intron (NM_001135728, intron 1 of 12)","intron (NM_001135728, intron 1 of 12)",20067,"NM_001135728",58194,"Mm.286495","NM_021389","ENSMUSG00000040990","Sh3kbp1","1200007H22Rik|1700125L08Rik|5830464D22Rik|AI447724|Cin85|IN85|Ruk|Seta","SH3-domain kinase binding protein 1","protein-coding"]
[64320,"Peak_65011",-0.975775351436957,-1.06551586153524,-0.0897405100982819,2.51775927932611,"NO","NO","NO",0.167832982352144,0.139929542938538,0.874965415625191,0.94631447419109,0.714859736055849,0.999908874757857,"chrX",156401194,156401592,"+",0,"NA","intron (NR_110970, intron 14 of 16)","intron (NR_110970, intron 14 of 16)",20768,"NM_001290661",58194,"Mm.286495","NM_021389","ENSMUSG00000040990","Sh3kbp1","1200007H22Rik|1700125L08Rik|5830464D22Rik|AI447724|Cin85|IN85|Ruk|Seta","SH3-domain kinase binding protein 1","protein-coding"]
[64321,"Peak_65012",-0.104007791260749,0.222328240484639,0.326336031745389,3.80563803558938,"NO","NO","NO",0.838143000596898,0.658688197672762,0.349236484325265,0.996451548154072,0.947952111629588,0.999908874757857,"chrX",156426132,156426530,"+",0,"NA","promoter-TSS (NM_001163085)","promoter-TSS (NM_001163085)",-34,"NM_001163085",270672,"Mm.386889","NM_001163085","ENSMUSG00000031303","Map3k15","BC031147|MEKK15","mitogen-activated protein kinase kinase kinase 15","protein-coding"]
[64322,"Peak_65013",0.0742693694418027,0.325624461424813,0.25135509198301,5.21465797191183,"NO","NO","NO",0.863620239159612,0.451556985252091,0.490936853669947,0.996451548154072,0.896022107649547,0.999908874757857,"chrX",156576055,156576453,"+",0,"NA","5' UTR (NM_008810, exon 1 of 11)","5' UTR (NM_008810, exon 1 of 11)",108,"NM_008810",18597,"Mm.34775","NM_008810","ENSMUSG00000031299","Pdha1","Pdha-1","pyruvate dehydrogenase E1 alpha 1","protein-coding"]
[64323,"Peak_65014",0.681133431843852,0.0936028387120234,-0.587530593131828,3.08450514431907,"NO","NO","NO",0.317113637002648,0.896605179410249,0.198926618821717,0.960311222031171,0.984302774350094,0.999908874757857,"chrX",156750481,156750879,"+",0,"NA","Intergenic","Intergenic",-77942,"NM_001079848",237175,"Mm.213016","NM_178712","ENSMUSG00000031298","Adgrg2","AW212196|B830041D06Rik|Gpr64|Me6","adhesion G protein-coupled receptor G2","protein-coding"]
[64324,"Peak_65015",0.320327386037828,0.262584659036632,-0.0577427270011954,2.12447104215974,"NO","NO","NO",0.754068325994261,0.800199189563318,0.93465033455549,0.996381614598624,0.970171577815851,0.999908874757857,"chrX",156776472,156776870,"+",0,"NA","Intergenic","Intergenic",-51951,"NM_001079848",237175,"Mm.213016","NM_178712","ENSMUSG00000031298","Adgrg2","AW212196|B830041D06Rik|Gpr64|Me6","adhesion G protein-coupled receptor G2","protein-coding"]
[64325,"Peak_65016",-1.28231536232853,-1.1383013246693,0.14401403765923,2.38881981864333,"NO","NO","NO",0.0875123852725442,0.130283780620604,0.816096580766483,0.911408110368333,0.705501333365588,0.999908874757857,"chrX",156788814,156789212,"+",0,"NA","Intergenic","Intergenic",-39609,"NM_001079848",237175,"Mm.213016","NM_178712","ENSMUSG00000031298","Adgrg2","AW212196|B830041D06Rik|Gpr64|Me6","adhesion G protein-coupled receptor G2","protein-coding"]
[64326,"Peak_65017",0.612517637601587,0.939425632882218,0.326907995280631,4.15614632038762,"NO","NO","NO",0.246220937747968,0.0725630662452704,0.353683689351047,0.957177893700462,0.627691466851959,0.999908874757857,"chrX",156828346,156828744,"+",0,"NA","promoter-TSS (NM_178712)","promoter-TSS (NM_178712)",-77,"NM_001079848",237175,"Mm.213016","NM_178712","ENSMUSG00000031298","Adgrg2","AW212196|B830041D06Rik|Gpr64|Me6","adhesion G protein-coupled receptor G2","protein-coding"]
[64327,"Peak_65018",-0.874707634957674,-0.49293462480807,0.381773010149604,3.13181786055924,"NO","NO","NO",0.14948000321465,0.411028161314718,0.415409398284336,0.943529907756132,0.882510099712612,0.999908874757857,"chrX",156850986,156851384,"+",0,"NA","intron (NM_001079848, intron 1 of 25)","MER58A|DNA|MER1_type",22563,"NM_001290446",237175,"Mm.213016","NM_178712","ENSMUSG00000031298","Adgrg2","AW212196|B830041D06Rik|Gpr64|Me6","adhesion G protein-coupled receptor G2","protein-coding"]
[64328,"Peak_65019",-0.183625652934161,-0.043507655719769,0.140117997214392,5.00898583406304,"NO","NO","NO",0.664483361891669,0.918378711157334,0.695304614828697,0.992128801173048,0.987858083469117,0.999908874757857,"chrX",156940110,156940508,"+",0,"NA","promoter-TSS (NM_172783)","promoter-TSS (NM_172783)",-57,"NM_001177878",110094,"Mm.350712","NM_172783","ENSMUSG00000031295","Phka2","6330505C01Rik|D330034O08|Phk","phosphorylase kinase alpha 2","protein-coding"]
[64329,"Peak_65020",0.540117169943339,0.545795103013655,0.00567793307031626,2.28557599328372,"NO","NO","NO",0.575783694659232,0.575877381055703,0.992952365487665,0.989901499266921,0.928001909849542,0.999908874757857,"chrX",157029467,157029865,"+",0,"NA","TTS (NM_001177879)","TTS (NM_001177879)",89300,"NM_172783",110094,"Mm.350712","NM_172783","ENSMUSG00000031295","Phka2","6330505C01Rik|D330034O08|Phk","phosphorylase kinase alpha 2","protein-coding"]
[64330,"Peak_65021",1.59544366007386,1.71235606234259,0.116912402268727,2.72815522127049,"NO","NO","NO",0.13241940658834,0.105931091672663,0.854363568901357,0.935939022395776,0.677134094203147,0.999908874757857,"chrX",157039169,157039567,"+",0,"NA","Intergenic","Intergenic",99002,"NM_172783",110094,"Mm.350712","NM_172783","ENSMUSG00000031295","Phka2","6330505C01Rik|D330034O08|Phk","phosphorylase kinase alpha 2","protein-coding"]
[64331,"Peak_65022",0.988971344805743,0.775154680849424,-0.213816663956319,3.99018091880514,"NO","NO","NO",0.0570895660033684,0.147080083785102,0.496993322242501,0.895148662088407,0.723229621805615,0.999908874757857,"chrX",157203840,157204238,"+",0,"NA","Intergenic","Intergenic",-1906,"NM_011302",20147,"Mm.41982","NM_011302","ENSMUSG00000031293","Rs1","Rs1h|Xlrs1|tmgc1","retinoschisis (X-linked, juvenile) 1 (human)","protein-coding"]
[64332,"Peak_65023",0.660934403998548,0.917454096907899,0.256519692909351,5.12372363901201,"NO","NO","NO",0.138053401766059,0.0390679024667571,0.456795021835709,0.936971665915079,0.543264653732662,0.999908874757857,"chrX",157432606,157433004,"+",0,"NA","promoter-TSS (NM_001024624)","promoter-TSS (NM_001024624)",-192,"NM_001024624",382253,"Mm.443717","NM_001024624","ENSMUSG00000031292","Cdkl5","BC038161|Stk9","cyclin-dependent kinase-like 5","protein-coding"]
[64333,"Peak_65024",-0.106913083973833,-0.300883762999765,-0.193970679025932,3.8045198102007,"NO","NO","NO",0.828961165488267,0.552902283525264,0.596179070317562,0.996451548154072,0.92286281418538,0.999908874757857,"chrX",157600668,157601066,"+",0,"NA","5' UTR (NM_001290651, exon 1 of 26)","5' UTR (NM_001290651, exon 1 of 26)",185,"NM_001290651",107815,"Mm.159173","NM_133194","ENSMUSG00000000037","Scml2","4932420G07Rik","sex comb on midleg-like 2 (Drosophila)","protein-coding"]
[64334,"Peak_65025",-0.396451530286084,0.227723157978617,0.624174688264701,4.16833986688487,"NO","NO","NO",0.374570614479012,0.597334204875635,0.0430087346738773,0.972397593291388,0.933217218406947,0.999908874757857,"chrX",158155046,158155444,"+",0,"NA","promoter-TSS (NM_198409)","promoter-TSS (NM_198409)",-240,"NM_198409",24004,"Mm.328503","NM_198409","ENSMUSG00000043518","Rai2","3f8","retinoic acid induced 2","protein-coding"]
[64335,"Peak_65026",-0.151568091851742,-0.0708810116325782,0.0806870802191637,2.65354736069894,"NO","NO","NO",0.840409925451146,0.925415802323778,0.87860686475459,0.996451548154072,0.988729626521456,0.999908874757857,"chrX",158166525,158166923,"+",0,"NA","intron (NM_198409, intron 1 of 1)","intron (NM_198409, intron 1 of 1)",11239,"NM_198409",24004,"Mm.328503","NM_198409","ENSMUSG00000043518","Rai2","3f8","retinoic acid induced 2","protein-coding"]
[64336,"Peak_65027",0.953094939946642,0.423003382584692,-0.530091557361949,2.42718036899734,"NO","NO","NO",0.294932239947099,0.658855815008062,0.360168512077059,0.959925552157071,0.947952111629588,0.999908874757857,"chrX",158315017,158315415,"+",0,"NA","intron (NM_001081052, intron 1 of 7)","intron (NM_001081052, intron 1 of 7)",159731,"NM_198409",24004,"Mm.328503","NM_198409","ENSMUSG00000043518","Rai2","3f8","retinoic acid induced 2","protein-coding"]
[64337,"Peak_65028",0.932420188054397,1.03905958834997,0.106639400295578,4.05812951176663,"NO","NO","NO",0.0975537037962397,0.0656261094703077,0.772838432559244,0.914628189092275,0.614573645424358,0.999908874757857,"chrX",158346604,158347002,"+",0,"NA","intron (NM_001081052, intron 1 of 7)","CpG",191318,"NM_198409",24004,"Mm.328503","NM_198409","ENSMUSG00000043518","Rai2","3f8","retinoic acid induced 2","protein-coding"]
[64338,"Peak_65029",-0.591427135506014,-1.20491570795527,-0.613488572449255,3.56780608482167,"NO","NO","NO",0.207234204669198,0.0158601582341652,0.100519526708935,0.953494236567625,0.433008291824962,0.999908874757857,"chrX",158364149,158364547,"+",0,"NA","intron (NM_001081052, intron 1 of 7)","intron (NM_001081052, intron 1 of 7)",208863,"NM_198409",24004,"Mm.328503","NM_198409","ENSMUSG00000043518","Rai2","3f8","retinoic acid induced 2","protein-coding"]
[64339,"Peak_65030",-1.06721986474388,-1.41788875734854,-0.35066889260466,2.73378234106118,"NO","NO","NO",0.146426501260511,0.0627716190570969,0.591510375155155,0.943529907756132,0.609252339851015,0.999908874757857,"chrX",158388164,158388562,"+",0,"NA","intron (NM_001081052, intron 1 of 7)","intron (NM_001081052, intron 1 of 7)",209010,"NM_001081052",195727,"Mm.336313","NM_001081052","ENSMUSG00000059493","Nhs","Gm389|Gm48|Nhs1|Xcat","Nance-Horan syndrome (human)","protein-coding"]
[64340,"Peak_65031",1.00907372489329,-0.145778795620203,-1.1548525205135,2.95472359764235,"NO","NO","NO",0.155542155585201,0.853331828827043,0.0159871697599135,0.943529907756132,0.977898830794056,0.999908874757857,"chrX",158411633,158412031,"+",0,"NA","intron (NM_001081052, intron 1 of 7)","intron (NM_001081052, intron 1 of 7)",185541,"NM_001081052",195727,"Mm.336313","NM_001081052","ENSMUSG00000059493","Nhs","Gm389|Gm48|Nhs1|Xcat","Nance-Horan syndrome (human)","protein-coding"]
[64341,"Peak_65032",-0.320247961239086,-0.834154833047062,-0.513906871807976,2.07404832523847,"NO","NO","NO",0.735425932296458,0.395446304046238,0.507502339096314,0.995754237914056,0.877474363701345,0.999908874757857,"chrX",158447782,158448180,"+",0,"NA","intron (NM_001081052, intron 1 of 7)","intron (NM_001081052, intron 1 of 7)",149392,"NM_001081052",195727,"Mm.336313","NM_001081052","ENSMUSG00000059493","Nhs","Gm389|Gm48|Nhs1|Xcat","Nance-Horan syndrome (human)","protein-coding"]
[64342,"Peak_65034",0.296724907981257,-1.16025252209597,-1.45697743007722,2.36767756604054,"NO","NO","NO",0.724701061992736,0.216781977915217,0.0312821593894696,0.995739075798108,0.782549303110682,0.999908874757857,"chrX",158569463,158569861,"+",0,"NA","intron (NM_001081052, intron 1 of 7)","intron (NM_001081052, intron 1 of 7)",27711,"NM_001081052",195727,"Mm.336313","NM_001081052","ENSMUSG00000059493","Nhs","Gm389|Gm48|Nhs1|Xcat","Nance-Horan syndrome (human)","protein-coding"]
[64343,"Peak_65035",-0.876359667075507,-0.573900495575659,0.302459171499849,3.87826492006865,"NO","NO","NO",0.0459138855851689,0.187929347825612,0.357245400845049,0.884547564639272,0.76117173705733,0.999908874757857,"chrX",158596958,158597356,"+",0,"NA","exon (NM_001290526, exon 1 of 9)","exon (NM_001290526, exon 1 of 9)",216,"NM_001081052",195727,"Mm.336313","NM_001081052","ENSMUSG00000059493","Nhs","Gm389|Gm48|Nhs1|Xcat","Nance-Horan syndrome (human)","protein-coding"]
[64344,"Peak_65036",-0.893285035318021,-0.605238377681037,0.288046657636983,1.96309657714798,"NO","NO","NO",0.311827737577275,0.492056794987617,0.659906876946107,0.959925552157071,0.907610187989643,0.999908874757857,"chrX",158661102,158661500,"+",0,"NA","Intergenic","LTR16C|LTR|ERVL",-63928,"NM_001290526",195727,"Mm.336313","NM_001081052","ENSMUSG00000059493","Nhs","Gm389|Gm48|Nhs1|Xcat","Nance-Horan syndrome (human)","protein-coding"]
[64345,"Peak_65037",0.640254838428767,0.369458504746538,-0.270796333682229,1.80685488409757,"NO","NO","NO",0.579799193114197,0.756271680371561,0.718820502553371,0.989995385640587,0.964380640497659,0.999908874757857,"chrX",158705595,158705993,"+",0,"NA","Intergenic","Intergenic",-108421,"NM_001290526",195727,"Mm.336313","NM_001081052","ENSMUSG00000059493","Nhs","Gm389|Gm48|Nhs1|Xcat","Nance-Horan syndrome (human)","protein-coding"]
[64346,"Peak_65038",3.25652556301801,3.31618077432362,0.0596552113056094,3.24638706513941,"UP","UP","NO",1.6200977974889E-3,0.00132568662845609,0.885264379570735,0.623576213645203,0.173269662456788,0.999908874757857,"chrX",158716728,158717126,"+",0,"NA","Intergenic","Intergenic",-119554,"NM_001290526",195727,"Mm.336313","NM_001081052","ENSMUSG00000059493","Nhs","Gm389|Gm48|Nhs1|Xcat","Nance-Horan syndrome (human)","protein-coding"]
[64347,"Peak_65039",1.00012229058822,1.0644656366471,0.064343346058882,5.04807863652744,"NO","NO","NO",0.0209867167975083,0.0143437149868394,0.834948819265671,0.82435590509827,0.42350800645696,0.999908874757857,"chrX",159081336,159081734,"+",0,"NA","promoter-TSS (NM_001290633)","promoter-TSS (NM_001290633)",55,"NM_178256",194590,"Mm.442441","NM_178256","ENSMUSG00000040855","Reps2","POB1","RALBP1 associated Eps domain containing protein 2","protein-coding"]
[64348,"Peak_65040",-0.0456783309023741,-0.650704668255681,-0.605026337353307,2.51245442236398,"NO","NO","NO",0.953094290627367,0.426680268195813,0.304911540853708,0.997864712175888,0.887544899940729,0.999908874757857,"chrX",159165274,159165672,"+",0,"NA","Intergenic","Intergenic",-32831,"NM_009031",245688,"Mm.270186","NM_009031","ENSMUSG00000031353","Rbbp7","AA409861|AI173248|AU019541|BB114024|mRbAp46","retinoblastoma binding protein 7","protein-coding"]
[64349,"Peak_65041",2.20444442644423,2.15755847585005,-0.0468859505941871,3.65700282235263,"UP","UP","NO",0.0024515906169622,0.00341115181273879,0.89355537230256,0.672239622666757,0.254105177116343,0.999908874757857,"chrX",159173444,159173842,"+",0,"NA","Intergenic","Intergenic",-24661,"NM_009031",245688,"Mm.270186","NM_009031","ENSMUSG00000031353","Rbbp7","AA409861|AI173248|AU019541|BB114024|mRbAp46","retinoblastoma binding protein 7","protein-coding"]
[64350,"Peak_65042",-0.674966742911277,-0.544317402061618,0.130649340849659,3.05293727595096,"NO","NO","NO",0.267058815595329,0.37410487905156,0.777519426609204,0.959925552157071,0.868749723042435,0.999908874757857,"chrX",159174249,159174647,"+",0,"NA","Intergenic","Intergenic",-23856,"NM_009031",245688,"Mm.270186","NM_009031","ENSMUSG00000031353","Rbbp7","AA409861|AI173248|AU019541|BB114024|mRbAp46","retinoblastoma binding protein 7","protein-coding"]
[64351,"Peak_65043",0.394414292741783,0.698059839822113,0.30364554708033,5.3688552323056,"NO","NO","NO",0.340393324981846,0.090434508091473,0.363259073344159,0.968506035445029,0.654304734267029,0.999908874757857,"chrX",159198169,159198567,"+",0,"NA","promoter-TSS (NM_009031)","promoter-TSS (NM_009031)",64,"NM_009031",245688,"Mm.270186","NM_009031","ENSMUSG00000031353","Rbbp7","AA409861|AI173248|AU019541|BB114024|mRbAp46","retinoblastoma binding protein 7","protein-coding"]
[64352,"Peak_65044",0.477879538509788,0.519816314067901,0.0419367755581125,4.86859161538479,"NO","NO","NO",0.258204054209907,0.220810000148835,0.894869408044638,0.9584185922148,0.785216324102955,0.999908874757857,"chrX",159267024,159267422,"+",0,"NA","exon (NM_001290776, exon 1 of 11)","exon (NM_001290776, exon 1 of 11)",163,"NM_001290777",353170,"Mm.270186","NM_178935","ENSMUSG00000038344","Txlng","4932441K18Rik|Fiat|Lrp","taxilin gamma","protein-coding"]
[64353,"Peak_65045",-0.134513469151883,0.300634567568016,0.435148036719898,4.30931815227501,"NO","NO","NO",0.788718354228483,0.544966428724813,0.262350614262432,0.996451548154072,0.920870414935423,0.999908874757857,"chrX",159325973,159326371,"+",0,"NA","exon (NM_025932, exon 1 of 9)","exon (NM_025932, exon 1 of 9)",222,"NM_025932",67043,"Mm.44207","NM_025932","ENSMUSG00000031357","Syap1","2010110O17Rik|AW011796","synapse associated protein 1","protein-coding"]
[64354,"Peak_65046",-0.444971410904446,-0.705259151377108,-0.260287740472662,4.4883631560379,"NO","NO","NO",0.284321587808792,0.0976921540902135,0.451774003546606,0.959925552157071,0.664508776623773,0.999908874757857,"chrX",159339634,159340032,"+",0,"NA","promoter-TSS (NR_033143)","promoter-TSS (NR_033143)",-270,"NR_033143",55936,"Mm.2065","NM_018737","ENSMUSG00000031360","Ctps2","A830031M15Rik|AI326475|Ctpsh","cytidine 5'-triphosphate synthase 2","protein-coding"]
[64355,"Peak_65047",-0.440986160388367,-0.545367040504703,-0.104380880116336,2.34652675625845,"NO","NO","NO",0.61578341837345,0.537645683310978,0.883848536508927,0.990629663238998,0.919078740992577,0.999908874757857,"chrX",159429752,159430150,"+",0,"NA","intron (NM_001168571, intron 14 of 16)","intron (NM_001168571, intron 14 of 16)",-27420,"NM_009789",12309,"Mm.6891","NM_009789","ENSMUSG00000040808","S100g","AU042539|CABP1|CaBP-D9K|Cabp9k|Calb3","S100 calcium binding protein G","protein-coding"]
[64356,"Peak_65048",0.531893835330508,0.470109190965125,-0.0617846443653829,2.26573328377782,"NO","NO","NO",0.563744427375999,0.616090738492003,0.912542331764533,0.989696202529026,0.938402673292963,0.999908874757857,"chrX",159581494,159581892,"+",0,"NA","Intergenic","Intergenic",-179162,"NM_009789",12309,"Mm.6891","NM_009789","ENSMUSG00000040808","S100g","AU042539|CABP1|CaBP-D9K|Cabp9k|Calb3","S100 calcium binding protein G","protein-coding"]
[64357,"Peak_65049",-0.635467941131081,-0.345548513358361,0.28991942777272,2.3662308530339,"NO","NO","NO",0.437893601417472,0.672750360811394,0.63703114993003,0.978133340845919,0.950792012896728,0.999908874757857,"chrX",159747815,159748213,"+",0,"NA","Intergenic","Intergenic",239654,"NM_008177",14829,"Mm.4687","NM_008177","ENSMUSG00000031364","Grpr","GRP-R","gastrin releasing peptide receptor","protein-coding"]
[64358,"Peak_65050",-0.111219447251705,0.0101062145791373,0.121325661830843,3.22357145263,"NO","NO","NO",0.858146537166233,0.98711207789007,0.783255766588029,0.996451548154072,0.998211814135675,0.999908874757857,"chrX",159987594,159987992,"+",0,"NA","promoter-TSS (NM_008177)","promoter-TSS (NM_008177)",-125,"NM_008177",14829,"Mm.4687","NM_008177","ENSMUSG00000031364","Grpr","GRP-R","gastrin releasing peptide receptor","protein-coding"]
[64359,"Peak_65051",0.67234563445497,0.914975155150776,0.242629520695806,2.0121926303396,"NO","NO","NO",0.527018362843611,0.385086367087964,0.677754612654972,0.987126410621673,0.874611218849232,0.999908874757857,"chrX",160161617,160162015,"+",0,"NA","Intergenic","Intergenic",37448,"NM_028842",74264,"Mm.39304","NM_028842","ENSMUSG00000083695","Rnf138rt1","-","ring finger protein 138, retrogene 1","protein-coding"]
[64360,"Peak_65052",0.179199844329358,0.325123175106614,0.145923330777256,3.62174181496533,"NO","NO","NO",0.747993741585721,0.560987900331881,0.695616055907557,0.996012642254204,0.924975711666434,0.999908874757857,"chrX",160198974,160199372,"+",0,"NA","promoter-TSS (NM_028842)","promoter-TSS (NM_028842)",91,"NM_028842",74264,"Mm.39304","NM_028842","ENSMUSG00000083695","Rnf138rt1","-","ring finger protein 138, retrogene 1","protein-coding"]
[64361,"Peak_65053",-0.616524747008762,-0.614974354979736,0.00155039202902602,2.50998144632402,"NO","NO","NO",0.438445471271065,0.44595152218368,0.998517392951794,0.978195682273083,0.893628115388407,0.999908874757857,"chrX",160203423,160203821,"+",0,"NA","Intergenic","Intergenic",-4358,"NM_028842",74264,"Mm.39304","NM_028842","ENSMUSG00000083695","Rnf138rt1","-","ring finger protein 138, retrogene 1","protein-coding"]
[64362,"Peak_65054",-0.216705623764334,-0.14339534033269,0.0733102834316435,2.81565673964257,"NO","NO","NO",0.763057131714946,0.843110357410906,0.887728990869269,0.996451548154072,0.977460230305398,0.999908874757857,"chrX",160323473,160323871,"+",0,"NA","Intergenic","Intergenic",-23277,"NM_001290379",108012,"Mm.426783","NM_026887","ENSMUSG00000031367","Ap1s2","1500012A13Rik|AI853648|EST1","adaptor-related protein complex 1, sigma 2 subunit","protein-coding"]
[64363,"Peak_65055",-0.189293889820712,-0.0892467079032518,0.100047181917461,6.00239461612599,"NO","NO","NO",0.600328961791329,0.805191257424926,0.758033170201845,0.990629663238998,0.971579256257982,0.999908874757857,"chrX",160346862,160347260,"+",0,"NA","5' UTR (NM_026887, exon 1 of 5)","5' UTR (NM_026887, exon 1 of 5)",112,"NM_001290378",108012,"Mm.426783","NM_026887","ENSMUSG00000031367","Ap1s2","1500012A13Rik|AI853648|EST1","adaptor-related protein complex 1, sigma 2 subunit","protein-coding"]
[64364,"Peak_65056",-0.407760375368327,-0.135039900416334,0.272720474951993,4.34696851344966,"NO","NO","NO",0.344915384679755,0.75364194298874,0.408498559135026,0.968973004742315,0.963886844183396,0.999908874757857,"chrX",160396191,160396589,"+",0,"NA","5' UTR (NM_009453, exon 1 of 11)","5' UTR (NM_009453, exon 1 of 11)",208,"NM_178794",22184,"Mm.426178","NM_009453","ENSMUSG00000031370","Zrsr2","35kDa|5031411E02Rik|A230052C13Rik|C77286|U2af1-rs2|URP","zinc finger (CCCH type), RNA binding motif and serine/arginine rich 2","protein-coding"]
[64365,"Peak_65057",1.40748258938046,2.55269644130874,1.14521385192828,3.05212105604469,"NO","UP","UP",0.141158185061486,0.00295745364039714,0.0083931573026444,0.940259522203844,0.239525325291688,0.999908874757857,"chrX",160420068,160420466,"+",0,"NA","intron (NM_181315, intron 7 of 7)","intron (NM_181315, intron 7 of 7)",-23669,"NM_009453",22184,"Mm.426178","NM_009453","ENSMUSG00000031370","Zrsr2","35kDa|5031411E02Rik|A230052C13Rik|C77286|U2af1-rs2|URP","zinc finger (CCCH type), RNA binding motif and serine/arginine rich 2","protein-coding"]
[64366,"Peak_65058",0.70823988572387,0.547959280625879,-0.160280605097991,1.9017820019734,"NO","NO","NO",0.506193128558505,0.618228387173804,0.792915376571589,0.984683579984827,0.938823632068515,0.999908874757857,"chrX",160442689,160443087,"+",0,"NA","intron (NM_181315, intron 2 of 7)","MER20|DNA|MER1_type",23054,"NM_181315",56078,"Mm.180953","NM_181315","ENSMUSG00000031373","Car5b","7330410H16Rik|CAVB|Ca5b|CarVb|D730005F19Rik","carbonic anhydrase 5b, mitochondrial","protein-coding"]
[64367,"Peak_65059",1.59555400468423,1.64616940305499,0.0506153983707519,4.07272793411239,"UP","UP","NO",0.00790450010584893,0.00637691391224068,0.88379648352772,0.761028904327067,0.316322420977013,0.999908874757857,"chrX",160465752,160466150,"+",0,"NA","promoter-TSS (NM_181315)","promoter-TSS (NM_181315)",-9,"NM_181315",56078,"Mm.180953","NM_181315","ENSMUSG00000031373","Car5b","7330410H16Rik|CAVB|Ca5b|CarVb|D730005F19Rik","carbonic anhydrase 5b, mitochondrial","protein-coding"]
[64368,"Peak_65060",0.763825710233779,0.26156541059455,-0.502260299639228,2.6815329150671,"NO","NO","NO",0.357988460616801,0.764172723200239,0.365444750654122,0.971106104672636,0.965426481631398,0.999908874757857,"chrX",160504107,160504505,"+",0,"NA","Intergenic","Intergenic",9761,"NM_001308386",20438,"Mm.37215","NM_009173","ENSMUSG00000040749","Siah1b","AA960570|Sinh1b|siah-1b","seven in absentia 1B","protein-coding"]
[64369,"Peak_65061",0.283680307603336,0.659244751433159,0.375564443829823,5.15456302919845,"NO","NO","NO",0.496622207093343,0.111380404091526,0.25267585664567,0.983805374400986,0.685264254023881,0.999908874757857,"chrX",160514101,160514499,"+",0,"NA","promoter-TSS (NM_001308386)","promoter-TSS (NM_001308386)",125,"NM_001308385",20438,"Mm.37215","NM_009173","ENSMUSG00000040749","Siah1b","AA960570|Sinh1b|siah-1b","seven in absentia 1B","protein-coding"]
[64370,"Peak_65062",-1.33553764597183,-0.431527093712104,0.904010552259725,2.46963316072552,"NO","NO","NO",0.0739962880454153,0.544786174158385,0.109446434009707,0.907934971210637,0.920780660950312,0.999908874757857,"chrX",160684749,160685147,"+",0,"NA","intron (NM_009759, intron 3 of 18)","intron (NM_009759, intron 3 of 18)",11177,"NM_009759",12169,"Mm.504","NM_009759","ENSMUSG00000031377","Bmx","Etk|Etk/Bmx|Tyro8","BMX non-receptor tyrosine kinase","protein-coding"]
[64371,"Peak_65063",-0.397759122337544,-0.0527216769617434,0.345037445375801,3.69303789362766,"NO","NO","NO",0.429699843709239,0.915721645141053,0.327306353367482,0.977496488792462,0.987132724169538,0.999908874757857,"chrX",160707277,160707675,"+",0,"NA","5' UTR (NM_001301402, exon 1 of 9)","5' UTR (NM_001301402, exon 1 of 9)",113,"NM_027153",69656,"Mm.293463","NM_027153","ENSMUSG00000031379","Pir","2310042L19Rik|Pirnl","pirin","protein-coding"]
[64372,"Peak_65064",0.178883964092424,0.168680901803173,-0.010203062289251,4.49701534729382,"NO","NO","NO",0.667426282140849,0.68868846232781,0.972459741677368,0.992668856235835,0.953182367656363,0.999908874757857,"chrX",160819816,160820214,"+",0,"NA","intron (NM_001308489, intron 1 of 5)","intron (NM_001308489, intron 1 of 5)",8561,"NM_001308489",14205,"Mm.297978","NM_010216","ENSMUSG00000031380","Vegfd","AI325264|Figf|VEGF-D","vascular endothelial growth factor D","protein-coding"]
[64373,"Peak_65065",0.698462215692571,0.639962265549757,-0.058499950142814,2.4137457388675,"NO","NO","NO",0.463793476857039,0.509819133116345,0.923629483584295,0.979860780201896,0.911579669541933,0.999908874757857,"chrX",160836399,160836797,"+",0,"NA","intron (NM_001308489, intron 5 of 5)","intron (NM_001308489, intron 5 of 5)",-21121,"NM_011081",18700,"Mm.3781","NM_011081","ENSMUSG00000031381","Piga","AI194334|Pig-a","phosphatidylinositol glycan anchor biosynthesis, class A","protein-coding"]
[64374,"Peak_65066",0.51920674858994,0.507557908734267,-0.0116488398556723,5.58455514628811,"NO","NO","NO",0.194935276716621,0.207389567518653,0.972162012742309,0.953494236567625,0.776746023704372,0.999908874757857,"chrX",160857482,160857880,"+",0,"NA","promoter-TSS (NM_011081)","promoter-TSS (NM_011081)",-38,"NM_011081",18700,"Mm.3781","NM_011081","ENSMUSG00000031381","Piga","AI194334|Pig-a","phosphatidylinositol glycan anchor biosynthesis, class A","protein-coding"]
[64375,"Peak_65067",1.27596660584225,1.63719532990123,0.361228724058978,3.06023719933073,"NO","NO","NO",0.133726156251772,0.0489852312274445,0.44381448859616,0.935939022395776,0.574206359718321,0.999908874757857,"chrX",160985480,160985878,"+",0,"NA","Intergenic","Intergenic",49844,"NM_027027",69299,"Mm.79031","NM_027027","ENSMUSG00000031384","Asb9","1700011M07Rik","ankyrin repeat and SOCS box-containing 9","protein-coding"]
[64376,"Peak_65068",1.54351396275051,0.833854149155406,-0.709659813595099,2.38238432674907,"NO","NO","NO",0.127117223193634,0.441191563451887,0.233835402361018,0.933648031316548,0.891825020450125,0.999908874757857,"chrX",161080143,161080541,"+",0,"NA","Intergenic","LTR16A|LTR|ERVL",144507,"NM_027027",69299,"Mm.79031","NM_027027","ENSMUSG00000031384","Asb9","1700011M07Rik","ankyrin repeat and SOCS box-containing 9","protein-coding"]
[64377,"Peak_65069",-0.265365422560029,-0.177357877248664,0.0880075453113658,5.7215802249455,"NO","NO","NO",0.465845372573384,0.627142392781991,0.784198765660707,0.979969560396303,0.941538249438487,0.999908874757857,"chrX",161418229,161418627,"+",0,"NA","promoter-TSS (NM_001290523)","promoter-TSS (NM_001290523)",-96,"NM_001146081",237211,"Mm.336317","NM_175027","ENSMUSG00000047757","Fancb","BC022692","Fanconi anemia, complementation group B","protein-coding"]
[64378,"Peak_65070",0.487799815492658,0.533624919128834,0.0458251036361764,4.69361066713106,"NO","NO","NO",0.285692075676643,0.246149356064503,0.894164282762013,0.959925552157071,0.803604472772275,0.999908874757857,"chrX",162608188,162608586,"+",0,"NA","promoter-TSS (NM_001310722)","promoter-TSS (NM_001310722)",1,"NM_146238",237221,"Mm.209490","NM_146238","ENSMUSG00000040621","Gemin8","B130034M20Rik|B930082C09Rik|BC023488|gemin-8","gem (nuclear organelle) associated protein 8","protein-coding"]
[64379,"Peak_65071",-0.389713453426578,-0.150661992413566,0.239051461013013,4.82178559858546,"NO","NO","NO",0.34425941837951,0.714558579651492,0.48041366055699,0.968973004742315,0.957821081501476,0.999908874757857,"chrX",162676941,162677339,"+",0,"NA","intron (NM_023122, intron 1 of 6)","CpG",265,"NM_001177961",14758,"Mm.222320","NM_023122","ENSMUSG00000031342","Gpm6b","AI593561|Gpm6|M6B","glycoprotein m6b","protein-coding"]
[64380,"Peak_65072",1.44059076263058,1.70837018151326,0.267779418882675,3.14045873388484,"NO","NO","NO",0.0857994246210276,0.0394001719661076,0.565268158589429,0.911408110368333,0.544337367240161,0.999908874757857,"chrX",162709440,162709838,"+",0,"NA","intron (NM_023122, intron 1 of 6)","intron (NM_023122, intron 1 of 6)",32764,"NM_001177961",14758,"Mm.222320","NM_023122","ENSMUSG00000031342","Gpm6b","AI593561|Gpm6|M6B","glycoprotein m6b","protein-coding"]
[64381,"Peak_65073",0.406186252140355,0.563033089538546,0.156846837398192,2.5991626242507,"NO","NO","NO",0.626240122061705,0.499378593108561,0.766411763946336,0.991059621898655,0.909444322693551,0.999908874757857,"chrX",162724774,162725172,"+",0,"NA","intron (NM_023122, intron 1 of 6)","intron (NM_023122, intron 1 of 6)",48098,"NM_001177961",14758,"Mm.222320","NM_023122","ENSMUSG00000031342","Gpm6b","AI593561|Gpm6|M6B","glycoprotein m6b","protein-coding"]
[64382,"Peak_65074",-0.155828430645924,-0.40960626925415,-0.253777838608226,3.05740124174796,"NO","NO","NO",0.798252517516063,0.515971048330266,0.559299307693433,0.996451548154072,0.912763159513495,0.999908874757857,"chrX",162766823,162767221,"+",0,"NA","intron (NM_023122, intron 1 of 6)","intron (NM_023122, intron 1 of 6)",-15463,"NM_001177955",14758,"Mm.222320","NM_023122","ENSMUSG00000031342","Gpm6b","AI593561|Gpm6|M6B","glycoprotein m6b","protein-coding"]
[64383,"Peak_65075",2.47221169115568,2.59381763859172,0.121605947436039,2.59937816880279,"NO","NO","NO",0.0361932383333008,0.0274777864565686,0.821538976525069,0.869227652797399,0.498877865695111,0.999908874757857,"chrX",162789726,162790124,"+",0,"NA","intron (NM_001177960, intron 1 of 7)","intron (NM_001177960, intron 1 of 7)",7440,"NM_001177958",14758,"Mm.222320","NM_023122","ENSMUSG00000031342","Gpm6b","AI593561|Gpm6|M6B","glycoprotein m6b","protein-coding"]
[64384,"Peak_65076",0.514195253173121,0.625752601303323,0.111557348130202,4.99761038300024,"NO","NO","NO",0.227962414129822,0.143093937720639,0.732471999463775,0.955321879475804,0.718211635065202,0.999908874757857,"chrX",162878403,162878801,"+",0,"NA","promoter-TSS (NM_001313722)","promoter-TSS (NM_001313722)",34,"NM_177429",237222,"Mm.247480","NM_177429","ENSMUSG00000040586","Ofd1","Cxorf5|DXGgc7e|ORF2","oral-facial-digital syndrome 1 gene homolog (human)","protein-coding"]
[64385,"Peak_65077",2.64184747681918,2.99128923749766,0.349441760678483,2.85722821222392,"NO","UP","NO",0.0259019343224415,0.00976174520088642,0.531277797980949,0.838381789287523,0.36747097135307,0.999908874757857,"chrX",162915303,162915701,"+",0,"NA","intron (NM_019773, intron 1 of 2)","MIR|SINE|MIR",2297,"NM_019773",56382,"Mm.25306","NM_019773","ENSMUSG00000079316","Rab9","2410064E05Rik|AI195561|Rab9a|Sid6061p","RAB9, member RAS oncogene family","protein-coding"]
[64386,"Peak_65078",-0.311146364403738,-0.0447733491799964,0.266373015223741,4.94706714660925,"NO","NO","NO",0.430050274011515,0.909024743130933,0.403441446926306,0.977503507523422,0.986063995202003,0.999908874757857,"chrX",162917402,162917800,"+",0,"NA","5' UTR (NM_019773, exon 1 of 3)","5' UTR (NM_019773, exon 1 of 3)",198,"NM_019773",56382,"Mm.25306","NM_019773","ENSMUSG00000079316","Rab9","2410064E05Rik|AI195561|Rab9a|Sid6061p","RAB9, member RAS oncogene family","protein-coding"]
[64387,"Peak_65079",1.04890716500742,1.41638361756726,0.367476452559833,2.8515531169411,"NO","NO","NO",0.249553844781569,0.114909077883451,0.506670060263294,0.958074512707729,0.687947123054163,0.999908874757857,"chrX",162935760,162936158,"+",0,"NA","Intergenic","Intergenic",12451,"NM_001007577",245695,"Mm.336318","NM_001007577","ENSMUSG00000051224","Tceanc","A630018P17Rik|Gm390","transcription elongation factor A (SII) N-terminal and central domain containing","protein-coding"]
[64388,"Peak_65080",0.568096010410902,0.657426847204107,0.0893308367932047,5.33514623050164,"NO","NO","NO",0.212981568336725,0.150724928555388,0.814316350677551,0.953494236567625,0.726443591062017,0.999908874757857,"chrX",162948107,162948505,"+",0,"NA","5' UTR (NM_001007577, exon 1 of 5)","5' UTR (NM_001007577, exon 1 of 5)",104,"NM_001007577",245695,"Mm.336318","NM_001007577","ENSMUSG00000051224","Tceanc","A630018P17Rik|Gm390","transcription elongation factor A (SII) N-terminal and central domain containing","protein-coding"]
[64389,"Peak_65081",-0.618800162137488,-1.30495098590465,-0.686150823767157,3.35456423258821,"NO","NO","NO",0.246673927424643,0.0216068674587407,0.124488587309927,0.957177893700462,0.46779336751983,0.999908874757857,"chrX",162971416,162971814,"+",0,"NA","intron (NM_019397, intron 9 of 11)","intron (NM_019397, intron 9 of 11)",-23205,"NM_001007577",245695,"Mm.336318","NM_001007577","ENSMUSG00000051224","Tceanc","A630018P17Rik|Gm390","transcription elongation factor A (SII) N-terminal and central domain containing","protein-coding"]
[64390,"Peak_65082",0.0378911509800805,-0.201646797245152,-0.239537948225233,3.352001437514,"NO","NO","NO",0.948883151202721,0.73902041431661,0.57547830777506,0.997839094325673,0.96274957375167,0.999908874757857,"chrX",163023320,163023718,"+",0,"NA","5' UTR (NM_019397, exon 1 of 12)","5' UTR (NM_019397, exon 1 of 12)",129,"NM_019397",54156,"Mm.37707","NM_019397","ENSMUSG00000000402","Egfl6","Maeg","EGF-like-domain, multiple 6","protein-coding"]
[64391,"Peak_65084",2.54965925707944,2.13186425046257,-0.417795006616875,2.45254983237988,"NO","NO","NO",0.0401256656778547,0.0993565945910163,0.521984748294117,0.876453353768898,0.666483907967501,0.999908874757857,"chrX",163083634,163084032,"+",0,"NA","Intergenic","Intergenic",-16124,"NR_046015",382255,"Mm.336320","NR_046015","ENSMUSG00000086860","Gm1720","-","predicted gene 1720","ncRNA"]
[64392,"Peak_65085",1.56295785201394,2.26934483561167,0.70638698359773,2.11192017445895,"NO","NO","NO",0.23690545817246,0.0670071968002036,0.259854994416736,0.956996614837851,0.616772060239545,0.999908874757857,"chrX",163090316,163090714,"+",0,"NA","Intergenic","Intergenic",-9442,"NR_046015",382255,"Mm.336320","NR_046015","ENSMUSG00000086860","Gm1720","-","predicted gene 1720","ncRNA"]
[64393,"Peak_65086",0.110676957801073,-0.0683164725548804,-0.178993430355954,2.94470549491238,"NO","NO","NO",0.871605895268091,0.922271106554604,0.710327688217735,0.996451548154072,0.988729626521456,0.999908874757857,"chrX",163098988,163099386,"+",0,"NA","promoter-TSS (NR_046015)","promoter-TSS (NR_046015)",-770,"NR_046015",382255,"Mm.336320","NR_046015","ENSMUSG00000086860","Gm1720","-","predicted gene 1720","ncRNA"]
[64394,"Peak_65087",0.194678164378424,0.839300527849904,0.64462236347148,2.63923773026543,"NO","NO","NO",0.841571916393802,0.37799408286798,0.364405657979587,0.996451548154072,0.871094426858422,0.999908874757857,"chrX",163099737,163100135,"+",0,"NA","promoter-TSS (NR_046015)","promoter-TSS (NR_046015)",-21,"NR_046015",382255,"Mm.336320","NR_046015","ENSMUSG00000086860","Gm1720","-","predicted gene 1720","ncRNA"]
[64395,"Peak_65088",-1.06669743489221,-0.537852104424406,0.528845330467809,2.15434438473537,"NO","NO","NO",0.192998197567849,0.502361188383967,0.381667130849957,0.953123441545411,0.909766740906097,0.999908874757857,"chrX",163166044,163166442,"+",0,"NA","Intergenic","Intergenic",66286,"NR_046015",382255,"Mm.336320","NR_046015","ENSMUSG00000086860","Gm1720","-","predicted gene 1720","ncRNA"]
[64396,"Peak_65089",0.891027264484718,0.112608113396014,-0.778419151088704,2.68758270049405,"NO","NO","NO",0.267353276606366,0.896360334211835,0.142112058524426,0.959925552157071,0.984302774350094,0.999908874757857,"chrX",163211389,163211787,"+",0,"NA","Intergenic","Intergenic",111631,"NR_046015",382255,"Mm.336320","NR_046015","ENSMUSG00000086860","Gm1720","-","predicted gene 1720","ncRNA"]
[64397,"Peak_65090",0.0422881031866781,-0.340010543746944,-0.382298646933623,2.84766251785487,"NO","NO","NO",0.950642749664129,0.634518176312826,0.435538797642283,0.997839094325673,0.942412966650034,0.999908874757857,"chrX",163239079,163239477,"+",0,"NA","Intergenic","Intergenic",139321,"NR_046015",382255,"Mm.336320","NR_046015","ENSMUSG00000086860","Gm1720","-","predicted gene 1720","ncRNA"]
[64398,"Peak_65091",-0.264381573599795,-0.532998109638322,-0.268616536038526,2.64728991468538,"NO","NO","NO",0.719580445912862,0.481965204184936,0.629734336184617,0.995739075798108,0.905469334563889,0.999908874757857,"chrX",163241173,163241571,"+",0,"NA","Intergenic","Intergenic",141415,"NR_046015",382255,"Mm.336320","NR_046015","ENSMUSG00000086860","Gm1720","-","predicted gene 1720","ncRNA"]
[64399,"Peak_65092",1.12738282780068,1.60516036294553,0.477777535144848,2.48082715545408,"NO","NO","NO",0.276943463710774,0.108903358197095,0.395001489923141,0.959925552157071,0.680299189816202,0.999908874757857,"chrX",163371657,163372055,"+",0,"NA","Intergenic","L2c|LINE|L2",136446,"NM_001101606",667794,"Mm.302232","NM_001101606",null,"Gm8817","EG667794","predicted gene 8817","protein-coding"]
[64400,"Peak_65093",1.82673961875299,2.3756472391689,0.548907620415904,3.09162564348197,"NO","UP","NO",0.0464963683277719,0.00665781042311906,0.198698077521664,0.884547564639272,0.322828125329049,0.999908874757857,"chrX",163409682,163410080,"+",0,"NA","Intergenic","Intergenic",98421,"NM_001101606",667794,"Mm.302232","NM_001101606",null,"Gm8817","EG667794","predicted gene 8817","protein-coding"]
[64401,"Peak_65094",-0.860453160329065,-0.979231503255105,-0.11877834292604,2.57036022006287,"NO","NO","NO",0.225681411714531,0.178347128223739,0.835429751644326,0.955321879475804,0.751748928937031,0.999908874757857,"chrX",163487484,163487882,"+",0,"NA","Intergenic","Intergenic",20619,"NM_001101606",667794,"Mm.302232","NM_001101606",null,"Gm8817","EG667794","predicted gene 8817","protein-coding"]
[64402,"Peak_65095",-0.348033627062891,-0.400145855276683,-0.0521122282137915,3.67982229256874,"NO","NO","NO",0.489649062669179,0.435094246329189,0.889068241803057,0.983088920821324,0.890257154208214,0.999908874757857,"chrX",163541811,163542209,"+",0,"NA","Intergenic","Intergenic",-33708,"NM_001101606",667794,"Mm.302232","NM_001101606",null,"Gm8817","EG667794","predicted gene 8817","protein-coding"]
[64403,"Peak_65096",2.15445331451391,1.74091767601023,-0.413535638503683,2.14831647856224,"NO","NO","NO",0.0772896868278481,0.174931380996916,0.480150648629917,0.908636792636238,0.749184488322159,0.999908874757857,"chrX",163590728,163591126,"+",0,"NA","Intergenic","Intergenic",56223,"NM_021278",19241,"Mm.142729","NM_021278","ENSMUSG00000049775","Tmsb4x","Ptmb4|Tb4","thymosin, beta 4, X chromosome","protein-coding"]
[64404,"Peak_65097",1.07220320876931,1.22097375764938,0.148770548880068,3.88089098842797,"NO","NO","NO",0.0615825249440859,0.0328279321862233,0.64958817781687,0.902553087226522,0.520564978936308,0.999908874757857,"chrX",163646933,163647331,"+",0,"NA","promoter-TSS (NM_021278)","promoter-TSS (NM_021278)",18,"NM_021278",19241,"Mm.142729","NM_021278","ENSMUSG00000049775","Tmsb4x","Ptmb4|Tb4","thymosin, beta 4, X chromosome","protein-coding"]
[64405,"Peak_65098",0.145390491305549,-0.164382933908688,-0.309773425214237,5.26576768244075,"NO","NO","NO",0.702228847433265,0.670721464967864,0.329703554686381,0.995028181164976,0.950481885205185,0.999908874757857,"chrX",163671105,163671503,"+",0,"NA","Intergenic","Intergenic",-24154,"NM_021278",19241,"Mm.142729","NM_021278","ENSMUSG00000049775","Tmsb4x","Ptmb4|Tb4","thymosin, beta 4, X chromosome","protein-coding"]
[64406,"Peak_65099",0.0520641154848809,-0.0781064642780408,-0.130170579762922,3.14500932174061,"NO","NO","NO",0.938514368031874,0.909842556452279,0.793591992794707,0.997839094325673,0.986119217571559,0.999908874757857,"chrX",163794512,163794910,"+",0,"NA","intron (NM_026662, intron 4 of 6)","intron (NM_026662, intron 4 of 6)",25970,"NM_001313758",110639,"Mm.272955","NM_026662","ENSMUSG00000025742","Prps2","2610101M19Rik|AA589463|AI464149|Prps-2","phosphoribosyl pyrophosphate synthetase 2","protein-coding"]
[64407,"Peak_65100",-0.384660997918825,-0.581870745593225,-0.1972097476744,3.60069010488025,"NO","NO","NO",0.462313610960802,0.277757272902464,0.62646013377982,0.979860780201896,0.822777601125111,0.999908874757857,"chrX",163820147,163820545,"+",0,"NA","intron (NM_026662, intron 1 of 6)","CpG",335,"NM_001313758",110639,"Mm.272955","NM_026662","ENSMUSG00000025742","Prps2","2610101M19Rik|AA589463|AI464149|Prps-2","phosphoribosyl pyrophosphate synthetase 2","protein-coding"]
[64408,"Peak_65101",0.543070617787676,0.977962572598202,0.434891954810527,1.99716574612751,"NO","NO","NO",0.620439717611627,0.363295163778416,0.487828238980282,0.990985080269432,0.862815399624931,0.999908874757857,"chrX",163935753,163936151,"+",0,"NA","intron (NM_001033330, intron 12 of 19)","intron (NM_001033330, intron 12 of 19)",-115271,"NM_026662",110639,"Mm.272955","NM_026662","ENSMUSG00000025742","Prps2","2610101M19Rik|AA589463|AI464149|Prps-2","phosphoribosyl pyrophosphate synthetase 2","protein-coding"]
[64409,"Peak_65102",-0.621564046614208,-0.763406606801954,-0.141842560187747,1.99438920998272,"NO","NO","NO",0.476975268797252,0.392089999867125,0.832204308450972,0.981629453947196,0.876153861228149,0.999908874757857,"chrX",164021051,164021449,"+",0,"NA","intron (NM_001033330, intron 7 of 19)","MT2A|LTR|ERVL",-200569,"NM_026662",110639,"Mm.272955","NM_026662","ENSMUSG00000025742","Prps2","2610101M19Rik|AA589463|AI464149|Prps-2","phosphoribosyl pyrophosphate synthetase 2","protein-coding"]
[64410,"Peak_65103",-0.845167504092748,-1.45384193603125,-0.608674431938498,2.72351453623009,"NO","NO","NO",0.212351706719326,0.0425408102831139,0.294994745887688,0.953494236567625,0.552363837436744,0.999908874757857,"chrX",164292652,164293050,"+",0,"NA","5' UTR (NM_001290428, exon 1 of 17)","5' UTR (NM_001290428, exon 1 of 17)",158,"NM_001290428",333605,"Mm.426168","NM_001033330","ENSMUSG00000049176","Frmpd4","Gm196|PKAP1|Pdzd10|Pdzk10|Preso1|preso","FERM and PDZ domain containing 4","protein-coding"]
[64411,"Peak_65104",-0.211065976512737,-0.50174953045179,-0.290683553939053,4.23216421440006,"NO","NO","NO",0.613647184105868,0.24513309536064,0.35875910596941,0.990629663238998,0.802774757707775,0.999908874757857,"chrX",164561079,164561477,"+",0,"NA","promoter-TSS (NM_001290427)","promoter-TSS (NM_001290427)",-349,"NM_001290427",333605,"Mm.426168","NM_001033330","ENSMUSG00000049176","Frmpd4","Gm196|PKAP1|Pdzd10|Pdzk10|Preso1|preso","FERM and PDZ domain containing 4","protein-coding"]
[64412,"Peak_65105",-0.37869737881541,-0.422498739100989,-0.0438013602855792,3.00022437335895,"NO","NO","NO",0.604027583746094,0.5665867514103,0.940586531222949,0.990629663238998,0.925767925597781,0.999908874757857,"chrX",164600899,164601297,"+",0,"NA","intron (NM_001033330, intron 3 of 19)","RMER10A|LTR|ERVL",-40169,"NM_001290427",333605,"Mm.426168","NM_001033330","ENSMUSG00000049176","Frmpd4","Gm196|PKAP1|Pdzd10|Pdzk10|Preso1|preso","FERM and PDZ domain containing 4","protein-coding"]
[64413,"Peak_65106",1.32690973328154,1.60782509422175,0.280915360940215,1.76121147253624,"NO","NO","NO",0.332816133333526,0.236219540609298,0.692004488393621,0.965544461931322,0.797430636702084,0.999908874757857,"chrX",164763253,164763651,"+",0,"NA","intron (NM_001033330, intron 3 of 19)","intron (NM_001033330, intron 3 of 19)",-202523,"NM_001290427",333605,"Mm.426168","NM_001033330","ENSMUSG00000049176","Frmpd4","Gm196|PKAP1|Pdzd10|Pdzk10|Preso1|preso","FERM and PDZ domain containing 4","protein-coding"]
[64414,"Peak_65107",1.71279260317233,1.88755951076008,0.174766907587749,2.84687905114843,"NO","NO","NO",0.0969066304716489,0.0657938451441278,0.771118635523676,0.914628189092275,0.614843527488244,0.999908874757857,"chrX",165072672,165073070,"+",0,"NA","Intergenic","Intergenic",38963,"NM_010832",17692,"Mm.24248","NM_010832","ENSMUSG00000031358","Msl3","AU018931|Msl31|Msl3l1","male-specific lethal 3 homolog (Drosophila)","protein-coding"]
[64415,"Peak_65108",-0.250850467800723,0.0234881095694242,0.274338577370147,2.84807318734802,"NO","NO","NO",0.721430397644346,0.973199380424877,0.576141914575893,0.995739075798108,0.996011159558342,0.999908874757857,"chrX",165077545,165077943,"+",0,"NA","Intergenic","Intergenic",34090,"NM_010832",17692,"Mm.24248","NM_010832","ENSMUSG00000031358","Msl3","AU018931|Msl31|Msl3l1","male-specific lethal 3 homolog (Drosophila)","protein-coding"]
[64416,"Peak_65109",0.0702522457891284,-0.481612949612227,-0.551865195401355,3.9947008458643,"NO","NO","NO",0.880211797616932,0.325189286269284,0.119223778437539,0.996451548154072,0.847416353204137,0.999908874757857,"chrX",165110367,165110765,"+",0,"NA","intron (NM_010832, intron 1 of 11)","intron (NM_010832, intron 1 of 11)",1268,"NM_010832",17692,"Mm.24248","NM_010832","ENSMUSG00000031358","Msl3","AU018931|Msl31|Msl3l1","male-specific lethal 3 homolog (Drosophila)","protein-coding"]
[64417,"Peak_65110",-0.597221209460052,-0.444258628564808,0.152962580895244,4.88129753583508,"NO","NO","NO",0.146012009223862,0.279509254168314,0.663938445583472,0.943529907756132,0.823584426891188,0.999908874757857,"chrX",165111717,165112115,"+",0,"NA","promoter-TSS (NM_010832)","promoter-TSS (NM_010832)",-82,"NM_010832",17692,"Mm.24248","NM_010832","ENSMUSG00000031358","Msl3","AU018931|Msl31|Msl3l1","male-specific lethal 3 homolog (Drosophila)","protein-coding"]
[64418,"Peak_65111",-0.899406630904985,-0.863681756452593,0.0357248744523919,3.36858221628876,"NO","NO","NO",0.0858705967453308,0.102744118669731,0.931040309361202,0.911408110368333,0.671724849552115,0.999908874757857,"chrX",165233510,165233908,"+",0,"NA","5' UTR (NM_009707, exon 1 of 13)","5' UTR (NM_009707, exon 1 of 13)",678,"NM_009707",11856,"Mm.441810","NM_009707","ENSMUSG00000031355","Arhgap6","AI504284|RhoGAPX-1","Rho GTPase activating protein 6","protein-coding"]
[64419,"Peak_65112",-0.0642246424900606,0.184147031189524,0.248371673679584,4.32568142497859,"NO","NO","NO",0.884555902588339,0.675767892872543,0.436663683999806,0.996451548154072,0.950943330351871,0.999908874757857,"chrX",165474378,165474776,"+",0,"NA","promoter-TSS (NM_178754)","promoter-TSS (NM_178754)",34,"NR_109847",11856,"Mm.441810","NM_009707","ENSMUSG00000031355","Arhgap6","AI504284|RhoGAPX-1","Rho GTPase activating protein 6","protein-coding"]
[64420,"Peak_65113",1.13670090790269,1.01642619425444,-0.12027471364825,3.09023871726181,"NO","NO","NO",0.145036190885599,0.198486929507612,0.801528357337196,0.943529907756132,0.770059145557711,0.999908874757857,"chrX",165740344,165740742,"+",0,"NA","exon (NM_009707, exon 13 of 13)","exon (NM_009707, exon 13 of 13)",17761,"NM_001331050",15159,"Mm.284033","NM_008222","ENSMUSG00000031352","Hccs","-","holocytochrome c synthetase","protein-coding"]
[64421,"Peak_65114",-0.0658480726023698,-0.19766523597106,-0.13181716336869,5.41594794362918,"NO","NO","NO",0.869243255664787,0.624539200028795,0.70744315301013,0.996451548154072,0.940824049493978,0.999908874757857,"chrX",165758094,165758492,"+",0,"NA","promoter-TSS (NM_001331050)","promoter-TSS (NM_001331050)",11,"NM_001331050",15159,"Mm.284033","NM_008222","ENSMUSG00000031352","Hccs","-","holocytochrome c synthetase","protein-coding"]
[64422,"Peak_65115",0.00589627798274754,-0.187492495780333,-0.193388773763081,2.42139960572765,"NO","NO","NO",0.994868739758342,0.825046735116326,0.74866326419682,0.999562803852559,0.974396406134925,0.999908874757857,"chrX",165767210,165767608,"+",0,"NA","Intergenic","RMER6A|LTR|ERVK",-9105,"NM_008222",15159,"Mm.284033","NM_008222","ENSMUSG00000031352","Hccs","-","holocytochrome c synthetase","protein-coding"]
[64423,"Peak_65116",0.487723053875594,0.647776218777804,0.160053164902209,2.67802783892043,"NO","NO","NO",0.574056493568193,0.457317732032411,0.783449592904579,0.989884586347525,0.898215870747352,0.999908874757857,"chrX",165824750,165825148,"+",0,"NA","Intergenic","Intergenic",-66645,"NM_008222",15159,"Mm.284033","NM_008222","ENSMUSG00000031352","Hccs","-","holocytochrome c synthetase","protein-coding"]
[64424,"Peak_65117",0.592786585538302,0.621810177395177,0.0290235918568751,2.36231685359173,"NO","NO","NO",0.551754682382333,0.535109021645766,0.965493119554777,0.988644584230152,0.918204545846641,0.999908874757857,"chrX",166095180,166095578,"+",0,"NA","Intergenic","Intergenic",-27752,"NM_010797",17318,"Mm.34441","NM_010797","ENSMUSG00000035299","Mid1","61B3-R|DXHXS1141|Fxy|Trim18","midline 1","protein-coding"]
[64425,"Peak_65118",0.0150745773984355,-0.693798122470697,-0.708872699869133,3.44632406747267,"NO","NO","NO",0.97813272510535,0.241885979623967,0.0989843454492646,0.99912239587061,0.800645450405812,0.999908874757857,"chrX",166123078,166123476,"+",0,"NA","5' UTR (NM_001290512, exon 1 of 10)","5' UTR (NM_001290512, exon 1 of 10)",146,"NM_001290512",17318,"Mm.34441","NM_010797","ENSMUSG00000035299","Mid1","61B3-R|DXHXS1141|Fxy|Trim18","midline 1","protein-coding"]
[64426,"Peak_65119",0.501676826381983,0.135965068713583,-0.3657117576684,4.11906902110599,"NO","NO","NO",0.310837975855136,0.790557884434167,0.309575795822047,0.959925552157071,0.969464466730859,0.999908874757857,"chrX",166230949,166231347,"+",0,"NA","intron (NM_010797, intron 1 of 9)","intron (NM_010797, intron 1 of 9)",-13581,"NR_003635",66747,"Mm.34441","NM_025743","ENSMUSG00000055357","4933400A11Rik","-","capping protein (actin filament) muscle Z-line, alpha 1 pseudogene","pseudo"]
[64427,"Peak_65120",0.547519990341109,-0.187824759229982,-0.735344749571091,4.42708805864386,"NO","NO","NO",0.234524233011257,0.697496934308633,0.0382912954065904,0.956433935033361,0.954463949281016,0.999908874757857,"chrX",166317556,166317954,"+",0,"NA","5' UTR (NM_001290505, exon 1 of 10)","5' UTR (NM_001290505, exon 1 of 10)",204,"NM_001290505",17318,"Mm.34441","NM_010797","ENSMUSG00000035299","Mid1","61B3-R|DXHXS1141|Fxy|Trim18","midline 1","protein-coding"]
[64428,"Peak_65121",-0.217609130045382,-0.163365698909534,0.0542434311358479,2.96381817570826,"NO","NO","NO",0.75306243371438,0.815113068920781,0.916171219469205,0.996300648290619,0.972742089536162,0.999908874757857,"chrX",166319704,166320102,"+",0,"NA","intron (NM_001290506, intron 1 of 9)","intron (NM_001290506, intron 1 of 9)",2352,"NM_001290505",17318,"Mm.34441","NM_010797","ENSMUSG00000035299","Mid1","61B3-R|DXHXS1141|Fxy|Trim18","midline 1","protein-coding"]
[64429,"Peak_65122",0.606974865200943,0.521258493251896,-0.085716371949047,3.58563189817196,"NO","NO","NO",0.388122577392236,0.465544556974707,0.872030744003973,0.97413498190873,0.899612158621757,0.999908874757857,"chrX",166388929,166389327,"+",0,"NA","intron (NM_001290505, intron 2 of 9)","intron (NM_001290505, intron 2 of 9)",27719,"NR_137283",654820,"Mm.34441","NM_001039559","ENSMUSG00000072844","G530011O06Rik","-","RIKEN cDNA G530011O06 gene","ncRNA"]
[64430,"Peak_65123",0.915969891618639,1.21695527262214,0.300985381003502,3.98559832271717,"NO","NO","NO",0.104944197591189,0.0284176214241269,0.377840701882866,0.918065249368744,0.502590232737798,0.999908874757857,"chrX",166412795,166413193,"+",0,"NA","TTS (NR_029457)","TTS (NR_029457)",3853,"NR_137283",654820,"Mm.34441","NM_001039559","ENSMUSG00000072844","G530011O06Rik","-","RIKEN cDNA G530011O06 gene","ncRNA"]
[64431,"Peak_65124",0.287339102914037,-1.22206017982094,-1.50939928273498,3.80731621234965,"NO","NO","NO",0.694436207051848,0.107723011752884,0.0272559471719105,0.994153478949471,0.679571658325869,0.999908874757857,"chrX",166416441,166416839,"+",0,"NA","non-coding (NR_029457, exon 1 of 2)","non-coding (NR_029457, exon 1 of 2)",207,"NR_137283",654820,"Mm.34441","NM_001039559","ENSMUSG00000072844","G530011O06Rik","-","RIKEN cDNA G530011O06 gene","ncRNA"]
[64432,"Peak_65125",0.820486586830823,0.836269926270505,0.0157833394396824,4.32533644280997,"NO","NO","NO",0.0925906256989739,0.0893418903835508,0.960779167883114,0.911408110368333,0.652604729446031,0.999908874757857,"chrX_random",39048,39446,"+",0,"NA","promoter-TSS (NM_001302138)","promoter-TSS (NM_001302138)",-56,"NM_001302138",20955,"Mm.1517","NM_011515","ENSMUSG00000051412","Vamp7","Sybl1|TI-VAMP|VAMP-7","vesicle-associated membrane protein 7","protein-coding"]
[64433,"Peak_65126",2.72357306678693,2.74553268921785,0.0219596224309133,2.77964562333841,"NO","NO","NO",0.0195711488782936,0.0194816774745106,0.968615941694129,0.82435590509827,0.453839974601433,0.999908874757857,"chrX_random",159542,159940,"+",0,"NA","promoter-TSS (NM_138758)","promoter-TSS (NM_138758)",94,"NM_138758",192289,"Mm.394228","NM_138758","ENSMUSG00000079834","Tmlhe","Bbox2|D430017M14Rik|TMLH","trimethyllysine hydroxylase, epsilon","protein-coding"]
[64434,"Peak_65127",-0.659383087797339,0.524069830425172,1.18345291822251,2.7605846740597,"NO","NO","NO",0.413856369178497,0.484655847232598,0.0375677727626836,0.97714444338374,0.905774237840934,0.999908874757857,"chrY",346564,346962,"+",0,"NA","promoter-TSS (NM_012011)","promoter-TSS (NM_012011)",-292,"NM_012011",26908,"Mm.250909","NM_012011","ENSMUSG00000069049","Eif2s3y","Eif-2gy|Spy|Tfy","eukaryotic translation initiation factor 2, subunit 3, structural gene Y-linked","protein-coding"]
[64435,"Peak_65128",0.0382805727634314,0.56115181031027,0.522871237546838,3.19629374285533,"NO","NO","NO",0.956162606515273,0.404473781366858,0.267682441260039,0.998015129084509,0.879980394563206,0.999908874757857,"chrY",581927,582325,"+",0,"NA","promoter-TSS (NM_001326682)","promoter-TSS (NM_001326682)",76,"NM_001326683",22290,"Mm.20477","NM_009484","ENSMUSG00000068457","Uty","Hydb|mKIAA4057","ubiquitously transcribed tetratricopeptide repeat gene, Y chromosome","protein-coding"]
[64436,"Peak_65129",0.524879487250201,0.604251128713672,0.0793716414634713,2.66281742725271,"NO","NO","NO",0.524006228264659,0.464938731589852,0.878149900659989,0.986325046722799,0.899485482087363,0.999908874757857,"chrY",622840,623238,"+",0,"NA","promoter-TSS (NM_012008)","promoter-TSS (NM_012008)",17,"NM_012008",26900,"Mm.302938","NM_012008","ENSMUSG00000069045","Ddx3y","8030469F12Rik|D1Pas1-rs1|Dby","DEAD (Asp-Glu-Ala-Asp) box polypeptide 3, Y-linked","protein-coding"]

{"sheet":"cumulative","index":1,"n_rows":18443,"n_cols":11,"rows_kept":4500,"cut":true,"bounds":{"rows_first":2000,"rows_last":500,"rows_between":2000,"halvings":0}}
["E16 vs. E12",{"$nulls":3},"E14.5 vs. E12",{"$nulls":3},"E16 vs. E14.5"]
["Entrez.ID","Fold difference","Symbol",null,"Entrez.ID","Fold difference","Symbol",null,"Entrez.ID","Fold difference","Symbol"]
[74968,-30.8433428213689,"4930465M20Rik",null,269683,-19.3339365213357,"E130006D01Rik",null,319818,-25.6867169178511,"A930011G23Rik"]
[269683,-29.5864831633482,"E130006D01Rik",null,230868,-16.4357290623591,"Igsf21",null,20472,-25.2536367641946,"Six2"]
[319818,-25.4998837702063,"A930011G23Rik",null,76405,-15.9756726197205,"1700018B08Rik",null,108655,-24.0601112147526,"Foxp1"]
[382034,-23.6045936710933,"Gse1",null,243931,-15.6552467031374,"Tshz3",null,623169,-23.8263122789214,"Gm6402"]
[108655,-23.2183745736209,"Foxp1",null,54169,-15.614120548765,"Kat6b",null,16373,-22.5297460297008,"Irx3"]
[107351,-23.1587238980119,"Kank1",null,545156,-15.4646090275516,"Kalrn",null,210356,-21.5666270044483,"Nckap5"]
[77290,-23.1103398741763,"9430078K24Rik",null,105704528,-15.4446502397541,"Gm13090",null,11787,-21.290124682523,"Apbb2"]
[100038460,-22.9450135339891,"Gm10677",null,14241,-15.2413380435691,"Foxl1",null,12167,-21.2231308157636,"Bmpr1b"]
[14241,-21.6295864946263,"Foxl1",null,66743,-14.7396699947116,"Rnf220",null,77290,-20.8402708044822,"9430078K24Rik"]
[242466,-21.4764136381771,"Zfp462",null,207667,-13.8134814339537,"Skor1",null,107351,-20.3017138691275,"Kank1"]
[75862,-20.5847792787544,"4930572O13Rik",null,434353,-13.8129343864206,"A330074K22Rik",null,545370,-20.1970149264014,"Hmcn1"]
[66743,-19.7512692413593,"Rnf220",null,74007,-13.6685513100119,"Btbd11",null,20678,-20.0180518565547,"Sox5"]
[102465176,-19.4208819173851,"Mir6346",null,243312,-13.1561909644387,"Elfn1",null,74968,-19.963125939921,"4930465M20Rik"]
[16371,-19.1700384784785,"Irx1",null,69784,-13.1512197484532,"1500009L16Rik",null,217692,-18.6550913623094,"Sipa1l1"]
[105704528,-19.0584191918202,"Gm13090",null,19157,-13.0368175879879,"Cyth1",null,12394,-17.9704181566419,"Runx1"]
[20678,-19.0519831887381,"Sox5",null,12822,-12.9503935350037,"Col18a1",null,269023,-17.7899381667541,"Zfp608"]
[18504,-18.8929747642771,"Pax2",null,242939,-12.9143548054658,"Cpz",null,269683,-17.2902995920695,"E130006D01Rik"]
[69784,-18.8873188539073,"1500009L16Rik",null,18751,-12.8187832796292,"Prkcb",null,209630,-16.9826326786087,"Frmd4a"]
[78748,-18.6263160613786,"Rassf10",null,56699,-12.6294379190389,"Cdc42ep4",null,75862,-16.8139573074891,"4930572O13Rik"]
[243931,-18.1627129740145,"Tshz3",null,268934,-12.5428934189529,"Grm4",null,20564,-16.7742035190313,"Slit3"]
[76405,-17.8080210656103,"1700018B08Rik",null,211468,-12.5124368951345,"Kcnh8",null,18191,-16.672664488484,"Nrxn3"]
[58198,-17.775752472351,"Sall1",null,13386,-12.341825901318,"Dlk1",null,629206,-16.3003577479387,"Gm20758"]
[268780,-17.5252242732065,"Egflam",null,328576,-12.2218430898906,"Gm20556",null,13642,-16.1762484876551,"Efnb2"]
[58208,-17.3851913658839,"Bcl11b",null,14183,-12.1640021858601,"Fgfr2",null,66813,-16.1340579216288,"Bcl2l14"]
[75361,-17.2970099766803,"4930555K05Rik",null,329910,-12.0798641523269,"Acot11",null,432641,-15.5237180424243,"Gm17746"]
[230868,-17.1813847146753,"Igsf21",null,77627,-12.0763882873128,"Efcab6",null,75547,-15.4903707573206,"Akap13"]
[19157,-16.6762108587482,"Cyth1",null,18504,-11.9991293306313,"Pax2",null,230972,-15.2205172667465,"Arhgef16"]
[50769,-16.6114066698133,"Atp8a2",null,330164,-11.8543757550737,"C130026L21Rik",null,105377,-15.1251539773827,"Slf1"]
[226791,-16.4870378732618,"Lyplal1",null,17886,-11.7678901337396,"Myh9",null,54138,-15.0058860081793,"Atxn10"]
[110648,-16.4257762584377,"Lmx1a",null,26419,-11.7182433552783,"Mapk8",null,18578,-15.0057591504326,"Pde4b"]
[230972,-16.3991832052517,"Arhgef16",null,18509,-11.627625333849,"Pax7",null,74050,-14.9545272190228,"4921525O09Rik"]
[328576,-16.3676586789959,"Gm20556",null,17125,-11.5039614530469,"Smad1",null,14051,-14.8078418377982,"Eya4"]
[623169,-16.3102791818185,"Gm6402",null,56709,-11.5017830775022,"Dnajb12",null,100628571,-14.6578048944212,"Mir378b"]
[22761,-16.1306944434047,"Zfpm1",null,74968,-11.4432016998582,"4930465M20Rik",null,23888,-14.5282226168277,"Gpc6"]
[73353,-16.0511972823038,"Actrt2",null,50781,-11.4206845659338,"Dkk3",null,13841,-14.4343105472403,"Epha7"]
[20315,-16.0314069826101,"Cxcl12",null,16468,-11.4200964920446,"Jarid2",null,328577,-14.3824578226134,"7530416G11Rik"]
[233919,-15.9311480924964,"Gpr26",null,76199,-11.3647778958222,"Med13l",null,102637952,-14.2939854448572,"Gm34637"]
[320939,-15.8267356671299,"5930403L14Rik",null,110521,-11.0717636072274,"Hivep1",null,81004,-14.2305473825906,"Tbl1xr1"]
[103841,-15.7151044230387,"Cuedc1",null,100628596,-10.868873051057,"Mir5127",null,26381,-14.0096519610809,"Esrrg"]
[207425,-15.6106597523322,"Wdr11",null,226791,-10.7533085113671,"Lyplal1",null,21813,-13.9713267172954,"Tgfbr2"]
[54138,-15.6026118434329,"Atxn10",null,69743,-10.7529955559438,"Casz1",null,320939,-13.9677609242002,"5930403L14Rik"]
[74007,-15.6007461619513,"Btbd11",null,11737,-10.743827003149,"Anp32a",null,68939,-13.9171177021746,"Rasl11b"]
[319819,-15.4760959226655,"4932435O22Rik",null,78748,-10.6931828856721,"Rassf10",null,14241,-13.885790013111,"Foxl1"]
[57752,-15.3642260531771,"Tacc2",null,74123,-10.6207929640862,"Foxp4",null,380765,-13.865699415794,"D830013O20Rik"]
[94187,-15.2575826099842,"Zfp423",null,22422,-10.6027987337508,"Wnt7b",null,72386,-13.7787374474999,"2610035D17Rik"]
[14183,-15.0250520387999,"Fgfr2",null,77290,-10.5846787964319,"9430078K24Rik",null,102465618,-13.6547581121387,"Mir7021"]
[320014,-14.9832835069909,"B930025P03Rik",null,102465176,-10.5813350734704,"Mir6346",null,381482,-13.6194617480772,"Gm1653"]
[18590,-14.9766558729603,"Pdgfa",null,67149,-10.5455680170642,"Nkain1",null,78748,-13.5815644703631,"Rassf10"]
[16522,-14.9583832371543,"Kcnj6",null,230972,-10.5291261829463,"Arhgef16",null,14013,-13.5573196169719,"Mecom"]
[69743,-14.9420068602028,"Casz1",null,110648,-10.51394683604,"Lmx1a",null,110648,-13.429732139146,"Lmx1a"]
[381338,-14.7907575862287,"Lonrf2",null,19268,-10.4854577118366,"Ptprf",null,217944,-13.4127934349546,"Rapgef5"]
[319871,-14.740987366256,"4732490B19Rik",null,319819,-10.4365417031932,"4932435O22Rik",null,68703,-13.3688454186103,"Rere"]
[723815,-14.6918447742606,"Mir128-2",null,110082,-10.4312949131236,"Dnah5",null,14369,-13.1516543592468,"Fzd7"]
[11787,-14.6518467862418,"Apbb2",null,268780,-10.3966084282312,"Egflam",null,100038353,-13.1454008404513,"Gm10532"]
[12167,-14.3924659865696,"Bmpr1b",null,20088,-10.3724105970151,"Rps24",null,74646,-13.0369334696291,"Spsb1"]
[12125,-14.2533339589634,"Bcl2l11",null,14184,-10.3530191341965,"Fgfr3",null,68397,-13.0049355447925,"0610039H22Rik"]
[16917,-14.2311059457843,"Lmx1b",null,207425,-10.3229823062053,"Wdr11",null,242466,-12.9680732082555,"Zfp462"]
[330164,-14.1331479269517,"C130026L21Rik",null,381438,-10.2107238721286,"Gm5148",null,240725,-12.9624736338867,"Sulf1"]
[13844,-14.0641718641995,"Ephb2",null,18205,-10.1985161733893,"Ntf3",null,272589,-12.8562578717824,"Tbcel"]
[18509,-13.9319911372671,"Pax7",null,53860,-10.1954948061456,"2018-09-09",null,330385,-12.8280046328939,"9530026P05Rik"]
[16531,-13.676899151269,"Kcnma1",null,50769,-10.1034434502292,"Atp8a2",null,723924,-12.8035047697597,"Mir218-2"]
[14048,-13.6754136024132,"Eya1",null,102466782,-10.0987272939398,"Mir6995",null,102466635,-12.7572476220729,"Mir6368"]
[17886,-13.5052617802217,"Myh9",null,320014,-10.0805342620881,"B930025P03Rik",null,207425,-12.7245767560205,"Wdr11"]
[56699,-13.472640686426,"Cdc42ep4",null,19223,-10.0482029243551,"Ptgis",null,74897,-12.6848864821619,"4930448I06Rik"]
[20088,-13.4130271211414,"Rps24",null,14362,-10.0442105868466,"Fzd1",null,76676,-12.5368433407444,"5330411J11Rik"]
[22422,-13.3350386779406,"Wnt7b",null,320939,-10.0057201529296,"5930403L14Rik",null,67952,-12.5367703787047,"Tomm20"]
[100043150,-13.2809160179263,"Gm4265",null,26903,-9.94522230490794,"Dysf",null,26564,-12.4045094377752,"Ror2"]
[433323,-13.264695785222,"Sgpp2",null,72413,-9.93907858192481,"Kcnmb2",null,105445,-12.3854642572868,"Dock9"]
[207181,-13.2582255857844,"Rbms3",null,238330,-9.86563912355547,"Irf2bpl",null,12193,-12.3490000781628,"Zfp36l2"]
[243312,-13.2312148645695,"Elfn1",null,58208,-9.84996911658162,"Bcl11b",null,16323,-12.3374983334875,"Inhba"]
[207667,-13.2179332569008,"Skor1",null,23921,-9.83790259778763,"Sh2b2",null,94043,-12.197967687571,"Tm2d1"]
[228880,-13.1724266529119,"Zmynd8",null,77835,-9.81395726170796,"A930031H19Rik",null,244416,-12.0951547577551,"Ppp1r3b"]
[100038353,-13.1704097894077,"Gm10532",null,228880,-9.81307645549378,"Zmynd8",null,71296,-12.0867134819619,"Crnde"]
[77594,-13.0540077935426,"4930552P12Rik",null,16917,-9.7926977949128,"Lmx1b",null,14370,-12.0591736929902,"Fzd8"]
[21844,-12.9282586141897,"Tiam1",null,20393,-9.75066879782706,"Sgk1",null,66673,-12.0302708160912,"Sorcs3"]
[50781,-12.9100924196028,"Dkk3",null,70593,-9.62096004660886,"Evx1os",null,21769,-12.0268098677119,"Zfand3"]
[211468,-12.8390753031397,"Kcnh8",null,319871,-9.59259409950879,"4732490B19Rik",null,67703,-11.961174801372,"Kirrel3"]
[545156,-12.7648063094735,"Kalrn",null,226243,-9.51866319915255,"Habp2",null,626693,-11.893138144462,"Gm15713"]
[100628596,-12.5191555720977,"Mir5127",null,77594,-9.4728056307837,"4930552P12Rik",null,16658,-11.8834343395436,"Mafb"]
[69449,-12.4232757534515,"1700027A15Rik",null,70025,-9.45589062993686,"Acot7",null,18998,-11.8567172407641,"Pou4f3"]
[77835,-12.3958902967932,"A930031H19Rik",null,17536,-9.45179458464984,"Meis2",null,225207,-11.835129590299,"Zfp521"]
[69601,-12.3901399622844,"Dab2ip",null,72543,-9.43822797666655,"Mvb12b",null,22761,-11.7966563071826,"Zfpm1"]
[54169,-12.3823228386889,"Kat6b",null,52690,-9.39183100359262,"Setd3",null,102465198,-11.7735685932295,"Mir7j"]
[219134,-12.2397279267123,"Shisa2",null,12064,-9.33997377244127,"Bdnf",null,100504733,-11.769485976088,"A730018C14Rik"]
[17129,-12.1992107159185,"Smad5",null,55982,-9.33372038919379,"Paxip1",null,71436,-11.7685446270288,"Flrt3"]
[71033,-12.1771812042536,"4933406K04Rik",null,217364,-9.30369095605501,"Engase",null,102466155,-11.7530592841156,"Mir6378"]
[217692,-12.1662680237944,"Sipa1l1",null,20481,-9.27059619141278,"Ski",null,233765,-11.7248893892414,"Plekha7"]
[18740,-12.1424958423272,"Pitx1",null,22247,-9.23072744539554,"Umps",null,320709,-11.6610422344038,"Tmem117"]
[19268,-12.1283595096381,"Ptprf",null,56226,-9.22627641337345,"Espn",null,271697,-11.6260634742595,"Cdk15"]
[80707,-11.9957889979745,"Wwox",null,13713,-9.21357332199778,"Elk3",null,17207,-11.5946647280857,"Mcf2l"]
[12822,-11.8900229573672,"Col18a1",null,103841,-9.21033780365462,"Cuedc1",null,69743,-11.5665387391661,"Casz1"]
[668303,-11.7841635156853,"Kif26a",null,19411,-9.14543075202393,"Rarg",null,320449,-11.5609350847082,"A730004F24Rik"]
[53860,-11.7758427336137,"2018-09-09",null,320508,-9.13253665946876,"Cachd1",null,102465204,-11.519723993398,"Mir6387"]
[50796,-11.7588477269123,"Dmrt1",null,19730,-9.08218617763887,"Ralgds",null,319448,-11.485618120141,"Fndc3a"]
[15450,-11.7546365964674,"Lipc",null,11350,-9.01741171574065,"Abl1",null,73438,-11.4253842820688,"1700061F12Rik"]
[98711,-11.7179017725586,"Rdh10",null,58996,-8.99478569550489,"Arhgap23",null,218194,-11.3942829747477,"Phactr1"]
[18162,-11.6320210934881,"Npr3",null,18208,-8.96782993760464,"Ntn1",null,24066,-11.323498225065,"Spry4"]
[74050,-11.5983999187912,"4921525O09Rik",null,382034,-8.96749589272018,"Gse1",null,670727,-11.288286819124,"Gm15412"]
[22247,-11.5853209049109,"Umps",null,12425,-8.95771457169868,"Cckar",null,226861,-11.284751409076,"Hhat"]
[16373,-11.5613419750399,"Irx3",null,93670,-8.93529852769058,"Tac4",null,71458,-11.2716714840064,"Bcor"]
[319448,-11.5470785486755,"Fndc3a",null,140492,-8.89822952788381,"Kcnn2",null,11600,-11.1965431396183,"Angpt1"]
[100628577,-11.4928092330229,"Mir5098",null,672284,-8.89719726690859,"Nkx1-1",null,72061,-11.1861998416281,"2010111I01Rik"]
[100628571,-11.4014293110715,"Mir378b",null,21380,-8.88711476214517,"Tbx1",null,218989,-11.1834373388482,"Tmem260"]
[102466782,-11.3615894964439,"Mir6995",null,20361,-8.88016363613484,"Sema7a",null,235135,-11.1278132581978,"Tmem45b"]
[68519,-11.2638998608047,"Eml1",null,218461,-8.84340938162571,"Pde8b",null,207596,-11.0336940425581,"Thsd4"]
[670775,-11.2386365908142,"Gm11468",null,11553,-8.79326735263934,"Adra2c",null,17974,-11.0219672540785,"Nck2"]
[100861869,-11.2386284455135,"Gm21283",null,72754,-8.75936631962062,"Arhgef10l",null,231532,-10.9920343438809,"Arhgap24"]
[330385,-11.1978228222101,"9530026P05Rik",null,18590,-8.7288721893092,"Pdgfa",null,50769,-10.932917017383,"Atp8a2"]
[77017,-11.1845200130441,"E130018N17Rik",null,100043150,-8.67083986892589,"Gm4265",null,19419,-10.9248881993551,"Rasgrp1"]
[243277,-11.1170435527274,"Adgrd1",null,217864,-8.66353679894286,"Rcor1",null,121022,-10.9057124608929,"Mrps6"]
[434353,-11.0914325804909,"A330074K22Rik",null,57080,-8.58829027106247,"Gtf2ird1",null,58198,-10.8910971844466,"Sall1"]
[226243,-11.0707894750054,"Habp2",null,243277,-8.5653467482945,"Adgrd1",null,16371,-10.8543257103875,"Irx1"]
[231769,-11.0177966986611,"Sfswap",null,78446,-8.55937237604163,"D730050B12Rik",null,381812,-10.8514444869488,"Cracr2a"]
[72754,-10.9789447100854,"Arhgef10l",null,17172,-8.4735966216595,"Ascl1",null,105120,-10.8443114777603,"AI197445"]
[668158,-10.9759224504683,"Ccdc85c",null,58235,-8.47251866690359,"Nectin1",null,18504,-10.8356755433546,"Pax2"]
[243219,-10.9595852243513,"2900026A02Rik",null,22062,-8.46507869965984,"Trp73",null,74998,-10.8334505984449,"Rab11fip2"]
[225743,-10.9581132219878,"Rnf165",null,20970,-8.4585797532937,"Sdc3",null,17196,-10.8044381244859,"Mbp"]
[64213,-10.7752634592909,"St7",null,14043,-8.42855837923156,"Ext2",null,102465148,-10.7513767837792,"Mir6239"]
[269994,-10.7574229673295,"Gsg1l",null,107746,-8.42114966840832,"Rapgef1",null,219140,-10.7468378078514,"Spata13"]
[77592,-10.7563475665647,"4931406H21Rik",null,76901,-8.41343182253569,"Jade2",null,71529,-10.7465575895404,"Kazn"]
[71704,-10.7522059093513,"Arhgef3",null,230857,-8.40540244658898,"Ece1",null,208618,-10.7447493535405,"Etl4"]
[270893,-10.7452502866514,"Tmem132e",null,234839,-8.4035722376418,"Piezo1",null,76789,-10.7201660169797,"Mzt1"]
[11898,-10.7179709186048,"Ass1",null,70350,-8.39144051510127,"Basp1",null,20183,-10.7160256048392,"Rxrg"]
[12399,-10.7099955320691,"Runx3",null,19228,-8.37876813524884,"Pth1r",null,77800,-10.7134254372015,"4933406J10Rik"]
[58996,-10.7043520974699,"Arhgap23",null,12555,-8.36123386629759,"Cdh15",null,106952,-10.679615719622,"Arap3"]
[109934,-10.7000016554398,"Abr",null,110948,-8.33688082427425,"Hlcs",null,53860,-10.6718173000635,"2018-09-09"]
[75095,-10.6986013128049,"4930513D17Rik",null,320701,-8.32795390166217,"Fam19a4",null,69443,-10.6367298937896,"1700027J07Rik"]
[30928,-10.6170520660211,"Zbtb18",null,19221,-8.31814221889726,"Ptgfrn",null,14573,-10.5842661426796,"Gdnf"]
[13386,-10.6125260554964,"Dlk1",null,67373,-8.30893380749739,"2210010C04Rik",null,100526464,-10.5776637470234,"Mir3106"]
[100504733,-10.5349220663033,"A730018C14Rik",null,328365,-8.29378588366425,"Zmiz1",null,103213,-10.5306915028924,"Traf3ip2"]
[20970,-10.5308957375973,"Sdc3",null,73158,-8.27794739063818,"Larp1",null,67916,-10.5026471331143,"Plpp3"]
[14180,-10.5242817223489,"Fgf9",null,667728,-8.27538369883067,"Hist1h2al",null,16531,-10.4860530059651,"Kcnma1"]
[233765,-10.5071584985313,"Plekha7",null,235584,-8.25784820238714,"Dusp7",null,19249,-10.4830334155768,"Ptpn13"]
[78482,-10.5056362417708,"1700123L14Rik",null,75862,-8.25595241686627,"4930572O13Rik",null,208439,-10.4728966692111,"Klhl29"]
[93670,-10.4794273397902,"Tac4",null,12579,-8.25212101350466,"Cdkn2b",null,100038460,-10.42256258215,"Gm10677"]
[329910,-10.4789591861046,"Acot11",null,19695,-8.24494735313202,"Reg3g",null,268890,-10.3798096654291,"Lsamp"]
[71918,-10.4505623991572,"Zcchc24",null,215472,-8.23717670147993,"Gm4792",null,101055769,-10.3748314352357,"Gm12596"]
[20361,-10.395281349574,"Sema7a",null,270893,-8.21186698012776,"Tmem132e",null,71321,-10.3483594819088,"4933440J02Rik"]
[16814,-10.3950231642617,"Lbx1",null,242607,-8.20237247820784,"Slc1a7",null,14180,-10.3430291286478,"Fgf9"]
[67916,-10.3810679709296,"Plpp3",null,19266,-8.18236112538543,"Ptprd",null,13844,-10.2755520094644,"Ephb2"]
[70365,-10.3439132583023,"Speer5-ps1",null,242800,-8.17058193793203,"Ttc34",null,239667,-10.2521693321223,"Dip2b"]
[97130,-10.3342357187402,"C77080",null,11936,-8.15231948429504,"Fxyd2",null,72978,-10.2263663283895,"Cnih3"]
[102631810,-10.327033376608,"Gm30052",null,76866,-8.12318643050297,"Morn1",null,50796,-10.2261540810561,"Dmrt1"]
[12064,-10.3264962982909,"Bdnf",null,76589,-8.11031692911629,"Unc5cl",null,104001,-10.2237472161465,"Rtn1"]
[18205,-10.3092488532643,"Ntf3",null,17127,-8.07928532643845,"Smad3",null,233919,-10.2208026607574,"Gpr26"]
[268934,-10.2849849326574,"Grm4",null,13394,-8.06902325244165,"Dlx4",null,231912,-10.2093867704192,"Katnal1"]
[67149,-10.2424861736989,"Nkain1",null,69053,-8.05296507301287,"1810013L24Rik",null,66456,-10.2036697449319,"2810001G20Rik"]
[72061,-10.2303395138595,"2010111I01Rik",null,11418,-8.01524069251163,"Asic2",null,100502987,-10.1970019431432,"Gm17066"]
[396184,-10.2038959215131,"Flrt1",null,72500,-8.01348180712203,"Ier5l",null,20315,-10.1908097050279,"Cxcl12"]
[102635633,-10.1887064922491,"Gm32921",null,230025,-8.01058257851006,"Prdm13",null,100503759,-10.1747648061606,"Gm5084"]
[100141474,-10.1807494631203,"4933428G20Rik",null,71033,-8.00402535128535,"4933406K04Rik",null,20745,-10.1712119115479,"Spock1"]
[23888,-10.1303785732215,"Gpc6",null,20135,-7.98886988021045,"Rrm2",null,269994,-10.1397807839477,"Gsg1l"]
[23921,-10.1066842762242,"Sh2b2",null,380694,-7.98569519040003,"Ccnjl",null,20111,-10.1117667979829,"Rps6ka1"]
[11441,-10.1043625916626,"Chrna7",null,12418,-7.95099167521532,"Cbx4",null,102465176,-10.0769024849945,"Mir6346"]
[105445,-10.08763488063,"Dock9",null,330820,-7.95073813529884,"4933402J07Rik",null,23965,-10.0754706546982,"Tenm3"]
[100993,-10.0800777010214,"AW549542",null,668158,-7.91121001804049,"Ccdc85c",null,77835,-10.0530475605895,"A930031H19Rik"]
[19377,-10.0750863388296,"Rai1",null,54138,-7.90430343685743,"Atxn10",null,380928,-10.0518758497787,"Lmo7"]
[100503434,-10.0633811045532,"Gm19689",null,232227,-7.9000784766251,"Iqsec1",null,16792,-10.0494186528869,"Laptm5"]
[29861,-10.0557669273779,"Dpf1",null,74770,-7.87632651044714,"Hhatl",null,330164,-10.0412570984179,"C130026L21Rik"]
[242939,-10.0205447211277,"Cpz",null,228836,-7.859670448325,"Dlgap4",null,226025,-10.0373050590122,"Trpm3"]
[53611,-10.0082964730985,"Vti1a",null,243219,-7.8471200045947,"2900026A02Rik",null,57752,-10.0076091524807,"Tacc2"]
[21380,-10.0035280792256,"Tbx1",null,636931,-7.81456379549961,"Trim71",null,102465899,-9.98369962672729,"Mir8110"]
[215653,-9.91780185545847,"Rassf2",null,381338,-7.80701610085787,"Lonrf2",null,98711,-9.96402279165775,"Rdh10"]
[52357,-9.89969307888895,"Wwc2",null,723815,-7.80517367738745,"Mir128-2",null,58998,-9.94545226512016,"Nectin3"]
[102639736,-9.89660838751674,"Gm35978",null,212980,-7.80242338515787,"Slc45a3",null,103841,-9.94165354151422,"Cuedc1"]
[57080,-9.83623917010435,"Gtf2ird1",null,15229,-7.77199700529406,"Foxd1",null,93686,-9.92859553926917,"Rbfox2"]
[226250,-9.80382128290163,"Afap1l2",null,12399,-7.76075703148471,"Runx3",null,226243,-9.86080347387625,"Habp2"]
[672284,-9.80013423631372,"Nkx1-1",null,214058,-7.75340908259982,"Megf11",null,21834,-9.82464398007974,"Thrb"]
[17974,-9.75874086989686,"Nck2",null,12561,-7.75133782595762,"Cdh4",null,100043150,-9.80395719931765,"Gm4265"]
[16872,-9.733987630069,"Lhx4",null,76365,-7.75118214888835,"Tbx18",null,26383,-9.7992611584631,"Fto"]
[110521,-9.72429611519826,"Hivep1",null,58212,-7.74963801891164,"Srrm3",null,20679,-9.79131748239974,"Sox6"]
[105120,-9.63173087054,"AI197445",null,219134,-7.73773705405518,"Shisa2",null,320502,-9.79054509876108,"Lmod3"]
[17120,-9.62495211240309,"Mad1l1",null,14633,-7.7019637018846,"Gli2",null,244562,-9.78609554521536,"Abcc12"]
[15220,-9.61881715755567,"Foxq1",null,17095,-7.69383583097998,"Lyl1",null,71704,-9.76823997129889,"Arhgef3"]
[107368,-9.61868947079942,"Pdzd8",null,66795,-7.6923519536882,"Atg10",null,320685,-9.69163502952942,"Dctd"]
[20393,-9.59342484698566,"Sgk1",null,100861869,-7.69209533712542,"Gm21283",null,219134,-9.66583343967132,"Shisa2"]
[67390,-9.59036718304611,"Rnmtl1",null,12503,-7.66311719873743,"Cd247",null,54725,-9.65645713743526,"Cadm1"]
[19663,-9.58102348826534,"Rbpms",null,103080,-7.66255820224188,"2018-09-10",null,225010,-9.64728228052533,"Lclat1"]
[381438,-9.54817364280937,"Gm5148",null,67390,-7.64871684410964,"Rnmtl1",null,73962,-9.64371864699731,"4930441J16Rik"]
[100503117,-9.53962983101841,"2010010A06Rik",null,13482,-7.63568830691263,"Dpp4",null,75853,-9.64187497389199,"4930592I03Rik"]
[194401,-9.50887597543316,"Mical3",null,80288,-7.6290080610829,"Bcl9l",null,73353,-9.63823871978327,"Actrt2"]
[100042198,-9.43250477564578,"Gm3716",null,19377,-7.62181369366457,"Rai1",null,78286,-9.60366988591385,"Nav2"]
[73395,-9.41984572870329,"1700049E22Rik",null,110253,-7.60544648503879,"Triobp",null,19017,-9.57076443847135,"Ppargc1a"]
[56461,-9.39926515725483,"Kcnip3",null,243937,-7.58900415978974,"Zfp536",null,329093,-9.5600738430493,"Cpa6"]
[18751,-9.38113534806017,"Prkcb",null,26360,-7.5512018336923,"Angptl2",null,74007,-9.55893315853696,"Btbd11"]
[433386,-9.36632639694693,"Ccdc185",null,100628577,-7.5421890569527,"Mir5098",null,320292,-9.55167735780081,"Rasgef1b"]
[387182,-9.36168611641546,"Mir187",null,16498,-7.53166149629847,"Kcnab2",null,234214,-9.55139205888988,"Sorbs2"]
[72413,-9.36130427607144,"Kcnmb2",null,212111,-7.52998657323864,"Inpp5a",null,66743,-9.52760820507489,"Rnf220"]
[320982,-9.34540471322794,"Arl4c",null,320176,-7.51127156701473,"D930032P07Rik",null,384814,-9.50462576326788,"Gm5347"]
[84035,-9.31157864979014,"Kremen1",null,68770,-7.50995989503492,"Phtf2",null,239985,-9.50428552859509,"Arid1b"]
[320176,-9.27098857984687,"D930032P07Rik",null,16502,-7.48846594976918,"Kcnc1",null,100993,-9.45862922424211,"AW549542"]
[12561,-9.26379947386359,"Cdh4",null,100316686,-7.48485770573711,"Mir1901",null,74206,-9.39175719769321,"Sipa1l3"]
[407821,-9.24700237593173,"Znrf3",null,109270,-7.48410242694693,"Prr5",null,381338,-9.38177290486499,"Lonrf2"]
[629206,-9.23897225647423,"Gm20758",null,22761,-7.46682957883373,"Zfpm1",null,238161,-9.34766389565245,"Akap6"]
[26564,-9.23703242664459,"Ror2",null,22418,-7.45421275826935,"Wnt5a",null,22367,-9.32723961922608,"Vrk1"]
[18784,-9.22651710027372,"Pla2g5",null,329716,-7.45222150408276,"BC107364",null,241324,-9.2907522947681,"Crb2"]
[22423,-9.21576588976743,"Wnt8b",null,100141474,-7.44694215787718,"4933428G20Rik",null,99382,-9.27406424886807,"Abtb2"]
[268515,-9.19655322555015,"Bahcc1",null,100503595,-7.44688582110129,"Gm13003",null,242297,-9.23181711854451,"Fam110b"]
[74770,-9.19645527001567,"Hhatl",null,18003,-7.44218931716207,"Nedd9",null,68175,-9.1938641950509,"4930591A17Rik"]
[104382,-9.18536864821846,"Barhl2",null,243339,-7.43752236394769,"Tmem130",null,26563,-9.18749055590002,"Ror1"]
[13394,-9.09605854666056,"Dlx4",null,231760,-7.43415393222829,"Rimbp2",null,381534,-9.17614390575085,"Ube2u"]
[216892,-9.09073478765039,"Spns2",null,71779,-7.42388715896882,"2018-03-08",null,20404,-9.17558060261003,"Sh3gl2"]
[231760,-9.05962803851125,"Rimbp2",null,16872,-7.41726079497741,"Lhx4",null,227885,-9.13762899559104,"Gm13498"]
[100503019,-9.0548205061311,"Gm16551",null,54422,-7.39842464504348,"Barhl1",null,100628596,-9.13557575497606,"Mir5127"]
[17536,-9.03714758330236,"Meis2",null,56264,-7.37680328099235,"Cpxm1",null,100504347,-9.10852323418926,"Gm20187"]
[28080,-9.02798302050083,"Atp5o",null,94187,-7.37212426998789,"Zfp423",null,77038,-9.10030834604819,"Arfgap2"]
[14164,-9.02771850344762,"Fgf1",null,18740,-7.3691146607654,"Pitx1",null,28080,-9.04069094521125,"Atp5o"]
[20602,-9.00941998516803,"Ncor2",null,65112,-7.33909765467906,"Pmepa1",null,14314,-9.0357191715327,"Fstl1"]
[272551,-8.99693325738033,"Gins2",null,108148,-7.33334830687516,"Galnt2",null,105348,-9.02744983853636,"Golm1"]
[286940,-8.99355527110404,"Flnb",null,194401,-7.31960756690064,"Mical3",null,100316812,-9.02727404568797,"Mir1936"]
[20271,-8.98593867469956,"Scn5a",null,18508,-7.31105274724765,"Pax6",null,102465180,-9.02657120215203,"Mir6352"]
[21387,-8.96786801430929,"Tbx4",null,83396,-7.30229258036466,"Glis2",null,268780,-9.02258375748241,"Egflam"]
[242607,-8.92813459881859,"Slc1a7",null,15901,-7.30025385137256,"Id1",null,16980,-9.00388774200807,"Lrrn2"]
[20975,-8.92766804971303,"Synj2",null,20664,-7.29296601766324,"Sox1",null,286940,-8.99114816501567,"Flnb"]
[15900,-8.90961622983892,"Irf8",null,71720,-7.27736119992847,"Osbpl3",null,20512,-8.9341512409667,"Slc1a3"]
[72543,-8.89694968768089,"Mvb12b",null,272551,-7.2371380902244,"Gins2",null,226518,-8.92689321277393,"Nmnat2"]
[11737,-8.88631627631024,"Anp32a",null,66230,-7.23515702121864,"Mrps28",null,77383,-8.91922957331965,"C030029H02Rik"]
[64654,-8.88309183061334,"Fgf23",null,27355,-7.22838934497949,"Pald1",null,71302,-8.85551637483875,"Arhgap26"]
[170952,-8.86826865322053,"Prima1",null,16522,-7.22795045629393,"Kcnj6",null,12125,-8.81154530021869,"Bcl2l11"]
[23893,-8.84873797495065,"Grem2",null,58198,-7.21997264892959,"Sall1",null,20377,-8.79635570971152,"Sfrp1"]
[14184,-8.84611166712642,"Fgfr3",null,13844,-7.20246568924586,"Ephb2",null,23966,-8.79324417063487,"Tenm4"]
[26383,-8.82766304333054,"Fto",null,71111,-7.20050591966592,"Gpr39",null,100038614,-8.7742348120624,"Gm10791"]
[14573,-8.8003793005817,"Gdnf",null,242721,-7.20001759662031,"Klhdc7a",null,474332,-8.7447606319221,"Dnm3os"]
[75599,-8.79919573802828,"Pcdh1",null,231861,-7.18623863402945,"Tnrc18",null,69068,-8.73936703934521,"1810011O10Rik"]
[26419,-8.77097651487437,"Mapk8",null,27984,-7.1677501139883,"Efhd2",null,252838,-8.73876970884672,"Tox"]
[69090,-8.76662347921531,"Ascc1",null,226250,-7.16567152713136,"Afap1l2",null,67792,-8.725635786586,"Rgs8"]
[76422,-8.75997689196735,"Mroh3",null,104718,-7.16122682666845,"Ttc7b",null,58208,-8.71450149870134,"Bcl11b"]
[230126,-8.75562633440989,"Shb",null,239027,-7.15869030870121,"Arhgap22",null,16001,-8.71231763012839,"Igf1r"]
[76199,-8.73558955951368,"Med13l",null,15245,-7.15611573840305,"Hhip",null,14634,-8.70882288259108,"Gli3"]
[212980,-8.7301394507425,"Slc45a3",null,50916,-7.15425410420669,"Irx4",null,55987,-8.69105971640818,"Cpxm2"]
[18125,-8.72450420888077,"Nos1",null,100042198,-7.14697515447204,"Gm3716",null,240675,-8.67903379424029,"Vwa2"]
[77056,-8.67819335884065,"Tmco4",null,100040049,-7.13077472249122,"1810010D01Rik",null,75822,-8.66588730815619,"4930524C18Rik"]
[20472,-8.65847823821539,"Six2",null,233805,-7.12335944032457,"Dcun1d3",null,22253,-8.66289053873609,"Unc5c"]
[66060,-8.6560317864986,"Cystm1",null,229905,-7.12073763288617,"Kyat3",null,100040049,-8.63223143185487,"1810010D01Rik"]
[211666,-8.65182130862902,"Mgst2",null,210992,-7.08727573224229,"Lpcat1",null,58172,-8.6132754697585,"Sertad2"]
[102633035,-8.63921668636998,"Gm28979",null,69181,-7.06894644558894,"Dyrk2",null,20357,-8.61128116994001,"Sema5b"]
[212632,-8.57312252364129,"Iffo2",null,668225,-7.06735071955223,"Fignl2",null,211770,-8.59436517294048,"Trib1"]
[12051,-8.56351549750997,"Bcl3",null,268420,-7.06251400769811,"Alkbh5",null,619945,-8.58633173749656,"Gm6116"]
[22255,-8.55276325058594,"Uncx",null,319951,-7.04776989487871,"A230001M10Rik",null,70556,-8.54258449112428,"Slc25a33"]
[100526474,-8.54794967577157,"Mir3074-1",null,216892,-7.04212102505286,"Spns2",null,110637,-8.53858018558135,"Grik4"]
[14633,-8.53912819208028,"Gli2",null,209239,-7.03563968554333,"Gan",null,27428,-8.52292678061073,"Shroom3"]
[71826,-8.532099264936,"1700001F09Rik",null,18053,-7.01193077687607,"Ngfr",null,72753,-8.51812936828586,"2810442N19Rik"]
[215472,-8.53130930147501,"Gm4792",null,71972,-6.99669032249486,"Dnmbp",null,17132,-8.4876538422041,"Maf"]
[170725,-8.52498321994797,"Capn8",null,18013,-6.99208830335882,"Neurod2",null,80707,-8.48474656860817,"Wwox"]
[17701,-8.49393232636366,"Msx1",null,77578,-6.98724224042944,"Bcl9",null,380924,-8.47965348101099,"Olfm4"]
[329716,-8.48119334946771,"BC107364",null,629678,-6.95110123771442,"Gm6994",null,69857,-8.45077341456084,"1810053B23Rik"]
[101055769,-8.43817856513467,"Gm12596",null,230125,-6.94761341252408,"Slc25a51",null,320398,-8.42075924566129,"Lrig3"]
[15245,-8.43749808322771,"Hhip",null,22390,-6.94719998620635,"Wee1",null,670775,-8.41304107202938,"Gm11468"]
[71602,-8.43331458631469,"Myo1e",null,67839,-6.93936308448666,"Gpsm1",null,320014,-8.39522688746971,"B930025P03Rik"]
[30838,-8.4056866903953,"Fbxw4",null,21943,-6.93164758833887,"Tnfsf11",null,67896,-8.39462695242302,"Ccdc80"]
[13482,-8.40549742975413,"Dpp4",null,16412,-6.92582864450198,"Itgb1",null,76382,-8.38667353050181,"1700012A03Rik"]
[69443,-8.39969749595545,"1700027J07Rik",null,228026,-6.91186948387939,"Pdk1",null,240174,-8.36847588280033,"Thada"]
[214058,-8.3932474681368,"Megf11",null,320129,-6.87491826710427,"Grk3",null,192198,-8.34302115113444,"Lrrc4"]
[26914,-8.38590618321166,"H2afy",null,226359,-6.86094826029307,"C1ql2",null,75646,-8.33778166983966,"Rai14"]
[319951,-8.37812922832127,"A230001M10Rik",null,268291,-6.84919576700299,"Rnf217",null,319974,-8.32480452075958,"Auts2"]
[20664,-8.36780787506159,"Sox1",null,70122,-6.84619557736548,"Mllt3",null,218963,-8.32099951720529,"Gm1821"]
[71720,-8.34170250505609,"Osbpl3",null,18125,-6.842238281528,"Nos1",null,17129,-8.26581740822654,"Smad5"]
[380694,-8.3369208538484,"Ccnjl",null,69449,-6.8383353717507,"1700027A15Rik",null,217294,-8.24131290995868,"BC006965"]
[74645,-8.32345447960512,"Fam46c",null,100038709,-6.83178391177234,"Gm10789",null,70564,-8.23130431344365,"Fam213a"]
[19091,-8.31839948168595,"Prkg1",null,18121,-6.82718935934708,"Nog",null,387251,-8.19814659607006,"Mirlet7i"]
[22339,-8.30486909078208,"Vegfa",null,269610,-6.81622476356935,"Chd5",null,216810,-8.17645963591943,"Tom1l2"]
[170736,-8.28299306629514,"Parvb",null,11931,-6.81335657281183,"Atp1b1",null,327747,-8.17640334787266,"Mettl24"]
[387177,-8.25853212225044,"Mir182",null,317717,-6.81070394533322,"Sec22a",null,12954,-8.17436457240895,"Cryaa"]
[18985,-8.25702995830141,"Pou2af1",null,242620,-6.80937470572933,"Dmrta2",null,102638436,-8.17013756636647,"Gm38509"]
[76866,-8.25063920232248,"Morn1",null,21420,-6.80545175058526,"Tfap2c",null,20480,-8.1661446871725,"Clpb"]
[19263,-8.24138349536114,"Ptprb",null,21934,-6.79828331865267,"Tnfrsf11a",null,330578,-8.16513379295098,"A530021J07Rik"]
[209012,-8.22795925011735,"Ulk4",null,75622,-6.79655460033257,"Spaca3",null,15450,-8.15301116475765,"Lipc"]
[320129,-8.2235453101588,"Grk3",null,140489,-6.79636999847861,"Bhlhe23",null,14183,-8.14997815834199,"Fgfr2"]
[26380,-8.21163909655083,"Esrrb",null,54367,-6.79285573152577,"Zfp326",null,19663,-8.11050770669266,"Rbpms"]
[20350,-8.21076242928734,"Sema3f",null,100993,-6.78227331191712,"AW549542",null,208943,-8.11013441548755,"Myo5c"]
[52027,-8.20880576609678,"D17Ertd648e",null,12051,-6.77488856153104,"Bcl3",null,16782,-8.10717738932016,"Lamc2"]
[241128,-8.20767363842083,"Fam124b",null,231855,-6.7735349994599,"Ap5z1",null,27400,-8.09016865958847,"Hsd17b6"]
[320701,-8.19388491953503,"Fam19a4",null,68790,-6.76266414179214,"Fendrr",null,18514,-8.08239191462737,"Pbx1"]
[100216537,-8.19150568563286,"Snord104",null,76651,-6.75271812259756,"1700122O11Rik",null,21412,-8.0719275595132,"Tcf21"]
[239530,-8.18770587267651,"Gpr20",null,100038353,-6.74694745950912,"Gm10532",null,78156,-8.05067267648597,"4930441H08Rik"]
[230125,-8.15152158185408,"Slc25a51",null,18712,-6.74389554946098,"Pim1",null,20350,-8.03908630822504,"Sema3f"]
[229905,-8.15031510492523,"Kyat3",null,234857,-6.73710965910005,"Spire2",null,232077,-8.02758854063204,"Foxi3"]
[93679,-8.1480398199438,"Trim8",null,77645,-6.73539917854913,"Ptprtos",null,212632,-8.0176341625527,"Iffo2"]
[69836,-8.14561345461226,"Pla2g12b",null,73353,-6.73392222133157,"Actrt2",null,75239,-8.00141315350696,"4930543E12Rik"]
[110948,-8.13143197253461,"Hlcs",null,233765,-6.73011312934403,"Plekha7",null,12314,-7.9897586216782,"Calm2"]
[100302601,-8.12720029182208,"Snord83b",null,75361,-6.7283162413121,"4930555K05Rik",null,227933,-7.97262883105394,"Ccdc148"]
[78471,-8.12136484432534,"1700109G15Rik",null,20409,-6.71770934276699,"Ostf1",null,21366,-7.95379606504966,"Slc6a6"]
[71489,-8.10525961335944,"Bcas3os1",null,75608,-6.71054375947667,"Chmp4b",null,20440,-7.9520682736942,"St6gal1"]
[338365,-8.08695830345862,"Slc41a2",null,432989,-6.68599029952625,"D930007P13Rik",null,109215,-7.93603908100459,"Lncbate1"]
[69478,-8.0840750094316,"2300009A05Rik",null,98732,-6.68308828638814,"Rab3gap2",null,75095,-7.9334888765909,"4930513D17Rik"]
[70571,-8.08173831766186,"Tcerg1l",null,104248,-6.68296621522993,"Cabin1",null,211666,-7.93077759722027,"Mgst2"]
[107895,-8.07617930657572,"Mgat5",null,723853,-6.67950108130119,"Mir365-2",null,77592,-7.91883885256347,"4931406H21Rik"]
[17130,-8.06381330510788,"Smad6",null,108114,-6.67032636924021,"Slc22a7",null,78178,-7.91122039748829,"4930511A08Rik"]
[228012,-8.05955436940874,"Tlk1",null,13710,-6.65330570628934,"Elf3",null,233335,-7.90835520137999,"Synm"]
[74627,-8.05693141333012,"4930413E15Rik",null,233919,-6.64580048305759,"Gpr26",null,71033,-7.90749865806115,"4933406K04Rik"]
[217864,-8.05366452286642,"Rcor1",null,20521,-6.63707089612431,"Slc22a12",null,100504255,-7.9036182822521,"Gm12159"]
[77569,-8.03674780790364,"Limch1",null,101694,-6.63180063505227,"Mir9-3hg",null,18509,-7.90191568871116,"Pax7"]
[26382,-8.0240714878733,"Fgd2",null,84035,-6.61875869465949,"Kremen1",null,100042415,-7.89193968455988,"Mnd1-ps"]
[121022,-8.02104019035417,"Mrps6",null,69090,-6.61523311502475,"Ascc1",null,67972,-7.85411968177057,"Atp2b1"]
[77777,-7.94775981232253,"Ulbp1",null,100038614,-6.59777068803059,"Gm10791",null,56699,-7.83702933630207,"Cdc42ep4"]
[240675,-7.94657522400408,"Vwa2",null,68034,-6.59468116574881,"Fam122a",null,207181,-7.8277252476433,"Rbms3"]
[74747,-7.93157922885527,"Ddit4",null,210554,-6.59286298115719,"Hus1b",null,17084,-7.81580754217066,"Ly86"]
[52389,-7.91619053821396,"Adgra1",null,268860,-6.589960926311,"Abat",null,77994,-7.80881923482159,"Mir99ahg"]
[69640,-7.90611943080864,"Fam83g",null,215467,-6.5371763533203,"Gm4791",null,12386,-7.79984242896824,"Ctnna2"]
[19289,-7.89502337629892,"Igdcc3",null,102635633,-6.53150127440099,"Gm32921",null,140703,-7.77295245917631,"Emid1"]
[56709,-7.89364972940449,"Dnajb12",null,18753,-6.52711253555028,"Prkcd",null,20975,-7.77288914093224,"Synj2"]
[105844,-7.88906814178066,"Card10",null,73442,-6.5256100204375,"Hspa12a",null,77569,-7.76527055828796,"Limch1"]
[19419,-7.86826826638123,"Rasgrp1",null,68592,-6.52343077697849,"Syf2",null,434353,-7.76467475742028,"A330074K22Rik"]
[18032,-7.8637793703408,"Nfix",null,52906,-6.52048885797227,"Ahi1",null,170725,-7.76454516297372,"Capn8"]
[217593,-7.86339182020859,"Slc25a21",null,16439,-6.51681937693033,"Itpr2",null,239618,-7.75456357681576,"Pdzrn4"]
[234839,-7.86128796668688,"Piezo1",null,109222,-6.51008675184812,"Rarres1",null,170643,-7.75243893034799,"Kirrel"]
[20771,-7.85875479077284,"Mucl1",null,240667,-6.50398263235772,"Sec31b",null,102466241,-7.74630725379765,"Mir7243"]
[20698,-7.8544772567852,"Sphk1",null,103850,-6.49960537783453,"Nt5m",null,103978,-7.73087127627717,"Gpc5"]
[67839,-7.82714425303355,"Gpsm1",null,57138,-6.49877352005367,"Slc12a5",null,20499,-7.71253456434065,"Slc12a7"]
[15229,-7.82075948452514,"Foxd1",null,595139,-6.49781535314406,"E030024N20Rik",null,319819,-7.68417751028019,"4932435O22Rik"]
[56395,-7.80905335580495,"Tmem115",null,73784,-6.48494614936577,"4930430F21Rik",null,69784,-7.65744785679774,"1500009L16Rik"]
[100316675,-7.80149249229415,"Mir467h",null,76422,-6.4754614616515,"Mroh3",null,328365,-7.65592709671773,"Zmiz1"]
[78170,-7.79704359313374,"4930486F22Rik",null,207181,-6.47016098802129,"Rbms3",null,69449,-7.63832298495573,"1700027A15Rik"]
[723924,-7.79047209147329,"Mir218-2",null,75467,-6.46810514231202,"Stpg4",null,74039,-7.63118009701499,"Nfam1"]
[70549,-7.78464272058126,"Tln2",null,77017,-6.45046400830589,"E130018N17Rik",null,58250,-7.62267673650344,"Chst11"]
[12503,-7.73144471967731,"Cd247",null,223255,-6.4493438116762,"Stk24",null,319865,-7.61634106683507,"E130114P18Rik"]
[100316686,-7.71539926427402,"Mir1901",null,18951,-6.44858504465928,"2018-09-05",null,102465219,-7.61269364931436,"Mir6406"]
[215467,-7.71375572095211,"Gm4791",null,433855,-6.44268648872157,"AI506816",null,13614,-7.60797293518815,"Edn1"]
[20779,-7.7067273880562,"Src",null,16500,-6.44189410539175,"Kcnb1",null,67179,-7.60780520272005,"Ccdc25"]
[19266,-7.70338244697655,"Ptprd",null,67678,-6.43930723773364,"Lsm3",null,80890,-7.60531801069746,"Trim2"]
[243621,-7.69779507311617,"Iqsec3",null,223332,-6.43304596917795,"Ranbp3l",null,72333,-7.58896686301244,"Palld"]
[77627,-7.68942459102552,"Efcab6",null,170738,-6.43248995261294,"Kcnh7",null,20447,-7.5402779013705,"St6galnac3"]
[21420,-7.68758905427325,"Tfap2c",null,16553,-6.42207270787493,"Kif13a",null,75718,-7.53828683644676,"Vwa5b1"]
[320827,-7.68674808945934,"C530008M17Rik",null,12122,-6.402504871907,"Bid",null,69993,-7.52546939227151,"Chn2"]
[18053,-7.6818793859226,"Ngfr",null,16582,-6.40172674893887,"Kifc3",null,723815,-7.52476300426105,"Mir128-2"]
[230025,-7.669017696175,"Prdm13",null,387185,-6.39744742756658,"Mir190a",null,56353,-7.52185477554792,"Rybp"]
[76376,-7.65103445575992,"Slc24a2",null,19141,-6.39266368213014,"Lgmn",null,30928,-7.52163764066788,"Zbtb18"]
[435518,-7.65056676372788,"Pdxk-ps",null,78471,-6.39263057099651,"1700109G15Rik",null,214968,-7.51594587782416,"Sema6d"]
[70593,-7.63931233938018,"Evx1os",null,72190,-6.38665485985363,"2510009E07Rik",null,329404,-7.50407254974907,"Gm13497"]
[67622,-7.63826130179414,"Mxra7",null,237353,-6.37633827225896,"Sh3rf3",null,70717,-7.49826866007059,"Medag"]
[22062,-7.63793172580131,"Trp73",null,227723,-6.37341979573568,"Prrc2b",null,382034,-7.49451363825608,"Gse1"]
[235584,-7.63390014227174,"Dusp7",null,56461,-6.36009358299564,"Kcnip3",null,231769,-7.49269303170045,"Sfswap"]
[67325,-7.62302195611412,"1700034G24Rik",null,19645,-6.35705478745722,"Rb1",null,13796,-7.48345721728285,"Emx1"]
[237353,-7.614744698565,"Sh3rf3",null,75552,-6.35699940035488,"Paqr9",null,12614,-7.47652887740248,"Celsr1"]
[18712,-7.61070767824242,"Pim1",null,19231,-6.34898208530252,"Ptma",null,13990,-7.47082461515387,"Smarcad1"]
[54132,-7.60833113658964,"Pdlim1",null,208727,-6.34753894401931,"Hdac4",null,71092,-7.46618372444946,"4930452A19Rik"]
[78446,-7.60452221963275,"D730050B12Rik",null,15900,-6.34490608959657,"Irf8",null,75599,-7.45047912912699,"Pcdh1"]
[19223,-7.59243978428875,"Ptgis",null,327951,-6.33784338388146,"Cyb5d1",null,331623,-7.44779930225079,"Bend3"]
[56691,-7.58409634567357,"Dnajb8",null,76161,-6.33514696506768,"Lamp5",null,320315,-7.44487493973228,"A330048O09Rik"]
[22003,-7.57786037741754,"Tpm1",null,93960,-6.3187625236493,"Nkd1",null,100040882,-7.42894541315539,"1700017G19Rik"]
[64931,-7.57026623024735,"Izumo1r",null,14783,-6.3134397562767,"Grb10",null,16814,-7.42297613593504,"Lbx1"]
[59310,-7.56065439520402,"Myl10",null,78170,-6.29898996541324,"4930486F22Rik",null,13972,-7.40498636249029,"Gnb1l"]
[242721,-7.5571516016953,"Klhdc7a",null,230738,-6.29697551697737,"Zc3h12a",null,16204,-7.39480510271713,"Fabp6"]
[240667,-7.54966188752122,"Sec31b",null,50775,-6.29375091569307,"Krtap5-4",null,227059,-7.35171701410187,"Slc39a10"]
[723955,-7.5390185386479,"Mir135a-2",null,170725,-6.28648586021891,"Capn8",null,67867,-7.34473683360119,"Lrrc28"]
[226861,-7.52300030270848,"Hhat",null,18511,-6.27467387256306,"Pax9",null,20088,-7.32773874367956,"Rps24"]
[20277,-7.52048565341632,"Scnn1b",null,108100,-6.25721479560141,"Baiap2",null,26938,-7.32762250712027,"St6galnac5"]
[18511,-7.50161781218597,"Pax9",null,18423,-6.23458770720265,"Otx1",null,15939,-7.32135486336982,"Ier5"]
[243339,-7.49374887950979,"Tmem130",null,56013,-6.23202383022089,"Srcin1",null,74137,-7.31470351556372,"Nuak2"]
[20404,-7.48147226764381,"Sh3gl2",null,21353,-6.22604621708167,"Tank",null,78403,-7.30921540382074,"2900041M22Rik"]
[102465702,-7.47176464254185,"Mir7219",null,16814,-6.22523119449232,"Lbx1",null,18577,-7.30722148344278,"Pde4a"]
[142688,-7.47171444535553,"Asb13",null,77938,-6.20529123973811,"Fam53b",null,70574,-7.29262348418976,"Cpm"]
[231532,-7.4706709513888,"Arhgap24",null,116838,-6.19438753815702,"Rims2",null,231991,-7.28564059349243,"Creb5"]
[78718,-7.4697939482343,"D530049I02Rik",null,102465563,-6.19043345662466,"Mir6934",null,224671,-7.27853225233177,"Btbd9"]
[110253,-7.44975460799397,"Triobp",null,53626,-6.18982921692678,"Insm1",null,56490,-7.27607758031406,"Zbtb20"]
[230815,-7.44387146302005,"Man1c1",null,102466147,-6.186245731555,"Mir6237",null,71234,-7.26204352562458,"4933427E13Rik"]
[230738,-7.44194100656073,"Zc3h12a",null,81879,-6.18530485869929,"Tfcp2l1",null,13048,-7.25615861982332,"Cux2"]
[14836,-7.42392080352928,"Gsc",null,19263,-6.18389168999085,"Ptprb",null,243277,-7.24998022829319,"Adgrd1"]
[22390,-7.41579727347425,"Wee1",null,627214,-6.18207210745112,"Fam196a",null,75361,-7.24069979492909,"4930555K05Rik"]
[73191,-7.40928350826119,"Fezf1",null,17873,-6.17774350216161,"Gadd45b",null,243725,-7.21554281484605,"Ppp1r9a"]
[238330,-7.40505485037384,"Irf2bpl",null,56508,-6.17481909836196,"Rapgef4",null,14571,-7.21506836863956,"Gpd2"]
[240322,-7.40151163019971,"Adamts19",null,83398,-6.1693010635704,"Ndst3",null,170732,-7.20947865822379,"Trhr2"]
[12824,-7.40102640559272,"Col2a1",null,74846,-6.15993516206911,"4930405A21Rik",null,224674,-7.19882289151117,"Slc37a1"]
[75608,-7.40046541668358,"Chmp4b",null,230597,-6.15847116701494,"Zfyve9",null,14733,-7.18063084668521,"Gpc1"]
[18121,-7.38624876038621,"Nog",null,109934,-6.15375511734448,"Abr",null,735270,-7.16832977928465,"Mir710"]
[75854,-7.38049040050251,"4930579J19Rik",null,20451,-6.1518029297266,"St8sia3",null,215653,-7.16430206418436,"Rassf2"]
[665306,-7.37441081564125,"3930402G23Rik",null,329003,-6.15072429075603,"Zfp516",null,229320,-7.15580067351417,"Clrn1"]
[328329,-7.36726685347879,"Mast4",null,78883,-6.14917826474985,"9630013K17Rik",null,52033,-7.15103224347738,"Pbk"]
[102465644,-7.36682455955739,"Mir7064",null,330951,-6.14769216393504,"Gm16130",null,225743,-7.14320064173584,"Rnf165"]
[76651,-7.36573218435731,"1700122O11Rik",null,107895,-6.14492948671333,"Mgat5",null,16880,-7.1377007393958,"Lifr"]
[68790,-7.35995953999771,"Fendrr",null,72026,-6.14419980352234,"Trmu",null,16777,-7.13687020523567,"Lamb1"]
[50775,-7.35258355605234,"Krtap5-4",null,19051,-6.13922192848808,"Ppp1r17",null,433791,-7.13477949349251,"Zfp992"]
[104718,-7.3492764734611,"Ttc7b",null,67263,-6.13363247686387,"Zswim6",null,56691,-7.12803058670741,"Dnajb8"]
[19645,-7.34225656003532,"Rb1",null,67325,-6.12808663340394,"1700034G24Rik",null,56847,-7.12057533288167,"Aldh1a3"]
[11553,-7.34017833037011,"Adra2c",null,240186,-6.11974235044856,"Zfp438",null,70365,-7.10439767169263,"Speer5-ps1"]
[73784,-7.31266556285181,"4930430F21Rik",null,330166,-6.10863713594936,"Miat",null,68617,-7.09740315869083,"Mtcl1"]
[14362,-7.30588143822629,"Fzd1",null,16963,-6.09975334110075,"Xcl1",null,52027,-7.08388899335314,"D17Ertd648e"]
[100038709,-7.30363717408089,"Gm10789",null,56194,-6.09761050461984,"Prpf40a",null,75578,-7.08225577361409,"Fggy"]
[268291,-7.30343284217908,"Rnf217",null,107368,-6.09536956865017,"Pdzd8",null,83679,-7.08156961962356,"Pde4dip"]
[330166,-7.30278439237493,"Miat",null,64406,-6.08806671662004,"Sp5",null,16529,-7.0708696918,"Kcnk5"]
[230857,-7.29522449744941,"Ece1",null,100503019,-6.08544048549466,"Gm16551",null,54403,-7.06706255554529,"Slc4a4"]
[18003,-7.29111460331075,"Nedd9",null,22428,-6.08319639739165,"Dctn6",null,16656,-7.06473950307384,"Hivep3"]
[74206,-7.28659989776554,"Sipa1l3",null,102465644,-6.07229005176605,"Mir7064",null,30051,-7.05592475255614,"Spdef"]
[73442,-7.2736227869593,"Hspa12a",null,16511,-6.07030767644073,"Kcnh2",null,545641,-7.05203997757549,"Gm5860"]
[72088,-7.26633396636337,"Ush1c",null,215280,-6.06535906523143,"Wipf1",null,16420,-7.04354442796507,"Itgb6"]
[68592,-7.26486347027836,"Syf2",null,625249,-6.04728118021095,"Gpx4",null,74934,-7.02973422951042,"Armc4"]
[56264,-7.23459323993973,"Cpxm1",null,230775,-6.04282447019315,"Adgrb2",null,76943,-7.02038743897556,"Psapl1"]
[67525,-7.22827048702536,"Trim62",null,67525,-6.04151822911844,"Trim62",null,74770,-6.986641347049,"Hhatl"]
[70717,-7.22725373870518,"Medag",null,13616,-6.03892256401542,"Edn3",null,102465702,-6.98357747559912,"Mir7219"]
[74720,-7.21587605980301,"Tmem114",null,104382,-6.03489522586268,"Barhl2",null,100504728,-6.98073163876971,"Gm13985"]
[74279,-7.21380386469669,"1700080O16Rik",null,80885,-6.03091907109516,"Hcar2",null,20354,-6.97903399461235,"Sema4d"]
[436062,-7.21028648534049,"Fam92b",null,77592,-6.027154402551,"4931406H21Rik",null,76952,-6.94353536220924,"Nt5c2"]
[217325,-7.20447470503141,"Llgl2",null,319901,-6.01040250716392,"Dsel",null,57080,-6.9434745389993,"Gtf2ird1"]
[69776,-7.20418462107652,"1600002D24Rik",null,75761,-6.00442808506617,"Apol7a",null,69351,-6.93930561116437,"Smim23"]
[327951,-7.20000014002558,"Cyb5d1",null,268345,-6.00362494690285,"Kcnc2",null,74363,-6.93317717717343,"4931430N09Rik"]
[18951,-7.1969609403755,"2018-09-05",null,19894,-6.00097357226301,"Rph3a",null,215654,-6.92723047354675,"Cdh12"]
[21813,-7.19135955414489,"Tgfbr2",null,102465209,-5.99099090674187,"Mir6393",null,16535,-6.91971749127183,"Kcnq1"]
[215494,-7.18562414738151,"Pomgnt2",null,18242,-5.99025697798092,"Oat",null,71106,-6.91008418327582,"4933413J09Rik"]
[434280,-7.17910114396297,"Gm5607",null,14281,-5.9875907474555,"Fos",null,69640,-6.89455455572956,"Fam83g"]
[72500,-7.16487466102164,"Ier5l",null,67573,-5.98543974312303,"Loxl4",null,240427,-6.88051049329526,"Setbp1"]
[56224,-7.15723858529991,"Tspan5",null,100072,-5.95454018206113,"Camta1",null,19091,-6.86241043585979,"Prkg1"]
[234857,-7.15094966514698,"Spire2",null,17883,-5.9533756209111,"Myh3",null,29862,-6.86155595190661,"Ninj2"]
[18654,-7.14787250561154,"Pgf",null,13483,-5.94606635646676,"Dpp6",null,18142,-6.85563040417096,"Npas1"]
[27355,-7.14723229886102,"Pald1",null,18035,-5.9439097243148,"Nfkbia",null,442827,-6.84131836802495,"Rab44"]
[68617,-7.13489700912342,"Mtcl1",null,330734,-5.94079538376162,"B930018H19Rik",null,76422,-6.83520609492582,"Mroh3"]
[14085,-7.11717462717065,"Fah",null,241134,-5.92515411093286,"Nyap2",null,22061,-6.81259356942755,"Trp63"]
[93742,-7.10817294220514,"Pard3",null,73477,-5.92480660638619,"1700081H04Rik",null,329639,-6.79844242831758,"Gm2447"]
[211986,-7.09784476646586,"Tmem18",null,67916,-5.92294734156849,"Plpp3",null,66760,-6.78324214697927,"Sox5os3"]
[619328,-7.09468416728466,"I730028E13Rik",null,368203,-5.90099685942583,"Gm5136",null,665306,-6.7740127400985,"3930402G23Rik"]
[17095,-7.07787821020223,"Lyl1",null,77777,-5.89679512262509,"Ulbp1",null,20238,-6.76369808112104,"Atxn1"]
[320502,-7.0617049503061,"Lmod3",null,11876,-5.89258520878845,"Artn",null,19401,-6.76308778375395,"Rara"]
[103505,-7.04623400619209,"BB019430",null,17295,-5.88872553306664,"Met",null,72263,-6.75783310187582,"1700030F04Rik"]
[230597,-7.03661405545149,"Zfyve9",null,69010,-5.8850523042099,"Anapc13",null,11815,-6.75254458055796,"Apod"]
[74189,-7.03619086355393,"Phactr3",null,72832,-5.87198364837249,"Crtac1",null,319387,-6.7414934001347,"Adgrl3"]
[227723,-7.01317015033877,"Prrc2b",null,211986,-5.87033146686551,"Tmem18",null,13435,-6.73798108213381,"Dnmt3a"]
[68511,-7.00177375490045,"Dcdc2c",null,66278,-5.8668241065565,"Smim20",null,18762,-6.73617603908901,"Prkcz"]
[80982,-6.99997478321922,"Cemip",null,329777,-5.86508677587464,"Pigk",null,102635633,-6.73433389625892,"Gm32921"]
[240186,-6.99814069781245,"Zfp438",null,78365,-5.86278047282934,"Lhx1os",null,75878,-6.72444924120506,"4930579P08Rik"]
[319480,-6.99324107027381,"Itga11",null,105732,-5.85787900575945,"Fam83h",null,94187,-6.71928659629311,"Zfp423"]
[80906,-6.99017222918556,"Kcnip2",null,381693,-5.85342360822399,"Wdr95",null,17475,-6.71325846823468,"Mpdz"]
[15566,-6.96546364502403,"Htr7",null,11488,-5.84987548609272,"Adam11",null,17131,-6.71241640433683,"Smad7"]
[19228,-6.95861023293507,"Pth1r",null,18032,-5.84965455476372,"Nfix",null,69279,-6.71234292238497,"1700001D01Rik"]
[21934,-6.9445826375721,"Tnfrsf11a",null,16979,-5.84620036510697,"Lrrn1",null,77682,-6.71054472944544,"9230102O04Rik"]
[17295,-6.93896471676505,"Met",null,320982,-5.84408343983628,"Arl4c",null,54616,-6.70893693766874,"Extl3"]
[225266,-6.93391370691904,"Klhl14",null,13380,-5.84140303698779,"Dkk1",null,78482,-6.70502292912613,"1700123L14Rik"]
[76509,-6.92051906826059,"Plet1",null,230793,-5.83809885049604,"Ahdc1",null,75946,-6.70338153874871,"4930583P06Rik"]
[15530,-6.91990089874669,"Hspg2",null,227541,-5.83583660449125,"Camk1d",null,268977,-6.69989458040753,"Ltbp1"]
[433746,-6.91811574712061,"Gm12830",null,320827,-5.81772947638423,"C530008M17Rik",null,100628575,-6.69567747887476,"Mir3970"]
[108114,-6.91784976245563,"Slc22a7",null,71093,-5.81453728230386,"Atoh8",null,215819,-6.68587783067711,"Nhsl1"]
[12192,-6.91769559241518,"Zfp36l1",null,66978,-5.81427939102453,"Luc7l",null,105404,-6.67975093641582,"BB123696"]
[382075,-6.9128035686691,"Odf3l1",null,231070,-5.79920711381767,"Insig1",null,330004,-6.6776249049879,"Gm833"]
[56219,-6.90331416763,"Extl1",null,70727,-5.79059944942395,"Rasgef1a",null,110596,-6.67596878265463,"Arhgef28"]
[67692,-6.88301892904304,"1700020N01Rik",null,407821,-5.78696269170607,"Znrf3",null,241919,-6.67126240767339,"Slc7a14"]
[13845,-6.87673518418215,"Ephb3",null,11733,-5.78577600502248,"Ank1",null,69601,-6.66747483295072,"Dab2ip"]
[55982,-6.8762866945434,"Paxip1",null,80707,-5.78398289768274,"Wwox",null,17534,-6.66657588157683,"Mrc2"]
[433791,-6.86968077782209,"Zfp992",null,106068,-5.779415566238,"Slc45a4",null,102634559,-6.66632624705393,"Gm29443"]
[140489,-6.8629805587694,"Bhlhe23",null,102442,-5.77891564076514,"Dennd4a",null,14048,-6.6658886886243,"Eya1"]
[73475,-6.85430842504173,"1700067G17Rik",null,192212,-5.76176638969705,"Prom2",null,15936,-6.6634253671512,"Ier2"]
[64291,-6.85108145437322,"Osbpl1a",null,72585,-5.76049717037621,"Lypd1",null,16917,-6.65749147686098,"Lmx1b"]
[330820,-6.84109733033957,"4933402J07Rik",null,102657,-5.75813922157916,"Cd276",null,78057,-6.64645554156094,"4930583I09Rik"]
[16498,-6.82681325202174,"Kcnab2",null,76972,-5.75763191160202,"Snhg20",null,435518,-6.6419822890699,"Pdxk-ps"]
[16691,-6.82640241631459,"Krt8",null,278507,-5.73713518453993,"Wfikkn2",null,26897,-6.63053037773443,"Acot1"]
[50914,-6.81300661660697,"Olig1",null,74205,-5.73139260042901,"Acsl3",null,77855,-6.62804085803686,"D730045A05Rik"]
[215789,-6.81182014038396,"Phactr2",null,70365,-5.71771855998097,"Speer5-ps1",null,433323,-6.6257473084718,"Sgpp2"]
[319783,-6.80533333744297,"A730056A06Rik",null,93679,-5.71026252143555,"Trim8",null,18654,-6.62562531174451,"Pgf"]
[239337,-6.80326871643023,"Adamts12",null,78512,-5.70512222929613,"3300005D01Rik",null,329908,-6.62420850030504,"Usp24"]
[329777,-6.80313941909573,"Pigk",null,50796,-5.70303597104648,"Dmrt1",null,26914,-6.60864239180743,"H2afy"]
[70861,-6.79991008049871,"Akr1cl",null,329375,-5.69389897286816,"Cfap77",null,18300,-6.606749110993,"Oit1"]
[50913,-6.79686600472499,"Olig2",null,217325,-5.6932653634469,"Llgl2",null,54388,-6.60291029165889,"Hils1"]
[72026,-6.79649044424738,"Trmu",null,100302601,-5.69258099716968,"Snord83b",null,320981,-6.5974453963767,"Enpp6"]
[66978,-6.78775708817101,"Luc7l",null,83557,-5.68955941059515,"Lin28a",null,67775,-6.58448861227075,"Rtp4"]
[20181,-6.78424062066359,"Rxra",null,26380,-5.68125764125999,"Esrrb",null,102466172,-6.56789321726155,"Mir6540"]
[13838,-6.78095856884686,"Epha4",null,100628620,-5.68120144959144,"Mir5122",null,68750,-6.56542502815212,"Rreb1"]
[320158,-6.78034320845387,"Zmat4",null,116904,-5.68100695841963,"Alpk3",null,73652,-6.56084853828962,"2210408F21Rik"]
[209776,-6.78023837341698,"Gpr139",null,381591,-5.680946463544,"L1td1",null,74720,-6.55032157442194,"Tmem114"]
[56226,-6.77918608184747,"Espn",null,16531,-5.66353710065002,"Kcnma1",null,629147,-6.54275214880889,"Ctxn3"]
[26903,-6.77750216721569,"Dysf",null,66482,-5.66035932763056,"Exoc2",null,15117,-6.53745516180724,"Has2"]
[102465563,-6.77740935410629,"Mir6934",null,13876,-5.65653422155472,"Erg",null,231225,-6.52684020463455,"Tapt1"]
[94242,-6.77097276954542,"Tinagl1",null,69239,-5.65333507287889,"Pdzph1",null,76062,-6.51351101959653,"5830428M24Rik"]
[11906,-6.7643227269161,"Zfhx3",null,75589,-5.65321911287008,"2310043L19Rik",null,100316675,-6.51161376357411,"Mir467h"]
[18991,-6.758052246914,"Pou3f1",null,100503021,-5.6514725084688,"Gm19510",null,12040,-6.49968838062111,"Bckdhb"]
[67621,-6.7579456124962,"Bend5",null,72088,-5.65089755617988,"Ush1c",null,242481,-6.4933872356318,"Palm2"]
[63958,-6.74896894653736,"Ube4b",null,16476,-5.64993968590214,"Jun",null,68764,-6.49094533427725,"Cdhr3"]
[75149,-6.7457212454968,"4930539M17Rik",null,100038617,-5.64961710502105,"Gm10466",null,29863,-6.48284021572085,"Pde7b"]
[21807,-6.73815046767674,"Tsc22d1",null,66112,-5.63929104062778,"2018-03-01",null,77017,-6.47985983985579,"E130018N17Rik"]
[432591,-6.73284875025964,"Gm11544",null,16591,-5.63107437927196,"Kl",null,73557,-6.47517505826476,"1700096P03Rik"]
[74370,-6.71997563936,"Rptor",null,12454,-5.63097384367017,"Ccnk",null,13417,-6.45920094738355,"Dnah8"]
[331011,-6.711692134227,"E330023G01Rik",null,67458,-5.62860311878606,"Ergic1",null,11987,-6.45024339682559,"Slc7a1"]
[11987,-6.70347850519244,"Slc7a1",null,64213,-5.62323713866256,"St7",null,212772,-6.44632058045827,"Arl14ep"]
[57138,-6.68586959464978,"Slc12a5",null,20068,-5.61538697544562,"Rps17",null,66755,-6.44265981149346,"4933415F23Rik"]
[18508,-6.67895164542154,"Pax6",null,52679,-5.61505702772253,"E2f7",null,16526,-6.42741992984605,"Kcnk2"]
[72585,-6.67833236099464,"Lypd1",null,58203,-5.6055886680545,"Zbp1",null,100316805,-6.42164318888086,"Mir1190"]
[665389,-6.67582044188396,"Gm7616",null,105242579,-5.60475028746998,"Gm42788",null,102633035,-6.41731582073749,"Gm28979"]
[12840,-6.66862891514186,"Col9a2",null,225743,-5.604593786538,"Rnf165",null,18805,-6.413140739584,"Pld1"]
[65112,-6.66727244610142,"Pmepa1",null,320158,-5.59966760795892,"Zmat4",null,80982,-6.41089420730813,"Cemip"]
[76293,-6.66470792510203,"Mfap4",null,13488,-5.5992908233699,"Drd1",null,100885837,-6.40183936044028,"Mir5624"]
[233805,-6.6644996318209,"Dcun1d3",null,14357,-5.59567823135689,"Dtx1",null,330664,-6.40105335245578,"C230079O03Rik"]
[11815,-6.65399667717266,"Apod",null,21859,-5.59512924785189,"Timp3",null,269389,-6.40021930256589,"Tox2"]
[102466768,-6.65313286631458,"Mir6933",null,22423,-5.58925899176577,"Wnt8b",null,66860,-6.39160279294747,"Tanc1"]
[12023,-6.64674504973513,"Barx2",null,12985,-5.58803119713471,"Csf3",null,18230,-6.38583314486956,"Nxn"]
[53415,-6.64597044404136,"Htatip2",null,68802,-5.58174785849217,"Mypn",null,74403,-6.38491897781126,"4933400F21Rik"]
[217364,-6.64063907434524,"Engase",null,21333,-5.5755918183455,"Tac1",null,14766,-6.37762875505907,"Adgrg1"]
[73455,-6.63469735847755,"1700065J18Rik",null,52389,-5.5750716701379,"Adgra1",null,80981,-6.36996887984009,"Arl4d"]
[14198,-6.63156056234501,"Fhit",null,17534,-5.56910890866565,"Mrc2",null,100038713,-6.36819386226052,"Gm10432"]
[595139,-6.62755585004655,"E030024N20Rik",null,20852,-5.56763230280094,"Stat6",null,622037,-6.36105369547137,"B930092H01Rik"]
[71057,-6.62613960376914,"4933402J10Rik",null,73808,-5.55883825024099,"Tex36",null,74279,-6.36102727581974,"1700080O16Rik"]
[78403,-6.62247465053019,"2900041M22Rik",null,19415,-5.55515197539921,"Rasal1",null,331474,-6.35788631239102,"Rgag4"]
[66451,-6.61999791125751,"2610528J11Rik",null,218210,-5.55478543671526,"Nup153",null,52397,-6.35022963301912,"Zfp644"]
[101694,-6.61783944371858,"Mir9-3hg",null,57752,-5.55390798325027,"Tacc2",null,102465671,-6.34829076449398,"Mir7116"]
[110082,-6.61480577544092,"Dnah5",null,14473,-5.54804779113908,"Gc",null,12023,-6.34686088976056,"Barx2"]
[18771,-6.60854818343878,"Pknox1",null,18131,-5.54283546776677,"Notch3",null,75811,-6.34544881085276,"Saxo1"]
[77938,-6.60245628067788,"Fam53b",null,231903,-5.53896374576498,"Urad",null,74982,-6.33088180600322,"1700100I10Rik"]
[68526,-6.59511759471949,"Gpr155",null,64931,-5.53677807235169,"Izumo1r",null,230126,-6.32075750938412,"Shb"]
[18013,-6.59198648954724,"Neurod2",null,16372,-5.53457352272716,"Irx2",null,240322,-6.31481459531461,"Adamts19"]
[277360,-6.55593714281075,"Prex1",null,20289,-5.53301180817206,"Scx",null,665270,-6.31442212961333,"Plb1"]
[67763,-6.55537158533555,"Prpsap1",null,15361,-5.52992798645597,"Hmga1",null,94227,-6.30896993489077,"Pi15"]
[58998,-6.54584877720911,"Nectin3",null,11549,-5.52926957132239,"Adra1a",null,114668,-6.29761321637526,"5033404E19Rik"]
[234594,-6.53790706406406,"Cnot1",null,232237,-5.52784941151754,"Fgd5",null,20779,-6.29652354097323,"Src"]
[269587,-6.5369606022354,"Epb41",null,22190,-5.52460115942424,"Ubc",null,59009,-6.29283314198037,"Sh3rf1"]
[321022,-6.52976909173481,"Cdv3",null,231147,-5.52085240955453,"Sh3tc1",null,68514,-6.28935968669143,"Micu2"]
[83397,-6.50893629428927,"Akap12",null,231252,-5.51873045287724,"Chrna9",null,69635,-6.28620629312689,"Dapk1"]
[210992,-6.50869269460557,"Lpcat1",null,11441,-5.51665776908345,"Chrna7",null,71826,-6.28555773962824,"1700001F09Rik"]
[75723,-6.50762154039917,"Amotl1",null,235435,-5.51396810122087,"Lctl",null,94214,-6.28233747468593,"Spock2"]
[12173,-6.50356365049652,"Bnc1",null,242570,-5.50660675694432,"Raver2",null,433182,-6.2814850375671,"Eno1b"]
[73344,-6.50343595887202,"1700034J05Rik",null,52428,-5.5015764582342,"Rhpn2",null,229389,-6.28051286732009,"Otol1"]
[328365,-6.50338654532968,"Zmiz1",null,102633035,-5.49894247188557,"Gm28979",null,668303,-6.27677154606808,"Kif26a"]
[16979,-6.50205755595516,"Lrrn1",null,102639736,-5.49669432829896,"Gm35978",null,319939,-6.27253274654746,"Tns3"]
[102132,-6.49554468696473,"E230013L22Rik",null,72014,-5.49445937722017,"Btbd17",null,328747,-6.25943406904835,"Gm5091"]
[66691,-6.48448864535415,"Gapvd1",null,76687,-5.49436748665877,"Spcs3",null,76627,-6.25570496336717,"Prr30"]
[21825,-6.48269614264439,"Thbs1",null,237362,-5.48847671918094,"Npffr1",null,71756,-6.25564094544107,"Cpn2"]
[56194,-6.48181870889828,"Prpf40a",null,76527,-5.48058501114819,"Il34",null,79221,-6.24735586527342,"Hdac9"]
[74982,-6.47600290230919,"1700100I10Rik",null,209540,-5.4791441994351,"Rgag1",null,72608,-6.23735075875066,"2700069I18Rik"]
[17534,-6.47266441266089,"Mrc2",null,107260,-5.4748736861473,"Otub1",null,207683,-6.23509141615245,"Igsf11"]
[13617,-6.46952861205738,"Ednra",null,54525,-5.47352749339038,"Syt7",null,213402,-6.23305709627087,"Armc2"]
[12555,-6.46683005367874,"Cdh15",null,100038460,-5.47123534110473,"Gm10677",null,21916,-6.22381078531865,"Tmod1"]
[330401,-6.44634688710457,"Tmcc1",null,387314,-5.4638442976828,"Tmtc1",null,19224,-6.22311178441644,"Ptgs1"]
[100504549,-6.4459794216234,"AI463170",null,26458,-5.45164160813627,"Slc27a2",null,18858,-6.22014822999328,"Pmp22"]
[328577,-6.4455334352401,"7530416G11Rik",null,387177,-5.44170585817756,"Mir182",null,100504267,-6.21451807408786,"Trp53cor1"]
[16847,-6.43607753953907,"Lepr",null,229214,-5.44026513840259,"Qrfpr",null,59012,-6.20485647480157,"Moxd1"]
[442827,-6.43374564838828,"Rab44",null,723955,-5.43786134890507,"Mir135a-2",null,231760,-6.20266964423015,"Rimbp2"]
[232386,-6.4290156334544,"Gm38404",null,74315,-5.43311625631089,"Rnf145",null,20689,-6.19233391833933,"Sall3"]
[20289,-6.42804728137305,"Scx",null,21387,-5.42884794632044,"Tbx4",null,69836,-6.18580789901479,"Pla2g12b"]
[229214,-6.42742441897862,"Qrfpr",null,665194,-5.4285381220832,"Gm7538",null,100316716,-6.17908022651858,"Mir1983"]
[16364,-6.42567101916878,"Irf4",null,71982,-5.42384781720986,"Snx10",null,245945,-6.17542152134722,"Rbm47"]
[71972,-6.42442125114909,"Dnmbp",null,22773,-5.41876696817986,"Zic3",null,19157,-6.17528248933803,"Cyth1"]
[241556,-6.42227954243939,"Tspan18",null,396184,-5.41332525360666,"Flrt1",null,329941,-6.17103311097289,"Col8a2"]
[238331,-6.41463609067743,"Zdhhc22",null,16206,-5.40018067207172,"Lrig1",null,320566,-6.1701162479196,"A830029E22Rik"]
[69010,-6.41104067638446,"Anapc13",null,664805,-5.39980441376974,"Skor2",null,100124467,-6.16403367804301,"Mir568"]
[320360,-6.4087094459302,"Ric3",null,12575,-5.39957570815641,"Cdkn1a",null,73806,-6.15939206688451,"4930406D18Rik"]
[100526500,-6.40865230090616,"Mir3090",null,19289,-5.39552564371745,"Igdcc3",null,102465170,-6.15705855212839,"Mir133c"]
[77976,-6.40371636602056,"Nuak1",null,51801,-5.39082679090091,"Ramp1",null,320176,-6.15690307739803,"D930032P07Rik"]
[17172,-6.39056583067546,"Ascl1",null,22003,-5.38872781302639,"Tpm1",null,78928,-6.15683801168205,"Pigt"]
[333048,-6.38477097660245,"Tmem211",null,239017,-5.3854395051204,"Ogdhl",null,69319,-6.1526852923232,"1700001K23Rik"]
[100316716,-6.38199362254755,"Mir1983",null,103551,-5.38462831412565,"Epop",null,12824,-6.15092982701734,"Col2a1"]
[94219,-6.37272618946582,"Cnnm2",null,330149,-5.38071203496712,"Hfm1",null,14155,-6.15043773034879,"Fem1b"]
[210554,-6.36626229763185,"Hus1b",null,170935,-5.38067068360425,"Grid2ip",null,99543,-6.14849074090125,"Olfml3"]
[317717,-6.35062673443833,"Sec22a",null,83762,-5.37788073103357,"Otof",null,77018,-6.14790249722976,"Col25a1"]
[12418,-6.34861159230447,"Cbx4",null,14842,-5.3752400663269,"Gsx1",null,383491,-6.14666334014852,"Prdm14"]
[102465216,-6.34850038193064,"Mir6403",null,14400,-5.371509377958,"Gabrb1",null,225266,-6.1444551958239,"Klhl14"]
[21388,-6.34576934325408,"Tbx5",null,213417,-5.35435728825712,"Klhdc8a",null,20411,-6.14032306374602,"Sorbs1"]
[100072,-6.34152047983126,"Camta1",null,19094,-5.34164201518461,"Mapk11",null,18187,-6.13949424855878,"Nrp2"]
[268595,-6.33760236841879,"D430019H16Rik",null,68646,-5.3403445195333,"Nadk2",null,21415,-6.13336239077548,"Tcf7l1"]
[15209,-6.33684095196939,"Hesx1",null,56643,-5.33412431199692,"Slc15a1",null,244579,-6.13142530979114,"Tox3"]
[68839,-6.33342269479698,"Ankrd46",null,15284,-5.33120722470575,"Hlx",null,93742,-6.12407379710658,"Pard3"]
[83997,-6.33105621665973,"Slmap",null,56395,-5.32358482618027,"Tmem115",null,654462,-6.11834645448274,"Kncn"]
[74016,-6.32943512453308,"Phf19",null,100504234,-5.3180376691904,"Ccdc170",null,223513,-6.11679454534304,"Abra"]
[77038,-6.32174560473115,"Arfgap2",null,382038,-5.31276708968492,"Urb2",null,67525,-6.11200686307911,"Trim62"]
[16553,-6.31819198608427,"Kif13a",null,20271,-5.31161925585673,"Scn5a",null,12443,-6.11109138170476,"Ccnd1"]
[100038614,-6.31789073544242,"Gm10791",null,26875,-5.31081633715004,"Pclo",null,224480,-6.10911352611497,"Nox3"]
[18092,-6.30490010309814,"Nkx2-6",null,72211,-5.30045989858745,"1700025C18Rik",null,72007,-6.10786043171696,"Fndc3b"]
[382077,-6.30183660588839,"Ccdc33",null,171095,-5.29979228618405,"Il17rc",null,109019,-6.10434370746056,"Nabp1"]
[269610,-6.29801881338387,"Chd5",null,18991,-5.29699495884654,"Pou3f1",null,791381,-6.10387554875671,"Gm15413"]
[72978,-6.2949502004495,"Cnih3",null,12123,-5.29541325815711,"Hrk",null,71133,-6.10073516808354,"4933422A05Rik"]
[240427,-6.29082019870625,"Setbp1",null,330401,-5.29507674923887,"Tmcc1",null,387177,-6.09699114906188,"Mir182"]
[76943,-6.29077836010239,"Psapl1",null,211488,-5.28136853946679,"Ado",null,21809,-6.09418920918691,"Tgfb3"]
[207728,-6.28926296361383,"Pde2a",null,29861,-5.28009740890331,"Dpf1",null,54120,-6.0867628019915,"Gipc2"]
[17127,-6.28799930085521,"Smad3",null,107250,-5.2789029132318,"Kazald1",null,619327,-6.07392547746654,"G630093K05Rik"]
[635702,-6.28529770390286,"Naaladl2",null,26382,-5.27573317473769,"Fgd2",null,100873094,-6.06968262592,"Rubie"]
[18442,-6.28367167520895,"P2ry2",null,70571,-5.27416741867591,"Tcerg1l",null,21414,-6.06920792543842,"Tcf7"]
[74205,-6.28347231557573,"Acsl3",null,68520,-5.27381683923443,"Zfyve21",null,13371,-6.06201508404242,"Dio2"]
[100502987,-6.27724489343133,"Gm17066",null,211347,-5.27116690866263,"Pank3",null,108151,-6.05949513581188,"Sema3d"]
[21689,-6.27167097351585,"Tekt1",null,76367,-5.27013344386361,"Trp53rkb",null,396184,-6.0554938471361,"Flrt1"]
[381591,-6.26959631546963,"L1td1",null,20264,-5.25793141018325,"Scn10a",null,13838,-6.05537667226162,"Epha4"]
[66760,-6.26811593563404,"Sox5os3",null,100038693,-5.24752629221645,"Tmem51os1",null,18162,-6.05479356281743,"Npr3"]
[239027,-6.26756232553292,"Arhgap22",null,75590,-5.24646801683586,"Dusp9",null,319783,-6.05392937454716,"A730056A06Rik"]
[330149,-6.26006542204318,"Hfm1",null,12703,-5.24570856875219,"Socs1",null,73505,-6.04542359526947,"1700072O05Rik"]
[68833,-6.25834400997165,"Pdcl3",null,77132,-5.24439914445231,"2810433D01Rik",null,269587,-6.04408991478959,"Epb41"]
[665194,-6.24613846366434,"Gm7538",null,22157,-5.23607959581666,"Tulp1",null,226413,-6.04087734400638,"Lct"]
[77382,-6.23710076353129,"C030018K13Rik",null,13142,-5.23427102113928,"Dao",null,403171,-6.03664617979142,"Banf2"]
[18256,-6.22479160501491,"Oc90",null,73191,-5.22504482899652,"Fezf1",null,14172,-6.01776594326553,"Fgf18"]
[71707,-6.21854635988012,"Ubiad1",null,545474,-5.21927212962114,"Scrt2",null,102631810,-6.01607473634209,"Gm30052"]
[216831,-6.21819332001627,"Arhgap44",null,16475,-5.21335994827948,"Ajuba",null,71489,-6.01500977517279,"Bcas3os1"]
[54352,-6.21545253729863,"Irx5",null,18771,-5.2098390631397,"Pknox1",null,380752,-6.00970852275466,"Tssc1"]
[192212,-6.21368758416949,"Prom2",null,19155,-5.20127026389936,"Npepps",null,100526500,-6.00929752260101,"Mir3090"]
[100861668,-6.20813926717519,"Gm21119",null,387524,-5.19862091466455,"Znrf2",null,71566,-6.00703946013924,"Clmp"]
[11789,-6.20391532571977,"Apc",null,16847,-5.18660340990846,"Lepr",null,56219,-6.00660418598648,"Extl1"]
[242594,-6.19623245367559,"1700024P16Rik",null,12173,-5.1810456102399,"Bnc1",null,433426,-6.00588633943798,"Gm13490"]
[433485,-6.19509508921876,"Syndig1",null,22227,-5.17908542075923,"Ucp1",null,235402,-6.00587034288299,"Lingo1"]
[70530,-6.18302612518051,"Lrfn2",null,228576,-5.17690554390611,"Mall",null,97130,-5.99755731064466,"C77080"]
[109594,-6.18207988567808,"Lmo1",null,14063,-5.17491952394822,"F2rl1",null,27411,-5.98387396045315,"Slc14a2"]
[14043,-6.17623577194294,"Ext2",null,109246,-5.173070382544,"Tspan9",null,13175,-5.97265735550763,"Dclk1"]
[18208,-6.17110665790684,"Ntn1",null,243621,-5.167666659457,"Iqsec3",null,99586,-5.96382883652773,"Dpyd"]
[277898,-6.16809695655127,"Slc15a5",null,102595,-5.16613441116847,"Plekho2",null,17240,-5.96288850244238,"Mdfi"]
[11434,-6.16244390997243,"Acr",null,71776,-5.16249038901925,"Tha1",null,73904,-5.94528678546243,"4833412C05Rik"]
[11352,-6.14316850149958,"Abl2",null,74627,-5.1604903568662,"4930413E15Rik",null,100504235,-5.93691181890394,"Gm20125"]
[11488,-6.13893216220173,"Adam11",null,230959,-5.14849925870996,"Ajap1",null,76566,-5.93382642904401,"Rflnb"]
[209239,-6.13716500460821,"Gan",null,16691,-5.14723663848217,"Krt8",null,665113,-5.9318733400493,"Tnik"]
[18030,-6.13707641489143,"Nfil3",null,64296,-5.14716684412757,"Abhd8",null,233781,-5.92860080850257,"Xylt1"]
[56315,-6.13423077083156,"Rhcg",null,80891,-5.14536112609498,"Fcrls",null,73761,-5.91876018440225,"4833415N18Rik"]
[75622,-6.13078933270483,"Spaca3",null,208366,-5.1439531122173,"Rpp40",null,12521,-5.91844481700006,"Cd82"]
[83557,-6.12974682085619,"Lin28a",null,216393,-5.14169732773987,"D930020B18Rik",null,94176,-5.9175911956887,"Dock2"]
[22325,-6.12853436959275,"Vav2",null,58200,-5.13906439546557,"Ppp1r1a",null,215458,-5.91656892908768,"LOC215458"]
[100503595,-6.1277797951852,"Gm13003",null,224647,-5.1345591730544,"D17Wsu92e",null,100216537,-5.91425869032702,"Snord104"]
[12287,-6.12269595651373,"Cacna1b",null,30838,-5.13246146236333,"Fbxw4",null,105835,-5.91407166998825,"Sgsm3"]
[21786,-6.1218471936271,"Tff3",null,11898,-5.13078443619675,"Ass1",null,21689,-5.90636896397551,"Tekt1"]
[75357,-6.11883831993851,"4930557J02Rik",null,12287,-5.12753808642145,"Cacna1b",null,56315,-5.9034227994812,"Rhcg"]
[56233,-6.11834462200239,"Hdac7",null,16668,-5.12637453579183,"Krt18",null,195733,-5.89419674356204,"Grhl1"]
[231605,-6.11783644632659,"Galnt9",null,238331,-5.11293645821654,"Zdhhc22",null,78718,-5.89288879539191,"D530049I02Rik"]
[69274,-6.11579331500216,"Ctdspl",null,104111,-5.10612282616845,"Adcy3",null,14462,-5.88746284415912,"Gata3"]
[14810,-6.11373732129326,"Grin1",null,223775,-5.10101664244067,"Pim3",null,328957,-5.87908409870349,"9330117O12Rik"]
[16493,-6.11187882254774,"Kcna5",null,14544,-5.09785135085996,"Gda",null,574403,-5.85775306395982,"Fam196b"]
[71007,-6.1078001023892,"D7Ertd443e",null,241589,-5.09772987651012,"D430041D05Rik",null,108679,-5.85230516753019,"Cops8"]
[76972,-6.10256343545272,"Snhg20",null,100526508,-5.08753143449544,"Mir3102",null,242022,-5.8452420806476,"Frem2"]
[14807,-6.10120116575513,"Grik3",null,215653,-5.08674851932579,"Rassf2",null,224093,-5.84491856683938,"Fam43a"]
[21353,-6.09755614193771,"Tank",null,14581,-5.08222609168219,"Gfi1",null,16973,-5.84323882903361,"Lrp5"]
[103850,-6.09676797652498,"Nt5m",null,100216537,-5.08048318422933,"Snord104",null,231605,-5.83751168626176,"Galnt9"]
[226518,-6.08757800772042,"Nmnat2",null,18549,-5.07867412612965,"Pcsk2",null,22631,-5.83713107373436,"Ywhaz"]
[20852,-6.08346124790124,"Stat6",null,17309,-5.07768904525557,"Mgat3",null,381337,-5.8218827711673,"Fam178b"]
[71943,-6.06780311015573,"Tom1l1",null,320772,-5.07748109100959,"Mdga2",null,231672,-5.82070248126466,"Fbxw8"]
[13488,-6.06372911353464,"Drd1",null,67393,-5.07612342601029,"Cxxc5",null,21426,-5.81508040088547,"Tfec"]
[74479,-6.06128375667619,"Snx11",null,67621,-5.07060204035836,"Bend5",null,12766,-5.81325435608312,"Cxcr3"]
[58203,-6.05965567020867,"Zbp1",null,102633600,-5.06629159220518,"Gm26633",null,78004,-5.81319786646688,"Prr15"]
[232237,-6.04766888394904,"Fgd5",null,11927,-5.06033313330722,"Atox1",null,16517,-5.80714363144199,"Kcnj16"]
[627214,-6.04159075626107,"Fam196a",null,218333,-5.05565623094384,"Ice1",null,72759,-5.79903201310926,"Tmem135"]
[78883,-6.04042769161694,"9630013K17Rik",null,56372,-5.05535562947304,"1110004F10Rik",null,227327,-5.79574655274623,"B3gnt7"]
[72190,-6.03107241366012,"2510009E07Rik",null,55948,-5.05410879478277,"Sfn",null,208665,-5.79090746671276,"Akr1d1"]
[76367,-6.02524259554947,"Trp53rkb",null,12014,-5.05406151724416,"Bach2",null,68097,-5.79064273725568,"Dynll2"]
[83560,-6.02496013939632,"Tex14",null,218215,-5.05158568844879,"Rnf144b",null,56336,-5.79034110104779,"B4galt5"]
[237052,-6.02372907768244,"Tceal1",null,68526,-5.04605073798623,"Gpr155",null,16543,-5.789505449316,"Mdfic"]
[16582,-6.02361831428318,"Kifc3",null,71602,-5.04473559079994,"Myo1e",null,545622,-5.78947528909033,"Ptpn3"]
[68634,-6.02352232050541,"Tm2d3",null,74096,-5.04312892663062,"Hvcn1",null,67095,-5.78850516068651,"Trak1"]
[100043902,-6.02275061277209,"Six3os1",null,54132,-5.04245457255757,"Pdlim1",null,13003,-5.76786938965679,"Vcan"]
[230793,-6.02041091564807,"Ahdc1",null,72578,-5.04011061022486,"2700054A10Rik",null,74370,-5.76581049804632,"Rptor"]
[105732,-6.01984493358822,"Fam83h",null,77056,-5.03658059851494,"Tmco4",null,78610,-5.76506804471629,"Uvrag"]
[239667,-6.01526935472406,"Dip2b",null,71918,-5.03644409698326,"Zcchc24",null,103988,-5.76482979433929,"Gck"]
[102465573,-6.01460039924872,"Mir6950",null,67846,-5.02906357654637,"Tmem39a",null,329416,-5.76141120489605,"Nostrin"]
[223753,-6.01446054257218,"Cerk",null,20975,-5.02274514586036,"Synj2",null,13345,-5.75630423013871,"Twist2"]
[67327,-6.01204342798288,"1700031L13Rik",null,12846,-5.01961735713099,"Comt",null,13821,-5.75569739723496,"Epb41l1"]
[105827,-6.01019919616413,"Amigo2",null,20863,-5.01949280477146,"Stfa3",null,19876,-5.75438546024875,"Robo1"]
[446101,-6.00686810545156,"Xrra1",null,319480,-5.01892682659712,"Itga11",null,13730,-5.75263044858658,"Emp1"]
[210274,-5.99612117303889,"Shank2",null,18985,-5.01673128000184,"Pou2af1",null,319871,-5.74996696128027,"4732490B19Rik"]
[16206,-5.99513469239341,"Lrig1",null,74504,-5.01468721903983,"Fam53a",null,68204,-5.74206888558722,"2900060B14Rik"]
[26875,-5.985578656054,"Pclo",null,66809,-5.01308060553478,"Krt20",null,268903,-5.73900662798652,"Nrip1"]
[56298,-5.98089231876049,"Atl2",null,433323,-5.00439036311417,"Sgpp2",null,108800,-5.73682288487117,"Ston2"]
[100043885,-5.97804850690746,"Gm4710",null,213491,-5.00401529862293,"Szrd1",null,69671,-5.7333138274797,"Tmem52"]
[70292,-5.97628694278922,"Afap1",null,50523,-4.99464180534856,"Lats2",null,18569,-5.72384392532152,"Pdcd4"]
[18423,-5.97305328469242,"Otx1",null,78403,-4.9910622738312,"2900041M22Rik",null,320078,-5.72105163786212,"Olfml2b"]
[791077,-5.9677769833093,"Mir760",null,20698,-4.98418500931855,"Sphk1",null,108058,-5.71628697123402,"Camk2d"]
[56531,-5.96746465879654,"Ylpm1",null,12988,-4.98380643383861,"Csk",null,70861,-5.70897890630927,"Akr1cl"]
[12122,-5.96687178771541,"Bid",null,231605,-4.98019011019432,"Galnt9",null,64291,-5.70266204140579,"Osbpl1a"]
[233836,-5.95219115517902,"Slc5a11",null,21425,-4.97969822849494,"Tfeb",null,108912,-5.70253708833653,"Cdca2"]
[12296,-5.94874468014979,"Cacnb2",null,231821,-4.97849076423137,"Adap1",null,100526478,-5.70215385804107,"Mir3081"]
[171095,-5.93567733779455,"Il17rc",null,236366,-4.97824391412223,"5730507C01Rik",null,14165,-5.70022737229603,"Fgf10"]
[667728,-5.93504634099465,"Hist1h2al",null,207728,-4.97731436484082,"Pde2a",null,70383,-5.68735587864519,"Cox10"]
[100526562,-5.93444032934538,"Mir3105",null,75996,-4.97312387384861,"5033428I22Rik",null,110651,-5.68611725003939,"Rps6ka3"]
[28015,-5.92775642320041,"Polr2m",null,12505,-4.97274220364484,"Cd44",null,71232,-5.68188710900964,"4933429K18Rik"]
[67458,-5.91714237056598,"Ergic1",null,68709,-4.9713880203315,"Cilp2",null,18988,-5.67798939149626,"Pou2f3"]
[70350,-5.91612397099146,"Basp1",null,100504549,-4.96701846734446,"AI463170",null,27058,-5.67620005212648,"Srp9"]
[105348,-5.91037989635626,"Golm1",null,50913,-4.96398719256984,"Olig2",null,210463,-5.67589839357117,"Slc22a22"]
[545091,-5.90908637779184,"Gm5803",null,14807,-4.96392156053624,"Grik3",null,102639736,-5.67403236554851,"Gm35978"]
[93960,-5.90855094271356,"Nkd1",null,22268,-4.96332443882855,"Upk1b",null,58187,-5.66740370246558,"Cldn10"]
[232035,-5.90750945657831,"Ccser1",null,20974,-4.96170092337506,"Syngr3",null,11569,-5.66720173362673,"Aebp2"]
[20187,-5.9070664405511,"Ryk",null,244745,-4.96019948827128,"Dpy19l1",null,20277,-5.66514121055667,"Scnn1b"]
[320709,-5.90667851629458,"Tmem117",null,432450,-4.95701341869766,"Nkain2",null,624549,-5.6520597974658,"Gm29683"]
[67389,-5.90546786428167,"Fam132a",null,76100,-4.95646548997197,"5830454E08Rik",null,235283,-5.64721355046504,"Gramd1b"]
[27984,-5.90399210522436,"Efhd2",null,20918,-4.955640627262,"Eif1",null,18256,-5.64285294558896,"Oc90"]
[71776,-5.9018330329401,"Tha1",null,100042784,-4.95453050112958,"Prdm11",null,231440,-5.64146787596637,"Parm1"]
[224674,-5.90115486485175,"Slc37a1",null,110886,-4.9479383340519,"Gabra5",null,228564,-5.64081039819484,"Frmd5"]
[74137,-5.8985800970176,"Nuak2",null,66233,-4.94791822099899,"Dmap1",null,73455,-5.634372353669,"1700065J18Rik"]
[56296,-5.89770689762628,"Dmrtb1",null,18718,-4.94476038789875,"Pip4k2a",null,233424,-5.63340064429775,"Tmc3"]
[72578,-5.89266200581774,"2700054A10Rik",null,435518,-4.93670373765717,"Pdxk-ps",null,100504714,-5.61940815595673,"Gm16793"]
[13836,-5.89122763823146,"Epha2",null,260305,-4.93627312443228,"Nphp4",null,18028,-5.61654846462785,"Nfib"]
[12345,-5.88585143125501,"Capzb",null,13875,-4.93336504573724,"Erf",null,73321,-5.61564281097175,"1700042O10Rik"]
[100217436,-5.88319231700701,"Snord93",null,665119,-4.92255656441436,"Sec14l5",null,105844,-5.60959541176556,"Card10"]
[665119,-5.88036821770695,"Sec14l5",null,319247,-4.92243394560728,"9530080O11Rik",null,24059,-5.59504834054823,"Slco2a1"]
[14218,-5.87956968337406,"Sh3pxd2a",null,328329,-4.92114590060379,"Mast4",null,15466,-5.59221088074114,"Hrh2"]
[12985,-5.87553878162527,"Csf3",null,53611,-4.91248573438231,"Vti1a",null,216724,-5.59150736786036,"Rufy1"]
[18770,-5.8735933100029,"Pklr",null,381350,-4.91215173761347,"Spag6",null,68947,-5.5858878559236,"Chst8"]
[378460,-5.87030496244226,"Pram1",null,319981,-4.90932630946969,"C530044C16Rik",null,102466215,-5.58045699065077,"Mir7017"]
[67769,-5.87029767143449,"Gpatch2",null,30841,-4.90911094313147,"Kdm2b",null,212085,-5.57634168354591,"Trim52"]
[75247,-5.8678929416216,"4930553E22Rik",null,102465191,-4.90802505024676,"Mir6369",null,18784,-5.56728991047892,"Pla2g5"]
[230861,-5.86660568460285,"Eif4g3",null,105844,-4.90268571683182,"Card10",null,100861869,-5.56098305375932,"Gm21283"]
[68520,-5.85985061821225,"Zfyve21",null,15552,-4.90017949747912,"Htr1d",null,22325,-5.56098124139615,"Vav2"]
[330734,-5.85394911934575,"B930018H19Rik",null,16147,-4.89386741601856,"Ihh",null,67343,-5.5597374672227,"Tex43"]
[77132,-5.85301880396648,"2810433D01Rik",null,231003,-4.89371385410777,"Klhl17",null,791076,-5.54866485729297,"Mir763"]
[103988,-5.85046663462017,"Gck",null,109332,-4.8824849068529,"Cdcp1",null,73230,-5.54645749277366,"Bmper"]
[227327,-5.84397011647835,"B3gnt7",null,13017,-4.88151233678976,"Ctbp2",null,109934,-5.54141907277041,"Abr"]
[100125931,-5.84191094938898,"Phtf1os",null,15370,-4.88064359751323,"Nr4a1",null,75812,-5.53281888546964,"Tasp1"]
[320027,-5.84042871922946,"Fstl4",null,70129,-4.88008216858322,"Slc44a4",null,67509,-5.52684682204219,"Saysd1"]
[16668,-5.83412302787306,"Krt18",null,70073,-4.88005949641868,"Zdhhc25",null,629059,-5.52634424945413,"Fam124a"]
[18988,-5.83252429430225,"Pou2f3",null,331011,-4.87676899014357,"E330023G01Rik",null,211961,-5.51578254159361,"Asxl3"]
[102465182,-5.83198507469956,"Mir6355",null,69952,-4.87445854383023,"Tunar",null,22255,-5.50829261775987,"Uncx"]
[102657,-5.83152673000255,"Cd276",null,26914,-4.87273623228563,"H2afy",null,100503434,-5.50525163613584,"Gm19689"]
[231147,-5.83136305908521,"Sh3tc1",null,16178,-4.87106960276703,"Il1r2",null,230868,-5.49873430861121,"Igsf21"]
[68498,-5.82889399445901,"Tspan11",null,15260,-4.86531775781985,"Hira",null,208820,-5.49546193114018,"Triqk"]
[20447,-5.8274970917183,"St6galnac3",null,116733,-4.85702555662263,"Vps4a",null,226041,-5.49392264536602,"Pgm5"]
[723853,-5.82506467485034,"Mir365-2",null,11419,-4.85102287344228,"Asic1",null,69399,-5.49118878559238,"1700025G04Rik"]
[74363,-5.8036181140756,"4931430N09Rik",null,319622,-4.84837822832949,"Itpripl2",null,238384,-5.48896338502855,"Slc24a4"]
[319974,-5.7971416942091,"Auts2",null,75914,-4.84223537606343,"Exoc6b",null,100415901,-5.48719033122964,"Gm13648"]
[68034,-5.79693848851684,"Fam122a",null,17688,-4.84171665319785,"Msh6",null,83397,-5.48424260527272,"Akap12"]
[16792,-5.79257718495684,"Laptm5",null,100503427,-4.84067907084255,"Gm10390",null,433746,-5.48378531325439,"Gm12830"]
[239017,-5.78748221067301,"Ogdhl",null,75854,-4.83616868545436,"4930579J19Rik",null,353282,-5.48312536323848,"Sfmbt2"]
[19072,-5.78102207771431,"Prep",null,14659,-4.83449385784155,"Glrp1",null,224132,-5.47903000944176,"Dirc2"]
[19200,-5.77030307166228,"Pstpip1",null,100504425,-4.83274494602335,"Gm20219",null,66060,-5.47891422752306,"Cystm1"]
[56013,-5.76771590271068,"Srcin1",null,268451,-4.83059387823634,"Rab11fip4",null,320158,-5.47259384240044,"Zmat4"]
[232201,-5.75896416737094,"Arhgap25",null,20912,-4.82839257080099,"Stxbp3",null,75723,-5.47114597947411,"Amotl1"]
[19224,-5.75885680287071,"Ptgs1",null,77382,-4.81686704852054,"C030018K13Rik",null,380711,-5.47041381304792,"Rap1gap2"]
[235435,-5.7585018863989,"Lctl",null,102688,-4.81519480028139,"AU023762",null,73563,-5.46472724614136,"1700095J12Rik"]
[319467,-5.7572934147404,"A930002C04Rik",null,74025,-4.81308466164306,"Nphp3",null,100503117,-5.46338671877257,"2010010A06Rik"]
[16870,-5.75595767195694,"Lhx2",null,11496,-4.81285805843829,"Adam22",null,67327,-5.45569490965513,"1700031L13Rik"]
[213990,-5.7534649860202,"Agap3",null,216156,-4.80830142640385,"Wdr18",null,12817,-5.4523963704451,"Col13a1"]
[12988,-5.75286555747048,"Csk",null,68511,-4.80775363953059,"Dcdc2c",null,14453,-5.45071599479587,"Gas2"]
[54403,-5.75192126962328,"Slc4a4",null,56298,-4.80636163096285,"Atl2",null,71287,-5.45004131924607,"Cpvl"]
[11548,-5.74296628728166,"Adra1b",null,278279,-4.80366836651906,"Tmtc2",null,626275,-5.43924045768249,"A930012L18Rik"]
[20249,-5.74141499243645,"Scd1",null,108960,-4.80013458712769,"Irak2",null,100009664,-5.42613402594986,"F630206G17Rik"]
[229320,-5.72941659245123,"Clrn1",null,230796,-4.78862226915952,"Wdtc1",null,72677,-5.41531681559259,"2810049E08Rik"]
[100039691,-5.72839191901615,"Lncenc1",null,20520,-4.78470687081935,"Slc22a5",null,215472,-5.40903115944557,"Gm4792"]
[329375,-5.7098659751961,"Cfap77",null,75205,-4.78314207460694,"4930533N22Rik",null,328953,-5.3976146978097,"Gm5095"]
[67179,-5.70415430382267,"Ccdc25",null,57340,-4.7821201558655,"Jph3",null,210126,-5.39282664892055,"Lpp"]
[67792,-5.70386057453298,"Rgs8",null,240396,-4.77973808615696,"Mex3c",null,83814,-5.39234219871031,"Nedd4l"]
[22217,-5.70311626490163,"Usp12",null,11551,-4.77616971971766,"Adra2a",null,216971,-5.39066581339687,"Fam222b"]
[100504728,-5.70278582893257,"Gm13985",null,12805,-4.77374712647971,"Cntn1",null,403180,-5.38537724087919,"Ccdc121"]
[16973,-5.70190528316298,"Lrp5",null,232685,-4.77187899980105,"Lncpint",null,195727,-5.38503119330618,"Nhs"]
[226090,-5.69906773988744,"Ermp1",null,100526525,-4.76941915008734,"Mir3092",null,109359,-5.38057933048776,"Fam175b"]
[102442,-5.69289850017788,"Dennd4a",null,14719,-4.76802158092706,"Got2",null,75809,-5.37657169117152,"4930488L21Rik"]
[382038,-5.69039769550886,"Urb2",null,66943,-4.76368516275281,"Pqlc1",null,239845,-5.37617034523689,"Gpr156"]
[14155,-5.68870851262644,"Fem1b",null,71690,-4.76317862103663,"Esm1",null,231148,-5.3761697696959,"Ablim2"]
[12874,-5.68372064378848,"Cpd",null,15220,-4.76226820817512,"Foxq1",null,78102,-5.37267627761227,"8430426J06Rik"]
[20741,-5.6802125006308,"Sptb",null,214305,-4.76222523799318,"Hhipl1",null,23872,-5.37194967113342,"Ets2"]
[11350,-5.67726435044098,"Abl1",null,214552,-4.7590367243808,"Cep164",null,19268,-5.37101205707352,"Ptprf"]
[54422,-5.67148340037189,"Barhl1",null,12671,-4.75882631045213,"Chrm3",null,67731,-5.35835824067824,"Fbxo32"]
[76382,-5.67002254459738,"1700012A03Rik",null,102465309,-4.74705641205842,"Mir7k",null,665389,-5.3550394831657,"Gm7616"]
[210004,-5.65939308852161,"B3gntl1",null,214253,-4.74470446907101,"Etnk2",null,14586,-5.35140614829087,"Gfra2"]
[75467,-5.65522582729737,"Stpg4",null,21786,-4.74391152573051,"Tff3",null,71795,-5.34213662420124,"Pitpnc1"]
[13142,-5.64951981660998,"Dao",null,12022,-4.74029218930698,"Barx1",null,71081,-5.34204449047799,"4933416E03Rik"]
[240590,-5.64607198963104,"Dmrt3",null,12927,-4.7399859302109,"Bcar1",null,77846,-5.34014515295198,"B230112J18Rik"]
[218333,-5.64087213424755,"Ice1",null,435818,-4.73828334040495,"Slc2a7",null,75528,-5.33747901076354,"Tex29"]
[75205,-5.63633605885161,"4930533N22Rik",null,67342,-4.73732745780256,"Kcnmb4os1",null,328314,-5.33729779909696,"Gm5086"]
[78102,-5.63270297628853,"8430426J06Rik",null,67542,-4.7357483848662,"Cog6",null,546726,-5.33488190294296,"Cyp26c1"]
[80885,-5.63153393162286,"Hcar2",null,213326,-4.73412387935681,"Scyl2",null,231207,-5.32789649116307,"Cpeb2"]
[213491,-5.63007480292546,"Szrd1",null,52357,-4.72841193693468,"Wwc2",null,106877,-5.32740166441045,"Afap1l1"]
[20908,-5.62956191274565,"Stx3",null,72475,-4.72813221799468,"Ssbp3",null,12014,-5.32184756668628,"Bach2"]
[216987,-5.62826928402803,"Utp6",null,217154,-4.72465123757678,"Stac2",null,320827,-5.31849841863368,"C530008M17Rik"]
[102633600,-5.62149025301198,"Gm26633",null,14164,-4.72454660260623,"Fgf1",null,64176,-5.31755659882115,"Sv2b"]
[76220,-5.61959820552715,"6530402F18Rik",null,100041151,-4.72307480951538,"Gm3636",null,23928,-5.31677590529916,"Lamc3"]
[69371,-5.6138744076397,"Smco2",null,22437,-4.72157781965364,"Xirp1",null,70598,-5.31576470588867,"Filip1"]
[19267,-5.61260683267827,"Ptpre",null,12291,-4.71290665168005,"Cacna1g",null,54352,-5.31201228062918,"Irx5"]
[70727,-5.61162743036735,"Rasgef1a",null,50528,-4.71049218479129,"Tmprss2",null,17701,-5.31025258112379,"Msx1"]
[19411,-5.61087821043372,"Rarg",null,216616,-4.71038368968127,"Efemp1",null,233833,-5.30598513764608,"Tnrc6a"]
[72014,-5.59534762258144,"Btbd17",null,68431,-4.70992889574892,"Fbxl15",null,209195,-5.30172450190258,"Clic6"]
[17969,-5.59490237157137,"Ncf1",null,14756,-4.70545327279201,"Gpld1",null,56175,-5.30081577929365,"Bace2"]
[213550,-5.5920201321179,"Dis3l",null,223453,-4.70428501415048,"Dap",null,18590,-5.30016859487778,"Pdgfa"]
[208665,-5.59195082556337,"Akr1d1",null,21981,-4.70094362447189,"Ppp1r13b",null,53791,-5.29967630258791,"Tlr5"]
[74369,-5.5902950880896,"Mei1",null,104080,-4.69964056053685,"Nxph4",null,71918,-5.29789125184652,"Zcchc24"]
[16963,-5.58566453493888,"Xcl1",null,66111,-4.69865820644925,"Tmed3",null,12323,-5.29648713451498,"Camk2b"]
[100129,-5.57895957209266,"Gpr153",null,100526474,-4.69860248989185,"Mir3074-1",null,260301,-5.28951737588673,"Otos"]
[230959,-5.57809000739993,"Ajap1",null,236082,-4.69823693355008,"Dhrsx",null,227723,-5.28668192035642,"Prrc2b"]
[105447647,-5.57803468146906,"Munc",null,72587,-4.69000706914121,"Pan3",null,77864,-5.2821642981517,"Ypel2"]
[15361,-5.57760343921524,"Hmga1",null,64059,-4.68874574878952,"Oxct2a",null,13649,-5.28077113336243,"Egfr"]
[58235,-5.57067913605892,"Nectin1",null,13476,-4.68811209650483,"Reep5",null,384452,-5.27911300022681,"Noto"]
[14733,-5.56819845688839,"Gpc1",null,100038481,-4.68562180162829,"Gm10510",null,100039691,-5.27855839182789,"Lncenc1"]
[384244,-5.5660069618263,"Gm5294",null,16848,-4.68254288455665,"Lfng",null,73322,-5.27827011241047,"1700039E22Rik"]
[58250,-5.56296356170169,"Chst11",null,116810,-4.68194568352356,"Foxn4",null,229474,-5.27638331506778,"Fhdc1"]
[226359,-5.5624075014893,"C1ql2",null,230761,-4.68070979101665,"Zfp362",null,12905,-5.26837162372836,"Cradd"]
[15979,-5.55627318676767,"Ifngr1",null,18770,-4.67297243476885,"Pklr",null,68238,-5.26658819245899,"1700123O21Rik"]
[100628620,-5.55174747026197,"Mir5122",null,68597,-4.67071691716984,"Ccdc167",null,15531,-5.26597780967446,"Ndst1"]
[268451,-5.54778881429934,"Rab11fip4",null,21917,-4.66662631514349,"Tmpo",null,381405,-5.25945905577645,"Zfp663"]
[75245,-5.54156573392349,"4930550C17Rik",null,387140,-4.66014714844293,"Mir21a",null,320040,-5.25767630133927,"Rnf222"]
[74425,-5.54018266474931,"4933402J15Rik",null,66977,-4.6533316122918,"Nuf2",null,75854,-5.25319369126674,"4930579J19Rik"]
[71690,-5.52669783694462,"Esm1",null,20249,-4.64888502142905,"Scd1",null,77594,-5.25211027135062,"4930552P12Rik"]
[68203,-5.52619075870802,"Diras2",null,20980,-4.64827407793407,"Syt2",null,319480,-5.2518541486758,"Itga11"]
[100041694,-5.52547688570453,"Gm10451",null,17703,-4.64563229480222,"Msx3",null,68839,-5.24866942469194,"Ankrd46"]
[102465191,-5.52531227087822,"Mir6369",null,75394,-4.63675480483553,"0610040F04Rik",null,23880,-5.2479480397653,"Fyb"]
[74053,-5.52279475601078,"Grip1",null,56224,-4.63206777853276,"Tspan5",null,208104,-5.24602283503779,"Mlxip"]
[66779,-5.52148969926395,"4933432I09Rik",null,15199,-4.6307528827116,"Hebp1",null,54167,-5.24371211329385,"Icos"]
[75569,-5.52133555450237,"1700028D13Rik",null,212198,-4.63068227314569,"Wdr25",null,620016,-5.2412526964298,"Gm12669"]
[244218,-5.51645016341278,"Ctf2",null,380863,-4.62713036350751,"Tmem171",null,18442,-5.24011000320112,"P2ry2"]
[21809,-5.51639936943957,"Tgfb3",null,12922,-4.62130267811043,"Crhr2",null,12406,-5.23397542892224,"Serpinh1"]
[105835,-5.51541976162858,"Sgsm3",null,67138,-4.61967855799124,"Herc6",null,76601,-5.23235811641398,"1700041M19Rik"]
[21333,-5.51034741102218,"Tac1",null,269614,-4.61648332048982,"Pank4",null,67874,-5.22892818095888,"Rprm"]
[56758,-5.50397895708467,"Mbnl1",null,100504601,-4.61402649564764,"Gm16702",null,69638,-5.22863759167772,"Enho"]
[13417,-5.49989374576677,"Dnah8",null,14810,-4.61232506459128,"Grin1",null,19273,-5.22661503545133,"Ptpru"]
[319942,-5.49682141922205,"A530016L24Rik",null,74762,-4.61166480722898,"Mdga1",null,434280,-5.22612324553441,"Gm5607"]
[381693,-5.49633242774353,"Wdr95",null,237611,-4.60329240410824,"Stac3",null,23893,-5.21692062362783,"Grem2"]
[67373,-5.49579651534906,"2210010C04Rik",null,387182,-4.60216592525538,"Mir187",null,76132,-5.21273701371153,"Faxc"]
[15371,-5.48263341433466,"Hmx1",null,17293,-4.5948390775557,"Mesp2",null,66559,-5.21205211825022,"Metap1d"]
[13655,-5.48242159529805,"Egr3",null,52639,-4.59029602709256,"Wipi1",null,319594,-5.21175178535721,"Hif1an"]
[268977,-5.47997914857279,"Ltbp1",null,20771,-4.58701019988684,"Mucl1",null,54604,-5.20351342425026,"Pcnx"]
[69638,-5.47804558215872,"Enho",null,11517,-4.58694963065992,"Adcyap1r1",null,71071,-5.1997841382636,"4933412O06Rik"]
[242800,-5.47608947580358,"Ttc34",null,72902,-4.58596324389487,"Spock3",null,109676,-5.19554657326357,"Ank2"]
[54710,-5.47002329861125,"Hs3st3b1",null,102632488,-4.58542680772408,"Gm29508",null,76894,-5.19345699794614,"Mettl15"]
[228564,-5.46922254813237,"Frmd5",null,71780,-4.58486756616236,"Isyna1",null,72088,-5.19006880783665,"Ush1c"]
[240396,-5.4673812947652,"Mex3c",null,17292,-4.58207317718361,"Mesp1",null,11565,-5.1852761060452,"Adssl1"]
[66977,-5.46392662237265,"Nuf2",null,15530,-4.57851061567524,"Hspg2",null,407821,-5.18438242680981,"Znrf3"]
[52670,-5.46177086661977,"Cpsf4l",null,22255,-4.5768753380336,"Uncx",null,73144,-5.17814418834267,"3110039I08Rik"]
[233532,-5.45694585483082,"Rsf1",null,13589,-4.5700236171871,"Mapre1",null,68955,-5.17646974326628,"Srrm4"]
[432641,-5.45665104882249,"Gm17746",null,209176,-4.56996889682138,"Ido2",null,94219,-5.17341694604385,"Cnnm2"]
[19221,-5.45636422202677,"Ptgfrn",null,104099,-4.56776814083079,"Itga9",null,100125931,-5.16929545047106,"Phtf1os"]
[69952,-5.45309412616261,"Tunar",null,18674,-4.5673420188915,"Slc25a3",null,12808,-5.16629235007219,"Cobl"]
[109222,-5.44993983528514,"Rarres1",null,27381,-4.5672820835244,"Tcl1b2",null,216705,-5.16616647027318,"Clint1"]
[67393,-5.44602443769597,"Cxxc5",null,237891,-4.56677216446394,"Gas2l2",null,271127,-5.16443141112328,"Adamts16"]
[70223,-5.44438415425414,"Nars",null,218885,-4.56447293034265,"Oxnad1",null,16924,-5.16222072738225,"Lnx1"]
[16147,-5.44171324201018,"Ihh",null,78771,-4.56343511909889,"Mctp1",null,620079,-5.16185267100536,"Gm17751"]
[16494,-5.44000805377297,"Kcna6",null,100526533,-4.56290089669147,"Mir3075",null,71058,-5.15900794223751,"4933400L20Rik"]
[106952,-5.43994557318224,"Arap3",null,73395,-4.55428453835775,"1700049E22Rik",null,109620,-5.15734677966078,"Dsp"]
[66112,-5.43386456366139,"2018-03-01",null,790910,-4.55146648891896,"Gm11201",null,102465179,-5.15065945080052,"Mir6351"]
[12291,-5.43155369820459,"Cacna1g",null,56274,-4.54819543970876,"Stk3",null,14652,-5.14129403110223,"Glp1r"]
[271697,-5.43122048095971,"Cdk15",null,228012,-4.5468360747139,"Tlk1",null,78471,-5.14100319513647,"1700109G15Rik"]
[19155,-5.42953840547207,"Npepps",null,17701,-4.5450823070876,"Msx1",null,328235,-5.13938794106312,"Gm5083"]
[17883,-5.4227922179061,"Myh3",null,223753,-4.54484839577876,"Cerk",null,321022,-5.13855497654208,"Cdv3"]
[75942,-5.41990655882691,"4930584F24Rik",null,239555,-4.54379813856114,"Mief1",null,69726,-5.13805167224638,"Smyd3"]
[20111,-5.41677371482083,"Rps6ka1",null,72925,-4.54056769832154,"2018-03-01",null,270118,-5.13586681849404,"Maml2"]
[102465179,-5.41624767125248,"Mir6351",null,235327,-4.54019424273934,"Gm4894",null,69727,-5.13368163438824,"Usp46"]
[329650,-5.41494586133656,"Med12l",null,66451,-4.53923548071923,"2610528J11Rik",null,212517,-5.13254544885302,"Cfap44"]
[11695,-5.41265724305374,"Alx4",null,12125,-4.53863743188726,"Bcl2l11",null,545667,-5.13092151084669,"Fam159a"]
[17293,-5.40782805399435,"Mesp2",null,14085,-4.53612409292156,"Fah",null,211712,-5.12762689550704,"Pcdh9"]
[74602,-5.40684679445972,"4833428L15Rik",null,210741,-4.5356449942204,"Kcnk12",null,16510,-5.12504300601965,"Kcnh1"]
[432989,-5.40158267152987,"D930007P13Rik",null,212073,-4.53502467824632,"Syne3",null,14456,-5.12131335197236,"Gas6"]
[71751,-5.4001206168648,"Map3k13",null,108079,-4.5343991120923,"Prkaa2",null,217214,-5.11776453881359,"Nags"]
[14473,-5.390450964576,"Gc",null,233532,-4.53187822585869,"Rsf1",null,56280,-5.11534787680333,"Mrpl37"]
[76628,-5.38119425610188,"1700112J16Rik",null,214137,-4.52689650773792,"Arhgap29",null,68981,-5.11285396047864,"Snrpa1"]
[74734,-5.37544691799672,"Rhoh",null,56873,-4.52682638461936,"Lmbr1",null,212190,-5.11004807407748,"Ubxn10"]
[73322,-5.36943163985413,"1700039E22Rik",null,71702,-4.52633077741945,"Cdc5l",null,71738,-5.10935943120949,"Mamdc2"]
[67263,-5.36919363508694,"Zswim6",null,73470,-4.52557609595373,"Kif2b",null,16009,-5.10295614515662,"Igfbp3"]
[54189,-5.36609620230277,"Rabep1",null,20360,-4.52353948502607,"Sema6c",null,414068,-5.10152100002823,"Bach2os"]
[17921,-5.36274464205914,"Myo7a",null,171531,-4.51478646689517,"Mlph",null,76393,-5.10026618793134,"1700012H19Rik"]
[74096,-5.36132909385616,"Hvcn1",null,71707,-4.50933696480827,"Ubiad1",null,76378,-5.09938224109389,"Ropn1"]
[74008,-5.35953149115946,"Arsg",null,76142,-4.50541959616803,"Ppp1r14c",null,381411,-5.09461577924754,"Accsl"]
[94090,-5.35897704273697,"Trim9",null,74279,-4.50335054320858,"1700080O16Rik",null,622434,-5.0940035164798,"Arhgef26"]
[74438,-5.35527487170614,"Clvs1",null,216850,-4.50306795506308,"Kdm6b",null,18024,-5.0872476068815,"Nfe2l2"]
[231821,-5.35164596492015,"Adap1",null,14912,-4.50287087457809,"Nkx6-2",null,20181,-5.08460349549747,"Rxra"]
[54367,-5.34385026468718,"Zfp326",null,320119,-4.50159907474068,"Rps6kc1",null,26568,-5.07907890060123,"Slc27a3"]
[12394,-5.34021182092311,"Runx1",null,27373,-4.49887961633426,"Csnk1e",null,21420,-5.07651621408531,"Tfap2c"]
[13435,-5.33190125614295,"Dnmt3a",null,14605,-4.49443572473414,"Tsc22d3",null,17886,-5.07458254902875,"Myh9"]
[12319,-5.32750843752335,"Car8",null,69563,-4.49390925035874,"Mrln",null,75569,-5.07452741093331,"1700028D13Rik"]
[102466155,-5.3268780972522,"Mir6378",null,17969,-4.49255058881772,"Ncf1",null,16449,-5.06893988944635,"Jag1"]
[320772,-5.32629979044369,"Mdga2",null,20315,-4.4924963582558,"Cxcl12",null,100043885,-5.06499513553956,"Gm4710"]
[22190,-5.32500112338667,"Ubc",null,433386,-4.49082344736319,"Ccdc185",null,14182,-5.06260803772047,"Fgfr1"]
[11927,-5.32397402647019,"Atox1",null,320360,-4.4906128879128,"Ric3",null,54524,-5.06109434566061,"Syt6"]
[11647,-5.32036886944477,"Alpl",null,633285,-4.49013665897426,"Rbm46",null,100628604,-5.05667442430958,"Mir5135"]
[107448,-5.31943264803938,"Unc5a",null,21838,-4.4899031364034,"Thy1",null,18505,-5.05658257581885,"Pax3"]
[68703,-5.31529008485437,"Rere",null,16364,-4.48819346679814,"Irf4",null,14270,-5.05227998549088,"Srgap2"]
[16485,-5.31401411755371,"Kcna1",null,99887,-4.48755091581559,"Tmem56",null,67645,-5.05192593540251,"Armc12"]
[15117,-5.31399453484541,"Has2",null,320069,-4.48022630569353,"3830432H09Rik",null,75030,-5.05053437958202,"4930503E24Rik"]
[236539,-5.30811251971901,"Phgdh",null,17974,-4.47735691645477,"Nck2",null,100316710,-5.05009122812861,"Mir1963"]
[252974,-5.30287541274255,"Tspear",null,278795,-4.47278139468235,"Lrrc10b",null,21847,-5.04486539214042,"Klf10"]
[207596,-5.30259782520992,"Thsd4",null,234366,-4.46754517138109,"Gatad2a",null,11906,-5.04402584429404,"Zfhx3"]
[12773,-5.30159151126496,"Ccr4",null,446101,-4.4624095199819,"Xrra1",null,382077,-5.03985791675289,"Ccdc33"]
[60613,-5.29977541240144,"Kcnq4",null,100316694,-4.4621762259129,"Mir1941",null,19664,-5.03630999980428,"Rbpj"]
[68802,-5.29703361544014,"Mypn",null,216848,-4.46169918953095,"Chd3",null,433386,-5.03121454336891,"Ccdc185"]
[225289,-5.29659786961633,"AW554918",null,13048,-4.46116215664352,"Cux2",null,77119,-5.03023501406172,"7630403G23Rik"]
[11876,-5.29425054234163,"Artn",null,384569,-4.45731281150865,"Nova2",null,723976,-5.02490831444231,"Mir652"]
[77119,-5.29406151308179,"7630403G23Rik",null,102132,-4.45683326552457,"E230013L22Rik",null,20741,-5.01881668884593,"Sptb"]
[433586,-5.28362699591321,"Maml3",null,74369,-4.45661270016087,"Mei1",null,65969,-5.01825425515107,"Cubn"]
[14313,-5.27567667563875,"Fst",null,67389,-4.45646733396736,"Fam132a",null,17095,-5.0165676739366,"Lyl1"]
[209743,-5.26627763791139,"AF529169",null,12818,-4.45549830223645,"Col14a1",null,330737,-5.01439531088845,"5430403N17Rik"]
[75812,-5.25960234665632,"Tasp1",null,67622,-4.44699649381937,"Mxra7",null,104360,-5.01434869236508,"Isl2"]
[13172,-5.25341723240452,"Dbx1",null,19713,-4.44526482682153,"Ret",null,57342,-5.01424834840281,"Parva"]
[224792,-5.24773742500901,"Adgrf5",null,259302,-4.44287477944208,"Srgap3",null,52670,-5.01176183644027,"Cpsf4l"]
[11482,-5.24734961580761,"Acvrl1",null,106326,-4.4399041551436,"Osbpl11",null,66870,-5.00974517924604,"Serbp1"]
[53626,-5.24500104397129,"Insm1",null,54366,-4.43674429224406,"Ctnnal1",null,102465214,-5.00772143700785,"Mir6398"]
[74347,-5.24014386012356,"Tldc1",null,214804,-4.43171091693044,"Syde2",null,18046,-5.00461778429949,"Nfyc"]
[68841,-5.23950051002152,"Lppos",null,77087,-4.43068332447889,"Ankrd11",null,100859962,-5.00285868297083,"Gm21057"]
[12014,-5.236026888429,"Bach2",null,13852,-4.4292012415117,"Stx2",null,71972,-5.00012649936009,"Dnmbp"]
[328779,-5.23121355501619,"Hs3st6",null,665931,-4.42902719562385,"Rplp2-ps1",null,243548,-4.99953138482387,"Prickle2"]
[70450,-5.229176751423,"Unc13d",null,75149,-4.42376657369622,"4930539M17Rik",null,80979,-4.99900638772486,"Slc26a5"]
[13972,-5.228916418028,"Gnb1l",null,56533,-4.4236683518236,"Rgs17",null,71389,-4.98753133302728,"Chd6"]
[70122,-5.21868343237515,"Mllt3",null,214931,-4.42364211973873,"Fbxl16",null,668158,-4.98647416563372,"Ccdc85c"]
[71228,-5.21781735459717,"Dlg5",null,15563,-4.42246571730982,"Htr5a",null,78243,-4.98579446501259,"9230112D13Rik"]
[29856,-5.20827564600366,"Smtn",null,66333,-4.42146367243315,"Aqp11",null,29856,-4.97537407535086,"Smtn"]
[16848,-5.20088629749564,"Lfng",null,14824,-4.420689172976,"Grn",null,19200,-4.97388759480997,"Pstpip1"]
[319984,-5.19698116690898,"Jph4",null,72729,-4.41711046838433,"Cdc42se2",null,100526562,-4.96911787959941,"Mir3105"]
[22773,-5.19565771180615,"Zic3",null,74030,-4.41515136781168,"Rin2",null,74230,-4.96827990184124,"1700016K19Rik"]
[12805,-5.18859453917143,"Cntn1",null,234779,-4.41353960272822,"Plcg2",null,11861,-4.96652070998605,"Arl4a"]
[70564,-5.1883628788851,"Fam213a",null,18705,-4.41249395863389,"Pik3c2g",null,67769,-4.96558563446263,"Gpatch2"]
[19094,-5.18753987407946,"Mapk11",null,18213,-4.40698720243231,"Ntrk3",null,16651,-4.96492036454143,"Sspn"]
[56430,-5.18592939259119,"Clip1",null,320638,-4.40361579147561,"A730006G06Rik",null,12839,-4.96064598651204,"Col9a1"]
[231070,-5.18586222663083,"Insig1",null,21907,-4.40300736458209,"Nr2e1",null,102466638,-4.95895334501392,"Mir6380"]
[68709,-5.17800465253725,"Cilp2",null,102465884,-4.39205126033806,"Mir8091",null,64099,-4.95588289041301,"Parvg"]
[22061,-5.17286980319371,"Trp63",null,209776,-4.39146285741731,"Gpr139",null,68127,-4.94995736541304,"B230217C12Rik"]
[70129,-5.16970751237719,"Slc44a4",null,18119,-4.39081903363444,"Nodal",null,320938,-4.94853234602111,"Tnpo3"]
[17292,-5.16714545797507,"Mesp1",null,14708,-4.38524211109853,"Gng7",null,75678,-4.94125491541087,"Ippk"]
[329872,-5.16021572855245,"Frem1",null,233744,-4.38490943119191,"Spon1",null,22411,-4.93866535287331,"Wnt11"]
[75590,-5.1476374082145,"Dusp9",null,68501,-4.38209907624326,"Nsmce2",null,20068,-4.93829165467606,"Rps17"]
[100038617,-5.14755868882513,"Gm10466",null,230145,-4.38155920407091,"Galnt12",null,75247,-4.9380439478684,"4930553E22Rik"]
[102465212,-5.14648430075497,"Mir21c",null,109151,-4.38031021652064,"Chd9",null,74517,-4.93551216953484,"7420700N18Rik"]
[78830,-5.1396293845662,"Slc25a12",null,217198,-4.37611420236609,"Plekhh3",null,69652,-4.93530408435421,"2310069B03Rik"]
[97487,-5.13806900006584,"Cmtm4",null,18810,-4.37533316173136,"Plec",null,402734,-4.9331246383281,"C730036E19Rik"]
[76161,-5.13670867473987,"Lamp5",null,209743,-4.37255048975405,"AF529169",null,72395,-4.93010009841761,"2610028E06Rik"]
[666919,-5.13400260946387,"Gm8363",null,66596,-4.36748287180527,"Gtf3a",null,327957,-4.92918665733639,"Scimp"]
[103551,-5.12263071435374,"Epop",null,74425,-4.36192105952217,"4933402J15Rik",null,384244,-4.92713425388404,"Gm5294"]
[27381,-5.1200432172246,"Tcl1b2",null,269604,-4.36093334944443,"Gpr157",null,14319,-4.92546868909886,"Fth1"]
[252973,-5.11867391439935,"Grhl2",null,12933,-4.36019821197793,"Crmp1",null,22147,-4.92500537590746,"Tuba3b"]
[14013,-5.11802125282553,"Mecom",null,237397,-4.34424575301494,"C2cd4c",null,230738,-4.9243851682565,"Zc3h12a"]
[80891,-5.11764357387384,"Fcrls",null,170658,-4.34355847393231,"BC002163",null,16840,-4.92305705514877,"Cnmd"]
[100885827,-5.10836931629643,"Mir1231",null,333048,-4.34076720535041,"Tmem211",null,19277,-4.92111691772231,"Ptpro"]
[18577,-5.10703950713768,"Pde4a",null,338365,-4.33935371278392,"Slc41a2",null,232334,-4.91606582220747,"Vgll4"]
[17996,-5.10670766672772,"Neb",null,209012,-4.33891785839766,"Ulk4",null,18511,-4.91357820517738,"Pax9"]
[20974,-5.10633320684517,"Syngr3",null,16324,-4.33879070912204,"Inhbb",null,73884,-4.91065664420436,"Zdbf2"]
[100504026,-5.10473383732717,"Gm16157",null,223970,-4.33843144852668,"Rmi2",null,380660,-4.90591168616422,"Acss3"]
[214253,-5.1035475230476,"Etnk2",null,18483,-4.33828384735115,"Palm",null,217125,-4.9053964356169,"Samd14"]
[18858,-5.10260285713654,"Pmp22",null,723818,-4.33759746558451,"Mir135b",null,258272,-4.90527513501511,"Olfr1402"]
[408191,-5.1012036167459,"Gm5415",null,13162,-4.33632476341251,"Slc6a3",null,73344,-4.90338324981128,"1700034J05Rik"]
[21367,-5.09703379355945,"Cntn2",null,11670,-4.3332148831313,"Aldh3a1",null,723889,-4.90099902020071,"Mir378a"]
[26568,-5.09220452504524,"Slc27a3",null,93721,-4.32934295738845,"Cpn1",null,18707,-4.89751176609626,"Pik3cd"]
[100040049,-5.0903967330921,"1810010D01Rik",null,11636,-4.32586954797212,"Ak1",null,74627,-4.89695363440818,"4930413E15Rik"]
[16178,-5.08645926616546,"Il1r2",null,70594,-4.32114405316613,"5730460C07Rik",null,100039801,-4.8915353647305,"Cldn24"]
[71116,-5.08475024826028,"Stx18",null,12427,-4.31791912524907,"Ccna1",null,68236,-4.88924228909736,"Gtsf1l"]
[14585,-5.08264216320449,"Gfra1",null,224640,-4.31618364742668,"Lemd2",null,402773,-4.8874657748785,"D030018L15Rik"]
[224671,-5.08229989900944,"Btbd9",null,16574,-4.3138394747657,"Kif5c",null,217325,-4.88624208601568,"Llgl2"]
[329562,-5.08053024314151,"A530013C23Rik",null,226278,-4.31314806303066,"Prlhr",null,73306,-4.88551136361465,"1700044C05Rik"]
[320893,-5.08019762995473,"6430562O15Rik",null,75612,-4.31097518510026,"Gns",null,78500,-4.87916796223043,"1700063D05Rik"]
[73158,-5.07960249952865,"Larp1",null,83770,-4.31095814571291,"Tas1r2",null,246190,-4.87895010267514,"Otoa"]
[56190,-5.07906543042515,"Rbm38",null,240411,-4.30547100374949,"Loxhd1",null,76798,-4.87856957516943,"Srrm4os"]
[13713,-5.07257105870539,"Elk3",null,207393,-4.30490658865584,"Elfn2",null,78349,-4.8724623293481,"1700034K08Rik"]
[57439,-5.07141144493737,"Tmem183a",null,380975,-4.30058502796993,"Higd1c",null,75893,-4.87150599682127,"4930587E11Rik"]
[100526498,-5.06017607744824,"Mir3088",null,232164,-4.29349981911086,"Paip2b",null,243219,-4.86990526353716,"2900026A02Rik"]
[102688,-5.05962112772403,"AU023762",null,102465573,-4.28932398993838,"Mir6950",null,77590,-4.86420355506363,"Chst15"]
[665622,-5.0587031372352,"Hist1h2br",null,17131,-4.28899234622365,"Smad7",null,15519,-4.85840410307691,"Hsp90aa1"]
[223453,-5.05240046204278,"Dap",null,27362,-4.28114048148371,"Dnajb9",null,101437,-4.85783954581316,"Dhx32"]
[210741,-5.050430838433,"Kcnk12",null,73945,-4.28009249876362,"Otud4",null,12971,-4.85643621039669,"Crym"]
[20264,-5.04492108692373,"Scn10a",null,242707,-4.27534754051656,"Lactbl1",null,105590,-4.8540755143519,"Zfp957"]
[224093,-5.04285939113535,"Fam43a",null,20475,-4.26943655252107,"Six5",null,319984,-4.85385482524879,"Jph4"]
[329324,-5.04233018821822,"Syt14",null,16774,-4.26433683548408,"Lama3",null,212712,-4.85313407677702,"Satb2"]
[71062,-5.03998616291099,"Tekt3",null,100609,-4.25557077349447,"Nsun5",null,14726,-4.85223886760233,"Pdpn"]
[209773,-5.03897485836959,"Dennd2a",null,108115,-4.2551187768211,"Slco4a1",null,100502619,-4.85084261470426,"AW046200"]
[99887,-5.03493691708896,"Tmem56",null,73475,-4.2520510961332,"1700067G17Rik",null,215446,-4.85074559856325,"Entpd3"]
[74901,-5.03248789847867,"Kbtbd11",null,108950,-4.24646462931578,"1700049L16Rik",null,68634,-4.84449827772681,"Tm2d3"]
[107607,-5.03246610639446,"Nod1",null,15110,-4.2445258282817,"Hand1",null,228061,-4.84298340522321,"Agps"]
[20354,-5.03091586680692,"Sema4d",null,80982,-4.24089374025789,"Cemip",null,102639404,-4.83883682085399,"Gm26839"]
[68597,-5.02533326344855,"Ccdc167",null,70802,-4.23592193371417,"Pwwp2a",null,110532,-4.83560384552123,"Adarb1"]
[102466151,-5.02425512015024,"Mir6337",null,20388,-4.23532933924543,"Sftpb",null,20378,-4.83422204624036,"Frzb"]
[12048,-5.01836804460591,"Bcl2l1",null,15114,-4.23470269259059,"Hap1",null,665119,-4.83412760317981,"Sec14l5"]
[21826,-5.00706054851476,"Thbs2",null,16576,-4.23449775264233,"Kif7",null,66206,-4.83298338598588,"1110059E24Rik"]
[70594,-5.00282651464792,"5730460C07Rik",null,22417,-4.23079695414196,"Wnt4",null,11471,-4.8327798707553,"Actl7b"]
[19087,-5.00263750559734,"Prkar2a",null,66283,-4.22953959420681,"Gkn1",null,100503619,-4.83213468280056,"E330011O21Rik"]
[18452,-5.00119461229356,"P4ha2",null,75493,-4.22706674936538,"1700003L19Rik",null,208647,-4.82524714999417,"Creb3l2"]
[78420,-4.99932190760664,"Bcas3os2",null,332396,-4.22595232319009,"Kcnk18",null,107358,-4.82524278877301,"Tm9sf3"]
[619327,-4.9946739110747,"G630093K05Rik",null,15566,-4.22118727606487,"Htr7",null,73395,-4.81303273231432,"1700049E22Rik"]
[30841,-4.99350656656653,"Kdm2b",null,228033,-4.21894303966844,"Atp5g3",null,353344,-4.80948212468634,"Opn5"]
[72211,-4.98671633193075,"1700025C18Rik",null,245527,-4.21835178316797,"Eda2r",null,100038584,-4.80842751103826,"Gm14812"]
[330721,-4.98564680625172,"Nek5",null,66779,-4.21759797929321,"4933432I09Rik",null,16522,-4.80587866470513,"Kcnj6"]
[75909,-4.98320754074938,"Vmp1",null,229320,-4.2158344026649,"Clrn1",null,320478,-4.80485316149328,"Sox2ot"]
[170745,-4.98116596837562,"Xpnpep2",null,319229,-4.21528008610163,"Sctr",null,74589,-4.80197975344768,"Kbtbd12"]
[668225,-4.97937680541886,"Fignl2",null,13797,-4.21455145838206,"Emx2",null,442821,-4.80149946023151,"9330175M20Rik"]
[240058,-4.97569792653039,"Cpne5",null,78420,-4.20664822556979,"Bcas3os2",null,328381,-4.80041778765105,"Sh2d4b"]
[15552,-4.97405524648715,"Htr1d",null,71960,-4.20150698491756,"Myh14",null,387222,-4.79833404960877,"Mir29a"]
[15466,-4.97108551661585,"Hrh2",null,234865,-4.20144893541627,"Nup133",null,69538,-4.79777269506172,"Antxr1"]
[19273,-4.97005278196913,"Ptpru",null,72504,-4.19950941333364,"Taf4b",null,434128,-4.79749365787166,"Pnmal2"]
[52715,-4.96741717683367,"Ccdc43",null,69478,-4.19595866089473,"2300009A05Rik",null,59091,-4.79677775289931,"Jph2"]
[212517,-4.95660461372807,"Cfap44",null,231238,-4.19290211819067,"Sel1l3",null,11820,-4.78830366734303,"App"]
[27373,-4.95460486615375,"Csnk1e",null,13839,-4.19073803522948,"Epha5",null,100503869,-4.7855084079435,"Mkln1os"]
[109154,-4.95374778348468,"Mlec",null,70065,-4.18943221093257,"Ankrd60",null,320782,-4.78338110559324,"Tmem154"]
[68308,-4.95352158980298,"4933406F09Rik",null,67073,-4.1888946576505,"Pi4k2b",null,243634,-4.78335140935072,"Ano2"]
[117148,-4.95108175144019,"Necab2",null,68614,-4.18468135274597,"Letmd1",null,100042198,-4.78280891230361,"Gm3716"]
[11600,-4.94567933312389,"Angpt1",null,72401,-4.18209533608057,"Slc43a1",null,330166,-4.78230238651852,"Miat"]
[268534,-4.94545497677096,"Sntg2",null,56752,-4.17954470212726,"Aldh9a1",null,22596,-4.7793735988668,"Xrcc5"]
[20068,-4.93807412777232,"Rps17",null,208258,-4.17881240134394,"Ankrd33",null,14011,-4.77883393264578,"Etv6"]
[22253,-4.93627781154472,"Unc5c",null,653016,-4.17776960088352,"Gm7325",null,232156,-4.77147633220953,"Slc4a5"]
[219150,-4.93455212910899,"Hmbox1",null,269116,-4.17316991121977,"Nfasc",null,56318,-4.76639522772509,"Acpp"]
[78019,-4.93072715142978,"4930519K11Rik",null,66263,-4.1671649767166,"1810014B01Rik",null,18027,-4.7648528559638,"Nfia"]
[70433,-4.9301302959566,"Draxin",null,76509,-4.16605116000643,"Plet1",null,241447,-4.75998636649298,"Cers6"]
[12579,-4.92060052387785,"Cdkn2b",null,17150,-4.1600466699439,"Mfap2",null,20562,-4.75939031907889,"Slit1"]
[15519,-4.92038495540544,"Hsp90aa1",null,102414,-4.15982343426344,"Clk3",null,72475,-4.7569946165591,"Ssbp3"]
[20538,-4.91191623238876,"Slc6a2",null,231717,-4.1593115555777,"Fam109a",null,71096,-4.75655092271718,"Sntg1"]
[212439,-4.90716524584106,"AA986860",null,67204,-4.15379409844065,"Eif2s2",null,71733,-4.7545447706261,"Susd2"]
[380711,-4.90626653999825,"Rap1gap2",null,269643,-4.15284952010478,"Ppp2r2c",null,11492,-4.74805897450076,"Adam19"]
[23882,-4.90574672044723,"Gadd45g",null,100526562,-4.15226469631594,"Mir3105",null,20698,-4.74711571346652,"Sphk1"]
[24058,-4.90214770491415,"Sigirr",null,170745,-4.15110344638814,"Xpnpep2",null,668253,-4.73755898361179,"Dleu2"]
[236082,-4.90088673908163,"Dhrsx",null,387245,-4.1466661636282,"Mirlet7b",null,70950,-4.73614497808912,"Ccdc178"]
[71093,-4.89833682095172,"Atoh8",null,230752,-4.14470670860242,"Eva1b",null,68498,-4.73428630471338,"Tspan11"]
[100526533,-4.89360608241899,"Mir3075",null,545481,-4.1422336911764,"Arhgap40",null,268498,-4.73387453216011,"E030025P04Rik"]
[380863,-4.89355838327536,"Tmem171",null,230917,-4.13836326500487,"Tmem201",null,100861668,-4.73171645142901,"Gm21119"]
[68947,-4.89329110916734,"Chst8",null,23948,-4.13544446020786,"Mmp17",null,74184,-4.72346796472016,"2310065F04Rik"]
[78806,-4.89171490861681,"Stpg1",null,20779,-4.13486081530789,"Src",null,20336,-4.72036138485635,"Exoc4"]
[237611,-4.89132429044529,"Stac3",null,268515,-4.13442336422914,"Bahcc1",null,53375,-4.71825549830433,"Mtx2"]
[338375,-4.89124222776376,"Atp6v1g3",null,69900,-4.13188229854968,"Mfsd11",null,54354,-4.71732523927592,"Rassf5"]
[50528,-4.88364985249791,"Tmprss2",null,64817,-4.12998591492579,"Svep1",null,20450,-4.7162256851451,"St8sia2"]
[633285,-4.88221043380756,"Rbm46",null,64654,-4.12748843635169,"Fgf23",null,319803,-4.71398094257291,"A430090L17Rik"]
[83396,-4.87925393570896,"Glis2",null,381373,-4.1265705465559,"Sp9",null,21844,-4.71348266491606,"Tiam1"]
[320292,-4.87753860136056,"Rasgef1b",null,67895,-4.12063036462692,"Ppa1",null,217109,-4.7134577404017,"Utp18"]
[103080,-4.87323940548376,"2018-09-10",null,71279,-4.12024744851104,"Slc29a3",null,11898,-4.71099567711918,"Ass1"]
[218885,-4.8731209159648,"Oxnad1",null,230558,-4.1193348369864,"C8a",null,241275,-4.7080710460916,"Noxa1"]
[100504692,-4.86976054321321,"Gm20356",null,71355,-4.11753631251865,"Col24a1",null,319934,-4.70686551219856,"Sbf2"]
[52690,-4.86886646551472,"Setd3",null,170736,-4.11430057368656,"Parvb",null,13824,-4.70513248402447,"Epb41l4a"]
[75927,-4.86696890739295,"Pitpnm2os1",null,546144,-4.11154693018955,"Wdr72",null,11859,-4.69814848195972,"Phox2a"]
[110197,-4.86614516234845,"Dgkg",null,13593,-4.10847698040882,"Ebf3",null,17288,-4.69628449845194,"Mep1b"]
[102465884,-4.86572233699977,"Mir8091",null,102466158,-4.10788070880524,"Mir6408",null,109135,-4.69346540931476,"Plekha5"]
[235135,-4.86541303725371,"Tmem45b",null,11941,-4.10733387615493,"Atp2b2",null,78586,-4.69327670305627,"Srbd1"]
[109215,-4.86502603075886,"Lncbate1",null,101568,-4.10367617874356,"Vrk3",null,140709,-4.68732649606724,"Col26a1"]
[11554,-4.86313788128975,"Adrb1",null,75245,-4.10312155942115,"4930550C17Rik",null,18125,-4.68684272366244,"Nos1"]
[11418,-4.86312527739227,"Asic2",null,73624,-4.10154530656019,"1700123O12Rik",null,75321,-4.68627358273412,"Grip1os2"]
[78650,-4.86298676683605,"Platr5",null,100503434,-4.09807343178983,"Gm19689",null,14164,-4.6766746221957,"Fgf1"]
[474332,-4.860246693461,"Dnm3os",null,20788,-4.09466531052524,"Srebf2",null,70530,-4.67336079584709,"Lrfn2"]
[18119,-4.85739947475336,"Nodal",null,15273,-4.09385791871268,"Hivep2",null,319530,-4.67252063256467,"Zfp750"]
[77166,-4.85562903478007,"8030423J24Rik",null,16590,-4.09270424003993,"Kit",null,215789,-4.66593470285203,"Phactr2"]
[108970,-4.85513339274965,"4930519F24Rik",null,71790,-4.09225778264638,"Anxa9",null,74297,-4.66527065923868,"Ccdc182"]
[102633673,-4.85420952182692,"Etaa1os",null,665635,-4.09056337238205,"Gm14486",null,83560,-4.66499373171124,"Tex14"]
[18131,-4.85324254446888,"Notch3",null,71323,-4.08916019555057,"Rassf8",null,11480,-4.66482072820665,"Acvr2a"]
[231903,-4.85092873717892,"Urad",null,20239,-4.08316020077101,"Atxn2",null,14313,-4.66229268029925,"Fst"]
[12477,-4.85082993833096,"Ctla4",null,378460,-4.07830696296387,"Pram1",null,71776,-4.65777352449179,"Tha1"]
[320802,-4.85071803161654,"Ifitm10",null,53421,-4.07546454174982,"Sec61a1",null,100418235,-4.65605245696689,"C130030K03Rik"]
[21415,-4.84999577967094,"Tcf7l1",null,19250,-4.07540101285615,"Ptpn14",null,230861,-4.65195070789465,"Eif4g3"]
[22224,-4.84428102982276,"Usp10",null,98388,-4.07529914343053,"Chst10",null,109594,-4.6517365446705,"Lmo1"]
[245381,-4.84089733645194,"Sowahd",null,66475,-4.07491804312171,"Rps23",null,75216,-4.64782744286621,"Cep128"]
[74504,-4.83907431826495,"Fam53a",null,73046,-4.07467382563826,"Glrx5",null,16870,-4.64644551333833,"Lhx2"]
[208258,-4.83856250328573,"Ankrd33",null,241556,-4.07337353290492,"Tspan18",null,108052,-4.64434787619776,"Slc14a1"]
[17309,-4.8311136074109,"Mgat3",null,69441,-4.06726199420388,"1700023F06Rik",null,215467,-4.64378557421907,"Gm4791"]
[12554,-4.82375586666724,"Cdh13",null,231989,-4.06606686532708,"Gm4872",null,75024,-4.64242311062933,"4930425L21Rik"]
[212772,-4.82207393395211,"Arl14ep",null,100217436,-4.06394388563681,"Snord93",null,68916,-4.64174320687685,"Cdkal1"]
[12837,-4.8218155779645,"Col8a1",null,17120,-4.06144928429163,"Mad1l1",null,74196,-4.64102229543073,"Ttc27"]
[319849,-4.81949366909692,"Plxna4os1",null,74645,-4.0606493528184,"Fam46c",null,216892,-4.63512411974093,"Spns2"]
[67603,-4.8194554488677,"Dusp6",null,14155,-4.0605565419067,"Fem1b",null,74361,-4.63356551623955,"4931429L15Rik"]
[20463,-4.8170508244259,"Cox7a2l",null,69787,-4.0599198175212,"Anxa13",null,224129,-4.63330497582408,"Adcy5"]
[71982,-4.81697432666644,"Snx10",null,100861615,-4.05678820013204,"LOC100861615",null,15251,-4.62886512256973,"Hif1a"]
[12927,-4.81511894151515,"Bcar1",null,74479,-4.05517083564587,"Snx11",null,72249,-4.62837724139134,"1700019G24Rik"]
[74840,-4.8087228164855,"Manf",null,56190,-4.05206584801374,"Rbm38",null,73375,-4.62729834858251,"1700057H21Rik"]
[100526508,-4.79802550766792,"Mir3102",null,207212,-4.04796380805561,"Arhgef17",null,75465,-4.624219920308,"Dynlrb2"]
[52013,-4.79527046719704,"R3hcc1l",null,107351,-4.04703324844147,"Kank1",null,73558,-4.62359060333504,"1700110K17Rik"]
[74123,-4.79473689506591,"Foxp4",null,67155,-4.04357010679634,"Smarca2",null,99542,-4.62216010796547,"AI115009"]
[142682,-4.79248432090838,"Zcchc14",null,13393,-4.04320597824019,"Dlx3",null,20249,-4.62040920881032,"Scd1"]
[69317,-4.79146895256259,"Hmgb4",null,56696,-4.04238711987418,"Gpr132",null,20913,-4.61701023326847,"Stxbp4"]
[66365,-4.79085944735336,"Ccdc90b",null,58226,-4.03994142626983,"Cacna1h",null,23821,-4.61435753939976,"Bace1"]
[20388,-4.78614814113743,"Sftpb",null,71706,-4.03873344262077,"Slc46a3",null,67285,-4.61199795197451,"Cwc27"]
[100526468,-4.78008477034355,"Mir3063",null,72947,-4.03810211284945,"Phykpl",null,100526525,-4.61119997129117,"Mir3092"]
[219144,-4.77875714311383,"Arl11",null,20602,-4.03774293844313,"Ncor2",null,16876,-4.60978301860216,"Lhx9"]
[11492,-4.77661383326448,"Adam19",null,56531,-4.03673439189692,"Ylpm1",null,71362,-4.60901782305827,"5430440P10Rik"]
[207212,-4.7719181483547,"Arhgef17",null,78056,-4.03126866464078,"4930567K20Rik",null,19240,-4.60740916704288,"Tmsb10"]
[67573,-4.76370372028925,"Loxl4",null,75095,-4.0307319621405,"4930513D17Rik",null,54132,-4.6063410126487,"Pdlim1"]
[57340,-4.76344492844496,"Jph3",null,100129,-4.0288416875309,"Gpr153",null,80893,-4.59955521079769,"Tmprss5"]
[18431,-4.76318351193725,"Oca2",null,72416,-4.02854032605637,"Lrpprc",null,241556,-4.59756791491591,"Tspan18"]
[665931,-4.76099733242439,"Rplp2-ps1",null,14961,-4.01995379631602,"H2-Ab1",null,16485,-4.59448587958826,"Kcna1"]
[101490,-4.75932846555445,"Inpp5f",null,72003,-4.01824577037715,"Synpr",null,12142,-4.5932971823589,"Prdm1"]
[101437,-4.75386563377713,"Dhx32",null,14727,-4.0165268725034,"Lilr4b",null,20358,-4.59327202351104,"Sema6a"]
[223970,-4.75336827053908,"Rmi2",null,210530,-4.01509297476188,"P3h2",null,13591,-4.59181596706423,"Ebf1"]
[73046,-4.74978229560842,"Glrx5",null,69551,-4.01064645120818,"2310022B05Rik",null,68224,-4.59055906990377,"1700067P10Rik"]
[18191,-4.74867105627692,"Nrxn3",null,57274,-4.00798830120407,"Slc16a8",null,107022,-4.58588544481378,"Gramd3"]
[98732,-4.74826914285521,"Rab3gap2",null,14115,-4.00629109013733,"Fbln2",null,232035,-4.58516853895273,"Ccser1"]
[75128,-4.74747040883836,"4930515B02Rik",null,170952,-4.00243157263373,"Prima1",null,68268,-4.58335286557271,"Zdhhc21"]
[387158,-4.74669515597418,"Mir140",null,268595,-4.00095317610795,"D430019H16Rik",null,229595,-4.58326040984208,"Adamtsl4"]
[19695,-4.74455271646033,"Reg3g",null,22632,-3.99602900763809,"Yy1",null,320452,-4.5819843317649,"P4ha3"]
[94040,-4.74003761568093,"Clmn",null,436062,-3.99270427547586,"Fam92b",null,434412,-4.57902497666426,"Gm20745"]
[18142,-4.73012124228148,"Npas1",null,56199,-3.9920919815207,"Abcb10",null,240025,-4.57380024468372,"Dact2"]
[14405,-4.72806393356055,"Gabrg1",null,64143,-3.98841637150722,"Ralb",null,102465640,-4.57377649491614,"Mir7057"]
[212073,-4.72798078039328,"Syne3",null,100647,-3.98587059835323,"Upk3b",null,319684,-4.57044282917523,"5031425F14Rik"]
[100504601,-4.72699636375258,"Gm16702",null,104010,-3.98398136618277,"Cdh22",null,622124,-4.56426744592031,"Gm20750"]
[19894,-4.72670265150322,"Rph3a",null,319765,-3.97922870697854,"Igf2bp2",null,74116,-4.55790824146183,"Pi16"]
[74998,-4.72645578785752,"Rab11fip2",null,378435,-3.97737714230801,"Mafa",null,432958,-4.55437429637317,"Gm20740"]
[653016,-4.7263925350433,"Gm7325",null,76960,-3.9768972989306,"Bcas1",null,74303,-4.55338447402209,"1700109K24Rik"]
[269614,-4.7168431225482,"Pank4",null,215114,-3.97556466958475,"Hip1",null,70909,-4.55309366740884,"4921504E06Rik"]
[269152,-4.71656931590028,"Kif26b",null,12345,-3.97426342312878,"Capzb",null,100628590,-4.55084822944771,"Mir5120"]
[12877,-4.71387268512126,"Cpeb1",null,14616,-3.97402335196051,"Gja8",null,102634630,-4.54247382363791,"Gm32168"]
[223693,-4.71355404319819,"Tmem184b",null,20510,-3.97279547653295,"Slc1a1",null,102371,-4.54054603009922,"Myzap"]
[387314,-4.71254650264446,"Tmtc1",null,226252,-3.97217870750095,"Fam160b1",null,21885,-4.54016016413346,"Tle1"]
[64085,-4.71170045529096,"Clstn2",null,56691,-3.97131205246077,"Dnajb8",null,217071,-4.53243332657752,"Gm525"]
[14824,-4.70908097579488,"Grn",null,21877,-3.97085060129351,"Tk1",null,100502624,-4.53113079110107,"Gm13483"]
[15013,-4.70650514580662,"H2-Q2",null,69601,-3.96452807159644,"Dab2ip",null,29877,-4.52842772485537,"Hdgfrp3"]
[13476,-4.70589539044164,"Reep5",null,58911,-3.95977057481863,"Sumf1",null,14042,-4.52178483529151,"Ext1"]
[18563,-4.70287383054346,"Pcx",null,70511,-3.95957861249695,"Eef2kmt",null,100316784,-4.52026502879811,"Mir1927"]
[30935,-4.70242263645716,"Tor3a",null,237880,-3.95837088809765,"1700071K01Rik",null,69938,-4.51846959506303,"Scrn1"]
[13821,-4.69424288799576,"Epb41l1",null,12835,-3.95070485576506,"Col6a3",null,74992,-4.51813439860129,"4930487H11Rik"]
[13649,-4.69212915597344,"Egfr",null,100503961,-3.9460679492853,"Gm19990",null,12921,-4.5178476712921,"Crhr1"]
[216643,-4.69036231009625,"Gabrp",null,103836,-3.94540098624339,"Zfp692",null,328576,-4.51783320773788,"Gm20556"]
[53324,-4.68907159968443,"Nptx2",null,224792,-3.9429096324301,"Adgrf5",null,319215,-4.51606266353574,"4932413F04Rik"]
[23880,-4.68612711512301,"Fyb",null,68606,-3.94220699410362,"Ppm1f",null,69054,-4.51366029400505,"1810007C17Rik"]
[233781,-4.68342959998769,"Xylt1",null,72169,-3.93886500442052,"Trim29",null,68790,-4.50839482283194,"Fendrr"]
[75697,-4.68338266609428,"C2cd4b",null,56405,-3.93331530443639,"Dusp14",null,74901,-4.50592492425108,"Kbtbd11"]
[625249,-4.68262795076134,"Gpx4",null,67500,-3.93320315537014,"Ccar1",null,213491,-4.50541912115714,"Szrd1"]
[67542,-4.67364982114184,"Cog6",null,14461,-3.93219024088061,"Gata2",null,15209,-4.5037575276391,"Hesx1"]
[17131,-4.67324430032865,"Smad7",null,228913,-3.93197201081079,"Zfp217",null,14344,-4.5029784380938,"Fut2"]
[52679,-4.6729704406785,"E2f7",null,237403,-3.93041179841772,"Lingo3",null,71342,-4.4966906352452,"5430434I15Rik"]
[320069,-4.67231078040099,"3830432H09Rik",null,110208,-3.93031598005277,"Pgd",null,75947,-4.49390146817527,"4930594O21Rik"]
[70829,-4.66962422210461,"Ccdc93",null,12739,-3.92905944105178,"Cldn3",null,269593,-4.49371676610673,"Luzp1"]
[100039672,-4.66773585148046,"Msmp",null,16818,-3.92755439434065,"Lck",null,239337,-4.49184854818477,"Adamts12"]
[16664,-4.66553018214801,"Krt14",null,14527,-3.92707139717411,"Gcgr",null,12064,-4.48583282210232,"Bdnf"]
[212111,-4.66460313905027,"Inpp5a",null,228869,-3.92423727458434,"Ncoa5",null,75076,-4.4853635628592,"4930504C09Rik"]
[232685,-4.66437565673522,"Lncpint",null,170750,-3.92170744789793,"Xpnpep1",null,100043902,-4.4834444753858,"Six3os1"]
[319638,-4.6642041194886,"Nt5dc1",null,102465653,-3.91401694829963,"Mir7078",null,19130,-4.48329310115208,"Prox1"]
[102371,-4.66339213162685,"Myzap",null,68283,-3.91308622556746,"9530077C05Rik",null,14049,-4.48253207011788,"Eya2"]
[75394,-4.66326144155998,"0610040F04Rik",null,219144,-3.91084404294765,"Arl11",null,71249,-4.48164909560891,"4933430N04Rik"]
[72097,-4.66240216690194,"2010300C02Rik",null,224829,-3.91025194265473,"Trerf1",null,230815,-4.48073419869961,"Man1c1"]
[80384,-4.66228941730339,"Tex21",null,64453,-3.90841524750961,"Zfp280b",null,218639,-4.47414074306177,"Arl15"]
[218989,-4.65857120703303,"Tmem260",null,15565,-3.90702989135656,"Htr6",null,68279,-4.46916034475865,"Mcoln2"]
[20521,-4.65255736333032,"Slc22a12",null,666919,-3.90698256275262,"Gm8363",null,52398,-4.46645293083031,"2018-09-11"]
[103743,-4.64860900024137,"Tmem98",null,435684,-3.90379774891784,"Shf",null,236915,-4.46585069185801,"Arhgef9"]
[208777,-4.64705371646993,"Sned1",null,18789,-3.90371374213979,"Papola",null,228880,-4.46487100851057,"Zmynd8"]
[108100,-4.64685647247157,"Baiap2",null,217124,-3.90352978668681,"Ppp1r9b",null,102465711,-4.45464376861932,"Mir7232"]
[73652,-4.64014734850332,"2210408F21Rik",null,78449,-3.9035202200103,"2700046A07Rik",null,214058,-4.45270548565057,"Megf11"]
[14527,-4.63947037860299,"Gcgr",null,213575,-3.90218544984734,"Dync2li1",null,100041694,-4.44965442620567,"Gm10451"]
[58911,-4.63369916638391,"Sumf1",null,18431,-3.89708572356459,"Oca2",null,67390,-4.44765248955497,"Rnmtl1"]
[26938,-4.63259907276017,"St6galnac5",null,269198,-3.89481069828724,"Nbeal1",null,237052,-4.44533579541195,"Tceal1"]
[12846,-4.63234298973069,"Comt",null,12354,-3.89297421647163,"Car7",null,76895,-4.44379974931126,"Bicd2"]
[68346,-4.6317695042409,"Sirt5",null,102466784,-3.89295726326032,"Mir7004",null,73575,-4.44352439402072,"1700101O22Rik"]
[320119,-4.62995437819728,"Rps6kc1",null,52846,-3.89127108975351,"Cnot11",null,63830,-4.43499719374501,"Kcnq1ot1"]
[66953,-4.62341280602,"Cdca7",null,11878,-3.89120046599624,"Arx",null,71751,-4.42877188557483,"Map3k13"]
[71911,-4.62070643485838,"Bdh1",null,330721,-3.88829791195153,"Nek5",null,69047,-4.42797516658619,"Atp2c2"]
[235493,-4.62057909891814,"Fam214a",null,232944,-3.88716684677333,"Mark4",null,100038493,-4.42529332592217,"Gm13582"]
[83398,-4.61446293234479,"Ndst3",null,52055,-3.88241117131005,"Rab11fip5",null,13860,-4.42421121378743,"Eps8"]
[12703,-4.61395984607142,"Socs1",null,735284,-3.87996231377614,"Mir708",null,16147,-4.42400408865513,"Ihh"]
[16517,-4.61224722724948,"Kcnj16",null,381810,-3.87995692974857,"Lpar5",null,66070,-4.42287153817262,"Cwc15"]
[735284,-4.61043136144706,"Mir708",null,16664,-3.87869895753359,"Krt14",null,17390,-4.42203592123355,"Mmp2"]
[18673,-4.60652220811975,"Phb",null,76261,-3.87581283399672,"0610040J01Rik",null,232146,-4.41714632897848,"Eva1a"]
[108115,-4.60363191629569,"Slco4a1",null,67154,-3.87568789315031,"Mtdh",null,100040322,-4.41570662229367,"3830408C21Rik"]
[66208,-4.59725725939184,"Nenf",null,66208,-3.87528085071482,"Nenf",null,229658,-4.41541388992413,"Vangl1"]
[381810,-4.58774105483257,"Lpar5",null,14049,-3.87314358674499,"Eya2",null,50530,-4.40372863512354,"Mfap5"]
[383491,-4.5786020799467,"Prdm14",null,18439,-3.87310826533496,"P2rx7",null,50754,-4.40357641931304,"Fbxw7"]
[19249,-4.57483885817155,"Ptpn13",null,69627,-3.87137994116112,"Fam89a",null,21388,-4.40108040663909,"Tbx5"]
[74315,-4.57470194010932,"Rnf145",null,13627,-3.87137610143445,"Eef1a1",null,21815,-4.40074951238386,"Tgif1"]
[319229,-4.57217894639886,"Sctr",null,27049,-3.86977465488158,"Etv3",null,210573,-4.39864934155735,"Tmem151b"]
[237360,-4.56885011351742,"Adamts14",null,56233,-3.86895577294636,"Hdac7",null,67223,-4.38897801982571,"Rrp15"]
[330951,-4.56865114141314,"Gm16130",null,228598,-3.86846127533384,"Ebf4",null,114249,-4.38783257185071,"Npnt"]
[106389,-4.56501439374775,"Eaf2",null,102635405,-3.86257318971813,"Gm32755",null,19416,-4.38697676667525,"Rasd1"]
[106068,-4.56390244383645,"Slc45a4",null,27965,-3.8606954046623,"Spg21",null,73425,-4.38598383555655,"1700060C16Rik"]
[69665,-4.56337711238273,"Upk3bl",null,74218,-3.86001270897097,"1700016H13Rik",null,14489,-4.38517304632983,"Mtpn"]
[66475,-4.56334481619881,"Rps23",null,102633214,-3.85977909831753,"Gm12925",null,230597,-4.38512661369612,"Zfyve9"]
[76527,-4.55942895262473,"Il34",null,338375,-3.85817865873664,"Atp6v1g3",null,244886,-4.38239149248209,"Tmem266"]
[434064,-4.55813090470343,"Gm5577",null,20892,-3.85703500890749,"Cenpx",null,100503474,-4.38085212218261,"Platr22"]
[27058,-4.55805935770538,"Srp9",null,330385,-3.85546140828035,"9530026P05Rik",null,72287,-4.37666790442477,"Plekhf1"]
[12427,-4.55665678710383,"Ccna1",null,74840,-3.85447786496852,"Manf",null,102636620,-4.37603143414286,"Gm15326"]
[231003,-4.55388218053936,"Klhl17",null,54615,-3.85362491544151,"Npff",null,21367,-4.3712603879044,"Cntn2"]
[52372,-4.55354552336505,"D6Ertd527e",null,67419,-3.84985768546451,"3632451O06Rik",null,30953,-4.37033388933926,"Schip1"]
[13392,-4.54581653352759,"Dlx2",null,213350,-3.84964721753396,"Pddc1",null,100628577,-4.37006509176175,"Mir5098"]
[242620,-4.54428679857742,"Dmrta2",null,58804,-3.84911257758182,"Cdc42ep5",null,57257,-4.36611866708899,"Vav3"]
[14581,-4.53712848238666,"Gfi1",null,24115,-3.84824234699792,"Best1",null,12424,-4.36479789967381,"Cck"]
[100038584,-4.53598365144212,"Gm14812",null,105675,-3.8478863426764,"Ppif",null,74059,-4.36455435221945,"4933406G16Rik"]
[268420,-4.53237735690326,"Alkbh5",null,387219,-3.84554426217216,"Mir26b",null,268755,-4.36369778830327,"Mir124a-1hg"]
[14344,-4.52800460175479,"Fut2",null,381217,-3.84489050323724,"Fam189a2",null,68243,-4.36031172324032,"A930018P22Rik"]
[235180,-4.52774480808796,"Fez1",null,330953,-3.84486338468752,"Hcn4",null,140919,-4.35815687688986,"Slc17a6"]
[26941,-4.52605547664793,"Slc9a3r1",null,26408,-3.84476976275913,"Map3k5",null,16364,-4.35750900796248,"Irf4"]
[100504234,-4.52592732909019,"Ccdc170",null,78754,-3.84378214320492,"Galnt15",null,16820,-4.35696933042943,"Lcn3"]
[24115,-4.52584670598773,"Best1",null,67252,-3.8434728839536,"Cap2",null,17120,-4.35650201319781,"Mad1l1"]
[319622,-4.52523792509119,"Itpripl2",null,224648,-3.8432536080643,"Uhrf1bp1",null,217946,-4.35640435084766,"Cdca7l"]
[66643,-4.52473703662718,"Lix1",null,14151,-3.84149135543561,"Fech",null,319467,-4.35460636579118,"A930002C04Rik"]
[368203,-4.52297112004409,"Gm5136",null,76293,-3.83957810142596,"Mfap4",null,100043132,-4.35442480518765,"Gm4251"]
[636931,-4.52250082189886,"Trim71",null,94111,-3.8387602303702,"Mepe",null,240665,-4.34917019518808,"Ccnj"]
[70598,-4.52157217070545,"Filip1",null,320635,-3.83818415882552,"Cyb5r2",null,213527,-4.34755552001838,"Pth2r"]
[21916,-4.52023443009574,"Tmod1",null,668224,-3.83802656199893,"Gm9054",null,387167,-4.34696569392061,"Mir149"]
[74762,-4.51905051321875,"Mdga1",null,13845,-3.83737816868205,"Ephb3",null,12051,-4.34681403340935,"Bcl3"]
[70355,-4.51847537287005,"Gprc5c",null,271278,-3.83002138955599,"BC024139",null,78088,-4.34356777534544,"Sowahb"]
[72981,-4.51734960746564,"Thap12",null,69890,-3.82808615451725,"Zfp219",null,20284,-4.34341470406579,"Scrg1"]
[20863,-4.50562960543531,"Stfa3",null,100316678,-3.82756728594644,"Mir1902",null,18740,-4.33291647308457,"Pitx1"]
[98388,-4.50423232596262,"Chst10",null,67331,-3.8270583081726,"Atp8b3",null,330086,-4.33214855314363,"Gm10440"]
[11668,-4.50183890668507,"Aldh1a1",null,74734,-3.82604749684091,"Rhoh",null,71707,-4.33210121809949,"Ubiad1"]
[73139,-4.49960692072066,"Cenpv",null,258151,-3.82316117350454,"Olfr1505",null,17930,-4.32966613997734,"Myom2"]
[59014,-4.49508058561091,"Rrs1",null,12874,-3.82159712526452,"Cpd",null,15486,-4.32955158455998,"Hsd17b2"]
[76639,-4.4940295771907,"1700121N20Rik",null,66174,-3.82103342299906,"Nudt14",null,108075,-4.32839665118416,"Ltbp4"]
[19401,-4.49394843406673,"Rara",null,71249,-3.81896957139428,"4933430N04Rik",null,12477,-4.32281657867363,"Ctla4"]
[320207,-4.49149705432476,"Pik3r5",null,70450,-3.81878941523732,"Unc13d",null,241694,-4.3226166032144,"Ralgapa2"]
[13070,-4.48430725084349,"Cyp11a1",null,231583,-3.81443658470899,"Slc26a1",null,100503460,-4.32121978515411,"Gm19705"]
[224419,-4.48258193446509,"Map3k7cl",null,666266,-3.81176162325212,"Gm8013",null,20927,-4.32110652131726,"Abcc8"]
[18040,-4.48119792662354,"Nefm",null,213990,-3.81149076617125,"Agap3",null,68070,-4.32056252581367,"Pdzd2"]
[78365,-4.48049634005843,"Lhx1os",null,27220,-3.81107469453337,"Cartpt",null,75494,-4.31901308322356,"1700008C04Rik"]
[257632,-4.47683549181398,"Nod2",null,102631810,-3.80879683590317,"Gm30052",null,209012,-4.31846389016969,"Ulk4"]
[19130,-4.47563550590148,"Prox1",null,106522,-3.80678223904868,"Pkdcc",null,239017,-4.31281303499828,"Ogdhl"]
[13796,-4.47149157566173,"Emx1",null,387158,-3.80577839841605,"Mir140",null,66451,-4.30965554699092,"2610528J11Rik"]
[30054,-4.46880368479661,"Rnf17",null,11906,-3.80435178809567,"Zfhx3",null,320802,-4.29921679297803,"Ifitm10"]
[78056,-4.46380031732369,"4930567K20Rik",null,21463,-3.8000048744942,"Tcp11",null,30935,-4.29695332369132,"Tor3a"]
[67138,-4.46354061647164,"Herc6",null,230735,-3.79791747381446,"Epha10",null,14718,-4.29444477731038,"Got1"]
[21679,-4.46317936292739,"Tead4",null,13489,-3.79751477572021,"Drd2",null,225865,-4.29421642098035,"Catsper1"]
[109332,-4.45974345785596,"Cdcp1",null,21802,-3.79640526317224,"Tgfa",null,11554,-4.29321717891901,"Adrb1"]
[100504267,-4.45919159468471,"Trp53cor1",null,108037,-3.79618518285184,"Shmt2",null,100885827,-4.29164877257247,"Mir1231"]
[269615,-4.45627855278985,"Plch2",null,75522,-3.79615019133801,"1700024I08Rik",null,71316,-4.29051929724188,"4933430M04Rik"]
[30938,-4.45542680600838,"Fgd3",null,217980,-3.79502212280448,"Larp4b",null,12837,-4.28736265875505,"Col8a1"]
[70026,-4.45173069881182,"Tspo2",null,77569,-3.79220996289206,"Limch1",null,26423,-4.28727841110694,"Nr5a1"]
[217340,-4.44800322624246,"Rnf157",null,12740,-3.79159596774621,"Cldn4",null,102465563,-4.28372175221436,"Mir6934"]
[65945,-4.44413695183429,"Clstn1",null,19879,-3.79062679071489,"Slc22a8",null,268756,-4.28350205680447,"Gulo"]
[110058,-4.44235493779226,"Syt17",null,105827,-3.79044815782671,"Amigo2",null,14218,-4.28208702602205,"Sh3pxd2a"]
[74136,-4.44069814210548,"Sec14l1",null,382090,-3.78989374018869,"Cep162",null,64085,-4.27853998011849,"Clstn2"]
[15258,-4.43801417163263,"Hipk2",null,18583,-3.78913347069779,"Pde7a",null,242443,-4.27172911489834,"Grin3a"]
[66283,-4.43712549688674,"Gkn1",null,54201,-3.78897119977172,"Zfp316",null,104721,-4.27116910583399,"Ddx1"]
[327747,-4.43468005208321,"Mettl24",null,56430,-3.78810670110353,"Clip1",null,100217466,-4.26802380972169,"Scarna17"]
[110805,-4.43364619685927,"Foxe1",null,11423,-3.78344128640441,"Ache",null,347722,-4.26720896373331,"Agap1"]
[68981,-4.4318526876226,"Snrpa1",null,21807,-3.78097253929718,"Tsc22d1",null,56700,-4.26252727636983,"Glmp"]
[384814,-4.42550459183745,"Gm5347",null,381359,-3.77965854099667,"Prdm12",null,193280,-4.26232480882735,"C030037D09Rik"]
[107746,-4.4244090174017,"Rapgef1",null,52521,-3.77620473242808,"Zfp622",null,380669,-4.26210190708708,"Lin28b"]
[242341,-4.42192228706795,"Atp6v0d2",null,16998,-3.77578154362525,"Ltbp3",null,23972,-4.25995366936753,"Papss2"]
[14726,-4.42115500889488,"Pdpn",null,140570,-3.77562771597148,"Plxnb2",null,16582,-4.25953643113495,"Kifc3"]
[30794,-4.41898018930877,"Pdlim4",null,100041694,-3.77428870311753,"Gm10451",null,73072,-4.2591407250189,"Prr36"]
[58200,-4.41630890392248,"Ppp1r1a",null,69311,-3.7718205440978,"1700008K24Rik",null,12702,-4.25050799158326,"Socs3"]
[213417,-4.41407429532389,"Klhdc8a",null,13211,-3.77100402246864,"Dhx9",null,73754,-4.24541384542624,"Thap1"]
[116733,-4.41400719444693,"Vps4a",null,19700,-3.77090683694009,"Rem1",null,102465629,-4.24288577047809,"Mir7039"]
[15567,-4.41309695099614,"Slc6a4",null,20908,-3.76661865220829,"Stx3",null,57783,-4.23384913041254,"Tnip1"]
[228026,-4.40923961951323,"Pdk1",null,71751,-3.75792624749482,"Map3k13",null,66412,-4.23036397284503,"Arrdc4"]
[171531,-4.40504175162168,"Mlph",null,57810,-3.75743875747219,"Cdon",null,100038555,-4.22417813095442,"Gm10578"]
[240725,-4.40098013660146,"Sulf1",null,230603,-3.75456245118631,"Ttc39a",null,208936,-4.21985591960412,"Adamts18"]
[12583,-4.40082942667836,"Cdo1",null,13435,-3.75344342957984,"Dnmt3a",null,338365,-4.2190713577955,"Slc41a2"]
[100312471,-4.40077970541752,"Vmn1r3",null,72193,-3.74897222067851,"Scaf11",null,22423,-4.21817639347111,"Wnt8b"]
[269593,-4.39942565401015,"Luzp1",null,66991,-3.74727336963723,"Khdc3",null,20446,-4.21657901170693,"St6galnac2"]
[75462,-4.3992456991765,"1700001C19Rik",null,66766,-3.7446605688108,"Tmem239",null,78170,-4.2150687314922,"4930486F22Rik"]
[15901,-4.39897788170021,"Id1",null,108911,-3.74395961979943,"Rcc2",null,434215,-4.21409737433155,"Lrrc32"]
[218461,-4.39881464842952,"Pde8b",null,654432,-3.741318952302,"Gm7334",null,76829,-4.21319551372678,"Dok5"]
[12575,-4.39762618372244,"Cdkn1a",null,100188919,-3.73805678231448,"Israa",null,223701,-4.21084017489044,"Mkl1"]
[107260,-4.39688202334035,"Otub1",null,56347,-3.73671185234858,"Eif3c",null,110279,-4.20906595770922,"Bcr"]
[212190,-4.39655292482037,"Ubxn10",null,433416,-3.73471535537809,"Gm13547",null,105827746,-4.20861373486247,"Gm11729"]
[104010,-4.39653624580437,"Cdh22",null,70829,-3.73130455542863,"Ccdc93",null,78048,-4.20609489297093,"4930571O06Rik"]
[240411,-4.39512103689149,"Loxhd1",null,26427,-3.72941964580992,"Creb3l1",null,238317,-4.2045221576289,"Elmsan1"]
[192170,-4.38881185238944,"Eif4a3",null,382075,-3.72554677057843,"Odf3l1",null,242735,-4.20369608097867,"Lrrc38"]
[11835,-4.3872547868812,"Ar",null,68813,-3.72103070631786,"Dock5",null,269831,-4.20284732926971,"Tspan12"]
[69409,-4.38679818032589,"1700021N21Rik",null,674895,-3.72027162750466,"Nek10",null,110948,-4.2023958754957,"Hlcs"]
[18439,-4.38574037759521,"P2rx7",null,192170,-3.72012535118022,"Eif4a3",null,320360,-4.20222246461103,"Ric3"]
[74090,-4.38051039446731,"Paqr5",null,108970,-3.72000544287871,"4930519F24Rik",null,71947,-4.20108376852423,"Tmem94"]
[69627,-4.38043936199049,"Fam89a",null,271209,-3.71907943933383,"Rp1l1",null,68626,-4.20090779927369,"Elac2"]
[72055,-4.37900756277532,"Slc38a10",null,76507,-3.71888986606958,"Aoc1",null,56418,-4.19990552194622,"Ykt6"]
[237397,-4.37698300478906,"C2cd4c",null,22409,-3.71886545355419,"Wnt10a",null,66737,-4.19982098770394,"4921534H16Rik"]
[216705,-4.37621502574455,"Clint1",null,240590,-3.7172162478278,"Dmrt3",null,74201,-4.199707725968,"Cep97"]
[15251,-4.37418501132523,"Hif1a",null,50914,-3.71533313914324,"Olig1",null,320563,-4.1944206236258,"Islr2"]
[15110,-4.3740803023724,"Hand1",null,16579,-3.71508174506679,"Kifap3",null,75927,-4.19282996755431,"Pitpnm2os1"]
[215929,-4.37114220359565,"Mfsd4b1",null,11668,-3.71428046376309,"Aldh1a1",null,387201,-4.18865722914935,"Mir205"]
[192119,-4.3710200198132,"Dicer1",null,68859,-3.71300357625504,"Smim1",null,12660,-4.18436370305972,"Chka"]
[665113,-4.36872421427524,"Tnik",null,54396,-3.71276788529165,"Irgm2",null,13664,-4.18272666349353,"Eif1a"]
[100628570,-4.36818524690039,"Mir3965",null,80283,-3.71026994049958,"Abtb1",null,56363,-4.18171705483571,"Tmeff2"]
[320638,-4.36742081902033,"A730006G06Rik",null,100316773,-3.70553814082947,"Mir1893",null,16886,-4.17838960051079,"Limk2"]
[70538,-4.36236714613729,"5730435O14Rik",null,675325,-3.70187735780311,"2410017I17Rik",null,13998,-4.17366770063363,"Fgd6"]
[100217450,-4.36207709658331,"Snora47",null,269702,-3.70099937420159,"Mphosph9",null,13172,-4.16978013549276,"Dbx1"]
[277343,-4.36045630237729,"Wfdc8",null,15107,-3.70028115380453,"Hadh",null,142688,-4.169525242229,"Asb13"]
[67883,-4.35750474076755,"Uxs1",null,76483,-3.69924463269182,"Lmf1",null,66967,-4.16612247542893,"Edem3"]
[81879,-4.35684252414191,"Tfcp2l1",null,22763,-3.69896744311132,"Zfr",null,328287,-4.16551827158801,"Gm20554"]
[622037,-4.35557336537109,"B930092H01Rik",null,245666,-3.69855242742052,"Iqsec2",null,100504202,-4.16447166823323,"Gm20110"]
[66263,-4.35291825649307,"1810014B01Rik",null,74778,-3.69780808688674,"Rrp7a",null,73693,-4.16436892249804,"Dppa4"]
[108079,-4.34984072680598,"Prkaa2",null,17195,-3.69726997829994,"Mbl2",null,641340,-4.16173210838173,"Nrbf2"]
[93686,-4.34953124703772,"Rbfox2",null,229279,-3.69665145176643,"Hnrnpa3",null,545276,-4.16119340264414,"Gal3st3"]
[69068,-4.34905541631773,"1810011O10Rik",null,68308,-3.6953410519166,"4933406F09Rik",null,14613,-4.1586750886425,"Gja5"]
[56533,-4.34688080379898,"Rgs17",null,12841,-3.69270691844098,"Col9a3",null,14745,-4.15730007646936,"Lpar1"]
[30051,-4.34666516152634,"Spdef",null,16440,-3.69200986621599,"Itpr3",null,53623,-4.1545227917328,"Gria3"]
[66313,-4.34523309304727,"Smurf2",null,75341,-3.69140846408994,"4930564C03Rik",null,239827,-4.15342649311685,"Pigz"]
[22026,-4.34246877535309,"Nr2c2",null,13732,-3.68806051159854,"Emp3",null,73470,-4.15315758464124,"Kif2b"]
[230145,-4.33946098364127,"Galnt12",null,30951,-3.68695339892725,"Cbx8",null,71602,-4.1488248522329,"Myo1e"]
[74201,-4.33646504520944,"Cep97",null,21429,-3.68570547250396,"Ubtf",null,68346,-4.14572947666891,"Sirt5"]
[270096,-4.32069832498027,"Mon1b",null,414801,-3.68272774082515,"Itprip",null,68338,-4.14565277785586,"Golt1a"]
[237880,-4.31841516081609,"1700071K01Rik",null,54394,-3.68190943503309,"Crlf3",null,104692,-4.14545133231387,"Gm12108"]
[402773,-4.31521127423,"D030018L15Rik",null,70345,-3.68025609437043,"0610038B21Rik",null,102465896,-4.14418738918731,"Mir8106"]
[170732,-4.30909604484287,"Trhr2",null,75793,-3.67912907442573,"4933432K03Rik",null,102465171,-4.14273755801378,"Mir6336"]
[75761,-4.30829105276536,"Apol7a",null,100043902,-3.67909655930187,"Six3os1",null,56643,-4.14198007395139,"Slc15a1"]
[19051,-4.30474402805753,"Ppp1r17",null,239530,-3.67896503920957,"Gpr20",null,19244,-4.13989941595034,"Ptp4a2"]
[68431,-4.29903971980563,"Fbxl15",null,21825,-3.67858903884285,"Thbs1",null,17130,-4.13748955130135,"Smad6"]
[18553,-4.29814191324128,"Pcsk6",null,21418,-3.67551351079492,"Tfap2a",null,74016,-4.13625148304986,"Phf19"]
[319530,-4.29740423871488,"Zfp750",null,70433,-3.66904731294776,"Draxin",null,22295,-4.13411165818682,"Cdh23"]
[94214,-4.29507371814054,"Spock2",null,74061,-3.66719037330535,"4933404K08Rik",null,434689,-4.13409499929074,"Gm10220"]
[102465178,-4.29377291692259,"Mir6348",null,78482,-3.66660157760852,"1700123L14Rik",null,320974,-4.12768423090455,"Lrrn4"]
[102414,-4.29318249705799,"Clk3",null,67784,-3.66633242393511,"Plxnd1",null,100503530,-4.12605405010774,"Gm11351"]
[268860,-4.2925829059078,"Abat",null,104798,-3.66621209722579,"E030019B13Rik",null,100316688,-4.12532834065545,"Mir1929"]
[229323,-4.29183850361675,"Gpr171",null,194309,-3.66386081478028,"Vps37d",null,328949,-4.12378136306856,"Mcc"]
[16502,-4.29086871234583,"Kcnc1",null,64706,-3.66182359887614,"Scube1",null,74186,-4.1225780661658,"Ccdc3"]
[71138,-4.29024579749223,"Tmem217",null,14680,-3.66112256520975,"Gnal",null,330951,-4.12123645879156,"Gm16130"]
[268880,-4.28593817997731,"Xxylt1",null,66548,-3.66088552717247,"Adamtsl5",null,71873,-4.1210939516348,"2310003N18Rik"]
[18609,-4.28589314195558,"Pdx1",null,104215,-3.65794987789837,"Rhoq",null,72750,-4.12010612605935,"Fam117b"]
[99470,-4.28536199586179,"Magi3",null,67382,-3.65789443313662,"Brd3",null,83436,-4.11972735648565,"Plekha2"]
[235300,-4.28424330123622,"Tmem136",null,238057,-3.656249626572,"Gdf7",null,104816,-4.11587015604321,"Aspg"]
[14843,-4.28039497075809,"Gsx2",null,231506,-3.65441011816338,"Lin54",null,331011,-4.11299435999319,"E330023G01Rik"]
[104248,-4.28006675503304,"Cabin1",null,12677,-3.65370590074118,"Vsx2",null,232790,-4.11037031415161,"Oscar"]
[74116,-4.2730132965232,"Pi16",null,108812,-3.65299352532908,"Als2cr12",null,69274,-4.10363254950296,"Ctdspl"]
[74218,-4.26753476130674,"1700016H13Rik",null,69170,-3.65068551304183,"1810026B05Rik",null,54710,-4.1027515885857,"Hs3st3b1"]
[20671,-4.26742853496994,"Sox17",null,268656,-3.64747360223403,"Sptlc1",null,102465196,-4.10215719940992,"Mir6376"]
[12386,-4.26616490504234,"Ctnna2",null,223693,-3.64394893810387,"Tmem184b",null,70945,-4.10073025140137,"Mmrn1"]
[16777,-4.26488117427358,"Lamb1",null,330427,-3.64352761547779,"9330102E08Rik",null,319713,-4.09754893052903,"Ablim3"]
[212518,-4.2648388511505,"Sprn",null,93742,-3.64333698949462,"Pard3",null,241128,-4.0913211931246,"Fam124b"]
[622124,-4.26481206943075,"Gm20750",null,545260,-3.64207865511075,"Arsi",null,117606,-4.09045652764804,"Boc"]
[16576,-4.26365603654731,"Kif7",null,73852,-3.64203682125899,"D3Ertd751e",null,102465573,-4.09006031902967,"Mir6950"]
[73470,-4.26299536741471,"Kif2b",null,18784,-3.64197542059375,"Pla2g5",null,22026,-4.08831742949904,"Nr2c2"]
[71780,-4.26003825385218,"Isyna1",null,78250,-3.63815174365534,"Iqch",null,269693,-4.08652237167274,"Ccdc60"]
[16500,-4.25673323644952,"Kcnb1",null,14840,-3.63787820644816,"Gsg1",null,102193,-4.08251824954953,"Zdhhc7"]
[268980,-4.25643522249621,"Strn",null,217333,-3.63324596578378,"Trim47",null,75266,-4.08195128508424,"Tomm20l"]
[67513,-4.25614273962258,"Faap20",null,75723,-3.63303612655344,"Amotl1",null,83921,-4.08179845053358,"Tmem2"]
[21859,-4.2530582933419,"Timp3",null,212153,-3.63039377243191,"Ccdc191",null,75245,-4.08173539966645,"4930550C17Rik"]
[78449,-4.25301313166996,"2700046A07Rik",null,16177,-3.62897376754585,"Il1r1",null,12257,-4.08149328955064,"Tspo"]
[11307,-4.25080448600079,"Abcg1",null,22286,-3.62698243836655,"Utf1",null,12520,-4.07774082464452,"Cd81"]
[11602,-4.24997668147574,"Angpt4",null,23882,-3.62659117492056,"Gadd45g",null,64931,-4.07689549343742,"Izumo1r"]
[381359,-4.24620983148942,"Prdm12",null,22682,-3.62624172238547,"Zfand5",null,74453,-4.07613918557883,"Cfap53"]
[67846,-4.2451685347857,"Tmem39a",null,252972,-3.62416885898656,"Tpcn1",null,67025,-4.07424899884893,"Rpl11"]
[227715,-4.24131866281203,"Exosc2",null,20671,-3.62153559141398,"Sox17",null,18602,-4.07378611077986,"Padi4"]
[16324,-4.24041865684028,"Inhbb",null,319586,-3.6199355727256,"Celf5",null,242721,-4.07214830593535,"Klhdc7a"]
[102465204,-4.23933675094455,"Mir6387",null,16776,-3.616618586112,"Lama5",null,723848,-4.0714082266337,"Mir34a"]
[320472,-4.23819142249421,"Ppm1e",null,18616,-3.61657976826893,"Peg3",null,246154,-4.07110070170237,"Vasn"]
[59289,-4.2361960469619,"Ackr2",null,216825,-3.61541929358643,"Usp22",null,12840,-4.07051730178732,"Col9a2"]
[330664,-4.23442845446661,"C230079O03Rik",null,52036,-3.61440502120739,"Ppp6r3",null,100040617,-4.06797210336985,"Gm12603"]
[66943,-4.23318765747596,"Pqlc1",null,100628597,-3.61238809609332,"Mir5128",null,24058,-4.05902100037965,"Sigirr"]
[75234,-4.23086576872749,"Rnf19b",null,80794,-3.60964438171199,"Cblc",null,234624,-4.0567648933667,"A330008L17Rik"]
[277463,-4.23038831258186,"Gpr107",null,54648,-3.60762701910959,"Ccdc120",null,13193,-4.05671827225938,"Dcx"]
[12505,-4.22955398932868,"Cd44",null,320207,-3.60705352310478,"Pik3r5",null,225049,-4.05441812682851,"Ttc7"]
[100038481,-4.22824601782072,"Gm10510",null,21410,-3.60604913599887,"Hnf1b",null,16363,-4.05408085532924,"Irf2"]
[12817,-4.22710302884402,"Col13a1",null,72685,-3.6056645353231,"Dnajc6",null,353156,-4.05337174740713,"Egfl7"]
[215114,-4.22328449567253,"Hip1",null,234582,-3.60157389430461,"Ccdc102a",null,20463,-4.04272270266181,"Cox7a2l"]
[208943,-4.21843247740639,"Myo5c",null,213498,-3.60139990410849,"Arhgef11",null,12457,-4.03964899565327,"Noct"]
[546726,-4.21816267486211,"Cyp26c1",null,435207,-3.59851018762554,"Taar7f",null,78219,-4.03767220331614,"4930568E12Rik"]
[21912,-4.21773718163931,"Tspan7",null,19365,-3.59839598969648,"Rad52",null,66373,-4.03405184899157,"Lsm5"]
[546519,-4.21298099908594,"Tmem235",null,18218,-3.59791751057457,"Dusp8",null,319263,-4.03205095856195,"Pcmtd1"]
[230603,-4.21293471356153,"Ttc39a",null,14229,-3.59575167507894,"Fkbp5",null,223753,-4.03060335501972,"Cerk"]
[67703,-4.21077210749061,"Kirrel3",null,59289,-3.59535600830528,"Ackr2",null,68344,-4.02902831557483,"Tmem174"]
[384569,-4.21034325442722,"Nova2",null,78473,-3.59439377395995,"Skap1",null,257632,-4.02887338567373,"Nod2"]
[52055,-4.20912370111318,"Rab11fip5",null,104797311,-3.59229955797814,"Gm38671",null,100526468,-4.02840459700705,"Mir3063"]
[21425,-4.20837560609805,"Tfeb",null,13385,-3.59096647063077,"Dlg4",null,20271,-4.02728297066631,"Scn5a"]
[56392,-4.20808570547758,"Shoc2",null,238317,-3.59043483017051,"Elmsan1",null,80906,-4.02499978765318,"Kcnip2"]
[20290,-4.20715479501375,"Ccl1",null,277360,-3.58995341733937,"Prex1",null,70001,-4.01963779997901,"1700028B04Rik"]
[67775,-4.20681155473471,"Rtp4",null,97130,-3.58993888039182,"C77080",null,17388,-4.00210915198031,"Mmp15"]
[102466795,-4.2060613578959,"Mir7049",null,60504,-3.58965204641921,"Il21r",null,59310,-4.0018388473612,"Myl10"]
[23948,-4.20430735365324,"Mmp17",null,110006,-3.58718452238191,"Gusb",null,213550,-3.99703549518305,"Dis3l"]
[229877,-4.20356811817029,"Rap1gds1",null,67948,-3.5869432167769,"Fbxo28",null,329540,-3.99497734770417,"Nol4l"]
[215446,-4.20010624625989,"Entpd3",null,16841,-3.58663009921467,"Lect2",null,19303,-3.99483603617525,"Pxn"]
[320508,-4.19925354307875,"Cachd1",null,212070,-3.58555184766116,"Clrn3",null,69806,-3.99348743174936,"Slc39a11"]
[241324,-4.19805779732062,"Crb2",null,72693,-3.58371269291398,"Zcchc12",null,15192,-3.99273500616384,"Hdgfl1"]
[19879,-4.19329253544385,"Slc22a8",null,19084,-3.58177860375012,"Prkar1a",null,74561,-3.99188643636594,"Nkx6-3"]
[68311,-4.1920860927995,"Lypd2",null,56040,-3.58160302195747,"Rplp1",null,100169878,-3.99181439002862,"Gm10941"]
[237403,-4.19172963414413,"Lingo3",null,227715,-3.58001544495742,"Exosc2",null,14768,-3.98636051135084,"Lancl1"]
[668224,-4.18952616511096,"Gm9054",null,75280,-3.57941258738326,"4930554G24Rik",null,13728,-3.98475613003021,"Mark2"]
[116838,-4.18469571599937,"Rims2",null,69409,-3.57859223727186,"1700021N21Rik",null,72264,-3.98437520336688,"1700029J03Rik"]
[545180,-4.18468228371909,"Gm21859",null,383787,-3.57577423338639,"Ankrd63",null,74693,-3.98053845044727,"4930509J09Rik"]
[102466158,-4.18266482403931,"Mir6408",null,74100,-3.57553359300498,"Arpp21",null,71281,-3.98052189197534,"Apobec4"]
[11636,-4.18035593004736,"Ak1",null,30923,-3.57509520157559,"Foxe3",null,436062,-3.98028131683022,"Fam92b"]
[11496,-4.17744660585798,"Adam22",null,52815,-3.57229786388555,"Ldhd",null,269615,-3.97971446221015,"Plch2"]
[13162,-4.17603333123478,"Slc6a3",null,54189,-3.57201013743666,"Rabep1",null,224792,-3.97802342106867,"Adgrf5"]
[68799,-4.17487536730558,"Rgmb",null,57915,-3.5713057000446,"Tbc1d1",null,103505,-3.97653872321054,"BB019430"]
[16516,-4.17441055774563,"Kcnj15",null,13992,-3.57017144848226,"Khdrbs3",null,56183,-3.97509300334368,"Nmu"]
[109359,-4.17296463035633,"Fam175b",null,75462,-3.56970002318687,"1700001C19Rik",null,28078,-3.96984283371463,"Prl5a1"]
[107527,-4.17292284706959,"Il1rl2",null,223827,-3.5687340113917,"Gxylt1",null,320116,-3.96928174023563,"Fndc9"]
[723889,-4.17252666900376,"Mir378a",null,19341,-3.56865933941307,"Rab4a",null,73390,-3.96715581959016,"Msl3l2"]
[16680,-4.17110059947387,"Krt84",null,76900,-3.56855927278473,"Ssbp4",null,11695,-3.96625339773452,"Alx4"]
[235283,-4.16823314266715,"Gramd1b",null,107448,-3.5674811857608,"Unc5a",null,77673,-3.9614335509062,"Defb41"]
[18602,-4.16740392288632,"Padi4",null,619665,-3.5584771364538,"Klf14",null,102466627,-3.96127943720538,"Mir6335"]
[66766,-4.16472783101567,"Tmem239",null,24087,-3.55615359697999,"Tll2",null,66190,-3.96033815343388,"Acer3"]
[723818,-4.16417334479127,"Mir135b",null,56369,-3.55583860566836,"Apip",null,17285,-3.96009842766878,"Meox1"]
[75878,-4.1640394735977,"4930579P08Rik",null,60611,-3.55513931067802,"Foxj2",null,71760,-3.95761579797032,"Etnppl"]
[22286,-4.16376245582507,"Utf1",null,320267,-3.55477182126039,"Fubp3",null,110253,-3.95758611604363,"Triobp"]
[74589,-4.16160393226784,"Kbtbd12",null,77166,-3.55446168011435,"8030423J24Rik",null,17762,-3.95503043840306,"Mapt"]
[18503,-4.16156267872581,"Pax1",null,15258,-3.54930619718721,"Hipk2",null,72981,-3.95432330610063,"Thap12"]
[15114,-4.16044954711201,"Hap1",null,242594,-3.54914030260186,"1700024P16Rik",null,72669,-3.94981259780073,"2810032G03Rik"]
[12739,-4.15800773475794,"Cldn3",null,11694,-3.54771186378701,"Alx3",null,71670,-3.94710872727017,"Acy3"]
[17702,-4.15529516628132,"Msx2",null,14402,-3.54620097525493,"Gabrb3",null,53869,-3.94573471067832,"Rab11a"]
[629147,-4.15462072895624,"Ctxn3",null,17775,-3.5450927912245,"Laptm4a",null,171212,-3.94417830858385,"Galnt10"]
[83436,-4.15410308287973,"Plekha2",null,100885844,-3.54454420386477,"Mir5709",null,381122,-3.94408912204642,"Capn13"]
[16998,-4.15138285671911,"Ltbp3",null,15368,-3.54231912165401,"Hmox1",null,230824,-3.94103236878435,"Grhl3"]
[170738,-4.14905742516111,"Kcnh7",null,228071,-3.54025139137306,"Sestd1",null,69986,-3.94075932114895,"1700025N23Rik"]
[104215,-4.14905347687008,"Rhoq",null,74429,-3.53994545384732,"4930478P22Rik",null,93737,-3.93864322955452,"Pard6g"]
[619665,-4.14847423182864,"Klf14",null,73047,-3.53716344013606,"Camk2n2",null,26941,-3.93817677744914,"Slc9a3r1"]
[21943,-4.14829105877585,"Tnfsf11",null,338362,-3.53487297822033,"Ust",null,73283,-3.93695851069885,"1700036G14Rik"]
[100504114,-4.14296582663842,"Gm16907",null,665306,-3.53447439446543,"3930402G23Rik",null,16400,-3.93568192137665,"Itga3"]
[100188919,-4.14145704400589,"Israa",null,19252,-3.53355642682075,"Dusp1",null,14799,-3.93445446373304,"Gria1"]
[57266,-4.14035882539215,"Cxcl14",null,21664,-3.53338198086425,"Phlda1",null,12583,-3.927270537233,"Cdo1"]
[11799,-4.13488542551091,"Birc5",null,635702,-3.53319839779651,"Naaladl2",null,76113,-3.92692038679112,"Lpo"]
[16431,-4.13409051641153,"Itm2a",null,16431,-3.530874313644,"Itm2a",null,18985,-3.92623446812863,"Pou2af1"]
[72692,-4.13043964926713,"Hnrnpll",null,622408,-3.52950484089143,"Mcidas",null,102466795,-3.92253665571574,"Mir7049"]
[12841,-4.12996801000353,"Col9a3",null,212647,-3.52863435945039,"Aldh4a1",null,74747,-3.92198009473253,"Ddit4"]
[109246,-4.12829524452091,"Tspan9",null,218739,-3.52794303170009,"Sntn",null,78892,-3.92097223034628,"Crispld2"]
[102465564,-4.12820390569617,"Mir6935",null,105522,-3.52619953290982,"Ankrd28",null,241627,-3.91845005149248,"Wdr76"]
[67568,-4.11914607667185,"Mrfap1",null,328531,-3.5215906711461,"9330182O14Rik",null,66779,-3.91465540334015,"4933432I09Rik"]
[12677,-4.11839468662794,"Vsx2",null,21367,-3.52034776739244,"Cntn2",null,329387,-3.91382488505542,"C230014O12Rik"]
[106326,-4.1180439711458,"Osbpl11",null,80985,-3.51958580725222,"Trim44",null,76628,-3.91325174767235,"1700112J16Rik"]
[27049,-4.11182109410023,"Etv3",null,56741,-3.51841958140021,"Igdcc4",null,100710,-3.91315541608968,"Pds5b"]
[723848,-4.11181626058581,"Mir34a",null,71584,-3.51727137553248,"Gdpd2",null,67321,-3.91231075064621,"1700044K03Rik"]
[18549,-4.11131353359071,"Pcsk2",null,432602,-3.51720252606361,"Krtap31-2",null,54720,-3.91061058151008,"Rcan1"]
[241589,-4.11060258922047,"D430041D05Rik",null,268373,-3.51363737411228,"Ppia",null,218454,-3.91016886966553,"Lhfpl2"]
[100041347,-4.10827079628414,"Gm11985",null,105239,-3.51269752052613,"Rnf44",null,16538,-3.90240703893581,"Kcns1"]
[21426,-4.10798740443455,"Tfec",null,72293,-3.5119040528222,"Nkd2",null,11640,-3.89821647825518,"Akap1"]
[74303,-4.10742367390637,"1700109K24Rik",null,57246,-3.51142300034944,"Tbx20",null,77433,-3.89734469401168,"Redrum"]
[78473,-4.10432681361972,"Skap1",null,668215,-3.50534982475725,"1500017E21Rik",null,50493,-3.89651978112463,"Txnrd1"]
[13823,-4.10346226302493,"Epb41l3",null,246104,-3.50353972351992,"Rhbdl3",null,171588,-3.89591739806192,"Gm38402"]
[15571,-4.10336236426942,"Elavl3",null,12724,-3.50255749210245,"Clcn2",null,18452,-3.8945798402657,"P4ha2"]
[69311,-4.10181604261072,"1700008K24Rik",null,229877,-3.5023326394472,"Rap1gds1",null,227545,-3.89430426568031,"Proser2"]
[224640,-4.09921953781968,"Lemd2",null,110197,-3.50033915066128,"Dgkg",null,433938,-3.89331634617939,"Mn1"]
[11931,-4.09734391342413,"Atp1b1",null,216643,-3.49879559198361,"Gabrp",null,52696,-3.89000974545783,"Zwint"]
[56347,-4.09484544222983,"Eif3c",null,231134,-3.4984660618661,"Dok7",null,320129,-3.88697690400582,"Grk3"]
[74429,-4.09389991304532,"4930478P22Rik",null,66313,-3.49827304335124,"Smurf2",null,215632,-3.88513302953637,"Psd4"]
[238328,-4.09131490214553,"Vash1",null,56443,-3.49571484537078,"Arpc1a",null,93719,-3.88486318023742,"Ear6"]
[233833,-4.09038392522219,"Tnrc6a",null,20657,-3.49452316538176,"Sod3",null,100039672,-3.88220583763691,"Msmp"]
[381983,-4.08935493096974,"Lmtk3",null,320664,-3.49246836780531,"Cass4",null,102632423,-3.88119072702077,"Gm30498"]
[140703,-4.08864140509689,"Emid1",null,68527,-3.49031841405666,"Ucma",null,241134,-3.88025807620565,"Nyap2"]
[57915,-4.08841783206065,"Tbc1d1",null,215418,-3.49026098293645,"Csrnp1",null,67749,-3.87569503455996,"Mgarp"]
[110208,-4.08621204273476,"Pgd",null,93897,-3.49005358407941,"Fzd10",null,268420,-3.87569278664965,"Alkbh5"]
[11670,-4.0861780109446,"Aldh3a1",null,18143,-3.48987772551179,"Npas2",null,54612,-3.87496617783777,"Sfrp5"]
[12393,-4.0852010161681,"Runx2",null,18209,-3.48968014917193,"Ntn3",null,67932,-3.87286466448732,"1700129C05Rik"]
[73884,-4.08203487223231,"Zdbf2",null,16646,-3.48933804742178,"Kpna1",null,215445,-3.87278771055604,"Rab11fip3"]
[17150,-4.07838278658584,"Mfap2",null,14620,-3.48892382119847,"Gjb3",null,268935,-3.86498964341496,"Scube3"]
[16658,-4.07264744784206,"Mafb",null,78806,-3.48832561042451,"Stpg1",null,67552,-3.86411381106171,"H2afy3"]
[12164,-4.07252788143028,"Bmp8b",null,78172,-3.48439262372127,"4930487D11Rik",null,105447647,-3.86212818320943,"Munc"]
[214931,-4.07135547705141,"Fbxl16",null,72306,-3.48017438233956,"Zfp777",null,330406,-3.8605948957103,"B4galnt3"]
[331623,-4.06921864353255,"Bend3",null,22695,-3.48011392156194,"Zfp36",null,74859,-3.85959740385258,"4930455B14Rik"]
[231252,-4.06888340759641,"Chrna9",null,224419,-3.47658287377355,"Map3k7cl",null,208188,-3.85666559683427,"Ghsr"]
[331374,-4.06771619533014,"Dgkk",null,78541,-3.47342188656347,"Asb8",null,21749,-3.85509811824486,"Terf1"]
[18483,-4.06738598698951,"Palm",null,75234,-3.47243821449936,"Rnf19b",null,52357,-3.85402821651184,"Wwc2"]
[232016,-4.0670343637173,"Ccdc129",null,73139,-3.47099086248173,"Cenpv",null,21786,-3.85326323469612,"Tff3"]
[52463,-4.06424326086203,"Tet1",null,11835,-3.46743603782945,"Ar",null,72313,-3.85252108197074,"Fryl"]
[217835,-4.06378112283611,"Rin3",null,56086,-3.46556705225898,"Set",null,22419,-3.85221327956031,"Wnt5b"]
[68397,-4.05998856219471,"0610039H22Rik",null,210035,-3.46530548507251,"Nemp1",null,624713,-3.85211427931151,"Gm6525"]
[271209,-4.05944131090172,"Rp1l1",null,233871,-3.46467649459177,"Atxn2l",null,18019,-3.85059779012308,"Nfatc2"]
[67895,-4.05868193231986,"Ppa1",null,23834,-3.46405216290169,"Cdc6",null,111173,-3.85019661025082,"Erc1"]
[102634630,-4.05853119241541,"Gm32168",null,242126,-3.46209193275269,"Slc22a15",null,78773,-3.84985920392647,"4930511E03Rik"]
[241134,-4.05775595816462,"Nyap2",null,78408,-3.46162086812114,"Fam131a",null,107895,-3.84917553834425,"Mgat5"]
[73375,-4.05678255397434,"1700057H21Rik",null,66812,-3.46128756105034,"Ppcdc",null,74103,-3.84841424892375,"Nebl"]
[100503961,-4.05621232848915,"Gm19990",null,171388,-3.46047759250954,"Bnipl",null,18386,-3.84797414982289,"Oprd1"]
[13860,-4.05562907225748,"Eps8",null,17242,-3.45779637659612,"Mdk",null,21679,-3.84647506104481,"Tead4"]
[59069,-4.05547155080234,"Tpm3",null,100861794,-3.45642386037431,"Gm21221",null,93670,-3.84491502364593,"Tac4"]
[231148,-4.05466393073468,"Ablim2",null,71545,-3.45553216165212,"9030625G05Rik",null,75295,-3.84467129767962,"4930559C10Rik"]
[100503021,-4.05421324361241,"Gm19510",null,383075,-3.45466430745988,"Enthd1",null,668212,-3.8444904391533,"Efr3b"]
[20518,-4.0521706042938,"Slc22a2",null,12867,-3.4530486761649,"Cox7c",null,17300,-3.84300241835074,"Foxc1"]
[72828,-4.05189462008749,"Ubash3b",null,14168,-3.45253161896624,"Fgf13",null,230125,-3.84250199393755,"Slc25a51"]
[23969,-4.05121561228291,"Pacsin1",null,83997,-3.45229050039701,"Slmap",null,77794,-3.84066022775091,"Adamtsl2"]
[69393,-4.04993546854194,"1700024B18Rik",null,11772,-3.45098623924613,"Ap2a2",null,270096,-3.83981876222531,"Mon1b"]
[23872,-4.04571238601926,"Ets2",null,53324,-3.45070716967789,"Nptx2",null,330721,-3.83850762833674,"Nek5"]
[217715,-4.04481008679036,"Eif2b2",null,67133,-3.45049965647486,"Gp2",null,100526549,-3.83779947857655,"Mir3085"]
[102465209,-4.04437318902682,"Mir6393",null,12840,-3.44771086446594,"Col9a2",null,78019,-3.83684313288836,"4930519K11Rik"]
[328789,-4.04361564541879,"Lhfpl5",null,70223,-3.44739735014067,"Nars",null,74190,-3.83073733434868,"Exoc3l4"]
[71889,-4.04259115176508,"Epn3",null,319482,-3.44633342146744,"9530053A07Rik",null,20514,-3.83051540943704,"Slc1a5"]
[102465760,-4.04088473035747,"Mir7652",null,231769,-3.44581958024213,"Sfswap",null,19935,-3.8290456372087,"Mrpl23"]
[218739,-4.03784083145772,"Sntn",null,78459,-3.44520057051165,"1700057G04Rik",null,67676,-3.82731760649356,"Rpp21"]
[102466797,-4.0377404674723,"Mir7058",null,57912,-3.44359843329611,"Cdc42se1",null,102466797,-3.82551292491571,"Mir7058"]
[16538,-4.03687255766877,"Kcns1",null,100038556,-3.44342896579305,"Gm10445",null,53602,-3.82517818711007,"Hpcal1"]
[66482,-4.03584218555141,"Exoc2",null,258259,-3.44342102498505,"Olfr1338",null,15979,-3.82476926240028,"Ifngr1"]
[56016,-4.03441981396231,"Hebp2",null,380993,-3.44264799548273,"Zfat",null,234595,-3.82455543929897,"Slc38a7"]
[80890,-4.03393591637149,"Trim2",null,12817,-3.44242235451996,"Col13a1",null,21853,-3.8226180319199,"Timeless"]
[14191,-4.02933593079887,"Fgr",null,18563,-3.4420014292863,"Pcx",null,235505,-3.82097289726576,"Cd109"]
[269604,-4.02209665984552,"Gpr157",null,22325,-3.44115649561723,"Vav2",null,102693,-3.81803884600335,"Phldb1"]
[75793,-4.0218068079024,"4933432K03Rik",null,243961,-3.44113739905526,"Shank1",null,17116,-3.81781930876481,"Mab21l1"]
[68736,-4.01918981159228,"Tyw5",null,108832,-3.44005535372183,"Tmem74b",null,71997,-3.81013923294269,"Smg9"]
[74061,-4.01811552147698,"4933404K08Rik",null,54483,-3.43983120758616,"Mefv",null,11835,-3.80978531927768,"Ar"]
[74190,-4.01805345807968,"Exoc3l4",null,225518,-3.4375906120143,"Prdm6",null,69317,-3.80926849825908,"Hmgb4"]
[22682,-4.01693124368708,"Zfand5",null,67741,-3.43645024372841,"4930579F01Rik",null,240058,-3.8091178269424,"Cpne5"]
[210530,-4.01662361023532,"P3h2",null,71819,-3.4361095472606,"Kif23",null,30794,-3.80868994913636,"Pdlim4"]
[244049,-4.01629120671793,"Mctp2",null,71818,-3.43594973345569,"3200001D21Rik",null,58246,-3.80792788621758,"Slc35b4"]
[232680,-4.01467131560033,"Cpa2",null,192119,-3.4352255380313,"Dicer1",null,67622,-3.80614373873943,"Mxra7"]
[76142,-4.01286693642417,"Ppp1r14c",null,20616,-3.43325798508827,"Snap91",null,56419,-3.80597329201816,"Diaph3"]
[19226,-4.01148751793848,"Pth",null,73816,-3.43126449476336,"4930401O10Rik",null,14407,-3.80281321318815,"Gabrg3"]
[223513,-4.01143915548856,"Abra",null,75772,-3.4300970807054,"Pnpla5",null,27205,-3.80207909026156,"Podxl"]
[545667,-4.01014929284808,"Fam159a",null,64337,-3.43003018273351,"Gng13",null,107449,-3.79992111662395,"Unc5b"]
[14756,-4.00990883811119,"Gpld1",null,21812,-3.42800619930115,"Tgfbr1",null,76639,-3.79543707219934,"1700121N20Rik"]
[17765,-4.00886131174587,"Mtf2",null,218214,-3.42702253970298,"Kdm1b",null,21818,-3.79458242074083,"Tgm3"]
[238317,-4.00465717144976,"Elmsan1",null,77015,-3.42451923748348,"Mpped2",null,11352,-3.79238062778201,"Abl2"]
[223723,-4.00451869686972,"Ttll12",null,232386,-3.42426007700584,"Gm38404",null,68631,-3.79223208750832,"Cryl1"]
[76408,-4.00423172026912,"Abcc3",null,329496,-3.42388444196277,"Gm13986",null,69543,-3.79199583966393,"Capns2"]
[73321,-4.002662318362,"1700042O10Rik",null,215090,-3.42247417797187,"Maneal",null,18217,-3.79180099881949,"Ntsr2"]
[66256,-4.00139334448942,"Ssr2",null,791077,-3.41558467045442,"Mir760",null,269473,-3.79099285469265,"Lrig2"]
[74403,-3.99831449889549,"4933400F21Rik",null,231876,-3.41370425060035,"Lmtk2",null,18163,-3.78973702748071,"Ctnnd2"]
[76561,-3.99786900945822,"Snx7",null,100041306,-3.41351496415779,"Gm3264",null,14405,-3.78481822650046,"Gabrg1"]
[213956,-3.9916219943526,"Fam83f",null,214301,-3.41240457320949,"Crygn",null,77799,-3.78293085182374,"Sla2"]
[100503386,-3.99157559891187,"Tpbgl",null,16680,-3.41204094715982,"Krt84",null,547127,-3.78260760518738,"Tmem181b-ps"]
[104795665,-3.98965127835104,"Gm23363",null,109154,-3.41103252413879,"Mlec",null,50914,-3.78225963108108,"Olig1"]
[16886,-3.98804942846558,"Limk2",null,231999,-3.40857852083675,"Plekha8",null,270624,-3.78179384310557,"Spin4"]
[12454,-3.98731068547759,"Ccnk",null,654796,-3.40846137337627,"9530036O11Rik",null,330917,-3.78174239998836,"Gm27162"]
[108075,-3.98715798145037,"Ltbp4",null,237868,-3.40656841283741,"Sarm1",null,387182,-3.78017754530706,"Mir187"]
[20562,-3.98510678815557,"Slit1",null,228355,-3.405077368263,"Madd",null,66425,-3.77875949994884,"Pcp4l1"]
[26897,-3.9850422605745,"Acot1",null,69833,-3.40385754053136,"Polr2f",null,74180,-3.77607236458127,"Muc5b"]
[20481,-3.98424351896455,"Ski",null,71699,-3.40241002960531,"Slc41a3",null,268880,-3.77557438178048,"Xxylt1"]
[545975,-3.97982329655674,"Cers3",null,59047,-3.40215676315305,"Pnkp",null,17427,-3.77478103125348,"Mns1"]
[231134,-3.97427155927048,"Dok7",null,68533,-3.40048171964885,"Mphosph6",null,75155,-3.77236265107074,"4930529K09Rik"]
[226751,-3.97389735269063,"Cdc42bpa",null,23829,-3.39914082540827,"C1ql1",null,68692,-3.77058297726772,"1110028F18Rik"]
[103213,-3.97374631996962,"Traf3ip2",null,12583,-3.39538537971397,"Cdo1",null,19230,-3.7703223766304,"Twf1"]
[68859,-3.97261883504951,"Smim1",null,75788,-3.39528350650364,"Smurf1",null,269181,-3.76988090116826,"Mgat4a"]
[234542,-3.97163344275777,"Rtbdn",null,18969,-3.39440421255867,"Pola2",null,320027,-3.7681797080287,"Fstl4"]
[20239,-3.97108074535333,"Atxn2",null,56722,-3.39405514015226,"Litaf",null,18802,-3.76728670756681,"Plcd4"]
[383075,-3.96905399258464,"Enthd1",null,65103,-3.39256998580431,"Arl6ip6",null,73348,-3.7669071588879,"1700045H11Rik"]
[72902,-3.96826839277441,"Spock3",null,100504026,-3.3916187100695,"Gm16157",null,100504561,-3.76645491221601,"9230112J17Rik"]
[383295,-3.96235840656312,"Ypel5",null,19087,-3.39007636498885,"Prkar2a",null,216749,-3.7655990705217,"Nmur2"]
[19713,-3.96106053478244,"Ret",null,76561,-3.38997765214847,"Snx7",null,78457,-3.76410145313578,"1700054A03Rik"]
[57312,-3.96040633519142,"Mrps31",null,240058,-3.38705655985804,"Cpne5",null,69665,-3.76158098744192,"Upk3bl"]
[13048,-3.957621619654,"Cux2",null,331374,-3.38678721088975,"Dgkk",null,29815,-3.76120247626139,"Bcar3"]
[242707,-3.95723010441425,"Lactbl1",null,217217,-3.3803419583047,"Asb16",null,381260,-3.76088723175568,"Gm973"]
[16439,-3.95684483689638,"Itpr2",null,238405,-3.37746941850088,"Adam6b",null,30060,-3.75679958257405,"Mfi2"]
[100628597,-3.9543077466284,"Mir5128",null,52463,-3.3774476738149,"Tet1",null,18770,-3.7531953794956,"Pklr"]
[70059,-3.94965778847322,"Degs2",null,73567,-3.37476719528675,"Gldnos",null,230235,-3.75191157826737,"Frrs1l"]
[19341,-3.9480884187303,"Rab4a",null,21844,-3.37433034386012,"Tiam1",null,243780,-3.74753685703033,"E330009J07Rik"]
[76071,-3.94670866956485,"Jakmip1",null,239337,-3.37185455204168,"Adamts12",null,226101,-3.74466540865877,"Myof"]
[102466147,-3.94273728578964,"Mir6237",null,268379,-3.37183044313583,"Abca13",null,72371,-3.74166187917943,"2210408I21Rik"]
[100502861,-3.94258071648527,"Ccdc13",null,545047,-3.37164804502123,"Gm5800",null,58243,-3.74035148232197,"Nap1l5"]
[74257,-3.94082305236108,"Tspan17",null,269615,-3.37106809022809,"Plch2",null,18582,-3.73824907276802,"Pde6d"]
[14237,-3.93769041216015,"Foxd4",null,12492,-3.37071196767694,"Scarb2",null,12558,-3.73815693910036,"Cdh2"]
[72293,-3.92943365485802,"Nkd2",null,100316703,-3.3696304571768,"Mir1951",null,12322,-3.73614287782101,"Camk2a"]
[16818,-3.92837421139371,"Lck",null,494546,-3.36851269230739,"Taar8c",null,67305,-3.73379142325907,"Gpx7"]
[72301,-3.92698703598035,"1810041L15Rik",null,20350,-3.36562638942182,"Sema3f",null,327951,-3.73248671902131,"Cyb5d1"]
[54615,-3.92633617130267,"Npff",null,319314,-3.36432566740356,"A930001C03Rik",null,18223,-3.73129648837996,"Numbl"]
[278507,-3.92223386509273,"Wfikkn2",null,16371,-3.36311406696044,"Irx1",null,15371,-3.72920562361906,"Hmx1"]
[102193,-3.9212029761284,"Zdhhc7",null,67932,-3.35995048293794,"1700129C05Rik",null,100038607,-3.72885238382949,"Gm10636"]
[17926,-3.9204110226394,"Myoc",null,12211,-3.35949515475837,"Birc6",null,18606,-3.72777404432818,"Enpp2"]
[74048,-3.92027875821087,"Vsir",null,66350,-3.35711115680316,"Pla2g12a",null,66622,-3.72749721208911,"Ubr7"]
[613262,-3.91909793494362,"BC029722",null,226090,-3.35687916689187,"Ermp1",null,15552,-3.72720021364072,"Htr1d"]
[20360,-3.91700088506838,"Sema6c",null,56753,-3.35684651877899,"Tacstd2",null,239766,-3.72494774349162,"Rtp1"]
[18155,-3.91526844301257,"Pnoc",null,103505,-3.35515714788737,"BB019430",null,74090,-3.72473202672884,"Paqr5"]
[213350,-3.91442250666235,"Pddc1",null,81703,-3.35356601403273,"Jdp2",null,13837,-3.72140107335191,"Epha3"]
[54604,-3.91275272617286,"Pcnx",null,12192,-3.35314836672143,"Zfp36l1",null,100628627,-3.72094558612375,"Mir5110"]
[269389,-3.91218986669386,"Tox2",null,242603,-3.3512303117204,"Cdcp2",null,66437,-3.71690895774715,"Fis1"]
[19141,-3.90837326355813,"Lgmn",null,74482,-3.35063991934906,"Ifitm7",null,210274,-3.71456308679491,"Shank2"]
[14961,-3.90798237693794,"H2-Ab1",null,69453,-3.35050533083592,"Prss56",null,383295,-3.71210624101781,"Ypel5"]
[18386,-3.90698065540877,"Oprd1",null,216795,-3.34876911906313,"Wnt9a",null,71153,-3.71111286029441,"4933417O13Rik"]
[54388,-3.90667048854768,"Hils1",null,12293,-3.34704203533042,"Cacna2d1",null,319951,-3.7094943469384,"A230001M10Rik"]
[75772,-3.9061234089715,"Pnpla5",null,17123,-3.34679297793684,"Madcam1",null,207728,-3.70541356515326,"Pde2a"]
[78541,-3.90534377650365,"Asb8",null,329015,-3.34394639665553,"Atg2a",null,72469,-3.70330548291545,"Plcd3"]
[75552,-3.90523142364569,"Paqr9",null,17928,-3.34382625271916,"Myog",null,114716,-3.699512292927,"Spred2"]
[14297,-3.9031622248935,"Fxn",null,22786,-3.34380225224908,"Zp1",null,230810,-3.69907446089407,"Slc30a2"]
[380768,-3.90273030003594,"Ccdc177",null,102247,-3.34348934884684,"Gpat4",null,216725,-3.69689908865774,"Adamts2"]
[14028,-3.90201955316162,"Evx1",null,77127,-3.34251063058172,"A930001A20Rik",null,56222,-3.69668319163136,"Cited4"]
[272031,-3.89213490260974,"Plppr1",null,16011,-3.33885248503129,"Igfbp5",null,68203,-3.69619307484375,"Diras2"]
[67331,-3.89077735545753,"Atp8b3",null,11614,-3.3383816449688,"Nr0b1",null,102093,-3.68995460861582,"Phkb"]
[217733,-3.89005489521197,"Tmem63c",null,16796,-3.33684738144334,"Lasp1",null,215335,-3.68890473329028,"Slc36a1"]
[18230,-3.88537146300674,"Nxn",null,71138,-3.33626790506557,"Tmem217",null,74942,-3.6868858844392,"4930503O07Rik"]
[102466820,-3.88534668699819,"Mir7226",null,68753,-3.33530812229462,"Mybphl",null,21761,-3.6847562817049,"Morf4l1"]
[69563,-3.88525572464203,"Mrln",null,12843,-3.33514999565515,"Col1a2",null,74667,-3.6845753748329,"4930434J06Rik"]
[67252,-3.88410538275061,"Cap2",null,11852,-3.33260721116145,"Rhob",null,100041347,-3.68448321906128,"Gm11985"]
[330004,-3.8826077153783,"Gm833",null,14191,-3.33202151962046,"Fgr",null,22092,-3.68441954842484,"Rsph1"]
[73877,-3.88185990258101,"4930432J09Rik",null,60510,-3.3310802560639,"Syt9",null,14628,-3.67753644225725,"Ostm1"]
[102632423,-3.8789733790472,"Gm30498",null,74137,-3.33009373948944,"Nuak2",null,385354,-3.67588975143656,"Frmd7"]
[56508,-3.87794171918719,"Rapgef4",null,69710,-3.3290548921667,"Arap1",null,620760,-3.67580102222455,"2900079G21Rik"]
[66174,-3.87456625701077,"Nudt14",null,12873,-3.32869274184006,"Cpa3",null,432591,-3.67268589194269,"Gm11544"]
[545474,-3.87343999084139,"Scrt2",null,327872,-3.3284584411023,"Gm12018",null,12563,-3.67245966992723,"Cdh6"]
[57246,-3.87179603632847,"Tbx20",null,226162,-3.32812358789897,"Dpcd",null,732489,-3.67090326158175,"Mir674"]
[71528,-3.86451981021398,"9030404E10Rik",null,230848,-3.32788457787144,"Zbtb40",null,20787,-3.67059386518858,"Srebf1"]
[668415,-3.86380462707487,"Gm9159",null,244448,-3.32285558455032,"Triml1",null,74918,-3.67047862907655,"Iqca"]
[20692,-3.86138022372132,"Sparc",null,217340,-3.32113385032424,"Rnf157",null,50934,-3.6686861185775,"Slc7a8"]
[14176,-3.86003301404088,"Fgf5",null,257632,-3.31981111325656,"Nod2",null,20660,-3.66860934160952,"Sorl1"]
[66548,-3.85929478156269,"Adamtsl5",null,74868,-3.31927965407861,"Tmem65",null,17702,-3.66829915898987,"Msx2"]
[23834,-3.85733594419723,"Cdc6",null,76980,-3.31861887387857,"Ube2ql1",null,381546,-3.66692764398407,"Ccdc24"]
[13706,-3.85601399181898,"Cela2a",null,102465182,-3.31847102644185,"Mir6355",null,329562,-3.66654518149344,"A530013C23Rik"]
[21952,-3.85577230324548,"Tnni1",null,217593,-3.31739258019639,"Slc25a21",null,50778,-3.66520557342926,"Rgs1"]
[74846,-3.85393208252938,"4930405A21Rik",null,102722,-3.31601108707034,"AV064505",null,12296,-3.66389906206255,"Cacnb2"]
[330953,-3.85258502960616,"Hcn4",null,74649,-3.31586076505429,"Cpa5",null,69393,-3.6618245619292,"1700024B18Rik"]
[68606,-3.85244738264842,"Ppm1f",null,68801,-3.3133372689152,"Elovl5",null,108705,-3.65977930842144,"Pttg1ip"]
[268345,-3.85229937064824,"Kcnc2",null,246277,-3.31290799434301,"Csad",null,69071,-3.65726473060056,"Tmem97"]
[12142,-3.85069290824637,"Prdm1",null,21781,-3.30546364585759,"Tfdp1",null,52588,-3.65458205204426,"Tspan14"]
[242726,-3.85045049469295,"Padi6",null,12921,-3.30321169298762,"Crhr1",null,71528,-3.65338452156029,"9030404E10Rik"]
[78172,-3.84935872110043,"4930487D11Rik",null,14724,-3.30138966103809,"Gp1bb",null,19042,-3.65290849736485,"Ppm1a"]
[12741,-3.84304673808373,"Cldn5",null,242585,-3.30020965338483,"Slc35d1",null,230895,-3.65219060807218,"Vps13d"]
[73452,-3.84279005145697,"1700063O14Rik",null,16161,-3.29892661899821,"Il12rb1",null,18155,-3.65111190801265,"Pnoc"]
[272381,-3.83930174360613,"Lrrc4b",null,73628,-3.29831825724098,"1700125G02Rik",null,20500,-3.64923656744098,"Slc13a2"]
[14049,-3.8365026982319,"Eya2",null,329483,-3.29794519119055,"Gm14015",null,234594,-3.64856771546229,"Cnot1"]
[16401,-3.83476060640738,"Itga4",null,545539,-3.29716338336899,"Gm15417",null,216505,-3.64642811223244,"Pik3ip1"]
[16796,-3.83465242763746,"Lasp1",null,22196,-3.29675250631005,"Ube2i",null,330958,-3.64558471008446,"A730043L09Rik"]
[17427,-3.83334542240471,"Mns1",null,73951,-3.29664167840147,"4930413G21Rik",null,63857,-3.64378907549942,"Bco1"]
[16820,-3.83105872341006,"Lcn3",null,751548,-3.2954136367079,"Mir713",null,219150,-3.64137725163369,"Hmbox1"]
[18242,-3.83095105104372,"Oat",null,100217450,-3.29496957175789,"Snora47",null,68205,-3.64045135983589,"Urm1"]
[66333,-3.83051126790439,"Aqp11",null,18627,-3.29346826958078,"Per2",null,17314,-3.63742675603729,"Mgmt"]
[67009,-3.82988773500352,"Ttc23",null,21748,-3.29305402982221,"Terc",null,20602,-3.63693350584174,"Ncor2"]
[433426,-3.82726565851756,"Gm13490",null,258837,-3.29214224953751,"Olfr545",null,77577,-3.63637394035259,"Spns3"]
[70918,-3.82485656681949,"Nsun7",null,108655,-3.29210908104147,"Foxp1",null,114774,-3.63479479653619,"Pawr"]
[102465781,-3.82192975171463,"Mir7680",null,99662,-3.29107938467082,"Eps8l3",null,70026,-3.63183400513421,"Tspo2"]
[72587,-3.82150050798293,"Pan3",null,19276,-3.29067209031257,"Ptprn2",null,76539,-3.63173798941265,"Fam204a"]
[18159,-3.81753021945642,"Nppc",null,69380,-3.28795847708624,"1700013G24Rik",null,192119,-3.63162313160261,"Dicer1"]
[320683,-3.81707441498313,"Zfp629",null,69836,-3.28520255395973,"Pla2g12b",null,17681,-3.6305281712755,"Msc"]
[20476,-3.81595472306844,"Six6",null,19035,-3.28519560255655,"Ppib",null,105450,-3.63006543173235,"Mmrn2"]
[102466676,-3.81315609968366,"Mir6538",null,225187,-3.28274626268357,"Ankrd29",null,11891,-3.62856529263042,"Rab27a"]
[59033,-3.81217594255683,"Slc4a8",null,80906,-3.28136728285709,"Kcnip2",null,226866,-3.62826461599757,"Sbspon"]
[14461,-3.81071433788968,"Gata2",null,73523,-3.28078362450463,"Pebp4",null,50868,-3.62726516042607,"Keap1"]
[21823,-3.81014860874676,"Th",null,69638,-3.28076976471067,"Enho",null,319604,-3.62564744836713,"Fam168a"]
[67678,-3.80946153367918,"Lsm3",null,21371,-3.27808026854419,"Tbca",null,723874,-3.62456091965127,"Mir483"]
[329483,-3.80942162369389,"Gm14015",null,225289,-3.27478897204926,"AW554918",null,20024,-3.62159628154447,"Sub1"]
[16832,-3.80800297339201,"Ldhb",null,74136,-3.27068809309381,"Sec14l1",null,76459,-3.62041666380027,"Car12"]
[21907,-3.80671001417966,"Nr2e1",null,22337,-3.26968945719103,"Vdr",null,22339,-3.62018654519804,"Vegfa"]
[381217,-3.80647734273952,"Fam189a2",null,76701,-3.2696507812106,"Ctrc",null,140493,-3.62003161671217,"Kcnn3"]
[432589,-3.80311360239157,"Gm11541",null,72061,-3.26850524517804,"2010111I01Rik",null,13070,-3.61773167980994,"Cyp11a1"]
[330222,-3.79944106529683,"Sdk1",null,243911,-3.26670417411623,"Kirrel2",null,212439,-3.61643325901831,"AA986860"]
[73557,-3.79803704444968,"1700096P03Rik",null,74602,-3.26576978037528,"4833428L15Rik",null,229715,-3.61445008127038,"Amigo1"]
[268373,-3.79735053287692,"Ppia",null,74747,-3.26535443089719,"Ddit4",null,75252,-3.61303995113181,"4930555G21Rik"]
[26561,-3.79687785590038,"Mmp23",null,625167,-3.26379163071706,"Gm6559",null,18599,-3.61248490335071,"Padi1"]
[59047,-3.79579553107866,"Pnkp",null,20850,-3.26039738432983,"Stat5a",null,75677,-3.61018647970855,"Cldn22"]
[791076,-3.79496372254175,"Mir763",null,110147,-3.25681995008024,"Ehmt2",null,238011,-3.60914756467402,"Enpp7"]
[433408,-3.79380860817967,"Gm13375",null,102466793,-3.25378723599769,"Mir7043",null,432615,-3.6085527833598,"Gm11733"]
[20401,-3.79354865774606,"Sh3bp1",null,407812,-3.25369790114088,"Zfp941",null,76071,-3.60524348539746,"Jakmip1"]
[207393,-3.79293959796688,"Elfn2",null,76426,-3.25333394798565,"Fam209",null,73463,-3.60500688783014,"Als2cr11"]
[110308,-3.79288045490159,"Krt5",null,68285,-3.25036817189042,"C630043F03Rik",null,69847,-3.60326482269097,"Wnk4"]
[78416,-3.79031035952702,"Rnase6",null,194908,-3.2476702397805,"Pld6",null,74438,-3.60207495862504,"Clvs1"]
[225631,-3.79028703865053,"Onecut2",null,244144,-3.2467582524413,"Usp35",null,13134,-3.60185725750526,"Dach1"]
[56696,-3.78926282503157,"Gpr132",null,100038584,-3.24600174899852,"Gm14812",null,100628599,-3.60178361086577,"Mir5130"]
[77015,-3.78901774313173,"Mpped2",null,75572,-3.2446484954622,"Acyp2",null,68311,-3.60136339043137,"Lypd2"]
[674895,-3.78851793060991,"Nek10",null,77630,-3.24338637687092,"Prdm8",null,100039348,-3.60103917935854,"Gm2176"]
[71279,-3.7874301649931,"Slc29a3",null,107435,-3.24293460216696,"Hat1",null,20617,-3.59946544143799,"Snca"]
[68968,-3.78739146880715,"Cdan1",null,56392,-3.24053544452709,"Shoc2",null,67487,-3.59506516480695,"Dhx40"]
[13636,-3.78677276773301,"Efna1",null,70989,-3.23965205936465,"Jhy",null,217116,-3.59421243102006,"Spata20"]
[11549,-3.78611802005318,"Adra1a",null,269152,-3.23870735924617,"Kif26b",null,96979,-3.5939788127049,"Ptges2"]
[22368,-3.7855870057841,"Trpv2",null,70911,-3.23557593549464,"Phyhipl",null,23794,-3.59175856925251,"Adamts5"]
[102635405,-3.78230839397709,"Gm32755",null,664793,-3.2350699457501,"Zp4-ps",null,13394,-3.59146986376989,"Dlx4"]
[329078,-3.78182514412678,"Emx2os",null,664849,-3.23230483907713,"Gm7367",null,16597,-3.59144212402983,"Klf12"]
[15893,-3.78086200991662,"Ica1",null,77446,-3.22981078161576,"Heg1",null,65113,-3.58559192681029,"Ndfip1"]
[14708,-3.78003983230196,"Gng7",null,260315,-3.22968329547603,"Nav3",null,269997,-3.58510344728352,"Zfp747"]
[12933,-3.77533741499161,"Crmp1",null,20442,-3.22864619763244,"St3gal1",null,17149,-3.58440890783805,"Magoh"]
[22367,-3.77502305715969,"Vrk1",null,100504156,-3.22805651666117,"Fam181a",null,100526470,-3.58370735367595,"Mir3066"]
[74055,-3.77302376681946,"Plce1",null,67498,-3.22802697303211,"Kcnv1",null,100504221,-3.58291565254313,"Efcab8"]
[11928,-3.77245630794735,"Atp1a1",null,66427,-3.22772360872037,"Cyb5b",null,100503019,-3.58186282079148,"Gm16551"]
[277743,-3.77090454133595,"Fam131c",null,20508,-3.22692673025751,"Slc18a3",null,19076,-3.57591261354986,"Prim2"]
[54376,-3.76967788077417,"Cacng3",null,20190,-3.22586802429459,"Ryr1",null,102465178,-3.57529579740316,"Mir6348"]
[69671,-3.76686720031239,"Tmem52",null,26383,-3.22563614025975,"Fto",null,56484,-3.5745676519946,"Foxo3"]
[71090,-3.76675384930451,"4933411G06Rik",null,319772,-3.22547247741753,"C130050O18Rik",null,387170,-3.573080226863,"Mir152"]
[20556,-3.76426460353315,"Slfn2",null,11434,-3.22491676864804,"Acr",null,227715,-3.57193347592008,"Exosc2"]
[102465903,-3.76132209241078,"Mir8117",null,17254,-3.22424236027358,"Slc3a2",null,108760,-3.57041347332308,"Galnt16"]
[75580,-3.75814848474357,"Zbtb4",null,216622,-3.22404786762135,"4931440F15Rik",null,105500046,-3.5703506511669,"Gm30731"]
[11852,-3.75739395887802,"Rhob",null,234542,-3.22383327693414,"Rtbdn",null,217874,-3.57030462444271,"Rd3l"]
[102465896,-3.75690091804056,"Mir8106",null,231659,-3.2230263781625,"Gcn1l1",null,100038623,-3.56715277789899,"Gm10823"]
[71997,-3.75681861288246,"Smg9",null,71522,-3.22200480974637,"Ggt6",null,78073,-3.5657113392583,"6720468P15Rik"]
[75646,-3.75503875418704,"Rai14",null,99371,-3.21816745416709,"Arfgef2",null,15567,-3.56486238477294,"Slc6a4"]
[69239,-3.75177870244387,"Pdzph1",null,382077,-3.2170433429429,"Ccdc33",null,13618,-3.56451076652186,"Ednrb"]
[216850,-3.75012126488899,"Kdm6b",null,67383,-3.21630530907322,"Carnmt1",null,18005,-3.56299817883562,"Nek2"]
[269702,-3.74998789580039,"Mphosph9",null,73358,-3.21609333503137,"1700054M17Rik",null,213783,-3.56281281529359,"Plekhg1"]
[319604,-3.74636645656029,"Fam168a",null,14618,-3.21074903714066,"Gjb1",null,76073,-3.56179812133635,"Pcgf5"]
[546024,-3.74609880311853,"Crxos",null,211666,-3.21073245358241,"Mgst2",null,83964,-3.5596576788403,"Jam3"]
[72003,-3.74551222233477,"Synpr",null,21676,-3.20964218575721,"Tead1",null,320020,-3.55920952385453,"6330415G19Rik"]
[278795,-3.74391982745449,"Lrrc10b",null,66589,-3.2093375091071,"Ube2v1",null,404634,-3.5589806521191,"H2afy2"]
[22428,-3.74217994936933,"Dctn6",null,67070,-3.20617331014502,"Lsm14a",null,14284,-3.55774575066714,"Fosl2"]
[68344,-3.74151025204263,"Tmem174",null,78317,-3.20337061376223,"Ccdc88b",null,20521,-3.55521831519596,"Slc22a12"]
[56753,-3.74150601654328,"Tacstd2",null,20525,-3.2030679208466,"Slc2a1",null,238871,-3.55514828177032,"Pde4d"]
[100526525,-3.74112064626221,"Mir3092",null,14237,-3.20097388335012,"Foxd4",null,102465602,-3.55506932469469,"Mir6996"]
[66190,-3.73834041710093,"Acer3",null,14027,-3.20020556391862,"Evpl",null,100217443,-3.55197514587153,"Snord12"]
[56788,-3.73504506028371,"Scube2",null,209032,-3.19987454276876,"Zc3hav1l",null,237542,-3.5518287358959,"Osbpl8"]
[210463,-3.73452872553534,"Slc22a22",null,23790,-3.19623213338025,"Coro1c",null,67437,-3.55138772230103,"Ssr3"]
[14748,-3.73390565885421,"Gpr3",null,216441,-3.19527468480539,"Slc26a10",null,13640,-3.55126586454456,"Efna5"]
[78500,-3.7331653679656,"1700063D05Rik",null,319818,-3.19491682756653,"A930011G23Rik",null,69591,-3.54805952995839,"Mdrl"]
[74194,-3.73254870894679,"Rnd3",null,73609,-3.19382914355242,"1700125H03Rik",null,54371,-3.54577956356667,"Chst2"]
[20445,-3.73179285760883,"St6galnac1",null,329078,-3.19234010050467,"Emx2os",null,232983,-3.54241905388386,"Cxcl17"]
[11614,-3.73086348924791,"Nr0b1",null,71062,-3.18451954354082,"Tekt3",null,67293,-3.53949346198625,"3110039M20Rik"]
[224648,-3.72394925359513,"Uhrf1bp1",null,13838,-3.18421086978975,"Epha4",null,26877,-3.53855953705419,"B3galt1"]
[236511,-3.72368535902799,"Ago1",null,83560,-3.17989912024601,"Tex14",null,67568,-3.53712292231258,"Mrfap1"]
[269608,-3.71992156224113,"Plekhg5",null,11515,-3.17953408805509,"Adcy9",null,73475,-3.53574080378101,"1700067G17Rik"]
[270624,-3.71984974669439,"Spin4",null,69553,-3.17937673998114,"Fam65c",null,69861,-3.53447517484743,"2010003K11Rik"]
[70599,-3.71958815868077,"Ssfa2",null,80782,-3.1785222286179,"Klrb1b",null,14174,-3.53144587177593,"Fgf3"]
[70082,-3.71849334593162,"Lysmd2",null,22094,-3.17801216691837,"Tshb",null,319991,-3.53106259480194,"Kif6"]
[69156,-3.71779026040002,"Comtd1",null,20288,-3.17706484419752,"Msr1",null,216831,-3.52901731023645,"Arhgap44"]
[54483,-3.71557099243201,"Mefv",null,70082,-3.17663784960695,"Lysmd2",null,16155,-3.52764978307315,"Il10rb"]
[320078,-3.71489818240213,"Olfml2b",null,102465189,-3.17348040479954,"Mir6366",null,68799,-3.52484766207384,"Rgmb"]
[22786,-3.71443433048782,"Zp1",null,13508,-3.17188422836101,"Dscam",null,66528,-3.52323453183564,"Smim5"]
[384452,-3.71434808621002,"Noto",null,102465651,-3.17073847526688,"Mir7074",null,320683,-3.52320960252086,"Zfp629"]
[16728,-3.7125440520867,"L1cam",null,434064,-3.17031246847832,"Gm5577",null,72787,-3.52286490579187,"Ndc1"]
[70884,-3.71236829187119,"Ccdc81",null,18655,-3.16994490681633,"Pgk1",null,19024,-3.52144667960763,"Ppfibp2"]
[108037,-3.71207801864488,"Shmt2",null,52013,-3.16954832384742,"R3hcc1l",null,170736,-3.5200638511352,"Parvb"]
[16449,-3.71029780694147,"Jag1",null,18438,-3.16829856523743,"P2rx4",null,75789,-3.51736132505127,"4930444M15Rik"]
[320020,-3.70920096177197,"6330415G19Rik",null,22166,-3.16805643766289,"Txn1",null,11744,-3.51626720240745,"Anxa11"]
[102632488,-3.70895245726416,"Gm29508",null,108154,-3.16791514758109,"Adamts6",null,56758,-3.51500806810058,"Mbnl1"]
[24087,-3.70750115362748,"Tll2",null,226751,-3.16771798431723,"Cdc42bpa",null,76722,-3.51457725279853,"Ckmt2"]
[216971,-3.70733304090952,"Fam222b",null,14171,-3.16751857171817,"Fgf17",null,74283,-3.5136336559117,"1700085C21Rik"]
[20787,-3.70670399066801,"Srebf1",null,13599,-3.16730818343237,"Ecel1",null,93735,-3.51156729979367,"Wnt16"]
[11889,-3.70657248193905,"Asgr1",null,56321,-3.167225481473,"Aatf",null,232314,-3.50951672462776,"Ppp4r2"]
[210544,-3.70563686089983,"Tbc1d31",null,212518,-3.16645123622781,"Sprn",null,65945,-3.50930651274866,"Clstn1"]
[629678,-3.70508521417337,"Gm6994",null,26945,-3.16607558305293,"Tpsg1",null,381371,-3.50930492493569,"Platr26"]
[319757,-3.70469042853397,"Smo",null,20447,-3.16568821669863,"St6galnac3",null,22412,-3.50699169118346,"Wnt9b"]
[383787,-3.70178060710894,"Ankrd63",null,230872,-3.16567228504777,"Crocc",null,791077,-3.49889129504736,"Mir760"]
[18802,-3.70043319119779,"Plcd4",null,57740,-3.16543818976051,"Stk32c",null,329480,-3.49688386451929,"Wt1os"]
[19041,-3.69843805285444,"Ppl",null,75367,-3.16406569192489,"4930552N02Rik",null,100151693,-3.49502247465097,"Gm10364"]
[67952,-3.69797797065677,"Tomm20",null,14784,-3.16174784933855,"Grb2",null,50501,-3.49428285114631,"Prok2"]
[245827,-3.69635415367645,"Fat2",null,66256,-3.15932412623656,"Ssr2",null,73046,-3.49124675063682,"Glrx5"]
[18426,-3.69626125321205,"Ovol1",null,236539,-3.15828910989866,"Phgdh",null,320460,-3.49079629092826,"Vwc2l"]
[21664,-3.69615423136108,"Phlda1",null,78025,-3.15817793208525,"4930540M03Rik",null,54391,-3.48784138381117,"Rfk"]
[21366,-3.69565238395679,"Slc6a6",null,233571,-3.15675249964865,"P2ry6",null,110382,-3.48771822555863,"C8b"]
[76814,-3.69373260859818,"Scarletltr",null,242687,-3.15493034777742,"Wasf2",null,228413,-3.48768817770235,"Prrg4"]
[16841,-3.69310987603184,"Lect2",null,244958,-3.15469922869476,"Mrap2",null,100141474,-3.48722160888391,"4933428G20Rik"]
[20183,-3.69276477568573,"Rxrg",null,14748,-3.15327963177731,"Gpr3",null,102465700,-3.48675847470317,"Mir7214"]
[74649,-3.69269042319912,"Cpa5",null,102465702,-3.15300431417461,"Mir7219",null,80903,-3.48479744276248,"Fgf16"]
[319626,-3.69229844069636,"9530059O14Rik",null,231834,-3.15155949129596,"Snx8",null,19133,-3.48101962555999,"Prph2"]
[620016,-3.69153637908171,"Gm12669",null,57259,-3.14787600009786,"Tob2",null,228012,-3.48086569187831,"Tlk1"]
[78048,-3.69151397399437,"4930571O06Rik",null,20928,-3.14691096065353,"Abcc9",null,329795,-3.47703751900618,"Tmem67"]
[241919,-3.69143644188743,"Slc7a14",null,70481,-3.14571993753814,"Pnma1",null,319876,-3.47685108166439,"Cobll1"]
[242384,-3.68838240436266,"Lingo2",null,233199,-3.14134324939828,"Mybpc2",null,18755,-3.4767551605046,"Prkch"]
[213527,-3.68714664743775,"Pth2r",null,63958,-3.14073265988161,"Ube4b",null,68875,-3.47590662255858,"Tmcc2"]
[12009,-3.6848361383008,"Cep131",null,22404,-3.13983998216015,"Wiz",null,20671,-3.47512844869927,"Sox17"]
[14063,-3.6826651005763,"F2rl1",null,11548,-3.13484835311828,"Adra1b",null,13191,-3.47455389461014,"Dctn1"]
[50523,-3.68146774343995,"Lats2",null,11302,-3.13278006350439,"Aatk",null,100359413,-3.47435341250535,"AA413626"]
[78459,-3.67838872201648,"1700057G04Rik",null,277154,-3.13270401142176,"Nynrin",null,74256,-3.47351148828167,"Cyld"]
[52033,-3.67407367824345,"Pbk",null,19401,-3.13203942967027,"Rara",null,414758,-3.47208967074901,"Zfp950"]
[77087,-3.67376338090093,"Ankrd11",null,18092,-3.13072830212806,"Nkx2-6",null,76293,-3.47146113616003,"Mfap4"]
[15192,-3.67052548407888,"Hdgfl1",null,74189,-3.12841331727533,"Phactr3",null,50775,-3.46940096071129,"Krtap5-4"]
[19231,-3.66933887004588,"Ptma",null,72097,-3.12770714980756,"2010300C02Rik",null,208846,-3.46938358645965,"Daam1"]
[102466215,-3.66855453877203,"Mir7017",null,216439,-3.12726490859385,"Agap2",null,102465961,-3.46800907357527,"Mir6341"]
[102466819,-3.66505825136623,"Mir7221",null,20356,-3.12448439682745,"Sema5a",null,20743,-3.46652716024547,"Sptbn2"]
[246086,-3.6649385171274,"Onecut3",null,16728,-3.12434026896868,"L1cam",null,319626,-3.4638553203731,"9530059O14Rik"]
[16511,-3.66430754519574,"Kcnh2",null,18420,-3.12344130406512,"Otp",null,74410,-3.46184927470685,"Ttll11"]
[73815,-3.66426617273773,"4930404H11Rik",null,665389,-3.12338822578099,"Gm7616",null,16952,-3.45810529559489,"Anxa1"]
[73624,-3.66407364549624,"1700123O12Rik",null,68270,-3.12192089983583,"Dnaaf1",null,108014,-3.45793480173385,"Srsf9"]
[30942,-3.6640624753271,"Hnf4g",null,13340,-3.11913445599693,"Slc29a2",null,109648,-3.45693980916235,"Npy"]
[330427,-3.66086755195612,"9330102E08Rik",null,270086,-3.11584592121342,"Ogfod1",null,11974,-3.45612656694737,"Atp6v0e"]
[12560,-3.65513412014505,"Cdh3",null,67088,-3.11426489524323,"Cand2",null,242341,-3.4555599411468,"Atp6v0d2"]
[108832,-3.65475995106934,"Tmem74b",null,105787,-3.11384542674999,"Prkaa1",null,225341,-3.45507403192685,"Lims2"]
[218214,-3.65392324384772,"Kdm1b",null,12834,-3.11379522256293,"Col6a2",null,22286,-3.45452960079814,"Utf1"]
[72475,-3.65354527477217,"Ssbp3",null,75942,-3.11228636993107,"4930584F24Rik",null,102465182,-3.45428861776299,"Mir6355"]
[241627,-3.65330062977923,"Wdr76",null,338367,-3.11168826284375,"Myo1d",null,211378,-3.44748621965915,"6720489N17Rik"]
[244152,-3.65148901590743,"Tsku",null,69337,-3.11080753064335,"1700012C14Rik",null,619289,-3.44679583743242,"Rfx8"]
[13383,-3.65116518352215,"Dlg1",null,13821,-3.10835933552938,"Epb41l1",null,18212,-3.4436192706659,"Ntrk2"]
[619312,-3.64800178525413,"G730013B05Rik",null,75349,-3.10788539672274,"4930556J02Rik",null,73921,-3.44197964021666,"Scpep1os"]
[22784,-3.64709808951588,"Slc30a3",null,66506,-3.10558054883172,"Psmg3",null,229801,-3.44035620716937,"Tram1l1"]
[230872,-3.64698514589058,"Crocc",null,75400,-3.10554993644681,"Defb29",null,14388,-3.43992558471856,"Gab1"]
[71819,-3.64399800581309,"Kif23",null,171506,-3.10439720550567,"H1foo",null,73332,-3.43881438169142,"Ccdc30"]
[73914,-3.64206730009499,"Irak3",null,238328,-3.10123301911813,"Vash1",null,432956,-3.43721109557041,"D030024E09Rik"]
[232449,-3.63826550006952,"Dera",null,110350,-3.09718068974269,"Dync2h1",null,328019,-3.43272736224719,"Spata32"]
[54201,-3.63743477931871,"Zfp316",null,271813,-3.09637872750455,"Agbl2",null,74189,-3.43249157792924,"Phactr3"]
[12890,-3.63572219820316,"Cplx2",null,213556,-3.09623652962613,"Plekhh2",null,67727,-3.42946566054356,"Stx17"]
[245527,-3.63570647386941,"Eda2r",null,58875,-3.09621301151897,"Hibadh",null,100503041,-3.42827034298261,"Pdzd7"]
[545622,-3.63502731494252,"Ptpn3",null,76710,-3.09610523510172,"2210406O10Rik",null,17878,-3.42626835068013,"Myf6"]
[53945,-3.63476111532981,"Slc40a1",null,28015,-3.09450637817991,"Polr2m",null,639658,-3.42552854029813,"Gm13807"]
[103466,-3.63374408234813,"Nt5dc3",null,57319,-3.09250930238165,"Smpdl3a",null,21969,-3.42337448581221,"Top1"]
[237891,-3.63334958324037,"Gas2l2",null,382018,-3.0913562866919,"Unc13a",null,73648,-3.42250904817991,"2410012E07Rik"]
[230752,-3.63203237933465,"Eva1b",null,433868,-3.09077543907741,"3110082J24Rik",null,381404,-3.42231133011168,"Pabpc1l"]
[66775,-3.6292395481018,"Hacd4",null,23980,-3.08977220177757,"Pebp1",null,19784,-3.42002547584734,"Rprl2"]
[11630,-3.6289526684586,"Aim1",null,19027,-3.08931356642142,"Sypl",null,399626,-3.41838294838489,"C330024C12Rik"]
[19230,-3.62772381228243,"Twf1",null,446211,-3.0886579008382,"AY702102",null,56449,-3.41745696042576,"Ybx3"]
[66991,-3.62538228322556,"Khdc3",null,18146,-3.08650144554624,"Npdc1",null,12904,-3.41587894745425,"Crabp2"]
[216439,-3.62465145369165,"Agap2",null,12606,-3.08605856211869,"Cebpa",null,29861,-3.41487737863563,"Dpf1"]
[72287,-3.62364283461653,"Plekhf1",null,13866,-3.08587821407747,"Erbb2",null,12291,-3.41427235672972,"Cacna1g"]
[105675,-3.62364191395061,"Ppif",null,68794,-3.08475752119708,"Flnc",null,74485,-3.41131098043015,"Lrrc71"]
[14531,-3.62342051322249,"Gcm1",null,18040,-3.08432837117657,"Nefm",null,544806,-3.40912992734425,"Tmem92"]
[723874,-3.62252567295077,"Mir483",null,19099,-3.08363889117726,"Mapk8ip1",null,245877,-3.40731105015945,"Map7d1"]
[14174,-3.62014159198638,"Fgf3",null,56296,-3.08279963227843,"Dmrtb1",null,20855,-3.40486692657896,"Stc1"]
[100038394,-3.61610675955689,"Gm10512",null,76220,-3.08161474777764,"6530402F18Rik",null,99311,-3.40436482893553,"Commd7"]
[80283,-3.61550953626536,"Abtb1",null,100316833,-3.08121899008071,"Mir1945",null,21683,-3.40416832118127,"Tecta"]
[432602,-3.61497702870974,"Krtap31-2",null,15285,-3.08020286796936,"Mnx1",null,67752,-3.40353084616514,"Ppp1r32"]
[21781,-3.61260743424049,"Tfdp1",null,13446,-3.07682821475166,"Doc2a",null,15000,-3.40327629416328,"H2-DMb2"]
[14236,-3.61138350658007,"Foxn2",null,432591,-3.07616078048025,"Gm11544",null,26903,-3.4001350825051,"Dysf"]
[17136,-3.60986129975847,"Mag",null,12608,-3.07472582659431,"Cebpb",null,30938,-3.39910129955137,"Fgd3"]
[380969,-3.60967158788042,"Nckap5l",null,114893,-3.07429582388618,"Dcun1d1",null,19267,-3.39807099021847,"Ptpre"]
[19888,-3.60705745985663,"Rp1",null,14573,-3.07193096216417,"Gdnf",null,228778,-3.3971489375915,"6820408C15Rik"]
[72309,-3.60272314449493,"Tmem158",null,94222,-3.07147129771612,"Olig3",null,18119,-3.39552930075089,"Nodal"]
[225876,-3.60043275024642,"Kdm2a",null,75894,-3.07089975615238,"Adal",null,11829,-3.39368469857333,"Aqp4"]
[20616,-3.59850336713146,"Snap91",null,269589,-3.07068850620459,"Sytl1",null,107448,-3.3901157624178,"Unc5a"]
[217219,-3.59575247801418,"Fam171a2",null,16512,-3.06961353285316,"Kcnh3",null,226791,-3.38557244725892,"Lyplal1"]
[319934,-3.59295736688467,"Sbf2",null,12981,-3.06842597422751,"Csf2",null,69627,-3.38437372984556,"Fam89a"]
[76429,-3.59294508879564,"Lhpp",null,381085,-3.06821773367889,"Tbc1d22b",null,22334,-3.38328934463668,"Vdac2"]
[21761,-3.59262498835083,"Morf4l1",null,100415916,-3.06807388990708,"Gm15997",null,66775,-3.37991709342072,"Hacd4"]
[140492,-3.58847930958257,"Kcnn2",null,210853,-3.06788233375611,"Zfp947",null,71141,-3.3787326896508,"4933407L21Rik"]
[70423,-3.58833813128506,"Tspan15",null,67513,-3.06772411981075,"Faap20",null,11601,-3.37803895489845,"Angpt2"]
[215436,-3.58781917988342,"Slc35e3",null,628779,-3.06533133939506,"Hs3st4",null,78473,-3.37758894857762,"Skap1"]
[230735,-3.58679197583648,"Epha10",null,109624,-3.0635041164645,"Cald1",null,17259,-3.37748684589129,"Mef2b"]
[102465549,-3.58521959897043,"Mir6910",null,230935,-3.06297507304851,"Dnajc11",null,15530,-3.37536072772791,"Hspg2"]
[102465792,-3.58337576208815,"Mir7689",null,21826,-3.06246774638225,"Thbs2",null,320479,-3.37382576575623,"C330024D21Rik"]
[234199,-3.57967127617327,"Fgl1",null,70882,-3.06115359741882,"Armc3",null,11732,-3.37304258180042,"Ank"]
[71310,-3.57806156324682,"Tbc1d9",null,230909,-3.06104495055064,"Gm572",null,17700,-3.36755288406942,"Mstn"]
[13340,-3.57795253858018,"Slc29a2",null,20085,-3.05989141087097,"Rps19",null,22004,-3.36749618847921,"Tpm2"]
[80794,-3.57676694386679,"Cblc",null,71457,-3.05907988234741,"7420701I03Rik",null,625243,-3.36710699673426,"Gm6567"]
[213326,-3.5751570509555,"Scyl2",null,21461,-3.05868563405121,"Tcp10a",null,11852,-3.36523475026668,"Rhob"]
[110304,-3.57187078154898,"Glra3",null,12300,-3.05815492503175,"Cacng2",null,20388,-3.36486025605893,"Sftpb"]
[56055,-3.5712759738723,"Gtpbp2",null,52468,-3.05800913727948,"Ctdsp2",null,15214,-3.35968698452617,"Hey2"]
[100316710,-3.569813010083,"Mir1963",null,13172,-3.05585962510516,"Dbx1",null,545091,-3.35560094144561,"Gm5803"]
[102465605,-3.56939660538928,"Mir7001",null,319776,-3.05518817912771,"Tmem72",null,76815,-3.35524526169109,"Calcoco2"]
[100316703,-3.56826630248072,"Mir1951",null,29859,-3.05484842544313,"Sult4a1",null,67883,-3.35518700319447,"Uxs1"]
[619945,-3.56715930319992,"Gm6116",null,14371,-3.0545861936837,"Fzd9",null,67692,-3.35502231344842,"1700020N01Rik"]
[269959,-3.56673283360874,"Adamtsl3",null,77626,-3.05367658984612,"Smpd4",null,100302601,-3.35466312706626,"Snord83b"]
[13852,-3.56443908284627,"Stx2",null,17395,-3.05344654496371,"Mmp9",null,269959,-3.35457267199387,"Adamtsl3"]
[19416,-3.5632574577639,"Rasd1",null,101543,-3.05172033541166,"Wtip",null,64213,-3.35146109164686,"St7"]
[622408,-3.5622395394713,"Mcidas",null,21912,-3.05067586839043,"Tspan7",null,26364,-3.34739279331682,"Adgre5"]
[13599,-3.56193647996793,"Ecel1",null,67808,-3.05006037203926,"Tprgl",null,70652,-3.34707366320213,"Tmem144"]
[13797,-3.56076715133488,"Emx2",null,19663,-3.04832902391409,"Rbpms",null,100038479,-3.34617990720063,"Gm10787"]
[241794,-3.55971739974032,"Kcng1",null,239706,-3.04758442708014,"Mettl22",null,77398,-3.34507967883811,"9530014B07Rik"]
[378435,-3.55836655610054,"Mafa",null,12373,-3.04693471056347,"Casq2",null,22032,-3.34392409409821,"Traf4"]
[100271928,-3.55560763214435,"Gm15881",null,14028,-3.04428438157045,"Evx1",null,108015,-3.34376796080298,"Chrnb4"]
[103573,-3.55510871608168,"Xpo1",null,29816,-3.04404774128715,"Hip1r",null,100503595,-3.34336085595205,"Gm13003"]
[17125,-3.55372086924513,"Smad1",null,723951,-3.04282932488694,"Mir124a-3",null,102466629,-3.33931460178316,"Mir6344"]
[338337,-3.54862688487644,"Cog3",null,71161,-3.03776013789928,"Prkag2os1",null,14026,-3.33898443046622,"Evl"]
[22227,-3.54727780959317,"Ucp1",null,16913,-3.03727373196841,"Psmb8",null,20965,-3.33869767105255,"Syn2"]
[21814,-3.54281537365238,"Tgfbr3",null,76432,-3.03559630271885,"2310001H17Rik",null,78043,-3.33843272213351,"4930548J01Rik"]
[68020,-3.54108607179235,"Apopt1",null,69405,-3.03462598565131,"1700019E08Rik",null,102465884,-3.33647271864938,"Mir8091"]
[19700,-3.54046571590182,"Rem1",null,545925,-3.03375191554724,"Psg27",null,68185,-3.33541611710376,"Coa4"]
[226122,-3.53925034319108,"Ubtd1",null,107869,-3.03257950967391,"Cth",null,108909,-3.33305689006491,"Aida"]
[72008,-3.53918076445223,"Zfyve19",null,216965,-3.02881350143495,"Taok1",null,546519,-3.32999991015808,"Tmem235"]
[56543,-3.53869059780165,"Kcnd3",null,382867,-3.02728598031967,"Zfp488",null,93841,-3.32821785751538,"Uchl4"]
[23829,-3.53751882354781,"C1ql1",null,232232,-3.02617863933107,"Hdac11",null,73938,-3.32628139988055,"4930412B13Rik"]
[71790,-3.53650534186801,"Anxa9",null,58229,-3.02592428355324,"Efcc1",null,11690,-3.323956269231,"Alox5ap"]
[353282,-3.5341947059233,"Sfmbt2",null,12023,-3.02399591611933,"Barx2",null,207592,-3.32317816975993,"Tbc1d16"]
[17242,-3.53388437843557,"Mdk",null,50765,-3.02278169312654,"Tfr2",null,18611,-3.32159157801576,"Pea15a"]
[213006,-3.53333560857403,"Mfsd4a",null,381201,-3.02257536518563,"Ap5b1",null,100504594,-3.32137208508536,"A630012P03Rik"]
[319684,-3.53243860138912,"5031425F14Rik",null,218793,-3.02238718556419,"Ube2e2",null,330671,-3.32120459974225,"B4galnt4"]
[83770,-3.53132534748553,"Tas1r2",null,67182,-3.02190111339878,"Pdzk1ip1",null,54216,-3.32063532681826,"Pcdh7"]
[81840,-3.52845931189558,"Sorcs2",null,14257,-3.02123534689674,"Flt4",null,77669,-3.31827531859884,"Arhgef38"]
[109270,-3.52695536571601,"Prr5",null,215789,-3.02032739998419,"Phactr2",null,80384,-3.31799969496717,"Tex21"]
[13839,-3.52585445706602,"Epha5",null,56517,-3.01939821797445,"Slc22a21",null,75128,-3.31780060748368,"4930515B02Rik"]
[228033,-3.52481175891199,"Atp5g3",null,76987,-3.01859371133818,"Hdhd2",null,21387,-3.31770427844837,"Tbx4"]
[20451,-3.52007478993967,"St8sia3",null,102465577,-3.01806720601677,"Mir6956",null,212167,-3.31697582114817,"Gsap"]
[223752,-3.51854645235871,"Gramd4",null,52150,-3.01799172305099,"Kcnk6",null,11435,-3.3160274001444,"Chrna1"]
[20190,-3.51788160136923,"Ryr1",null,94219,-3.01625198744545,"Cnnm2",null,235534,-3.31347057670708,"Pxylp1"]
[72386,-3.51714578058833,"2610035D17Rik",null,330483,-3.0150772732726,"Ceacam16",null,108664,-3.31073557501934,"Atp6v1h"]
[19216,-3.5158620105363,"Ptger1",null,723897,-3.0143937247287,"Mir33",null,217353,-3.31017574567546,"Tmc6"]
[75522,-3.51294604129976,"1700024I08Rik",null,76487,-3.01329684930849,"Ppp1r3g",null,17755,-3.30890347701884,"Map1b"]
[11688,-3.51207825010631,"Alox8",null,14836,-3.01230959762155,"Gsc",null,328258,-3.3087667439414,"Slc25a48"]
[212198,-3.51067680603795,"Wdr25",null,19116,-3.01200154603309,"Prlr",null,55961,-3.3084032900855,"Slc13a1"]
[432956,-3.50926112840105,"D030024E09Rik",null,100740,-3.01153835513766,"AI839979",null,319894,-3.30589220045194,"E330017L17Rik"]
[75517,-3.50919077252798,"Ccdc34os",null,68260,-3.01056224854297,"Trmt12",null,14678,-3.3055938423243,"Gnai2"]
[12374,-3.50771934458296,"Casr",null,20181,-3.00838005771501,"Rxra",null,12389,-3.30518243952464,"Cav1"]
[71946,-3.50754274051825,"Endod1",null,407831,-3.00793491407037,"Tmem204",null,433485,-3.30255106467137,"Syndig1"]
[13046,-3.50692374496723,"Celf1",null,15379,-3.00764192181382,"Onecut1",null,216739,-3.30239611658627,"Acsl6"]
[100861794,-3.50429079581404,"Gm21221",null,69386,-3.00686334733746,"Hist1h4h",null,114664,-3.30222631814484,"Hsd17b11"]
[26427,-3.5008231644724,"Creb3l1",null,73062,-3.00488601570802,"Ppp1r16a",null,66867,-3.29963763305285,"Hmg20a"]
[56040,-3.49589314005682,"Rplp1",null,18609,-3.00482512834706,"Pdx1",null,20353,-3.29896107689465,"Sema4c"]
[21802,-3.49426208413589,"Tgfa",null,545136,-3.0041685550644,"Fam186b",null,77920,-3.29838184254593,"A330102I10Rik"]
[246313,-3.49284622178588,"Prokr2",null,57266,-3.00414845201606,"Cxcl14",null,52512,-3.29752098146934,"D14Ertd670e"]
[242642,-3.49177204365272,"Hpdl",null,100316712,-3.00393723336858,"Mir1966",null,11630,-3.29715227776402,"Aim1"]
[66427,-3.48979365127462,"Cyb5b",null,101202684,-3.00305073139068,"Uchl1os",null,93677,-3.29532242384658,"Lmod2"]
[208795,-3.48894609022847,"Tmem63a",null,12393,-3.001461237628,"Runx2",null,236920,-3.29390477470419,"Stard8"]
[14783,-3.4874023998089,"Grb10",null,21350,-3.00079293292935,"Tal2",null,76703,-3.29329591164395,"Cpb1"]
[17195,-3.48733661496713,"Mbl2",null,56438,-2.9999095106607,"Rbx1",null,72043,-3.29091020157769,"Sulf2"]
[56743,-3.48581950305722,"Lat2",null,78163,-2.99979396368883,"4930459L07Rik",null,76376,-3.28981528460867,"Slc24a2"]
[320172,-3.48183910812055,"E230016M11Rik",null,246086,-2.99963892702768,"Onecut3",null,214804,-3.28818878116718,"Syde2"]
[72599,-3.48105040820466,"Pdia5",null,12962,-2.99945774334052,"Crybb3",null,20650,-3.28643484759806,"Sntb2"]
[16512,-3.48082065093306,"Kcnh3",null,224807,-2.99895272516557,"Tmem63b",null,56347,-3.2863543450599,"Eif3c"]
[382867,-3.48017650841285,"Zfp488",null,17391,-2.99890314676812,"Mmp24",null,14299,-3.28605381784765,"Ncs1"]
[277154,-3.47968056975853,"Nynrin",null,107770,-2.99872265480247,"Tm6sf2",null,353211,-3.28373054006076,"Prune2"]
[223650,-3.47946254810511,"Eppk1",null,319642,-2.99714365832969,"Rab9b",null,108116,-3.28235043586293,"Slco3a1"]
[73567,-3.4786906469746,"Gldnos",null,22339,-2.99706735679484,"Vegfa",null,328789,-3.28207665370202,"Lhfpl5"]
[116904,-3.47597406076775,"Alpk3",null,23830,-2.99686730471195,"Capn10",null,17965,-3.27845895228419,"Nbl1"]
[231125,-3.4733878330126,"Zfyve28",null,19226,-2.9968417934984,"Pth",null,18039,-3.27822188224532,"Nefl"]
[102633214,-3.47107921431851,"Gm12925",null,66922,-2.99651230301123,"Rras2",null,20751,-3.27752289234788,"Spr"]
[104080,-3.46871665193684,"Nxph4",null,75148,-2.99627649379884,"4930545H06Rik",null,74458,-3.27750585322909,"4933425B07Rik"]
[353155,-3.46844516797482,"Gjd3",null,102466849,-2.99545395762558,"Mir7687",null,622167,-3.27601752069361,"Gm12718"]
[83395,-3.46757058223939,"Sp6",null,66365,-2.99483362810568,"Ccdc90b",null,228366,-3.27379013440837,"Large2"]
[69279,-3.46402359995873,"1700001D01Rik",null,118452,-2.99446365998865,"Baalc",null,217864,-3.27377538308763,"Rcor1"]
[20356,-3.4630015697001,"Sema5a",null,70370,-2.99398407107433,"Fbln7",null,15013,-3.27324707311351,"H2-Q2"]
[100503830,-3.46277527511234,"Gm11762",null,67834,-2.99351279474699,"Idh3a",null,75942,-3.27313822153718,"4930584F24Rik"]
[52846,-3.46276295640977,"Cnot11",null,13178,-2.99309160181976,"Dck",null,28135,-3.27306042575692,"Cep63"]
[328019,-3.46233147943641,"Spata32",null,22141,-2.99179850770382,"Tub",null,71247,-3.27211603135357,"4933438B17Rik"]
[12702,-3.45815206791149,"Socs3",null,100504267,-2.99141465295019,"Trp53cor1",null,104082,-3.2703858108804,"Wdr7"]
[270086,-3.45753681834704,"Ogfod1",null,328779,-2.98953871342892,"Hs3st6",null,234857,-3.27021213828147,"Spire2"]
[231583,-3.45312489641543,"Slc26a1",null,21386,-2.98723298192627,"Tbx3",null,27419,-3.26635861494101,"Naglu"]
[71960,-3.45222943015942,"Myh14",null,100316681,-2.98642659216535,"Mir1900",null,76407,-3.26578956509147,"Sun5"]
[66506,-3.45010926398661,"Psmg3",null,320975,-2.98457030524093,"D330050G23Rik",null,104885,-3.2656598474715,"Tmem179"]
[70354,-3.4478620783101,"Secisbp2l",null,22627,-2.98409378387429,"Ywhae",null,67325,-3.25954140968615,"1700034G24Rik"]
[19378,-3.44727633663921,"Aldh1a2",null,63872,-2.98369980171009,"Zfp296",null,621603,-3.25817276298034,"Aldh3b2"]
[105827746,-3.44506519149339,"Gm11729",null,66251,-2.98322882771531,"Arfgap3",null,103768,-3.25130156473739,"Tubg2"]
[56305,-3.44447317052005,"Pitpnb",null,434438,-2.98125733736751,"Ccdc36",null,108115,-3.25106146979782,"Slco4a1"]
[14747,-3.44332865926107,"Cmklr1",null,384214,-2.98080864688306,"Ephx4",null,18798,-3.25050126349589,"Plcb4"]
[269198,-3.44212006192694,"Nbeal1",null,71889,-2.97948566196382,"Epn3",null,78449,-3.24722985599753,"2700046A07Rik"]
[66231,-3.44156228080088,"Thoc7",null,70355,-2.97762815529892,"Gprc5c",null,73624,-3.2453720922536,"1700123O12Rik"]
[75295,-3.44014162347375,"4930559C10Rik",null,238386,-2.97601711955017,"Btbd7",null,360013,-3.24463950704867,"Myo18a"]
[21873,-3.4375695020026,"Tjp2",null,224090,-2.97574232145543,"Tmem44",null,68272,-3.24296527707616,"Rbm28"]
[227541,-3.43742685961141,"Camk1d",null,22784,-2.97507171904372,"Slc30a3",null,76501,-3.23840098318735,"Commd9"]
[432939,-3.43415769480787,"Gm5468",null,18489,-2.97374460032144,"Reg3b",null,106389,-3.23800395420647,"Eaf2"]
[102465208,-3.43123505792941,"Mir6391",null,93672,-2.97102297854517,"Il24",null,72184,-3.23438960011316,"Klhl35"]
[59003,-3.43066912250333,"Maea",null,210274,-2.97088578673749,"Shank2",null,73076,-3.23223949134009,"3100003L05Rik"]
[102466645,-3.42768217877126,"Mir6405",null,277343,-2.96991923074835,"Wfdc8",null,116873,-3.22925622612882,"Stim2"]
[226154,-3.42651096646732,"Lzts2",null,19039,-2.96917736329653,"Lgals3bp",null,59036,-3.229150204085,"Dact1"]
[109305,-3.42627655715549,"Orai1",null,108797,-2.96820725275537,"Mex3b",null,16800,-3.22868280022053,"Arhgef2"]
[11517,-3.42595290662928,"Adcyap1r1",null,21401,-2.96704739096525,"Tcea3",null,320405,-3.22867353765763,"Cadps2"]
[102465763,-3.4249910795307,"Mir7656",null,20290,-2.96676526846675,"Ccl1",null,12479,-3.22808602867442,"Cd1d1"]
[58212,-3.42441213787067,"Srrm3",null,71722,-2.96561402077266,"Cic",null,75517,-3.22462565124699,"Ccdc34os"]
[101513,-3.42410211126781,"Mob2",null,73884,-2.96396397117258,"Zdbf2",null,239436,-3.21493097266229,"Slc30a8"]
[75881,-3.42344898327146,"4930579K19Rik",null,217698,-2.96371275965652,"Acot5",null,225579,-3.21473755690849,"Slc27a6"]
[29871,-3.4227422012696,"Scmh1",null,11481,-2.96312293173085,"Acvr2b",null,73327,-3.21360206514718,"Pradc1"]
[13866,-3.42229686380039,"Erbb2",null,232035,-2.9625889969899,"Ccser1",null,18771,-3.21210690943148,"Pknox1"]
[209446,-3.42218762711438,"Tfe3",null,23969,-2.96242741620388,"Pacsin1",null,67729,-3.20656519105701,"Mansc1"]
[231717,-3.42022300432771,"Fam109a",null,76400,-2.96070405330544,"Pbp2",null,67339,-3.20572691234167,"1700066J03Rik"]
[100038693,-3.41928049411514,"Tmem51os1",null,107528,-2.95981169379548,"Magee1",null,15245,-3.20492829474376,"Hhip"]
[239743,-3.41632495229428,"Klhl6",null,69709,-2.95951243507142,"Ptrhd1",null,629393,-3.20477063102482,"Gm20759"]
[56398,-3.41608567607102,"Chp1",null,18821,-2.95894099864985,"Pln",null,242523,-3.20337918206436,"Dmrta1"]
[74362,-3.41503680113202,"Spag17",null,331461,-2.95657347064311,"Il1rapl1",null,18826,-3.20106883606416,"Lcp1"]
[69900,-3.41386593862971,"Mfsd11",null,100628618,-2.95576042325495,"Mir5106",null,67434,-3.20012705645799,"Ankrd33b"]
[18489,-3.41237074938766,"Reg3b",null,116871,-2.95538457495713,"Mta3",null,13393,-3.19992830325234,"Dlx3"]
[100317,-3.41086297245923,"AU040320",null,18442,-2.95487286649456,"P2ry2",null,239250,-3.19654472651829,"Slitrk6"]
[19771,-3.40913438633852,"Rlbp1",null,100043946,-2.95424502286992,"Gm14635",null,56491,-3.19646548067888,"Vapb"]
[212032,-3.40907971190769,"Hk3",null,52377,-2.95400445379567,"Rcn3",null,70157,-3.19529521378364,"2210409D07Rik"]
[171388,-3.40750688030927,"Bnipl",null,66942,-2.95354093962364,"Ddx18",null,217169,-3.190597991171,"Tns4"]
[73047,-3.40620835210185,"Camk2n2",null,12864,-2.95204403040731,"Cox6c",null,66427,-3.19031493141749,"Cyb5b"]
[54004,-3.40348717005018,"Diaph2",null,19698,-2.95186017458444,"Relb",null,58182,-3.19025719173206,"Prokr1"]
[102465309,-3.40333332204185,"Mir7k",null,56471,-2.9504150710604,"Stmn4",null,102466648,-3.18911409961827,"Mir6417"]
[23966,-3.4020610873862,"Tenm4",null,99686,-2.95005157630316,"AI606473",null,329628,-3.18878456530737,"Fat4"]
[11519,-3.40153752407985,"Add2",null,16494,-2.94946655805627,"Kcna6",null,13197,-3.18809612404747,"Gadd45a"]
[18218,-3.39749303219199,"Dusp8",null,13638,-2.94856654618943,"Efna3",null,72947,-3.18529613697817,"Phykpl"]
[107358,-3.39664642692647,"Tm9sf3",null,14055,-2.9465095529205,"Ezh1",null,21750,-3.18429385048229,"Terf2"]
[229474,-3.39557423632418,"Fhdc1",null,67603,-2.94634807323036,"Dusp6",null,57259,-3.18352035167897,"Tob2"]
[52428,-3.39504059275283,"Rhpn2",null,66618,-2.94624788354146,"Snrnp27",null,107939,-3.18119752371768,"Pom121"]
[333329,-3.39430640542696,"Cngb1",null,70530,-2.9455711657076,"Lrfn2",null,16416,-3.18092537254876,"Itgb3"]
[104797311,-3.39409636202603,"Gm38671",null,667055,-2.94525542846215,"Gm9992",null,68151,-3.18069150139698,"Wls"]
[14105,-3.39356402214433,"Srsf10",null,17765,-2.94470967929278,"Mtf2",null,19126,-3.17823856127327,"Prom1"]
[56086,-3.39045184414983,"Set",null,18293,-2.94462210615798,"Ogdh",null,212307,-3.17813500095092,"Mapre2"]
[626578,-3.38914103618225,"Gbp10",null,75881,-2.94367663858134,"4930579K19Rik",null,71007,-3.17754443940019,"D7Ertd443e"]
[675921,-3.38407977701434,"Tnk2os",null,320981,-2.94335405312208,"Enpp6",null,414125,-3.17627316814388,"F830002L21Rik"]
[14299,-3.38251618246032,"Ncs1",null,244218,-2.94295644159617,"Ctf2",null,268395,-3.17266385445954,"Mpg"]
[109697,-3.38180907544067,"Cpa1",null,18159,-2.94158567216852,"Nppc",null,23964,-3.17160424883832,"Tenm2"]
[18738,-3.38174110037064,"Pitpna",null,242642,-2.9411646618018,"Hpdl",null,212114,-3.16973659304505,"Nhlrc3"]
[19395,-3.38163102885077,"Rasgrp2",null,626578,-2.93734527542369,"Gbp10",null,70924,-3.16925224370125,"4921511C10Rik"]
[19099,-3.38159395264725,"Mapk8ip1",null,268445,-2.93730269167638,"Ankrd13b",null,271887,-3.1657874757976,"Rbbp8nl"]
[170755,-3.38075757283529,"Sgk3",null,16870,-2.93584933361157,"Lhx2",null,54418,-3.16393879702274,"Fmn2"]
[56722,-3.38017257972533,"Litaf",null,27416,-2.93549571218669,"Abcc5",null,18969,-3.16082270667304,"Pola2"]
[75341,-3.37985352772107,"4930564C03Rik",null,384309,-2.93548992922963,"Trim56",null,327766,-3.15809433161404,"Tmem26"]
[100041585,-3.37395623054499,"Amd2",null,71824,-2.93454458104703,"1700006A11Rik",null,52285,-3.15651896572223,"D6Ertd474e"]
[26360,-3.36998172361491,"Angptl2",null,270097,-2.93427714021644,"Vat1l",null,66643,-3.15638326808345,"Lix1"]
[58182,-3.3697486214662,"Prokr1",null,232680,-2.93401661025086,"Cpa2",null,75508,-3.15487766220428,"1700017J07Rik"]
[724062,-3.36927310618748,"Mir101b",null,16521,-2.93304676854225,"Kcnj5",null,67484,-3.15454595460199,"Eepd1"]
[13618,-3.36918843013745,"Ednrb",null,210009,-2.93012295808646,"Mtrr",null,70237,-3.15384574652989,"Bhlhb9"]
[27205,-3.36835923293035,"Podxl",null,433481,-2.92979688471538,"Gm5535",null,52662,-3.15161895020072,"Ldlrad4"]
[78088,-3.36447826087093,"Sowahb",null,100628570,-2.9296244726198,"Mir3965",null,69156,-3.15113233853576,"Comtd1"]
[100316841,-3.3631182797145,"Mir1961",null,72461,-2.92850765729629,"Prcp",null,22169,-3.14989634793702,"Cmpk2"]
[71545,-3.36228566578093,"9030625G05Rik",null,207839,-2.92827759585778,"Galnt6",null,76166,-3.14929317537514,"Rsg1"]
[218215,-3.36217871918817,"Rnf144b",null,56384,-2.9281954155957,"Letm1",null,75404,-3.1491378943589,"Arhgap36"]
[66329,-3.36217258689672,"Susd3",null,59020,-2.92654728890978,"Pdzk1",null,74645,-3.1482881354376,"Fam46c"]
[104798,-3.3606789106851,"E030019B13Rik",null,433485,-2.92622705290777,"Syndig1",null,30838,-3.1471172033838,"Fbxw4"]
[69226,-3.35940308310708,"Snx24",null,217038,-2.92603390435,"Mrm1",null,26432,-3.1464055966689,"Plod2"]
[329628,-3.35775751054968,"Fat4",null,104383,-2.9252239847209,"Rcor2",null,74662,-3.14616156813314,"4930448K20Rik"]
[77127,-3.35726947113348,"A930001A20Rik",null,17174,-2.92518941256721,"Masp1",null,11602,-3.14286450298764,"Angpt4"]
[399674,-3.35677859485583,"Tdpoz3",null,70538,-2.9238812048253,"5730435O14Rik",null,12801,-3.14086369488011,"Cnr1"]
[66278,-3.35440670244616,"Smim20",null,12877,-2.92152163440843,"Cpeb1",null,71349,-3.13710609034388,"5430427M07Rik"]
[70370,-3.35428286966448,"Fbln7",null,269397,-2.92044838700223,"Ss18l1",null,68802,-3.13317887521886,"Mypn"]
[68695,-3.35340812816716,"Hddc3",null,17936,-2.92030014471998,"Nab1",null,74596,-3.13188420992434,"Cds1"]
[78648,-3.35243478801146,"2400006E01Rik",null,245537,-2.91917061687555,"Nlgn3",null,14297,-3.13176607646564,"Fxn"]
[620760,-3.35217248391493,"2900079G21Rik",null,243547,-2.91913019991724,"Grip2",null,320172,-3.13060710245442,"E230016M11Rik"]
[71756,-3.35029456881987,"Cpn2",null,19064,-2.91885034678706,"Ppy",null,65112,-3.13027150016063,"Pmepa1"]
[11489,-3.34981756038407,"Adam12",null,71704,-2.91726456103014,"Arhgef3",null,674895,-3.13002024906421,"Nek10"]
[14042,-3.34938174687625,"Ext1",null,102466768,-2.916786725955,"Mir6933",null,100628570,-3.12920128572279,"Mir3965"]
[68527,-3.34928040231767,"Ucma",null,594843,-2.91674550863463,"Has2os",null,14176,-3.12835149456893,"Fgf5"]
[269181,-3.3490505321803,"Mgat4a",null,223650,-2.91589485780159,"Eppk1",null,20346,-3.12775465782904,"Sema3a"]
[17855,-3.34780993797867,"Mvk",null,240322,-2.91322257487132,"Adamts19",null,622976,-3.12712930232838,"Gm6377"]
[213556,-3.3477651465691,"Plekhh2",null,353155,-2.91319585621475,"Gjd3",null,194292,-3.12623672596037,"Gm5"]
[102693,-3.34701162608274,"Phldb1",null,114874,-2.91309483838477,"Ddhd1",null,72162,-3.12255878061433,"Dhx36"]
[100042150,-3.34354543542787,"Nrg2",null,626596,-2.91167802722988,"Rgs22",null,14064,-3.12127262984272,"F2rl2"]
[319314,-3.34107228769827,"A930001C03Rik",null,11856,-2.91082152888199,"Arhgap6",null,15407,-3.11909683332445,"Hoxb1"]
[29815,-3.3400915102071,"Bcar3",null,67991,-2.91081353595162,"Nacc2",null,619328,-3.11907202102516,"I730028E13Rik"]
[212326,-3.33012881261579,"Fam149a",null,28109,-2.91060712085006,"D10Wsu102e",null,233199,-3.11843251260467,"Mybpc2"]
[109212,-3.32981435233042,"Fam64a",null,100038600,-2.90954175107978,"Gm11529",null,73961,-3.11813724220901,"4930447J18Rik"]
[98363,-3.32970092711273,"Efhd1",null,76167,-2.90831547740559,"Snrnp35",null,329623,-3.11552480714346,"Gm11548"]
[329942,-3.32359135399573,"Csmd2",null,57916,-2.90577523000694,"Tnfrsf13b",null,74947,-3.11382269921503,"Kif4-ps"]
[20892,-3.32275850288759,"Cenpx",null,66531,-2.90548290087106,"Cmc2",null,77777,-3.10895414260773,"Ulbp1"]
[12836,-3.319392480597,"Col7a1",null,11889,-2.90494301365948,"Asgr1",null,18760,-3.10876738931904,"Prkd1"]
[319740,-3.31810269643235,"Zfyve27",null,71718,-2.90429590962918,"Telo2",null,114663,-3.1047972337199,"Impa2"]
[217698,-3.31584026507267,"Acot5",null,109267,-2.90350108961393,"Ssc4d",null,329159,-3.10466075464893,"9130227L01Rik"]
[15019,-3.31340165581202,"H2-Q8",null,13655,-2.90334637548561,"Egr3",null,68040,-3.10166845524603,"Zfp593"]
[16011,-3.31249063862226,"Igfbp5",null,72599,-2.9021683076647,"Pdia5",null,54630,-3.10004794040089,"Prickle3"]
[11878,-3.31205018997399,"Arx",null,100885837,-2.90165331483168,"Mir5624",null,12960,-3.09834506478838,"Crybb1"]
[100504169,-3.31084846420878,"Gm20098",null,73914,-2.90117154136465,"Irak3",null,72008,-3.09698651334448,"Zfyve19"]
[66175,-3.30803132622432,"Mustn1",null,30954,-2.90010710792914,"Siva1",null,74347,-3.095578833294,"Tldc1"]
[100316695,-3.30477036594687,"Mir1943",null,81904,-2.89938739540087,"Cacng7",null,11831,-3.09489738501593,"Aqp6"]
[268480,-3.30460036168461,"Rapgefl1",null,140780,-2.89847167157851,"Bmp2k",null,242773,-3.09200135487711,"Slc45a1"]
[15903,-3.2983232321883,"Id3",null,23880,-2.89798120148383,"Fyb",null,14121,-3.09038676281194,"Fbp1"]
[18438,-3.29635357221686,"P2rx4",null,231125,-2.89735536085639,"Zfyve28",null,51796,-3.08944585995378,"Srrm1"]
[140579,-3.29631445490082,"Elmo2",null,56743,-2.89345885285281,"Lat2",null,320626,-3.08937534373207,"9230105E05Rik"]
[72925,-3.29487262240261,"2018-03-01",null,74197,-2.89255185307869,"Gtf2e1",null,228980,-3.08773318420876,"Taf4"]
[64059,-3.29343559851135,"Oxct2a",null,109305,-2.89205171879923,"Orai1",null,100316686,-3.08720352203309,"Mir1901"]
[11435,-3.29310104174029,"Chrna1",null,69073,-2.89155568887668,"Kdf1",null,320893,-3.08538851001956,"6430562O15Rik"]
[70911,-3.2918110405323,"Phyhipl",null,53357,-2.89056054957105,"Pla2g6",null,12773,-3.08322761476169,"Ccr4"]
[241639,-3.29034291371461,"Fermt1",null,57260,-2.88969141877084,"Ltb4r2",null,213988,-3.08314847547713,"Tnrc6b"]
[73283,-3.28992488317798,"1700036G14Rik",null,18029,-2.88895436979883,"Nfic",null,21810,-3.08240671223076,"Tgfbi"]
[20928,-3.28906074947911,"Abcc9",null,21808,-2.88306114504705,"Tgfb2",null,54367,-3.08077822840782,"Zfp326"]
[12614,-3.28868405981543,"Celsr1",null,98952,-2.88188334567823,"Fam102a",null,100504285,-3.08020561836257,"Abhd12b"]
[18760,-3.2867313705989,"Prkd1",null,11489,-2.8817757692434,"Adam12",null,100628620,-3.07909512988282,"Mir5122"]
[17873,-3.28493094235317,"Gadd45b",null,635169,-2.88074504749229,"CK137956",null,243538,-3.07908726977359,"Cfap100"]
[18209,-3.28487849419706,"Ntn3",null,16508,-2.87984953438973,"Kcnd2",null,432713,-3.07764076625613,"Gm5441"]
[76261,-3.28407756629613,"0610040J01Rik",null,56055,-2.87950280221063,"Gtpbp2",null,18750,-3.07685570579704,"Prkca"]
[14724,-3.28229358060727,"Gp1bb",null,65111,-2.87695071363036,"Dap3",null,723968,-3.07555176920755,"Mir9-3"]
[17069,-3.28110424879919,"Ly6e",null,209966,-2.87648152965608,"Pgbd5",null,74665,-3.07517131892215,"Lrrc48"]
[14172,-3.27857542011797,"Fgf18",null,109263,-2.87605049394748,"Rlf",null,237847,-3.07328550814969,"Rtn4rl1"]
[216393,-3.27680157596888,"D930020B18Rik",null,270201,-2.87603942428455,"Klhl18",null,73748,-3.07195963986748,"Gadl1"]
[21887,-3.2747586558455,"Tle3",null,12827,-2.87568015390658,"Col4a2",null,218442,-3.07047741114222,"Serinc5"]
[231440,-3.27433352369004,"Parm1",null,54376,-2.87503041625063,"Cacng3",null,27414,-3.06778003136815,"Sergef"]
[100503427,-3.27432014996412,"Gm10390",null,93684,-2.87473261735777,"Selenof",null,56399,-3.06748513176403,"Akap8"]
[53870,-3.27431351182282,"Cntn6",null,735279,-2.87271126508429,"Mir490",null,69605,-3.06487263348153,"Lnpk"]
[69134,-3.2724804161414,"Fam25c",null,18624,-2.87163102651959,"Pepd",null,12952,-3.06431591561512,"Cry1"]
[68955,-3.26982130781275,"Srrm4",null,78257,-2.87134873401309,"Lrrc9",null,100503830,-3.06283327234213,"Gm11762"]
[69430,-3.26814653486266,"1700048O20Rik",null,20255,-2.8695772993155,"Scg3",null,30054,-3.05971145045384,"Rnf17"]
[101320,-3.26781083350127,"Dyrk4",null,11821,-2.86892706883726,"Aprt",null,74002,-3.05565055657154,"Psd2"]
[12223,-3.26763256160378,"Btc",null,100038394,-2.86827126524781,"Gm10512",null,105827,-3.0546670080526,"Amigo2"]
[12373,-3.26529527300831,"Casq2",null,12288,-2.86807662486158,"Cacna1c",null,18241,-3.0545480322625,"Gpr143"]
[18996,-3.26265160787343,"Pou4f1",null,110308,-2.86670329111439,"Krt5",null,71062,-3.05383130593513,"Tekt3"]
[233199,-3.26256095595574,"Mybpc2",null,320707,-2.86637456656798,"Atp2b3",null,244418,-3.05243618271554,"Prag1"]
[238271,-3.26225397728613,"Kcnh5",null,94246,-2.86362597202425,"Arid4b",null,66629,-3.05206274063178,"Golph3"]
[269693,-3.26153256808872,"Ccdc60",null,102466645,-2.86295378727906,"Mir6405",null,269424,-3.05187087058797,"Jade1"]
[71355,-3.2612063016755,"Col24a1",null,54445,-2.86198093385635,"Unc93b1",null,98376,-3.05113857786733,"Gorab"]
[723968,-3.26053625170574,"Mir9-3",null,18426,-2.86196973936573,"Ovol1",null,209776,-3.05094300442043,"Gpr139"]
[100038556,-3.25724027829506,"Gm10445",null,240327,-2.86179744832137,"Gm4951",null,69134,-3.05042745238319,"Fam25c"]
[100579137,-3.25682830891709,"Dmrt1i",null,15200,-2.85989299952518,"Hbegf",null,76516,-3.05031395561753,"2010001A14Rik"]
[664849,-3.25572932004859,"Gm7367",null,13636,-2.85911161452361,"Efna1",null,19211,-3.04953837955368,"Pten"]
[51801,-3.25508239750884,"Ramp1",null,81910,-2.85896857511557,"Rrbp1",null,170571,-3.04867388654972,"Cntnap4"]
[71824,-3.25500972373953,"1700006A11Rik",null,235320,-2.85865286411273,"Zbtb16",null,56273,-3.04626243451085,"Pex14"]
[13644,-3.2546025700816,"Efs",null,18133,-2.85648089815089,"Nov",null,100124489,-3.04609813417616,"Mir582"]
[69073,-3.25434879917782,"Kdf1",null,67445,-2.85600384504457,"C1qtnf4",null,54611,-3.04581914970831,"Pde3a"]
[110147,-3.25225449112027,"Ehmt2",null,100526534,-2.85594837036438,"Mir3083",null,13555,-3.0445296599335,"E2f1"]
[71207,-3.25063441658915,"Nudt4",null,260299,-2.85525724454593,"Cadm4",null,17986,-3.04360805853486,"Ndp"]
[319272,-3.24859582379343,"A130077B15Rik",null,77059,-2.85522079698005,"4931408D14Rik",null,73902,-3.0421342277826,"Psmb11"]
[207839,-3.24796291249963,"Galnt6",null,26561,-2.85494877616541,"Mmp23",null,93690,-3.03918999979985,"Gpr45"]
[20480,-3.24786871179832,"Clpb",null,237052,-2.8529547190145,"Tceal1",null,56463,-3.03766006573096,"Snd1"]
[214084,-3.24762206613019,"Slc18a2",null,381406,-2.85244978969957,"Trp53rka",null,12192,-3.03734433732644,"Zfp36l1"]
[71296,-3.24440623173184,"Crnde",null,100526560,-2.84918643723556,"Mir3109",null,21952,-3.03352057349458,"Tnni1"]
[66075,-3.24423758545026,"Chchd3",null,76824,-2.84908521248274,"Mtfr1l",null,11519,-3.0323176101578,"Add2"]
[14842,-3.24389209391351,"Gsx1",null,81840,-2.84834709158627,"Sorcs2",null,73856,-3.0276295247365,"4930428G15Rik"]
[94222,-3.24240698802178,"Olig3",null,381921,-2.84750572289688,"Taok2",null,67606,-3.02715657685402,"Fibin"]
[19262,-3.24158281469122,"Ptpra",null,211187,-2.84719466658666,"Lrtm2",null,226151,-3.0264399561474,"Fam178a"]
[244144,-3.24152885601941,"Usp35",null,380711,-2.8470842791863,"Rap1gap2",null,16331,-3.02548811707768,"Inpp5d"]
[207352,-3.24080329450014,"Sec23ip",null,68233,-2.84703294892773,"Fam229a",null,102465644,-3.02481304905585,"Mir7064"]
[11481,-3.24023901988561,"Acvr2b",null,16873,-2.84681809554671,"Lhx5",null,100526480,-3.02425138148931,"Mir3086"]
[271944,-3.23985870085835,"C2cd4d",null,263876,-2.8449142914849,"Spata2",null,67533,-3.02315622648271,"Ppfibp1"]
[66860,-3.23985539726105,"Tanc1",null,215705,-2.84470678436419,"Arrdc1",null,110935,-3.02011049666075,"Atp6v1b1"]
[320664,-3.23930056024546,"Cass4",null,19716,-2.84416309939514,"Bex1",null,217203,-3.01994841753367,"Tmem106a"]
[11936,-3.23796534353048,"Fxyd2",null,15013,-2.84275202362463,"H2-Q2",null,78650,-3.01963948626435,"Platr5"]
[64113,-3.2362100327792,"Moap1",null,320718,-2.8416900371881,"Slc26a9",null,56876,-3.01907014626875,"Nsmf"]
[100503790,-3.2346495251262,"Gm19897",null,667063,-2.84106237651156,"Gm8439",null,209018,-3.01867460554622,"Vps8"]
[70556,-3.23299956841597,"Slc25a33",null,109212,-2.84068573112371,"Fam64a",null,69776,-3.01782062514095,"1600002D24Rik"]
[271813,-3.23223758510819,"Agbl2",null,16515,-2.83922760907503,"Kcnj12",null,628900,-3.01519500268733,"Serpina3i"]
[54648,-3.23000203484365,"Ccdc120",null,52686,-2.83904263577085,"Mettl2",null,16795,-3.01435407898083,"Large1"]
[16913,-3.22941041174052,"Psmb8",null,66447,-2.83882695726214,"Mgst3",null,18007,-3.01407592700206,"Neo1"]
[77220,-3.22605934997374,"Tmem200a",null,329942,-2.8387474823333,"Csmd2",null,73296,-3.01174845424208,"Rhobtb3"]
[668215,-3.22536893004009,"1500017E21Rik",null,68473,-2.83819092875727,"Mob1b",null,230806,-3.01173434599776,"Aim1l"]
[56438,-3.22471239610605,"Rbx1",null,11461,-2.83739394617332,"Actb",null,94191,-3.00579345228735,"Adarb2"]
[69312,-3.22457157195384,"Ppp1r42",null,215446,-2.83732522495063,"Entpd3",null,244141,-3.00573357442899,"Nars2"]
[380660,-3.2244863181783,"Acss3",null,210544,-2.83662396976149,"Tbc1d31",null,240261,-3.00526440629625,"Ccdc112"]
[67533,-3.22439213492096,"Ppfibp1",null,100504231,-2.83650634205517,"Gm15708",null,320226,-3.00309006747823,"Ccdc171"]
[102466849,-3.22279916770183,"Mir7687",null,56551,-2.83630344090985,"Txn2",null,74374,-3.0029340467896,"Clec16a"]
[258273,-3.22272515146572,"Olfr1394",null,20404,-2.83465632601332,"Sh3gl2",null,320951,-3.00264302657976,"Pisd"]
[14051,-3.22216240826149,"Eya4",null,225638,-2.83099358373055,"Alpk2",null,71876,-3.00076401473294,"Cenpu"]
[19217,-3.21865897941553,"Ptger2",null,77428,-2.83040700217336,"9430083A17Rik",null,723952,-2.99579697052966,"Mir125b-2"]
[14412,-3.21827265055798,"Slc6a13",null,102465555,-2.82892005356156,"Mir6921",null,21416,-2.99425430089006,"Tcf7l2"]
[790910,-3.2176490949826,"Gm11201",null,264895,-2.82883057133745,"Acsf2",null,76814,-2.99419619031381,"Scarletltr"]
[78931,-3.21680463960522,"4930546C10Rik",null,103554,-2.82829341599342,"Psme4",null,217351,-2.994003295965,"Tnrc6c"]
[503692,-3.21679241758757,"Aym1",null,214663,-2.82750869273183,"Slc25a29",null,15529,-2.99345981844058,"Sdc2"]
[71111,-3.21602583219004,"Gpr39",null,17188,-2.82725720763344,"Maz",null,12833,-2.99151206262185,"Col6a1"]
[69428,-3.21496855500535,"1700016C15Rik",null,15371,-2.82575671434762,"Hmx1",null,69430,-2.99025362980187,"1700048O20Rik"]
[216825,-3.21447233872468,"Usp22",null,53378,-2.82574734172759,"Sdcbp",null,20668,-2.99016015750423,"Sox13"]
[66397,-3.21067369746989,"Sar1b",null,77119,-2.82411423882073,"7630403G23Rik",null,20539,-2.99011413612016,"Slc7a5"]
[20297,-3.20995525628166,"Ccl20",null,211389,-2.82388280451423,"Suox",null,93732,-2.9887512641664,"Acox2"]
[13491,-3.20819586999395,"Drd4",null,50817,-2.823878723143,"Capn15",null,74155,-2.98873840636549,"Errfi1"]
[77905,-3.20791370848005,"Fate1",null,243862,-2.82153415089764,"Psg22",null,226178,-2.9871840376967,"Wbp1l"]
[13824,-3.20664361317603,"Epb41l4a",null,75705,-2.82147742672859,"Eif4b",null,104943,-2.9854519300479,"Fam110c"]
[264895,-3.20640314105692,"Acsf2",null,84585,-2.82073739981711,"Rnf123",null,19359,-2.98511508761141,"Rad23b"]
[21748,-3.20632098224148,"Terc",null,381925,-2.82036134019253,"Plpp4",null,211986,-2.98436717320885,"Tmem18"]
[751548,-3.20585740772986,"Mir713",null,100526477,-2.81864324780054,"Mir3080",null,14687,-2.97950709481484,"Gnaz"]
[67088,-3.20571186107017,"Cand2",null,320502,-2.81558195731605,"Lmod3",null,170799,-2.97888627135091,"Rtkn2"]
[102465577,-3.20271080001432,"Mir6956",null,68365,-2.81528962012268,"Rab14",null,216850,-2.97818744332741,"Kdm6b"]
[13446,-3.20212852809849,"Doc2a",null,258675,-2.81292762241448,"Olfr1423",null,23937,-2.97811236078819,"Mab21l2"]
[68332,-3.20118060699189,"Sdhaf1",null,72238,-2.81256828398651,"Tbc1d5",null,26921,-2.97726342698033,"Map4k4"]
[16468,-3.20101205976198,"Jarid2",null,18557,-2.81082518967022,"Cdk18",null,67664,-2.96538537210804,"Rnf125"]
[68339,-3.19985971268423,"Ccdc88c",null,20401,-2.810815863238,"Sh3bp1",null,232386,-2.9625780102049,"Gm38404"]
[70686,-3.19680565096013,"Dusp16",null,14236,-2.80947193336682,"Foxn2",null,107527,-2.95999810963081,"Il1rl2"]
[68753,-3.196167597441,"Mybphl",null,107607,-2.80941266650352,"Nod1",null,73569,-2.95857585653235,"Vgll3"]
[102465637,-3.19295500064252,"Mir7052",null,101612,-2.80927469282994,"Grwd1",null,14360,-2.95073736419319,"Fyn"]
[15000,-3.19271890181064,"H2-DMb2",null,545817,-2.80895215025786,"Cyp2w1",null,59033,-2.94992011357583,"Slc4a8"]
[20619,-3.19245919211255,"Snap23",null,140629,-2.80880333158726,"Ubox5",null,20452,-2.94842804362128,"St8sia4"]
[100885844,-3.18778324277894,"Mir5709",null,212326,-2.80843586059057,"Fam149a",null,329877,-2.94620674920029,"Dennd4c"]
[100316833,-3.18230482086581,"Mir1945",null,12404,-2.80389731521385,"Cbln1",null,100885835,-2.93946074942582,"Mir5623"]
[228869,-3.17823983859391,"Ncoa5",null,70314,-2.79723167479988,"Rabep2",null,240066,-2.9347134868447,"Zfp870"]
[28078,-3.16304601648884,"Prl5a1",null,241794,-2.78635970635113,"Kcng1",null,208613,-2.92455410824878,"Tmem212"]
[242860,-3.15251683943238,"Rsbn1l",null,16803,-2.77842760590817,"Lbp",null,110911,-2.91415974494314,"Cds2"]
[20657,-3.14409877430641,"Sod3",null,73368,-2.77109770815706,"Col20a1",null,268595,-2.90513057750131,"D430019H16Rik"]
[71020,-3.13563944706186,"Spats1",null,224432,-2.76357013662088,"Scaf4",null,99377,-2.8936553452899,"Sall4"]
[387524,-3.12442227387351,"Znrf2",null,13392,-2.75767609035677,"Dlx2",null,67336,-2.88132795674236,"1700054K19Rik"]
[104383,-3.12344051728753,"Rcor2",null,102465763,-2.75671307827437,"Mir7656",null,14714,-2.88039612407117,"Gnrh1"]
[13395,-3.11393950865654,"Dlx5",null,223723,-2.75064962615265,"Ttll12",null,73172,-2.87234730310648,"Exo5"]
[56458,-3.1053083271718,"Foxo1",null,60455,-2.74417266573247,"Tmem8",null,228357,-2.85794764862016,"Lrp4"]
[68434,-3.09289236439481,"1010001N08Rik",null,72249,-2.73822506435457,"1700019G24Rik",null,268390,-2.84631512209024,"Ahsa2"]
[12425,-3.08739828908119,"Cckar",null,258273,-2.7279941811637,"Olfr1394",null,100039239,-2.83765598384121,"Gm2115"]
[68636,-3.08043040822966,"Fahd1",null,232201,-2.72072269522502,"Arhgap25",null,21912,-2.83116643121142,"Tspan7"]
[77558,-3.06615579246978,"9330179D12Rik",null,208158,-2.71399146791826,"Map6d1",null,102465310,-2.82453972352476,"Mir6539"]
[22754,-3.04969682811029,"Zfp92",null,76484,-2.70814465639957,"Kndc1",null,213956,-2.81744760271616,"Fam83f"]
[76987,-3.04938747103647,"Hdhd2",null,232333,-2.70719000253079,"Slc6a1",null,71829,-2.81699279463045,"Ddi1"]
[56613,-3.03901495034638,"Rps6ka4",null,18247,-2.69806032046651,"Oaz2",null,68299,-2.81124169829307,"Vps53"]
[73816,-3.02367251159351,"4930401O10Rik",null,212032,-2.6887786061922,"Hk3",null,217340,-2.7937899609619,"Rnf157"]
[13730,-3.01250976029766,"Emp1",null,213171,-2.68081644817559,"Prss27",null,69226,-2.7850282494365,"Snx24"]
[71457,-3.00489656256011,"7420701I03Rik",null,22217,-2.67471800208595,"Usp12",null,50524,-2.77772738451585,"Sall2"]
[22404,-2.99756007969141,"Wiz",null,21906,-2.66878691952882,"Otop1",null,13143,-2.77284051186754,"Dapk2"]
[75556,-2.98812879112832,"Cfap161",null,26922,-2.66523261535342,"Mecr",null,11761,-2.76082231781696,"Aox1"]
[242585,-2.98082423615237,"Slc35d1",null,18023,-2.6579025945013,"Nfe2l1",null,381229,-2.74410661983896,"Cfap58"]
[20980,-2.98074931326378,"Syt2",null,319740,-2.65731154632704,"Zfyve27",null,56380,-2.74152888171842,"Arid3b"]
[626693,-2.9696658925666,"Gm15713",null,52882,-2.64915867675218,"Rgs7bp",null,70450,-2.72848496003954,"Unc13d"]
[78257,-2.95674060194419,"Lrrc9",null,207740,-2.64431221514664,"Ubald1",null,66904,-2.71976083188824,"Pccb"]
[12606,-2.94298144501589,"Cebpa",null,20678,-2.63889001229865,"Sox5",null,234023,-2.71213629768236,"Arglu1"]
[77675,-2.92965475956936,"5033406O09Rik",null,14829,-2.63358237702655,"Grpr",null,17346,-2.70073534996722,"Mknk1"]
[17423,-2.91942302053751,"Ndst2",null,11827,-2.62471559548875,"Aqp2",null,93835,-2.6929112661168,"Amn"]
[227059,-2.91179652353905,"Slc39a10",null,546726,-2.61721351363221,"Cyp26c1",null,73040,-2.6841537317332,"2900052N01Rik"]
[73992,-2.89748322484469,"4930448F12Rik",null,50783,-2.61538010943748,"Lsm4",null,76142,-2.6774174834087,"Ppp1r14c"]
[71772,-2.8974316992097,"Plbd2",null,237360,-2.61093825177446,"Adamts14",null,104836,-2.67706390445608,"Cbll1"]
[320749,-2.89175483250122,"D630041G03Rik",null,19378,-2.60522928655349,"Aldh1a2",null,100502945,-2.6711260004602,"Gm19466"]
[233046,-2.87818524746671,"Rasgrp4",null,245827,-2.59814521815496,"Fat2",null,100043793,-2.66660127183918,"Gm4651"]
[58220,-2.87142062025302,"Pard6b",null,434402,-2.59445959713892,"Gm5617",null,93708,-2.65964078666678,"Pcdhgc5"]
[767814,-2.86393898336517,"AU019990",null,13433,-2.5846807582021,"Dnmt1",null,672284,-2.65319804198492,"Nkx1-1"]
[244886,-2.85981833442243,"Tmem266",null,21678,-2.58116163124779,"Tead3",null,66871,-2.6489230421919,"Cpne8"]
[217217,-2.85446777774,"Asb16",null,51792,-2.57885264697165,"Ppp2r1a",null,105418,-2.64426775993768,"E330034G19Rik"]
[56380,-2.84714770828808,"Arid3b",null,214489,-2.57549137601498,"BC003965",null,67168,-2.64076199486481,"Lpar6"]
[381203,-2.84672768666969,"Slc22a20",null,432466,-2.57532995883181,"Gm5424",null,102465791,-2.64057239301148,"Mir7688"]
[54561,-2.84079711136046,"Nap1l3",null,67692,-2.56659043222179,"1700020N01Rik",null,69428,-2.62999190218444,"1700016C15Rik"]
[14676,-2.83449816073997,"Gna15",null,619310,-2.56248681093287,"Zfp872",null,110308,-2.62320743854951,"Krt5"]
[73951,-2.83095654486429,"4930413G21Rik",null,56613,-2.55419615835121,"Rps6ka4",null,22333,-2.61508303256576,"Vdac1"]
[328747,-2.82471710123087,"Gm5091",null,69541,-2.54891185221255,"Lyg1",null,330149,-2.60880148207085,"Hfm1"]
[18143,-2.81730002927293,"Npas2",null,18550,-2.54459505610251,"Furin",null,494448,-2.60165249787279,"Cbx6"]
[319903,-2.81364194605688,"9630013A20Rik",null,78309,-2.53884125197026,"Cul9",null,19378,-2.59435066898686,"Aldh1a2"]
[432763,-2.8036143603594,"Prr7",null,78931,-2.53247537259838,"4930546C10Rik",null,22368,-2.58922919176566,"Trpv2"]
[242737,-2.80253011897887,"Oog4",null,108671,-2.53190156984172,"Dnajc9",null,214084,-2.58889902851013,"Slc18a2"]
[76900,-2.79551558418414,"Ssbp4",null,78416,-2.52727642795624,"Rnase6",null,77675,-2.57763387132915,"5033406O09Rik"]
[237847,-2.78913369425799,"Rtn4rl1",null,17833,-2.52121275277659,"Muc5ac",null,214111,-2.57013555605897,"Slc24a1"]
[110310,-2.78040213062395,"Krt7",null,102465230,-2.51534824563179,"Mir6481",null,60613,-2.56497347182686,"Kcnq4"]
[100038600,-2.77279652801996,"Gm11529",null,15560,-2.51100328760735,"Htr2c",null,76419,-2.56125268698931,"Smkr-ps"]
[73856,-2.76771149511446,"4930428G15Rik",null,59310,-2.50439916711591,"Myl10",null,238564,-2.55620095550972,"Mylk4"]
[51789,-2.75931964287043,"Tnk2",null,67103,-2.49960356372677,"Ptgr1",null,246313,-2.54873124525729,"Prokr2"]
[18247,-2.74874484774322,"Oaz2",null,53870,-2.49281863305953,"Cntn6",null,107260,-2.54176287609997,"Otub1"]
[100316818,-2.74849795856095,"Mir1962",null,546519,-2.4923319408242,"Tmem235",null,100861851,-2.54159866386346,"Gm21269"]
[233107,-2.74061375940195,"Kctd15",null,68311,-2.48774317440816,"Lypd2",null,15484,-2.53572347245759,"Hsd11b2"]
[66153,-2.73185390607411,"Fbxo36",null,208194,-2.48183831692336,"Exog",null,224419,-2.53056549383972,"Map3k7cl"]
[71828,-2.72314499478607,"Gtf2a1l",null,56070,-2.47745090831612,"Tcerg1",null,432628,-2.52591541953562,"Mfsd2b"]
[320155,-2.71459926886276,"C730002L08Rik",null,69732,-2.47180711903785,"2410018L13Rik",null,71138,-2.52163773425745,"Tmem217"]
[217066,-2.70950470704234,"Gm15698",null,246103,-2.46673946335212,"Atxn7",null,212539,-2.5166744241769,"Gm266"]
[19215,-2.70331269945773,"Ptgds",null,109359,-2.46126456967832,"Fam175b",null,18689,-2.50883616830825,"Phxr4"]
[17113,-2.69533782119534,"M6pr",null,18742,-2.45399500063795,"Pitx3",null,17357,-2.50131029761735,"Marcksl1"]
[66209,-2.69515380048455,"Inip",null,70026,-2.45343887137065,"Tspo2",null,83490,-2.50057719998151,"Pik3ap1"]
[57434,-2.68444977227126,"Xrcc2",null,104859,-2.4466820859091,"Tecpr2",null,74847,-2.4923721194475,"Meikin"]
[432466,-2.68132238910961,"Gm5424",null,23917,-2.44336667884531,"Impdh1",null,20750,-2.4848673815275,"Spp1"]
[14768,-2.67532450105804,"Lancl1",null,382793,-2.43841674436684,"Mtx3",null,15507,-2.47734459291978,"Hspb1"]
[17346,-2.66884571080808,"Mknk1",null,106205,-2.43542676439633,"Zc3h7a",null,18049,-2.47187015084473,"Ngf"]
[69709,-2.66092425038141,"Ptrhd1",null,74200,-2.42773860590336,"2810403A07Rik",null,66740,-2.46762277930564,"4931417E11Rik"]
[666048,-2.65601351624213,"Trabd2b",null,69876,-2.42030220688669,"Thap3",null,22754,-2.46353062843465,"Zfp92"]
[56334,-2.65461161083987,"Tmed2",null,15354,-2.41755793521904,"Hmgb3",null,239650,-2.46205245454586,"Ccdc184"]
[107587,-2.64521446134648,"Osr2",null,242860,-2.41477108515567,"Rsbn1l",null,12223,-2.45832636877309,"Btc"]
[12013,-2.63704407446253,"Bach1",null,26420,-2.41097541730485,"Mapk9",null,387347,-2.44828858554329,"Tas2r118"]
[56501,-2.63018437985196,"Elf4",null,20665,-2.40589391322954,"Sox10",null,76220,-2.44499462130341,"6530402F18Rik"]
[214663,-2.62719728606757,"Slc25a29",null,22146,-2.39916757550243,"Tuba1c",null,329738,-2.4370005710934,"Aknad1"]
[208613,-2.61497218356453,"Tmem212",null,66329,-2.39473212169725,"Susd3",null,378466,-2.43194816890578,"Gm10033"]
[13016,-2.61102822539238,"Ctbp1",null,213332,-2.39026398681634,"Mfsd4b4",null,50786,-2.42536378443543,"Hs6st2"]
[11515,-2.60468674107447,"Adcy9",null,12591,-2.38253962093361,"Cdx2",null,414081,-2.42110811940444,"5330413P13Rik"]
[81904,-2.59914055270913,"Cacng7",null,66338,-2.37709831971059,"Cdrt4",null,219151,-2.41640505463685,"Scara3"]
[227801,-2.59907383189855,"Dennd1a",null,74375,-2.37705640079467,"Gcc1",null,105171,-2.41603394762836,"Arrdc3"]
[100041352,-2.58709949176567,"Tcp10c",null,71770,-2.370860664556,"Ap2b1",null,192192,-2.40933708404772,"Shkbp1"]
[18005,-2.57739394486806,"Nek2",null,224024,-2.36600743049652,"Scarf2",null,723975,-2.40491737488892,"Mir721"]
[329877,-2.57185045898959,"Dennd4c",null,217265,-2.36268600082678,"Abca5",null,70546,-2.40100416650997,"Zdhhc2"]
[218793,-2.56328123844016,"Ube2e2",null,17532,-2.36027915533387,"Mras",null,231162,-2.39701297417993,"Cytl1"]
[735275,-2.55660527887211,"Mir499",null,98365,-2.35264306797366,"Slamf9",null,100043335,-2.39048433194825,"Gm4371"]
[380728,-2.55278650903312,"Kcnh4",null,270624,-2.34418346377752,"Spin4",null,767814,-2.38676474904012,"AU019990"]
[100047133,-2.54898424974858,"Gm16894",null,20669,-2.3396597772472,"Sox14",null,24100,-2.37687453838259,"Tpra1"]
[67445,-2.54807639945561,"C1qtnf4",null,18072,-2.33827889020972,"Nhlh2",null,381284,-2.37660047440262,"Crocc2"]
[235626,-2.54040180886024,"Setd2",null,69716,-2.33570613365352,"Trip13",null,77574,-2.37196165070072,"Tcaf1"]
[12564,-2.53645671963921,"Cdh8",null,140477,-2.32723601762638,"Dmbx1",null,14309,-2.3622305948277,"Fshr"]
[105439,-2.52876976653049,"Slain1",null,20826,-2.32357655538802,"Nhp2l1",null,69582,-2.35855314313164,"Plekhm2"]
[74333,-2.51717740858844,"A330040F15Rik",null,66059,-2.31987391573996,"Krtcap2",null,72033,-2.35345894106849,"Tsc22d2"]
[12006,-2.51314104535014,"Axin2",null,54610,-2.31095673390373,"Tbc1d8",null,66257,-2.35025156752853,"Nicn1"]
[68267,-2.50711152275929,"Slc25a22",null,329271,-2.30720956399273,"C230024C17Rik",null,230099,-2.34587544095551,"Car9"]
[67666,-2.49934369195281,"Hapln3",null,20608,-2.30307292827597,"Sstr4",null,77727,-2.34314709361958,"6030468B19Rik"]
[100502619,-2.49765549993759,"AW046200",null,228983,-2.30228572643673,"Osbpl2",null,329942,-2.3429493537174,"Csmd2"]
[194388,-2.49218472117497,"Tet3",null,170749,-2.29640742862579,"Mtmr4",null,110172,-2.34069703019148,"Slc35b1"]
[102644,-2.48515248752256,"Oaf",null,672763,-2.29385328677218,"Gm13710",null,67646,-2.33642499756504,"4930522H14Rik"]
[667423,-2.48010208903659,"Gm8624",null,76218,-2.2888708409891,"6430710C18Rik",null,237958,-2.33315591960395,"Sppl2c"]
[71833,-2.4706104205417,"Dcaf7",null,217341,-2.28268199341482,"Qrich2",null,497071,-2.32931280648085,"Rnase13"]
[320267,-2.467318572569,"Fubp3",null,71715,-2.27913520583023,"Dhx35",null,724064,-2.32716562735694,"Mir148b"]
[14011,-2.46282717605027,"Etv6",null,17134,-2.27189635189997,"Mafg",null,21948,-2.32372503766126,"Cd70"]
[272359,-2.45720146309752,"Irf2bp1",null,11928,-2.26682533065656,"Atp1a1",null,13490,-2.31679276335958,"Drd3"]
[75860,-2.45693877340575,"Tex26",null,78787,-2.26662815858082,"Usp54",null,328324,-2.31653148521259,"5930438M14Rik"]
[69847,-2.4535392903009,"Wnk4",null,22226,-2.26393824115863,"Ucn",null,16764,-2.31169383674276,"Aff3"]
[21982,-2.4488125998786,"Tmem165",null,214987,-2.26023591710174,"Chtf8",null,14346,-2.31006311834674,"Fut4-ps1"]
[12808,-2.44398262602483,"Cobl",null,102465590,-2.25246069880829,"Mir6977",null,18489,-2.3042084048535,"Reg3b"]
[432436,-2.43873460749254,"Gm5420",null,242384,-2.24532147373554,"Lingo2",null,15898,-2.30149663920581,"Icam5"]
[69986,-2.4338031560834,"1700025N23Rik",null,100503830,-2.24232769750298,"Gm11762",null,102466808,-2.29801404676485,"Mir7117"]
[17339,-2.43045717214468,"Mip",null,235631,-2.23350946057649,"Prss50",null,235281,-2.29412339138063,"Scn3b"]
[239559,-2.4206944788581,"A4galt",null,110749,-2.22750895094915,"Chaf1b",null,210503,-2.29093530513933,"Zfp677"]
[14177,-2.42035918433529,"Fgf6",null,19256,-2.22689151466027,"Ptpn20",null,100885839,-2.29035806988975,"Mir5626"]
[71607,-2.4139417592618,"Snx20",null,268878,-2.22260611233179,"Atp13a5",null,100041581,-2.28400276775156,"Zkscan16"]
[260299,-2.40652720804107,"Cadm4",null,100502736,-2.21355428576241,"Gm19345",null,21432,-2.27826001461957,"Tcl1"]
[11298,-2.40223647213411,"Aanat",null,239650,-2.20786366541685,"Ccdc184",null,17319,-2.27528112947634,"Mif"]
[67272,-2.39694685020794,"Cmtm5",null,66341,-2.20364707451112,"Eid3",null,545007,-2.27178354060381,"Gm5796"]
[102465177,-2.38806907710573,"Mir6347",null,75221,-2.1979327965503,"Dpp3",null,14406,-2.26737455785182,"Gabrg2"]
[331401,-2.38488978836281,"Thoc2",null,108071,-2.18862065429346,"Grm5",null,66566,-2.26283169074459,"Ntpcr"]
[232969,-2.37817079832248,"Zfp428",null,232969,-2.18578895176586,"Zfp428",null,14029,-2.2589228886847,"Evx2"]
[231863,-2.37793970153836,"Fbxl18",null,21356,-2.1857502978897,"Tapbp",null,102466849,-2.25887588754228,"Mir7687"]
[100526549,-2.37445307277128,"Mir3085",null,20167,-2.18154517231504,"Rtn2",null,17470,-2.25561106258301,"Cd200"]
[11754,-2.36807341195478,"Aoc3",null,69382,-2.17743239984139,"1700024P04Rik",null,100628601,-2.2516618747189,"Mir5132"]
[11651,-2.36088610354863,"Akt1",null,12476,-2.17422058297309,"Cd151",null,102466632,-2.24789447467252,"Mir6354"]
[66353,-2.35374354119233,"Riiad1",null,19286,-2.16853725674111,"Pts",null,328059,-2.24209791119949,"Slc7a15"]
[12716,-2.34658945585222,"Ckmt1",null,67543,-2.16433621428749,"Pabpc6",null,17113,-2.2357821857505,"M6pr"]
[332579,-2.34022392972312,"Card9",null,66826,-2.15967364494283,"Taz",null,80901,-2.23158114989306,"Cxcr6"]
[18106,-2.33169865501322,"Cd244",null,15516,-2.15287566052226,"Hsp90ab1",null,245578,-2.22761527735445,"Pcdh11x"]
[22157,-2.33005236381166,"Tulp1",null,68525,-2.15251781142595,"Evc2",null,80883,-2.22652991557742,"Ntng1"]
[239796,-2.31972986172093,"Mb21d2",null,78618,-2.14895863618757,"Acap2",null,69852,-2.22145389372263,"Tcf23"]
[14148,-2.31024548682741,"Fdx1",null,102465959,-2.14435944354586,"Mir6236",null,19660,-2.21392214422326,"Rbp2"]
[66809,-2.30258451491861,"Krt20",null,20823,-2.13739175037696,"Ssb",null,239036,-2.20919381100904,"4930596D02Rik"]
[14025,-2.2971762821925,"Bcl11a",null,320712,-2.13298230611732,"Abi3bp",null,71473,-2.20518275485007,"8430423G03Rik"]
[328837,-2.28578808006321,"C330011F03Rik",null,723949,-2.12658100343362,"Mir16-2",null,75458,-2.20072776520925,"Cklf"]
[16536,-2.28026430068243,"Kcnq2",null,109552,-2.11878287816335,"Sri",null,329659,-2.19411613696485,"E130311K13Rik"]
[442829,-2.27605709947685,"Ccin",null,15571,-2.11398147852893,"Elavl3",null,240726,-2.18904884985706,"Slco5a1"]
[319179,-2.27593730150411,"Hist1h2be",null,18845,-2.11375703639093,"Plxna2",null,102640597,-2.18841963380812,"Gm29571"]
[18413,-2.26862169287142,"Osm",null,240168,-2.10497956327607,"Rasgrp3",null,17691,-2.18391608232645,"Sik1"]
[78309,-2.26236699327079,"Cul9",null,225876,-2.09372437394308,"Kdm2a",null,260297,-2.17749101698873,"Prrt1"]
[99296,-2.25688729219292,"Hrh3",null,12775,-2.08449055117525,"Ccr7",null,12418,-2.17506696171203,"Cbx4"]
[16803,-2.25103300181801,"Lbp",null,56221,-2.0748807160566,"Ccl24",null,628416,-2.17190863176218,"Gm6878"]
[237749,-2.24389161466023,"Gm4926",null,72997,-2.06972165671697,"Kantr",null,73598,-2.16702666445914,"1700001O22Rik"]
[71947,-2.23888147142065,"Tmem94",null,382074,-2.06086402363995,"Foxr1",null,67457,-2.16257306326231,"Frmd8"]
[216797,-2.23571062527392,"Prss38",null,16336,-2.05089053985542,"Insl3",null,213556,-2.15910857202571,"Plekhh2"]
[16678,-2.2335980873514,"Krt1",null,76505,-2.05072298375843,"1500009C09Rik",null,18715,-2.15889106412511,"Pim2"]
[192650,-2.22900779581293,"Cabp7",null,103988,-2.04082348370327,"Gck",null,24132,-2.15362837250621,"Zfp53"]
[23830,-2.2199770907132,"Capn10",null,76897,-2.03413604930824,"Ralyl",null,213993,-2.14862884776379,"Ccdc186"]
[13195,-2.21422082955647,"Ddc",null,76737,-2.02870592971044,"Creld2",null,16432,-2.14112619926561,"Itm2b"]
[72960,-2.20962309972623,"Top1mt",null,140703,-2.01905352636896,"Emid1",null,100038489,-2.13889958312442,"Apela"]
[78382,-2.20490236723012,"Lce6a",null,330677,-2.01029604721396,"Nctc1",null,233046,-2.13191727066239,"Rasgrp4"]
[16008,-2.19933446416174,"Igfbp2",null,66336,-2.00083381432322,"Cenpp",null,77037,-2.12901316312513,"Mrap"]
[171588,-2.19128290186464,"Gm38402",null,100503783,-1.98853576072827,"Gm17733",null,12700,-2.12395631060147,"Cish"]
[22019,-2.19104173596962,"Tpp2",null,73536,-1.98842685267945,"1700092K14Rik",null,18430,-2.12345243357105,"Oxtr"]
[75773,-2.18621594021377,"Adad2",null,16188,-1.98009490418888,"Il3ra",null,386454,-2.11928364302117,"Rnf39"]
[329738,-2.17846793690277,"Aknad1",null,216871,-1.97080321887091,"Gltpd2",null,384309,-2.11604639195158,"Trim56"]
[54123,-2.17168796778608,"Irf7",null,735283,-1.9623639077843,"Mir702",null,19981,-2.10626318121575,"Rpl37a"]
[108012,-2.16831604600322,"Ap1s2",null,100041352,-1.95563272206966,"Tcp10c",null,102465904,-2.10008475454555,"Mir8118"]
[545925,-2.16143371815273,"Psg27",null,11830,-1.9479227818529,"Aqp5",null,52626,-2.09479450905493,"Cdkn2aipnl"]
[67344,-2.15681966856163,"Tctex1d1",null,213895,-1.9417161171718,"Bms1",null,66617,-2.09253350522938,"Ntmt1"]
[72778,-2.14727414900973,"Dnajc22",null,18503,-1.9349094499466,"Pax1",null,215493,-2.08618150734025,"A3galt2"]
[68614,-2.146674545092,"Letmd1",null,102465542,-1.9343901993983,"Mir6900",null,382406,-2.08593765036274,"Poc1b"]
[11740,-2.14401377142897,"Slc25a5",null,613264,-1.92979910537246,"1810020O05Rik",null,68058,-2.08174426423051,"Chd1l"]
[19357,-2.13897618081009,"Rad21",null,23983,-1.92436210141488,"Pcbp1",null,329828,-2.07557517840317,"AI464131"]
[98404,-2.12853545339768,"AI597479",null,216131,-1.91836802581575,"Trappc10",null,72393,-2.07185996483765,"Faim2"]
[269788,-2.12342201376674,"Lhfpl4",null,100473,-1.91352321508264,"BB031773",null,76775,-2.06576557439973,"Slc10a7"]
[23971,-2.11828305276115,"Papss1",null,432945,-1.9061765763137,"Gm16294",null,66531,-2.0600366396963,"Cmc2"]
[21937,-2.10996989341699,"Tnfrsf1a",null,26415,-1.90344326027515,"Mapk13",null,102640608,-2.05430662768889,"Gm36633"]
[69538,-2.10182338360833,"Antxr1",null,231668,-1.89874746293683,"Vsig10",null,272551,-2.05027519370615,"Gins2"]
[102465542,-2.10118881202099,"Mir6900",null,14431,-1.89648405447982,"Gamt",null,70567,-2.05017171925901,"Fra10ac1"]
[231691,-2.09134982382227,"Sds",null,27801,-1.88831572767198,"Zdhhc8",null,236082,-2.04237605951753,"Dhrsx"]
[209387,-2.08647315420334,"Trim30d",null,240613,-1.8810469690328,"9930021J03Rik",null,269328,-2.03460411317645,"Muc15"]
[77940,-2.08186953894052,"A930004D18Rik",null,17257,-1.87432346279757,"Mecp2",null,214547,-2.02733160694153,"She"]
[320522,-2.07331308577861,"Bhlha9",null,102465569,-1.86580828263016,"Mir6944",null,723792,-2.01275416448748,"Pinc"]
[19309,-2.06655984718566,"Pygm",null,11877,-1.85572593901426,"Arvcf",null,107065,-2.00315773553463,"Lrrtm2"]
[270198,-2.06096622250965,"Pfkfb4",null,19684,-1.84909252912488,"Rdx",null,110639,-1.9924056898466,"Prps2"]
[108960,-2.05769875889274,"Irak2",null,11923,-1.84389525142625,"Neurod4",null,21410,-1.98410652582489,"Hnf1b"]
[435273,-2.05410572956211,"Krtap1-3",null,12164,-1.83794283695627,"Bmp8b",null,21908,-1.96926561829229,"Tlx1"]
[80718,-2.05020824935333,"Rab27b",null,68576,-1.83742204275067,"Lamtor5",null,99470,-1.96422159278417,"Magi3"]
[20927,-2.04238704216155,"Abcc8",null,73344,-1.83250399438475,"1700034J05Rik",null,258877,-1.94734506768128,"Olfr1395"]
[67801,-2.03490326193853,"Pllp",null,12337,-1.82139351986277,"Capn5",null,75357,-1.93328541866037,"4930557J02Rik"]
[77035,-2.02673795180099,"Kdm8",null,381033,-1.81538437133165,"Gm1600",null,72058,-1.92458216989538,"Igsf5"]
[14151,-2.02283025019185,"Fech",null,241158,-1.81227912948396,"Ankmy1",null,71228,-1.91215413703534,"Dlg5"]
[66119,-2.01552019164285,"Tomm6",null,15394,-1.80591878937282,"Hoxa1",null,353130,-1.90306776020726,"Prss33"]
[226594,-2.00278377328136,"Rcsd1",null,100503117,-1.79771318898109,"2010010A06Rik",null,68107,-1.88836551300277,"Cntd1"]
[75002,-2.00117657185416,"Tmprss12",null,406222,-1.79525758824133,"Krt74",null,102466219,-1.88817835719673,"Mir7061"]
[408028,-1.99308626150601,"Arhgap20os",null,59069,-1.79047172199831,"Tpm3",null,22431,-1.87802227959241,"Wt1"]
[78508,-1.98647936639446,"Frmpd1os",null,207521,-1.78466416286072,"Dtx4",null,435273,-1.86573449534267,"Krtap1-3"]
[75409,-1.97986252636552,"Slitrk5",null,232223,-1.78181382959918,"Txnrd3",null,102502,-1.84712477568858,"Pls1"]
[54672,-1.97430310239747,"Adgrg3",null,109349,-1.77690011696484,"Fam163b",null,100216535,-1.83044089994357,"Scarna9"]
[216724,-1.9680203658865,"Rufy1",null,434540,-1.77081584592745,"Psg20",null,232201,-1.81934878087254,"Arhgap25"]
[240025,-1.9599128189026,"Dact2",null,80879,-1.76470061346729,"Slc16a3",null,56444,-1.8119445113587,"Actr10"]
[71393,-1.95147759933037,"Kctd6",null,319812,-1.76090351106825,"9430018G01Rik",null,15205,-1.8048157612692,"Hes1"]
[12424,-1.9514124643881,"Cck",null,13524,-1.76035280480501,"Adam18",null,97863,-1.80341509059532,"Fam8a1"]
[81799,-1.94320810131469,"C1qtnf3",null,94224,-1.75455776311969,"Srd5a2",null,71057,-1.79213753119343,"4933402J10Rik"]
[21769,-1.93298018229362,"Zfand3",null,67604,-1.74792075143959,"Get4",null,18175,-1.78010814418286,"Nrap"]
[241447,-1.92724033883135,"Cers6",null,93895,-1.74413357169685,"Msx1os",null,232288,-1.7725201568661,"Frmd4b"]
[74973,-1.91974306774267,"4930500L23Rik",null,235604,-1.74039052605402,"Camkv",null,14780,-1.75985258632208,"Gpx5"]
[329278,-1.91329384746243,"Tnn",null,668917,-1.73608451723795,"Zfp133-ps",null,100526526,-1.75132929248094,"Mir3098"]
[215335,-1.90414303784776,"Slc36a1",null,407809,-1.72909322689256,"BC055402",null,16518,-1.74590884080263,"Kcnj2"]
[630499,-1.89842864359197,"H2-K2",null,75878,-1.72207251061969,"4930579P08Rik",null,242737,-1.74066440617961,"Oog4"]
[100038666,-1.89700283561445,"Gm12298",null,101613,-1.72080975584544,"Nlrp6",null,381438,-1.73872216029469,"Gm5148"]
[319454,-1.89114521691433,"Rptoros",null,245555,-1.71358463324582,"C77370",null,67009,-1.73113397706254,"Ttc23"]
[329274,-1.88551325830751,"Fam163a",null,57435,-1.71126562671909,"Plin4",null,18749,-1.72235224820888,"Prkacb"]
[100043793,-1.88048539391436,"Gm4651",null,64934,-1.70706289987402,"Pes1",null,15042,-1.71488437539785,"H2-T24"]
[319163,-1.87638740597952,"Hist1h2aa",null,71037,-1.70284761614669,"Prss55",null,78252,-1.71011055764726,"Nxpe2"]
[72381,-1.86383978864608,"2210409E12Rik",null,268936,-1.70043193375219,"Brpf3",null,102633673,-1.70329689715538,"Etaa1os"]
[239250,-1.85577839052888,"Slitrk6",null,17960,-1.69650923292785,"Nat1",null,60533,-1.69692897407906,"Cd274"]
[217198,-1.84658411869483,"Plekhh3",null,22364,-1.68694482751684,"Vpreb3",null,238393,-1.68962491520408,"Serpina3f"]
[71293,-1.84520332076441,"4933428C19Rik",null,328789,-1.68609414632315,"Lhfpl5",null,20849,-1.68905761633088,"Stat4"]
[16667,-1.83978719076198,"Krt17",null,110696,-1.67653691248161,"H2-M10.3",null,208994,-1.6817398047528,"Fam83b"]
[74405,-1.8320739521619,"Efhc2",null,12322,-1.6734937552136,"Camk2a",null,219144,-1.6775316994515,"Arl11"]
[242603,-1.82717193473975,"Cdcp2",null,116848,-1.6658657780464,"Baz2a",null,259062,-1.67145472150473,"Olfr667"]
[100316752,-1.82564610060834,"Mir1896",null,15424,-1.66430122140871,"Hoxc5",null,11692,-1.66924867342877,"Gfer"]
[74778,-1.8195990761235,"Rrp7a",null,230587,-1.66036608914961,"Glis1",null,723831,-1.66417476017165,"Mir297-1"]
[102466805,-1.81495303966942,"Mir7093",null,76303,-1.65541130812926,"Osbp",null,106059,-1.65555769309004,"A430088P11Rik"]
[11568,-1.80996974518922,"Aebp1",null,52700,-1.65338278994537,"Txndc17",null,15387,-1.6477766627841,"Hnrnpk"]
[320088,-1.80971605854302,"C030034L19Rik",null,107221,-1.65293324974118,"Ffar4",null,27278,-1.647299028185,"Clnk"]
[140709,-1.80604201048948,"Col26a1",null,225870,-1.64776491719508,"Rin1",null,231670,-1.63762120574701,"Fbxo21"]
[11419,-1.8001425793627,"Asic1",null,20893,-1.64281040252142,"Bhlhe40",null,223254,-1.62716197738516,"Farp1"]
[70862,-1.79617479478043,"Spata16",null,70646,-1.63815635621122,"Naa30",null,242726,-1.62007909859263,"Padi6"]
[66454,-1.7912016254608,"Nmnat1",null,57269,-1.63463277489466,"Olfr1507",null,100049710,-1.61559294223237,"Mir290a"]
[66589,-1.78451121481372,"Ube2v1",null,16773,-1.63012025187191,"Lama2",null,21453,-1.60813810384001,"Tcof1"]
[14433,-1.77628197792061,"Gapdh",null,332579,-1.62561787961407,"Card9",null,76482,-1.60433949139826,"3110002H16Rik"]
[18861,-1.7734817523196,"Pms2",null,24086,-1.61890847548611,"Tlk2",null,20981,-1.59798641355556,"Syt3"]
[243634,-1.77221186463356,"Ano2",null,64658,-1.61767489658788,"Mrps25",null,100529074,-1.59553273195476,"Snora33"]
[73166,-1.76560805960116,"Tm7sf2",null,72050,-1.61435320005607,"Kdelc1",null,56373,-1.59012514335672,"Cpb2"]
[238463,-1.75928542748229,"Tubal3",null,73283,-1.60777471497558,"1700036G14Rik",null,192194,-1.58263521922844,"Btnl10"]
[140781,-1.75618832532938,"Myh7",null,100316672,-1.60357693668826,"Mir1192",null,28295,-1.57657283896669,"D10Jhu81e"]
[102466885,-1.74972504336746,"Mir8107",null,13855,-1.60076967282897,"Epn2",null,72585,-1.57049075623712,"Lypd1"]
[67204,-1.74514837484828,"Eif2s2",null,69871,-1.59746022521017,"Ppp1r35",null,72898,-1.56347409822345,"Asphd2"]
[76789,-1.73488186724227,"Mzt1",null,69847,-1.59407733430495,"Wnk4",null,170745,-1.55961990547608,"Xpnpep2"]
[22431,-1.72472782931691,"Wt1",null,14470,-1.59017453189184,"Rabac1",null,387609,-1.55771332952636,"Zhx2"]
[102334,-1.72466266801583,"Ankrd10",null,545861,-1.58977633042163,"Gm5878",null,68221,-1.55576107734034,"Wfdc15a"]
[76658,-1.71287106602373,"1700123K08Rik",null,216856,-1.58612954166986,"Nlgn2",null,103583,-1.55192651761274,"Fbxw11"]
[53857,-1.70929791405717,"Tuba8",null,13199,-1.5845030200637,"Ddn",null,22187,-1.54441559624891,"Ubb"]
[100036520,-1.70560221526763,"Gata5os",null,72828,-1.57988831845768,"Ubash3b",null,73435,-1.53741367864863,"Tex35"]
[213895,-1.7028095548204,"Bms1",null,73449,-1.57753277328129,"1700066B19Rik",null,102465639,-1.53214143515049,"Mir7056"]
[19027,-1.6983218275766,"Sypl",null,18140,-1.57591790210638,"Uhrf1",null,70874,-1.52753228662631,"4921513I03Rik"]
[381356,-1.6953363337974,"Cacfd1",null,271305,-1.57111626892086,"Phf21b",null,13609,-1.52442552182152,"S1pr1"]
[102465591,-1.6901015389819,"Mir6978",null,76376,-1.56595685231702,"Slc24a2",null,68690,-1.51899543529168,"1110028F11Rik"]
[13611,-1.68927613242897,"S1pr4",null,13074,-1.56509864424478,"Cyp17a1",null,104080,-1.51821312705559,"Nxph4"]
[14470,-1.68563728065711,"Rabac1",null,52174,-1.55941828217153,"Tmem222",null,102466628,-1.51476409604628,"Mir6339"]
[74978,-1.68126604300609,"Lrriq1",null,12326,-1.55574309841588,"Camk4",null,78118,-1.51031316132233,"4930451I11Rik"]
[71591,-1.67674080594725,"Zfp251",null,75773,-1.552196283485,"Adad2",null,100502653,-1.50672497236543,"C130060C02Rik"]
[73588,-1.67049208273936,"St8sia3os",null,108073,-1.546282936066,"Grm7",null,75015,-1.50309980627886,"4930503B20Rik"]
[100038468,-1.66611463647951,"Gm10684",null,544717,-1.54116284010841,"1190007I07Rik",null,20518,-1.49921582818116,"Slc22a2"]
[52858,-1.66344203769069,"Cdipt",null,330305,-1.53954054871793,"Gm5111",null,102634101,-1.49788355496162,"Gm31763"]
[387204,-1.65810678993431,"Mir208a",null,30794,-1.53531475738115,"Pdlim4",null,217480,-1.48906858467193,"Dgkb"]
[328829,-1.65727075633402,"9830107B12Rik",null,332110,-1.53507174992499,"Mapk15",null,278679,-1.48897230313089,"Apol7b"]
[666266,-1.65304732543677,"Gm8013",null,13164,-1.53146283267909,"Dazl",null,241035,-1.4835042058019,"Pkhd1"]
[18542,-1.6485060688072,"Pcolce",null,381236,-1.52727815331788,"Lipo3",null,29875,-1.47835160989181,"Iqgap1"]
[78443,-1.64476311242027,"A930041C12Rik",null,11781,-1.52459008690195,"Ap4m1",null,231691,-1.47214799192977,"Sds"]
[20855,-1.64008843707552,"Stc1",null,21336,-1.52210891147392,"Tacr1",null,56016,-1.46693596063317,"Hebp2"]
[69237,-1.63585367053748,"Gtpbp4",null,12496,-1.51899981151386,"Entpd2",null,19241,-1.46283475080044,"Tmsb4x"]
[80285,-1.63069806478518,"Parp9",null,73557,-1.51640481438737,"1700096P03Rik",null,71746,-1.45870575302134,"Rgl3"]
[109801,-1.62668442986282,"Glo1",null,20778,-1.5147602688936,"Scarb1",null,16997,-1.45673017896191,"Ltbp2"]
[101113,-1.62631147522105,"Snx21",null,100526463,-1.51434903562143,"Mir3058",null,56362,-1.45652325979394,"Sult1b1"]
[18104,-1.62174984178404,"Nqo1",null,20347,-1.51161202660926,"Sema3b",null,268480,-1.4544797488177,"Rapgefl1"]
[270035,-1.61548115375646,"Letm2",null,19376,-1.50815145741085,"Rab34",null,18053,-1.45156560984166,"Ngfr"]
[73318,-1.60877220898643,"Ube2d2b",null,67169,-1.50398813612091,"Nradd",null,75002,-1.44602739860307,"Tmprss12"]
[100316753,-1.60459890216104,"Mir1933",null,277773,-1.5006077946249,"Fam205c",null,17293,-1.44229912299222,"Mesp2"]
[72077,-1.60042414604979,"Gcnt3",null,74945,-1.4984876171037,"Acss2os",null,217122,-1.4387761425579,"Gm11545"]
[433490,-1.59421270681672,"Defb45",null,110310,-1.49630565104374,"Krt7",null,66770,-1.43495750916199,"4933429O19Rik"]
[71990,-1.58867187729017,"Ddx54",null,75927,-1.49237549764916,"Pitpnm2os1",null,100316674,-1.43363143692332,"Mir467g"]
[226304,-1.58797583295203,"Npbwr1",null,16918,-1.49237059432432,"Mycl",null,63958,-1.43305884151656,"Ube4b"]
[22413,-1.58493111562159,"Wnt2",null,17175,-1.48986318378676,"Masp2",null,271278,-1.43084498024895,"BC024139"]
[22693,-1.58277253350572,"Zfp30",null,19354,-1.48690187107938,"Rac2",null,78767,-1.42875341939614,"Efcab11"]
[15439,-1.57827506829247,"Hp",null,20518,-1.4838108184091,"Slc22a2",null,320558,-1.42485658453248,"Sycp2"]
[207592,-1.5753651893743,"Tbc1d16",null,218877,-1.48064859570564,"Sema3g",null,70956,-1.42020331771088,"Tex19.2"]
[214616,-1.57032998303744,"Spata5l1",null,228790,-1.47753644737977,"Asxl1",null,19279,-1.41621508255039,"Ptprr"]
[29867,-1.56572940946125,"Cabp1",null,67477,-1.47339492609331,"Abhd15",null,320752,-1.41372238118887,"Dpy19l2"]
[70785,-1.56053964809709,"Dennd1c",null,226691,-1.47015967027458,"Ifi207",null,22174,-1.41187936010388,"Tyro3"]
[268709,-1.55943261457964,"Fam107a",null,100038734,-1.46973714979971,"Gm10845",null,56224,-1.41167006234914,"Tspan5"]
[71706,-1.55579769523703,"Slc46a3",null,278240,-1.46807844975094,"Spin2c",null,75161,-1.40861728425754,"4930544M13Rik"]
[14431,-1.55417304227461,"Gamt",null,240894,-1.46573747692426,"Fmo9",null,54713,-1.40637713382075,"Fezf2"]
[13507,-1.54978212873855,"Dsc3",null,238055,-1.46073199766574,"Apob",null,67279,-1.40331171322478,"Med31"]
[67507,-1.54488415370015,"1700019N19Rik",null,214572,-1.45775363146421,"Prmt7",null,64011,-1.39899455578626,"Nrgn"]
[209351,-1.53894065160547,"Wfdc6a",null,78428,-1.45500716773932,"Pym1",null,69952,-1.39524920159469,"Tunar"]
[228482,-1.53372401858124,"Arhgap11a",null,245671,-1.45249128116586,"Klf8",null,14859,-1.39234040359859,"Gsta3"]
[18599,-1.52751324145162,"Padi1",null,622320,-1.44999751773884,"Kctd21",null,66166,-1.38794789220461,"S100a14"]
[664702,-1.52711303590685,"A530088E08Rik",null,74326,-1.44957416422887,"Hnrnpr",null,102632488,-1.3869639119463,"Gm29508"]
[212937,-1.51882068180022,"Tifab",null,218503,-1.44622092169272,"Fcho2",null,83430,-1.3813262160164,"Il23a"]
[211323,-1.51777643315141,"Nrg1",null,18220,-1.44529543584173,"Nucb1",null,71978,-1.38077812633375,"Ppp2r2a"]
[74562,-1.51483157577254,"Fer1l4",null,71679,-1.44325044741669,"Atp5h",null,14261,-1.37728735739502,"Fmo1"]
[71137,-1.50969941600904,"Rfx4",null,11498,-1.44151841289645,"Adam4",null,16189,-1.37490513272358,"Il4"]
[106407,-1.50677743756673,"Slc51a",null,100504637,-1.43937509818472,"Gm20324",null,240216,-1.37234556730467,"E230025N22Rik"]
[20018,-1.50154204230877,"Polr1d",null,73218,-1.43605170156233,"Sppl2b",null,22242,-1.36940799262316,"Umod"]
[72647,-1.49840634590969,"2700089I24Rik",null,18028,-1.43364806513704,"Nfib",null,791307,-1.36648005704942,"Gm10248"]
[381246,-1.49839092230013,"Xkr9",null,67003,-1.43340214801109,"Uqcrc2",null,70230,-1.36639176513996,"3300002P13Rik"]
[100503311,-1.49357183059588,"Pifo",null,227634,-1.43164512847298,"Camsap1",null,71001,-1.36325678739767,"Mgat4e"]
[791364,-1.49077240620674,"Hottip",null,381845,-1.42895805954359,"Rnf225",null,93960,-1.36124582260716,"Nkd1"]
[69307,-1.48627043183262,"Pxt1",null,56403,-1.42666464841175,"Syncrip",null,667063,-1.3551826614525,"Gm8439"]
[72042,-1.48290604310182,"Cotl1",null,12958,-1.42472454702567,"Cryba2",null,215332,-1.35100886673567,"Slc36a3"]
[68079,-1.47923769272063,"Pdcd2l",null,71712,-1.42138679781727,"Dram1",null,17830,-1.34958263722262,"Prol1"]
[216799,-1.47736884685919,"Nlrp3",null,338359,-1.41989309922928,"Supv3l1",null,77358,-1.34771983324378,"9430069I07Rik"]
[67654,-1.4741750800995,"4930558C23Rik",null,19023,-1.41668007867728,"Ppef2",null,22139,-1.34630758292436,"Ttr"]
[18550,-1.47374335752923,"Furin",null,70291,-1.41614018276886,"Mkrn2os",null,71988,-1.34604618892842,"Esco2"]
[74097,-1.47036806421153,"Pop7",null,333182,-1.41364350867538,"Cox6b2",null,98404,-1.34399473702517,"AI597479"]
[13681,-1.46659297481656,"Eif4a1",null,101100,-1.4112634781712,"Ttll3",null,217138,-1.34185386034793,"Prr15l"]
[72017,-1.46281945576445,"Cyb5r1",null,241525,-1.4071752193235,"Ypel4",null,70396,-1.33861865570836,"Asnsd1"]
[329065,-1.4602395980754,"Scd4",null,77809,-1.40547166602228,"Lrrc42",null,78849,-1.33637351629869,"B430010I23Rik"]
[100504608,-1.45749738187467,"Mettl21b",null,11569,-1.40185105937397,"Aebp2",null,237300,-1.33369178315555,"Gm4922"]
[243274,-1.45477919339624,"Tmem132d",null,73061,-1.39968385934951,"Cldn34c1",null,17122,-1.33132114566128,"Mxd4"]
[16873,-1.4507656257835,"Lhx5",null,114143,-1.3977254722817,"Atp6v0b",null,21817,-1.33056065831877,"Tgm2"]
[52793,-1.45070876758025,"Fam3b",null,74720,-1.39713022921678,"Tmem114",null,50496,-1.33042619118565,"E2f6"]
[54563,-1.44695371111249,"Nup210",null,226144,-1.39446839282524,"Erlin1",null,69974,-1.32791200804412,"2810405F15Rik"]
[69320,-1.44354837285947,"1700007J10Rik",null,64705,-1.39227706875688,"Dpys",null,73815,-1.32584493004776,"4930404H11Rik"]
[20266,-1.44059641128657,"Scn1b",null,432467,-1.38824194703653,"Hnrnph3",null,66789,-1.32359330951665,"Alg14"]
[19075,-1.43734862643048,"Prim1",null,17454,-1.38584589945191,"Mov10",null,100628581,-1.32125304944924,"Mir5104"]
[73284,-1.43545000726244,"Ddit4l",null,75002,-1.38391331574173,"Tmprss12",null,329780,-1.31733745321316,"9330178D15Rik"]
[269633,-1.43209769909452,"Wdr86",null,100504114,-1.38228742739604,"Gm16907",null,12458,-1.3159457822773,"Ccr6"]
[13445,-1.42868943941656,"Cdk2ap1",null,23956,-1.37998432587799,"Neu2",null,77632,-1.31243425395155,"Pramef12"]
[224530,-1.42827693415204,"Acat3",null,170676,-1.37990196594966,"Peg10",null,227700,-1.31218415808472,"Sh3glb2"]
[223827,-1.42390109080716,"Gxylt1",null,170483,-1.37765966899014,"Grin3b",null,22682,-1.30840902247547,"Zfand5"]
[225341,-1.42241497202162,"Lims2",null,15510,-1.37594403686719,"Hspd1",null,20442,-1.30698287233243,"St3gal1"]
[26394,-1.42006088544561,"Lypla2",null,11537,-1.37410713735395,"Cfd",null,229333,-1.30427827060612,"C130079G13Rik"]
[70315,-1.41740499708149,"Hdac8",null,70843,-1.37115351333404,"Krt28",null,114654,-1.30150260874944,"Ly6g6d"]
[16514,-1.41396797990385,"Kcnj11",null,20680,-1.36924776072797,"Sox7",null,239368,-1.29988000404145,"Erich5"]
[380683,-1.41112395416671,"Sec14l3",null,107951,-1.36740460078602,"Cdk9",null,102639566,-1.29618880018634,"Ptgs2os2"]
[66898,-1.40890279916686,"Baiap2l1",null,54342,-1.36571007190913,"Gnpnat1",null,14694,-1.2943384136826,"Rack1"]
[11370,-1.40882967338232,"Acadvl",null,102580,-1.36549671136324,"Alg9",null,100885830,-1.29424722020472,"Mir5618"]
[229949,-1.40466756788555,"Ak5",null,394434,-1.36276513910023,"Ugt1a9",null,233246,-1.2920367693538,"Ano5"]
[237926,-1.40005865716888,"Rsad1",null,77031,-1.35991868456372,"Slc9a8",null,98396,-1.29054971594514,"Slc41a1"]
[18412,-1.39436069235244,"Sqstm1",null,73178,-1.35596544232071,"Wasl",null,74945,-1.28747250914874,"Acss2os"]
[268498,-1.39178573113645,"E030025P04Rik",null,230709,-1.35402579690751,"Zmpste24",null,226691,-1.2860150554175,"Ifi207"]
[382097,-1.38730207394788,"Gm1123",null,258420,-1.35227051331097,"Olfr221",null,12404,-1.28166291589708,"Cbln1"]
[100359413,-1.38465068131335,"AA413626",null,233046,-1.35004546708909,"Rasgrp4",null,13404,-1.27891161930431,"Dmc1"]
[53892,-1.38185447702441,"Ppm1d",null,72825,-1.34856812167698,"Mon1a",null,108943,-1.27618250847259,"Trmt10a"]
[76960,-1.38167351687963,"Bcas1",null,235044,-1.34825627118378,"Plppr2",null,110119,-1.27613868373781,"Mpi"]
[19324,-1.37869550650069,"Rab1a",null,75482,-1.34689274495316,"Hspb9",null,71713,-1.27391431870681,"Cdc40"]
[68611,-1.37526106289318,"Mrpl28",null,15108,-1.34536263009119,"Hsd17b10",null,319152,-1.2700526602388,"Hist1h3h"]
[227683,-1.37345762384039,"Coq4",null,245841,-1.34274005794078,"Polr2h",null,16988,-1.26806631058917,"Lst1"]
[11831,-1.36967589250399,"Aqp6",null,433490,-1.34102416915221,"Defb45",null,319191,-1.26641959041633,"Hist1h2ai"]
[15109,-1.36714201552892,"Hal",null,231103,-1.33929655754544,"Gckr",null,72106,-1.26543469484092,"Jmjd8"]
[68137,-1.36549133776228,"Kdelr1",null,378702,-1.33709101015987,"Serf2",null,258008,-1.26401382448989,"Olfr1513"]
[30800,-1.36248617293434,"Mmp20",null,74498,-1.335317793704,"Gorasp1",null,70441,-1.26133082246006,"Mir124-2hg"]
[14008,-1.36218500020914,"Etv2",null,230700,-1.33520023319384,"Foxj3",null,100038394,-1.26072690661092,"Gm10512"]
[54645,-1.36007424749577,"Gripap1",null,93709,-1.3336988712224,"Pcdhga1",null,504186,-1.2590879149955,"Chrna10"]
[12751,-1.35882232447004,"Tpp1",null,11775,-1.33155311500298,"Ap3b2",null,666244,-1.25753977373806,"Tmsb15b1"]
[270192,-1.356129768416,"Rab6b",null,110891,-1.32910076859556,"Slc8a2",null,22095,-1.25612839332861,"Tshr"]
[217738,-1.35460649038357,"Ism2",null,69736,-1.32609256000865,"Nup37",null,108100,-1.25418877347143,"Baiap2"]
[13211,-1.34908839496741,"Dhx9",null,74158,-1.32504838983963,"Josd1",null,102465177,-1.25249183766865,"Mir6347"]
[226652,-1.34624621567132,"Arhgap30",null,70297,-1.32298444405933,"Gcc2",null,11739,-1.24985543421276,"Slc25a4"]
[21341,-1.34323137364137,"Taf1c",null,223696,-1.32157299061638,"Tomm22",null,68499,-1.24750776493169,"Mrpl53"]
[216749,-1.34310004857277,"Nmur2",null,14194,-1.32111423831342,"Fh1",null,69069,-1.24721554660715,"1810011H11Rik"]
[11857,-1.34142231834541,"Arhgdib",null,12428,-1.31923188938563,"Ccna2",null,12501,-1.24538441621148,"Cd3e"]
[29858,-1.33925492250568,"Pmm1",null,69656,-1.31745996541547,"Pir",null,67143,-1.24366496548329,"Ikzf5"]
[78455,-1.33753691098735,"Helz",null,320995,-1.31633675292072,"Rfx6",null,212391,-1.24143438733672,"Lcor"]
[14825,-1.33689871477725,"Cxcl1",null,100043513,-1.31533206661297,"Gm4489",null,94226,-1.2402396515688,"S1pr5"]
[11821,-1.3349443683545,"Aprt",null,226169,-1.3130040851266,"Pprc1",null,217738,-1.23737094480466,"Ism2"]
[212398,-1.33305597592203,"Frat2",null,545798,-1.31094916556862,"Tmem233",null,102465887,-1.23561349134582,"Mir8095"]
[28030,-1.33254768133464,"Gfm1",null,227333,-1.30998822915989,"Dgkd",null,99633,-1.2352377438334,"Adgrl2"]
[20969,-1.33115448326485,"Sdc1",null,26394,-1.30875893357335,"Lypla2",null,54382,-1.23263542036401,"Tcstv1"]
[100316812,-1.32864352972285,"Mir1936",null,76408,-1.30712770521139,"Abcc3",null,107094,-1.22997495658693,"Rrp12"]
[78118,-1.32645813875828,"4930451I11Rik",null,12333,-1.30564550647469,"Capn1",null,328829,-1.22861112463592,"9830107B12Rik"]
[83430,-1.32235019502433,"Il23a",null,67111,-1.30308135049249,"Naaa",null,723965,-1.22639181787289,"Mirlet7a-2"]
[668733,-1.32065241907617,"Gm13884",null,317652,-1.30129925750242,"Klk15",null,11632,-1.22462681529961,"Aip"]
[213573,-1.3199347962155,"Cracr2b",null,67640,-1.29778620048299,"4930465K10Rik",null,102466838,-1.2236061297244,"Mir7648"]
[399510,-1.31631100959663,"Map4k5",null,17843,-1.29689193154295,"Mup4",null,20399,-1.22204245203642,"Sh2b1"]
[76448,-1.31414616900339,"Ppp1r18",null,237716,-1.29432571387196,"Gpr75",null,100499512,-1.22089837836146,"Mir3475"]
[20670,-1.31410885784127,"Sox15",null,60344,-1.29380669281169,"Fign",null,17175,-1.22070131634341,"Masp2"]
[17237,-1.31031002245193,"Mgrn1",null,230979,-1.2923118564017,"Tnfrsf14",null,102466970,-1.21919034093085,"Mir1957b"]
[114606,-1.30810976663018,"Tle6",null,18968,-1.29019605750717,"Pola1",null,73381,-1.2165932242783,"Cmtm2a"]
[216859,-1.30736155590349,"Acap1",null,14635,-1.28853917528791,"Galk1",null,246729,-1.2148279483641,"Oas1h"]
[258384,-1.30459551588033,"Olfr1350",null,67943,-1.28712707564001,"Mesdc2",null,101476,-1.21370176730236,"Plekha1"]
[70809,-1.30248738763851,"Clec2g",null,15015,-1.28507147573959,"H2-Q4",null,110558,-1.21215534774527,"H2-Q9"]
[18476,-1.30043963129453,"Pafah1b3",null,114666,-1.28399051487368,"Krtap5-5",null,69642,-1.21019929584322,"Mlip"]
[240095,-1.2981238561114,"H2-M5",null,68166,-1.28224766998963,"Spire1",null,72433,-1.2093210584777,"Rab38"]
[19152,-1.29811306070916,"Prtn3",null,72388,-1.28222561734476,"Ripk4",null,73366,-1.20931065591327,"1700051A21Rik"]
[338359,-1.29691096176119,"Supv3l1",null,19708,-1.28039585988314,"Dpf2",null,57249,-1.20744225290689,"Gabrq"]
[232223,-1.29484839166179,"Txnrd3",null,68212,-1.27893303222875,"Tmbim4",null,100038595,-1.20680940557843,"Gm16287"]
[66664,-1.29246067131337,"Tmem41a",null,231712,-1.27753514187088,"Trafd1",null,751866,-1.20574985758078,"Kis2"]
[12789,-1.28952529546453,"Cnga2",null,78323,-1.2751345712419,"Fam219b",null,328788,-1.20432703291021,"Clpsl2"]
[74155,-1.28812752635028,"Errfi1",null,77371,-1.27354178426251,"Sec24a",null,667572,-1.20273706909629,"Gm8709"]
[212989,-1.28581527720048,"Best2",null,214917,-1.27227014824623,"Fam173a",null,53310,-1.20030908874922,"Dlg3"]
[19701,-1.28318025790076,"Ren1",null,319159,-1.27133652301442,"Hist1h4j",null,15229,-1.19928176580476,"Foxd1"]
[211378,-1.28311375678362,"6720489N17Rik",null,64295,-1.27092496539786,"Tmub1",null,100039436,-1.19862857570024,"Mageb16-ps1"]
[56708,-1.28050965792072,"Clcf1",null,69654,-1.27009013093884,"Dctn2",null,208898,-1.19748912080952,"Unc13c"]
[71153,-1.27730144008751,"4933417O13Rik",null,67809,-1.26841473130201,"Rmdn3",null,64817,-1.19616851889622,"Svep1"]
[67148,-1.27462078173777,"Fam103a1",null,67397,-1.2656808292835,"Erp29",null,272382,-1.19469105809921,"Spib"]
[20682,-1.27312216060105,"Sox9",null,101669761,-1.26422542715594,"Gm15694",null,20193,-1.19221698702309,"S100a1"]
[20811,-1.27086987360027,"Srms",null,66556,-1.26295157949146,"Drap1",null,103775,-1.1908717051541,"Slc25a41"]
[545662,-1.26747985617506,"B020004J07Rik",null,227627,-1.26182140257105,"Obp2a",null,231002,-1.18910096948299,"Plekhn1"]
[67399,-1.26595957527571,"Pdlim7",null,629499,-1.25956117224628,"Mroh8",null,20670,-1.18818607433554,"Sox15"]
[217449,-1.26557108462393,"Trappc12",null,20464,-1.25955321559921,"Sim1",null,12805,-1.18803473726977,"Cntn1"]
[320974,-1.2637212988648,"Lrrn4",null,19361,-1.25787047994649,"Rad51",null,56426,-1.1856964555344,"Pdcd10"]
[73270,-1.26197660066259,"1700024F13Rik",null,20658,-1.25639832581486,"Son",null,627872,-1.18364532041961,"Dnah7a"]
[74498,-1.2589496484397,"Gorasp1",null,15116,-1.25507081222166,"Has1",null,16201,-1.1830319867051,"Ilf3"]
[78688,-1.25750044264753,"Nol3",null,15551,-1.25397793358207,"Htr1b",null,71710,-1.18180519382803,"Lrrcc1"]
[76482,-1.25621736479154,"3110002H16Rik",null,57264,-1.25199866113191,"Retn",null,80795,-1.18094637202388,"Selenok"]
[70882,-1.25418942301085,"Armc3",null,66853,-1.2505745938486,"Pnpla2",null,100503991,-1.17908739135681,"Acpt"]
[14806,-1.25228628912455,"Grik2",null,69169,-1.24948431176815,"Fcmr",null,17279,-1.17852582317588,"Melk"]
[77983,-1.2512063535308,"B230119M05Rik",null,12369,-1.24935245771837,"Casp7",null,226139,-1.17851578277937,"Cox15"]
[415115,-1.24833017244655,"Neurl2",null,280408,-1.24819340909838,"Rilp",null,100647,-1.17640844520065,"Upk3b"]
[58184,-1.24699629265047,"Cnot9",null,68815,-1.24679930428883,"Btbd10",null,226781,-1.17522669257266,"Slc30a10"]
[116939,-1.24524265600879,"Pnpla3",null,76779,-1.24465830055448,"Cluap1",null,73382,-1.17392976594803,"Prss52"]
[14873,-1.24362376494132,"Gsto1",null,29811,-1.24286009918957,"Ndrg2",null,14240,-1.17279300401931,"Foxb2"]
[641340,-1.2415545917894,"Nrbf2",null,53892,-1.2415672865377,"Ppm1d",null,22646,-1.17143341243348,"Zfp105"]
[57755,-1.23898321690365,"Dnajb7",null,18041,-1.24078752888325,"Nfs1",null,11983,-1.17067692262067,"Atpif1"]
[244810,-1.2363641242506,"AW551984",null,20887,-1.23964338353834,"Sult1a1",null,100034363,-1.16860922048878,"Tmsb15b2"]
[11444,-1.23619049499011,"Chrnb2",null,72077,-1.23910498596314,"Gcnt3",null,19155,-1.16845443395941,"Npepps"]
[433667,-1.23325666344002,"Ankrd13c",null,20766,-1.23835384244186,"Sprr3",null,268933,-1.16677956821373,"Wdr24"]
[70852,-1.2318316671023,"Alkbh3os1",null,76022,-1.2372880825231,"Gon4l",null,320736,-1.16546723609784,"Vstm4"]
[15006,-1.22945776296871,"H2-Q1",null,330463,-1.23548984064981,"Zfp78",null,13032,-1.16484748093931,"Ctsc"]
[74213,-1.22810319358127,"Rbm26",null,244962,-1.23467367037684,"Snx14",null,70380,-1.16333535150118,"Mospd1"]
[71183,-1.22690300117596,"Clec12b",null,18570,-1.23390971241557,"Pdcd6",null,17218,-1.161603774615,"Mcm5"]
[15372,-1.22373462520322,"Hmx2",null,68510,-1.23287789014153,"Ints1",null,194126,-1.16080833403417,"Mtmr11"]
[14571,-1.22228890285405,"Gpd2",null,70491,-1.23188934352296,"5730412P04Rik",null,192663,-1.15969990795793,"Abcg4"]
[258313,-1.22227716799811,"Olfr726",null,229004,-1.23186220848037,"Gmeb2",null,75007,-1.15958330703863,"Fam63a"]
[75693,-1.2190897084776,"3010001F23Rik",null,723822,-1.22994638409831,"Mir218-1",null,227394,-1.15833427602512,"Slco4c1"]
[244864,-1.21614122978352,"Layn",null,66123,-1.22822791278762,"1110006O24Rik",null,74919,-1.15684514755109,"Slc35f6"]
[66245,-1.21515296162729,"Hspbp1",null,21338,-1.22671884693712,"Tacr3",null,100038392,-1.15545516612923,"Gm10785"]
[328594,-1.21312645732594,"D630010B17Rik",null,69232,-1.2248050987856,"Qrich1",null,67049,-1.15478445269736,"Pus3"]
[18631,-1.20979330499041,"Pex11a",null,68241,-1.22377244122363,"Fam195a",null,26399,-1.1536648353337,"Map2k6"]
[239570,-1.208010246174,"Ttc38",null,66815,-1.22273857240889,"Ccdc109b",null,17248,-1.15192003530252,"Mdm4"]
[12959,-1.20603098593366,"Cryba4",null,73409,-1.22090311897053,"1700065J11Rik",null,21411,-1.15101500168504,"Tcf20"]
[545013,-1.20570064762123,"Gm5797",null,269800,-1.2205613169451,"Zfp384",null,268905,-1.15101471568611,"Krtap13-1"]
[105352,-1.20470266172486,"Dusp22",null,105014,-1.21785916518816,"Rdh14",null,14632,-1.14987214946601,"Gli1"]
[240334,-1.20232841496911,"Pcyox1l",null,114566,-1.21675616945791,"Krt82",null,545812,-1.14887351024895,"Pilrb2"]
[70523,-1.2000714811706,"5730420D15Rik",null,74777,-1.21542960017981,"Selenon",null,226999,-1.14690567107114,"Slc9a2"]
[67210,-1.19874447298183,"Gatad1",null,14313,-1.21405391474191,"Fst",null,258534,-1.1459825172256,"Olfr1361"]
[17448,-1.19710775949078,"Mdh2",null,235040,-1.21326879453435,"Atg4d",null,74633,-1.14521205046634,"4930429F24Rik"]
[74663,-1.19484223589582,"4930435E12Rik",null,107371,-1.21198693822418,"Exoc6",null,104732,-1.1443849646744,"4930427A07Rik"]
[104346,-1.19329894492161,"Gas8",null,76809,-1.21057040047506,"Bri3bp",null,67092,-1.14317571565116,"Gatm"]
[18968,-1.19327073131652,"Pola1",null,52276,-1.21042103474112,"Cdca8",null,19073,-1.1431131574993,"Srgn"]
[17158,-1.19142250489753,"Man2a1",null,245446,-1.20832611821511,"Slitrk4",null,51800,-1.1416568367113,"Bok"]
[213484,-1.19009065899399,"Nudt18",null,57755,-1.20689203640655,"Dnajb7",null,17035,-1.14072425719452,"Lxn"]
[381236,-1.1880338010461,"Lipo3",null,51875,-1.20539623093126,"Tmem141",null,108013,-1.14034762568719,"Celf4"]
[22196,-1.18523661726854,"Ube2i",null,12627,-1.20377734099738,"Cfc1",null,19773,-1.13840094633573,"Rln1"]
[16581,-1.18351866319706,"Kifc2",null,13138,-1.20226760176577,"Dag1",null,242711,-1.13696287789069,"Cela3a"]
[108737,-1.18186293944564,"Oxsr1",null,73326,-1.20129714020012,"4932702P03Rik",null,69117,-1.13572835689681,"Adh6a"]
[100124451,-1.18003277990444,"Mir574",null,72440,-1.20002775363072,"Rhno1",null,110175,-1.13394441864098,"Ggct"]
[19361,-1.17982584457423,"Rad51",null,117590,-1.20002401162831,"Asb10",null,69024,-1.13368569563807,"Snx15"]
[14173,-1.17883512920955,"Fgf2",null,14201,-1.19799606924981,"Fhl3",null,22238,-1.13250082907819,"Ugt2b5"]
[60367,-1.17804598918041,"Il1rapl2",null,16506,-1.19663846529353,"Kcnd1",null,242691,-1.13140603149981,"Gpatch3"]
[17955,-1.17615973654957,"Nap1l4",null,15165,-1.19506130172208,"Hcn1",null,101056138,-1.13055620249702,"Gm20619"]
[241490,-1.17504970364436,"Rbm45",null,66220,-1.19372486853497,"Zdhhc12",null,216440,-1.12957414345162,"Os9"]
[107338,-1.17397569529832,"Gbf1",null,69660,-1.19260266596217,"Tmbim1",null,245670,-1.12836001401914,"Rragb"]
[78575,-1.17267071129699,"B430319G15Rik",null,21975,-1.19099959801434,"Top3a",null,80860,-1.12549860560153,"Ghdc"]
[102466791,-1.171427270663,"Mir7034",null,72269,-1.18864996687463,"Cda",null,12262,-1.12453019788166,"C1qc"]
[12163,-1.17140018692942,"Bmp8a",null,14705,-1.1885268107097,"Bscl2",null,72140,-1.12433125231761,"Cep89"]
[21646,-1.17044754917264,"Tcte2",null,68385,-1.18732959409534,"Tlcd1",null,75689,-1.12224461347786,"Higd1b"]
[100503783,-1.16831236614563,"Gm17733",null,328451,-1.18618329065833,"Gm5088",null,78575,-1.12143409598498,"B430319G15Rik"]
[50765,-1.16688610019204,"Tfr2",null,319801,-1.18500593461184,"Tigar",null,15242,-1.11977114369801,"Hhex"]
[192174,-1.16465494198163,"Rwdd4a",null,14417,-1.183660331861,"Gad2",null,108176,-1.11849075565683,"Npm3-ps1"]
[245572,-1.16300071889568,"Tbx22",null,216456,-1.18230792707862,"Gls2",null,100041096,-1.11779844263255,"Iqcf6"]
[66377,-1.16176822111021,"Ndufc1",null,70335,-1.18104069816284,"Reep6",null,408065,-1.11662864332916,"Zfp456"]
[100039684,-1.15940684169741,"5031434O11Rik",null,107373,-1.18018589630104,"Fam111a",null,319167,-1.11565296129595,"Hist1h2ag"]
[665563,-1.15933567165143,"Mthfd2l",null,16326,-1.1800422421756,"Inhbe",null,74551,-1.11561828300217,"Pck2"]
[18591,-1.15760410887431,"Pdgfb",null,17918,-1.17937850240426,"Myo5a",null,80861,-1.11428725104274,"Dhx58"]
[68255,-1.15532104241015,"Tmem86b",null,81000,-1.17851808743503,"Rad54l2",null,53892,-1.11299201582374,"Ppm1d"]
[628053,-1.15356228297488,"Gm14725",null,237823,-1.17744520708562,"Pfas",null,100302499,-1.11193821653329,"Snora3"]
[233057,-1.15157784502506,"Zfp940",null,11771,-1.1767705793978,"Ap2a1",null,78921,-1.1110499265878,"9130019O22Rik"]
[67608,-1.15026163310139,"Narf",null,102466797,-1.17567350343996,"Mir7058",null,107829,-1.11038149784397,"Thoc5"]
[23892,-1.1486617129906,"Grem1",null,207352,-1.17350722099791,"Sec23ip",null,210104,-1.10913270586118,"Zfp658"]
[333654,-1.1464370212152,"Ppp1r13l",null,333654,-1.17214854424837,"Ppp1r13l",null,76491,-1.10846890769,"Abhd14b"]
[208659,-1.14636178107182,"Fam20a",null,229562,-1.17210559147106,"Sprr4",null,666737,-1.10789989924614,"4632427E13Rik"]
[17992,-1.14489283085329,"Ndufa4",null,74481,-1.17011082346536,"Batf2",null,70616,-1.10579214295357,"Sugp1"]
[246709,-1.14383418879601,"Rgs13",null,13507,-1.16856097636896,"Dsc3",null,52857,-1.10515076023663,"Gramd1a"]
[723962,-1.14241540681783,"Mir26a-2",null,74213,-1.16737353710005,"Rbm26",null,232566,-1.10430796330928,"Amn1"]
[268564,-1.14117647876462,"Zbtb1",null,72508,-1.16654845163055,"Rps6kb1",null,338364,-1.10360932676506,"Trim65"]
[69066,-1.13950474427,"1810010H24Rik",null,102634473,-1.16454351792527,"Gm29669",null,75283,-1.10229874048026,"4930556L07Rik"]
[100048658,-1.13752827843943,"Ddx43",null,320022,-1.16294564611958,"Terb1",null,211550,-1.10115459959136,"Tifa"]
[50706,-1.13615968820273,"Postn",null,100628598,-1.16230134743913,"Mir5129",null,268512,-1.10058359227271,"Slc26a11"]
[66658,-1.13586691860469,"Ccdc51",null,70380,-1.16226652228327,"Mospd1",null,100124449,-1.1004510560655,"Mir509"]
[320541,-1.13321233737569,"Slc35e2",null,19045,-1.16132228579173,"Ppp1ca",null,70420,-1.09947160413909,"Arpin"]
[664994,-1.13141574781286,"Isoc2a",null,18039,-1.16055447318845,"Nefl",null,246102,-1.09812961673061,"Rttn"]
[237211,-1.13081104313882,"Fancb",null,75015,-1.15834768376413,"4930503B20Rik",null,117198,-1.09709925773932,"Ivns1abp"]
[66109,-1.12914146502519,"Tspan13",null,69918,-1.15717161495177,"2610020C07Rik",null,100502698,-1.09555151308781,"Rubcn"]
[20964,-1.12832828039805,"Syn1",null,320615,-1.15647472832792,"Dopey1",null,73419,-1.09361474645634,"Armt1"]
[54139,-1.12742271595731,"Irf6",null,66929,-1.15509474758529,"Asf1b",null,76157,-1.09265690852269,"Slc35d3"]
[26896,-1.12600809524398,"Med14",null,18574,-1.15430194133408,"Pde1b",null,18412,-1.09144962989341,"Sqstm1"]
[15170,-1.12597533832794,"Ptpn6",null,102465611,-1.15418752500622,"Mir7011",null,67618,-1.09135094175285,"Aasdhppt"]
[81535,-1.1244638810783,"Sgpp1",null,74712,-1.15302220165106,"4930511A02Rik",null,380683,-1.0910808065845,"Sec14l3"]
[228536,-1.12325107661741,"Bahd1",null,107350,-1.15246489496674,"AW112010",null,723899,-1.08977396529782,"Mir365-1"]
[77644,-1.12132765351292,"C330007P06Rik",null,73827,-1.15152749008754,"Tmem198b",null,67811,-1.08863541863196,"Poldip2"]
[81000,-1.12055655161101,"Rad54l2",null,107686,-1.15036500324213,"Snrpd2",null,19171,-1.08745504455106,"Psmb10"]
[74667,-1.11938738059002,"4930434J06Rik",null,19344,-1.14920111117858,"Rab5b",null,67872,-1.08590973791191,"Nsmce4a"]
[100043868,-1.11868608864986,"Scgb1b30",null,328906,-1.14784525039363,"Gm15328",null,217588,-1.08478723553427,"Mbip"]
[54612,-1.11753185407806,"Sfrp5",null,20202,-1.14613643230836,"S100a9",null,18741,-1.08402655064792,"Pitx2"]
[21770,-1.1170873854457,"Ppp2r5d",null,17156,-1.14606474795703,"Man1a2",null,20497,-1.08400677859999,"Slc12a3"]
[51875,-1.11509163924164,"Tmem141",null,114671,-1.14483667545903,"4930444G20Rik",null,408028,-1.08309413324829,"Arhgap20os"]
[544717,-1.11373648714349,"1190007I07Rik",null,245886,-1.1434884639787,"Ankrd27",null,237009,-1.08220672369802,"Ube2dnl1"]
[17385,-1.11220959041718,"Mmp11",null,383678,-1.14229581774988,"Obp2b",null,78376,-1.08153954734217,"Sapcd1"]
[213233,-1.11071370961312,"Tapbpl",null,272158,-1.14113140562909,"Poln",null,59020,-1.080502895508,"Pdzk1"]
[102247,-1.10961645858138,"Gpat4",null,114889,-1.1404609884688,"Vsx1",null,217707,-1.07958311968155,"Coq6"]
[102465227,-1.10828668572044,"Mir6418",null,232196,-1.13908083717488,"C87436",null,19886,-1.07867751332863,"Ros1"]
[224008,-1.10689676975171,"Spidr",null,93871,-1.13747281969605,"Brwd1",null,17339,-1.07813342436957,"Mip"]
[100217438,-1.10680968943145,"Scarna2",null,53314,-1.13746298995675,"Batf",null,67370,-1.07807511179701,"Zfp606"]
[229011,-1.10528936267795,"Samd10",null,70427,-1.13681627355743,"Mier2",null,64661,-1.07704892832812,"Krtdap"]
[382117,-1.10393970081576,"Tcaim",null,217379,-1.13581902051127,"Ubxn2a",null,245857,-1.0762900983965,"Ssh3"]
[14862,-1.10282650225275,"Gstm1",null,216767,-1.1346844736774,"Mrpl22",null,68563,-1.07552836897486,"Dpm3"]
[66769,-1.10184515465043,"4933427E11Rik",null,66079,-1.13413994133254,"Tmem42",null,16483,-1.07482278529382,"Kap"]
[20273,-1.10024079802243,"Scn8a",null,73398,-1.13242233733334,"Nipsnap3a",null,381489,-1.07348234369645,"Rxfp1"]
[73382,-1.09940902599619,"Prss52",null,103236,-1.13076096902357,"Csnk1g2",null,228005,-1.07212135321853,"Ppig"]
[15551,-1.09820465171943,"Htr1b",null,76639,-1.12912732251758,"1700121N20Rik",null,229302,-1.07079819062913,"Tm4sf4"]
[654424,-1.09816535663423,"Mccc1os",null,78369,-1.12896806661703,"Icam4",null,236193,-1.07075113593187,"Zfp709"]
[11305,-1.09714242608897,"Abca2",null,100217441,-1.12759051799787,"Snord23",null,244183,-1.06972302015011,"Trim30b"]
[70240,-1.09613800351988,"Ufsp1",null,71884,-1.12680910794082,"Chit1",null,27385,-1.06837423188239,"Magel2"]
[627872,-1.09451954395514,"Dnah7a",null,230379,-1.12582851841717,"Acer2",null,108956,-1.06787105248028,"Apol7c"]
[11807,-1.09299628822844,"Apoa2",null,319899,-1.12535092430456,"Dock6",null,625167,-1.06685427865303,"Gm6559"]
[69890,-1.09218136721525,"Zfp219",null,257882,-1.12364631372954,"Olfr1344",null,106407,-1.0659299532537,"Slc51a"]
[55988,-1.09094488354867,"Snx12",null,107338,-1.12209775959269,"Gbf1",null,77032,-1.06519881160904,"Tstd3"]
[13177,-1.09035383260927,"Eci1",null,240028,-1.12116259307777,"Lnpep",null,328643,-1.06360205213905,"Vwa5b2"]
[239447,-1.09021674865031,"Colec10",null,66830,-1.12085432510214,"Nacc1",null,71091,-1.06355750252101,"Cdkl1"]
[20890,-1.08924801661974,"Wnt8a",null,71041,-1.11935144342839,"Pcgf6",null,229011,-1.06224182031079,"Samd10"]
[227624,-1.08728633481013,"Rabl6",null,12279,-1.11745403421379,"C9",null,328801,-1.06140111145933,"Zfp414"]
[75283,-1.08625468123423,"4930556L07Rik",null,229003,-1.11615726089331,"Helz2",null,14470,-1.06003287491449,"Rabac1"]
[245537,-1.08369236135594,"Nlgn3",null,102465773,-1.11465890809579,"Mir7672",null,217366,-1.05928944646494,"Lrrc45"]
[243833,-1.08229796321606,"Zfp128",null,76263,-1.11322685857535,"Gstk1",null,67980,-1.05812126606949,"Gnpda2"]
[18391,-1.08145934681547,"Sigmar1",null,13077,-1.1122457217987,"Cyp1a2",null,18479,-1.05738472534873,"Pak1"]
[102465565,-1.07960215863328,"Mir6936",null,654424,-1.11110134176857,"Mccc1os",null,69724,-1.05608496484973,"Rnaseh2a"]
[68718,-1.07941595047609,"Rnf166",null,72218,-1.110956059572,"Rab11fip4os2",null,22041,-1.05576868481565,"Trf"]
[277973,-1.07848268998759,"Slc9a5",null,11863,-1.10967494762302,"Arnt",null,234836,-1.05480311479276,"Il17c"]
[16164,-1.0759053350826,"Il13ra1",null,319719,-1.10893929038378,"Simc1",null,269774,-1.05410814813028,"Aak1"]
[231727,-1.0751696010729,"B3gnt4",null,12640,-1.10761055300584,"Cga",null,12525,-1.0534541094365,"Cd8a"]
[18701,-1.07384399198124,"Pigf",null,69459,-1.10703465882637,"Ubl7",null,69769,-1.0521252206739,"Tnfaip8l2"]
[216742,-1.07313160864573,"Fnip1",null,21755,-1.10605458854112,"Prss39",null,68251,-1.05116948707934,"Babam1"]
[192191,-1.07226629974412,"Med9",null,102466769,-1.10495610378841,"Mir6938",null,319236,-1.05009446107429,"Trim12c"]
[66707,-1.07092147876547,"Nkapl",null,231130,-1.1041203130732,"Tnip2",null,16157,-1.04952801953331,"Il11ra1"]
[239647,-1.07059980022316,"Pced1b",null,14433,-1.10401729334245,"Gapdh",null,71254,-1.04948182322271,"Naif1"]
[194231,-1.06935853411534,"Cnksr1",null,72139,-1.10305087008791,"2610044O15Rik8",null,16647,-1.04861391268991,"Kpna2"]
[378702,-1.06789279910167,"Serf2",null,77951,-1.10095680884358,"Cyp20a1",null,72656,-1.04782003399398,"Ints8"]
[67085,-1.06629434547508,"1700024G13Rik",null,18386,-1.10027894400385,"Oprd1",null,74412,-1.04707148953806,"Gle1"]
[66148,-1.0650989515688,"Dnajc15",null,20901,-1.09988899942969,"Strap",null,107338,-1.04623299107599,"Gbf1"]
[102902673,-1.06422332082329,"Gm21992",null,109685,-1.09868353944303,"Hyal3",null,433520,-1.04534479319377,"Gm14403"]
[98878,-1.06318192016747,"Ehd4",null,22326,-1.09789571428365,"Vax1",null,245860,-1.04489821307002,"Atg9a"]
[80291,-1.06197905582789,"Rilpl2",null,58227,-1.09710499268978,"Fam184b",null,70997,-1.04377130539404,"Spef1"]
[68808,-1.06118293367714,"1110046J04Rik",null,80751,-1.09684902174292,"Rnf34",null,57264,-1.04352569673734,"Retn"]
[272322,-1.05979013766424,"Arntl2",null,320080,-1.09559777873988,"Zbtb39",null,50880,-1.04253714020593,"Scly"]
[319786,-1.05870823349521,"B930059L03Rik",null,70432,-1.09476502526436,"Rufy2",null,66314,-1.04210507898798,"Tpd52l2"]
[19387,-1.05710497005646,"Rangap1",null,433702,-1.09435976272785,"Ncbp1",null,387133,-1.04092971027998,"Mir9-1"]
[74646,-1.05552561632829,"Spsb1",null,105651,-1.09285156684312,"Ppp1r3e",null,14201,-1.03995022560475,"Fhl3"]
[27096,-1.05447819586357,"Trappc3",null,22644,-1.09197225582608,"Rnf103",null,56031,-1.03892271292823,"Ppie"]
[74777,-1.05332659294747,"Selenon",null,75410,-1.0911343969445,"Kmt2b",null,100316832,-1.03806570956083,"Mir1895"]
[67885,-1.05178670506498,"1500011K16Rik",null,93747,-1.08967126047293,"Echs1",null,66810,-1.03738193119347,"Rbm22"]
[15042,-1.05153697799893,"H2-T24",null,212108,-1.08942594043416,"Rln3",null,19988,-1.03730850459059,"Rpl6"]
[378775,-1.05011137080444,"Pcsk2os2",null,399566,-1.0888285346872,"Btbd6",null,242517,-1.03593603105553,"Ifna15"]
[279706,-1.04909666795358,"Nup62cl",null,74091,-1.08798678951842,"Npl",null,102466158,-1.03511575646946,"Mir6408"]
[228790,-1.04762072388518,"Asxl1",null,73738,-1.0875620752113,"Haus7",null,56282,-1.03425352711442,"Mrpl12"]
[94218,-1.04667277924459,"Cnnm3",null,320940,-1.08642126601715,"Atp11c",null,69296,-1.0335000020708,"Tmigd3"]
[66929,-1.04598909093122,"Asf1b",null,329731,-1.08484388439437,"Fam19a3",null,72621,-1.03281781332678,"Pdzd11"]
[74712,-1.04461511257528,"4930511A02Rik",null,70397,-1.0841937588507,"Tmem70",null,224697,-1.03222904464005,"Adamts10"]
[433956,-1.04337123530316,"Dnaaf5",null,100503311,-1.08320348352201,"Pifo",null,21894,-1.03085113289887,"Tln1"]
[69771,-1.04335161082128,"1810019D21Rik",null,102774,-1.0831554254998,"Bbs4",null,68915,-1.03061194259397,"Vars2"]
[19204,-1.04213445645273,"Ptafr",null,56530,-1.08225383780577,"Cnpy2",null,215693,-1.02898231781557,"Zmat1"]
[100415787,-1.04131365058111,"Tomm6os",null,74092,-1.08150513619864,"Tbc1d22bos",null,100503468,-1.02796561771445,"Gm14023"]
[21780,-1.04029842083716,"Tfam",null,22774,-1.08105933726861,"Zic4",null,13122,-1.02716547150419,"Cyp7a1"]
[226182,-1.03947510436787,"Taf5",null,58865,-1.0793459137796,"Tdh",null,69120,-1.02644786508112,"1810021B22Rik"]
[209645,-1.03788411543807,"Bend7",null,18087,-1.0786767018822,"Nktr",null,67320,-1.02563543663795,"Iqcf4"]
[65100,-1.0367868289998,"Zic5",null,71519,-1.0780142014246,"Cyp2u1",null,17385,-1.02522438309145,"Mmp11"]
[232791,-1.03567999696127,"Cnot3",null,230073,-1.07706356483841,"Ddx58",null,233073,-1.02494888716676,"U2af1l4"]
[225339,-1.03567904549578,"Ammecr1l",null,101544,-1.07705454398323,"Zfp575",null,18400,-1.02493202453753,"Slc22a18"]
[84095,-1.03494941129319,"Pi4k2a",null,66124,-1.07613349409448,"Josd2",null,216151,-1.02440520909478,"Polrmt"]
[233405,-1.03359884553083,"Vps33b",null,70809,-1.07496195116343,"Clec2g",null,16889,-1.02266577845843,"Lipa"]
[21389,-1.03182869011564,"Tbx6",null,321019,-1.0732186695967,"Gpr183",null,18261,-1.02211017506863,"Ocm"]
[230119,-1.03055985337913,"Zbtb5",null,99889,-1.07213042422369,"Arfip1",null,257882,-1.02115233650612,"Olfr1344"]
[99045,-1.02846025616926,"Mrps26",null,387171,-1.07065707970533,"Mir153",null,114666,-1.02042511518877,"Krtap5-5"]
[50782,-1.02751400831344,"Rgs11",null,66148,-1.06896383732064,"Dnajc15",null,94218,-1.01957269448563,"Cnnm3"]
[328108,-1.02710262260701,"Fam179b",null,80291,-1.06840657708496,"Rilpl2",null,272322,-1.01907048232818,"Arntl2"]
[98558,-1.02709408931958,"Mael",null,552913,-1.0683849808795,"Gm14634",null,78249,-1.01885662909948,"Adgrf4"]
[211147,-1.02606115373425,"2018-03-11",null,270066,-1.06731390336915,"Slc35e1",null,107734,-1.01785596128424,"Mrpl30"]
[20333,-1.02417977561497,"Sec22b",null,20022,-1.06602808896253,"Polr2j",null,69051,-1.01695450829987,"Pycr2"]
[94094,-1.02331234652293,"Trim34a",null,14268,-1.06533354501056,"Fn1",null,52633,-1.01649086430263,"Nit2"]
[20336,-1.02226246167647,"Exoc4",null,227733,-1.0644540200927,"Pip5kl1",null,16319,-1.01506764249442,"Incenp"]
[68475,-1.02127390843226,"Ssna1",null,11655,-1.06287708477767,"Alas1",null,66171,-1.01468738286092,"Pgls"]
[239170,-1.0201791551272,"Fam160b2",null,226043,-1.06091184695404,"Cbwd1",null,66264,-1.01412011533645,"Ccdc28b"]
[20193,-1.01972680487247,"S100a1",null,72147,-1.06057514847369,"Zbtb46",null,74316,-1.01325476120269,"Isca2"]
[70294,-1.01961602736756,"Rnf126",null,100043462,-1.06031722246827,"Nutf2-ps1",null,69155,-1.01318523819924,"1810030O07Rik"]
[14913,-1.01816863560786,"Guca1a",null,228998,-1.05927198289454,"Arfgap1",null,210105,-1.01262506839918,"Zfp719"]
[211484,-1.01714753807344,"Tsga10",null,78329,-1.05840885212396,"2310010J17Rik",null,100042889,-1.01182583880373,"C920021L13Rik"]
[66680,-1.0151125953348,"Oser1",null,216792,-1.05731320973301,"Iba57",null,21428,-1.01126768432715,"Mlx"]
[66445,-1.01423725111056,"Cyc1",null,75581,-1.05609055249579,"Yipf7",null,330959,-1.01066055562082,"Snapc5"]
[242474,-1.01315036976957,"Tmem245",null,18158,-1.05498002578065,"Nppb",null,223227,-1.00999782103836,"Sox21"]
[73447,-1.01262134766181,"Wdr13",null,80515,-1.0538487391848,"Chd3os",null,210710,-1.00935973132415,"Gab3"]
[66065,-1.01165173449638,"Hsd17b14",null,225164,-1.05182150268509,"Mib1",null,66237,-1.00882900975104,"Atp6v1g2"]
[320046,-1.0115776411064,"F730043M19Rik",null,100316903,-1.0518072251266,"Gm20605",null,433944,-1.00882661837412,"Tbx3os2"]
[387233,-1.01064380768484,"Mir124a-1",null,319748,-1.05071624517117,"Zfp865",null,104349,-1.00841468402563,"Zfp119a"]
[73061,-1.00899314589081,"Cldn34c1",null,74477,-1.0494953658301,"4933427D14Rik",null,18648,-1.00775163594587,"Pgam1"]
[13712,-1.00783553013019,"Elk1",null,102465762,-1.04887862573289,"Mir7654",null,246257,-1.00713247431545,"Ovca2"]
[18475,-1.00658423937086,"Pafah1b2",null,108124,-1.04766915878211,"Napa",null,54218,-1.00622689419284,"B3galt4"]
[239659,-1.00520622639202,"C1ql4",null,227644,-1.04615140574843,"Snapc4",null,71703,-1.00531004602064,"Armcx3"]
[11761,-1.00429316197537,"Aox1",null,107071,-1.04462473936253,"Wdr74",null,238123,-1.0047307442057,"Cog5"]
[59038,-1.00292183308806,"Pxmp4",null,26912,-1.04374040115493,"Gcat",null,100273,-1.00427817734327,"Osbpl9"]
[619547,-1.00289118471778,"Rpl34-ps1",null,192216,-1.04365635713845,"Tmem47",null,66590,-1.00416237680015,"Farsa"]
[442847,-1.00199958400586,"Platr7",null,319554,-1.04285253231143,"Idi1",null,328108,-1.0034815632506,"Fam179b"]
[100038570,-1.00065111212173,"Prcd",null,16528,-1.04164017877949,"Kcnk4",null,20597,-1.00260689681129,"Smpd1"]
[75627,-0.993104685469528,"Snapc1",null,80904,-1.04027189100575,"Dtx3",null,192852,-1.00218691858229,"Lrrc3c"]
[433904,-0.982578906129977,"Ociad2",null,723950,-1.0395377310678,"Mir124a-2",null,66362,-1.00127205340153,"Exosc3"]
[21336,-0.974108955371306,"Tacr1",null,223227,-1.03892300751816,"Sox21",null,101447999,-1.00079170054525,"Mirc35hg"]
[215632,-0.962940141119956,"Psd4",null,22375,-1.03816728920911,"Wars",null,16818,-1.00020873474197,"Lck"]
[54525,-0.956931607473808,"Syt7",null,76832,-1.03750655505638,"Hyls1",null,12877,-0.994282497403531,"Cpeb1"]
[319216,-0.956711968692999,"4932441J04Rik",null,225929,-1.03744540138258,"Patl1",null,12319,-0.992543538767605,"Car8"]
[20378,-0.951125738115001,"Frzb",null,75579,-1.03620933507448,"2310034G01Rik",null,12503,-0.987856880186523,"Cd247"]
[14169,-0.941667406685397,"Fgf14",null,320705,-1.03485522285498,"Bend6",null,14245,-0.981893767056562,"Lpin1"]
[66659,-0.935618322686769,"Acp6",null,23885,-1.03406208893633,"Gmcl1",null,14000,-0.974516830789941,"Drosha"]
[18772,-0.926757946072955,"Pkp1",null,67085,-1.03329041045055,"1700024G13Rik",null,228536,-0.969374060574385,"Bahd1"]
[110842,-0.921299323967367,"Etfa",null,102635290,-1.03294056868174,"Ttc39aos1",null,73985,-0.966792636212562,"4930445N18Rik"]
[67949,-0.907926010804096,"Nifk",null,72076,-1.03148832710072,"Mospd4",null,26358,-0.951567667211777,"Aldh1a7"]
[15369,-0.900200501479671,"Hmox2",null,100628615,-1.03008199245871,"Mir3962",null,237360,-0.945797989070527,"Adamts14"]
[67680,-0.898108947927398,"Sdhb",null,57750,-1.03007456135902,"Wdr12",null,68512,-0.945070470416584,"Tomm5"]
[13799,-0.888339737330542,"En2",null,68505,-1.0288424093195,"Vps51",null,382543,-0.941804749076408,"Ankfn1"]
[50778,-0.873270235203299,"Rgs1",null,229302,-1.02746101216246,"Tm4sf4",null,102466151,-0.933154474504197,"Mir6337"]
[110651,-0.863016963508611,"Rps6ka3",null,16430,-1.02636994524428,"Stt3a",null,353172,-0.9275686128887,"Gars"]
[228913,-0.852740430563188,"Zfp217",null,15476,-1.02540738456705,"Hs3st1",null,219170,-0.922372130536417,"Fam216b"]
[68270,-0.845556592369738,"Dnaaf1",null,76793,-1.02392388982183,"Snip1",null,18624,-0.914899750892859,"Pepd"]
[56454,-0.829884135549716,"Aldh18a1",null,68558,-1.02302956713034,"Ankra2",null,66887,-0.910303295674125,"Lonp2"]
[110078,-0.813289889629032,"Pygb",null,100504377,-1.02223830465025,"Gm20199",null,328162,-0.900704761755752,"Trmt61a"]
[15977,-0.813288029528838,"Ifnb1",null,56774,-1.02211777348481,"Slc6a14",null,102466676,-0.900024748316847,"Mir6538"]
[18107,-0.801888398850156,"Nmt1",null,79059,-1.02151363042767,"Nme3",null,58185,-0.894453909023893,"Rsad2"]
[15191,-0.793551946058964,"Hdgf",null,74663,-1.02050174312155,"4930435E12Rik",null,320606,-0.884220077466815,"3632454L22Rik"]
[56734,-0.785192242981828,"Tulp2",null,104725,-1.01917682690419,"Sptssa",null,75623,-0.872158900169738,"Tex30"]
[69895,-0.770755349348454,"Snhg8",null,170707,-1.01818955923683,"Usp48",null,22762,-0.865230462653191,"Zfpm2"]
[105418,-0.758947740116013,"E330034G19Rik",null,66882,-1.01726513152494,"Bzw1",null,11981,-0.857958633911404,"Atp9a"]
[18823,-0.751627355516529,"Plp1",null,71386,-1.01595746757004,"Krtap28-13",null,21807,-0.852440671447448,"Tsc22d1"]
[100504221,-0.74127061937501,"Efcab8",null,21376,-1.01494506463195,"Tbrg1",null,15526,-0.842862118804057,"Hspa9"]
[18146,-0.740403378391328,"Npdc1",null,56354,-1.01483770004673,"Dnajc7",null,19128,-0.842752399750738,"Pros1"]
[330096,-0.732872472675791,"Shisa3",null,100415787,-1.01413141297767,"Tomm6os",null,15476,-0.834591844398497,"Hs3st1"]
[105522,-0.72594289143612,"Ankrd28",null,232086,-1.01252801009226,"Tmem150a",null,66371,-0.819317568502085,"Chmp4c"]
[239827,-0.716203168715713,"Pigz",null,403178,-1.01163094197124,"Plcxd1",null,56874,-0.808086795555307,"Rnf32"]
[227659,-0.706321905215487,"Slc2a6",null,67044,-1.01053513952413,"Higd2a",null,244701,-0.800372081001993,"Mtnr1b"]
[102465180,-0.695450505604359,"Mir6352",null,29857,-1.00981722183458,"Mapk12",null,380732,-0.792658904122134,"Milr1"]
[216965,-0.68828609989234,"Taok1",null,319817,-1.00843921293267,"Rc3h2",null,100526518,-0.787379129505884,"Mir3065"]
[102634101,-0.681298725318615,"Gm31763",null,16826,-1.00659746955714,"Ldb2",null,11608,-0.774871493612455,"Agtr1b"]
[12419,-0.681187904635355,"Cbx5",null,68972,-1.00658084849528,"Tatdn3",null,64294,-0.774171215445592,"Itm2c"]
[14727,-0.667079964314301,"Lilr4b",null,71781,-1.00515565360103,"Slc16a14",null,74396,-0.761115688821118,"4933407K13Rik"]
[67053,-0.658297526342936,"Rpp14",null,100038417,-1.00445445845449,"Spink13",null,70138,-0.752046996506595,"2210417A02Rik"]
[68697,-0.650817728614739,"1110036E04Rik",null,69457,-1.00368444014932,"Tmem45a2",null,100303751,-0.736605283127917,"Snora31"]
[59006,-0.643928480004487,"Myoz2",null,12572,-1.00240658988046,"Cdk7",null,68979,-0.724595269291693,"Nol11"]
[207785,-0.633148003433062,"Csrnp2",null,21354,-1.0009055286694,"Tap1",null,13840,-0.710129215307573,"Epha6"]
[67606,-0.628107031450911,"Fibin",null,102466633,-1.00002073588385,"Mir6359",null,56198,-0.703688021296047,"Heyl"]
[76375,-0.61374396328806,"Det1",null,15896,-0.988791985978302,"Icam2",null,13495,-0.69656945849852,"Drg2"]
[218440,-0.611571899858699,"Ankrd34b",null,109672,-0.98819620512355,"Cyb5a",null,105439,-0.695515603879767,"Slain1"]
[109821,-0.604652004254562,"F11",null,75597,-0.97959141238397,"Ndufaf2",null,402774,-0.692169249400831,"D030025E07Rik"]
[434325,-0.598512640630719,"Tmem221",null,71820,-0.9704254649828,"Wdr34",null,19335,-0.68421944203722,"Rab23"]
[74684,-0.592364888950522,"4930451G09Rik",null,20226,-0.967218874219179,"Sars",null,102465208,-0.671151380391928,"Mir6391"]
[77920,-0.584313814628866,"A330102I10Rik",null,70138,-0.963722900908327,"2210417A02Rik",null,13612,-0.655826452970434,"Edil3"]
[320152,-0.578507096531691,"4930412C18Rik",null,16970,-0.957323002131939,"Lrmp",null,77296,-0.64364522884949,"Fam162b"]
[330790,-0.572830703535213,"Hapln4",null,319757,-0.944048959096362,"Smo",null,72902,-0.629824216454139,"Spock3"]
[27215,-0.562754898634735,"Azi2",null,171210,-0.938899120136994,"Acot2",null,76792,-0.620893650361563,"2410131K14Rik"]
[14464,-0.558948334003818,"Gata5",null,194388,-0.937309214177045,"Tet3",null,380702,-0.619258837786716,"Shisa6"]
[18536,-0.548252046653654,"Pcm1",null,18996,-0.926828772431826,"Pou4f1",null,102465968,-0.609999768657906,"Mir6537"]
[208117,-0.540575245186115,"Aph1b",null,23859,-0.916594188512626,"Dlg2",null,77485,-0.602502148508498,"Stk31"]
[14472,-0.533596236723059,"Gbx2",null,68332,-0.903439000506099,"Sdhaf1",null,237926,-0.592463374667234,"Rsad1"]
[269424,-0.52694717528509,"Jade1",null,73811,-0.890364469749563,"4930405J17Rik",null,68888,-0.581157312027821,"Gkn3"]
[68646,-0.517979949567998,"Nadk2",null,56418,-0.884431615332021,"Ykt6",null,107586,-0.572989059742757,"Ovol2"]
[170748,-0.506460164768769,"Smco4",null,142682,-0.877244704711359,"Zcchc14",null,66774,-0.557678367527954,"Carlr"]
[100504594,-0.495906414582323,"A630012P03Rik",null,100126692,-0.868185365467345,"B020018J22Rik",null,107684,-0.545584291267829,"Coro2a"]
[23988,-0.495731967934089,"Pin1",null,225341,-0.866204107320557,"Lims2",null,75051,-0.542971067124319,"Ccdc173"]
[80914,-0.48818135080159,"Uck2",null,170770,-0.858362540523476,"Bbc3",null,65967,-0.539774195189393,"Eefsec"]
[75425,-0.477693108306683,"Tti1",null,19296,-0.851192622257193,"Pvt1",null,74179,-0.535263890759162,"1700030A11Rik"]
[252864,-0.470934344371017,"Dusp15",null,23937,-0.841786429581229,"Mab21l2",null,12177,-0.530490600936954,"Bnip3l"]
[68294,-0.46604796081667,"Mfsd10",null,74026,-0.833750692779241,"Msl1",null,27984,-0.523994489164111,"Efhd2"]
[242151,-0.458624066654912,"Kcna10",null,208431,-0.828120747365277,"Shroom4",null,338360,-0.514401526925322,"B430212C06Rik"]
[170644,-0.452455794579663,"Ubn1",null,64435,-0.81666737576656,"Fcamr",null,67861,-0.50891809331481,"Akr1b10"]
[70807,-0.446531201117895,"Arrdc2",null,60613,-0.810645249683939,"Kcnq4",null,67846,-0.504537079710598,"Tmem39a"]
[67834,-0.445775735237963,"Idh3a",null,68010,-0.807953772826869,"Bambi",null,18040,-0.504164093092713,"Nefm"]
[100415916,-0.438410717462908,"Gm15997",null,67893,-0.799954139997914,"Tmem86a",null,20297,-0.499288415395843,"Ccl20"]
[68243,-0.429379856538271,"A930018P22Rik",null,66953,-0.787983851162482,"Cdca7",null,381536,-0.494672236345899,"Gm12789"]
[54384,-0.423106421849972,"Mtmr7",null,107747,-0.777764591834899,"Aldh1l1",null,52463,-0.487142461623868,"Tet1"]
[103214,-0.416901271988754,"Tmevpg1",null,66561,-0.765550790114199,"Teddm3",null,107305,-0.481093360374008,"Vps37c"]
[68598,-0.406654149231257,"Dnajc8",null,11305,-0.753382922839875,"Abca2",null,51869,-0.478129914406869,"Rif1"]
[217369,-0.40371348689714,"Uts2r",null,433791,-0.743944400012555,"Zfp992",null,50935,-0.472988944816635,"St6galnac6"]
[213053,-0.399606333901482,"Slc39a14",null,319684,-0.736771242104648,"5031425F14Rik",null,76747,-0.467409932109894,"Dapl1"]
[100504663,-0.399384588446637,"Atg14",null,19668,-0.736627798134431,"Rbpjl",null,19289,-0.467089308086987,"Igdcc3"]
[66998,-0.38953858731203,"Psmd5",null,208760,-0.729814542404524,"Aqp12",null,140546,-0.457648767176416,"Eri3"]
[29820,-0.384445260455029,"Tnfrsf19",null,14367,-0.721455806313676,"Fzd5",null,106869,-0.45443830427055,"Tnfaip8"]
[232664,-0.377830351833366,"Ccdc136",null,207785,-0.71394911440234,"Csrnp2",null,545474,-0.445649408036515,"Scrt2"]
[74455,-0.373503125857318,"Nsun6",null,72275,-0.707805671895573,"2200002D01Rik",null,723959,-0.438461807520764,"Mir1a-2"]
[71836,-0.364288452477769,"Shcbp1l",null,320566,-0.696596670424615,"A830029E22Rik",null,50781,-0.433800796267061,"Dkk3"]
[216019,-0.357632487914986,"Hkdc1",null,72198,-0.688011322061069,"Skiv2l2",null,75734,-0.425837983594459,"Mff"]
[75051,-0.353551911025865,"Ccdc173",null,100503498,-0.68493255868971,"Gm16675",null,100503021,-0.415316450047392,"Gm19510"]
[78339,-0.353467026718393,"Ttyh3",null,237930,-0.684627121322015,"Ttll6",null,330627,-0.415152594794913,"Trim66"]
[75146,-0.347770358285512,"Mfsd13a",null,230837,-0.677725775288873,"Asap3",null,102466774,-0.409133154671579,"Mir6962"]
[16825,-0.341428801135087,"Ldb1",null,100182,-0.667837418001932,"Akna",null,94275,-0.400997200873086,"Maged1"]
[13349,-0.335966114177209,"Ackr1",null,13840,-0.655814602216292,"Epha6",null,19341,-0.395197492182026,"Rab4a"]
[68566,-0.329870644712856,"Caly",null,19888,-0.646277418536929,"Rp1",null,13560,-0.388991993427015,"E4f1"]
[30840,-0.322214823182939,"Fbxl6",null,58237,-0.637325090205715,"Nkain4",null,66589,-0.385027491574236,"Ube2v1"]
[50789,-0.31774286674389,"Fbxl3",null,328837,-0.628971557353324,"C330011F03Rik",null,102465637,-0.378277790312883,"Mir7052"]
[102465651,-0.310809277603911,"Mir7074",null,54198,-0.618949129518135,"Snx3",null,73536,-0.371658631524655,"1700092K14Rik"]
[102465703,-0.310608222675431,"Mir7220",null,69312,-0.618339179638667,"Ppp1r42",null,75735,-0.371305199525136,"Pank1"]
[67158,-0.306458723469641,"Sft2d3",null,226849,-0.605517866515043,"Ppp2r5a",null,328646,-0.365394111899,"Gm16863"]
[240261,-0.304177025462341,"Ccdc112",null,245877,-0.598307783145419,"Map7d1",null,68332,-0.359474488883961,"Sdhaf1"]
[140475,-0.297282202071833,"Bsnd",null,387218,-0.588145212340004,"Mir26a-1",null,100502942,-0.355897340187247,"Gm4814"]
[18510,-0.29073413452957,"Pax8",null,72258,-0.57895641487093,"Kcnk10",null,18030,-0.350461930703173,"Nfil3"]
[29806,-0.286589555700461,"Limd1",null,56626,-0.572262587788915,"Poll",null,56401,-0.342829957077018,"P3h1"]
[72349,-0.283889906325067,"Dusp3",null,13395,-0.562573831320646,"Dlx5",null,268297,-0.338890684020543,"Scml4"]
[69163,-0.276239822339217,"Mrpl44",null,271144,-0.553026631440105,"Ankdd1b",null,108723,-0.33570850194552,"Card11"]
[15478,-0.276228006660154,"Hs3st3a1",null,66857,-0.55283967903047,"Plbd1",null,20254,-0.3352956461344,"Scg2"]
[380664,-0.269478075064564,"Lemd3",null,15902,-0.547767402528875,"Id2",null,16480,-0.331971448017035,"Jup"]
[16554,-0.264222738837626,"Kif13b",null,231293,-0.542557583198915,"Cwh43",null,18559,-0.325779583360986,"Pctp"]
[54120,-0.259146867423113,"Gipc2",null,78917,-0.535454659844392,"4930455G09Rik",null,107515,-0.320765507235993,"Lgr4"]
[69908,-0.253901684146493,"Rab3b",null,71521,-0.529166010362031,"Pds5a",null,21781,-0.314352923700615,"Tfdp1"]
[66487,-0.245282707759689,"Smim4",null,14218,-0.523572746359631,"Sh3pxd2a",null,18669,-0.307133370806658,"Abcb1b"]
[16159,-0.240575749351488,"Il12a",null,20614,-0.51577145185879,"Snap25",null,338523,-0.30337755952909,"Kdm7a"]
[19303,-0.237547065837812,"Pxn",null,71828,-0.511157214701625,"Gtf2a1l",null,270028,-0.300096719816341,"Fam155a"]
[101592,-0.236279452258657,"Efl1",null,215708,-0.509869332307326,"Miga1",null,624866,-0.299489249097741,"Lekr1"]
[246154,-0.228030969151333,"Vasn",null,724062,-0.49674588735291,"Mir101b",null,72391,-0.296326278094314,"Cdkn3"]
[100418235,-0.221699454573607,"C130030K03Rik",null,74488,-0.48539437423797,"Lrrc15",null,18096,-0.291321202704658,"Nkx6-1"]
[68046,-0.217400811018956,"2700062C07Rik",null,353172,-0.480918345261185,"Gars",null,16847,-0.285701367154631,"Lepr"]
[21858,-0.211599236376556,"Timp2",null,213819,-0.476698754503994,"Casd1",null,381339,-0.283013924764952,"Tmem182"]
[66866,-0.209243361782248,"Nhlrc2",null,69370,-0.464308686205812,"1700017L05Rik",null,68339,-0.27852200140739,"Ccdc88c"]
[14605,-0.203079022517616,"Tsc22d3",null,382913,-0.45837257425891,"Neil2",null,21744,-0.276341323972683,"Adad1"]
[224024,-0.200063601836739,"Scarf2",null,243274,-0.451239572534018,"Tmem132d",null,17181,-0.26856756331523,"Matn2"]
[13019,-0.199992235282079,"Ctf1",null,12265,-0.450121824675603,"Ciita",null,12519,-0.268161410681057,"Cd80"]
[26913,-0.195231594054936,"Gprin1",null,71891,-0.444412309128295,"Cdadc1",null,218772,-0.262104836902141,"Rarb"]
[109552,-0.192116402393345,"Sri",null,69358,-0.439573487033124,"Lrrc51",null,18573,-0.255553973028549,"Pde1a"]
[56070,-0.188407848212446,"Tcerg1",null,105722,-0.435133966412476,"Ano6",null,235406,-0.250904049427588,"Snx33"]
[228960,-0.185244671530806,"Stx16",null,74365,-0.431191700565246,"Lonrf3",null,217151,-0.248070998467087,"Arl5c"]
[15957,-0.179791275439784,"Ifit1",null,68682,-0.426030798223359,"Slc44a2",null,66894,-0.242476049980263,"Wwp2"]
[102465885,-0.173604430034402,"Mir8093",null,18111,-0.421975902486764,"Nnat",null,11972,-0.238783155240158,"Atp6v0d1"]
[73358,-0.171714657602607,"1700054M17Rik",null,13822,-0.414958952865005,"Epb41l2",null,67971,-0.23490786832242,"Tppp3"]
[12492,-0.170633834004558,"Scarb2",null,68119,-0.414931592836509,"Cmtm3",null,77219,-0.23443091966824,"Ptgr2"]
[16846,-0.16667349198389,"Lep",null,67724,-0.407989930730894,"Pop1",null,20778,-0.232094991517592,"Scarb1"]
[103012,-0.161338192771995,"Firre",null,108909,-0.403241635034161,"Aida",null,214854,-0.229788138612333,"Neurl3"]
[214763,-0.158895487569971,"Mb21d1",null,11783,-0.399804638657936,"Apaf1",null,67464,-0.225595545963016,"Entpd4"]
[18231,-0.155364757959191,"Nxph1",null,226757,-0.393967406898599,"Wdr26",null,238217,-0.223288893054508,"Rpl10l"]
[17984,-0.150086002586513,"Ndn",null,12416,-0.386983531229253,"Cbx2",null,69325,-0.218765113286021,"1700012B09Rik"]
[319317,-0.146475149538325,"Snhg11",null,56184,-0.381264836341754,"Msgn1",null,109218,-0.215562223045449,"Tmem139"]
[328250,-0.143973270049077,"Nutm2",null,381933,-0.375695252677346,"6430531B16Rik",null,100169,-0.212078092379111,"Phactr4"]
[108156,-0.143621991021703,"Mthfd1",null,234677,-0.373637632572285,"Ces4a",null,319636,-0.211687708866874,"Fsd1l"]
[381707,-0.136436740567228,"1700069L16Rik",null,330052,-0.363641914186761,"A930003O13Rik",null,52830,-0.208832473964221,"Pnrc2"]
[73723,-0.133968985973868,"Sh3bgrl3",null,16859,-0.356431907058389,"Lgals9",null,18970,-0.205213029724715,"Polb"]
[20922,-0.126148690127392,"Supt4a",null,665037,-0.351202832469262,"Gm7457",null,16196,-0.202885006300473,"Il7"]
[16590,-0.123279550943435,"Kit",null,208092,-0.344136589529799,"Chmp6",null,100628616,-0.198677068523625,"Mir3966"]
[235674,-0.11812921757481,"Acaa1b",null,16780,-0.338783633570281,"Lamb3",null,434325,-0.195856942639211,"Tmem221"]
[100316694,-0.114262019660467,"Mir1941",null,100502653,-0.333756941545117,"C130060C02Rik",null,18383,-0.192638371682291,"Tnfrsf11b"]
[72147,-0.108987110845945,"Zbtb46",null,14919,-0.328325684819674,"Gucy2e",null,94217,-0.188508733702752,"Lrp1b"]
[68184,-0.108570492519888,"Denr",null,73584,-0.327081219193576,"1700100L14Rik",null,12372,-0.188427947751391,"Casq1"]
[434246,-0.102806164662325,"Trim72",null,14408,-0.324036763931895,"Gabrr1",null,15444,-0.185482280176986,"Hpca"]
[53599,-0.0980089981617882,"Cd164",null,109113,-0.317572740575981,"Uhrf2",null,51786,-0.182205101020742,"Cpsf2"]
[50887,-0.0952636060498127,"Hmgn5",null,320893,-0.311989075540664,"6430562O15Rik",null,387219,-0.178978066126712,"Mir26b"]
[242362,-0.0935486570467861,"Manea",null,13346,-0.307658136424944,"Des",null,19099,-0.175732614916991,"Mapk8ip1"]
[381741,-0.0919353109121468,"Lrrc43",null,79565,-0.302775857246558,"Wbscr27",null,106639,-0.172221546582666,"Vmac"]
[102466788,-0.0871257073909057,"Mir7019",null,18796,-0.296329054349093,"Plcb2",null,234378,-0.170627947748885,"Klhl26"]
[72395,-0.0844426815388761,"2610028E06Rik",null,14761,-0.287668585475598,"Gpr27",null,497106,-0.168186039421006,"Rnase12"]
[50783,-0.0843647568559658,"Lsm4",null,19215,-0.287031736015909,"Ptgds",null,223455,-0.167909138609055,"2018-03-06"]
[384724,-0.07748261451259,"Cyp2t4",null,73747,-0.279918644478158,"1110034G24Rik",null,18014,-0.162797224476662,"Neurog1"]
[100628618,-0.0757335348620014,"Mir5106",null,83924,-0.277909934224804,"Gpr137b",null,78127,-0.161739494683933,"4930525C09Rik"]
[654498,-0.0741110588442284,"Hhla1",null,20104,-0.269977643222216,"Rps6",null,68046,-0.156857727520305,"2700062C07Rik"]
[17523,-0.070984300151713,"Mpo",null,109905,-0.265331888624971,"Rap1a",null,12804,-0.154804238102957,"Cntfr"]
[246691,-0.0679872798080474,"Prok1",null,328186,-0.261247996243686,"Gm10336",null,71797,-0.152708302715911,"Chst13"]
[18612,-0.0639716065348841,"Etv4",null,66420,-0.257947578513203,"Polr2e",null,69747,-0.147587604729882,"Zswim7"]
[22142,-0.0579239939455394,"Tuba1a",null,17022,-0.253684419676421,"Lum",null,14676,-0.146104844727637,"Gna15"]
[67375,-0.0573826850540844,"Qprt",null,208117,-0.253026791235544,"Aph1b",null,224045,-0.145586771488184,"Eif2b5"]
[22351,-0.0527172489458911,"Vill",null,245578,-0.250422334404865,"Pcdh11x",null,74895,-0.143150068636367,"Ccdc181"]
[52430,-0.0491746255866774,"Echdc2",null,12488,-0.24495978361963,"Cd2ap",null,226352,-0.139983132000103,"Epb41l5"]
[17938,-0.0439889002811291,"Naca",null,65079,-0.239294605545824,"Rtn4r",null,218214,-0.137424534551009,"Kdm1b"]
[76892,-0.0413738382022761,"Rnft1",null,387157,-0.233406143970802,"Mir139",null,21955,-0.134853576810275,"Tnnt1"]
[68524,-0.0368515248054109,"Wipf2",null,71878,-0.226982427522201,"Fam83d",null,15161,-0.132449122646952,"Hcfc1"]
[11837,-0.0336064307962642,"Rplp0",null,102465556,-0.220543624638804,"Mir6922",null,65107,-0.12944658162367,"Lrp10"]
[215476,-0.0311371274868735,"Prr14l",null,76797,-0.215261383879666,"2410137M14Rik",null,68975,-0.126047003190935,"Med27"]
[79566,-0.0310200369096099,"Sh3bp5l",null,67272,-0.215008539112431,"Cmtm5",null,12346,-0.126036307983998,"Car1"]
[15564,-0.0284302483745995,"Htr5b",null,77411,-0.209442667788467,"Esrp2",null,22599,-0.123498394989096,"Slc6a20b"]
[71678,-0.0240484989973753,"Brox",null,100628601,-0.205827119758964,"Mir5132",null,277396,-0.120136376892762,"Klhl23"]
[19049,-0.0214005403610158,"Ppp1r1b",null,319618,-0.200139622478244,"Dcp1b",null,171171,-0.117115168406582,"Ntng2"]
[67544,-0.0171429168967203,"Fam120b",null,67492,-0.197780136146385,"Zfand4",null,113855,-0.114645423659866,"Vmn1r40"]
[17218,-0.0131776531784102,"Mcm5",null,12812,-0.189111369845608,"Coil",null,27403,-0.111982828180122,"Abca7"]
[14368,-7.49820095876452E-3,"Fzd6",null,625464,-0.184033921471988,"Gm6588",null,18618,-0.109967069402502,"Pemt"]
[212965,-0.00323349898266589,"BC024386",null,18571,-0.17512493647083,"Pdcd6ip",null,100038752,-0.108492888983402,"Gm10825"]
[231290,-0.00304139157969452,"Slc10a4",null,330554,-0.17494273068862,"Fan1",null,100417973,-0.107696286014235,"Pou5f1-rs6"]
[210126,-0.000724650252215797,"Lpp",null,11766,-0.171382352658147,"Ap1g2",null,225998,-0.105838278779824,"Rorb"]
[81006,0.003599664314345,"Gpr63",null,66881,-0.168101128121108,"Pcyox1",null,171486,-0.10423190675437,"Cd99l2"]
[330050,0.00747945241614278,"Fam185a",null,26407,-0.162455130037562,"Map3k4",null,101602,-0.102702053469128,"AI467606"]
[21356,0.00994210481249991,"Tapbp",null,75517,-0.158496877349275,"Ccdc34os",null,13823,-0.100231333289952,"Epb41l3"]
[381284,0.0159001892504966,"Crocc2",null,67884,-0.152255835724755,"1810043G02Rik",null,20604,-0.0975104507609741,"Sst"]
[408057,0.0198317028786965,"BC039771",null,97287,-0.14796985999533,"Mtmr14",null,320661,-0.0954669685556282,"D5Ertd579e"]
[228545,0.0243679440297844,"Vps18",null,319177,-0.142665409295522,"Hist1h2ba",null,22044,-0.0935380320880432,"Trh"]
[353342,0.0250471026264205,"Peg13",null,17357,-0.142506168761301,"Marcksl1",null,70882,-0.0934069082262807,"Armc3"]
[20419,0.0284478435192228,"Shcbp1",null,66869,-0.139680465355986,"Zfp869",null,109202,-0.0914621897194421,"A930024E05Rik"]
[234814,0.0344794645950874,"Mthfsd",null,22295,-0.132598087460539,"Cdh23",null,237422,-0.0893299335203601,"Ric8b"]
[218877,0.0383252334282123,"Sema3g",null,71473,-0.127878206201672,"8430423G03Rik",null,68294,-0.0874109209754996,"Mfsd10"]
[636808,0.0421986986409404,"Cntnap5a",null,16398,-0.125966180538015,"Itga2",null,381457,-0.0851721434537263,"Crnn"]
[14816,0.046596874732153,"Grm1",null,69384,-0.121732401192388,"Tmem89",null,102442,-0.0832213701599802,"Dennd4a"]
[75170,0.0493217455399555,"Nrg3os",null,66594,-0.115944511559259,"Uqcr11",null,17174,-0.0809375028925516,"Masp1"]
[74337,0.0528340928092232,"Palm3",null,68880,-0.112905616004727,"1190003K10Rik",null,108829,-0.0796900228726392,"Jmjd1c"]
[19286,0.053169476153222,"Pts",null,433719,-0.112046746711193,"Gm11487",null,83603,-0.0796598962488275,"Elovl4"]
[101206,0.0546576420824574,"Tada3",null,18155,-0.107866910820611,"Pnoc",null,93765,-0.077752125579168,"Ube2n"]
[73710,0.0600331731645549,"Tubb2b",null,15209,-0.103886992618148,"Hesx1",null,71093,-0.0762840486696845,"Atoh8"]
[76130,0.0633705182477258,"Las1l",null,100042150,-0.102015095445111,"Nrg2",null,102465567,-0.0743624844048332,"Mir6941"]
[18263,0.0681500975169875,"Odc1",null,75430,-0.0977336372258684,"Anapc15",null,104884,-0.0708881200312501,"Tdp1"]
[621080,0.0738783395431821,"AI429214",null,114604,-0.0947027189821763,"Prdm15",null,208043,-0.0694645790810575,"Setd1b"]
[67742,0.0776284138409862,"Samsn1",null,233280,-0.0897633125346744,"Nipa1",null,53331,-0.0674489758341492,"Stx7"]
[80892,0.0829626103096592,"Zfhx4",null,232539,-0.0867945502160321,"Klhl42",null,30923,-0.0652366275107628,"Foxe3"]
[102465897,0.0836038636100791,"Mir1668",null,30937,-0.0861285958672038,"Lmcd1",null,433771,-0.0647311679086593,"Minos1"]
[24063,0.0875888444545543,"Spry1",null,13869,-0.0826139436170472,"Erbb4",null,213053,-0.0622731686174329,"Slc39a14"]
[13853,0.0909391441556613,"Epm2a",null,101197,-0.0759801209424766,"Zfp956",null,16426,-0.0593274971917022,"Itih3"]
[16450,0.0927619683365164,"Jag2",null,70676,-0.0727366378588996,"Gulp1",null,67283,-0.0579251836042782,"Slc25a19"]
[387228,0.0968397527275828,"Mir30d",null,211446,-0.0691371144486685,"Exoc3",null,56306,-0.0562256839072652,"Fam60a"]
[18348,0.101229737584644,"Olfr49",null,230316,-0.0656349320319161,"Megf9",null,15110,-0.0528525537448161,"Hand1"]
[72113,0.105398694502349,"Adck1",null,67016,-0.0607836572976628,"Tbc1d2b",null,13019,-0.0507106674999027,"Ctf1"]
[72284,0.111356564023089,"Oraov1",null,14411,-0.0583593556273754,"Slc6a12",null,68176,-0.0480183747337297,"Fam212a"]
[21968,0.111433192901262,"Tom1",null,170757,-0.0578446556577401,"Adgrl4",null,101056236,-0.0472887910631059,"Gm29805"]
[69716,0.116211270963388,"Trip13",null,100036768,-0.0521338508169917,"Gm11696",null,67282,-0.0446374650057706,"Washc3"]
[20422,0.119281698865455,"Shfm1",null,19353,-0.048749408579521,"Rac1",null,233549,-0.0426061659966022,"Mogat2"]
[11870,0.121416752517573,"Art1",null,70080,-0.0465039907187568,"Igsf23",null,77053,-0.0412068927497073,"Sun1"]
[102465624,0.12647293588024,"Mir7031",null,27356,-0.0444966650542811,"Insl6",null,67425,-0.0383994313378235,"Eps8l1"]
[22146,0.128668525063188,"Tuba1c",null,230753,-0.0418112456242785,"Thrap3",null,75560,-0.0364620040213597,"Ep400"]
[72446,0.133967698238352,"Prr5l",null,81006,-0.0402257859525628,"Gpr63",null,280287,-0.0324793083563666,"Kiss1"]
[94346,0.137051421661894,"Tmem40",null,57370,-0.0379328361933824,"B4galt3",null,54381,-0.0299112542553071,"Cpq"]
[226757,0.13709222494782,"Wdr26",null,14664,-0.0368528864940745,"Slc6a9",null,15500,-0.0297079928369495,"Hsf2"]
[228980,0.141138299912168,"Taf4",null,105590,-0.0321203991550041,"Zfp957",null,12483,-0.0276641112825555,"Cd22"]
[68375,0.145980867522771,"Ndufa8",null,230806,-0.0292638034029382,"Aim1l",null,17242,-0.0252485751265239,"Mdk"]
[68066,0.149833826435063,"Slc25a39",null,102465897,-0.0249211176566286,"Mir1668",null,217038,-0.0226211831897409,"Mrm1"]
[14919,0.156244064257421,"Gucy2e",null,17433,-0.0217669274180747,"Mobp",null,329366,-0.0207394068345177,"Ccdc187"]
[16648,0.160252106933076,"Kpna3",null,102566,-0.0188539306867321,"Ano10",null,16370,-0.0173110995690811,"Irs4"]
[100628604,0.162383933229428,"Mir5135",null,19737,-0.0150171967070221,"Rgs5",null,192113,-0.0151768071156155,"Atp12a"]
[330171,0.167563133758648,"Kctd10",null,229504,-0.0122394719170655,"Isg20l2",null,72735,-0.012074026898051,"Eldr"]
[100628586,0.16827359781138,"Mir5112",null,69163,-0.010558958460287,"Mrpl44",null,100861794,-0.0112089760715728,"Gm21221"]
[11732,0.170912497775459,"Ank",null,622037,-0.00899627423567262,"B930092H01Rik",null,102465650,-0.0106001455825975,"Mir7073"]
[108699,0.174769178117083,"Chn1",null,57230,-0.00631324288015267,"Sap30bp",null,13447,-0.00787648839131028,"Doc2b"]
[67448,0.178195094144509,"Plxdc2",null,13559,-0.00402069875719868,"E2f5",null,103963,-0.0054644179412382,"Rpn1"]
[14660,0.181584699638839,"Gls",null,215449,-0.00051782770087172,"Rap1b",null,20364,-0.00353042342318677,"Selenow"]
[102465959,0.1867449088163,"Mir6236",null,77619,2.69952396764372E-3,"Prelid2",null,100532730,-0.00213470948772643,"C230037L18Rik"]
[235582,0.193107541072673,"Glyctk",null,73410,0.00546146852461504,"1700065D16Rik",null,66044,-0.00032865695555051,"Dtd1"]
[14718,0.198370986060205,"Got1",null,73316,0.00738021640264908,"Calr3",null,619310,1.5719549135409E-3,"Zfp872"]
[13002,0.198966341663676,"Dnajc5",null,66183,0.00778085968764453,"Sptssb",null,56722,1.67989696569082E-3,"Litaf"]
[218544,0.201802193475422,"Sgtb",null,16800,0.0114543276871464,"Arhgef2",null,18438,4.66109726121178E-3,"P2rx4"]
[66161,0.203982940767194,"Pop4",null,17685,0.0135124915458094,"Msh2",null,432582,6.37417462845469E-3,"Ccdc92b"]
[100038732,0.209714724165422,"Gm11681",null,102465566,0.0154775804619454,"Mir6939",null,17313,0.0080102062676477,"Mgp"]
[108897,0.213231154329474,"Aif1l",null,67788,0.0195930117023591,"Sfr1",null,21386,0.0110809233970384,"Tbx3"]
[24052,0.217056556736928,"Sgcd",null,77522,0.0220420690986085,"Tmem213",null,21892,0.0122576857468655,"Tll1"]
[110911,0.221745601880064,"Cds2",null,269700,0.0239185329118434,"Gm15800",null,66889,0.0140946448933121,"Rnf128"]
[214239,0.227741031381268,"A430105I19Rik",null,76646,0.0273405541461378,"Wdr38",null,58235,0.0157792952896236,"Nectin1"]
[11610,0.227747328379615,"Agtrap",null,53413,0.0275447151438655,"Exoc7",null,76890,0.0158496832873121,"Memo1"]
[14312,0.233327648503321,"Brd2",null,102636083,0.0285657467773179,"Mannr",null,26945,0.0167891145712402,"Tpsg1"]
[66266,0.239351828431924,"Eapp",null,13447,0.030779098088298,"Doc2b",null,67951,0.0181249224931337,"Tubb6"]
[70962,0.242753558842229,"4922502N22Rik",null,19052,0.0332002545011054,"Ppp2ca",null,228731,0.0187550486017982,"Nkx2-4"]
[100710,0.251220684683034,"Pds5b",null,67711,0.0352699764335611,"Nsmce1",null,101351,0.0198539848589354,"Eogt"]
[20850,0.253888587227473,"Stat5a",null,271981,0.03695678829463,"Tbck",null,22349,0.0226272153895659,"Vil1"]
[75269,0.259984075032984,"4930564D02Rik",null,667423,0.0402780090586594,"Gm8624",null,723956,0.0243414891551217,"Mir138-2"]
[58234,0.266631216464413,"Shank3",null,11671,0.0440535440445853,"Aldh3a2",null,14911,0.0264518905475635,"Thumpd3"]
[259300,0.26668857815619,"Ehd2",null,69123,0.0441527831158857,"Eci3",null,53902,0.0266395598470091,"Rcan3"]
[67893,0.272064889601189,"Tmem86a",null,50932,0.0478168225487767,"Mink1",null,102465885,0.0285773166114096,"Mir8093"]
[338360,0.278474206152159,"B430212C06Rik",null,215015,0.049956239174906,"Fam20b",null,23801,0.0294882611519494,"Aloxe3"]
[667438,0.284212586131295,"Gm8633",null,67300,0.0537135122781445,"Cltc",null,108871,0.0313134624771043,"4930447M23Rik"]
[330173,0.289608753227166,"2610524H06Rik",null,17769,0.0602932914353671,"Mthfr",null,16905,0.0328291452257958,"Lmna"]
[66296,0.295092941515751,"Haus2",null,66259,0.0649030030653477,"Camk2n1",null,24082,0.0348591836893382,"Map2k3os"]
[218902,0.297733292185663,"4930503F20Rik",null,19719,0.0678122721804342,"Rfng",null,235627,0.0362180483373549,"Nbeal2"]
[19358,0.302262144061442,"Rad23a",null,98878,0.0701220552744517,"Ehd4",null,102466761,0.0380945874567891,"Mir6904"]
[17207,0.302284229566944,"Mcf2l",null,71853,0.0702895565319834,"Pdia6",null,269397,0.0382080399141285,"Ss18l1"]
[17096,0.30647948268302,"Lyn",null,24055,0.0734588950620583,"Sh3bp2",null,76167,0.0398429119341248,"Snrnp35"]
[99326,0.311198118889954,"Garnl3",null,320678,0.0798388180603005,"Iffo1",null,791378,0.042110048090847,"Gm10280"]
[69750,0.32234902338249,"2410021H03Rik",null,67030,0.0826232152526107,"Fancl",null,74149,0.044084665988873,"Zfp946"]
[224703,0.325180507336233,"2018-03-02",null,353188,0.0849003960077295,"Adam32",null,606735,0.0451356000825953,"A330069E16Rik"]
[240476,0.332736670189633,"Zfp407",null,15201,0.0899316040247022,"Hells",null,233987,0.0473330256322353,"Zfp958"]
[67942,0.336727632491848,"Atp5g2",null,69055,0.0945239056111051,"1810007D17Rik",null,435529,0.0496953277702994,"Adgrf2"]
[57370,0.342702555150352,"B4galt3",null,55984,0.0985085372668772,"Camkk1",null,384009,0.0512869456117839,"Glipr2"]
[16504,0.343065061051132,"Kcnc3",null,20807,0.0985703209898154,"Srf",null,237730,0.0513893114513038,"Fbll1"]
[66432,0.345915677361521,"Slc7a6os",null,104443,0.102627440270804,"Npffr2",null,435965,0.0525479704456249,"Lrp3"]
[100042166,0.352242895783485,"Gm3704",null,272396,0.105912824715187,"Tarsl2",null,217378,0.0548000678806695,"Dnajc27"]
[171463,0.360889597067596,"Il17rd",null,14654,0.109042016175054,"Glra1",null,11603,0.0569370243448832,"Agrn"]
[14463,0.374295340761988,"Gata4",null,71726,0.111448989539002,"Smug1",null,12776,0.0584650860509961,"Ccr8"]
[105670,0.378959011583194,"Rcbtb2",null,237175,0.115011159407747,"Adgrg2",null,70100,0.0606982768995954,"2310015D24Rik"]
[67602,0.38664341351043,"Necap1",null,14457,0.118756959509627,"Gas7",null,12182,0.0635179439228313,"Bst1"]
[71797,0.390978611304656,"Chst13",null,20364,0.12141038076585,"Selenow",null,11845,0.0652393131251581,"Arf6"]
[380714,0.391226866934592,"Rph3al",null,110532,0.121427247025598,"Adarb1",null,69854,0.0657300910768295,"1810063I02Rik"]
[320808,0.395874599604672,"Dcaf5",null,66998,0.126799364919139,"Psmd5",null,64933,0.0675849648420161,"Ap3m2"]
[69055,0.403611520373577,"1810007D17Rik",null,101351,0.129563403895577,"Eogt",null,225724,0.0689711184808293,"Mapk4"]
[208595,0.408631962350674,"Mterf1b",null,26457,0.133647176394166,"Slc27a1",null,13885,0.0706997230897495,"Esd"]
[106585,0.416620664739964,"Ankrd12",null,70962,0.137340352201868,"4922502N22Rik",null,102465660,0.0733905380387239,"Mir7089"]
[69608,0.420652388453044,"Sec24d",null,69852,0.13862173205127,"Tcf23",null,381142,0.0757999066747461,"Arl14epl"]
[233147,0.424045813681738,"Zfp939",null,18164,0.143521382879218,"Nptx1",null,226551,0.0788348829990497,"Suco"]
[14066,0.433872221872137,"F3",null,14712,0.146746642492641,"Gnpat",null,630579,0.0803278806712711,"Zfp808"]
[74114,0.43408034606664,"Crot",null,320155,0.146977120973196,"C730002L08Rik",null,209131,0.0804883625785455,"Snx30"]
[195646,0.443341541039952,"Hs3st2",null,58185,0.153513087191148,"Rsad2",null,13016,0.0839409242670015,"Ctbp1"]
[76815,0.449422982409369,"Calcoco2",null,13418,0.159286794272387,"Dnajc1",null,54195,0.0859569886107998,"Gucy1b3"]
[68350,0.456372010421055,"Mul1",null,791299,0.161962920029725,"Gm10069",null,18575,0.0886002456220754,"Pde1c"]
[74601,0.459979026784525,"4833427F10Rik",null,20262,0.166253095167382,"Stmn3",null,13559,0.0914429835036843,"E2f5"]
[14296,0.467231077527418,"Frat1",null,29812,0.169532919573884,"Ndrg3",null,67383,0.0928979810840547,"Carnmt1"]
[68778,0.474521225242183,"Gucd1",null,225642,0.172844025680547,"Grp",null,67958,0.0948968093885947,"U2surp"]
[64008,0.479708859243807,"Aqp9",null,277743,0.176719722283752,"Fam131c",null,29870,0.0972324137694791,"Gtse1"]
[20604,0.481629273485888,"Sst",null,213988,0.176775149287861,"Tnrc6b",null,20606,0.0975296304727036,"Sstr2"]
[30059,0.489729655532876,"Timm10",null,64930,0.180616347004029,"Tsc1",null,20498,0.100089881065603,"Slc12a4"]
[66752,0.497501101815694,"4933404O12Rik",null,233545,0.182481097428746,"Emsy",null,207667,0.102159784650709,"Skor1"]
[212114,0.507159257871292,"Nhlrc3",null,22355,0.191982396096749,"Vipr2",null,11540,0.104481299793442,"Adora2a"]
[53314,0.511732591461158,"Batf",null,53332,0.195839149433752,"Mtmr1",null,209462,0.109211986476595,"Hace1"]
[68918,0.521918353535073,"1190005I06Rik",null,64933,0.200524250546956,"Ap3m2",null,57811,0.111862892930045,"Rgr"]
[18011,0.523623373357996,"Neurl1a",null,100504191,0.201010132123446,"Gm16576",null,664799,0.11338320623664,"Ctcfl"]
[20848,0.534895173481171,"Stat3",null,74407,0.203893882073056,"Ttc25",null,11684,0.115890272416441,"Alox12"]
[216134,0.535650114786801,"Pdxk",null,24063,0.204610353567444,"Spry1",null,227835,0.116050622007509,"Gtdc1"]
[70885,0.54023803483974,"Ints10",null,70451,0.213559795500861,"Dhrs13",null,231863,0.120084717265141,"Fbxl18"]
[68195,0.544970493134357,"Rnaset2b",null,217837,0.216094025198122,"Itpk1",null,67836,0.121871938376405,"Wdr83"]
[102465310,0.553961835664583,"Mir6539",null,100039139,0.221372696711751,"Ccdc152",null,329977,0.125004486664184,"Fhad1"]
[100504399,0.561935479625426,"C130021I20Rik",null,171486,0.225347398448439,"Cd99l2",null,21752,0.128251824387388,"Tert"]
[27403,0.567856752688453,"Abca7",null,69129,0.23111797581299,"Pex11g",null,14802,0.130080592882347,"Gria4"]
[234155,0.572468778995214,"Mboat4",null,21945,0.236478040720123,"Dedd",null,230761,0.132029252675532,"Zfp362"]
[20513,0.57843514213984,"Slc1a6",null,70625,0.240552876648999,"Med26",null,108673,0.13418701211488,"Ccdc86"]
[219257,0.578750654771122,"Pcdh20",null,76626,0.240788861449655,"Msi2",null,109181,0.134211563039244,"Trip11"]
[327826,0.593203702198906,"Frs2",null,320840,0.24284263066798,"Negr1",null,243983,0.136499916359492,"Zdhhc13"]
[54343,0.602301450818509,"Atf7ip",null,74403,0.246449344917647,"4933400F21Rik",null,69934,0.139476090840654,"Trmt10b"]
[227731,0.608412799259492,"Slc25a25",null,13804,0.252213262537989,"Endog",null,12070,0.141811495538356,"Bex3"]
[16560,0.614513264381995,"Kif1a",null,224111,0.256745362761124,"Ubxn7",null,230103,0.144698285664331,"Npr2"]
[26411,0.623602394280196,"Map4k1",null,619312,0.261453202521525,"G730013B05Rik",null,14623,0.14550163738408,"Gjb6"]
[22612,0.632403686807735,"Yes1",null,240064,0.264760507882642,"Zfp799",null,228140,0.147781580192266,"Tnks1bp1"]
[19417,0.640177767044461,"Rasgrf1",null,13733,0.267517379852996,"Adgre1",null,80294,0.150479837606134,"Pofut2"]
[272465,0.641238419437062,"Tmem255b",null,52120,0.267705640931473,"Hgsnat",null,71881,0.150541945597135,"Apmap"]
[57264,0.650303262878374,"Retn",null,70846,0.270848369894403,"Ttc6",null,18111,0.153909749628873,"Nnat"]
[13115,0.660410644663464,"Cyp27b1",null,102466992,0.276503835908838,"Mir7041",null,67170,0.156283740931276,"2610306M01Rik"]
[14178,0.667041808482692,"Fgf7",null,74039,0.281570606986838,"Nfam1",null,215919,0.157718488676018,"Rfpl4b"]
[52036,0.675363941486681,"Ppp6r3",null,218476,0.28694123824401,"Gcnt4",null,98932,0.159227026245667,"Myl9"]
[100503619,0.680811027499286,"E330011O21Rik",null,208613,0.289561294376615,"Tmem212",null,53420,0.163404426948584,"Syt5"]
[18108,0.686801598967388,"Nmt2",null,27027,0.294744260938061,"Tspan32",null,235134,0.166467469832209,"Nfrkb"]
[54446,0.701086351500678,"Nfat5",null,100628568,0.303734035128266,"Mir3963",null,224613,0.170818109154253,"Flywch1"]
[101214,0.701386635805638,"Tra2a",null,18604,0.303901442409413,"Pdk2",null,54613,0.171063971984553,"St3gal6"]
[19182,0.709991627360038,"Psmc3",null,100124432,0.312720122611141,"Mir193b",null,21350,0.173713875875366,"Tal2"]
[71840,0.715196577103753,"Tekt4",null,73274,0.317711279496382,"Gpbp1",null,56229,0.178108998728094,"Thsd1"]
[72281,0.728754421278226,"Sh2d4a",null,232187,0.32277917168475,"Smyd5",null,76432,0.18218759595917,"2310001H17Rik"]
[75690,0.737807908255512,"Vsig10l",null,68203,0.330364712302489,"Diras2",null,20508,0.18536876508112,"Slc18a3"]
[17116,0.748126621938447,"Mab21l1",null,67653,0.336916062889118,"4930544G11Rik",null,21401,0.187727862717259,"Tcea3"]
[243780,0.757529549271865,"E330009J07Rik",null,72128,0.34296405339373,"2610008E11Rik",null,75877,0.193476602440173,"4930591E09Rik"]
[73870,0.765390024033415,"4930417O13Rik",null,218734,0.351288448373175,"3830406C13Rik",null,66645,0.196683724612892,"Pspc1"]
[66797,0.766716022504297,"Cntnap2",null,76459,0.351988785777739,"Car12",null,67549,0.197395322491064,"Gpr89"]
[268932,0.779901184144022,"Caskin1",null,75321,0.361748824255181,"Grip1os2",null,381038,0.200106011380179,"Parl"]
[242259,0.788646348603152,"Slc44a5",null,75509,0.365137180360477,"1700020N15Rik",null,102633773,0.203264106436869,"Gm31520"]
[320655,0.796135296106208,"Pgap3",null,246256,0.368523432198792,"Fcgr4",null,16974,0.204724739605816,"Lrp6"]
[56212,0.808268898610566,"Rhog",null,75991,0.375901756197168,"Slain2",null,74253,0.209185248558577,"Klrg2"]
[100705,0.81728711620108,"Acacb",null,20935,0.379252771504188,"Surf6",null,14130,0.211530703502745,"Fcgr2b"]
[78412,0.829533383501768,"3110062M04Rik",null,30932,0.383538289111028,"Zfp330",null,100043169,0.214300869808718,"Gm4278"]
[55925,0.836726804886999,"Syt8",null,68231,0.388761950337068,"H2afb1",null,50765,0.220265876033216,"Tfr2"]
[80985,0.837158474370966,"Trim44",null,14300,0.389355614314843,"Frg1",null,245884,0.220740630168868,"Fam71f2"]
[75062,0.853048628485039,"Sf3a3",null,232560,0.393738653166348,"Caprin2",null,22283,0.225668375809269,"Ush2a"]
[17183,0.859383292742307,"Matn4",null,78523,0.402949347384723,"Mrpl9",null,194952,0.230267699592943,"Jmjd4"]
[15569,0.873447417667871,"Elavl2",null,320790,0.409449423210654,"Chd7",null,18133,0.235849837633561,"Nov"]
[59027,0.882185397647632,"Nampt",null,12372,0.425132752145732,"Casq1",null,208768,0.243405193466448,"Sde2"]
[67434,0.887781148940651,"Ankrd33b",null,380714,0.430719199731812,"Rph3al",null,320456,0.246794098432291,"B330016D10Rik"]
[70001,0.901871286288893,"1700028B04Rik",null,71836,0.437952052640514,"Shcbp1l",null,26410,0.250709264713137,"Map3k8"]
[15896,0.908718416825355,"Icam2",null,59043,0.443320498549644,"Wsb2",null,20738,0.254100076866814,"Spn-ps"]
[235611,0.908868307155458,"Plxnb1",null,72607,0.444039965740495,"Usp13",null,93725,0.254230238397384,"Ear10"]
[18518,0.914200791348051,"Igbp1",null,207157,0.452195964432577,"Gm9871",null,320846,0.258895288701344,"A530058N18Rik"]
[67645,0.923335704544473,"Armc12",null,56406,0.460088888277248,"Ncoa6",null,71720,0.263266922388204,"Osbpl3"]
[194597,0.931026789262792,"Tmprss11a",null,386454,0.468096955823915,"Rnf39",null,14672,0.266542503392821,"Gna11"]
[27387,0.937604600267541,"Sh2d3c",null,228960,0.472525808923627,"Stx16",null,16565,0.272096911049338,"Kif21b"]
[77629,0.951390112933485,"Sphkap",null,78412,0.478871660448358,"3110062M04Rik",null,73872,0.275991055271968,"4930423M02Rik"]
[71805,0.956853556056245,"Nup93",null,319211,0.489872194092642,"Nol4",null,434310,0.280122394114829,"AY512931"]
[110355,0.967256018186828,"Grk2",null,16846,0.498526230393842,"Lep",null,15483,0.282802302422663,"Hsd11b1"]
[231225,0.967283074169944,"Tapt1",null,227720,0.499273521584066,"Nup214",null,50760,0.283310232699303,"Fbxo17"]
[13199,0.981792503696264,"Ddn",null,66950,0.50722157996128,"Tmem206",null,100526499,0.288666618732524,"Mir3089"]
[207521,0.988368467530557,"Dtx4",null,208718,0.515996761657589,"Dis3l2",null,353258,0.296520892958764,"Ltv1"]
[100217451,1.00022078194857,"Snora7a",null,14936,0.522193246052141,"Gys1",null,13110,0.303396541616316,"Cyp2j6"]
[24045,1.00129936602534,"Scamp3",null,278304,0.529265667368104,"Zfp385c",null,56448,0.307586885258901,"Cyp2d22"]
[233058,1.00238619839526,"Zfp420",null,101437,0.536518015434264,"Dhx32",null,26457,0.313541220445078,"Slc27a1"]
[20460,1.00384892680887,"Stil",null,14548,0.546869477105689,"Mrps33",null,67501,0.319484085268989,"Ccdc50"]
[97908,1.00493914480378,"Hist1h3g",null,68477,0.556828198725372,"Rmnd5a",null,67199,0.323626777960763,"Pfdn1"]
[272158,1.00505758378587,"Poln",null,106389,0.557585348672288,"Eaf2",null,74525,0.324532379616538,"Fam234b"]
[232984,1.00645423385428,"B3gnt8",null,72354,0.566456252194618,"Ttc4",null,26874,0.32828277013282,"Abcd2"]
[16821,1.0075620175842,"Lcn4",null,329828,0.575166288725492,"AI464131",null,14300,0.338851504124441,"Frg1"]
[68014,1.00841977673703,"Zwilch",null,65972,0.581919240079727,"Ifi30",null,68114,0.346930608944527,"Mum1"]
[12566,1.00934319312464,"Cdk2",null,433899,0.585823609883909,"Grxcr1",null,330723,0.352881666286273,"Htra4"]
[75764,1.01008379621514,"Slx1b",null,320226,0.59219522120859,"Ccdc171",null,66353,0.355232248893504,"Riiad1"]
[55979,1.01069708535619,"Agpat1",null,74644,0.598290685989995,"4930426D05Rik",null,57370,0.359044324131158,"B4galt3"]
[26437,1.01223520555754,"Psg17",null,102466884,0.60822959842263,"Mir8104",null,494546,0.362027081311435,"Taar8c"]
[27225,1.01230495128085,"Ddx24",null,544963,0.608282054489985,"Iqgap2",null,232670,0.362383858004401,"Tspan33"]
[109275,1.01389116163331,"Actr5",null,100418235,0.617140943149199,"C130030K03Rik",null,211039,0.369567061464348,"BC016548"]
[68024,1.01557338869053,"Hist1h2bc",null,330409,0.627038365846617,"Cecr2",null,245522,0.375406774942365,"Zc4h2"]
[77305,1.01656586574575,"Wdr82",null,56185,0.639352191487349,"Hao2",null,70571,0.378432175545605,"Tcerg1l"]
[71240,1.01689743871632,"Osbpl7",null,11808,0.646316615276747,"Apoa4",null,68270,0.391374591263842,"Dnaaf1"]
[235461,1.01849573152137,"Fam63b",null,18130,0.65341529426114,"Ints6",null,73571,0.40330082977066,"1700096K18Rik"]
[320019,1.01980253429941,"Ptgs2os",null,622124,0.660754066030021,"Gm20750",null,74302,0.41333086852505,"Mtmr3"]
[71304,1.02094115586747,"Wbscr25",null,72201,0.668479539066214,"Otud6b",null,11615,0.42029884186605,"Gm4737"]
[15510,1.02105515387148,"Hspd1",null,18190,0.670193263435086,"Nrxn2",null,78798,0.420928444568778,"Eml4"]
[229725,1.02150167456666,"Clcc1",null,228785,0.679959559320446,"Mylk2",null,20290,0.431249393459157,"Ccl1"]
[208836,1.02254325371631,"Fanci",null,65964,0.690728908747439,"Map3k20",null,56072,0.441359407144186,"Lgals12"]
[53761,1.02338660217241,"Prrc2a",null,790912,0.698101801966941,"Rab11fip4os1",null,67149,0.44799718014287,"Nkain1"]
[70592,1.02439890520477,"5730480H06Rik",null,74256,0.706707926741314,"Cyld",null,18803,0.456314308668796,"Plcg1"]
[68628,1.02552570718805,"Fbxw9",null,242109,0.719296456145555,"Zfp697",null,382056,0.463005242585534,"Crtc1"]
[638345,1.02750704420135,"Sbpl",null,353504,0.727453760064031,"Dio3os",null,72472,0.47334172019024,"Slc16a10"]
[75763,1.02805011599203,"Dcaf17",null,52440,0.736649426459249,"Tax1bp1",null,13716,0.482447586630226,"Ell"]
[21915,1.02826000598368,"Dtymk",null,68371,0.738279989441986,"Pbld1",null,67073,0.482795581307883,"Pi4k2b"]
[19301,1.02952523957156,"Pxmp2",null,77300,0.747764664227155,"Raph1",null,18519,0.495704323823326,"Kat2b"]
[224727,1.03034681932162,"Bag6",null,106639,0.755529301428819,"Vmac",null,67678,0.508210137898582,"Lsm3"]
[243906,1.03150731837671,"Zfp14",null,383491,0.762772498977645,"Prdm14",null,67451,0.518867820945651,"Pkp2"]
[78914,1.03305497158701,"Nadsyn1",null,18715,0.771227819563917,"Pim2",null,104718,0.52600123849533,"Ttc7b"]
[104444,1.03484392895928,"Rexo2",null,18430,0.777884919765167,"Oxtr",null,414801,0.534680924081802,"Itprip"]
[227154,1.03578299186919,"Stradb",null,664987,0.783283524631722,"Gm14393",null,276829,0.540444584058607,"Smtnl2"]
[110460,1.0364118555636,"Acat2",null,233115,0.796894488964011,"Dpy19l3",null,22178,0.547229438232796,"Tyrp1"]
[100316704,1.036693220184,"Mir1953",null,75569,0.797598416804625,"1700028D13Rik",null,333315,0.55137221871748,"Frem3"]
[69906,1.0381850826763,"Slc25a32",null,14082,0.806825176123837,"Fadd",null,13842,0.5627592761458,"Epha8"]
[230700,1.03926153746139,"Foxj3",null,140498,0.810857736497501,"Rxfp2",null,14362,0.567668863341373,"Fzd1"]
[677044,1.04047326783329,"Gm10653",null,13170,0.822756261944807,"Dbp",null,213539,0.581604246034569,"Bag2"]
[13052,1.04175045978665,"Cxadr",null,70495,0.829392963780533,"Atp6ap2",null,20408,0.58965340836476,"Sh3gl3"]
[66590,1.04298368091517,"Farsa",null,22158,0.839035572805444,"Tulp3",null,258443,0.60128820012849,"Olfr164"]
[16889,1.04395550181013,"Lipa",null,75669,0.846082168486594,"Pik3r4",null,72736,0.616426248731979,"Tmx1"]
[16619,1.04439302431181,"Klk1b27",null,382864,0.849797169079654,"Colq",null,219257,0.624106995128781,"Pcdh20"]
[225896,1.04459468467692,"Ubxn1",null,380842,0.854330636819732,"Stmnd1",null,237523,0.626759880359013,"Ptprq"]
[170938,1.04587622309194,"Zfp617",null,208650,0.863556942300616,"Cblb",null,613262,0.635646135086553,"BC029722"]
[22293,1.04738938858155,"Slc45a2",null,74071,0.870331368163777,"Lmntd1",null,71723,0.646137469026461,"Dhx34"]
[15378,1.04880817707241,"Hnf4a",null,56527,0.882788208597868,"Mast1",null,59052,0.653324700596517,"Mettl9"]
[67695,1.05004613245655,"Ost4",null,12534,0.891597810636465,"Cdk1",null,15001,0.664233910667734,"H2-Oa"]
[56541,1.05091329489711,"Habp4",null,268755,0.901999675594838,"Mir124a-1hg",null,18011,0.675990209159853,"Neurl1a"]
[73130,1.05210044103917,"Tmed5",null,214106,0.907169164514569,"4933430I17Rik",null,72661,0.687974990973313,"Serp2"]
[71901,1.05307065546402,"Fam219a",null,330941,0.915616469354259,"AI593442",null,102465781,0.69437275663606,"Mir7680"]
[66971,1.05310987269171,"Cdk5rap1",null,434246,0.917151133071908,"Trim72",null,21812,0.695690049265961,"Tgfbr1"]
[68795,1.05471066262404,"Ubr3",null,17189,0.926146782527792,"Mb",null,22421,0.706515468563199,"Wnt7a"]
[210105,1.0552863482599,"Zfp719",null,723890,0.93208071426173,"Mir181b-1",null,74218,0.715607021841136,"1700016H13Rik"]
[11491,1.05650155478066,"Adam17",null,230810,0.936987002932563,"Slc30a2",null,80292,0.726347862476148,"Zxdc"]
[16150,1.05847453354617,"Ikbkb",null,216292,0.945242320984116,"Mettl25",null,20890,0.733937919947008,"Wnt8a"]
[226123,1.05957233841603,"Morn4",null,93689,0.951481110366086,"Lmod1",null,100041311,0.739748468036935,"Gm11978"]
[69664,1.06003973660882,"Krtap1-5",null,751520,0.962808444959327,"Mir680-3",null,245695,0.74498590647996,"Tceanc"]
[233810,1.06113773827272,"Abca16",null,110902,0.972429960765884,"Chrna2",null,242259,0.753391038523898,"Slc44a5"]
[233904,1.06127648658775,"Setd1a",null,22601,0.972542748011395,"Yap1",null,338363,0.754194395783457,"Tmem241"]
[16649,1.06246913886761,"Kpna4",null,723848,0.978391008847498,"Mir34a",null,68028,0.763690357370134,"Rpl22l1"]
[67279,1.06303770031306,"Med31",null,192775,0.988386277881282,"Kcnh6",null,83671,0.770207162423293,"Sytl2"]
[22319,1.06514081799479,"Vamp3",null,22234,0.995867199724946,"Ugcg",null,100503962,0.780515897792476,"Gm16701"]
[666043,1.06585577690291,"Gm7904",null,268281,1.00049637162569,"Shprh",null,17364,0.794220320387815,"Trpm1"]
[18139,1.06655674944667,"Zfp638",null,102465997,1.00128665420001,"Mir8119",null,67488,0.807412330458114,"Calcoco1"]
[59053,1.06766444519955,"Hgh1",null,245305,1.0026980875363,"B230307C23Rik",null,75770,0.817179984389901,"Brsk2"]
[11793,1.06852253024699,"Atg5",null,258708,1.00359029870759,"Olfr1342",null,72309,0.826387107571098,"Tmem158"]
[18555,1.06859056573663,"Cdk16",null,67287,1.00369522981363,"Parp6",null,71078,0.827005687810998,"Adam30"]
[227615,1.07016090815032,"Tmem203",null,104776,1.00516329005981,"Aldh6a1",null,227937,0.839319483360376,"Pkp4"]
[66320,1.07138933369003,"Tmem208",null,380836,1.0059646649491,"Mrs2",null,71584,0.848995878003102,"Gdpd2"]
[71781,1.07229997748048,"Slc16a14",null,66712,1.00712338154024,"Spesp1",null,207785,0.857818327256759,"Csrnp2"]
[72205,1.07289879360744,"Eml2",null,84092,1.00822888719931,"Usp8",null,11982,0.866820664903995,"Atp10a"]
[78923,1.07370842809508,"Chsy3",null,84095,1.00917548915946,"Pi4k2a",null,19218,0.875230834554384,"Ptger3"]
[72720,1.07476162247762,"Zfp248",null,225392,1.01124617328602,"Rell2",null,104795665,0.882212089703229,"Gm23363"]
[259172,1.07538768485636,"Mfrp",null,545691,1.01217721810522,"Fhad1os1",null,13358,0.889980827650315,"Slc25a1"]
[12616,1.07548604433628,"Cenpb",null,12862,1.0124729987926,"Cox6a2",null,216345,0.890386018424609,"Zfc3h1"]
[23942,1.07716330658312,"Mta2",null,73490,1.01346205725874,"Mipol1",null,100045653,0.895997387786052,"Gm17769"]
[15958,1.07867525151103,"Ifit2",null,100628591,1.01424555766858,"Mir466q",null,240411,0.905228677375562,"Loxhd1"]
[13489,1.07906884161745,"Drd2",null,105638,1.01480027626568,"Dph3",null,72713,0.908712935139419,"Angptl1"]
[26464,1.08047762522359,"Vnn3",null,320538,1.0160740354416,"Ubn2",null,14934,0.917221224429541,"Gypa"]
[100316811,1.08166219146023,"Mir1930",null,93681,1.01681048157607,"Zkscan8",null,545156,0.92701750454583,"Kalrn"]
[66515,1.0831379024856,"Cul7",null,671535,1.01795960002036,"Parp10",null,107975,0.930149749748716,"Pacs1"]
[108058,1.08430959239851,"Camk2d",null,332713,1.01919742489524,"BC051628",null,16399,0.936502211493768,"Itga2b"]
[72264,1.08431199230688,"1700029J03Rik",null,75434,1.01942119965887,"1700001C02Rik",null,11992,0.937068552770027,"Auh"]
[66416,1.08604942921061,"Ndufa7",null,20042,1.02008112703235,"Rps12",null,23796,0.942708861360186,"Aplnr"]
[83554,1.08749504927275,"Fstl3",null,619548,1.02115196076388,"Defb42",null,27056,0.952360794726834,"Irf5"]
[20523,1.0884708693776,"Slc25a14",null,100873094,1.02193971835,"Rubie",null,105239,0.955214639277491,"Rnf44"]
[14388,1.08986597075654,"Gab1",null,212733,1.02308392220797,"Ccdc64b",null,67247,0.959660350756691,"2018-03-02"]
[68846,1.09046267149137,"Rnf208",null,30941,1.02424300049063,"Usp21",null,14114,0.967822189599704,"Fbln1"]
[26403,1.09163608269986,"Map3k11",null,16168,1.02543372437994,"Il15",null,142980,0.978570329978243,"Tlr3"]
[70325,1.09275383474948,"Pigw",null,100502825,1.02662715197859,"Rpl37rt",null,665635,0.985470318649293,"Gm14486"]
[67198,1.09288167158013,"Spats2l",null,272382,1.02664269723971,"Spib",null,67840,0.985600348221751,"Mrpl57"]
[66400,1.09416706590018,"Alkbh7",null,102640608,1.02721432269031,"Gm36633",null,50926,0.992401904280245,"Hnrnpdl"]
[628324,1.09504704365999,"S100a2",null,27054,1.0284731776717,"Sec23b",null,78221,0.999505026058729,"4930567J20Rik"]
[232836,1.09610759174742,"Galp",null,319998,1.02968044115586,"Tmem198",null,234699,1.00092544283308,"Edc4"]
[71132,1.09742149492547,"Cabyr",null,54219,1.03198157581487,"Cd320",null,78312,1.00172261767119,"1810041H14Rik"]
[71609,1.09847428902083,"Tradd",null,68925,1.03280922590769,"Rpap1",null,545874,1.00229385500388,"Vmn2r25"]
[210376,1.10002792437247,"Mtmr9",null,71856,1.03393636122087,"Wfdc3",null,56530,1.00306643504506,"Cnpy2"]
[67976,1.10098806202908,"Trabd",null,214112,1.0349994175492,"Nipal4",null,83771,1.00365146012343,"Tas1r3"]
[74859,1.10101304290182,"4930455B14Rik",null,170677,1.03512053527955,"Cdhr1",null,244219,1.0036893097538,"Zfp668"]
[56323,1.10211575678867,"Dnajb5",null,56370,1.03626753847646,"Tagln3",null,269423,1.00460392888969,"Abhd18"]
[231600,1.10298062716543,"Chfr",null,102465892,1.03719620011237,"Mir8101",null,67902,1.00506286118729,"Sumf2"]
[11632,1.10496281140965,"Aip",null,67139,1.03851919265024,"Mis12",null,69544,1.00575480566848,"Wdr5b"]
[328963,1.10578205432664,"G630071F17Rik",null,17975,1.03949827737153,"Ncl",null,14056,1.00631759010001,"Ezh2"]
[73429,1.10725485966757,"Hoxd3os1",null,56690,1.04101922230996,"Mlycd",null,18020,1.00701101782747,"Nfatc2ip"]
[67773,1.10852723544502,"Kat8",null,74245,1.04192905223616,"Ctbs",null,234736,1.00749091428167,"Rfwd3"]
[269061,1.1094740632502,"Cpsf7",null,212281,1.04270826465641,"Zfp729a",null,213262,1.00811098811332,"Fstl5"]
[18768,1.10951210140291,"Pkib",null,20227,1.04291696830212,"Sart1",null,67563,1.00814071210566,"Narfl"]
[66830,1.11104420809219,"Nacc1",null,319800,1.04420109314606,"Slc22a30",null,258530,1.00848963358717,"Olfr311"]
[74043,1.11274846859636,"Pex26",null,227102,1.04525686019409,"Ormdl1",null,52683,1.00910199712173,"Ncaph2"]
[26395,1.11389169654585,"Map2k1",null,100885839,1.0460666220551,"Mir5626",null,238690,1.00970744115178,"Zfp458"]
[73744,1.11487015392261,"Man2c1",null,66590,1.04732497199155,"Farsa",null,328968,1.01027922153179,"Carmn"]
[17182,1.11562588332159,"Matn3",null,66707,1.04794263921434,"Nkapl",null,654809,1.01088698926457,"4930428O21Rik"]
[27280,1.11643813201368,"Phlda3",null,76899,1.04918993221342,"Golga1",null,66628,1.01155061312371,"Thg1l"]
[23885,1.1175153592539,"Gmcl1",null,71807,1.05034145531356,"Tars2",null,67125,1.01195027469722,"Tspan31"]
[66168,1.11767870762877,"Grina",null,16391,1.05038469196055,"Irf9",null,232976,1.011973212823,"Zfp574"]
[238693,1.11987623183829,"Zfp58",null,73229,1.05129880636646,"Zfp983",null,69815,1.01262941175836,"Krtcap3"]
[66990,1.12112350096119,"Tmem134",null,15186,1.05237427420154,"Hdc",null,12892,1.01344304873174,"Cpox"]
[97761,1.12163895952412,"Sgsm2",null,110052,1.05383127423132,"Dek",null,387230,1.01428634284674,"Mir99b"]
[71508,1.1229920125202,"Zfp935",null,68666,1.05535002467912,"Svop",null,71508,1.0148854190249,"Zfp935"]
[71743,1.1239535885651,"Coasy",null,17929,1.05651951925553,"Myom1",null,67118,1.01546991265475,"Bfar"]
[13169,1.1249898218069,"Dbnl",null,27418,1.05848065120211,"Mkln1",null,20523,1.01632486597034,"Slc25a14"]
[16330,1.12617196204304,"Inpp5b",null,67923,1.05987717399979,"Eloc",null,75857,1.01677932144771,"4930568G15Rik"]
[53356,1.12646845521254,"Eif3g",null,385674,1.05994236532563,"Zfp174",null,232784,1.01679831559381,"Zfp212"]
[76233,1.12738969806555,"Dnttip1",null,67629,1.06077101249596,"Spc24",null,22644,1.01715308533289,"Rnf103"]
[20610,1.12913154622511,"Sumo3",null,20585,1.06192206181469,"Hltf",null,19082,1.01846570614797,"Prkag1"]
[14082,1.12996893816417,"Fadd",null,66199,1.06281169524851,"Commd4",null,12465,1.01905700152144,"Cct5"]
[14397,1.13088141394424,"Gabra4",null,11308,1.06473165395682,"Abi1",null,232879,1.01981229043419,"Zbtb45"]
[15902,1.13166475896339,"Id2",null,68291,1.06545144292944,"Mto1",null,71235,1.0201094991346,"4933427I22Rik"]
[74156,1.13301432786469,"Acot12",null,238693,1.0661673268275,"Zfp58",null,67938,1.02065772987499,"Myl12b"]
[50724,1.13440458059883,"Sap30l",null,20862,1.06664163805803,"Stfa2",null,16679,1.02109527339024,"Krt86"]
[12572,1.13453384048182,"Cdk7",null,239420,1.06670366457248,"Csmd3",null,68559,1.02117291853675,"Pdrg1"]
[79043,1.13512691726152,"Spsb3",null,16889,1.06761756593462,"Lipa",null,66406,1.02154793779364,"Sac3d1"]
[280411,1.13629558882598,"Lix1l",null,104418,1.06862886669705,"Dgkz",null,72502,1.02208577419096,"Cwf19l1"]
[327762,1.13833080259566,"Dna2",null,15572,1.07015667170088,"Elavl4",null,100302730,1.022322045421,"5830417I10Rik"]
[71330,1.13928477028317,"Rcbtb1",null,100042498,1.07075529921295,"Mir22hg",null,22393,1.02323829457317,"Wfs1"]
[330902,1.14042383203689,"Gm16853",null,68642,1.0718351804067,"Tmem216",null,66884,1.02350492783058,"Appbp2"]
[218335,1.14119059208174,"Clptm1l",null,320237,1.07313777323091,"Smim10l2a",null,381633,1.02414668448342,"Gm1673"]
[104776,1.14230115642381,"Aldh6a1",null,66242,1.0746435738749,"Mrps16",null,69912,1.024861113286,"Nup43"]
[100502766,1.14267443019022,"Kifc1",null,66126,1.07465037341202,"Elof1",null,245404,1.02492027332324,"Dcaf12l1"]
[240442,1.14382103305583,"Adnp2",null,210155,1.07561466696209,"Gm4763",null,66824,1.02627255997658,"Pycard"]
[13138,1.14557697589408,"Dag1",null,432995,1.07664167303724,"Smim22",null,21778,1.02667614780292,"Tex9"]
[27041,1.14707922311003,"G3bp1",null,76577,1.07783212192031,"Faf2",null,102466886,1.0273283584464,"Mir8111"]
[20866,1.14809812134387,"Stim1",null,67555,1.07872516861971,"Mgat4d",null,224833,1.02811233631063,"AI661453"]
[78933,1.14958896174219,"Agbl4",null,16330,1.07941029593972,"Inpp5b",null,26425,1.02858487918211,"Nubp1"]
[94186,1.15089228589615,"Strn3",null,73972,1.08216186789196,"4930448C13Rik",null,74157,1.02900524191681,"Cmtr1"]
[100579147,1.15199407799975,"Gm10619",null,14869,1.08351794690622,"Gstp2",null,17901,1.02936887792851,"Myl1"]
[433406,1.15319106274501,"Gm13363",null,78212,1.08390511979602,"Rbm46os",null,102466636,1.02951985130397,"Mir6373"]
[211232,1.15450688708184,"Cpne9",null,20278,1.08437900825445,"Scnn1g",null,26451,1.02958832839646,"Rpl27a"]
[66049,1.15538350856949,"Rogdi",null,67667,1.08535356081712,"Alkbh8",null,66477,1.03013719774413,"Usmg5"]
[53381,1.15656343973355,"Prdx4",null,100316704,1.08653225786179,"Mir1953",null,12046,1.03046524174021,"Bcl2a1c"]
[224694,1.15756494016124,"Zfp81",null,319155,1.08795855823726,"Hist1h4c",null,14775,1.0309638545858,"Gpx1"]
[330657,1.15879163647524,"Prss53",null,22427,1.08927627687129,"Wrn",null,241322,1.03154780287305,"Zbtb6"]
[20415,1.16006997585184,"Shbg",null,103712,1.09093833463911,"6330403K07Rik",null,319278,1.03209339168403,"A230050P20Rik"]
[69372,1.16110613148581,"Mocs3",null,227446,1.09190318672253,"2310035C23Rik",null,228998,1.03284017278161,"Arfgap1"]
[246257,1.16113386229984,"Ovca2",null,73708,1.09205131530007,"Dppa3",null,75454,1.03286947209863,"Phpt1"]
[70081,1.16231349871785,"Zfp995",null,27410,1.09270573693231,"Abca3",null,381410,1.03323691171894,"Zfp408"]
[320213,1.16424190702387,"Senp5",null,234852,1.09375343947276,"Chmp1a",null,27279,1.03361781638586,"Tnfrsf12a"]
[76192,1.16561065655557,"Abhd12",null,330485,1.09500687176502,"Tmem145",null,102466769,1.03407663372644,"Mir6938"]
[233529,1.16680336618938,"Kctd14",null,225372,1.09562669023299,"Apbb3",null,245867,1.03462712534997,"Pcmtd2"]
[74360,1.16828809526809,"Cep57",null,14131,1.09748094628792,"Fcgr3",null,85029,1.03500604621104,"Rpph1"]
[319165,1.16908438277188,"Hist1h2ad",null,230596,1.09835162923878,"Prpf38a",null,227580,1.03549273505657,"C1ql3"]
[24070,1.17075040860047,"Mpdu1",null,21894,1.09984745522336,"Tln1",null,13848,1.03625288718427,"Ephb6"]
[56513,1.17078526999508,"Pard6a",null,23947,1.10001703886805,"Mid2",null,70061,1.03625601531651,"Sdr9c7"]
[56031,1.17221095572499,"Ppie",null,72614,1.10196419389145,"Pih1d2",null,68202,1.03676523239022,"Ndufa5"]
[18987,1.17364296523304,"Pou2f2",null,12315,1.10337754568959,"Calm3",null,20022,1.03762512985012,"Polr2j"]
[623661,1.17490956919472,"Lipt1",null,68550,1.10456414199569,"Tefm",null,242406,1.03821597192525,"Rgp1"]
[218343,1.17675798663575,"Ttc37",null,326619,1.10616814497934,"Hist1h4a",null,13430,1.03912774209512,"Dnm2"]
[17184,1.17874140935888,"Matr3",null,75007,1.10781818538763,"Fam63a",null,68079,1.03989459162698,"Pdcd2l"]
[67120,1.17998997886224,"Ttc14",null,103737,1.10878027969275,"Pex12",null,100038847,1.04037463347366,"Gm10406"]
[83491,1.18131611584702,"Pramel1",null,228807,1.11008522666249,"Zfp341",null,69772,1.04078508731347,"Bdh2"]
[64705,1.18166876263573,"Dpys",null,12925,1.11011079540622,"Crip1",null,70977,1.04081626103729,"Cabs1"]
[76784,1.1836955507091,"Mtif2",null,67563,1.11141369404574,"Narfl",null,635253,1.04126032276226,"Usp51"]
[68925,1.18564124857245,"Rpap1",null,229681,1.11320282160796,"St7l",null,240028,1.04213706104777,"Lnpep"]
[66861,1.18786141751337,"Dnajc10",null,73554,1.11467263504446,"1700092C10Rik",null,107045,1.04248469963264,"Lars"]
[12484,1.18871598972901,"Cd24a",null,320633,1.11602929592607,"Zbtb26",null,99480,1.04325088521373,"Dnttip2"]
[73729,1.18988453594686,"Zfp383",null,74388,1.1166124074496,"Dpp8",null,67248,1.04361089586952,"Rpl39"]
[68092,1.19169877030646,"Ncbp2",null,209550,1.11747486133476,"Rad51ap2",null,94112,1.04405329247136,"Med15"]
[212898,1.19259757049886,"Dse",null,13430,1.11857077689555,"Dnm2",null,11769,1.04468289585366,"Ap1s1"]
[320720,1.19277162645363,"Fastkd1",null,19671,1.11858867132799,"Rce1",null,71679,1.04468823574529,"Atp5h"]
[230233,1.19370391809026,"Ikbkap",null,77631,1.12034540772193,"4930554H23Rik",null,194590,1.04560891438511,"Reps2"]
[11542,1.19513395455453,"Adora3",null,240038,1.12192006113307,"Zfp994",null,26912,1.04608792408047,"Gcat"]
[67778,1.19582764241031,"Zfp639",null,76508,1.12281374447217,"Ube2d-ps",null,22321,1.0465520276034,"Vars"]
[28018,1.19721887185488,"Ubfd1",null,84544,1.12424860248039,"Cd96",null,68117,1.04726432295396,"Apool"]
[14871,1.19939593466108,"Gstt1",null,75320,1.12460926795966,"Etnk1",null,23876,1.04769441218098,"Fbln5"]
[100216535,1.20109018065989,"Scarna9",null,17259,1.12574721006666,"Mef2b",null,66742,1.04825813566092,"Cypt1"]
[170759,1.20288482130509,"Atp13a1",null,100217464,1.12730418202887,"Snora41",null,12842,1.04905780600519,"Col1a1"]
[70432,1.20311204330604,"Rufy2",null,69171,1.12742966588652,"Cnppd1",null,232933,1.04907723746415,"Ccdc61"]
[214359,1.20415365503266,"Tmem51",null,66854,1.12837666497752,"Trim35",null,102465569,1.04994603502374,"Mir6944"]
[140571,1.20531116738673,"Plxnb3",null,117171,1.12945098712081,"1110038F14Rik",null,70422,1.05044540669563,"Ints2"]
[24068,1.20728377214819,"Sra1",null,381375,1.13104434056777,"Dfnb59",null,242747,1.05151723656694,"Zfp933"]
[20020,1.2079295372749,"Polr2a",null,387285,1.13247807966035,"Hcrtr2",null,110862,1.05253570159637,"Kcnq3"]
[626832,1.20918760474178,"Gm6710",null,24068,1.13346114477219,"Sra1",null,53890,1.05368995155017,"Sart3"]
[104112,1.21036552823476,"Acly",null,22431,1.13527694530925,"Wt1",null,231580,1.05457410528692,"Gak"]
[321006,1.21224457847258,"Vprbp",null,320299,1.13640605083085,"Iqcb1",null,380601,1.05506679962728,"Fastkd5"]
[71838,1.21238105004861,"Phf7",null,67023,1.1365990826709,"Use1",null,242474,1.05512050940563,"Tmem245"]
[239126,1.21344342580239,"C1qtnf9",null,234967,1.13749073448895,"Slc36a4",null,237716,1.05581618414113,"Gpr75"]
[22746,1.2142059597966,"Zfp85",null,70252,1.13848962409206,"Jpx",null,434510,1.056445948286,"Gm5627"]
[217337,1.21655617118717,"Srp68",null,229588,1.13955400712315,"Gm128",null,238880,1.05684527629027,"Actbl2"]
[474156,1.21781759339935,"Zbtb9",null,433178,1.14098393930341,"Spink14",null,72667,1.05722827374831,"Zfp444"]
[338348,1.21971834258336,"Ttc16",null,78933,1.14206399753002,"Agbl4",null,67120,1.05819628945207,"Ttc14"]
[12390,1.22158361973834,"Cav2",null,11944,1.14347529341982,"Atp4a",null,67912,1.05856022885662,"1600012H06Rik"]
[75178,1.22315885408305,"Meiob",null,18127,1.14437575595595,"Nos3",null,102680,1.05958348442197,"Slc6a20a"]
[16391,1.2231643118831,"Irf9",null,434689,1.1445740437934,"Gm10220",null,214601,1.05964379203481,"Slc10a3"]
[12569,1.22425228901789,"Cdk5r1",null,74711,1.14600431303314,"Ttll9",null,54152,1.06018847628999,"Dnal4"]
[553127,1.22522469006208,"Cxx1b",null,11685,1.14673636528623,"Alox12e",null,18587,1.06059242594106,"Pde6b"]
[102642202,1.22614196150534,"Gm15511",null,22117,1.14817652780914,"Tst",null,100101919,1.06081540076905,"Dnah7c"]
[16815,1.22777346908294,"Lbx2",null,104348,1.14951159839019,"Zfp120",null,66492,1.06157239641255,"Zmat2"]
[59002,1.2293664242551,"Wrap73",null,100885830,1.15046735083666,"Mir5618",null,70160,1.06276678062488,"Vps36"]
[11472,1.23043633619017,"Actn2",null,72650,1.15125201554965,"2810006K23Rik",null,66592,1.06324963291455,"Stoml2"]
[100503240,1.23126579660643,"Trpc5os",null,68001,1.15345748781279,"1110004E09Rik",null,72511,1.06376542415658,"2610316D01Rik"]
[217031,1.23134510964186,"Tada2a",null,331578,1.15353243924796,"AW822252",null,72881,1.06380279420338,"Zdhhc4"]
[240916,1.23241183095488,"Vsig8",null,17168,1.154853176454,"Nprl3",null,69749,1.06496399750982,"Epb41l4aos"]
[66118,1.23350811678303,"Sarnp",null,66958,1.15584444313621,"Tmx2",null,110460,1.06568766387887,"Acat2"]
[59022,1.23413718960516,"Edf1",null,69719,1.15814659715646,"Cad",null,625068,1.06624743082262,"Vmn2r84"]
[237615,1.23525327032313,"Ankrd52",null,68549,1.15951320031467,"Sgol2a",null,12315,1.0665967552203,"Calm3"]
[68219,1.23637627282784,"Nudt21",null,100041379,1.16064290697581,"Zfp980",null,100313519,1.06746092482294,"Snord17"]
[636741,1.23684153055596,"Zfp964",null,231713,1.16168084938478,"Naa25",null,22226,1.06793211625347,"Ucn"]
[68001,1.23849874121139,"1110004E09Rik",null,224893,1.16326395418974,"Zfp959",null,23963,1.06922105782389,"Tenm1"]
[100756,1.23881086841685,"Usp30",null,73968,1.16342226788281,"4930444F02Rik",null,18150,1.06925063136361,"Npm3"]
[71900,1.24047434804985,"Tmem106b",null,75304,1.16412662414805,"4930563E22Rik",null,67629,1.06977062822573,"Spc24"]
[51791,1.24233247020901,"Rgs14",null,240215,1.16525053103845,"Slc4a9",null,67106,1.07074370342892,"Zbtb8os"]
[320237,1.24322359729302,"Smim10l2a",null,67878,1.16618699363604,"Tmem33",null,67864,1.07128168177412,"Yipf4"]
[71764,1.24461884798798,"C2cd2l",null,16539,1.16724361536439,"Kcns2",null,13401,1.0717469981023,"Dmwd"]
[74351,1.2457806472677,"Ddx23",null,14283,1.16836188557972,"Fosl1",null,14403,1.07260257921315,"Gabrd"]
[108159,1.24755055300709,"Ubxn8",null,380755,1.16923499887279,"Lsmem1",null,217653,1.07313918302962,"Mis18bp1"]
[100504491,1.24896779601025,"Dcdc2b",null,330217,1.17005612160974,"Gal3st4",null,66154,1.07363550825967,"Tmem14c"]
[100041339,1.24905651667677,"Gm3279",null,16569,1.17019426643602,"Kif3b",null,102465714,1.07363846548821,"Mir7238"]
[26885,1.25129996006733,"Casp8ap2",null,13618,1.17165864755942,"Ednrb",null,101056408,1.07439923486067,"Gm15816"]
[51886,1.25234457291697,"Fubp1",null,74998,1.17387356069236,"Rab11fip2",null,50529,1.07498580149018,"Mrps7"]
[12568,1.25485347091541,"Cdk5",null,232367,1.17661798019796,"Vmn2r27",null,77352,1.0754885399235,"Axdnd1"]
[70054,1.25614669379578,"Ccdc89",null,104015,1.17857359773392,"Synj1",null,13667,1.07605514618645,"Eif2b4"]
[21355,1.2577838211303,"Tap2",null,268973,1.18057044568606,"Nlrc4",null,268319,1.07700713566174,"BC025920"]
[26385,1.25859894710269,"Grk6",null,18971,1.18252969904082,"Pold1",null,328092,1.07773438245821,"Dtd2"]
[258429,1.2600381801182,"Olfr996",null,246703,1.18444044066806,"Apoa1bp",null,327762,1.07830617968995,"Dna2"]
[16154,1.26014902519664,"Il10ra",null,243634,1.18468123152397,"Ano2",null,54325,1.07832418289717,"Elovl1"]
[230908,1.26131730485804,"Tardbp",null,12729,1.18588970360824,"Clns1a",null,72230,1.07881776391439,"Zfp558"]
[28114,1.26269866862381,"Nsun2",null,434377,1.1868926755148,"Zfp560",null,219022,1.07955646827557,"Ttc5"]
[72047,1.26317906092073,"Ddx42",null,170484,1.18854678933076,"Nphs2",null,56086,1.08038090335453,"Set"]
[66714,1.26611433003223,"4921524J17Rik",null,26361,1.18998038349607,"Avpr1b",null,51875,1.08098400930621,"Tmem141"]
[13429,1.26708065239176,"Dnm1",null,77891,1.19273468827722,"Ube2s",null,320213,1.08134895393189,"Senp5"]
[67287,1.26918180622736,"Parp6",null,237890,1.19413579521309,"Slfn14",null,78733,1.08200011536006,"Troap"]
[66511,1.27058833623811,"Chtop",null,74325,1.19610904811701,"Cltb",null,29811,1.08258416698917,"Ndrg2"]
[57908,1.27059466906769,"Zfp318",null,68808,1.19618193408857,"1110046J04Rik",null,100683,1.08260297514851,"Trrap"]
[269295,1.27209198722825,"Rtn4rl2",null,52633,1.19766492707298,"Nit2",null,54219,1.08319846050027,"Cd320"]
[269344,1.27429922558225,"Ell3",null,69718,1.19928332780144,"Ipmk",null,225497,1.08385090163592,"Fam170a"]
[73297,1.2756477596951,"1700034I23Rik",null,78638,1.1999931177297,"1700113B09Rik",null,228775,1.08441521318521,"Trib3"]
[232987,1.2766300126073,"B9d2",null,72368,1.20132418643154,"Borcs8",null,218441,1.08528786922203,"Zfyve16"]
[67579,1.27865743844665,"Cpeb4",null,238722,1.20338138664493,"Zfp72",null,74322,1.08606741432614,"Cxxc1"]
[27054,1.27984474493628,"Sec23b",null,72185,1.20552478842173,"Dbndd1",null,19655,1.08681157644153,"Rbmx"]
[238257,1.28207126840897,"Tmem30b",null,193116,1.20805757681812,"Slu7",null,242418,1.08716756632213,"Dcaf10"]
[140806,1.28294059556493,"Il25",null,257880,1.20813013064991,"Olfr1066",null,14317,1.08719299237365,"Ftcd"]
[19014,1.28457326941294,"Med1",null,15171,1.21180329108532,"Hcrt",null,23836,1.08806569391449,"Cdh20"]
[14287,1.28528212972091,"Fpgs",null,14179,1.21344068897095,"Fgf8",null,244721,1.08840733037382,"Zfp846"]
[26886,1.28696642987154,"Cenph",null,434232,1.21580903469705,"Iqck",null,224624,1.08949649066741,"Rab40c"]
[234733,1.29093050566188,"Ddx19b",null,14404,1.2171096197238,"Gabre",null,264134,1.08995041900272,"Ttc26"]
[21958,1.292471256973,"Tnp1",null,240442,1.21863083152718,"Adnp2",null,434179,1.09049398668148,"Zfp975"]
[214162,1.2942196079062,"Kmt2a",null,12848,1.22013457371938,"Cops2",null,22229,1.09128548351894,"Ucp3"]
[76332,1.29531881282411,"Cog2",null,271005,1.22182457731191,"Klhdc1",null,22348,1.09243812442489,"Slc32a1"]
[15395,1.29552892013647,"Hoxa10",null,14998,1.22182988184257,"H2-DMa",null,244650,1.09244590739909,"Phlpp2"]
[65086,1.29636708514247,"Lpar3",null,66676,1.22388829888028,"Tmed7",null,258744,1.09325011594486,"Olfr875"]
[235504,1.29717519809106,"Slc17a5",null,212679,1.22562899968241,"Mars2",null,75820,1.09359384000568,"Wdr64"]
[269261,1.29928392597586,"Rpl12",null,102466643,1.22753382761372,"Mir6396",null,75516,1.09429947527514,"Ttc32"]
[17151,1.30156682733864,"Ccndbp1",null,385668,1.22904656793186,"Lca5l",null,17067,1.09485722803698,"Ly6c1"]
[70252,1.30256085972363,"Jpx",null,108062,1.23189350017629,"Cstf2",null,67136,1.09548032616298,"Kbtbd4"]
[208111,1.30425724988135,"Zfp976",null,213056,1.23283582004079,"Fam126b",null,64295,1.09587226391607,"Tmub1"]
[241950,1.3056720294544,"Bbs12",null,67767,1.23408183860639,"Jagn1",null,105968,1.09629554444063,"AU021063"]
[19820,1.30598885798764,"Rlim",null,208638,1.23426892637702,"Slc25a38",null,636741,1.09633086973776,"Zfp964"]
[78560,1.30754258437453,"Adgra2",null,72338,1.23611880630237,"Wdr89",null,74359,1.09722202913654,"4931414P19Rik"]
[66271,1.30972727317766,"Tmem126a",null,67905,1.23698905491677,"Ppm1m",null,76843,1.09769630190131,"Dtl"]
[12531,1.31036640938381,"Cdc25b",null,66537,1.23850170386053,"Pomp",null,12747,1.0985642758263,"Clk1"]
[71235,1.31176839621475,"4933427I22Rik",null,56367,1.24010729819077,"Scoc",null,94044,1.09919954367661,"Bcl2l13"]
[68023,1.31295571346079,"Pdf",null,97863,1.24087782731342,"Fam8a1",null,26754,1.09987479750562,"Cops5"]
[66455,1.31477300932808,"Cnpy4",null,55935,1.24272583542906,"Fnbp4",null,68126,1.10028562872458,"Fahd2a"]
[20515,1.31653736772796,"Slc20a1",null,68126,1.24426483412976,"Fahd2a",null,75106,1.10093239868525,"4930519F16Rik"]
[14555,1.31656355142485,"Gpd1",null,100043160,1.24429280033005,"Gm10012",null,214112,1.10093968543241,"Nipal4"]
[72338,1.31750715707938,"Wdr89",null,79202,1.24549489550961,"Tnfrsf22",null,14428,1.10148822164382,"Galr2"]
[83704,1.31929871138389,"Slc12a9",null,20540,1.24682834987948,"Slc7a7",null,67809,1.10199087117837,"Rmdn3"]
[71777,1.32140492179082,"Ing3",null,94065,1.24839876730367,"Mrpl34",null,100986,1.10245485793738,"Akap9"]
[26400,1.32376691264435,"Map2k7",null,18974,1.24993880051359,"Pole2",null,74414,1.1030886414468,"Polr3c"]
[100038746,1.32659948595653,"Gm1976",null,606496,1.25292411523269,"Gsk3a",null,672682,1.10341635237324,"Gm9573"]
[67298,1.3293755348167,"Gprasp1",null,544696,1.25384475410418,"Tbc1d32",null,50794,1.10410051287032,"Klf13"]
[329165,1.33101758357243,"Abi2",null,19345,1.25548146888766,"Rab5c",null,66712,1.104491222331,"Spesp1"]
[102636514,1.33171047313839,"Uph",null,69769,1.25595570172213,"Tnfaip8l2",null,14686,1.10459198511832,"Gnat2"]
[56422,1.33395995731597,"Hbs1l",null,104457,1.25697401117935,"0610010K14Rik",null,52004,1.10519993791893,"Cdk2ap2"]
[330463,1.33604963301777,"Zfp78",null,333883,1.25841042472509,"Cd59b",null,72229,1.10627319659617,"1700003G13Rik"]
[403088,1.33754260524829,"Tcaf3",null,621893,1.25938246425729,"Hist2h2ab",null,19352,1.10669542142394,"Rabggtb"]
[15587,1.33827300748611,"Hyal2",null,320183,1.26112674764155,"Msrb3",null,20509,1.10750666570481,"Slc19a1"]
[69296,1.33975279829612,"Tmigd3",null,66439,1.26219027883667,"Borcs7",null,387153,1.10792534552253,"Mir135a-1"]
[72383,1.34077921315565,"Cnfn",null,21941,1.26431994452422,"Tnfrsf8",null,104479,1.10856923210599,"Ccdc117"]
[75273,1.34276082482883,"Pelp1",null,171224,1.26628122937061,"Vmn1r229",null,70730,1.10900252626881,"6330409D20Rik"]
[22070,1.34300001585641,"Tpt1",null,399568,1.266578410088,"BC052040",null,68999,1.10902357753655,"Anapc10"]
[71766,1.34572770425084,"Raver1",null,69802,1.26848536059757,"Cox11",null,622319,1.10946294883468,"Gm6313"]
[58206,1.34882787522126,"Zbtb32",null,66973,1.27157979340082,"Mrps18b",null,19264,1.10985239243174,"Ptprc"]
[68192,1.35082331566811,"Leprotl1",null,67978,1.27317874668137,"Tctn2",null,432488,1.11048100466282,"Gm17745"]
[232286,1.35318897298915,"Tmf1",null,213236,1.27505887950916,"Dnd1",null,628813,1.11074371849062,"Gm11437"]
[83962,1.35427908018298,"Btbd1",null,13429,1.27634335518955,"Dnm1",null,216742,1.11111642551055,"Fnip1"]
[80987,1.35535914690845,"Nckipsd",null,66641,1.27741491821919,"Sike1",null,20933,1.11172416364752,"Med22"]
[76303,1.35646260013667,"Osbp",null,109778,1.27915489250459,"Blvra",null,73644,1.112332669079,"2210039B01Rik"]
[12028,1.35652626859902,"Bax",null,245944,1.27924460557944,"Vps54",null,332427,1.11234459750433,"Lyg2"]
[78619,1.35821497287043,"Zfp449",null,71755,1.280695194186,"Dhdh",null,71779,1.11294442966849,"2018-03-08"]
[77891,1.36056391989458,"Ube2s",null,53620,1.28211788667431,"Vamp5",null,217331,1.11345913089007,"Unk"]
[217707,1.36266244031826,"Coq6",null,407786,1.28444036678787,"Taf9b",null,12507,1.11405521879044,"Cd5"]
[54711,1.36389044830624,"Plagl2",null,72282,1.28556996514084,"1810062G17Rik",null,12623,1.11448063328645,"Ces1g"]
[78638,1.36669679255798,"1700113B09Rik",null,71425,1.28664763701827,"Bpifb9a",null,66121,1.115159001912,"Chchd1"]
[54188,1.36794841705234,"Cpsf4",null,14958,1.28785418192928,"H1f0",null,21943,1.11576933001757,"Tnfsf11"]
[57738,1.37126183848502,"Slc15a2",null,19014,1.28954050341224,"Med1",null,735285,1.11635586399217,"Mir700"]
[23992,1.37138065308204,"Prkra",null,628100,1.2901928584744,"Fbxo39",null,111002,1.1165812319675399,"Marcksl1-ps4"]
[101056138,1.37243649836258,"Gm20619",null,15404,1.29236310710971,"Hoxa7",null,399609,1.11709573967465,"C130046K22Rik"]
[107939,1.37352679595337,"Pom121",null,67178,1.29402599433842,"Zmat5",null,56264,1.11758299614496,"Cpxm1"]
[56529,1.37480615679756,"Sec11a",null,74392,1.29488179553538,"Specc1l",null,19092,1.11813394045515,"Prkg2"]
[211660,1.37619420453523,"Cspp1",null,79263,1.29674821096679,"Trim39",null,100503265,1.11872589350299,"Gm19619"]
[18022,1.37840361788246,"Nfe2",null,258436,1.2975105407212,"Olfr458",null,71161,1.11912712208242,"Prkag2os1"]
[320587,1.37945272568226,"Tmem88b",null,72080,1.29938610529677,"Sapcd2",null,20391,1.11988410025447,"Sgca"]
[381493,1.38225237058937,"S100a7a",null,192159,1.30086590025651,"Prpf8",null,193322,1.12043534689658,"Oog1"]
[100689703,1.38251882640319,"9330133O14Rik",null,20216,1.30106837784491,"Acsm3",null,104458,1.12045508219713,"Rars"]
[54427,1.38546359346488,"Dnmt3l",null,54369,1.30386839124745,"Nme6",null,237868,1.12110134688603,"Sarm1"]
[107823,1.38758396923265,"Whsc1",null,50927,1.30679274054752,"Nasp",null,66385,1.12172382222238,"Ppp1r7"]
[106529,1.39019896814242,"Tecr",null,69064,1.30898551058506,"Fuom",null,53607,1.12271710562047,"Snrpa"]
[12570,1.39151812163507,"Cdk5r2",null,629147,1.31087520534157,"Ctxn3",null,100628606,1.1234206367854,"Mir3960"]
[100041244,1.39353262530032,"Gm3230",null,77036,1.31321024055092,"1700109H08Rik",null,66825,1.12390619567948,"Rnf186"]
[381286,1.3947275163881,"Serpinb3c",null,218343,1.31445971535584,"Ttc37",null,170484,1.124561565391,"Nphs2"]
[751549,1.39682145946682,"Mir92-1",null,22756,1.31622760019809,"Zfp94",null,22144,1.12524930031909,"Tuba3a"]
[214779,1.39763393840605,"Zfp879",null,243764,1.31661411050085,"Chrm2",null,279610,1.12537146139668,"E530001F21Rik"]
[71325,1.40018538996078,"Tchhl1",null,77853,1.31875915746282,"Msl2",null,21855,1.12590338515059,"Timm17b"]
[271564,1.40134514013168,"Vps13a",null,108841,1.32037324182325,"Rdh13",null,55989,1.12665085274657,"Nop58"]
[18585,1.40278569018243,"Pde9a",null,630146,1.32115824912605,"Cd101",null,21766,1.12713325334819,"Tex261"]
[76992,1.40425075395513,"Fam219aos",null,69327,1.3238284845255,"1700007K13Rik",null,21429,1.12781293954952,"Ubtf"]
[77254,1.40651032058143,"Yif1b",null,14872,1.3255285930561,"Gstt2",null,227695,1.1287333235914,"Spout1"]
[102465900,1.40885486256518,"Mir8112",null,76670,1.32662520238688,"Cfap70",null,54601,1.12996117530193,"Foxo4"]
[17540,1.41074599163631,"Mrvi1",null,56454,1.32933712194715,"Aldh18a1",null,23807,1.13077867688115,"Arih2"]
[12338,1.41097361175998,"Capn6",null,70226,1.32946327186269,"Rbm3os",null,226565,1.13079285948527,"Fmo6"]
[71816,1.41445188095558,"Rnf180",null,67968,1.33188103467315,"Ooep",null,229937,1.13117336402846,"Znhit6"]
[75778,1.41635522312503,"Them4",null,75485,1.33340277319167,"1700010B08Rik",null,329782,1.13191582830165,"4930570G19Rik"]
[57742,1.41994241623694,"Abhd1",null,57296,1.33610682100883,"Psmd8",null,76559,1.13266595173779,"Atg2b"]
[65019,1.42232728857327,"Rpl23",null,75329,1.33750266254126,"Atf7ip2",null,22088,1.13319037660717,"Tsg101"]
[64010,1.42418483512483,"Sav1",null,105663,1.34095199970314,"Thtpa",null,26436,1.13389839889298,"Psg16"]
[102462,1.42603905363142,"Imp3",null,216820,1.34334429734515,"Dhrs7b",null,84652,1.13465832897013,"Fam126a"]
[217370,1.42887270432768,"BC017643",null,72634,1.34475998469232,"Tdrkh",null,12793,1.13538060545033,"Cnih1"]
[271005,1.42938652342082,"Klhdc1",null,29807,1.34488273946817,"Tpk1",null,66602,1.1354049096944,"1700020I14Rik"]
[69981,1.43079325780832,"Tmem30a",null,108043,1.34642675218748,"Chrnb3",null,73824,1.13586067906435,"Snhg6"]
[20768,1.43231682278562,"Sephs2",null,237758,1.34936262402087,"Zfp454",null,320500,1.13645603343115,"Tmem215"]
[326619,1.43482900881105,"Hist1h4a",null,11639,1.35101817740885,"Ak4",null,12572,1.13726419814136,"Cdk7"]
[218543,1.43708905841857,"Srek1",null,11542,1.35288157766885,"Adora3",null,20501,1.13782382425372,"Slc16a1"]
[16068,1.4386976841038,"Il18bp",null,69397,1.35455490575953,"1700019A02Rik",null,69248,1.13827917982714,"2610035F20Rik"]
[74167,1.44112712611488,"Nudt9",null,12054,1.35620332282406,"Bcl7b",null,77980,1.13888217547151,"Sbf1"]
[109229,1.44403746079261,"Fam118b",null,11529,1.35819434026738,"Adh7",null,66989,1.13931477673526,"Kctd20"]
[68134,1.44417212603654,"Upf3b",null,101359,1.3582346123559,"Prrt4",null,14287,1.13947788278272,"Fpgs"]
[16552,1.44590639310899,"Kif12",null,545938,1.36015417867363,"Zfp607a",null,66964,1.14022504702765,"Golt1b"]
[237221,1.4475617772972,"Gemin8",null,320435,1.36309706857221,"Rinl",null,78783,1.14054794500278,"Brpf1"]
[229363,1.45108130062776,"Gmps",null,66503,1.36561485320447,"1810034E14Rik",null,101544,1.14155174267603,"Zfp575"]
[14958,1.45283464925851,"H1f0",null,80880,1.36902633772312,"Kank3",null,108160,1.14257185307463,"Fam50a"]
[71939,1.45499677132299,"Apol6",null,11470,1.37075129954968,"Actl7a",null,75767,1.14297181352805,"Rab11fip1"]
[380855,1.45667704947692,"Rsl1",null,22652,1.37263916894416,"Mkrn3",null,319970,1.14363022332456,"B230323A14Rik"]
[723956,1.45837317554573,"Mir138-2",null,77665,1.37392287702756,"9030204H09Rik",null,224530,1.14521085038021,"Acat3"]
[98682,1.45884963951242,"Mfsd6",null,232146,1.37409662899527,"Eva1a",null,276846,1.14525398299151,"Pigs"]
[69713,1.4617850982785,"Pin4",null,12455,1.375436189143,"Ccnt1",null,192157,1.14603406262802,"Socs7"]
[245404,1.46345291635499,"Dcaf12l1",null,104158,1.37725609566516,"Ces1d",null,98985,1.14687604801351,"Clp1"]
[12057,1.46541788833679,"Opn1sw",null,102465707,1.37900551730595,"Mir7227",null,67019,1.1473366863646,"Actr6"]
[21788,1.46640829120318,"Tfpi",null,21379,1.38112115692491,"Tbrg4",null,66423,1.14777430797544,"Coprs"]
[239853,1.46888355417956,"Adgrg7",null,71973,1.38273334689004,"Rbpms2",null,170752,1.14802313603579,"Bco2"]
[67292,1.47057947777607,"Pigc",null,19204,1.38496022875135,"Ptafr",null,100127433,1.14866741934234,"Gm11532"]
[70358,1.47396969447043,"Steap1",null,382066,1.3886754037321,"Prdm10",null,76779,1.14900982909367,"Cluap1"]
[234723,1.4741149364722,"Txnl4b",null,12757,1.38881003461437,"Clta",null,276905,1.14916967658884,"Armc7"]
[78829,1.47615442511974,"Tsc22d4",null,70266,1.391574605831,"Kyat1",null,378937,1.14960701894532,"Lrrc24"]
[68089,1.47842581858456,"Arpc4",null,14710,1.39399363692568,"Gngt2",null,66246,1.15019074472193,"Osgep"]
[545936,1.48059859421304,"Gm5893",null,215951,1.39640106015373,"Lace1",null,216198,1.15067797973803,"Tcp11l2"]
[434377,1.48475235284318,"Zfp560",null,223722,1.39785718425706,"Mcat",null,66706,1.15179186468657,"Ndufaf3"]
[100526527,1.48685992408031,"Mir344f",null,328778,1.39966073348709,"Rab26",null,269623,1.15297879825489,"Rbm48"]
[75084,1.48868285883742,"4930511M06Rik",null,216363,1.40078722835453,"Rab3ip",null,102465766,1.15351889160348,"Mir7661"]
[241391,1.49040616179055,"Galnt5",null,77593,1.40266443130204,"Usp45",null,213469,1.15427562171396,"Lgi3"]
[101700,1.49056856249098,"Trim68",null,74448,1.4027152688651,"Arl13a",null,14263,1.15433372509648,"Fmo5"]
[70044,1.49378336985821,"Tut1",null,27401,1.40565605200778,"Skp2",null,26396,1.15494463252411,"Map2k2"]
[319277,1.49575056813291,"Washc4",null,17169,1.40821622540428,"Mark3",null,546336,1.15600855046531,"Prrg1"]
[13871,1.49753635359174,"Ercc2",null,66204,1.41001557211715,"Acyp1",null,27225,1.15650311485403,"Ddx24"]
[240754,1.50081798040525,"Lax1",null,104479,1.41250285466514,"Ccdc117",null,21672,1.1573784997619,"Prdx2"]
[74726,1.50192939772617,"4930523O13Rik",null,234362,1.41446880391495,"Zfp868",null,20415,1.15807211561849,"Shbg"]
[107029,1.50483893410085,"Me2",null,68493,1.41808316436225,"Ndufaf4",null,107686,1.15839278957827,"Snrpd2"]
[76501,1.50829446783824,"Commd9",null,114654,1.42007546289755,"Ly6g6d",null,74192,1.15893616969374,"Arpc5l"]
[234407,1.50842906462125,"Colgalt1",null,78829,1.42012978009247,"Tsc22d4",null,192188,1.15903331218146,"Stab2"]
[230379,1.51248366482379,"Acer2",null,69234,1.4227193016549,"Zfp688",null,11537,1.16007199278824,"Cfd"]
[233789,1.51473911533073,"Smg1",null,76992,1.42595654843622,"Fam219aos",null,67281,1.16091713579737,"Rpl37"]
[234854,1.51652700440497,"Cdk10",null,245404,1.42787000554671,"Dcaf12l1",null,320633,1.16206716659576,"Zbtb26"]
[53885,1.51938865135372,"Nphp1",null,71988,1.42953472357551,"Esco2",null,224170,1.16271594848139,"Dzip3"]
[67732,1.52179273036408,"Iah1",null,677044,1.43169670377306,"Gm10653",null,320019,1.16361936658548,"Ptgs2os"]
[319191,1.52354698177941,"Hist1h2ai",null,19274,1.43453994746411,"Ptprm",null,268936,1.16411731976473,"Brpf3"]
[56742,1.52590855723448,"Psrc1",null,333789,1.43718808616752,"N4bp2",null,66320,1.16477580033174,"Tmem208"]
[193838,1.52617528933586,"Eme2",null,319944,1.43721370102419,"Taf2",null,53609,1.16481785685959,"Clasrp"]
[23857,1.53078086810827,"Dmtf1",null,26900,1.43881338648754,"Ddx3y",null,268752,1.16580523486869,"Wdfy2"]
[66523,1.53316479990954,"2810004N23Rik",null,67049,1.43990961274941,"Pus3",null,380712,1.16670701210152,"Tlcd2"]
[245474,1.53571057232049,"Dkc1",null,19893,1.4419661563704,"Rpgr",null,66131,1.16742402355186,"Tipin"]
[106021,1.53902987413158,"Topors",null,68889,1.44528029908528,"Ubac2",null,14359,1.16848460165067,"Fxr1"]
[237222,1.54301555034044,"Ofd1",null,258469,1.44740646944054,"Olfr90",null,238076,1.16914752210146,"Kcns3"]
[234678,1.54410417723507,"D230025D16Rik",null,112403,1.44971073324403,"Dxo",null,74915,1.16972626824097,"Atp6v1e2"]
[629481,1.54866996152655,"Gm29687",null,100504474,1.45422031574003,"Smlr1",null,406220,1.17073085421918,"Krt77"]
[215243,1.54870308425931,"Traf3ip3",null,66939,1.45431842841916,"Aagab",null,12215,1.17078830479995,"Bsg"]
[17847,1.55090787523005,"Usp34",null,56364,1.45754817367947,"Zmym3",null,225896,1.17148994478778,"Ubxn1"]
[74241,1.55337448575203,"Chpf",null,102060,1.46021314658489,"Gadd45gip1",null,170737,1.17262590364953,"Znrf1"]
[244373,1.55576747376175,"Erlin2",null,67561,1.46314646230109,"Wdr48",null,54392,1.17313284065897,"Ncapg"]
[100503469,1.55826852282215,"Gm19710",null,71816,1.46466038090689,"Rnf180",null,328906,1.17385480670013,"Gm15328"]
[68926,1.56053419143811,"Ubap2",null,114602,1.46815811209165,"Zmynd10",null,245902,1.17468463845319,"Ccdc15"]
[224022,1.56348645498232,"Slc7a4",null,67452,1.47157782622661,"Pnpla8",null,67511,1.17527554434173,"Tmed9"]
[69772,1.56687472238829,"Bdh2",null,338403,1.47395586704238,"Cndp1",null,60315,1.17573440958792,"Myg1"]
[76062,1.56696427263998,"5830428M24Rik",null,19428,1.4744701509637,"Rasl2-9",null,234678,1.17576491470014,"D230025D16Rik"]
[67028,1.56998387548764,"2610002M06Rik",null,16447,1.47776535937517,"Ivl",null,213393,1.17623410472097,"8430408G22Rik"]
[330319,1.57215075129482,"Wipf3",null,218341,1.48105309179432,"Rfesd",null,17219,1.17680638494498,"Mcm6"]
[414095,1.57589868867333,"B130034C11Rik",null,77878,1.48285874376333,"6030440G07Rik",null,56389,1.17776555809483,"Stx5a"]
[223722,1.57795502062702,"Mcat",null,232334,1.48596113646315,"Vgll4",null,338351,1.17877602101919,"Akap17b"]
[320256,1.58117738736853,"Dlec1",null,67279,1.49177325644885,"Med31",null,15257,1.17922892507565,"Hipk1"]
[69882,1.58448530541794,"Vwa9",null,279499,1.49473193970821,"Kctd19",null,19718,1.180195592946,"Rfc2"]
[16418,1.5882950162827,"Eif6",null,110935,1.4967150680219,"Atp6v1b1",null,338320,1.18097924726218,"Mia2"]
[28010,1.58879421439384,"Miip",null,268721,1.4974833065604,"Zswim8",null,110109,1.18131184679047,"Nop2"]
[83454,1.59228533718232,"Nxf2",null,100038489,1.5003015617967,"Apela",null,56644,1.18184367410083,"Clec7a"]
[378430,1.59414923385749,"Nanos2",null,74561,1.50390797527624,"Nkx6-3",null,13202,1.18247351683002,"Ddt"]
[211401,1.59713476567858,"Mtss1",null,69772,1.50719533578725,"Bdh2",null,22704,1.18299079441278,"Zfp46"]
[19280,1.60166184903448,"Ptprs",null,17876,1.51041090394729,"Myef2",null,15395,1.18362131873099,"Hoxa10"]
[67136,1.60426637832984,"Kbtbd4",null,26363,1.51336335433169,"Btd",null,623474,1.1846616075642,"Rad54b"]
[12054,1.60862167545564,"Bcl7b",null,228866,1.51424674514257,"Pcif1",null,208908,1.18554775034345,"Ccdc62"]
[235323,1.61117641946559,"Usp28",null,22187,1.51634063614423,"Ubb",null,216858,1.18641864587235,"Kctd11"]
[71956,1.61123184149496,"Rnf135",null,232566,1.51664235948477,"Amn1",null,108086,1.18651336940158,"Rnf216"]
[13367,1.61498115089113,"Diaph1",null,56368,1.51971109850385,"Cyb561d2",null,108902,1.18724430092418,"B4gat1"]
[414758,1.61762651561409,"Zfp950",null,100416830,1.52236467770249,"Zfp572",null,27399,1.1880286504296,"Ip6k1"]
[228846,1.62096848556036,"D630003M21Rik",null,208146,1.52528344685398,"Yeats2",null,100756,1.18876092767125,"Usp30"]
[58231,1.62540710881255,"Stk4",null,50493,1.52792609997239,"Txnrd1",null,104444,1.18959619563728,"Rexo2"]
[102465186,1.62789720833091,"Mir6361",null,20855,1.53181365125328,"Stc1",null,20042,1.19020301716282,"Rps12"]
[15504,1.63278948353713,"Dnajb3",null,75620,1.53597742762303,"Kxd1",null,102631696,1.19106793226219,"Gm29968"]
[223658,1.63666620073251,"Mroh1",null,414095,1.53962416460832,"B130034C11Rik",null,66258,1.1921589528011,"Mrps17"]
[53612,1.63674854205087,"Vti1b",null,226646,1.53999540150705,"Ndufs2",null,114889,1.1922915633554,"Vsx1"]
[28295,1.64427801249025,"D10Jhu81e",null,66362,1.54461211571691,"Exosc3",null,24074,1.19330253940022,"Taf7"]
[242864,1.64620281569851,"Napepld",null,224661,1.5454981509303,"Slc26a8",null,320332,1.19338484653285,"Hist4h4"]
[17341,1.64955211617626,"Bhlha15",null,545936,1.54791829578325,"Gm5893",null,112403,1.19418164427882,"Dxo"]
[214240,1.65283026030631,"Disp2",null,102465606,1.55097289558783,"Mir6973b",null,77697,1.19467347557459,"Mmab"]
[214944,1.65963406835854,"Mob3b",null,76088,1.55462205595089,"Dock8",null,231452,1.19556248580214,"Sdad1"]
[102465172,1.66236658702783,"Mir6338",null,66407,1.55894948727234,"Mrps15",null,81630,1.19626860576928,"Zbtb22"]
[14869,1.66569888547462,"Gstp2",null,21788,1.56349774012263,"Tfpi",null,11677,1.19724510053323,"Akr1b3"]
[219072,1.66581903530479,"Haus4",null,16470,1.56383446860531,"Ush1g",null,76508,1.19729449119951,"Ube2d-ps"]
[83964,1.66993057976848,"Jam3",null,213753,1.56621735508391,"Zfp598",null,56214,1.19799042784104,"Scamp4"]
[19142,1.67399593475477,"Prss12",null,69215,1.57060068167853,"Sat2",null,15171,1.19890871502189,"Hcrt"]
[243834,1.67738349258575,"Zfp324",null,11871,1.57555543538518,"Art2a-ps",null,20239,1.19928742312105,"Atxn2"]
[269954,1.68061880834999,"Ttll13",null,21833,1.58050284395852,"Thra",null,114642,1.19988022267903,"Brdt"]
[67089,1.6836869919298,"Psmc6",null,26971,1.58212401952698,"Pla2g2f",null,70461,1.20081964154895,"Crtc3"]
[80913,1.68845636426636,"Pum2",null,75725,1.58599444281195,"Phf14",null,27224,1.20143176427794,"Eloa"]
[78895,1.69196145523879,"Pus7l",null,16418,1.59187025461615,"Eif6",null,17179,1.20203135209055,"Matk"]
[22696,1.69205931114385,"Zfp37",null,76355,1.59231350280709,"Tgds",null,209478,1.20207000161984,"Tbc1d12"]
[56459,1.69593091043648,"Sae1",null,223838,1.59423494809616,"Adamts20",null,26894,1.20316348657583,"Cops7a"]
[434065,1.69831824576363,"Gm1965",null,75311,1.59765702728269,"4930550C14Rik",null,21427,1.20376625827681,"Vps72"]
[11717,1.70048464470204,"Ampd3",null,67869,1.60193621559169,"Paip2",null,101142,1.20443655972636,"Itfg2"]
[258675,1.70485445063669,"Olfr1423",null,214158,1.60552000691795,"Trim38",null,75070,1.20573539178705,"4930515G16Rik"]
[69188,1.70888058316055,"Kmt2e",null,433426,1.60955476567375,"Gm13490",null,319475,1.20677067322069,"Zfp672"]
[228094,1.71277396915243,"Cerkl",null,432985,1.61173022785801,"Gm5476",null,107221,1.20758918360693,"Ffar4"]
[16155,1.71670308724737,"Il10rb",null,244183,1.61401615592871,"Trim30b",null,72825,1.20836973269934,"Mon1a"]
[67997,1.71718683904298,"Ddx59",null,83767,1.61466665538202,"Wasf1",null,66853,1.20839093771161,"Pnpla2"]
[102800312,1.71976354774414,"Lncppara",null,64707,1.61789987068701,"Suv39h2",null,11881,1.2092310597521,"Arsb"]
[26919,1.7263986178778,"Zfp346",null,56749,1.62039053980088,"Dhodh",null,53356,1.21020793164721,"Eif3g"]
[93689,1.73060136558399,"Lmod1",null,171171,1.62242537418239,"Ntng2",null,67997,1.21069062766317,"Ddx59"]
[70573,1.73346839759996,"Tbccd1",null,17692,1.62513910944171,"Msl3",null,619605,1.21157799166834,"Zcchc17"]
[105351,1.73715130478382,"AW209491",null,381318,1.62708751039941,"Nsl1",null,233890,1.21237123663283,"Zfp768"]
[66799,1.74091651120333,"Ube2w",null,67732,1.62826963736691,"Iah1",null,244631,1.21311821729413,"Pskh1"]
[63959,1.74511277164784,"Slc29a1",null,21750,1.63251988105451,"Terf2",null,216873,1.21407531654645,"Spag7"]
[381522,1.74519594345627,"Ccdc180",null,73874,1.63260239376619,"4930419G24Rik",null,13669,1.21409016427065,"Eif3a"]
[268319,1.74791032916495,"BC025920",null,66352,1.63780590619586,"Blzf1",null,244198,1.21544570258532,"Olfml1"]
[67564,1.7517076497415,"Tmem35a",null,56349,1.64148435120965,"Net1",null,105734727,1.21601511926916,"Emc8-1190005i06rik"]
[75512,1.75409870513333,"Gpx6",null,381820,1.64482501572388,"Smim10l1",null,27214,1.21666132644471,"Dbf4"]
[21414,1.75829054203443,"Tcf7",null,213773,1.64870635224589,"Tbl3",null,71223,1.21727713156911,"Gpr15"]
[73067,1.76425533917171,"Tmem192",null,67228,1.65429467321495,"Dph7",null,67746,1.21810519900288,"4930577N17Rik"]
[12587,1.76821138662379,"Mia",null,270757,1.65967460869515,"Bpifc",null,100526528,1.21975842715465,"Mir3074-2"]
[245050,1.77095588862376,"Fam198a",null,67483,1.66523774020596,"1700028P14Rik",null,105014,1.22065079231661,"Rdh14"]
[13628,1.77138077860726,"Eef1a2",null,17067,1.66543868548004,"Ly6c1",null,74654,1.22065261635125,"4930455H04Rik"]
[19194,1.77767579610753,"Bpifa2",null,320795,1.6671188030377,"Pkn1",null,67089,1.22165614809506,"Psmc6"]
[102640845,1.78292389422338,"Gm26994",null,71001,1.67086453871668,"Mgat4e",null,553127,1.22187636231956,"Cxx1b"]
[216363,1.78602503843989,"Rab3ip",null,68316,1.67340283215634,"Apoo",null,105298,1.22312850671219,"Epdr1"]
[630952,1.78918534978262,"Ang6",null,74364,1.67844268427502,"4931431C16Rik",null,56486,1.2237488328776,"Gabarap"]
[14866,1.79368452328692,"Gstm5",null,751549,1.68485800002485,"Mir92-1",null,235044,1.22485951605816,"Plppr2"]
[258327,1.80002806986204,"Olfr958",null,14086,1.68835599569562,"Fscn1",null,12667,1.22561147629351,"Chrd"]
[66433,1.80277132732781,"Chchd7",null,225467,1.69320788670066,"Pggt1b",null,73750,1.22631221965769,"Whrn"]
[67826,1.80345463519293,"Snap47",null,23960,1.69355048289801,"Oas1g",null,22021,1.22637941646051,"Tpst1"]
[140780,1.81302238857233,"Bmp2k",null,100415784,1.69858603419758,"Gm17830",null,17151,1.22731523465784,"Ccndbp1"]
[212919,1.81798880786109,"Kctd7",null,654801,1.7029500177795,"Zfp784",null,12672,1.22801731217746,"Chrm4"]
[13411,1.82345640226895,"Dnah11",null,100041096,1.70806916003323,"Iqcf6",null,67414,1.22863640586657,"Mfn1"]
[11593,1.82820353645655,"Aga",null,223732,1.71275177362304,"Ldoc1l",null,70003,1.22986652539192,"1700028I16Rik"]
[319727,1.83398523471168,"A330035P11Rik",null,17287,1.71987581867945,"Mep1a",null,11833,1.23047985313506,"Aqp8"]
[78283,1.8413924243683,"Map7d2",null,269019,1.72207661074559,"Stk32a",null,116972,1.23164402561054,"Fam57a"]
[102465547,1.84869243352693,"Mir6907",null,270599,1.72744601754457,"Gm648",null,19342,1.23278575071871,"Rab4b"]
[226646,1.8490480394873,"Ndufs2",null,14938,1.72799917465564,"Gzma",null,258411,1.23279545814982,"Olfr290"]
[66988,1.85333689090365,"Lap3",null,223646,1.73127833056566,"Naprt",null,20515,1.23385532106844,"Slc20a1"]
[110954,1.8599912523262,"Rpl10",null,20603,1.73477188526544,"Sms",null,235415,1.23463196744714,"Cplx3"]
[52575,1.86642039962236,"Trmt10c",null,109700,1.74230418440107,"Itga1",null,628185,1.23553420666316,"Vmn2r112"]
[232966,1.87062108460913,"Zfp114",null,18599,1.74639976650364,"Padi1",null,76192,1.23659915805525,"Abhd12"]
[20591,1.87541795304575,"Kdm5c",null,66094,1.75344982578325,"Lsm7",null,20405,1.23765971570159,"Sh3gl1"]
[69976,1.87827345130087,"Galk2",null,26970,1.75667037827269,"Pla2g2e",null,65100,1.23890549434585,"Zic5"]
[77097,1.88206358079598,"Tanc2",null,16525,1.76128208826309,"Kcnk1",null,67131,1.23973839863648,"Acbd4"]
[68354,1.88301450464144,"Plekhd1os",null,12306,1.76233789607336,"Anxa2",null,76156,1.23975756312605,"Fam131b"]
[100041379,1.88527300946146,"Zfp980",null,78925,1.7677126332422,"Srd5a1",null,66089,1.24014101032192,"Rmnd5b"]
[99412,1.88842473178473,"Golga2",null,224697,1.77267496240626,"Adamts10",null,227154,1.24185274165976,"Stradb"]
[263764,1.89498603827964,"Creg2",null,56710,1.77713970020251,"Brinp1",null,76580,1.24246070785845,"Mib2"]
[16182,1.90129523898471,"Il18r1",null,68226,1.78304178556936,"Efcab2",null,68493,1.24322244329573,"Ndufaf4"]
[23967,1.9037790596977,"Osr1",null,65255,1.78676931457536,"Asb4",null,547176,1.2441509798527,"Zc3h12b"]
[240084,1.91101497964738,"Cchcr1",null,27279,1.79336164408826,"Tnfrsf12a",null,406219,1.24468966380257,"Krt87"]
[67121,1.91341919036912,"Mastl",null,12501,1.79580626882043,"Cd3e",null,101095,1.2449182810074,"Zfp282"]
[58251,1.91807020180648,"BC100451",null,319803,1.79994331035732,"A430090L17Rik",null,100503538,1.24539003020385,"Gm15941"]
[22776,1.92159307526622,"Zim1",null,76983,1.80726167092435,"Scfd1",null,67443,1.24682207017237,"Map1lc3b"]
[72230,1.92772017072056,"Zfp558",null,26939,1.8121455313521,"Polr3e",null,66931,1.24767886328664,"1700010I14Rik"]
[208439,1.93239493199573,"Klhl29",null,628431,1.81454140033079,"Hmgb1-rs17",null,217124,1.24894734927402,"Ppp1r9b"]
[66935,1.93848195375507,"Cir1",null,225651,1.81955868295241,"Mppe1",null,14266,1.24987371463117,"Aff2"]
[102634634,1.9465454525021,"Gm20491",null,68147,1.82379793916589,"Gar1",null,67741,1.25042907084234,"4930579F01Rik"]
[100503041,1.95146071326708,"Pdzd7",null,330812,1.82971129516626,"Rnf150",null,16145,1.25111004492663,"Igtp"]
[17692,1.95958316193885,"Msl3",null,67755,1.83488235746387,"Ddx47",null,226432,1.25216333258956,"Ipo9"]
[67804,1.96062475195526,"Snx2",null,74629,1.83653229753599,"4930426L09Rik",null,414872,1.25238533894637,"Zyg11b"]
[73571,1.96632168763878,"1700096K18Rik",null,266744,1.84190808434632,"Lgsn",null,93734,1.25379189133099,"Mpv17l"]
[449561,1.96996978798154,"AF357426",null,14356,1.84593504485746,"Timm10b",null,623503,1.25462869699567,"Prlh"]
[723976,1.97175789441406,"Mir652",null,230082,1.8483436860038,"Nol6",null,72269,1.25511135070536,"Cda"]
[12481,1.97945734474677,"Cd2",null,17965,1.85266005028711,"Nbl1",null,72117,1.2572590749272,"Naa50"]
[69870,1.98551743750885,"Polr3gl",null,54667,1.85662088037524,"Atp8b2",null,18788,1.25860788349184,"Serpinb2"]
[72607,1.99270373921731,"Usp13",null,231214,1.86040088712783,"Cc2d2a",null,79233,1.25971763511003,"Zfp319"]
[387511,1.99685182995583,"Tas2r134",null,102466913,1.87140553857856,"Mir6980",null,77593,1.26093153134334,"Usp45"]
[66441,1.99695830561811,"Magohb",null,63828,1.87143678998518,"Fn3k",null,57170,1.26109126668476,"Dolpp1"]
[67689,2.00453059024959,"Aldh3b1",null,320974,1.87882931894978,"Lrrn4",null,15417,1.26230025368348,"Hoxb9"]
[13166,2.01437827345002,"Dbh",null,330319,1.8863269899253,"Wipf3",null,20184,1.26334694962002,"Uimc1"]
[234577,2.01868940179454,"Cpne2",null,269639,1.89250437745177,"Zfp512",null,22648,1.26445655045695,"Zfp11"]
[102466153,2.02617320580277,"Mir6365",null,100040769,1.9012937680302,"Gm15506",null,56403,1.26542346823745,"Syncrip"]
[232345,2.03285579821896,"A2m",null,18046,1.90818423658098,"Nfyc",null,94190,1.26629828469609,"Ophn1"]
[19134,2.04035785733372,"Prpf4b",null,19302,1.91165768003487,"Pex2",null,66725,1.26710057755686,"Lrrk2"]
[74392,2.04860213305665,"Specc1l",null,66952,1.91957209817281,"2310030G06Rik",null,72397,1.26863963284655,"Rbm12b1"]
[59029,2.05067792707995,"Psmd14",null,16319,1.92030603281239,"Incenp",null,93966,1.26866051066795,"Hemgn"]
[227835,2.05631135326656,"Gtdc1",null,232414,1.92638273584801,"Clec9a",null,26558,1.26992087539925,"Homer3"]
[18491,2.06125035461082,"Pappa",null,102466824,1.93280382255979,"Mir7241",null,381760,1.2712304770727,"Ssbp1"]
[432770,2.065360781959,"Rslcan18",null,54638,1.93641779160178,"Ccdc22",null,14228,1.27292811350201,"Fkbp4"]
[170571,2.06923517780784,"Cntnap4",null,19227,1.94344555060531,"Pthlh",null,50758,1.27375000676427,"Fbxl17"]
[626275,2.0755288706066,"A930012L18Rik",null,94064,1.95244250925498,"Mrpl27",null,75377,1.27436109210181,"4930597G03Rik"]
[13641,2.08306632513112,"Efnb1",null,332427,1.95740220526601,"Lyg2",null,50909,1.27536589504477,"C1ra"]
[27392,2.0908711918802,"Pign",null,26378,1.96402722119246,"Decr2",null,70573,1.27609498041669,"Tbccd1"]
[194590,2.09139509914976,"Reps2",null,333433,1.96555786519407,"Gpd1l",null,57390,1.27619835794715,"Psors1c2"]
[209462,2.09930533717448,"Hace1",null,26416,1.97526216118196,"Mapk14",null,74072,1.27704502446165,"4933407I05Rik"]
[71878,2.10325665615323,"Fam83d",null,67467,1.98170360624919,"Gpalpp1",null,69549,1.27884092889322,"2310009B15Rik"]
[140483,2.10634077489624,"Hnmt",null,29876,1.98573514982384,"Clic4",null,333088,1.27946120334718,"Kcp"]
[227700,2.1094433973548,"Sh3glb2",null,17749,1.9887422027149,"Polr2k",null,13828,1.28012018909502,"Epb42"]
[77619,2.11787746188884,"Prelid2",null,382423,1.99406152306269,"Atxn7l3b",null,12578,1.28143161711628,"Cdkn2a"]
[66070,2.12177005883159,"Cwc15",null,67725,2.00098181622533,"Nudt13",null,26462,1.28282007201936,"Txnrd2"]
[69582,2.12940972019348,"Plekhm2",null,320482,2.01138622687707,"Nron",null,27052,1.28421905152698,"Aoah"]
[22688,2.13235836353044,"Zfp26",null,18741,2.01170496981384,"Pitx2",null,68904,1.28426064314834,"Abhd13"]
[75083,2.1386992629794,"Usp50",null,381284,2.01493692165861,"Crocc2",null,13688,1.28561472017156,"Eif4ebp2"]
[67988,2.14373420311086,"Tmx3",null,268481,2.02246294052157,"Krt222",null,58230,1.28779122565145,"Rnf8"]
[27050,2.14983397523993,"Rps3",null,384009,2.02932421643158,"Glipr2",null,100503636,1.28876065777883,"1700123M08Rik"]
[102465174,2.15623410296135,"Mir6342",null,71254,2.03507021326014,"Naif1",null,72203,1.28996217840586,"2610507I01Rik"]
[75623,2.16076642237767,"Tex30",null,75106,2.03778502730195,"4930519F16Rik",null,77809,1.29110034231756,"Lrrc42"]
[100042480,2.16837679320727,"Nhsl2",null,67179,2.04454318577563,"Ccdc25",null,230936,1.29234893329207,"Phf13"]
[17995,2.17094344959045,"Ndufv1",null,73505,2.05096176856331,"1700072O05Rik",null,74614,1.29322352789935,"Ocstamp"]
[72556,2.17113122154857,"Zfp566",null,56280,2.05111559918102,"Mrpl37",null,723949,1.29327319163972,"Mir16-2"]
[74255,2.17725991544117,"Smu1",null,101202,2.05669434339766,"Hepacam2",null,72632,1.29478604270205,"Smim18"]
[382118,2.18596270692262,"Zkscan7",null,234356,2.06253830408762,"Csgalnact1",null,269966,1.29600739497281,"Nup98"]
[67936,2.18834875088376,"Wdr55",null,27998,2.06819159564289,"Exosc5",null,77519,1.29755594847674,"Zfp266"]
[74855,2.19605484367287,"Fam228a",null,75951,2.07475049996978,"4930578M01Rik",null,71514,1.29969146676457,"Sfpq"]
[230996,2.2012068602031,"9430015G10Rik",null,226414,2.08033076462477,"Dars",null,17827,1.30125416777484,"Mtx1"]
[102466647,2.2064571198252,"Mir6413",null,234515,2.09027564835649,"Inpp4b",null,319207,1.30201679572856,"Pgbd1"]
[83703,2.21236903214674,"Dbr1",null,19732,2.09772515201035,"Rgl2",null,18488,1.30337333470279,"Cntn3"]
[22033,2.21265007050906,"Traf5",null,234564,2.09984067821893,"Ces1f",null,100217441,1.30351263602866,"Snord23"]
[93759,2.22043874163648,"Sirt1",null,22031,2.10606953423419,"Traf3",null,76938,1.30455789034101,"Rbm17"]
[233575,2.22457856054417,"Pgap2",null,67861,2.11324311673065,"Akr1b10",null,79456,1.30556496229454,"Recql4"]
[75857,2.22980919358541,"4930568G15Rik",null,54368,2.119735342849,"Gp9",null,19386,1.30677976037241,"Ranbp2"]
[14308,2.23606361544369,"Fshb",null,18101,2.12918379032368,"Nmbr",null,227615,1.30796452856456,"Tmem203"]
[240832,2.24019614190681,"Tor1aip2",null,26611,2.1392850664757,"Rcn2",null,381680,1.30900951715027,"Nxpe5"]
[66881,2.24484595061158,"Pcyox1",null,20834,2.14628032264714,"Znrf4",null,74203,1.31155265852331,"Eif4enif1"]
[68731,2.25177513976823,"Rbfa",null,319953,2.15329136188658,"Ttll1",null,319786,1.31302559575036,"B930059L03Rik"]
[11746,2.2518046275111,"Anxa4",null,328788,2.1538090547527,"Clpsl2",null,20365,1.31312951361561,"Serf1"]
[14674,2.25536291396278,"Gna13",null,212943,2.15867036680972,"Fam46a",null,213449,1.31464922847088,"Fam46d"]
[80889,2.25962167622999,"Mesdc1",null,75088,2.16742699649145,"4930505G20Rik",null,212892,1.31675460878406,"Rsph4a"]
[234889,2.26529836417572,"Gucy1a2",null,73712,2.17149566708927,"Dmkn",null,94180,1.31793345003091,"Acsbg1"]
[73808,2.27115292882196,"Tex36",null,100039691,2.17963688110513,"Lncenc1",null,17220,1.31936653609488,"Mcm7"]
[12368,2.27623509230947,"Casp6",null,54607,2.18810612096382,"Socs6",null,225358,1.32159208642895,"Fam13b"]
[217203,2.28069634019651,"Tmem106a",null,414758,2.19242744103167,"Zfp950",null,56456,1.32248774311544,"Actl6a"]
[229285,2.28606578663368,"Spg20",null,217026,2.1957707488865,"Heatr6",null,223780,1.32374930014563,"Adm2"]
[210293,2.28715749737806,"Dock10",null,56642,2.19709937105208,"Ankrd2",null,269604,1.32378914329564,"Gpr157"]
[22402,2.29465906793121,"Wisp1",null,666680,2.20225619968071,"Gm8234",null,230757,1.32541761332824,"5730409E04Rik"]
[19248,2.30269889353222,"Ptpn12",null,66684,2.20771754452114,"Tceal8",null,71264,1.3264632214026,"4933432I03Rik"]
[19276,2.307360068834,"Ptprn2",null,69460,2.21150448612131,"1700028M03Rik",null,14661,1.32914912606941,"Glud1"]
[73937,2.31327134195426,"1700029M20Rik",null,240873,2.21921564370702,"Tnfsf18",null,70361,1.3309867288288,"Lman1"]
[100502742,2.3209494488019,"1700007L15Rik",null,56805,2.22431354107048,"Zbtb33",null,239510,1.3326546164583,"Phf20l1"]
[22701,2.32616368941683,"Zfp41",null,73212,2.22785511077601,"3110082I17Rik",null,209446,1.33469831130169,"Tfe3"]
[223697,2.33067270535278,"Sun2",null,244757,2.23546715359317,"Glb1l2",null,239591,1.33606461445757,"Ttll8"]
[66405,2.33093367726018,"Mcts2",null,244867,2.23560592488761,"Arhgap20",null,68273,1.33609843686243,"Pomgnt1"]
[109202,2.33583548110228,"A930024E05Rik",null,217143,2.23810861705619,"Gpr179",null,21463,1.33754476783654,"Tcp11"]
[29812,2.34113055622238,"Ndrg3",null,231646,2.24303053031743,"Myo1h",null,76500,1.33902229954482,"Ip6k2"]
[98376,2.34676502051795,"Gorab",null,15423,2.2465464235818,"Hoxc4",null,233033,1.34010958670392,"Samd4b"]
[218865,2.35104596264976,"Chdh",null,66058,2.25242392719269,"Tmem176a",null,67439,1.34188038884408,"Xab2"]
[258219,2.35477940787116,"Olfr94",null,74580,2.25706940513006,"Pyroxd2",null,21787,1.34391820637844,"Tfg"]
[75396,2.3596888056523,"Spp2",null,12370,2.26564615710554,"Casp8",null,74838,1.34531545843499,"Naa15"]
[58233,2.36454802042642,"Dnaja4",null,327826,2.26855796073721,"Frs2",null,211548,1.34638056592648,"Nomo1"]
[71995,2.36533429312522,"Erv3",null,15976,2.26936540022729,"Ifnar2",null,71368,1.34658841889606,"5430431A17Rik"]
[71753,2.37130337948214,"Tmprss6",null,226409,2.27321369352434,"Zranb3",null,19384,1.34795003424774,"Ran"]
[213541,2.37684748140192,"Ythdf2",null,270190,2.27745832999147,"Ephb1",null,74195,1.34963439325181,"Elp3"]
[72544,2.38310128552272,"Exosc6",null,114741,2.2828807041978,"Supt16",null,628779,1.35157273719702,"Hs3st4"]
[21411,2.39159510087959,"Tcf20",null,27395,2.28488572051342,"Mrpl15",null,235504,1.3527347173261,"Slc17a5"]
[22666,2.39687895812794,"Zbtb14",null,19273,2.29083510904012,"Ptpru",null,320571,1.35542600855501,"Atp8b5"]
[66050,2.40312753576252,"0610009B22Rik",null,171463,2.29518708430568,"Il17rd",null,66438,1.35665192374608,"Hamp2"]
[68465,2.40772281704707,"Adipor2",null,66730,2.30318877248212,"4921531C22Rik",null,69706,1.35897910157098,"Lrr1"]
[235330,2.40785930813404,"Ttc12",null,213464,2.30344350803928,"Rbbp5",null,72308,1.35918919452767,"Brf1"]
[13353,2.41216852211969,"Dgcr6",null,23955,2.30966982982536,"Nek4",null,319996,1.36119752330215,"Casc4"]
[20751,2.41719126039841,"Spr",null,353287,2.31326595935147,"Clec18a",null,114332,1.36249251357108,"Lyve1"]
[12494,2.42194896741329,"Cd38",null,18211,2.31926515552157,"Ntrk1",null,75581,1.36428761916684,"Yipf7"]
[76925,2.42725423084153,"1700015E13Rik",null,320127,2.32720159891804,"Dgki",null,26385,1.36608524565018,"Grk6"]
[68979,2.43423257797813,"Nol11",null,170732,2.3340184913886,"Trhr2",null,19348,1.36791395298611,"Kif20a"]
[67585,2.44324562226169,"4930455J16Rik",null,23912,2.33827952889745,"Rhof",null,65961,1.3690568387591,"Utp3"]
[544752,2.44751501487461,"Tug1",null,74355,2.34146675717088,"Smchd1",null,66414,1.37068409597179,"Ndufa12"]
[17087,2.44783147592615,"Ly96",null,242253,2.34237410627736,"Wdr63",null,100041515,1.37107963555094,"Gm3383"]
[71881,2.45027866417708,"Apmap",null,72320,2.34849321402098,"Kif1bp",null,232685,1.37297901270272,"Lncpint"]
[213522,2.45290065977642,"Plekhg6",null,69854,2.35529165864842,"1810063I02Rik",null,67778,1.37568476078189,"Zfp639"]
[70497,2.45740468471017,"Arhgap17",null,75645,2.35987491565128,"Ccdc172",null,545280,1.37805492075859,"A630010A05Rik"]
[100124452,2.46166022765245,"Mir598",null,77462,2.36372068970562,"Tmem116",null,110891,1.38087042340932,"Slc8a2"]
[231724,2.46899358428332,"Rad9b",null,26965,2.36869237818032,"Cul1",null,544717,1.38377691482586,"1190007I07Rik"]
[72609,2.47137286329006,"2700070H01Rik",null,69806,2.37756754942727,"Slc39a11",null,73061,1.3872084910089,"Cldn34c1"]
[69834,2.47574707939909,"Rab43",null,56463,2.38227785498359,"Snd1",null,102634634,1.39001359570101,"Gm20491"]
[66734,2.47678789333734,"Map1lc3a",null,242851,2.38238111205974,"Gnat3",null,11777,1.39028007974446,"Ap3s1"]
[66684,2.48058220600944,"Tceal8",null,224044,2.38832534880311,"Cyp2ab1",null,269198,1.39187946593131,"Nbeal1"]
[76183,2.48482677391046,"Celf6",null,68276,2.39446081711492,"Toe1",null,16002,1.39400378449861,"Igf2"]
[627049,2.4887148450462,"Zfp800",null,319200,2.40225173974435,"Gpr82",null,22720,1.39676347851298,"Zfp62"]
[378466,2.49407295708889,"Gm10033",null,72264,2.40642526811801,"1700029J03Rik",null,102466677,1.39866986984456,"Mir3473e"]
[666528,2.49970422082539,"Zfp541",null,75388,2.41258350497534,"Boll",null,100503248,1.40056723029454,"Gm15179"]
[27029,2.50648949143054,"Sgsh",null,16840,2.41648264750771,"Cnmd",null,15510,1.40491475028197,"Hspd1"]
[11933,2.5096236315457,"Atp1b3",null,69826,2.42158850518603,"Ms4a10",null,68159,1.40746305750346,"Stx19"]
[216150,2.51131108894459,"Cdc34",null,231128,2.42166670931289,"Fam193a",null,103677,1.40763648401966,"Smg6"]
[14766,2.51655095722454,"Adgrg1",null,19933,2.4254596789579,"Rpl21",null,330305,1.41035101316422,"Gm5111"]
[171282,2.52012020389401,"Acot4",null,12015,2.43068144037627,"Bad",null,66142,1.4142245191544,"Cox7b"]
[17922,2.52823226371595,"Myo7b",null,13003,2.4349628011298,"Vcan",null,67288,1.41734957325179,"Srek1ip1"]
[66915,2.53733577001195,"Myeov2",null,72735,2.44372474456841,"Eldr",null,625253,1.41993464702422,"Gm6568"]
[627782,2.54524072770156,"Gm6787",null,72661,2.44607700991082,"Serp2",null,108124,1.42163265352522,"Napa"]
[228756,2.54862748630684,"Cstl1",null,270192,2.44935745936919,"Rab6b",null,18515,1.4245017149684,"Pbx2"]
[407793,2.55440751168217,"BC039966",null,240047,2.45462454433956,"Mmp25",null,19762,1.42574848360276,"Rit2"]
[100037396,2.55446780359027,"D030047H15Rik",null,16533,2.45562724757125,"Kcnmb1",null,74533,1.42603890661201,"Gzf1"]
[109241,2.55697211285785,"Mbd5",null,110033,2.45882128327748,"Kif22",null,218693,1.42974179631733,"Paip1"]
[74624,2.56257927410674,"4930429D17Rik",null,234889,2.46353507986941,"Gucy1a2",null,16783,1.43200269398609,"Lamp1"]
[67929,2.57087059886854,"Ccdc70",null,68427,2.46800087197429,"Slc39a13",null,17897,1.43359575785747,"Myl3"]
[66867,2.57475519147871,"Hmg20a",null,21955,2.47260703249495,"Tnnt1",null,666938,1.43650981939237,"Bend4"]
[22172,2.58009466744239,"Tyms-ps",null,74694,2.48001454003957,"Tbc1d30",null,76051,1.4393569498608,"Ganc"]
[53312,2.58556421148483,"Nub1",null,100503460,2.48516025317039,"Gm19705",null,76768,1.4410818666421,"Alpi"]
[228677,2.59278903830184,"Sptlc3",null,240174,2.49149225609448,"Thada",null,27375,1.44312718979062,"Tjp3"]
[100503036,2.59305358923789,"1700015G11Rik",null,268469,2.49181853225711,"Zfp652",null,66459,1.44336683747356,"Pyurf"]
[22349,2.59791097830703,"Vil1",null,241764,2.4993592893189,"L3mbtl1",null,245650,1.44601880714615,"Gucy2f"]
[19245,2.60533174754629,"Ptp4a3",null,66667,2.50578956316917,"Hspbap1",null,105782,1.44877525375003,"Scrib"]
[24074,2.6123947841271,"Taf7",null,51796,2.51382441694072,"Srrm1",null,23943,1.45052245232691,"Esyt1"]
[73457,2.61598548107136,"1700064M15Rik",null,68436,2.51753069688495,"Rpl34",null,76205,1.45405925253638,"Stard3nl"]
[77414,2.62325412401406,"C030013G03Rik",null,381260,2.5240580666972,"Gm973",null,20402,1.45739256997759,"Zfp106"]
[268882,2.62672698004096,"Fbxo45",null,55951,2.52906083219408,"Mpc1",null,432982,1.46116281305235,"Gm5475"]
[80838,2.63622680605764,"Hist1h1a",null,70060,2.53603479594216,"Spata3",null,232875,1.46410981930604,"Zscan18"]
[241175,2.63808348518634,"Cntnap5b",null,15953,2.53708252189732,"Ifi47",null,16362,1.4650394658706,"Irf1"]
[83921,2.64379226451912,"Tmem2",null,77559,2.54455516989197,"Agl",null,57908,1.46703157445922,"Zfp318"]
[100862203,2.64978485981899,"Gm6712",null,93726,2.55159497167743,"Rnase2a",null,193034,1.47081110812645,"Trpv1"]
[70385,2.65336368912683,"Spdl1",null,214642,2.55569137142848,"Cped1",null,20423,1.47379868104078,"Shh"]
[218442,2.65775156593455,"Serinc5",null,735261,2.56447965871604,"Mir684-2",null,57437,1.47697219952615,"Golga7"]
[27221,2.6661816383424,"Chaf1a",null,78390,2.56939649783218,"Pla2g4d",null,387141,1.48028069111474,"Mir22"]
[19177,2.67320179731013,"Psmb7",null,100302499,2.57414686742946,"Snora3",null,59004,1.48233463649624,"Pias4"]
[13830,2.67884206532488,"Stom",null,432611,2.57818402969248,"Dnaic2",null,238405,1.48551738725602,"Adam6b"]
[14601,2.68010644879928,"Ghrh",null,235582,2.57871341414967,"Glyctk",null,272538,1.48555521753771,"Tango6"]
[228714,2.68430790537642,"Csrp2bp",null,21818,2.58511568931503,"Tgm3",null,20874,1.48911399867083,"Slk"]
[66359,2.6907906226473,"Cox20",null,18762,2.58829773436588,"Prkcz",null,102466255,1.4908034582734,"Mir1291"]
[13664,2.69598081225136,"Eif1a",null,67339,2.59400787262352,"1700066J03Rik",null,77781,1.49619763944074,"Epm2aip1"]
[108121,2.70033130139838,"U2af1",null,100039239,2.59889861132432,"Gm2115",null,574415,1.50183788730071,"Gm6042"]
[14427,2.70643984607113,"Galr1",null,230904,2.60530857854529,"Fbxo2",null,208869,1.50666716920708,"Dock3"]
[13110,2.71216022552214,"Cyp2j6",null,28006,2.61021180309385,"Washc2",null,28088,1.51113611922726,"Rtcb"]
[105349,2.71877369775539,"Akr1c18",null,20536,2.61709562273054,"Slc4a3",null,227743,1.51363372925459,"Mapkap1"]
[14081,2.71921901021486,"Acsl1",null,81018,2.61778896586517,"Rnf114",null,66333,1.514012564562,"Aqp11"]
[635253,2.72652303133715,"Usp51",null,320590,2.62222894506597,"Svopl",null,66923,1.51688694921491,"Pbrm1"]
[67288,2.73170198272535,"Srek1ip1",null,74941,2.62972327799577,"4930503H13Rik",null,667034,1.5193752629423,"Pnp2"]
[383766,2.73485904140118,"Tldc2",null,14778,2.64008066636032,"Gpx3",null,22403,1.52421556900629,"Wisp2"]
[66218,2.74018554208736,"Ndufb9",null,75452,2.64439715245271,"Ascc2",null,12387,1.52815593917987,"Ctnnb1"]
[30932,2.75030441507007,"Zfp330",null,74453,2.65041159610965,"Cfap53",null,214597,1.53282662227106,"Sidt2"]
[28006,2.75750297017885,"Washc2",null,100862203,2.65939893042608,"Gm6712",null,22437,1.53640774413178,"Xirp1"]
[22780,2.76303188135124,"Ikzf3",null,244672,2.66596141725042,"Cwf19l2",null,217364,1.53865805710077,"Engase"]
[224796,2.76402914428577,"Clic5",null,110332,2.66853695850029,"Pp2d1",null,26363,1.53897451428169,"Btd"]
[140858,2.77042755376531,"Wdr5",null,100383,2.67365858859996,"Bsdc1",null,26434,1.54166512644857,"Prnd"]
[269470,2.77626818516793,"Wdr3",null,12182,2.67971490224189,"Bst1",null,192662,1.54596167213576,"Arhgdia"]
[237898,2.78071223584291,"Usp32",null,100504166,2.68608323625228,"4933421O10Rik",null,269401,1.55143445889092,"Zfp512b"]
[384071,2.78634913482917,"Slc25a34",null,75767,2.6924531912941,"Rab11fip1",null,68094,1.55478652102622,"Smarcc2"]
[18432,2.79140278690425,"Mybbp1a",null,66915,2.69805299353794,"Myeov2",null,100873092,1.55995953127359,"Gm15679"]
[75508,2.79805836991871,"1700017J07Rik",null,14735,2.70621779414816,"Gpc4",null,244071,1.56547387374008,"Agbl1"]
[330350,2.80270684814754,"9130221F21Rik",null,22035,2.70785760974309,"Tnfsf10",null,67048,1.56799271623778,"Vma21"]
[22403,2.80489413028552,"Wisp2",null,71314,2.71010240538883,"4933433F19Rik",null,71960,1.56905021287932,"Myh14"]
[14113,2.81508876026681,"Fbl",null,56314,2.71635188412812,"Zfp113",null,229521,1.57513752367003,"Syt11"]
[104522,2.8199565655285,"AU040972",null,15486,2.72308935517527,"Hsd17b2",null,17962,1.57952573599519,"Nat3"]
[73340,2.82448516383871,"Nptxr",null,78832,2.73024686095297,"Cacul1",null,69597,1.58739281655149,"Afg3l2"]
[24127,2.8299749169911,"Xrn1",null,100503120,2.7349050483076,"A930006K02Rik",null,20826,1.59152167186027,"Nhp2l1"]
[75624,2.83922099847848,"Metap1",null,14871,2.7392471660989,"Gstt1",null,109929,1.59722535456864,"Zbtb25"]
[723930,2.84636058090447,"Mir335",null,73473,2.74765127410729,"Iws1",null,319812,1.60121789038608,"9430018G01Rik"]
[100628600,2.84914672429851,"Mir5131",null,74134,2.75621511968018,"Cyp2s1",null,100609,1.6053500190186,"Nsun5"]
[218832,2.84936833088591,"Polr3a",null,22317,2.75701176014901,"Vamp1",null,230775,1.60560236321027,"Adgrb2"]
[16180,2.85528773623601,"Il1rap",null,381384,2.76017600927269,"A530006G24Rik",null,70113,1.61363532802109,"Odf3b"]
[381305,2.86175692671866,"Rc3h1",null,12950,2.76388371884282,"Hapln1",null,16619,1.62223248967642,"Klk1b27"]
[18718,2.87022161480708,"Pip4k2a",null,240087,2.76634244047112,"Mdc1",null,22695,1.63243213902992,"Zfp36"]
[229445,2.87684908153135,"Ctso",null,381738,2.772237153236,"Drc1",null,22379,1.63766105558264,"Fmnl3"]
[14744,2.88208554427971,"Gpr65",null,272027,2.78266519092829,"Tstd2",null,13864,1.64901467171979,"Nr2f6"]
[74145,2.89192974681783,"F13a1",null,73078,2.79779312213875,"Pmpcb",null,102466762,1.6561436051153,"Mir6908"]
[109181,2.90033155389285,"Trip11",null,18025,2.80450256607398,"Nfe2l3",null,244871,1.66120970827606,"Zc3h12c"]
[15273,2.90044247874546,"Hivep2",null,53627,2.80569851086448,"Porcn",null,16534,1.66145399856491,"Kcnn4"]
[102465150,2.90497557368982,"Mir6244",null,13560,2.81174024568702,"E4f1",null,67081,1.66691840334551,"1700025F24Rik"]
[17287,2.91052741763566,"Mep1a",null,17318,2.81742676111671,"Mid1",null,170442,1.67683106867024,"Bbox1"]
[75811,2.92078713295529,"Saxo1",null,68692,2.83197320774183,"1110028F18Rik",null,751864,1.68204949491084,"Gm9733"]
[72993,2.92391395239448,"Appl1",null,66270,2.83624240060071,"Fam134b",null,65102,1.68763626569104,"Nif3l1"]
[13731,2.92762789295976,"Emp2",null,21948,2.84335079349285,"Cd70",null,12238,1.70011300501011,"Commd3"]
[70100,2.93543806880505,"2310015D24Rik",null,67282,2.85275966580042,"Washc3",null,114304,1.7084282096594,"Slc28a3"]
[171171,2.9402392389548,"Ntng2",null,107035,2.86208399862303,"Fbxo38",null,100198,1.71727768215356,"H6pd"]
[70646,2.9404310522036,"Naa30",null,74032,2.86255034292691,"Sdr42e1",null,227960,1.71767805799125,"Gca"]
[654359,2.94994963730542,"Gm12338",null,67848,2.8704662240427,"Ddx55",null,76483,1.72966086835927,"Lmf1"]
[12615,2.95606250166281,"Cenpa",null,380930,2.87611562699863,"9330188P03Rik",null,71974,1.74317605396885,"Prmt3"]
[76551,2.96714719672696,"Ccdc6",null,66390,2.88407975706214,"Slmo2",null,14645,1.750246242214,"Glul"]
[76257,2.97536625162713,"Slc38a3",null,70881,2.88947062132729,"Nt5c1b",null,73205,1.76129504174539,"3110043O21Rik"]
[630579,2.98542465577186,"Zfp808",null,71774,2.89288628261791,"Shroom1",null,100628608,1.76753939817938,"Mir3967"]
[20965,2.99671567481957,"Syn2",null,258301,2.90138956170534,"Olfr1340",null,29867,1.77475211459583,"Cabp1"]
[67795,3.00497022714632,"Rnls",null,21762,2.90654796957931,"Psmd2",null,226957,1.77825798585996,"Gm4850"]
[625585,3.00581973892139,"Gm6602",null,20336,2.90677321629993,"Exoc4",null,14683,1.77925170012559,"Gnas"]
[211135,3.01016939759159,"D130040H23Rik",null,20438,2.91528359263753,"Siah1b",null,383348,1.79187950069335,"Kctd16"]
[232585,3.01329868552911,"Vwde",null,21881,2.91923894728987,"Tkt",null,75612,1.80329166786051,"Gns"]
[110380,3.01773892885541,"Shroom2",null,76649,2.92534104123056,"1700119H24Rik",null,30939,1.8147852471484,"Pttg1"]
[219148,3.03088372477379,"Fam167a",null,76407,2.9339175733146,"Sun5",null,241593,1.82660764297918,"Pin1rt1"]
[208650,3.03957999802483,"Cblb",null,229709,2.9431132169703,"Ahcyl1",null,109624,1.83729985174012,"Cald1"]
[71963,3.04532083821037,"Cdca4",null,66793,2.95084255670779,"Efcab1",null,380608,1.84628629433087,"Tagap1"]
[626904,3.0534210444787,"Gm20756",null,56198,2.95460782879366,"Heyl",null,213435,1.86364571969241,"Mylk3"]
[59012,3.05489323334464,"Moxd1",null,14127,2.95571575287662,"Fcer1g",null,75758,1.86366688415627,"9130401M01Rik"]
[68480,3.064441171992,"Card19",null,258159,2.96465248526019,"Olfr1331",null,319750,1.87249875262839,"A230009B12Rik"]
[229211,3.07060753068114,"Acad9",null,245126,2.97074578120456,"Tarm1",null,210044,1.88115643421197,"Adcy2"]
[66098,3.08081337112941,"Chchd6",null,75610,2.9793939359986,"2010109A12Rik",null,229700,1.89868096065549,"Rbm15"]
[75274,3.09291936889953,"4930558G05Rik",null,381112,2.98595641137811,"Arhgef33",null,66953,1.91150655078036,"Cdca7"]
[66780,3.0985646676548,"4933436I01Rik",null,23894,2.9918523532447,"Gtf2h2",null,226971,1.93247234270379,"Plekhb2"]
[30944,3.10438645415159,"Zfp354c",null,74729,2.99831879867379,"Setmar",null,18260,1.9465176198866,"Ocln"]
[108664,3.10784250765466,"Atp6v1h",null,12974,3.00706343405778,"Cs",null,20226,1.96190519871163,"Sars"]
[78911,3.10920762708866,"Trim42",null,67495,3.00719300826798,"Tmem167b",null,68036,1.96233477258281,"Zfp706"]
[74387,3.11650919775763,"4932438H23Rik",null,11287,3.01212514686801,"Pzp",null,269514,1.97646501367595,"Fbxl4"]
[12530,3.1235579193551,"Cdc25a",null,110796,3.02003891175241,"Tshz1",null,14531,1.99501422416627,"Gcm1"]
[55932,3.13785508293837,"Gbp3",null,433171,3.02931103383551,"Gm10549",null,69315,2.00931725874394,"1700001L19Rik"]
[20511,3.14951191522714,"Slc1a2",null,378466,3.03311454186784,"Gm10033",null,73576,2.01936471974753,"1700092E19Rik"]
[24100,3.15655925170258,"Tpra1",null,269585,3.04182946737366,"Zscan20",null,243911,2.03281531113435,"Kirrel2"]
[19885,3.17057991953409,"Rorc",null,14121,3.04551885760352,"Fbp1",null,319454,2.04465378046043,"Rptoros"]
[208151,3.17801247535786,"Tmem132b",null,18700,3.05594115675549,"Piga",null,227331,2.05357406914456,"Gigyf2"]
[404634,3.17818478901268,"H2afy2",null,102466206,3.05663006776142,"Mir6903",null,192285,2.05462557300251,"Phf21a"]
[66687,3.18925508151263,"Tbc1d15",null,13409,3.06706197319488,"Tmc1",null,407788,2.06351202231563,"BC051142"]
[60527,3.19663099821683,"Fads3",null,171567,3.07542857724905,"Nme7",null,54189,2.06987416420966,"Rabep1"]
[234728,3.20597840125228,"Cmtr2",null,102465558,3.08316964031552,"Mir6926",null,330734,2.07858777204375,"B930018H19Rik"]
[105463124,3.21401388672395,"Borg",null,240819,3.10230467425737,"Teddm1a",null,270802,2.084424558757,"BC048403"]
[224224,3.22222265745134,"Impg2",null,66468,3.11460374667011,"Ska1",null,320701,2.09072952897609,"Fam19a4"]
[67889,3.22787426240907,"Rbm18",null,72133,3.12504577491484,"Trub1",null,12606,2.09541675149649,"Cebpa"]
[24018,3.2371870120859,"Rngtt",null,224180,3.12876637941434,"Gm4827",null,227292,2.10092754886026,"Ctdsp1"]
[435653,3.2372782527988,"Fcrlb",null,242557,3.12905846614879,"Atg4c",null,58887,2.10181248593575,"Repin1"]
[76634,3.24210906760189,"1700110C19Rik",null,71664,3.14048014166654,"Mettl7b",null,14584,2.10702177580001,"Gfpt2"]
[320209,3.24751280716195,"Ddx11",null,71729,3.14952650034785,"Rgs12",null,64296,2.11232660149691,"Abhd8"]
[57438,3.25540255823078,"2018-03-07",null,20846,3.15785580021475,"Stat1",null,72148,2.11624562100321,"Tdrp"]
[57753,3.26416627972608,"Noc3l",null,70361,3.1739972478642,"Lman1",null,28006,2.12024284176892,"Washc2"]
[68949,3.2686426696278,"Zfas1",null,434205,3.17988851817128,"Gm20744",null,13557,2.12191923502676,"E2f3"]
[108900,3.28450793045911,"Fam72a",null,15000,3.19091073573167,"H2-DMb2",null,68603,2.12612972375221,"Pmvk"]
[67045,3.29586566119336,"Riok2",null,70952,3.19604491974714,"Poteg",null,12143,2.1306588966577,"Blk"]
[17999,3.29592663782224,"Nedd4",null,100042166,3.19636771184871,"Gm3704",null,20753,2.13188634090966,"Sprr1a"]
[74076,3.30866793030249,"4933406C10Rik",null,66997,3.20126922609371,"Psmd12",null,12632,2.13849746181755,"Cfl2"]
[14904,3.31633092577869,"Gtpbp1",null,66585,3.2115903136836,"Snrnp40",null,77558,2.14263947987174,"9330179D12Rik"]
[13109,3.32810520275732,"Cyp2j5",null,244091,3.21705485498718,"Fsd2",null,72315,2.14701872420705,"Ccdc74a"]
[18194,3.33827083574066,"Nsdhl",null,26932,3.23223024774262,"Ppp2r5e",null,102465990,2.15112720647605,"Mir6715"]
[111186,3.34992713550847,"Stmn1-rs1",null,319707,3.24360281876417,"C430002N11Rik",null,18607,2.15367755594513,"Pdpk1"]
[14104,3.35710739787504,"Fasn",null,14760,3.25275748392433,"Gpr19",null,23945,2.15711675493558,"Mgll"]
[22259,3.36522814605407,"Nr1h3",null,75687,3.25787941058329,"Fam65a",null,22640,2.16090303768978,"Zfp1"]
[207165,3.36528044284556,"Bptf",null,22256,3.25832247686608,"Ung",null,20112,2.16132525897481,"Rps6ka2"]
[68842,3.37402606377255,"Tulp4",null,791422,3.26577408730186,"Gm11426",null,72949,2.16633562515788,"Ccnt2"]
[227231,3.38045154946394,"Cps1",null,19261,3.27487927866777,"Sirpa",null,75339,2.17008529365222,"Mphosph8"]
[26410,3.38565263622079,"Map3k8",null,53375,3.28264998313457,"Mtx2",null,16162,2.17589130473788,"Il12rb2"]
[66713,3.3961398124216,"Actr2",null,78180,3.29345469874902,"4930522O17Rik",null,16579,2.17756783686108,"Kifap3"]
[66961,3.40859346160974,"Neat1",null,380780,3.30092937877347,"Serpina11",null,216177,2.17951562573592,"AU041133"]
[233877,3.41383347043248,"Kctd13",null,22637,3.3047270080293,"Zap70",null,238799,2.18264045535098,"Tnpo1"]
[19659,3.42659798469822,"Rbp1",null,69982,3.31363988263461,"Spink2",null,227613,2.18631535124159,"Tubb4b"]
[105005,3.42892742245908,"Fam84a",null,237107,3.31387345160417,"Gnl3l",null,100502871,2.18649595562664,"Gm19424"]
[66892,3.43969522239631,"Eif4e3",null,102466154,3.32361168572337,"Mir6372",null,67276,2.18914451463743,"Eri1"]
[70952,3.4467775038192,"Poteg",null,93706,3.33523363459816,"Pcdhgc3",null,233038,2.19366332551381,"Nccrp1"]
[237010,3.46141640406847,"Klhl4",null,11922,3.34730461514605,"Neurod6",null,17005,2.19737060455591,"Ltk"]
[217353,3.47844248816844,"Tmc6",null,20498,3.35648779618235,"Slc12a4",null,319885,2.20034383355314,"Zcchc7"]
[80292,3.49212545353671,"Zxdc",null,102634753,3.37361138256725,"Gm12440",null,21898,2.20297729150459,"Tlr4"]
[13427,3.50427364237672,"Dync1i2",null,13345,3.38283280990473,"Twist2",null,11750,2.20843083103495,"Anxa7"]
[70527,3.51268430203145,"Stambp",null,71728,3.39027578809309,"Stk11ip",null,320560,2.21219709331431,"Dennd5b"]
[30058,3.51408434480845,"Timm8a1",null,72807,3.39070991358187,"Zfp429",null,384639,2.21232634925764,"Gm5334"]
[14760,3.5267123961775,"Gpr19",null,72054,3.40158592964957,"Cyp4f18",null,18164,2.21524587529288,"Nptx1"]
[258443,3.53597276863716,"Olfr164",null,217378,3.4097239070109,"Dnajc27",null,72345,2.21858493251423,"Amer1"]
[16764,3.5448438372509,"Aff3",null,230779,3.41632579312787,"Serinc2",null,497097,2.22266468758556,"Xkr4"]
[229780,3.55674807978126,"Trmt13",null,216345,3.42500723161705,"Zfc3h1",null,81904,2.22633729405039,"Cacng7"]
[73649,3.56584180022327,"Cybrd1",null,790913,3.43830668371144,"Gm11413",null,216350,2.23401319723282,"Tspan8"]
[96957,3.57607565739818,"Tmem62",null,329480,3.44911082453557,"Wt1os",null,67184,2.23848267693167,"Ndufa13"]
[20935,3.58175775757784,"Surf6",null,73867,3.46327454226558,"4930428E07Rik",null,67498,2.24218168293179,"Kcnv1"]
[239852,3.58617132040048,"Zpld1",null,244421,3.46900360371417,"Lonrf1",null,19141,2.24302270047541,"Lgmn"]
[107503,3.59010481553609,"Atf5",null,19009,3.46987850039922,"Pou6f1",null,68832,2.24446650735614,"Ldah"]
[18021,3.59664085660817,"Nfatc3",null,72886,3.48377454479445,"Ccdc94",null,213819,2.24626281961437,"Casd1"]
[74032,3.60426014183974,"Sdr42e1",null,414125,3.49364402095151,"F830002L21Rik",null,74499,2.25063063183825,"Sost"]
[654409,3.61516026533413,"4932416H05Rik",null,80732,3.50682283736612,"Mynn",null,102465546,2.25370397434433,"Mir6906"]
[15186,3.62481015842035,"Hdc",null,13909,3.51571898233851,"Ces3b",null,28042,2.25996159238068,"Selenoi"]
[75610,3.63138498330443,"2010109A12Rik",null,230126,3.52328644032777,"Shb",null,66730,2.26304382681069,"4921531C22Rik"]
[23985,3.64313342258907,"Slc26a4",null,68981,3.53020669384254,"Snrpa1",null,434402,2.26612111491065,"Gm5617"]
[102141,3.64430606974816,"Snx25",null,54003,3.53349994777234,"Nell2",null,18518,2.26676175057774,"Igbp1"]
[69548,3.65680286986563,"2310015A10Rik",null,18491,3.54138889138572,"Pappa",null,100037278,2.27035618935962,"Fam129c"]
[71233,3.66474289408759,"Enkur",null,77045,3.55380304322239,"Bcl7a",null,94181,2.27484254775302,"Nans"]
[68938,3.67245687716375,"Aspscr1",null,17863,3.56719578946151,"Myb",null,209032,2.27805700393028,"Zc3hav1l"]
[17913,3.67632764670933,"Myo1c",null,52563,3.58151293515058,"Cdc23",null,68047,2.28149212382958,"Mpnd"]
[209584,3.69310637555603,"Tyw3",null,224440,3.58992562030374,"Setd4",null,56443,2.28459134342679,"Arpc1a"]
[723903,3.70647314950223,"Mir181b-2",null,74270,3.60004003273998,"Usp20",null,12168,2.28759493889625,"Bmpr2"]
[67857,3.71730063841501,"Ppp6c",null,70556,3.60829702002696,"Slc25a33",null,170728,2.29011217303199,"Rtn4ip1"]
[494504,3.71826753835722,"Apcdd1",null,381157,3.60877328013544,"Greb1l",null,70359,2.29016325914048,"Gtpbp3"]
[11499,3.72506332299311,"Adam5",null,330836,3.62182465342532,"Slc7a6",null,227720,2.29413057963851,"Nup214"]
[12519,3.74174587904403,"Cd80",null,80797,3.63538818526964,"Clca3a2",null,64378,2.29790451800936,"Gpr88"]
[66354,3.75663113613234,"Snw1",null,57753,3.64042390064051,"Noc3l",null,320011,2.30065703461881,"Uggt1"]
[56737,3.77779611994252,"Alg2",null,109241,3.64965044581807,"Mbd5",null,94061,2.3031405747884,"Mrpl1"]
[16548,3.78373919031657,"Khk",null,213109,3.65955715677202,"Phf3",null,212965,2.30631619448833,"BC024386"]
[71817,3.79096895628207,"Tmem50a",null,21898,3.66879429208823,"Tlr4",null,320808,2.30902897006321,"Dcaf5"]
[215690,3.80440984500507,"Nav1",null,20899,3.68280786972967,"Stra8",null,66510,2.3130292429699,"Rnf181"]
[226438,3.80519241987564,"Igfn1",null,232536,3.68373133369642,"Mrps35",null,278795,2.31418033490733,"Lrrc10b"]
[19883,3.81868752938877,"Rora",null,434825,3.68880106565583,"Gm14858",null,381979,2.316785920713,"Brsk1"]
[11768,3.83184216050369,"Ap1m2",null,13139,3.70011484286215,"Dgka",null,53599,2.31855087926251,"Cd164"]
[667410,3.83707271455993,"Gm8615",null,12954,3.71155094544815,"Cryaa",null,70881,2.32145001247744,"Nt5c1b"]
[99151,3.85351744642211,"Cercam",null,69162,3.7260080743876,"Sec31a",null,68314,2.32641353883706,"Hnf4aos"]
[67416,3.86102805914962,"Armcx2",null,70796,3.73860484198828,"Zdhhc1",null,70808,2.3282287408269,"4632415L05Rik"]
[14127,3.87097278542084,"Fcer1g",null,12304,3.74599549045771,"Pdia4",null,171429,2.33232934780851,"Slc26a6"]
[327814,3.87841949733669,"Ppfia2",null,15205,3.75782066296478,"Hes1",null,244723,2.33538620390814,"Olfm2"]
[15465,3.88230318865212,"Hrh1",null,78706,3.75796284730938,"Platr4",null,68178,2.33614621076483,"Cgnl1"]
[233537,3.8923096533403,"Gdpd4",null,14451,3.76939218119007,"Gas1",null,17256,2.3392833464026,"Mea1"]
[229357,3.90692610048358,"Gpr149",null,107503,3.78052421449448,"Atf5",null,21849,2.34230303677803,"Trim28"]
[20220,3.90982349006972,"Sap18",null,60530,3.79325778912952,"Fignl1",null,16443,2.34403418678433,"Itsn1"]
[330577,3.91924401001885,"Saxo2",null,228366,3.81505767336957,"Large2",null,54721,2.34631170510128,"Tyk2"]
[24110,3.9274681558066,"Usp18",null,100038623,3.82640469197807,"Gm10823",null,67427,2.34833943887807,"Rps20"]
[20322,3.93899806994166,"Sord",null,66201,3.83263539170061,"Vta1",null,100043513,2.35051331551926,"Gm4489"]
[216760,3.94615943225428,"Mfap3",null,13664,3.83993863122237,"Eif1a",null,100526477,2.35457502352157,"Mir3080"]
[69821,3.94842728332086,"Mterf4",null,74996,3.84152441354431,"Usp47",null,14605,2.35477295031115,"Tsc22d3"]
[723909,3.95721160166926,"Mir342",null,319183,3.84954054042798,"Hist1h2bj",null,67103,2.3564794671892,"Ptgr1"]
[386750,3.96522163680979,"Slitrk3",null,16002,3.85539773814689,"Igf2",null,230726,2.35859843074335,"Rhbdl2"]
[12290,3.98238444336233,"Cacna1e",null,68453,3.86671370531264,"Gpihbp1",null,72054,2.36530011366949,"Cyp4f18"]
[77767,3.98724923918513,"Ermn",null,214575,3.88178389387937,"Tdrd5",null,227157,2.36680553847227,"Mpp4"]
[109151,3.99468372469936,"Chd9",null,404634,3.8905374110299,"H2afy2",null,100043065,2.37292712802445,"6030469F06Rik"]
[93675,4.00015292483817,"Clec2i",null,241989,3.91230715651745,"Pabpc4l",null,13178,2.37789211913957,"Dck"]
[77683,4.00904185619017,"Ehmt1",null,66371,3.92516703640507,"Chmp4c",null,74700,2.38017661886991,"4930524O08Rik"]
[18141,4.01033680660028,"Nup50",null,99730,3.92599589576094,"Taf13",null,239528,2.38080928580609,"Ago2"]
[73919,4.01869140801893,"Lyrm1",null,67128,3.93455974113276,"Ube2g1",null,67838,2.38336170537365,"Dnajb11"]
[66653,4.02449153731124,"Brf2",null,20482,3.93887828302796,"Skil",null,15228,2.38876077488236,"Foxg1"]
[100628567,4.03128206416095,"Mir28c",null,67127,3.94942466836054,"Lce1a1",null,232989,2.39319061541611,"Hnrnpul1"]
[69347,4.0425422510992,"1700008P02Rik",null,98402,3.96014152036284,"Sh3bp4",null,20716,2.3952512181173,"Serpina3n"]
[735259,4.05375282383968,"Mir670",null,68942,3.97517973026308,"Chmp2b",null,237362,2.40124114558476,"Npffr1"]
[17132,4.06655398015455,"Maf",null,54598,3.98473503372985,"Calcrl",null,320469,2.40421032639746,"9930014A18Rik"]
[320747,4.07349789359066,"Lingo4",null,229731,3.9973471715649,"Slc25a24",null,73870,2.40600927088389,"4930417O13Rik"]
[13167,4.07363722384794,"Dbi",null,227449,4.00133114434214,"Zcchc2",null,54390,2.40601553245936,"Sit1"]
[19877,4.08331980475914,"Rock1",null,66629,4.01702666154105,"Golph3",null,229504,2.40984714241311,"Isg20l2"]
[71664,4.09548074108522,"Mettl7b",null,12325,4.02892038683253,"Camk2g",null,99011,2.41374477810727,"Pomt1"]
[387155,4.10845741096751,"Mir137",null,20429,4.04190025138563,"Shox2",null,231050,2.41893600099586,"Galnt11"]
[56706,4.11891062240502,"Ccnl1",null,23964,4.0516020860261,"Tenm2",null,69386,2.42152005371721,"Hist1h4h"]
[18641,4.13219527641085,"Pfkl",null,338535,4.07247789352157,"E030013I19Rik",null,103080,2.42378750880374,"2018-09-10"]
[12286,4.14880557319892,"Cacna1a",null,14918,4.08365097709809,"Gucy2d",null,225187,2.42639309050883,"Ankrd29"]
[70239,4.15766372805847,"Gtf3c5",null,71174,4.09417831936357,"4933416M06Rik",null,11977,2.42919062158303,"Atp7a"]
[71071,4.15867915666696,"4933412O06Rik",null,72240,4.09420381178665,"1600014C23Rik",null,80884,2.42992126953381,"Maged2"]
[14629,4.1688909696385,"Gclc",null,19243,4.10432648004108,"Ptp4a1",null,100504518,2.43365632638301,"3425401B19Rik"]
[27273,4.18872924835502,"Pdk4",null,59025,4.11996459038566,"Usp14",null,13852,2.43677107118402,"Stx2"]
[381644,4.20570752010531,"Cep135",null,238217,4.12748547999576,"Rpl10l",null,75845,2.44068990545071,"4930567K12Rik"]
[52857,4.21472358658338,"Gramd1a",null,107765,4.13953763336748,"Ankrd1",null,54364,2.44630315892385,"Rpp30"]
[223645,4.22385775971363,"Mroh6",null,381546,4.15634838644889,"Ccdc24",null,57230,2.45065815506832,"Sap30bp"]
[213753,4.22620871374322,"Zfp598",null,226040,4.16069417634666,"Tmem252",null,22156,2.45188285117882,"Tuft1"]
[20641,4.24486597667172,"Snrpd1",null,30959,4.1783197605773,"Ddx25",null,27416,2.45632467215944,"Abcc5"]
[109161,4.24700860886507,"Ube2q2",null,232314,4.17940627387154,"Ppp4r2",null,67776,2.45659128796247,"Vwa5a"]
[102633805,4.26239540648556,"Gm26688",null,408062,4.19570537847783,"Zfp873",null,73845,2.46062893332876,"Ankrd42"]
[19108,4.27981122484187,"Prkx",null,223262,4.20659280704851,"Timm8a2",null,54384,2.46214697169884,"Mtmr7"]
[16168,4.28983301884834,"Il15",null,626009,4.21604818204854,"Gm6644",null,71954,2.46483521803094,"Suds3"]
[100043065,4.29592888826345,"6030469F06Rik",null,104458,4.22365749891848,"Rars",null,20466,2.46815045597828,"Sin3a"]
[12304,4.30741010083363,"Pdia4",null,56419,4.23048311124474,"Diaph3",null,101214,2.47141166668998,"Tra2a"]
[790909,4.32086033673906,"Gm11186",null,64659,4.24415703810809,"Mrps14",null,544791,2.47419848882338,"Myh13"]
[216810,4.32603532233883,"Tom1l2",null,667977,4.25658820686581,"Gm8909",null,20740,2.4756473669938,"Sptan1"]
[545874,4.33214875499852,"Vmn2r25",null,320040,4.25939961172968,"Rnf222",null,11937,2.47621420548524,"Atp2a1"]
[67836,4.34677083144499,"Wdr83",null,70261,4.26871459507759,"Chp2",null,66838,2.48001509547295,"0610009L18Rik"]
[68196,4.35954842078556,"Hsbp1",null,320165,4.27734056159842,"Tacc1",null,16963,2.48365826281322,"Xcl1"]
[21933,4.37062420095312,"Tnfrsf10b",null,667410,4.29008290622089,"Gm8615",null,223770,2.48701518037654,"Brd1"]
[214897,4.37933303640783,"Csnk1g1",null,101476,4.3010870627142,"Plekha1",null,72065,2.48929418106506,"Rap2c"]
[80733,4.39423963203468,"Car15",null,12830,4.31293545633144,"Col4a5",null,100503157,2.49302855111167,"Gm15471"]
[16524,4.40363597811535,"Kcnj9",null,211499,4.32747229018271,"Tmem87a",null,78803,2.49737496742132,"Fbxo43"]
[70804,4.41301765342252,"Pgrmc2",null,58243,4.33477227114226,"Nap1l5",null,237411,2.50251496145345,"Zfp938"]
[16419,4.41392346081656,"Itgb5",null,110173,4.33687679118064,"Manba",null,234155,2.50253787154876,"Mboat4"]
[110920,4.42257429344315,"Hspa13",null,233424,4.35539473469882,"Tmc3",null,433804,2.50917072475745,"Zfp985"]
[68942,4.43656238073488,"Chmp2b",null,69051,4.37092967586276,"Pycr2",null,14866,2.51316000920407,"Gstm5"]
[244701,4.45212219058392,"Mtnr1b",null,212114,4.3867238656336,"Nhlrc3",null,381802,2.51755403643813,"Tsen2"]
[65113,4.46456565865897,"Ndfip1",null,233801,4.40258996011202,"Acsm4",null,227210,2.5215124934614,"Ccnyl1"]
[56462,4.47683922363325,"Mtch1",null,69953,4.41549840060539,"2810025M15Rik",null,11694,2.52512600463179,"Alx3"]
[16341,4.49008275146882,"Eif3e",null,66169,4.42604645092348,"Tomm7",null,17304,2.53220736717241,"Mfge8"]
[12609,4.49837930015292,"Cebpd",null,66695,4.44679113219144,"Aspn",null,13487,2.53693412575897,"Slc26a3"]
[72480,4.50119994361247,"Tspyl4",null,52857,4.44755570720573,"Gramd1a",null,212943,2.53700424301491,"Fam46a"]
[66700,4.51932627679051,"Chmp3",null,319582,4.4540843125538,"6430573F11Rik",null,67345,2.54469309750194,"Herc4"]
[791307,4.54166865408092,"Gm10248",null,70574,4.46629688790315,"Cpm",null,73174,2.5504794871333,"Tbkbp1"]
[70898,4.55247363408535,"Slain1os",null,78103,4.48280011362472,"8430431K14Rik",null,69590,2.5551060156105,"Gpx8"]
[22412,4.56679572859716,"Wnt9b",null,215474,4.49609587007433,"Sec22c",null,71722,2.55906931549002,"Cic"]
[214855,4.57432556468292,"Arid5a",null,83965,4.51929127746587,"Enpp5",null,433868,2.56381685029041,"3110082J24Rik"]
[16009,4.58411218190924,"Igfbp3",null,12386,4.53462264335302,"Ctnna2",null,12344,2.56742429085944,"Capza3"]
[74302,4.59677236063113,"Mtmr3",null,74354,4.55136866551234,"Lrguk",null,12021,2.57103321234008,"Bard1"]
[11428,4.6009964208237,"Aco1",null,70971,4.55179735105899,"4931429P17Rik",null,230075,2.57122283731695,"Ndufb6"]
[241041,4.61737100767877,"Gm4956",null,19177,4.56365103828602,"Psmb7",null,66432,2.57587919979516,"Slc7a6os"]
[21951,4.63157099561601,"Tnks",null,12622,4.57310230850962,"Cer1",null,214469,2.57880030292867,"Fam168b"]
[620779,4.63939224235437,"Gm12695",null,76187,4.58419429212809,"Adhfe1",null,214552,2.58116409338601,"Cep164"]
[66665,4.65358905545374,"Msantd3",null,56445,4.60185020877269,"Dnaja2",null,26949,2.58753753251323,"Vat1"]
[223604,4.67302539399249,"Kcnk9",null,72701,4.61359835154017,"Zfp618",null,100271704,2.59460165752438,"Gm17660"]
[330863,4.68492283737977,"Trim67",null,381813,4.62278479984047,"Prmt8",null,243910,2.59809708467024,"Nfkbid"]
[19212,4.69425242905501,"Pter",null,235599,4.63341603877938,"6430571L13Rik",null,100561,2.60418080521698,"Slc15a4"]
[399626,4.69555498276722,"C330024C12Rik",null,71754,4.63561261532801,"Cyp2d40",null,73796,2.60467773105597,"4930402F11Rik"]
[30939,4.70467765989279,"Pttg1",null,69527,4.64913180799746,"Mrps9",null,227867,2.60814652556444,"Epc2"]
[23955,4.7167688059884,"Nek4",null,72726,4.66350132116601,"Tbcc",null,320528,2.61184910296185,"Vps13c"]
[234730,4.73461654774556,"Fuk",null,76138,4.68110878316154,"Ccdc138",null,66612,2.61812157975868,"Ormdl3"]
[22184,4.76917551945894,"Zrsr2",null,20450,4.69082191839743,"St8sia2",null,433940,2.62492538933146,"Fam222a"]
[385493,4.78259748608438,"AU015836",null,75533,4.70339573488303,"Nme5",null,217265,2.6295906156266,"Abca5"]
[100045469,4.79822946365208,"Gm14204",null,14158,4.71784025997525,"Fer",null,78287,2.63432695671998,"Rbsn"]
[16337,4.80821247573498,"Insr",null,17386,4.7400528068436,"Mmp13",null,244853,2.63917312637854,"Nxpe4"]
[67064,4.81116594643572,"Chmp1b",null,72290,4.74089864248557,"Lsm11",null,209760,2.63923519123382,"Tmc7"]
[16399,4.82166414052102,"Itga2b",null,226251,4.74780502847366,"Ablim1",null,216233,2.64904751911639,"Socs2"]
[218203,4.83870424033504,"Mylip",null,56464,4.76350778483731,"Ctsf",null,107182,2.65551166874598,"Btaf1"]
[68268,4.86234937696258,"Zdhhc21",null,52398,4.7874269178195,"2018-09-11",null,214627,2.66427271847918,"Papd5"]
[100038608,4.88323374654864,"Gm10389",null,18019,4.79930644083509,"Nfatc2",null,80748,2.6703354920404,"BC004004"]
[22275,4.89411888979692,"Urod",null,208691,4.81281617826805,"Eif5a2",null,105787,2.67633053366034,"Prkaa1"]
[75360,4.91696583110737,"4930548K13Rik",null,71340,4.82668271140315,"Riok1",null,68285,2.68043517293116,"C630043F03Rik"]
[68044,4.93139630101245,"Chac2",null,100039148,4.85301323791414,"Gm12128",null,74277,2.68834805070958,"Chic2"]
[77300,4.93164471460592,"Raph1",null,83561,4.85334876422139,"Tdrd1",null,66570,2.69016011493127,"Cenpm"]
[319965,4.94662468458265,"Cc2d1b",null,100045469,4.8701826942951,"Gm14204",null,109246,2.69778755364462,"Tspan9"]
[192193,4.96479569859664,"Edem1",null,65102,4.88057033258071,"Nif3l1",null,100043757,2.70112352499307,"Zfp831"]
[100038545,4.97805743268176,"Gm10745",null,75869,4.90291847905552,"Arl5b",null,381677,2.70936986562711,"Vgf"]
[72481,4.99896287952281,"2610203C22Rik",null,78073,4.91673986154271,"6720468P15Rik",null,18763,2.71553709539042,"Pkd1"]
[69794,5.02276574041927,"1600027J07Rik",null,18973,4.93134108993929,"Pole",null,13616,2.72256087556712,"Edn3"]
[22330,5.03626717282771,"Vcl",null,100628610,4.94861804139395,"Mir5101",null,18035,2.72929695690728,"Nfkbia"]
[109676,5.05132063316383,"Ank2",null,432641,4.98665404178024,"Gm17746",null,13436,2.73700046658964,"Dnmt3b"]
[381062,5.05303375411385,"Ermard",null,22780,4.99770653465112,"Ikzf3",null,19821,2.73734639389619,"Rnf2"]
[12183,5.07087343849568,"Bpgm",null,100628578,5.009482272125,"Mir5099",null,245424,2.74226121795154,"Gpr101"]
[66411,5.08318001560202,"Tbcb",null,58799,5.02205295101094,"Crbn",null,100504166,2.74947730438043,"4933421O10Rik"]
[216021,5.1025034590135,"Stox1",null,13666,5.04113932194345,"Eif2ak3",null,332396,2.75258056354878,"Kcnk18"]
[237558,5.11574910319031,"Myrfl",null,320265,5.0595840302165,"Fam19a1",null,17391,2.75660120732259,"Mmp24"]
[74314,5.14320685896421,"1700120G07Rik",null,94227,5.07709493976748,"Pi15",null,74890,2.76230587955875,"Morn3"]
[69527,5.16483536878275,"Mrps9",null,74302,5.09751188281446,"Mtmr3",null,76701,2.77284818334833,"Ctrc"]
[69054,5.1798908548544,"1810007C17Rik",null,20747,5.11415828841802,"Spop",null,387314,2.77875952257868,"Tmtc1"]
[67470,5.18029520758965,"Abcg8",null,12738,5.11497345443791,"Cldn2",null,93836,2.78011127661207,"Rnf111"]
[70897,5.19612361055256,"Fam71d",null,211401,5.12894642004314,"Mtss1",null,66375,2.79399242769928,"Dhrs7"]
[72726,5.21185433504317,"Tbcc",null,214230,5.15086301513242,"Pak6",null,22409,2.80187535787288,"Wnt10a"]
[93725,5.23278555130301,"Ear10",null,69934,5.16625873333974,"Trmt10b",null,380975,2.80659352400472,"Higd1c"]
[100313531,5.24056613954087,"Nkx2-2os",null,100628604,5.19302851615232,"Mir5135",null,69113,2.81834609713463,"Alkbh3"]
[102635783,5.26638003831237,"Gm11266",null,72135,5.21351520257895,"Pygo1",null,215418,2.83014264503985,"Csrnp1"]
[76178,5.28156198577661,"Coa5",null,114615,5.23244489179522,"Elac1",null,75577,2.84298377277649,"Dynap"]
[320879,5.29667297142983,"B230217O12Rik",null,57339,5.25171658478284,"Jph1",null,209497,2.85474897500771,"Tmem164"]
[24136,5.29723790167871,"Zeb2",null,20357,5.25173082492554,"Sema5b",null,17999,2.85764423961801,"Nedd4"]
[70261,5.32234588831543,"Chp2",null,243362,5.26463602667162,"Stard13",null,54151,2.86754915054747,"Cyhr1"]
[15112,5.33798687796385,"Hao1",null,100678,5.28140906585191,"Psph",null,20359,2.87657350981028,"Sema6b"]
[19055,5.35981179492463,"Ppp3ca",null,140858,5.31298425693527,"Wdr5",null,213498,2.88344583355028,"Arhgef11"]
[13800,5.39365352528028,"Enah",null,70012,5.34535383331203,"Cep85",null,20935,2.89395889082884,"Surf6"]
[72068,5.40657443407201,"Cnot2",null,668253,5.36701948453606,"Dleu2",null,12815,2.90596738583543,"Col11a2"]
[26992,5.41783056414253,"Brd7",null,68626,5.38206113302856,"Elac2",null,212073,2.91527531127811,"Syne3"]
[23894,5.45244850209233,"Gtf2h2",null,26447,5.39956608951976,"Poli",null,56715,2.92700907209006,"Rabgef1"]
[237553,5.45279356930274,"Trhde",null,545085,5.40003097798996,"Wdr70",null,100526532,2.92705157581835,"Mir3067"]
[234878,5.47259459066928,"Map3k21",null,80883,5.42857265480894,"Ntng1",null,73867,2.93819907699439,"4930428E07Rik"]
[268756,5.49371081077313,"Gulo",null,229759,5.43775769933231,"Olfm3",null,73673,2.96783417173591,"Rec114"]
[74917,5.50890922297708,"4930474M22Rik",null,26570,5.44862990334686,"Slc7a11",null,545253,2.97833059700726,"Gm5820"]
[16952,5.53515774995151,"Anxa1",null,22044,5.47355316392696,"Trh",null,13008,2.98603872282135,"Csrp2"]
[14985,5.54928696700514,"H2-M10.1",null,55991,5.4992165922266,"Panx1",null,18113,3.00046410431973,"Nnmt"]
[66185,5.56638186436723,"1110037F02Rik",null,13167,5.51177473718606,"Dbi",null,118445,3.01485893933231,"Klf16"]
[71684,5.59139594639446,"Rbm43",null,233332,5.52464816153721,"Adamts17",null,12982,3.02323324185682,"Csf2ra"]
[76627,5.59366938068151,"Prr30",null,114304,5.53014092304481,"Slc28a3",null,74718,3.02520282299988,"Snx16"]
[11480,5.61449934319575,"Acvr2a",null,11790,5.5470873297087,"Speg",null,100503498,3.06030525583425,"Gm16675"]
[50918,5.63339661945435,"Myadm",null,73246,5.56749032587701,"Rassf6",null,319955,3.07645173432717,"Ercc6"]
[628870,5.6499298300913,"Otogl",null,68857,5.58134704101568,"Dtwd2",null,60344,3.09417768852726,"Fign"]
[14625,5.66751714698782,"Gykl1",null,24109,5.60029196598102,"Ubl3",null,75507,3.10831319019699,"Pou5f2"]
[14465,5.69011358776148,"Gata6",null,27278,5.6186108007967,"Clnk",null,381113,3.12385286316526,"Cdkl4"]
[16981,5.71404457589794,"Lrrn3",null,626058,5.6644861305301,"E330020D12Rik",null,12326,3.13716513933423,"Camk4"]
[20133,5.73631024473216,"Rrm1",null,241308,5.69380559088259,"Ralgps1",null,100037258,3.15035392272297,"Dnajc3"]
[20500,5.73650747505133,"Slc13a2",null,68979,5.70064398462664,"Nol11",null,94249,3.15041201573584,"Slc24a3"]
[71877,5.76043234331386,"Efhc1",null,99100,5.73381293664261,"Cep152",null,67419,3.16482066040204,"3632451O06Rik"]
[71307,5.78437359834975,"1700018A04Rik",null,102635415,5.74850673703296,"Halr1",null,236900,3.17952172469922,"Pdk3"]
[108755,5.80564856329471,"Lyrm2",null,216881,5.7689727397474,"Wscd1",null,331461,3.18721171649957,"Il1rapl1"]
[19128,5.83083437141772,"Pros1",null,12577,5.79733799938758,"Cdkn1c",null,735253,3.20142268316443,"Mir488"]
[76421,5.84693837653194,"1700028K03Rik",null,20742,5.81788215621423,"Sptbn1",null,23923,3.2111156992182,"Aadat"]
[94190,5.86304694692203,"Ophn1",null,66755,5.85026125574749,"4933415F23Rik",null,105837,3.21928709238859,"Mtbp"]
[101202683,5.87512892211683,"Dreh",null,75050,5.86386243881944,"Kif27",null,13170,3.23351262283077,"Dbp"]
[244486,5.87688750087672,"Adam29",null,229584,5.8664131341202,"Pogz",null,18242,3.23583434548752,"Oat"]
[328381,5.89913645120109,"Sh2d4b",null,29862,5.89055358894517,"Ninj2",null,19731,3.25677143730417,"Rgl1"]
[77034,5.91647206461665,"2510039O18Rik",null,68098,5.92697775351228,"Rchy1",null,19266,3.27061831447413,"Ptprd"]
[100039795,5.93943025574506,"Ildr2",null,13819,5.94351557356291,"Epas1",null,75341,3.28204203688298,"4930564C03Rik"]
[232491,5.97639355055494,"Pyroxd1",null,241919,5.96355754570168,"Slc7a14",null,23856,3.28776581106823,"Dido1"]
[11774,6.01182556994228,"Ap3b1",null,21787,5.98144385642565,"Tfg",null,71323,3.29571195329615,"Rassf8"]
[13615,6.03377769679113,"Edn2",null,619945,6.00448154736361,"Gm6116",null,19035,3.31362448908642,"Ppib"]
[18844,6.05352222672149,"Plxna1",null,21810,6.01899472140215,"Tgfbi",null,71244,3.33322957891775,"4933436H12Rik"]
[76051,6.05447774043755,"Ganc",null,69605,6.02340135348888,"Lnpk",null,59010,3.33743013411077,"Sqrdl"]
[70546,6.08979155130027,"Zdhhc2",null,71432,6.06204489933058,"5430437J10Rik",null,16006,3.34617361257945,"Igfbp1"]
[652925,6.11009092852842,"Tmem243",null,70123,6.09144921823437,"2210013O21Rik",null,103967,3.35573168844916,"Dnm3"]
[59007,6.13880913565403,"Ngly1",null,218865,6.13069733867515,"Chdh",null,70239,3.36542475047669,"Gtf3c5"]
[65099,6.16250122606604,"Irak1bp1",null,433315,6.16125135955384,"Gm13749",null,74541,3.37578590944382,"8430437L04Rik"]
[22256,6.21210549653989,"Ung",null,76137,6.19781572059243,"Mcur1",null,70942,3.38359668830701,"4931403E22Rik"]
[100502946,6.22635070428145,"Gm16796",null,100342,6.21420854643464,"Fam46b",null,20850,3.39411308618416,"Stat5a"]
[16822,6.25305532470955,"Lcp2",null,77741,6.23841350110294,"6720483E21Rik",null,242425,3.39941229273553,"Gabbr2"]
[94332,6.25459979331248,"Cadm3",null,216810,6.24129959720273,"Tom1l2",null,72726,3.39963487603407,"Tbcc"]
[75747,6.29049136523346,"Sesn3",null,270685,6.26057522172908,"Mthfd1l",null,76123,3.40671001118498,"Gpsm2"]
[72058,6.31778500223829,"Igsf5",null,217935,6.30558993657541,"Wdr60",null,208285,3.41642441354192,"Cyp4f17"]
[225326,6.33442919642919,"Pik3c3",null,192136,6.32309849523598,"Sugct",null,22193,3.42969845609683,"Ube2e3"]
[628900,6.35478979335555,"Serpina3i",null,68771,6.33298183878081,"1110058D11Rik",null,231876,3.44549478599489,"Lmtk2"]
[102465592,6.3842484480088,"Mir6979",null,17463,6.37808484719953,"Psmd7",null,75367,3.45608188871272,"4930552N02Rik"]
[338372,6.42405716354896,"Map3k9",null,108912,6.40044639944599,"Cdca2",null,213575,3.4719629992217,"Dync2li1"]
[100502643,6.4445107666537,"Gm19303",null,57775,6.43054565372157,"Usp29",null,620246,3.48792205670213,"Gpr52"]
[73977,6.4447733716907,"4930438E09Rik",null,24117,6.43143597860747,"Wif1",null,55946,3.48911192502147,"Ap3m1"]
[68652,6.48780163330918,"Tab2",null,18175,6.47500045414508,"Nrap",null,18193,3.50212492656726,"Nsd1"]
[71367,6.51851527169131,"Chst9",null,75946,6.50584667258937,"4930583P06Rik",null,19223,3.5109987271192,"Ptgis"]
[68481,6.53706061837062,"Mpzl1",null,77798,6.51976481781228,"A930009A15Rik",null,16592,3.52086049057031,"Fabp5"]
[386611,6.55032103801617,"Rnf133",null,66356,6.55133589837551,"Knop1",null,110082,3.54197438403609,"Dnah5"]
[72535,6.59804958959336,"Aldh1b1",null,72739,6.563404836855,"Zkscan3",null,100043813,3.54857442309616,"Rps27rt"]
[66510,6.63207924637402,"Rnf181",null,232889,6.6002635974509,"Pla2g4c",null,18129,3.56470121265352,"Notch2"]
[260301,6.66019658706596,"Otos",null,207952,6.62024503085837,"Klhl25",null,319216,3.57459195156687,"4932441J04Rik"]
[72518,6.66340642393291,"2610307P16Rik",null,103135,6.62051666817824,"Pan2",null,11810,3.57502618544915,"Apobec1"]
[228850,6.69949672675861,"Ralgapb",null,18761,6.65554542845806,"Prkcq",null,14365,3.59515020918102,"Fzd3"]
[214133,6.7393849375085,"Tet2",null,109135,6.68299205780487,"Plekha5",null,20439,3.60781606223843,"Siah2"]
[66497,6.77939698528595,"Cmss1",null,16190,6.72150846069342,"Il4ra",null,259279,3.6118295896363,"Tubgcp3"]
[269630,6.81199764040407,"5031425E22Rik",null,73582,6.74008380512944,"Camkmt",null,442846,3.62041486853463,"A530050N04Rik"]
[387169,6.85829016313618,"Mir151",null,20503,6.7694888214938,"Slc16a7",null,23881,3.62474742505379,"G3bp2"]
[102607,6.88359643270647,"Snx19",null,243499,6.79635935686078,"Lrrtm4",null,69900,3.63656422993001,"Mfsd11"]
[636791,6.90216480497723,"Gm9866",null,329404,6.83886217324822,"Gm13497",null,66488,3.64813180320348,"Fam136a"]
[56381,6.90631423027564,"Spen",null,75811,6.84591568782795,"Saxo1",null,100040421,3.64885240655907,"Gm2762"]
[73408,6.93349050812529,"1700065L07Rik",null,319478,6.88687196026956,"Cxxc4",null,432442,3.66500443813418,"Akap7"]
[319720,6.96783281144741,"9630028I04Rik",null,665934,6.9096160682179,"Gm7854",null,107934,3.67884727822385,"Celsr3"]
[56748,7.00790335685654,"Nfu1",null,329421,6.92980037379645,"Myo3b",null,109222,3.69002378813504,"Rarres1"]
[14348,7.06401349310876,"Fut9",null,212085,6.98147824580191,"Trim52",null,69585,3.69587419708772,"Hfe2"]
[224454,7.10468879979329,"Zdhhc14",null,76747,7.01964030532311,"Dapl1",null,723905,3.70783233909919,"Mir17"]
[69491,7.1340651171733,"1700029N11Rik",null,235441,7.06644459223107,"Usp3",null,78103,3.72233422904917,"8430431K14Rik"]
[70757,7.16473293399088,"Hacd2",null,68053,7.11077295241988,"Ubxn2b",null,98452,3.73067522176955,"Celrr"]
[100526511,7.17018250012763,"Mir3108",null,20411,7.11566101245082,"Sorbs1",null,140559,3.73210014413381,"Igsf8"]
[114142,7.19429568158036,"Foxp2",null,381175,7.16197314247513,"Ccdc68",null,67738,3.75226798659308,"Ppid"]
[380654,7.22248828371778,"Cfap54",null,102466760,7.17664854765208,"Mir6899",null,215474,3.76476646163868,"Sec22c"]
[268301,7.26702559385906,"Sowahc",null,636791,7.21311461303489,"Gm9866",null,73086,3.77339687547759,"Rps6ka5"]
[18750,7.3013205945185,"Prkca",null,22421,7.26663049237417,"Wnt7a",null,19347,3.78242012659435,"Dennd5a"]
[52504,7.33325463324501,"Cenpo",null,545641,7.31139279563111,"Gm5860",null,67760,3.79437963182692,"Slc38a2"]
[12957,7.36441194300139,"Cryba1",null,211712,7.32409242574261,"Pcdh9",null,78771,3.80416229111985,"Mctp1"]
[218699,7.41253809883467,"Pxk",null,19128,7.35163723496768,"Pros1",null,319776,3.81027957014299,"Tmem72"]
[224318,7.41263734654888,"Speer2",null,386611,7.35338756426246,"Rnf133",null,13518,3.81073137257837,"Dst"]
[73389,7.47425109065466,"Hbp1",null,12957,7.4071876399243,"Cryba1",null,75974,3.81966728710863,"Dock11"]
[11818,7.50981473525631,"Apoh",null,241226,7.44752807227311,"Itga8",null,27275,3.83336299737749,"Nufip1"]
[327958,7.54251960414927,"Pitpnm3",null,209195,7.48986802401689,"Clic6",null,620592,3.84492337497838,"Tmem28"]
[56784,7.56554365950036,"Ralgapa1",null,18195,7.5139572909422,"Nsf",null,19894,3.8564877781586,"Rph3a"]
[229521,7.59682904655278,"Syt11",null,77846,7.54787017143742,"B230112J18Rik",null,22271,3.86337847913124,"Upp1"]
[100504525,7.66463251834705,"Gm20268",null,76703,7.58952908724004,"Cpb1",null,208967,3.8799598448584,"Thnsl1"]
[72759,7.69290305966159,"Tmem135",null,94185,7.66085523250266,"Tnfrsf21",null,14630,3.89451192918946,"Gclm"]
[26946,7.7003537071358,"Trpc7",null,70227,7.66239526292524,"Zfp619",null,102465980,3.89537777438112,"Mir6937"]
[23972,7.7578925785409,"Papss2",null,226413,7.71566029190901,"Lct",null,60596,3.92619139843951,"Gucy1a3"]
[50501,7.85920409699046,"Prok2",null,19249,7.75184564668068,"Ptpn13",null,71314,3.94395637278873,"4933433F19Rik"]
[624957,7.90559403889571,"H2afb3",null,69993,7.78029103940508,"Chn2",null,14682,3.95733431417738,"Gnaq"]
[72104,7.94493755218081,"2010106C02Rik",null,72316,7.82107468840896,"2310008N11Rik",null,72599,3.9807032890406,"Pdia5"]
[108052,7.98686123299727,"Slc14a1",null,77994,7.87931434479999,"Mir99ahg",null,622552,4.00243648570958,"Gm20751"]
[99890,8.0228479534456,"Prmt6",null,626693,7.91558622426911,"Gm15713",null,54194,4.01551509114733,"Akap8l"]
[73137,8.05428123082863,"Prrc1",null,74556,7.96167064644926,"Themis3",null,110842,4.0389384699302,"Etfa"]
[68053,8.05553474012184,"Ubxn2b",null,320722,7.96289944598249,"Akain1",null,22194,4.0392637103709,"Ube2e1"]
[102635415,8.08132707420177,"Halr1",null,17932,8.01285622337245,"Myt1",null,110521,4.06244594436223,"Hivep1"]
[100504616,8.11734423291572,"Gm15910",null,17961,8.06862100622699,"Nat2",null,214444,4.07949283428313,"Cdk5rap2"]
[20163,8.15018402895974,"Rsu1",null,16529,8.10920075485719,"Kcnk5",null,17349,4.09968067829047,"Mlf1"]
[15376,8.2023654285028,"Foxa2",null,73804,8.1791636883418,"Kif2c",null,12452,4.11622214770074,"Ccng2"]
[594844,8.24506654129855,"Tceal3",null,210998,8.23529190521803,"Fam91a1",null,209540,4.13208574920477,"Rgag1"]
[100038638,8.29559652532933,"Fmr1os",null,338363,8.31060857100444,"Tmem241",null,448850,4.15380410151631,"Znhit3"]
[13078,8.3424772303401,"Cyp1b1",null,75465,8.36122054598722,"Dynlrb2",null,624367,4.1819867952691,"Gm6498"]
[69603,8.34336896827099,"2310020H05Rik",null,72393,8.36250757638068,"Faim2",null,11516,4.18804268764955,"Adcyap1"]
[17274,8.39122597972967,"Rab8a",null,170767,8.43189541995656,"Rfxap",null,209212,4.21862493829116,"Osgin2"]
[18754,8.41381921342425,"Prkce",null,67260,8.47518057567797,"Cers4",null,108150,4.24736755073345,"Galnt7"]
[18976,8.47206289916351,"Pomc",null,69983,8.53199922336298,"Sis",null,751558,4.27185427053224,"Mir694"]
[56318,8.50524403775763,"Acpp",null,244431,8.59464691031937,"Sgcz",null,19695,4.28635967604858,"Reg3g"]
[72371,8.55264650388331,"2210408I21Rik",null,105559,8.68062168846623,"Mbnl2",null,12552,4.30920811972055,"Cdh11"]
[403175,8.59487004021114,"Tigd4",null,110265,8.75242706981101,"Msra",null,75432,4.3195088697451,"1700006F04Rik"]
[14370,8.62435188154941,"Fzd8",null,72333,8.8282804434363,"Palld",null,11800,4.34715890485203,"Api5"]
[402774,8.62527178548969,"D030025E07Rik",null,235135,8.83321558847959,"Tmem45b",null,68607,4.3481977018552,"Serhl"]
[74178,8.71109719981576,"Stk40",null,75722,8.90610994482023,"4932412D23Rik",null,215999,4.3646849673543,"Mcu"]
[68861,8.75667689648999,"1190002N15Rik",null,13175,8.94389914340226,"Dclk1",null,234219,4.38795014334482,"Helt"]
[11800,8.79392552528988,"Api5",null,71371,8.97145502368449,"Arid5b",null,110829,4.42831476876751,"Lims1"]
[19347,8.84859556743433,"Dennd5a",null,12695,9.04624786715814,"Patj",null,193796,4.46165154174727,"Kdm4b"]
[381409,8.92519281822725,"Cdh26",null,381798,9.09093750952014,"4930590J08Rik",null,381813,4.47616910306445,"Prmt8"]
[13640,8.96495750465646,"Efna5",null,116837,9.16349067558595,"Rims1",null,170740,4.49868924398213,"Zfp287"]
[20363,9.02236416336085,"Selenop",null,17425,9.22065137840041,"Foxk1",null,240396,4.52456938631515,"Mex3c"]
[18795,9.05503495606104,"Plcb1",null,214290,9.22635731755663,"Zcchc6",null,19302,4.52494263628348,"Pex2"]
[218460,9.14403173875981,"Wdr41",null,70661,9.28750766588535,"Sik3",null,27362,4.55789821303278,"Dnajb9"]
[140491,9.15174204185192,"Ppp1r3a",null,71867,9.28966136036899,"1700016G22Rik",null,217980,4.55813467219309,"Larp4b"]
[19146,9.15373350960322,"Tmprss15",null,108954,9.30300825510677,"Ppp1r15b",null,193043,4.56136673001444,"Zfp3"]
[107065,9.1591784478599,"Lrrtm2",null,13527,9.33171326057234,"Dtna",null,230379,4.56259445970291,"Acer2"]
[100316682,9.17592200657216,"Mir1892",null,225131,9.33712373581953,"Wac",null,226849,4.57239377351678,"Ppp2r5a"]
[12914,9.18284919201073,"Crebbp",null,65969,9.35006297221239,"Cubn",null,436332,4.57346806624677,"Gm5766"]
[68631,9.18886380936844,"Cryl1",null,229227,9.35531885672085,"4932438A13Rik",null,237107,4.57776302914012,"Gnl3l"]
[50791,9.19341608888565,"Magi2",null,77341,9.36566556853223,"9530026F06Rik",null,66768,4.57785478314695,"Pacrgl"]
[100568459,9.19407148979855,"Bc1",null,102465899,9.37338324624556,"Mir8110",null,23967,4.57814097152426,"Osr1"]
[723847,9.20358488265462,"Mir346",null,19070,9.38452888569482,"Mob4",null,74150,4.57835457862017,"Slc35f5"]
[231326,9.21301042159454,"Aasdh",null,193385,9.3886439303953,"Fam65b",null,12725,4.58086770176511,"Clcn3"]
[66395,9.23155304766911,"Ahnak",null,328953,9.40859358710252,"Gm5095",null,72648,4.58278959733154,"Smc2os"]
[16881,9.23786737353294,"Lig1",null,626275,9.42517469750135,"A930012L18Rik",null,218518,4.58543427007693,"Marveld2"]
[22388,9.24296354852954,"Wdr1",null,102465198,9.42553353474287,"Mir7j",null,67196,4.58677385574841,"Ube2t"]
[18767,9.24437996496566,"Pkia",null,13007,9.42644235083434,"Csrp1",null,76898,4.58728686117639,"B3gat1"]
[193043,9.24679775888782,"Zfp3",null,242484,9.43893254577518,"D630039A03Rik",null,380993,4.6003162075621,"Zfat"]
[67328,9.2557051977357,"Lyzl1",null,72511,9.44138613659898,"2610316D01Rik",null,72789,4.60216651103071,"Veph1"]
[735282,9.25647483467536,"Mir491",null,381409,9.44693837351288,"Cdh26",null,15248,4.60301647245783,"Hic1"]
[14489,9.25701702003719,"Mtpn",null,16543,9.45391640320894,"Mdfic",null,224997,4.60689236178417,"Dlgap1"]
[76804,9.26113043213597,"Kdm4c",null,56324,9.4920291119402,"Stam2",null,224090,4.60959012325607,"Tmem44"]
[320302,9.2628150415151,"Glt28d2",null,72160,9.50023868513252,"Tmem163",null,12695,4.61363006247753,"Patj"]
[110960,9.27216470928828,"Tars",null,76522,9.50202645413,"Lsm8",null,69548,4.61432264927967,"2310015A10Rik"]
[18187,9.27544164298221,"Nrp2",null,239273,9.50562323894205,"Abcc4",null,381668,4.62073427769,"Fbrsl1"]
[212996,9.27574312536296,"Wbscr17",null,20349,9.5189722959568,"Sema3e",null,74309,4.62533820539929,"Osbp2"]
[77739,9.27989470533482,"Adamtsl1",null,67856,9.52552525662233,"Echdc3",null,208151,4.63008533002464,"Tmem132b"]
[20335,9.29600701657964,"Sec61g",null,102466629,9.53604323558971,"Mir6344",null,117171,4.63054837818288,"1110038F14Rik"]
[108670,9.31476257336548,"Epsti1",null,319880,9.55067213355853,"Tmcc3",null,77522,4.63503795226506,"Tmem213"]
[224840,9.32092300715839,"Treml4",null,109648,9.5643079465555,"Npy",null,73349,4.63513938575697,"1700042G15Rik"]
[76707,9.32592924848282,"Clasp1",null,319713,9.56839975768974,"Ablim3",null,226251,4.63859206125179,"Ablim1"]
[75655,9.34357550703261,"1700028P15Rik",null,99543,9.57799930528691,"Olfml3",null,17690,4.64027997501906,"Msi1"]
[100043911,9.34510130331084,"Ppp4r1l-ps",null,108150,9.57978738120225,"Galnt7",null,17305,4.64148344179768,"Mfng"]
[15939,9.34995256107724,"Ier5",null,223267,9.5832128208605,"Ggact",null,80912,4.64669600911518,"Pum1"]
[268288,9.35222918503349,"Samd3",null,108829,9.59445263490169,"Jmjd1c",null,67373,4.6491625368269,"2210010C04Rik"]
[243574,9.35423559286004,"Kbtbd8",null,353204,9.60167560965176,"Aldoart1",null,72316,4.64929474654546,"2310008N11Rik"]
[11820,9.35617949319466,"App",null,70753,9.60632973085252,"6330415B21Rik",null,56811,4.65167021015388,"Dkk2"]
[72160,9.3746400326629,"Tmem163",null,11477,9.61123771879805,"Acvr1",null,72122,4.66853544917915,"2010308F09Rik"]
[387225,9.38131016976523,"Mir30a",null,26946,9.62176930427645,"Trpc7",null,67898,4.66854249368757,"Pef1"]
[235567,9.38152748279741,"Dnajc13",null,17132,9.62307582775791,"Maf",null,229731,4.66953953528308,"Slc25a24"]
[235574,9.3837755210729,"Atp2c1",null,72759,9.63266433982892,"Tmem135",null,21353,4.6697953461812,"Tank"]
[14800,9.40284125271174,"Gria2",null,14800,9.64578018031608,"Gria2",null,26757,4.67153058949503,"Dpysl4"]
[16000,9.40328437796011,"Igf1",null,70428,9.65626847162273,"Polr3b",null,14066,4.67194090155738,"F3"]
[107569,9.40821669782438,"Nt5c3",null,14419,9.66765786544183,"Gal",null,234388,4.6737626488669,"Ccdc124"]
[77433,9.40825575833349,"Redrum",null,102466172,9.67879896141382,"Mir6540",null,27965,4.67566859653921,"Spg21"]
[545261,9.41756045254697,"Bvht",null,108116,9.68449069217541,"Slco3a1",null,68646,4.67830192310229,"Nadk2"]
[72316,9.42016454587415,"2310008N11Rik",null,381339,9.68755792692633,"Tmem182",null,381798,4.68101629301862,"4930590J08Rik"]
[381339,9.42185519912839,"Tmem182",null,108652,9.70644923899356,"Slc35b3",null,23849,4.68512745017622,"Klf6"]
[14102,9.4248197303691,"Fas",null,16867,9.72967767133864,"Lhcgr",null,18815,4.68628443163297,"Plg"]
[170719,9.42491332804777,"Oxr1",null,320825,9.73823467092495,"Samd5",null,74199,4.68736851124963,"Vit"]
[13809,9.4254190802306,"Enpep",null,17380,9.7385189548628,"Mme",null,14680,4.69390979158136,"Gnal"]
[11534,9.4322989344999,"Adk",null,399558,9.74077047609373,"Flrt2",null,12633,4.69409021426526,"Cflar"]
[16573,9.45210382945372,"Kif5b",null,226778,9.76139011364118,"Mark1",null,13653,4.70337619670347,"Egr1"]
[73412,9.45305737303954,"Nme8",null,11600,9.7685475213661,"Angpt1",null,751561,4.70698856219646,"Mir691"]
[192657,9.45938824748609,"Ell2",null,60322,9.78410110448569,"Chst7",null,68226,4.71147466871307,"Efcab2"]
[71371,9.47253685522343,"Arid5b",null,14426,9.78655585794161,"Galnt4",null,18705,4.71817492270402,"Pik3c2g"]
[78639,9.48223415484065,"1700116B05Rik",null,18124,9.80011003420191,"Nr4a3",null,71198,4.72015825247715,"Otud1"]
[18197,9.48733014786924,"Nsg2",null,244701,9.81715225405616,"Mtnr1b",null,17869,4.72553382659019,"Myc"]
[77798,9.48776686600842,"A930009A15Rik",null,100504235,9.82641202203016,"Gm20125",null,18181,4.72847408890678,"Nrf1"]
[227867,9.49309669688617,"Epc2",null,76640,9.82904988768201,"1700113H08Rik",null,228839,4.72867848886411,"Tgif2"]
[338363,9.51324392308133,"Tmem241",null,66928,9.84837640876918,"Tmem261",null,170833,4.72876788998015,"Hook2"]
[105193,9.51494860894282,"Nhlrc1",null,108151,9.87586035231496,"Sema3d",null,66942,4.73244035842657,"Ddx18"]
[17684,9.51810574258401,"Cited2",null,75678,9.8759186663315,"Ippk",null,73965,4.73273936732914,"4930448I18Rik"]
[108954,9.52506111592444,"Ppp1r15b",null,93834,9.88546221180967,"Peli2",null,66413,4.73292790857641,"Psmd6"]
[244329,9.53080364397415,"Mcph1",null,239463,9.92220847563145,"Fam83a",null,76499,4.73444002089918,"Clasp2"]
[207615,9.54070695830043,"Wdr37",null,320024,9.93305111115307,"Nceh1",null,78754,4.73607256077518,"Galnt15"]
[17268,9.5422959740161,"Meis1",null,320634,9.93749169384341,"Ocrl",null,71682,4.73923619585245,"Wdr27"]
[13798,9.54285633150973,"En1",null,17434,9.95005228841722,"Mocs2",null,69288,4.73993614805576,"Rhobtb1"]
[67351,9.54795262934173,"Tmem132cos",null,75853,9.95144804521797,"4930592I03Rik",null,328479,4.74283999942034,"Gm5089"]
[75547,9.55827083673309,"Akap13",null,24066,9.97697123422185,"Spry4",null,73274,4.74886639728092,"Gpbp1"]
[56353,9.569372992158,"Rybp",null,19092,9.97809455184852,"Prkg2",null,70840,4.75176386624222,"Slc22a16"]
[17977,9.5714040304277,"Ncoa1",null,56505,9.98655708414629,"Ruvbl1",null,67122,4.75325428520353,"Nrarp"]
[100038347,9.57903121134833,"Fam174b",null,108052,9.9887070982369,"Slc14a1",null,268288,4.75370601414473,"Samd3"]
[13007,9.57982569519418,"Csrp1",null,226025,9.99049771486509,"Trpm3",null,21425,4.75482749593833,"Tfeb"]
[74896,9.59384690433722,"4930405A10Rik",null,192198,10.0093761925086,"Lrrc4",null,240476,4.76159845146944,"Zfp407"]
[73961,9.59572555625414,"4930447J18Rik",null,77800,10.0297865129263,"4933406J10Rik",null,75276,4.77833661023415,"Ppp1r1c"]
[83679,9.60160322018292,"Pde4dip",null,83410,10.0344675944425,"Cstf2t",null,64929,4.78009254633919,"Scel"]
[12767,9.60546333322694,"Cxcr4",null,18998,10.0433898573384,"Pou4f3",null,12237,4.78066378752344,"Bub3"]
[74143,9.61860450922339,"Opa1",null,102466786,10.0475354832923,"Mir7009",null,73173,4.78217209761258,"Pcdh18"]
[319832,9.62600512411597,"Tmem229a",null,14425,10.0532230223963,"Galnt3",null,226278,4.78409109128131,"Prlhr"]
[223267,9.6295297097497,"Ggact",null,14420,10.0607071416904,"Galc",null,12818,4.78455959918896,"Col14a1"]
[17761,9.63239975892839,"Map7",null,100009664,10.0758286678789,"F630206G17Rik",null,83762,4.78576935254767,"Otof"]
[83410,9.65097010612397,"Cstf2t",null,13196,10.0894996502523,"Asap1",null,382018,4.79576142788526,"Unc13a"]
[210801,9.6613757442965,"Unc5d",null,54725,10.1051451739678,"Cadm1",null,114230,4.80374704812761,"Aipl1"]
[78058,9.66474577439003,"4930578E11Rik",null,109620,10.1116066057357,"Dsp",null,65256,4.81012960488532,"Asb2"]
[78803,9.67208193071221,"Fbxo43",null,69675,10.117864884532,"Pxdn",null,94224,4.81074434993144,"Srd5a2"]
[109294,9.6906561546023,"Prex2",null,71458,10.1381580140825,"Bcor",null,18583,4.81484736124199,"Pde7a"]
[54608,9.69221399236551,"Abhd2",null,432812,10.1436060290519,"BC052688",null,72948,4.81552820020557,"Tppp"]
[403180,9.71346034041454,"Ccdc121",null,102465618,10.1485895602619,"Mir7021",null,223665,4.81665923329149,"C030006K11Rik"]
[73272,9.714488856294,"1700108F19Rik",null,230405,10.1570337463092,"Ifne",null,225115,4.82699952937629,"Svil"]
[18546,9.71803183179304,"Pcp4",null,94109,10.1605572435705,"Csmd1",null,11936,4.82732964777924,"Fxyd2"]
[14634,9.72327425777176,"Gli3",null,54635,10.164888078005,"Pdgfc",null,100316831,4.82757297702985,"Mir669h"]
[242509,9.72584401420023,"Bnc2",null,75809,10.1802035572777,"4930488L21Rik",null,11517,4.82867254078021,"Adcyap1r1"]
[12725,9.72796230615145,"Clcn3",null,70967,10.1808273385832,"Eva1c",null,432611,4.83225426214959,"Dnaic2"]
[63859,9.75169993994759,"Impg1",null,75494,10.1874124752461,"1700008C04Rik",null,76117,4.83348994689771,"Arhgap15"]
[19070,9.77466514935081,"Mob4",null,78785,10.1883737060579,"Clip4",null,320858,4.83363365679043,"L3mbtl4"]
[319955,9.77715215315871,"Ercc6",null,73009,10.1944181815456,"2900057B20Rik",null,74178,4.841237168596,"Stk40"]
[13196,9.78124771385399,"Asap1",null,791347,10.2126885621516,"Gm10007",null,26557,4.84457829796832,"Homer2"]
[380934,9.78921353037135,"AA536875",null,20238,10.2226089496052,"Atxn1",null,17153,4.84553695334422,"Mal"]
[14264,9.82722614879738,"Fmod",null,55987,10.2243676538955,"Cpxm2",null,102633805,4.84720674377378,"Gm26688"]
[14260,9.83181804285451,"Fmn1",null,319991,10.2543632128317,"Kif6",null,52906,4.84792781855471,"Ahi1"]
[244310,9.83883592659194,"Dlgap2",null,99633,10.2623755028335,"Adgrl2",null,245038,4.84865806497812,"Dclk3"]
[213783,9.88732609723184,"Plekhg1",null,11836,10.2648630557829,"Araf",null,100039795,4.85169619145939,"Ildr2"]
[100502624,9.89636688399617,"Gm13483",null,65113,10.2725501506817,"Ndfip1",null,237339,4.86498028066929,"L3mbtl3"]
[381813,9.90031307939983,"Prmt8",null,64009,10.2754617133413,"Syne1",null,53897,4.86506018686367,"Gal3st1"]
[229488,9.90966613408226,"Fam160a1",null,102465148,10.2910890923986,"Mir6239",null,224647,4.86832892540608,"D17Wsu92e"]
[225115,9.91567450783361,"Svil",null,100039348,10.2940538848831,"Gm2176",null,218035,4.86989824994126,"Vps41"]
[56878,9.92193825812027,"Rbms1",null,329159,10.2971415979807,"9130227L01Rik",null,23797,4.87704328698991,"Akt3"]
[12704,9.92214216074123,"Cit",null,107766,10.2976420984991,"Haao",null,78795,4.87871335792248,"Armc9"]
[14425,9.93348211841262,"Galnt3",null,21961,10.3018797779742,"Tns1",null,67267,4.88054507263922,"Uqcc2"]
[14426,9.93747447212884,"Galnt4",null,53618,10.3066566855406,"Fut8",null,218203,4.883113279003,"Mylip"]
[381798,9.96654954157083,"4930590J08Rik",null,76829,10.3117668327946,"Dok5",null,330938,4.88375954850472,"Dixdc1"]
[13132,9.9735461114308,"Dab2",null,56297,10.3133197703671,"Arl6",null,241175,4.88805743219623,"Cntnap5b"]
[13527,9.98202797930979,"Dtna",null,328235,10.3223006677062,"Gm5083",null,226115,4.89005003034892,"Opalin"]
[17425,9.98557395827175,"Foxk1",null,319865,10.3261442976959,"E130114P18Rik",null,15904,4.8945234070882,"Id4"]
[239606,9.99420020094218,"Slc2a13",null,208618,10.3321125277177,"Etl4",null,14168,4.89637864303017,"Fgf13"]
[26409,10.0117803920505,"Map3k7",null,18647,10.3334288873321,"Cdk14",null,215798,4.89872812563889,"Adgrg6"]
[214290,10.0162638200195,"Zcchc6",null,52285,10.3356372230745,"D6Ertd474e",null,66230,4.90614449717472,"Mrps28"]
[17961,10.0267392872625,"Nat2",null,50501,10.3471717680773,"Prok2",null,192176,4.91418924884997,"Flna"]
[11829,10.0408741010773,"Aqp4",null,56522,10.3523556340991,"Papolb",null,19720,4.92089637637856,"Trim27"]
[67199,10.0520671114153,"Pfdn1",null,16709,10.3626721845888,"Ktn1",null,14688,4.93130805584963,"Gnb1"]
[242425,10.0552985446229,"Gabbr2",null,414079,10.3735832526786,"4930405O22Rik",null,75914,4.9335065975914,"Exoc6b"]
[73306,10.0607569207238,"1700044C05Rik",null,73590,10.3768353062417,"1700112H15Rik",null,19659,4.9340678025239,"Rbp1"]
[252838,10.0646608032296,"Tox",null,66212,10.3820281135279,"Sec61b",null,74030,4.93588129473234,"Rin2"]
[319845,10.0683456038876,"Bbs9",null,100039495,10.4040223679345,"Gm15706",null,224860,4.94620012698822,"Plcl2"]
[66774,10.0770045227182,"Carlr",null,218639,10.4158556088348,"Arl15",null,18074,4.9487179378085,"Nid2"]
[11836,10.0878801116353,"Araf",null,100273,10.4162490342874,"Osbpl9",null,13527,4.95476722989933,"Dtna"]
[320528,10.1113981978419,"Vps13c",null,381337,10.446301469015,"Fam178b",null,23908,4.95627587795129,"Hs2st1"]
[76522,10.1305760587195,"Lsm8",null,21848,10.4652996386864,"Trim24",null,73696,4.95833476755343,"Platr9"]
[215378,10.1371025159635,"Brinp3",null,83814,10.4877030189838,"Nedd4l",null,78889,4.96624212371449,"Wsb1"]
[16716,10.1606977845423,"Ky",null,22239,10.4955804331794,"Ugt8a",null,70925,4.97055328952527,"Cdkn2aip"]
[545370,10.1680723201028,"Hmcn1",null,403175,10.4965603152626,"Tigd4",null,80281,4.97102242113232,"Cttnbp2nl"]
[68729,10.1949899322483,"Trim37",null,53623,10.5043334399373,"Gria3",null,16600,4.9804581343378,"Klf4"]
[76273,10.201960010137,"Ndfip2",null,26563,10.5249502400906,"Ror1",null,231044,4.98168150366267,"Gbx1"]
[238130,10.2085105603716,"Dock4",null,72125,10.5279309780921,"Amer2",null,211347,4.98288933860344,"Pank3"]
[78334,10.210790961813,"Cdk19",null,622645,10.5311796145142,"Tmem200c",null,58238,4.98523859725856,"Fam181b"]
[71566,10.2129378048176,"Clmp",null,100043424,10.5402857712573,"Gm14005",null,236366,4.99103068423393,"5730507C01Rik"]
[72654,10.2168750796118,"Ccdc12",null,231430,10.5467765057968,"Cox18",null,235574,4.99955985407699,"Atp2c1"]
[13983,10.2398572118789,"Esr2",null,329739,10.5471566285496,"Fam102b",null,629820,5.00221172891323,"Gm7008"]
[11810,10.251906830351,"Apobec1",null,23836,10.5920412838329,"Cdh20",null,96935,5.01302753330269,"Susd4"]
[18815,10.2533780321659,"Plg",null,433182,10.5984548501002,"Eno1b",null,240239,5.01498487511055,"Gpr151"]
[56207,10.2674683291837,"Uchl5",null,12040,10.6028215294361,"Bckdhb",null,30959,5.01715774485851,"Ddx25"]
[319880,10.2688331297194,"Tmcc3",null,30940,10.6194034212134,"Usp25",null,100861615,5.01787965948725,"LOC100861615"]
[19288,10.2723360987313,"Ptx3",null,11480,10.6204204564136,"Acvr2a",null,108099,5.02190447389344,"Prkag2"]
[14420,10.2975271336576,"Galc",null,382255,10.6222410199843,"Gm1720",null,77269,5.02411410513237,"9430019J16Rik"]
[16492,10.3039381910382,"Kcna4",null,17909,10.6230939530242,"Myo10",null,72780,5.02588863389822,"Rspo3"]
[14799,10.3398425557445,"Gria1",null,16658,10.6288629268902,"Mafb",null,217648,5.03194374482482,"Gm527"]
[24131,10.3534923811627,"Ldb3",null,100045792,10.6722975564763,"Ect2l",null,66435,5.03789137658067,"Uggt2"]
[68318,10.3575048114344,"Aph1c",null,75855,10.7229781380552,"4930579H20Rik",null,26443,5.0384896637181,"Psma6"]
[67760,10.3582419412402,"Slc38a2",null,53416,10.7251106767743,"Stk39",null,70120,5.04106658470461,"Yars2"]
[102466808,10.3624592287766,"Mir7117",null,66686,10.7310782500218,"Dcbld1",null,74528,5.04973070444655,"Mgme1"]
[12224,10.3855949080598,"Klf5",null,329093,10.7445854738668,"Cpa6",null,387228,5.05310547029765,"Mir30d"]
[13518,10.3875620174165,"Dst",null,70640,10.75195555048,"Dcp2",null,69053,5.05358505685519,"1810013L24Rik"]
[77341,10.390841150265,"9530026F06Rik",null,69399,10.7523886548083,"1700025G04Rik",null,219181,5.05508763564714,"Akap11"]
[18163,10.3965845670091,"Ctnnd2",null,56490,10.7568563472426,"Zbtb20",null,381925,5.05596839450731,"Plpp4"]
[102466760,10.4221337106059,"Mir6899",null,21749,10.7610828816902,"Terf1",null,13116,5.06091675427357,"Cyp46a1"]
[102466241,10.4275859388424,"Mir7243",null,52850,10.7833824197421,"Sgsm1",null,246710,5.06538455547436,"Rhobtb2"]
[217648,10.4426168526187,"Gm527",null,11471,10.7957110793894,"Actl7b",null,723921,5.07048906042311,"Mir350"]
[83492,10.4465711601513,"Gsdmc",null,102607,10.7979729762625,"Snx19",null,18795,5.07200898615263,"Plcb1"]
[21406,10.4543846160946,"Tcf12",null,69999,10.8009405312361,"1700027F09Rik",null,545481,5.07761707773005,"Arhgap40"]
[21888,10.4815685912165,"Tle4",null,102466241,10.8096446873293,"Mir7243",null,330577,5.08195010884097,"Saxo2"]
[69315,10.4924012322537,"1700001L19Rik",null,66286,10.8219120544091,"Sec11c",null,76589,5.08224771290984,"Unc5cl"]
[58238,10.4964387345026,"Fam181b",null,19272,10.844130408272,"Ptprk",null,13982,5.08898421178426,"Esr1"]
[11641,10.500866537216,"Akap2",null,78928,10.8589859068647,"Pigt",null,100532,5.09645472745063,"Rell1"]
[17919,10.5319968107445,"Myo5b",null,21872,10.9085230699382,"Tjp1",null,210417,5.09853355611516,"Thsd7b"]
[22239,10.5397918075973,"Ugt8a",null,229488,10.9163096102523,"Fam160a1",null,545261,5.10051346436571,"Bvht"]
[52850,10.5424572198959,"Sgsm1",null,18754,10.919078416951,"Prkce",null,70797,5.10218833739658,"Ankib1"]
[14419,10.5498671147372,"Gal",null,382571,10.9332389238751,"Kcnf1",null,67784,5.10585418589129,"Plxnd1"]
[101786,10.5675963417351,"A730082K24Rik",null,26409,10.9439455014256,"Map3k7",null,19206,5.10724460921759,"Ptch1"]
[19092,10.5681761943345,"Prkg2",null,71566,10.9456437469543,"Clmp",null,56330,5.10918125178756,"Pdcd5"]
[98386,10.5774673425313,"Lbr",null,102465180,10.9706420979571,"Mir6352",null,19285,5.1198200883173,"Ptrf"]
[117606,10.5857170210225,"Boc",null,381059,10.9741454133574,"Gm1604b",null,319247,5.12742183229436,"9530080O11Rik"]
[69807,10.5957296477765,"Trim32",null,277333,10.9801636320227,"Gm5069",null,70511,5.13400593336941,"Eef2kmt"]
[78934,10.5971246758277,"4930581F22Rik",null,50754,10.9953120074644,"Fbxw7",null,20947,5.13776618727246,"Swap70"]
[245350,10.6060418484525,"AA414768",null,69351,10.9976395681911,"Smim23",null,14083,5.1384822282574,"Ptk2"]
[432812,10.6211429495275,"BC052688",null,381812,11.0159576257105,"Cracr2a",null,78229,5.14036886363922,"4930596I21Rik"]
[627110,10.6282838416386,"Tubb2a-ps2",null,407823,11.0318360337369,"Baz2b",null,13865,5.14160162772302,"Nr2f1"]
[12558,10.6449510454593,"Cdh2",null,23850,11.0339687434518,"Pappa2",null,227449,5.15220775373207,"Zcchc2"]
[76792,10.6573501633569,"2410131K14Rik",null,16598,11.0612023584745,"Klf2",null,94212,5.16530907764452,"Pag1"]
[100038689,10.6957012412524,"Gm10421",null,225192,11.1313477583609,"Hrh4",null,278279,5.16600053438329,"Tmtc2"]
[54357,10.7006048034389,"Epb41l4b",null,12395,11.1346951753823,"Runx1t1",null,17775,5.16618172429275,"Laptm4a"]
[102466786,10.7095137060378,"Mir7009",null,234214,11.1409304850695,"Sorbs2",null,58240,5.16805351341129,"Hs1bp3"]
[791381,10.7113282374443,"Gm15413",null,100040882,11.1650472467878,"1700017G19Rik",null,12661,5.17190036228101,"Chl1"]
[73287,10.7186343182653,"1700040L02Rik",null,319520,11.1691168983366,"Dusp4",null,100972,5.17652706010651,"Rab28"]
[16911,10.7410449347398,"Lmo4",null,12224,11.1698704056698,"Klf5",null,69787,5.17843844200293,"Anxa13"]
[381482,10.7536818401835,"Gm1653",null,76117,11.1764177569965,"Arhgap15",null,20720,5.17882211401099,"Serpine2"]
[21898,10.755044260971,"Tlr4",null,100502624,11.2000529578636,"Gm13483",null,13713,5.18259970052158,"Elk3"]
[66686,10.758179118434,"Dcbld1",null,99586,11.2024410213119,"Dpyd",null,66648,5.18899499167495,"Tpgs2"]
[234023,10.8019765077022,"Arglu1",null,67552,11.2301909792226,"H2afy3",null,30951,5.19799286232787,"Cbx8"]
[21848,10.8086486419471,"Trim24",null,66960,11.2328196891333,"Fam188a",null,76804,5.20022586863637,"Kdm4c"]
[229227,10.8170402024739,"4932438A13Rik",null,102639404,11.2603566804869,"Gm26839",null,17126,5.2059042251584,"Smad2"]
[108829,10.8206661191069,"Jmjd1c",null,69652,11.2657404604247,"2310069B03Rik",null,18718,5.21239668983706,"Pip4k2a"]
[63953,10.8237516982114,"Dusp10",null,14314,11.2844503995865,"Fstl1",null,57749,5.21436990211279,"Piwil1"]
[73631,10.8309038027124,"1700128A07Rik",null,56318,11.3476610849205,"Acpp",null,20229,5.21453929039148,"Sat1"]
[80859,10.8427602202646,"Nfkbiz",null,68732,11.3575594946447,"Carmil1",null,73959,5.21643706011227,"4930433B08Rik"]
[100124491,10.8431731475478,"Mir874",null,16000,11.3843152482947,"Igf1",null,380912,5.22374613980943,"Zfp395"]
[226098,10.8512029351923,"Hectd2",null,227885,11.3884002338032,"Gm13498",null,69732,5.23310836293349,"2410018L13Rik"]
[319520,10.8610646300353,"Dusp4",null,100043450,11.4028919528525,"AA387883",null,433855,5.23460466577909,"AI506816"]
[18514,10.8695698504235,"Pbx1",null,242297,11.4286456532252,"Fam110b",null,16591,5.23819349683658,"Kl"]
[100503859,10.872125716293,"1110015O18Rik",null,223601,11.4312385269269,"Fam49b",null,381384,5.23836406724401,"A530006G24Rik"]
[50754,10.8749666883785,"Fbxw7",null,320449,11.4390492947077,"A730004F24Rik",null,74117,5.24033788150694,"Actr3"]
[214444,10.895623923687,"Cdk5rap2",null,231470,11.4420839229268,"Fras1",null,243574,5.25806162316908,"Kbtbd8"]
[106877,10.8961617985364,"Afap1l1",null,20660,11.4666610839169,"Sorl1",null,622645,5.25824435276093,"Tmem200c"]
[71867,10.897034787844,"1700016G22Rik",null,239618,11.4816636014802,"Pdzrn4",null,227753,5.27259188539225,"Gsn"]
[70012,10.9079537192531,"Cep85",null,17112,11.4928311259622,"Tm4sf1",null,77806,5.28222670699501,"A930019D19Rik"]
[30044,10.9162200588208,"Opn4",null,72371,11.498932370849,"2210408I21Rik",null,59043,5.28283120325246,"Wsb2"]
[75028,10.9335901573446,"4930486I03Rik",null,67819,11.564081149024,"Derl1",null,67154,5.29178192763934,"Mtdh"]
[12790,10.9778759025032,"Cnga3",null,17684,11.5942589805454,"Cited2",null,192678,5.29319585430145,"Rassf3"]
[225865,10.9897648534047,"Catsper1",null,319646,11.5943800121813,"D630013N20Rik",null,108927,5.30104317473173,"Lhfp"]
[100038713,11.0088514938049,"Gm10432",null,228662,11.6013267319959,"Btbd3",null,54422,5.30480401084043,"Barhl1"]
[11980,11.0554214440011,"Atp8a1",null,57342,11.6013509266698,"Parva",null,58186,5.30836924881585,"Rad18"]
[11977,11.062298304851,"Atp7a",null,330578,11.6152486877213,"A530021J07Rik",null,56381,5.31192071828771,"Spen"]
[210417,11.0823990783359,"Thsd7b",null,13134,11.6447518003809,"Dach1",null,74556,5.31333224202713,"Themis3"]
[66286,11.1047188399861,"Sec11c",null,108123,11.6482243750739,"Napg",null,70065,5.31851456764957,"Ankrd60"]
[70967,11.1528999341902,"Eva1c",null,215378,11.6507285588624,"Brinp3",null,66713,5.32001906695335,"Actr2"]
[110075,11.1825888667812,"Bmp3",null,68175,11.6510644879937,"4930591A17Rik",null,237253,5.3233743345879,"Lrp11"]
[54712,11.1846534598439,"Plxnc1",null,76792,11.6528123513675,"2410131K14Rik",null,56709,5.32436048149827,"Dnajb12"]
[94047,11.2029779705093,"Cecr6",null,14369,11.6823084073109,"Fzd7",null,22763,5.32466911969741,"Zfr"]
[239463,11.2172751385304,"Fam83a",null,16009,11.6921282001701,"Igfbp3",null,22414,5.32670907829042,"Wnt2b"]
[225192,11.2418653150061,"Hrh4",null,74478,11.7007169147386,"Snx29",null,69162,5.32766286900306,"Sec31a"]
[54698,11.2629988062221,"Crtam",null,100124491,11.703447674682,"Mir874",null,270110,5.33921837418356,"Irf2bp2"]
[226777,11.2654792088981,"C130074G19Rik",null,268756,11.7053194447305,"Gulo",null,19726,5.34334441747992,"Rfx3"]
[17909,11.2737259443193,"Myo10",null,387200,11.7802496351987,"Mir204",null,69354,5.35837635913571,"Slc38a4"]
[78023,11.2753450078781,"4930529L06Rik",null,226101,11.7912712574683,"Myof",null,53374,5.36001822384823,"Chst3"]
[228662,11.2890379356785,"Btbd3",null,319832,11.8454185165763,"Tmem229a",null,328370,5.36670461251215,"Rft1"]
[17112,11.3280623677005,"Tm4sf1",null,238161,11.853700309405,"Akap6",null,319901,5.36773587973082,"Dsel"]
[329739,11.3353086177962,"Fam102b",null,100502942,11.8656400057864,"Gm4814",null,208890,5.36960475010889,"Slc26a7"]
[21384,11.351488501158,"Tbx15",null,100526464,11.8821010159006,"Mir3106",null,78808,5.380933603801,"Stxbp5"]
[105837,11.3790959323169,"Mtbp",null,234023,11.8827719372583,"Arglu1",null,244329,5.38245716285236,"Mcph1"]
[66959,11.3894509455078,"Dusp26",null,208890,11.8852887642966,"Slc26a7",null,70729,5.38665896034664,"Nos1ap"]
[13405,11.3906440934611,"Dmd",null,20564,11.8874984102865,"Slit3",null,66790,5.38993967060829,"Grtp1"]
[74718,11.3908993075712,"Snx16",null,20668,11.9037793967083,"Sox13",null,102465187,5.39229233655211,"Mir145b"]
[319767,11.4174937397117,"Atp10b",null,117606,11.9047014557423,"Boc",null,53416,5.39267494309371,"Stk39"]
[107766,11.4203257285566,"Haao",null,99382,11.9064117174886,"Abtb2",null,407831,5.39442005753298,"Tmem204"]
[71078,11.4303603140964,"Adam30",null,76273,11.9181605823805,"Ndfip2",null,71111,5.39632774519306,"Gpr39"]
[634731,11.4443509072368,"Susd1",null,102466808,11.9471455384922,"Mir7117",null,16168,5.39755141927191,"Il15"]
[239273,11.4566147693696,"Abcc4",null,13990,11.9513393374085,"Smarcad1",null,69239,5.40417074106262,"Pdzph1"]
[98910,11.4736160867861,"Usp6nl",null,78258,11.9604136557032,"Mroh9",null,20230,5.40499633635947,"Satb1"]
[19271,11.4913402554901,"Ptprj",null,21384,11.9613455922202,"Tbx15",null,11555,5.40510170431483,"Adrb2"]
[399558,11.5229902451692,"Flrt2",null,212547,11.9622186190373,"Nepro",null,634731,5.40909293418602,"Susd1"]
[56210,11.5448518752024,"Rev1",null,74196,11.9762067790294,"Ttc27",null,234967,5.41254158479969,"Slc36a4"]
[14107,11.552859402402,"Fat1",null,71029,11.9969531455009,"4933402C06Rik",null,16412,5.41777154783574,"Itgb1"]
[13642,11.5706204025276,"Efnb2",null,12839,12.0165778762576,"Col9a1",null,320790,5.42012473346995,"Chd7"]
[67015,11.582968804662,"Ccdc91",null,19283,12.0428865567778,"Ptprz1",null,70028,5.43024001489071,"Dopey2"]
[108150,11.5978781269345,"Galnt7",null,71071,12.0818127490722,"4933412O06Rik",null,75493,5.44327484532216,"1700003L19Rik"]
[100502942,11.6115464356865,"Gm4814",null,226922,12.1002528907734,"Kcnq5",null,100628589,5.45186777734616,"Mir5118"]
[71362,11.6227858298209,"5430440P10Rik",null,75028,12.124105575093,"4930486I03Rik",null,238330,5.45306786281992,"Irf2bpl"]
[13982,11.6559882613629,"Esr1",null,78110,12.1341056987965,"4930428D20Rik",null,14115,5.45605394237644,"Fbln2"]
[269784,11.6908825213371,"Cntn4",null,27428,12.1370892741377,"Shroom3",null,12385,5.4719896663202,"Ctnna1"]
[20745,11.7043646668134,"Spock1",null,60505,12.1507417423567,"Il21",null,210992,5.47326246931902,"Lpcat1"]
[66212,11.7061253962459,"Sec61b",null,13865,12.1585905675815,"Nr2f1",null,13839,5.48409220496559,"Epha5"]
[277333,11.7263217334515,"Gm5069",null,18750,12.162875797913,"Prkca",null,102466760,5.48481266017491,"Mir6899"]
[57316,11.7279909199261,"C1d",null,170772,12.185740260816,"Glcci1",null,12934,5.4943255590344,"Dpysl2"]
[414068,11.7708921881455,"Bach2os",null,227094,12.2141617378154,"Nemp2",null,231326,5.49596136839258,"Aasdh"]
[70227,11.7806063749632,"Zfp619",null,76089,12.2202898781917,"Rapgef2",null,100316699,5.49770951467303,"Mir1948"]
[66966,11.7821946070236,"Trit1",null,74143,12.2547584934997,"Opa1",null,50505,5.49819511405633,"Ercc4"]
[216049,11.7869212857407,"Zfp365",null,80752,12.2962714361086,"Fam20c",null,68436,5.49951421134645,"Rpl34"]
[217294,11.8593132894972,"BC006965",null,11641,12.3016854624742,"Akap2",null,70804,5.50769604937955,"Pgrmc2"]
[13371,11.8606932123939,"Dio2",null,104001,12.3254772524565,"Rtn1",null,102466637,5.50982076924917,"Mir21b"]
[23850,11.8662555280609,"Pappa2",null,634731,12.3367983133125,"Susd1",null,20393,5.51468803153623,"Sgk1"]
[78785,11.8681312033257,"Clip4",null,71078,12.3467697664457,"Adam30",null,80284,5.51916322557808,"Smim12"]
[23965,11.8799626674753,"Tenm3",null,268903,12.3686123183259,"Nrip1",null,234353,5.523003766008,"Psd3"]
[71996,11.8971502558591,"Fthl17a",null,214444,12.3989293712225,"Cdk5rap2",null,68501,5.52526944147864,"Nsmce2"]
[14423,11.9282943621687,"Galnt1",null,328381,12.4326242498145,"Sh2d4b",null,270120,5.52621381299695,"Fat3"]
[14701,11.935083466498,"Gng12",null,23984,12.457942391727,"Pde10a",null,791347,5.52725858415511,"Gm10007"]
[70948,11.9363680497818,"Wdr20rt",null,13518,12.4589615716998,"Dst",null,170738,5.53400595318916,"Kcnh7"]
[51938,11.9529048540777,"Ccdc39",null,68631,12.4620817065692,"Cryl1",null,210106,5.53900488447727,"Papd7"]
[140488,11.965263286043,"Igf2bp3",null,15574,12.4864550010188,"Hus1",null,75209,5.5468394072285,"Sv2c"]
[60505,11.9684980022548,"Il21",null,14545,12.4963478178317,"Gdap1",null,78446,5.5488985074171,"D730050B12Rik"]
[53886,11.9839263716966,"Cdkl2",null,103765,12.5018353085379,"Tmem17",null,140740,5.54999014037772,"Sec63"]
[231430,11.9849066881041,"Cox18",null,12767,12.5049455957968,"Cxcr4",null,225192,5.56500029047491,"Hrh4"]
[54635,12.021826132021,"Pdgfc",null,234624,12.5067324960255,"A330008L17Rik",null,207740,5.57114859778044,"Ubald1"]
[108946,12.0579532012099,"Zzz3",null,71996,12.5166099835413,"Fthl17a",null,19276,5.57676156954854,"Ptprn2"]
[23836,12.1183678582645,"Cdh20",null,225182,12.5251296697714,"Rbbp8",null,68235,5.57904548817175,"Mturn"]
[16600,12.1298764701482,"Klf4",null,78896,12.5306568786645,"1500015O10Rik",null,17112,5.58851731441854,"Tm4sf1"]
[69399,12.1374551481294,"1700025G04Rik",null,17196,12.5403651810314,"Mbp",null,259302,5.58886603334854,"Srgap3"]
[68732,12.1445431624077,"Carmil1",null,20472,12.55002270676,"Six2",null,140492,5.59410437752389,"Kcnn2"]
[330908,12.1565353028621,"Opcml",null,57257,12.5588489368446,"Vav3",null,170768,5.60783468566153,"Pfkfb3"]
[226922,12.1793231336859,"Kcnq5",null,77383,12.5642713016766,"C030029H02Rik",null,140580,5.6148169642506,"Elmo1"]
[19299,12.2764504237846,"Abcd3",null,68262,12.57394779156,"Agpat4",null,319922,5.61900967730683,"Vwc2"]
[50768,12.2870461861296,"Dlc1",null,226041,12.5747978924367,"Pgm5",null,21951,5.63145389391024,"Tnks"]
[76380,12.3041576701072,"Cep112",null,100316831,12.5785671285443,"Mir669h",null,102466793,5.63215226589728,"Mir7043"]
[18647,12.3222726349151,"Cdk14",null,12558,12.57881650331,"Cdh2",null,14673,5.64196286982715,"Gna12"]
[214189,12.3291371534863,"Scgn",null,14694,12.6473940869399,"Rack1",null,269116,5.64389601490676,"Nfasc"]
[272589,12.361951584644,"Tbcel",null,54698,12.6702833388597,"Crtam",null,192657,5.65423013632917,"Ell2"]
[664883,12.4839107411241,"Nova1",null,11829,12.7153093071712,"Aqp4",null,12835,5.65690372164309,"Col6a3"]
[14453,12.4975125368715,"Gas2",null,71412,12.7165779934958,"Dhrs2",null,100499513,5.66007378143302,"Mir3099"]
[71510,12.5303311561346,"8430436N08Rik",null,213783,12.7431491160774,"Plekhg1",null,78444,5.66210584418082,"Pgpep1l"]
[407823,12.562693486373,"Baz2b",null,15939,12.8065631343168,"Ier5",null,225326,5.67465586931252,"Pik3c3"]
[666422,12.6192007768651,"Gm8096",null,76108,12.8070115685283,"Rap2a",null,53317,5.68726416581696,"Plrg1"]
[18027,12.6255277087298,"Nfia",null,16924,12.808075803272,"Lnx1",null,77619,5.69821228312891,"Prelid2"]
[17380,12.6291037432954,"Mme",null,83679,12.8186149610416,"Pde4dip",null,53618,5.70426528196352,"Fut8"]
[230405,12.7040916490673,"Ifne",null,240888,12.8296540975346,"Gpr161",null,100502917,5.70975637901533,"Gm12130"]
[60322,12.7514261768033,"Chst7",null,319215,12.8546463062571,"4932413F04Rik",null,71884,5.71815754385644,"Chit1"]
[21872,12.7652731036549,"Tjp1",null,216725,12.8603329701229,"Adamts2",null,67155,5.72429658809557,"Smarca2"]
[73590,12.7707744343058,"1700112H15Rik",null,70405,12.9336258103349,"Calml3",null,381175,5.72859280926432,"Ccdc68"]
[70661,12.7770446022845,"Sik3",null,56811,12.9747722419608,"Dkk2",null,13405,5.7342597459926,"Dmd"]
[77668,12.789005510541,"9130209A04Rik",null,319750,12.9896940843833,"A230009B12Rik",null,244421,5.73582089990263,"Lonrf1"]
[24001,12.7980417570852,"Tiam2",null,59012,13.0023259493535,"Moxd1",null,212728,5.74389825886507,"Tarbp1"]
[105559,12.8395987118533,"Mbnl2",null,414068,13.0134145587033,"Bach2os",null,270162,5.75044082741974,"Elmod1"]
[70640,12.8408676836689,"Dcp2",null,245350,13.0217945618377,"AA414768",null,103136,5.75352054997932,"Pwp1"]
[320684,12.8662599358789,"9630028H03Rik",null,208846,13.0261646173049,"Daam1",null,17125,5.75387404440862,"Smad1"]
[75739,12.9608508714449,"Mpp7",null,13841,13.0784309722938,"Epha7",null,225028,5.75527421854463,"Map4k3"]
[382571,12.9751505095239,"Kcnf1",null,18189,13.0888812889848,"Nrxn1",null,69405,5.76246907170241,"1700019E08Rik"]
[11477,12.9857249140911,"Acvr1",null,238130,13.0992402878634,"Dock4",null,93684,5.76601920182787,"Selenof"]
[108116,13.0375997126891,"Slco3a1",null,14799,13.130516842869,"Gria1",null,241568,5.76932805451878,"Lrrc4c"]
[12395,13.0653623661587,"Runx1t1",null,100316683,13.1645413991242,"Mir1904",null,19878,5.77523105699285,"Rock2"]
[14254,13.0660086855833,"Flt1",null,52552,13.1839479326726,"Parp8",null,76687,5.77709745314474,"Spcs3"]
[102466637,13.0780154278226,"Mir21b",null,109264,13.2096633414164,"Me3",null,218613,5.777822717825,"Mier3"]
[74012,13.1235637953254,"Rap2b",null,791381,13.2268361506873,"Gm15413",null,21960,5.78146486881293,"Tnr"]
[380765,13.1472298859738,"D830013O20Rik",null,74896,13.266287329547,"4930405A10Rik",null,107767,5.81825671419794,"Scamp1"]
[110829,13.1521093043765,"Lims1",null,227933,13.2884500717152,"Ccdc148",null,72504,5.81891572065408,"Taf4b"]
[240888,13.1727059703187,"Gpr161",null,76654,13.2971623715933,"Upp2",null,69048,5.82559640299614,"Slc30a5"]
[68262,13.2191746420677,"Agpat4",null,100504255,13.3021495860701,"Gm12159",null,17920,5.82952578718945,"Myo6"]
[78286,13.2894485398784,"Nav2",null,70948,13.3134093669293,"Wdr20rt",null,100503355,5.84336522730146,"Zfp648"]
[74342,13.2903487295424,"Lrrtm1",null,74012,13.3186863579784,"Rap2b",null,209601,5.85293352923733,"Erich3"]
[19876,13.2942971926095,"Robo1",null,77668,13.3194364781174,"9130209A04Rik",null,70345,5.85731458670576,"0610038B21Rik"]
[102637952,13.3228242159041,"Gm34637",null,71362,13.3542956998812,"5430440P10Rik",null,14451,5.85985666396068,"Gas1"]
[14545,13.3250052273748,"Gdap1",null,105377,13.3618963944037,"Slf1",null,18744,5.88598176936874,"Pja1"]
[68537,13.331468801715,"Mrpl13",null,89867,13.3865933459493,"Sec16b",null,103765,5.89163512241865,"Tmem17"]
[102465904,13.342691580645,"Mir8118",null,69635,13.3945756484258,"Dapk1",null,12867,5.89554822880804,"Cox7c"]
[20358,13.3863648735061,"Sema6a",null,241576,13.3954476522457,"Ldlrad3",null,11921,5.93878827627922,"Atoh1"]
[100384890,13.3998740547752,"D230030E09Rik",null,17755,13.4072182433502,"Map1b",null,387169,5.9582811177545,"Mir151"]
[735270,13.4163075965128,"Mir710",null,106877,13.5511378865642,"Afap1l1",null,23959,5.95935777531317,"Nt5e"]
[80752,13.4288446698739,"Fam20c",null,320684,13.5725323237281,"9630028H03Rik",null,26946,5.97299127960655,"Trpc7"]
[21885,13.4668280786692,"Tle1",null,320782,13.5906494640758,"Tmem154",null,260409,5.97352034808796,"Cdc42ep3"]
[100316683,13.4804647497038,"Mir1904",null,14586,13.5922166031845,"Gfra2",null,70073,5.97913257266173,"Zdhhc25"]
[55983,13.4851975791893,"Pdzrn3",null,70874,13.5995745022251,"4921513I03Rik",null,66632,5.97952649965729,"Dph6"]
[12695,13.4867039960775,"Patj",null,73144,13.7071642992202,"3110039I08Rik",null,330908,5.98437487486929,"Opcml"]
[53416,13.5616326860852,"Stk39",null,110075,13.7090217533056,"Bmp3",null,55983,6.00953207706776,"Pdzrn3"]
[108123,13.5701411247552,"Napg",null,69726,13.7146808729698,"Smyd3",null,17164,6.02459054530911,"Mapkapk2"]
[100273,13.5759365541889,"Osbpl9",null,19726,13.7665528898941,"Rfx3",null,16772,6.02651983245357,"Lama1"]
[78110,13.5919826784772,"4930428D20Rik",null,80517,13.7872113065931,"Herpud2",null,15273,6.03253714072926,"Hivep2"]
[76132,13.6000517967722,"Faxc",null,13371,13.8460038695071,"Dio2",null,19261,6.03474147738992,"Sirpa"]
[53602,13.6080562976886,"Hpcal1",null,252838,13.8603668350412,"Tox",null,102639399,6.04134711936886,"Gm35725"]
[68750,13.6701587706853,"Rreb1",null,17475,13.8836118805831,"Mpdz",null,16502,6.04542655205467,"Kcnc1"]
[74103,13.6900765247104,"Nebl",null,104156,13.8855001046607,"Etv5",null,71702,6.05126477293119,"Cdc5l"]
[15574,13.690684927569,"Hus1",null,19876,13.89663500208,"Robo1",null,19228,6.05287239295672,"Pth1r"]
[70874,13.6912146000596,"4921513I03Rik",null,19299,13.9159570611231,"Abcd3",null,12790,6.05659621980027,"Cnga3"]
[79221,13.7261549095506,"Hdac9",null,109676,13.9498258272034,"Ank2",null,14423,6.0616557757732,"Galnt1"]
[72972,13.7772331133362,"Ccser2",null,14254,13.9573232395514,"Flt1",null,77578,6.06442106936029,"Bcl9"]
[16598,13.7810458931558,"Klf2",null,319767,14.0102605214432,"Atp10b",null,19242,6.07395024642578,"Ptn"]
[110265,13.7861581119484,"Msra",null,67972,14.0293826395504,"Atp2b1",null,26424,6.08039774604647,"Nr5a2"]
[109333,13.868066493539,"Pkn2",null,100038689,14.0576544940205,"Gm10421",null,208449,6.08866455187017,"Sgms1"]
[114716,13.8883835610013,"Spred2",null,71287,14.1062669169582,"Cpvl",null,70025,6.09423490226425,"Acot7"]
[66637,13.8890767212292,"Tsen15",null,74243,14.1555288926739,"Slx4ip",null,227094,6.10780317139321,"Nemp2"]
[210106,13.8951224368449,"Papd7",null,16651,14.1701469467931,"Sspn",null,17919,6.11218151325201,"Myo5b"]
[75253,13.9436054120181,"4930554C24Rik",null,329154,14.2452727328863,"Ankrd44",null,319981,6.13361375542043,"C530044C16Rik"]
[20668,13.9542104792029,"Sox13",null,102465904,14.2979852661852,"Mir8118",null,210035,6.14324449949074,"Nemp1"]
[56297,13.9573315200374,"Arl6",null,225865,14.3169280509537,"Catsper1",null,140488,6.14643097517261,"Igf2bp3"]
[791347,13.9837234508246,"Gm10007",null,79221,14.3512862484605,"Hdac9",null,11838,6.15529667767133,"Arc"]
[329154,14.0009555710118,"Ankrd44",null,11820,14.3756212238517,"App",null,107747,6.16560621111373,"Aldh1l1"]
[207683,14.0266807724651,"Igsf11",null,98910,14.3976782237003,"Usp6nl",null,216961,6.16715810391955,"Coro6"]
[19283,14.0316507533486,"Ptprz1",null,14107,14.4051846747685,"Fat1",null,77059,6.1700779331354,"4931408D14Rik"]
[625963,14.0321115495524,"Gm6639",null,625963,14.4279677201806,"Gm6639",null,18012,6.17169354855872,"Neurod1"]
[117586,14.0378583384362,"A1bg",null,78229,14.4378328050757,"4930596I21Rik",null,14282,6.18216567040197,"Fosb"]
[217946,14.0727425094203,"Cdca7l",null,70892,14.4483311801496,"Ttll7",null,52609,6.20284091424806,"Cbx7"]
[227094,14.0860998511403,"Nemp2",null,53602,14.5443047900512,"Hpcal1",null,110265,6.21744285465843,"Msra"]
[215798,14.0882570568142,"Adgrg6",null,76003,14.578898716105,"Tmem150cos",null,67074,6.22782674857713,"Mon2"]
[11994,14.1169629394452,"Pcdh15",null,17968,14.6303181826208,"Ncam2",null,226777,6.25381601156027,"C130074G19Rik"]
[319215,14.1206738545672,"4932413F04Rik",null,100039954,14.6700739282685,"Gm2516",null,13380,6.25413076796678,"Dkk1"]
[106557,14.1227430416144,"Ldhal6b",null,228911,14.6710125985055,"Tshz2",null,231989,6.27397015804541,"Gm4872"]
[11777,14.1260279631182,"Ap3s1",null,751561,14.6968078002003,"Mir691",null,100568459,6.28641200951964,"Bc1"]
[14694,14.1578516780304,"Rack1",null,77771,14.7041536261816,"Csrnp3",null,74342,6.31613132834101,"Lrrtm1"]
[50915,14.1798352681169,"Grb14",null,21413,14.7805259885119,"Tcf4",null,224938,6.31776798937638,"Pja2"]
[17118,14.1904256987772,"Marcks",null,50768,14.8244931533249,"Dlc1",null,381126,6.32607594822125,"Garem1"]
[217718,14.2299537398523,"Nek9",null,71510,14.8665124988051,"8430436N08Rik",null,14609,6.33197324934167,"Gja1"]
[78896,14.2656832740319,"1500015O10Rik",null,209630,14.8736663262569,"Frmd4a",null,22632,6.33501096983972,"Yy1"]
[70405,14.3054860281308,"Calml3",null,98386,14.9221181633221,"Lbr",null,20409,6.3363656065597596,"Ostf1"]
[76965,14.3631802930041,"Slitrk1",null,218963,14.9290860603085,"Gm1821",null,74769,6.35584407767205,"Pik3cb"]
[73438,14.3658758504488,"1700061F12Rik",null,19017,14.9622553056569,"Ppargc1a",null,231717,6.35741711509159,"Fam109a"]
[212547,14.3973331121745,"Nepro",null,14245,14.971225872279,"Lpin1",null,382090,6.36789770619493,"Cep162"]
[18124,14.4147554533367,"Nr4a3",null,56195,15.0209396943943,"Ptbp2",null,230648,6.38883174631269,"Efcab14"]
[226778,14.427252565201,"Mark1",null,629820,15.0251583755257,"Gm7008",null,11534,6.39538687449343,"Adk"]
[76117,14.4279830095927,"Arhgap15",null,320685,15.0731233494413,"Dctd",null,56085,6.39618838487028,"Ubqln1"]
[76003,14.4292966100627,"Tmem150cos",null,14453,15.0907150683232,"Gas2",null,18189,6.39727355024459,"Nrxn1"]
[19726,14.4571127979345,"Rfx3",null,68939,15.1317390531812,"Rasl11b",null,15463,6.40684350632214,"Agfg1"]
[225131,14.4623922453164,"Wac",null,75369,15.1798066718789,"4930563F08Rik",null,70661,6.40734637545504,"Sik3"]
[76089,14.4916651760708,"Rapgef2",null,72669,15.2088658154574,"2810032G03Rik",null,664883,6.42654120451575,"Nova1"]
[226041,14.4997616852814,"Pgm5",null,76820,15.2129004544992,"Fam49a",null,50791,6.42962664171043,"Magi2"]
[319750,14.5347156490293,"A230009B12Rik",null,20649,15.2184369367022,"Sntb1",null,72416,6.42992772776481,"Lrpprc"]
[14245,14.5509823914174,"Lpin1",null,66966,15.2620596942296,"Trit1",null,435391,6.43073956364365,"Dupd1"]
[209630,14.5723182527748,"Frmd4a",null,83602,15.3025828410093,"Gtf2a1",null,67016,6.4673777771752,"Tbc1d2b"]
[66074,14.6453251543783,"Tmem167",null,17118,15.3789993780761,"Marcks",null,170770,6.48340826067222,"Bbc3"]
[52552,14.6618026660439,"Parp8",null,403180,15.3792529826107,"Ccdc121",null,105243,6.48848357197308,"Slc9a3"]
[13865,14.6967096120836,"Nr2f1",null,319909,15.4526945659587,"Ism1",null,12226,6.49202944389208,"Btg1"]
[20679,14.7111669767154,"Sox6",null,100384890,15.5001624984162,"D230030E09Rik",null,18767,6.49435921990694,"Pkia"]
[108652,14.7251105111673,"Slc35b3",null,109019,15.5030526985308,"Nabp1",null,652925,6.4988269100098,"Tmem243"]
[77771,14.7324138057857,"Csrnp3",null,69666,15.5908813441967,"Psmg4",null,140904,6.49979410572191,"Caln1"]
[70428,14.7828091969649,"Polr3b",null,68750,15.6028648130249,"Rreb1",null,215031,6.50512178034262,"Vgll2"]
[70425,14.8100846031851,"Csnk1g3",null,76965,15.6478909381674,"Slitrk1",null,380654,6.51217095432588,"Cfap54"]
[20496,14.8269507344578,"Slc12a2",null,23965,15.6778823722949,"Tenm3",null,75415,6.54432313142778,"Arhgap12"]
[21413,14.8839457582716,"Tcf4",null,380928,15.7368416221594,"Lmo7",null,232227,6.54454580815001,"Iqsec1"]
[103765,14.8985000274599,"Tmem17",null,240843,15.7462642961488,"Brinp2",null,668225,6.5668524219535,"Fignl2"]
[208890,14.9201428753631,"Slc26a7",null,414081,15.7506136232772,"5330413P13Rik",null,66959,6.56942904509767,"Dusp26"]
[751561,14.9203323683724,"Mir691",null,66253,15.7696749764431,"Aig1",null,13132,6.59007966749446,"Dab2"]
[21834,14.9298834755226,"Thrb",null,66328,15.7729711529514,"Scp2d1",null,387524,6.59343343559436,"Znrf2"]
[56195,14.9494477479385,"Ptbp2",null,319504,15.8403223108825,"Nrcam",null,20519,6.60211376371086,"Slc22a3"]
[70892,15.0483623355669,"Ttll7",null,330086,15.9024979861037,"Gm10440",null,81703,6.60420296878283,"Jdp2"]
[66768,15.0533606649694,"Pacrgl",null,268890,15.9284133031148,"Lsamp",null,104099,6.63330514856871,"Itga9"]
[381059,15.0782395285001,"Gm1604b",null,18187,15.976752665341,"Nrp2",null,13615,6.68895571262643,"Edn2"]
[78258,15.0905423606203,"Mroh9",null,69955,16.1672489876459,"Fars2",null,107569,6.70041464127856,"Nt5c3"]
[218138,15.1160193681378,"Gmds",null,50915,16.2202319101145,"Grb14",null,12611,6.73734378190035,"Cebpg"]
[214968,15.1654085801655,"Sema6d",null,71321,16.2566388813921,"4933440J02Rik",null,52392,6.76083679167424,"D1Ertd622e"]
[21416,15.1822614901564,"Tcf7l2",null,75547,16.2811051184225,"Akap13",null,629678,6.7801414618916,"Gm6994"]
[23908,15.1842526944052,"Hs2st1",null,14538,16.3031204637273,"Gcnt2",null,52552,6.78323547264954,"Parp8"]
[13591,15.2094976180957,"Ebf1",null,216028,16.5278016688243,"Lrrtm3",null,320482,6.7845667296079,"Nron"]
[94245,15.2445839318615,"Dtnbp1",null,58172,16.5632849685881,"Sertad2",null,723819,6.79408601500972,"Mir181c"]
[228911,15.2450731179707,"Tshz2",null,75578,16.6454961260328,"Fggy",null,26889,6.82068289333796,"Cln8"]
[380924,15.2581181263908,"Olfm4",null,75253,16.6798234935835,"4930554C24Rik",null,75973,6.83999137963812,"Ccdc162"]
[17300,15.2652243442494,"Foxc1",null,319476,16.8449683553807,"Lrtm1",null,237806,6.85725422184152,"Dnah9"]
[93834,15.2916683121032,"Peli2",null,78286,17.0282840503294,"Nav2",null,75589,6.87012542569689,"2310043L19Rik"]
[353204,15.3919236144158,"Aldoart1",null,18514,17.0814015409741,"Pbx1",null,244667,6.88029442461619,"Disc1"]
[268903,15.3977439413358,"Nrip1",null,74103,17.0823996433455,"Nebl",null,67328,6.89204778315667,"Lyzl1"]
[70753,15.4519374808983,"6330415B21Rik",null,192167,17.1173085490977,"Nlgn1",null,69700,6.89603194627175,"Col22a1"]
[75578,15.4574813258772,"Fggy",null,69807,17.1246679368832,"Trim32",null,14371,6.94419958435943,"Fzd9"]
[240843,15.5161136893459,"Brinp2",null,216350,17.1336833697005,"Tspan8",null,208194,6.98771275660978,"Exog"]
[74243,15.534592288562,"Slx4ip",null,66637,17.1645312664682,"Tsen15",null,215280,7.02816323857784,"Wipf1"]
[76820,15.5387158462449,"Fam49a",null,16323,17.2053695495369,"Inhba",null,15368,7.10432107581109,"Hmox1"]
[83602,15.5630875761372,"Gtf2a1",null,19076,17.227907198099,"Prim2",null,73363,7.11065467968817,"1700056E22Rik"]
[414081,15.5662382788891,"5330413P13Rik",null,20745,17.2487349919874,"Spock1",null,76007,7.12101642002384,"Zmym2"]
[215819,15.7273579355881,"Nhsl1",null,217294,17.2748839989542,"BC006965",null,52690,7.14079119768747,"Setd3"]
[241568,15.7574462255911,"Lrrc4c",null,100038713,17.2754267247516,"Gm10432",null,71371,7.16452831723376,"Arid5b"]
[109264,15.7576431839686,"Me3",null,12552,17.2769086096362,"Cdh11",null,14260,7.18622415717005,"Fmn1"]
[53618,15.7632097866225,"Fut8",null,210356,17.3092751532431,"Nckap5",null,223775,7.18636805787269,"Pim3"]
[100316831,15.7881504211779,"Mir669h",null,101786,17.3814727611076,"A730082K24Rik",null,13007,7.18724552575533,"Csrp1"]
[14007,15.7895812828006,"Celf2",null,207683,17.4294696258302,"Igsf11",null,80288,7.24464497031714,"Bcl9l"]
[192167,15.8006575105864,"Nlgn1",null,17084,17.4495446618144,"Ly86",null,240690,7.24797563820539,"St18"]
[20649,15.8058963151839,"Sntb1",null,21885,17.4542946889008,"Tle1",null,12286,7.26204485527162,"Cacna1a"]
[66928,15.8601352546307,"Tmem261",null,14119,17.6381356466753,"Fbn2",null,99696,7.28232805783952,"Ankrd50"]
[73435,16.0755264304341,"Tex35",null,227753,17.6529643053641,"Gsn",null,17187,7.28381927734153,"Max"]
[76108,16.1306782225005,"Rap2a",null,73306,17.7324083806692,"1700044C05Rik",null,54712,7.30848961607198,"Plxnc1"]
[64009,16.2576903909756,"Syne1",null,380765,17.9784062420228,"D830013O20Rik",null,23984,7.30951322691128,"Pde10a"]
[226823,16.267555550822,"Kctd3",null,20679,18.1426707951938,"Sox6",null,74688,7.34699539833666,"4930453L07Rik"]
[14815,16.6918015983139,"Nr3c1",null,14634,18.1576304685344,"Gli3",null,63953,7.35220073250166,"Dusp10"]
[107022,16.7831827018835,"Gramd3",null,74318,18.1627653070658,"Hopx",null,76901,7.39345986972315,"Jade2"]
[78229,16.7839444152244,"4930596I21Rik",null,76217,18.2266999925691,"Jakmip2",null,72141,7.3976438355248,"Adpgk"]
[75369,16.8840343812564,"4930563F08Rik",null,107022,18.3864547388624,"Gramd3",null,269784,7.40558156251226,"Cntn4"]
[66328,16.9862578513129,"Scp2d1",null,81004,18.4017312234174,"Tbl1xr1",null,268816,7.43155897596755,"Mroh5"]
[211652,17.0121219106685,"Wwc1",null,117586,18.4179704716086,"A1bg",null,18109,7.43162788958017,"Mycn"]
[21960,17.136296183698,"Tnr",null,114716,18.4200281869543,"Spred2",null,244654,7.45176283847122,"Mtss1l"]
[74897,17.1723567525809,"4930448I06Rik",null,94245,18.46723276184,"Dtnbp1",null,66253,7.46915102113586,"Aig1"]
[80517,17.2221956862411,"Herpud2",null,76132,18.479634203618,"Faxc",null,13386,7.47437480357245,"Dlk1"]
[629820,17.2229270544355,"Gm7008",null,20338,18.611999250773,"Sel1l",null,105193,7.58868539539339,"Nhlrc1"]
[14119,17.2391468543502,"Fbn2",null,226823,18.7190575413743,"Kctd3",null,21888,7.59610142559776,"Tle4"]
[69666,17.4407886488375,"Psmg4",null,67269,18.797424043534,"Agtpbp1",null,19271,7.61400252720576,"Ptprj"]
[104156,17.5257328613331,"Etv5",null,14815,18.9278925977117,"Nr3c1",null,208366,7.62333591338095,"Rpp40"]
[74150,17.5463868588912,"Slc35f5",null,71389,18.9870513723035,"Chd6",null,244310,7.62693339117708,"Dlgap2"]
[69955,17.7418828873326,"Fars2",null,217944,19.0094508791888,"Rapgef5",null,13869,7.65148620841019,"Erbb4"]
[71412,17.8650335145368,"Dhrs2",null,270118,19.0247460802578,"Maml2",null,58869,7.6564081350108,"Pex5l"]
[216350,17.8968459664262,"Tspan8",null,14370,19.1923460826595,"Fzd8",null,330814,7.66493952433333,"Adgrl1"]
[13134,17.9511814440003,"Dach1",null,21416,19.2552234867466,"Tcf7l2",null,66795,7.68755029174686,"Atg10"]
[16597,17.9805703900161,"Klf12",null,215819,19.3185370491557,"Nhsl1",null,67935,7.71703606753734,"Ces5a"]
[100039954,18.0046046749266,"Gm2516",null,27411,19.4564287466403,"Slc14a2",null,12831,7.73305338375247,"Col5a1"]
[110596,18.024527179378,"Arhgef28",null,217410,19.545205888311,"Trib2",null,20536,7.74732862198234,"Slc4a3"]
[319909,18.1128524442107,"Ism1",null,18783,19.645611297807,"Pla2g4a",null,329003,7.75150675475242,"Zfp516"]
[89867,18.3447023443666,"Sec16b",null,71436,19.6602336924246,"Flrt3",null,17380,7.75835922069258,"Mme"]
[227753,18.4609117323367,"Gsn",null,69938,19.7235013181116,"Scrn1",null,93834,7.78203046809071,"Peli2"]
[76217,18.5729928219455,"Jakmip2",null,18027,19.837983796157,"Nfia",null,13819,7.95013510561658,"Epas1"]
[17681,18.5812004453565,"Msc",null,17681,19.9102609812935,"Msc",null,667742,7.97757170171107,"Piezo2"]
[71389,18.6094993044254,"Chd6",null,268859,20.0910113115795,"Rbfox1",null,66297,8.00531968555862,"Pantr1"]
[18189,18.6199399545938,"Nrxn1",null,20358,20.1895100789657,"Sema6a",null,16774,8.03023735226823,"Lama3"]
[208846,18.6662179834276,"Daam1",null,214968,20.1956567956066,"Sema6d",null,65973,8.04309104779289,"Asph"]
[67269,18.8176693429945,"Agtpbp1",null,56353,20.198837202929,"Rybp",null,68481,8.05988496468988,"Mpzl1"]
[414079,18.8304061487969,"4930405O22Rik",null,73230,20.2546913668084,"Bmper",null,216049,8.08502550198539,"Zfp365"]
[14538,19.2223676137543,"Gcnt2",null,16597,20.3631054748868,"Klf12",null,108148,8.15198233436815,"Galnt2"]
[17084,19.2370321442409,"Ly86",null,73435,20.4017344372086,"Tex35",null,73852,8.2231327573414,"D3Ertd751e"]
[19076,19.23915490929,"Prim2",null,735270,20.5772946165217,"Mir710",null,242570,8.24517388697479,"Raver2"]
[14675,19.3758616726928,"Gna14",null,14007,20.7798810612242,"Celf2",null,80517,8.37213736240829,"Herpud2"]
[23984,19.6109006175255,"Pde10a",null,13591,20.8322346766786,"Ebf1",null,76365,8.41421447281573,"Tbx18"]
[69938,19.6837227652876,"Scrn1",null,11982,21.0082127115823,"Atp10a",null,20135,8.44061446953956,"Rrm2"]
[18783,19.7196045497282,"Pla2g4a",null,217946,21.3406396366879,"Cdca7l",null,75655,8.45756370087595,"1700028P15Rik"]
[66253,19.7849227542547,"Aig1",null,17300,21.500195574541,"Foxc1",null,320302,8.52924915115462,"Glt28d2"]
[217410,19.8028028880533,"Trib2",null,272589,21.5582801537898,"Tbcel",null,108652,8.53059566186864,"Slc35b3"]
[218194,19.8995629451952,"Phactr1",null,67847,21.8369172402117,"Sncaip",null,13654,8.56383052881983,"Egr2"]
[216028,20.2108585268918,"Lrrtm3",null,319387,22.2305617849912,"Adgrl3",null,109151,8.60087581853793,"Chd9"]
[76654,20.3221272160458,"Upp2",null,72789,22.2608603545007,"Veph1",null,77739,8.69065419078516,"Adamtsl1"]
[12552,20.5284464114982,"Cdh11",null,432442,22.6391970117234,"Akap7",null,21917,8.70614849947516,"Tmpo"]
[270118,20.6789997209083,"Maml2",null,102637952,22.9369914477,"Gm34637",null,80297,8.8307956500785,"Sptbn4"]
[18578,21.0506542243013,"Pde4b",null,66673,22.9803505354189,"Sorcs3",null,66092,8.84720205869407,"Ghitm"]
[20338,21.8631559126681,"Sel1l",null,19242,23.4552685980161,"Ptn",null,268566,8.91113987814929,"Gphn"]
[319387,21.9138984479521,"Adgrl3",null,140580,23.5093443483681,"Elmo1",null,69617,8.95444203621764,"Pitrm1"]
[73230,22.0265285281732,"Bmper",null,380924,23.5477015867397,"Olfm4",null,170719,9.03264301175596,"Oxr1"]
[73425,22.1615054512739,"1700060C16Rik",null,545370,23.6845007255124,"Hmcn1",null,12234,9.0998416221087,"Btrc"]
[244579,22.1909855530345,"Tox3",null,17342,23.837266638383,"Mitf",null,69195,9.12851065978544,"Tmem121"]
[319504,22.6387375363729,"Nrcam",null,21834,23.8696777440434,"Thrb",null,76100,9.1691795277465,"5830454E08Rik"]
[11982,23.0424883096371,"Atp10a",null,14675,23.9828527992213,"Gna14",null,80859,9.18656401157451,"Nfkbiz"]
[72789,23.1094355468989,"Veph1",null,110596,24.0542834906711,"Arhgef28",null,100504262,9.37250816101025,"A730020E08Rik"]
[74318,23.257845139675,"Hopx",null,74897,24.1716808395271,"4930448I06Rik",null,24001,9.49726155571973,"Tiam2"]
[319476,23.3673018299323,"Lrtm1",null,211652,24.410929071966,"Wwc1",null,70425,9.51194007555365,"Csnk1g3"]
[56811,23.8205471006727,"Dkk2",null,13642,24.9053513468625,"Efnb2",null,12022,9.53642496891546,"Barx1"]
[67847,24.9077365432207,"Sncaip",null,73425,25.6625234838982,"1700060C16Rik",null,11994,10.1523355902401,"Pcdh15"]
[268859,24.9296155158419,"Rbfox1",null,73438,25.8711575557108,"1700061F12Rik",null,20510,10.1897914356083,"Slc1a1"]
[20494,25.7505470653267,"Slc10a2",null,235106,27.1512395435143,"Ntm",null,106557,10.2687284937628,"Ldhal6b"]
[319939,26.2754639676762,"Tns3",null,20494,27.5975968448937,"Slc10a2",null,242509,10.4866635754638,"Bnc2"]
[140580,26.4180459070533,"Elmo1",null,218194,29.7044537067544,"Phactr1",null,17079,11.125813471787,"Cd180"]
[432442,26.559588514021,"Akap7",null,319939,30.0353533328917,"Tns3",null,432572,11.183274382662,"Specc1"]
[17342,27.7441406146724,"Mitf",null,381482,30.4563489854361,"Gm1653",null,17342,11.2662995391149,"Mitf"]
[235106,29.4792115127265,"Ntm",null,244579,31.1109535589212,"Tox3",null,18018,11.7718055411032,"Nfatc1"]
[12226,33.6464340681728,"Btg1",null,12226,31.3820139520899,"Btg1",null,68770,12.0634340807897,"Phtf2"]
[19242,33.7230122245616,"Ptn",null,18578,32.5753513657737,"Pde4b",null,11735,12.290334775155,"Ank3"]
[269023,38.6367534840145,"Zfp608",null,269023,53.6705448316974,"Zfp608",null,64406,12.4221296401034,"Sp5"]